{"text_format":"2","workbook":"xlsx","n_sheets":18,"sheets":["Resumo","Orçamento","ABC","Cronograma","Curva ABC","Adm Local","BDI","TABELA SICRO-SINAPI-ORSE","Encargos Sociais","Insumo SINAPI (sem des.)","CPU Própria (sem des)","Insumos ORSE (sem des)","CPU-VEICULO_Leve","CPU - Estaca Trilho TR68","CPU (sem des)","Cotação Playground","Cotação Elevador","Cotação Estaca"],"not_rendered":{"charts":0,"images":13,"macros":0,"external_links":43,"defined_names":5795,"comments":1,"pivot_tables":0},"unopened":[],"bounds":{"document_bytes":16777216,"sheet_cells":100000,"run_cost":"one","rows_first":2000,"rows_last":500,"rows_between":2000,"halvings":0,"cell_chars":16384,"cell_head_chars":4096},"cells_cut":0,"cells_raw":0,"read":"whole","date_system":"1900"}

{"sheet":"Resumo","index":0,"n_rows":37,"n_cols":10,"rows_kept":37,"cut":false,"hidden":false,"merged":[[18,1,18,2],[1,1,1,4],[6,1,7,1],[6,2,7,2],[6,3,6,4],[2,2,3,2]]}
[]
[null,"QUADRO RESUMO DO ORÇAMENTO"]
[null,"Obra:","Realização das obras de revitalização do setor comercial e portuário do município de Santana, no estado do Amapá","Base de Preço:","SINAPI: MAR/2024-AP"]
[{"$nulls":4},"SICRO: JAN/2024-AP"]
[null,"Data base:","ABRIL / 2024",null,"ORSE: FEV/2024"]
[]
[null,"Item","DESCRIÇÃO","PREÇO  SEM DESONERAÇÃO           "]
[null,null,null,"RELAÇÃO (%)","VALOR"]
[null,1,{"$f":"Orçamento!C9","v":"ADMINISTRAÇÃO DE OBRAS"},{"$f":"E9/$E$19","v":7.3387050458495126E-2},{"$f":"Orçamento!L9","v":3480661.840842797}]
[null,2,{"$f":"Orçamento!C12","v":"PROJETO URBANÍSTICO"},0.10426833481458088,{"$f":"Orçamento!L12","v":4945324.9848566577}]
[null,3,{"$f":"Orçamento!C190","v":"EDIFICAÇÕES NOVAS"},0.24757312250081548,{"$f":"Orçamento!L190","v":11742103.203810353}]
[null,4,{"$f":"Orçamento!C1300","v":"EDIFICAÇÕES A SEREM REFORMADAS"},9.4623808420388478E-3,{"$f":"Orçamento!L1300","v":448789.63951594575}]
[null,5,{"$f":"Orçamento!C1445","v":"PROJETO VIÁRIO"},0.11757965796841585,{"$f":"Orçamento!L1445","v":5576665.4497372331}]
[null,6,{"$f":"Orçamento!C1498","v":"PROJETO DE DRENAGEM"},4.1926195925904013E-2,{"$f":"Orçamento!L1498","v":1988510.3622406204}]
[null,7,{"$f":"Orçamento!C1535","v":"PROJETO DE ILUMINAÇÃO E ELETRIFICAÇÃO PÚBLICA"},7.8334001194385969E-3,{"$f":"Orçamento!L1535","v":371528.99196028587}]
[null,8,{"$f":"Orçamento!C1584","v":"PROJETO DE ABASTECIMENTO DE ÁGUA E REDE DE ESGOTO"},8.5237400858985055E-3,{"$f":"Orçamento!L1584","v":404271.00793522492}]
[null,9,{"$f":"Orçamento!C1660","v":"ESTRUTURAS DE CONTENÇÃO"},0.32827799739222913,{"$f":"Orçamento!L1660","v":15569840.885724755}]
[null,10,{"$f":"Orçamento!C1705","v":"ESTRUTURAS DE ACESSO E EMBARCAÇÃO"},6.1168119892183549E-2,{"$f":"Orçamento!L1705","v":2901132.2768072225}]
[null,"CUSTO TOTAL",null,{"$f":"ROUND(SUM(D9:D18),3)","v":1},{"$f":"SUM(E9:E18)","v":47428828.643431097}]
[]
[]
[]
[]
[]
[]
[null,88326,"VIGIA NOTURNO COM ENCARGOS COMPLEMENTARES","ultimo valor atualizado é de 11/2023",null,"sinapi",null,401002018,"AGESUL","2024-01-01"]
[null,93582,"EXECUÇÃO DE CENTRAL DE ARMADURA EM CANTEIRO DE OBRA, NÃO INCLUSO MOBILIÁRIO E EQUIPAMENTOS. AF_04/2016","ultimo valor atualizado é de 12/2023",null,"sinapi",null,"01.08.12U\t","Compesa","2023-07-01"]
[{"$nulls":7},401002018,"AGESUL","2024-01-01"]
[null,98560,"IMPERMEABILIZAÇÃO DE PISO COM ARGAMASSA DE CIMENTO E AREIA, COM ADITIVO IMPERMEABILIZANTE, E = 2CM. AF_06/2018","2023-08-01",{"$nulls":4},"ANP","2024-03-01"]
[null,91784,null,"2023-08-01"]
[null,91785,null,"2023-08-01"]
[null,91786,null,"2023-08-01"]
[null,96547,null,"2023-12-01"]
[null,91844,null,"2023-12-01"]
[null,93210,null,"2023-12-01"]
[null,93212,null,"2023-12-01"]
[null,93584,null,"2023-12-01"]

{"sheet":"Orçamento","index":1,"n_rows":1732,"n_cols":20,"rows_kept":1732,"cut":false,"hidden":false,"merged":[[1,1,1,11],[2,10,2,11],[2,3,2,6],[6,1,7,1],[6,2,7,3],[6,5,7,5],[6,6,7,6],[6,7,7,7],[6,8,6,10],[6,11,7,11],[6,4,7,4],[3,3,3,6],[4,3,4,6]]}
[]
[null,"QUADRO DEMONSTRATIVO DO ORÇAMENTO"]
[null,"Obra:",null,"Realização das obras de revitalização do setor comercial e portuário do município de Santana, no estado do Amapá",null,null,null,"Base de Preço:",{"$f":"Resumo!E3","v":"SINAPI: MAR/2024-AP"},null,"Sem Desoneração"]
[null,"Valor Referência:",null,{"$f":"L1732","v":47428828.643431157},{"$nulls":4},{"$f":"Resumo!E4","v":"SICRO: JAN/2024-AP"},null,"BDI de Serviços:",{"$f":"BDI!C24","v":0.20796173004820551}]
[null,"Data base:",null,"ABRIL / 2024",{"$nulls":4},{"$f":"Resumo!E5","v":"ORSE: FEV/2024"},null,"BDI de Fornecimento:",{"$f":"BDI!C50","v":0.14692012195121973}]
[]
[null,"ITEM","CÓDIGO",null,"FONTE","DESCRIÇÃO","UND","QUANT","PREÇO  SEM DESONERAÇÃO           ",null,null,"TOTAL SEM\nDESONERAÇÃO    "]
[{"$nulls":8},"Custo Direto","BDI","Custo com BDI"]
[null,1,"ADMINISTRAÇÃO DE OBRAS",{"$nulls":8},{"$f":"SUBTOTAL(109,L10:L11)","v":3480661.840842797}]
[null,"1.1","ADMINISTRAÇÃO LOCAL",{"$nulls":4},1,null,null,null,{"$f":"SUBTOTAL(109,L11)","v":3480661.840842797}]
[null,"1.1.1","COMPOSIÇÃO PRÓPRIA",1,"","ADMINISTRAÇÃO LOCAL","UN",1,{"$f":"'Adm Local'!I17","v":2881433.8685248713},{"$f":"$L$4","v":0.20796173004820551},{"$f":"I11*(1+J11)","v":3480661.840842797},{"$f":"K11*H11","v":3480661.840842797},{"$f":"ISTEXT(H11)","v":false}]
[null,2,"PROJETO URBANÍSTICO",{"$nulls":8},{"$f":"SUBTOTAL(109,L13:L189)","v":4945324.9848566577}]
[null,"2.1","PRAÇA DA NATUREZA",{"$nulls":8},{"$f":"SUBTOTAL(109,L14:L43)","v":640396.56360999367}]
[null,"2.1.1","SERVIÇOS PRELIMINARES ",{"$nulls":4},1,null,null,null,{"$f":"SUBTOTAL(109,L15)","v":2515.1273171766197}]
[null,"2.1.1.1","COMPOSIÇÃO PRÓPRIA","1.1","","MOBILIZAÇÃO ","UN",1,{"$f":"'CPU Própria (sem des)'!M28","v":2082.125},{"$f":"$L$4","v":0.20796173004820551},{"$f":"I15*(1+J15)","v":2515.1273171766197},{"$f":"K15*H15","v":2515.1273171766197},{"$f":"ISTEXT(H15)","v":false}]
[null,"2.1.2","PAVIMENTAÇÃO ",{"$nulls":4},1,null,null,null,{"$f":"SUBTOTAL(109,L17:L19)","v":227856.72624248092}]
[null,"2.1.2.1","COMPOSIÇÃO SINAPI",100575,"SINAPI","REGULARIZAÇÃO DE SUPERFÍCIES COM MOTONIVELADORA. AF_11/2019","M2",1979.58,{"$f":"VLOOKUP(D17&E17,'TABELA SICRO-SINAPI-ORSE'!A:G,7,FALSE)","v":0.13},{"$f":"$L$4","v":0.20796173004820551},{"$f":"I17*(1+J17)","v":0.15703502490626672},{"$f":"K17*H17","v":310.86339460394748},{"$f":"ISTEXT(H17)","v":false}]
[null,"2.1.2.2","COMPOSIÇÃO ORSE",3212,"ORSE","COLCHÃO DE AREIA","M3",197.95,{"$f":"VLOOKUP(D18&E18,'TABELA SICRO-SINAPI-ORSE'!A:G,7,FALSE)","v":140.68},0.20796173004820551,{"$f":"I18*(1+J18)","v":169.93605618318156},{"$f":"K18*H18","v":33638.84232146079},false]
[null,"2.1.2.3","COMPOSIÇÃO SINAPI",92397,"SINAPI","EXECUÇÃO DE PÁTIO/ESTACIONAMENTO EM PISO INTERTRAVADO, COM BLOCO RETANGULAR COR NATURAL DE 20 X 10 CM, ESPESSURA 6 CM. AF_12/2015","M2",1979.58,{"$f":"VLOOKUP(D19&E19,'TABELA SICRO-SINAPI-ORSE'!A:G,7,FALSE)","v":81.09},0.20796173004820551,{"$f":"I19*(1+J19)","v":97.953616689608992},{"$f":"K19*H19","v":193907.02052641616},false]
[null,"2.1.3","ESTACIONAMENTO ",{"$nulls":4},1,null,null,null,{"$f":"SUBTOTAL(109,L21:L26)","v":173318.38345422584}]
[null,"2.1.3.1","COMPOSIÇÃO SINAPI",96398,"SINAPI","EXECUÇÃO E COMPACTAÇÃO DE BASE E OU SUB BASE PARA PAVIMENTAÇÃO DE CONCRETO COMPACTADO COM ROLO - EXCLUSIVE CARGA E TRANSPORTE. AF_11/2019","M3",1,{"$f":"VLOOKUP(D21&E21,'TABELA SICRO-SINAPI-ORSE'!A:G,7,FALSE)","v":652.92999999999995},{"$f":"$L$4","v":0.20796173004820551},{"$f":"I21*(1+J21)","v":788.71445240037474},{"$f":"K21*H21","v":788.71445240037474},{"$f":"ISTEXT(H21)","v":false}]
[null,"2.1.3.2","COMPOSIÇÃO SINAPI",95995,"SINAPI","EXECUÇÃO DE PAVIMENTO COM APLICAÇÃO DE CONCRETO ASFÁLTICO, CAMADA DE ROLAMENTO - EXCLUSIVE CARGA E TRANSPORTE. AF_11/2019","M3",65.03,{"$f":"VLOOKUP(D22&E22,'TABELA SICRO-SINAPI-ORSE'!A:G,7,FALSE)","v":1429.29},0.20796173004820551,1726.5276211405996,112276.0912027732,false]
[null,"2.1.3.3","COMPOSIÇÃO SINAPI",94266,"SINAPI","GUIA (MEIO-FIO) CONCRETO, MOLDADA  IN LOCO  EM TRECHO CURVO COM EXTRUSORA, 15 CM BASE X 30 CM ALTURA. AF_06/2016","M",180.94,{"$f":"VLOOKUP(D23&E23,'TABELA SICRO-SINAPI-ORSE'!A:G,7,FALSE)","v":66.819999999999993},0.20796173004820551,80.716002801821077,14604.753546961505,false]
[null,"2.1.3.4","COMPOSIÇÃO SINAPI",102498,"SINAPI","PINTURA DE MEIO-FIO COM TINTA BRANCA A BASE DE CAL (CAIAÇÃO). AF_05/2021","M",103.17,{"$f":"VLOOKUP(D24&E24,'TABELA SICRO-SINAPI-ORSE'!A:G,7,FALSE)","v":1.44},0.20796173004820551,1.7394648912694159,179.46059283226563,false]
[null,"2.1.3.5","COMPOSIÇÃO SINAPI",102500,"SINAPI","PINTURA DE DEMARCAÇÃO DE VAGA COM TINTA ACRÍLICA, E = 10 CM, APLICAÇÃO MANUAL. AF_05/2021","M",528.9,{"$f":"VLOOKUP(D25&E25,'TABELA SICRO-SINAPI-ORSE'!A:G,7,FALSE)","v":3.91},0.20796173004820551,4.7231303644884841,2498.0636497779592,false]
[null,"2.1.3.6","COMPOSIÇÃO SINAPI",101094,"SINAPI","PISO PODOTÁTIL, DIRECIONAL OU ALERTA, ASSENTADO SOBRE ARGAMASSA. AF_05/2020","M",194.88,{"$f":"VLOOKUP(D26&E26,'TABELA SICRO-SINAPI-ORSE'!A:G,7,FALSE)","v":182.54},0.20796173004820551,220.50133420299943,42971.300009480525,false]
[null,"2.1.4","ESTACIONAMENTO CENTRO COMERCIAL",{"$nulls":4},1,null,null,null,{"$f":"SUBTOTAL(109,L28:L29)","v":158623.19971782179}]
[null,"2.1.4.1","COMPOSIÇÃO SINAPI",92398,"SINAPI","EXECUÇÃO DE PÁTIO/ESTACIONAMENTO EM PISO INTERTRAVADO, COM BLOCO RETANGULAR COR NATURAL DE 20 X 10 CM, ESPESSURA 8 CM. AF_12/2015","M2",1254.57,{"$f":"VLOOKUP(D28&E28,'TABELA SICRO-SINAPI-ORSE'!A:G,7,FALSE)","v":99.89},{"$f":"$L$4","v":0.20796173004820551},{"$f":"I28*(1+J28)","v":120.66329721451525},{"$f":"K28*H28","v":151380.5527864144},{"$f":"ISTEXT(H28)","v":false}]
[null,"2.1.4.2","COMPOSIÇÃO SINAPI",94266,"SINAPI","GUIA (MEIO-FIO) CONCRETO, MOLDADA  IN LOCO  EM TRECHO CURVO COM EXTRUSORA, 15 CM BASE X 30 CM ALTURA. AF_06/2016","M",89.73,{"$f":"VLOOKUP(D29&E29,'TABELA SICRO-SINAPI-ORSE'!A:G,7,FALSE)","v":66.819999999999993},0.20796173004820551,{"$f":"I29*(1+J29)","v":80.716002801821077},{"$f":"K29*H29","v":7242.6469314074056},false]
[null,"2.1.5","MOBILIÁRIO URBANO ",{"$nulls":4},1,null,null,null,{"$f":"SUBTOTAL(109,L31:L36)","v":46473.536688823602}]
[null,"2.1.5.1","COMPOSIÇÃO ORSE",3740,"ORSE","MESA DE CONCRETO COM 02 BANCOS INTEGRADOS","UN",8,{"$f":"VLOOKUP(D31&E31,'TABELA SICRO-SINAPI-ORSE'!A:G,7,FALSE)","v":812.76},{"$f":"$L$4","v":0.20796173004820551},{"$f":"I31*(1+J31)","v":981.78297571397945},{"$f":"K31*H31","v":7854.2638057118356},{"$f":"ISTEXT(H31)","v":false}]
[null,"2.1.5.2","COMPOSIÇÃO SINAPI",103310,"SINAPI","INSTALAÇÃO DE LIXEIRA METÁLICA DUPLA, CAPACIDADE DE 60 L, EM TUBO DE AÇO CARBONO E CESTOS EM CHAPA DE AÇO COM PINTURA ELETROSTÁTICA, SOBRE SOLO. AF_11/2021","UN",4,{"$f":"VLOOKUP(D32&E32,'TABELA SICRO-SINAPI-ORSE'!A:G,7,FALSE)","v":1292.26},0.20796173004820551,1561.0006252720941,6244.0025010883764,false]
[null,"2.1.5.3","COMPOSIÇÃO SINAPI",92435,"SINAPI","MONTAGEM E DESMONTAGEM DE FÔRMA DE PILARES RETANGULARES E ESTRUTURAS SIMILARES, PÉ-DIREITO SIMPLES, EM CHAPA DE MADEIRA COMPENSADA PLASTIFICADA, 12 UTILIZAÇÕES. AF_09/2020","M2",53.76,{"$f":"VLOOKUP(D33&E33,'TABELA SICRO-SINAPI-ORSE'!A:G,7,FALSE)","v":58.98},0.20796173004820551,71.245582838243152,3830.1625333839515,false]
[null,"2.1.5.4","COMPOSIÇÃO SINAPI",92761,"SINAPI","ARMAÇÃO DE PILAR OU VIGA DE ESTRUTURA CONVENCIONAL DE CONCRETO ARMADO UTILIZANDO AÇO CA-50 DE 8,0 MM - MONTAGEM. AF_06/2022","KG",320,{"$f":"VLOOKUP(D34&E34,'TABELA SICRO-SINAPI-ORSE'!A:G,7,FALSE)","v":14.23},0.20796173004820551,17.189295418585964,5500.5745339475088,false]
[null,"2.1.5.5","COMPOSIÇÃO SINAPI",103685,"SINAPI","CONCRETAGEM DE MURETAS, FCK=25 MPA, COM USO DE BOMBA - LANÇAMENTO, ADENSAMENTO E ACABAMENTO. AF_02/2022","M3",10.130000000000001,{"$f":"VLOOKUP(D35&E35,'TABELA SICRO-SINAPI-ORSE'!A:G,7,FALSE)","v":1048.2},0.20796173004820551,1266.185485436529,12826.458967472039,false]
[null,"2.1.5.6","COMPOSIÇÃO SINAPI",103314,"SINAPI","INSTALAÇÃO DE PERGOLADO DE MADEIRA, EM MAÇARANDUBA, ANGELIM OU EQUIVALENTE DA REGIÃO, FIXADO COM CONCRETO SOBRE PISO DE CONCRETO EXISTENTE. AF_11/2021","M2",44.98,{"$f":"VLOOKUP(D36&E36,'TABELA SICRO-SINAPI-ORSE'!A:G,7,FALSE)","v":188.06},0.20796173004820551,227.16928295286553,10218.07434721989,false]
[null,"2.1.6","PAISAGISMO ",{"$nulls":4},1,null,null,null,{"$f":"SUBTOTAL(109,L38:L40)","v":26692.584745615546}]
[null,"2.1.6.1","COMPOSIÇÃO SINAPI",103946,"SINAPI","PLANTIO DE GRAMA ESMERALDA OU SÃO CARLOS OU CURITIBANA, EM PLACAS. AF_05/2022","M2",734.63,{"$f":"VLOOKUP(D38&E38,'TABELA SICRO-SINAPI-ORSE'!A:G,7,FALSE)","v":20.62},{"$f":"$L$4","v":0.20796173004820551},{"$f":"I38*(1+J38)","v":24.908170873593999},{"$f":"K38*H38","v":18298.28956886836},{"$f":"ISTEXT(H38)","v":false}]
[null,"2.1.6.2","COMPOSIÇÃO SINAPI",98511,"SINAPI","PLANTIO DE ÁRVORE ORNAMENTAL COM ALTURA DE MUDA MAIOR QUE 2,00 M E MENOR OU IGUAL A 4,00 M. AF_05/2018","UN",42,{"$f":"VLOOKUP(D39&E39,'TABELA SICRO-SINAPI-ORSE'!A:G,7,FALSE)","v":125.92},0.20796173004820551,{"$f":"I39*(1+J39)","v":152.10654104767005},{"$f":"K39*H39","v":6388.4747240021425},false]
[null,"2.1.6.3","COMPOSIÇÃO SINAPI",98510,"SINAPI","PLANTIO DE ÁRVORE ORNAMENTAL COM ALTURA DE MUDA MENOR OU IGUAL A 2,00 M. AF_05/2018","UN",25,{"$f":"VLOOKUP(D40&E40,'TABELA SICRO-SINAPI-ORSE'!A:G,7,FALSE)","v":66.42},0.20796173004820551,{"$f":"I40*(1+J40)","v":80.232818109801812},{"$f":"K40*H40","v":2005.8204527450453},false]
[null,"2.1.7","SERVIÇOS COMPLEMENTARES",{"$nulls":4},1,null,null,null,{"$f":"SUBTOTAL(109,L42:L43)","v":4917.0054438492407}]
[null,"2.1.7.1","COMPOSIÇÃO ORSE",6191,"ORSE","LIMPEZA DE RUAS (VARRIÇÃO E REMOÇÃO DE ENTULHOS)","M2",3898.77,{"$f":"VLOOKUP(D42&E42,'TABELA SICRO-SINAPI-ORSE'!A:G,7,FALSE)","v":0.51},{"$f":"$L$4","v":0.20796173004820551},{"$f":"I42*(1+J42)","v":0.61606048232458477},{"$f":"K42*H42","v":2401.8781266726214},{"$f":"ISTEXT(H42)","v":false}]
[null,"2.1.7.2","COMPOSIÇÃO PRÓPRIA","1.1","","DESMOBILIZAÇÃO","UN",1,{"$f":"'CPU Própria (sem des)'!M28","v":2082.125},0.20796173004820551,{"$f":"I43*(1+J43)","v":2515.1273171766197},{"$f":"K43*H43","v":2515.1273171766197},false]
[null,"2.2","PRAÇA DAS ÁGUAS",{"$nulls":8},{"$f":"SUBTOTAL(109,L45:L82)","v":933435.65648488735}]
[null,"2.2.1","SERVIÇOS PRELIMINARES ",{"$nulls":4},1,null,null,null,{"$f":"SUBTOTAL(109,L46)","v":2515.1273171766197}]
[null,"2.2.1.1","COMPOSIÇÃO PRÓPRIA","1.1","","MOBILIZAÇÃO ","UN",1,{"$f":"'CPU Própria (sem des)'!M28","v":2082.125},{"$f":"$L$4","v":0.20796173004820551},{"$f":"I46*(1+J46)","v":2515.1273171766197},{"$f":"K46*H46","v":2515.1273171766197},{"$f":"ISTEXT(H46)","v":false}]
[null,"2.2.2","PAVIMENTAÇÃO ",{"$nulls":4},1,null,null,null,{"$f":"SUBTOTAL(109,L48:L57)","v":740913.52989062725}]
[null,"2.2.2.1","COMPOSIÇÃO ORSE",3212,"ORSE","COLCHÃO DE AREIA","M3",507.37,{"$f":"VLOOKUP(D48&E48,'TABELA SICRO-SINAPI-ORSE'!A:G,7,FALSE)","v":140.68},{"$f":"$L$4","v":0.20796173004820551},{"$f":"I48*(1+J48)","v":169.93605618318156},{"$f":"K48*H48","v":86220.456825660833},{"$f":"ISTEXT(H48)","v":false}]
[null,"2.2.2.2","COMPOSIÇÃO SINAPI",100575,"SINAPI","REGULARIZAÇÃO DE SUPERFÍCIES COM MOTONIVELADORA. AF_11/2019","M2",5073.6899999999996,{"$f":"VLOOKUP(D49&E49,'TABELA SICRO-SINAPI-ORSE'!A:G,7,FALSE)","v":0.13},0.20796173004820551,0.15703502490626672,796.74703551667631,false]
[null,"2.2.2.3","COMPOSIÇÃO SINAPI",92397,"SINAPI","EXECUÇÃO DE PÁTIO/ESTACIONAMENTO EM PISO INTERTRAVADO, COM BLOCO RETANGULAR COR NATURAL DE 20 X 10 CM, ESPESSURA 6 CM. AF_12/2015","M2",5073.6899999999996,{"$f":"VLOOKUP(D50&E50,'TABELA SICRO-SINAPI-ORSE'!A:G,7,FALSE)","v":81.09},0.20796173004820551,97.953616689608992,496986.28546190221,false]
[null,"2.2.2.4","COMPOSIÇÃO SINAPI",101167,"SINAPI","EXECUÇÃO DE PAVIMENTO EM PARALELEPÍPEDOS, REJUNTAMENTO COM PÓ DE PEDRA. AF_05/2020","M2",180.39,{"$f":"VLOOKUP(D51&E51,'TABELA SICRO-SINAPI-ORSE'!A:G,7,FALSE)","v":326.13},0.20796173004820551,393.95255902062127,71065.102121729869,false]
[null,"2.2.2.5","INSUMO SINAPI",6076,"SINAPI","SAIBRO PARA ARGAMASSA (COLETADO NO COMERCIO)","M3",29.72,{"$f":"VLOOKUP(D52&E52,'TABELA SICRO-SINAPI-ORSE'!A:G,7,FALSE)","v":65},{"$f":"$L$5","v":0.14692012195121973},74.549807926829288,2215.6202915853664,false]
[null,"2.2.2.6","COMPOSIÇÃO SINAPI",101094,"SINAPI","PISO PODOTÁTIL, DIRECIONAL OU ALERTA, ASSENTADO SOBRE ARGAMASSA. AF_05/2020","M",243.79,{"$f":"VLOOKUP(D53&E53,'TABELA SICRO-SINAPI-ORSE'!A:G,7,FALSE)","v":182.54},{"$f":"$L$4","v":0.20796173004820551},220.50133420299943,53756.020265349231,false]
[null,"2.2.2.7","COMPOSIÇÃO ORSE",11613,"ORSE","REVESTIMENTO DE PISO COM PEDRA ITAPÉ 20X40CM ASSENTADA COM ARGAMASSA INDUSTRIALIZADA AC-III","M2",133.11000000000001,{"$f":"VLOOKUP(D54&E54,'TABELA SICRO-SINAPI-ORSE'!A:G,7,FALSE)","v":80.25},0.20796173004820551,96.93892883636849,12903.540817409012,false]
[null,"2.2.2.8","COMPOSIÇÃO SINAPI",97090,"SINAPI","ARMAÇÃO PARA EXECUÇÃO DE RADIER, PISO DE CONCRETO OU LAJE SOBRE SOLO, COM USO DE TELA Q-138. AF_09/2021","KG",180,{"$f":"VLOOKUP(D55&E55,'TABELA SICRO-SINAPI-ORSE'!A:G,7,FALSE)","v":13.36},0.20796173004820551,16.138368713444024,2904.9063684199241,false]
[null,"2.2.2.9","COMPOSIÇÃO SINAPI",97096,"SINAPI","CONCRETAGEM DE RADIER, PISO DE CONCRETO OU LAJE SOBRE SOLO, FCK 30 MPA - LANÇAMENTO, ADENSAMENTO E ACABAMENTO. AF_09/2021","M3",8.56,{"$f":"VLOOKUP(D56&E56,'TABELA SICRO-SINAPI-ORSE'!A:G,7,FALSE)","v":1015.62},0.20796173004820551,1226.8300922715584,10501.665589844541,false]
[null,"2.2.2.10","COMPOSIÇÃO SINAPI",94263,"SINAPI","GUIA (MEIO-FIO) CONCRETO, MOLDADA  IN LOCO  EM TRECHO RETO COM EXTRUSORA, 13 CM BASE X 22 CM ALTURA. AF_06/2016","M",69,{"$f":"VLOOKUP(D57&E57,'TABELA SICRO-SINAPI-ORSE'!A:G,7,FALSE)","v":42.75},0.20796173004820551,51.640363959560787,3563.1851132096945,false]
[null,"2.2.3","MOBILIÁRIO URBANO ",{"$nulls":4},1,null,null,null,{"$f":"SUBTOTAL(109,L59:L69)","v":70613.907276226601}]
[null,"2.2.3.1","COMPOSIÇÃO ORSE",3740,"ORSE","MESA DE CONCRETO COM 02 BANCOS INTEGRADOS","UN",10,{"$f":"VLOOKUP(D59&E59,'TABELA SICRO-SINAPI-ORSE'!A:G,7,FALSE)","v":812.76},{"$f":"$L$4","v":0.20796173004820551},{"$f":"I59*(1+J59)","v":981.78297571397945},{"$f":"K59*H59","v":9817.8297571397943},{"$f":"ISTEXT(H59)","v":false}]
[null,"2.2.3.2","COMPOSIÇÃO SINAPI",103310,"SINAPI","INSTALAÇÃO DE LIXEIRA METÁLICA DUPLA, CAPACIDADE DE 60 L, EM TUBO DE AÇO CARBONO E CESTOS EM CHAPA DE AÇO COM PINTURA ELETROSTÁTICA, SOBRE SOLO. AF_11/2021","UN",6,{"$f":"VLOOKUP(D60&E60,'TABELA SICRO-SINAPI-ORSE'!A:G,7,FALSE)","v":1292.26},0.20796173004820551,1561.0006252720941,9366.0037516325647,false]
[null,"2.2.3.3","COMPOSIÇÃO SINAPI",92435,"SINAPI","MONTAGEM E DESMONTAGEM DE FÔRMA DE PILARES RETANGULARES E ESTRUTURAS SIMILARES, PÉ-DIREITO SIMPLES, EM CHAPA DE MADEIRA COMPENSADA PLASTIFICADA, 12 UTILIZAÇÕES. AF_09/2020","M2",1,{"$f":"VLOOKUP(D61&E61,'TABELA SICRO-SINAPI-ORSE'!A:G,7,FALSE)","v":58.98},0.20796173004820551,71.245582838243152,71.245582838243152,false]
[null,"2.2.3.4","COMPOSIÇÃO SINAPI",92761,"SINAPI","ARMAÇÃO DE PILAR OU VIGA DE ESTRUTURA CONVENCIONAL DE CONCRETO ARMADO UTILIZANDO AÇO CA-50 DE 8,0 MM - MONTAGEM. AF_06/2022","KG",1,{"$f":"VLOOKUP(D62&E62,'TABELA SICRO-SINAPI-ORSE'!A:G,7,FALSE)","v":14.23},0.20796173004820551,17.189295418585964,17.189295418585964,false]
[null,"2.2.3.5","COMPOSIÇÃO SINAPI",103685,"SINAPI","CONCRETAGEM DE MURETAS, FCK=25 MPA, COM USO DE BOMBA - LANÇAMENTO, ADENSAMENTO E ACABAMENTO. AF_02/2022","M3",1,{"$f":"VLOOKUP(D63&E63,'TABELA SICRO-SINAPI-ORSE'!A:G,7,FALSE)","v":1048.2},0.20796173004820551,1266.185485436529,1266.185485436529,false]
[null,"2.2.3.6","COMPOSIÇÃO SINAPI",92435,"SINAPI","MONTAGEM E DESMONTAGEM DE FÔRMA DE PILARES RETANGULARES E ESTRUTURAS SIMILARES, PÉ-DIREITO SIMPLES, EM CHAPA DE MADEIRA COMPENSADA PLASTIFICADA, 12 UTILIZAÇÕES. AF_09/2020","M2",26.88,{"$f":"VLOOKUP(D64&E64,'TABELA SICRO-SINAPI-ORSE'!A:G,7,FALSE)","v":58.98},0.20796173004820551,71.245582838243152,1915.0812666919758,false]
[null,"2.2.3.7","COMPOSIÇÃO SINAPI",92761,"SINAPI","ARMAÇÃO DE PILAR OU VIGA DE ESTRUTURA CONVENCIONAL DE CONCRETO ARMADO UTILIZANDO AÇO CA-50 DE 8,0 MM - MONTAGEM. AF_06/2022","KG",160,{"$f":"VLOOKUP(D65&E65,'TABELA SICRO-SINAPI-ORSE'!A:G,7,FALSE)","v":14.23},0.20796173004820551,17.189295418585964,2750.2872669737544,false]
[null,"2.2.3.8","COMPOSIÇÃO SINAPI",103685,"SINAPI","CONCRETAGEM DE MURETAS, FCK=25 MPA, COM USO DE BOMBA - LANÇAMENTO, ADENSAMENTO E ACABAMENTO. AF_02/2022","M3",5.0599999999999996,{"$f":"VLOOKUP(D66&E66,'TABELA SICRO-SINAPI-ORSE'!A:G,7,FALSE)","v":1048.2},0.20796173004820551,1266.185485436529,6406.8985563088363,false]
[null,"2.2.3.9","COMPOSIÇÃO SINAPI",103314,"SINAPI","INSTALAÇÃO DE PERGOLADO DE MADEIRA, EM MAÇARANDUBA, ANGELIM OU EQUIVALENTE DA REGIÃO, FIXADO COM CONCRETO SOBRE PISO DE CONCRETO EXISTENTE. AF_11/2021","M2",60.48,{"$f":"VLOOKUP(D67&E67,'TABELA SICRO-SINAPI-ORSE'!A:G,7,FALSE)","v":188.06},0.20796173004820551,227.16928295286553,13739.198232989307,false]
[null,"2.2.3.10","COMPOSIÇÃO ORSE",8464,"ORSE","BANCO DE CONCRETO SEM ENCOSTO, DIMENSÃO: 2,00X0,60M","UN",12,{"$f":"VLOOKUP(D68&E68,'TABELA SICRO-SINAPI-ORSE'!A:G,7,FALSE)","v":629.08000000000004},0.20796173004820551,759.90456513872516,9118.8547816647024,false]
[null,"2.2.3.11","COMPOSIÇÃO SINAPI",103307,"SINAPI","INSTALAÇÃO DE LIXEIRA METÁLICA DUPLA, CAPACIDADE DE 60 L, EM TUBO DE AÇO CARBONO E CESTOS EM CHAPA DE AÇO COM PINTURA ELETROSTÁTICA, SOBRE PISO DE CONCRETO EXISTENTE. AF_11/2021","UN",10,{"$f":"VLOOKUP(D69&E69,'TABELA SICRO-SINAPI-ORSE'!A:G,7,FALSE)","v":1336.56},0.20796173004820551,1614.5133299132294,16145.133299132294,false]
[null,"2.2.4","ESPELHO D'AGUA E FONTE ",{"$nulls":4},1,null,null,null,{"$f":"SUBTOTAL(109,L71:L75)","v":62216.912788197427}]
[null,"2.2.4.1","COMPOSIÇÃO SINAPI",103685,"SINAPI","CONCRETAGEM DE MURETAS, FCK=25 MPA, COM USO DE BOMBA - LANÇAMENTO, ADENSAMENTO E ACABAMENTO. AF_02/2022","M3",31.16,{"$f":"VLOOKUP(D71&E71,'TABELA SICRO-SINAPI-ORSE'!A:G,7,FALSE)","v":1048.2},{"$f":"$L$4","v":0.20796173004820551},{"$f":"I71*(1+J71)","v":1266.185485436529},{"$f":"K71*H71","v":39454.339726202241},{"$f":"ISTEXT(H71)","v":false}]
[null,"2.2.4.2","COMPOSIÇÃO SINAPI",92435,"SINAPI","MONTAGEM E DESMONTAGEM DE FÔRMA DE PILARES RETANGULARES E ESTRUTURAS SIMILARES, PÉ-DIREITO SIMPLES, EM CHAPA DE MADEIRA COMPENSADA PLASTIFICADA, 12 UTILIZAÇÕES. AF_09/2020","M2",43.55,{"$f":"VLOOKUP(D72&E72,'TABELA SICRO-SINAPI-ORSE'!A:G,7,FALSE)","v":58.98},0.20796173004820551,{"$f":"I72*(1+J72)","v":71.245582838243152},{"$f":"K72*H72","v":3102.7451326054893},false]
[null,"2.2.4.3","COMPOSIÇÃO SINAPI",92761,"SINAPI","ARMAÇÃO DE PILAR OU VIGA DE ESTRUTURA CONVENCIONAL DE CONCRETO ARMADO UTILIZANDO AÇO CA-50 DE 8,0 MM - MONTAGEM. AF_06/2022","KG",820.12,{"$f":"VLOOKUP(D73&E73,'TABELA SICRO-SINAPI-ORSE'!A:G,7,FALSE)","v":14.23},0.20796173004820551,{"$f":"I73*(1+J73)","v":17.189295418585964},{"$f":"K73*H73","v":14097.284958690721},false]
[null,"2.2.4.4","COMPOSIÇÃO ORSE",6314,"ORSE","BOMBEAMENTO COM BOMBA SUBMERSA","H",1,{"$f":"VLOOKUP(D74&E74,'TABELA SICRO-SINAPI-ORSE'!A:G,7,FALSE)","v":577.28},0.20796173004820551,{"$f":"I74*(1+J74)","v":697.33214752222807},{"$f":"K74*H74","v":697.33214752222807},false]
[null,"2.2.4.5","COMPOSIÇÃO SINAPI",89357,"SINAPI","TUBO, PVC, SOLDÁVEL, DN 32MM, INSTALADO EM RAMAL OU SUB-RAMAL DE ÁGUA - FORNECIMENTO E INSTALAÇÃO. AF_06/2022","M",141.32,{"$f":"VLOOKUP(D75&E75,'TABELA SICRO-SINAPI-ORSE'!A:G,7,FALSE)","v":28.5},0.20796173004820551,{"$f":"I75*(1+J75)","v":34.426909306373858},{"$f":"K75*H75","v":4865.2108231767534},false]
[null,"2.2.5","ACADEMIA E PLAYGROUND ",{"$nulls":4},1,null,null,null,{"$f":"SUBTOTAL(109,L77)","v":41411.462536585379}]
[null,"2.2.5.1","COMPOSIÇÃO PRÓPRIA",10000,"","PLAYGROUND E ACADEMIA ","UN",1,{"$f":"'Cotação Playground'!J15","v":36106.666666666672},{"$f":"$L$5","v":0.14692012195121973},{"$f":"I77*(1+J77)","v":41411.462536585379},{"$f":"K77*H77","v":41411.462536585379},{"$f":"ISTEXT(H77)","v":false}]
[null,"2.2.6","PAISAGISMO",{"$nulls":4},1,null,null,null,{"$f":"SUBTOTAL(109,L79:L80)","v":13249.589358897283}]
[null,"2.2.6.1","COMPOSIÇÃO SINAPI",103946,"SINAPI","PLANTIO DE GRAMA ESMERALDA OU SÃO CARLOS OU CURITIBANA, EM PLACAS. AF_05/2022","M2",342.63,{"$f":"VLOOKUP(D79&E79,'TABELA SICRO-SINAPI-ORSE'!A:G,7,FALSE)","v":20.62},{"$f":"$L$4","v":0.20796173004820551},{"$f":"I79*(1+J79)","v":24.908170873593999},{"$f":"K79*H79","v":8534.2865864195119},{"$f":"ISTEXT(H79)","v":false}]
[null,"2.2.6.2","COMPOSIÇÃO SINAPI",98511,"SINAPI","PLANTIO DE ÁRVORE ORNAMENTAL COM ALTURA DE MUDA MAIOR QUE 2,00 M E MENOR OU IGUAL A 4,00 M. AF_05/2018","UN",31,{"$f":"VLOOKUP(D80&E80,'TABELA SICRO-SINAPI-ORSE'!A:G,7,FALSE)","v":125.92},0.20796173004820551,{"$f":"I80*(1+J80)","v":152.10654104767005},{"$f":"K80*H80","v":4715.3027724777712},false]
[null,"2.2.7","SERVIÇOS COMPLEMENTARES ",{"$nulls":4},1,null,null,null,{"$f":"SUBTOTAL(109,L82)","v":2515.1273171766197}]
[null,"2.2.7.1","COMPOSIÇÃO PRÓPRIA","1.1","","DESMOBILIZAÇÃO","UN",1,{"$f":"'CPU Própria (sem des)'!M28","v":2082.125},{"$f":"$L$4","v":0.20796173004820551},{"$f":"I82*(1+J82)","v":2515.1273171766197},{"$f":"K82*H82","v":2515.1273171766197},{"$f":"ISTEXT(H82)","v":false}]
[null,"2.3","PRAÇA DE SERVIÇOS",{"$nulls":8},{"$f":"SUBTOTAL(109,L84:L104)","v":659129.73752110521}]
[null,"2.3.1","SERVIÇOS PRELIMINARES ",{"$nulls":4},1,null,null,null,{"$f":"SUBTOTAL(109,L85)","v":2515.1273171766197}]
[null,"2.3.1.1","COMPOSIÇÃO PRÓPRIA","1.1","","MOBILIZAÇÃO ","UN",1,{"$f":"'CPU Própria (sem des)'!M28","v":2082.125},{"$f":"$L$4","v":0.20796173004820551},{"$f":"I85*(1+J85)","v":2515.1273171766197},{"$f":"K85*H85","v":2515.1273171766197},{"$f":"ISTEXT(H85)","v":false}]
[null,"2.3.2","PAVIMENTAÇÃO",{"$nulls":4},1,null,null,null,{"$f":"SUBTOTAL(109,L87:L92)","v":557284.24196297396}]
[null,"2.3.2.1","COMPOSIÇÃO SINAPI",100575,"SINAPI","REGULARIZAÇÃO DE SUPERFÍCIES COM MOTONIVELADORA. AF_11/2019","M2",3483.09,{"$f":"VLOOKUP(D87&E87,'TABELA SICRO-SINAPI-ORSE'!A:G,7,FALSE)","v":0.13},{"$f":"$L$4","v":0.20796173004820551},{"$f":"I87*(1+J87)","v":0.15703502490626672},{"$f":"K87*H87","v":546.96712490076857},{"$f":"ISTEXT(H87)","v":false}]
[null,"2.3.2.2","COMPOSIÇÃO ORSE",3212,"ORSE","COLCHÃO DE AREIA","M3",348.31,{"$f":"VLOOKUP(D88&E88,'TABELA SICRO-SINAPI-ORSE'!A:G,7,FALSE)","v":140.68},0.20796173004820551,169.93605618318156,59190.427729163974,false]
[null,"2.3.2.3","COMPOSIÇÃO SINAPI",92397,"SINAPI","EXECUÇÃO DE PÁTIO/ESTACIONAMENTO EM PISO INTERTRAVADO, COM BLOCO RETANGULAR COR NATURAL DE 20 X 10 CM, ESPESSURA 6 CM. AF_12/2015","M2",3483.09,{"$f":"VLOOKUP(D89&E89,'TABELA SICRO-SINAPI-ORSE'!A:G,7,FALSE)","v":81.09},0.20796173004820551,97.953616689608992,341181.26275541022,false]
[null,"2.3.2.4","COMPOSIÇÃO SINAPI",94991,"SINAPI","EXECUÇÃO DE PASSEIO (CALÇADA) OU PISO DE CONCRETO COM CONCRETO MOLDADO IN LOCO, USINADO, ACABAMENTO CONVENCIONAL, NÃO ARMADO. AF_07/2016","M3",19.52,{"$f":"VLOOKUP(D90&E90,'TABELA SICRO-SINAPI-ORSE'!A:G,7,FALSE)","v":1116.3399999999999},0.20796173004820551,1348.4959977220137,26322.641875533707,false]
[null,"2.3.2.5","COMPOSIÇÃO SINAPI",101094,"SINAPI","PISO PODOTÁTIL, DIRECIONAL OU ALERTA, ASSENTADO SOBRE ARGAMASSA. AF_05/2020","M",586.95000000000005,{"$f":"VLOOKUP(D91&E91,'TABELA SICRO-SINAPI-ORSE'!A:G,7,FALSE)","v":182.54},0.20796173004820551,220.50133420299943,129423.25811045052,false]
[null,"2.3.2.6","COMPOSIÇÃO SINAPI",94263,"SINAPI","GUIA (MEIO-FIO) CONCRETO, MOLDADA  IN LOCO  EM TRECHO RETO COM EXTRUSORA, 13 CM BASE X 22 CM ALTURA. AF_06/2016","M",12,{"$f":"VLOOKUP(D92&E92,'TABELA SICRO-SINAPI-ORSE'!A:G,7,FALSE)","v":42.75},0.20796173004820551,51.640363959560787,619.6843675147295,false]
[null,"2.3.3","MOBILIÁRIO URBANO ",{"$nulls":4},1,null,null,null,{"$f":"SUBTOTAL(109,L94:L99)","v":93074.663610606513}]
[null,"2.3.3.1","COMPOSIÇÃO ORSE",3740,"ORSE","MESA DE CONCRETO COM 02 BANCOS INTEGRADOS","UN",17,{"$f":"VLOOKUP(D94&E94,'TABELA SICRO-SINAPI-ORSE'!A:G,7,FALSE)","v":812.76},{"$f":"$L$4","v":0.20796173004820551},{"$f":"I94*(1+J94)","v":981.78297571397945},{"$f":"K94*H94","v":16690.31058713765},{"$f":"ISTEXT(H94)","v":false}]
[null,"2.3.3.2","COMPOSIÇÃO SINAPI",103310,"SINAPI","INSTALAÇÃO DE LIXEIRA METÁLICA DUPLA, CAPACIDADE DE 60 L, EM TUBO DE AÇO CARBONO E CESTOS EM CHAPA DE AÇO COM PINTURA ELETROSTÁTICA, SOBRE SOLO. AF_11/2021","UN",8,{"$f":"VLOOKUP(D95&E95,'TABELA SICRO-SINAPI-ORSE'!A:G,7,FALSE)","v":1292.26},0.20796173004820551,1561.0006252720941,12488.005002176753,false]
[null,"2.3.3.3","COMPOSIÇÃO SINAPI",92435,"SINAPI","MONTAGEM E DESMONTAGEM DE FÔRMA DE PILARES RETANGULARES E ESTRUTURAS SIMILARES, PÉ-DIREITO SIMPLES, EM CHAPA DE MADEIRA COMPENSADA PLASTIFICADA, 12 UTILIZAÇÕES. AF_09/2020","M2",80.64,{"$f":"VLOOKUP(D96&E96,'TABELA SICRO-SINAPI-ORSE'!A:G,7,FALSE)","v":58.98},0.20796173004820551,71.245582838243152,5745.2438000759275,false]
[null,"2.3.3.4","COMPOSIÇÃO SINAPI",92761,"SINAPI","ARMAÇÃO DE PILAR OU VIGA DE ESTRUTURA CONVENCIONAL DE CONCRETO ARMADO UTILIZANDO AÇO CA-50 DE 8,0 MM - MONTAGEM. AF_06/2022","KG",480,{"$f":"VLOOKUP(D97&E97,'TABELA SICRO-SINAPI-ORSE'!A:G,7,FALSE)","v":14.23},0.20796173004820551,17.189295418585964,8250.8618009212623,false]
[null,"2.3.3.5","COMPOSIÇÃO SINAPI",103685,"SINAPI","CONCRETAGEM DE MURETAS, FCK=25 MPA, COM USO DE BOMBA - LANÇAMENTO, ADENSAMENTO E ACABAMENTO. AF_02/2022","M3",15.2,{"$f":"VLOOKUP(D98&E98,'TABELA SICRO-SINAPI-ORSE'!A:G,7,FALSE)","v":1048.2},0.20796173004820551,1266.185485436529,19246.019378635239,false]
[null,"2.3.3.6","COMPOSIÇÃO SINAPI",103314,"SINAPI","INSTALAÇÃO DE PERGOLADO DE MADEIRA, EM MAÇARANDUBA, ANGELIM OU EQUIVALENTE DA REGIÃO, FIXADO COM CONCRETO SOBRE PISO DE CONCRETO EXISTENTE. AF_11/2021","M2",134.94,{"$f":"VLOOKUP(D99&E99,'TABELA SICRO-SINAPI-ORSE'!A:G,7,FALSE)","v":188.06},0.20796173004820551,227.16928295286553,30654.223041659676,false]
[null,"2.3.4","PAISAGISMO ",{"$nulls":4},1,null,null,null,{"$f":"SUBTOTAL(109,L101)","v":1521.0654104767004}]
[null,"2.3.4.1","COMPOSIÇÃO SINAPI",98511,"SINAPI","PLANTIO DE ÁRVORE ORNAMENTAL COM ALTURA DE MUDA MAIOR QUE 2,00 M E MENOR OU IGUAL A 4,00 M. AF_05/2018","UN",10,{"$f":"VLOOKUP(D101&E101,'TABELA SICRO-SINAPI-ORSE'!A:G,7,FALSE)","v":125.92},{"$f":"$L$4","v":0.20796173004820551},{"$f":"I101*(1+J101)","v":152.10654104767005},{"$f":"K101*H101","v":1521.0654104767004},{"$f":"ISTEXT(H101)","v":false}]
[null,"2.3.5","SERVIÇOS COMPLEMENTARES",{"$nulls":4},1,null,null,null,{"$f":"SUBTOTAL(109,L103:L104)","v":4734.6392198715175}]
[null,"2.3.5.1","COMPOSIÇÃO PRÓPRIA","1.1","","DESMOBILIZAÇÃO","UN",1,{"$f":"'CPU Própria (sem des)'!M28","v":2082.125},{"$f":"$L$4","v":0.20796173004820551},{"$f":"I103*(1+J103)","v":2515.1273171766197},{"$f":"K103*H103","v":2515.1273171766197},{"$f":"ISTEXT(H103)","v":false}]
[null,"2.3.5.2","COMPOSIÇÃO ORSE",6191,"ORSE","LIMPEZA DE RUAS (VARRIÇÃO E REMOÇÃO DE ENTULHOS)","M2",3602.75,{"$f":"VLOOKUP(D104&E104,'TABELA SICRO-SINAPI-ORSE'!A:G,7,FALSE)","v":0.51},0.20796173004820551,{"$f":"I104*(1+J104)","v":0.61606048232458477},{"$f":"K104*H104","v":2219.5119026948978},false]
[null,"2.4","PRAÇA INSTITUCIONAL",{"$nulls":8},{"$f":"SUBTOTAL(109,L106:L127)","v":281443.79035020235}]
[null,"2.4.1","SERVIÇOS PRELIMINARES ",{"$nulls":4},1,null,null,null,{"$f":"SUBTOTAL(109,L107)","v":2515.1273171766197}]
[null,"2.4.1.1","COMPOSIÇÃO PRÓPRIA","1.1","","MOBILIZAÇÃO ","UN",1,{"$f":"'CPU Própria (sem des)'!M28","v":2082.125},{"$f":"$L$4","v":0.20796173004820551},{"$f":"I107*(1+J107)","v":2515.1273171766197},{"$f":"K107*H107","v":2515.1273171766197},{"$f":"ISTEXT(H107)","v":false}]
[null,"2.4.2","PAVIMENTAÇÃO",{"$nulls":4},1,null,null,null,{"$f":"SUBTOTAL(109,L109:L114)","v":232206.39494436793}]
[null,"2.4.2.1","COMPOSIÇÃO SINAPI",100575,"SINAPI","REGULARIZAÇÃO DE SUPERFÍCIES COM MOTONIVELADORA. AF_11/2019","M2",1201.28,{"$f":"VLOOKUP(D109&E109,'TABELA SICRO-SINAPI-ORSE'!A:G,7,FALSE)","v":0.13},{"$f":"$L$4","v":0.20796173004820551},{"$f":"I109*(1+J109)","v":0.15703502490626672},{"$f":"K109*H109","v":188.64303471940008},{"$f":"ISTEXT(H109)","v":false}]
[null,"2.4.2.2","COMPOSIÇÃO ORSE",3212,"ORSE","COLCHÃO DE AREIA","M3",120.12,{"$f":"VLOOKUP(D110&E110,'TABELA SICRO-SINAPI-ORSE'!A:G,7,FALSE)","v":140.68},0.20796173004820551,169.93605618318156,20412.719068723771,false]
[null,"2.4.2.3","COMPOSIÇÃO SINAPI",92397,"SINAPI","EXECUÇÃO DE PÁTIO/ESTACIONAMENTO EM PISO INTERTRAVADO, COM BLOCO RETANGULAR COR NATURAL DE 20 X 10 CM, ESPESSURA 6 CM. AF_12/2015","M2",1201.28,{"$f":"VLOOKUP(D111&E111,'TABELA SICRO-SINAPI-ORSE'!A:G,7,FALSE)","v":81.09},0.20796173004820551,97.953616689608992,117669.72065689349,false]
[null,"2.4.2.4","COMPOSIÇÃO SINAPI",94991,"SINAPI","EXECUÇÃO DE PASSEIO (CALÇADA) OU PISO DE CONCRETO COM CONCRETO MOLDADO IN LOCO, USINADO, ACABAMENTO CONVENCIONAL, NÃO ARMADO. AF_07/2016","M3",32.06,{"$f":"VLOOKUP(D112&E112,'TABELA SICRO-SINAPI-ORSE'!A:G,7,FALSE)","v":1116.3399999999999},0.20796173004820551,1348.4959977220137,43232.781686967763,false]
[null,"2.4.2.5","COMPOSIÇÃO SINAPI",101094,"SINAPI","PISO PODOTÁTIL, DIRECIONAL OU ALERTA, ASSENTADO SOBRE ARGAMASSA. AF_05/2020","M",213.08,{"$f":"VLOOKUP(D113&E113,'TABELA SICRO-SINAPI-ORSE'!A:G,7,FALSE)","v":182.54},0.20796173004820551,220.50133420299943,46984.42429197512,false]
[null,"2.4.2.6","COMPOSIÇÃO SINAPI",94263,"SINAPI","GUIA (MEIO-FIO) CONCRETO, MOLDADA  IN LOCO  EM TRECHO RETO COM EXTRUSORA, 13 CM BASE X 22 CM ALTURA. AF_06/2016","M",72,{"$f":"VLOOKUP(D114&E114,'TABELA SICRO-SINAPI-ORSE'!A:G,7,FALSE)","v":42.75},0.20796173004820551,51.640363959560787,3718.1062050883766,false]
[null,"2.4.3","MOBILIÁRIO URBANO",{"$nulls":4},1,null,null,null,{"$f":"SUBTOTAL(109,L116:L120)","v":37816.462966875806}]
[null,"2.4.3.1","COMPOSIÇÃO ORSE",3740,"ORSE","MESA DE CONCRETO COM 02 BANCOS INTEGRADOS","UN",8,{"$f":"VLOOKUP(D116&E116,'TABELA SICRO-SINAPI-ORSE'!A:G,7,FALSE)","v":812.76},{"$f":"$L$4","v":0.20796173004820551},{"$f":"I116*(1+J116)","v":981.78297571397945},{"$f":"K116*H116","v":7854.2638057118356},{"$f":"ISTEXT(H116)","v":false}]
[null,"2.4.3.2","COMPOSIÇÃO SINAPI",103310,"SINAPI","INSTALAÇÃO DE LIXEIRA DE MADEIRA DUPLA, CAPACIDADE DE 60 L, CESTOS EM MADEIRA, SOBRE SOLO. AF_11/2021","UN",5,{"$f":"VLOOKUP(D117&E117,'TABELA SICRO-SINAPI-ORSE'!A:G,7,FALSE)","v":1292.26},0.20796173004820551,{"$f":"I117*(1+J117)","v":1561.0006252720941},{"$f":"K117*H117","v":7805.0031263604706},false]
[null,"2.4.3.3","COMPOSIÇÃO SINAPI",92435,"SINAPI","MONTAGEM E DESMONTAGEM DE FÔRMA DE PILARES RETANGULARES E ESTRUTURAS SIMILARES, PÉ-DIREITO SIMPLES, EM CHAPA DE MADEIRA COMPENSADA PLASTIFICADA, 12 UTILIZAÇÕES. AF_09/2020","M2",53.76,{"$f":"VLOOKUP(D118&E118,'TABELA SICRO-SINAPI-ORSE'!A:G,7,FALSE)","v":58.98},0.20796173004820551,{"$f":"I118*(1+J118)","v":71.245582838243152},{"$f":"K118*H118","v":3830.1625333839515},false]
[null,"2.4.3.4","COMPOSIÇÃO SINAPI",92761,"SINAPI","ARMAÇÃO DE PILAR OU VIGA DE UMA ESTRUTURA CONVENCIONAL DE CONCRETO ARMADO EM UM EDIFÍCIO DE MÚLTIPLOS PAVIMENTOS UTILIZANDO AÇO CA-50 DE 8,0 MM - MONTAGEM. AF_12/2015","KG",320,{"$f":"VLOOKUP(D119&E119,'TABELA SICRO-SINAPI-ORSE'!A:G,7,FALSE)","v":14.23},0.20796173004820551,{"$f":"I119*(1+J119)","v":17.189295418585964},{"$f":"K119*H119","v":5500.5745339475088},false]
[null,"2.4.3.5","COMPOSIÇÃO SINAPI",103685,"SINAPI","CONCRETAGEM DE MURETAS, FCK=25 MPA, COM USO DE BOMBA - LANÇAMENTO, ADENSAMENTO E ACABAMENTO. AF_02/2022","M3",10.130000000000001,{"$f":"VLOOKUP(D120&E120,'TABELA SICRO-SINAPI-ORSE'!A:G,7,FALSE)","v":1048.2},0.20796173004820551,{"$f":"I120*(1+J120)","v":1266.185485436529},{"$f":"K120*H120","v":12826.458967472039},false]
[null,"2.4.4","PAISAGISMO",{"$nulls":4},1,null,null,null,{"$f":"SUBTOTAL(109,L122:L124)","v":5404.9810328860676}]
[null,"2.4.4.1","COMPOSIÇÃO SINAPI",103946,"SINAPI","PLANTIO DE GRAMA ESMERALDA OU SÃO CARLOS OU CURITIBANA, EM PLACAS. AF_05/2022","M2",119.49,{"$f":"VLOOKUP(D122&E122,'TABELA SICRO-SINAPI-ORSE'!A:G,7,FALSE)","v":20.62},{"$f":"$L$4","v":0.20796173004820551},{"$f":"I122*(1+J122)","v":24.908170873593999},{"$f":"K122*H122","v":2976.2773376857467},{"$f":"ISTEXT(H122)","v":false}]
[null,"2.4.4.2","COMPOSIÇÃO SINAPI",98511,"SINAPI","PLANTIO DE ÁRVORE ORNAMENTAL COM ALTURA DE MUDA MAIOR QUE 2,00 M E MENOR OU IGUAL A 4,00 M. AF_05/2018","UN",7,{"$f":"VLOOKUP(D123&E123,'TABELA SICRO-SINAPI-ORSE'!A:G,7,FALSE)","v":125.92},0.20796173004820551,{"$f":"I123*(1+J123)","v":152.10654104767005},{"$f":"K123*H123","v":1064.7457873336903},false]
[null,"2.4.4.3","COMPOSIÇÃO SINAPI",98510,"SINAPI","PLANTIO DE ÁRVORE ORNAMENTAL COM ALTURA DE MUDA MENOR OU IGUAL A 2,00 M. AF_05/2018","UN",17,{"$f":"VLOOKUP(D124&E124,'TABELA SICRO-SINAPI-ORSE'!A:G,7,FALSE)","v":66.42},0.20796173004820551,{"$f":"I124*(1+J124)","v":80.232818109801812},{"$f":"K124*H124","v":1363.9579078666309},false]
[null,"2.4.5","SERVIÇOS COMPLEMENTARES",{"$nulls":4},1,null,null,null,{"$f":"SUBTOTAL(109,L126:L127)","v":3500.8240888959554}]
[null,"2.4.5.1","COMPOSIÇÃO ORSE",6191,"ORSE","LIMPEZA DE RUAS (VARRIÇÃO E REMOÇÃO DE ENTULHOS)","M2",1600,{"$f":"VLOOKUP(D126&E126,'TABELA SICRO-SINAPI-ORSE'!A:G,7,FALSE)","v":0.51},{"$f":"$L$4","v":0.20796173004820551},{"$f":"I126*(1+J126)","v":0.61606048232458477},{"$f":"K126*H126","v":985.69677171933563},{"$f":"ISTEXT(H126)","v":false}]
[null,"2.4.5.2","COMPOSIÇÃO PRÓPRIA","1.1","","DESMOBILIZAÇÃO","UN",1,{"$f":"'CPU Própria (sem des)'!M28","v":2082.125},0.20796173004820551,{"$f":"I127*(1+J127)","v":2515.1273171766197},{"$f":"K127*H127","v":2515.1273171766197},false]
[null,"2.5","ENTORNO",{"$nulls":8},{"$f":"SUBTOTAL(109,L129:L140)","v":266223.99571982026}]
[null,"2.5.1","COMPOSIÇÃO ORSE",3212,"ORSE","COLCHÃO DE AREIA","M3",135.53,{"$f":"VLOOKUP(D129&E129,'TABELA SICRO-SINAPI-ORSE'!A:G,7,FALSE)","v":140.68},{"$f":"$L$4","v":0.20796173004820551},{"$f":"I129*(1+J129)","v":169.93605618318156},{"$f":"K129*H129","v":23031.433694506599},{"$f":"ISTEXT(H129)","v":false}]
[null,"2.5.2","COMPOSIÇÃO SINAPI",100575,"SINAPI","REGULARIZAÇÃO DE SUPERFÍCIES COM MOTONIVELADORA. AF_11/2019","M2",903.56,{"$f":"VLOOKUP(D130&E130,'TABELA SICRO-SINAPI-ORSE'!A:G,7,FALSE)","v":0.13},0.20796173004820551,0.15703502490626672,141.89056710430634,false]
[null,"2.5.3","COMPOSIÇÃO SINAPI",92397,"SINAPI","EXECUÇÃO DE PÁTIO/ESTACIONAMENTO EM PISO INTERTRAVADO, COM BLOCO RETANGULAR COR NATURAL DE 20 X 10 CM, ESPESSURA 6 CM. AF_12/2015","M2",903.56,{"$f":"VLOOKUP(D131&E131,'TABELA SICRO-SINAPI-ORSE'!A:G,7,FALSE)","v":81.09},0.20796173004820551,97.953616689608992,88506.969896063092,false]
[null,"2.5.4","COMPOSIÇÃO SINAPI",96398,"SINAPI","EXECUÇÃO E COMPACTAÇÃO DE BASE E OU SUB BASE PARA PAVIMENTAÇÃO DE CONCRETO COMPACTADO COM ROLO - EXCLUSIVE CARGA E TRANSPORTE. AF_11/2019","M3",75.930000000000007,{"$f":"VLOOKUP(D132&E132,'TABELA SICRO-SINAPI-ORSE'!A:G,7,FALSE)","v":652.92999999999995},0.20796173004820551,788.71445240037474,59887.088370760459,false]
[null,"2.5.5","COMPOSIÇÃO SINAPI",95995,"SINAPI","EXECUÇÃO DE PAVIMENTO COM APLICAÇÃO DE CONCRETO ASFÁLTICO, CAMADA DE ROLAMENTO - EXCLUSIVE CARGA E TRANSPORTE. AF_11/2019","M3",18.98,{"$f":"VLOOKUP(D133&E133,'TABELA SICRO-SINAPI-ORSE'!A:G,7,FALSE)","v":1429.29},0.20796173004820551,1726.5276211405996,32769.494249248579,false]
[null,"2.5.6","COMPOSIÇÃO SINAPI",94266,"SINAPI","GUIA (MEIO-FIO) CONCRETO, MOLDADA  IN LOCO  EM TRECHO CURVO COM EXTRUSORA, 15 CM BASE X 30 CM ALTURA. AF_06/2016","M",77.900000000000006,{"$f":"VLOOKUP(D134&E134,'TABELA SICRO-SINAPI-ORSE'!A:G,7,FALSE)","v":66.819999999999993},0.20796173004820551,80.716002801821077,6287.7766182618625,false]
[null,"2.5.7","COMPOSIÇÃO SINAPI",101094,"SINAPI","PISO PODOTÁTIL, DIRECIONAL OU ALERTA, ASSENTADO SOBRE ARGAMASSA. AF_05/2020","M",209.97,{"$f":"VLOOKUP(D135&E135,'TABELA SICRO-SINAPI-ORSE'!A:G,7,FALSE)","v":182.54},0.20796173004820551,220.50133420299943,46298.665142603793,false]
[null,"2.5.8","MOBILIÁRIO URBANO",{"$nulls":4},1,null,null,null,{"$f":"SUBTOTAL(109,L137:L138)","v":8692.2510170808764}]
[null,"2.5.8.1","COMPOSIÇÃO SINAPI",103307,"SINAPI","INSTALAÇÃO DE LIXEIRA METÁLICA DUPLA, CAPACIDADE DE 60 L, EM TUBO DE AÇO CARBONO E CESTOS EM CHAPA DE AÇO COM PINTURA ELETROSTÁTICA, SOBRE PISO DE CONCRETO EXISTENTE. AF_11/2021","UN",5,{"$f":"VLOOKUP(D137&E137,'TABELA SICRO-SINAPI-ORSE'!A:G,7,FALSE)","v":1336.56},{"$f":"$L$4","v":0.20796173004820551},{"$f":"I137*(1+J137)","v":1614.5133299132294},{"$f":"K137*H137","v":8072.5666495661471},{"$f":"ISTEXT(H137)","v":false}]
[null,"2.5.8.2","COMPOSIÇÃO SINAPI",94263,"SINAPI","GUIA (MEIO-FIO) CONCRETO, MOLDADA  IN LOCO  EM TRECHO RETO COM EXTRUSORA, 13 CM BASE X 22 CM ALTURA. AF_06/2016","M",12,{"$f":"VLOOKUP(D138&E138,'TABELA SICRO-SINAPI-ORSE'!A:G,7,FALSE)","v":42.75},0.20796173004820551,{"$f":"I138*(1+J138)","v":51.640363959560787},{"$f":"K138*H138","v":619.6843675147295},false]
[null,"2.5.9","PAISAGISMO",{"$nulls":4},1,null,null,null,{"$f":"SUBTOTAL(109,L140)","v":608.4261641906802}]
[null,"2.5.9.1","COMPOSIÇÃO SINAPI",98511,"SINAPI","PLANTIO DE ÁRVORE ORNAMENTAL COM ALTURA DE MUDA MAIOR QUE 2,00 M E MENOR OU IGUAL A 4,00 M. AF_05/2018","UN",4,{"$f":"VLOOKUP(D140&E140,'TABELA SICRO-SINAPI-ORSE'!A:G,7,FALSE)","v":125.92},{"$f":"$L$4","v":0.20796173004820551},{"$f":"I140*(1+J140)","v":152.10654104767005},{"$f":"K140*H140","v":608.4261641906802},{"$f":"ISTEXT(H140)","v":false}]
[null,"2.6","DEMOLIÇÃO",{"$nulls":8},{"$f":"SUBTOTAL(109,L142:L189)","v":2164695.2411706494}]
[null,"2.6.1","QUADRA 1",{"$nulls":4},1,null,null,null,{"$f":"SUBTOTAL(109,L143:L147)","v":243761.97903531202}]
[null,"2.6.1.1","COMPOSIÇÃO SINAPI",97625,"SINAPI","DEMOLIÇÃO DE ALVENARIA PARA QUALQUER TIPO DE BLOCO, DE FORMA MECANIZADA, SEM REAPROVEITAMENTO. AF_12/2017","M3",889.22,{"$f":"VLOOKUP(D143&E143,'TABELA SICRO-SINAPI-ORSE'!A:G,7,FALSE)","v":51.99},{"$f":"$L$4","v":0.20796173004820551},{"$f":"I143*(1+J143)","v":62.801930345206209},{"$f":"K143*H143","v":55844.732501564264},{"$f":"ISTEXT(H143)","v":false}]
[null,"2.6.1.2","COMPOSIÇÃO SINAPI",97627,"SINAPI","DEMOLIÇÃO DE PILARES E VIGAS EM CONCRETO ARMADO, DE FORMA MECANIZADA COM MARTELETE, SEM REAPROVEITAMENTO. AF_12/2017","M3",266.76,{"$f":"VLOOKUP(D144&E144,'TABELA SICRO-SINAPI-ORSE'!A:G,7,FALSE)","v":148.21},0.20796173004820551,{"$f":"I144*(1+J144)","v":179.03200801044454},{"$f":"K144*H144","v":47758.578456866184},false]
[null,"2.6.1.3","COMPOSIÇÃO SINAPI",95876,"SINAPI","TRANSPORTE COM CAMINHÃO BASCULANTE DE 14 M³, EM VIA URBANA PAVIMENTADA, DMT ATÉ 30 KM (UNIDADE: M3XKM). AF_07/2020","M3XKM",34679.4,{"$f":"VLOOKUP(D145&E145,'TABELA SICRO-SINAPI-ORSE'!A:G,7,FALSE)","v":2.2000000000000002},0.20796173004820551,{"$f":"I145*(1+J145)","v":2.6575158061060522},{"$f":"K145*H145","v":92161.053646274231},false]
[null,"2.6.1.4","COMPOSIÇÃO PRÓPRIA","2.1","","DEMOLIÇÃO DE CONCRETO ARMADO COM RETROESCAVADEIRA HIDRÁULICA","M3",307.25416799999999,{"$f":"'CPU Própria (sem des)'!M34","v":86.365015999999997},0.20796173004820551,{"$f":"I146*(1+J146)","v":104.32563414300094},{"$f":"K146*H146","v":32054.485919680144},false]
[null,"2.6.1.5","COMPOSIÇÃO SINAPI",100983,"SINAPI","CARGA, MANOBRA E DESCARGA DE ENTULHO EM CAMINHÃO BASCULANTE 14 M³ - CARGA COM ESCAVADEIRA HIDRÁULICA (CAÇAMBA DE 0,80 M³ /111 HP) E DESCARGA LIVRE (UNIDADE: M3). AF_07/2020","M3",{"$f":"H143+H144+H146","v":1463.234168},{"$f":"VLOOKUP(D147&E147,'TABELA SICRO-SINAPI-ORSE'!A:G,7,FALSE)","v":9.02},0.20796173004820551,{"$f":"I147*(1+J147)","v":10.895814805034814},{"$f":"K147*H147","v":15943.128510927198},false]
[null,"2.6.2","QUADRA 2",{"$nulls":4},1,null,null,null,{"$f":"SUBTOTAL(109,L149:L153)","v":83158.618288161844}]
[null,"2.6.2.1","COMPOSIÇÃO SINAPI",97625,"SINAPI","DEMOLIÇÃO DE ALVENARIA PARA QUALQUER TIPO DE BLOCO, DE FORMA MECANIZADA, SEM REAPROVEITAMENTO. AF_12/2017","M3",383.65,{"$f":"VLOOKUP(D149&E149,'TABELA SICRO-SINAPI-ORSE'!A:G,7,FALSE)","v":51.99},{"$f":"$L$4","v":0.20796173004820551},{"$f":"I149*(1+J149)","v":62.801930345206209},{"$f":"K149*H149","v":24093.96057693836},{"$f":"ISTEXT(H149)","v":false}]
[null,"2.6.2.2","COMPOSIÇÃO SINAPI",97627,"SINAPI","DEMOLIÇÃO DE PILARES E VIGAS EM CONCRETO ARMADO, DE FORMA MECANIZADA COM MARTELETE, SEM REAPROVEITAMENTO. AF_12/2017","M3",93.12,{"$f":"VLOOKUP(D150&E150,'TABELA SICRO-SINAPI-ORSE'!A:G,7,FALSE)","v":148.21},0.20796173004820551,{"$f":"I150*(1+J150)","v":179.03200801044454},{"$f":"K150*H150","v":16671.460585932597},false]
[null,"2.6.2.3","COMPOSIÇÃO SINAPI",95876,"SINAPI","TRANSPORTE COM CAMINHÃO BASCULANTE DE 14 M³, EM VIA URBANA PAVIMENTADA, DMT ATÉ 30 KM (UNIDADE: M3XKM). AF_07/2020","M3XKM",9347.17,{"$f":"VLOOKUP(D151&E151,'TABELA SICRO-SINAPI-ORSE'!A:G,7,FALSE)","v":2.2000000000000002},0.20796173004820551,{"$f":"I151*(1+J151)","v":2.6575158061060522},{"$f":"K151*H151","v":24840.252017360308},false]
[null,"2.6.2.4","COMPOSIÇÃO PRÓPRIA","2.1","","DEMOLIÇÃO DE CONCRETO ARMADO COM RETROESCAVADEIRA HIDRÁULICA","M3",107.255616,{"$f":"'CPU Própria (sem des)'!M34","v":86.365015999999997},0.20796173004820551,{"$f":"I152*(1+J152)","v":104.32563414300094},{"$f":"K152*H152","v":11189.510154598198},false]
[null,"2.6.2.5","COMPOSIÇÃO SINAPI",100983,"SINAPI","CARGA, MANOBRA E DESCARGA DE ENTULHO EM CAMINHÃO BASCULANTE 14 M³ - CARGA COM ESCAVADEIRA HIDRÁULICA (CAÇAMBA DE 0,80 M³ /111 HP) E DESCARGA LIVRE (UNIDADE: M3). AF_07/2020","M3",{"$f":"H149+H150+H152","v":584.02561600000001},{"$f":"VLOOKUP(D153&E153,'TABELA SICRO-SINAPI-ORSE'!A:G,7,FALSE)","v":9.02},0.20796173004820551,{"$f":"I153*(1+J153)","v":10.895814805034814},{"$f":"K153*H153","v":6363.4349533323766},false]
[null,"2.6.3","QUADRA 3",{"$nulls":4},1,null,null,null,{"$f":"SUBTOTAL(109,L155:L159)","v":509545.66327015479}]
[null,"2.6.3.1","COMPOSIÇÃO SINAPI",97625,"SINAPI","DEMOLIÇÃO DE ALVENARIA PARA QUALQUER TIPO DE BLOCO, DE FORMA MECANIZADA, SEM REAPROVEITAMENTO. AF_12/2017","M3",1504.47,{"$f":"VLOOKUP(D155&E155,'TABELA SICRO-SINAPI-ORSE'!A:G,7,FALSE)","v":51.99},{"$f":"$L$4","v":0.20796173004820551},{"$f":"I155*(1+J155)","v":62.801930345206209},{"$f":"K155*H155","v":94483.620146452391},{"$f":"ISTEXT(H155)","v":false}]
[null,"2.6.3.2","COMPOSIÇÃO SINAPI",97627,"SINAPI","DEMOLIÇÃO DE PILARES E VIGAS EM CONCRETO ARMADO, DE FORMA MECANIZADA COM MARTELETE, SEM REAPROVEITAMENTO. AF_12/2017","M3",752.23,{"$f":"VLOOKUP(D156&E156,'TABELA SICRO-SINAPI-ORSE'!A:G,7,FALSE)","v":148.21},0.20796173004820551,{"$f":"I156*(1+J156)","v":179.03200801044454},{"$f":"K156*H156","v":134673.24738569671},false]
[null,"2.6.3.3","COMPOSIÇÃO SINAPI",95876,"SINAPI","TRANSPORTE COM CAMINHÃO BASCULANTE DE 14 M³, EM VIA URBANA PAVIMENTADA, DMT ATÉ 30 KM (UNIDADE: M3XKM). AF_07/2020","M3XKM",58690.23,{"$f":"VLOOKUP(D157&E157,'TABELA SICRO-SINAPI-ORSE'!A:G,7,FALSE)","v":2.2000000000000002},0.20796173004820551,{"$f":"I157*(1+J157)","v":2.6575158061060522},{"$f":"K157*H157","v":155970.21388899963},false]
[null,"2.6.3.4","COMPOSIÇÃO PRÓPRIA","2.1","","DEMOLIÇÃO DE CONCRETO ARMADO COM RETROESCAVADEIRA HIDRÁULICA","M3",866.41851399999996,{"$f":"'CPU Própria (sem des)'!M34","v":86.365015999999997},0.20796173004820551,{"$f":"I158*(1+J158)","v":104.32563414300094},{"$f":"K158*H158","v":90389.660906286532},false]
[null,"2.6.3.5","COMPOSIÇÃO SINAPI",100983,"SINAPI","CARGA, MANOBRA E DESCARGA DE ENTULHO EM CAMINHÃO BASCULANTE 14 M³ - CARGA COM ESCAVADEIRA HIDRÁULICA (CAÇAMBA DE 0,80 M³ /111 HP) E DESCARGA LIVRE (UNIDADE: M3). AF_07/2020","M3",{"$f":"H155+H156+H158","v":3123.1185139999998},{"$f":"VLOOKUP(D159&E159,'TABELA SICRO-SINAPI-ORSE'!A:G,7,FALSE)","v":9.02},0.20796173004820551,{"$f":"I159*(1+J159)","v":10.895814805034814},{"$f":"K159*H159","v":34028.920942719524},false]
[null,"2.6.4","QUADRA 4",{"$nulls":4},1,null,null,null,{"$f":"SUBTOTAL(109,L161:L165)","v":323471.56183241436}]
[null,"2.6.4.1","COMPOSIÇÃO SINAPI",97625,"SINAPI","DEMOLIÇÃO DE ALVENARIA PARA QUALQUER TIPO DE BLOCO, DE FORMA MECANIZADA, SEM REAPROVEITAMENTO. AF_12/2017","M3",912,{"$f":"VLOOKUP(D161&E161,'TABELA SICRO-SINAPI-ORSE'!A:G,7,FALSE)","v":51.99},{"$f":"$L$4","v":0.20796173004820551},{"$f":"I161*(1+J161)","v":62.801930345206209},{"$f":"K161*H161","v":57275.360474828063},{"$f":"ISTEXT(H161)","v":false}]
[null,"2.6.4.2","COMPOSIÇÃO SINAPI",97627,"SINAPI","DEMOLIÇÃO DE PILARES E VIGAS EM CONCRETO ARMADO, DE FORMA MECANIZADA COM MARTELETE, SEM REAPROVEITAMENTO. AF_12/2017","M3",456.22,{"$f":"VLOOKUP(D162&E162,'TABELA SICRO-SINAPI-ORSE'!A:G,7,FALSE)","v":148.21},0.20796173004820551,{"$f":"I162*(1+J162)","v":179.03200801044454},{"$f":"K162*H162","v":81677.98269452501},false]
[null,"2.6.4.3","COMPOSIÇÃO SINAPI",95876,"SINAPI","TRANSPORTE COM CAMINHÃO BASCULANTE DE 14 M³, EM VIA URBANA PAVIMENTADA, DMT ATÉ 30 KM (UNIDADE: M3XKM). AF_07/2020","M3XKM",41040,{"$f":"VLOOKUP(D163&E163,'TABELA SICRO-SINAPI-ORSE'!A:G,7,FALSE)","v":2.2000000000000002},0.20796173004820551,{"$f":"I163*(1+J163)","v":2.6575158061060522},{"$f":"K163*H163","v":109064.44868259238},false]
[null,"2.6.4.4","COMPOSIÇÃO PRÓPRIA","2.1","","DEMOLIÇÃO DE CONCRETO ARMADO COM RETROESCAVADEIRA HIDRÁULICA","M3",525.47419600000001,{"$f":"'CPU Própria (sem des)'!M34","v":86.365015999999997},0.20796173004820551,{"$f":"I164*(1+J164)","v":104.32563414300094},{"$f":"K164*H164","v":54820.428723483572},false]
[null,"2.6.4.5","COMPOSIÇÃO SINAPI",100983,"SINAPI","CARGA, MANOBRA E DESCARGA DE ENTULHO EM CAMINHÃO BASCULANTE 14 M³ - CARGA COM ESCAVADEIRA HIDRÁULICA (CAÇAMBA DE 0,80 M³ /111 HP) E DESCARGA LIVRE (UNIDADE: M3). AF_07/2020","M3",{"$f":"H161+H162+H164","v":1893.6941959999999},{"$f":"VLOOKUP(D165&E165,'TABELA SICRO-SINAPI-ORSE'!A:G,7,FALSE)","v":9.02},0.20796173004820551,{"$f":"I165*(1+J165)","v":10.895814805034814},{"$f":"K165*H165","v":20633.341256985299},false]
[null,"2.6.5","QUADRA 5",{"$nulls":4},1,null,null,null,{"$f":"SUBTOTAL(109,L167:L171)","v":612746.00176368305}]
[null,"2.6.5.1","COMPOSIÇÃO SINAPI",97625,"SINAPI","DEMOLIÇÃO DE ALVENARIA PARA QUALQUER TIPO DE BLOCO, DE FORMA MECANIZADA, SEM REAPROVEITAMENTO. AF_12/2017","M3",1962.71,{"$f":"VLOOKUP(D167&E167,'TABELA SICRO-SINAPI-ORSE'!A:G,7,FALSE)","v":51.99},{"$f":"$L$4","v":0.20796173004820551},{"$f":"I167*(1+J167)","v":62.801930345206209},{"$f":"K167*H167","v":123261.97670783968},{"$f":"ISTEXT(H167)","v":false}]
[null,"2.6.5.2","COMPOSIÇÃO SINAPI",97627,"SINAPI","DEMOLIÇÃO DE PILARES E VIGAS EM CONCRETO ARMADO, DE FORMA MECANIZADA COM MARTELETE, SEM REAPROVEITAMENTO. AF_12/2017","M3",723.35,{"$f":"VLOOKUP(D168&E168,'TABELA SICRO-SINAPI-ORSE'!A:G,7,FALSE)","v":148.21},0.20796173004820551,{"$f":"I168*(1+J168)","v":179.03200801044454},{"$f":"K168*H168","v":129502.80299435506},false]
[null,"2.6.5.3","COMPOSIÇÃO SINAPI",95876,"SINAPI","TRANSPORTE COM CAMINHÃO BASCULANTE DE 14 M³, EM VIA URBANA PAVIMENTADA, DMT ATÉ 30 KM (UNIDADE: M3XKM). AF_07/2020","M3XKM",88322.01,{"$f":"VLOOKUP(D169&E169,'TABELA SICRO-SINAPI-ORSE'!A:G,7,FALSE)","v":2.2000000000000002},0.20796173004820551,{"$f":"I169*(1+J169)","v":2.6575158061060522},{"$f":"K169*H169","v":234717.13760205678},false]
[null,"2.6.5.4","COMPOSIÇÃO PRÓPRIA","2.1","","DEMOLIÇÃO DE CONCRETO ARMADO COM RETROESCAVADEIRA HIDRÁULICA","M3",833.15453000000002,{"$f":"'CPU Própria (sem des)'!M34","v":86.365015999999997},0.20796173004820551,{"$f":"I170*(1+J170)","v":104.32563414300094},{"$f":"K170*H170","v":86919.374681363901},false]
[null,"2.6.5.5","COMPOSIÇÃO SINAPI",100983,"SINAPI","CARGA, MANOBRA E DESCARGA DE ENTULHO EM CAMINHÃO BASCULANTE 14 M³ - CARGA COM ESCAVADEIRA HIDRÁULICA (CAÇAMBA DE 0,80 M³ /111 HP) E DESCARGA LIVRE (UNIDADE: M3). AF_07/2020","M3",{"$f":"H167+H168+H170","v":3519.2145300000002},{"$f":"VLOOKUP(D171&E171,'TABELA SICRO-SINAPI-ORSE'!A:G,7,FALSE)","v":9.02},0.20796173004820551,{"$f":"I171*(1+J171)","v":10.895814805034814},{"$f":"K171*H171","v":38344.709778067634},false]
[null,"2.6.6","QUADRA 6",{"$nulls":4},1,null,null,null,{"$f":"SUBTOTAL(109,L173:L177)","v":166913.14936776867}]
[null,"2.6.6.1","COMPOSIÇÃO SINAPI",97625,"SINAPI","DEMOLIÇÃO DE ALVENARIA PARA QUALQUER TIPO DE BLOCO, DE FORMA MECANIZADA, SEM REAPROVEITAMENTO. AF_12/2017","M3",925.65,{"$f":"VLOOKUP(D173&E173,'TABELA SICRO-SINAPI-ORSE'!A:G,7,FALSE)","v":51.99},{"$f":"$L$4","v":0.20796173004820551},{"$f":"I173*(1+J173)","v":62.801930345206209},{"$f":"K173*H173","v":58132.606824040129},{"$f":"ISTEXT(H173)","v":false}]
[null,"2.6.6.2","COMPOSIÇÃO SINAPI",97627,"SINAPI","DEMOLIÇÃO DE PILARES E VIGAS EM CONCRETO ARMADO, DE FORMA MECANIZADA COM MARTELETE, SEM REAPROVEITAMENTO. AF_12/2017","M3",204.4,{"$f":"VLOOKUP(D174&E174,'TABELA SICRO-SINAPI-ORSE'!A:G,7,FALSE)","v":148.21},0.20796173004820551,{"$f":"I174*(1+J174)","v":179.03200801044454},{"$f":"K174*H174","v":36594.142437334864},false]
[null,"2.6.6.3","COMPOSIÇÃO SINAPI",95876,"SINAPI","TRANSPORTE COM CAMINHÃO BASCULANTE DE 14 M³, EM VIA URBANA PAVIMENTADA, DMT ATÉ 30 KM (UNIDADE: M3XKM). AF_07/2020","M3XKM",12322.5,{"$f":"VLOOKUP(D175&E175,'TABELA SICRO-SINAPI-ORSE'!A:G,7,FALSE)","v":2.2000000000000002},0.20796173004820551,{"$f":"I175*(1+J175)","v":2.6575158061060522},{"$f":"K175*H175","v":32747.238520741827},false]
[null,"2.6.6.4","COMPOSIÇÃO PRÓPRIA","2.1","","DEMOLIÇÃO DE CONCRETO ARMADO COM RETROESCAVADEIRA HIDRÁULICA","M3",235.42792,{"$f":"'CPU Própria (sem des)'!M34","v":86.365015999999997},0.20796173004820551,{"$f":"I176*(1+J176)","v":104.32563414300094},{"$f":"K176*H176","v":24561.167048967694},false]
[null,"2.6.6.5","COMPOSIÇÃO SINAPI",100983,"SINAPI","CARGA, MANOBRA E DESCARGA DE ENTULHO EM CAMINHÃO BASCULANTE 14 M³ - CARGA COM ESCAVADEIRA HIDRÁULICA (CAÇAMBA DE 0,80 M³ /111 HP) E DESCARGA LIVRE (UNIDADE: M3). AF_07/2020","M3",{"$f":"H173+H174+H176","v":1365.47792},{"$f":"VLOOKUP(D177&E177,'TABELA SICRO-SINAPI-ORSE'!A:G,7,FALSE)","v":9.02},0.20796173004820551,{"$f":"I177*(1+J177)","v":10.895814805034814},{"$f":"K177*H177","v":14877.994536684144},false]
[null,"2.6.7","QUADRA 7",{"$nulls":4},1,null,null,null,{"$f":"SUBTOTAL(109,L179:L183)","v":156595.49979669222}]
[null,"2.6.7.1","COMPOSIÇÃO SINAPI",97625,"SINAPI","DEMOLIÇÃO DE ALVENARIA PARA QUALQUER TIPO DE BLOCO, DE FORMA MECANIZADA, SEM REAPROVEITAMENTO. AF_12/2017","M3",441.61,{"$f":"VLOOKUP(D179&E179,'TABELA SICRO-SINAPI-ORSE'!A:G,7,FALSE)","v":51.99},{"$f":"$L$4","v":0.20796173004820551},{"$f":"I179*(1+J179)","v":62.801930345206209},{"$f":"K179*H179","v":27733.960459746515},{"$f":"ISTEXT(H179)","v":false}]
[null,"2.6.7.2","COMPOSIÇÃO SINAPI",97627,"SINAPI","DEMOLIÇÃO DE PILARES E VIGAS EM CONCRETO ARMADO, DE FORMA MECANIZADA COM MARTELETE, SEM REAPROVEITAMENTO. AF_12/2017","M3",220.8,{"$f":"VLOOKUP(D180&E180,'TABELA SICRO-SINAPI-ORSE'!A:G,7,FALSE)","v":148.21},0.20796173004820551,{"$f":"I180*(1+J180)","v":179.03200801044454},{"$f":"K180*H180","v":39530.267368706154},false]
[null,"2.6.7.3","COMPOSIÇÃO SINAPI",95876,"SINAPI","TRANSPORTE COM CAMINHÃO BASCULANTE DE 14 M³, EM VIA URBANA PAVIMENTADA, DMT ATÉ 30 KM (UNIDADE: M3XKM). AF_07/2020","M3XKM",19872.3,{"$f":"VLOOKUP(D181&E181,'TABELA SICRO-SINAPI-ORSE'!A:G,7,FALSE)","v":2.2000000000000002},0.20796173004820551,{"$f":"I181*(1+J181)","v":2.6575158061060522},{"$f":"K181*H181","v":52810.951353681303},false]
[null,"2.6.7.4","COMPOSIÇÃO PRÓPRIA","2.1","","DEMOLIÇÃO DE CONCRETO ARMADO COM RETROESCAVADEIRA HIDRÁULICA","M3",254.31744,{"$f":"'CPU Própria (sem des)'!M34","v":86.365015999999997},0.20796173004820551,{"$f":"I182*(1+J182)","v":104.32563414300094},{"$f":"K182*H182","v":26531.828201624594},false]
[null,"2.6.7.5","COMPOSIÇÃO SINAPI",100983,"SINAPI","CARGA, MANOBRA E DESCARGA DE ENTULHO EM CAMINHÃO BASCULANTE 14 M³ - CARGA COM ESCAVADEIRA HIDRÁULICA (CAÇAMBA DE 0,80 M³ /111 HP) E DESCARGA LIVRE (UNIDADE: M3). AF_07/2020","M3",{"$f":"H179+H180+H182","v":916.72744000000012},{"$f":"VLOOKUP(D183&E183,'TABELA SICRO-SINAPI-ORSE'!A:G,7,FALSE)","v":9.02},0.20796173004820551,{"$f":"I183*(1+J183)","v":10.895814805034814},{"$f":"K183*H183","v":9988.492412933665},false]
[null,"2.6.8","QUADRA 8",{"$nulls":4},1,null,null,null,{"$f":"SUBTOTAL(109,L185:L189)","v":68502.767816462641}]
[null,"2.6.8.1","COMPOSIÇÃO SINAPI",97625,"SINAPI","DEMOLIÇÃO DE ALVENARIA PARA QUALQUER TIPO DE BLOCO, DE FORMA MECANIZADA, SEM REAPROVEITAMENTO. AF_12/2017","M3",193.18,{"$f":"VLOOKUP(D185&E185,'TABELA SICRO-SINAPI-ORSE'!A:G,7,FALSE)","v":51.99},{"$f":"$L$4","v":0.20796173004820551},{"$f":"I185*(1+J185)","v":62.801930345206209},{"$f":"K185*H185","v":12132.076904086936},{"$f":"ISTEXT(H185)","v":false}]
[null,"2.6.8.2","COMPOSIÇÃO SINAPI",97627,"SINAPI","DEMOLIÇÃO DE PILARES E VIGAS EM CONCRETO ARMADO, DE FORMA MECANIZADA COM MARTELETE, SEM REAPROVEITAMENTO. AF_12/2017","M3",96.59,{"$f":"VLOOKUP(D186&E186,'TABELA SICRO-SINAPI-ORSE'!A:G,7,FALSE)","v":148.21},0.20796173004820551,{"$f":"I186*(1+J186)","v":179.03200801044454},{"$f":"K186*H186","v":17292.70165372884},false]
[null,"2.6.8.3","COMPOSIÇÃO SINAPI",95876,"SINAPI","TRANSPORTE COM CAMINHÃO BASCULANTE DE 14 M³, EM VIA URBANA PAVIMENTADA, DMT ATÉ 30 KM (UNIDADE: M3XKM). AF_07/2020","M3XKM",8693.1,{"$f":"VLOOKUP(D187&E187,'TABELA SICRO-SINAPI-ORSE'!A:G,7,FALSE)","v":2.2000000000000002},0.20796173004820551,{"$f":"I187*(1+J187)","v":2.6575158061060522},{"$f":"K187*H187","v":23102.050654060524},false]
[null,"2.6.8.4","COMPOSIÇÃO PRÓPRIA","2.1","","DEMOLIÇÃO DE CONCRETO ARMADO COM RETROESCAVADEIRA HIDRÁULICA","M3",111.25236200000001,{"$f":"'CPU Própria (sem des)'!M34","v":86.365015999999997},0.20796173004820551,{"$f":"I188*(1+J188)","v":104.32563414300094},{"$f":"K188*H188","v":11606.473215556702},false]
[null,"2.6.8.5","COMPOSIÇÃO SINAPI",100983,"SINAPI","CARGA, MANOBRA E DESCARGA DE ENTULHO EM CAMINHÃO BASCULANTE 14 M³ - CARGA COM ESCAVADEIRA HIDRÁULICA (CAÇAMBA DE 0,80 M³ /111 HP) E DESCARGA LIVRE (UNIDADE: M3). AF_07/2020","M3",{"$f":"H185+H186+H188","v":401.02236199999999},{"$f":"VLOOKUP(D189&E189,'TABELA SICRO-SINAPI-ORSE'!A:G,7,FALSE)","v":9.02},0.20796173004820551,{"$f":"I189*(1+J189)","v":10.895814805034814},{"$f":"K189*H189","v":4369.4653890296304},false]
[null,3,"EDIFICAÇÕES NOVAS",{"$nulls":8},{"$f":"SUBTOTAL(109,L191:L1299)","v":11742103.203810353}]
[null,"3.1","ADMINISTRAÇÃO DE OBRA",{"$nulls":8},{"$f":"SUBTOTAL(109,L192:L193)","v":5030.2546343532395}]
[null,"3.1.1","COMPOSIÇÃO PRÓPRIA","1.1","","MOBILIZAÇÃO ","UN",1,{"$f":"'CPU Própria (sem des)'!M28","v":2082.125},{"$f":"$L$4","v":0.20796173004820551},{"$f":"I192*(1+J192)","v":2515.1273171766197},{"$f":"K192*H192","v":2515.1273171766197},{"$f":"ISTEXT(H192)","v":false}]
[null,"3.1.2","COMPOSIÇÃO PRÓPRIA","1.1","","DESMOBILIZAÇÃO","UN",1,{"$f":"'CPU Própria (sem des)'!M28","v":2082.125},0.20796173004820551,{"$f":"I193*(1+J193)","v":2515.1273171766197},{"$f":"K193*H193","v":2515.1273171766197},false]
[null,"3.1.3","CANTEIRO DE OBRAS",{"$nulls":4},1,null,null,null,{"$f":"SUBTOTAL(109,L195:L209)","v":118222.77602439829}]
[null,"3.1.3.1","COMPOSIÇÃO COMPESA","01.08.12U\t","COMPESA","EXECUÇÃO DE ESCRITÓRIO (COM INSTALAÇÕES ELÉTRICAS E HIDROSSANITÁRIAS) EM CANTEIRO DE OBRA EM CHAPA DE MADEIRA COMPENSADA, NÃO INCLUSO MOBILIÁRIO E EQUIPAMENTOS.","M2",13.8,1266.1300000000001,{"$f":"$L$4","v":0.20796173004820551},{"$f":"I195*(1+J195)","v":1529.4365852659346},{"$f":"K195*H195","v":21106.224876669898},{"$f":"ISTEXT(H195)","v":false}]
[null,"3.1.3.2","COMPOSIÇÃO SINAPI",93584,"SINAPI","EXECUÇÃO DE DEPÓSITO EM CANTEIRO DE OBRA EM CHAPA DE MADEIRA COMPENSADA, NÃO INCLUSO MOBILIÁRIO. AF_04/2016","M2",13.8,762.2,0.20796173004820551,920.70843064274231,12705.776342869845,false]
[null,"3.1.3.3","COMPOSIÇÃO SINAPI",93582,"SINAPI","EXECUÇÃO DE CENTRAL DE ARMADURA EM CANTEIRO DE OBRA, NÃO INCLUSO MOBILIÁRIO E EQUIPAMENTOS. AF_04/2016","M2",13.8,262.69,0.20796173004820551,317.31946686636309,4379.0086427558108,false]
[null,"3.1.3.4","COMPOSIÇÃO SINAPI",93210,"SINAPI","EXECUÇÃO DE REFEITÓRIO EM CANTEIRO DE OBRA EM CHAPA DE MADEIRA COMPENSADA, NÃO INCLUSO MOBILIÁRIO E EQUIPAMENTOS. AF_02/2016","M2",13.8,550.5,0.20796173004820551,664.98293239153713,9176.7644670032132,false]
[null,"3.1.3.5","COMPOSIÇÃO SINAPI",93212,"SINAPI","EXECUÇÃO DE SANITÁRIO E VESTIÁRIO EM CANTEIRO EM CHAPA DE MADEIRA COMPENSADA, NÃO INCLUSO MOBILIÁRIO. AF_02/2016","M2",27.6,910.26,0.20796173004820551,1099.5592443936796,30347.835145265559,false]
[null,"3.1.3.6","COMPOSIÇÃO SINAPI",86931,"SINAPI","VASO SANITÁRIO SIFONADO COM CAIXA ACOPLADA LOUÇA BRANCA, INCLUSO ENGATE FLEXÍVEL EM PLÁSTICO BRANCO, 1/2  X 40CM - FORNECIMENTO E INSTALAÇÃO. AF_01/2020","UN",8,{"$f":"VLOOKUP(D200&E200,'TABELA SICRO-SINAPI-ORSE'!A:G,7,FALSE)","v":469.07},0.20796173004820551,566.61860871371175,4532.948869709694,false]
[null,"3.1.3.7","COMPOSIÇÃO SINAPI",86902,"SINAPI","LAVATÓRIO LOUÇA BRANCA COM COLUNA, *44 X 35,5* CM, PADRÃO POPULAR - FORNECIMENTO E INSTALAÇÃO. AF_01/2020","UN",4,{"$f":"VLOOKUP(D201&E201,'TABELA SICRO-SINAPI-ORSE'!A:G,7,FALSE)","v":290.26},0.20796173004820551,350.62297176379212,1402.4918870551685,false]
[null,"3.1.3.8","COMPOSIÇÃO ORSE",51,"ORSE","PLACA DE OBRA EM CHAPA AÇO GALVANIZADO, INSTALADA - REV 02_01/2022","M2",4.5,{"$f":"VLOOKUP(D202&E202,'TABELA SICRO-SINAPI-ORSE'!A:G,7,FALSE)","v":376.75},0.20796173004820551,455.09958179566144,2047.9481180804764,false]
[null,"3.1.3.9","COMPOSIÇÃO SINAPI",101489,"SINAPI","ENTRADA DE ENERGIA ELÉTRICA, AÉREA, MONOFÁSICA, COM CAIXA DE SOBREPOR, CABO DE 10 MM2 E DISJUNTOR DIN 50A (NÃO INCLUSO O POSTE DE CONCRETO). AF_07/2020_PS","UN",1,{"$f":"VLOOKUP(D203&E203,'TABELA SICRO-SINAPI-ORSE'!A:G,7,FALSE)","v":1455.72},0.20796173004820551,1758.4540496657737,1758.4540496657737,false]
[null,"3.1.3.10","COMPOSIÇÃO SINAPI",95636,"SINAPI","KIT CAVALETE PARA MEDIÇÃO DE ÁGUA - ENTRADA PRINCIPAL, EM AÇO GALVANIZADO DN 25 (1 )   FORNECIMENTO E INSTALAÇÃO (EXCLUSIVE HIDRÔMETRO). AF_11/2016","UN",1,{"$f":"VLOOKUP(D204&E204,'TABELA SICRO-SINAPI-ORSE'!A:G,7,FALSE)","v":383.13},0.20796173004820551,462.80637763336898,462.80637763336898,false]
[null,"3.1.3.11","COMPOSIÇÃO SINAPI",98525,"SINAPI","LIMPEZA MECANIZADA DE CAMADA VEGETAL, VEGETAÇÃO E PEQUENAS ÁRVORES (DIÂMETRO DE TRONCO MENOR QUE 0,20 M), COM TRATOR DE ESTEIRAS.AF_05/2018","M2",360,{"$f":"VLOOKUP(D205&E205,'TABELA SICRO-SINAPI-ORSE'!A:G,7,FALSE)","v":0.62},0.20796173004820551,0.74893627262988738,269.61705814675946,false]
[null,"3.1.3.12","COMPOSIÇÃO SINAPI",89712,"SINAPI","TUBO PVC, SERIE NORMAL, ESGOTO PREDIAL, DN 50 MM, FORNECIDO E INSTALADO EM RAMAL DE DESCARGA OU RAMAL DE ESGOTO SANITÁRIO. AF_08/2022","M",45,{"$f":"VLOOKUP(D206&E206,'TABELA SICRO-SINAPI-ORSE'!A:G,7,FALSE)","v":23.85},0.20796173004820551,28.809887261649703,1296.4449267742366,false]
[null,"3.1.3.13","COMPOSIÇÃO SINAPI",89402,"SINAPI","TUBO, PVC, SOLDÁVEL, DN 25MM, INSTALADO EM RAMAL DE DISTRIBUIÇÃO DE ÁGUA - FORNECIMENTO E INSTALAÇÃO. AF_06/2022","M",45,{"$f":"VLOOKUP(D207&E207,'TABELA SICRO-SINAPI-ORSE'!A:G,7,FALSE)","v":10.95},{"$f":"$L$5","v":0.14692012195121973},12.558775335365855,565.14489009146348,false]
[null,"3.1.3.14","COMPOSIÇÃO SINAPI",98459,"SINAPI","TAPUME COM TELHA METÁLICA. AF_05/2018","M2",212.8,{"$f":"VLOOKUP(D208&E208,'TABELA SICRO-SINAPI-ORSE'!A:G,7,FALSE)","v":89.95},{"$f":"$L$4","v":0.20796173004820551},108.65615761783609,23122.030341075519,false]
[null,"3.1.3.15","COMPOSIÇÃO SINAPI",99059,"SINAPI","LOCACAO CONVENCIONAL DE OBRA, UTILIZANDO GABARITO DE TÁBUAS CORRIDAS PONTALETADAS A CADA 2,00M -  2 UTILIZAÇÕES. AF_10/2018","M",76,{"$f":"VLOOKUP(D209&E209,'TABELA SICRO-SINAPI-ORSE'!A:G,7,FALSE)","v":55},0.20796173004820551,66.437895152651308,5049.2800316014991,false]
[null,"3.2","COMÉRCIO SECOS E MOLHADOS",{"$nulls":8},{"$f":"SUBTOTAL(109,L211:L477)","v":7633672.9739518398}]
[null,"3.2.1","SERVIÇOS INICIAIS",{"$nulls":4},1,null,null,null,{"$f":"SUBTOTAL(109,L212:L223)","v":219071.71747463784}]
[null,"3.2.1.1","COMPOSIÇÃO SINAPI",98525,"SINAPI","LIMPEZA MECANIZADA DE CAMADA VEGETAL, VEGETAÇÃO E PEQUENAS ÁRVORES (DIÂMETRO DE TRONCO MENOR QUE 0,20 M), COM TRATOR DE ESTEIRAS.AF_05/2018","M2",4920.0600000000004,{"$f":"VLOOKUP(D212&E212,'TABELA SICRO-SINAPI-ORSE'!A:G,7,FALSE)","v":0.62},{"$f":"$L$4","v":0.20796173004820551},{"$f":"I212*(1+J212)","v":0.74893627262988738},{"$f":"K212*H212","v":3684.8113975154038},{"$f":"ISTEXT(H212)","v":false}]
[null,"3.2.1.2","COMPOSIÇÃO SINAPI",98526,"SINAPI","REMOÇÃO DE RAÍZES REMANESCENTES DE TRONCO DE ÁRVORE COM DIÂMETRO MAIOR OU IGUAL A 0,20 M E MENOR QUE 0,40 M.AF_05/2018","UN",7,{"$f":"VLOOKUP(D213&E213,'TABELA SICRO-SINAPI-ORSE'!A:G,7,FALSE)","v":112.78},0.20796173004820551,136.23392391483662,953.63746740385636,false]
[null,"3.2.1.3","COMPOSIÇÃO SINAPI",98529,"SINAPI","CORTE RASO E RECORTE DE ÁRVORE COM DIÂMETRO DE TRONCO MAIOR OU IGUAL A 0,20 M E MENOR QUE 0,40 M.AF_05/2018","UN",7,{"$f":"VLOOKUP(D214&E214,'TABELA SICRO-SINAPI-ORSE'!A:G,7,FALSE)","v":61.92},0.20796173004820551,74.796990324584883,523.57893227209422,false]
[null,"3.2.1.4","COMPOSIÇÃO SINAPI",101506,"SINAPI","ENTRADA DE ENERGIA ELÉTRICA, AÉREA, TRIFÁSICA, COM CAIXA DE SOBREPOR, CABO DE 16 MM2 E DISJUNTOR DIN 50A (NÃO INCLUSO O POSTE DE CONCRETO). AF_07/2020_P","UN",1,{"$f":"VLOOKUP(D215&E215,'TABELA SICRO-SINAPI-ORSE'!A:G,7,FALSE)","v":2035.66},0.20796173004820551,2458.9993753899303,2458.9993753899303,false]
[null,"3.2.1.5","COMPOSIÇÃO SINAPI",95636,"SINAPI","KIT CAVALETE PARA MEDIÇÃO DE ÁGUA - ENTRADA PRINCIPAL, EM AÇO GALVANIZADO DN 25 (1 )   FORNECIMENTO E INSTALAÇÃO (EXCLUSIVE HIDRÔMETRO). AF_11/2016","UN",1,{"$f":"VLOOKUP(D216&E216,'TABELA SICRO-SINAPI-ORSE'!A:G,7,FALSE)","v":383.13},0.20796173004820551,462.80637763336898,462.80637763336898,false]
[null,"3.2.1.6","COMPOSIÇÃO SINAPI",99059,"SINAPI","LOCACAO CONVENCIONAL DE OBRA, UTILIZANDO GABARITO DE TÁBUAS CORRIDAS PONTALETADAS A CADA 2,00M -  2 UTILIZAÇÕES. AF_10/2018","M",1700,{"$f":"VLOOKUP(D217&E217,'TABELA SICRO-SINAPI-ORSE'!A:G,7,FALSE)","v":55},0.20796173004820551,66.437895152651308,112944.42175950723,false]
[null,"3.2.1.7","COMPOSIÇÃO SINAPI",93582,"SINAPI","EXECUÇÃO DE CENTRAL DE ARMADURA EM CANTEIRO DE OBRA, NÃO INCLUSO MOBILIÁRIO E EQUIPAMENTOS. AF_04/2016","M2",40,262.69,0.20796173004820551,317.31946686636309,12692.778674654524,false]
[null,"3.2.1.8","COMPOSIÇÃO SINAPI",98458,"SINAPI","TAPUME COM COMPENSADO DE MADEIRA. AF_05/2018","M2",610.24,{"$f":"VLOOKUP(D219&E219,'TABELA SICRO-SINAPI-ORSE'!A:G,7,FALSE)","v":104.25},0.20796173004820551,125.93001035752542,76847.52952057631,false]
[null,"3.2.1.9","COMPOSIÇÃO SINAPI",102207,"SINAPI","PINTURA TINTA DE ACABAMENTO (PIGMENTADA) A ÓLEO EM MADEIRA, 1 DEMÃO. AF_01/2021","M2",610.24,{"$f":"VLOOKUP(D220&E220,'TABELA SICRO-SINAPI-ORSE'!A:G,7,FALSE)","v":7.36},0.20796173004820551,8.8905983331547933,5425.3987268243809,false]
[null,"3.2.1.10","INSUMO SINAPI",4813,"SINAPI","PLACA DE OBRA (PARA CONSTRUCAO CIVIL) EM CHAPA GALVANIZADA *N. 22*, ADESIVADA, DE *2,0 X 1,125* M (SEM POSTES PARA FIXACAO)","M2",4.5,{"$f":"VLOOKUP(D221&E221,'TABELA SICRO-SINAPI-ORSE'!A:G,7,FALSE)","v":250},{"$f":"$L$5","v":0.14692012195121973},286.73003048780492,1290.2851371951222,false]
[null,"3.2.1.11","INSUMO SINAPI",4813,"SINAPI","PLACA DE OBRA (PARA CONSTRUCAO CIVIL) EM CHAPA GALVANIZADA *N. 22*, ADESIVADA, DE *2,0 X 1,125* M (SEM POSTES PARA FIXACAO)","M2",4.5,{"$f":"VLOOKUP(D222&E222,'TABELA SICRO-SINAPI-ORSE'!A:G,7,FALSE)","v":250},0.14692012195121973,286.73003048780492,1290.2851371951222,false]
[null,"3.2.1.12","COMPOSIÇÃO ORSE",8646,"ORSE","POSTE GALVANIZADO COM 5M PARA INSTALAÇÃO DE CÂMERA DE SEGURANÇA P/PENITENCIÁRIA","UN",1,{"$f":"VLOOKUP(D223&E223,'TABELA SICRO-SINAPI-ORSE'!A:G,7,FALSE)","v":411.59},{"$f":"$L$4","v":0.20796173004820551},497.18496847054087,497.18496847054087,false]
[null,"3.2.2","INFRAESTRUTURA",{"$nulls":4},1,null,null,null,{"$f":"SUBTOTAL(109,L225:L244)","v":651341.72522205114}]
[null,"3.2.2.1","ESTACAS",{"$nulls":4},1,null,null,null,{"$f":"SUBTOTAL(109,L226:L229)","v":221193.44795584786}]
[null,"3.2.2.1.1","COMPOSIÇÃO PRÓPRIA","1.1","","MOBILIZAÇÃO ","UN",1,{"$f":"'CPU Própria (sem des)'!M28","v":2082.125},{"$f":"$L$4","v":0.20796173004820551},{"$f":"I226*(1+J226)","v":2515.1273171766197},{"$f":"K226*H226","v":2515.1273171766197},{"$f":"ISTEXT(H226)","v":false}]
[null,"3.2.2.1.2","COMPOSIÇÃO PRÓPRIA","1.1","","DESMOBILIZAÇÃO","UN",1,{"$f":"'CPU Própria (sem des)'!M28","v":2082.125},0.20796173004820551,{"$f":"I227*(1+J227)","v":2515.1273171766197},{"$f":"K227*H227","v":2515.1273171766197},false]
[null,"3.2.2.1.3","COMPOSIÇÃO SINAPI",100651,"SINAPI","ESTACA HÉLICE CONTÍNUA, DIÂMETRO DE 30 CM, INCLUSO CONCRETO FCK=30MPA E ARMADURA MÍNIMA (EXCLUSIVE MOBILIZAÇÃO, DESMOBILIZAÇÃO E BOMBEAMENTO). AF_12/2019","M",940,{"$f":"VLOOKUP(D228&E228,'TABELA SICRO-SINAPI-ORSE'!A:G,7,FALSE)","v":185.82},0.20796173004820551,{"$f":"I228*(1+J228)","v":224.46344867755755},{"$f":"K228*H228","v":210995.64175690411},false]
[null,"3.2.2.1.4","COMPOSIÇÃO ORSE",129,"ORSE","BOMBEAMENTO DE CONCRETO","M3",91,{"$f":"VLOOKUP(D229&E229,'TABELA SICRO-SINAPI-ORSE'!A:G,7,FALSE)","v":47.01},0.20796173004820551,{"$f":"I229*(1+J229)","v":56.786280929566139},{"$f":"K229*H229","v":5167.5515645905189},false]
[null,"3.2.2.2","BLOCOS DE FUNDAÇÃO",{"$nulls":4},1,null,null,null,{"$f":"SUBTOTAL(109,L231:L236)","v":115050.96846350086}]
[null,"3.2.2.2.1","COMPOSIÇÃO SINAPI",96523,"SINAPI","ESCAVAÇÃO MANUAL PARA BLOCO DE COROAMENTO OU SAPATA, COM PREVISÃO DE FÔRMA. AF_06/2017","M3",101.07,{"$f":"VLOOKUP(D231&E231,'TABELA SICRO-SINAPI-ORSE'!A:G,7,FALSE)","v":81.31},{"$f":"$L$4","v":0.20796173004820551},{"$f":"I231*(1+J231)","v":98.21936827021959},{"$f":"K231*H231","v":9927.0315510710934},{"$f":"ISTEXT(H231)","v":false}]
[null,"3.2.2.2.2","COMPOSIÇÃO SINAPI",96621,"SINAPI","LASTRO COM MATERIAL GRANULAR, APLICAÇÃO EM BLOCOS DE COROAMENTO, ESPESSURA DE *5 CM*. AF_08/2017","M3",3.38,{"$f":"VLOOKUP(D232&E232,'TABELA SICRO-SINAPI-ORSE'!A:G,7,FALSE)","v":460.69},0.20796173004820551,556.49588941590775,1880.9561062257681,false]
[null,"3.2.2.2.3","COMPOSIÇÃO SINAPI",96534,"SINAPI","FABRICAÇÃO, MONTAGEM E DESMONTAGEM DE FÔRMA PARA BLOCO DE COROAMENTO, EM MADEIRA SERRADA, E=25 MM, 4 UTILIZAÇÕES. AF_06/2017","M2",279,{"$f":"VLOOKUP(D233&E233,'TABELA SICRO-SINAPI-ORSE'!A:G,7,FALSE)","v":76.47},0.20796173004820551,92.372833496786271,25772.020545603369,false]
[null,"3.2.2.2.4","COMPOSIÇÃO SINAPI",96557,"SINAPI","CONCRETAGEM DE BLOCOS DE COROAMENTO E VIGAS BALDRAMES, FCK 30 MPA, COM USO DE BOMBA - LANÇAMENTO, ADENSAMENTO E ACABAMENTO. AF_06/2017","M3",52.4,{"$f":"VLOOKUP(D234&E234,'TABELA SICRO-SINAPI-ORSE'!A:G,7,FALSE)","v":1175.51},0.20796173004820551,1419.9710932889661,74406.485288341821,false]
[null,"3.2.2.2.5","COMPOSIÇÃO SINAPI",93382,"SINAPI","REATERRO MANUAL DE VALAS COM COMPACTAÇÃO MECANIZADA. AF_04/2016","M3",68.02,{"$f":"VLOOKUP(D235&E235,'TABELA SICRO-SINAPI-ORSE'!A:G,7,FALSE)","v":24.32},0.20796173004820551,29.377629274772357,1998.2663432700156,false]
[null,"3.2.2.2.6","COMPOSIÇÃO SINAPI",95427,"SINAPI","TRANSPORTE COM CAMINHÃO BASCULANTE DE 18 M³, EM VIA URBANA PAVIMENTADA, ADICIONAL PARA DMT EXCEDENTE A 30 KM (UNIDADE: M3XKM). AF_07/2020","M3XKM",1146.3,{"$f":"VLOOKUP(D236&E236,'TABELA SICRO-SINAPI-ORSE'!A:G,7,FALSE)","v":0.77},0.20796173004820551,0.93013053213711827,1066.2086289887786,false]
[null,"3.2.2.3","VIGA BALDRAME",{"$nulls":4},1,null,null,null,{"$f":"SUBTOTAL(109,L238:L244)","v":315097.30880270235}]
[null,"3.2.2.3.1","COMPOSIÇÃO SINAPI",96523,"SINAPI","ESCAVAÇÃO MANUAL PARA BLOCO DE COROAMENTO OU SAPATA, COM PREVISÃO DE FÔRMA. AF_06/2017","M3",357.16,{"$f":"VLOOKUP(D238&E238,'TABELA SICRO-SINAPI-ORSE'!A:G,7,FALSE)","v":81.31},{"$f":"$L$4","v":0.20796173004820551},{"$f":"I238*(1+J238)","v":98.21936827021959},{"$f":"K238*H238","v":35080.029571391635},{"$f":"ISTEXT(H238)","v":false}]
[null,"3.2.2.3.2","COMPOSIÇÃO SINAPI",96621,"SINAPI","LASTRO COM MATERIAL GRANULAR, APLICAÇÃO EM BLOCOS DE COROAMENTO, ESPESSURA DE *5 CM*. AF_08/2017","M3",4.7699999999999996,{"$f":"VLOOKUP(D239&E239,'TABELA SICRO-SINAPI-ORSE'!A:G,7,FALSE)","v":460.69},0.20796173004820551,556.49588941590775,2654.4853925138796,false]
[null,"3.2.2.3.3","COMPOSIÇÃO SINAPI",96536,"SINAPI","FABRICAÇÃO, MONTAGEM E DESMONTAGEM DE FÔRMA PARA VIGA BALDRAME, EM MADEIRA SERRADA, E=25 MM, 4 UTILIZAÇÕES. AF_06/2017","M2",1232,{"$f":"VLOOKUP(D240&E240,'TABELA SICRO-SINAPI-ORSE'!A:G,7,FALSE)","v":67.08},0.20796173004820551,81.030072851633619,99829.049753212617,false]
[null,"3.2.2.3.4","COMPOSIÇÃO SINAPI",96557,"SINAPI","CONCRETAGEM DE BLOCOS DE COROAMENTO E VIGAS BALDRAMES, FCK 30 MPA, COM USO DE BOMBA - LANÇAMENTO, ADENSAMENTO E ACABAMENTO. AF_06/2017","M3",87.2,{"$f":"VLOOKUP(D241&E241,'TABELA SICRO-SINAPI-ORSE'!A:G,7,FALSE)","v":1175.51},0.20796173004820551,1419.9710932889661,123821.47933479786,false]
[null,"3.2.2.3.5","COMPOSIÇÃO SINAPI",93382,"SINAPI","REATERRO MANUAL DE VALAS COM COMPACTAÇÃO MECANIZADA. AF_04/2016","M3",283.66000000000003,{"$f":"VLOOKUP(D242&E242,'TABELA SICRO-SINAPI-ORSE'!A:G,7,FALSE)","v":24.32},0.20796173004820551,29.377629274772357,8333.2583200819281,false]
[null,"3.2.2.3.6","COMPOSIÇÃO SINAPI",95427,"SINAPI","TRANSPORTE COM CAMINHÃO BASCULANTE DE 18 M³, EM VIA URBANA PAVIMENTADA, ADICIONAL PARA DMT EXCEDENTE A 30 KM (UNIDADE: M3XKM). AF_07/2020","M3XKM",2740.8,{"$f":"VLOOKUP(D243&E243,'TABELA SICRO-SINAPI-ORSE'!A:G,7,FALSE)","v":0.77},0.20796173004820551,0.93013053213711827,2549.3017624814138,false]
[null,"3.2.2.3.7","COMPOSIÇÃO SINAPI",98557,"SINAPI","IMPERMEABILIZAÇÃO DE SUPERFÍCIE COM EMULSÃO ASFÁLTICA, 2 DEMÃOS AF_06/2018","M2",600.24,{"$f":"VLOOKUP(D244&E244,'TABELA SICRO-SINAPI-ORSE'!A:G,7,FALSE)","v":59.07},0.20796173004820551,71.3542993939475,42829.70466822305,false]
[null,"3.2.3","SUPER ESTRUTURA",{"$nulls":4},1,null,null,null,{"$f":"SUBTOTAL(109,L246:L264)","v":1249208.1105959965}]
[null,"3.2.3.1","PILARES + VIGAS",{"$nulls":4},1,null,null,null,{"$f":"SUBTOTAL(109,L247:L256)","v":608891.1823462412}]
[null,"3.2.3.1.1","COMPOSIÇÃO SINAPI",92443,"SINAPI","MONTAGEM E DESMONTAGEM DE FÔRMA DE PILARES RETANGULARES E ESTRUTURAS SIMILARES, PÉ-DIREITO SIMPLES, EM CHAPA DE MADEIRA COMPENSADA PLASTIFICADA, 18 UTILIZAÇÕES. AF_09/2020","M2",1664.3,{"$f":"VLOOKUP(D247&E247,'TABELA SICRO-SINAPI-ORSE'!A:G,7,FALSE)","v":51.3},{"$f":"$L$4","v":0.20796173004820551},{"$f":"I247*(1+J247)","v":61.968436751472936},{"$f":"K247*H247","v":103134.06928547641},{"$f":"ISTEXT(H247)","v":false}]
[null,"3.2.3.1.2","COMPOSIÇÃO SINAPI",92480,"SINAPI","MONTAGEM E DESMONTAGEM DE FÔRMA DE VIGA, ESCORAMENTO METÁLICO, PÉ-DIREITO SIMPLES, EM CHAPA DE MADEIRA PLASTIFICADA, 18 UTILIZAÇÕES. AF_09/2020","M2",1487.2,{"$f":"VLOOKUP(D248&E248,'TABELA SICRO-SINAPI-ORSE'!A:G,7,FALSE)","v":93.7},0.20796173004820551,113.18601410551686,168330.24017772469,false]
[null,"3.2.3.1.3","COMPOSIÇÃO SINAPI",92763,"SINAPI","ARMAÇÃO DE PILAR OU VIGA DE UMA ESTRUTURA CONVENCIONAL DE CONCRETO ARMADO EM UM EDIFÍCIO DE MÚLTIPLOS PAVIMENTOS UTILIZANDO AÇO CA-50 DE 12,5 MM - MONTAGEM. AF_12/2015","KG",1212.7,{"$f":"VLOOKUP(D249&E249,'TABELA SICRO-SINAPI-ORSE'!A:G,7,FALSE)","v":10.88},0.20796173004820551,13.142623622924477,15938.059667520514,false]
[null,"3.2.3.1.4","COMPOSIÇÃO SINAPI",92764,"SINAPI","ARMAÇÃO DE PILAR OU VIGA DE UMA ESTRUTURA CONVENCIONAL DE CONCRETO ARMADO EM UM EDIFÍCIO DE MÚLTIPLOS PAVIMENTOS UTILIZANDO AÇO CA-50 DE 16,0 MM - MONTAGEM. AF_12/2015","KG",877,{"$f":"VLOOKUP(D250&E250,'TABELA SICRO-SINAPI-ORSE'!A:G,7,FALSE)","v":10.61},0.20796173004820551,12.81647395581146,11240.047659246651,false]
[null,"3.2.3.1.5","COMPOSIÇÃO SINAPI",92760,"SINAPI","ARMAÇÃO DE PILAR OU VIGA DE UMA ESTRUTURA CONVENCIONAL DE CONCRETO ARMADO EM UM EDIFÍCIO DE MÚLTIPLOS PAVIMENTOS UTILIZANDO AÇO CA-50 DE 6,3 MM - MONTAGEM. AF_12/2015","KG",129.19999999999999,{"$f":"VLOOKUP(D251&E251,'TABELA SICRO-SINAPI-ORSE'!A:G,7,FALSE)","v":14.83},0.20796173004820551,17.914072456614889,2314.4981613946434,false]
[null,"3.2.3.1.6","COMPOSIÇÃO SINAPI",92759,"SINAPI","ARMAÇÃO DE PILAR OU VIGA DE UMA ESTRUTURA CONVENCIONAL DE CONCRETO ARMADO EM UM EDIFÍCIO DE MÚLTIPLOS PAVIMENTOS UTILIZANDO AÇO CA-60 DE 5,0 MM - MONTAGEM. AF_12/2015","KG",2378,{"$f":"VLOOKUP(D252&E252,'TABELA SICRO-SINAPI-ORSE'!A:G,7,FALSE)","v":15.25},0.20796173004820551,18.421416383235133,43806.128159333144,false]
[null,"3.2.3.1.7","COMPOSIÇÃO SINAPI",92761,"SINAPI","ARMAÇÃO DE PILAR OU VIGA DE UMA ESTRUTURA CONVENCIONAL DE CONCRETO ARMADO EM UM EDIFÍCIO DE MÚLTIPLOS PAVIMENTOS UTILIZANDO AÇO CA-50 DE 8,0 MM - MONTAGEM. AF_12/2015","KG",3623.6,{"$f":"VLOOKUP(D253&E253,'TABELA SICRO-SINAPI-ORSE'!A:G,7,FALSE)","v":14.23},0.20796173004820551,17.189295418585964,62287.130878788099,false]
[null,"3.2.3.1.8","COMPOSIÇÃO SINAPI",92762,"SINAPI","ARMAÇÃO DE PILAR OU VIGA DE UMA ESTRUTURA CONVENCIONAL DE CONCRETO ARMADO EM UM EDIFÍCIO DE MÚLTIPLOS PAVIMENTOS UTILIZANDO AÇO CA-50 DE 10,0 MM - MONTAGEM. AF_12/2015","KG",2761.9,{"$f":"VLOOKUP(D254&E254,'TABELA SICRO-SINAPI-ORSE'!A:G,7,FALSE)","v":12.85},0.20796173004820551,15.522308231119441,42871.063103528788,false]
[null,"3.2.3.1.9","COMPOSIÇÃO SINAPI",92765,"SINAPI","ARMAÇÃO DE PILAR OU VIGA DE UMA ESTRUTURA CONVENCIONAL DE CONCRETO ARMADO EM UM EDIFÍCIO DE MÚLTIPLOS PAVIMENTOS UTILIZANDO AÇO CA-50 DE 20,0 MM - MONTAGEM. AF_12/2015","KG",342.9,{"$f":"VLOOKUP(D255&E255,'TABELA SICRO-SINAPI-ORSE'!A:G,7,FALSE)","v":12.18},0.20796173004820551,14.712973871987142,5045.0787407043908,false]
[null,"3.2.3.1.10","COMPOSIÇÃO SINAPI",96557,"SINAPI","CONCRETAGEM DE BLOCOS DE COROAMENTO E VIGAS BALDRAMES, FCK 30 MPA, COM USO DE BOMBA - LANÇAMENTO, ADENSAMENTO E ACABAMENTO. AF_06/2017","M3",108.4,{"$f":"VLOOKUP(D256&E256,'TABELA SICRO-SINAPI-ORSE'!A:G,7,FALSE)","v":1175.51},0.20796173004820551,1419.9710932889661,153924.86651252393,false]
[null,"3.2.3.2","LAJES. + ESCADA ",{"$nulls":4},1,null,null,null,{"$f":"SUBTOTAL(109,L258:L264)","v":640316.92824975541}]
[null,"3.2.3.2.1","COMPOSIÇÃO SINAPI",92538,"SINAPI","MONTAGEM E DESMONTAGEM DE FÔRMA DE LAJE MACIÇA, PÉ-DIREITO SIMPLES, EM CHAPA DE MADEIRA COMPENSADA PLASTIFICADA, . AF_09/2020","M2",2483.5500000000002,{"$f":"VLOOKUP(D258&E258,'TABELA SICRO-SINAPI-ORSE'!A:G,7,FALSE)","v":33.69},{"$f":"$L$4","v":0.20796173004820551},{"$f":"I258*(1+J258)","v":40.696230685324039},{"$f":"K258*H258","v":101071.12371853653},{"$f":"ISTEXT(H258)","v":false}]
[null,"3.2.3.2.2","COMPOSIÇÃO SINAPI",92759,"SINAPI","ARMAÇÃO DE PILAR OU VIGA DE UMA ESTRUTURA CONVENCIONAL DE CONCRETO ARMADO EM UM EDIFÍCIO DE MÚLTIPLOS PAVIMENTOS UTILIZANDO AÇO CA-60 DE 5,0 MM - MONTAGEM. AF_12/2015","KG",1699.1,{"$f":"VLOOKUP(D259&E259,'TABELA SICRO-SINAPI-ORSE'!A:G,7,FALSE)","v":15.25},0.20796173004820551,18.421416383235133,31299.828576754811,false]
[null,"3.2.3.2.3","COMPOSIÇÃO SINAPI",92760,"SINAPI","ARMAÇÃO DE PILAR OU VIGA DE UMA ESTRUTURA CONVENCIONAL DE CONCRETO ARMADO EM UM EDIFÍCIO DE MÚLTIPLOS PAVIMENTOS UTILIZANDO AÇO CA-50 DE 6,3 MM - MONTAGEM. AF_12/2015","KG",4593.8,{"$f":"VLOOKUP(D260&E260,'TABELA SICRO-SINAPI-ORSE'!A:G,7,FALSE)","v":14.83},0.20796173004820551,17.914072456614889,82293.666051197477,false]
[null,"3.2.3.2.4","COMPOSIÇÃO SINAPI",92761,"SINAPI","ARMAÇÃO DE PILAR OU VIGA DE UMA ESTRUTURA CONVENCIONAL DE CONCRETO ARMADO EM UM EDIFÍCIO DE MÚLTIPLOS PAVIMENTOS UTILIZANDO AÇO CA-50 DE 8,0 MM - MONTAGEM. AF_12/2015","KG",{"$f":"1252.2+224.6","v":1476.8},{"$f":"VLOOKUP(D261&E261,'TABELA SICRO-SINAPI-ORSE'!A:G,7,FALSE)","v":14.23},0.20796173004820551,17.189295418585964,25385.151474167749,false]
[null,"3.2.3.2.5","COMPOSIÇÃO SINAPI",92762,"SINAPI","ARMAÇÃO DE PILAR OU VIGA DE UMA ESTRUTURA CONVENCIONAL DE CONCRETO ARMADO EM UM EDIFÍCIO DE MÚLTIPLOS PAVIMENTOS UTILIZANDO AÇO CA-50 DE 10,0 MM - MONTAGEM. AF_12/2015","KG",{"$f":"5149.9+586.3","v":5736.2},{"$f":"VLOOKUP(D262&E262,'TABELA SICRO-SINAPI-ORSE'!A:G,7,FALSE)","v":12.85},0.20796173004820551,15.522308231119441,89039.064475347332,false]
[null,"3.2.3.2.6","COMPOSIÇÃO SINAPI",92763,"SINAPI","ARMAÇÃO DE PILAR OU VIGA DE UMA ESTRUTURA CONVENCIONAL DE CONCRETO ARMADO EM UM EDIFÍCIO DE MÚLTIPLOS PAVIMENTOS UTILIZANDO AÇO CA-50 DE 12,5 MM - MONTAGEM. AF_12/2015","KG",872.9,{"$f":"VLOOKUP(D263&E263,'TABELA SICRO-SINAPI-ORSE'!A:G,7,FALSE)","v":10.88},0.20796173004820551,13.142623622924477,11472.196160450776,false]
[null,"3.2.3.2.7","COMPOSIÇÃO SINAPI",96557,"SINAPI","CONCRETAGEM DE BLOCOS DE COROAMENTO E VIGAS BALDRAMES, FCK 30 MPA, COM USO DE BOMBA - LANÇAMENTO, ADENSAMENTO E ACABAMENTO. AF_06/2017","M3",211.1,{"$f":"VLOOKUP(D264&E264,'TABELA SICRO-SINAPI-ORSE'!A:G,7,FALSE)","v":1175.51},0.20796173004820551,1419.9710932889661,299755.89779330074,false]
[null,"3.2.4","REVESTIMENTOS",{"$nulls":4},1,null,null,null,{"$f":"SUBTOTAL(109,L266:L278)","v":1614335.5103675893}]
[null,"3.2.4.1","COMPOSIÇÃO SINAPI",88650,"SINAPI","RODAPÉ CERÂMICO DE 7CM DE ALTURA COM PLACAS TIPO ESMALTADA EXTRA DE DIMENSÕES 60X60CM. AF_06/2014","M",2051.54,{"$f":"VLOOKUP(D266&E266,'TABELA SICRO-SINAPI-ORSE'!A:G,7,FALSE)","v":21.31},{"$f":"$L$4","v":0.20796173004820551},{"$f":"I266*(1+J266)","v":25.741664467327258},{"$f":"K266*H266","v":52810.054321300559},{"$f":"ISTEXT(H266)","v":false}]
[null,"3.2.4.2","COMPOSIÇÃO SINAPI",93391,"SINAPI","REVESTIMENTO CERÂMICO PARA PISO COM PLACAS TIPO ESMALTADA PADRÃO POPULAR DE DIMENSÕES 35X35 CM APLICADA EM AMBIENTES DE ÁREA MAIOR QUE 10 M2. AF_06/2014","M2",2579.52,{"$f":"VLOOKUP(D267&E267,'TABELA SICRO-SINAPI-ORSE'!A:G,7,FALSE)","v":58.87},0.20796173004820551,71.11270704793786,183436.65008429668,false]
[null,"3.2.4.3","COMPOSIÇÃO SINAPI",87543,"SINAPI","MASSA ÚNICA, PARA RECEBIMENTO DE PINTURA OU CERÂMICA, ARGAMASSA INDUSTRIALIZADA, PREPARO MECÂNICO, APLICADO COM EQUIPAMENTO DE MISTURA E PROJEÇÃO DE 1,5 M3/H EM FACES INTERNAS DE PAREDES, ESPESSURA DE 5MM, SEM EXECUÇÃO DE TALISCAS. AF_06/2014","M2",6065.09,{"$f":"VLOOKUP(D268&E268,'TABELA SICRO-SINAPI-ORSE'!A:G,7,FALSE)","v":27.81},0.20796173004820551,33.593415712640592,203747.08970457932,false]
[null,"3.2.4.4","COMPOSIÇÃO SINAPI",87791,"SINAPI","EMBOÇO OU MASSA ÚNICA EM ARGAMASSA INDUSTRIALIZADA, PREPARO MECÂNICO E APLICAÇÃO COM EQUIPAMENTO DE MISTURA E PROJEÇÃO DE 1,5 M3/H DE ARGAMASSA EM PANOS DE FACHADA COM PRESENÇA DE VÃOS, ESPESSURA MAIOR OU IGUAL A 50 MM. AF_06/2014","M2",411.96,{"$f":"VLOOKUP(D269&E269,'TABELA SICRO-SINAPI-ORSE'!A:G,7,FALSE)","v":162.97},0.20796173004820551,196.86152314595606,81099.073075208056,false]
[null,"3.2.4.5","COMPOSIÇÃO SINAPI",96620,"SINAPI","LASTRO DE CONCRETO MAGRO, APLICADO EM PISOS, LAJES SOBRE SOLO OU RADIERS. AF_08/2017","M3",153.59,{"$f":"VLOOKUP(D270&E270,'TABELA SICRO-SINAPI-ORSE'!A:G,7,FALSE)","v":965.45},0.20796173004820551,1166.2266522750401,179120.75152292341,false]
[null,"3.2.4.6","COMPOSIÇÃO SINAPI",99841,"SINAPI","GUARDA-CORPO PANORÂMICO COM PERFIS DE ALUMÍNIO E VIDRO LAMINADO 8 MM, FIXADO COM CHUMBADOR MECÂNICO. AF_04/2019_P","M",61.44,{"$f":"VLOOKUP(D271&E271,'TABELA SICRO-SINAPI-ORSE'!A:G,7,FALSE)","v":1788.22},0.20796173004820551,2160.1013249068019,132716.6254022739,false]
[null,"3.2.4.7","COMPOSIÇÃO SINAPI",98560,"SINAPI","IMPERMEABILIZAÇÃO DE PISO COM ARGAMASSA DE CIMENTO E AREIA, COM ADITIVO IMPERMEABILIZANTE, E = 2CM. AF_06/2018","M2",494.34,49.56,0.20796173004820551,59.86658334118907,29594.446808883404,false]
[null,"3.2.4.8","COMPOSIÇÃO SINAPI",87623,"SINAPI","CONTRAPISO EM ARGAMASSA PRONTA, PREPARO MECÂNICO COM MISTURADOR 300 KG, APLICADO EM ÁREAS SECAS SOBRE LAJE, ADERIDO, ACABAMENTO NÃO REFORÇADO, ESPESSURA 2CM. AF_07/2021","M2",2579.52,{"$f":"VLOOKUP(D273&E273,'TABELA SICRO-SINAPI-ORSE'!A:G,7,FALSE)","v":87.46},0.20796173004820551,105.64833291001605,272521.98770804459,false]
[null,"3.2.4.9","COMPOSIÇÃO ORSE",12734,"ORSE","FECHAMENTO LATERAL COM TELHA EM AÇO GALVALUME, DUPLA, TRAPEZOIDAL, COM PREENCHIMENTO PIR 50MM, PRÉ-PINTADA, TP40 - 2 X 0,43MM, KINGSPAN- ISOESTE OU SIMILAR","M2",936.51,{"$f":"VLOOKUP(D274&E274,'TABELA SICRO-SINAPI-ORSE'!A:G,7,FALSE)","v":352.63},0.20796173004820551,425.9635448668987,398919.11940329929,false]
[null,"3.2.4.10","COMPOSIÇÃO SINAPI",98671,"SINAPI","PISO EM GRANITO APLICADO EM AMBIENTES INTERNOS. AF_09/2020","M2",33.74,{"$f":"VLOOKUP(D275&E275,'TABELA SICRO-SINAPI-ORSE'!A:G,7,FALSE)","v":580.28},0.20796173004820551,700.95603271237269,23650.256543715455,false]
[null,"3.2.4.11","COMPOSIÇÃO SINAPI",87623,"SINAPI","REVESTIMENTO CERÂMICO PARA PISO COM PLACAS TIPO PORCELANATO DE DIMENSÕES 60X60 CM APLICADA EM AMBIENTES DE ÁREA MAIOR QUE 10 M². AF_06/2014","M2",185.1,{"$f":"VLOOKUP(D276&E276,'TABELA SICRO-SINAPI-ORSE'!A:G,7,FALSE)","v":87.46},0.20796173004820551,105.64833291001605,19555.506421643971,false]
[null,"3.2.4.12","COMPOSIÇÃO SINAPI",87267,"SINAPI","REVESTIMENTO CERÂMICO PARA PAREDES INTERNAS COM PLACAS TIPO ESMALTADA EXTRA DE DIMENSÕES 20X20 CM APLICADAS A MEIA ALTURA DAS PAREDES. AF_02/2023_PE","M2",103.8,{"$f":"VLOOKUP(D277&E277,'TABELA SICRO-SINAPI-ORSE'!A:G,7,FALSE)","v":77.97},0.20796173004820551,94.184776091858581,9776.3797583349206,false]
[null,"3.2.4.13","INSUMO SINAPI",11062,"SINAPI","PLACA CIMENTICIA LISA E = 10 MM, DE 1,20 X 3,00 M (SEM AMIANTO)","M2",492.66,{"$f":"VLOOKUP(D278&E278,'TABELA SICRO-SINAPI-ORSE'!A:G,7,FALSE)","v":48.47},{"$f":"$L$5","v":0.14692012195121973},55.59121831097562,27387.569613085252,false]
[null,"3.2.5","ALVENARIA",{"$nulls":4},1,null,null,null,{"$f":"SUBTOTAL(109,L280:L283)","v":380080.89703307278}]
[null,"3.2.5.1","COMPOSIÇÃO SINAPI",103324,"SINAPI","ALVENARIA DE VEDAÇÃO DE BLOCOS CERÂMICOS FURADOS NA VERTICAL DE 14X19X39 CM (ESPESSURA 14 CM) E ARGAMASSA DE ASSENTAMENTO COM PREPARO EM BETONEIRA. AF_12/2021","M2",1722.95,{"$f":"VLOOKUP(D280&E280,'TABELA SICRO-SINAPI-ORSE'!A:G,7,FALSE)","v":80.05},{"$f":"$L$4","v":0.20796173004820551},{"$f":"I280*(1+J280)","v":96.69733649035885},{"$f":"K280*H280","v":166604.67590606379},{"$f":"ISTEXT(H280)","v":false}]
[null,"3.2.5.2","COMPOSIÇÃO SINAPI",87878,"SINAPI","CHAPISCO APLICADO EM ALVENARIAS E ESTRUTURAS DE CONCRETO INTERNAS, COM COLHER DE PEDREIRO.  ARGAMASSA TRAÇO 1:3 COM PREPARO MANUAL. AF_10/2022","M2",3839.57,{"$f":"VLOOKUP(D281&E281,'TABELA SICRO-SINAPI-ORSE'!A:G,7,FALSE)","v":5.09},0.20796173004820551,{"$f":"I281*(1+J281)","v":6.1485252059453659},{"$f":"K281*H281","v":23607.69292499165},false]
[null,"3.2.5.3","COMPOSIÇÃO SINAPI",87529,"SINAPI","MASSA ÚNICA, PARA RECEBIMENTO DE PINTURA, EM ARGAMASSA TRAÇO 1:2:8, PREPARO MECÂNICO COM BETONEIRA 400L, APLICADA MANUALMENTE EM FACES INTERNAS DE PAREDES, ESPESSURA DE 20MM, COM EXECUÇÃO DE TALISCAS. AF_06/2014","M2",3839.57,{"$f":"VLOOKUP(D282&E282,'TABELA SICRO-SINAPI-ORSE'!A:G,7,FALSE)","v":36.11},0.20796173004820551,{"$f":"I282*(1+J282)","v":43.619498072040699},{"$f":"K282*H282","v":167480.11621246531},false]
[null,"3.2.5.4","COMPOSIÇÃO SINAPI",93203,"SINAPI","FIXAÇÃO (ENCUNHAMENTO) DE ALVENARIA DE VEDAÇÃO COM ESPUMA DE POLIURETANO EXPANSIVA. AF_03/2016","M",1230.68,{"$f":"VLOOKUP(D283&E283,'TABELA SICRO-SINAPI-ORSE'!A:G,7,FALSE)","v":15.06},0.20796173004820551,{"$f":"I283*(1+J283)","v":18.191903654525976},{"$f":"K283*H283","v":22388.411989552031},false]
[null,"3.2.6","ESQUADRIAS",{"$nulls":4},1,null,null,null,{"$f":"SUBTOTAL(109,L285:L294)","v":772274.62922703836}]
[null,"3.2.6.1","COMPOSIÇÃO SINAPI",91314,"SINAPI","KIT DE PORTA DE MADEIRA PARA PINTURA, SEMI-OCA (LEVE OU MÉDIA), PADRÃO POPULAR, 80X210CM, ESPESSURA DE 3,5CM, ITENS INCLUSOS: DOBRADIÇAS, MONTAGEM E INSTALAÇÃO DO BATENTE, FECHADURA COM EXECUÇÃO DO FURO - FORNECIMENTO E INSTALAÇÃO. AF_12/2019","UN",4,{"$f":"VLOOKUP(D285&E285,'TABELA SICRO-SINAPI-ORSE'!A:G,7,FALSE)","v":796.1},{"$f":"$L$4","v":0.20796173004820551},{"$f":"I285*(1+J285)","v":961.65833329137638},{"$f":"K285*H285","v":3846.6333331655055},{"$f":"ISTEXT(H285)","v":false}]
[null,"3.2.6.2","COMPOSIÇÃO SINAPI",91313,"SINAPI","KIT DE PORTA DE MADEIRA PARA PINTURA, SEMI-OCA (LEVE OU MÉDIA), PADRÃO POPULAR, 70X210CM, ESPESSURA DE 3,5CM, ITENS INCLUSOS: DOBRADIÇAS, MONTAGEM E INSTALAÇÃO DO BATENTE, FECHADURA COM EXECUÇÃO DO FURO - FORNECIMENTO E INSTALAÇÃO. AF_12/2019","UN",5,{"$f":"VLOOKUP(D286&E286,'TABELA SICRO-SINAPI-ORSE'!A:G,7,FALSE)","v":753.34},0.20796173004820551,910.00588971451521,4550.0294485725763,false]
[null,"3.2.6.3","COMPOSIÇÃO SINAPI",102205,"SINAPI","PINTURA VERNIZ (INCOLOR) POLIURETÂNICO (RESINA ALQUÍDICA MODIFICADA) EM MADEIRA, 1 DEMÃO. AF_01/2021","M2",56.1,{"$f":"VLOOKUP(D287&E287,'TABELA SICRO-SINAPI-ORSE'!A:G,7,FALSE)","v":8.58},0.20796173004820551,10.364311643813604,581.43788321794318,false]
[null,"3.2.6.4","COMPOSIÇÃO SINAPI",102220,"SINAPI","PINTURA TINTA DE ACABAMENTO (PIGMENTADA) ESMALTE SINTÉTICO BRILHANTE EM MADEIRA, 2 DEMÃOS. AF_01/2021","M2",2633.94,{"$f":"VLOOKUP(D288&E288,'TABELA SICRO-SINAPI-ORSE'!A:G,7,FALSE)","v":13.84},0.20796173004820551,16.718190343867164,44034.71027432548,false]
[null,"3.2.6.5","COMPOSIÇÃO SINAPI",98689,"SINAPI","SOLEIRA EM GRANITO, LARGURA 15 CM, ESPESSURA 2,0 CM. AF_09/2020","M",294.66000000000003,{"$f":"VLOOKUP(D289&E289,'TABELA SICRO-SINAPI-ORSE'!A:G,7,FALSE)","v":146.1},0.20796173004820551,176.48320876004283,52002.542293234226,false]
[null,"3.2.6.6","COMPOSIÇÃO SINAPI",101965,"SINAPI","PEITORIL LINEAR EM GRANITO OU MÁRMORE, L = 15CM, COMPRIMENTO DE ATÉ 2M, ASSENTADO COM ARGAMASSA 1:6 COM ADITIVO. AF_11/2020","M",329.86,{"$f":"VLOOKUP(D290&E290,'TABELA SICRO-SINAPI-ORSE'!A:G,7,FALSE)","v":166.92},0.20796173004820551,201.63297197964644,66510.652137206183,false]
[null,"3.2.6.7","COMPOSIÇÃO SINAPI",93182,"SINAPI","VERGA PRÉ-MOLDADA PARA JANELAS COM ATÉ 1,5 M DE VÃO. AF_03/2016","M",351.64,{"$f":"VLOOKUP(D291&E291,'TABELA SICRO-SINAPI-ORSE'!A:G,7,FALSE)","v":46.18},0.20796173004820551,55.78367269362613,19615.770665986693,false]
[null,"3.2.6.8","COMPOSIÇÃO ORSE",1857,"ORSE","PORTA EM AÇO, EM CHAPA GALVANIZADA Nº24, RAIADA, DE ENROLAR","M2",894.72,{"$f":"VLOOKUP(D292&E292,'TABELA SICRO-SINAPI-ORSE'!A:G,7,FALSE)","v":210.15},0.20796173004820551,253.85315756963038,227127.49714069971,false]
[null,"3.2.6.9","COMPOSIÇÃO ORSE",9074,"ORSE","BRISE EM PERFIL \"C\" DE ALUMÍNIO DOBRADO ANODIZADO BRANCO","M2",32.96,{"$f":"VLOOKUP(D293&E293,'TABELA SICRO-SINAPI-ORSE'!A:G,7,FALSE)","v":659.94},0.20796173004820551,797.18226412801278,26275.127425659302,false]
[null,"3.2.6.10","COMPOSIÇÃO ORSE",12093,"ORSE","GRADIL EM ALUMÍNIO ANODIZADO BRANCO, COM BARRAS DE APOIO EM ALUMÍNIO ANODIZADO BRANCO DE 1\"X2\" HORIZONTAIS A CADA 5CM COM 1,85M E BARRAS EXTERNAS VERTICAIS EM ALUMÍNIO ANODIZADO BRANCO DE 1.1/2\" X 1.1/2\" COM 3,05M - FIXADO COM REBITE","M2",556.77,{"$f":"VLOOKUP(D294&E294,'TABELA SICRO-SINAPI-ORSE'!A:G,7,FALSE)","v":487.29},0.20796173004820551,588.62767143519011,327730.22862497077,false]
[null,"3.2.7","COBERTURA",{"$nulls":4},1,null,null,null,{"$f":"SUBTOTAL(109,L296:L300)","v":1365377.3185102877}]
[null,"3.2.7.1","COMPOSIÇÃO SINAPI",92580,"SINAPI","TRAMA DE AÇO COMPOSTA POR TERÇAS PARA TELHADOS DE ATÉ 2 ÁGUAS PARA TELHA ONDULADA DE FIBROCIMENTO, METÁLICA, PLÁSTICA OU TERMOACÚSTICA, INCLUSO TRANSPORTE VERTICAL. AF_07/2019","M2",1414.38,{"$f":"VLOOKUP(D296&E296,'TABELA SICRO-SINAPI-ORSE'!A:G,7,FALSE)","v":45.72},{"$f":"$L$4","v":0.20796173004820551},{"$f":"I296*(1+J296)","v":55.228010297803955},{"$f":"K296*H296","v":78113.39320500796},{"$f":"ISTEXT(H296)","v":false}]
[null,"3.2.7.2","INSUMO ORSE",13491,"ORSE","TELHA EM AÇO GALVALUME, DUPLA, TRAPEZOIDAL, COM PREENCHIMENTO PIR 50MM, PRÉ-PINTADA, TP40 - 2 X 0,43MM, KINGSPAN- ISOESTE OU SIMILAR","M2",1414.38,{"$f":"VLOOKUP(D297&E297,'TABELA SICRO-SINAPI-ORSE'!A:G,7,FALSE)","v":401.19},{"$f":"$L$5","v":0.14692012195121973},{"$f":"I297*(1+J297)","v":460.13288372560982},{"$f":"K297*H297","v":650802.74808382802},false]
[null,"3.2.7.3","COMPOSIÇÃO ORSE",12734,"ORSE","TELHAMENTO COM TELHA EM AÇO GALVALUME, DUPLA, TRAPEZOIDAL, COM PREENCHIMENTO PIR 50MM, PRÉ-PINTADA, TP40 - 2 X 0,43MM, KINGSPAN- ISOESTE OU SIMILAR","M2",1414.38,{"$f":"VLOOKUP(D298&E298,'TABELA SICRO-SINAPI-ORSE'!A:G,7,FALSE)","v":352.63},{"$f":"$L$4","v":0.20796173004820551},{"$f":"I298*(1+J298)","v":425.9635448668987},{"$f":"K298*H298","v":602474.31858884427},false]
[null,"3.2.7.4","COMPOSIÇÃO SINAPI",94227,"SINAPI","CALHA EM CHAPA DE AÇO GALVANIZADO NÚMERO 24, DESENVOLVIMENTO DE 33 CM, INCLUSO TRANSPORTE VERTICAL. AF_07/2019","M",264.72000000000003,{"$f":"VLOOKUP(D299&E299,'TABELA SICRO-SINAPI-ORSE'!A:G,7,FALSE)","v":62.47},0.20796173004820551,{"$f":"I299*(1+J299)","v":75.461369276111398},{"$f":"K299*H299","v":19976.133674772213},false]
[null,"3.2.7.5","COMPOSIÇÃO SINAPI",94231,"SINAPI","RUFO EM CHAPA DE AÇO GALVANIZADO NÚMERO 24, CORTE DE 25 CM, INCLUSO TRANSPORTE VERTICAL. AF_07/2019","M",220.13,{"$f":"VLOOKUP(D300&E300,'TABELA SICRO-SINAPI-ORSE'!A:G,7,FALSE)","v":52.69},0.20796173004820551,{"$f":"I300*(1+J300)","v":63.647503556239947},{"$f":"K300*H300","v":14010.724957835098},false]
[null,"3.2.8","INSTALAÇÕES ELÉTRICAS",{"$nulls":4},1,null,null,null,{"$f":"SUBTOTAL(109,L302:L406)","v":741276.39234696783}]
[null,"3.2.8.1","COMPOSIÇÃO SINAPI",93654,"SINAPI","DISJUNTOR MONOPOLAR TIPO DIN, CORRENTE NOMINAL DE 16A - FORNECIMENTO E INSTALAÇÃO. AF_10/2020","UN",194,{"$f":"VLOOKUP(D302&E302,'TABELA SICRO-SINAPI-ORSE'!A:G,7,FALSE)","v":13.44},{"$f":"$L$4","v":0.20796173004820551},{"$f":"I302*(1+J302)","v":16.235005651847882},{"$f":"K302*H302","v":3149.5910964584891},{"$f":"ISTEXT(H302)","v":false}]
[null,"3.2.8.2","COMPOSIÇÃO SINAPI",93655,"SINAPI","DISJUNTOR MONOPOLAR TIPO DIN, CORRENTE NOMINAL DE 20A - FORNECIMENTO E INSTALAÇÃO. AF_10/2020","UN",2,{"$f":"VLOOKUP(D303&E303,'TABELA SICRO-SINAPI-ORSE'!A:G,7,FALSE)","v":14.68},0.20796173004820551,17.732878197107656,35.465756394215312,false]
[null,"3.2.8.3","COMPOSIÇÃO SINAPI",93657,"SINAPI","DISJUNTOR MONOPOLAR TIPO DIN, CORRENTE NOMINAL DE 32A - FORNECIMENTO E INSTALAÇÃO. AF_10/2020","UN",80,{"$f":"VLOOKUP(D304&E304,'TABELA SICRO-SINAPI-ORSE'!A:G,7,FALSE)","v":16.14},0.20796173004820551,19.496502322978039,1559.7201858382432,false]
[null,"3.2.8.4","INSUMO SINAPI",34688,"SINAPI","DISJUNTOR TIPO DIN/IEC, MONOPOLAR DE 63 A","UN",22,{"$f":"VLOOKUP(D305&E305,'TABELA SICRO-SINAPI-ORSE'!A:G,7,FALSE)","v":18.190000000000001},{"$f":"$L$5","v":0.14692012195121973},20.862477018292687,458.97449440243912,false]
[null,"3.2.8.5","COMPOSIÇÃO SINAPI",101896,"SINAPI","DISJUNTOR TERMOMAGNÉTICO TRIPOLAR , CORRENTE NOMINAL DE 200A - FORNECIMENTO E INSTALAÇÃO. AF_10/2020","UN",4,{"$f":"VLOOKUP(D306&E306,'TABELA SICRO-SINAPI-ORSE'!A:G,7,FALSE)","v":703.75},{"$f":"$L$4","v":0.20796173004820551},850.10306752142458,3400.4122700856983,false]
[null,"3.2.8.6","INSUMO ORSE",3705,"ORSE","DISJUNTOR TRIPOLAR 175 A, PADRÃO DIN (  LINHA BRANCA ), CORRENTE DE INTERRUPÇÃO 22KA, REF.: SIEMENS QLH3 OU SIMILAR.","UN",4,{"$f":"VLOOKUP(D307&E307,'TABELA SICRO-SINAPI-ORSE'!A:G,7,FALSE)","v":380},{"$f":"$L$5","v":0.14692012195121973},435.8296463414635,1743.318585365854,false]
[null,"3.2.8.7","COMPOSIÇÃO SINAPI",91845,"SINAPI","ELETRODUTO FLEXÍVEL CORRUGADO REFORÇADO, PVC, DN 25 MM (3/4\"), PARA CIRCUITOS TERMINAIS, INSTALADO EM LAJE - FORNECIMENTO E INSTALAÇÃO. AF_12/2015","M",1318.96,{"$f":"VLOOKUP(D308&E308,'TABELA SICRO-SINAPI-ORSE'!A:G,7,FALSE)","v":8.51},{"$f":"$L$4","v":0.20796173004820551},10.279754322710229,13558.584761481883,false]
[null,"3.2.8.8","COMPOSIÇÃO SINAPI",97670,"SINAPI","ELETRODUTO FLEXÍVEL CORRUGADO, PEAD, DN 100 (4\"), PARA REDE ENTERRADA DE DISTRIBUIÇÃO DE ENERGIA ELÉTRICA - FORNECIMENTO E INSTALAÇÃO. AF_12/2021","M",448.36,{"$f":"VLOOKUP(D309&E309,'TABELA SICRO-SINAPI-ORSE'!A:G,7,FALSE)","v":23.57},0.20796173004820551,28.471657977236205,12765.552570673626,false]
[null,"3.2.8.9","COMPOSIÇÃO SINAPI",91953,"SINAPI","INTERRUPTOR SIMPLES (1 MÓDULO), 10A/250V, INCLUINDO SUPORTE E PLACA - FORNECIMENTO E INSTALAÇÃO. AF_12/2015","UN",112,{"$f":"VLOOKUP(D310&E310,'TABELA SICRO-SINAPI-ORSE'!A:G,7,FALSE)","v":29.59},0.20796173004820551,35.743587592126403,4003.2818103181571,false]
[null,"3.2.8.10","COMPOSIÇÃO SINAPI",91990,"SINAPI","TOMADA ALTA DE EMBUTIR (1 MÓDULO), 2P+T 10 A, SEM SUPORTE E SEM PLACA - FORNECIMENTO E INSTALAÇÃO. AF_12/2015","UN",638,{"$f":"VLOOKUP(D311&E311,'TABELA SICRO-SINAPI-ORSE'!A:G,7,FALSE)","v":32.9},0.20796173004820551,39.741940918585961,25355.358306057842,false]
[null,"3.2.8.11","COMPOSIÇÃO SINAPI",91966,"SINAPI","INTERRUPTOR SIMPLES (3 MÓDULOS), 10A/250V, SEM SUPORTE E SEM PLACA - FORNECIMENTO E INSTALAÇÃO. AF_12/2015","UN",2,{"$f":"VLOOKUP(D312&E312,'TABELA SICRO-SINAPI-ORSE'!A:G,7,FALSE)","v":50},0.20796173004820551,60.398086502410273,120.79617300482055,false]
[null,"3.2.8.12","COMPOSIÇÃO SINAPI",101876,"SINAPI","QUADRO DE DISTRIBUIÇÃO DE ENERGIA EM PVC, DE EMBUTIR, SEM BARRAMENTO, PARA 6 DISJUNTORES - FORNECIMENTO E INSTALAÇÃO. AF_10/2020","UN",100,{"$f":"VLOOKUP(D313&E313,'TABELA SICRO-SINAPI-ORSE'!A:G,7,FALSE)","v":75.25},0.20796173004820551,90.899120186127462,9089.9120186127457,false]
[null,"3.2.8.13","COMPOSIÇÃO SINAPI",96562,"SINAPI","SUPORTE PARA ELETROCALHA LISA OU PERFURADA EM AÇO GALVANIZADO, LARGURA 200 OU 400 MM E ALTURA 50 MM, ESPAÇADO A CADA 1,5 M, EM PERFILADO DE SEÇÃO 38X76 MM, POR METRO DE ELETRECOLHA FIXADA. AF_07/2017","M",3620,{"$f":"VLOOKUP(D314&E314,'TABELA SICRO-SINAPI-ORSE'!A:G,7,FALSE)","v":54.46},0.20796173004820551,65.785595818425278,238143.8568626995,false]
[null,"3.2.8.14","COMPOSIÇÃO SINAPI",91936,"SINAPI","CAIXA OCTOGONAL 4\" X 4\", PVC, INSTALADA EM LAJE - FORNECIMENTO E INSTALAÇÃO. AF_12/2015","UN",211,{"$f":"VLOOKUP(D315&E315,'TABELA SICRO-SINAPI-ORSE'!A:G,7,FALSE)","v":17.86},0.20796173004820551,21.57419649866095,4552.1554612174605,false]
[null,"3.2.8.15","COMPOSIÇÃO SINAPI",91940,"SINAPI","CAIXA RETANGULAR 4\" X 2\" MÉDIA (1,30 M DO PISO), PVC, INSTALADA EM PAREDE - FORNECIMENTO E INSTALAÇÃO. AF_12/2015","UN",49,{"$f":"VLOOKUP(D316&E316,'TABELA SICRO-SINAPI-ORSE'!A:G,7,FALSE)","v":17.38},0.20796173004820551,20.994374868237809,1028.7243685436526,false]
[null,"3.2.8.16","COMPOSIÇÃO SINAPI",95805,"SINAPI","CONDULETE DE PVC, TIPO B, PARA ELETRODUTO DE PVC SOLDÁVEL DN 25 MM (3/4''), APARENTE - FORNECIMENTO E INSTALAÇÃO. AF_11/2016","UN",600,{"$f":"VLOOKUP(D317&E317,'TABELA SICRO-SINAPI-ORSE'!A:G,7,FALSE)","v":23.86},0.20796173004820551,28.821966878950182,17293.180127370109,false]
[null,"3.2.8.17","COMPOSIÇÃO ORSE",7138,"ORSE","FORNECIMENTO E LANÇAMENTO DE CABO UTP 4 PARES CAT 6","M",900,{"$f":"VLOOKUP(D318&E318,'TABELA SICRO-SINAPI-ORSE'!A:G,7,FALSE)","v":12.26},0.20796173004820551,14.809610810391,13328.649729351901,false]
[null,"3.2.8.18","COMPOSIÇÃO ORSE",11242,"ORSE","FORNECIMENTO E INSTALAÇÃO DE CONECTOR RJ 45 MACHO CAT 6","UN",230,{"$f":"VLOOKUP(D319&E319,'TABELA SICRO-SINAPI-ORSE'!A:G,7,FALSE)","v":6.76},0.20796173004820551,8.1658212951258697,1878.13889787895,false]
[null,"3.2.8.19","COMPOSIÇÃO ORSE",7164,"ORSE","FORNECIMENTO E INSTALAÇÃO DE CONECTOR RJ 45 FÊMEA CAT 6 (KRONE OU SIMILAR)","UN",230,{"$f":"VLOOKUP(D320&E320,'TABELA SICRO-SINAPI-ORSE'!A:G,7,FALSE)","v":30.41},0.20796173004820551,36.734116210765933,8448.8467284761646,false]
[null,"3.2.8.20","COMPOSIÇÃO ORSE",10727,"ORSE","FORNECIMENTO E INSTALAÇÃO DE VOICE PANEL 24 PORTAS CAT 6","UN",10,{"$f":"VLOOKUP(D321&E321,'TABELA SICRO-SINAPI-ORSE'!A:G,7,FALSE)","v":287.89999999999998},0.20796173004820551,347.77218208087834,3477.7218208087834,false]
[null,"3.2.8.21","COMPOSIÇÃO ORSE",9534,"ORSE","FORNECIMENTO E INSTALAÇÃO DE PATCH CORDS CAT.5E, CONECTOR RJ-45 MACHO, C/1,50M - REV 01","UN",5,{"$f":"VLOOKUP(D322&E322,'TABELA SICRO-SINAPI-ORSE'!A:G,7,FALSE)","v":18.420000000000002},0.20796173004820551,22.250655067487948,111.25327533743973,false]
[null,"3.2.8.22","COMPOSIÇÃO ORSE",11227,"ORSE","FORNECIMENTO E MONTAGEM DE RACK FECHADO TIPO ARMÁRIO 19\" X 36U X 600MM","UN",1,{"$f":"VLOOKUP(D323&E323,'TABELA SICRO-SINAPI-ORSE'!A:G,7,FALSE)","v":2240.5100000000002},0.20796173004820551,2706.450335790305,2706.450335790305,false]
[null,"3.2.8.23","COMPOSIÇÃO ORSE",11418,"ORSE","TOMADA PARA LÓGICA, RJ45, COM PLACA","UN",120,{"$f":"VLOOKUP(D324&E324,'TABELA SICRO-SINAPI-ORSE'!A:G,7,FALSE)","v":34.880000000000003},0.20796173004820551,42.133705144081411,5056.0446172897691,false]
[null,"3.2.8.24","COMPOSIÇÃO SINAPI",101881,"SINAPI","QUADRO DE DISTRIBUIÇÃO DE ENERGIA EM CHAPA DE AÇO GALVANIZADO, DE EMBUTIR, COM BARRAMENTO TRIFÁSICO, PARA 40 DISJUNTORES DIN 100A - FORNECIMENTO E INSTALAÇÃO. AF_10/2020","UN",1,{"$f":"VLOOKUP(D325&E325,'TABELA SICRO-SINAPI-ORSE'!A:G,7,FALSE)","v":982.73},0.20796173004820551,1187.1002309702731,1187.1002309702731,false]
[null,"3.2.8.25","COMPOSIÇÃO ORSE",7162,"ORSE","PONTO DE SENSOR DE PRESENÇA EMBUTIDO NO TETO ","UN",6,{"$f":"VLOOKUP(D326&E326,'TABELA SICRO-SINAPI-ORSE'!A:G,7,FALSE)","v":262.99},0.20796173004820551,317.68185538537756,1906.0911323122655,false]
[null,"3.2.8.26","COMPOSIÇÃO ORSE",12474,"ORSE","MÓDULO PARA 36 MEDIDORES EM CHAPA GALVANIZADA 12,5MM, COM BARRAMENTO PARA 200A, PINTADO ELETROSTATICAMENTE NA COR BEGE","UN",4,{"$f":"VLOOKUP(D327&E327,'TABELA SICRO-SINAPI-ORSE'!A:G,7,FALSE)","v":6752.56},0.20796173004820551,8156.8340598543109,32627.336239417244,false]
[null,"3.2.8.27","COMPOSIÇÃO SINAPI",101553,"SINAPI","ALÇA PREFORMADA DE DISTRIBUIÇÃO, EM  AÇO GALVANIZADO, AWG 1 - FORNECIMENTO E INSTALAÇÃO. AF_07/2020","UN",6,{"$f":"VLOOKUP(D328&E328,'TABELA SICRO-SINAPI-ORSE'!A:G,7,FALSE)","v":13.74},0.20796173004820551,16.597394170862344,99.584365025174066,false]
[null,"3.2.8.28","COMPOSIÇÃO SINAPI",101538,"SINAPI","ARMAÇÃO SECUNDÁRIA, COM 1 ESTRIBO E 1 ISOLADOR - FORNECIMENTO E INSTALAÇÃO. AF_07/2020","UN",6,{"$f":"VLOOKUP(D329&E329,'TABELA SICRO-SINAPI-ORSE'!A:G,7,FALSE)","v":40.35},0.20796173004820551,48.741255807445093,292.44753484467054,false]
[null,"3.2.8.29","INSUMO SINAPI",10510,"SINAPI","CRUZETA DE MADEIRA TRATADA, *90 X 115 X 2400* MM, EM EUCALIPTO OU EQUIVALENTE DA REGIAO","UN",4,{"$f":"VLOOKUP(D330&E330,'TABELA SICRO-SINAPI-ORSE'!A:G,7,FALSE)","v":133.87},{"$f":"$L$5","v":0.14692012195121973},153.53819672560979,614.15278690243917,false]
[null,"3.2.8.30","COMPOSIÇÃO ORSE",9892,"ORSE","PEÇA DE MADERIA 115X135X 600MM","UN",4,{"$f":"VLOOKUP(D331&E331,'TABELA SICRO-SINAPI-ORSE'!A:G,7,FALSE)","v":24.26},{"$f":"$L$4","v":0.20796173004820551},29.305151570969468,117.22060628387787,false]
[null,"3.2.8.31","INSUMO SINAPI",41953,"SINAPI","CABO DE ACO GALVANIZADO, DIAMETRO 12,7 MM (1/2\"), COM ALMA DE FIBRA 6 X 25 F","KG",30,{"$f":"VLOOKUP(D332&E332,'TABELA SICRO-SINAPI-ORSE'!A:G,7,FALSE)","v":81.599999999999994},{"$f":"$L$5","v":0.14692012195121973},93.588681951219527,2807.6604585365858,false]
[null,"3.2.8.32","COMPOSIÇÃO ORSE",12876,"ORSE","FORNECIMENTO E INSTALAÇÃO DE PARA RAIOS TIPO POLIMÉRICO 15KV - 12KA","UN",3,{"$f":"VLOOKUP(D333&E333,'TABELA SICRO-SINAPI-ORSE'!A:G,7,FALSE)","v":232.64},{"$f":"$L$4","v":0.20796173004820551},281.02021687841449,843.06065063524352,false]
[null,"3.2.8.33","INSUMO SINAPI",1574,"SINAPI","TERMINAL A COMPRESSAO EM COBRE ESTANHADO PARA CABO 10 MM2, 1 FURO E 1 COMPRESSAO, PARA PARAFUSO DE FIXACAO M6","UN",6,{"$f":"VLOOKUP(D334&E334,'TABELA SICRO-SINAPI-ORSE'!A:G,7,FALSE)","v":1.95},{"$f":"$L$5","v":0.14692012195121973},{"$f":"I334*(1+J334)","v":2.2364942378048784},{"$f":"K334*H334","v":13.418965426829271},false]
[null,"3.2.8.34","INSUMO SINAPI",1539,"SINAPI","CONECTOR METALICO TIPO PARAFUSO FENDIDO (SPLIT BOLT), PARA CABOS ATE 16 MM2","UN",6,{"$f":"VLOOKUP(D335&E335,'TABELA SICRO-SINAPI-ORSE'!A:G,7,FALSE)","v":8.9600000000000009},0.14692012195121973,10.27640429268293,61.658425756097579,false]
[null,"3.2.8.35","INSUMO SINAPI",867,"SINAPI","CABO DE COBRE NU 50 MM2 MEIO-DURO","M",870,{"$f":"VLOOKUP(D336&E336,'TABELA SICRO-SINAPI-ORSE'!A:G,7,FALSE)","v":56.7},0.14692012195121973,65.030370914634162,56576.422695731722,false]
[null,"3.2.8.36","COMPOSIÇÃO SINAPI",102107,"SINAPI","TRANSFORMADOR DE DISTRIBUIÇÃO, 225 KVA, TRIFÁSICO, 60 HZ, CLASSE 15 KV, IMERSO EM ÓLEO MINERAL, INSTALAÇÃO EM POSTE (NÃO INCLUSO SUPORTE) - FORNECIMENTO E INSTALAÇÃO. AF_12/2020","UN",1,{"$f":"VLOOKUP(D337&E337,'TABELA SICRO-SINAPI-ORSE'!A:G,7,FALSE)","v":34735.01},{"$f":"$L$4","v":0.20796173004820551},41958.562772841724,41958.562772841724,false]
[null,"3.2.8.37","COMPOSIÇÃO SINAPI",96616,"SINAPI","LASTRO DE CONCRETO MAGRO, APLICADO EM BLOCOS DE COROAMENTO OU SAPATAS. AF_08/2017","M3",1,{"$f":"VLOOKUP(D338&E338,'TABELA SICRO-SINAPI-ORSE'!A:G,7,FALSE)","v":1018.11},0.20796173004820551,1229.8379169793786,1229.8379169793786,false,"x"]
[null,"3.2.8.38","INSUMO SINAPI",13343,"SINAPI","KIT DE MATERIAIS PARA BRACADEIRA PARA FIXACAO EM POSTE CIRCULAR, CONTEM TRES FIXADORES E UM ROLO DE FITA DE 3 M EM ACO CARBONO","UN",3,{"$f":"VLOOKUP(D339&E339,'TABELA SICRO-SINAPI-ORSE'!A:G,7,FALSE)","v":43.07},{"$f":"$L$5","v":0.14692012195121973},49.397849652439035,148.19354895731709,false]
[null,"3.2.8.39","INSUMO SINAPI",39468,"SINAPI","DISPOSITIVO DPS CLASSE II, 1 POLO, TENSAO MAXIMA DE 175 V, CORRENTE MAXIMA DE *90* KA (TIPO AC)","UN",4,{"$f":"VLOOKUP(D340&E340,'TABELA SICRO-SINAPI-ORSE'!A:G,7,FALSE)","v":192.11},0.14692012195121973,220.33482462804884,881.33929851219534,false]
[null,"3.2.8.40","INSUMO SINAPI",37558,"SINAPI","PLACA DE SINALIZACAO DE SEGURANCA CONTRA INCENDIO, FOTOLUMINESCENTE, RETANGULAR, *20 X 40* CM, EM PVC *2* MM ANTI-CHAMAS (SIMBOLOS, CORES E PICTOGRAMAS CONFORME NBR 16820)","UN",3,{"$f":"VLOOKUP(D341&E341,'TABELA SICRO-SINAPI-ORSE'!A:G,7,FALSE)","v":55.93},0.14692012195121973,64.147242420731715,192.44172726219514,false]
[null,"3.2.8.41","INSUMO SINAPI",11859,"SINAPI","CONECTOR METALICO TIPO PARAFUSO FENDIDO (SPLIT BOLT), PARA CABOS ATE 185 MM2","UN",40,{"$f":"VLOOKUP(D342&E342,'TABELA SICRO-SINAPI-ORSE'!A:G,7,FALSE)","v":67.81},0.14692012195121973,77.772653469512207,3110.9061387804882,false]
[null,"3.2.8.42","INSUMO SINAPI",11855,"SINAPI","CONECTOR METALICO TIPO PARAFUSO FENDIDO (SPLIT BOLT), PARA CABOS ATE 70 MM2","UN",10,{"$f":"VLOOKUP(D343&E343,'TABELA SICRO-SINAPI-ORSE'!A:G,7,FALSE)","v":24.75},0.14692012195121973,28.386273018292687,283.8627301829269,false]
[null,"3.2.8.43","INSUMO SINAPI",11864,"SINAPI","CONECTOR METALICO TIPO PARAFUSO FENDIDO (SPLIT BOLT), PARA CABOS ATE 95 MM2","UN",4,{"$f":"VLOOKUP(D344&E344,'TABELA SICRO-SINAPI-ORSE'!A:G,7,FALSE)","v":37.42},0.14692012195121973,42.917750963414647,171.67100385365859,false]
[null,"3.2.8.44","INSUMO SINAPI",11862,"SINAPI","CONECTOR METALICO TIPO PARAFUSO FENDIDO (SPLIT BOLT), PARA CABOS ATE 50 MM2","UN",4,{"$f":"VLOOKUP(D345&E345,'TABELA SICRO-SINAPI-ORSE'!A:G,7,FALSE)","v":16.579999999999998},0.14692012195121973,19.015935621951222,76.063742487804888,false]
[null,"3.2.8.45","INSUMO SINAPI",37559,"SINAPI","PLACA DE SINALIZACAO DE SEGURANCA CONTRA INCENDIO, FOTOLUMINESCENTE, RETANGULAR, *12 X 40* CM, EM PVC *2* MM ANTI-CHAMAS (SIMBOLOS, CORES E PICTOGRAMAS CONFORME NBR 16820)","UN",44,{"$f":"VLOOKUP(D346&E346,'TABELA SICRO-SINAPI-ORSE'!A:G,7,FALSE)","v":42.56},0.14692012195121973,48.812920390243917,2147.7684971707322,false]
[null,"3.2.8.46","COMPOSIÇÃO ORSE",11979,"ORSE","ACIONADOR MANUAL CONVENCIONAL - MODELO AM-2 DA VERIN OU SIMILAR, TIPO \"APERTE AQUI\"","UN",3,{"$f":"VLOOKUP(D347&E347,'TABELA SICRO-SINAPI-ORSE'!A:G,7,FALSE)","v":74.89},{"$f":"$L$4","v":0.20796173004820551},90.464253963310114,271.39276188993034,false]
[null,"3.2.8.47","COMPOSIÇÃO ORSE",11820,"ORSE","CENTRAL DE ALARME ENDEREÇÁVEL DE INCENDIO COM SISTEMA P/ ATÉ 250 DISPOSITIVOS, MARCAL VERIN OU SIMILAR, MODELO VRE-250 C/ BATERIA DE 12V E 7AMPERES","UN",1,{"$f":"VLOOKUP(D348&E348,'TABELA SICRO-SINAPI-ORSE'!A:G,7,FALSE)","v":6527.49},0.20796173004820551,7884.9581132723606,7884.9581132723606,false]
[null,"3.2.8.48","INSUMO SINAPI",34602,"SINAPI","CABO FLEXIVEL PVC 750 V, 2 CONDUTORES DE 1,5 MM2","M",130,{"$f":"VLOOKUP(D349&E349,'TABELA SICRO-SINAPI-ORSE'!A:G,7,FALSE)","v":4.4400000000000004},{"$f":"$L$5","v":0.14692012195121973},5.0923253414634164,662.00229439024417,false]
[null,"3.2.8.49","INSUMO SINAPI",10891,"SINAPI","EXTINTOR DE INCENDIO PORTATIL COM CARGA DE PO QUIMICO SECO (PQS) DE 4 KG, CLASSE BC","UN",30,{"$f":"VLOOKUP(D350&E350,'TABELA SICRO-SINAPI-ORSE'!A:G,7,FALSE)","v":359.61},0.14692012195121973,412.44394505487816,12373.318351646345,false]
[null,"3.2.8.50","COMPOSIÇÃO SINAPI",98111,"SINAPI","CAIXA DE INSPEÇÃO PARA ATERRAMENTO, CIRCULAR, EM POLIETILENO, DIÂMETRO INTERNO = 0,3 M. AF_12/2020","UN",12,{"$f":"VLOOKUP(D351&E351,'TABELA SICRO-SINAPI-ORSE'!A:G,7,FALSE)","v":53.96},{"$f":"$L$4","v":0.20796173004820551},65.181614953401166,782.17937944081405,false]
[null,"3.2.8.51","COMPOSIÇÃO ORSE",8795,"ORSE","TERMINAL AÉREO EM AÇO GALVANIZADO 3/8\" X 50CM, COM FIXAÇÃO HORIZONTAL","UN",4,{"$f":"VLOOKUP(D352&E352,'TABELA SICRO-SINAPI-ORSE'!A:G,7,FALSE)","v":27.71},0.20796173004820551,33.472619539635772,133.89047815854309,false]
[null,"3.2.8.52","COMPOSIÇÃO ORSE",9953,"ORSE","FORNECIMENTO DE CARTUCHO PARA SOLDA EXOTÉRMICA","UN",24,{"$f":"VLOOKUP(D353&E353,'TABELA SICRO-SINAPI-ORSE'!A:G,7,FALSE)","v":20},0.20796173004820551,24.159234600964112,579.82163042313869,false]
[null,"3.2.8.53","COMPOSIÇÃO ORSE",12740,"ORSE","FORNECIMENTO E ASSENTAMENTO DE BARRA CHATA DE ALUMÍNIO DE 7/8\" X 1/8\"","M",282,{"$f":"VLOOKUP(D354&E354,'TABELA SICRO-SINAPI-ORSE'!A:G,7,FALSE)","v":15.31},0.20796173004820551,18.493894087038026,5215.2781325447231,false]
[null,"3.2.8.54","COMPOSIÇÃO ORSE",4143,"ORSE","CONECTOR SPLIT BOLT PARA CABO DE COBRE NU #35 MM2 - FORNECIMENTO","UN",120,{"$f":"VLOOKUP(D355&E355,'TABELA SICRO-SINAPI-ORSE'!A:G,7,FALSE)","v":12},0.20796173004820551,14.495540760578466,1739.4648912694158,false]
[null,"3.2.8.55","COMPOSIÇÃO ORSE",12458,"ORSE","TERMINAL DE COMPRESSÃO 2 FUROS PARA CABO DE 50 MM2 - FORNECIMENTO E INSTALAÇÃO","UN",25,{"$f":"VLOOKUP(D356&E356,'TABELA SICRO-SINAPI-ORSE'!A:G,7,FALSE)","v":10.54},0.20796173004820551,12.731916634708085,318.29791586770216,false]
[null,"3.2.8.56","COMPOSIÇÃO SINAPI",101900,"SINAPI","DISJUNTOR BAIXA TENSÃO TRIPOLAR A SECO  800A/600V - FORNECIMENTO E INSTALAÇÃO. AF_10/2020","UN",1,{"$f":"VLOOKUP(D357&E357,'TABELA SICRO-SINAPI-ORSE'!A:G,7,FALSE)","v":5061.57},0.20796173004820551,6114.1828539600956,6114.1828539600956,false]
[null,"3.2.8.57","COMPOSIÇÃO ORSE",3836,"ORSE","CAIXA EM CHAPA METÁLICA GALVANIZADA 60 X 50 X 20CM, PARA QUADRO DE COMANDO","UN",1,{"$f":"VLOOKUP(D358&E358,'TABELA SICRO-SINAPI-ORSE'!A:G,7,FALSE)","v":381.8},0.20796173004820551,461.19978853240485,461.19978853240485,false]
[null,"3.2.8.58","INSUMO SINAPI",39465,"SINAPI","DISPOSITIVO DPS CLASSE II, 1 POLO, TENSAO MAXIMA DE 175 V, CORRENTE MAXIMA DE *20* KA (TIPO AC)","UN",7,{"$f":"VLOOKUP(D359&E359,'TABELA SICRO-SINAPI-ORSE'!A:G,7,FALSE)","v":75.11},{"$f":"$L$5","v":0.14692012195121973},86.145170359756108,603.01619251829277,false]
[null,"3.2.8.59","INSUMO ORSE",4105,"ORSE","FLANGE 100 X 100MM PARA ELETROCALHA METÁLICA (REF. MOPA OU SIMILAR)","UN",6,{"$f":"VLOOKUP(D360&E360,'TABELA SICRO-SINAPI-ORSE'!A:G,7,FALSE)","v":12.5},0.14692012195121973,14.336501524390247,86.019009146341489,false]
[null,"3.2.8.60","COMPOSIÇÃO SINAPI",91937,"SINAPI","CAIXA OCTOGONAL 3\" X 3\", PVC, INSTALADA EM LAJE - FORNECIMENTO E INSTALAÇÃO. AF_12/2015","UN",4,{"$f":"VLOOKUP(D361&E361,'TABELA SICRO-SINAPI-ORSE'!A:G,7,FALSE)","v":15.6},{"$f":"$L$4","v":0.20796173004820551},18.844202988752006,75.376811955008023,false]
[null,"3.2.8.61","COMPOSIÇÃO SINAPI",91943,"SINAPI","CAIXA RETANGULAR 4\" X 4\" MÉDIA (1,30 M DO PISO), PVC, INSTALADA EM PAREDE - FORNECIMENTO E INSTALAÇÃO. AF_12/2015","UN",1,{"$f":"VLOOKUP(D362&E362,'TABELA SICRO-SINAPI-ORSE'!A:G,7,FALSE)","v":20.92},0.20796173004820551,25.270559392608462,25.270559392608462,false]
[null,"3.2.8.62","INSUMO SINAPI",3876,"SINAPI","LUVA PVC, ROSCAVEL, 1\", AGUA FRIA PREDIAL","UN",89,{"$f":"VLOOKUP(D363&E363,'TABELA SICRO-SINAPI-ORSE'!A:G,7,FALSE)","v":4.3899999999999997},{"$f":"$L$5","v":0.14692012195121973},5.0349793353658541,448.11316084756101,false]
[null,"3.2.8.63","INSUMO SINAPI",3884,"SINAPI","LUVA PVC, ROSCAVEL, 3/4\", AGUA FRIA PREDIAL","UN",63,{"$f":"VLOOKUP(D364&E364,'TABELA SICRO-SINAPI-ORSE'!A:G,7,FALSE)","v":2.23},0.14692012195121973,2.5576318719512199,161.13080793292684,false]
[null,"3.2.8.64","INSUMO SINAPI",2556,"SINAPI","CAIXA DE LUZ \"4 X 2\" EM ACO ESMALTADA","UN",4,{"$f":"VLOOKUP(D365&E365,'TABELA SICRO-SINAPI-ORSE'!A:G,7,FALSE)","v":1.67},0.14692012195121973,1.9153566036585368,7.6614264146341471,false]
[null,"3.2.8.65","INSUMO ORSE",13355,"ORSE","ARRUELA DE PRESSÃO 1/4\"","UN",2013,{"$f":"VLOOKUP(D366&E366,'TABELA SICRO-SINAPI-ORSE'!A:G,7,FALSE)","v":0.05},0.14692012195121973,{"$f":"I366*(1+J366)","v":5.7346006097560992E-2},{"$f":"K366*H366","v":115.43751027439028},{"$f":"ISTEXT(H366)","v":false}]
[null,"3.2.8.66","INSUMO ORSE",4419,"ORSE","ARRUELA LISA DE 5/16\"","UN",145,{"$f":"VLOOKUP(D367&E367,'TABELA SICRO-SINAPI-ORSE'!A:G,7,FALSE)","v":0.1},0.14692012195121973,0.11469201219512198,16.630341768292688,false]
[null,"3.2.8.67","INSUMO ORSE",8347,"ORSE","ARRUELA LISA ZINCADA Ø 1/4\"","UN",6647,{"$f":"VLOOKUP(D368&E368,'TABELA SICRO-SINAPI-ORSE'!A:G,7,FALSE)","v":0.05},0.14692012195121973,5.7346006097560992E-2,381.1789025304879,false]
[null,"3.2.8.68","INSUMO SINAPI",11945,"SINAPI","BUCHA DE NYLON SEM ABA S4","UN",2178,{"$f":"VLOOKUP(D369&E369,'TABELA SICRO-SINAPI-ORSE'!A:G,7,FALSE)","v":0.08},0.14692012195121973,9.1753609756097573E-2,199.83936204878052,false]
[null,"3.2.8.69","INSUMO SINAPI",4375,"SINAPI","BUCHA DE NYLON SEM ABA S6","UN",624,{"$f":"VLOOKUP(D370&E370,'TABELA SICRO-SINAPI-ORSE'!A:G,7,FALSE)","v":0.14000000000000001},0.14692012195121973,0.16056881707317078,100.19494185365856,false]
[null,"3.2.8.70","INSUMO SINAPI",4376,"SINAPI","BUCHA DE NYLON SEM ABA S8","UN",652,{"$f":"VLOOKUP(D371&E371,'TABELA SICRO-SINAPI-ORSE'!A:G,7,FALSE)","v":0.27},0.14692012195121973,0.30966843292682933,201.90381826829272,false]
[null,"3.2.8.71","INSUMO SINAPI",4374,"SINAPI","BUCHA DE NYLON SEM ABA S10","UN",154,{"$f":"VLOOKUP(D372&E372,'TABELA SICRO-SINAPI-ORSE'!A:G,7,FALSE)","v":0.51},0.14692012195121973,0.58492926219512209,90.079106378048806,false]
[null,"3.2.8.72","INSUMO SINAPI",1014,"SINAPI","CABO DE COBRE, FLEXIVEL, CLASSE 4 OU 5, ISOLACAO EM PVC/A, ANTICHAMA BWF-B, 1 CONDUTOR, 450/750 V, SECAO NOMINAL 2,5 MM2","M",9616.4,{"$f":"VLOOKUP(D373&E373,'TABELA SICRO-SINAPI-ORSE'!A:G,7,FALSE)","v":2.41},0.14692012195121973,2.7640774939024397,26580.47481236342,false]
[null,"3.2.8.73","INSUMO SINAPI",981,"SINAPI","CABO DE COBRE, FLEXIVEL, CLASSE 4 OU 5, ISOLACAO EM PVC/A, ANTICHAMA BWF-B, 1 CONDUTOR, 450/750 V, SECAO NOMINAL 4 MM2","M",1422.2,{"$f":"VLOOKUP(D374&E374,'TABELA SICRO-SINAPI-ORSE'!A:G,7,FALSE)","v":3.99},0.14692012195121973,4.5762112865853668,6508.2876917817084,false]
[null,"3.2.8.74","INSUMO SINAPI",982,"SINAPI","CABO DE COBRE, FLEXIVEL, CLASSE 4 OU 5, ISOLACAO EM PVC/A, ANTICHAMA BWF-B, 1 CONDUTOR, 450/750 V, SECAO NOMINAL 6 MM2","M",164.4,{"$f":"VLOOKUP(D375&E375,'TABELA SICRO-SINAPI-ORSE'!A:G,7,FALSE)","v":5.73},0.14692012195121973,6.5718522987804899,1080.4125179195125,false]
[null,"3.2.8.75","INSUMO SINAPI",980,"SINAPI","CABO DE COBRE, FLEXIVEL, CLASSE 4 OU 5, ISOLACAO EM PVC/A, ANTICHAMA BWF-B, 1 CONDUTOR, 450/750 V, SECAO NOMINAL 10 MM2","M",4573.5,{"$f":"VLOOKUP(D376&E376,'TABELA SICRO-SINAPI-ORSE'!A:G,7,FALSE)","v":10.96},0.14692012195121973,12.570244536585369,57490.013388073181,false]
[null,"3.2.8.76","COMPOSIÇÃO ORSE",12312,"ORSE","LUMINÁRIA DE EMERGÊNCIA, TIPO BALIZAMENTO, COM AUTONOMIA DE 3H, MODELO LED - 3000 LUMENS, SEGURIMAX OU SIMILARR","UN",80,{"$f":"VLOOKUP(D377&E377,'TABELA SICRO-SINAPI-ORSE'!A:G,7,FALSE)","v":279.51},{"$f":"$L$4","v":0.20796173004820551},337.63738316577388,27010.99065326191,false]
[null,"3.2.8.77","COMPOSIÇÃO ORSE",12984,"ORSE","PLACA CEGA PARA CAIXA DE PVC 4\" X 2\", PARA TOMADAS E INTERRUPTORES","UN",3,{"$f":"VLOOKUP(D378&E378,'TABELA SICRO-SINAPI-ORSE'!A:G,7,FALSE)","v":3.24},0.20796173004820551,3.9137960053561862,11.741388016068559,false]
[null,"3.2.8.78","COMPOSIÇÃO SINAPI",92986,"SINAPI","CABO DE COBRE FLEXÍVEL ISOLADO, 35 MM², ANTI-CHAMA 0,6/1,0 KV, PARA REDE ENTERRADA DE DISTRIBUIÇÃO DE ENERGIA ELÉTRICA - FORNECIMENTO E INSTALAÇÃO. AF_12/2021","M",9.6999999999999993,{"$f":"VLOOKUP(D379&E379,'TABELA SICRO-SINAPI-ORSE'!A:G,7,FALSE)","v":40.409999999999997},0.20796173004820551,48.813733511247982,473.49321505910541,false]
[null,"3.2.8.79","COMPOSIÇÃO SINAPI",92990,"SINAPI","CABO DE COBRE FLEXÍVEL ISOLADO, 70 MM², ANTI-CHAMA 0,6/1,0 KV, PARA REDE ENTERRADA DE DISTRIBUIÇÃO DE ENERGIA ELÉTRICA - FORNECIMENTO E INSTALAÇÃO. AF_12/2021","M",38.799999999999997,{"$f":"VLOOKUP(D380&E380,'TABELA SICRO-SINAPI-ORSE'!A:G,7,FALSE)","v":81.44},0.20796173004820551,98.376403295125854,3817.004447850883,false]
[null,"3.2.8.80","INSUMO SINAPI",4379,"SINAPI","PARAFUSO DE ACO ZINCADO COM ROSCA SOBERBA, CABECA CHATA E FENDA SIMPLES, DIAMETRO 2,5 MM, COMPRIMENTO * 9,5 * MM","UN",2066,{"$f":"VLOOKUP(D381&E381,'TABELA SICRO-SINAPI-ORSE'!A:G,7,FALSE)","v":0.05},{"$f":"$L$5","v":0.14692012195121973},5.7346006097560992E-2,118.47684859756102,false]
[null,"3.2.8.81","INSUMO SINAPI",4377,"SINAPI","PARAFUSO DE ACO ZINCADO COM ROSCA SOBERBA, CABECA CHATA E FENDA SIMPLES, DIAMETRO 4,2 MM, COMPRIMENTO * 32 * MM","UN",436,{"$f":"VLOOKUP(D382&E382,'TABELA SICRO-SINAPI-ORSE'!A:G,7,FALSE)","v":0.18},0.14692012195121973,0.20644562195121954,90.010291170731719,false]
[null,"3.2.8.82","INSUMO SINAPI",4356,"SINAPI","PARAFUSO DE ACO ZINCADO COM ROSCA SOBERBA, CABECA CHATA E FENDA SIMPLES, DIAMETRO 4,8 MM, COMPRIMENTO 45 MM","UN",188,{"$f":"VLOOKUP(D383&E383,'TABELA SICRO-SINAPI-ORSE'!A:G,7,FALSE)","v":0.25},0.14692012195121973,0.28673003048780493,53.905245731707325,false]
[null,"3.2.8.83","INSUMO SINAPI",4300,"SINAPI","PARAFUSO ZINCADO ROSCA SOBERBA, CABECA SEXTAVADA, 5/16 \" X 50 MM, PARA FIXACAO DE TELHA EM MADEIRA","UN",154,{"$f":"VLOOKUP(D384&E384,'TABELA SICRO-SINAPI-ORSE'!A:G,7,FALSE)","v":1.0900000000000001},0.14692012195121973,1.2501429329268297,192.52201167073176,false]
[null,"3.2.8.84","INSUMO SINAPI",11962,"SINAPI","PARAFUSO ZINCADO, SEXTAVADO, COM ROSCA INTEIRA, DIAMETRO 1/4\", COMPRIMENTO 1/2\"","UN",1825,{"$f":"VLOOKUP(D385&E385,'TABELA SICRO-SINAPI-ORSE'!A:G,7,FALSE)","v":0.21},0.14692012195121973,0.24085322560975614,439.55713673780497,false]
[null,"3.2.8.85","INSUMO SINAPI",39350,"SINAPI","TAMPA PARA CONDULETE, EM PVC, PARA 1 MODULO RJ","UN",70,{"$f":"VLOOKUP(D386&E386,'TABELA SICRO-SINAPI-ORSE'!A:G,7,FALSE)","v":4.25},0.14692012195121973,4.8744105182926836,341.20873628048787,false]
[null,"3.2.8.86","INSUMO SINAPI",39352,"SINAPI","TAMPA PARA CONDULETE, EM PVC, PARA TOMADA HEXAGONAL","UN",378,{"$f":"VLOOKUP(D387&E387,'TABELA SICRO-SINAPI-ORSE'!A:G,7,FALSE)","v":3.95},0.14692012195121973,4.5303344817073183,1712.4664340853662,false]
[null,"3.2.8.87","INSUMO SINAPI",39346,"SINAPI","TAMPA PARA CONDULETE, EM PVC, PARA 1 INTERRUPTOR","UN",39,{"$f":"VLOOKUP(D388&E388,'TABELA SICRO-SINAPI-ORSE'!A:G,7,FALSE)","v":3.95},0.14692012195121973,4.5303344817073183,176.68304478658541,false]
[null,"3.2.8.88","INSUMO SINAPI",39997,"SINAPI","PORCA ZINCADA, SEXTAVADA, DIAMETRO 1/4\"","UN",6359,{"$f":"VLOOKUP(D389&E389,'TABELA SICRO-SINAPI-ORSE'!A:G,7,FALSE)","v":0.28999999999999998},0.14692012195121973,0.33260683536585373,2115.0468660914639,false]
[null,"3.2.8.89","INSUMO SINAPI",39996,"SINAPI","VERGALHAO ZINCADO ROSCA TOTAL, 1/4 \" (6,3 MM)","M",1979,{"$f":"VLOOKUP(D390&E390,'TABELA SICRO-SINAPI-ORSE'!A:G,7,FALSE)","v":4.5999999999999996},0.14692012195121973,5.2758325609756103,10440.872638170733,false]
[null,"3.2.8.90","INSUMO ORSE",11348,"ORSE","ABRAÇADEIRA TIPO U, D=1\",  P/ ELETRODUTOS","UN",436,{"$f":"VLOOKUP(D391&E391,'TABELA SICRO-SINAPI-ORSE'!A:G,7,FALSE)","v":0.65},0.14692012195121973,0.74549807926829281,325.03716256097567,false]
[null,"3.2.8.91","INSUMO ORSE",295,"ORSE","ABRAÇADEIRA TIPO U, D=26MM (3/4\") C/ FIXAÇÕES,  P/ TUBO GALVANIZADO","UN",1162,{"$f":"VLOOKUP(D392&E392,'TABELA SICRO-SINAPI-ORSE'!A:G,7,FALSE)","v":0.55000000000000004},0.14692012195121973,0.63080606707317088,732.99664993902456,false]
[null,"3.2.8.92","INSUMO SINAPI",400,"SINAPI","ABRACADEIRA EM ACO PARA AMARRACAO DE ELETRODUTOS, TIPO D, COM 3/4\" E PARAFUSO DE FIXACAO","UN",42,{"$f":"VLOOKUP(D393&E393,'TABELA SICRO-SINAPI-ORSE'!A:G,7,FALSE)","v":2.89},0.14692012195121973,3.3145991524390253,139.21316440243905,false]
[null,"3.2.8.93","COMPOSIÇÃO ORSE",11855,"ORSE","CABO BLINDADO PARA ALARME E DETECÇÃO DE INCÊNCIO 3 X 1,5MM2","M",210,{"$f":"VLOOKUP(D394&E394,'TABELA SICRO-SINAPI-ORSE'!A:G,7,FALSE)","v":21.72},{"$f":"$L$4","v":0.20796173004820551},26.236928776647023,5509.7550430958745,false]
[null,"3.2.8.94","INSUMO SINAPI",39253,"SINAPI","ELETRODUTO/CONDULETE DE PVC RIGIDO, LISO, COR CINZA, DE 3/4\", PARA INSTALACOES APARENTES (NBR 5410)","M",50,{"$f":"VLOOKUP(D395&E395,'TABELA SICRO-SINAPI-ORSE'!A:G,7,FALSE)","v":17.059999999999999},{"$f":"$L$5","v":0.14692012195121973},19.566457280487807,978.32286402439036,false]
[null,"3.2.8.95","INSUMO SINAPI",39465,"SINAPI","DISPOSITIVO DPS CLASSE II, 1 POLO, TENSAO MAXIMA DE 175 V, CORRENTE MAXIMA DE *20* KA (TIPO AC)","UN",7,{"$f":"VLOOKUP(D396&E396,'TABELA SICRO-SINAPI-ORSE'!A:G,7,FALSE)","v":75.11},0.14692012195121973,86.145170359756108,603.01619251829277,false]
[null,"3.2.8.96","INSUMO ORSE",857,"ORSE","ELETROCALHA METÁLICA PERFURADA  50 X 50 X 3000 MM (REF. VALEMAM OU SIMILAR)","UN",35.4,{"$f":"VLOOKUP(D397&E397,'TABELA SICRO-SINAPI-ORSE'!A:G,7,FALSE)","v":29},0.14692012195121973,33.260683536585375,1177.4281971951223,false]
[null,"3.2.8.97","INSUMO ORSE",12668,"ORSE","CRUZETA 100 X 100 MM PARA ELETROCALHA PERFURADA METÁLICA (REF.: MOPA OU SIMILAR)","UN",1,{"$f":"VLOOKUP(D398&E398,'TABELA SICRO-SINAPI-ORSE'!A:G,7,FALSE)","v":83.95},0.14692012195121973,{"$f":"I398*(1+J398)","v":96.283944237804903},{"$f":"K398*H398","v":96.283944237804903},false]
[null,"3.2.8.98","INSUMO ORSE",3633,"ORSE","ELETROCALHA METÁLICA PERFURADA 100 X 100 X 3000MM, PESO, 2,20KG/M,  (REF.: MOPA OU SIMILAR)","UN",143.1,{"$f":"VLOOKUP(D399&E399,'TABELA SICRO-SINAPI-ORSE'!A:G,7,FALSE)","v":77.3},0.14692012195121973,88.656925426829275,12686.806028579269,false]
[null,"3.2.8.99","INSUMO ORSE",4105,"ORSE","FLANGE 100 X 100MM PARA ELETROCALHA METÁLICA (REF. MOPA OU SIMILAR)","UN",6,{"$f":"VLOOKUP(D400&E400,'TABELA SICRO-SINAPI-ORSE'!A:G,7,FALSE)","v":12.5},0.14692012195121973,14.336501524390247,86.019009146341489,false]
[null,"3.2.8.100","COMPOSIÇÃO SINAPI",92998,"SINAPI","CABO UNIPOLAR (COBRE) - 185MM² ISOL. XLPE - 0,6/1KV (REF. PRYSMIAN VOLTALENE ECOLENE)","M",40,{"$f":"VLOOKUP(D401&E401,'TABELA SICRO-SINAPI-ORSE'!A:G,7,FALSE)","v":203.16},0.14692012195121973,233.00829197560981,9320.3316790243916,false]
[null,"3.2.8.101","COMPOSIÇÃO SINAPI",92992,"SINAPI","CABO UNIPOLAR (COBRE) - 95MM² ISOL. XLPE - 0,6/1KV (REF. PRYSMIAN VOLTALENE ECOLENE)","M",89.16,{"$f":"VLOOKUP(D402&E402,'TABELA SICRO-SINAPI-ORSE'!A:G,7,FALSE)","v":105.33},0.14692012195121973,120.80509644512198,10770.982399047074,false]
[null,"3.2.8.102","COMPOSIÇÃO SINAPI",91980,"SINAPI","INTERRUPTOR BIPOLAR DR (FASE/NEUTRO - IN 30MA) - DIN 40 A","UN",38,{"$f":"VLOOKUP(D403&E403,'TABELA SICRO-SINAPI-ORSE'!A:G,7,FALSE)","v":38.81},0.14692012195121973,44.511969932926839,1691.4548574512198,false]
[null,"3.2.8.103","COMPOSIÇÃO SINAPI",91980,"SINAPI","INTERRUPTOR BIPOLAR DR (FASE/NEUTRO - IN 30MA) - DIN 63 A","UN",7,{"$f":"VLOOKUP(D404&E404,'TABELA SICRO-SINAPI-ORSE'!A:G,7,FALSE)","v":38.81},0.14692012195121973,44.511969932926839,311.58378953048788,false]
[null,"3.2.8.104","INSUMO SINAPI",38193,"SINAPI","LÂMPADAS LED CLASSIC A 7W","UN",8,{"$f":"VLOOKUP(D405&E405,'TABELA SICRO-SINAPI-ORSE'!A:G,7,FALSE)","v":6.08},0.14692012195121973,6.9732743414634157,55.786194731707326,false]
[null,"3.2.8.105","INSUMO SINAPI",38889,"SINAPI","LUMINÁRIA SOQUETE BASE E 27","UN",8,{"$f":"VLOOKUP(D406&E406,'TABELA SICRO-SINAPI-ORSE'!A:G,7,FALSE)","v":52.05},0.14692012195121973,59.697192347560986,477.57753878048788,false]
[null,"3.2.9","INSTALAÇÕES HIDRÁULICAS ",{"$nulls":4},1,null,null,null,{"$f":"SUBTOTAL(109,L408:L477)","v":640706.67317420337}]
[null,"3.2.9.1","SANITÁRIO",{"$nulls":4},1,null,null,null,{"$f":"SUBTOTAL(109,L409:L429)","v":7717.9903161478087}]
[null,"3.2.9.1.1","COMPOSIÇÃO ORSE",9383,"ORSE","CAIXA SIFONADA QUADRADA, COM TRÊS ENTRADAS E UMA SAIDA, D = 100X150X50MM, BRANCO, COM GRELHA, AKROS OU SIMILAR","UN",3,{"$f":"VLOOKUP(D409&E409,'TABELA SICRO-SINAPI-ORSE'!A:G,7,FALSE)","v":37.880000000000003},{"$f":"$L$4","v":0.20796173004820551},{"$f":"I409*(1+J409)","v":45.75759033422603},{"$f":"K409*H409","v":137.2727710026781},{"$f":"ISTEXT(H409)","v":false}]
[null,"3.2.9.1.2","COMPOSIÇÃO ORSE",1695,"ORSE","CAIXA SIFONADA QUADRADA, COM SETE ENTRADAS E UMA SAÍDA, D = 150 X 150 X 50MM, REF. Nº25, ACABAMENTO BRANCO, MARCA AKROS OU SIMILAR","UN",1,{"$f":"VLOOKUP(D410&E410,'TABELA SICRO-SINAPI-ORSE'!A:G,7,FALSE)","v":53.69},0.20796173004820551,64.855465286288151,64.855465286288151,false]
[null,"3.2.9.1.3","INSUMO SINAPI",6153,"SINAPI","VALVULA EM PLASTICO BRANCO PARA TANQUE OU LAVATORIO 1 \", SEM UNHO E SEM LADRAO","UN",8,{"$f":"VLOOKUP(D411&E411,'TABELA SICRO-SINAPI-ORSE'!A:G,7,FALSE)","v":5.82},{"$f":"$L$5","v":0.14692012195121973},6.675075109756099,53.400600878048792,false]
[null,"3.2.9.1.4","COMPOSIÇÃO SINAPI",86878,"SINAPI","VÁLVULA EM METAL CROMADO TIPO AMERICANA 1\" PARA PIA - FORNECIMENTO E INSTALAÇÃO. AF_01/2020","UN",4,{"$f":"VLOOKUP(D412&E412,'TABELA SICRO-SINAPI-ORSE'!A:G,7,FALSE)","v":78.709999999999994},{"$f":"$L$4","v":0.20796173004820551},95.078667772094249,380.314671088377,false]
[null,"3.2.9.1.5","INSUMO SINAPI",20086,"SINAPI","BUCHA DE REDUCAO DE PVC, SOLDAVEL, LONGA, 50 X 40 MM, PARA ESGOTO PREDIAL","UN",2,{"$f":"VLOOKUP(D413&E413,'TABELA SICRO-SINAPI-ORSE'!A:G,7,FALSE)","v":2.73},{"$f":"$L$5","v":0.14692012195121973},3.1310919329268296,6.2621838658536593,false]
[null,"3.2.9.1.6","INSUMO SINAPI",10836,"SINAPI","JOELHO PVC COM VISITA, 90 GRAUS, DN 100 X 50 MM, SERIE NORMAL, PARA ESGOTO PREDIAL","UN",6,{"$f":"VLOOKUP(D414&E414,'TABELA SICRO-SINAPI-ORSE'!A:G,7,FALSE)","v":17.940000000000001},0.14692012195121973,20.575746987804884,123.4544819268293,false]
[null,"3.2.9.1.7","COMPOSIÇÃO SINAPI",86882,"SINAPI","SIFÃO DO TIPO GARRAFA/COPO EM PVC 1.1/4  X 1.1/2\" - FORNECIMENTO E INSTALAÇÃO. AF_01/2020","UN",32,{"$f":"VLOOKUP(D415&E415,'TABELA SICRO-SINAPI-ORSE'!A:G,7,FALSE)","v":23.16},{"$f":"$L$4","v":0.20796173004820551},27.97639366791644,895.24459737332609,false]
[null,"3.2.9.1.8","INSUMO SINAPI",37949,"SINAPI","JOELHO PVC, SOLDAVEL, PB, 90 GRAUS, DN 40 MM, PARA ESGOTO PREDIAL","UN",2,{"$f":"VLOOKUP(D416&E416,'TABELA SICRO-SINAPI-ORSE'!A:G,7,FALSE)","v":1.96},{"$f":"$L$5","v":0.14692012195121973},2.2479634390243906,4.4959268780487811,false]
[null,"3.2.9.1.9","INSUMO SINAPI",3526,"SINAPI","JOELHO PVC, SOLDAVEL, PB, 90 GRAUS, DN 50 MM, PARA ESGOTO PREDIAL","UN",8,{"$f":"VLOOKUP(D417&E417,'TABELA SICRO-SINAPI-ORSE'!A:G,7,FALSE)","v":2.7},0.14692012195121973,3.0966843292682933,24.773474634146346,false]
[null,"3.2.9.1.10","COMPOSIÇÃO ORSE",1672,"ORSE","JOELHO DE 90°COM BOLSA PARA ANEL, EM PVC RÍGIDO C/ ANÉIS, PARA ESGOTO SECUNDÁRIO, DIÂM = 40MM","UN",8,{"$f":"VLOOKUP(D418&E418,'TABELA SICRO-SINAPI-ORSE'!A:G,7,FALSE)","v":15.1},{"$f":"$L$4","v":0.20796173004820551},18.240222123727904,145.92177698982323,false]
[null,"3.2.9.1.11","INSUMO SINAPI",1933,"SINAPI","CURVA PVC CURTA 90 GRAUS, DN 40 MM, PARA ESGOTO PREDIAL","UN",10,{"$f":"VLOOKUP(D419&E419,'TABELA SICRO-SINAPI-ORSE'!A:G,7,FALSE)","v":4.4400000000000004},{"$f":"$L$5","v":0.14692012195121973},5.0923253414634164,50.923253414634161,false]
[null,"3.2.9.1.12","INSUMO SINAPI",20144,"SINAPI","JUNCAO SIMPLES, PVC SERIE R, DN 100 X 100 MM, PARA ESGOTO OU AGUAS PLUVIAIS PREDIAIS","UN",2,{"$f":"VLOOKUP(D420&E420,'TABELA SICRO-SINAPI-ORSE'!A:G,7,FALSE)","v":47.87},0.14692012195121973,54.903066237804886,109.80613247560977,false]
[null,"3.2.9.1.13","INSUMO SINAPI",3875,"SINAPI","LUVA SIMPLES, PVC, SOLDAVEL, DN 50 MM, SERIE NORMAL, PARA ESGOTO PREDIAL","UN",10,{"$f":"VLOOKUP(D421&E421,'TABELA SICRO-SINAPI-ORSE'!A:G,7,FALSE)","v":2.92},0.14692012195121973,3.3490067560975616,33.490067560975618,false]
[null,"3.2.9.1.14","INSUMO SINAPI",3899,"SINAPI","LUVA SIMPLES, PVC, SOLDAVEL, DN 100 MM, SERIE NORMAL, PARA ESGOTO PREDIAL","UN",12,{"$f":"VLOOKUP(D422&E422,'TABELA SICRO-SINAPI-ORSE'!A:G,7,FALSE)","v":5.79},0.14692012195121973,6.6406675060975626,79.688010073170744,false]
[null,"3.2.9.1.15","INSUMO SINAPI",4723,"SINAPI","PEDRA BRITADA N. 4 (50 A 76 MM) POSTO PEDREIRA/FORNECEDOR, SEM FRETE","M3",1.2,{"$f":"VLOOKUP(D423&E423,'TABELA SICRO-SINAPI-ORSE'!A:G,7,FALSE)","v":260.83},0.14692012195121973,299.15117540853663,358.98141049024395,false]
[null,"3.2.9.1.16","COMPOSIÇÃO SINAPI",94964,"SINAPI","CONCRETO FCK = 20MPA, TRAÇO 1:2,7:3 (EM MASSA SECA DE CIMENTO/ AREIA MÉDIA/ BRITA 1) - PREPARO MECÂNICO COM BETONEIRA 400 L. AF_05/2021","M3",1.75,{"$f":"VLOOKUP(D424&E424,'TABELA SICRO-SINAPI-ORSE'!A:G,7,FALSE)","v":703.46},{"$f":"$L$4","v":0.20796173004820551},849.75275861971068,1487.0673275844938,false]
[null,"3.2.9.1.17","COMPOSIÇÃO ORSE",1527,"ORSE","TUBO PVC RÍGIDO SOLDÁVEL PONTA E BOLSA P/ ESGOTO PREDIAL, D = 100 MM","M",70.73,{"$f":"VLOOKUP(D425&E425,'TABELA SICRO-SINAPI-ORSE'!A:G,7,FALSE)","v":37.86},0.20796173004820551,45.733431099625058,3234.7255816764805,false]
[null,"3.2.9.1.18","INSUMO SINAPI",9837,"SINAPI","TUBO PVC SERIE NORMAL, DN 75 MM, PARA ESGOTO PREDIAL (NBR 5688)","M",9.8699999999999992,{"$f":"VLOOKUP(D426&E426,'TABELA SICRO-SINAPI-ORSE'!A:G,7,FALSE)","v":12.47},{"$f":"$L$5","v":0.14692012195121973},14.302093920731711,141.16166699762198,false]
[null,"3.2.9.1.19","INSUMO SINAPI",9838,"SINAPI","TUBO PVC SERIE NORMAL, DN 50 MM, PARA ESGOTO PREDIAL (NBR 5688)","M",8.09,{"$f":"VLOOKUP(D427&E427,'TABELA SICRO-SINAPI-ORSE'!A:G,7,FALSE)","v":9.5},0.14692012195121973,10.895741158536588,88.146545972560986,false]
[null,"3.2.9.1.20","INSUMO SINAPI",9836,"SINAPI","TUBO PVC  SERIE NORMAL, DN 100 MM, PARA ESGOTO  PREDIAL (NBR 5688)","M",9.5299999999999994,{"$f":"VLOOKUP(D428&E428,'TABELA SICRO-SINAPI-ORSE'!A:G,7,FALSE)","v":13.17},0.14692012195121973,15.104938006097564,143.95005919810978,false]
[null,"3.2.9.1.21","INSUMO SINAPI",9835,"SINAPI","TUBO PVC  SERIE NORMAL, DN 40 MM, PARA ESGOTO  PREDIAL (NBR 5688)","M",23.36,{"$f":"VLOOKUP(D429&E429,'TABELA SICRO-SINAPI-ORSE'!A:G,7,FALSE)","v":5.75},0.14692012195121973,6.5947907012195133,154.05431078048784,false]
[null,"3.2.9.2","HIDRÁULICO",{"$nulls":4},1,null,null,null,{"$f":"SUBTOTAL(109,L431:L460)","v":32298.451529973408}]
[null,"3.2.9.2.1","INSUMO SINAPI",6140,"SINAPI","BOLSA DE LIGACAO EM PVC FLEXIVEL PARA VASO SANITARIO 1.1/2 \" (40 MM)","UN",1,{"$f":"VLOOKUP(D431&E431,'TABELA SICRO-SINAPI-ORSE'!A:G,7,FALSE)","v":3.91},{"$f":"$L$5","v":0.14692012195121973},{"$f":"I431*(1+J431)","v":4.484457676829269},{"$f":"K431*H431","v":4.484457676829269},{"$f":"ISTEXT(H431)","v":false}]
[null,"3.2.9.2.2","INSUMO SINAPI",3463,"SINAPI","COTOVELO DE REDUCAO 90 GRAUS DE FERRO GALVANIZADO, COM ROSCA BSP, DE 1\" X 1/2\"","UN",1,{"$f":"VLOOKUP(D432&E432,'TABELA SICRO-SINAPI-ORSE'!A:G,7,FALSE)","v":19.73},0.14692012195121973,22.628734006097567,22.628734006097567,false]
[null,"3.2.9.2.3","COMPOSIÇÃO SINAPI",86931,"SINAPI","VASO SANITÁRIO SIFONADO COM CAIXA ACOPLADA LOUÇA BRANCA, INCLUSO ENGATE FLEXÍVEL EM PLÁSTICO BRANCO, 1/2  X 40CM - FORNECIMENTO E INSTALAÇÃO. AF_01/2020","UN",18,{"$f":"VLOOKUP(D433&E433,'TABELA SICRO-SINAPI-ORSE'!A:G,7,FALSE)","v":469.07},{"$f":"$L$4","v":0.20796173004820551},566.61860871371175,10199.134956846812,false]
[null,"3.2.9.2.4","INSUMO SINAPI",6016,"SINAPI","REGISTRO GAVETA BRUTO EM LATAO FORJADO, BITOLA 3/4 \" (REF 1509)","UN",6,{"$f":"VLOOKUP(D434&E434,'TABELA SICRO-SINAPI-ORSE'!A:G,7,FALSE)","v":36.479999999999997},{"$f":"$L$5","v":0.14692012195121973},41.839646048780494,251.03787629268297,false]
[null,"3.2.9.2.5","INSUMO SINAPI",6036,"SINAPI","REGISTRO DE ESFERA PVC, COM BORBOLETA, COM ROSCA EXTERNA, DE 1/2\"","UN",1,{"$f":"VLOOKUP(D435&E435,'TABELA SICRO-SINAPI-ORSE'!A:G,7,FALSE)","v":17.02},0.14692012195121973,19.520580475609759,19.520580475609759,false]
[null,"3.2.9.2.6","COMPOSIÇÃO SINAPI",86884,"SINAPI","ENGATE FLEXÍVEL EM PLÁSTICO BRANCO, 1/2\" X 30CM - FORNECIMENTO E INSTALAÇÃO. AF_01/2020","UN",8,{"$f":"VLOOKUP(D436&E436,'TABELA SICRO-SINAPI-ORSE'!A:G,7,FALSE)","v":10.54},{"$f":"$L$4","v":0.20796173004820551},12.731916634708085,101.85533307766468,false]
[null,"3.2.9.2.7","COMPOSIÇÃO SINAPI",86885,"SINAPI","ENGATE FLEXÍVEL EM COBRE, 1/2\" X 30CM - FORNECIMENTO E INSTALAÇÃO. AF_01/2020","UN",7,{"$f":"VLOOKUP(D437&E437,'TABELA SICRO-SINAPI-ORSE'!A:G,7,FALSE)","v":12.1},0.20796173004820551,14.616336933583286,102.314358535083,false]
[null,"3.2.9.2.8","INSUMO SINAPI",7139,"SINAPI","TE SOLDAVEL, PVC, 90 GRAUS, 25 MM, PARA AGUA FRIA PREDIAL (NBR 5648)","UN",30,{"$f":"VLOOKUP(D438&E438,'TABELA SICRO-SINAPI-ORSE'!A:G,7,FALSE)","v":1.1100000000000001},{"$f":"$L$5","v":0.14692012195121973},1.2730813353658541,38.19244006097562,false]
[null,"3.2.9.2.9","COMPOSIÇÃO SINAPI",92694,"SINAPI","NIPLE, EM FERRO GALVANIZADO, CONEXÃO ROSQUEADA, DN 20 (3/4\"), INSTALADO EM RAMAIS E SUB-RAMAIS DE GÁS - FORNECIMENTO E INSTALAÇÃO. AF_10/2020","UN",2,{"$f":"VLOOKUP(D439&E439,'TABELA SICRO-SINAPI-ORSE'!A:G,7,FALSE)","v":21.87},{"$f":"$L$4","v":0.20796173004820551},26.418123036154256,52.836246072308512,false]
[null,"3.2.9.2.10","INSUMO SINAPI",767,"SINAPI","BUCHA DE REDUCAO DE FERRO GALVANIZADO, COM ROSCA BSP, DE 1 1/2\" X 3/4\"","UN",1,{"$f":"VLOOKUP(D440&E440,'TABELA SICRO-SINAPI-ORSE'!A:G,7,FALSE)","v":23.11},{"$f":"$L$5","v":0.14692012195121973},26.505324018292686,26.505324018292686,false]
[null,"3.2.9.2.11","INSUMO SINAPI",3908,"SINAPI","LUVA DE FERRO GALVANIZADO, COM ROSCA BSP, DE 1/2\"","UN",1,{"$f":"VLOOKUP(D441&E441,'TABELA SICRO-SINAPI-ORSE'!A:G,7,FALSE)","v":6.76},0.14692012195121973,7.7531800243902449,7.7531800243902449,false]
[null,"3.2.9.2.12","INSUMO SINAPI",13415,"SINAPI","TORNEIRA DE MESA/BANCADA, PARA LAVATORIO, FIXA, METALICA CROMADA, PADRAO POPULAR, 1/2 \" OU 3/4 \" (REF 1193)","UN",9,{"$f":"VLOOKUP(D442&E442,'TABELA SICRO-SINAPI-ORSE'!A:G,7,FALSE)","v":114.13},0.14692012195121973,130.89799351829271,1178.0819416646343,false]
[null,"3.2.9.2.13","COMPOSIÇÃO SINAPI",86911,"SINAPI","TORNEIRA CROMADA LONGA, DE PAREDE, 1/2\" OU 3/4\", PARA PIA DE COZINHA, PADRÃO POPULAR - FORNECIMENTO E INSTALAÇÃO. AF_01/2020","UN",4,{"$f":"VLOOKUP(D443&E443,'TABELA SICRO-SINAPI-ORSE'!A:G,7,FALSE)","v":136.86000000000001},{"$f":"$L$4","v":0.20796173004820551},165.32164237439741,661.28656949758965,false]
[null,"3.2.9.2.14","COMPOSIÇÃO SINAPI",92688,"SINAPI","TUBO DE AÇO GALVANIZADO COM COSTURA, CLASSE MÉDIA, CONEXÃO ROSQUEADA, DN 20 (3/4\"), INSTALADO EM RAMAIS E SUB-RAMAIS DE GÁS - FORNECIMENTO E INSTALAÇÃO. AF_10/2020","M",0.97,{"$f":"VLOOKUP(D444&E444,'TABELA SICRO-SINAPI-ORSE'!A:G,7,FALSE)","v":37.799999999999997},0.20796173004820551,45.660953395822162,44.291124793947496,false]
[null,"3.2.9.2.15","COMPOSIÇÃO SINAPI",97536,"SINAPI","TUBO DE AÇO GALVANIZADO COM COSTURA, CLASSE MÉDIA, CONEXÃO ROSQUEADA, DN 25 (1\"), INSTALADO EM RAMAIS  E SUB-RAMAIS DE GÁS - FORNECIMENTO E INSTALAÇÃO. AF_10/2020","M",4.3499999999999996,{"$f":"VLOOKUP(D445&E445,'TABELA SICRO-SINAPI-ORSE'!A:G,7,FALSE)","v":57.93},0.20796173004820551,69.977223021692538,304.40092014436249,false]
[null,"3.2.9.2.16","COMPOSIÇÃO SINAPI",100859,"SINAPI","MICTÓRIO SIFONADO LOUÇA BRANCA PARA ENTRADA DE ÁGUA EMBUTIDA - PADRÃO ALTO - FORNECIMENTO E INSTALAÇÃO. AF_01/2020","UN",2,{"$f":"VLOOKUP(D446&E446,'TABELA SICRO-SINAPI-ORSE'!A:G,7,FALSE)","v":940.45},0.20796173004820551,1136.0276090238349,2272.0552180476698,false]
[null,"3.2.9.2.17","INSUMO SINAPI",3542,"SINAPI","JOELHO PVC, SOLDAVEL, 90 GRAUS, 20 MM, COR MARROM, PARA AGUA FRIA PREDIAL","UN",1,{"$f":"VLOOKUP(D447&E447,'TABELA SICRO-SINAPI-ORSE'!A:G,7,FALSE)","v":0.54},{"$f":"$L$5","v":0.14692012195121973},0.61933686585365866,0.61933686585365866,false]
[null,"3.2.9.2.18","INSUMO SINAPI",3505,"SINAPI","JOELHO PVC, ROSCAVEL, 90 GRAUS, 3/4\", COR BRANCA, PARA AGUA FRIA PREDIAL","UN",3,{"$f":"VLOOKUP(D448&E448,'TABELA SICRO-SINAPI-ORSE'!A:G,7,FALSE)","v":2.42},0.14692012195121973,2.7755466951219518,8.326640085365856,false]
[null,"3.2.9.2.19","INSUMO SINAPI",3496,"SINAPI","JOELHO DE REDUCAO, PVC, ROSCAVEL, 90 GRAUS, 3/4\" X 1/2\", COR BRANCA, PARA AGUA FRIA PREDIAL","UN",5,{"$f":"VLOOKUP(D449&E449,'TABELA SICRO-SINAPI-ORSE'!A:G,7,FALSE)","v":3.1},0.14692012195121973,3.5554523780487814,17.777261890243906,false]
[null,"3.2.9.2.20","INSUMO SINAPI",9856,"SINAPI","TUBO PVC, ROSCAVEL, 1/2\", AGUA FRIA PREDIAL","M",0.28000000000000003,{"$f":"VLOOKUP(D450&E450,'TABELA SICRO-SINAPI-ORSE'!A:G,7,FALSE)","v":7.32},0.14692012195121973,8.3954552926829287,2.3507274819512203,false]
[null,"3.2.9.2.21","COMPOSIÇÃO SINAPI",89376,"SINAPI","ADAPTADOR CURTO COM BOLSA E ROSCA PARA REGISTRO, PVC, SOLDÁVEL, DN 20MM X 1/2 , INSTALADO EM RAMAL OU SUB-RAMAL DE ÁGUA - FORNECIMENTO E INSTALAÇÃO. AF_06/2022","UN",1,{"$f":"VLOOKUP(D451&E451,'TABELA SICRO-SINAPI-ORSE'!A:G,7,FALSE)","v":4.9400000000000004},{"$f":"$L$4","v":0.20796173004820551},5.9673309464381354,5.9673309464381354,false]
[null,"3.2.9.2.22","COMPOSIÇÃO SINAPI",89383,"SINAPI","ADAPTADOR CURTO COM BOLSA E ROSCA PARA REGISTRO, PVC, SOLDÁVEL, DN 25MM X 3/4 , INSTALADO EM RAMAL OU SUB-RAMAL DE ÁGUA - FORNECIMENTO E INSTALAÇÃO. AF_06/2022","UN",10,{"$f":"VLOOKUP(D452&E452,'TABELA SICRO-SINAPI-ORSE'!A:G,7,FALSE)","v":5.77},0.20796173004820551,6.9699391823781456,69.699391823781454,false]
[null,"3.2.9.2.23","INSUMO ORSE",124,"ORSE","ADAPTADOR PVC RIGIDO SOLDAVEL C/ FLANGES LIVRES P/ CAIXA AGUA D=  50MM X 1 1/2\"","UN",1,{"$f":"VLOOKUP(D453&E453,'TABELA SICRO-SINAPI-ORSE'!A:G,7,FALSE)","v":24.75},{"$f":"$L$5","v":0.14692012195121973},28.386273018292687,28.386273018292687,false]
[null,"3.2.9.2.24","INSUMO SINAPI",9867,"SINAPI","TUBO PVC, SOLDAVEL, DE 20 MM, AGUA FRIA (NBR-5648)","M",41.92,{"$f":"VLOOKUP(D454&E454,'TABELA SICRO-SINAPI-ORSE'!A:G,7,FALSE)","v":3.39},0.14692012195121973,3.888059213414635,162.9874422263415,false]
[null,"3.2.9.2.25","INSUMO SINAPI",9868,"SINAPI","TUBO PVC, SOLDAVEL, DE 25 MM, AGUA FRIA (NBR-5648)","M",58.61,{"$f":"VLOOKUP(D455&E455,'TABELA SICRO-SINAPI-ORSE'!A:G,7,FALSE)","v":3.83},0.14692012195121973,4.3927040670731721,257.4563853711586,false]
[null,"3.2.9.2.26","INSUMO SINAPI",9869,"SINAPI","TUBO PVC, SOLDAVEL, DE 32 MM, AGUA FRIA (NBR-5648)","M",18.739999999999998,{"$f":"VLOOKUP(D456&E456,'TABELA SICRO-SINAPI-ORSE'!A:G,7,FALSE)","v":8.26},0.14692012195121973,9.4735602073170746,177.53451828512198,false]
[null,"3.2.9.2.27","INSUMO SINAPI",3524,"SINAPI","JOELHO PVC, SOLDAVEL, COM BUCHA DE LATAO, 90 GRAUS, 25 MM X 3/4\", PARA AGUA FRIA PREDIAL","UN",4,{"$f":"VLOOKUP(D457&E457,'TABELA SICRO-SINAPI-ORSE'!A:G,7,FALSE)","v":7.43},0.14692012195121973,8.5216165060975619,34.086466024390248,false]
[null,"3.2.9.2.28","INSUMO SINAPI",20147,"SINAPI","JOELHO PVC, SOLDAVEL, COM BUCHA DE LATAO, 90 GRAUS, 25 MM X 1/2\", PARA AGUA FRIA PREDIAL","UN",10,{"$f":"VLOOKUP(D458&E458,'TABELA SICRO-SINAPI-ORSE'!A:G,7,FALSE)","v":4.9400000000000004},0.14692012195121973,5.6657854024390257,56.657854024390261,false]
[null,"3.2.9.2.29","INSUMO SINAPI",3521,"SINAPI","JOELHO PVC, SOLDAVEL COM ROSCA, 90 GRAUS, 20 MM X 1/2\", COR MARROM, PARA AGUA FRIA PREDIAL","UN",3,{"$f":"VLOOKUP(D459&E459,'TABELA SICRO-SINAPI-ORSE'!A:G,7,FALSE)","v":1.82},0.14692012195121973,2.0873946219512201,6.2621838658536602,false]
[null,"3.2.9.2.30","INSUMO ORSE",462,"ORSE","CAIXA D'AGUA FIBRA VIDRO  3.000 LITROS - FORTLEV-TORRES (OU SIMILAR)","UN",12,{"$f":"VLOOKUP(D460&E460,'TABELA SICRO-SINAPI-ORSE'!A:G,7,FALSE)","v":1175.9000000000001},0.14692012195121973,1348.6633714024395,16183.960456829274,false]
[null,"3.2.9.3","PROJETO DE PREVENÇÃO DE INCÊNDIO",{"$nulls":4},1,null,null,null,{"$f":"SUBTOTAL(109,L462:L466)","v":33551.577003813007}]
[null,"3.2.9.3.1","COMPOSIÇÃO SINAPI",96765,"SINAPI","ABRIGO PARA HIDRANTE, 90X60X17CM, COM REGISTRO GLOBO ANGULAR 45 GRAUS 2 1/2\", ADAPTADOR STORZ 2 1/2\", MANGUEIRA DE INCÊNDIO 20M, REDUÇÃO 2 1/2\" X 1 1/2\" E ESGUICHO EM LATÃO 1 1/2\" - FORNECIMENTO E INSTALAÇÃO. AF_10/2020","UN",8,{"$f":"VLOOKUP(D462&E462,'TABELA SICRO-SINAPI-ORSE'!A:G,7,FALSE)","v":1730.44},{"$f":"$L$4","v":0.20796173004820551},{"$f":"I462*(1+J462)","v":2090.3052961446169},{"$f":"K462*H462","v":16722.442369156935},{"$f":"ISTEXT(H462)","v":false}]
[null,"3.2.9.3.2","COMPOSIÇÃO SINAPI",97599,"SINAPI","LUMINÁRIA DE EMERGÊNCIA, COM 30 LÂMPADAS LED DE 2 W, SEM REATOR - FORNECIMENTO E INSTALAÇÃO. AF_02/2020","UN",12,{"$f":"VLOOKUP(D463&E463,'TABELA SICRO-SINAPI-ORSE'!A:G,7,FALSE)","v":23.9},0.20796173004820551,{"$f":"I463*(1+J463)","v":28.870285348152109},{"$f":"K463*H463","v":346.44342417782531},false]
[null,"3.2.9.3.3","COMPOSIÇÃO SINAPI",101910,"SINAPI","EXTINTOR DE INCÊNDIO PORTÁTIL COM CARGA DE PQS DE 8 KG, CLASSE BC - FORNECIMENTO E INSTALAÇÃO. AF_10/2020_P","UN",24,{"$f":"VLOOKUP(D464&E464,'TABELA SICRO-SINAPI-ORSE'!A:G,7,FALSE)","v":527.79},0.20796173004820551,{"$f":"I464*(1+J464)","v":637.55012150214236},{"$f":"K464*H464","v":15301.202916051418},false]
[null,"3.2.9.3.4","INSUMO SINAPI",37557,"SINAPI","PLACA DE SINALIZACAO DE SEGURANCA CONTRA INCENDIO, FOTOLUMINESCENTE, QUADRADA, *14 X 14* CM, EM PVC *2* MM ANTI-CHAMAS (SIMBOLOS, CORES E PICTOGRAMAS CONFORME NBR 16820)","UN",30,{"$f":"VLOOKUP(D465&E465,'TABELA SICRO-SINAPI-ORSE'!A:G,7,FALSE)","v":17.93},{"$f":"$L$5","v":0.14692012195121973},{"$f":"I465*(1+J465)","v":20.564277786585368},{"$f":"K465*H465","v":616.92833359756105},false]
[null,"3.2.9.3.5","INSUMO SINAPI",38774,"SINAPI","LUMINARIA DE EMERGENCIA 30 LEDS, POTENCIA 2 W, BATERIA DE LITIO, AUTONOMIA DE 6 HORAS","UN",28,{"$f":"VLOOKUP(D466&E466,'TABELA SICRO-SINAPI-ORSE'!A:G,7,FALSE)","v":17.579999999999998},0.14692012195121973,{"$f":"I466*(1+J466)","v":20.162855743902441},{"$f":"K466*H466","v":564.55996082926833},false]
[null,"3.2.9.4","PINTURA",{"$nulls":4},1,null,null,null,{"$f":"SUBTOTAL(109,L468:L474)","v":447126.67198882427}]
[null,"3.2.9.4.1","COMPOSIÇÃO SINAPI",88485,"SINAPI","APLICAÇÃO DE FUNDO SELADOR ACRÍLICO EM PAREDES, UMA DEMÃO. AF_06/2014","M2",5728.96,{"$f":"VLOOKUP(D468&E468,'TABELA SICRO-SINAPI-ORSE'!A:G,7,FALSE)","v":3},{"$f":"$L$4","v":0.20796173004820551},{"$f":"I468*(1+J468)","v":3.6238851901446165},{"$f":"K468*H468","v":20761.093298930904},{"$f":"ISTEXT(H468)","v":false}]
[null,"3.2.9.4.2","COMPOSIÇÃO SINAPI",100754,"SINAPI","PINTURA COM TINTA ACRÍLICA DE ACABAMENTO APLICADA A ROLO OU PINCEL (EXCETO PERFIL) EXECUTADO EM OBRA (02 DEMÃOS). AF_01/2020","M2",5728.96,{"$f":"VLOOKUP(D469&E469,'TABELA SICRO-SINAPI-ORSE'!A:G,7,FALSE)","v":25.98},0.20796173004820551,31.382845746652379,179791.06796874161,false]
[null,"3.2.9.4.3","COMPOSIÇÃO SINAPI",88497,"SINAPI","APLICAÇÃO E LIXAMENTO DE MASSA LÁTEX EM PAREDES, DUAS DEMÃOS. AF_06/2014","M2",5728.96,{"$f":"VLOOKUP(D470&E470,'TABELA SICRO-SINAPI-ORSE'!A:G,7,FALSE)","v":15.29},0.20796173004820551,18.46973485243706,105812.37218021782,false]
[null,"3.2.9.4.4","COMPOSIÇÃO SINAPI",88484,"SINAPI","APLICAÇÃO DE FUNDO SELADOR ACRÍLICO EM TETO, UMA DEMÃO. AF_06/2014","M2",1223.0899999999999,{"$f":"VLOOKUP(D471&E471,'TABELA SICRO-SINAPI-ORSE'!A:G,7,FALSE)","v":3.84},0.20796173004820551,4.6385730433851089,5673.3923036338929,false]
[null,"3.2.9.4.5","COMPOSIÇÃO SINAPI",88496,"SINAPI","APLICAÇÃO E LIXAMENTO DE MASSA LÁTEX EM TETO, DUAS DEMÃOS. AF_06/2014","M2",1223.0899999999999,{"$f":"VLOOKUP(D472&E472,'TABELA SICRO-SINAPI-ORSE'!A:G,7,FALSE)","v":27.47},0.20796173004820551,33.182708724424202,40585.439213755992,false]
[null,"3.2.9.4.6","COMPOSIÇÃO SINAPI",88488,"SINAPI","APLICAÇÃO MANUAL DE PINTURA COM TINTA LÁTEX ACRÍLICA EM TETO, DUAS DEMÃOS. AF_06/2014","M2",1223.0899999999999,{"$f":"VLOOKUP(D473&E473,'TABELA SICRO-SINAPI-ORSE'!A:G,7,FALSE)","v":13.73},0.20796173004820551,16.585314553561862,20285.332377315975,false]
[null,"3.2.9.4.7","COMPOSIÇÃO SINAPI",100758,"SINAPI","PINTURA COM TINTA ALQUÍDICA DE ACABAMENTO (ESMALTE SINTÉTICO ACETINADO) APLICADA A ROLO OU PINCEL SOBRE SUPERFÍCIES METÁLICAS (EXCETO PERFIL) EXECUTADO EM OBRA (02 DEMÃOS). AF_01/2020","M2",1414.38,{"$f":"VLOOKUP(D474&E474,'TABELA SICRO-SINAPI-ORSE'!A:G,7,FALSE)","v":43.44},0.20796173004820551,52.473857553294046,74217.974646228045,false]
[null,"3.2.9.5","SERVIÇOS COMPLEMENTARES",{"$nulls":4},1,null,null,null,{"$f":"SUBTOTAL(109,L476:L477)","v":120011.9823354449}]
[null,"3.2.9.5.1","COMPOSIÇÃO ORSE",2450,"ORSE","LIMPEZA GERAL","M2",3400,{"$f":"VLOOKUP(D476&E476,'TABELA SICRO-SINAPI-ORSE'!A:G,7,FALSE)","v":2.39},{"$f":"$L$4","v":0.20796173004820551},{"$f":"I476*(1+J476)","v":2.8870285348152112},{"$f":"K476*H476","v":9815.8970183717174},{"$f":"ISTEXT(H476)","v":false}]
[null,"3.2.9.5.2","COTAÇÃO","-","","PLATAFORMA DE ACESSIBILIDADE (ELEVADOR) - FORNECIMENTO E MONTAGEM (INCLUSIVE FRETE E PORTÕES) - 2 PARADAS - CAPACIDADE MÍN 250 KG","UN",2,{"$f":"'Cotação Elevador'!J4","v":48040},{"$f":"$L$5","v":0.14692012195121973},{"$f":"I477*(1+J477)","v":55098.042658536593},{"$f":"K477*H477","v":110196.08531707319},false]
[null,"3.3","CENTRO CULTURAL",{"$nulls":8},{"$f":"SUBTOTAL(109,L479:L787)","v":2556965.9516148008}]
[null,"3.3.1","SERVIÇOS INICIAIS",{"$nulls":4},1,null,null,null,{"$f":"SUBTOTAL(109,L480:L491)","v":159753.02969773527}]
[null,"3.3.1.1","COMPOSIÇÃO SINAPI",98525,"SINAPI","LIMPEZA MECANIZADA DE CAMADA VEGETAL, VEGETAÇÃO E PEQUENAS ÁRVORES (DIÂMETRO DE TRONCO MENOR QUE 0,20 M), COM TRATOR DE ESTEIRAS.AF_05/2018","M2",400,{"$f":"VLOOKUP(D480&E480,'TABELA SICRO-SINAPI-ORSE'!A:G,7,FALSE)","v":0.62},{"$f":"$L$4","v":0.20796173004820551},{"$f":"I480*(1+J480)","v":0.74893627262988738},{"$f":"K480*H480","v":299.57450905195498},{"$f":"ISTEXT(H480)","v":false}]
[null,"3.3.1.2","COMPOSIÇÃO SINAPI",98526,"SINAPI","REMOÇÃO DE RAÍZES REMANESCENTES DE TRONCO DE ÁRVORE COM DIÂMETRO MAIOR OU IGUAL A 0,20 M E MENOR QUE 0,40 M.AF_05/2018","UN",7,{"$f":"VLOOKUP(D481&E481,'TABELA SICRO-SINAPI-ORSE'!A:G,7,FALSE)","v":112.78},0.20796173004820551,136.23392391483662,953.63746740385636,false]
[null,"3.3.1.3","COMPOSIÇÃO SINAPI",98529,"SINAPI","CORTE RASO E RECORTE DE ÁRVORE COM DIÂMETRO DE TRONCO MAIOR OU IGUAL A 0,20 M E MENOR QUE 0,40 M.AF_05/2018","UN",7,{"$f":"VLOOKUP(D482&E482,'TABELA SICRO-SINAPI-ORSE'!A:G,7,FALSE)","v":61.92},0.20796173004820551,74.796990324584883,523.57893227209422,false]
[null,"3.3.1.4","COMPOSIÇÃO SINAPI",101506,"SINAPI","ENTRADA DE ENERGIA ELÉTRICA, AÉREA, TRIFÁSICA, COM CAIXA DE SOBREPOR, CABO DE 16 MM2 E DISJUNTOR DIN 50A (NÃO INCLUSO O POSTE DE CONCRETO). AF_07/2020_P","UN",1,{"$f":"VLOOKUP(D483&E483,'TABELA SICRO-SINAPI-ORSE'!A:G,7,FALSE)","v":2035.66},0.20796173004820551,2458.9993753899303,2458.9993753899303,false]
[null,"3.3.1.5","COMPOSIÇÃO SINAPI",95636,"SINAPI","KIT CAVALETE PARA MEDIÇÃO DE ÁGUA - ENTRADA PRINCIPAL, EM AÇO GALVANIZADO DN 25 (1 )   FORNECIMENTO E INSTALAÇÃO (EXCLUSIVE HIDRÔMETRO). AF_11/2016","UN",1,{"$f":"VLOOKUP(D484&E484,'TABELA SICRO-SINAPI-ORSE'!A:G,7,FALSE)","v":383.13},0.20796173004820551,462.80637763336898,462.80637763336898,false]
[null,"3.3.1.6","COMPOSIÇÃO SINAPI",99059,"SINAPI","LOCACAO CONVENCIONAL DE OBRA, UTILIZANDO GABARITO DE TÁBUAS CORRIDAS PONTALETADAS A CADA 2,00M -  2 UTILIZAÇÕES. AF_10/2018","M",319.44,{"$f":"VLOOKUP(D485&E485,'TABELA SICRO-SINAPI-ORSE'!A:G,7,FALSE)","v":55},0.20796173004820551,66.437895152651308,21222.921227562932,false]
[null,"3.3.1.7","COMPOSIÇÃO SINAPI",93582,"SINAPI","EXECUÇÃO DE CENTRAL DE ARMADURA EM CANTEIRO DE OBRA, NÃO INCLUSO MOBILIÁRIO E EQUIPAMENTOS. AF_04/2016","M2",40,262.69,0.20796173004820551,317.31946686636309,12692.778674654524,false]
[null,"3.3.1.8","COMPOSIÇÃO SINAPI",98458,"SINAPI","TAPUME COM COMPENSADO DE MADEIRA. AF_05/2018","M2",894.43,{"$f":"VLOOKUP(D487&E487,'TABELA SICRO-SINAPI-ORSE'!A:G,7,FALSE)","v":104.25},0.20796173004820551,125.93001035752542,112635.57916408146,false]
[null,"3.3.1.9","COMPOSIÇÃO SINAPI",102207,"SINAPI","PINTURA TINTA DE ACABAMENTO (PIGMENTADA) A ÓLEO EM MADEIRA, 1 DEMÃO. AF_01/2021","M2",610.24,{"$f":"VLOOKUP(D488&E488,'TABELA SICRO-SINAPI-ORSE'!A:G,7,FALSE)","v":7.36},0.20796173004820551,8.8905983331547933,5425.3987268243809,false]
[null,"3.3.1.10","INSUMO SINAPI",4813,"SINAPI","PLACA DE OBRA (PARA CONSTRUCAO CIVIL) EM CHAPA GALVANIZADA *N. 22*, ADESIVADA, DE *2,0 X 1,125* M (SEM POSTES PARA FIXACAO)","M2",4.5,{"$f":"VLOOKUP(D489&E489,'TABELA SICRO-SINAPI-ORSE'!A:G,7,FALSE)","v":250},{"$f":"$L$5","v":0.14692012195121973},286.73003048780492,1290.2851371951222,false]
[null,"3.3.1.11","INSUMO SINAPI",4813,"SINAPI","PLACA DE OBRA (PARA CONSTRUCAO CIVIL) EM CHAPA GALVANIZADA *N. 22*, ADESIVADA, DE *2,0 X 1,125* M (SEM POSTES PARA FIXACAO)","M2",4.5,{"$f":"VLOOKUP(D490&E490,'TABELA SICRO-SINAPI-ORSE'!A:G,7,FALSE)","v":250},0.14692012195121973,286.73003048780492,1290.2851371951222,false]
[null,"3.3.1.12","COMPOSIÇÃO ORSE",8646,"ORSE","POSTE GALVANIZADO COM 5M PARA INSTALAÇÃO DE CÂMERA DE SEGURANÇA P/PENITENCIÁRIA","UN",1,{"$f":"VLOOKUP(D491&E491,'TABELA SICRO-SINAPI-ORSE'!A:G,7,FALSE)","v":411.59},{"$f":"$L$4","v":0.20796173004820551},497.18496847054087,497.18496847054087,false]
[null,"3.3.2","INFRAESTRUTURA",{"$nulls":4},1,null,null,null,{"$f":"SUBTOTAL(109,L493:L514)","v":123353.8481164223}]
[null,"3.3.2.1","ESTACAS",{"$nulls":4},1,null,null,null,{"$f":"SUBTOTAL(109,L494:L499)","v":71210.687360581709}]
[null,"3.3.2.1.1","COMPOSIÇÃO PRÓPRIA","1.1","","MOBILIZAÇÃO ","UN",1,{"$f":"'CPU Própria (sem des)'!M28","v":2082.125},{"$f":"$L$4","v":0.20796173004820551},{"$f":"I494*(1+J494)","v":2515.1273171766197},{"$f":"K494*H494","v":2515.1273171766197},{"$f":"ISTEXT(H494)","v":false}]
[null,"3.3.2.1.2","COMPOSIÇÃO SINAPI",100651,"SINAPI","ESTACA HÉLICE CONTÍNUA, DIÂMETRO DE 30 CM, INCLUSO CONCRETO FCK=30MPA E ARMADURA MÍNIMA (EXCLUSIVE MOBILIZAÇÃO, DESMOBILIZAÇÃO E BOMBEAMENTO). AF_12/2019","M",150,{"$f":"VLOOKUP(D495&E495,'TABELA SICRO-SINAPI-ORSE'!A:G,7,FALSE)","v":185.82},0.20796173004820551,224.46344867755755,33669.517301633634,false]
[null,"3.3.2.1.3","COMPOSIÇÃO ORSE",8629,"ORSE","EXECUÇÃO DE ESTACA HÉLICE CONTÍNUA MONITORADA Ø 400MM, CONCRETO FCK=30MPA, INCLUSIVE AÇO, BOMBEAMENTO; EXCLUSIVE MOBILIZAÇÃO E DESMOBILIZAÇÃO DE EQUIPAMENTO E BATE-ESTACAS","M",50,{"$f":"VLOOKUP(D496&E496,'TABELA SICRO-SINAPI-ORSE'!A:G,7,FALSE)","v":254.65},0.20796173004820551,307.60745455677556,15380.372727838778,false]
[null,"3.3.2.1.4","COMPOSIÇÃO SINAPI",100652,"SINAPI","ESTACA HÉLICE CONTÍNUA , DIÂMETRO DE 50 CM, INCLUSO CONCRETO FCK=30MPA E ARMADURA MÍNIMA (EXCLUSIVE MOBILIZAÇÃO, DESMOBILIZAÇÃO E BOMBEAMENTO). AF_12/2019","M",30,{"$f":"VLOOKUP(D497&E497,'TABELA SICRO-SINAPI-ORSE'!A:G,7,FALSE)","v":379.93},0.20796173004820551,458.94090009721475,13768.227002916443,false]
[null,"3.3.2.1.5","COMPOSIÇÃO ORSE",129,"ORSE","BOMBEAMENTO DE CONCRETO","M3",59.21,{"$f":"VLOOKUP(D498&E498,'TABELA SICRO-SINAPI-ORSE'!A:G,7,FALSE)","v":47.01},0.20796173004820551,56.786280929566139,3362.315693839611,false]
[null,"3.3.2.1.6","COMPOSIÇÃO PRÓPRIA","1.1","","DESMOBILIZAÇÃO","UN",1,{"$f":"'CPU Própria (sem des)'!M28","v":2082.125},0.20796173004820551,2515.1273171766197,2515.1273171766197,false]
[null,"3.3.2.2","BLOCOS DE FUNDAÇÃO",{"$nulls":4},1,null,null,null,{"$f":"SUBTOTAL(109,L501:L506)","v":18932.212543683687}]
[null,"3.3.2.2.1","COMPOSIÇÃO SINAPI",96523,"SINAPI","ESCAVAÇÃO MANUAL PARA BLOCO DE COROAMENTO OU SAPATA, COM PREVISÃO DE FÔRMA. AF_06/2017","M3",11.45,{"$f":"VLOOKUP(D501&E501,'TABELA SICRO-SINAPI-ORSE'!A:G,7,FALSE)","v":81.31},{"$f":"$L$4","v":0.20796173004820551},{"$f":"I501*(1+J501)","v":98.21936827021959},{"$f":"K501*H501","v":1124.6117666940142},{"$f":"ISTEXT(H501)","v":false}]
[null,"3.3.2.2.2","COMPOSIÇÃO SINAPI",96621,"SINAPI","LASTRO COM MATERIAL GRANULAR, APLICAÇÃO EM BLOCOS DE COROAMENTO, ESPESSURA DE *5 CM*. AF_08/2017","M3",2.58,{"$f":"VLOOKUP(D502&E502,'TABELA SICRO-SINAPI-ORSE'!A:G,7,FALSE)","v":460.69},0.20796173004820551,556.49588941590775,1435.7593946930419,false]
[null,"3.3.2.2.3","COMPOSIÇÃO SINAPI",96534,"SINAPI","FABRICAÇÃO, MONTAGEM E DESMONTAGEM DE FÔRMA PARA BLOCO DE COROAMENTO, EM MADEIRA SERRADA, E=25 MM, 4 UTILIZAÇÕES. AF_06/2017","M2",46.1,{"$f":"VLOOKUP(D503&E503,'TABELA SICRO-SINAPI-ORSE'!A:G,7,FALSE)","v":76.47},0.20796173004820551,92.372833496786271,4258.3876242018468,false]
[null,"3.3.2.2.4","COMPOSIÇÃO SINAPI",96557,"SINAPI","CONCRETAGEM DE BLOCOS DE COROAMENTO E VIGAS BALDRAMES, FCK 30 MPA, COM USO DE BOMBA - LANÇAMENTO, ADENSAMENTO E ACABAMENTO. AF_06/2017","M3",8.3000000000000007,{"$f":"VLOOKUP(D504&E504,'TABELA SICRO-SINAPI-ORSE'!A:G,7,FALSE)","v":1175.51},0.20796173004820551,1419.9710932889661,11785.76007429842,false]
[null,"3.3.2.2.5","COMPOSIÇÃO SINAPI",93382,"SINAPI","REATERRO MANUAL DE VALAS COM COMPACTAÇÃO MECANIZADA. AF_04/2016","M3",5.56,{"$f":"VLOOKUP(D505&E505,'TABELA SICRO-SINAPI-ORSE'!A:G,7,FALSE)","v":24.32},0.20796173004820551,29.377629274772357,163.33961876773429,false]
[null,"3.3.2.2.6","COMPOSIÇÃO SINAPI",95427,"SINAPI","TRANSPORTE COM CAMINHÃO BASCULANTE DE 18 M³, EM VIA URBANA PAVIMENTADA, ADICIONAL PARA DMT EXCEDENTE A 30 KM (UNIDADE: M3XKM). AF_07/2020","M3XKM",176.7,{"$f":"VLOOKUP(D506&E506,'TABELA SICRO-SINAPI-ORSE'!A:G,7,FALSE)","v":0.77},0.20796173004820551,0.93013053213711827,164.35406502862878,false]
[null,"3.3.2.3","VIGA BALDRAME",{"$nulls":4},1,null,null,null,{"$f":"SUBTOTAL(109,L508:L514)","v":33210.948212156931}]
[null,"3.3.2.3.1","COMPOSIÇÃO SINAPI",96523,"SINAPI","ESCAVAÇÃO MANUAL PARA BLOCO DE COROAMENTO OU SAPATA, COM PREVISÃO DE FÔRMA. AF_06/2017","M3",10.98,{"$f":"VLOOKUP(D508&E508,'TABELA SICRO-SINAPI-ORSE'!A:G,7,FALSE)","v":81.31},{"$f":"$L$4","v":0.20796173004820551},{"$f":"I508*(1+J508)","v":98.21936827021959},{"$f":"K508*H508","v":1078.4486636070112},{"$f":"ISTEXT(H508)","v":false}]
[null,"3.3.2.3.2","COMPOSIÇÃO SINAPI",96621,"SINAPI","LASTRO COM MATERIAL GRANULAR, APLICAÇÃO EM BLOCOS DE COROAMENTO, ESPESSURA DE *5 CM*. AF_08/2017","M3",1.35,{"$f":"VLOOKUP(D509&E509,'TABELA SICRO-SINAPI-ORSE'!A:G,7,FALSE)","v":460.69},0.20796173004820551,556.49588941590775,751.26945071147554,false]
[null,"3.3.2.3.3","COMPOSIÇÃO SINAPI",96536,"SINAPI","FABRICAÇÃO, MONTAGEM E DESMONTAGEM DE FÔRMA PARA VIGA BALDRAME, EM MADEIRA SERRADA, E=25 MM, 4 UTILIZAÇÕES. AF_06/2017","M2",127.7,{"$f":"VLOOKUP(D510&E510,'TABELA SICRO-SINAPI-ORSE'!A:G,7,FALSE)","v":67.08},0.20796173004820551,81.030072851633619,10347.540303153613,false]
[null,"3.3.2.3.4","COMPOSIÇÃO SINAPI",96557,"SINAPI","CONCRETAGEM DE BLOCOS DE COROAMENTO E VIGAS BALDRAMES, FCK 30 MPA, COM USO DE BOMBA - LANÇAMENTO, ADENSAMENTO E ACABAMENTO. AF_06/2017","M3",10.1,{"$f":"VLOOKUP(D511&E511,'TABELA SICRO-SINAPI-ORSE'!A:G,7,FALSE)","v":1175.51},0.20796173004820551,1419.9710932889661,14341.708042218557,false]
[null,"3.3.2.3.5","COMPOSIÇÃO SINAPI",93382,"SINAPI","REATERRO MANUAL DE VALAS COM COMPACTAÇÃO MECANIZADA. AF_04/2016","M3",4.91,{"$f":"VLOOKUP(D512&E512,'TABELA SICRO-SINAPI-ORSE'!A:G,7,FALSE)","v":24.32},0.20796173004820551,29.377629274772357,144.24415973913227,false]
[null,"3.3.2.3.6","COMPOSIÇÃO SINAPI",95427,"SINAPI","TRANSPORTE COM CAMINHÃO BASCULANTE DE 18 M³, EM VIA URBANA PAVIMENTADA, ADICIONAL PARA DMT EXCEDENTE A 30 KM (UNIDADE: M3XKM). AF_07/2020","M3XKM",182.1,{"$f":"VLOOKUP(D513&E513,'TABELA SICRO-SINAPI-ORSE'!A:G,7,FALSE)","v":0.77},0.20796173004820551,0.93013053213711827,169.37676990216923,false]
[null,"3.3.2.3.7","COMPOSIÇÃO SINAPI",98557,"SINAPI","IMPERMEABILIZAÇÃO DE SUPERFÍCIE COM EMULSÃO ASFÁLTICA, 2 DEMÃOS AF_06/2018","M2",89.39,{"$f":"VLOOKUP(D514&E514,'TABELA SICRO-SINAPI-ORSE'!A:G,7,FALSE)","v":59.07},0.20796173004820551,71.3542993939475,6378.3608228249668,false]
[null,"3.3.3","SUPER ESTRUTURA",{"$nulls":4},1,null,null,null,{"$f":"SUBTOTAL(109,L516:L526)","v":317637.89161821245}]
[null,"3.3.3.1","PILARES + VIGAS",{"$nulls":4},1,null,null,null,{"$f":"SUBTOTAL(109,L517)","v":47994.554264015787}]
[null,"3.3.3.1.1","COMPOSIÇÃO SINAPI",92443,"SINAPI","MONTAGEM E DESMONTAGEM DE FÔRMA DE PILARES RETANGULARES E ESTRUTURAS SIMILARES, PÉ-DIREITO SIMPLES, EM CHAPA DE MADEIRA COMPENSADA PLASTIFICADA, 18 UTILIZAÇÕES. AF_09/2020","M2",774.5,{"$f":"VLOOKUP(D517&E517,'TABELA SICRO-SINAPI-ORSE'!A:G,7,FALSE)","v":51.3},{"$f":"$L$4","v":0.20796173004820551},{"$f":"I517*(1+J517)","v":61.968436751472936},{"$f":"K517*H517","v":47994.554264015787},{"$f":"ISTEXT(H517)","v":false}]
[null,"3.3.3.1.2","COMPOSIÇÃO SINAPI",92480,"SINAPI","MONTAGEM E DESMONTAGEM DE FÔRMA DE VIGA, ESCORAMENTO METÁLICO, PÉ-DIREITO SIMPLES, EM CHAPA DE MADEIRA PLASTIFICADA, 18 UTILIZAÇÕES. AF_09/2020","M2",619.6,{"$f":"VLOOKUP(D518&E518,'TABELA SICRO-SINAPI-ORSE'!A:G,7,FALSE)","v":93.7},0.20796173004820551,113.18601410551686,70130.054339778246,false]
[null,"3.3.3.1.3","COMPOSIÇÃO SINAPI",92763,"SINAPI","ARMAÇÃO DE PILAR OU VIGA DE UMA ESTRUTURA CONVENCIONAL DE CONCRETO ARMADO EM UM EDIFÍCIO DE MÚLTIPLOS PAVIMENTOS UTILIZANDO AÇO CA-50 DE 12,5 MM - MONTAGEM. AF_12/2015","KG",2101.6,{"$f":"VLOOKUP(D519&E519,'TABELA SICRO-SINAPI-ORSE'!A:G,7,FALSE)","v":10.88},0.20796173004820551,13.142623622924477,27620.537805938078,false]
[null,"3.3.3.1.4","COMPOSIÇÃO SINAPI",92764,"SINAPI","ARMAÇÃO DE PILAR OU VIGA DE UMA ESTRUTURA CONVENCIONAL DE CONCRETO ARMADO EM UM EDIFÍCIO DE MÚLTIPLOS PAVIMENTOS UTILIZANDO AÇO CA-50 DE 16,0 MM - MONTAGEM. AF_12/2015","KG",368.9,{"$f":"VLOOKUP(D520&E520,'TABELA SICRO-SINAPI-ORSE'!A:G,7,FALSE)","v":10.61},0.20796173004820551,12.81647395581146,4727.9972422988476,false]
[null,"3.3.3.1.5","COMPOSIÇÃO SINAPI",92760,"SINAPI","ARMAÇÃO DE PILAR OU VIGA DE UMA ESTRUTURA CONVENCIONAL DE CONCRETO ARMADO EM UM EDIFÍCIO DE MÚLTIPLOS PAVIMENTOS UTILIZANDO AÇO CA-50 DE 6,3 MM - MONTAGEM. AF_12/2015","KG",25.6,{"$f":"VLOOKUP(D521&E521,'TABELA SICRO-SINAPI-ORSE'!A:G,7,FALSE)","v":14.83},0.20796173004820551,17.914072456614889,458.60025488934116,false]
[null,"3.3.3.1.6","COMPOSIÇÃO SINAPI",92759,"SINAPI","ARMAÇÃO DE PILAR OU VIGA DE UMA ESTRUTURA CONVENCIONAL DE CONCRETO ARMADO EM UM EDIFÍCIO DE MÚLTIPLOS PAVIMENTOS UTILIZANDO AÇO CA-60 DE 5,0 MM - MONTAGEM. AF_12/2015","KG",1580.6,{"$f":"VLOOKUP(D522&E522,'TABELA SICRO-SINAPI-ORSE'!A:G,7,FALSE)","v":15.25},0.20796173004820551,18.421416383235133,29116.890735341451,false]
[null,"3.3.3.1.7","COMPOSIÇÃO SINAPI",92761,"SINAPI","ARMAÇÃO DE PILAR OU VIGA DE UMA ESTRUTURA CONVENCIONAL DE CONCRETO ARMADO EM UM EDIFÍCIO DE MÚLTIPLOS PAVIMENTOS UTILIZANDO AÇO CA-50 DE 8,0 MM - MONTAGEM. AF_12/2015","KG",454,{"$f":"VLOOKUP(D523&E523,'TABELA SICRO-SINAPI-ORSE'!A:G,7,FALSE)","v":14.23},0.20796173004820551,17.189295418585964,7803.9401200380271,false]
[null,"3.3.3.1.8","COMPOSIÇÃO SINAPI",92762,"SINAPI","ARMAÇÃO DE PILAR OU VIGA DE UMA ESTRUTURA CONVENCIONAL DE CONCRETO ARMADO EM UM EDIFÍCIO DE MÚLTIPLOS PAVIMENTOS UTILIZANDO AÇO CA-50 DE 10,0 MM - MONTAGEM. AF_12/2015","KG",2101.6,{"$f":"VLOOKUP(D524&E524,'TABELA SICRO-SINAPI-ORSE'!A:G,7,FALSE)","v":12.85},0.20796173004820551,15.522308231119441,32621.682978520614,false]
[null,"3.3.3.1.9","COMPOSIÇÃO SINAPI",92765,"SINAPI","ARMAÇÃO DE PILAR OU VIGA DE UMA ESTRUTURA CONVENCIONAL DE CONCRETO ARMADO EM UM EDIFÍCIO DE MÚLTIPLOS PAVIMENTOS UTILIZANDO AÇO CA-50 DE 20,0 MM - MONTAGEM. AF_12/2015","KG",369.3,{"$f":"VLOOKUP(D525&E525,'TABELA SICRO-SINAPI-ORSE'!A:G,7,FALSE)","v":12.18},0.20796173004820551,14.712973871987142,5433.5012509248518,false]
[null,"3.3.3.1.10","COMPOSIÇÃO SINAPI",96557,"SINAPI","CONCRETAGEM DE BLOCOS DE COROAMENTO E VIGAS BALDRAMES, FCK 30 MPA, COM USO DE BOMBA - LANÇAMENTO, ADENSAMENTO E ACABAMENTO. AF_06/2017","M3",64.599999999999994,{"$f":"VLOOKUP(D526&E526,'TABELA SICRO-SINAPI-ORSE'!A:G,7,FALSE)","v":1175.51},0.20796173004820551,1419.9710932889661,91730.13262646721,false]
[null,"3.3.3.2","LAJES. + ESCADA ",{"$nulls":4},1,null,null,null,{"$f":"SUBTOTAL(109,L528:L534)","v":383166.22420310427}]
[null,"3.3.3.2.1","COMPOSIÇÃO SINAPI",92538,"SINAPI","MONTAGEM E DESMONTAGEM DE FÔRMA DE LAJE MACIÇA, PÉ-DIREITO SIMPLES, EM CHAPA DE MADEIRA COMPENSADA PLASTIFICADA, . AF_09/2020","M2",878.6,{"$f":"VLOOKUP(D528&E528,'TABELA SICRO-SINAPI-ORSE'!A:G,7,FALSE)","v":33.69},{"$f":"$L$4","v":0.20796173004820551},{"$f":"I528*(1+J528)","v":40.696230685324039},{"$f":"K528*H528","v":35755.708280125698},{"$f":"ISTEXT(H528)","v":false}]
[null,"3.3.3.2.2","COMPOSIÇÃO SINAPI",92759,"SINAPI","ARMAÇÃO DE PILAR OU VIGA DE UMA ESTRUTURA CONVENCIONAL DE CONCRETO ARMADO EM UM EDIFÍCIO DE MÚLTIPLOS PAVIMENTOS UTILIZANDO AÇO CA-60 DE 5,0 MM - MONTAGEM. AF_12/2015","KG",1468,{"$f":"VLOOKUP(D529&E529,'TABELA SICRO-SINAPI-ORSE'!A:G,7,FALSE)","v":15.25},0.20796173004820551,18.421416383235133,27042.639250589174,false]
[null,"3.3.3.2.3","COMPOSIÇÃO SINAPI",92760,"SINAPI","ARMAÇÃO DE PILAR OU VIGA DE UMA ESTRUTURA CONVENCIONAL DE CONCRETO ARMADO EM UM EDIFÍCIO DE MÚLTIPLOS PAVIMENTOS UTILIZANDO AÇO CA-50 DE 6,3 MM - MONTAGEM. AF_12/2015","KG",2496.4,{"$f":"VLOOKUP(D530&E530,'TABELA SICRO-SINAPI-ORSE'!A:G,7,FALSE)","v":14.83},0.20796173004820551,17.914072456614889,44720.690480693411,false]
[null,"3.3.3.2.4","COMPOSIÇÃO SINAPI",92761,"SINAPI","ARMAÇÃO DE PILAR OU VIGA DE UMA ESTRUTURA CONVENCIONAL DE CONCRETO ARMADO EM UM EDIFÍCIO DE MÚLTIPLOS PAVIMENTOS UTILIZANDO AÇO CA-50 DE 8,0 MM - MONTAGEM. AF_12/2015","KG",1114.0999999999999,{"$f":"VLOOKUP(D531&E531,'TABELA SICRO-SINAPI-ORSE'!A:G,7,FALSE)","v":14.23},0.20796173004820551,17.189295418585964,19150.594025846622,false]
[null,"3.3.3.2.5","COMPOSIÇÃO SINAPI",92762,"SINAPI","ARMAÇÃO DE PILAR OU VIGA DE UMA ESTRUTURA CONVENCIONAL DE CONCRETO ARMADO EM UM EDIFÍCIO DE MÚLTIPLOS PAVIMENTOS UTILIZANDO AÇO CA-50 DE 10,0 MM - MONTAGEM. AF_12/2015","KG",3952.3,{"$f":"VLOOKUP(D532&E532,'TABELA SICRO-SINAPI-ORSE'!A:G,7,FALSE)","v":12.85},0.20796173004820551,15.522308231119441,61348.818821853369,false]
[null,"3.3.3.2.6","COMPOSIÇÃO SINAPI",92763,"SINAPI","ARMAÇÃO DE PILAR OU VIGA DE UMA ESTRUTURA CONVENCIONAL DE CONCRETO ARMADO EM UM EDIFÍCIO DE MÚLTIPLOS PAVIMENTOS UTILIZANDO AÇO CA-50 DE 12,5 MM - MONTAGEM. AF_12/2015","KG",932.5,{"$f":"VLOOKUP(D533&E533,'TABELA SICRO-SINAPI-ORSE'!A:G,7,FALSE)","v":10.88},0.20796173004820551,13.142623622924477,12255.496528377074,false]
[null,"3.3.3.2.7","COMPOSIÇÃO SINAPI",96557,"SINAPI","CONCRETAGEM DE BLOCOS DE COROAMENTO E VIGAS BALDRAMES, FCK 30 MPA, COM USO DE BOMBA - LANÇAMENTO, ADENSAMENTO E ACABAMENTO. AF_06/2017","M3",128.80000000000001,{"$f":"VLOOKUP(D534&E534,'TABELA SICRO-SINAPI-ORSE'!A:G,7,FALSE)","v":1175.51},0.20796173004820551,1419.9710932889661,182892.27681561885,false]
[null,"3.3.4","ALVENARIA",{"$nulls":4},1,null,null,null,{"$f":"SUBTOTAL(109,L536:L539)","v":248168.1286082624}]
[null,"3.3.4.1","COMPOSIÇÃO SINAPI",103324,"SINAPI","ALVENARIA DE VEDAÇÃO DE BLOCOS CERÂMICOS FURADOS NA VERTICAL DE 14X19X39 CM (ESPESSURA 14 CM) E ARGAMASSA DE ASSENTAMENTO COM PREPARO EM BETONEIRA. AF_12/2021","M2",1179.0899999999999,{"$f":"VLOOKUP(D536&E536,'TABELA SICRO-SINAPI-ORSE'!A:G,7,FALSE)","v":80.05},{"$f":"$L$4","v":0.20796173004820551},{"$f":"I536*(1+J536)","v":96.69733649035885},{"$f":"K536*H536","v":114014.86248241721},{"$f":"ISTEXT(H536)","v":false}]
[null,"3.3.4.2","COMPOSIÇÃO SINAPI",87878,"SINAPI","CHAPISCO APLICADO EM ALVENARIAS E ESTRUTURAS DE CONCRETO INTERNAS, COM COLHER DE PEDREIRO.  ARGAMASSA TRAÇO 1:3 COM PREPARO MANUAL. AF_10/2022","M2",2358.1799999999998,{"$f":"VLOOKUP(D537&E537,'TABELA SICRO-SINAPI-ORSE'!A:G,7,FALSE)","v":5.09},0.20796173004820551,{"$f":"I537*(1+J537)","v":6.1485252059453659},{"$f":"K537*H537","v":14499.329170156241},false]
[null,"3.3.4.3","COMPOSIÇÃO SINAPI",87529,"SINAPI","MASSA ÚNICA, PARA RECEBIMENTO DE PINTURA, EM ARGAMASSA TRAÇO 1:2:8, PREPARO MECÂNICO COM BETONEIRA 400L, APLICADA MANUALMENTE EM FACES INTERNAS DE PAREDES, ESPESSURA DE 20MM, COM EXECUÇÃO DE TALISCAS. AF_06/2014","M2",2358.1799999999998,{"$f":"VLOOKUP(D538&E538,'TABELA SICRO-SINAPI-ORSE'!A:G,7,FALSE)","v":36.11},0.20796173004820551,{"$f":"I538*(1+J538)","v":43.619498072040699},{"$f":"K538*H538","v":102862.62796352492},false]
[null,"3.3.4.4","COMPOSIÇÃO SINAPI",93203,"SINAPI","FIXAÇÃO (ENCUNHAMENTO) DE ALVENARIA DE VEDAÇÃO COM ESPUMA DE POLIURETANO EXPANSIVA. AF_03/2016","M",923.01,{"$f":"VLOOKUP(D539&E539,'TABELA SICRO-SINAPI-ORSE'!A:G,7,FALSE)","v":15.06},0.20796173004820551,{"$f":"I539*(1+J539)","v":18.191903654525976},{"$f":"K539*H539","v":16791.30899216402},false]
[null,"3.3.5","ESQUADRIAS",{"$nulls":4},1,null,null,null,{"$f":"SUBTOTAL(109,L541:L552)","v":324584.9807549126}]
[null,"3.3.5.1","COMPOSIÇÃO SINAPI",91314,"SINAPI","KIT DE PORTA DE MADEIRA PARA PINTURA, SEMI-OCA (LEVE OU MÉDIA), PADRÃO POPULAR, 80X210CM, ESPESSURA DE 3,5CM, ITENS INCLUSOS: DOBRADIÇAS, MONTAGEM E INSTALAÇÃO DO BATENTE, FECHADURA COM EXECUÇÃO DO FURO - FORNECIMENTO E INSTALAÇÃO. AF_12/2019","UN",12,{"$f":"VLOOKUP(D541&E541,'TABELA SICRO-SINAPI-ORSE'!A:G,7,FALSE)","v":796.1},{"$f":"$L$4","v":0.20796173004820551},{"$f":"I541*(1+J541)","v":961.65833329137638},{"$f":"K541*H541","v":11539.899999496516},{"$f":"ISTEXT(H541)","v":false}]
[null,"3.3.5.2","COMPOSIÇÃO SINAPI",91315,"SINAPI","KIT DE PORTA DE MADEIRA PARA PINTURA, SEMI-OCA (LEVE OU MÉDIA), PADRÃO POPULAR, 90X210CM, ESPESSURA DE 3,5CM, ITENS INCLUSOS: DOBRADIÇAS, MONTAGEM E INSTALAÇÃO DO BATENTE, FECHADURA COM EXECUÇÃO DO FURO - FORNECIMENTO E INSTALAÇÃO. AF_12/2019","UN",8,{"$f":"VLOOKUP(D542&E542,'TABELA SICRO-SINAPI-ORSE'!A:G,7,FALSE)","v":883.15},0.20796173004820551,1066.8114018920726,8534.4912151365806,false]
[null,"3.3.5.3","COMPOSIÇÃO SINAPI",102220,"SINAPI","PINTURA TINTA DE ACABAMENTO (PIGMENTADA) ESMALTE SINTÉTICO BRILHANTE EM MADEIRA, 2 DEMÃOS. AF_01/2021","M2",117.6,{"$f":"VLOOKUP(D543&E543,'TABELA SICRO-SINAPI-ORSE'!A:G,7,FALSE)","v":13.84},0.20796173004820551,16.718190343867164,1966.0591844387784,false]
[null,"3.3.5.4","COMPOSIÇÃO SINAPI",98689,"SINAPI","SOLEIRA EM GRANITO, LARGURA 15 CM, ESPESSURA 2,0 CM. AF_09/2020","M",16.8,{"$f":"VLOOKUP(D544&E544,'TABELA SICRO-SINAPI-ORSE'!A:G,7,FALSE)","v":146.1},0.20796173004820551,176.48320876004283,2964.9179071687195,false]
[null,"3.3.5.5","COMPOSIÇÃO SINAPI",101965,"SINAPI","PEITORIL LINEAR EM GRANITO OU MÁRMORE, L = 15CM, COMPRIMENTO DE ATÉ 2M, ASSENTADO COM ARGAMASSA 1:6 COM ADITIVO. AF_11/2020","M",25.9,{"$f":"VLOOKUP(D545&E545,'TABELA SICRO-SINAPI-ORSE'!A:G,7,FALSE)","v":166.92},0.20796173004820551,201.63297197964644,5222.2939742728422,false]
[null,"3.3.5.6","COMPOSIÇÃO SINAPI",93182,"SINAPI","VERGA PRÉ-MOLDADA PARA JANELAS COM ATÉ 1,5 M DE VÃO. AF_03/2016","M",30,{"$f":"VLOOKUP(D546&E546,'TABELA SICRO-SINAPI-ORSE'!A:G,7,FALSE)","v":46.18},0.20796173004820551,55.78367269362613,1673.5101808087838,false]
[null,"3.3.5.7","COMPOSIÇÃO ORSE",11347,"ORSE","FORNECIMENTO E INSTALAÇÃO DE FACHADA EM PELE DE VIDRO, EM VIDRO LAMINADO 3+3 REFLETIVO","M2",82.05,{"$f":"VLOOKUP(D547&E547,'TABELA SICRO-SINAPI-ORSE'!A:G,7,FALSE)","v":1749.08},0.20796173004820551,2112.8217027927153,173357.02071414227,false]
[null,"3.3.5.8","COMPOSIÇÃO SINAPI",100708,"SINAPI","PORTA DE CORRER DE ALUMÍNIO, COM DUAS FOLHAS PARA VIDRO, INCLUSO VIDRO LISO INCOLOR, FECHADURA E PUXADOR, SEM ALIZAR. AF_12/2019","M2",108.51,{"$f":"VLOOKUP(D548&E548,'TABELA SICRO-SINAPI-ORSE'!A:G,7,FALSE)","v":180.96},0.20796173004820551,218.59275466952329,23719.499809189972,false]
[null,"3.3.5.9","COMPOSIÇÃO SINAPI",94570,"SINAPI","JANELA DE ALUMÍNIO DE CORRER COM 2 FOLHAS PARA VIDROS, COM VIDROS, BATENTE, ACABAMENTO COM ACETATO OU BRILHANTE E FERRAGENS. EXCLUSIVE ALIZAR E CONTRAMARCO. FORNECIMENTO E INSTALAÇÃO. AF_12/2019","M2",24.75,{"$f":"VLOOKUP(D549&E549,'TABELA SICRO-SINAPI-ORSE'!A:G,7,FALSE)","v":331.3},0.20796173004820551,400.19772116497052,9904.8935988330195,false]
[null,"3.3.5.10","COMPOSIÇÃO SINAPI",94569,"SINAPI","JANELA DE ALUMÍNIO TIPO MAXIM-AR, COM VIDROS, BATENTE E FERRAGENS. EXCLUSIVE ALIZAR, ACABAMENTO E CONTRAMARCO. FORNECIMENTO E INSTALAÇÃO. AF_12/2019","M2",15.54,{"$f":"VLOOKUP(D550&E550,'TABELA SICRO-SINAPI-ORSE'!A:G,7,FALSE)","v":639.63},0.20796173004820551,772.64856139073368,12006.958644012,false]
[null,"3.3.5.11","COMPOSIÇÃO SINAPI",99841,"SINAPI","GUARDA-CORPO PANORÂMICO COM PERFIS DE ALUMÍNIO E VIDRO LAMINADO 8 MM, FIXADO COM CHUMBADOR MECÂNICO. AF_04/2019_PS","M",32.5,{"$f":"VLOOKUP(D551&E551,'TABELA SICRO-SINAPI-ORSE'!A:G,7,FALSE)","v":1788.22},0.20796173004820551,2160.1013249068019,70203.293059471063,false]
[null,"3.3.5.12","COMPOSIÇÃO ORSE",4264,"ORSE","CORRIMÃO EM AÇO INOX, ESCOVADO, D=1 1/2\"","M",31.8,{"$f":"VLOOKUP(D552&E552,'TABELA SICRO-SINAPI-ORSE'!A:G,7,FALSE)","v":90.91},0.20796173004820551,109.81580087868235,3492.1424679420988,false]
[null,"3.3.6","REVESTIMENTOS",{"$nulls":4},1,null,null,null,{"$f":"SUBTOTAL(109,L554:L561)","v":303570.27033413423}]
[null,"3.3.6.1","COMPOSIÇÃO SINAPI",88650,"SINAPI","RODAPÉ CERÂMICO DE 7CM DE ALTURA COM PLACAS TIPO ESMALTADA EXTRA DE DIMENSÕES 60X60CM. AF_06/2014","M",440.09,{"$f":"VLOOKUP(D554&E554,'TABELA SICRO-SINAPI-ORSE'!A:G,7,FALSE)","v":21.31},{"$f":"$L$4","v":0.20796173004820551},{"$f":"I554*(1+J554)","v":25.741664467327258},{"$f":"K554*H554","v":11328.649115426053},{"$f":"ISTEXT(H554)","v":false}]
[null,"3.3.6.2","COMPOSIÇÃO SINAPI",93391,"SINAPI","REVESTIMENTO CERÂMICO PARA PISO COM PLACAS TIPO ESMALTADA PADRÃO POPULAR DE DIMENSÕES 35X35 CM APLICADA EM AMBIENTES DE ÁREA MAIOR QUE 10 M2. AF_06/2014","M2",943.14,{"$f":"VLOOKUP(D555&E555,'TABELA SICRO-SINAPI-ORSE'!A:G,7,FALSE)","v":58.87},0.20796173004820551,71.11270704793786,67069.238525192108,false]
[null,"3.3.6.3","COMPOSIÇÃO SINAPI",87543,"SINAPI","MASSA ÚNICA, PARA RECEBIMENTO DE PINTURA OU CERÂMICA, ARGAMASSA INDUSTRIALIZADA, PREPARO MECÂNICO, APLICADO COM EQUIPAMENTO DE MISTURA E PROJEÇÃO DE 1,5 M3/H EM FACES INTERNAS DE PAREDES, ESPESSURA DE 5MM, SEM EXECUÇÃO DE TALISCAS. AF_06/2014","M2",2358.1799999999998,{"$f":"VLOOKUP(D556&E556,'TABELA SICRO-SINAPI-ORSE'!A:G,7,FALSE)","v":27.81},0.20796173004820551,33.593415712640592,79219.321065234792,false]
[null,"3.3.6.4","COMPOSIÇÃO SINAPI",96620,"SINAPI","LASTRO DE CONCRETO MAGRO, APLICADO EM PISOS, LAJES SOBRE SOLO OU RADIERS. AF_08/2017","M3",14.52,{"$f":"VLOOKUP(D557&E557,'TABELA SICRO-SINAPI-ORSE'!A:G,7,FALSE)","v":965.45},0.20796173004820551,1166.2266522750401,16933.610991033584,false]
[null,"3.3.6.5","COMPOSIÇÃO SINAPI",98560,"SINAPI","IMPERMEABILIZAÇÃO DE PISO COM ARGAMASSA DE CIMENTO E AREIA, COM ADITIVO IMPERMEABILIZANTE, E = 2CM. AF_06/2018","M2",225.65,49.56,0.20796173004820551,59.86658334118907,13508.894530939315,false]
[null,"3.3.6.6","COMPOSIÇÃO SINAPI",87623,"SINAPI","CONTRAPISO EM ARGAMASSA PRONTA, PREPARO MECÂNICO COM MISTURADOR 300 KG, APLICADO EM ÁREAS SECAS SOBRE LAJE, ADERIDO, ACABAMENTO NÃO REFORÇADO, ESPESSURA 2CM. AF_07/2021","M2",871.2,{"$f":"VLOOKUP(D559&E559,'TABELA SICRO-SINAPI-ORSE'!A:G,7,FALSE)","v":87.46},0.20796173004820551,105.64833291001605,92040.82763120599,false]
[null,"3.3.6.7","COMPOSIÇÃO SINAPI",87267,"SINAPI","REVESTIMENTO CERÂMICO PARA PAREDES INTERNAS COM PLACAS TIPO ESMALTADA EXTRA DE DIMENSÕES 20X20 CM APLICADAS EM AMBIENTES DE ÁREA MAIOR QUE 5 M² A MEIA ALTURA DAS PAREDES. AF_06/2014","M2",152.71,{"$f":"VLOOKUP(D560&E560,'TABELA SICRO-SINAPI-ORSE'!A:G,7,FALSE)","v":77.97},0.20796173004820551,94.184776091858581,14382.957156987724,false]
[null,"3.3.6.8","COMPOSIÇÃO SINAPI",103314,"SINAPI","INSTALAÇÃO DE PERGOLADO DE MADEIRA, EM MAÇARANDUBA, ANGELIM OU EQUIVALENTE DA REGIÃO, FIXADO COM CONCRETO SOBRE PISO DE CONCRETO EXISTENTE. AF_11/2021","M2",40,{"$f":"VLOOKUP(D561&E561,'TABELA SICRO-SINAPI-ORSE'!A:G,7,FALSE)","v":188.06},0.20796173004820551,227.16928295286553,9086.771318114621,false]
[null,"3.3.7","COBERTURA",{"$nulls":4},1,null,null,null,{"$f":"SUBTOTAL(109,L563:L567)","v":208816.09403026532}]
[null,"3.3.7.1","COMPOSIÇÃO SINAPI",92580,"SINAPI","TRAMA DE AÇO COMPOSTA POR TERÇAS PARA TELHADOS DE ATÉ 2 ÁGUAS PARA TELHA ONDULADA DE FIBROCIMENTO, METÁLICA, PLÁSTICA OU TERMOACÚSTICA, INCLUSO TRANSPORTE VERTICAL. AF_07/2019","M2",213.9,{"$f":"VLOOKUP(D563&E563,'TABELA SICRO-SINAPI-ORSE'!A:G,7,FALSE)","v":45.72},{"$f":"$L$4","v":0.20796173004820551},{"$f":"I563*(1+J563)","v":55.228010297803955},{"$f":"K563*H563","v":11813.271402700266},{"$f":"ISTEXT(H563)","v":false}]
[null,"3.3.7.2","COMPOSIÇÃO ORSE",12734,"ORSE","TELHAMENTO COM TELHA EM AÇO GALVALUME, DUPLA, TRAPEZOIDAL, COM PREENCHIMENTO PIR 50MM, PRÉ-PINTADA, TP40 - 2 X 0,43MM, KINGSPAN- ISOESTE OU SIMILAR","M2",213.9,{"$f":"VLOOKUP(D564&E564,'TABELA SICRO-SINAPI-ORSE'!A:G,7,FALSE)","v":352.63},0.20796173004820551,{"$f":"I564*(1+J564)","v":425.9635448668987},{"$f":"K564*H564","v":91113.60224702963},false]
[null,"3.3.7.3","INSUMO ORSE",13491,"ORSE","TELHA EM AÇO GALVALUME, DUPLA, TRAPEZOIDAL, COM PREENCHIMENTO PIR 50MM, PRÉ-PINTADA, TP40 - 2 X 0,43MM, KINGSPAN- ISOESTE OU SIMILAR","M2",213.9,{"$f":"VLOOKUP(D565&E565,'TABELA SICRO-SINAPI-ORSE'!A:G,7,FALSE)","v":401.19},{"$f":"$L$5","v":0.14692012195121973},{"$f":"I565*(1+J565)","v":460.13288372560982},{"$f":"K565*H565","v":98422.423828907937},false]
[null,"3.3.7.4","COMPOSIÇÃO SINAPI",94227,"SINAPI","CALHA EM CHAPA DE AÇO GALVANIZADO NÚMERO 24, DESENVOLVIMENTO DE 33 CM, INCLUSO TRANSPORTE VERTICAL. AF_07/2019","M",65.7,{"$f":"VLOOKUP(D566&E566,'TABELA SICRO-SINAPI-ORSE'!A:G,7,FALSE)","v":62.47},{"$f":"$L$4","v":0.20796173004820551},{"$f":"I566*(1+J566)","v":75.461369276111398},{"$f":"K566*H566","v":4957.8119614405186},false]
[null,"3.3.7.5","COMPOSIÇÃO SINAPI",94231,"SINAPI","RUFO EM CHAPA DE AÇO GALVANIZADO NÚMERO 24, CORTE DE 25 CM, INCLUSO TRANSPORTE VERTICAL. AF_07/2019","M",39.42,{"$f":"VLOOKUP(D567&E567,'TABELA SICRO-SINAPI-ORSE'!A:G,7,FALSE)","v":52.69},0.20796173004820551,{"$f":"I567*(1+J567)","v":63.647503556239947},{"$f":"K567*H567","v":2508.9845901869789},false]
[null,"3.3.8","INSTALAÇÕES ELÉTRICAS",{"$nulls":4},1,null,null,null,{"$f":"SUBTOTAL(109,L569:L717)","v":132934.06817232477}]
[null,"3.3.8.1","LISTA DE MATERIAIS",{"$nulls":4},1,null,null,null,{"$f":"SUBTOTAL(109,L570:L607)","v":34899.368120868094}]
[null,"3.3.8.1.1","INSUMO SINAPI",2516,"SINAPI","CONECTOR CURVO 90 GRAUS DE ALUMINIO, BITOLA 1\", PARA ADAPTAR ENTRADA DE ELETRODUTO METALICO FLEXIVEL EM QUADROS","UN",5,{"$f":"VLOOKUP(D570&E570,'TABELA SICRO-SINAPI-ORSE'!A:G,7,FALSE)","v":13.68},{"$f":"$L$5","v":0.14692012195121973},{"$f":"I570*(1+J570)","v":15.689867268292685},{"$f":"K570*H570","v":78.449336341463422},{"$f":"ISTEXT(H570)","v":false}]
[null,"3.3.8.1.2","INSUMO SINAPI",1648,"SINAPI","CRUZETA DE FERRO GALVANIZADO, COM ROSCA BSP, DE 1\"","UN",5,{"$f":"VLOOKUP(D571&E571,'TABELA SICRO-SINAPI-ORSE'!A:G,7,FALSE)","v":46.11},0.14692012195121973,52.884486823170739,264.42243411585372,false]
[null,"3.3.8.1.3","INSUMO SINAPI",3264,"SINAPI","FLANGE SEXTAVADO DE FERRO GALVANIZADO, COM ROSCA BSP, DE 1\"","UN",11,{"$f":"VLOOKUP(D572&E572,'TABELA SICRO-SINAPI-ORSE'!A:G,7,FALSE)","v":33.72},0.14692012195121973,38.674146512195129,425.41561163414644,false]
[null,"3.3.8.1.4","INSUMO SINAPI",6323,"SINAPI","TE DE FERRO GALVANIZADO, DE 1\"","UN",7,{"$f":"VLOOKUP(D573&E573,'TABELA SICRO-SINAPI-ORSE'!A:G,7,FALSE)","v":24.11},0.14692012195121973,27.652244140243909,193.56570898170736,false]
[null,"3.3.8.1.5","INSUMO SINAPI",14153,"SINAPI","FITA METALICA PERFURADA, L = *18* MM, ROLO DE 30 M, CARGA RECOMENDADA = *30* KGF","UN",3,{"$f":"VLOOKUP(D574&E574,'TABELA SICRO-SINAPI-ORSE'!A:G,7,FALSE)","v":55.49},0.14692012195121973,63.642597567073182,190.92779270121954,false]
[null,"3.3.8.1.6","COMPOSIÇÃO SINAPI",91936,"SINAPI","CAIXA OCTOGONAL 4\" X 4\", PVC, INSTALADA EM LAJE - FORNECIMENTO E INSTALAÇÃO. AF_12/2015","UN",23,{"$f":"VLOOKUP(D575&E575,'TABELA SICRO-SINAPI-ORSE'!A:G,7,FALSE)","v":17.86},{"$f":"$L$4","v":0.20796173004820551},21.57419649866095,496.20651946920185,false]
[null,"3.3.8.1.7","COMPOSIÇÃO SINAPI",91940,"SINAPI","CAIXA RETANGULAR 4\" X 2\" MÉDIA (1,30 M DO PISO), PVC, INSTALADA EM PAREDE - FORNECIMENTO E INSTALAÇÃO. AF_12/2015","UN",4,{"$f":"VLOOKUP(D576&E576,'TABELA SICRO-SINAPI-ORSE'!A:G,7,FALSE)","v":17.38},0.20796173004820551,20.994374868237809,83.977499472951237,false]
[null,"3.3.8.1.8","INSUMO SINAPI",39332,"SINAPI","CONDULETE EM PVC, TIPO \"C\", SEM TAMPA, DE 1\"","UN",22,{"$f":"VLOOKUP(D577&E577,'TABELA SICRO-SINAPI-ORSE'!A:G,7,FALSE)","v":14.68},{"$f":"$L$5","v":0.14692012195121973},16.836787390243906,370.40932258536594,false]
[null,"3.3.8.1.9","INSUMO SINAPI",1891,"SINAPI","LUVA EM PVC RIGIDO ROSCAVEL, DE 3/4\", PARA ELETRODUTO","UN",2,{"$f":"VLOOKUP(D578&E578,'TABELA SICRO-SINAPI-ORSE'!A:G,7,FALSE)","v":1.43},0.14692012195121973,1.6400957743902442,3.2801915487804885,false]
[null,"3.3.8.1.10","INSUMO SINAPI",39211,"SINAPI","ARRUELA EM ALUMINIO, COM ROSCA, DE  1 1/4\", PARA ELETRODUTO","UN",196,{"$f":"VLOOKUP(D579&E579,'TABELA SICRO-SINAPI-ORSE'!A:G,7,FALSE)","v":1.84},0.14692012195121973,2.1103330243902443,413.62527278048788,false]
[null,"3.3.8.1.11","INSUMO SINAPI",13348,"SINAPI","ARRUELA  EM ACO GALVANIZADO, DIAMETRO EXTERNO = 35MM, ESPESSURA = 3MM, DIAMETRO DO FURO= 18MM","UN",736,{"$f":"VLOOKUP(D580&E580,'TABELA SICRO-SINAPI-ORSE'!A:G,7,FALSE)","v":1.79},0.14692012195121973,2.0529870182926833,1510.9984454634148,false]
[null,"3.3.8.1.12","INSUMO SINAPI",4374,"SINAPI","BUCHA DE NYLON SEM ABA S10","UN",153,{"$f":"VLOOKUP(D581&E581,'TABELA SICRO-SINAPI-ORSE'!A:G,7,FALSE)","v":0.51},0.14692012195121973,0.58492926219512209,89.494177115853674,false]
[null,"3.3.8.1.13","INSUMO SINAPI",40552,"SINAPI","PARAFUSO, AUTO ATARRACHANTE, CABECA CHATA, FENDA SIMPLES, 1/4\" (6,35 MM) X 25 MM","CENTO",1,{"$f":"VLOOKUP(D582&E582,'TABELA SICRO-SINAPI-ORSE'!A:G,7,FALSE)","v":45.23},0.14692012195121973,51.875197115853666,51.875197115853666,false]
[null,"3.3.8.1.14","INSUMO SINAPI",4329,"SINAPI","PARAFUSO EM ACO GALVANIZADO, TIPO MAQUINA, SEXTAVADO, SEM PORCA, DIAMETRO 1/2\", COMPRIMENTO 2\"","UN",184,{"$f":"VLOOKUP(D583&E583,'TABELA SICRO-SINAPI-ORSE'!A:G,7,FALSE)","v":2.09},0.14692012195121973,2.3970630548780489,441.05960209756103,false]
[null,"3.3.8.1.15","INSUMO SINAPI",39442,"SINAPI","PARAFUSO DRY WALL, EM ACO ZINCADO, CABECA LENTILHA E PONTA AGULHA (LA), LARGURA 4,2 MM, COMPRIMENTO 13 MM","UN",552,{"$f":"VLOOKUP(D584&E584,'TABELA SICRO-SINAPI-ORSE'!A:G,7,FALSE)","v":0.17},0.14692012195121973,0.19497642073170737,107.62698424390247,false]
[null,"3.3.8.1.16","INSUMO SINAPI",39997,"SINAPI","PORCA ZINCADA, SEXTAVADA, DIAMETRO 1/4\"","UN",736,{"$f":"VLOOKUP(D585&E585,'TABELA SICRO-SINAPI-ORSE'!A:G,7,FALSE)","v":0.28999999999999998},0.14692012195121973,0.33260683536585373,244.79863082926835,false]
[null,"3.3.8.1.17","INSUMO SINAPI",39996,"SINAPI","VERGALHAO ZINCADO ROSCA TOTAL, 1/4 \" (6,3 MM)","M",184,{"$f":"VLOOKUP(D586&E586,'TABELA SICRO-SINAPI-ORSE'!A:G,7,FALSE)","v":4.5999999999999996},0.14692012195121973,5.2758325609756103,970.75319121951225,false]
[null,"3.3.8.1.18","COMPOSIÇÃO SINAPI",91926,"SINAPI","CABO DE COBRE FLEXÍVEL ISOLADO, 2,5 MM², ANTI-CHAMA 450/750 V, PARA CIRCUITOS TERMINAIS - FORNECIMENTO E INSTALAÇÃO. AF_12/2015","M",592.6,{"$f":"VLOOKUP(D587&E587,'TABELA SICRO-SINAPI-ORSE'!A:G,7,FALSE)","v":4.45},{"$f":"$L$4","v":0.20796173004820551},5.3754296987145151,3185.4796394582218,false]
[null,"3.3.8.1.19","COMPOSIÇÃO SINAPI",91928,"SINAPI","CABO DE COBRE FLEXÍVEL ISOLADO, 4 MM², ANTI-CHAMA 450/750 V, PARA CIRCUITOS TERMINAIS - FORNECIMENTO E INSTALAÇÃO. AF_12/2015","M",59.5,{"$f":"VLOOKUP(D588&E588,'TABELA SICRO-SINAPI-ORSE'!A:G,7,FALSE)","v":6.9},0.20796173004820551,8.3349359373326184,495.92868827129081,false]
[null,"3.3.8.1.20","COMPOSIÇÃO SINAPI",103007,"SINAPI","CAIXA COM GRELHA RETANGULAR DE FERRO FUNDIDO, EM ALVENARIA COM TIJOLOS CERÂMICOS MACIÇOS, DIMENSÕES INTERNAS: 0,30 X 1,00 X 0,5 M. AF_08/2021","UN",2,{"$f":"VLOOKUP(D589&E589,'TABELA SICRO-SINAPI-ORSE'!A:G,7,FALSE)","v":1170.25},0.20796173004820551,1413.6172145889125,2827.2344291778249,false]
[null,"3.3.8.1.21","INSUMO SINAPI",38092,"SINAPI","ESPELHO / PLACA DE 1 POSTO 4\" X 2\", PARA INSTALACAO DE TOMADAS E INTERRUPTORES","UN",2,{"$f":"VLOOKUP(D590&E590,'TABELA SICRO-SINAPI-ORSE'!A:G,7,FALSE)","v":2.5499999999999998},{"$f":"$L$5","v":0.14692012195121973},2.9246463109756102,5.8492926219512205,false]
[null,"3.3.8.1.22","COMPOSIÇÃO SINAPI",91990,"SINAPI","TOMADA ALTA DE EMBUTIR (1 MÓDULO), 2P+T 10 A, SEM SUPORTE E SEM PLACA - FORNECIMENTO E INSTALAÇÃO. AF_12/2015","UN",20,{"$f":"VLOOKUP(D591&E591,'TABELA SICRO-SINAPI-ORSE'!A:G,7,FALSE)","v":32.9},{"$f":"$L$4","v":0.20796173004820551},39.741940918585961,794.83881837171919,false]
[null,"3.3.8.1.23","COMPOSIÇÃO SINAPI",91991,"SINAPI","TOMADA ALTA DE EMBUTIR (1 MÓDULO), 2P+T 20 A, SEM SUPORTE E SEM PLACA - FORNECIMENTO E INSTALAÇÃO. AF_12/2015","UN",2,{"$f":"VLOOKUP(D592&E592,'TABELA SICRO-SINAPI-ORSE'!A:G,7,FALSE)","v":35.32},0.20796173004820551,42.66520830530262,85.330416610605241,false]
[null,"3.3.8.1.24","COMPOSIÇÃO SINAPI",97595,"SINAPI","SENSOR DE PRESENÇA COM FOTOCÉLULA, FIXAÇÃO EM PAREDE - FORNECIMENTO E INSTALAÇÃO. AF_02/2020","UN",2,{"$f":"VLOOKUP(D593&E593,'TABELA SICRO-SINAPI-ORSE'!A:G,7,FALSE)","v":101.39},0.20796173004820551,122.47523980958756,244.95047961917513,false]
[null,"3.3.8.1.25","COMPOSIÇÃO SINAPI",93654,"SINAPI","DISJUNTOR MONOPOLAR TIPO DIN, CORRENTE NOMINAL DE 16A - FORNECIMENTO E INSTALAÇÃO. AF_10/2020","UN",14,{"$f":"VLOOKUP(D594&E594,'TABELA SICRO-SINAPI-ORSE'!A:G,7,FALSE)","v":13.44},0.20796173004820551,16.235005651847882,227.29007912587034,false]
[null,"3.3.8.1.26","COMPOSIÇÃO SINAPI",93657,"SINAPI","DISJUNTOR MONOPOLAR TIPO DIN, CORRENTE NOMINAL DE 32A - FORNECIMENTO E INSTALAÇÃO. AF_10/2020","UN",2,{"$f":"VLOOKUP(D595&E595,'TABELA SICRO-SINAPI-ORSE'!A:G,7,FALSE)","v":16.14},0.20796173004820551,19.496502322978039,38.993004645956077,false]
[null,"3.3.8.1.27","COMPOSIÇÃO SINAPI",93658,"SINAPI","DISJUNTOR MONOPOLAR TIPO DIN, CORRENTE NOMINAL DE 40A - FORNECIMENTO E INSTALAÇÃO. AF_10/2020","UN",2,{"$f":"VLOOKUP(D596&E596,'TABELA SICRO-SINAPI-ORSE'!A:G,7,FALSE)","v":23.23},0.20796173004820551,28.060950989019815,56.121901978039631,false]
[null,"3.3.8.1.28","COMPOSIÇÃO SINAPI",93655,"SINAPI","DISJUNTOR MONOPOLAR TIPO DIN, CORRENTE NOMINAL DE 20A - FORNECIMENTO E INSTALAÇÃO. AF_10/2020","UN",2,{"$f":"VLOOKUP(D597&E597,'TABELA SICRO-SINAPI-ORSE'!A:G,7,FALSE)","v":14.68},0.20796173004820551,17.732878197107656,35.465756394215312,false]
[null,"3.3.8.1.29","COMPOSIÇÃO SINAPI",101894,"SINAPI","DISJUNTOR TRIPOLAR TIPO NEMA, CORRENTE NOMINAL DE 60 ATÉ 100A - FORNECIMENTO E INSTALAÇÃO. AF_10/2020","UN",2,{"$f":"VLOOKUP(D598&E598,'TABELA SICRO-SINAPI-ORSE'!A:G,7,FALSE)","v":169.67},0.20796173004820551,204.95486673727902,409.90973347455804,false]
[null,"3.3.8.1.30","COMPOSIÇÃO SINAPI",91843,"SINAPI","ELETRODUTO FLEXÍVEL CORRUGADO REFORÇADO, PVC, DN 20 MM (1/2\"), PARA CIRCUITOS TERMINAIS, INSTALADO EM LAJE - FORNECIMENTO E INSTALAÇÃO. AF_12/2015","M",43.4,{"$f":"VLOOKUP(D599&E599,'TABELA SICRO-SINAPI-ORSE'!A:G,7,FALSE)","v":6.7},0.20796173004820551,8.0933435913229772,351.25111186341718,false]
[null,"3.3.8.1.31","COMPOSIÇÃO SINAPI",91847,"SINAPI","ELETRODUTO FLEXÍVEL CORRUGADO REFORÇADO, PVC, DN 32 MM (1\"), PARA CIRCUITOS TERMINAIS, INSTALADO EM LAJE - FORNECIMENTO E INSTALAÇÃO. AF_12/2015","M",9.5,{"$f":"VLOOKUP(D600&E600,'TABELA SICRO-SINAPI-ORSE'!A:G,7,FALSE)","v":13.96},0.20796173004820551,16.863145751472949,160.19988463899301,false]
[null,"3.3.8.1.32","INSUMO SINAPI",39128,"SINAPI","ABRACADEIRA EM ACO PARA AMARRACAO DE ELETRODUTOS, TIPO D, COM 3/4\" E CUNHA DE FIXACAO","UN",33,{"$f":"VLOOKUP(D601&E601,'TABELA SICRO-SINAPI-ORSE'!A:G,7,FALSE)","v":2.96},{"$f":"$L$5","v":0.14692012195121973},3.3948835609756105,112.03115751219515,false]
[null,"3.3.8.1.33","COMPOSIÇÃO SINAPI",91863,"SINAPI","ELETRODUTO RÍGIDO ROSCÁVEL, PVC, DN 25 MM (3/4\"), PARA CIRCUITOS TERMINAIS, INSTALADO EM FORRO - FORNECIMENTO E INSTALAÇÃO. AF_12/2015","M",83.4,{"$f":"VLOOKUP(D602&E602,'TABELA SICRO-SINAPI-ORSE'!A:G,7,FALSE)","v":11.52},{"$f":"$L$4","v":0.20796173004820551},13.915719130155328,1160.5709754549544,false]
[null,"3.3.8.1.34","COMPOSIÇÃO SINAPI",96562,"SINAPI","SUPORTE PARA ELETROCALHA LISA OU PERFURADA EM AÇO GALVANIZADO, LARGURA 200 OU 400 MM E ALTURA 50 MM, ESPAÇADO A CADA 1,5 M, EM PERFILADO DE SEÇÃO 38X76 MM, POR METRO DE ELETRECOLHA FIXADA. AF_07/2017","M",153.30000000000001,{"$f":"VLOOKUP(D603&E603,'TABELA SICRO-SINAPI-ORSE'!A:G,7,FALSE)","v":54.46},0.20796173004820551,65.785595818425278,10084.931838964596,false]
[null,"3.3.8.1.35","INSUMO SINAPI",402,"SINAPI","GANCHO OLHAL EM ACO GALVANIZADO, ESPESSURA 16MM, ABERTURA 21MM","UN",184,{"$f":"VLOOKUP(D604&E604,'TABELA SICRO-SINAPI-ORSE'!A:G,7,FALSE)","v":11.67},{"$f":"$L$5","v":0.14692012195121973},13.384557823170734,2462.758639463415,false]
[null,"3.3.8.1.36","COMPOSIÇÃO SINAPI",101882,"SINAPI","QUADRO DE DISTRIBUIÇÃO DE ENERGIA EM CHAPA DE AÇO GALVANIZADO, DE EMBUTIR, COM BARRAMENTO TRIFÁSICO, PARA 30 DISJUNTORES DIN 225A - FORNECIMENTO E INSTALAÇÃO. AF_10/2020","UN",1,{"$f":"VLOOKUP(D605&E605,'TABELA SICRO-SINAPI-ORSE'!A:G,7,FALSE)","v":1394.35},{"$f":"$L$4","v":0.20796173004820551},1684.3214382927151,1684.3214382927151,false]
[null,"3.3.8.1.37","COMPOSIÇÃO SINAPI",101876,"SINAPI","QUADRO DE DISTRIBUIÇÃO DE ENERGIA EM PVC, DE EMBUTIR, SEM BARRAMENTO, PARA 6 DISJUNTORES - FORNECIMENTO E INSTALAÇÃO. AF_10/2020","UN",2,{"$f":"VLOOKUP(D606&E606,'TABELA SICRO-SINAPI-ORSE'!A:G,7,FALSE)","v":75.25},0.20796173004820551,90.899120186127462,181.79824037225492,false]
[null,"3.3.8.1.38","COMPOSIÇÃO SINAPI",97586,"SINAPI","LUMINÁRIA TIPO CALHA, DE SOBREPOR, COM 2 LÂMPADAS TUBULARES FLUORESCENTES DE 36 W, COM REATOR DE PARTIDA RÁPIDA - FORNECIMENTO E INSTALAÇÃO. AF_02/2020","UN",23,{"$f":"VLOOKUP(D607&E607,'TABELA SICRO-SINAPI-ORSE'!A:G,7,FALSE)","v":156.83000000000001},0.20796173004820551,189.44463812346009,4357.2266768395821,false]
[null,"3.3.8.2","MUSEU - LISTA DE MATERIAIS ",{"$nulls":4},1,null,null,null,{"$f":"SUBTOTAL(109,L609:L650)","v":49691.821203631982}]
[null,"3.3.8.2.1","INSUMO SINAPI",2516,"SINAPI","CONECTOR CURVO 90 GRAUS DE ALUMINIO, BITOLA 1\", PARA ADAPTAR ENTRADA DE ELETRODUTO METALICO FLEXIVEL EM QUADROS","UN",6,{"$f":"VLOOKUP(D609&E609,'TABELA SICRO-SINAPI-ORSE'!A:G,7,FALSE)","v":13.68},{"$f":"$L$5","v":0.14692012195121973},{"$f":"I609*(1+J609)","v":15.689867268292685},{"$f":"K609*H609","v":94.139203609756109},{"$f":"ISTEXT(H609)","v":false}]
[null,"3.3.8.2.2","INSUMO SINAPI",3264,"SINAPI","FLANGE SEXTAVADO DE FERRO GALVANIZADO, COM ROSCA BSP, DE 1\"","UN",8,{"$f":"VLOOKUP(D610&E610,'TABELA SICRO-SINAPI-ORSE'!A:G,7,FALSE)","v":33.72},0.14692012195121973,38.674146512195129,309.39317209756103,false]
[null,"3.3.8.2.3","INSUMO SINAPI",6323,"SINAPI","TE DE FERRO GALVANIZADO, DE 1\"","UN",10,{"$f":"VLOOKUP(D611&E611,'TABELA SICRO-SINAPI-ORSE'!A:G,7,FALSE)","v":24.11},0.14692012195121973,27.652244140243909,276.52244140243909,false]
[null,"3.3.8.2.4","INSUMO SINAPI",14153,"SINAPI","FITA METALICA PERFURADA, L = *18* MM, ROLO DE 30 M, CARGA RECOMENDADA = *30* KGF","UN",1,{"$f":"VLOOKUP(D612&E612,'TABELA SICRO-SINAPI-ORSE'!A:G,7,FALSE)","v":55.49},0.14692012195121973,63.642597567073182,63.642597567073182,false]
[null,"3.3.8.2.5","COMPOSIÇÃO SINAPI",91936,"SINAPI","CAIXA OCTOGONAL 4\" X 4\", PVC, INSTALADA EM LAJE - FORNECIMENTO E INSTALAÇÃO. AF_12/2015","UN",34,{"$f":"VLOOKUP(D613&E613,'TABELA SICRO-SINAPI-ORSE'!A:G,7,FALSE)","v":17.86},{"$f":"$L$4","v":0.20796173004820551},21.57419649866095,733.52268095447232,false]
[null,"3.3.8.2.6","COMPOSIÇÃO SINAPI",91940,"SINAPI","CAIXA RETANGULAR 4\" X 2\" MÉDIA (1,30 M DO PISO), PVC, INSTALADA EM PAREDE - FORNECIMENTO E INSTALAÇÃO. AF_12/2015","UN",6,{"$f":"VLOOKUP(D614&E614,'TABELA SICRO-SINAPI-ORSE'!A:G,7,FALSE)","v":17.38},0.20796173004820551,20.994374868237809,125.96624920942685,false]
[null,"3.3.8.2.7","INSUMO SINAPI",39332,"SINAPI","CONDULETE EM PVC, TIPO \"C\", SEM TAMPA, DE 1\"","UN",43,{"$f":"VLOOKUP(D615&E615,'TABELA SICRO-SINAPI-ORSE'!A:G,7,FALSE)","v":14.68},{"$f":"$L$5","v":0.14692012195121973},16.836787390243906,723.98185778048799,false]
[null,"3.3.8.2.8","INSUMO SINAPI",1891,"SINAPI","LUVA EM PVC RIGIDO ROSCAVEL, DE 3/4\", PARA ELETRODUTO","UN",10,{"$f":"VLOOKUP(D616&E616,'TABELA SICRO-SINAPI-ORSE'!A:G,7,FALSE)","v":1.43},0.14692012195121973,1.6400957743902442,16.400957743902442,false]
[null,"3.3.8.2.9","INSUMO SINAPI",39211,"SINAPI","ARRUELA EM ALUMINIO, COM ROSCA, DE  1 1/4\", PARA ELETRODUTO","UN",203,{"$f":"VLOOKUP(D617&E617,'TABELA SICRO-SINAPI-ORSE'!A:G,7,FALSE)","v":1.84},0.14692012195121973,2.1103330243902443,428.39760395121959,false]
[null,"3.3.8.2.10","INSUMO SINAPI",13348,"SINAPI","ARRUELA  EM ACO GALVANIZADO, DIAMETRO EXTERNO = 35MM, ESPESSURA = 3MM, DIAMETRO DO FURO= 18MM","UN",1004,{"$f":"VLOOKUP(D618&E618,'TABELA SICRO-SINAPI-ORSE'!A:G,7,FALSE)","v":1.79},0.14692012195121973,2.0529870182926833,2061.1989663658542,false]
[null,"3.3.8.2.11","INSUMO SINAPI",4374,"SINAPI","BUCHA DE NYLON SEM ABA S10","UN",316,{"$f":"VLOOKUP(D619&E619,'TABELA SICRO-SINAPI-ORSE'!A:G,7,FALSE)","v":0.51},0.14692012195121973,0.58492926219512209,184.83764685365858,false]
[null,"3.3.8.2.12","INSUMO SINAPI",40552,"SINAPI","PARAFUSO, AUTO ATARRACHANTE, CABECA CHATA, FENDA SIMPLES, 1/4\" (6,35 MM) X 25 MM","CENTO",207,{"$f":"VLOOKUP(D620&E620,'TABELA SICRO-SINAPI-ORSE'!A:G,7,FALSE)","v":45.23},0.14692012195121973,51.875197115853666,10738.165802981708,false]
[null,"3.3.8.2.13","INSUMO SINAPI",4329,"SINAPI","PARAFUSO EM ACO GALVANIZADO, TIPO MAQUINA, SEXTAVADO, SEM PORCA, DIAMETRO 1/2\", COMPRIMENTO 2\"","UN",744,{"$f":"VLOOKUP(D621&E621,'TABELA SICRO-SINAPI-ORSE'!A:G,7,FALSE)","v":2.09},0.14692012195121973,2.3970630548780489,1783.4149128292684,false]
[null,"3.3.8.2.14","INSUMO SINAPI",39997,"SINAPI","PORCA ZINCADA, SEXTAVADA, DIAMETRO 1/4\"","UN",785,{"$f":"VLOOKUP(D622&E622,'TABELA SICRO-SINAPI-ORSE'!A:G,7,FALSE)","v":0.28999999999999998},0.14692012195121973,0.33260683536585373,261.09636576219515,false]
[null,"3.3.8.2.15","INSUMO SINAPI",39996,"SINAPI","VERGALHAO ZINCADO ROSCA TOTAL, 1/4 \" (6,3 MM)","M",224,{"$f":"VLOOKUP(D623&E623,'TABELA SICRO-SINAPI-ORSE'!A:G,7,FALSE)","v":4.5999999999999996},0.14692012195121973,5.2758325609756103,1181.7864936585368,false]
[null,"3.3.8.2.16","COMPOSIÇÃO SINAPI",91926,"SINAPI","CABO DE COBRE FLEXÍVEL ISOLADO, 2,5 MM², ANTI-CHAMA 450/750 V, PARA CIRCUITOS TERMINAIS - FORNECIMENTO E INSTALAÇÃO. AF_12/2015","M",1194.4000000000001,{"$f":"VLOOKUP(D624&E624,'TABELA SICRO-SINAPI-ORSE'!A:G,7,FALSE)","v":4.45},{"$f":"$L$4","v":0.20796173004820551},5.3754296987145151,6420.4132321446177,false]
[null,"3.3.8.2.17","COMPOSIÇÃO SINAPI",91928,"SINAPI","CABO DE COBRE FLEXÍVEL ISOLADO, 4 MM², ANTI-CHAMA 450/750 V, PARA CIRCUITOS TERMINAIS - FORNECIMENTO E INSTALAÇÃO. AF_12/2015","M",293.39999999999998,{"$f":"VLOOKUP(D625&E625,'TABELA SICRO-SINAPI-ORSE'!A:G,7,FALSE)","v":6.9},0.20796173004820551,8.3349359373326184,2445.4702040133902,false]
[null,"3.3.8.2.18","INSUMO SINAPI",38092,"SINAPI","ESPELHO / PLACA DE 1 POSTO 4\" X 2\", PARA INSTALACAO DE TOMADAS E INTERRUPTORES","UN",4,{"$f":"VLOOKUP(D626&E626,'TABELA SICRO-SINAPI-ORSE'!A:G,7,FALSE)","v":2.5499999999999998},{"$f":"$L$5","v":0.14692012195121973},2.9246463109756102,11.698585243902441,false]
[null,"3.3.8.2.19","COMPOSIÇÃO SINAPI",91990,"SINAPI","TOMADA ALTA DE EMBUTIR (1 MÓDULO), 2P+T 10 A, SEM SUPORTE E SEM PLACA - FORNECIMENTO E INSTALAÇÃO. AF_12/2015","UN",33,{"$f":"VLOOKUP(D627&E627,'TABELA SICRO-SINAPI-ORSE'!A:G,7,FALSE)","v":32.9},{"$f":"$L$4","v":0.20796173004820551},39.741940918585961,1311.4840503133366,false]
[null,"3.3.8.2.20","COMPOSIÇÃO SINAPI",91991,"SINAPI","TOMADA ALTA DE EMBUTIR (1 MÓDULO), 2P+T 20 A, SEM SUPORTE E SEM PLACA - FORNECIMENTO E INSTALAÇÃO. AF_12/2015","UN",4,{"$f":"VLOOKUP(D628&E628,'TABELA SICRO-SINAPI-ORSE'!A:G,7,FALSE)","v":35.32},0.20796173004820551,42.66520830530262,170.66083322121048,false]
[null,"3.3.8.2.21","COMPOSIÇÃO SINAPI",91952,"SINAPI","INTERRUPTOR SIMPLES (1 MÓDULO), 10A/250V, SEM SUPORTE E SEM PLACA - FORNECIMENTO E INSTALAÇÃO. AF_12/2015","UN",7,{"$f":"VLOOKUP(D629&E629,'TABELA SICRO-SINAPI-ORSE'!A:G,7,FALSE)","v":18.62},0.20796173004820551,22.492247413497587,157.44573189448312,false]
[null,"3.3.8.2.22","COMPOSIÇÃO SINAPI",97595,"SINAPI","SENSOR DE PRESENÇA COM FOTOCÉLULA, FIXAÇÃO EM PAREDE - FORNECIMENTO E INSTALAÇÃO. AF_02/2020","UN",2,{"$f":"VLOOKUP(D630&E630,'TABELA SICRO-SINAPI-ORSE'!A:G,7,FALSE)","v":101.39},0.20796173004820551,122.47523980958756,244.95047961917513,false]
[null,"3.3.8.2.23","COMPOSIÇÃO SINAPI",93654,"SINAPI","DISJUNTOR MONOPOLAR TIPO DIN, CORRENTE NOMINAL DE 16A - FORNECIMENTO E INSTALAÇÃO. AF_10/2020","UN",10,{"$f":"VLOOKUP(D631&E631,'TABELA SICRO-SINAPI-ORSE'!A:G,7,FALSE)","v":13.44},0.20796173004820551,16.235005651847882,162.35005651847882,false]
[null,"3.3.8.2.24","COMPOSIÇÃO SINAPI",93655,"SINAPI","DISJUNTOR MONOPOLAR TIPO DIN, CORRENTE NOMINAL DE 20A - FORNECIMENTO E INSTALAÇÃO. AF_10/2020","UN",3,{"$f":"VLOOKUP(D632&E632,'TABELA SICRO-SINAPI-ORSE'!A:G,7,FALSE)","v":14.68},0.20796173004820551,17.732878197107656,53.198634591322971,false]
[null,"3.3.8.2.25","COMPOSIÇÃO SINAPI",101894,"SINAPI","DISJUNTOR TRIPOLAR TIPO NEMA, CORRENTE NOMINAL DE 60 ATÉ 100A - FORNECIMENTO E INSTALAÇÃO. AF_10/2020","UN",2,{"$f":"VLOOKUP(D633&E633,'TABELA SICRO-SINAPI-ORSE'!A:G,7,FALSE)","v":169.67},0.20796173004820551,204.95486673727902,409.90973347455804,false]
[null,"3.3.8.2.26","COMPOSIÇÃO SINAPI",91170,"SINAPI","FIXAÇÃO DE TUBOS HORIZONTAIS DE PVC, CPVC OU COBRE DIÂMETROS MENORES OU IGUAIS A 40 MM OU ELETROCALHAS ATÉ 150MM DE LARGURA, COM ABRAÇADEIRA METÁLICA RÍGIDA TIPO D 1/2\", FIXADA EM PERFILADO EM LAJE. AF_05/2015","M",28.4,{"$f":"VLOOKUP(D634&E634,'TABELA SICRO-SINAPI-ORSE'!A:G,7,FALSE)","v":10.9},0.20796173004820551,13.16678285752544,373.93663315372248,false]
[null,"3.3.8.2.27","INSUMO SINAPI",3264,"SINAPI","FLANGE SEXTAVADO DE FERRO GALVANIZADO, COM ROSCA BSP, DE 1\"","UN",2,{"$f":"VLOOKUP(D635&E635,'TABELA SICRO-SINAPI-ORSE'!A:G,7,FALSE)","v":33.72},{"$f":"$L$5","v":0.14692012195121973},38.674146512195129,77.348293024390259,false]
[null,"3.3.8.2.28","INSUMO SINAPI",6323,"SINAPI","TE DE FERRO GALVANIZADO, DE 1\"","UN",1,{"$f":"VLOOKUP(D636&E636,'TABELA SICRO-SINAPI-ORSE'!A:G,7,FALSE)","v":24.11},0.14692012195121973,27.652244140243909,27.652244140243909,false]
[null,"3.3.8.2.29","INSUMO SINAPI",14153,"SINAPI","FITA METALICA PERFURADA, L = *18* MM, ROLO DE 30 M, CARGA RECOMENDADA = *30* KGF","UN",22,{"$f":"VLOOKUP(D637&E637,'TABELA SICRO-SINAPI-ORSE'!A:G,7,FALSE)","v":55.49},0.14692012195121973,63.642597567073182,1400.1371464756101,false]
[null,"3.3.8.2.30","COMPOSIÇÃO SINAPI",91834,"SINAPI","ELETRODUTO FLEXÍVEL CORRUGADO, PVC, DN 25 MM (3/4\"), PARA CIRCUITOS TERMINAIS, INSTALADO EM FORRO - FORNECIMENTO E INSTALAÇÃO. AF_12/2015","M",4.0999999999999996,{"$f":"VLOOKUP(D638&E638,'TABELA SICRO-SINAPI-ORSE'!A:G,7,FALSE)","v":18.55},{"$f":"$L$4","v":0.20796173004820551},22.407690092394212,91.871529378816263,false]
[null,"3.3.8.2.31","COMPOSIÇÃO SINAPI",91836,"SINAPI","ELETRODUTO FLEXÍVEL CORRUGADO, PVC, DN 32 MM (1\"), PARA CIRCUITOS TERMINAIS, INSTALADO EM FORRO - FORNECIMENTO E INSTALAÇÃO. AF_12/2015","M",8.1999999999999993,{"$f":"VLOOKUP(D639&E639,'TABELA SICRO-SINAPI-ORSE'!A:G,7,FALSE)","v":21.61},0.20796173004820551,26.104052986341721,214.05323448800209,false]
[null,"3.3.8.2.32","COMPOSIÇÃO SINAPI",91847,"SINAPI","ELETRODUTO FLEXÍVEL CORRUGADO REFORÇADO, PVC, DN 32 MM (1\"), PARA CIRCUITOS TERMINAIS, INSTALADO EM LAJE - FORNECIMENTO E INSTALAÇÃO. AF_12/2015","M",16.8,{"$f":"VLOOKUP(D640&E640,'TABELA SICRO-SINAPI-ORSE'!A:G,7,FALSE)","v":13.96},0.20796173004820551,16.863145751472949,283.30084862474558,false]
[null,"3.3.8.2.33","INSUMO SINAPI",39131,"SINAPI","ABRACADEIRA EM ACO PARA AMARRACAO DE ELETRODUTOS, TIPO D, COM 1 1/2\" E CUNHA DE FIXACAO","UN",5,{"$f":"VLOOKUP(D641&E641,'TABELA SICRO-SINAPI-ORSE'!A:G,7,FALSE)","v":5.65},{"$f":"$L$5","v":0.14692012195121973},6.4800986890243921,32.40049344512196,false]
[null,"3.3.8.2.34","INSUMO SINAPI",39129,"SINAPI","ABRACADEIRA EM ACO PARA AMARRACAO DE ELETRODUTOS, TIPO D, COM 1\" E CUNHA DE FIXACAO","UN",3,{"$f":"VLOOKUP(D642&E642,'TABELA SICRO-SINAPI-ORSE'!A:G,7,FALSE)","v":3.17},0.14692012195121973,3.6357367865853663,10.9072103597561,false]
[null,"3.3.8.2.35","INSUMO SINAPI",39128,"SINAPI","ABRACADEIRA EM ACO PARA AMARRACAO DE ELETRODUTOS, TIPO D, COM 3/4\" E CUNHA DE FIXACAO","UN",109,{"$f":"VLOOKUP(D643&E643,'TABELA SICRO-SINAPI-ORSE'!A:G,7,FALSE)","v":2.96},0.14692012195121973,3.3948835609756105,370.04230814634155,false]
[null,"3.3.8.2.36","COMPOSIÇÃO SINAPI",91863,"SINAPI","ELETRODUTO RÍGIDO ROSCÁVEL, PVC, DN 25 MM (3/4\"), PARA CIRCUITOS TERMINAIS, INSTALADO EM FORRO - FORNECIMENTO E INSTALAÇÃO. AF_12/2015","M",288,{"$f":"VLOOKUP(D644&E644,'TABELA SICRO-SINAPI-ORSE'!A:G,7,FALSE)","v":11.52},{"$f":"$L$4","v":0.20796173004820551},13.915719130155328,4007.7271094847342,false]
[null,"3.3.8.2.37","COMPOSIÇÃO SINAPI",91864,"SINAPI","ELETRODUTO RÍGIDO ROSCÁVEL, PVC, DN 32 MM (1\"), PARA CIRCUITOS TERMINAIS, INSTALADO EM FORRO - FORNECIMENTO E INSTALAÇÃO. AF_12/2015","M",7.8,{"$f":"VLOOKUP(D645&E645,'TABELA SICRO-SINAPI-ORSE'!A:G,7,FALSE)","v":15.81},0.20796173004820551,19.097874952062131,148.96342462608462,false]
[null,"3.3.8.2.38","COMPOSIÇÃO SINAPI",93008,"SINAPI","ELETRODUTO RÍGIDO ROSCÁVEL, PVC, DN 50 MM (1 1/2\"), PARA REDE ENTERRADA DE DISTRIBUIÇÃO DE ENERGIA ELÉTRICA - FORNECIMENTO E INSTALAÇÃO. AF_12/2021","M",12.3,{"$f":"VLOOKUP(D646&E646,'TABELA SICRO-SINAPI-ORSE'!A:G,7,FALSE)","v":19.899999999999999},0.20796173004820551,24.038438427959289,295.67279266389926,false]
[null,"3.3.8.2.39","COMPOSIÇÃO SINAPI",91170,"SINAPI","FIXAÇÃO DE TUBOS HORIZONTAIS DE PVC, CPVC OU COBRE DIÂMETROS MENORES OU IGUAIS A 40 MM OU ELETROCALHAS ATÉ 150MM DE LARGURA, COM ABRAÇADEIRA METÁLICA RÍGIDA TIPO D 1/2\", FIXADA EM PERFILADO EM LAJE. AF_05/2015","M",156.19999999999999,{"$f":"VLOOKUP(D647&E647,'TABELA SICRO-SINAPI-ORSE'!A:G,7,FALSE)","v":10.9},0.20796173004820551,13.16678285752544,2056.6514823454736,false]
[null,"3.3.8.2.40","INSUMO SINAPI",402,"SINAPI","GANCHO OLHAL EM ACO GALVANIZADO, ESPESSURA 16MM, ABERTURA 21MM","UN",199,{"$f":"VLOOKUP(D648&E648,'TABELA SICRO-SINAPI-ORSE'!A:G,7,FALSE)","v":11.67},{"$f":"$L$5","v":0.14692012195121973},13.384557823170734,2663.5270068109762,false]
[null,"3.3.8.2.41","COMPOSIÇÃO SINAPI",101880,"SINAPI","QUADRO DE DISTRIBUIÇÃO DE ENERGIA EM CHAPA DE AÇO GALVANIZADO, DE EMBUTIR, COM BARRAMENTO TRIFÁSICO, PARA 30 DISJUNTORES DIN 150A - FORNECIMENTO E INSTALAÇÃO. AF_10/2020","UN",1,{"$f":"VLOOKUP(D649&E649,'TABELA SICRO-SINAPI-ORSE'!A:G,7,FALSE)","v":684.18},{"$f":"$L$4","v":0.20796173004820551},826.46325646438117,826.46325646438117,false]
[null,"3.3.8.2.42","COMPOSIÇÃO SINAPI",97586,"SINAPI","LUMINÁRIA TIPO CALHA, DE SOBREPOR, COM 2 LÂMPADAS TUBULARES FLUORESCENTES DE 36 W, COM REATOR DE PARTIDA RÁPIDA - FORNECIMENTO E INSTALAÇÃO. AF_02/2020","UN",34,{"$f":"VLOOKUP(D650&E650,'TABELA SICRO-SINAPI-ORSE'!A:G,7,FALSE)","v":156.83000000000001},0.20796173004820551,189.44463812346009,6441.1176961976435,false]
[null,"3.3.8.3","RESTAURANTE - LISTA DE MATERIAIS",{"$nulls":4},1,null,null,null,{"$f":"SUBTOTAL(109,L652:L695)","v":38883.278846645422}]
[null,"3.3.8.3.1","INSUMO SINAPI",2516,"SINAPI","CONECTOR CURVO 90 GRAUS DE ALUMINIO, BITOLA 1\", PARA ADAPTAR ENTRADA DE ELETRODUTO METALICO FLEXIVEL EM QUADROS","UN",21,{"$f":"VLOOKUP(D652&E652,'TABELA SICRO-SINAPI-ORSE'!A:G,7,FALSE)","v":13.68},{"$f":"$L$5","v":0.14692012195121973},{"$f":"I652*(1+J652)","v":15.689867268292685},{"$f":"K652*H652","v":329.48721263414637},{"$f":"ISTEXT(H652)","v":false}]
[null,"3.3.8.3.2","INSUMO SINAPI",1648,"SINAPI","CRUZETA DE FERRO GALVANIZADO, COM ROSCA BSP, DE 1\"","UN",2,{"$f":"VLOOKUP(D653&E653,'TABELA SICRO-SINAPI-ORSE'!A:G,7,FALSE)","v":46.11},0.14692012195121973,52.884486823170739,105.76897364634148,false]
[null,"3.3.8.3.3","INSUMO SINAPI",3264,"SINAPI","FLANGE SEXTAVADO DE FERRO GALVANIZADO, COM ROSCA BSP, DE 1\"","UN",6,{"$f":"VLOOKUP(D654&E654,'TABELA SICRO-SINAPI-ORSE'!A:G,7,FALSE)","v":33.72},0.14692012195121973,38.674146512195129,232.04487907317076,false]
[null,"3.3.8.3.4","INSUMO SINAPI",6323,"SINAPI","TE DE FERRO GALVANIZADO, DE 1\"","UN",16,{"$f":"VLOOKUP(D655&E655,'TABELA SICRO-SINAPI-ORSE'!A:G,7,FALSE)","v":24.11},0.14692012195121973,27.652244140243909,442.43590624390254,false]
[null,"3.3.8.3.5","INSUMO SINAPI",14153,"SINAPI","FITA METALICA PERFURADA, L = *18* MM, ROLO DE 30 M, CARGA RECOMENDADA = *30* KGF","UN",1,{"$f":"VLOOKUP(D656&E656,'TABELA SICRO-SINAPI-ORSE'!A:G,7,FALSE)","v":55.49},0.14692012195121973,63.642597567073182,63.642597567073182,false]
[null,"3.3.8.3.6","COMPOSIÇÃO SINAPI",91936,"SINAPI","CAIXA OCTOGONAL 4\" X 4\", PVC, INSTALADA EM LAJE - FORNECIMENTO E INSTALAÇÃO. AF_12/2015","UN",31,{"$f":"VLOOKUP(D657&E657,'TABELA SICRO-SINAPI-ORSE'!A:G,7,FALSE)","v":17.86},{"$f":"$L$4","v":0.20796173004820551},21.57419649866095,668.80009145848942,false]
[null,"3.3.8.3.7","COMPOSIÇÃO SINAPI",91940,"SINAPI","CAIXA RETANGULAR 4\" X 2\" MÉDIA (1,30 M DO PISO), PVC, INSTALADA EM PAREDE - FORNECIMENTO E INSTALAÇÃO. AF_12/2015","UN",8,{"$f":"VLOOKUP(D658&E658,'TABELA SICRO-SINAPI-ORSE'!A:G,7,FALSE)","v":17.38},0.20796173004820551,20.994374868237809,167.95499894590247,false]
[null,"3.3.8.3.8","INSUMO SINAPI",39332,"SINAPI","CONDULETE EM PVC, TIPO \"C\", SEM TAMPA, DE 1\"","UN",34,{"$f":"VLOOKUP(D659&E659,'TABELA SICRO-SINAPI-ORSE'!A:G,7,FALSE)","v":14.68},{"$f":"$L$5","v":0.14692012195121973},16.836787390243906,572.45077126829278,false]
[null,"3.3.8.3.9","INSUMO SINAPI",1891,"SINAPI","LUVA EM PVC RIGIDO ROSCAVEL, DE 3/4\", PARA ELETRODUTO","UN",1,{"$f":"VLOOKUP(D660&E660,'TABELA SICRO-SINAPI-ORSE'!A:G,7,FALSE)","v":1.43},0.14692012195121973,1.6400957743902442,1.6400957743902442,false]
[null,"3.3.8.3.10","INSUMO SINAPI",39211,"SINAPI","ARRUELA EM ALUMINIO, COM ROSCA, DE  1 1/4\", PARA ELETRODUTO","UN",226,{"$f":"VLOOKUP(D661&E661,'TABELA SICRO-SINAPI-ORSE'!A:G,7,FALSE)","v":1.84},0.14692012195121973,2.1103330243902443,476.93526351219521,false]
[null,"3.3.8.3.11","INSUMO SINAPI",13348,"SINAPI","ARRUELA  EM ACO GALVANIZADO, DIAMETRO EXTERNO = 35MM, ESPESSURA = 3MM, DIAMETRO DO FURO= 18MM","UN",898,{"$f":"VLOOKUP(D662&E662,'TABELA SICRO-SINAPI-ORSE'!A:G,7,FALSE)","v":1.79},0.14692012195121973,2.0529870182926833,1843.5823424268297,false]
[null,"3.3.8.3.12","INSUMO SINAPI",4374,"SINAPI","BUCHA DE NYLON SEM ABA S10","UN",242,{"$f":"VLOOKUP(D663&E663,'TABELA SICRO-SINAPI-ORSE'!A:G,7,FALSE)","v":0.51},0.14692012195121973,0.58492926219512209,141.55288145121955,false]
[null,"3.3.8.3.13","INSUMO SINAPI",40552,"SINAPI","PARAFUSO, AUTO ATARRACHANTE, CABECA CHATA, FENDA SIMPLES, 1/4\" (6,35 MM) X 25 MM","CENTO",143,{"$f":"VLOOKUP(D664&E664,'TABELA SICRO-SINAPI-ORSE'!A:G,7,FALSE)","v":45.23},0.14692012195121973,51.875197115853666,7418.1531875670744,false]
[null,"3.3.8.3.14","INSUMO SINAPI",4329,"SINAPI","PARAFUSO EM ACO GALVANIZADO, TIPO MAQUINA, SEXTAVADO, SEM PORCA, DIAMETRO 1/2\", COMPRIMENTO 2\"","UN",232,{"$f":"VLOOKUP(D665&E665,'TABELA SICRO-SINAPI-ORSE'!A:G,7,FALSE)","v":2.09},0.14692012195121973,2.3970630548780489,556.1186287317073,false]
[null,"3.3.8.3.15","INSUMO SINAPI",39442,"SINAPI","PARAFUSO DRY WALL, EM ACO ZINCADO, CABECA LENTILHA E PONTA AGULHA (LA), LARGURA 4,2 MM, COMPRIMENTO 13 MM","UN",632,{"$f":"VLOOKUP(D666&E666,'TABELA SICRO-SINAPI-ORSE'!A:G,7,FALSE)","v":0.17},0.14692012195121973,0.19497642073170737,123.22509790243906,false]
[null,"3.3.8.3.16","INSUMO SINAPI",39997,"SINAPI","PORCA ZINCADA, SEXTAVADA, DIAMETRO 1/4\"","UN",880,{"$f":"VLOOKUP(D667&E667,'TABELA SICRO-SINAPI-ORSE'!A:G,7,FALSE)","v":0.28999999999999998},0.14692012195121973,0.33260683536585373,292.69401512195128,false]
[null,"3.3.8.3.17","INSUMO SINAPI",39996,"SINAPI","VERGALHAO ZINCADO ROSCA TOTAL, 1/4 \" (6,3 MM)","M",232,{"$f":"VLOOKUP(D668&E668,'TABELA SICRO-SINAPI-ORSE'!A:G,7,FALSE)","v":4.5999999999999996},0.14692012195121973,5.2758325609756103,1223.9931541463416,false]
[null,"3.3.8.3.18","COMPOSIÇÃO SINAPI",91926,"SINAPI","CABO DE COBRE FLEXÍVEL ISOLADO, 2,5 MM², ANTI-CHAMA 450/750 V, PARA CIRCUITOS TERMINAIS - FORNECIMENTO E INSTALAÇÃO. AF_12/2015","M",567.79999999999995,{"$f":"VLOOKUP(D669&E669,'TABELA SICRO-SINAPI-ORSE'!A:G,7,FALSE)","v":4.45},{"$f":"$L$4","v":0.20796173004820551},5.3754296987145151,3052.1689829301013,false]
[null,"3.3.8.3.19","COMPOSIÇÃO SINAPI",91928,"SINAPI","CABO DE COBRE FLEXÍVEL ISOLADO, 4 MM², ANTI-CHAMA 450/750 V, PARA CIRCUITOS TERMINAIS - FORNECIMENTO E INSTALAÇÃO. AF_12/2015","M",250.2,{"$f":"VLOOKUP(D670&E670,'TABELA SICRO-SINAPI-ORSE'!A:G,7,FALSE)","v":6.9},0.20796173004820551,8.3349359373326184,2085.4009715206212,false]
[null,"3.3.8.3.20","COMPOSIÇÃO SINAPI",103007,"SINAPI","CAIXA COM GRELHA RETANGULAR DE FERRO FUNDIDO, EM ALVENARIA COM TIJOLOS CERÂMICOS MACIÇOS, DIMENSÕES INTERNAS: 0,30 X 1,00 X 0,5 M. AF_08/2021","UN",1,{"$f":"VLOOKUP(D671&E671,'TABELA SICRO-SINAPI-ORSE'!A:G,7,FALSE)","v":1170.25},0.20796173004820551,1413.6172145889125,1413.6172145889125,false]
[null,"3.3.8.3.21","INSUMO SINAPI",38092,"SINAPI","ESPELHO / PLACA DE 1 POSTO 4\" X 2\", PARA INSTALACAO DE TOMADAS E INTERRUPTORES","UN",6,{"$f":"VLOOKUP(D672&E672,'TABELA SICRO-SINAPI-ORSE'!A:G,7,FALSE)","v":2.5499999999999998},{"$f":"$L$5","v":0.14692012195121973},2.9246463109756102,17.54787786585366,false]
[null,"3.3.8.3.22","COMPOSIÇÃO SINAPI",91990,"SINAPI","TOMADA ALTA DE EMBUTIR (1 MÓDULO), 2P+T 10 A, SEM SUPORTE E SEM PLACA - FORNECIMENTO E INSTALAÇÃO. AF_12/2015","UN",26,{"$f":"VLOOKUP(D673&E673,'TABELA SICRO-SINAPI-ORSE'!A:G,7,FALSE)","v":32.9},{"$f":"$L$4","v":0.20796173004820551},39.741940918585961,1033.2904638832349,false]
[null,"3.3.8.3.23","COMPOSIÇÃO SINAPI",91991,"SINAPI","TOMADA ALTA DE EMBUTIR (1 MÓDULO), 2P+T 20 A, SEM SUPORTE E SEM PLACA - FORNECIMENTO E INSTALAÇÃO. AF_12/2015","UN",3,{"$f":"VLOOKUP(D674&E674,'TABELA SICRO-SINAPI-ORSE'!A:G,7,FALSE)","v":35.32},0.20796173004820551,42.66520830530262,127.99562491590785,false]
[null,"3.3.8.3.24","COMPOSIÇÃO SINAPI",91952,"SINAPI","INTERRUPTOR SIMPLES (1 MÓDULO), 10A/250V, SEM SUPORTE E SEM PLACA - FORNECIMENTO E INSTALAÇÃO. AF_12/2015","UN",8,{"$f":"VLOOKUP(D675&E675,'TABELA SICRO-SINAPI-ORSE'!A:G,7,FALSE)","v":18.62},0.20796173004820551,22.492247413497587,179.9379793079807,false]
[null,"3.3.8.3.25","COMPOSIÇÃO SINAPI",97595,"SINAPI","SENSOR DE PRESENÇA COM FOTOCÉLULA, FIXAÇÃO EM PAREDE - FORNECIMENTO E INSTALAÇÃO. AF_02/2020","UN",2,{"$f":"VLOOKUP(D676&E676,'TABELA SICRO-SINAPI-ORSE'!A:G,7,FALSE)","v":101.39},0.20796173004820551,122.47523980958756,244.95047961917513,false]
[null,"3.3.8.3.26","COMPOSIÇÃO SINAPI",93655,"SINAPI","DISJUNTOR MONOPOLAR TIPO DIN, CORRENTE NOMINAL DE 20A - FORNECIMENTO E INSTALAÇÃO. AF_10/2020","UN",3,{"$f":"VLOOKUP(D677&E677,'TABELA SICRO-SINAPI-ORSE'!A:G,7,FALSE)","v":14.68},0.20796173004820551,17.732878197107656,53.198634591322971,false]
[null,"3.3.8.3.27","COMPOSIÇÃO SINAPI",93654,"SINAPI","DISJUNTOR MONOPOLAR TIPO DIN, CORRENTE NOMINAL DE 16A - FORNECIMENTO E INSTALAÇÃO. AF_10/2020","UN",4,{"$f":"VLOOKUP(D678&E678,'TABELA SICRO-SINAPI-ORSE'!A:G,7,FALSE)","v":13.44},0.20796173004820551,16.235005651847882,64.940022607391526,false]
[null,"3.3.8.3.28","COMPOSIÇÃO SINAPI",101894,"SINAPI","DISJUNTOR TRIPOLAR TIPO NEMA, CORRENTE NOMINAL DE 60 ATÉ 100A - FORNECIMENTO E INSTALAÇÃO. AF_10/2020","UN",2,{"$f":"VLOOKUP(D679&E679,'TABELA SICRO-SINAPI-ORSE'!A:G,7,FALSE)","v":169.67},0.20796173004820551,204.95486673727902,409.90973347455804,false]
[null,"3.3.8.3.29","COMPOSIÇÃO ORSE",9969,"ORSE","DISJUNTOR TETRAPOLAR DR 125 A, TIPO AC, CORRENTE NOMINAL RESIDUAL 30MA, REF.: SIEMENS 5SM3-3450 OU SIMILAR","UN",1,{"$f":"VLOOKUP(D680&E680,'TABELA SICRO-SINAPI-ORSE'!A:G,7,FALSE)","v":1461.83},0.20796173004820551,1765.8346958363682,1765.8346958363682,false]
[null,"3.3.8.3.30","COMPOSIÇÃO SINAPI",91170,"SINAPI","FIXAÇÃO DE TUBOS HORIZONTAIS DE PVC, CPVC OU COBRE DIÂMETROS MENORES OU IGUAIS A 40 MM OU ELETROCALHAS ATÉ 150MM DE LARGURA, COM ABRAÇADEIRA METÁLICA RÍGIDA TIPO D 1/2\", FIXADA EM PERFILADO EM LAJE. AF_05/2015","M",12.1,{"$f":"VLOOKUP(D681&E681,'TABELA SICRO-SINAPI-ORSE'!A:G,7,FALSE)","v":10.9},0.20796173004820551,13.16678285752544,159.31807257605783,false]
[null,"3.3.8.3.31","INSUMO SINAPI",3264,"SINAPI","FLANGE SEXTAVADO DE FERRO GALVANIZADO, COM ROSCA BSP, DE 1\"","UN",1,{"$f":"VLOOKUP(D682&E682,'TABELA SICRO-SINAPI-ORSE'!A:G,7,FALSE)","v":33.72},{"$f":"$L$5","v":0.14692012195121973},38.674146512195129,38.674146512195129,false]
[null,"3.3.8.3.32","INSUMO SINAPI",6323,"SINAPI","TE DE FERRO GALVANIZADO, DE 1\"","UN",1,{"$f":"VLOOKUP(D683&E683,'TABELA SICRO-SINAPI-ORSE'!A:G,7,FALSE)","v":24.11},0.14692012195121973,27.652244140243909,27.652244140243909,false]
[null,"3.3.8.3.33","INSUMO SINAPI",14153,"SINAPI","FITA METALICA PERFURADA, L = *18* MM, ROLO DE 30 M, CARGA RECOMENDADA = *30* KGF","UN",1,{"$f":"VLOOKUP(D684&E684,'TABELA SICRO-SINAPI-ORSE'!A:G,7,FALSE)","v":55.49},0.14692012195121973,63.642597567073182,63.642597567073182,false]
[null,"3.3.8.3.34","COMPOSIÇÃO SINAPI",91836,"SINAPI","ELETRODUTO FLEXÍVEL CORRUGADO, PVC, DN 32 MM (1\"), PARA CIRCUITOS TERMINAIS, INSTALADO EM FORRO - FORNECIMENTO E INSTALAÇÃO. AF_12/2015","M",8.4,{"$f":"VLOOKUP(D685&E685,'TABELA SICRO-SINAPI-ORSE'!A:G,7,FALSE)","v":21.61},{"$f":"$L$4","v":0.20796173004820551},26.104052986341721,219.27404508527047,false]
[null,"3.3.8.3.35","COMPOSIÇÃO SINAPI",91834,"SINAPI","ELETRODUTO FLEXÍVEL CORRUGADO, PVC, DN 25 MM (3/4\"), PARA CIRCUITOS TERMINAIS, INSTALADO EM FORRO - FORNECIMENTO E INSTALAÇÃO. AF_12/2015","M",4.0999999999999996,{"$f":"VLOOKUP(D686&E686,'TABELA SICRO-SINAPI-ORSE'!A:G,7,FALSE)","v":18.55},0.20796173004820551,22.407690092394212,91.871529378816263,false]
[null,"3.3.8.3.36","COMPOSIÇÃO SINAPI",91837,"SINAPI","ELETRODUTO FLEXÍVEL CORRUGADO REFORÇADO, PVC, DN 32 MM (1\"), PARA CIRCUITOS TERMINAIS, INSTALADO EM FORRO - FORNECIMENTO E INSTALAÇÃO. AF_12/2015","M",20.8,{"$f":"VLOOKUP(D687&E687,'TABELA SICRO-SINAPI-ORSE'!A:G,7,FALSE)","v":25.71},0.20796173004820551,31.056696079539364,645.97927845441882,false]
[null,"3.3.8.3.37","INSUMO SINAPI",39128,"SINAPI","ABRACADEIRA EM ACO PARA AMARRACAO DE ELETRODUTOS, TIPO D, COM 3/4\" E CUNHA DE FIXACAO","UN",66,{"$f":"VLOOKUP(D688&E688,'TABELA SICRO-SINAPI-ORSE'!A:G,7,FALSE)","v":2.96},{"$f":"$L$5","v":0.14692012195121973},3.3948835609756105,224.0623150243903,false]
[null,"3.3.8.3.38","INSUMO SINAPI",394,"SINAPI","ABRACADEIRA EM ACO PARA AMARRACAO DE ELETRODUTOS, TIPO D, COM 1 1/2\" E PARAFUSO DE FIXACAO","UN",5,{"$f":"VLOOKUP(D689&E689,'TABELA SICRO-SINAPI-ORSE'!A:G,7,FALSE)","v":5.72},0.14692012195121973,6.5603830975609769,32.801915487804884,false]
[null,"3.3.8.3.39","COMPOSIÇÃO SINAPI",91863,"SINAPI","ELETRODUTO RÍGIDO ROSCÁVEL, PVC, DN 25 MM (3/4\"), PARA CIRCUITOS TERMINAIS, INSTALADO EM FORRO - FORNECIMENTO E INSTALAÇÃO. AF_12/2015","M",56.9,{"$f":"VLOOKUP(D690&E690,'TABELA SICRO-SINAPI-ORSE'!A:G,7,FALSE)","v":11.52},{"$f":"$L$4","v":0.20796173004820551},13.915719130155328,791.80441850583816,false]
[null,"3.3.8.3.40","COMPOSIÇÃO SINAPI",93008,"SINAPI","ELETRODUTO RÍGIDO ROSCÁVEL, PVC, DN 50 MM (1 1/2\"), PARA REDE ENTERRADA DE DISTRIBUIÇÃO DE ENERGIA ELÉTRICA - FORNECIMENTO E INSTALAÇÃO. AF_12/2021","M",4.0999999999999996,{"$f":"VLOOKUP(D691&E691,'TABELA SICRO-SINAPI-ORSE'!A:G,7,FALSE)","v":19.899999999999999},0.20796173004820551,24.038438427959289,98.557597554633077,false]
[null,"3.3.8.3.41","COMPOSIÇÃO SINAPI",91170,"SINAPI","FIXAÇÃO DE TUBOS HORIZONTAIS DE PVC, CPVC OU COBRE DIÂMETROS MENORES OU IGUAIS A 40 MM OU ELETROCALHAS ATÉ 150MM DE LARGURA, COM ABRAÇADEIRA METÁLICA RÍGIDA TIPO D 1/2\", FIXADA EM PERFILADO EM LAJE. AF_05/2015","M",64.7,{"$f":"VLOOKUP(D692&E692,'TABELA SICRO-SINAPI-ORSE'!A:G,7,FALSE)","v":10.9},0.20796173004820551,13.16678285752544,851.89085088189609,false]
[null,"3.3.8.3.42","INSUMO SINAPI",402,"SINAPI","GANCHO OLHAL EM ACO GALVANIZADO, ESPESSURA 16MM, ABERTURA 21MM","UN",222,{"$f":"VLOOKUP(D693&E693,'TABELA SICRO-SINAPI-ORSE'!A:G,7,FALSE)","v":11.67},{"$f":"$L$5","v":0.14692012195121973},13.384557823170734,2971.3718367439028,false]
[null,"3.3.8.3.43","COMPOSIÇÃO SINAPI",101882,"SINAPI","QUADRO DE DISTRIBUIÇÃO DE ENERGIA EM CHAPA DE AÇO GALVANIZADO, DE EMBUTIR, COM BARRAMENTO TRIFÁSICO, PARA 30 DISJUNTORES DIN 225A - FORNECIMENTO E INSTALAÇÃO. AF_10/2020","UN",1,{"$f":"VLOOKUP(D694&E694,'TABELA SICRO-SINAPI-ORSE'!A:G,7,FALSE)","v":1394.35},{"$f":"$L$4","v":0.20796173004820551},1684.3214382927151,1684.3214382927151,false]
[null,"3.3.8.3.44","COMPOSIÇÃO SINAPI",97586,"SINAPI","LUMINÁRIA TIPO CALHA, DE SOBREPOR, COM 2 LÂMPADAS TUBULARES FLUORESCENTES DE 36 W, COM REATOR DE PARTIDA RÁPIDA - FORNECIMENTO E INSTALAÇÃO. AF_02/2020","UN",31,{"$f":"VLOOKUP(D695&E695,'TABELA SICRO-SINAPI-ORSE'!A:G,7,FALSE)","v":156.83000000000001},0.20796173004820551,189.44463812346009,5872.7837818272628,false]
[null,"3.3.8.4","CABEAMENTO ESTRUTURADO ",{"$nulls":4},1,null,null,null,{"$f":"SUBTOTAL(109,L697:L717)","v":9459.6000011792385}]
[null,"3.3.8.4.1","INSUMO SINAPI",2516,"SINAPI","CONECTOR CURVO 90 GRAUS DE ALUMINIO, BITOLA 1\", PARA ADAPTAR ENTRADA DE ELETRODUTO METALICO FLEXIVEL EM QUADROS","UN",17,{"$f":"VLOOKUP(D697&E697,'TABELA SICRO-SINAPI-ORSE'!A:G,7,FALSE)","v":13.68},{"$f":"$L$5","v":0.14692012195121973},{"$f":"I697*(1+J697)","v":15.689867268292685},{"$f":"K697*H697","v":266.72774356097563},{"$f":"ISTEXT(H697)","v":false}]
[null,"3.3.8.4.2","INSUMO SINAPI",3264,"SINAPI","FLANGE SEXTAVADO DE FERRO GALVANIZADO, COM ROSCA BSP, DE 1\"","UN",3,{"$f":"VLOOKUP(D698&E698,'TABELA SICRO-SINAPI-ORSE'!A:G,7,FALSE)","v":33.72},0.14692012195121973,38.674146512195129,116.02243953658538,false]
[null,"3.3.8.4.3","INSUMO SINAPI",6323,"SINAPI","TE DE FERRO GALVANIZADO, DE 1\"","UN",6,{"$f":"VLOOKUP(D699&E699,'TABELA SICRO-SINAPI-ORSE'!A:G,7,FALSE)","v":24.11},0.14692012195121973,27.652244140243909,165.91346484146345,false]
[null,"3.3.8.4.4","INSUMO SINAPI",14153,"SINAPI","FITA METALICA PERFURADA, L = *18* MM, ROLO DE 30 M, CARGA RECOMENDADA = *30* KGF","UN",3,{"$f":"VLOOKUP(D700&E700,'TABELA SICRO-SINAPI-ORSE'!A:G,7,FALSE)","v":55.49},0.14692012195121973,63.642597567073182,190.92779270121954,false]
[null,"3.3.8.4.5","COMPOSIÇÃO SINAPI",91940,"SINAPI","CAIXA RETANGULAR 4\" X 2\" MÉDIA (1,30 M DO PISO), PVC, INSTALADA EM PAREDE - FORNECIMENTO E INSTALAÇÃO. AF_12/2015","UN",1,{"$f":"VLOOKUP(D701&E701,'TABELA SICRO-SINAPI-ORSE'!A:G,7,FALSE)","v":17.38},{"$f":"$L$4","v":0.20796173004820551},20.994374868237809,20.994374868237809,false]
[null,"3.3.8.4.6","INSUMO SINAPI",39332,"SINAPI","CONDULETE EM PVC, TIPO \"C\", SEM TAMPA, DE 1\"","UN",22,{"$f":"VLOOKUP(D702&E702,'TABELA SICRO-SINAPI-ORSE'!A:G,7,FALSE)","v":14.68},{"$f":"$L$5","v":0.14692012195121973},16.836787390243906,370.40932258536594,false]
[null,"3.3.8.4.7","INSUMO SINAPI",1891,"SINAPI","LUVA EM PVC RIGIDO ROSCAVEL, DE 3/4\", PARA ELETRODUTO","UN",5,{"$f":"VLOOKUP(D703&E703,'TABELA SICRO-SINAPI-ORSE'!A:G,7,FALSE)","v":1.43},0.14692012195121973,1.6400957743902442,8.2004788719512209,false]
[null,"3.3.8.4.8","INSUMO SINAPI",39211,"SINAPI","ARRUELA EM ALUMINIO, COM ROSCA, DE  1 1/4\", PARA ELETRODUTO","UN",340,{"$f":"VLOOKUP(D704&E704,'TABELA SICRO-SINAPI-ORSE'!A:G,7,FALSE)","v":1.84},0.14692012195121973,2.1103330243902443,717.51322829268304,false]
[null,"3.3.8.4.9","INSUMO SINAPI",13348,"SINAPI","ARRUELA  EM ACO GALVANIZADO, DIAMETRO EXTERNO = 35MM, ESPESSURA = 3MM, DIAMETRO DO FURO= 18MM","UN",620,{"$f":"VLOOKUP(D705&E705,'TABELA SICRO-SINAPI-ORSE'!A:G,7,FALSE)","v":1.79},0.14692012195121973,2.0529870182926833,1272.8519513414635,false]
[null,"3.3.8.4.10","INSUMO SINAPI",4374,"SINAPI","BUCHA DE NYLON SEM ABA S10","UN",146,{"$f":"VLOOKUP(D706&E706,'TABELA SICRO-SINAPI-ORSE'!A:G,7,FALSE)","v":0.51},0.14692012195121973,0.58492926219512209,85.39967228048782,false]
[null,"3.3.8.4.11","INSUMO SINAPI",40552,"SINAPI","PARAFUSO, AUTO ATARRACHANTE, CABECA CHATA, FENDA SIMPLES, 1/4\" (6,35 MM) X 25 MM","CENTO",2,{"$f":"VLOOKUP(D707&E707,'TABELA SICRO-SINAPI-ORSE'!A:G,7,FALSE)","v":45.23},0.14692012195121973,51.875197115853666,103.75039423170733,false]
[null,"3.3.8.4.12","INSUMO SINAPI",4329,"SINAPI","PARAFUSO EM ACO GALVANIZADO, TIPO MAQUINA, SEXTAVADO, SEM PORCA, DIAMETRO 1/2\", COMPRIMENTO 2\"","UN",320,{"$f":"VLOOKUP(D708&E708,'TABELA SICRO-SINAPI-ORSE'!A:G,7,FALSE)","v":2.09},0.14692012195121973,2.3970630548780489,767.06017756097572,false]
[null,"3.3.8.4.13","INSUMO SINAPI",39442,"SINAPI","PARAFUSO DRY WALL, EM ACO ZINCADO, CABECA LENTILHA E PONTA AGULHA (LA), LARGURA 4,2 MM, COMPRIMENTO 13 MM","UN",280,{"$f":"VLOOKUP(D709&E709,'TABELA SICRO-SINAPI-ORSE'!A:G,7,FALSE)","v":0.17},0.14692012195121973,0.19497642073170737,54.593397804878066,false]
[null,"3.3.8.4.14","INSUMO SINAPI",39997,"SINAPI","PORCA ZINCADA, SEXTAVADA, DIAMETRO 1/4\"","UN",620,{"$f":"VLOOKUP(D710&E710,'TABELA SICRO-SINAPI-ORSE'!A:G,7,FALSE)","v":0.28999999999999998},0.14692012195121973,0.33260683536585373,206.21623792682931,false]
[null,"3.3.8.4.15","INSUMO SINAPI",39996,"SINAPI","VERGALHAO ZINCADO ROSCA TOTAL, 1/4 \" (6,3 MM)","M",340,{"$f":"VLOOKUP(D711&E711,'TABELA SICRO-SINAPI-ORSE'!A:G,7,FALSE)","v":4.5999999999999996},0.14692012195121973,5.2758325609756103,1793.7830707317075,false]
[null,"3.3.8.4.16","INSUMO SINAPI",38092,"SINAPI","ESPELHO / PLACA DE 1 POSTO 4\" X 2\", PARA INSTALACAO DE TOMADAS E INTERRUPTORES","UN",1,{"$f":"VLOOKUP(D712&E712,'TABELA SICRO-SINAPI-ORSE'!A:G,7,FALSE)","v":2.5499999999999998},0.14692012195121973,2.9246463109756102,2.9246463109756102,false]
[null,"3.3.8.4.17","COMPOSIÇÃO SINAPI",98307,"SINAPI","TOMADA DE REDE RJ45 - FORNECIMENTO E INSTALAÇÃO. AF_11/2019","UN",14,{"$f":"VLOOKUP(D713&E713,'TABELA SICRO-SINAPI-ORSE'!A:G,7,FALSE)","v":49.44},{"$f":"$L$4","v":0.20796173004820551},59.721627933583278,836.10279107016595,false]
[null,"3.3.8.4.18","COMPOSIÇÃO SINAPI",91834,"SINAPI","ELETRODUTO FLEXÍVEL CORRUGADO, PVC, DN 25 MM (3/4\"), PARA CIRCUITOS TERMINAIS, INSTALADO EM FORRO - FORNECIMENTO E INSTALAÇÃO. AF_12/2015","M",6.4,{"$f":"VLOOKUP(D714&E714,'TABELA SICRO-SINAPI-ORSE'!A:G,7,FALSE)","v":18.55},0.20796173004820551,22.407690092394212,143.40921659132297,false]
[null,"3.3.8.4.19","COMPOSIÇÃO SINAPI",91863,"SINAPI","ELETRODUTO RÍGIDO ROSCÁVEL, PVC, DN 25 MM (3/4\"), PARA CIRCUITOS TERMINAIS, INSTALADO EM FORRO - FORNECIMENTO E INSTALAÇÃO. AF_12/2015","M",59.4,{"$f":"VLOOKUP(D715&E715,'TABELA SICRO-SINAPI-ORSE'!A:G,7,FALSE)","v":11.52},0.20796173004820551,13.915719130155328,826.59371633122646,false]
[null,"3.3.8.4.20","INSUMO SINAPI",39128,"SINAPI","ABRACADEIRA EM ACO PARA AMARRACAO DE ELETRODUTOS, TIPO D, COM 3/4\" E CUNHA DE FIXACAO","UN",71,{"$f":"VLOOKUP(D716&E716,'TABELA SICRO-SINAPI-ORSE'!A:G,7,FALSE)","v":2.96},{"$f":"$L$5","v":0.14692012195121973},3.3948835609756105,241.03673282926835,false]
[null,"3.3.8.4.21","COMPOSIÇÃO SINAPI",100555,"SINAPI","RACK ABERTO EM COLUNA 44U PARA SERVIDOR - FORNECIMENTO E INSTALAÇÃO. AF_11/2019","UN",1,{"$f":"VLOOKUP(D717&E717,'TABELA SICRO-SINAPI-ORSE'!A:G,7,FALSE)","v":1050.67},{"$f":"$L$4","v":0.20796173004820551},1269.1691509097482,1269.1691509097482,false]
[null,"3.3.9","INSTALAÇÕES HIDRÁULICAS ",{"$nulls":4},1,null,null,null,{"$f":"SUBTOTAL(109,L719:L770)","v":36314.109936308756}]
[null,"3.3.9.1","HIDRÁULICO",{"$nulls":4},1,null,null,null,{"$f":"SUBTOTAL(109,L720:L746)","v":21584.35841251435}]
[null,"3.3.9.1.1","COMPOSIÇÃO SINAPI",89353,"SINAPI","REGISTRO DE GAVETA BRUTO, LATÃO, ROSCÁVEL, 3/4\" - FORNECIMENTO E INSTALAÇÃO. AF_08/2021","UN",2,{"$f":"VLOOKUP(D720&E720,'TABELA SICRO-SINAPI-ORSE'!A:G,7,FALSE)","v":41.4},{"$f":"$L$4","v":0.20796173004820551},{"$f":"I720*(1+J720)","v":50.009615623995707},{"$f":"K720*H720","v":100.01923124799141},{"$f":"ISTEXT(H720)","v":false}]
[null,"3.3.9.1.2","INSUMO SINAPI",6019,"SINAPI","REGISTRO GAVETA BRUTO EM LATAO FORJADO, BITOLA 1 \" (REF 1509)","UN",1,{"$f":"VLOOKUP(D721&E721,'TABELA SICRO-SINAPI-ORSE'!A:G,7,FALSE)","v":57.58},{"$f":"$L$5","v":0.14692012195121973},66.039660621951228,66.039660621951228,false]
[null,"3.3.9.1.3","COMPOSIÇÃO SINAPI",94706,"SINAPI","ADAPTADOR COM FLANGE E ANEL DE VEDAÇÃO, PVC, SOLDÁVEL, DN 50 MM X 1 1/2 , INSTALADO EM RESERVAÇÃO DE ÁGUA DE EDIFICAÇÃO QUE POSSUA RESERVATÓRIO DE FIBRA/FIBROCIMENTO   FORNECIMENTO E INSTALAÇÃO. AF_06/2016","UN",1,{"$f":"VLOOKUP(D722&E722,'TABELA SICRO-SINAPI-ORSE'!A:G,7,FALSE)","v":39.22},{"$f":"$L$4","v":0.20796173004820551},47.376259052490617,47.376259052490617,false]
[null,"3.3.9.1.4","INSUMO SINAPI",65,"SINAPI","ADAPTADOR PVC SOLDAVEL CURTO COM BOLSA E ROSCA, 25 MM X 3/4\", PARA AGUA FRIA","UN",4,{"$f":"VLOOKUP(D723&E723,'TABELA SICRO-SINAPI-ORSE'!A:G,7,FALSE)","v":0.82},{"$f":"$L$5","v":0.14692012195121973},0.9404745000000001,3.7618980000000004,false]
[null,"3.3.9.1.5","INSUMO SINAPI",108,"SINAPI","ADAPTADOR PVC SOLDAVEL CURTO COM BOLSA E ROSCA, 32 MM X 1\", PARA AGUA FRIA","UN",4,{"$f":"VLOOKUP(D724&E724,'TABELA SICRO-SINAPI-ORSE'!A:G,7,FALSE)","v":1.65},0.14692012195121973,1.8924182012195125,7.5696728048780502,false]
[null,"3.3.9.1.6","INSUMO SINAPI",3536,"SINAPI","JOELHO PVC, SOLDAVEL, 90 GRAUS, 32 MM, COR MARROM, PARA AGUA FRIA PREDIAL","UN",4,{"$f":"VLOOKUP(D725&E725,'TABELA SICRO-SINAPI-ORSE'!A:G,7,FALSE)","v":2.23},0.14692012195121973,2.5576318719512199,10.23052748780488,false]
[null,"3.3.9.1.7","COMPOSIÇÃO SINAPI",91784,"SINAPI","(COMPOSIÇÃO REPRESENTATIVA) DO SERVIÇO DE INSTALAÇÃO DE TUBOS DE PVC, SOLDÁVEL, ÁGUA FRIA, DN 20 MM (INSTALADO EM RAMAL, SUB-RAMAL OU RAMAL DE DISTRIBUIÇÃO), INCLUSIVE CONEXÕES, CORTES E FIXAÇÕES, PARA PRÉDIOS. AF_10/2015","M",20.09,41,{"$f":"$L$4","v":0.20796173004820551},49.526430931976428,994.98599742340639,false]
[null,"3.3.9.1.8","COMPOSIÇÃO SINAPI",91786,"SINAPI","(COMPOSIÇÃO REPRESENTATIVA) DO SERVIÇO DE INSTALAÇÃO TUBOS DE PVC, SOLDÁVEL, ÁGUA FRIA, DN 32 MM (INSTALADO EM RAMAL, SUB-RAMAL, RAMAL DE DISTRIBUIÇÃO OU PRUMADA), INCLUSIVE CONEXÕES, CORTES E FIXAÇÕES, PARA PRÉDIOS. AF_10/2015","M",0.85,29.16,0.20796173004820551,35.224164048205672,29.94053944097482,false]
[null,"3.3.9.1.9","INSUMO SINAPI",7139,"SINAPI","TE SOLDAVEL, PVC, 90 GRAUS, 25 MM, PARA AGUA FRIA PREDIAL (NBR 5648)","UN",4,{"$f":"VLOOKUP(D728&E728,'TABELA SICRO-SINAPI-ORSE'!A:G,7,FALSE)","v":1.1100000000000001},{"$f":"$L$5","v":0.14692012195121973},1.2730813353658541,5.0923253414634164,false]
[null,"3.3.9.1.10","COMPOSIÇÃO SINAPI",100859,"SINAPI","MICTÓRIO SIFONADO LOUÇA BRANCA PARA ENTRADA DE ÁGUA EMBUTIDA - PADRÃO ALTO - FORNECIMENTO E INSTALAÇÃO. AF_01/2020","UN",4,{"$f":"VLOOKUP(D729&E729,'TABELA SICRO-SINAPI-ORSE'!A:G,7,FALSE)","v":940.45},{"$f":"$L$4","v":0.20796173004820551},1136.0276090238349,4544.1104360953395,false]
[null,"3.3.9.1.11","INSUMO SINAPI",7602,"SINAPI","TORNEIRA DE METAL AMARELO, PARA TANQUE / JARDIM, DE PAREDE, COM BICO PLASTICO, CANO CURTO, AREA EXTERNA, PADRAO POPULAR / USO GERAL, 1/2 \" OU 3/4 \" (REF 1128)","UN",2,{"$f":"VLOOKUP(D730&E730,'TABELA SICRO-SINAPI-ORSE'!A:G,7,FALSE)","v":72.83},{"$f":"$L$5","v":0.14692012195121973},83.530192481707331,167.06038496341466,false]
[null,"3.3.9.1.12","COMPOSIÇÃO SINAPI",86911,"SINAPI","TORNEIRA CROMADA LONGA, DE PAREDE, 1/2\" OU 3/4\", PARA PIA DE COZINHA, PADRÃO POPULAR - FORNECIMENTO E INSTALAÇÃO. AF_01/2020","UN",6,{"$f":"VLOOKUP(D731&E731,'TABELA SICRO-SINAPI-ORSE'!A:G,7,FALSE)","v":136.86000000000001},{"$f":"$L$4","v":0.20796173004820551},165.32164237439741,991.92985424638448,false]
[null,"3.3.9.1.13","INSUMO SINAPI",36791,"SINAPI","TORNEIRA CROMADA DE MESA PARA LAVATORIO, BICA ALTA, COM AREJADOR (REF 1195)","UN",10,{"$f":"VLOOKUP(D732&E732,'TABELA SICRO-SINAPI-ORSE'!A:G,7,FALSE)","v":223.09},{"$f":"$L$5","v":0.14692012195121973},255.86641000609762,2558.6641000609761,false]
[null,"3.3.9.1.14","COMPOSIÇÃO SINAPI",86931,"SINAPI","VASO SANITÁRIO SIFONADO COM CAIXA ACOPLADA LOUÇA BRANCA, INCLUSO ENGATE FLEXÍVEL EM PLÁSTICO BRANCO, 1/2  X 40CM - FORNECIMENTO E INSTALAÇÃO. AF_01/2020","UN",8,{"$f":"VLOOKUP(D733&E733,'TABELA SICRO-SINAPI-ORSE'!A:G,7,FALSE)","v":469.07},{"$f":"$L$4","v":0.20796173004820551},566.61860871371175,4532.948869709694,false]
[null,"3.3.9.1.15","INSUMO SINAPI",829,"SINAPI","BUCHA DE REDUCAO DE PVC, SOLDAVEL, CURTA, COM 32 X 25 MM, PARA AGUA FRIA PREDIAL","UN",8,{"$f":"VLOOKUP(D734&E734,'TABELA SICRO-SINAPI-ORSE'!A:G,7,FALSE)","v":0.88},{"$f":"$L$5","v":0.14692012195121973},1.0092897073170735,8.0743176585365877,false]
[null,"3.3.9.1.16","INSUMO SINAPI",3462,"SINAPI","COTOVELO DE REDUCAO 90 GRAUS DE FERRO GALVANIZADO, COM ROSCA BSP, DE 3/4\" X 1/2\"","UN",8,{"$f":"VLOOKUP(D735&E735,'TABELA SICRO-SINAPI-ORSE'!A:G,7,FALSE)","v":13.01},0.14692012195121973,14.921430786585368,119.37144629268295,false]
[null,"3.3.9.1.17","INSUMO SINAPI",3939,"SINAPI","LUVA DE FERRO GALVANIZADO, COM ROSCA BSP, DE 1 1/2\"","UN",4,{"$f":"VLOOKUP(D736&E736,'TABELA SICRO-SINAPI-ORSE'!A:G,7,FALSE)","v":25.6},0.14692012195121973,29.361155121951228,117.44462048780491,false]
[null,"3.3.9.1.18","INSUMO SINAPI",6017,"SINAPI","REGISTRO GAVETA BRUTO EM LATAO FORJADO, BITOLA 1 1/4 \" (REF 1509)","UN",2,{"$f":"VLOOKUP(D737&E737,'TABELA SICRO-SINAPI-ORSE'!A:G,7,FALSE)","v":78.48},0.14692012195121973,90.010291170731733,180.02058234146347,false]
[null,"3.3.9.1.19","INSUMO SINAPI",6016,"SINAPI","REGISTRO GAVETA BRUTO EM LATAO FORJADO, BITOLA 3/4 \" (REF 1509)","UN",6,{"$f":"VLOOKUP(D738&E738,'TABELA SICRO-SINAPI-ORSE'!A:G,7,FALSE)","v":36.479999999999997},0.14692012195121973,41.839646048780494,251.03787629268297,false]
[null,"3.3.9.1.20","INSUMO SINAPI",6140,"SINAPI","BOLSA DE LIGACAO EM PVC FLEXIVEL PARA VASO SANITARIO 1.1/2 \" (40 MM)","UN",8,{"$f":"VLOOKUP(D739&E739,'TABELA SICRO-SINAPI-ORSE'!A:G,7,FALSE)","v":3.91},0.14692012195121973,4.484457676829269,35.875661414634152,false]
[null,"3.3.9.1.21","COMPOSIÇÃO SINAPI",86884,"SINAPI","ENGATE FLEXÍVEL EM PLÁSTICO BRANCO, 1/2\" X 30CM - FORNECIMENTO E INSTALAÇÃO. AF_01/2020","UN",6,{"$f":"VLOOKUP(D740&E740,'TABELA SICRO-SINAPI-ORSE'!A:G,7,FALSE)","v":10.54},{"$f":"$L$4","v":0.20796173004820551},12.731916634708085,76.391499808248511,false]
[null,"3.3.9.1.22","COMPOSIÇÃO SINAPI",86885,"SINAPI","ENGATE FLEXÍVEL EM COBRE, 1/2\" X 30CM - FORNECIMENTO E INSTALAÇÃO. AF_01/2020","UN",12,{"$f":"VLOOKUP(D741&E741,'TABELA SICRO-SINAPI-ORSE'!A:G,7,FALSE)","v":12.1},0.20796173004820551,14.616336933583286,175.39604320299944,false]
[null,"3.3.9.1.23","COMPOSIÇÃO SINAPI",89376,"SINAPI","ADAPTADOR CURTO COM BOLSA E ROSCA PARA REGISTRO, PVC, SOLDÁVEL, DN 20MM X 1/2\", INSTALADO EM RAMAL OU SUB-RAMAL DE ÁGUA - FORNECIMENTO E INSTALAÇÃO. AF_12/2014","UN",10,{"$f":"VLOOKUP(D742&E742,'TABELA SICRO-SINAPI-ORSE'!A:G,7,FALSE)","v":4.9400000000000004},0.20796173004820551,5.9673309464381354,59.673309464381354,false]
[null,"3.3.9.1.24","INSUMO SINAPI",3522,"SINAPI","JOELHO PVC,  SOLDAVEL COM ROSCA, 90 GRAUS, 25 MM X 3/4\", PARA AGUA FRIA PREDIAL","UN",14,{"$f":"VLOOKUP(D743&E743,'TABELA SICRO-SINAPI-ORSE'!A:G,7,FALSE)","v":2.2400000000000002},{"$f":"$L$5","v":0.14692012195121973},2.5691010731707324,35.967415024390256,false]
[null,"3.3.9.1.25","INSUMO ORSE",462,"ORSE","CAIXA D'AGUA FIBRA VIDRO  3.000 LITROS - FORTLEV-TORRES (OU SIMILAR)","UN",2,{"$f":"VLOOKUP(D744&E744,'TABELA SICRO-SINAPI-ORSE'!A:G,7,FALSE)","v":1175.9000000000001},0.14692012195121973,1348.6633714024395,2697.3267428048789,false]
[null,"3.3.9.1.26","COMPOSIÇÃO SINAPI",91785,"SINAPI","(COMPOSIÇÃO REPRESENTATIVA) DO SERVIÇO DE INSTALAÇÃO DE TUBOS DE PVC, SOLDÁVEL, ÁGUA FRIA, DN 25 MM (INSTALADO EM RAMAL, SUB-RAMAL, RAMAL DE DISTRIBUIÇÃO OU PRUMADA), INCLUSIVE CONEXÕES, CORTES E FIXAÇÕES, PARA PRÉDIOS. AF_10/2015","M",36.58,40.020000000000003,{"$f":"$L$4","v":0.20796173004820551},48.342628436529189,1768.3733482082378,false]
[null,"3.3.9.1.27","COMPOSIÇÃO SINAPI",91786,"SINAPI","(COMPOSIÇÃO REPRESENTATIVA) DO SERVIÇO DE INSTALAÇÃO TUBOS DE PVC, SOLDÁVEL, ÁGUA FRIA, DN 32 MM (INSTALADO EM RAMAL, SUB-RAMAL, RAMAL DE DISTRIBUIÇÃO OU PRUMADA), INCLUSIVE CONEXÕES, CORTES E FIXAÇÕES, PARA PRÉDIOS. AF_10/2015","M",56.77,29.16,0.20796173004820551,35.224164048205672,1999.6757930166361,false]
[null,"3.3.9.2","SANITÁRIO",{"$nulls":4},1,null,null,null,{"$f":"SUBTOTAL(109,L748:L770)","v":14729.751523794415}]
[null,"3.3.9.2.1","COMPOSIÇÃO SINAPI",89482,"SINAPI","CAIXA SIFONADA, PVC, DN 100 X 100 X 50 MM, FORNECIDA E INSTALADA EM RAMAIS DE ENCAMINHAMENTO DE ÁGUA PLUVIAL. AF_06/2022","UN",3,{"$f":"VLOOKUP(D748&E748,'TABELA SICRO-SINAPI-ORSE'!A:G,7,FALSE)","v":38.65},{"$f":"$L$4","v":0.20796173004820551},{"$f":"I748*(1+J748)","v":46.687720866363144},{"$f":"K748*H748","v":140.06316259908942},{"$f":"ISTEXT(H748)","v":false}]
[null,"3.3.9.2.2","COMPOSIÇÃO ORSE",9383,"ORSE","CAIXA SIFONADA QUADRADA, COM TRÊS ENTRADAS E UMA SAIDA, D = 100X150X50MM, BRANCO, COM GRELHA, AKROS OU SIMILAR","UN",1,{"$f":"VLOOKUP(D749&E749,'TABELA SICRO-SINAPI-ORSE'!A:G,7,FALSE)","v":37.880000000000003},0.20796173004820551,45.75759033422603,45.75759033422603,false]
[null,"3.3.9.2.3","COMPOSIÇÃO ORSE",1695,"ORSE","CAIXA SIFONADA QUADRADA, COM SETE ENTRADAS E UMA SAÍDA, D = 150 X 150 X 50MM, REF. Nº25, ACABAMENTO BRANCO, MARCA AKROS OU SIMILAR","UN",8,{"$f":"VLOOKUP(D750&E750,'TABELA SICRO-SINAPI-ORSE'!A:G,7,FALSE)","v":53.69},0.20796173004820551,64.855465286288151,518.84372229030521,false]
[null,"3.3.9.2.4","COMPOSIÇÃO SINAPI",86882,"SINAPI","SIFÃO DO TIPO GARRAFA/COPO EM PVC 1.1/4  X 1.1/2\" - FORNECIMENTO E INSTALAÇÃO. AF_01/2020","UN",16,{"$f":"VLOOKUP(D751&E751,'TABELA SICRO-SINAPI-ORSE'!A:G,7,FALSE)","v":23.16},0.20796173004820551,27.97639366791644,447.62229868666304,false]
[null,"3.3.9.2.5","COMPOSIÇÃO SINAPI",86883,"SINAPI","SIFÃO DO TIPO FLEXÍVEL EM PVC 1  X 1.1/4 - 2  - FORNECIMENTO E INSTALAÇÃO. AF_01/2020","UN",4,{"$f":"VLOOKUP(D752&E752,'TABELA SICRO-SINAPI-ORSE'!A:G,7,FALSE)","v":12.5},0.20796173004820551,15.099521625602568,60.398086502410273,false]
[null,"3.3.9.2.6","COMPOSIÇÃO SINAPI",86879,"SINAPI","VÁLVULA EM PLÁSTICO 1\" PARA PIA, TANQUE OU LAVATÓRIO, COM OU SEM LADRÃO - FORNECIMENTO E INSTALAÇÃO. AF_01/2020","UN",10,{"$f":"VLOOKUP(D753&E753,'TABELA SICRO-SINAPI-ORSE'!A:G,7,FALSE)","v":9.56},0.20796173004820551,11.548114139260845,115.48114139260845,false]
[null,"3.3.9.2.7","COMPOSIÇÃO SINAPI",86878,"SINAPI","VÁLVULA EM METAL CROMADO TIPO AMERICANA 1\" PARA PIA - FORNECIMENTO E INSTALAÇÃO. AF_01/2020","UN",6,{"$f":"VLOOKUP(D754&E754,'TABELA SICRO-SINAPI-ORSE'!A:G,7,FALSE)","v":78.709999999999994},0.20796173004820551,95.078667772094249,570.47200663256547,false]
[null,"3.3.9.2.8","INSUMO SINAPI",1958,"SINAPI","CURVA DE PVC 90 GRAUS, SOLDAVEL, 40 MM, PARA AGUA FRIA PREDIAL (NBR 5648)","UN",10,{"$f":"VLOOKUP(D755&E755,'TABELA SICRO-SINAPI-ORSE'!A:G,7,FALSE)","v":11.09},{"$f":"$L$5","v":0.14692012195121973},12.719344152439026,127.19344152439027,false]
[null,"3.3.9.2.9","INSUMO SINAPI",1970,"SINAPI","CURVA PVC LONGA 90 GRAUS, DN 100 MM, PARA ESGOTO PREDIAL","UN",8,{"$f":"VLOOKUP(D756&E756,'TABELA SICRO-SINAPI-ORSE'!A:G,7,FALSE)","v":51.51},0.14692012195121973,59.077855481707324,472.62284385365859,false]
[null,"3.3.9.2.10","COMPOSIÇÃO SINAPI",89731,"SINAPI","JOELHO 90 GRAUS, PVC, SERIE NORMAL, ESGOTO PREDIAL, DN 50 MM, JUNTA ELÁSTICA, FORNECIDO E INSTALADO EM RAMAL DE DESCARGA OU RAMAL DE ESGOTO SANITÁRIO. AF_08/2022","UN",12,{"$f":"VLOOKUP(D757&E757,'TABELA SICRO-SINAPI-ORSE'!A:G,7,FALSE)","v":13.97},{"$f":"$L$4","v":0.20796173004820551},16.875225368773432,202.50270442528119,false]
[null,"3.3.9.2.11","COMPOSIÇÃO SINAPI",89737,"SINAPI","JOELHO 90 GRAUS, PVC, SERIE NORMAL, ESGOTO PREDIAL, DN 75 MM, JUNTA ELÁSTICA, FORNECIDO E INSTALADO EM RAMAL DE DESCARGA OU RAMAL DE ESGOTO SANITÁRIO. AF_08/2022","UN",8,{"$f":"VLOOKUP(D758&E758,'TABELA SICRO-SINAPI-ORSE'!A:G,7,FALSE)","v":21.15},0.20796173004820551,25.548390590519546,204.38712472415637,false]
[null,"3.3.9.2.12","COMPOSIÇÃO ORSE",1672,"ORSE","JOELHO DE 90°COM BOLSA PARA ANEL, EM PVC RÍGIDO C/ ANÉIS, PARA ESGOTO SECUNDÁRIO, DIÂM = 40MM","UN",10,{"$f":"VLOOKUP(D759&E759,'TABELA SICRO-SINAPI-ORSE'!A:G,7,FALSE)","v":15.1},0.20796173004820551,18.240222123727904,182.40222123727904,false]
[null,"3.3.9.2.13","COMPOSIÇÃO SINAPI",89753,"SINAPI","LUVA SIMPLES, PVC, SERIE NORMAL, ESGOTO PREDIAL, DN 50 MM, JUNTA ELÁSTICA, FORNECIDO E INSTALADO EM RAMAL DE DESCARGA OU RAMAL DE ESGOTO SANITÁRIO. AF_08/2022","UN",13,{"$f":"VLOOKUP(D760&E760,'TABELA SICRO-SINAPI-ORSE'!A:G,7,FALSE)","v":8.1199999999999992},0.20796173004820551,9.8086492479914273,127.51244022388856,false]
[null,"3.3.9.2.14","COMPOSIÇÃO SINAPI",89774,"SINAPI","LUVA SIMPLES, PVC, SERIE NORMAL, ESGOTO PREDIAL, DN 75 MM, JUNTA ELÁSTICA, FORNECIDO E INSTALADO EM RAMAL DE DESCARGA OU RAMAL DE ESGOTO SANITÁRIO. AF_08/2022","UN",10,{"$f":"VLOOKUP(D761&E761,'TABELA SICRO-SINAPI-ORSE'!A:G,7,FALSE)","v":13.48},0.20796173004820551,16.283324121049812,162.83324121049813,false]
[null,"3.3.9.2.15","COMPOSIÇÃO SINAPI",89778,"SINAPI","LUVA SIMPLES, PVC, SERIE NORMAL, ESGOTO PREDIAL, DN 100 MM, JUNTA ELÁSTICA, FORNECIDO E INSTALADO EM RAMAL DE DESCARGA OU RAMAL DE ESGOTO SANITÁRIO. AF_08/2022","UN",20,{"$f":"VLOOKUP(D762&E762,'TABELA SICRO-SINAPI-ORSE'!A:G,7,FALSE)","v":15.44},0.20796173004820551,18.650929111944293,373.01858223888587,false]
[null,"3.3.9.2.16","COMPOSIÇÃO SINAPI",89549,"SINAPI","REDUÇÃO EXCÊNTRICA, PVC, SERIE R, ÁGUA PLUVIAL, DN 75 X 50 MM, JUNTA ELÁSTICA, FORNECIDO E INSTALADO EM RAMAL DE ENCAMINHAMENTO. AF_06/2022","UN",4,{"$f":"VLOOKUP(D763&E763,'TABELA SICRO-SINAPI-ORSE'!A:G,7,FALSE)","v":17.96},0.20796173004820551,21.694992671665773,86.779970686663091,false]
[null,"3.3.9.2.17","COMPOSIÇÃO SINAPI",89711,"SINAPI","TUBO PVC, SERIE NORMAL, ESGOTO PREDIAL, DN 40 MM, FORNECIDO E INSTALADO EM RAMAL DE DESCARGA OU RAMAL DE ESGOTO SANITÁRIO. AF_12/2014","M",65.88,{"$f":"VLOOKUP(D764&E764,'TABELA SICRO-SINAPI-ORSE'!A:G,7,FALSE)","v":18.8},0.20796173004820551,22.709680524906265,1496.1137529808245,false]
[null,"3.3.9.2.18","COMPOSIÇÃO SINAPI",89712,"SINAPI","TUBO PVC, SERIE NORMAL, ESGOTO PREDIAL, DN 50 MM, FORNECIDO E INSTALADO EM RAMAL DE DESCARGA OU RAMAL DE ESGOTO SANITÁRIO. AF_12/2014","M",30.69,{"$f":"VLOOKUP(D765&E765,'TABELA SICRO-SINAPI-ORSE'!A:G,7,FALSE)","v":23.85},0.20796173004820551,28.809887261649703,884.17544006002936,false]
[null,"3.3.9.2.19","COMPOSIÇÃO SINAPI",89713,"SINAPI","TUBO PVC, SERIE NORMAL, ESGOTO PREDIAL, DN 75 MM, FORNECIDO E INSTALADO EM RAMAL DE DESCARGA OU RAMAL DE ESGOTO SANITÁRIO. AF_08/2022","M",78.97,{"$f":"VLOOKUP(D766&E766,'TABELA SICRO-SINAPI-ORSE'!A:G,7,FALSE)","v":29.72},0.20796173004820551,35.900622617032667,2835.0721680670695,false]
[null,"3.3.9.2.20","COMPOSIÇÃO SINAPI",90694,"SINAPI","TUBO DE PVC PARA REDE COLETORA DE ESGOTO DE PAREDE MACIÇA, DN 100 MM, JUNTA ELÁSTICA - FORNECIMENTO E ASSENTAMENTO. AF_01/2021","M",53.23,{"$f":"VLOOKUP(D767&E767,'TABELA SICRO-SINAPI-ORSE'!A:G,7,FALSE)","v":39.950000000000003},0.20796173004820551,48.258071115425814,2568.777125474116,false]
[null,"3.3.9.2.21","INSUMO SINAPI",4723,"SINAPI","PEDRA BRITADA N. 4 (50 A 76 MM) POSTO PEDREIRA/FORNECEDOR, SEM FRETE","M3",1.03,{"$f":"VLOOKUP(D768&E768,'TABELA SICRO-SINAPI-ORSE'!A:G,7,FALSE)","v":260.83},{"$f":"$L$5","v":0.14692012195121973},299.15117540853663,308.12571067079273,false]
[null,"3.3.9.2.22","COMPOSIÇÃO SINAPI",94964,"SINAPI","CONCRETO FCK = 20MPA, TRAÇO 1:2,7:3 (EM MASSA SECA DE CIMENTO/ AREIA MÉDIA/ BRITA 1) - PREPARO MECÂNICO COM BETONEIRA 400 L. AF_05/2021","M3",1.74,{"$f":"VLOOKUP(D769&E769,'TABELA SICRO-SINAPI-ORSE'!A:G,7,FALSE)","v":703.46},{"$f":"$L$4","v":0.20796173004820551},849.75275861971068,1478.5697999982965,false]
[null,"3.3.9.2.23","COMPOSIÇÃO SINAPI",97978,"SINAPI","BASE PARA POÇO DE VISITA CIRCULAR PARA ESGOTO, EM CONCRETO PRÉ-MOLDADO, DIÂMETRO INTERNO = 0,80 M, PROFUNDIDADE = 1,35 M, EXCLUINDO TAMPÃO. AF_12/2020_PA","UN",1,{"$f":"VLOOKUP(D770&E770,'TABELA SICRO-SINAPI-ORSE'!A:G,7,FALSE)","v":1093.5999999999999},0.20796173004820551,1321.0269479807175,1321.0269479807175,false]
[null,"3.3.10","PROJETO DE PREVENÇÃO DE INCÊNDIO",{"$nulls":4},1,null,null,null,{"$f":"SUBTOTAL(109,L772:L776)","v":12193.023290449621}]
[null,"3.3.10.1","COMPOSIÇÃO SINAPI",96765,"SINAPI","ABRIGO PARA HIDRANTE, 90X60X17CM, COM REGISTRO GLOBO ANGULAR 45 GRAUS 2 1/2\", ADAPTADOR STORZ 2 1/2\", MANGUEIRA DE INCÊNDIO 20M, REDUÇÃO 2 1/2\" X 1 1/2\" E ESGUICHO EM LATÃO 1 1/2\" - FORNECIMENTO E INSTALAÇÃO. AF_10/2020","UN",3,{"$f":"VLOOKUP(D772&E772,'TABELA SICRO-SINAPI-ORSE'!A:G,7,FALSE)","v":1730.44},{"$f":"$L$4","v":0.20796173004820551},{"$f":"I772*(1+J772)","v":2090.3052961446169},{"$f":"K772*H772","v":6270.9158884338503},{"$f":"ISTEXT(H772)","v":false}]
[null,"3.3.10.2","COMPOSIÇÃO SINAPI",97599,"SINAPI","LUMINÁRIA DE EMERGÊNCIA, COM 30 LÂMPADAS LED DE 2 W, SEM REATOR - FORNECIMENTO E INSTALAÇÃO. AF_02/2020","UN",8,{"$f":"VLOOKUP(D773&E773,'TABELA SICRO-SINAPI-ORSE'!A:G,7,FALSE)","v":23.9},0.20796173004820551,{"$f":"I773*(1+J773)","v":28.870285348152109},{"$f":"K773*H773","v":230.96228278521687},false]
[null,"3.3.10.3","COMPOSIÇÃO SINAPI",101910,"SINAPI","EXTINTOR DE INCÊNDIO PORTÁTIL COM CARGA DE PQS DE 8 KG, CLASSE BC - FORNECIMENTO E INSTALAÇÃO. AF_10/2020_P","UN",8,{"$f":"VLOOKUP(D774&E774,'TABELA SICRO-SINAPI-ORSE'!A:G,7,FALSE)","v":527.79},0.20796173004820551,{"$f":"I774*(1+J774)","v":637.55012150214236},{"$f":"K774*H774","v":5100.4009720171389},false]
[null,"3.3.10.4","INSUMO SINAPI",37557,"SINAPI","PLACA DE SINALIZACAO DE SEGURANCA CONTRA INCENDIO, FOTOLUMINESCENTE, QUADRADA, *14 X 14* CM, EM PVC *2* MM ANTI-CHAMAS (SIMBOLOS, CORES E PICTOGRAMAS CONFORME NBR 16820)","UN",15,{"$f":"VLOOKUP(D775&E775,'TABELA SICRO-SINAPI-ORSE'!A:G,7,FALSE)","v":17.93},{"$f":"$L$5","v":0.14692012195121973},{"$f":"I775*(1+J775)","v":20.564277786585368},{"$f":"K775*H775","v":308.46416679878052},false]
[null,"3.3.10.5","INSUMO SINAPI",38774,"SINAPI","LUMINARIA DE EMERGENCIA 30 LEDS, POTENCIA 2 W, BATERIA DE LITIO, AUTONOMIA DE 6 HORAS","UN",14,{"$f":"VLOOKUP(D776&E776,'TABELA SICRO-SINAPI-ORSE'!A:G,7,FALSE)","v":17.579999999999998},0.14692012195121973,{"$f":"I776*(1+J776)","v":20.162855743902441},{"$f":"K776*H776","v":282.27998041463417},false]
[null,"3.3.11","PINTURA",{"$nulls":4},1,null,null,null,{"$f":"SUBTOTAL(109,L778:L784)","v":241560.34317575861}]
[null,"3.3.11.1","COMPOSIÇÃO SINAPI",88485,"SINAPI","APLICAÇÃO DE FUNDO SELADOR ACRÍLICO EM PAREDES, UMA DEMÃO. AF_06/2014","M2",3441.9656,{"$f":"VLOOKUP(D778&E778,'TABELA SICRO-SINAPI-ORSE'!A:G,7,FALSE)","v":3},{"$f":"$L$4","v":0.20796173004820551},{"$f":"I778*(1+J778)","v":3.6238851901446165},{"$f":"K778*H778","v":12473.28816282723},{"$f":"ISTEXT(H778)","v":false}]
[null,"3.3.11.2","COMPOSIÇÃO SINAPI",100754,"SINAPI","PINTURA COM TINTA ACRÍLICA DE ACABAMENTO APLICADA A ROLO OU PINCEL (EXCETO PERFIL) EXECUTADO EM OBRA (02 DEMÃOS). AF_01/2020","M2",3441.9656,{"$f":"VLOOKUP(D779&E779,'TABELA SICRO-SINAPI-ORSE'!A:G,7,FALSE)","v":25.98},0.20796173004820551,31.382845746652379,108018.6754900838,false]
[null,"3.3.11.3","COMPOSIÇÃO SINAPI",88497,"SINAPI","APLICAÇÃO E LIXAMENTO DE MASSA LÁTEX EM PAREDES, DUAS DEMÃOS. AF_06/2014","M2",3441.9656,{"$f":"VLOOKUP(D780&E780,'TABELA SICRO-SINAPI-ORSE'!A:G,7,FALSE)","v":15.29},0.20796173004820551,18.46973485243706,63572.192003209435,false]
[null,"3.3.11.4","COMPOSIÇÃO SINAPI",88484,"SINAPI","APLICAÇÃO DE FUNDO SELADOR ACRÍLICO EM TETO, UMA DEMÃO. AF_06/2014","M2",1041.6872121786898,{"$f":"VLOOKUP(D781&E781,'TABELA SICRO-SINAPI-ORSE'!A:G,7,FALSE)","v":3.84},0.20796173004820551,4.6385730433851089,4831.9422220510551,false]
[null,"3.3.11.5","COMPOSIÇÃO SINAPI",88496,"SINAPI","APLICAÇÃO E LIXAMENTO DE MASSA LÁTEX EM TETO, DUAS DEMÃOS. AF_06/2014","M2",1041.6872121786898,{"$f":"VLOOKUP(D782&E782,'TABELA SICRO-SINAPI-ORSE'!A:G,7,FALSE)","v":27.47},0.20796173004820551,33.182708724424202,34566.00334368294,false]
[null,"3.3.11.6","COMPOSIÇÃO SINAPI",88488,"SINAPI","APLICAÇÃO MANUAL DE PINTURA COM TINTA LÁTEX ACRÍLICA EM TETO, DUAS DEMÃOS. AF_06/2014","M2",1041.6872121786898,{"$f":"VLOOKUP(D783&E783,'TABELA SICRO-SINAPI-ORSE'!A:G,7,FALSE)","v":13.73},0.20796173004820551,16.585314553561862,17276.710080406508,false]
[null,"3.3.11.7","COMPOSIÇÃO SINAPI",102220,"SINAPI","PINTURA TINTA DE ACABAMENTO (PIGMENTADA) ESMALTE SINTÉTICO BRILHANTE EM MADEIRA, 2 DEMÃOS. AF_01/2021","M2",49.14,{"$f":"VLOOKUP(D784&E784,'TABELA SICRO-SINAPI-ORSE'!A:G,7,FALSE)","v":13.84},0.20796173004820551,16.718190343867164,821.53187349763243,false]
[null,"3.3.12","SERVIÇOS COMPLEMENTARES",{"$nulls":4},1,null,null,null,{"$f":"SUBTOTAL(109,L786:L787)","v":64913.939676908311}]
[null,"3.3.12.1","COMPOSIÇÃO ORSE",2450,"ORSE","LIMPEZA GERAL","M2",3400,{"$f":"VLOOKUP(D786&E786,'TABELA SICRO-SINAPI-ORSE'!A:G,7,FALSE)","v":2.39},{"$f":"$L$4","v":0.20796173004820551},{"$f":"I786*(1+J786)","v":2.8870285348152112},{"$f":"K786*H786","v":9815.8970183717174},{"$f":"ISTEXT(H786)","v":false}]
[null,"3.3.12.2","COTAÇÃO","-","","PLATAFORMA DE ACESSIBILIDADE (ELEVADOR) - FORNECIMENTO E MONTAGEM (INCLUSIVE FRETE E PORTÕES) - 2 PARADAS - CAPACIDADE MÍN 250 KG","UN",1,{"$f":"'Cotação Elevador'!J4","v":48040},{"$f":"$L$5","v":0.14692012195121973},{"$f":"I787*(1+J787)","v":55098.042658536593},{"$f":"K787*H787","v":55098.042658536593},false]
[null,"3.4","QUIOSQUE TIPO 1",{"$nulls":8},{"$f":"SUBTOTAL(109,L789:L898)","v":308943.02187129861}]
[null,"3.4.1","SERVIÇOS PRELIMINARES ",{"$nulls":4},1,null,null,null,{"$f":"SUBTOTAL(109,L790:L793)","v":19224.892943220832}]
[null,"3.4.1.1","INSUMO SINAPI",4813,"SINAPI","PLACA DE OBRA (PARA CONSTRUCAO CIVIL) EM CHAPA GALVANIZADA *N. 22*, ADESIVADA, DE *2,4 X 1,2* M (SEM POSTES PARA FIXACAO)","M2",4.5,{"$f":"VLOOKUP(D790&E790,'TABELA SICRO-SINAPI-ORSE'!A:G,7,FALSE)","v":250},{"$f":"$L$5","v":0.14692012195121973},{"$f":"I790*(1+J790)","v":286.73003048780492},{"$f":"K790*H790","v":1290.2851371951222},{"$f":"ISTEXT(H790)","v":false}]
[null,"3.4.1.2","COMPOSIÇÃO SINAPI",98525,"SINAPI","LIMPEZA MECANIZADA DE CAMADA VEGETAL, VEGETAÇÃO E PEQUENAS ÁRVORES (DIÂMETRO DE TRONCO MENOR QUE 0,20 M), COM TRATOR DE ESTEIRAS.AF_05/2018","M2",190,{"$f":"VLOOKUP(D791&E791,'TABELA SICRO-SINAPI-ORSE'!A:G,7,FALSE)","v":0.62},{"$f":"$L$4","v":0.20796173004820551},{"$f":"I791*(1+J791)","v":0.74893627262988738},{"$f":"K791*H791","v":142.29789179967861},false]
[null,"3.4.1.3","COMPOSIÇÃO SINAPI",99059,"SINAPI","LOCACAO CONVENCIONAL DE OBRA, UTILIZANDO GABARITO DE TÁBUAS CORRIDAS PONTALETADAS A CADA 2,00M -  2 UTILIZAÇÕES. AF_10/2018","M",172.28,{"$f":"VLOOKUP(D792&E792,'TABELA SICRO-SINAPI-ORSE'!A:G,7,FALSE)","v":55},0.20796173004820551,{"$f":"I792*(1+J792)","v":66.437895152651308},{"$f":"K792*H792","v":11445.920576898767},false]
[null,"3.4.1.4","COMPOSIÇÃO SINAPI",93582,"SINAPI","EXECUÇÃO DE CENTRAL DE ARMADURA EM CANTEIRO DE OBRA, NÃO INCLUSO MOBILIÁRIO E EQUIPAMENTOS. AF_04/2016","M2",20,262.69,0.20796173004820551,{"$f":"I793*(1+J793)","v":317.31946686636309},{"$f":"K793*H793","v":6346.3893373272622},false]
[null,"3.4.2","FUNDAÇÕES ",{"$nulls":4},1,null,null,null,{"$f":"SUBTOTAL(109,L795:L799)","v":8193.7179633196029}]
[null,"3.4.2.1","COMPOSIÇÃO SINAPI",96523,"SINAPI","ESCAVAÇÃO MANUAL PARA BLOCO DE COROAMENTO OU SAPATA (INCLUINDO ESCAVAÇÃO PARA COLOCAÇÃO DE FÔRMAS). AF_06/2017","M3",1.75,{"$f":"VLOOKUP(D795&E795,'TABELA SICRO-SINAPI-ORSE'!A:G,7,FALSE)","v":81.31},{"$f":"$L$4","v":0.20796173004820551},{"$f":"I795*(1+J795)","v":98.21936827021959},{"$f":"K795*H795","v":171.88389447288429},{"$f":"ISTEXT(H795)","v":false}]
[null,"3.4.2.2","COMPOSIÇÃO SINAPI",96621,"SINAPI","LASTRO COM MATERIAL GRANULAR, APLICAÇÃO EM BLOCOS DE COROAMENTO, ESPESSURA DE *5 CM*. AF_08/2017","M3",0.35,{"$f":"VLOOKUP(D796&E796,'TABELA SICRO-SINAPI-ORSE'!A:G,7,FALSE)","v":460.69},0.20796173004820551,{"$f":"I796*(1+J796)","v":556.49588941590775},{"$f":"K796*H796","v":194.7735612955677},false]
[null,"3.4.2.3","COMPOSIÇÃO SINAPI",96529,"SINAPI","FABRICAÇÃO, MONTAGEM E DESMONTAGEM DE FÔRMA PARA SAPATA, EM MADEIRA SERRADA, E=25 MM, 1 UTILIZAÇÃO. AF_06/2017","M2",10.4,{"$f":"VLOOKUP(D797&E797,'TABELA SICRO-SINAPI-ORSE'!A:G,7,FALSE)","v":271.60000000000002},0.20796173004820551,{"$f":"I797*(1+J797)","v":328.08240588109265},{"$f":"K797*H797","v":3412.0570211633635},false]
[null,"3.4.2.4","COMPOSIÇÃO SINAPI",96545,"SINAPI","ARMAÇÃO DE BLOCO, VIGA BALDRAME OU SAPATA UTILIZANDO AÇO CA-50 DE 8 MM - MONTAGEM. AF_06/2017","KG",70,{"$f":"VLOOKUP(D798&E798,'TABELA SICRO-SINAPI-ORSE'!A:G,7,FALSE)","v":17.440000000000001},0.20796173004820551,{"$f":"I798*(1+J798)","v":21.066852572040705},{"$f":"K798*H798","v":1474.6796800428494},false]
[null,"3.4.2.5","COMPOSIÇÃO SINAPI",96558,"SINAPI","CONCRETAGEM DE SAPATAS, FCK 30 MPA, COM USO DE BOMBA - LANÇAMENTO, ADENSAMENTO E ACABAMENTO. AF_11/2016","M3",2,{"$f":"VLOOKUP(D799&E799,'TABELA SICRO-SINAPI-ORSE'!A:G,7,FALSE)","v":1217.06},0.20796173004820551,{"$f":"I799*(1+J799)","v":1470.161903172469},{"$f":"K799*H799","v":2940.323806344938},false]
[null,"3.4.3","INFRAESTRUTURA",{"$nulls":4},1,null,null,null,{"$f":"SUBTOTAL(109,L801:L807)","v":19085.233874149519}]
[null,"3.4.3.1","COMPOSIÇÃO SINAPI",96523,"SINAPI","ESCAVAÇÃO MANUAL PARA BLOCO DE COROAMENTO OU SAPATA (INCLUINDO ESCAVAÇÃO PARA COLOCAÇÃO DE FÔRMAS). AF_06/2017","M3",4.8499999999999996,{"$f":"VLOOKUP(D801&E801,'TABELA SICRO-SINAPI-ORSE'!A:G,7,FALSE)","v":81.31},{"$f":"$L$4","v":0.20796173004820551},{"$f":"I801*(1+J801)","v":98.21936827021959},{"$f":"K801*H801","v":476.36393611056496},{"$f":"ISTEXT(H801)","v":false}]
[null,"3.4.3.2","COMPOSIÇÃO SINAPI",96621,"SINAPI","LASTRO COM MATERIAL GRANULAR, APLICAÇÃO EM BLOCOS DE COROAMENTO, ESPESSURA DE *5 CM*. AF_08/2017","M3",0.48,{"$f":"VLOOKUP(D802&E802,'TABELA SICRO-SINAPI-ORSE'!A:G,7,FALSE)","v":460.69},0.20796173004820551,556.49588941590775,267.11802691963572,false]
[null,"3.4.3.3","COMPOSIÇÃO SINAPI",96536,"SINAPI","FABRICAÇÃO, MONTAGEM E DESMONTAGEM DE FÔRMA PARA VIGA BALDRAME, EM MADEIRA SERRADA, E=25 MM, 4 UTILIZAÇÕES. AF_06/2017","M2",58.6,{"$f":"VLOOKUP(D803&E803,'TABELA SICRO-SINAPI-ORSE'!A:G,7,FALSE)","v":67.08},0.20796173004820551,81.030072851633619,4748.3622691057299,false]
[null,"3.4.3.4","COMPOSIÇÃO SINAPI",96545,"SINAPI","ARMAÇÃO DE BLOCO, VIGA BALDRAME OU SAPATA UTILIZANDO AÇO CA-50 DE 8 MM - MONTAGEM. AF_06/2017","KG",169.5,{"$f":"VLOOKUP(D804&E804,'TABELA SICRO-SINAPI-ORSE'!A:G,7,FALSE)","v":17.440000000000001},0.20796173004820551,21.066852572040705,3570.8315109608998,false]
[null,"3.4.3.5","COMPOSIÇÃO SINAPI",96546,"SINAPI","ARMAÇÃO DE BLOCO, VIGA BALDRAME OU SAPATA UTILIZANDO AÇO CA-50 DE 10 MM - MONTAGEM. AF_06/2017","KG",17.75,{"$f":"VLOOKUP(D805&E805,'TABELA SICRO-SINAPI-ORSE'!A:G,7,FALSE)","v":15.45},0.20796173004820551,18.663008729244773,331.2684049440947,false]
[null,"3.4.3.6","COMPOSIÇÃO SINAPI",96543,"SINAPI","ARMAÇÃO DE BLOCO, VIGA BALDRAME E SAPATA UTILIZANDO AÇO CA-60 DE 5 MM - MONTAGEM. AF_06/2017","KG",76.5,{"$f":"VLOOKUP(D806&E806,'TABELA SICRO-SINAPI-ORSE'!A:G,7,FALSE)","v":20.36},0.20796173004820551,24.594100823781464,1881.448713019282,false]
[null,"3.4.3.7","COMPOSIÇÃO SINAPI",96557,"SINAPI","CONCRETAGEM DE BLOCOS DE COROAMENTO E VIGAS BALDRAMES, FCK 30 MPA, COM USO DE BOMBA - LANÇAMENTO, ADENSAMENTO E ACABAMENTO. AF_06/2017","M3",5.5,{"$f":"VLOOKUP(D807&E807,'TABELA SICRO-SINAPI-ORSE'!A:G,7,FALSE)","v":1175.51},0.20796173004820551,1419.9710932889661,7809.8410130893135,false]
[null,"3.4.4","SUPRAESTRUTURA",{"$nulls":4},1,null,null,null,{"$f":"SUBTOTAL(109,L809:L819)","v":133179.5848286585}]
[null,"3.4.4.1","COMPOSIÇÃO SINAPI",92409,"SINAPI","MONTAGEM E DESMONTAGEM DE FÔRMA DE PILARES RETANGULARES E ESTRUTURAS SIMILARES, PÉ-DIREITO SIMPLES, EM MADEIRA SERRADA, 1 UTILIZAÇÃO. AF_09/2020","M2",52.5,{"$f":"VLOOKUP(D809&E809,'TABELA SICRO-SINAPI-ORSE'!A:G,7,FALSE)","v":241.28},{"$f":"$L$4","v":0.20796173004820551},{"$f":"I809*(1+J809)","v":291.45700622603101},{"$f":"K809*H809","v":15301.492826866628},{"$f":"ISTEXT(H809)","v":false}]
[null,"3.4.4.2","COMPOSIÇÃO SINAPI",92761,"SINAPI","ARMAÇÃO DE PILAR OU VIGA DE ESTRUTURA CONVENCIONAL DE CONCRETO ARMADO UTILIZANDO AÇO CA-50 DE 8,0 MM - MONTAGEM. AF_06/2022","KG",169.5,{"$f":"VLOOKUP(D810&E810,'TABELA SICRO-SINAPI-ORSE'!A:G,7,FALSE)","v":14.23},0.20796173004820551,17.189295418585964,2913.5855734503207,false]
[null,"3.4.4.3","COMPOSIÇÃO SINAPI",92762,"SINAPI","ARMAÇÃO DE PILAR OU VIGA DE ESTRUTURA CONVENCIONAL DE CONCRETO ARMADO UTILIZANDO AÇO CA-50 DE 10,0 MM - MONTAGEM. AF_06/2022","KG",193.95,{"$f":"VLOOKUP(D811&E811,'TABELA SICRO-SINAPI-ORSE'!A:G,7,FALSE)","v":12.85},0.20796173004820551,15.522308231119441,3010.5516814256152,false]
[null,"3.4.4.4","COMPOSIÇÃO SINAPI",92759,"SINAPI","ARMAÇÃO DE PILAR OU VIGA DE ESTRUTURA CONVENCIONAL DE CONCRETO ARMADO UTILIZANDO AÇO CA-60 DE 5,0 MM - MONTAGEM. AF_06/2022","KG",155.80000000000001,{"$f":"VLOOKUP(D812&E812,'TABELA SICRO-SINAPI-ORSE'!A:G,7,FALSE)","v":15.25},0.20796173004820551,18.421416383235133,2870.0566725080339,false]
[null,"3.4.4.5","COMPOSIÇÃO SINAPI",92446,"SINAPI","MONTAGEM E DESMONTAGEM DE FÔRMA DE VIGA, ESCORAMENTO COM PONTALETE DE MADEIRA, PÉ-DIREITO SIMPLES, EM MADEIRA SERRADA, 1 UTILIZAÇÃO. AF_09/2020","M2",44.4,{"$f":"VLOOKUP(D813&E813,'TABELA SICRO-SINAPI-ORSE'!A:G,7,FALSE)","v":239.04},0.20796173004820551,288.75117195072306,12820.552034612103,false]
[null,"3.4.4.6","COMPOSIÇÃO SINAPI",92482,"SINAPI","MONTAGEM E DESMONTAGEM DE FÔRMA DE LAJE MACIÇA, PÉ-DIREITO SIMPLES, EM MADEIRA SERRADA, 1 UTILIZAÇÃO. AF_09/2020","M2",110.8,{"$f":"VLOOKUP(D814&E814,'TABELA SICRO-SINAPI-ORSE'!A:G,7,FALSE)","v":249.14},0.20796173004820551,300.9515854242099,33345.435665002457,false]
[null,"3.4.4.7","COMPOSIÇÃO SINAPI",92768,"SINAPI","ARMAÇÃO DE LAJE DE ESTRUTURA CONVENCIONAL DE CONCRETO ARMADO UTILIZANDO AÇO CA-60 DE 5,0 MM - MONTAGEM. AF_06/2022","KG",224.1,{"$f":"VLOOKUP(D815&E815,'TABELA SICRO-SINAPI-ORSE'!A:G,7,FALSE)","v":14.81},0.20796173004820551,17.889913222013924,4009.1295530533203,false]
[null,"3.4.4.8","COMPOSIÇÃO SINAPI",92769,"SINAPI","ARMAÇÃO DE LAJE DE ESTRUTURA CONVENCIONAL DE CONCRETO ARMADO UTILIZANDO AÇO CA-50 DE 6,3 MM - MONTAGEM. AF_06/2022","KG",327.3,{"$f":"VLOOKUP(D816&E816,'TABELA SICRO-SINAPI-ORSE'!A:G,7,FALSE)","v":14.38},0.20796173004820551,17.370489678093197,5685.3612716399039,false]
[null,"3.4.4.9","COMPOSIÇÃO SINAPI",92770,"SINAPI","ARMAÇÃO DE LAJE DE ESTRUTURA CONVENCIONAL DE CONCRETO ARMADO UTILIZANDO AÇO CA-50 DE 8,0 MM - MONTAGEM. AF_06/2022","KG",43,{"$f":"VLOOKUP(D817&E817,'TABELA SICRO-SINAPI-ORSE'!A:G,7,FALSE)","v":13.8},0.20796173004820551,16.669871874665237,716.80449061060517,false]
[null,"3.4.4.10","COMPOSIÇÃO SINAPI",92771,"SINAPI","ARMAÇÃO DE LAJE DE ESTRUTURA CONVENCIONAL DE CONCRETO ARMADO UTILIZANDO AÇO CA-50 DE 10,0 MM - MONTAGEM. AF_06/2022","KG",829.4,{"$f":"VLOOKUP(D818&E818,'TABELA SICRO-SINAPI-ORSE'!A:G,7,FALSE)","v":12.44},0.20796173004820551,15.027043921799676,12463.43022874065,false]
[null,"3.4.4.11","COMPOSIÇÃO SINAPI",96557,"SINAPI","CONCRETAGEM DE BLOCOS DE COROAMENTO E VIGAS BALDRAMES, FCK 30 MPA, COM USO DE BOMBA - LANÇAMENTO, ADENSAMENTO E ACABAMENTO. AF_06/2017","M3",28.2,{"$f":"VLOOKUP(D819&E819,'TABELA SICRO-SINAPI-ORSE'!A:G,7,FALSE)","v":1175.51},0.20796173004820551,1419.9710932889661,40043.184830748847,false]
[null,"3.4.5","IMPERMEABILIZAÇÃO",{"$nulls":4},1,null,null,null,{"$f":"SUBTOTAL(109,L821)","v":40008.493015435073}]
[null,"3.4.5.1","COMPOSIÇÃO SINAPI",98546,"SINAPI","IMPERMEABILIZAÇÃO DE SUPERFÍCIE COM MANTA ASFÁLTICA, UMA CAMADA, INCLUSIVE APLICAÇÃO DE PRIMER ASFÁLTICO, E=3MM. AF_06/2018","M2",189.51,{"$f":"VLOOKUP(D821&E821,'TABELA SICRO-SINAPI-ORSE'!A:G,7,FALSE)","v":174.77},{"$f":"$L$4","v":0.20796173004820551},{"$f":"I821*(1+J821)","v":211.1154715605249},{"$f":"K821*H821","v":40008.493015435073},{"$f":"ISTEXT(H821)","v":false}]
[null,"3.4.6","REVESTIMENTOS ",{"$nulls":4},1,null,null,null,{"$f":"SUBTOTAL(109,L823:L828)","v":17347.761781391371}]
[null,"3.4.6.1","COMPOSIÇÃO SINAPI",103324,"SINAPI","ALVENARIA DE VEDAÇÃO DE BLOCOS CERÂMICOS FURADOS NA VERTICAL DE 14X19X39 CM (ESPESSURA 14 CM) E ARGAMASSA DE ASSENTAMENTO COM PREPARO EM BETONEIRA. AF_12/2021","M2",39.99,{"$f":"VLOOKUP(D823&E823,'TABELA SICRO-SINAPI-ORSE'!A:G,7,FALSE)","v":80.05},{"$f":"$L$4","v":0.20796173004820551},{"$f":"I823*(1+J823)","v":96.69733649035885},{"$f":"K823*H823","v":3866.9264862494506},{"$f":"ISTEXT(H823)","v":false}]
[null,"3.4.6.2","COMPOSIÇÃO SINAPI",87879,"SINAPI","CHAPISCO APLICADO EM ALVENARIAS E ESTRUTURAS DE CONCRETO INTERNAS, COM COLHER DE PEDREIRO.  ARGAMASSA TRAÇO 1:3 COM PREPARO EM BETONEIRA 400L. AF_10/2022","M2",79.98,{"$f":"VLOOKUP(D824&E824,'TABELA SICRO-SINAPI-ORSE'!A:G,7,FALSE)","v":4.6500000000000004},0.20796173004820551,5.6170220447241563,449.24942313703804,false]
[null,"3.4.6.3","COMPOSIÇÃO SINAPI",87543,"SINAPI","MASSA ÚNICA, PARA RECEBIMENTO DE PINTURA OU CERÂMICA, ARGAMASSA INDUSTRIALIZADA, PREPARO MECÂNICO, APLICADO COM EQUIPAMENTO DE MISTURA E PROJEÇÃO DE 1,5 M3/H EM FACES INTERNAS DE PAREDES, ESPESSURA DE 5MM, SEM EXECUÇÃO DE TALISCAS. AF_06/2014","M2",79.98,{"$f":"VLOOKUP(D825&E825,'TABELA SICRO-SINAPI-ORSE'!A:G,7,FALSE)","v":27.81},0.20796173004820551,33.593415712640592,2686.8013886969948,false]
[null,"3.4.6.4","COMPOSIÇÃO SINAPI",87622,"SINAPI","CONTRAPISO EM ARGAMASSA TRAÇO 1:4 (CIMENTO E AREIA), PREPARO MANUAL, APLICADO EM ÁREAS SECAS SOBRE LAJE, ADERIDO, ACABAMENTO NÃO REFORÇADO, ESPESSURA 2CM. AF_07/2021","M2",144.44999999999999,{"$f":"VLOOKUP(D826&E826,'TABELA SICRO-SINAPI-ORSE'!A:G,7,FALSE)","v":40.81},0.20796173004820551,49.296918203267268,7120.9398344619567,false]
[null,"3.4.6.5","INSUMO SINAPI",39508,"SINAPI","TELA DE ACO SOLDADA NERVURADA, CA-60, L-159, (1,69 KG/M2), DIAMETRO DO FIO = 4,5 MM, LARGURA = 2,45 M, ESPACAMENTO DA MALHA = 30 X 10 CM","M2",144.44999999999999,{"$f":"VLOOKUP(D827&E827,'TABELA SICRO-SINAPI-ORSE'!A:G,7,FALSE)","v":9},{"$f":"$L$5","v":0.14692012195121973},10.322281097560978,1491.0535045426832,false]
[null,"3.4.6.6","COMPOSIÇÃO SINAPI",87265,"SINAPI","REVESTIMENTO CERÂMICO PARA PAREDES INTERNAS COM PLACAS TIPO ESMALTADA EXTRA DE DIMENSÕES 20X20 CM APLICADAS EM AMBIENTES DE ÁREA MAIOR QUE 5 M² NA ALTURA INTEIRA DAS PAREDES. AF_06/2014","M2",19.68,{"$f":"VLOOKUP(D828&E828,'TABELA SICRO-SINAPI-ORSE'!A:G,7,FALSE)","v":72.89},{"$f":"$L$4","v":0.20796173004820551},88.048330503213705,1732.7911443032458,false]
[null,"3.4.7","PROJETO ELÉTRICO ",{"$nulls":4},1,null,null,null,{"$f":"SUBTOTAL(109,L830:L849)","v":35533.499342130177}]
[null,"3.4.7.1","COMPOSIÇÃO SINAPI",91940,"SINAPI","CAIXA RETANGULAR 4\" X 2\" MÉDIA (1,30 M DO PISO), PVC, INSTALADA EM PAREDE - FORNECIMENTO E INSTALAÇÃO. AF_12/2015","UN",20,{"$f":"VLOOKUP(D830&E830,'TABELA SICRO-SINAPI-ORSE'!A:G,7,FALSE)","v":17.38},{"$f":"$L$4","v":0.20796173004820551},{"$f":"I830*(1+J830)","v":20.994374868237809},{"$f":"K830*H830","v":419.8874973647562},{"$f":"ISTEXT(H830)","v":false}]
[null,"3.4.7.2","COMPOSIÇÃO SINAPI",91936,"SINAPI","CAIXA OCTOGONAL 4\" X 4\", PVC, INSTALADA EM LAJE - FORNECIMENTO E INSTALAÇÃO. AF_12/2015","UN",20,{"$f":"VLOOKUP(D831&E831,'TABELA SICRO-SINAPI-ORSE'!A:G,7,FALSE)","v":17.86},0.20796173004820551,21.57419649866095,431.48392997321901,false]
[null,"3.4.7.3","INSUMO SINAPI",20111,"SINAPI","FITA ISOLANTE ADESIVA ANTICHAMA, USO ATE 750 V, EM ROLO DE 19 MM X 20 M","UN",2,{"$f":"VLOOKUP(D832&E832,'TABELA SICRO-SINAPI-ORSE'!A:G,7,FALSE)","v":29.5},{"$f":"$L$5","v":0.14692012195121973},33.834143597560981,67.668287195121962,false]
[null,"3.4.7.4","COMPOSIÇÃO SINAPI",91934,"SINAPI","CABO DE COBRE FLEXÍVEL ISOLADO, 16 MM², ANTI-CHAMA 450/750 V, PARA CIRCUITOS TERMINAIS - FORNECIMENTO E INSTALAÇÃO. AF_12/2015","M",158,{"$f":"VLOOKUP(D833&E833,'TABELA SICRO-SINAPI-ORSE'!A:G,7,FALSE)","v":24.96},{"$f":"$L$4","v":0.20796173004820551},30.150724782003209,4763.8145155565071,false]
[null,"3.4.7.5","COMPOSIÇÃO SINAPI",92984,"SINAPI","CABO DE COBRE FLEXÍVEL ISOLADO, 25 MM², ANTI-CHAMA 0,6/1,0 KV, PARA REDE ENTERRADA DE DISTRIBUIÇÃO DE ENERGIA ELÉTRICA - FORNECIMENTO E INSTALAÇÃO. AF_12/2021","M",474,{"$f":"VLOOKUP(D834&E834,'TABELA SICRO-SINAPI-ORSE'!A:G,7,FALSE)","v":29.16},0.20796173004820551,35.224164048205672,16696.253758849489,false]
[null,"3.4.7.6","COMPOSIÇÃO SINAPI",91926,"SINAPI","CABO DE COBRE FLEXÍVEL ISOLADO, 2,5 MM², ANTI-CHAMA 450/750 V, PARA CIRCUITOS TERMINAIS - FORNECIMENTO E INSTALAÇÃO. AF_12/2015","M",185,{"$f":"VLOOKUP(D835&E835,'TABELA SICRO-SINAPI-ORSE'!A:G,7,FALSE)","v":4.45},0.20796173004820551,5.3754296987145151,994.45449426218534,false]
[null,"3.4.7.7","COMPOSIÇÃO SINAPI",91928,"SINAPI","CABO DE COBRE FLEXÍVEL ISOLADO, 4 MM², ANTI-CHAMA 450/750 V, PARA CIRCUITOS TERMINAIS - FORNECIMENTO E INSTALAÇÃO. AF_12/2015","M",160,{"$f":"VLOOKUP(D836&E836,'TABELA SICRO-SINAPI-ORSE'!A:G,7,FALSE)","v":6.9},0.20796173004820551,8.3349359373326184,1333.5897499732189,false]
[null,"3.4.7.8","COMPOSIÇÃO ORSE",5027,"ORSE","CAIXA DE PASSAGEM EM ALVENARIA DE TIJOLOS MACIÇOS ESP. = 0,12M,  DIM. INT. =  0.60 X 0.60 X 0.40M","UN",1,{"$f":"VLOOKUP(D837&E837,'TABELA SICRO-SINAPI-ORSE'!A:G,7,FALSE)","v":370.46},0.20796173004820551,447.50150251365818,447.50150251365818,false]
[null,"3.4.7.9","INSUMO SINAPI",38091,"SINAPI","ESPELHO / PLACA CEGA 4\" X 2\", PARA INSTALACAO DE TOMADAS E INTERRUPTORES","UN",20,{"$f":"VLOOKUP(D838&E838,'TABELA SICRO-SINAPI-ORSE'!A:G,7,FALSE)","v":2.69},{"$f":"$L$5","v":0.14692012195121973},3.0852151280487812,61.70430256097562,false]
[null,"3.4.7.10","INSUMO SINAPI",38115,"SINAPI","INTERRUPTOR INTERMEDIARIO 10 A, 250 V (APENAS MODULO)","UN",6,{"$f":"VLOOKUP(D839&E839,'TABELA SICRO-SINAPI-ORSE'!A:G,7,FALSE)","v":21.1},0.14692012195121973,24.200014573170737,145.20008743902443,false]
[null,"3.4.7.11","COMPOSIÇÃO SINAPI",91996,"SINAPI","TOMADA MÉDIA DE EMBUTIR (1 MÓDULO), 2P+T 10 A, INCLUINDO SUPORTE E PLACA - FORNECIMENTO E INSTALAÇÃO. AF_12/2015","UN",28,{"$f":"VLOOKUP(D840&E840,'TABELA SICRO-SINAPI-ORSE'!A:G,7,FALSE)","v":34.67},{"$f":"$L$4","v":0.20796173004820551},41.880033180771285,1172.6409290615959,false]
[null,"3.4.7.12","COMPOSIÇÃO SINAPI",93653,"SINAPI","DISJUNTOR MONOPOLAR TIPO DIN, CORRENTE NOMINAL DE 10A - FORNECIMENTO E INSTALAÇÃO. AF_10/2020","UN",2,{"$f":"VLOOKUP(D841&E841,'TABELA SICRO-SINAPI-ORSE'!A:G,7,FALSE)","v":12.85},0.20796173004820551,15.522308231119441,31.044616462238881,false]
[null,"3.4.7.13","COMPOSIÇÃO SINAPI",93655,"SINAPI","DISJUNTOR MONOPOLAR TIPO DIN, CORRENTE NOMINAL DE 20A - FORNECIMENTO E INSTALAÇÃO. AF_10/2020","UN",2,{"$f":"VLOOKUP(D842&E842,'TABELA SICRO-SINAPI-ORSE'!A:G,7,FALSE)","v":14.68},0.20796173004820551,17.732878197107656,35.465756394215312,false]
[null,"3.4.7.14","COMPOSIÇÃO SINAPI",93656,"SINAPI","DISJUNTOR MONOPOLAR TIPO DIN, CORRENTE NOMINAL DE 25A - FORNECIMENTO E INSTALAÇÃO. AF_10/2020","UN",4,{"$f":"VLOOKUP(D843&E843,'TABELA SICRO-SINAPI-ORSE'!A:G,7,FALSE)","v":14.68},0.20796173004820551,17.732878197107656,70.931512788430624,false]
[null,"3.4.7.15","COMPOSIÇÃO SINAPI",93659,"SINAPI","DISJUNTOR MONOPOLAR TIPO DIN, CORRENTE NOMINAL DE 50A - FORNECIMENTO E INSTALAÇÃO. AF_10/2020","UN",2,{"$f":"VLOOKUP(D844&E844,'TABELA SICRO-SINAPI-ORSE'!A:G,7,FALSE)","v":26.15},0.20796173004820551,31.588199240760574,63.176398481521147,false]
[null,"3.4.7.16","COMPOSIÇÃO SINAPI",91981,"SINAPI","INTERRUPTOR BIPOLAR (1 MÓDULO), 10A/250V, INCLUINDO SUPORTE E PLACA - FORNECIMENTO E INSTALAÇÃO. AF_09/2017","UN",2,{"$f":"VLOOKUP(D845&E845,'TABELA SICRO-SINAPI-ORSE'!A:G,7,FALSE)","v":49.78},0.20796173004820551,60.132334921799675,120.26466984359935,false]
[null,"3.4.7.17","COMPOSIÇÃO SINAPI",97667,"SINAPI","ELETRODUTO FLEXÍVEL CORRUGADO, PEAD, DN 50 (1 1/2\"), PARA REDE ENTERRADA DE DISTRIBUIÇÃO DE ENERGIA ELÉTRICA - FORNECIMENTO E INSTALAÇÃO. AF_12/2021","M",155,{"$f":"VLOOKUP(D846&E846,'TABELA SICRO-SINAPI-ORSE'!A:G,7,FALSE)","v":8.68},0.20796173004820551,10.485107816818424,1625.1917116068557,false]
[null,"3.4.7.18","COMPOSIÇÃO SINAPI",91835,"SINAPI","ELETRODUTO FLEXÍVEL CORRUGADO REFORÇADO, PVC, DN 25 MM (3/4\"), PARA CIRCUITOS TERMINAIS, INSTALADO EM FORRO - FORNECIMENTO E INSTALAÇÃO. AF_12/2015","M",100,{"$f":"VLOOKUP(D847&E847,'TABELA SICRO-SINAPI-ORSE'!A:G,7,FALSE)","v":20.309999999999999},0.20796173004820551,24.533702737279054,2453.3702737279054,false]
[null,"3.4.7.19","INSUMO SINAPI",39805,"SINAPI","QUADRO DE DISTRIBUICAO, EM PVC, DE EMBUTIR, COM BARRAMENTO TERRA / NEUTRO, PARA 12 DISJUNTORES NEMA OU 16 DISJUNTORES DIN","UN",2,{"$f":"VLOOKUP(D848&E848,'TABELA SICRO-SINAPI-ORSE'!A:G,7,FALSE)","v":138.05000000000001},{"$f":"$L$5","v":0.14692012195121973},158.33232283536589,316.66464567073177,false]
[null,"3.4.7.20","COMPOSIÇÃO ORSE",12021,"ORSE","LUMINÁRIA DE EMBUTIR ABERTA PARA LÂMPADA FLUORESCENTE OU TUBO LED 2 X 18/20 W (TECNOLUX REF.FLE-8157/232 OU SIMILAR), COMPLETA,  COM LAMPADA TUBO LED","UN",20,{"$f":"VLOOKUP(D849&E849,'TABELA SICRO-SINAPI-ORSE'!A:G,7,FALSE)","v":177.29},{"$f":"$L$4","v":0.20796173004820551},214.15953512024635,4283.1907024049269,false]
[null,"3.4.8","CABEAMENTO",{"$nulls":4},1,null,null,null,{"$f":"SUBTOTAL(109,L851:L860)","v":6091.7237210872654}]
[null,"3.4.8.1","INSUMO SINAPI",38083,"SINAPI","TOMADA RJ45, 8 FIOS, CAT 5E, CONJUNTO MONTADO PARA EMBUTIR 4\" X 2\" (PLACA + SUPORTE + MODULO)","UN",14,{"$f":"VLOOKUP(D851&E851,'TABELA SICRO-SINAPI-ORSE'!A:G,7,FALSE)","v":39.67},{"$f":"$L$5","v":0.14692012195121973},{"$f":"I851*(1+J851)","v":45.498321237804888},{"$f":"K851*H851","v":636.97649732926845},{"$f":"ISTEXT(H851)","v":false}]
[null,"3.4.8.2","COMPOSIÇÃO ORSE",766,"ORSE","PONTO DE DADO E VOZ, INCLUSIVE CAIXA 3\" X 3\" SISTEMA \"X\"","UN",2,{"$f":"VLOOKUP(D852&E852,'TABELA SICRO-SINAPI-ORSE'!A:G,7,FALSE)","v":49.1},{"$f":"$L$4","v":0.20796173004820551},59.310920945366895,118.62184189073379,false]
[null,"3.4.8.3","COMPOSIÇÃO SINAPI",91940,"SINAPI","CAIXA RETANGULAR 4\" X 2\" MÉDIA (1,30 M DO PISO), PVC, INSTALADA EM PAREDE - FORNECIMENTO E INSTALAÇÃO. AF_12/2015","UN",2,{"$f":"VLOOKUP(D853&E853,'TABELA SICRO-SINAPI-ORSE'!A:G,7,FALSE)","v":17.38},0.20796173004820551,20.994374868237809,41.988749736475619,false]
[null,"3.4.8.4","COMPOSIÇÃO ORSE",7138,"ORSE","FORNECIMENTO E LANÇAMENTO DE CABO UTP 4 PARES CAT 6","M",145,{"$f":"VLOOKUP(D854&E854,'TABELA SICRO-SINAPI-ORSE'!A:G,7,FALSE)","v":12.26},0.20796173004820551,14.809610810391,2147.393567506695,false]
[null,"3.4.8.5","COMPOSIÇÃO ORSE",12937,"ORSE","TOMADA DUPLA PARA LÓGICA NO PISO, METAL, RJ45","UN",4,{"$f":"VLOOKUP(D855&E855,'TABELA SICRO-SINAPI-ORSE'!A:G,7,FALSE)","v":63.32},0.20796173004820551,76.488136746652373,305.95254698660949,false]
[null,"3.4.8.6","COMPOSIÇÃO ORSE",11418,"ORSE","TOMADA PARA LÓGICA, RJ45, COM PLACA","UN",10,{"$f":"VLOOKUP(D856&E856,'TABELA SICRO-SINAPI-ORSE'!A:G,7,FALSE)","v":34.880000000000003},0.20796173004820551,42.133705144081411,421.33705144081409,false]
[null,"3.4.8.7","COMPOSIÇÃO SINAPI",91834,"SINAPI","ELETRODUTO FLEXÍVEL CORRUGADO, PVC, DN 25 MM (3/4\"), PARA CIRCUITOS TERMINAIS, INSTALADO EM FORRO - FORNECIMENTO E INSTALAÇÃO. AF_12/2015","M",75,{"$f":"VLOOKUP(D857&E857,'TABELA SICRO-SINAPI-ORSE'!A:G,7,FALSE)","v":18.55},0.20796173004820551,22.407690092394212,1680.5767569295658,false]
[null,"3.4.8.8","COMPOSIÇÃO SINAPI",91836,"SINAPI","ELETRODUTO FLEXÍVEL CORRUGADO, PVC, DN 32 MM (1\"), PARA CIRCUITOS TERMINAIS, INSTALADO EM FORRO - FORNECIMENTO E INSTALAÇÃO. AF_12/2015","M",23,{"$f":"VLOOKUP(D858&E858,'TABELA SICRO-SINAPI-ORSE'!A:G,7,FALSE)","v":21.61},0.20796173004820551,26.104052986341721,600.39321868585955,false]
[null,"3.4.8.9","COMPOSIÇÃO SINAPI",100560,"SINAPI","QUADRO DE DISTRIBUIÇÃO PARA TELEFONE N.2, 20X20X12CM EM CHAPA METALICA, DE EMBUTIR, SEM ACESSORIOS, PADRÃO TELEBRAS, FORNECIMENTO E INSTALAÇÃO. AF_11/2019","UN",1,{"$f":"VLOOKUP(D859&E859,'TABELA SICRO-SINAPI-ORSE'!A:G,7,FALSE)","v":109.8},0.20796173004820551,132.63419795929295,132.63419795929295,false]
[null,"3.4.8.10","INSUMO SINAPI",38092,"SINAPI","ESPELHO / PLACA DE 1 POSTO 4\" X 2\", PARA INSTALACAO DE TOMADAS E INTERRUPTORES","UN",2,{"$f":"VLOOKUP(D860&E860,'TABELA SICRO-SINAPI-ORSE'!A:G,7,FALSE)","v":2.5499999999999998},{"$f":"$L$5","v":0.14692012195121973},2.9246463109756102,5.8492926219512205,false]
[null,"3.4.9","PROJETO HIDRÁULICO",{"$nulls":4},1,null,null,null,{"$f":"SUBTOTAL(109,L862:L889)","v":11668.344239476137}]
[null,"3.4.9.1","ALIMENTAÇÃO",{"$nulls":4},1,null,null,null,{"$f":"SUBTOTAL(109,L863:L867)","v":980.84547107532012}]
[null,"3.4.9.1.1","INSUMO SINAPI",1402,"SINAPI","COLAR TOMADA PVC, COM TRAVAS, SAIDA COM ROSCA, DE 32 MM X 1/2\" OU 32 MM X 3/4\", PARA LIGACAO PREDIAL DE AGUA","UN",1,{"$f":"VLOOKUP(D863&E863,'TABELA SICRO-SINAPI-ORSE'!A:G,7,FALSE)","v":5.99},{"$f":"$L$5","v":0.14692012195121973},{"$f":"I863*(1+J863)","v":6.8700515304878067},{"$f":"K863*H863","v":6.8700515304878067},{"$f":"ISTEXT(H863)","v":false}]
[null,"3.4.9.1.2","INSUMO SINAPI",12432,"SINAPI","UNIAO COM ASSENTO CONICO DE FERRO LONGO (MACHO-FEMEA), DIAMETRO 1 1/2\"","UN",3,{"$f":"VLOOKUP(D864&E864,'TABELA SICRO-SINAPI-ORSE'!A:G,7,FALSE)","v":163.63},0.14692012195121973,{"$f":"I864*(1+J864)","v":187.67053955487808},{"$f":"K864*H864","v":563.01161866463417},false]
[null,"3.4.9.1.3","COMPOSIÇÃO SINAPI",104056,"SINAPI","REGISTRO ESFERA, PVC, COM ROSCA, 1/2\", PARA LIGAÇÃO PREDIAL DE ÁGUA. AF_06/2022","UN",2,{"$f":"VLOOKUP(D865&E865,'TABELA SICRO-SINAPI-ORSE'!A:G,7,FALSE)","v":23.14},{"$f":"$L$4","v":0.20796173004820551},{"$f":"I865*(1+J865)","v":27.952234433315475},{"$f":"K865*H865","v":55.90446886663095},false]
[null,"3.4.9.1.4","COMPOSIÇÃO SINAPI",89401,"SINAPI","TUBO, PVC, SOLDÁVEL, DN 20MM, INSTALADO EM RAMAL DE DISTRIBUIÇÃO DE ÁGUA - FORNECIMENTO E INSTALAÇÃO. AF_06/2022","M",11.42,{"$f":"VLOOKUP(D866&E866,'TABELA SICRO-SINAPI-ORSE'!A:G,7,FALSE)","v":9.5299999999999994},0.20796173004820551,{"$f":"I866*(1+J866)","v":11.511875287359398},{"$f":"K866*H866","v":131.46561578164432},false]
[null,"3.4.9.1.5","COMPOSIÇÃO SINAPI",95634,"SINAPI","KIT CAVALETE PARA MEDIÇÃO DE ÁGUA - ENTRADA PRINCIPAL, EM PVC SOLDÁVEL DN 20 (1/2\")   FORNECIMENTO E INSTALAÇÃO (EXCLUSIVE HIDRÔMETRO). AF_11/2016","UN",1,{"$f":"VLOOKUP(D867&E867,'TABELA SICRO-SINAPI-ORSE'!A:G,7,FALSE)","v":185.1},0.20796173004820551,{"$f":"I867*(1+J867)","v":223.59371623192283},{"$f":"K867*H867","v":223.59371623192283},false]
[null,"3.4.9.2","ÁGUA FRIA ",{"$nulls":4},1,null,null,null,{"$f":"SUBTOTAL(109,L869:L876)","v":6650.0280336199639}]
[null,"3.4.9.2.1","COMPOSIÇÃO SINAPI",86909,"SINAPI","TORNEIRA CROMADA TUBO MÓVEL, DE MESA, 1/2\" OU 3/4\", PARA PIA DE COZINHA, PADRÃO ALTO - FORNECIMENTO E INSTALAÇÃO. AF_01/2020","UN",4,{"$f":"VLOOKUP(D869&E869,'TABELA SICRO-SINAPI-ORSE'!A:G,7,FALSE)","v":203.25},{"$f":"$L$4","v":0.20796173004820551},{"$f":"I869*(1+J869)","v":245.51822163229778},{"$f":"K869*H869","v":982.07288652919112},{"$f":"ISTEXT(H869)","v":false}]
[null,"3.4.9.2.2","COMPOSIÇÃO SINAPI",89353,"SINAPI","REGISTRO DE GAVETA BRUTO, LATÃO, ROSCÁVEL, 3/4\" - FORNECIMENTO E INSTALAÇÃO. AF_08/2021","UN",2,{"$f":"VLOOKUP(D870&E870,'TABELA SICRO-SINAPI-ORSE'!A:G,7,FALSE)","v":41.4},0.20796173004820551,50.009615623995707,100.01923124799141,false]
[null,"3.4.9.2.3","COMPOSIÇÃO SINAPI",89383,"SINAPI","ADAPTADOR CURTO COM BOLSA E ROSCA PARA REGISTRO, PVC, SOLDÁVEL, DN 25MM X 3/4 , INSTALADO EM RAMAL OU SUB-RAMAL DE ÁGUA - FORNECIMENTO E INSTALAÇÃO. AF_06/2022","UN",4,{"$f":"VLOOKUP(D871&E871,'TABELA SICRO-SINAPI-ORSE'!A:G,7,FALSE)","v":5.77},0.20796173004820551,6.9699391823781456,27.879756729512582,false]
[null,"3.4.9.2.4","COMPOSIÇÃO SINAPI",89356,"SINAPI","TUBO, PVC, SOLDÁVEL, DN 25MM, INSTALADO EM RAMAL OU SUB-RAMAL DE ÁGUA - FORNECIMENTO E INSTALAÇÃO. AF_06/2022","M",10.93,{"$f":"VLOOKUP(D872&E872,'TABELA SICRO-SINAPI-ORSE'!A:G,7,FALSE)","v":20.65},0.20796173004820551,24.944409725495444,272.64239829966522,false]
[null,"3.4.9.2.5","COMPOSIÇÃO SINAPI",89440,"SINAPI","TE, PVC, SOLDÁVEL, DN 25MM, INSTALADO EM RAMAL DE DISTRIBUIÇÃO DE ÁGUA - FORNECIMENTO E INSTALAÇÃO. AF_06/2022","UN",2,{"$f":"VLOOKUP(D873&E873,'TABELA SICRO-SINAPI-ORSE'!A:G,7,FALSE)","v":10.45},0.20796173004820551,12.623200079003746,25.246400158007493,false]
[null,"3.4.9.2.6","COMPOSIÇÃO SINAPI",89481,"SINAPI","JOELHO 90 GRAUS, PVC, SOLDÁVEL, DN 25MM, INSTALADO EM PRUMADA DE ÁGUA - FORNECIMENTO E INSTALAÇÃO. AF_06/2022","UN",4,{"$f":"VLOOKUP(D874&E874,'TABELA SICRO-SINAPI-ORSE'!A:G,7,FALSE)","v":4.6900000000000004},0.20796173004820551,5.6653405139260844,22.661362055704338,false]
[null,"3.4.9.2.7","COMPOSIÇÃO SINAPI",86889,"SINAPI","BANCADA DE GRANITO CINZA POLIDO, DE 1,50 X 0,60 M, PARA PIA DE COZINHA - FORNECIMENTO E INSTALAÇÃO. AF_01/2020","UN",4,{"$f":"VLOOKUP(D875&E875,'TABELA SICRO-SINAPI-ORSE'!A:G,7,FALSE)","v":1014.07},0.20796173004820551,1224.9577515899839,4899.8310063599356,false]
[null,"3.4.9.2.8","COMPOSIÇÃO SINAPI",96803,"SINAPI","KIT CHASSI PEX, PRÉ-FABRICADO, PARA COZINHA COM CUBA SIMPLES E CONEXÕES POR CRIMPAGEM - FORNECIMENTO E INSTALAÇÃO. AF_06/2015","UN",4,{"$f":"VLOOKUP(D876&E876,'TABELA SICRO-SINAPI-ORSE'!A:G,7,FALSE)","v":66.16},0.20796173004820551,79.918748059989269,319.67499223995708,false]
[null,"3.4.9.3","ESGOTO",{"$nulls":4},1,null,null,null,{"$f":"SUBTOTAL(109,L878:L886)","v":2438.2753259740157}]
[null,"3.4.9.3.1","COMPOSIÇÃO SINAPI",97907,"SINAPI","CAIXA ENTERRADA HIDRÁULICA RETANGULAR, EM ALVENARIA COM BLOCOS DE CONCRETO, DIMENSÕES INTERNAS: 0,8X0,8X0,6 M PARA REDE DE ESGOTO. AF_12/2020","UN",1,{"$f":"VLOOKUP(D878&E878,'TABELA SICRO-SINAPI-ORSE'!A:G,7,FALSE)","v":673.69},{"$f":"$L$4","v":0.20796173004820551},{"$f":"I878*(1+J878)","v":813.79173791617563},{"$f":"K878*H878","v":813.79173791617563},{"$f":"ISTEXT(H878)","v":false}]
[null,"3.4.9.3.2","COMPOSIÇÃO SINAPI",104329,"SINAPI","CAIXA SIFONADA, COM GRELHA REDONDA, PVC, DN 150 X 150 X 50 MM, JUNTA SOLDÁVEL, FORNECIDA E INSTALADA EM RAMAL DE DESCARGA OU EM RAMAL DE ESGOTO SANITÁRIO. AF_08/2022","UN",2,{"$f":"VLOOKUP(D879&E879,'TABELA SICRO-SINAPI-ORSE'!A:G,7,FALSE)","v":78.45},0.20796173004820551,94.764597722281721,189.52919544456344,false]
[null,"3.4.9.3.3","INSUMO SINAPI",6149,"SINAPI","SIFAO PLASTICO TIPO COPO PARA PIA OU LAVATORIO, 1 X 1.1/2 \"","UN",4,{"$f":"VLOOKUP(D880&E880,'TABELA SICRO-SINAPI-ORSE'!A:G,7,FALSE)","v":13.24},{"$f":"$L$5","v":0.14692012195121973},15.185222414634149,60.740889658536595,false]
[null,"3.4.9.3.4","COMPOSIÇÃO SINAPI",86878,"SINAPI","VÁLVULA EM METAL CROMADO TIPO AMERICANA 3.1/2\" X 1.1/2\" PARA PIA - FORNECIMENTO E INSTALAÇÃO. AF_01/2020","UN",4,{"$f":"VLOOKUP(D881&E881,'TABELA SICRO-SINAPI-ORSE'!A:G,7,FALSE)","v":78.709999999999994},{"$f":"$L$4","v":0.20796173004820551},95.078667772094249,380.314671088377,false]
[null,"3.4.9.3.5","COMPOSIÇÃO SINAPI",89731,"SINAPI","JOELHO 90 GRAUS, PVC, SERIE NORMAL, ESGOTO PREDIAL, DN 50 MM, JUNTA ELÁSTICA, FORNECIDO E INSTALADO EM RAMAL DE DESCARGA OU RAMAL DE ESGOTO SANITÁRIO. AF_08/2022","UN",8,{"$f":"VLOOKUP(D882&E882,'TABELA SICRO-SINAPI-ORSE'!A:G,7,FALSE)","v":13.97},0.20796173004820551,16.875225368773432,135.00180295018745,false]
[null,"3.4.9.3.6","COMPOSIÇÃO SINAPI",89545,"SINAPI","LUVA SIMPLES, PVC, SERIE R, ÁGUA PLUVIAL, DN 50 MM, JUNTA ELÁSTICA, FORNECIDO E INSTALADO EM RAMAL DE ENCAMINHAMENTO. AF_06/2022","UN",10,{"$f":"VLOOKUP(D883&E883,'TABELA SICRO-SINAPI-ORSE'!A:G,7,FALSE)","v":15.18},0.20796173004820551,18.336859062131758,183.36859062131759,false]
[null,"3.4.9.3.7","COMPOSIÇÃO SINAPI",89714,"SINAPI","TUBO PVC, SERIE NORMAL, ESGOTO PREDIAL, DN 100 MM, FORNECIDO E INSTALADO EM RAMAL DE DESCARGA OU RAMAL DE ESGOTO SANITÁRIO. AF_08/2022","M",2.0299999999999998,{"$f":"VLOOKUP(D884&E884,'TABELA SICRO-SINAPI-ORSE'!A:G,7,FALSE)","v":33.200000000000003},0.20796173004820551,40.104329437600427,81.411788758328854,false]
[null,"3.4.9.3.8","COMPOSIÇÃO SINAPI",89713,"SINAPI","TUBO PVC, SERIE NORMAL, ESGOTO PREDIAL, DN 75 MM, FORNECIDO E INSTALADO EM RAMAL DE DESCARGA OU RAMAL DE ESGOTO SANITÁRIO. AF_08/2022","M",10.45,{"$f":"VLOOKUP(D885&E885,'TABELA SICRO-SINAPI-ORSE'!A:G,7,FALSE)","v":29.72},0.20796173004820551,35.900622617032667,375.16150634799135,false]
[null,"3.4.9.3.9","COMPOSIÇÃO SINAPI",89712,"SINAPI","TUBO PVC, SERIE NORMAL, ESGOTO PREDIAL, DN 50 MM, FORNECIDO E INSTALADO EM RAMAL DE DESCARGA OU RAMAL DE ESGOTO SANITÁRIO. AF_08/2022","M",7.6,{"$f":"VLOOKUP(D886&E886,'TABELA SICRO-SINAPI-ORSE'!A:G,7,FALSE)","v":23.85},0.20796173004820551,28.809887261649703,218.95514318853773,false]
[null,"3.4.9.4","PLUVIAL ",{"$nulls":4},1,null,null,null,{"$f":"SUBTOTAL(109,L888:L889)","v":1599.1954088068342}]
[null,"3.4.9.4.1","COMPOSIÇÃO SINAPI",98409,"SINAPI","ACRÉSCIMO PARA POÇO DE VISITA CIRCULAR PARA ESGOTO, EM CONCRETO PRÉ-MOLDADO, DIÂMETRO INTERNO = 0,8 M. AF_12/2020","M",1,{"$f":"VLOOKUP(D888&E888,'TABELA SICRO-SINAPI-ORSE'!A:G,7,FALSE)","v":413.99},{"$f":"$L$4","v":0.20796173004820551},{"$f":"I888*(1+J888)","v":500.0840766226566},{"$f":"K888*H888","v":500.0840766226566},{"$f":"ISTEXT(H888)","v":false}]
[null,"3.4.9.4.2","COMPOSIÇÃO SINAPI",89511,"SINAPI","TUBO PVC, SÉRIE R, ÁGUA PLUVIAL, DN 75 MM, FORNECIDO E INSTALADO EM RAMAL DE ENCAMINHAMENTO. AF_06/2022","M",26.73,{"$f":"VLOOKUP(D889&E889,'TABELA SICRO-SINAPI-ORSE'!A:G,7,FALSE)","v":34.04},0.20796173004820551,{"$f":"I889*(1+J889)","v":41.119017290840915},{"$f":"K889*H889","v":1099.1113321841776},false]
[null,"3.4.10","ESQUADRIAS",{"$nulls":4},1,null,null,null,{"$f":"SUBTOTAL(109,L891:L893)","v":13100.943437923706}]
[null,"3.4.10.1","COMPOSIÇÃO ORSE",1857,"ORSE","PORTA EM AÇO, EM CHAPA GALVANIZADA Nº24, RAIADA, DE ENROLAR","M2",42.47,{"$f":"VLOOKUP(D891&E891,'TABELA SICRO-SINAPI-ORSE'!A:G,7,FALSE)","v":210.15},{"$f":"$L$4","v":0.20796173004820551},{"$f":"I891*(1+J891)","v":253.85315756963038},{"$f":"K891*H891","v":10781.143601982201},{"$f":"ISTEXT(H891)","v":false}]
[null,"3.4.10.2","COMPOSIÇÃO SINAPI",90789,"SINAPI","KIT DE PORTA-PRONTA DE MADEIRA EM ACABAMENTO MELAMÍNICO BRANCO, FOLHA LEVE OU MÉDIA, 70X210CM, EXCLUSIVE FECHADURA, FIXAÇÃO COM PREENCHIMENTO PARCIAL DE ESPUMA EXPANSIVA - FORNECIMENTO E INSTALAÇÃO. AF_12/2019","UN",2,{"$f":"VLOOKUP(D892&E892,'TABELA SICRO-SINAPI-ORSE'!A:G,7,FALSE)","v":896},0.20796173004820551,{"$f":"I892*(1+J892)","v":1082.3337101231921},{"$f":"K892*H892","v":2164.6674202463842},false]
[null,"3.4.10.3","INSUMO SINAPI",38153,"SINAPI","FECHADURA ESPELHO PARA PORTA DE BANHEIRO, EM ACO INOX (MAQUINA, TESTA E CONTRA-TESTA) E EM ZAMAC (MACANETA, LINGUETA E TRINCOS) COM ACABAMENTO CROMADO, MAQUINA DE 40 MM, INCLUINDO CHAVE TIPO TRANQUETA","CJ",2,{"$f":"VLOOKUP(D893&E893,'TABELA SICRO-SINAPI-ORSE'!A:G,7,FALSE)","v":67.63},{"$f":"$L$5","v":0.14692012195121973},{"$f":"I893*(1+J893)","v":77.566207847560989},{"$f":"K893*H893","v":155.13241569512198},false]
[null,"3.4.11","PINTURA ",{"$nulls":4},1,null,null,null,{"$f":"SUBTOTAL(109,L895:L896)","v":4931.42101754329}]
[null,"3.4.11.1","COMPOSIÇÃO SINAPI",88415,"SINAPI","APLICAÇÃO MANUAL DE FUNDO SELADOR ACRÍLICO EM PAREDES EXTERNAS DE CASAS. AF_06/2014","M2",178.35,{"$f":"VLOOKUP(D895&E895,'TABELA SICRO-SINAPI-ORSE'!A:G,7,FALSE)","v":3.2},{"$f":"$L$4","v":0.20796173004820551},{"$f":"I895*(1+J895)","v":3.8654775361542577},{"$f":"K895*H895","v":689.40791857311183},{"$f":"ISTEXT(H895)","v":false}]
[null,"3.4.11.2","COMPOSIÇÃO SINAPI",88423,"SINAPI","APLICAÇÃO MANUAL DE PINTURA COM TINTA TEXTURIZADA ACRÍLICA EM PAREDES EXTERNAS DE CASAS, UMA COR. AF_06/2014","M2",178.35,{"$f":"VLOOKUP(D896&E896,'TABELA SICRO-SINAPI-ORSE'!A:G,7,FALSE)","v":19.690000000000001},0.20796173004820551,{"$f":"I896*(1+J896)","v":23.784766464649167},{"$f":"K896*H896","v":4242.0130989701784},false]
[null,"3.4.12","SERVIÇOS COMPLEMENTARES ",{"$nulls":4},1,null,null,null,{"$f":"SUBTOTAL(109,L898)","v":577.40570696304223}]
[null,"3.4.12.1","COMPOSIÇÃO ORSE",2450,"ORSE","LIMPEZA GERAL","M2",200,{"$f":"VLOOKUP(D898&E898,'TABELA SICRO-SINAPI-ORSE'!A:G,7,FALSE)","v":2.39},{"$f":"$L$4","v":0.20796173004820551},{"$f":"I898*(1+J898)","v":2.8870285348152112},{"$f":"K898*H898","v":577.40570696304223},{"$f":"ISTEXT(H898)","v":false}]
[null,"3.5","QUIOSQUE TIPO 2",{"$nulls":8},{"$f":"SUBTOTAL(109,L900:L1011)","v":237731.2765327401}]
[null,"3.5.1","SERVIÇOS PRELIMINARES ",{"$nulls":4},1,null,null,null,{"$f":"SUBTOTAL(109,L901:L904)","v":19224.892943220832}]
[null,"3.5.1.1","INSUMO SINAPI",4813,"SINAPI","PLACA DE OBRA (PARA CONSTRUCAO CIVIL) EM CHAPA GALVANIZADA *N. 22*, ADESIVADA, DE *2,4 X 1,2* M (SEM POSTES PARA FIXACAO)","M2",4.5,{"$f":"VLOOKUP(D901&E901,'TABELA SICRO-SINAPI-ORSE'!A:G,7,FALSE)","v":250},{"$f":"$L$5","v":0.14692012195121973},{"$f":"I901*(1+J901)","v":286.73003048780492},{"$f":"K901*H901","v":1290.2851371951222},{"$f":"ISTEXT(H901)","v":false}]
[null,"3.5.1.2","COMPOSIÇÃO SINAPI",98525,"SINAPI","LIMPEZA MECANIZADA DE CAMADA VEGETAL, VEGETAÇÃO E PEQUENAS ÁRVORES (DIÂMETRO DE TRONCO MENOR QUE 0,20 M), COM TRATOR DE ESTEIRAS.AF_05/2018","M2",190,{"$f":"VLOOKUP(D902&E902,'TABELA SICRO-SINAPI-ORSE'!A:G,7,FALSE)","v":0.62},{"$f":"$L$4","v":0.20796173004820551},{"$f":"I902*(1+J902)","v":0.74893627262988738},{"$f":"K902*H902","v":142.29789179967861},false]
[null,"3.5.1.3","COMPOSIÇÃO SINAPI",99059,"SINAPI","LOCACAO CONVENCIONAL DE OBRA, UTILIZANDO GABARITO DE TÁBUAS CORRIDAS PONTALETADAS A CADA 2,00M -  2 UTILIZAÇÕES. AF_10/2018","M",172.28,{"$f":"VLOOKUP(D903&E903,'TABELA SICRO-SINAPI-ORSE'!A:G,7,FALSE)","v":55},0.20796173004820551,{"$f":"I903*(1+J903)","v":66.437895152651308},{"$f":"K903*H903","v":11445.920576898767},false]
[null,"3.5.1.4","COMPOSIÇÃO SINAPI",93582,"SINAPI","EXECUÇÃO DE CENTRAL DE ARMADURA EM CANTEIRO DE OBRA, NÃO INCLUSO MOBILIÁRIO E EQUIPAMENTOS. AF_04/2016","M2",20,262.69,0.20796173004820551,{"$f":"I904*(1+J904)","v":317.31946686636309},{"$f":"K904*H904","v":6346.3893373272622},false]
[null,"3.5.2","FUNDAÇÕES ",{"$nulls":4},1,null,null,null,{"$f":"SUBTOTAL(109,L906:L911)","v":6497.4993099476424}]
[null,"3.5.2.1","COMPOSIÇÃO SINAPI",96523,"SINAPI","ESCAVAÇÃO MANUAL PARA BLOCO DE COROAMENTO OU SAPATA (INCLUINDO ESCAVAÇÃO PARA COLOCAÇÃO DE FÔRMAS). AF_06/2017","M3",1.35,{"$f":"VLOOKUP(D906&E906,'TABELA SICRO-SINAPI-ORSE'!A:G,7,FALSE)","v":81.31},{"$f":"$L$4","v":0.20796173004820551},{"$f":"I906*(1+J906)","v":98.21936827021959},{"$f":"K906*H906","v":132.59614716479646},{"$f":"ISTEXT(H906)","v":false}]
[null,"3.5.2.2","COMPOSIÇÃO SINAPI",96621,"SINAPI","LASTRO COM MATERIAL GRANULAR, APLICAÇÃO EM BLOCOS DE COROAMENTO, ESPESSURA DE *5 CM*. AF_08/2017","M3",0.35,{"$f":"VLOOKUP(D907&E907,'TABELA SICRO-SINAPI-ORSE'!A:G,7,FALSE)","v":460.69},0.20796173004820551,556.49588941590775,194.7735612955677,false]
[null,"3.5.2.3","COMPOSIÇÃO SINAPI",96529,"SINAPI","FABRICAÇÃO, MONTAGEM E DESMONTAGEM DE FÔRMA PARA SAPATA, EM MADEIRA SERRADA, E=25 MM, 1 UTILIZAÇÃO. AF_06/2017","M2",8.1,{"$f":"VLOOKUP(D908&E908,'TABELA SICRO-SINAPI-ORSE'!A:G,7,FALSE)","v":271.60000000000002},0.20796173004820551,328.08240588109265,2657.4674876368504,false]
[null,"3.5.2.4","COMPOSIÇÃO SINAPI",96545,"SINAPI","ARMAÇÃO DE BLOCO, VIGA BALDRAME OU SAPATA UTILIZANDO AÇO CA-50 DE 8 MM - MONTAGEM. AF_06/2017","KG",17.5,{"$f":"VLOOKUP(D909&E909,'TABELA SICRO-SINAPI-ORSE'!A:G,7,FALSE)","v":17.440000000000001},0.20796173004820551,21.066852572040705,368.66992001071236,false]
[null,"3.5.2.5","COMPOSIÇÃO SINAPI",96546,"SINAPI","ARMAÇÃO DE BLOCO, VIGA BALDRAME OU SAPATA UTILIZANDO AÇO CA-50 DE 10 MM - MONTAGEM. AF_06/2017","KG",50.3,{"$f":"VLOOKUP(D910&E910,'TABELA SICRO-SINAPI-ORSE'!A:G,7,FALSE)","v":15.45},0.20796173004820551,18.663008729244773,938.74933908101195,false]
[null,"3.5.2.6","COMPOSIÇÃO SINAPI",96558,"SINAPI","CONCRETAGEM DE SAPATAS, FCK 30 MPA, COM USO DE BOMBA - LANÇAMENTO, ADENSAMENTO E ACABAMENTO. AF_11/2016","M3",1.5,{"$f":"VLOOKUP(D911&E911,'TABELA SICRO-SINAPI-ORSE'!A:G,7,FALSE)","v":1217.06},0.20796173004820551,1470.161903172469,2205.2428547587033,false]
[null,"3.5.3","INFRAESTRUTURA",{"$nulls":4},1,null,null,null,{"$f":"SUBTOTAL(109,L913:L919)","v":19085.233874149519}]
[null,"3.5.3.1","COMPOSIÇÃO SINAPI",96523,"SINAPI","ESCAVAÇÃO MANUAL PARA BLOCO DE COROAMENTO OU SAPATA (INCLUINDO ESCAVAÇÃO PARA COLOCAÇÃO DE FÔRMAS). AF_06/2017","M3",4.8499999999999996,{"$f":"VLOOKUP(D913&E913,'TABELA SICRO-SINAPI-ORSE'!A:G,7,FALSE)","v":81.31},{"$f":"$L$4","v":0.20796173004820551},{"$f":"I913*(1+J913)","v":98.21936827021959},{"$f":"K913*H913","v":476.36393611056496},{"$f":"ISTEXT(H913)","v":false}]
[null,"3.5.3.2","COMPOSIÇÃO SINAPI",96621,"SINAPI","LASTRO COM MATERIAL GRANULAR, APLICAÇÃO EM BLOCOS DE COROAMENTO, ESPESSURA DE *5 CM*. AF_08/2017","M3",0.48,{"$f":"VLOOKUP(D914&E914,'TABELA SICRO-SINAPI-ORSE'!A:G,7,FALSE)","v":460.69},0.20796173004820551,556.49588941590775,267.11802691963572,false]
[null,"3.5.3.3","COMPOSIÇÃO SINAPI",96536,"SINAPI","FABRICAÇÃO, MONTAGEM E DESMONTAGEM DE FÔRMA PARA VIGA BALDRAME, EM MADEIRA SERRADA, E=25 MM, 4 UTILIZAÇÕES. AF_06/2017","M2",58.6,{"$f":"VLOOKUP(D915&E915,'TABELA SICRO-SINAPI-ORSE'!A:G,7,FALSE)","v":67.08},0.20796173004820551,81.030072851633619,4748.3622691057299,false]
[null,"3.5.3.4","COMPOSIÇÃO SINAPI",96545,"SINAPI","ARMAÇÃO DE BLOCO, VIGA BALDRAME OU SAPATA UTILIZANDO AÇO CA-50 DE 8 MM - MONTAGEM. AF_06/2017","KG",169.5,{"$f":"VLOOKUP(D916&E916,'TABELA SICRO-SINAPI-ORSE'!A:G,7,FALSE)","v":17.440000000000001},0.20796173004820551,21.066852572040705,3570.8315109608998,false]
[null,"3.5.3.5","COMPOSIÇÃO SINAPI",96546,"SINAPI","ARMAÇÃO DE BLOCO, VIGA BALDRAME OU SAPATA UTILIZANDO AÇO CA-50 DE 10 MM - MONTAGEM. AF_06/2017","KG",17.75,{"$f":"VLOOKUP(D917&E917,'TABELA SICRO-SINAPI-ORSE'!A:G,7,FALSE)","v":15.45},0.20796173004820551,18.663008729244773,331.2684049440947,false]
[null,"3.5.3.6","COMPOSIÇÃO SINAPI",96543,"SINAPI","ARMAÇÃO DE BLOCO, VIGA BALDRAME E SAPATA UTILIZANDO AÇO CA-60 DE 5 MM - MONTAGEM. AF_06/2017","KG",76.5,{"$f":"VLOOKUP(D918&E918,'TABELA SICRO-SINAPI-ORSE'!A:G,7,FALSE)","v":20.36},0.20796173004820551,24.594100823781464,1881.448713019282,false]
[null,"3.5.3.7","COMPOSIÇÃO SINAPI",96557,"SINAPI","CONCRETAGEM DE BLOCOS DE COROAMENTO E VIGAS BALDRAMES, FCK 30 MPA, COM USO DE BOMBA - LANÇAMENTO, ADENSAMENTO E ACABAMENTO. AF_06/2017","M3",5.5,{"$f":"VLOOKUP(D919&E919,'TABELA SICRO-SINAPI-ORSE'!A:G,7,FALSE)","v":1175.51},0.20796173004820551,1419.9710932889661,7809.8410130893135,false]
[null,"3.5.4","SUPRAESTRUTURA",{"$nulls":4},1,null,null,null,{"$f":"SUBTOTAL(109,L921:L932)","v":98777.943061772909}]
[null,"3.5.4.1","COMPOSIÇÃO SINAPI",92409,"SINAPI","MONTAGEM E DESMONTAGEM DE FÔRMA DE PILARES RETANGULARES E ESTRUTURAS SIMILARES, PÉ-DIREITO SIMPLES, EM MADEIRA SERRADA, 1 UTILIZAÇÃO. AF_09/2020","M2",33,{"$f":"VLOOKUP(D921&E921,'TABELA SICRO-SINAPI-ORSE'!A:G,7,FALSE)","v":241.28},{"$f":"$L$4","v":0.20796173004820551},{"$f":"I921*(1+J921)","v":291.45700622603101},{"$f":"K921*H921","v":9618.0812054590242},{"$f":"ISTEXT(H921)","v":false}]
[null,"3.5.4.2","COMPOSIÇÃO SINAPI",92761,"SINAPI","ARMAÇÃO DE PILAR OU VIGA DE ESTRUTURA CONVENCIONAL DE CONCRETO ARMADO UTILIZANDO AÇO CA-50 DE 8,0 MM - MONTAGEM. AF_06/2022","KG",140.30000000000001,{"$f":"VLOOKUP(D922&E922,'TABELA SICRO-SINAPI-ORSE'!A:G,7,FALSE)","v":14.23},0.20796173004820551,17.189295418585964,2411.6581472276107,false]
[null,"3.5.4.3","COMPOSIÇÃO SINAPI",92762,"SINAPI","ARMAÇÃO DE PILAR OU VIGA DE ESTRUTURA CONVENCIONAL DE CONCRETO ARMADO UTILIZANDO AÇO CA-50 DE 10,0 MM - MONTAGEM. AF_06/2022","KG",120.3,{"$f":"VLOOKUP(D923&E923,'TABELA SICRO-SINAPI-ORSE'!A:G,7,FALSE)","v":12.85},0.20796173004820551,15.522308231119441,1867.3336802036686,false]
[null,"3.5.4.4","COMPOSIÇÃO SINAPI",92763,"SINAPI","ARMAÇÃO DE PILAR OU VIGA DE ESTRUTURA CONVENCIONAL DE CONCRETO ARMADO UTILIZANDO AÇO CA-50 DE 12,5 MM - MONTAGEM. AF_06/2022","KG",130.5,{"$f":"VLOOKUP(D924&E924,'TABELA SICRO-SINAPI-ORSE'!A:G,7,FALSE)","v":10.88},0.20796173004820551,13.142623622924477,1715.1123827916442,false]
[null,"3.5.4.5","COMPOSIÇÃO SINAPI",92759,"SINAPI","ARMAÇÃO DE PILAR OU VIGA DE ESTRUTURA CONVENCIONAL DE CONCRETO ARMADO UTILIZANDO AÇO CA-60 DE 5,0 MM - MONTAGEM. AF_06/2022","KG",135.69999999999999,{"$f":"VLOOKUP(D925&E925,'TABELA SICRO-SINAPI-ORSE'!A:G,7,FALSE)","v":15.25},0.20796173004820551,18.421416383235133,2499.7862032050075,false]
[null,"3.5.4.6","COMPOSIÇÃO SINAPI",92446,"SINAPI","MONTAGEM E DESMONTAGEM DE FÔRMA DE VIGA, ESCORAMENTO COM PONTALETE DE MADEIRA, PÉ-DIREITO SIMPLES, EM MADEIRA SERRADA, 1 UTILIZAÇÃO. AF_09/2020","M2",62,{"$f":"VLOOKUP(D926&E926,'TABELA SICRO-SINAPI-ORSE'!A:G,7,FALSE)","v":239.04},0.20796173004820551,288.75117195072306,17902.572660944828,false]
[null,"3.5.4.7","COMPOSIÇÃO SINAPI",92482,"SINAPI","MONTAGEM E DESMONTAGEM DE FÔRMA DE LAJE MACIÇA, PÉ-DIREITO SIMPLES, EM MADEIRA SERRADA, 1 UTILIZAÇÃO. AF_09/2020","M2",82.2,{"$f":"VLOOKUP(D927&E927,'TABELA SICRO-SINAPI-ORSE'!A:G,7,FALSE)","v":249.14},0.20796173004820551,300.9515854242099,24738.220321870056,false]
[null,"3.5.4.8","COMPOSIÇÃO SINAPI",92768,"SINAPI","ARMAÇÃO DE LAJE DE ESTRUTURA CONVENCIONAL DE CONCRETO ARMADO UTILIZANDO AÇO CA-60 DE 5,0 MM - MONTAGEM. AF_06/2022","KG",184.5,{"$f":"VLOOKUP(D928&E928,'TABELA SICRO-SINAPI-ORSE'!A:G,7,FALSE)","v":14.81},0.20796173004820551,17.889913222013924,3300.6889894615688,false]
[null,"3.5.4.9","COMPOSIÇÃO SINAPI",92769,"SINAPI","ARMAÇÃO DE LAJE DE ESTRUTURA CONVENCIONAL DE CONCRETO ARMADO UTILIZANDO AÇO CA-50 DE 6,3 MM - MONTAGEM. AF_06/2022","KG",111.7,{"$f":"VLOOKUP(D929&E929,'TABELA SICRO-SINAPI-ORSE'!A:G,7,FALSE)","v":14.38},0.20796173004820551,17.370489678093197,1940.2836970430101,false]
[null,"3.5.4.10","COMPOSIÇÃO SINAPI",92770,"SINAPI","ARMAÇÃO DE LAJE DE ESTRUTURA CONVENCIONAL DE CONCRETO ARMADO UTILIZANDO AÇO CA-50 DE 8,0 MM - MONTAGEM. AF_06/2022","KG",102.7,{"$f":"VLOOKUP(D930&E930,'TABELA SICRO-SINAPI-ORSE'!A:G,7,FALSE)","v":13.8},0.20796173004820551,16.669871874665237,1711.9958415281199,false]
[null,"3.5.4.11","COMPOSIÇÃO SINAPI",92771,"SINAPI","ARMAÇÃO DE LAJE DE ESTRUTURA CONVENCIONAL DE CONCRETO ARMADO UTILIZANDO AÇO CA-50 DE 10,0 MM - MONTAGEM. AF_06/2022","KG",433,{"$f":"VLOOKUP(D931&E931,'TABELA SICRO-SINAPI-ORSE'!A:G,7,FALSE)","v":12.44},0.20796173004820551,15.027043921799676,6506.7100181392598,false]
[null,"3.5.4.12","COMPOSIÇÃO SINAPI",96557,"SINAPI","CONCRETAGEM DE BLOCOS DE COROAMENTO E VIGAS BALDRAMES, FCK 30 MPA, COM USO DE BOMBA - LANÇAMENTO, ADENSAMENTO E ACABAMENTO. AF_06/2017","M3",17.3,{"$f":"VLOOKUP(D932&E932,'TABELA SICRO-SINAPI-ORSE'!A:G,7,FALSE)","v":1175.51},0.20796173004820551,1419.9710932889661,24565.499913899115,false]
[null,"3.5.5","IMPERMEABILIZAÇÃO",{"$nulls":4},1,null,null,null,{"$f":"SUBTOTAL(109,L934)","v":19089.060938502662}]
[null,"3.5.5.1","COMPOSIÇÃO SINAPI",98546,"SINAPI","IMPERMEABILIZAÇÃO DE SUPERFÍCIE COM MANTA ASFÁLTICA, UMA CAMADA, INCLUSIVE APLICAÇÃO DE PRIMER ASFÁLTICO, E=3MM. AF_06/2018","M2",90.42,{"$f":"VLOOKUP(D934&E934,'TABELA SICRO-SINAPI-ORSE'!A:G,7,FALSE)","v":174.77},{"$f":"$L$4","v":0.20796173004820551},{"$f":"I934*(1+J934)","v":211.1154715605249},{"$f":"K934*H934","v":19089.060938502662},{"$f":"ISTEXT(H934)","v":false}]
[null,"3.5.6","REVESTIMENTOS ",{"$nulls":4},1,null,null,null,{"$f":"SUBTOTAL(109,L936:L941)","v":9804.929429591617}]
[null,"3.5.6.1","COMPOSIÇÃO SINAPI",103324,"SINAPI","ALVENARIA DE VEDAÇÃO DE BLOCOS CERÂMICOS FURADOS NA VERTICAL DE 14X19X39 CM (ESPESSURA 14 CM) E ARGAMASSA DE ASSENTAMENTO COM PREPARO EM BETONEIRA. AF_12/2021","M2",27.42,{"$f":"VLOOKUP(D936&E936,'TABELA SICRO-SINAPI-ORSE'!A:G,7,FALSE)","v":80.05},{"$f":"$L$4","v":0.20796173004820551},{"$f":"I936*(1+J936)","v":96.69733649035885},{"$f":"K936*H936","v":2651.4409665656399},{"$f":"ISTEXT(H936)","v":false}]
[null,"3.5.6.2","COMPOSIÇÃO SINAPI",87879,"SINAPI","CHAPISCO APLICADO EM ALVENARIAS E ESTRUTURAS DE CONCRETO INTERNAS, COM COLHER DE PEDREIRO.  ARGAMASSA TRAÇO 1:3 COM PREPARO EM BETONEIRA 400L. AF_10/2022","M2",54.84,{"$f":"VLOOKUP(D937&E937,'TABELA SICRO-SINAPI-ORSE'!A:G,7,FALSE)","v":4.6500000000000004},0.20796173004820551,5.6170220447241563,308.03748893267277,false]
[null,"3.5.6.3","COMPOSIÇÃO SINAPI",87543,"SINAPI","MASSA ÚNICA, PARA RECEBIMENTO DE PINTURA OU CERÂMICA, ARGAMASSA INDUSTRIALIZADA, PREPARO MECÂNICO, APLICADO COM EQUIPAMENTO DE MISTURA E PROJEÇÃO DE 1,5 M3/H EM FACES INTERNAS DE PAREDES, ESPESSURA DE 5MM, SEM EXECUÇÃO DE TALISCAS. AF_06/2014","M2",54.84,{"$f":"VLOOKUP(D938&E938,'TABELA SICRO-SINAPI-ORSE'!A:G,7,FALSE)","v":27.81},0.20796173004820551,33.593415712640592,1842.2629176812102,false]
[null,"3.5.6.4","COMPOSIÇÃO SINAPI",87622,"SINAPI","CONTRAPISO EM ARGAMASSA TRAÇO 1:4 (CIMENTO E AREIA), PREPARO MANUAL, APLICADO EM ÁREAS SECAS SOBRE LAJE, ADERIDO, ACABAMENTO NÃO REFORÇADO, ESPESSURA 2CM. AF_07/2021","M2",63.45,{"$f":"VLOOKUP(D939&E939,'TABELA SICRO-SINAPI-ORSE'!A:G,7,FALSE)","v":40.81},0.20796173004820551,49.296918203267268,3127.8894599973082,false]
[null,"3.5.6.5","INSUMO SINAPI",39508,"SINAPI","TELA DE ACO SOLDADA NERVURADA, CA-60, L-159, (1,69 KG/M2), DIAMETRO DO FIO = 4,5 MM, LARGURA = 2,45 M, ESPACAMENTO DA MALHA = 30 X 10 CM","M2",63.45,{"$f":"VLOOKUP(D940&E940,'TABELA SICRO-SINAPI-ORSE'!A:G,7,FALSE)","v":9},{"$f":"$L$5","v":0.14692012195121973},10.322281097560978,654.94873564024408,false]
[null,"3.5.6.6","COMPOSIÇÃO SINAPI",87265,"SINAPI","REVESTIMENTO CERÂMICO PARA PAREDES INTERNAS COM PLACAS TIPO ESMALTADA EXTRA DE DIMENSÕES 20X20 CM APLICADAS EM AMBIENTES DE ÁREA MAIOR QUE 5 M² NA ALTURA INTEIRA DAS PAREDES. AF_06/2014","M2",13.86,{"$f":"VLOOKUP(D941&E941,'TABELA SICRO-SINAPI-ORSE'!A:G,7,FALSE)","v":72.89},{"$f":"$L$4","v":0.20796173004820551},88.048330503213705,1220.3498607745419,false]
[null,"3.5.7","PROJETO ELÉTRICO ",{"$nulls":4},1,null,null,null,{"$f":"SUBTOTAL(109,L943:L962)","v":35533.499342130177}]
[null,"3.5.7.1","COMPOSIÇÃO SINAPI",91940,"SINAPI","CAIXA RETANGULAR 4\" X 2\" MÉDIA (1,30 M DO PISO), PVC, INSTALADA EM PAREDE - FORNECIMENTO E INSTALAÇÃO. AF_12/2015","UN",20,{"$f":"VLOOKUP(D943&E943,'TABELA SICRO-SINAPI-ORSE'!A:G,7,FALSE)","v":17.38},{"$f":"$L$4","v":0.20796173004820551},{"$f":"I943*(1+J943)","v":20.994374868237809},{"$f":"K943*H943","v":419.8874973647562},{"$f":"ISTEXT(H943)","v":false}]
[null,"3.5.7.2","COMPOSIÇÃO SINAPI",91936,"SINAPI","CAIXA OCTOGONAL 4\" X 4\", PVC, INSTALADA EM LAJE - FORNECIMENTO E INSTALAÇÃO. AF_12/2015","UN",20,{"$f":"VLOOKUP(D944&E944,'TABELA SICRO-SINAPI-ORSE'!A:G,7,FALSE)","v":17.86},0.20796173004820551,21.57419649866095,431.48392997321901,false]
[null,"3.5.7.3","INSUMO SINAPI",20111,"SINAPI","FITA ISOLANTE ADESIVA ANTICHAMA, USO ATE 750 V, EM ROLO DE 19 MM X 20 M","UN",2,{"$f":"VLOOKUP(D945&E945,'TABELA SICRO-SINAPI-ORSE'!A:G,7,FALSE)","v":29.5},{"$f":"$L$5","v":0.14692012195121973},33.834143597560981,67.668287195121962,false]
[null,"3.5.7.4","COMPOSIÇÃO SINAPI",91934,"SINAPI","CABO DE COBRE FLEXÍVEL ISOLADO, 16 MM², ANTI-CHAMA 450/750 V, PARA CIRCUITOS TERMINAIS - FORNECIMENTO E INSTALAÇÃO. AF_12/2015","M",158,{"$f":"VLOOKUP(D946&E946,'TABELA SICRO-SINAPI-ORSE'!A:G,7,FALSE)","v":24.96},{"$f":"$L$4","v":0.20796173004820551},30.150724782003209,4763.8145155565071,false]
[null,"3.5.7.5","COMPOSIÇÃO SINAPI",92984,"SINAPI","CABO DE COBRE FLEXÍVEL ISOLADO, 25 MM², ANTI-CHAMA 0,6/1,0 KV, PARA REDE ENTERRADA DE DISTRIBUIÇÃO DE ENERGIA ELÉTRICA - FORNECIMENTO E INSTALAÇÃO. AF_12/2021","M",474,{"$f":"VLOOKUP(D947&E947,'TABELA SICRO-SINAPI-ORSE'!A:G,7,FALSE)","v":29.16},0.20796173004820551,35.224164048205672,16696.253758849489,false]
[null,"3.5.7.6","COMPOSIÇÃO SINAPI",91926,"SINAPI","CABO DE COBRE FLEXÍVEL ISOLADO, 2,5 MM², ANTI-CHAMA 450/750 V, PARA CIRCUITOS TERMINAIS - FORNECIMENTO E INSTALAÇÃO. AF_12/2015","M",185,{"$f":"VLOOKUP(D948&E948,'TABELA SICRO-SINAPI-ORSE'!A:G,7,FALSE)","v":4.45},0.20796173004820551,5.3754296987145151,994.45449426218534,false]
[null,"3.5.7.7","COMPOSIÇÃO SINAPI",91928,"SINAPI","CABO DE COBRE FLEXÍVEL ISOLADO, 4 MM², ANTI-CHAMA 450/750 V, PARA CIRCUITOS TERMINAIS - FORNECIMENTO E INSTALAÇÃO. AF_12/2015","M",160,{"$f":"VLOOKUP(D949&E949,'TABELA SICRO-SINAPI-ORSE'!A:G,7,FALSE)","v":6.9},0.20796173004820551,8.3349359373326184,1333.5897499732189,false]
[null,"3.5.7.8","COMPOSIÇÃO ORSE",5027,"ORSE","CAIXA DE PASSAGEM EM ALVENARIA DE TIJOLOS MACIÇOS ESP. = 0,12M,  DIM. INT. =  0.60 X 0.60 X 0.40M","UN",1,{"$f":"VLOOKUP(D950&E950,'TABELA SICRO-SINAPI-ORSE'!A:G,7,FALSE)","v":370.46},0.20796173004820551,447.50150251365818,447.50150251365818,false]
[null,"3.5.7.9","INSUMO SINAPI",38091,"SINAPI","ESPELHO / PLACA CEGA 4\" X 2\", PARA INSTALACAO DE TOMADAS E INTERRUPTORES","UN",20,{"$f":"VLOOKUP(D951&E951,'TABELA SICRO-SINAPI-ORSE'!A:G,7,FALSE)","v":2.69},{"$f":"$L$5","v":0.14692012195121973},3.0852151280487812,61.70430256097562,false]
[null,"3.5.7.10","INSUMO SINAPI",38115,"SINAPI","INTERRUPTOR INTERMEDIARIO 10 A, 250 V (APENAS MODULO)","UN",6,{"$f":"VLOOKUP(D952&E952,'TABELA SICRO-SINAPI-ORSE'!A:G,7,FALSE)","v":21.1},0.14692012195121973,24.200014573170737,145.20008743902443,false]
[null,"3.5.7.11","COMPOSIÇÃO SINAPI",91996,"SINAPI","TOMADA MÉDIA DE EMBUTIR (1 MÓDULO), 2P+T 10 A, INCLUINDO SUPORTE E PLACA - FORNECIMENTO E INSTALAÇÃO. AF_12/2015","UN",28,{"$f":"VLOOKUP(D953&E953,'TABELA SICRO-SINAPI-ORSE'!A:G,7,FALSE)","v":34.67},{"$f":"$L$4","v":0.20796173004820551},41.880033180771285,1172.6409290615959,false]
[null,"3.5.7.12","COMPOSIÇÃO SINAPI",93653,"SINAPI","DISJUNTOR MONOPOLAR TIPO DIN, CORRENTE NOMINAL DE 10A - FORNECIMENTO E INSTALAÇÃO. AF_10/2020","UN",2,{"$f":"VLOOKUP(D954&E954,'TABELA SICRO-SINAPI-ORSE'!A:G,7,FALSE)","v":12.85},0.20796173004820551,15.522308231119441,31.044616462238881,false]
[null,"3.5.7.13","COMPOSIÇÃO SINAPI",93655,"SINAPI","DISJUNTOR MONOPOLAR TIPO DIN, CORRENTE NOMINAL DE 20A - FORNECIMENTO E INSTALAÇÃO. AF_10/2020","UN",2,{"$f":"VLOOKUP(D955&E955,'TABELA SICRO-SINAPI-ORSE'!A:G,7,FALSE)","v":14.68},0.20796173004820551,17.732878197107656,35.465756394215312,false]
[null,"3.5.7.14","COMPOSIÇÃO SINAPI",93656,"SINAPI","DISJUNTOR MONOPOLAR TIPO DIN, CORRENTE NOMINAL DE 25A - FORNECIMENTO E INSTALAÇÃO. AF_10/2020","UN",4,{"$f":"VLOOKUP(D956&E956,'TABELA SICRO-SINAPI-ORSE'!A:G,7,FALSE)","v":14.68},0.20796173004820551,17.732878197107656,70.931512788430624,false]
[null,"3.5.7.15","COMPOSIÇÃO SINAPI",93659,"SINAPI","DISJUNTOR MONOPOLAR TIPO DIN, CORRENTE NOMINAL DE 50A - FORNECIMENTO E INSTALAÇÃO. AF_10/2020","UN",2,{"$f":"VLOOKUP(D957&E957,'TABELA SICRO-SINAPI-ORSE'!A:G,7,FALSE)","v":26.15},0.20796173004820551,31.588199240760574,63.176398481521147,false]
[null,"3.5.7.16","COMPOSIÇÃO SINAPI",91981,"SINAPI","INTERRUPTOR BIPOLAR (1 MÓDULO), 10A/250V, INCLUINDO SUPORTE E PLACA - FORNECIMENTO E INSTALAÇÃO. AF_09/2017","UN",2,{"$f":"VLOOKUP(D958&E958,'TABELA SICRO-SINAPI-ORSE'!A:G,7,FALSE)","v":49.78},0.20796173004820551,60.132334921799675,120.26466984359935,false]
[null,"3.5.7.17","COMPOSIÇÃO SINAPI",97667,"SINAPI","ELETRODUTO FLEXÍVEL CORRUGADO, PEAD, DN 50 (1 1/2\"), PARA REDE ENTERRADA DE DISTRIBUIÇÃO DE ENERGIA ELÉTRICA - FORNECIMENTO E INSTALAÇÃO. AF_12/2021","M",155,{"$f":"VLOOKUP(D959&E959,'TABELA SICRO-SINAPI-ORSE'!A:G,7,FALSE)","v":8.68},0.20796173004820551,10.485107816818424,1625.1917116068557,false]
[null,"3.5.7.18","COMPOSIÇÃO SINAPI",91835,"SINAPI","ELETRODUTO FLEXÍVEL CORRUGADO REFORÇADO, PVC, DN 25 MM (3/4\"), PARA CIRCUITOS TERMINAIS, INSTALADO EM FORRO - FORNECIMENTO E INSTALAÇÃO. AF_12/2015","M",100,{"$f":"VLOOKUP(D960&E960,'TABELA SICRO-SINAPI-ORSE'!A:G,7,FALSE)","v":20.309999999999999},0.20796173004820551,24.533702737279054,2453.3702737279054,false]
[null,"3.5.7.19","INSUMO SINAPI",39805,"SINAPI","QUADRO DE DISTRIBUICAO, EM PVC, DE EMBUTIR, COM BARRAMENTO TERRA / NEUTRO, PARA 12 DISJUNTORES NEMA OU 16 DISJUNTORES DIN","UN",2,{"$f":"VLOOKUP(D961&E961,'TABELA SICRO-SINAPI-ORSE'!A:G,7,FALSE)","v":138.05000000000001},{"$f":"$L$5","v":0.14692012195121973},158.33232283536589,316.66464567073177,false]
[null,"3.5.7.20","COMPOSIÇÃO ORSE",12021,"ORSE","LUMINÁRIA DE EMBUTIR ABERTA PARA LÂMPADA FLUORESCENTE OU TUBO LED 2 X 18/20 W (TECNOLUX REF.FLE-8157/232 OU SIMILAR), COMPLETA,  COM LAMPADA TUBO LED","UN",20,{"$f":"VLOOKUP(D962&E962,'TABELA SICRO-SINAPI-ORSE'!A:G,7,FALSE)","v":177.29},{"$f":"$L$4","v":0.20796173004820551},214.15953512024635,4283.1907024049269,false]
[null,"3.5.8","CABEAMENTO",{"$nulls":4},1,null,null,null,{"$f":"SUBTOTAL(109,L964:L973)","v":6091.7237210872654}]
[null,"3.5.8.1","INSUMO SINAPI",38083,"SINAPI","TOMADA RJ45, 8 FIOS, CAT 5E, CONJUNTO MONTADO PARA EMBUTIR 4\" X 2\" (PLACA + SUPORTE + MODULO)","UN",14,{"$f":"VLOOKUP(D964&E964,'TABELA SICRO-SINAPI-ORSE'!A:G,7,FALSE)","v":39.67},{"$f":"$L$5","v":0.14692012195121973},{"$f":"I964*(1+J964)","v":45.498321237804888},{"$f":"K964*H964","v":636.97649732926845},{"$f":"ISTEXT(H964)","v":false}]
[null,"3.5.8.2","COMPOSIÇÃO ORSE",766,"ORSE","PONTO DE DADO E VOZ, INCLUSIVE CAIXA 3\" X 3\" SISTEMA \"X\"","UN",2,{"$f":"VLOOKUP(D965&E965,'TABELA SICRO-SINAPI-ORSE'!A:G,7,FALSE)","v":49.1},{"$f":"$L$4","v":0.20796173004820551},59.310920945366895,118.62184189073379,false]
[null,"3.5.8.3","COMPOSIÇÃO SINAPI",91940,"SINAPI","CAIXA RETANGULAR 4\" X 2\" MÉDIA (1,30 M DO PISO), PVC, INSTALADA EM PAREDE - FORNECIMENTO E INSTALAÇÃO. AF_12/2015","UN",2,{"$f":"VLOOKUP(D966&E966,'TABELA SICRO-SINAPI-ORSE'!A:G,7,FALSE)","v":17.38},0.20796173004820551,20.994374868237809,41.988749736475619,false]
[null,"3.5.8.4","COMPOSIÇÃO ORSE",7138,"ORSE","FORNECIMENTO E LANÇAMENTO DE CABO UTP 4 PARES CAT 6","M",145,{"$f":"VLOOKUP(D967&E967,'TABELA SICRO-SINAPI-ORSE'!A:G,7,FALSE)","v":12.26},0.20796173004820551,14.809610810391,2147.393567506695,false]
[null,"3.5.8.5","COMPOSIÇÃO ORSE",12937,"ORSE","TOMADA DUPLA PARA LÓGICA NO PISO, METAL, RJ45","UN",4,{"$f":"VLOOKUP(D968&E968,'TABELA SICRO-SINAPI-ORSE'!A:G,7,FALSE)","v":63.32},0.20796173004820551,76.488136746652373,305.95254698660949,false]
[null,"3.5.8.6","COMPOSIÇÃO ORSE",11418,"ORSE","TOMADA PARA LÓGICA, RJ45, COM PLACA","UN",10,{"$f":"VLOOKUP(D969&E969,'TABELA SICRO-SINAPI-ORSE'!A:G,7,FALSE)","v":34.880000000000003},0.20796173004820551,42.133705144081411,421.33705144081409,false]
[null,"3.5.8.7","COMPOSIÇÃO SINAPI",91834,"SINAPI","ELETRODUTO FLEXÍVEL CORRUGADO, PVC, DN 25 MM (3/4\"), PARA CIRCUITOS TERMINAIS, INSTALADO EM FORRO - FORNECIMENTO E INSTALAÇÃO. AF_12/2015","M",75,{"$f":"VLOOKUP(D970&E970,'TABELA SICRO-SINAPI-ORSE'!A:G,7,FALSE)","v":18.55},0.20796173004820551,22.407690092394212,1680.5767569295658,false]
[null,"3.5.8.8","COMPOSIÇÃO SINAPI",91836,"SINAPI","ELETRODUTO FLEXÍVEL CORRUGADO, PVC, DN 32 MM (1\"), PARA CIRCUITOS TERMINAIS, INSTALADO EM FORRO - FORNECIMENTO E INSTALAÇÃO. AF_12/2015","M",23,{"$f":"VLOOKUP(D971&E971,'TABELA SICRO-SINAPI-ORSE'!A:G,7,FALSE)","v":21.61},0.20796173004820551,26.104052986341721,600.39321868585955,false]
[null,"3.5.8.9","COMPOSIÇÃO SINAPI",100560,"SINAPI","QUADRO DE DISTRIBUIÇÃO PARA TELEFONE N.2, 20X20X12CM EM CHAPA METALICA, DE EMBUTIR, SEM ACESSORIOS, PADRÃO TELEBRAS, FORNECIMENTO E INSTALAÇÃO. AF_11/2019","UN",1,{"$f":"VLOOKUP(D972&E972,'TABELA SICRO-SINAPI-ORSE'!A:G,7,FALSE)","v":109.8},0.20796173004820551,132.63419795929295,132.63419795929295,false]
[null,"3.5.8.10","INSUMO SINAPI",38092,"SINAPI","ESPELHO / PLACA DE 1 POSTO 4\" X 2\", PARA INSTALACAO DE TOMADAS E INTERRUPTORES","UN",2,{"$f":"VLOOKUP(D973&E973,'TABELA SICRO-SINAPI-ORSE'!A:G,7,FALSE)","v":2.5499999999999998},{"$f":"$L$5","v":0.14692012195121973},2.9246463109756102,5.8492926219512205,false]
[null,"3.5.9","PROJETO HIDRÁULICO",{"$nulls":4},1,null,null,null,{"$f":"SUBTOTAL(109,L975:L1002)","v":11668.344239476137}]
[null,"3.5.9.1","ALIMENTAÇÃO",{"$nulls":4},1,null,null,null,{"$f":"SUBTOTAL(109,L976:L980)","v":980.84547107532012}]
[null,"3.5.9.1.1","INSUMO SINAPI",1402,"SINAPI","COLAR TOMADA PVC, COM TRAVAS, SAIDA COM ROSCA, DE 32 MM X 1/2\" OU 32 MM X 3/4\", PARA LIGACAO PREDIAL DE AGUA","UN",1,{"$f":"VLOOKUP(D976&E976,'TABELA SICRO-SINAPI-ORSE'!A:G,7,FALSE)","v":5.99},{"$f":"$L$5","v":0.14692012195121973},{"$f":"I976*(1+J976)","v":6.8700515304878067},{"$f":"K976*H976","v":6.8700515304878067},{"$f":"ISTEXT(H976)","v":false}]
[null,"3.5.9.1.2","INSUMO SINAPI",12432,"SINAPI","UNIAO COM ASSENTO CONICO DE FERRO LONGO (MACHO-FEMEA), DIAMETRO 1 1/2\"","UN",3,{"$f":"VLOOKUP(D977&E977,'TABELA SICRO-SINAPI-ORSE'!A:G,7,FALSE)","v":163.63},0.14692012195121973,{"$f":"I977*(1+J977)","v":187.67053955487808},{"$f":"K977*H977","v":563.01161866463417},false]
[null,"3.5.9.1.3","COMPOSIÇÃO SINAPI",104056,"SINAPI","REGISTRO ESFERA, PVC, COM ROSCA, 1/2\", PARA LIGAÇÃO PREDIAL DE ÁGUA. AF_06/2022","UN",2,{"$f":"VLOOKUP(D978&E978,'TABELA SICRO-SINAPI-ORSE'!A:G,7,FALSE)","v":23.14},{"$f":"$L$4","v":0.20796173004820551},{"$f":"I978*(1+J978)","v":27.952234433315475},{"$f":"K978*H978","v":55.90446886663095},false]
[null,"3.5.9.1.4","COMPOSIÇÃO SINAPI",89401,"SINAPI","TUBO, PVC, SOLDÁVEL, DN 20MM, INSTALADO EM RAMAL DE DISTRIBUIÇÃO DE ÁGUA - FORNECIMENTO E INSTALAÇÃO. AF_06/2022","M",11.42,{"$f":"VLOOKUP(D979&E979,'TABELA SICRO-SINAPI-ORSE'!A:G,7,FALSE)","v":9.5299999999999994},0.20796173004820551,{"$f":"I979*(1+J979)","v":11.511875287359398},{"$f":"K979*H979","v":131.46561578164432},false]
[null,"3.5.9.1.5","COMPOSIÇÃO SINAPI",95634,"SINAPI","KIT CAVALETE PARA MEDIÇÃO DE ÁGUA - ENTRADA PRINCIPAL, EM PVC SOLDÁVEL DN 20 (1/2\")   FORNECIMENTO E INSTALAÇÃO (EXCLUSIVE HIDRÔMETRO). AF_11/2016","UN",1,{"$f":"VLOOKUP(D980&E980,'TABELA SICRO-SINAPI-ORSE'!A:G,7,FALSE)","v":185.1},0.20796173004820551,{"$f":"I980*(1+J980)","v":223.59371623192283},{"$f":"K980*H980","v":223.59371623192283},false]
[null,"3.5.9.2","ÁGUA FRIA ",{"$nulls":4},1,null,null,null,{"$f":"SUBTOTAL(109,L982:L989)","v":6650.0280336199639}]
[null,"3.5.9.2.1","COMPOSIÇÃO SINAPI",86909,"SINAPI","TORNEIRA CROMADA TUBO MÓVEL, DE MESA, 1/2\" OU 3/4\", PARA PIA DE COZINHA, PADRÃO ALTO - FORNECIMENTO E INSTALAÇÃO. AF_01/2020","UN",4,{"$f":"VLOOKUP(D982&E982,'TABELA SICRO-SINAPI-ORSE'!A:G,7,FALSE)","v":203.25},{"$f":"$L$4","v":0.20796173004820551},{"$f":"I982*(1+J982)","v":245.51822163229778},{"$f":"K982*H982","v":982.07288652919112},{"$f":"ISTEXT(H982)","v":false}]
[null,"3.5.9.2.2","COMPOSIÇÃO SINAPI",89353,"SINAPI","REGISTRO DE GAVETA BRUTO, LATÃO, ROSCÁVEL, 3/4\" - FORNECIMENTO E INSTALAÇÃO. AF_08/2021","UN",2,{"$f":"VLOOKUP(D983&E983,'TABELA SICRO-SINAPI-ORSE'!A:G,7,FALSE)","v":41.4},0.20796173004820551,50.009615623995707,100.01923124799141,false]
[null,"3.5.9.2.3","COMPOSIÇÃO SINAPI",89383,"SINAPI","ADAPTADOR CURTO COM BOLSA E ROSCA PARA REGISTRO, PVC, SOLDÁVEL, DN 25MM X 3/4 , INSTALADO EM RAMAL OU SUB-RAMAL DE ÁGUA - FORNECIMENTO E INSTALAÇÃO. AF_06/2022","UN",4,{"$f":"VLOOKUP(D984&E984,'TABELA SICRO-SINAPI-ORSE'!A:G,7,FALSE)","v":5.77},0.20796173004820551,6.9699391823781456,27.879756729512582,false]
[null,"3.5.9.2.4","COMPOSIÇÃO SINAPI",89356,"SINAPI","TUBO, PVC, SOLDÁVEL, DN 25MM, INSTALADO EM RAMAL OU SUB-RAMAL DE ÁGUA - FORNECIMENTO E INSTALAÇÃO. AF_06/2022","M",10.93,{"$f":"VLOOKUP(D985&E985,'TABELA SICRO-SINAPI-ORSE'!A:G,7,FALSE)","v":20.65},0.20796173004820551,24.944409725495444,272.64239829966522,false]
[null,"3.5.9.2.5","COMPOSIÇÃO SINAPI",89440,"SINAPI","TE, PVC, SOLDÁVEL, DN 25MM, INSTALADO EM RAMAL DE DISTRIBUIÇÃO DE ÁGUA - FORNECIMENTO E INSTALAÇÃO. AF_06/2022","UN",2,{"$f":"VLOOKUP(D986&E986,'TABELA SICRO-SINAPI-ORSE'!A:G,7,FALSE)","v":10.45},0.20796173004820551,12.623200079003746,25.246400158007493,false]
[null,"3.5.9.2.6","COMPOSIÇÃO SINAPI",89481,"SINAPI","JOELHO 90 GRAUS, PVC, SOLDÁVEL, DN 25MM, INSTALADO EM PRUMADA DE ÁGUA - FORNECIMENTO E INSTALAÇÃO. AF_06/2022","UN",4,{"$f":"VLOOKUP(D987&E987,'TABELA SICRO-SINAPI-ORSE'!A:G,7,FALSE)","v":4.6900000000000004},0.20796173004820551,5.6653405139260844,22.661362055704338,false]
[null,"3.5.9.2.7","COMPOSIÇÃO SINAPI",86889,"SINAPI","BANCADA DE GRANITO CINZA POLIDO, DE 1,50 X 0,60 M, PARA PIA DE COZINHA - FORNECIMENTO E INSTALAÇÃO. AF_01/2020","UN",4,{"$f":"VLOOKUP(D988&E988,'TABELA SICRO-SINAPI-ORSE'!A:G,7,FALSE)","v":1014.07},0.20796173004820551,1224.9577515899839,4899.8310063599356,false]
[null,"3.5.9.2.8","COMPOSIÇÃO SINAPI",96803,"SINAPI","KIT CHASSI PEX, PRÉ-FABRICADO, PARA COZINHA COM CUBA SIMPLES E CONEXÕES POR CRIMPAGEM - FORNECIMENTO E INSTALAÇÃO. AF_06/2015","UN",4,{"$f":"VLOOKUP(D989&E989,'TABELA SICRO-SINAPI-ORSE'!A:G,7,FALSE)","v":66.16},0.20796173004820551,79.918748059989269,319.67499223995708,false]
[null,"3.5.9.3","ESGOTO",{"$nulls":4},1,null,null,null,{"$f":"SUBTOTAL(109,L991:L999)","v":2438.2753259740157}]
[null,"3.5.9.3.1","COMPOSIÇÃO SINAPI",97907,"SINAPI","CAIXA ENTERRADA HIDRÁULICA RETANGULAR, EM ALVENARIA COM BLOCOS DE CONCRETO, DIMENSÕES INTERNAS: 0,8X0,8X0,6 M PARA REDE DE ESGOTO. AF_12/2020","UN",1,{"$f":"VLOOKUP(D991&E991,'TABELA SICRO-SINAPI-ORSE'!A:G,7,FALSE)","v":673.69},{"$f":"$L$4","v":0.20796173004820551},{"$f":"I991*(1+J991)","v":813.79173791617563},{"$f":"K991*H991","v":813.79173791617563},{"$f":"ISTEXT(H991)","v":false}]
[null,"3.5.9.3.2","COMPOSIÇÃO SINAPI",104329,"SINAPI","CAIXA SIFONADA, COM GRELHA REDONDA, PVC, DN 150 X 150 X 50 MM, JUNTA SOLDÁVEL, FORNECIDA E INSTALADA EM RAMAL DE DESCARGA OU EM RAMAL DE ESGOTO SANITÁRIO. AF_08/2022","UN",2,{"$f":"VLOOKUP(D992&E992,'TABELA SICRO-SINAPI-ORSE'!A:G,7,FALSE)","v":78.45},0.20796173004820551,94.764597722281721,189.52919544456344,false]
[null,"3.5.9.3.3","INSUMO SINAPI",6149,"SINAPI","SIFAO PLASTICO TIPO COPO PARA PIA OU LAVATORIO, 1 X 1.1/2 \"","UN",4,{"$f":"VLOOKUP(D993&E993,'TABELA SICRO-SINAPI-ORSE'!A:G,7,FALSE)","v":13.24},{"$f":"$L$5","v":0.14692012195121973},15.185222414634149,60.740889658536595,false]
[null,"3.5.9.3.4","COMPOSIÇÃO SINAPI",86878,"SINAPI","VÁLVULA EM METAL CROMADO TIPO AMERICANA 3.1/2\" X 1.1/2\" PARA PIA - FORNECIMENTO E INSTALAÇÃO. AF_01/2020","UN",4,{"$f":"VLOOKUP(D994&E994,'TABELA SICRO-SINAPI-ORSE'!A:G,7,FALSE)","v":78.709999999999994},{"$f":"$L$4","v":0.20796173004820551},95.078667772094249,380.314671088377,false]
[null,"3.5.9.3.5","COMPOSIÇÃO SINAPI",89731,"SINAPI","JOELHO 90 GRAUS, PVC, SERIE NORMAL, ESGOTO PREDIAL, DN 50 MM, JUNTA ELÁSTICA, FORNECIDO E INSTALADO EM RAMAL DE DESCARGA OU RAMAL DE ESGOTO SANITÁRIO. AF_08/2022","UN",8,{"$f":"VLOOKUP(D995&E995,'TABELA SICRO-SINAPI-ORSE'!A:G,7,FALSE)","v":13.97},0.20796173004820551,16.875225368773432,135.00180295018745,false]
[null,"3.5.9.3.6","COMPOSIÇÃO SINAPI",89545,"SINAPI","LUVA SIMPLES, PVC, SERIE R, ÁGUA PLUVIAL, DN 50 MM, JUNTA ELÁSTICA, FORNECIDO E INSTALADO EM RAMAL DE ENCAMINHAMENTO. AF_06/2022","UN",10,{"$f":"VLOOKUP(D996&E996,'TABELA SICRO-SINAPI-ORSE'!A:G,7,FALSE)","v":15.18},0.20796173004820551,18.336859062131758,183.36859062131759,false]
[null,"3.5.9.3.7","COMPOSIÇÃO SINAPI",89714,"SINAPI","TUBO PVC, SERIE NORMAL, ESGOTO PREDIAL, DN 100 MM, FORNECIDO E INSTALADO EM RAMAL DE DESCARGA OU RAMAL DE ESGOTO SANITÁRIO. AF_08/2022","M",2.0299999999999998,{"$f":"VLOOKUP(D997&E997,'TABELA SICRO-SINAPI-ORSE'!A:G,7,FALSE)","v":33.200000000000003},0.20796173004820551,40.104329437600427,81.411788758328854,false]
[null,"3.5.9.3.8","COMPOSIÇÃO SINAPI",89713,"SINAPI","TUBO PVC, SERIE NORMAL, ESGOTO PREDIAL, DN 75 MM, FORNECIDO E INSTALADO EM RAMAL DE DESCARGA OU RAMAL DE ESGOTO SANITÁRIO. AF_08/2022","M",10.45,{"$f":"VLOOKUP(D998&E998,'TABELA SICRO-SINAPI-ORSE'!A:G,7,FALSE)","v":29.72},0.20796173004820551,35.900622617032667,375.16150634799135,false]
[null,"3.5.9.3.9","COMPOSIÇÃO SINAPI",89712,"SINAPI","TUBO PVC, SERIE NORMAL, ESGOTO PREDIAL, DN 50 MM, FORNECIDO E INSTALADO EM RAMAL DE DESCARGA OU RAMAL DE ESGOTO SANITÁRIO. AF_08/2022","M",7.6,{"$f":"VLOOKUP(D999&E999,'TABELA SICRO-SINAPI-ORSE'!A:G,7,FALSE)","v":23.85},0.20796173004820551,28.809887261649703,218.95514318853773,false]
[null,"3.5.9.4","PLUVIAL ",{"$nulls":4},1,null,null,null,{"$f":"SUBTOTAL(109,L1001:L1002)","v":1599.1954088068342}]
[null,"3.5.9.4.1","COMPOSIÇÃO SINAPI",98409,"SINAPI","ACRÉSCIMO PARA POÇO DE VISITA CIRCULAR PARA ESGOTO, EM CONCRETO PRÉ-MOLDADO, DIÂMETRO INTERNO = 0,8 M. AF_12/2020","M",1,{"$f":"VLOOKUP(D1001&E1001,'TABELA SICRO-SINAPI-ORSE'!A:G,7,FALSE)","v":413.99},{"$f":"$L$4","v":0.20796173004820551},{"$f":"I1001*(1+J1001)","v":500.0840766226566},{"$f":"K1001*H1001","v":500.0840766226566},{"$f":"ISTEXT(H1001)","v":false}]
[null,"3.5.9.4.2","COMPOSIÇÃO SINAPI",89511,"SINAPI","TUBO PVC, SÉRIE R, ÁGUA PLUVIAL, DN 75 MM, FORNECIDO E INSTALADO EM RAMAL DE ENCAMINHAMENTO. AF_06/2022","M",26.73,{"$f":"VLOOKUP(D1002&E1002,'TABELA SICRO-SINAPI-ORSE'!A:G,7,FALSE)","v":34.04},0.20796173004820551,{"$f":"I1002*(1+J1002)","v":41.119017290840915},{"$f":"K1002*H1002","v":1099.1113321841776},false]
[null,"3.5.10","ESQUADRIAS",{"$nulls":4},1,null,null,null,{"$f":"SUBTOTAL(109,L1004:L1006)","v":7709.1023711447588}]
[null,"3.5.10.1","COMPOSIÇÃO ORSE",1857,"ORSE","PORTA EM AÇO, EM CHAPA GALVANIZADA Nº24, RAIADA, DE ENROLAR","M2",21.23,{"$f":"VLOOKUP(D1004&E1004,'TABELA SICRO-SINAPI-ORSE'!A:G,7,FALSE)","v":210.15},{"$f":"$L$4","v":0.20796173004820551},{"$f":"I1004*(1+J1004)","v":253.85315756963038},{"$f":"K1004*H1004","v":5389.3025352032528},{"$f":"ISTEXT(H1004)","v":false}]
[null,"3.5.10.2","COMPOSIÇÃO SINAPI",90789,"SINAPI","KIT DE PORTA-PRONTA DE MADEIRA EM ACABAMENTO MELAMÍNICO BRANCO, FOLHA LEVE OU MÉDIA, 70X210CM, EXCLUSIVE FECHADURA, FIXAÇÃO COM PREENCHIMENTO PARCIAL DE ESPUMA EXPANSIVA - FORNECIMENTO E INSTALAÇÃO. AF_12/2019","UN",2,{"$f":"VLOOKUP(D1005&E1005,'TABELA SICRO-SINAPI-ORSE'!A:G,7,FALSE)","v":896},0.20796173004820551,{"$f":"I1005*(1+J1005)","v":1082.3337101231921},{"$f":"K1005*H1005","v":2164.6674202463842},false]
[null,"3.5.10.3","INSUMO SINAPI",38153,"SINAPI","FECHADURA ESPELHO PARA PORTA DE BANHEIRO, EM ACO INOX (MAQUINA, TESTA E CONTRA-TESTA) E EM ZAMAC (MACANETA, LINGUETA E TRINCOS) COM ACABAMENTO CROMADO, MAQUINA DE 40 MM, INCLUINDO CHAVE TIPO TRANQUETA","CJ",2,{"$f":"VLOOKUP(D1006&E1006,'TABELA SICRO-SINAPI-ORSE'!A:G,7,FALSE)","v":67.63},{"$f":"$L$5","v":0.14692012195121973},{"$f":"I1006*(1+J1006)","v":77.566207847560989},{"$f":"K1006*H1006","v":155.13241569512198},false]
[null,"3.5.11","PINTURA ",{"$nulls":4},1,null,null,null,{"$f":"SUBTOTAL(109,L1008:L1009)","v":3960.3444482350742}]
[null,"3.5.11.1","COMPOSIÇÃO SINAPI",88415,"SINAPI","APLICAÇÃO MANUAL DE FUNDO SELADOR ACRÍLICO EM PAREDES EXTERNAS DE CASAS. AF_06/2014","M2",143.22999999999999,{"$f":"VLOOKUP(D1008&E1008,'TABELA SICRO-SINAPI-ORSE'!A:G,7,FALSE)","v":3.2},{"$f":"$L$4","v":0.20796173004820551},{"$f":"I1008*(1+J1008)","v":3.8654775361542577},{"$f":"K1008*H1008","v":553.65234750337424},{"$f":"ISTEXT(H1008)","v":false}]
[null,"3.5.11.2","COMPOSIÇÃO SINAPI",88423,"SINAPI","APLICAÇÃO MANUAL DE PINTURA COM TINTA TEXTURIZADA ACRÍLICA EM PAREDES EXTERNAS DE CASAS, UMA COR. AF_06/2014","M2",143.22999999999999,{"$f":"VLOOKUP(D1009&E1009,'TABELA SICRO-SINAPI-ORSE'!A:G,7,FALSE)","v":19.690000000000001},0.20796173004820551,{"$f":"I1009*(1+J1009)","v":23.784766464649167},{"$f":"K1009*H1009","v":3406.6921007317001},false]
[null,"3.5.12","SERVIÇOS COMPLEMENTARES ",{"$nulls":4},1,null,null,null,{"$f":"SUBTOTAL(109,L1011)","v":288.70285348152112}]
[null,"3.5.12.1","COMPOSIÇÃO ORSE",2450,"ORSE","LIMPEZA GERAL","M2",100,{"$f":"VLOOKUP(D1011&E1011,'TABELA SICRO-SINAPI-ORSE'!A:G,7,FALSE)","v":2.39},{"$f":"$L$4","v":0.20796173004820551},{"$f":"I1011*(1+J1011)","v":2.8870285348152112},{"$f":"K1011*H1011","v":288.70285348152112},{"$f":"ISTEXT(H1011)","v":false}]
[null,"3.6","SANITÁRIOS",{"$nulls":8},{"$f":"SUBTOTAL(109,L1013:L1135)","v":286401.30581551738}]
[null,"3.6.1","SERVIÇOS PRELIMINARES ",{"$nulls":4},1,null,null,null,{"$f":"SUBTOTAL(109,L1014:L1017)","v":19224.892943220832}]
[null,"3.6.1.1","INSUMO SINAPI",4813,"SINAPI","PLACA DE OBRA (PARA CONSTRUCAO CIVIL) EM CHAPA GALVANIZADA *N. 22*, ADESIVADA, DE *2,4 X 1,2* M (SEM POSTES PARA FIXACAO)","M2",4.5,{"$f":"VLOOKUP(D1014&E1014,'TABELA SICRO-SINAPI-ORSE'!A:G,7,FALSE)","v":250},{"$f":"$L$5","v":0.14692012195121973},{"$f":"I1014*(1+J1014)","v":286.73003048780492},{"$f":"K1014*H1014","v":1290.2851371951222},{"$f":"ISTEXT(H1014)","v":false}]
[null,"3.6.1.2","COMPOSIÇÃO SINAPI",98525,"SINAPI","LIMPEZA MECANIZADA DE CAMADA VEGETAL, VEGETAÇÃO E PEQUENAS ÁRVORES (DIÂMETRO DE TRONCO MENOR QUE 0,20 M), COM TRATOR DE ESTEIRAS.AF_05/2018","M2",190,{"$f":"VLOOKUP(D1015&E1015,'TABELA SICRO-SINAPI-ORSE'!A:G,7,FALSE)","v":0.62},{"$f":"$L$4","v":0.20796173004820551},{"$f":"I1015*(1+J1015)","v":0.74893627262988738},{"$f":"K1015*H1015","v":142.29789179967861},false]
[null,"3.6.1.3","COMPOSIÇÃO SINAPI",99059,"SINAPI","LOCACAO CONVENCIONAL DE OBRA, UTILIZANDO GABARITO DE TÁBUAS CORRIDAS PONTALETADAS A CADA 2,00M -  2 UTILIZAÇÕES. AF_10/2018","M",172.28,{"$f":"VLOOKUP(D1016&E1016,'TABELA SICRO-SINAPI-ORSE'!A:G,7,FALSE)","v":55},0.20796173004820551,{"$f":"I1016*(1+J1016)","v":66.437895152651308},{"$f":"K1016*H1016","v":11445.920576898767},false]
[null,"3.6.1.4","COMPOSIÇÃO SINAPI",93582,"SINAPI","EXECUÇÃO DE CENTRAL DE ARMADURA EM CANTEIRO DE OBRA, NÃO INCLUSO MOBILIÁRIO E EQUIPAMENTOS. AF_04/2016","M2",20,262.69,0.20796173004820551,{"$f":"I1017*(1+J1017)","v":317.31946686636309},{"$f":"K1017*H1017","v":6346.3893373272622},false]
[null,"3.6.2","FUNDAÇÕES ",{"$nulls":4},1,null,null,null,{"$f":"SUBTOTAL(109,L1019:L1023)","v":8327.9426844888512}]
[null,"3.6.2.1","COMPOSIÇÃO SINAPI",96523,"SINAPI","ESCAVAÇÃO MANUAL PARA BLOCO DE COROAMENTO OU SAPATA (INCLUINDO ESCAVAÇÃO PARA COLOCAÇÃO DE FÔRMAS). AF_06/2017","M3",2.87,{"$f":"VLOOKUP(D1019&E1019,'TABELA SICRO-SINAPI-ORSE'!A:G,7,FALSE)","v":81.31},{"$f":"$L$4","v":0.20796173004820551},{"$f":"I1019*(1+J1019)","v":98.21936827021959},{"$f":"K1019*H1019","v":281.88958693553025},{"$f":"ISTEXT(H1019)","v":false}]
[null,"3.6.2.2","COMPOSIÇÃO SINAPI",96621,"SINAPI","LASTRO COM MATERIAL GRANULAR, APLICAÇÃO EM BLOCOS DE COROAMENTO, ESPESSURA DE *5 CM*. AF_08/2017","M3",0.5,{"$f":"VLOOKUP(D1020&E1020,'TABELA SICRO-SINAPI-ORSE'!A:G,7,FALSE)","v":460.69},0.20796173004820551,{"$f":"I1020*(1+J1020)","v":556.49588941590775},{"$f":"K1020*H1020","v":278.24794470795388},false]
[null,"3.6.2.3","COMPOSIÇÃO SINAPI",96529,"SINAPI","FABRICAÇÃO, MONTAGEM E DESMONTAGEM DE FÔRMA PARA SAPATA, EM MADEIRA SERRADA, E=25 MM, 1 UTILIZAÇÃO. AF_06/2017","M2",7.6,{"$f":"VLOOKUP(D1021&E1021,'TABELA SICRO-SINAPI-ORSE'!A:G,7,FALSE)","v":271.60000000000002},0.20796173004820551,{"$f":"I1021*(1+J1021)","v":328.08240588109265},{"$f":"K1021*H1021","v":2493.4262846963043},false]
[null,"3.6.2.4","COMPOSIÇÃO SINAPI",96545,"SINAPI","ARMAÇÃO DE BLOCO, VIGA BALDRAME OU SAPATA UTILIZANDO AÇO CA-50 DE 8 MM - MONTAGEM. AF_06/2017","KG",75.900000000000006,{"$f":"VLOOKUP(D1022&E1022,'TABELA SICRO-SINAPI-ORSE'!A:G,7,FALSE)","v":17.440000000000001},0.20796173004820551,{"$f":"I1022*(1+J1022)","v":21.066852572040705},{"$f":"K1022*H1022","v":1598.9741102178896},false]
[null,"3.6.2.5","COMPOSIÇÃO SINAPI",96558,"SINAPI","CONCRETAGEM DE SAPATAS, FCK 30 MPA, COM USO DE BOMBA - LANÇAMENTO, ADENSAMENTO E ACABAMENTO. AF_11/2016","M3",2.5,{"$f":"VLOOKUP(D1023&E1023,'TABELA SICRO-SINAPI-ORSE'!A:G,7,FALSE)","v":1217.06},0.20796173004820551,{"$f":"I1023*(1+J1023)","v":1470.161903172469},{"$f":"K1023*H1023","v":3675.4047579311728},false]
[null,"3.6.3","INFRAESTRUTURA",{"$nulls":4},1,null,null,null,{"$f":"SUBTOTAL(109,L1025:L1031)","v":13784.197344153235}]
[null,"3.6.3.1","COMPOSIÇÃO SINAPI",96523,"SINAPI","ESCAVAÇÃO MANUAL PARA BLOCO DE COROAMENTO OU SAPATA (INCLUINDO ESCAVAÇÃO PARA COLOCAÇÃO DE FÔRMAS). AF_06/2017","M3",4.2300000000000004,{"$f":"VLOOKUP(D1025&E1025,'TABELA SICRO-SINAPI-ORSE'!A:G,7,FALSE)","v":81.31},{"$f":"$L$4","v":0.20796173004820551},{"$f":"I1025*(1+J1025)","v":98.21936827021959},{"$f":"K1025*H1025","v":415.46792778302893},{"$f":"ISTEXT(H1025)","v":false}]
[null,"3.6.3.2","COMPOSIÇÃO SINAPI",96621,"SINAPI","LASTRO COM MATERIAL GRANULAR, APLICAÇÃO EM BLOCOS DE COROAMENTO, ESPESSURA DE *5 CM*. AF_08/2017","M3",0.39,{"$f":"VLOOKUP(D1026&E1026,'TABELA SICRO-SINAPI-ORSE'!A:G,7,FALSE)","v":460.69},0.20796173004820551,556.49588941590775,217.03339687220404,false]
[null,"3.6.3.3","COMPOSIÇÃO SINAPI",96536,"SINAPI","FABRICAÇÃO, MONTAGEM E DESMONTAGEM DE FÔRMA PARA VIGA BALDRAME, EM MADEIRA SERRADA, E=25 MM, 4 UTILIZAÇÕES. AF_06/2017","M2",39.799999999999997,{"$f":"VLOOKUP(D1027&E1027,'TABELA SICRO-SINAPI-ORSE'!A:G,7,FALSE)","v":67.08},0.20796173004820551,81.030072851633619,3224.9968994950177,false]
[null,"3.6.3.4","COMPOSIÇÃO SINAPI",96545,"SINAPI","ARMAÇÃO DE BLOCO, VIGA BALDRAME OU SAPATA UTILIZANDO AÇO CA-50 DE 8 MM - MONTAGEM. AF_06/2017","KG",116.65,{"$f":"VLOOKUP(D1028&E1028,'TABELA SICRO-SINAPI-ORSE'!A:G,7,FALSE)","v":17.440000000000001},0.20796173004820551,21.066852572040705,2457.4483525285482,false]
[null,"3.6.3.5","COMPOSIÇÃO SINAPI",96546,"SINAPI","ARMAÇÃO DE BLOCO, VIGA BALDRAME OU SAPATA UTILIZANDO AÇO CA-50 DE 10 MM - MONTAGEM. AF_06/2017","KG",46.55,{"$f":"VLOOKUP(D1029&E1029,'TABELA SICRO-SINAPI-ORSE'!A:G,7,FALSE)","v":15.45},0.20796173004820551,18.663008729244773,868.76305634634411,false]
[null,"3.6.3.6","COMPOSIÇÃO SINAPI",96543,"SINAPI","ARMAÇÃO DE BLOCO, VIGA BALDRAME E SAPATA UTILIZANDO AÇO CA-60 DE 5 MM - MONTAGEM. AF_06/2017","KG",66.3,{"$f":"VLOOKUP(D1030&E1030,'TABELA SICRO-SINAPI-ORSE'!A:G,7,FALSE)","v":20.36},0.20796173004820551,24.594100823781464,1630.5888846167109,false]
[null,"3.6.3.7","COMPOSIÇÃO SINAPI",96557,"SINAPI","CONCRETAGEM DE BLOCOS DE COROAMENTO E VIGAS BALDRAMES, FCK 30 MPA, COM USO DE BOMBA - LANÇAMENTO, ADENSAMENTO E ACABAMENTO. AF_06/2017","M3",3.5,{"$f":"VLOOKUP(D1031&E1031,'TABELA SICRO-SINAPI-ORSE'!A:G,7,FALSE)","v":1175.51},0.20796173004820551,1419.9710932889661,4969.8988265113812,false]
[null,"3.6.4","SUPRAESTRUTURA",{"$nulls":4},1,null,null,null,{"$f":"SUBTOTAL(109,L1033:L1044)","v":100429.41277285523}]
[null,"3.6.4.1","COMPOSIÇÃO SINAPI",92409,"SINAPI","MONTAGEM E DESMONTAGEM DE FÔRMA DE PILARES RETANGULARES E ESTRUTURAS SIMILARES, PÉ-DIREITO SIMPLES, EM MADEIRA SERRADA, 1 UTILIZAÇÃO. AF_09/2020","M2",32.700000000000003,{"$f":"VLOOKUP(D1033&E1033,'TABELA SICRO-SINAPI-ORSE'!A:G,7,FALSE)","v":241.28},{"$f":"$L$4","v":0.20796173004820551},{"$f":"I1033*(1+J1033)","v":291.45700622603101},{"$f":"K1033*H1033","v":9530.6441035912158},{"$f":"ISTEXT(H1033)","v":false}]
[null,"3.6.4.2","COMPOSIÇÃO SINAPI",92761,"SINAPI","ARMAÇÃO DE PILAR OU VIGA DE ESTRUTURA CONVENCIONAL DE CONCRETO ARMADO UTILIZANDO AÇO CA-50 DE 8,0 MM - MONTAGEM. AF_06/2022","KG",116.65,{"$f":"VLOOKUP(D1034&E1034,'TABELA SICRO-SINAPI-ORSE'!A:G,7,FALSE)","v":14.23},0.20796173004820551,17.189295418585964,2005.1313105780528,false]
[null,"3.6.4.3","COMPOSIÇÃO SINAPI",92762,"SINAPI","ARMAÇÃO DE PILAR OU VIGA DE ESTRUTURA CONVENCIONAL DE CONCRETO ARMADO UTILIZANDO AÇO CA-50 DE 10,0 MM - MONTAGEM. AF_06/2022","KG",157.25,{"$f":"VLOOKUP(D1035&E1035,'TABELA SICRO-SINAPI-ORSE'!A:G,7,FALSE)","v":12.85},0.20796173004820551,15.522308231119441,2440.8829693435318,false]
[null,"3.6.4.4","COMPOSIÇÃO SINAPI",92763,"SINAPI","ARMAÇÃO DE PILAR OU VIGA DE ESTRUTURA CONVENCIONAL DE CONCRETO ARMADO UTILIZANDO AÇO CA-50 DE 12,5 MM - MONTAGEM. AF_06/2022","KG",54.3,{"$f":"VLOOKUP(D1036&E1036,'TABELA SICRO-SINAPI-ORSE'!A:G,7,FALSE)","v":10.88},0.20796173004820551,13.142623622924477,713.64446272479904,false]
[null,"3.6.4.5","COMPOSIÇÃO SINAPI",92759,"SINAPI","ARMAÇÃO DE PILAR OU VIGA DE ESTRUTURA CONVENCIONAL DE CONCRETO ARMADO UTILIZANDO AÇO CA-60 DE 5,0 MM - MONTAGEM. AF_06/2022","KG",117.9,{"$f":"VLOOKUP(D1037&E1037,'TABELA SICRO-SINAPI-ORSE'!A:G,7,FALSE)","v":15.25},0.20796173004820551,18.421416383235133,2171.8849915834221,false]
[null,"3.6.4.6","COMPOSIÇÃO SINAPI",92446,"SINAPI","MONTAGEM E DESMONTAGEM DE FÔRMA DE VIGA, ESCORAMENTO COM PONTALETE DE MADEIRA, PÉ-DIREITO SIMPLES, EM MADEIRA SERRADA, 1 UTILIZAÇÃO. AF_09/2020","M2",35.1,{"$f":"VLOOKUP(D1038&E1038,'TABELA SICRO-SINAPI-ORSE'!A:G,7,FALSE)","v":239.04},0.20796173004820551,288.75117195072306,10135.166135470379,false]
[null,"3.6.4.7","COMPOSIÇÃO SINAPI",92482,"SINAPI","MONTAGEM E DESMONTAGEM DE FÔRMA DE LAJE MACIÇA, PÉ-DIREITO SIMPLES, EM MADEIRA SERRADA, 1 UTILIZAÇÃO. AF_09/2020","M2",89.1,{"$f":"VLOOKUP(D1039&E1039,'TABELA SICRO-SINAPI-ORSE'!A:G,7,FALSE)","v":249.14},0.20796173004820551,300.9515854242099,26814.7862612971,false]
[null,"3.6.4.8","COMPOSIÇÃO SINAPI",92768,"SINAPI","ARMAÇÃO DE LAJE DE ESTRUTURA CONVENCIONAL DE CONCRETO ARMADO UTILIZANDO AÇO CA-60 DE 5,0 MM - MONTAGEM. AF_06/2022","KG",318.10000000000002,{"$f":"VLOOKUP(D1040&E1040,'TABELA SICRO-SINAPI-ORSE'!A:G,7,FALSE)","v":14.81},0.20796173004820551,17.889913222013924,5690.7813959226296,false]
[null,"3.6.4.9","COMPOSIÇÃO SINAPI",92769,"SINAPI","ARMAÇÃO DE LAJE DE ESTRUTURA CONVENCIONAL DE CONCRETO ARMADO UTILIZANDO AÇO CA-50 DE 6,3 MM - MONTAGEM. AF_06/2022","KG",37.5,{"$f":"VLOOKUP(D1041&E1041,'TABELA SICRO-SINAPI-ORSE'!A:G,7,FALSE)","v":14.38},0.20796173004820551,17.370489678093197,651.39336292849487,false]
[null,"3.6.4.10","COMPOSIÇÃO SINAPI",92770,"SINAPI","ARMAÇÃO DE LAJE DE ESTRUTURA CONVENCIONAL DE CONCRETO ARMADO UTILIZANDO AÇO CA-50 DE 8,0 MM - MONTAGEM. AF_06/2022","KG",116.5,{"$f":"VLOOKUP(D1042&E1042,'TABELA SICRO-SINAPI-ORSE'!A:G,7,FALSE)","v":13.8},0.20796173004820551,16.669871874665237,1942.0400733985,false]
[null,"3.6.4.11","COMPOSIÇÃO SINAPI",92771,"SINAPI","ARMAÇÃO DE LAJE DE ESTRUTURA CONVENCIONAL DE CONCRETO ARMADO UTILIZANDO AÇO CA-50 DE 10,0 MM - MONTAGEM. AF_06/2022","KG",670.5,{"$f":"VLOOKUP(D1043&E1043,'TABELA SICRO-SINAPI-ORSE'!A:G,7,FALSE)","v":12.44},0.20796173004820551,15.027043921799676,10075.632949566683,false]
[null,"3.6.4.12","COMPOSIÇÃO SINAPI",96557,"SINAPI","CONCRETAGEM DE BLOCOS DE COROAMENTO E VIGAS BALDRAMES, FCK 30 MPA, COM USO DE BOMBA - LANÇAMENTO, ADENSAMENTO E ACABAMENTO. AF_06/2017","M3",19.899999999999999,{"$f":"VLOOKUP(D1044&E1044,'TABELA SICRO-SINAPI-ORSE'!A:G,7,FALSE)","v":1175.51},0.20796173004820551,1419.9710932889661,28257.424756450426,false]
[null,"3.6.5","IMPERMEABILIZAÇÃO",{"$nulls":4},1,null,null,null,{"$f":"SUBTOTAL(109,L1046)","v":20691.427367647048}]
[null,"3.6.5.1","COMPOSIÇÃO SINAPI",98546,"SINAPI","IMPERMEABILIZAÇÃO DE SUPERFÍCIE COM MANTA ASFÁLTICA, UMA CAMADA, INCLUSIVE APLICAÇÃO DE PRIMER ASFÁLTICO, E=3MM. AF_06/2018","M2",98.01,{"$f":"VLOOKUP(D1046&E1046,'TABELA SICRO-SINAPI-ORSE'!A:G,7,FALSE)","v":174.77},{"$f":"$L$4","v":0.20796173004820551},{"$f":"I1046*(1+J1046)","v":211.1154715605249},{"$f":"K1046*H1046","v":20691.427367647048},{"$f":"ISTEXT(H1046)","v":false}]
[null,"3.6.6","REVESTIMENTOS ",{"$nulls":4},1,null,null,null,{"$f":"SUBTOTAL(109,L1048:L1053)","v":30416.121805721617}]
[null,"3.6.6.1","COMPOSIÇÃO SINAPI",103324,"SINAPI","ALVENARIA DE VEDAÇÃO DE BLOCOS CERÂMICOS FURADOS NA VERTICAL DE 14X19X39 CM (ESPESSURA 14 CM) E ARGAMASSA DE ASSENTAMENTO COM PREPARO EM BETONEIRA. AF_12/2021","M2",131.88,{"$f":"VLOOKUP(D1048&E1048,'TABELA SICRO-SINAPI-ORSE'!A:G,7,FALSE)","v":80.05},{"$f":"$L$4","v":0.20796173004820551},{"$f":"I1048*(1+J1048)","v":96.69733649035885},{"$f":"K1048*H1048","v":12752.444736348525},{"$f":"ISTEXT(H1048)","v":false}]
[null,"3.6.6.2","COMPOSIÇÃO SINAPI",87879,"SINAPI","CHAPISCO APLICADO EM ALVENARIAS E ESTRUTURAS DE CONCRETO INTERNAS, COM COLHER DE PEDREIRO.  ARGAMASSA TRAÇO 1:3 COM PREPARO EM BETONEIRA 400L. AF_10/2022","M2",263.76,{"$f":"VLOOKUP(D1049&E1049,'TABELA SICRO-SINAPI-ORSE'!A:G,7,FALSE)","v":4.6500000000000004},0.20796173004820551,5.6170220447241563,1481.5457345164434,false]
[null,"3.6.6.3","COMPOSIÇÃO SINAPI",87543,"SINAPI","MASSA ÚNICA, PARA RECEBIMENTO DE PINTURA OU CERÂMICA, ARGAMASSA INDUSTRIALIZADA, PREPARO MECÂNICO, APLICADO COM EQUIPAMENTO DE MISTURA E PROJEÇÃO DE 1,5 M3/H EM FACES INTERNAS DE PAREDES, ESPESSURA DE 5MM, SEM EXECUÇÃO DE TALISCAS. AF_06/2014","M2",263.76,{"$f":"VLOOKUP(D1050&E1050,'TABELA SICRO-SINAPI-ORSE'!A:G,7,FALSE)","v":27.81},0.20796173004820551,33.593415712640592,8860.5993283660828,false]
[null,"3.6.6.4","COMPOSIÇÃO SINAPI",87622,"SINAPI","CONTRAPISO EM ARGAMASSA TRAÇO 1:4 (CIMENTO E AREIA), PREPARO MANUAL, APLICADO EM ÁREAS SECAS SOBRE LAJE, ADERIDO, ACABAMENTO NÃO REFORÇADO, ESPESSURA 2CM. AF_07/2021","M2",88.04,{"$f":"VLOOKUP(D1051&E1051,'TABELA SICRO-SINAPI-ORSE'!A:G,7,FALSE)","v":40.81},0.20796173004820551,49.296918203267268,4340.1006786156504,false]
[null,"3.6.6.5","INSUMO SINAPI",39508,"SINAPI","TELA DE ACO SOLDADA NERVURADA, CA-60, L-159, (1,69 KG/M2), DIAMETRO DO FIO = 4,5 MM, LARGURA = 2,45 M, ESPACAMENTO DA MALHA = 30 X 10 CM","M2",88.04,{"$f":"VLOOKUP(D1052&E1052,'TABELA SICRO-SINAPI-ORSE'!A:G,7,FALSE)","v":9},{"$f":"$L$5","v":0.14692012195121973},10.322281097560978,908.77362782926855,false]
[null,"3.6.6.6","COMPOSIÇÃO SINAPI",87265,"SINAPI","REVESTIMENTO CERÂMICO PARA PAREDES INTERNAS COM PLACAS TIPO ESMALTADA EXTRA DE DIMENSÕES 20X20 CM APLICADAS EM AMBIENTES DE ÁREA MAIOR QUE 5 M² NA ALTURA INTEIRA DAS PAREDES. AF_06/2014","M2",23.54,{"$f":"VLOOKUP(D1053&E1053,'TABELA SICRO-SINAPI-ORSE'!A:G,7,FALSE)","v":72.89},{"$f":"$L$4","v":0.20796173004820551},88.048330503213705,2072.6577000456505,false]
[null,"3.6.7","ESQUADRIAS",{"$nulls":4},1,null,null,null,{"$f":"SUBTOTAL(109,L1055:L1058)","v":10164.360515340933}]
[null,"3.6.7.1","INSUMO SINAPI",38153,"SINAPI","FECHADURA ESPELHO PARA PORTA DE BANHEIRO, EM ACO INOX (MAQUINA, TESTA E CONTRA-TESTA) E EM ZAMAC (MACANETA, LINGUETA E TRINCOS) COM ACABAMENTO CROMADO, MAQUINA DE 40 MM, INCLUINDO CHAVE TIPO TRANQUETA","CJ",7,{"$f":"VLOOKUP(D1055&E1055,'TABELA SICRO-SINAPI-ORSE'!A:G,7,FALSE)","v":67.63},{"$f":"$L$5","v":0.14692012195121973},{"$f":"I1055*(1+J1055)","v":77.566207847560989},{"$f":"K1055*H1055","v":542.96345493292688},{"$f":"ISTEXT(H1055)","v":false}]
[null,"3.6.7.2","COMPOSIÇÃO SINAPI",90790,"SINAPI","KIT DE PORTA-PRONTA DE MADEIRA EM ACABAMENTO MELAMÍNICO BRANCO, FOLHA LEVE OU MÉDIA, 80X210CM, EXCLUSIVE FECHADURA, FIXAÇÃO COM PREENCHIMENTO PARCIAL DE ESPUMA EXPANSIVA - FORNECIMENTO E INSTALAÇÃO. AF_12/2019","UN",5,{"$f":"VLOOKUP(D1056&E1056,'TABELA SICRO-SINAPI-ORSE'!A:G,7,FALSE)","v":923.95},{"$f":"$L$4","v":0.20796173004820551},{"$f":"I1056*(1+J1056)","v":1116.0962404780396},{"$f":"K1056*H1056","v":5580.4812023901977},false]
[null,"3.6.7.3","COMPOSIÇÃO SINAPI",90793,"SINAPI","KIT DE PORTA-PRONTA DE MADEIRA EM ACABAMENTO MELAMÍNICO BRANCO, FOLHA PESADA OU SUPERPESADA, 90X210CM, FIXAÇÃO COM PREENCHIMENTO TOTAL DE ESPUMA EXPANSIVA - FORNECIMENTO E INSTALAÇÃO. AF_12/2019","UN",2,{"$f":"VLOOKUP(D1057&E1057,'TABELA SICRO-SINAPI-ORSE'!A:G,7,FALSE)","v":1142.27},0.20796173004820551,{"$f":"I1057*(1+J1057)","v":1379.8184453821636},{"$f":"K1057*H1057","v":2759.6368907643273},false]
[null,"3.6.7.4","COMPOSIÇÃO ORSE",12332,"ORSE","JANELA EM ALUMÍNIO, COR N/P/B, TIPO VENEZIANA, TIPO CAMARÃO, DUAS FOLHAS MÓVEIS","M2",2.7,{"$f":"VLOOKUP(D1058&E1058,'TABELA SICRO-SINAPI-ORSE'!A:G,7,FALSE)","v":392.85},0.20796173004820551,{"$f":"I1058*(1+J1058)","v":474.54776564943757},{"$f":"K1058*H1058","v":1281.2789672534816},false]
[null,"3.6.8","PROJETO ELÉTRICO ",{"$nulls":4},1,null,null,null,{"$f":"SUBTOTAL(109,L1060:L1089)","v":42719.598878377219}]
[null,"3.6.8.1","LISTA DE MATERIAIS",{"$nulls":4},1,null,null,null,{"$f":"SUBTOTAL(109,L1061:L1078)","v":36627.875157289949}]
[null,"3.6.8.1.1","COMPOSIÇÃO SINAPI",91940,"SINAPI","CAIXA RETANGULAR 4\" X 2\" MÉDIA (1,30 M DO PISO), PVC, INSTALADA EM PAREDE - FORNECIMENTO E INSTALAÇÃO. AF_12/2015","UN",38,{"$f":"VLOOKUP(D1061&E1061,'TABELA SICRO-SINAPI-ORSE'!A:G,7,FALSE)","v":17.38},{"$f":"$L$4","v":0.20796173004820551},{"$f":"I1061*(1+J1061)","v":20.994374868237809},{"$f":"K1061*H1061","v":797.7862449930368},{"$f":"ISTEXT(H1061)","v":false}]
[null,"3.6.8.1.2","COMPOSIÇÃO SINAPI",91936,"SINAPI","CAIXA OCTOGONAL 4\" X 4\", PVC, INSTALADA EM LAJE - FORNECIMENTO E INSTALAÇÃO. AF_12/2015","UN",32,{"$f":"VLOOKUP(D1062&E1062,'TABELA SICRO-SINAPI-ORSE'!A:G,7,FALSE)","v":17.86},0.20796173004820551,21.57419649866095,690.37428795715039,false]
[null,"3.6.8.1.3","INSUMO SINAPI",20111,"SINAPI","FITA ISOLANTE ADESIVA ANTICHAMA, USO ATE 750 V, EM ROLO DE 19 MM X 20 M","UN",2,{"$f":"VLOOKUP(D1063&E1063,'TABELA SICRO-SINAPI-ORSE'!A:G,7,FALSE)","v":29.5},{"$f":"$L$5","v":0.14692012195121973},33.834143597560981,67.668287195121962,false]
[null,"3.6.8.1.4","COMPOSIÇÃO SINAPI",91934,"SINAPI","CABO DE COBRE FLEXÍVEL ISOLADO, 16 MM², ANTI-CHAMA 450/750 V, PARA CIRCUITOS TERMINAIS - FORNECIMENTO E INSTALAÇÃO. AF_12/2015","M",450,{"$f":"VLOOKUP(D1064&E1064,'TABELA SICRO-SINAPI-ORSE'!A:G,7,FALSE)","v":24.96},{"$f":"$L$4","v":0.20796173004820551},30.150724782003209,13567.826151901445,false]
[null,"3.6.8.1.5","COMPOSIÇÃO SINAPI",91926,"SINAPI","CABO DE COBRE FLEXÍVEL ISOLADO, 2,5 MM², ANTI-CHAMA 450/750 V, PARA CIRCUITOS TERMINAIS - FORNECIMENTO E INSTALAÇÃO. AF_12/2015","M",454,{"$f":"VLOOKUP(D1065&E1065,'TABELA SICRO-SINAPI-ORSE'!A:G,7,FALSE)","v":4.45},0.20796173004820551,5.3754296987145151,2440.4450832163898,false]
[null,"3.6.8.1.6","COMPOSIÇÃO SINAPI",91928,"SINAPI","CABO DE COBRE FLEXÍVEL ISOLADO, 4 MM², ANTI-CHAMA 450/750 V, PARA CIRCUITOS TERMINAIS - FORNECIMENTO E INSTALAÇÃO. AF_12/2015","M",216,{"$f":"VLOOKUP(D1066&E1066,'TABELA SICRO-SINAPI-ORSE'!A:G,7,FALSE)","v":6.9},0.20796173004820551,8.3349359373326184,1800.3461624638455,false]
[null,"3.6.8.1.7","COMPOSIÇÃO ORSE",5027,"ORSE","CAIXA DE PASSAGEM EM ALVENARIA DE TIJOLOS MACIÇOS ESP. = 0,12M,  DIM. INT. =  0.60 X 0.60 X 0.40M","UN",5,{"$f":"VLOOKUP(D1067&E1067,'TABELA SICRO-SINAPI-ORSE'!A:G,7,FALSE)","v":370.46},0.20796173004820551,447.50150251365818,2237.5075125682911,false]
[null,"3.6.8.1.8","INSUMO SINAPI",38091,"SINAPI","ESPELHO / PLACA CEGA 4\" X 2\", PARA INSTALACAO DE TOMADAS E INTERRUPTORES","UN",20,{"$f":"VLOOKUP(D1068&E1068,'TABELA SICRO-SINAPI-ORSE'!A:G,7,FALSE)","v":2.69},{"$f":"$L$5","v":0.14692012195121973},3.0852151280487812,61.70430256097562,false]
[null,"3.6.8.1.9","INSUMO SINAPI",38115,"SINAPI","INTERRUPTOR INTERMEDIARIO 10 A, 250 V (APENAS MODULO)","UN",27,{"$f":"VLOOKUP(D1069&E1069,'TABELA SICRO-SINAPI-ORSE'!A:G,7,FALSE)","v":21.1},0.14692012195121973,24.200014573170737,653.40039347560992,false]
[null,"3.6.8.1.10","COMPOSIÇÃO SINAPI",91996,"SINAPI","TOMADA MÉDIA DE EMBUTIR (1 MÓDULO), 2P+T 10 A, INCLUINDO SUPORTE E PLACA - FORNECIMENTO E INSTALAÇÃO. AF_12/2015","UN",27,{"$f":"VLOOKUP(D1070&E1070,'TABELA SICRO-SINAPI-ORSE'!A:G,7,FALSE)","v":34.67},{"$f":"$L$4","v":0.20796173004820551},41.880033180771285,1130.7608958808246,false]
[null,"3.6.8.1.11","COMPOSIÇÃO SINAPI",93653,"SINAPI","DISJUNTOR MONOPOLAR TIPO DIN, CORRENTE NOMINAL DE 10A - FORNECIMENTO E INSTALAÇÃO. AF_10/2020","UN",6,{"$f":"VLOOKUP(D1071&E1071,'TABELA SICRO-SINAPI-ORSE'!A:G,7,FALSE)","v":12.85},0.20796173004820551,15.522308231119441,93.133849386716648,false]
[null,"3.6.8.1.12","COMPOSIÇÃO SINAPI",93655,"SINAPI","DISJUNTOR MONOPOLAR TIPO DIN, CORRENTE NOMINAL DE 20A - FORNECIMENTO E INSTALAÇÃO. AF_10/2020","UN",4,{"$f":"VLOOKUP(D1072&E1072,'TABELA SICRO-SINAPI-ORSE'!A:G,7,FALSE)","v":14.68},0.20796173004820551,17.732878197107656,70.931512788430624,false]
[null,"3.6.8.1.13","COMPOSIÇÃO SINAPI",93657,"SINAPI","DISJUNTOR MONOPOLAR TIPO DIN, CORRENTE NOMINAL DE 32A - FORNECIMENTO E INSTALAÇÃO. AF_10/2020","UN",2,{"$f":"VLOOKUP(D1073&E1073,'TABELA SICRO-SINAPI-ORSE'!A:G,7,FALSE)","v":16.14},0.20796173004820551,19.496502322978039,38.993004645956077,false]
[null,"3.6.8.1.14","COMPOSIÇÃO SINAPI",91981,"SINAPI","INTERRUPTOR BIPOLAR (1 MÓDULO), 10A/250V, INCLUINDO SUPORTE E PLACA - FORNECIMENTO E INSTALAÇÃO. AF_09/2017","UN",2,{"$f":"VLOOKUP(D1074&E1074,'TABELA SICRO-SINAPI-ORSE'!A:G,7,FALSE)","v":49.78},0.20796173004820551,60.132334921799675,120.26466984359935,false]
[null,"3.6.8.1.15","COMPOSIÇÃO SINAPI",97667,"SINAPI","ELETRODUTO FLEXÍVEL CORRUGADO, PEAD, DN 50 (1 1/2\"), PARA REDE ENTERRADA DE DISTRIBUIÇÃO DE ENERGIA ELÉTRICA - FORNECIMENTO E INSTALAÇÃO. AF_12/2021","M",285,{"$f":"VLOOKUP(D1075&E1075,'TABELA SICRO-SINAPI-ORSE'!A:G,7,FALSE)","v":8.68},0.20796173004820551,10.485107816818424,2988.2557277932506,false]
[null,"3.6.8.1.16","COMPOSIÇÃO SINAPI",91835,"SINAPI","ELETRODUTO FLEXÍVEL CORRUGADO REFORÇADO, PVC, DN 25 MM (3/4\"), PARA CIRCUITOS TERMINAIS, INSTALADO EM FORRO - FORNECIMENTO E INSTALAÇÃO. AF_12/2015","M",110,{"$f":"VLOOKUP(D1076&E1076,'TABELA SICRO-SINAPI-ORSE'!A:G,7,FALSE)","v":20.309999999999999},0.20796173004820551,24.533702737279054,2698.707301100696,false]
[null,"3.6.8.1.17","INSUMO SINAPI",39805,"SINAPI","QUADRO DE DISTRIBUICAO, EM PVC, DE EMBUTIR, COM BARRAMENTO TERRA / NEUTRO, PARA 12 DISJUNTORES NEMA OU 16 DISJUNTORES DIN","UN",2,{"$f":"VLOOKUP(D1077&E1077,'TABELA SICRO-SINAPI-ORSE'!A:G,7,FALSE)","v":138.05000000000001},{"$f":"$L$5","v":0.14692012195121973},158.33232283536589,316.66464567073177,false]
[null,"3.6.8.1.18","COMPOSIÇÃO ORSE",12021,"ORSE","LUMINÁRIA DE EMBUTIR ABERTA PARA LÂMPADA FLUORESCENTE OU TUBO LED 2 X 18/20 W (TECNOLUX REF.FLE-8157/232 OU SIMILAR), COMPLETA,  COM LAMPADA TUBO LED","UN",32,{"$f":"VLOOKUP(D1078&E1078,'TABELA SICRO-SINAPI-ORSE'!A:G,7,FALSE)","v":177.29},{"$f":"$L$4","v":0.20796173004820551},214.15953512024635,6853.1051238478831,false]
[null,"3.6.8.2","CABEAMENTO",{"$nulls":4},1,null,null,null,{"$f":"SUBTOTAL(109,L1080:L1089)","v":6091.7237210872654}]
[null,"3.6.8.2.1","INSUMO SINAPI",38083,"SINAPI","TOMADA RJ45, 8 FIOS, CAT 5E, CONJUNTO MONTADO PARA EMBUTIR 4\" X 2\" (PLACA + SUPORTE + MODULO)","UN",14,{"$f":"VLOOKUP(D1080&E1080,'TABELA SICRO-SINAPI-ORSE'!A:G,7,FALSE)","v":39.67},{"$f":"$L$5","v":0.14692012195121973},{"$f":"I1080*(1+J1080)","v":45.498321237804888},{"$f":"K1080*H1080","v":636.97649732926845},{"$f":"ISTEXT(H1080)","v":false}]
[null,"3.6.8.2.2","COMPOSIÇÃO ORSE",766,"ORSE","PONTO DE DADO E VOZ, INCLUSIVE CAIXA 3\" X 3\" SISTEMA \"X\"","UN",2,{"$f":"VLOOKUP(D1081&E1081,'TABELA SICRO-SINAPI-ORSE'!A:G,7,FALSE)","v":49.1},{"$f":"$L$4","v":0.20796173004820551},59.310920945366895,118.62184189073379,false]
[null,"3.6.8.2.3","COMPOSIÇÃO SINAPI",91940,"SINAPI","CAIXA RETANGULAR 4\" X 2\" MÉDIA (1,30 M DO PISO), PVC, INSTALADA EM PAREDE - FORNECIMENTO E INSTALAÇÃO. AF_12/2015","UN",2,{"$f":"VLOOKUP(D1082&E1082,'TABELA SICRO-SINAPI-ORSE'!A:G,7,FALSE)","v":17.38},0.20796173004820551,20.994374868237809,41.988749736475619,false]
[null,"3.6.8.2.4","COMPOSIÇÃO ORSE",7138,"ORSE","FORNECIMENTO E LANÇAMENTO DE CABO UTP 4 PARES CAT 6","M",145,{"$f":"VLOOKUP(D1083&E1083,'TABELA SICRO-SINAPI-ORSE'!A:G,7,FALSE)","v":12.26},0.20796173004820551,14.809610810391,2147.393567506695,false]
[null,"3.6.8.2.5","COMPOSIÇÃO ORSE",12937,"ORSE","TOMADA DUPLA PARA LÓGICA NO PISO, METAL, RJ45","UN",4,{"$f":"VLOOKUP(D1084&E1084,'TABELA SICRO-SINAPI-ORSE'!A:G,7,FALSE)","v":63.32},0.20796173004820551,76.488136746652373,305.95254698660949,false]
[null,"3.6.8.2.6","COMPOSIÇÃO ORSE",11418,"ORSE","TOMADA PARA LÓGICA, RJ45, COM PLACA","UN",10,{"$f":"VLOOKUP(D1085&E1085,'TABELA SICRO-SINAPI-ORSE'!A:G,7,FALSE)","v":34.880000000000003},0.20796173004820551,42.133705144081411,421.33705144081409,false]
[null,"3.6.8.2.7","COMPOSIÇÃO SINAPI",91834,"SINAPI","ELETRODUTO FLEXÍVEL CORRUGADO, PVC, DN 25 MM (3/4\"), PARA CIRCUITOS TERMINAIS, INSTALADO EM FORRO - FORNECIMENTO E INSTALAÇÃO. AF_12/2015","M",75,{"$f":"VLOOKUP(D1086&E1086,'TABELA SICRO-SINAPI-ORSE'!A:G,7,FALSE)","v":18.55},0.20796173004820551,22.407690092394212,1680.5767569295658,false]
[null,"3.6.8.2.8","COMPOSIÇÃO SINAPI",91836,"SINAPI","ELETRODUTO FLEXÍVEL CORRUGADO, PVC, DN 32 MM (1\"), PARA CIRCUITOS TERMINAIS, INSTALADO EM FORRO - FORNECIMENTO E INSTALAÇÃO. AF_12/2015","M",23,{"$f":"VLOOKUP(D1087&E1087,'TABELA SICRO-SINAPI-ORSE'!A:G,7,FALSE)","v":21.61},0.20796173004820551,26.104052986341721,600.39321868585955,false]
[null,"3.6.8.2.9","COMPOSIÇÃO SINAPI",100560,"SINAPI","QUADRO DE DISTRIBUIÇÃO PARA TELEFONE N.2, 20X20X12CM EM CHAPA METALICA, DE EMBUTIR, SEM ACESSORIOS, PADRÃO TELEBRAS, FORNECIMENTO E INSTALAÇÃO. AF_11/2019","UN",1,{"$f":"VLOOKUP(D1088&E1088,'TABELA SICRO-SINAPI-ORSE'!A:G,7,FALSE)","v":109.8},0.20796173004820551,132.63419795929295,132.63419795929295,false]
[null,"3.6.8.2.10","INSUMO SINAPI",38092,"SINAPI","ESPELHO / PLACA DE 1 POSTO 4\" X 2\", PARA INSTALACAO DE TOMADAS E INTERRUPTORES","UN",2,{"$f":"VLOOKUP(D1089&E1089,'TABELA SICRO-SINAPI-ORSE'!A:G,7,FALSE)","v":2.5499999999999998},{"$f":"$L$5","v":0.14692012195121973},2.9246463109756102,5.8492926219512205,false]
[null,"3.6.9","PROJETO HIDRÁULICO",{"$nulls":4},1,null,null,null,{"$f":"SUBTOTAL(109,L1091:L1130)","v":29950.152468320659}]
[null,"3.6.9.1","ALIMENTAÇÃO",{"$nulls":4},1,null,null,null,{"$f":"SUBTOTAL(109,L1092:L1097)","v":407.55106850337404}]
[null,"3.6.9.1.1","INSUMO SINAPI",1402,"SINAPI","COLAR TOMADA PVC, COM TRAVAS, SAIDA COM ROSCA, DE 32 MM X 1/2\" OU 32 MM X 3/4\", PARA LIGACAO PREDIAL DE AGUA","UN",1,{"$f":"VLOOKUP(D1092&E1092,'TABELA SICRO-SINAPI-ORSE'!A:G,7,FALSE)","v":5.99},{"$f":"$L$5","v":0.14692012195121973},{"$f":"I1092*(1+J1092)","v":6.8700515304878067},{"$f":"K1092*H1092","v":6.8700515304878067},{"$f":"ISTEXT(H1092)","v":false}]
[null,"3.6.9.1.2","COMPOSIÇÃO SINAPI",104056,"SINAPI","REGISTRO ESFERA, PVC, COM ROSCA, 1/2\", PARA LIGAÇÃO PREDIAL DE ÁGUA. AF_06/2022","UN",1,{"$f":"VLOOKUP(D1093&E1093,'TABELA SICRO-SINAPI-ORSE'!A:G,7,FALSE)","v":23.14},{"$f":"$L$4","v":0.20796173004820551},27.952234433315475,27.952234433315475,false]
[null,"3.6.9.1.3","INSUMO SINAPI",111,"SINAPI","ADAPTADOR PVC SOLDAVEL CURTO COM BOLSA E ROSCA, 50 MM X 1 1/4\", PARA AGUA FRIA","UN",1,{"$f":"VLOOKUP(D1094&E1094,'TABELA SICRO-SINAPI-ORSE'!A:G,7,FALSE)","v":7.76},{"$f":"$L$5","v":0.14692012195121973},8.9001001463414653,8.9001001463414653,false]
[null,"3.6.9.1.4","COMPOSIÇÃO SINAPI",89401,"SINAPI","TUBO, PVC, SOLDÁVEL, DN 20MM, INSTALADO EM RAMAL DE DISTRIBUIÇÃO DE ÁGUA - FORNECIMENTO E INSTALAÇÃO. AF_06/2022","M",11.85,{"$f":"VLOOKUP(D1095&E1095,'TABELA SICRO-SINAPI-ORSE'!A:G,7,FALSE)","v":9.5299999999999994},{"$f":"$L$4","v":0.20796173004820551},11.511875287359398,136.41572215520887,false]
[null,"3.6.9.1.5","INSUMO SINAPI",7139,"SINAPI","TE SOLDAVEL, PVC, 90 GRAUS, 25 MM, PARA AGUA FRIA PREDIAL (NBR 5648)","UN",3,{"$f":"VLOOKUP(D1096&E1096,'TABELA SICRO-SINAPI-ORSE'!A:G,7,FALSE)","v":1.1100000000000001},{"$f":"$L$5","v":0.14692012195121973},1.2730813353658541,3.8192440060975623,false]
[null,"3.6.9.1.6","COMPOSIÇÃO SINAPI",95634,"SINAPI","KIT CAVALETE PARA MEDIÇÃO DE ÁGUA - ENTRADA PRINCIPAL, EM PVC SOLDÁVEL DN 20 (1/2\")   FORNECIMENTO E INSTALAÇÃO (EXCLUSIVE HIDRÔMETRO). AF_11/2016","UN",1,{"$f":"VLOOKUP(D1097&E1097,'TABELA SICRO-SINAPI-ORSE'!A:G,7,FALSE)","v":185.1},{"$f":"$L$4","v":0.20796173004820551},223.59371623192283,223.59371623192283,false]
[null,"3.6.9.2","ÁGUA FRIA ",{"$nulls":4},1,null,null,null,{"$f":"SUBTOTAL(109,L1099:L1114)","v":20341.88058274076}]
[null,"3.6.9.2.1","COMPOSIÇÃO SINAPI",100858,"SINAPI","MICTÓRIO SIFONADO LOUÇA BRANCA - PADRÃO MÉDIO - FORNECIMENTO E INSTALAÇÃO. AF_01/2020","UN",3,{"$f":"VLOOKUP(D1099&E1099,'TABELA SICRO-SINAPI-ORSE'!A:G,7,FALSE)","v":744.89},{"$f":"$L$4","v":0.20796173004820551},{"$f":"I1099*(1+J1099)","v":899.79861309560783},{"$f":"K1099*H1099","v":2699.3958392868235},{"$f":"ISTEXT(H1099)","v":false}]
[null,"3.6.9.2.2","COMPOSIÇÃO SINAPI",86906,"SINAPI","TORNEIRA CROMADA DE MESA, 1/2\" OU 3/4\", PARA LAVATÓRIO, PADRÃO POPULAR - FORNECIMENTO E INSTALAÇÃO. AF_01/2020","UN",8,{"$f":"VLOOKUP(D1100&E1100,'TABELA SICRO-SINAPI-ORSE'!A:G,7,FALSE)","v":117.03},0.20796173004820551,141.36776126754148,1130.9420901403319,false]
[null,"3.6.9.2.3","COMPOSIÇÃO SINAPI",100878,"SINAPI","VASO SANITÁRIO SIFONADO COM CAIXA ACOPLADA, LOUÇA BRANCA - PADRÃO ALTO - FORNECIMENTO E INSTALAÇÃO. AF_01/2020","UN",5,{"$f":"VLOOKUP(D1101&E1101,'TABELA SICRO-SINAPI-ORSE'!A:G,7,FALSE)","v":612.67999999999995},0.20796173004820551,740.09399276593444,3700.4699638296725,false]
[null,"3.6.9.2.4","COMPOSIÇÃO SINAPI",89353,"SINAPI","REGISTRO DE GAVETA BRUTO, LATÃO, ROSCÁVEL, 3/4\" - FORNECIMENTO E INSTALAÇÃO. AF_08/2021","UN",5,{"$f":"VLOOKUP(D1102&E1102,'TABELA SICRO-SINAPI-ORSE'!A:G,7,FALSE)","v":41.4},0.20796173004820551,50.009615623995707,250.04807811997853,false]
[null,"3.6.9.2.5","INSUMO SINAPI",11683,"SINAPI","ENGATE / RABICHO FLEXIVEL INOX 1/2 \" X 30 CM","UN",5,{"$f":"VLOOKUP(D1103&E1103,'TABELA SICRO-SINAPI-ORSE'!A:G,7,FALSE)","v":49.3},{"$f":"$L$5","v":0.14692012195121973},56.543162012195133,282.71581006097568,false]
[null,"3.6.9.2.6","INSUMO SINAPI",6141,"SINAPI","ENGATE/RABICHO FLEXIVEL PLASTICO (PVC OU ABS) BRANCO 1/2 \" X 30 CM","UN",8,{"$f":"VLOOKUP(D1104&E1104,'TABELA SICRO-SINAPI-ORSE'!A:G,7,FALSE)","v":5.99},0.14692012195121973,6.8700515304878067,54.960412243902454,false]
[null,"3.6.9.2.7","COMPOSIÇÃO SINAPI",89383,"SINAPI","ADAPTADOR CURTO COM BOLSA E ROSCA PARA REGISTRO, PVC, SOLDÁVEL, DN 25MM X 3/4 , INSTALADO EM RAMAL OU SUB-RAMAL DE ÁGUA - FORNECIMENTO E INSTALAÇÃO. AF_06/2022","UN",10,{"$f":"VLOOKUP(D1105&E1105,'TABELA SICRO-SINAPI-ORSE'!A:G,7,FALSE)","v":5.77},{"$f":"$L$4","v":0.20796173004820551},6.9699391823781456,69.699391823781454,false]
[null,"3.6.9.2.8","COMPOSIÇÃO SINAPI",89355,"SINAPI","TUBO, PVC, SOLDÁVEL, DN 20MM, INSTALADO EM RAMAL OU SUB-RAMAL DE ÁGUA - FORNECIMENTO E INSTALAÇÃO. AF_06/2022","M",4.1399999999999997,{"$f":"VLOOKUP(D1106&E1106,'TABELA SICRO-SINAPI-ORSE'!A:G,7,FALSE)","v":17.91},0.20796173004820551,21.634594585163359,89.567221582576295,false]
[null,"3.6.9.2.9","COMPOSIÇÃO SINAPI",89356,"SINAPI","TUBO, PVC, SOLDÁVEL, DN 25MM, INSTALADO EM RAMAL OU SUB-RAMAL DE ÁGUA - FORNECIMENTO E INSTALAÇÃO. AF_06/2022","M",34.770000000000003,{"$f":"VLOOKUP(D1107&E1107,'TABELA SICRO-SINAPI-ORSE'!A:G,7,FALSE)","v":20.65},0.20796173004820551,24.944409725495444,867.31712615547667,false]
[null,"3.6.9.2.10","COMPOSIÇÃO SINAPI",89440,"SINAPI","TE, PVC, SOLDÁVEL, DN 25MM, INSTALADO EM RAMAL DE DISTRIBUIÇÃO DE ÁGUA - FORNECIMENTO E INSTALAÇÃO. AF_06/2022","UN",38,{"$f":"VLOOKUP(D1108&E1108,'TABELA SICRO-SINAPI-ORSE'!A:G,7,FALSE)","v":10.45},0.20796173004820551,12.623200079003746,479.68160300214237,false]
[null,"3.6.9.2.11","COMPOSIÇÃO SINAPI",89481,"SINAPI","JOELHO 90 GRAUS, PVC, SOLDÁVEL, DN 25MM, INSTALADO EM PRUMADA DE ÁGUA - FORNECIMENTO E INSTALAÇÃO. AF_06/2022","UN",4,{"$f":"VLOOKUP(D1109&E1109,'TABELA SICRO-SINAPI-ORSE'!A:G,7,FALSE)","v":4.6900000000000004},0.20796173004820551,5.6653405139260844,22.661362055704338,false]
[null,"3.6.9.2.12","COMPOSIÇÃO SINAPI",86895,"SINAPI","BANCADA DE GRANITO CINZA POLIDO, DE 0,50 X 0,60 M, PARA LAVATÓRIO - FORNECIMENTO E INSTALAÇÃO. AF_01/2020","UN",8,{"$f":"VLOOKUP(D1110&E1110,'TABELA SICRO-SINAPI-ORSE'!A:G,7,FALSE)","v":456.91},0.20796173004820551,551.92979407632561,4415.4383526106049,false]
[null,"3.6.9.2.13","COMPOSIÇÃO SINAPI",86901,"SINAPI","CUBA DE EMBUTIR OVAL EM LOUÇA BRANCA, 35 X 50CM OU EQUIVALENTE - FORNECIMENTO E INSTALAÇÃO. AF_01/2020","UN",8,{"$f":"VLOOKUP(D1111&E1111,'TABELA SICRO-SINAPI-ORSE'!A:G,7,FALSE)","v":140.57},0.20796173004820551,169.80318039287624,1358.4254431430099,false]
[null,"3.6.9.2.14","COMPOSIÇÃO SINAPI",95546,"SINAPI","KIT DE ACESSORIOS PARA BANHEIRO EM METAL CROMADO, 5 PECAS, INCLUSO FIXAÇÃO. AF_01/2020","UN",8,{"$f":"VLOOKUP(D1112&E1112,'TABELA SICRO-SINAPI-ORSE'!A:G,7,FALSE)","v":171.72},0.20796173004820551,207.43118828387784,1659.4495062710228,false]
[null,"3.6.9.2.15","COMPOSIÇÃO ORSE",2078,"ORSE","ESPELHO CRISTAL REDONDO, DIAM=40CM, COM MOLDURA","UN",8,{"$f":"VLOOKUP(D1113&E1113,'TABELA SICRO-SINAPI-ORSE'!A:G,7,FALSE)","v":197.9},0.20796173004820551,239.05562637653986,1912.4450110123189,false]
[null,"3.6.9.2.16","INSUMO ORSE",462,"ORSE","CAIXA D'AGUA FIBRA VIDRO  3.000 LITROS - FORTLEV-TORRES (OU SIMILAR)","UN",1,{"$f":"VLOOKUP(D1114&E1114,'TABELA SICRO-SINAPI-ORSE'!A:G,7,FALSE)","v":1175.9000000000001},{"$f":"$L$5","v":0.14692012195121973},1348.6633714024395,1348.6633714024395,false]
[null,"3.6.9.3","ESGOTO",{"$nulls":4},1,null,null,null,{"$f":"SUBTOTAL(109,L1116:L1126)","v":6127.5357159670448}]
[null,"3.6.9.3.1","COMPOSIÇÃO SINAPI",97907,"SINAPI","CAIXA ENTERRADA HIDRÁULICA RETANGULAR, EM ALVENARIA COM BLOCOS DE CONCRETO, DIMENSÕES INTERNAS: 0,8X0,8X0,6 M PARA REDE DE ESGOTO. AF_12/2020","UN",3,{"$f":"VLOOKUP(D1116&E1116,'TABELA SICRO-SINAPI-ORSE'!A:G,7,FALSE)","v":673.69},{"$f":"$L$4","v":0.20796173004820551},{"$f":"I1116*(1+J1116)","v":813.79173791617563},{"$f":"K1116*H1116","v":2441.3752137485271},{"$f":"ISTEXT(H1116)","v":false}]
[null,"3.6.9.3.2","COMPOSIÇÃO SINAPI",104329,"SINAPI","CAIXA SIFONADA, COM GRELHA REDONDA, PVC, DN 150 X 150 X 50 MM, JUNTA SOLDÁVEL, FORNECIDA E INSTALADA EM RAMAL DE DESCARGA OU EM RAMAL DE ESGOTO SANITÁRIO. AF_08/2022","UN",4,{"$f":"VLOOKUP(D1117&E1117,'TABELA SICRO-SINAPI-ORSE'!A:G,7,FALSE)","v":78.45},0.20796173004820551,94.764597722281721,379.05839088912688,false]
[null,"3.6.9.3.3","INSUMO SINAPI",6149,"SINAPI","SIFAO PLASTICO TIPO COPO PARA PIA OU LAVATORIO, 1 X 1.1/2 \"","UN",10,{"$f":"VLOOKUP(D1118&E1118,'TABELA SICRO-SINAPI-ORSE'!A:G,7,FALSE)","v":13.24},{"$f":"$L$5","v":0.14692012195121973},15.185222414634149,151.85222414634148,false]
[null,"3.6.9.3.4","COMPOSIÇÃO SINAPI",86877,"SINAPI","VÁLVULA EM METAL CROMADO 1.1/2\" X 1.1/2\" PARA TANQUE OU LAVATÓRIO, COM OU SEM LADRÃO - FORNECIMENTO E INSTALAÇÃO. AF_01/2020","UN",10,{"$f":"VLOOKUP(D1119&E1119,'TABELA SICRO-SINAPI-ORSE'!A:G,7,FALSE)","v":72.92},{"$f":"$L$4","v":0.20796173004820551},88.08456935511515,880.8456935511515,false]
[null,"3.6.9.3.5","INSUMO SINAPI",44945,"SINAPI","SIFAO / TUBO SINFONADO EXTENSIVEL/SANFONADO, UNIVERSAL/ SIMPLES, ENTRE *50 A 70* CM, DE PLASTICO BRANCO","UN",3,{"$f":"VLOOKUP(D1120&E1120,'TABELA SICRO-SINAPI-ORSE'!A:G,7,FALSE)","v":9.9},{"$f":"$L$5","v":0.14692012195121973},11.354509207317076,34.063527621951224,false]
[null,"3.6.9.3.6","COMPOSIÇÃO SINAPI",89731,"SINAPI","JOELHO 90 GRAUS, PVC, SERIE NORMAL, ESGOTO PREDIAL, DN 50 MM, JUNTA ELÁSTICA, FORNECIDO E INSTALADO EM RAMAL DE DESCARGA OU RAMAL DE ESGOTO SANITÁRIO. AF_08/2022","UN",6,{"$f":"VLOOKUP(D1121&E1121,'TABELA SICRO-SINAPI-ORSE'!A:G,7,FALSE)","v":13.97},{"$f":"$L$4","v":0.20796173004820551},16.875225368773432,101.2513522126406,false]
[null,"3.6.9.3.7","COMPOSIÇÃO SINAPI",89545,"SINAPI","LUVA SIMPLES, PVC, SERIE R, ÁGUA PLUVIAL, DN 50 MM, JUNTA ELÁSTICA, FORNECIDO E INSTALADO EM RAMAL DE ENCAMINHAMENTO. AF_06/2022","UN",12,{"$f":"VLOOKUP(D1122&E1122,'TABELA SICRO-SINAPI-ORSE'!A:G,7,FALSE)","v":15.18},0.20796173004820551,18.336859062131758,220.0423087455811,false]
[null,"3.6.9.3.8","COMPOSIÇÃO SINAPI",89714,"SINAPI","TUBO PVC, SERIE NORMAL, ESGOTO PREDIAL, DN 100 MM, FORNECIDO E INSTALADO EM RAMAL DE DESCARGA OU RAMAL DE ESGOTO SANITÁRIO. AF_08/2022","M",26.54,{"$f":"VLOOKUP(D1123&E1123,'TABELA SICRO-SINAPI-ORSE'!A:G,7,FALSE)","v":33.200000000000003},0.20796173004820551,40.104329437600427,1064.3689032739153,false]
[null,"3.6.9.3.9","COMPOSIÇÃO SINAPI",89713,"SINAPI","TUBO PVC, SERIE NORMAL, ESGOTO PREDIAL, DN 75 MM, FORNECIDO E INSTALADO EM RAMAL DE DESCARGA OU RAMAL DE ESGOTO SANITÁRIO. AF_08/2022","M",4.5199999999999996,{"$f":"VLOOKUP(D1124&E1124,'TABELA SICRO-SINAPI-ORSE'!A:G,7,FALSE)","v":29.72},0.20796173004820551,35.900622617032667,162.27081422898763,false]
[null,"3.6.9.3.10","COMPOSIÇÃO SINAPI",89712,"SINAPI","TUBO PVC, SERIE NORMAL, ESGOTO PREDIAL, DN 50 MM, FORNECIDO E INSTALADO EM RAMAL DE DESCARGA OU RAMAL DE ESGOTO SANITÁRIO. AF_08/2022","M",0.78,{"$f":"VLOOKUP(D1125&E1125,'TABELA SICRO-SINAPI-ORSE'!A:G,7,FALSE)","v":23.85},0.20796173004820551,28.809887261649703,22.47171206408677,false]
[null,"3.6.9.3.11","COMPOSIÇÃO SINAPI",89711,"SINAPI","TUBO PVC, SERIE NORMAL, ESGOTO PREDIAL, DN 40 MM, FORNECIDO E INSTALADO EM RAMAL DE DESCARGA OU RAMAL DE ESGOTO SANITÁRIO. AF_08/2022","M",29.5,{"$f":"VLOOKUP(D1126&E1126,'TABELA SICRO-SINAPI-ORSE'!A:G,7,FALSE)","v":18.8},0.20796173004820551,22.709680524906265,669.93557548473484,false]
[null,"3.6.9.4","PLUVIAL ",{"$nulls":4},1,null,null,null,{"$f":"SUBTOTAL(109,L1128:L1130)","v":3073.18510110948}]
[null,"3.6.9.4.1","COMPOSIÇÃO SINAPI",97978,"SINAPI","BASE PARA POÇO DE VISITA CIRCULAR PARA ESGOTO, EM CONCRETO PRÉ-MOLDADO, DIÂMETRO INTERNO = 0,80 M, PROFUNDIDADE = 1,35 M, EXCLUINDO TAMPÃO. AF_12/2020_PA","UN",1,{"$f":"VLOOKUP(D1128&E1128,'TABELA SICRO-SINAPI-ORSE'!A:G,7,FALSE)","v":1093.5999999999999},{"$f":"$L$4","v":0.20796173004820551},{"$f":"I1128*(1+J1128)","v":1321.0269479807175},{"$f":"K1128*H1128","v":1321.0269479807175},{"$f":"ISTEXT(H1128)","v":false}]
[null,"3.6.9.4.2","COMPOSIÇÃO SINAPI",98409,"SINAPI","ACRÉSCIMO PARA POÇO DE VISITA CIRCULAR PARA ESGOTO, EM CONCRETO PRÉ-MOLDADO, DIÂMETRO INTERNO = 0,8 M. AF_12/2020","M",1,{"$f":"VLOOKUP(D1129&E1129,'TABELA SICRO-SINAPI-ORSE'!A:G,7,FALSE)","v":413.99},0.20796173004820551,{"$f":"I1129*(1+J1129)","v":500.0840766226566},{"$f":"K1129*H1129","v":500.0840766226566},false]
[null,"3.6.9.4.3","COMPOSIÇÃO SINAPI",89511,"SINAPI","TUBO PVC, SÉRIE R, ÁGUA PLUVIAL, DN 75 MM, FORNECIDO E INSTALADO EM RAMAL DE ENCAMINHAMENTO. AF_06/2022","M",30.45,{"$f":"VLOOKUP(D1130&E1130,'TABELA SICRO-SINAPI-ORSE'!A:G,7,FALSE)","v":34.04},0.20796173004820551,{"$f":"I1130*(1+J1130)","v":41.119017290840915},{"$f":"K1130*H1130","v":1252.0740765061059},false]
[null,"3.6.10","PINTURA ",{"$nulls":4},1,null,null,null,{"$f":"SUBTOTAL(109,L1132:L1133)","v":10058.052757732252}]
[null,"3.6.10.1","COMPOSIÇÃO SINAPI",88415,"SINAPI","APLICAÇÃO MANUAL DE FUNDO SELADOR ACRÍLICO EM PAREDES EXTERNAS DE CASAS. AF_06/2014","M2",363.76,{"$f":"VLOOKUP(D1132&E1132,'TABELA SICRO-SINAPI-ORSE'!A:G,7,FALSE)","v":3.2},{"$f":"$L$4","v":0.20796173004820551},{"$f":"I1132*(1+J1132)","v":3.8654775361542577},{"$f":"K1132*H1132","v":1406.1061085514727},{"$f":"ISTEXT(H1132)","v":false}]
[null,"3.6.10.2","COMPOSIÇÃO SINAPI",88423,"SINAPI","APLICAÇÃO MANUAL DE PINTURA COM TINTA TEXTURIZADA ACRÍLICA EM PAREDES EXTERNAS DE CASAS, UMA COR. AF_06/2014","M2",363.76,{"$f":"VLOOKUP(D1133&E1133,'TABELA SICRO-SINAPI-ORSE'!A:G,7,FALSE)","v":19.690000000000001},0.20796173004820551,{"$f":"I1133*(1+J1133)","v":23.784766464649167},{"$f":"K1133*H1133","v":8651.9466491807798},false]
[null,"3.6.11","SERVIÇOS COMPLEMENTARES ",{"$nulls":4},1,null,null,null,{"$f":"SUBTOTAL(109,L1135)","v":635.14627765934642}]
[null,"3.6.11.1","COMPOSIÇÃO ORSE",2450,"ORSE","LIMPEZA GERAL","M2",220,{"$f":"VLOOKUP(D1135&E1135,'TABELA SICRO-SINAPI-ORSE'!A:G,7,FALSE)","v":2.39},{"$f":"$L$4","v":0.20796173004820551},{"$f":"I1135*(1+J1135)","v":2.8870285348152112},{"$f":"K1135*H1135","v":635.14627765934642},{"$f":"ISTEXT(H1135)","v":false}]
[null,"3.7","ABRIGO PARA CARRINHOS",{"$nulls":8},{"$f":"SUBTOTAL(109,L1137:L1189)","v":263580.36545889196}]
[null,"3.7.1","SERVIÇOS PRELIMINARES ",{"$nulls":4},1,null,null,null,{"$f":"SUBTOTAL(109,L1138:L1141)","v":18948.028114693781}]
[null,"3.7.1.1","INSUMO SINAPI",4813,"SINAPI","PLACA DE OBRA (PARA CONSTRUCAO CIVIL) EM CHAPA GALVANIZADA *N. 22*, ADESIVADA, DE *2,4 X 1,2* M (SEM POSTES PARA FIXACAO)","M2",4.5,{"$f":"VLOOKUP(D1138&E1138,'TABELA SICRO-SINAPI-ORSE'!A:G,7,FALSE)","v":250},{"$f":"$L$5","v":0.14692012195121973},{"$f":"I1138*(1+J1138)","v":286.73003048780492},{"$f":"K1138*H1138","v":1290.2851371951222},{"$f":"ISTEXT(H1138)","v":false}]
[null,"3.7.1.2","COMPOSIÇÃO SINAPI",98525,"SINAPI","LIMPEZA MECANIZADA DE CAMADA VEGETAL, VEGETAÇÃO E PEQUENAS ÁRVORES (DIÂMETRO DE TRONCO MENOR QUE 0,20 M), COM TRATOR DE ESTEIRAS.AF_05/2018","M2",200,{"$f":"VLOOKUP(D1139&E1139,'TABELA SICRO-SINAPI-ORSE'!A:G,7,FALSE)","v":0.62},{"$f":"$L$4","v":0.20796173004820551},{"$f":"I1139*(1+J1139)","v":0.74893627262988738},{"$f":"K1139*H1139","v":149.78725452597749},false]
[null,"3.7.1.3","COMPOSIÇÃO SINAPI",99059,"SINAPI","LOCACAO CONVENCIONAL DE OBRA, UTILIZANDO GABARITO DE TÁBUAS CORRIDAS PONTALETADAS A CADA 2,00M -  2 UTILIZAÇÕES. AF_10/2018","M",168,{"$f":"VLOOKUP(D1140&E1140,'TABELA SICRO-SINAPI-ORSE'!A:G,7,FALSE)","v":55},0.20796173004820551,{"$f":"I1140*(1+J1140)","v":66.437895152651308},{"$f":"K1140*H1140","v":11161.566385645419},false]
[null,"3.7.1.4","COMPOSIÇÃO SINAPI",93582,"SINAPI","EXECUÇÃO DE CENTRAL DE ARMADURA EM CANTEIRO DE OBRA, NÃO INCLUSO MOBILIÁRIO E EQUIPAMENTOS. AF_04/2016","M2",20,262.69,0.20796173004820551,{"$f":"I1141*(1+J1141)","v":317.31946686636309},{"$f":"K1141*H1141","v":6346.3893373272622},false]
[null,"3.7.2","FUNDAÇÕES ",{"$nulls":4},1,null,null,null,{"$f":"SUBTOTAL(109,L1143:L1147)","v":8872.8623142571869}]
[null,"3.7.2.1","COMPOSIÇÃO SINAPI",96523,"SINAPI","ESCAVAÇÃO MANUAL PARA BLOCO DE COROAMENTO OU SAPATA (INCLUINDO ESCAVAÇÃO PARA COLOCAÇÃO DE FÔRMAS). AF_06/2017","M3",1.89,{"$f":"VLOOKUP(D1143&E1143,'TABELA SICRO-SINAPI-ORSE'!A:G,7,FALSE)","v":81.31},{"$f":"$L$4","v":0.20796173004820551},{"$f":"I1143*(1+J1143)","v":98.21936827021959},{"$f":"K1143*H1143","v":185.63460603071502},{"$f":"ISTEXT(H1143)","v":false}]
[null,"3.7.2.2","COMPOSIÇÃO SINAPI",96621,"SINAPI","LASTRO COM MATERIAL GRANULAR, APLICAÇÃO EM BLOCOS DE COROAMENTO, ESPESSURA DE *5 CM*. AF_08/2017","M3",0.35,{"$f":"VLOOKUP(D1144&E1144,'TABELA SICRO-SINAPI-ORSE'!A:G,7,FALSE)","v":460.69},0.20796173004820551,{"$f":"I1144*(1+J1144)","v":556.49588941590775},{"$f":"K1144*H1144","v":194.7735612955677},false]
[null,"3.7.2.3","COMPOSIÇÃO SINAPI",96529,"SINAPI","FABRICAÇÃO, MONTAGEM E DESMONTAGEM DE FÔRMA PARA SAPATA, EM MADEIRA SERRADA, E=25 MM, 1 UTILIZAÇÃO. AF_06/2017","M2",10,{"$f":"VLOOKUP(D1145&E1145,'TABELA SICRO-SINAPI-ORSE'!A:G,7,FALSE)","v":271.60000000000002},0.20796173004820551,{"$f":"I1145*(1+J1145)","v":328.08240588109265},{"$f":"K1145*H1145","v":3280.8240588109265},false]
[null,"3.7.2.4","COMPOSIÇÃO SINAPI",96545,"SINAPI","ARMAÇÃO DE BLOCO, VIGA BALDRAME OU SAPATA UTILIZANDO AÇO CA-50 DE 8 MM - MONTAGEM. AF_06/2017","KG",79.900000000000006,{"$f":"VLOOKUP(D1146&E1146,'TABELA SICRO-SINAPI-ORSE'!A:G,7,FALSE)","v":17.440000000000001},0.20796173004820551,{"$f":"I1146*(1+J1146)","v":21.066852572040705},{"$f":"K1146*H1146","v":1683.2415205060524},false]
[null,"3.7.2.5","COMPOSIÇÃO SINAPI",96558,"SINAPI","CONCRETAGEM DE SAPATAS, FCK 30 MPA, COM USO DE BOMBA - LANÇAMENTO, ADENSAMENTO E ACABAMENTO. AF_11/2016","M3",2.4,{"$f":"VLOOKUP(D1147&E1147,'TABELA SICRO-SINAPI-ORSE'!A:G,7,FALSE)","v":1217.06},0.20796173004820551,{"$f":"I1147*(1+J1147)","v":1470.161903172469},{"$f":"K1147*H1147","v":3528.3885676139257},false]
[null,"3.7.3","INFRAESTRUTURA",{"$nulls":4},1,null,null,null,{"$f":"SUBTOTAL(109,L1149:L1156)","v":15251.763458364007}]
[null,"3.7.3.1","COMPOSIÇÃO SINAPI",96523,"SINAPI","ESCAVAÇÃO MANUAL PARA BLOCO DE COROAMENTO OU SAPATA (INCLUINDO ESCAVAÇÃO PARA COLOCAÇÃO DE FÔRMAS). AF_06/2017","M3",2.9,{"$f":"VLOOKUP(D1149&E1149,'TABELA SICRO-SINAPI-ORSE'!A:G,7,FALSE)","v":81.31},{"$f":"$L$4","v":0.20796173004820551},{"$f":"I1149*(1+J1149)","v":98.21936827021959},{"$f":"K1149*H1149","v":284.83616798363681},{"$f":"ISTEXT(H1149)","v":false}]
[null,"3.7.3.2","COMPOSIÇÃO SINAPI",96621,"SINAPI","LASTRO COM MATERIAL GRANULAR, APLICAÇÃO EM BLOCOS DE COROAMENTO, ESPESSURA DE *5 CM*. AF_08/2017","M3",0.45,{"$f":"VLOOKUP(D1150&E1150,'TABELA SICRO-SINAPI-ORSE'!A:G,7,FALSE)","v":460.69},0.20796173004820551,556.49588941590775,250.4231502371585,false]
[null,"3.7.3.3","COMPOSIÇÃO SINAPI",96536,"SINAPI","FABRICAÇÃO, MONTAGEM E DESMONTAGEM DE FÔRMA PARA VIGA BALDRAME, EM MADEIRA SERRADA, E=25 MM, 4 UTILIZAÇÕES. AF_06/2017","M2",64.400000000000006,{"$f":"VLOOKUP(D1151&E1151,'TABELA SICRO-SINAPI-ORSE'!A:G,7,FALSE)","v":67.08},0.20796173004820551,81.030072851633619,5218.336691645206,false]
[null,"3.7.3.4","COMPOSIÇÃO SINAPI",96545,"SINAPI","ARMAÇÃO DE BLOCO, VIGA BALDRAME OU SAPATA UTILIZANDO AÇO CA-50 DE 8 MM - MONTAGEM. AF_06/2017","KG",137.6,{"$f":"VLOOKUP(D1152&E1152,'TABELA SICRO-SINAPI-ORSE'!A:G,7,FALSE)","v":17.440000000000001},0.20796173004820551,21.066852572040705,2898.7989139128008,false]
[null,"3.7.3.5","COMPOSIÇÃO SINAPI",96546,"SINAPI","ARMAÇÃO DE BLOCO, VIGA BALDRAME OU SAPATA UTILIZANDO AÇO CA-50 DE 10 MM - MONTAGEM. AF_06/2017","KG",61.9,{"$f":"VLOOKUP(D1153&E1153,'TABELA SICRO-SINAPI-ORSE'!A:G,7,FALSE)","v":15.45},0.20796173004820551,18.663008729244773,1155.2402403402514,false]
[null,"3.7.3.6","COMPOSIÇÃO SINAPI",96547,"SINAPI","ARMAÇÃO DE BLOCO, VIGA BALDRAME OU SAPATA UTILIZANDO AÇO CA-50 DE 12,5 MM - MONTAGEM. AF_06/2017","KG",32.85,12.65,0.20796173004820551,15.2807158851098,501.97151682585695,false]
[null,"3.7.3.7","COMPOSIÇÃO SINAPI",96543,"SINAPI","ARMAÇÃO DE BLOCO, VIGA BALDRAME E SAPATA UTILIZANDO AÇO CA-60 DE 5 MM - MONTAGEM. AF_06/2017","KG",91.25,{"$f":"VLOOKUP(D1155&E1155,'TABELA SICRO-SINAPI-ORSE'!A:G,7,FALSE)","v":20.36},0.20796173004820551,24.594100823781464,2244.2117001700585,false]
[null,"3.7.3.8","COMPOSIÇÃO SINAPI",96557,"SINAPI","CONCRETAGEM DE BLOCOS DE COROAMENTO E VIGAS BALDRAMES, FCK 30 MPA, COM USO DE BOMBA - LANÇAMENTO, ADENSAMENTO E ACABAMENTO. AF_06/2017","M3",1.9,{"$f":"VLOOKUP(D1156&E1156,'TABELA SICRO-SINAPI-ORSE'!A:G,7,FALSE)","v":1175.51},0.20796173004820551,1419.9710932889661,2697.9450772490354,false]
[null,"3.7.4","SUPRAESTRUTURA",{"$nulls":4},1,null,null,null,{"$f":"SUBTOTAL(109,L1158:L1169)","v":175133.09348962168}]
[null,"3.7.4.1","COMPOSIÇÃO SINAPI",92409,"SINAPI","MONTAGEM E DESMONTAGEM DE FÔRMA DE PILARES RETANGULARES E ESTRUTURAS SIMILARES, PÉ-DIREITO SIMPLES, EM MADEIRA SERRADA, 1 UTILIZAÇÃO. AF_09/2020","M2",55.4,{"$f":"VLOOKUP(D1158&E1158,'TABELA SICRO-SINAPI-ORSE'!A:G,7,FALSE)","v":241.28},{"$f":"$L$4","v":0.20796173004820551},{"$f":"I1158*(1+J1158)","v":291.45700622603101},{"$f":"K1158*H1158","v":16146.718144922117},{"$f":"ISTEXT(H1158)","v":false}]
[null,"3.7.4.2","COMPOSIÇÃO SINAPI",92761,"SINAPI","ARMAÇÃO DE PILAR OU VIGA DE ESTRUTURA CONVENCIONAL DE CONCRETO ARMADO UTILIZANDO AÇO CA-50 DE 8,0 MM - MONTAGEM. AF_06/2022","KG",137.6,{"$f":"VLOOKUP(D1159&E1159,'TABELA SICRO-SINAPI-ORSE'!A:G,7,FALSE)","v":14.23},0.20796173004820551,17.189295418585964,2365.2470495974285,false]
[null,"3.7.4.3","COMPOSIÇÃO SINAPI",92762,"SINAPI","ARMAÇÃO DE PILAR OU VIGA DE ESTRUTURA CONVENCIONAL DE CONCRETO ARMADO UTILIZANDO AÇO CA-50 DE 10,0 MM - MONTAGEM. AF_06/2022","KG",272.2,{"$f":"VLOOKUP(D1160&E1160,'TABELA SICRO-SINAPI-ORSE'!A:G,7,FALSE)","v":12.85},0.20796173004820551,15.522308231119441,4225.1723005107115,false]
[null,"3.7.4.4","COMPOSIÇÃO SINAPI",92763,"SINAPI","ARMAÇÃO DE PILAR OU VIGA DE ESTRUTURA CONVENCIONAL DE CONCRETO ARMADO UTILIZANDO AÇO CA-50 DE 12,5 MM - MONTAGEM. AF_06/2022","KG",32.85,{"$f":"VLOOKUP(D1161&E1161,'TABELA SICRO-SINAPI-ORSE'!A:G,7,FALSE)","v":10.88},0.20796173004820551,13.142623622924477,431.7351860130691,false]
[null,"3.7.4.5","COMPOSIÇÃO SINAPI",92759,"SINAPI","ARMAÇÃO DE PILAR OU VIGA DE ESTRUTURA CONVENCIONAL DE CONCRETO ARMADO UTILIZANDO AÇO CA-60 DE 5,0 MM - MONTAGEM. AF_06/2022","KG",198.25,{"$f":"VLOOKUP(D1162&E1162,'TABELA SICRO-SINAPI-ORSE'!A:G,7,FALSE)","v":15.25},0.20796173004820551,18.421416383235133,3652.0457979763651,false]
[null,"3.7.4.6","COMPOSIÇÃO SINAPI",92446,"SINAPI","MONTAGEM E DESMONTAGEM DE FÔRMA DE VIGA, ESCORAMENTO COM PONTALETE DE MADEIRA, PÉ-DIREITO SIMPLES, EM MADEIRA SERRADA, 1 UTILIZAÇÃO. AF_09/2020","M2",57.1,{"$f":"VLOOKUP(D1163&E1163,'TABELA SICRO-SINAPI-ORSE'!A:G,7,FALSE)","v":239.04},0.20796173004820551,288.75117195072306,16487.691918386288,false]
[null,"3.7.4.7","COMPOSIÇÃO SINAPI",92482,"SINAPI","MONTAGEM E DESMONTAGEM DE FÔRMA DE LAJE MACIÇA, PÉ-DIREITO SIMPLES, EM MADEIRA SERRADA, 1 UTILIZAÇÃO. AF_09/2020","M2",147.69999999999999,{"$f":"VLOOKUP(D1164&E1164,'TABELA SICRO-SINAPI-ORSE'!A:G,7,FALSE)","v":249.14},0.20796173004820551,300.9515854242099,44450.549167155797,false]
[null,"3.7.4.8","COMPOSIÇÃO SINAPI",92768,"SINAPI","ARMAÇÃO DE LAJE DE ESTRUTURA CONVENCIONAL DE CONCRETO ARMADO UTILIZANDO AÇO CA-60 DE 5,0 MM - MONTAGEM. AF_06/2022","KG",700,{"$f":"VLOOKUP(D1165&E1165,'TABELA SICRO-SINAPI-ORSE'!A:G,7,FALSE)","v":14.81},0.20796173004820551,17.889913222013924,12522.939255409747,false]
[null,"3.7.4.9","COMPOSIÇÃO SINAPI",92769,"SINAPI","ARMAÇÃO DE LAJE DE ESTRUTURA CONVENCIONAL DE CONCRETO ARMADO UTILIZANDO AÇO CA-50 DE 6,3 MM - MONTAGEM. AF_06/2022","KG",214.7,{"$f":"VLOOKUP(D1166&E1166,'TABELA SICRO-SINAPI-ORSE'!A:G,7,FALSE)","v":14.38},0.20796173004820551,17.370489678093197,3729.4441338866091,false]
[null,"3.7.4.10","COMPOSIÇÃO SINAPI",92771,"SINAPI","ARMAÇÃO DE LAJE DE ESTRUTURA CONVENCIONAL DE CONCRETO ARMADO UTILIZANDO AÇO CA-50 DE 10,0 MM - MONTAGEM. AF_06/2022","KG",898.9,{"$f":"VLOOKUP(D1167&E1167,'TABELA SICRO-SINAPI-ORSE'!A:G,7,FALSE)","v":12.44},0.20796173004820551,15.027043921799676,13507.809781305728,false]
[null,"3.7.4.11","COMPOSIÇÃO SINAPI",92772,"SINAPI","ARMAÇÃO DE LAJE DE ESTRUTURA CONVENCIONAL DE CONCRETO ARMADO UTILIZANDO AÇO CA-50 DE 12,5 MM - MONTAGEM. AF_06/2022","KG",75.3,{"$f":"VLOOKUP(D1168&E1168,'TABELA SICRO-SINAPI-ORSE'!A:G,7,FALSE)","v":10.52},0.20796173004820551,12.707757400107122,956.89413222806627,false]
[null,"3.7.4.12","COMPOSIÇÃO SINAPI",96557,"SINAPI","CONCRETAGEM DE BLOCOS DE COROAMENTO E VIGAS BALDRAMES, FCK 30 MPA, COM USO DE BOMBA - LANÇAMENTO, ADENSAMENTO E ACABAMENTO. AF_06/2017","M3",39.9,{"$f":"VLOOKUP(D1169&E1169,'TABELA SICRO-SINAPI-ORSE'!A:G,7,FALSE)","v":1175.51},0.20796173004820551,1419.9710932889661,56656.84662222975,false]
[null,"3.7.5","IMPERMEABILIZAÇÃO",{"$nulls":4},1,null,null,null,{"$f":"SUBTOTAL(109,L1171)","v":39292.811566844895}]
[null,"3.7.5.1","COMPOSIÇÃO SINAPI",98546,"SINAPI","IMPERMEABILIZAÇÃO DE SUPERFÍCIE COM MANTA ASFÁLTICA, UMA CAMADA, INCLUSIVE APLICAÇÃO DE PRIMER ASFÁLTICO, E=3MM. AF_06/2018","M2",186.12,{"$f":"VLOOKUP(D1171&E1171,'TABELA SICRO-SINAPI-ORSE'!A:G,7,FALSE)","v":174.77},{"$f":"$L$4","v":0.20796173004820551},{"$f":"I1171*(1+J1171)","v":211.1154715605249},{"$f":"K1171*H1171","v":39292.811566844895},{"$f":"ISTEXT(H1171)","v":false}]
[null,"3.7.6","PROJETO ELÉTRICO ",{"$nulls":4},1,null,null,null,{"$f":"SUBTOTAL(109,L1173:L1184)","v":4608.5329025213359}]
[null,"3.7.6.1","COMPOSIÇÃO SINAPI",91926,"SINAPI","CABO DE COBRE FLEXÍVEL ISOLADO, 2,5 MM², ANTI-CHAMA 450/750 V, PARA CIRCUITOS TERMINAIS - FORNECIMENTO E INSTALAÇÃO. AF_12/2015","M",90,{"$f":"VLOOKUP(D1173&E1173,'TABELA SICRO-SINAPI-ORSE'!A:G,7,FALSE)","v":4.45},{"$f":"$L$4","v":0.20796173004820551},{"$f":"I1173*(1+J1173)","v":5.3754296987145151},{"$f":"K1173*H1173","v":483.78867288430638},{"$f":"ISTEXT(H1173)","v":false}]
[null,"3.7.6.2","COMPOSIÇÃO SINAPI",91928,"SINAPI","CABO DE COBRE FLEXÍVEL ISOLADO, 4 MM², ANTI-CHAMA 450/750 V, PARA CIRCUITOS TERMINAIS - FORNECIMENTO E INSTALAÇÃO. AF_12/2015","M",78,{"$f":"VLOOKUP(D1174&E1174,'TABELA SICRO-SINAPI-ORSE'!A:G,7,FALSE)","v":6.9},0.20796173004820551,8.3349359373326184,650.12500311194424,false]
[null,"3.7.6.3","COMPOSIÇÃO SINAPI",91996,"SINAPI","TOMADA MÉDIA DE EMBUTIR (1 MÓDULO), 2P+T 10 A, INCLUINDO SUPORTE E PLACA - FORNECIMENTO E INSTALAÇÃO. AF_12/2015","UN",2,{"$f":"VLOOKUP(D1175&E1175,'TABELA SICRO-SINAPI-ORSE'!A:G,7,FALSE)","v":34.67},0.20796173004820551,41.880033180771285,83.76006636154257,false]
[null,"3.7.6.4","COMPOSIÇÃO SINAPI",97597,"SINAPI","SENSOR DE PRESENÇA COM FOTOCÉLULA, FIXAÇÃO EM TETO - FORNECIMENTO E INSTALAÇÃO. AF_02/2020","UN",3,{"$f":"VLOOKUP(D1176&E1176,'TABELA SICRO-SINAPI-ORSE'!A:G,7,FALSE)","v":69.959999999999994},0.20796173004820551,84.509002634172447,253.52700790251734,false]
[null,"3.7.6.5","COMPOSIÇÃO SINAPI",101632,"SINAPI","RELÉ FOTOELÉTRICO PARA COMANDO DE ILUMINAÇÃO EXTERNA 1000 W - FORNECIMENTO E INSTALAÇÃO. AF_08/2020","UN",1,{"$f":"VLOOKUP(D1177&E1177,'TABELA SICRO-SINAPI-ORSE'!A:G,7,FALSE)","v":37.92},0.20796173004820551,45.805908803427954,45.805908803427954,false]
[null,"3.7.6.6","COMPOSIÇÃO SINAPI",91837,"SINAPI","ELETRODUTO FLEXÍVEL CORRUGADO REFORÇADO, PVC, DN 32 MM (1\"), PARA CIRCUITOS TERMINAIS, INSTALADO EM FORRO - FORNECIMENTO E INSTALAÇÃO. AF_12/2015","M",30,{"$f":"VLOOKUP(D1178&E1178,'TABELA SICRO-SINAPI-ORSE'!A:G,7,FALSE)","v":25.71},0.20796173004820551,31.056696079539364,931.70088238618087,false]
[null,"3.7.6.7","COMPOSIÇÃO SINAPI",91835,"SINAPI","ELETRODUTO FLEXÍVEL CORRUGADO REFORÇADO, PVC, DN 25 MM (3/4\"), PARA CIRCUITOS TERMINAIS, INSTALADO EM FORRO - FORNECIMENTO E INSTALAÇÃO. AF_12/2015","M",22,{"$f":"VLOOKUP(D1179&E1179,'TABELA SICRO-SINAPI-ORSE'!A:G,7,FALSE)","v":20.309999999999999},0.20796173004820551,24.533702737279054,539.74146022013917,false]
[null,"3.7.6.8","COMPOSIÇÃO SINAPI",91940,"SINAPI","CAIXA RETANGULAR 4\" X 2\" MÉDIA (1,30 M DO PISO), PVC, INSTALADA EM PAREDE - FORNECIMENTO E INSTALAÇÃO. AF_12/2015","UN",6,{"$f":"VLOOKUP(D1180&E1180,'TABELA SICRO-SINAPI-ORSE'!A:G,7,FALSE)","v":17.38},0.20796173004820551,20.994374868237809,125.96624920942685,false]
[null,"3.7.6.9","COMPOSIÇÃO SINAPI",91936,"SINAPI","CAIXA OCTOGONAL 4\" X 4\", PVC, INSTALADA EM LAJE - FORNECIMENTO E INSTALAÇÃO. AF_12/2015","UN",9,{"$f":"VLOOKUP(D1181&E1181,'TABELA SICRO-SINAPI-ORSE'!A:G,7,FALSE)","v":17.86},0.20796173004820551,21.57419649866095,194.16776848794854,false]
[null,"3.7.6.10","INSUMO SINAPI",14055,"SINAPI","CAIXA DE PASSAGEM/ LUZ / TELEFONIA, DE EMBUTIR, EM CHAPA DE ACO GALVANIZADO, DIMENSOES 120 X 120 X *12* CM (PADRAO CONCESSIONARIA LOCAL)","UN",1,{"$f":"VLOOKUP(D1182&E1182,'TABELA SICRO-SINAPI-ORSE'!A:G,7,FALSE)","v":713.75},{"$f":"$L$5","v":0.14692012195121973},818.61423704268304,818.61423704268304,false]
[null,"3.7.6.11","INSUMO SINAPI",20111,"SINAPI","FITA ISOLANTE ADESIVA ANTICHAMA, USO ATE 750 V, EM ROLO DE 19 MM X 20 M","UN",1,{"$f":"VLOOKUP(D1183&E1183,'TABELA SICRO-SINAPI-ORSE'!A:G,7,FALSE)","v":29.5},0.14692012195121973,33.834143597560981,33.834143597560981,false]
[null,"3.7.6.12","COMPOSIÇÃO ORSE",5027,"ORSE","CAIXA DE PASSAGEM EM ALVENARIA DE TIJOLOS MACIÇOS ESP. = 0,12M,  DIM. INT. =  0.60 X 0.60 X 0.40M","UN",1,{"$f":"VLOOKUP(D1184&E1184,'TABELA SICRO-SINAPI-ORSE'!A:G,7,FALSE)","v":370.46},{"$f":"$L$4","v":0.20796173004820551},447.50150251365818,447.50150251365818,false]
[null,"3.7.7","PINTURA ",{"$nulls":4},1,null,null,null,{"$f":"SUBTOTAL(109,L1186:L1187)","v":895.86790562603096}]
[null,"3.7.7.1","COMPOSIÇÃO SINAPI",88415,"SINAPI","APLICAÇÃO MANUAL DE FUNDO SELADOR ACRÍLICO EM PAREDES EXTERNAS DE CASAS. AF_06/2014","M2",32.4,{"$f":"VLOOKUP(D1186&E1186,'TABELA SICRO-SINAPI-ORSE'!A:G,7,FALSE)","v":3.2},{"$f":"$L$4","v":0.20796173004820551},{"$f":"I1186*(1+J1186)","v":3.8654775361542577},{"$f":"K1186*H1186","v":125.24147217139794},{"$f":"ISTEXT(H1186)","v":false}]
[null,"3.7.7.2","COMPOSIÇÃO SINAPI",88423,"SINAPI","APLICAÇÃO MANUAL DE PINTURA COM TINTA TEXTURIZADA ACRÍLICA EM PAREDES EXTERNAS DE CASAS, UMA COR. AF_06/2014","M2",32.4,{"$f":"VLOOKUP(D1187&E1187,'TABELA SICRO-SINAPI-ORSE'!A:G,7,FALSE)","v":19.690000000000001},0.20796173004820551,{"$f":"I1187*(1+J1187)","v":23.784766464649167},{"$f":"K1187*H1187","v":770.626433454633},false]
[null,"3.7.8","SERVIÇOS COMPLEMENTARES ",{"$nulls":4},1,null,null,null,{"$f":"SUBTOTAL(109,L1189)","v":577.40570696304223}]
[null,"3.7.8.1","COMPOSIÇÃO ORSE",2450,"ORSE","LIMPEZA GERAL","M2",200,{"$f":"VLOOKUP(D1189&E1189,'TABELA SICRO-SINAPI-ORSE'!A:G,7,FALSE)","v":2.39},{"$f":"$L$4","v":0.20796173004820551},{"$f":"I1189*(1+J1189)","v":2.8870285348152112},{"$f":"K1189*H1189","v":577.40570696304223},{"$f":"ISTEXT(H1189)","v":false}]
[null,"3.8","BICICLETÁRIO",{"$nulls":8},{"$f":"SUBTOTAL(109,L1191:L1244)","v":122315.22283544535}]
[null,"3.8.1","SERVIÇOS PRELIMINARES ",{"$nulls":4},1,null,null,null,{"$f":"SUBTOTAL(109,L1192:L1195)","v":12081.490456407762}]
[null,"3.8.1.1","INSUMO SINAPI",4813,"SINAPI","PLACA DE OBRA (PARA CONSTRUCAO CIVIL) EM CHAPA GALVANIZADA *N. 22*, ADESIVADA, DE *2,4 X 1,2* M (SEM POSTES PARA FIXACAO)","M2",4.5,{"$f":"VLOOKUP(D1192&E1192,'TABELA SICRO-SINAPI-ORSE'!A:G,7,FALSE)","v":250},{"$f":"$L$5","v":0.14692012195121973},{"$f":"I1192*(1+J1192)","v":286.73003048780492},{"$f":"K1192*H1192","v":1290.2851371951222},{"$f":"ISTEXT(H1192)","v":false}]
[null,"3.8.1.2","COMPOSIÇÃO SINAPI",98525,"SINAPI","LIMPEZA MECANIZADA DE CAMADA VEGETAL, VEGETAÇÃO E PEQUENAS ÁRVORES (DIÂMETRO DE TRONCO MENOR QUE 0,20 M), COM TRATOR DE ESTEIRAS.AF_05/2018","M2",80,{"$f":"VLOOKUP(D1193&E1193,'TABELA SICRO-SINAPI-ORSE'!A:G,7,FALSE)","v":0.62},{"$f":"$L$4","v":0.20796173004820551},{"$f":"I1193*(1+J1193)","v":0.74893627262988738},{"$f":"K1193*H1193","v":59.914901810390987},false]
[null,"3.8.1.3","COMPOSIÇÃO SINAPI",99059,"SINAPI","LOCACAO CONVENCIONAL DE OBRA, UTILIZANDO GABARITO DE TÁBUAS CORRIDAS PONTALETADAS A CADA 2,00M -  2 UTILIZAÇÕES. AF_10/2018","M",66,{"$f":"VLOOKUP(D1194&E1194,'TABELA SICRO-SINAPI-ORSE'!A:G,7,FALSE)","v":55},0.20796173004820551,{"$f":"I1194*(1+J1194)","v":66.437895152651308},{"$f":"K1194*H1194","v":4384.9010800749866},false]
[null,"3.8.1.4","COMPOSIÇÃO SINAPI",93582,"SINAPI","EXECUÇÃO DE CENTRAL DE ARMADURA EM CANTEIRO DE OBRA, NÃO INCLUSO MOBILIÁRIO E EQUIPAMENTOS. AF_04/2016","M2",20,262.69,0.20796173004820551,{"$f":"I1195*(1+J1195)","v":317.31946686636309},{"$f":"K1195*H1195","v":6346.3893373272622},false]
[null,"3.8.2","FUNDAÇÕES ",{"$nulls":4},1,null,null,null,{"$f":"SUBTOTAL(109,L1197:L1201)","v":4553.6318320439259}]
[null,"3.8.2.1","COMPOSIÇÃO SINAPI",96523,"SINAPI","ESCAVAÇÃO MANUAL PARA BLOCO DE COROAMENTO OU SAPATA (INCLUINDO ESCAVAÇÃO PARA COLOCAÇÃO DE FÔRMAS). AF_06/2017","M3",1.1200000000000001,{"$f":"VLOOKUP(D1197&E1197,'TABELA SICRO-SINAPI-ORSE'!A:G,7,FALSE)","v":81.31},{"$f":"$L$4","v":0.20796173004820551},{"$f":"I1197*(1+J1197)","v":98.21936827021959},{"$f":"K1197*H1197","v":110.00569246264595},{"$f":"ISTEXT(H1197)","v":false}]
[null,"3.8.2.2","COMPOSIÇÃO SINAPI",96621,"SINAPI","LASTRO COM MATERIAL GRANULAR, APLICAÇÃO EM BLOCOS DE COROAMENTO, ESPESSURA DE *5 CM*. AF_08/2017","M3",0.1,{"$f":"VLOOKUP(D1198&E1198,'TABELA SICRO-SINAPI-ORSE'!A:G,7,FALSE)","v":460.69},0.20796173004820551,{"$f":"I1198*(1+J1198)","v":556.49588941590775},{"$f":"K1198*H1198","v":55.649588941590778},false]
[null,"3.8.2.3","COMPOSIÇÃO SINAPI",96529,"SINAPI","FABRICAÇÃO, MONTAGEM E DESMONTAGEM DE FÔRMA PARA SAPATA, EM MADEIRA SERRADA, E=25 MM, 1 UTILIZAÇÃO. AF_06/2017","M2",5,{"$f":"VLOOKUP(D1199&E1199,'TABELA SICRO-SINAPI-ORSE'!A:G,7,FALSE)","v":271.60000000000002},0.20796173004820551,{"$f":"I1199*(1+J1199)","v":328.08240588109265},{"$f":"K1199*H1199","v":1640.4120294054633},false]
[null,"3.8.2.4","COMPOSIÇÃO SINAPI",96545,"SINAPI","ARMAÇÃO DE BLOCO, VIGA BALDRAME OU SAPATA UTILIZANDO AÇO CA-50 DE 8 MM - MONTAGEM. AF_06/2017","KG",39.700000000000003,{"$f":"VLOOKUP(D1200&E1200,'TABELA SICRO-SINAPI-ORSE'!A:G,7,FALSE)","v":17.440000000000001},0.20796173004820551,{"$f":"I1200*(1+J1200)","v":21.066852572040705},{"$f":"K1200*H1200","v":836.35404711001604},false]
[null,"3.8.2.5","COMPOSIÇÃO SINAPI",96558,"SINAPI","CONCRETAGEM DE SAPATAS, FCK 30 MPA, COM USO DE BOMBA - LANÇAMENTO, ADENSAMENTO E ACABAMENTO. AF_11/2016","M3",1.3,{"$f":"VLOOKUP(D1201&E1201,'TABELA SICRO-SINAPI-ORSE'!A:G,7,FALSE)","v":1217.06},0.20796173004820551,{"$f":"I1201*(1+J1201)","v":1470.161903172469},{"$f":"K1201*H1201","v":1911.2104741242097},false]
[null,"3.8.3","SUPRAESTRUTURA",{"$nulls":4},1,null,null,null,{"$f":"SUBTOTAL(109,L1203:L1209)","v":10351.94694754483}]
[null,"3.8.3.1","COMPOSIÇÃO SINAPI",96523,"SINAPI","ESCAVAÇÃO MANUAL PARA BLOCO DE COROAMENTO OU SAPATA (INCLUINDO ESCAVAÇÃO PARA COLOCAÇÃO DE FÔRMAS). AF_06/2017","M3",1.2,{"$f":"VLOOKUP(D1203&E1203,'TABELA SICRO-SINAPI-ORSE'!A:G,7,FALSE)","v":81.31},{"$f":"$L$4","v":0.20796173004820551},{"$f":"I1203*(1+J1203)","v":98.21936827021959},{"$f":"K1203*H1203","v":117.86324192426351},{"$f":"ISTEXT(H1203)","v":false}]
[null,"3.8.3.2","COMPOSIÇÃO SINAPI",96621,"SINAPI","LASTRO COM MATERIAL GRANULAR, APLICAÇÃO EM BLOCOS DE COROAMENTO, ESPESSURA DE *5 CM*. AF_08/2017","M3",0.2,{"$f":"VLOOKUP(D1204&E1204,'TABELA SICRO-SINAPI-ORSE'!A:G,7,FALSE)","v":460.69},0.20796173004820551,556.49588941590775,111.29917788318156,false]
[null,"3.8.3.3","COMPOSIÇÃO SINAPI",96536,"SINAPI","FABRICAÇÃO, MONTAGEM E DESMONTAGEM DE FÔRMA PARA VIGA BALDRAME, EM MADEIRA SERRADA, E=25 MM, 4 UTILIZAÇÕES. AF_06/2017","M2",25.8,{"$f":"VLOOKUP(D1205&E1205,'TABELA SICRO-SINAPI-ORSE'!A:G,7,FALSE)","v":67.08},0.20796173004820551,81.030072851633619,2090.5758795721476,false]
[null,"3.8.3.4","COMPOSIÇÃO SINAPI",96545,"SINAPI","ARMAÇÃO DE BLOCO, VIGA BALDRAME OU SAPATA UTILIZANDO AÇO CA-50 DE 8 MM - MONTAGEM. AF_06/2017","KG",197.6,{"$f":"VLOOKUP(D1206&E1206,'TABELA SICRO-SINAPI-ORSE'!A:G,7,FALSE)","v":17.440000000000001},0.20796173004820551,21.066852572040705,4162.8100682352433,false]
[null,"3.8.3.5","COMPOSIÇÃO SINAPI",96546,"SINAPI","ARMAÇÃO DE BLOCO, VIGA BALDRAME OU SAPATA UTILIZANDO AÇO CA-50 DE 10 MM - MONTAGEM. AF_06/2017","KG",17.7,{"$f":"VLOOKUP(D1207&E1207,'TABELA SICRO-SINAPI-ORSE'!A:G,7,FALSE)","v":15.45},0.20796173004820551,18.663008729244773,330.33525450763244,false]
[null,"3.8.3.6","COMPOSIÇÃO SINAPI",96543,"SINAPI","ARMAÇÃO DE BLOCO, VIGA BALDRAME E SAPATA UTILIZANDO AÇO CA-60 DE 5 MM - MONTAGEM. AF_06/2017","KG",34.200000000000003,{"$f":"VLOOKUP(D1208&E1208,'TABELA SICRO-SINAPI-ORSE'!A:G,7,FALSE)","v":20.36},0.20796173004820551,24.594100823781464,841.11824817332615,false]
[null,"3.8.3.7","COMPOSIÇÃO SINAPI",96557,"SINAPI","CONCRETAGEM DE BLOCOS DE COROAMENTO E VIGAS BALDRAMES, FCK 30 MPA, COM USO DE BOMBA - LANÇAMENTO, ADENSAMENTO E ACABAMENTO. AF_06/2017","M3",1.9,{"$f":"VLOOKUP(D1209&E1209,'TABELA SICRO-SINAPI-ORSE'!A:G,7,FALSE)","v":1175.51},0.20796173004820551,1419.9710932889661,2697.9450772490354,false]
[null,"3.8.4","INFRAESTRUTURA",{"$nulls":4},1,null,null,null,{"$f":"SUBTOTAL(109,L1211:L1221)","v":75089.716898589191}]
[null,"3.8.4.1","COMPOSIÇÃO SINAPI",92409,"SINAPI","MONTAGEM E DESMONTAGEM DE FÔRMA DE PILARES RETANGULARES E ESTRUTURAS SIMILARES, PÉ-DIREITO SIMPLES, EM MADEIRA SERRADA, 1 UTILIZAÇÃO. AF_09/2020","M2",24.6,{"$f":"VLOOKUP(D1211&E1211,'TABELA SICRO-SINAPI-ORSE'!A:G,7,FALSE)","v":241.28},{"$f":"$L$4","v":0.20796173004820551},{"$f":"I1211*(1+J1211)","v":291.45700622603101},{"$f":"K1211*H1211","v":7169.842353160363},{"$f":"ISTEXT(H1211)","v":false}]
[null,"3.8.4.2","COMPOSIÇÃO SINAPI",92761,"SINAPI","ARMAÇÃO DE PILAR OU VIGA DE ESTRUTURA CONVENCIONAL DE CONCRETO ARMADO UTILIZANDO AÇO CA-50 DE 8,0 MM - MONTAGEM. AF_06/2022","KG",98.8,{"$f":"VLOOKUP(D1212&E1212,'TABELA SICRO-SINAPI-ORSE'!A:G,7,FALSE)","v":14.23},0.20796173004820551,17.189295418585964,1698.3023873562931,false]
[null,"3.8.4.3","COMPOSIÇÃO SINAPI",92762,"SINAPI","ARMAÇÃO DE PILAR OU VIGA DE ESTRUTURA CONVENCIONAL DE CONCRETO ARMADO UTILIZANDO AÇO CA-50 DE 10,0 MM - MONTAGEM. AF_06/2022","KG",101.7,{"$f":"VLOOKUP(D1213&E1213,'TABELA SICRO-SINAPI-ORSE'!A:G,7,FALSE)","v":12.85},0.20796173004820551,15.522308231119441,1578.6187471048472,false]
[null,"3.8.4.4","COMPOSIÇÃO SINAPI",92759,"SINAPI","ARMAÇÃO DE PILAR OU VIGA DE ESTRUTURA CONVENCIONAL DE CONCRETO ARMADO UTILIZANDO AÇO CA-60 DE 5,0 MM - MONTAGEM. AF_06/2022","KG",75.5,{"$f":"VLOOKUP(D1214&E1214,'TABELA SICRO-SINAPI-ORSE'!A:G,7,FALSE)","v":15.25},0.20796173004820551,18.421416383235133,1390.8169369342525,false]
[null,"3.8.4.5","COMPOSIÇÃO SINAPI",92446,"SINAPI","MONTAGEM E DESMONTAGEM DE FÔRMA DE VIGA, ESCORAMENTO COM PONTALETE DE MADEIRA, PÉ-DIREITO SIMPLES, EM MADEIRA SERRADA, 1 UTILIZAÇÃO. AF_09/2020","M2",24.2,{"$f":"VLOOKUP(D1215&E1215,'TABELA SICRO-SINAPI-ORSE'!A:G,7,FALSE)","v":239.04},0.20796173004820551,288.75117195072306,6987.7783612074982,false]
[null,"3.8.4.6","COMPOSIÇÃO SINAPI",92482,"SINAPI","MONTAGEM E DESMONTAGEM DE FÔRMA DE LAJE MACIÇA, PÉ-DIREITO SIMPLES, EM MADEIRA SERRADA, 1 UTILIZAÇÃO. AF_09/2020","M2",64.099999999999994,{"$f":"VLOOKUP(D1216&E1216,'TABELA SICRO-SINAPI-ORSE'!A:G,7,FALSE)","v":249.14},0.20796173004820551,300.9515854242099,19290.996625691852,false]
[null,"3.8.4.7","COMPOSIÇÃO SINAPI",92768,"SINAPI","ARMAÇÃO DE LAJE DE ESTRUTURA CONVENCIONAL DE CONCRETO ARMADO UTILIZANDO AÇO CA-60 DE 5,0 MM - MONTAGEM. AF_06/2022","KG",160.5,{"$f":"VLOOKUP(D1217&E1217,'TABELA SICRO-SINAPI-ORSE'!A:G,7,FALSE)","v":14.81},0.20796173004820551,17.889913222013924,2871.3310721332346,false]
[null,"3.8.4.8","COMPOSIÇÃO SINAPI",92769,"SINAPI","ARMAÇÃO DE LAJE DE ESTRUTURA CONVENCIONAL DE CONCRETO ARMADO UTILIZANDO AÇO CA-50 DE 6,3 MM - MONTAGEM. AF_06/2022","KG",201.1,{"$f":"VLOOKUP(D1218&E1218,'TABELA SICRO-SINAPI-ORSE'!A:G,7,FALSE)","v":14.38},0.20796173004820551,17.370489678093197,3493.2054742645419,false]
[null,"3.8.4.9","COMPOSIÇÃO SINAPI",92770,"SINAPI","ARMAÇÃO DE LAJE DE ESTRUTURA CONVENCIONAL DE CONCRETO ARMADO UTILIZANDO AÇO CA-50 DE 8,0 MM - MONTAGEM. AF_06/2022","KG",28.4,{"$f":"VLOOKUP(D1219&E1219,'TABELA SICRO-SINAPI-ORSE'!A:G,7,FALSE)","v":13.8},0.20796173004820551,16.669871874665237,473.42436124049271,false]
[null,"3.8.4.10","COMPOSIÇÃO SINAPI",92771,"SINAPI","ARMAÇÃO DE LAJE DE ESTRUTURA CONVENCIONAL DE CONCRETO ARMADO UTILIZANDO AÇO CA-50 DE 10,0 MM - MONTAGEM. AF_06/2022","KG",512.4,{"$f":"VLOOKUP(D1220&E1220,'TABELA SICRO-SINAPI-ORSE'!A:G,7,FALSE)","v":12.44},0.20796173004820551,15.027043921799676,7699.8573055301531,false]
[null,"3.8.4.11","COMPOSIÇÃO SINAPI",96557,"SINAPI","CONCRETAGEM DE BLOCOS DE COROAMENTO E VIGAS BALDRAMES, FCK 30 MPA, COM USO DE BOMBA - LANÇAMENTO, ADENSAMENTO E ACABAMENTO. AF_06/2017","M3",15.8,{"$f":"VLOOKUP(D1221&E1221,'TABELA SICRO-SINAPI-ORSE'!A:G,7,FALSE)","v":1175.51},0.20796173004820551,1419.9710932889661,22435.543273965664,false]
[null,"3.8.5","IMPERMEABILIZAÇÃO",{"$nulls":4},1,null,null,null,{"$f":"SUBTOTAL(109,L1223)","v":13532.501727029645}]
[null,"3.8.5.1","COMPOSIÇÃO SINAPI",98546,"SINAPI","IMPERMEABILIZAÇÃO DE SUPERFÍCIE COM MANTA ASFÁLTICA, UMA CAMADA, INCLUSIVE APLICAÇÃO DE PRIMER ASFÁLTICO, E=3MM. AF_06/2018","M2",64.099999999999994,{"$f":"VLOOKUP(D1223&E1223,'TABELA SICRO-SINAPI-ORSE'!A:G,7,FALSE)","v":174.77},{"$f":"$L$4","v":0.20796173004820551},{"$f":"I1223*(1+J1223)","v":211.1154715605249},{"$f":"K1223*H1223","v":13532.501727029645},{"$f":"ISTEXT(H1223)","v":false}]
[null,"3.8.6","PROJETO ELÉTRICO ",{"$nulls":4},1,null,null,null,{"$f":"SUBTOTAL(109,L1225:L1236)","v":4608.5329025213359}]
[null,"3.8.6.1","COMPOSIÇÃO SINAPI",91926,"SINAPI","CABO DE COBRE FLEXÍVEL ISOLADO, 2,5 MM², ANTI-CHAMA 450/750 V, PARA CIRCUITOS TERMINAIS - FORNECIMENTO E INSTALAÇÃO. AF_12/2015","M",90,{"$f":"VLOOKUP(D1225&E1225,'TABELA SICRO-SINAPI-ORSE'!A:G,7,FALSE)","v":4.45},{"$f":"$L$4","v":0.20796173004820551},{"$f":"I1225*(1+J1225)","v":5.3754296987145151},{"$f":"K1225*H1225","v":483.78867288430638},{"$f":"ISTEXT(H1225)","v":false}]
[null,"3.8.6.2","COMPOSIÇÃO SINAPI",91928,"SINAPI","CABO DE COBRE FLEXÍVEL ISOLADO, 4 MM², ANTI-CHAMA 450/750 V, PARA CIRCUITOS TERMINAIS - FORNECIMENTO E INSTALAÇÃO. AF_12/2015","M",78,{"$f":"VLOOKUP(D1226&E1226,'TABELA SICRO-SINAPI-ORSE'!A:G,7,FALSE)","v":6.9},0.20796173004820551,8.3349359373326184,650.12500311194424,false]
[null,"3.8.6.3","COMPOSIÇÃO SINAPI",91996,"SINAPI","TOMADA MÉDIA DE EMBUTIR (1 MÓDULO), 2P+T 10 A, INCLUINDO SUPORTE E PLACA - FORNECIMENTO E INSTALAÇÃO. AF_12/2015","UN",2,{"$f":"VLOOKUP(D1227&E1227,'TABELA SICRO-SINAPI-ORSE'!A:G,7,FALSE)","v":34.67},0.20796173004820551,41.880033180771285,83.76006636154257,false]
[null,"3.8.6.4","COMPOSIÇÃO SINAPI",97597,"SINAPI","SENSOR DE PRESENÇA COM FOTOCÉLULA, FIXAÇÃO EM TETO - FORNECIMENTO E INSTALAÇÃO. AF_02/2020","UN",3,{"$f":"VLOOKUP(D1228&E1228,'TABELA SICRO-SINAPI-ORSE'!A:G,7,FALSE)","v":69.959999999999994},0.20796173004820551,84.509002634172447,253.52700790251734,false]
[null,"3.8.6.5","COMPOSIÇÃO SINAPI",101632,"SINAPI","RELÉ FOTOELÉTRICO PARA COMANDO DE ILUMINAÇÃO EXTERNA 1000 W - FORNECIMENTO E INSTALAÇÃO. AF_08/2020","UN",1,{"$f":"VLOOKUP(D1229&E1229,'TABELA SICRO-SINAPI-ORSE'!A:G,7,FALSE)","v":37.92},0.20796173004820551,45.805908803427954,45.805908803427954,false]
[null,"3.8.6.6","COMPOSIÇÃO SINAPI",91837,"SINAPI","ELETRODUTO FLEXÍVEL CORRUGADO REFORÇADO, PVC, DN 32 MM (1\"), PARA CIRCUITOS TERMINAIS, INSTALADO EM FORRO - FORNECIMENTO E INSTALAÇÃO. AF_12/2015","M",30,{"$f":"VLOOKUP(D1230&E1230,'TABELA SICRO-SINAPI-ORSE'!A:G,7,FALSE)","v":25.71},0.20796173004820551,31.056696079539364,931.70088238618087,false]
[null,"3.8.6.7","COMPOSIÇÃO SINAPI",91835,"SINAPI","ELETRODUTO FLEXÍVEL CORRUGADO REFORÇADO, PVC, DN 25 MM (3/4\"), PARA CIRCUITOS TERMINAIS, INSTALADO EM FORRO - FORNECIMENTO E INSTALAÇÃO. AF_12/2015","M",22,{"$f":"VLOOKUP(D1231&E1231,'TABELA SICRO-SINAPI-ORSE'!A:G,7,FALSE)","v":20.309999999999999},0.20796173004820551,24.533702737279054,539.74146022013917,false]
[null,"3.8.6.8","COMPOSIÇÃO SINAPI",91940,"SINAPI","CAIXA RETANGULAR 4\" X 2\" MÉDIA (1,30 M DO PISO), PVC, INSTALADA EM PAREDE - FORNECIMENTO E INSTALAÇÃO. AF_12/2015","UN",6,{"$f":"VLOOKUP(D1232&E1232,'TABELA SICRO-SINAPI-ORSE'!A:G,7,FALSE)","v":17.38},0.20796173004820551,20.994374868237809,125.96624920942685,false]
[null,"3.8.6.9","COMPOSIÇÃO SINAPI",91936,"SINAPI","CAIXA OCTOGONAL 4\" X 4\", PVC, INSTALADA EM LAJE - FORNECIMENTO E INSTALAÇÃO. AF_12/2015","UN",9,{"$f":"VLOOKUP(D1233&E1233,'TABELA SICRO-SINAPI-ORSE'!A:G,7,FALSE)","v":17.86},0.20796173004820551,21.57419649866095,194.16776848794854,false]
[null,"3.8.6.10","INSUMO SINAPI",14055,"SINAPI","CAIXA DE PASSAGEM/ LUZ / TELEFONIA, DE EMBUTIR, EM CHAPA DE ACO GALVANIZADO, DIMENSOES 120 X 120 X *12* CM (PADRAO CONCESSIONARIA LOCAL)","UN",1,{"$f":"VLOOKUP(D1234&E1234,'TABELA SICRO-SINAPI-ORSE'!A:G,7,FALSE)","v":713.75},{"$f":"$L$5","v":0.14692012195121973},818.61423704268304,818.61423704268304,false]
[null,"3.8.6.11","INSUMO SINAPI",20111,"SINAPI","FITA ISOLANTE ADESIVA ANTICHAMA, USO ATE 750 V, EM ROLO DE 19 MM X 20 M","UN",1,{"$f":"VLOOKUP(D1235&E1235,'TABELA SICRO-SINAPI-ORSE'!A:G,7,FALSE)","v":29.5},0.14692012195121973,33.834143597560981,33.834143597560981,false]
[null,"3.8.6.12","COMPOSIÇÃO ORSE",5027,"ORSE","CAIXA DE PASSAGEM EM ALVENARIA DE TIJOLOS MACIÇOS ESP. = 0,12M,  DIM. INT. =  0.60 X 0.60 X 0.40M","UN",1,{"$f":"VLOOKUP(D1236&E1236,'TABELA SICRO-SINAPI-ORSE'!A:G,7,FALSE)","v":370.46},{"$f":"$L$4","v":0.20796173004820551},447.50150251365818,447.50150251365818,false]
[null,"3.8.7","PINTURA ",{"$nulls":4},1,null,null,null,{"$f":"SUBTOTAL(109,L1238:L1239)","v":539.17975801566683}]
[null,"3.8.7.1","COMPOSIÇÃO SINAPI",88415,"SINAPI","APLICAÇÃO MANUAL DE FUNDO SELADOR ACRÍLICO EM PAREDES EXTERNAS DE CASAS. AF_06/2014","M2",19.5,{"$f":"VLOOKUP(D1238&E1238,'TABELA SICRO-SINAPI-ORSE'!A:G,7,FALSE)","v":3.2},{"$f":"$L$4","v":0.20796173004820551},{"$f":"I1238*(1+J1238)","v":3.8654775361542577},{"$f":"K1238*H1238","v":75.376811955008023},{"$f":"ISTEXT(H1238)","v":false}]
[null,"3.8.7.2","COMPOSIÇÃO SINAPI",88423,"SINAPI","APLICAÇÃO MANUAL DE PINTURA COM TINTA TEXTURIZADA ACRÍLICA EM PAREDES EXTERNAS DE CASAS, UMA COR. AF_06/2014","M2",19.5,{"$f":"VLOOKUP(D1239&E1239,'TABELA SICRO-SINAPI-ORSE'!A:G,7,FALSE)","v":19.690000000000001},0.20796173004820551,{"$f":"I1239*(1+J1239)","v":23.784766464649167},{"$f":"K1239*H1239","v":463.80294606065877},false]
[null,"3.8.8","MOBOBILIÁRIO ",{"$nulls":4},1,null,null,null,{"$f":"SUBTOTAL(109,L1241:L1242)","v":1327.2600305077663}]
[null,"3.8.8.1","COMPOSIÇÃO ORSE",2409,"ORSE","BANCO DE CONCRETO COM ENCOSTO LARGURA = 30CM","UN",4,{"$f":"VLOOKUP(D1241&E1241,'TABELA SICRO-SINAPI-ORSE'!A:G,7,FALSE)","v":175},{"$f":"$L$4","v":0.20796173004820551},{"$f":"I1241*(1+J1241)","v":211.39330275843596},{"$f":"K1241*H1241","v":845.57321103374386},{"$f":"ISTEXT(H1241)","v":false}]
[null,"3.8.8.2","COMPOSIÇÃO ORSE",9367,"ORSE","CONJUNTO COM 03 LIXEIRAS EM FIBRA DE VIDRO, COM CAPACIDADE 20L CADA, COM TAMPA VAI E VEM","UN",1,{"$f":"VLOOKUP(D1242&E1242,'TABELA SICRO-SINAPI-ORSE'!A:G,7,FALSE)","v":398.76},0.20796173004820551,{"$f":"I1242*(1+J1242)","v":481.6868194740224},{"$f":"K1242*H1242","v":481.6868194740224},false]
[null,"3.8.9","SERVIÇOS COMPLEMENTARES ",{"$nulls":4},1,null,null,null,{"$f":"SUBTOTAL(109,L1244)","v":230.9622827852169}]
[null,"3.8.9.1","COMPOSIÇÃO ORSE",2450,"ORSE","LIMPEZA GERAL","M2",80,{"$f":"VLOOKUP(D1244&E1244,'TABELA SICRO-SINAPI-ORSE'!A:G,7,FALSE)","v":2.39},{"$f":"$L$4","v":0.20796173004820551},{"$f":"I1244*(1+J1244)","v":2.8870285348152112},{"$f":"K1244*H1244","v":230.9622827852169},{"$f":"ISTEXT(H1244)","v":false}]
[null,"3.9","PARADA DE ÔNIBUS",{"$nulls":8},{"$f":"SUBTOTAL(109,L1246:L1299)","v":209240.05507108785}]
[null,"3.9.1","SERVIÇOS PRELIMINARES ",{"$nulls":4},1,null,null,null,{"$f":"SUBTOTAL(109,L1247:L1250)","v":15044.680978302513}]
[null,"3.9.1.1","INSUMO SINAPI",4813,"SINAPI","PLACA DE OBRA (PARA CONSTRUCAO CIVIL) EM CHAPA GALVANIZADA *N. 22*, ADESIVADA, DE *2,4 X 1,2* M (SEM POSTES PARA FIXACAO)","M2",4.5,{"$f":"VLOOKUP(D1247&E1247,'TABELA SICRO-SINAPI-ORSE'!A:G,7,FALSE)","v":250},{"$f":"$L$5","v":0.14692012195121973},{"$f":"I1247*(1+J1247)","v":286.73003048780492},{"$f":"K1247*H1247","v":1290.2851371951222},{"$f":"ISTEXT(H1247)","v":false}]
[null,"3.9.1.2","COMPOSIÇÃO SINAPI",98525,"SINAPI","LIMPEZA MECANIZADA DE CAMADA VEGETAL, VEGETAÇÃO E PEQUENAS ÁRVORES (DIÂMETRO DE TRONCO MENOR QUE 0,20 M), COM TRATOR DE ESTEIRAS.AF_05/2018","M2",120,{"$f":"VLOOKUP(D1248&E1248,'TABELA SICRO-SINAPI-ORSE'!A:G,7,FALSE)","v":0.62},{"$f":"$L$4","v":0.20796173004820551},{"$f":"I1248*(1+J1248)","v":0.74893627262988738},{"$f":"K1248*H1248","v":89.872352715586487},false]
[null,"3.9.1.3","COMPOSIÇÃO SINAPI",99059,"SINAPI","LOCACAO CONVENCIONAL DE OBRA, UTILIZANDO GABARITO DE TÁBUAS CORRIDAS PONTALETADAS A CADA 2,00M -  2 UTILIZAÇÕES. AF_10/2018","M",110.15,{"$f":"VLOOKUP(D1249&E1249,'TABELA SICRO-SINAPI-ORSE'!A:G,7,FALSE)","v":55},0.20796173004820551,{"$f":"I1249*(1+J1249)","v":66.437895152651308},{"$f":"K1249*H1249","v":7318.1341510645416},false]
[null,"3.9.1.4","COMPOSIÇÃO SINAPI",93582,"SINAPI","EXECUÇÃO DE CENTRAL DE ARMADURA EM CANTEIRO DE OBRA, NÃO INCLUSO MOBILIÁRIO E EQUIPAMENTOS. AF_04/2016","M2",20,262.69,0.20796173004820551,{"$f":"I1250*(1+J1250)","v":317.31946686636309},{"$f":"K1250*H1250","v":6346.3893373272622},false]
[null,"3.9.2","FUNDAÇÕES ",{"$nulls":4},1,null,null,null,{"$f":"SUBTOTAL(109,L1252:L1256)","v":8052.6296036002213}]
[null,"3.9.2.1","COMPOSIÇÃO SINAPI",96523,"SINAPI","ESCAVAÇÃO MANUAL PARA BLOCO DE COROAMENTO OU SAPATA (INCLUINDO ESCAVAÇÃO PARA COLOCAÇÃO DE FÔRMAS). AF_06/2017","M3",1.73,{"$f":"VLOOKUP(D1252&E1252,'TABELA SICRO-SINAPI-ORSE'!A:G,7,FALSE)","v":81.31},{"$f":"$L$4","v":0.20796173004820551},{"$f":"I1252*(1+J1252)","v":98.21936827021959},{"$f":"K1252*H1252","v":169.91950710747989},{"$f":"ISTEXT(H1252)","v":false}]
[null,"3.9.2.2","COMPOSIÇÃO SINAPI",96621,"SINAPI","LASTRO COM MATERIAL GRANULAR, APLICAÇÃO EM BLOCOS DE COROAMENTO, ESPESSURA DE *5 CM*. AF_08/2017","M3",0.1,{"$f":"VLOOKUP(D1253&E1253,'TABELA SICRO-SINAPI-ORSE'!A:G,7,FALSE)","v":460.69},0.20796173004820551,{"$f":"I1253*(1+J1253)","v":556.49588941590775},{"$f":"K1253*H1253","v":55.649588941590778},false]
[null,"3.9.2.3","COMPOSIÇÃO SINAPI",96529,"SINAPI","FABRICAÇÃO, MONTAGEM E DESMONTAGEM DE FÔRMA PARA SAPATA, EM MADEIRA SERRADA, E=25 MM, 1 UTILIZAÇÃO. AF_06/2017","M2",10.4,{"$f":"VLOOKUP(D1254&E1254,'TABELA SICRO-SINAPI-ORSE'!A:G,7,FALSE)","v":271.60000000000002},0.20796173004820551,{"$f":"I1254*(1+J1254)","v":328.08240588109265},{"$f":"K1254*H1254","v":3412.0570211633635},false]
[null,"3.9.2.4","COMPOSIÇÃO SINAPI",96545,"SINAPI","ARMAÇÃO DE BLOCO, VIGA BALDRAME OU SAPATA UTILIZANDO AÇO CA-50 DE 8 MM - MONTAGEM. AF_06/2017","KG",70,{"$f":"VLOOKUP(D1255&E1255,'TABELA SICRO-SINAPI-ORSE'!A:G,7,FALSE)","v":17.440000000000001},0.20796173004820551,{"$f":"I1255*(1+J1255)","v":21.066852572040705},{"$f":"K1255*H1255","v":1474.6796800428494},false]
[null,"3.9.2.5","COMPOSIÇÃO SINAPI",96558,"SINAPI","CONCRETAGEM DE SAPATAS, FCK 30 MPA, COM USO DE BOMBA - LANÇAMENTO, ADENSAMENTO E ACABAMENTO. AF_11/2016","M3",2,{"$f":"VLOOKUP(D1256&E1256,'TABELA SICRO-SINAPI-ORSE'!A:G,7,FALSE)","v":1217.06},0.20796173004820551,{"$f":"I1256*(1+J1256)","v":1470.161903172469},{"$f":"K1256*H1256","v":2940.323806344938},false]
[null,"3.9.3","INFRAESTRUTURA",{"$nulls":4},1,null,null,null,{"$f":"SUBTOTAL(109,L1258:L1268)","v":133455.10579976087}]
[null,"3.9.3.1","COMPOSIÇÃO SINAPI",92409,"SINAPI","MONTAGEM E DESMONTAGEM DE FÔRMA DE PILARES RETANGULARES E ESTRUTURAS SIMILARES, PÉ-DIREITO SIMPLES, EM MADEIRA SERRADA, 1 UTILIZAÇÃO. AF_09/2020","M2",52.5,{"$f":"VLOOKUP(D1258&E1258,'TABELA SICRO-SINAPI-ORSE'!A:G,7,FALSE)","v":241.28},{"$f":"$L$4","v":0.20796173004820551},{"$f":"I1258*(1+J1258)","v":291.45700622603101},{"$f":"K1258*H1258","v":15301.492826866628},{"$f":"ISTEXT(H1258)","v":false}]
[null,"3.9.3.2","COMPOSIÇÃO SINAPI",92761,"SINAPI","ARMAÇÃO DE PILAR OU VIGA DE ESTRUTURA CONVENCIONAL DE CONCRETO ARMADO UTILIZANDO AÇO CA-50 DE 8,0 MM - MONTAGEM. AF_06/2022","KG",169.5,{"$f":"VLOOKUP(D1259&E1259,'TABELA SICRO-SINAPI-ORSE'!A:G,7,FALSE)","v":14.23},0.20796173004820551,17.189295418585964,2913.5855734503207,false]
[null,"3.9.3.3","COMPOSIÇÃO SINAPI",92762,"SINAPI","ARMAÇÃO DE PILAR OU VIGA DE ESTRUTURA CONVENCIONAL DE CONCRETO ARMADO UTILIZANDO AÇO CA-50 DE 10,0 MM - MONTAGEM. AF_06/2022","KG",211.7,{"$f":"VLOOKUP(D1260&E1260,'TABELA SICRO-SINAPI-ORSE'!A:G,7,FALSE)","v":12.85},0.20796173004820551,15.522308231119441,3286.0726525279856,false]
[null,"3.9.3.4","COMPOSIÇÃO SINAPI",92759,"SINAPI","ARMAÇÃO DE PILAR OU VIGA DE ESTRUTURA CONVENCIONAL DE CONCRETO ARMADO UTILIZANDO AÇO CA-60 DE 5,0 MM - MONTAGEM. AF_06/2022","KG",155.80000000000001,{"$f":"VLOOKUP(D1261&E1261,'TABELA SICRO-SINAPI-ORSE'!A:G,7,FALSE)","v":15.25},0.20796173004820551,18.421416383235133,2870.0566725080339,false]
[null,"3.9.3.5","COMPOSIÇÃO SINAPI",92446,"SINAPI","MONTAGEM E DESMONTAGEM DE FÔRMA DE VIGA, ESCORAMENTO COM PONTALETE DE MADEIRA, PÉ-DIREITO SIMPLES, EM MADEIRA SERRADA, 1 UTILIZAÇÃO. AF_09/2020","M2",44.4,{"$f":"VLOOKUP(D1262&E1262,'TABELA SICRO-SINAPI-ORSE'!A:G,7,FALSE)","v":239.04},0.20796173004820551,288.75117195072306,12820.552034612103,false]
[null,"3.9.3.6","COMPOSIÇÃO SINAPI",92482,"SINAPI","MONTAGEM E DESMONTAGEM DE FÔRMA DE LAJE MACIÇA, PÉ-DIREITO SIMPLES, EM MADEIRA SERRADA, 1 UTILIZAÇÃO. AF_09/2020","M2",110.8,{"$f":"VLOOKUP(D1263&E1263,'TABELA SICRO-SINAPI-ORSE'!A:G,7,FALSE)","v":249.14},0.20796173004820551,300.9515854242099,33345.435665002457,false]
[null,"3.9.3.7","COMPOSIÇÃO SINAPI",92768,"SINAPI","ARMAÇÃO DE LAJE DE ESTRUTURA CONVENCIONAL DE CONCRETO ARMADO UTILIZANDO AÇO CA-60 DE 5,0 MM - MONTAGEM. AF_06/2022","KG",224.1,{"$f":"VLOOKUP(D1264&E1264,'TABELA SICRO-SINAPI-ORSE'!A:G,7,FALSE)","v":14.81},0.20796173004820551,17.889913222013924,4009.1295530533203,false]
[null,"3.9.3.8","COMPOSIÇÃO SINAPI",92769,"SINAPI","ARMAÇÃO DE LAJE DE ESTRUTURA CONVENCIONAL DE CONCRETO ARMADO UTILIZANDO AÇO CA-50 DE 6,3 MM - MONTAGEM. AF_06/2022","KG",327.3,{"$f":"VLOOKUP(D1265&E1265,'TABELA SICRO-SINAPI-ORSE'!A:G,7,FALSE)","v":14.38},0.20796173004820551,17.370489678093197,5685.3612716399039,false]
[null,"3.9.3.9","COMPOSIÇÃO SINAPI",92770,"SINAPI","ARMAÇÃO DE LAJE DE ESTRUTURA CONVENCIONAL DE CONCRETO ARMADO UTILIZANDO AÇO CA-50 DE 8,0 MM - MONTAGEM. AF_06/2022","KG",43,{"$f":"VLOOKUP(D1266&E1266,'TABELA SICRO-SINAPI-ORSE'!A:G,7,FALSE)","v":13.8},0.20796173004820551,16.669871874665237,716.80449061060517,false]
[null,"3.9.3.10","COMPOSIÇÃO SINAPI",92771,"SINAPI","ARMAÇÃO DE LAJE DE ESTRUTURA CONVENCIONAL DE CONCRETO ARMADO UTILIZANDO AÇO CA-50 DE 10,0 MM - MONTAGEM. AF_06/2022","KG",829.4,{"$f":"VLOOKUP(D1267&E1267,'TABELA SICRO-SINAPI-ORSE'!A:G,7,FALSE)","v":12.44},0.20796173004820551,15.027043921799676,12463.43022874065,false]
[null,"3.9.3.11","COMPOSIÇÃO SINAPI",96557,"SINAPI","CONCRETAGEM DE BLOCOS DE COROAMENTO E VIGAS BALDRAMES, FCK 30 MPA, COM USO DE BOMBA - LANÇAMENTO, ADENSAMENTO E ACABAMENTO. AF_06/2017","M3",28.2,{"$f":"VLOOKUP(D1268&E1268,'TABELA SICRO-SINAPI-ORSE'!A:G,7,FALSE)","v":1175.51},0.20796173004820551,1419.9710932889661,40043.184830748847,false]
[null,"3.9.4","SUPRAESTRUTURA",{"$nulls":4},1,null,null,null,{"$f":"SUBTOTAL(109,L1270:L1276)","v":7939.2650527510032}]
[null,"3.9.4.1","COMPOSIÇÃO SINAPI",96523,"SINAPI","ESCAVAÇÃO MANUAL PARA BLOCO DE COROAMENTO OU SAPATA (INCLUINDO ESCAVAÇÃO PARA COLOCAÇÃO DE FÔRMAS). AF_06/2017","M3",1,{"$f":"VLOOKUP(D1270&E1270,'TABELA SICRO-SINAPI-ORSE'!A:G,7,FALSE)","v":81.31},{"$f":"$L$4","v":0.20796173004820551},{"$f":"I1270*(1+J1270)","v":98.21936827021959},{"$f":"K1270*H1270","v":98.21936827021959},{"$f":"ISTEXT(H1270)","v":false}]
[null,"3.9.4.2","COMPOSIÇÃO SINAPI",96621,"SINAPI","LASTRO COM MATERIAL GRANULAR, APLICAÇÃO EM BLOCOS DE COROAMENTO, ESPESSURA DE *5 CM*. AF_08/2017","M3",1,{"$f":"VLOOKUP(D1271&E1271,'TABELA SICRO-SINAPI-ORSE'!A:G,7,FALSE)","v":460.69},0.20796173004820551,556.49588941590775,556.49588941590775,false]
[null,"3.9.4.3","COMPOSIÇÃO SINAPI",96536,"SINAPI","FABRICAÇÃO, MONTAGEM E DESMONTAGEM DE FÔRMA PARA VIGA BALDRAME, EM MADEIRA SERRADA, E=25 MM, 4 UTILIZAÇÕES. AF_06/2017","M2",1,{"$f":"VLOOKUP(D1272&E1272,'TABELA SICRO-SINAPI-ORSE'!A:G,7,FALSE)","v":67.08},0.20796173004820551,81.030072851633619,81.030072851633619,false]
[null,"3.9.4.4","COMPOSIÇÃO SINAPI",96545,"SINAPI","ARMAÇÃO DE BLOCO, VIGA BALDRAME OU SAPATA UTILIZANDO AÇO CA-50 DE 8 MM - MONTAGEM. AF_06/2017","KG",169.5,{"$f":"VLOOKUP(D1273&E1273,'TABELA SICRO-SINAPI-ORSE'!A:G,7,FALSE)","v":17.440000000000001},0.20796173004820551,21.066852572040705,3570.8315109608998,false]
[null,"3.9.4.5","COMPOSIÇÃO SINAPI",96546,"SINAPI","ARMAÇÃO DE BLOCO, VIGA BALDRAME OU SAPATA UTILIZANDO AÇO CA-50 DE 10 MM - MONTAGEM. AF_06/2017","KG",17.75,{"$f":"VLOOKUP(D1274&E1274,'TABELA SICRO-SINAPI-ORSE'!A:G,7,FALSE)","v":15.45},0.20796173004820551,18.663008729244773,331.2684049440947,false]
[null,"3.9.4.6","COMPOSIÇÃO SINAPI",96543,"SINAPI","ARMAÇÃO DE BLOCO, VIGA BALDRAME E SAPATA UTILIZANDO AÇO CA-60 DE 5 MM - MONTAGEM. AF_06/2017","KG",76.5,{"$f":"VLOOKUP(D1275&E1275,'TABELA SICRO-SINAPI-ORSE'!A:G,7,FALSE)","v":20.36},0.20796173004820551,24.594100823781464,1881.448713019282,false]
[null,"3.9.4.7","COMPOSIÇÃO SINAPI",96557,"SINAPI","CONCRETAGEM DE BLOCOS DE COROAMENTO E VIGAS BALDRAMES, FCK 30 MPA, COM USO DE BOMBA - LANÇAMENTO, ADENSAMENTO E ACABAMENTO. AF_06/2017","M3",1,{"$f":"VLOOKUP(D1276&E1276,'TABELA SICRO-SINAPI-ORSE'!A:G,7,FALSE)","v":1175.51},0.20796173004820551,1419.9710932889661,1419.9710932889661,false]
[null,"3.9.5","IMPERMEABILIZAÇÃO",{"$nulls":4},1,null,null,null,{"$f":"SUBTOTAL(109,L1278)","v":36734.092051531334}]
[null,"3.9.5.1","COMPOSIÇÃO SINAPI",98546,"SINAPI","IMPERMEABILIZAÇÃO DE SUPERFÍCIE COM MANTA ASFÁLTICA, UMA CAMADA, INCLUSIVE APLICAÇÃO DE PRIMER ASFÁLTICO, E=3MM. AF_06/2018","M2",174,{"$f":"VLOOKUP(D1278&E1278,'TABELA SICRO-SINAPI-ORSE'!A:G,7,FALSE)","v":174.77},{"$f":"$L$4","v":0.20796173004820551},{"$f":"I1278*(1+J1278)","v":211.1154715605249},{"$f":"K1278*H1278","v":36734.092051531334},{"$f":"ISTEXT(H1278)","v":false}]
[null,"3.9.6","PROJETO ELÉTRICO ",{"$nulls":4},1,null,null,null,{"$f":"SUBTOTAL(109,L1280:L1291)","v":4608.5329025213359}]
[null,"3.9.6.1","COMPOSIÇÃO SINAPI",91926,"SINAPI","CABO DE COBRE FLEXÍVEL ISOLADO, 2,5 MM², ANTI-CHAMA 450/750 V, PARA CIRCUITOS TERMINAIS - FORNECIMENTO E INSTALAÇÃO. AF_12/2015","M",90,{"$f":"VLOOKUP(D1280&E1280,'TABELA SICRO-SINAPI-ORSE'!A:G,7,FALSE)","v":4.45},{"$f":"$L$4","v":0.20796173004820551},{"$f":"I1280*(1+J1280)","v":5.3754296987145151},{"$f":"K1280*H1280","v":483.78867288430638},{"$f":"ISTEXT(H1280)","v":false}]
[null,"3.9.6.2","COMPOSIÇÃO SINAPI",91928,"SINAPI","CABO DE COBRE FLEXÍVEL ISOLADO, 4 MM², ANTI-CHAMA 450/750 V, PARA CIRCUITOS TERMINAIS - FORNECIMENTO E INSTALAÇÃO. AF_12/2015","M",78,{"$f":"VLOOKUP(D1281&E1281,'TABELA SICRO-SINAPI-ORSE'!A:G,7,FALSE)","v":6.9},0.20796173004820551,8.3349359373326184,650.12500311194424,false]
[null,"3.9.6.3","COMPOSIÇÃO SINAPI",91996,"SINAPI","TOMADA MÉDIA DE EMBUTIR (1 MÓDULO), 2P+T 10 A, INCLUINDO SUPORTE E PLACA - FORNECIMENTO E INSTALAÇÃO. AF_12/2015","UN",2,{"$f":"VLOOKUP(D1282&E1282,'TABELA SICRO-SINAPI-ORSE'!A:G,7,FALSE)","v":34.67},0.20796173004820551,41.880033180771285,83.76006636154257,false]
[null,"3.9.6.4","COMPOSIÇÃO SINAPI",97597,"SINAPI","SENSOR DE PRESENÇA COM FOTOCÉLULA, FIXAÇÃO EM TETO - FORNECIMENTO E INSTALAÇÃO. AF_02/2020","UN",3,{"$f":"VLOOKUP(D1283&E1283,'TABELA SICRO-SINAPI-ORSE'!A:G,7,FALSE)","v":69.959999999999994},0.20796173004820551,84.509002634172447,253.52700790251734,false]
[null,"3.9.6.5","COMPOSIÇÃO SINAPI",101632,"SINAPI","RELÉ FOTOELÉTRICO PARA COMANDO DE ILUMINAÇÃO EXTERNA 1000 W - FORNECIMENTO E INSTALAÇÃO. AF_08/2020","UN",1,{"$f":"VLOOKUP(D1284&E1284,'TABELA SICRO-SINAPI-ORSE'!A:G,7,FALSE)","v":37.92},0.20796173004820551,45.805908803427954,45.805908803427954,false]
[null,"3.9.6.6","COMPOSIÇÃO SINAPI",91837,"SINAPI","ELETRODUTO FLEXÍVEL CORRUGADO REFORÇADO, PVC, DN 32 MM (1\"), PARA CIRCUITOS TERMINAIS, INSTALADO EM FORRO - FORNECIMENTO E INSTALAÇÃO. AF_12/2015","M",30,{"$f":"VLOOKUP(D1285&E1285,'TABELA SICRO-SINAPI-ORSE'!A:G,7,FALSE)","v":25.71},0.20796173004820551,31.056696079539364,931.70088238618087,false]
[null,"3.9.6.7","COMPOSIÇÃO SINAPI",91835,"SINAPI","ELETRODUTO FLEXÍVEL CORRUGADO REFORÇADO, PVC, DN 25 MM (3/4\"), PARA CIRCUITOS TERMINAIS, INSTALADO EM FORRO - FORNECIMENTO E INSTALAÇÃO. AF_12/2015","M",22,{"$f":"VLOOKUP(D1286&E1286,'TABELA SICRO-SINAPI-ORSE'!A:G,7,FALSE)","v":20.309999999999999},0.20796173004820551,24.533702737279054,539.74146022013917,false]
[null,"3.9.6.8","COMPOSIÇÃO SINAPI",91940,"SINAPI","CAIXA RETANGULAR 4\" X 2\" MÉDIA (1,30 M DO PISO), PVC, INSTALADA EM PAREDE - FORNECIMENTO E INSTALAÇÃO. AF_12/2015","UN",6,{"$f":"VLOOKUP(D1287&E1287,'TABELA SICRO-SINAPI-ORSE'!A:G,7,FALSE)","v":17.38},0.20796173004820551,20.994374868237809,125.96624920942685,false]
[null,"3.9.6.9","COMPOSIÇÃO SINAPI",91936,"SINAPI","CAIXA OCTOGONAL 4\" X 4\", PVC, INSTALADA EM LAJE - FORNECIMENTO E INSTALAÇÃO. AF_12/2015","UN",9,{"$f":"VLOOKUP(D1288&E1288,'TABELA SICRO-SINAPI-ORSE'!A:G,7,FALSE)","v":17.86},0.20796173004820551,21.57419649866095,194.16776848794854,false]
[null,"3.9.6.10","INSUMO SINAPI",14055,"SINAPI","CAIXA DE PASSAGEM/ LUZ / TELEFONIA, DE EMBUTIR, EM CHAPA DE ACO GALVANIZADO, DIMENSOES 120 X 120 X *12* CM (PADRAO CONCESSIONARIA LOCAL)","UN",1,{"$f":"VLOOKUP(D1289&E1289,'TABELA SICRO-SINAPI-ORSE'!A:G,7,FALSE)","v":713.75},{"$f":"$L$5","v":0.14692012195121973},818.61423704268304,818.61423704268304,false]
[null,"3.9.6.11","INSUMO SINAPI",20111,"SINAPI","FITA ISOLANTE ADESIVA ANTICHAMA, USO ATE 750 V, EM ROLO DE 19 MM X 20 M","UN",1,{"$f":"VLOOKUP(D1290&E1290,'TABELA SICRO-SINAPI-ORSE'!A:G,7,FALSE)","v":29.5},0.14692012195121973,33.834143597560981,33.834143597560981,false]
[null,"3.9.6.12","COMPOSIÇÃO ORSE",5027,"ORSE","CAIXA DE PASSAGEM EM ALVENARIA DE TIJOLOS MACIÇOS ESP. = 0,12M,  DIM. INT. =  0.60 X 0.60 X 0.40M","UN",1,{"$f":"VLOOKUP(D1291&E1291,'TABELA SICRO-SINAPI-ORSE'!A:G,7,FALSE)","v":370.46},{"$f":"$L$4","v":0.20796173004820551},447.50150251365818,447.50150251365818,false]
[null,"3.9.7","PINTURA ",{"$nulls":4},1,null,null,null,{"$f":"SUBTOTAL(109,L1293:L1294)","v":827.57180294404645}]
[null,"3.9.7.1","COMPOSIÇÃO SINAPI",88415,"SINAPI","APLICAÇÃO MANUAL DE FUNDO SELADOR ACRÍLICO EM PAREDES EXTERNAS DE CASAS. AF_06/2014","M2",29.93,{"$f":"VLOOKUP(D1293&E1293,'TABELA SICRO-SINAPI-ORSE'!A:G,7,FALSE)","v":3.2},{"$f":"$L$4","v":0.20796173004820551},{"$f":"I1293*(1+J1293)","v":3.8654775361542577},{"$f":"K1293*H1293","v":115.69374265709693},{"$f":"ISTEXT(H1293)","v":false}]
[null,"3.9.7.2","COMPOSIÇÃO SINAPI",88423,"SINAPI","APLICAÇÃO MANUAL DE PINTURA COM TINTA TEXTURIZADA ACRÍLICA EM PAREDES EXTERNAS DE CASAS, UMA COR. AF_06/2014","M2",29.93,{"$f":"VLOOKUP(D1294&E1294,'TABELA SICRO-SINAPI-ORSE'!A:G,7,FALSE)","v":19.690000000000001},0.20796173004820551,{"$f":"I1294*(1+J1294)","v":23.784766464649167},{"$f":"K1294*H1294","v":711.87806028694956},false]
[null,"3.9.8","MOBOBILIÁRIO ",{"$nulls":4},1,null,null,null,{"$f":"SUBTOTAL(109,L1296:L1297)","v":2231.7334554986605}]
[null,"3.9.8.1","COMPOSIÇÃO ORSE",2409,"ORSE","BANCO DE CONCRETO COM ENCOSTO LARGURA = 30CM","UN",6,{"$f":"VLOOKUP(D1296&E1296,'TABELA SICRO-SINAPI-ORSE'!A:G,7,FALSE)","v":175},{"$f":"$L$4","v":0.20796173004820551},{"$f":"I1296*(1+J1296)","v":211.39330275843596},{"$f":"K1296*H1296","v":1268.3598165506157},{"$f":"ISTEXT(H1296)","v":false}]
[null,"3.9.8.2","COMPOSIÇÃO ORSE",9367,"ORSE","CONJUNTO COM 03 LIXEIRAS EM FIBRA DE VIDRO, COM CAPACIDADE 20L CADA, COM TAMPA VAI E VEM","UN",2,{"$f":"VLOOKUP(D1297&E1297,'TABELA SICRO-SINAPI-ORSE'!A:G,7,FALSE)","v":398.76},0.20796173004820551,{"$f":"I1297*(1+J1297)","v":481.6868194740224},{"$f":"K1297*H1297","v":963.3736389480448},false]
[null,"3.9.9","SERVIÇOS COMPLEMENTARES ",{"$nulls":4},1,null,null,null,{"$f":"SUBTOTAL(109,L1299)","v":346.44342417782536}]
[null,"3.9.9.1","COMPOSIÇÃO ORSE",2450,"ORSE","LIMPEZA GERAL","M2",120,{"$f":"VLOOKUP(D1299&E1299,'TABELA SICRO-SINAPI-ORSE'!A:G,7,FALSE)","v":2.39},{"$f":"$L$4","v":0.20796173004820551},{"$f":"I1299*(1+J1299)","v":2.8870285348152112},{"$f":"K1299*H1299","v":346.44342417782536},{"$f":"ISTEXT(H1299)","v":false}]
[null,4,"EDIFICAÇÕES A SEREM REFORMADAS",{"$nulls":8},{"$f":"SUBTOTAL(109,L1301:L1444)","v":448789.63951594575}]
[null,"4.1","MOBILIZAÇÃO E DESMOBILIZAÇÃO ",{"$nulls":4},1,null,null,null,{"$f":"SUBTOTAL(109,L1302:L1303)","v":5030.2546343532395}]
[null,"4.1.1","COMPOSIÇÃO PRÓPRIA","1.1","","MOBILIZAÇÃO ","UN",1,{"$f":"'CPU Própria (sem des)'!M28","v":2082.125},{"$f":"$L$4","v":0.20796173004820551},{"$f":"I1302*(1+J1302)","v":2515.1273171766197},{"$f":"K1302*H1302","v":2515.1273171766197},{"$f":"ISTEXT(H1302)","v":false}]
[null,"4.1.2","COMPOSIÇÃO PRÓPRIA","1.1","","DESMOBILIZAÇÃO","UN",1,{"$f":"'CPU Própria (sem des)'!M28","v":2082.125},0.20796173004820551,{"$f":"I1303*(1+J1303)","v":2515.1273171766197},{"$f":"K1303*H1303","v":2515.1273171766197},false]
[null,"4.2","SERVIÇOS INICIAIS ",{"$nulls":4},1,null,null,null,{"$f":"SUBTOTAL(109,L1305:L1306)","v":4027.437662626277}]
[null,"4.2.1","COMPOSIÇÃO ORSE",51,"ORSE","PLACA DE OBRA EM CHAPA AÇO GALVANIZADO, INSTALADA - REV 02_01/2022","M2",4.5,{"$f":"VLOOKUP(D1305&E1305,'TABELA SICRO-SINAPI-ORSE'!A:G,7,FALSE)","v":376.75},{"$f":"$L$4","v":0.20796173004820551},{"$f":"I1305*(1+J1305)","v":455.09958179566144},{"$f":"K1305*H1305","v":2047.9481180804764},{"$f":"ISTEXT(H1305)","v":false}]
[null,"4.2.2","COMPOSIÇÃO SINAPI",99814,"SINAPI","LIMPEZA DE SUPERFÍCIE COM JATO DE ALTA PRESSÃO. AF_04/2019","M2",987.17,{"$f":"VLOOKUP(D1306&E1306,'TABELA SICRO-SINAPI-ORSE'!A:G,7,FALSE)","v":1.66},0.20796173004820551,{"$f":"I1306*(1+J1306)","v":2.0052164718800212},{"$f":"K1306*H1306","v":1979.4895445458005},false]
[null,"4.3","ALVENARIA ",{"$nulls":4},1,null,null,null,{"$f":"SUBTOTAL(109,L1308:L1310)","v":9059.4109849290289}]
[null,"4.3.1","COMPOSIÇÃO SINAPI",103325,"SINAPI","ALVENARIA DE VEDAÇÃO DE BLOCOS CERÂMICOS FURADOS NA VERTICAL DE 14X19X39 CM (ESPESSURA 14 CM) E ARGAMASSA DE ASSENTAMENTO COM PREPARO MANUAL. AF_12/2021","M2",45.8,{"$f":"VLOOKUP(D1308&E1308,'TABELA SICRO-SINAPI-ORSE'!A:G,7,FALSE)","v":81.349999999999994},{"$f":"$L$4","v":0.20796173004820551},{"$f":"I1308*(1+J1308)","v":98.267686739421507},{"$f":"K1308*H1308","v":4500.6600526655047},{"$f":"ISTEXT(H1308)","v":false}]
[null,"4.3.2","COMPOSIÇÃO SINAPI",87878,"SINAPI","CHAPISCO APLICADO EM ALVENARIAS E ESTRUTURAS DE CONCRETO INTERNAS, COM COLHER DE PEDREIRO.  ARGAMASSA TRAÇO 1:3 COM PREPARO MANUAL. AF_10/2022","M2",91.6,{"$f":"VLOOKUP(D1309&E1309,'TABELA SICRO-SINAPI-ORSE'!A:G,7,FALSE)","v":5.09},0.20796173004820551,{"$f":"I1309*(1+J1309)","v":6.1485252059453659},{"$f":"K1309*H1309","v":563.2049088645955},false]
[null,"4.3.3","COMPOSIÇÃO SINAPI",87529,"SINAPI","MASSA ÚNICA, PARA RECEBIMENTO DE PINTURA, EM ARGAMASSA TRAÇO 1:2:8, PREPARO MECÂNICO COM BETONEIRA 400L, APLICADA MANUALMENTE EM FACES INTERNAS DE PAREDES, ESPESSURA DE 20MM, COM EXECUÇÃO DE TALISCAS. AF_06/2014","M2",91.6,{"$f":"VLOOKUP(D1310&E1310,'TABELA SICRO-SINAPI-ORSE'!A:G,7,FALSE)","v":36.11},0.20796173004820551,{"$f":"I1310*(1+J1310)","v":43.619498072040699},{"$f":"K1310*H1310","v":3995.5460233989279},false]
[null,"4.4","INSTALACOES HIDRAULICAS ",{"$nulls":4},1,null,null,null,{"$f":"SUBTOTAL(109,L1312:L1320)","v":12874.939303545794}]
[null,"4.4.1","COMPOSIÇÃO SINAPI",86931,"SINAPI","VASO SANITÁRIO SIFONADO COM CAIXA ACOPLADA LOUÇA BRANCA, INCLUSO ENGATE FLEXÍVEL EM PLÁSTICO BRANCO, 1/2  X 40CM - FORNECIMENTO E INSTALAÇÃO. AF_01/2020","UN",4,{"$f":"VLOOKUP(D1312&E1312,'TABELA SICRO-SINAPI-ORSE'!A:G,7,FALSE)","v":469.07},{"$f":"$L$4","v":0.20796173004820551},{"$f":"I1312*(1+J1312)","v":566.61860871371175},{"$f":"K1312*H1312","v":2266.474434854847},{"$f":"ISTEXT(H1312)","v":false}]
[null,"4.4.2","COMPOSIÇÃO ORSE",7352,"ORSE","CUBA DE SOBREPOR OVAL (DECA REF.L65), ACABAMENTO GE-17, COM SIFÃO CROMADO (ASTRA REF SC5), ENGATE CROMADO (DECA), VÁLVULA CROMADA (DECA REF1602)  OU SIMILARES, EXCLUSIVE TORNEIRA","UN",4,{"$f":"VLOOKUP(D1313&E1313,'TABELA SICRO-SINAPI-ORSE'!A:G,7,FALSE)","v":559.9},0.20796173004820551,676.33777265399021,2705.3510906159609,false]
[null,"4.4.3","COMPOSIÇÃO SINAPI",100858,"SINAPI","MICTÓRIO SIFONADO LOUÇA BRANCA - PADRÃO MÉDIO - FORNECIMENTO E INSTALAÇÃO. AF_01/2020","UN",3,{"$f":"VLOOKUP(D1314&E1314,'TABELA SICRO-SINAPI-ORSE'!A:G,7,FALSE)","v":744.89},0.20796173004820551,899.79861309560783,2699.3958392868235,false]
[null,"4.4.4","COMPOSIÇÃO SINAPI",86895,"SINAPI","BANCADA DE GRANITO CINZA POLIDO, DE 0,50 X 0,60 M, PARA LAVATÓRIO - FORNECIMENTO E INSTALAÇÃO. AF_01/2020","UN",2,{"$f":"VLOOKUP(D1315&E1315,'TABELA SICRO-SINAPI-ORSE'!A:G,7,FALSE)","v":456.91},0.20796173004820551,551.92979407632561,1103.8595881526512,false]
[null,"4.4.5","COMPOSIÇÃO SINAPI",95471,"SINAPI","VASO SANITARIO SIFONADO CONVENCIONAL PARA PCD SEM FURO FRONTAL COM  LOUÇA BRANCA SEM ASSENTO -  FORNECIMENTO E INSTALAÇÃO. AF_01/2020","UN",1,{"$f":"VLOOKUP(D1316&E1316,'TABELA SICRO-SINAPI-ORSE'!A:G,7,FALSE)","v":716.96},0.20796173004820551,866.06024197536146,866.06024197536146,false]
[null,"4.4.6","COMPOSIÇÃO SINAPI",86942,"SINAPI","LAVATÓRIO LOUÇA BRANCA SUSPENSO, 29,5 X 39CM OU EQUIVALENTE, PADRÃO POPULAR, INCLUSO SIFÃO TIPO GARRAFA EM PVC, VÁLVULA E ENGATE FLEXÍVEL 30CM EM PLÁSTICO E TORNEIRA CROMADA DE MESA, PADRÃO POPULAR - FORNECIMENTO E INSTALAÇÃO. AF_01/2020","UN",1,{"$f":"VLOOKUP(D1317&E1317,'TABELA SICRO-SINAPI-ORSE'!A:G,7,FALSE)","v":297.08},0.20796173004820551,358.86127076272089,358.86127076272089,false]
[null,"4.4.7","COMPOSIÇÃO SINAPI",100865,"SINAPI","BARRA DE APOIO LATERAL ARTICULADA, COM TRAVA, EM ACO INOX POLIDO, FIXADA NA PAREDE - FORNECIMENTO E INSTALAÇÃO. AF_01/2020","UN",2,{"$f":"VLOOKUP(D1318&E1318,'TABELA SICRO-SINAPI-ORSE'!A:G,7,FALSE)","v":601.35},0.20796173004820551,726.4077863644884,1452.8155727289768,false]
[null,"4.4.8","COMPOSIÇÃO SINAPI",100866,"SINAPI","BARRA DE APOIO RETA, EM ACO INOX POLIDO, COMPRIMENTO 60CM, FIXADA NA PAREDE - FORNECIMENTO E INSTALAÇÃO. AF_01/2020","UN",3,{"$f":"VLOOKUP(D1319&E1319,'TABELA SICRO-SINAPI-ORSE'!A:G,7,FALSE)","v":308.25},0.20796173004820551,372.35420328735933,1117.062609862078,false]
[null,"4.4.9","COMPOSIÇÃO SINAPI",97663,"SINAPI","REMOÇÃO DE LOUÇAS, DE FORMA MANUAL, SEM REAPROVEITAMENTO. AF_12/2017","UN",23,{"$f":"VLOOKUP(D1320&E1320,'TABELA SICRO-SINAPI-ORSE'!A:G,7,FALSE)","v":10.98},0.20796173004820551,13.263419795929297,305.05865530637379,false]
[null,"4.5","REVESTIMENTO ",{"$nulls":4},1,null,null,null,{"$f":"SUBTOTAL(109,L1322:L1325)","v":124482.35278138376}]
[null,"4.5.1","COMPOSIÇÃO SINAPI",87269,"SINAPI","REVESTIMENTO CERÂMICO PARA PAREDES INTERNAS COM PLACAS TIPO ESMALTADA EXTRA DE DIMENSÕES 25X35 CM APLICADAS NA ALTURA INTEIRA DAS PAREDES. AF_02/2023_PE","M2",300,{"$f":"VLOOKUP(D1322&E1322,'TABELA SICRO-SINAPI-ORSE'!A:G,7,FALSE)","v":76.66},{"$f":"$L$4","v":0.20796173004820551},{"$f":"I1322*(1+J1322)","v":92.602346225495424},{"$f":"K1322*H1322","v":27780.703867648626},{"$f":"ISTEXT(H1322)","v":false}]
[null,"4.5.2","COMPOSIÇÃO ORSE",13358,"ORSE","FORNECIMENTO E INSTALAÇÃO DE CHAPAS DE POLICARBONATO ALVEOLAR, BRANCA, 6MM COM EMENDAS E ACABAMENTO EM POLICARBONATO, APLICADO EM TOLDO/COBERTURA/FECHAMENTO/ETC","M2",100,{"$f":"VLOOKUP(D1323&E1323,'TABELA SICRO-SINAPI-ORSE'!A:G,7,FALSE)","v":147.85},0.20796173004820551,{"$f":"I1323*(1+J1323)","v":178.59714178762718},{"$f":"K1323*H1323","v":17859.714178762719},false]
[null,"4.5.3","COMPOSIÇÃO SINAPI",96485,"SINAPI","FORRO EM RÉGUAS DE PVC, LISO, PARA AMBIENTES RESIDENCIAIS, INCLUSIVE ESTRUTURA DE FIXAÇÃO. AF_05/2017_PS","M2",891,{"$f":"VLOOKUP(D1324&E1324,'TABELA SICRO-SINAPI-ORSE'!A:G,7,FALSE)","v":66.540000000000006},0.20796173004820551,{"$f":"I1324*(1+J1324)","v":80.377773517407604},{"$f":"K1324*H1324","v":71616.596204010173},false]
[null,"4.5.4","COMPOSIÇÃO SINAPI",87246,"SINAPI","REVESTIMENTO CERÂMICO PARA PISO COM PLACAS TIPO ESMALTADA EXTRA DE DIMENSÕES 35X35 CM APLICADA EM AMBIENTES DE ÁREA MENOR QUE 5 M2. AF_02/2023_PE","M2",73.5,{"$f":"VLOOKUP(D1325&E1325,'TABELA SICRO-SINAPI-ORSE'!A:G,7,FALSE)","v":81.38},0.20796173004820551,{"$f":"I1325*(1+J1325)","v":98.303925591322965},{"$f":"K1325*H1325","v":7225.3385309622381},false]
[null,"4.6","INSTALAÇÕES ELETRICAS ",{"$nulls":4},1,null,null,null,{"$f":"SUBTOTAL(109,L1327:L1372)","v":130589.23938469015}]
[null,"4.6.1","INSUMO SINAPI",39145,"SINAPI","ABRACADEIRA EM ACO PARA AMARRACAO DE ELETRODUTOS, TIPO U SIMPLES, COM 4\"","UN",13,{"$f":"VLOOKUP(D1327&E1327,'TABELA SICRO-SINAPI-ORSE'!A:G,7,FALSE)","v":9.07},{"$f":"$L$5","v":0.14692012195121973},{"$f":"I1327*(1+J1327)","v":10.402565506097563},{"$f":"K1327*H1327","v":135.23335157926832},{"$f":"ISTEXT(H1327)","v":false}]
[null,"4.6.2","COMPOSIÇÃO SINAPI",91940,"SINAPI","CAIXA RETANGULAR 4\" X 2\" MÉDIA (1,30 M DO PISO), PVC, INSTALADA EM PAREDE - FORNECIMENTO E INSTALAÇÃO. AF_12/2015","UN",9,{"$f":"VLOOKUP(D1328&E1328,'TABELA SICRO-SINAPI-ORSE'!A:G,7,FALSE)","v":17.38},{"$f":"$L$4","v":0.20796173004820551},20.994374868237809,188.94937381414027,false]
[null,"4.6.3","COMPOSIÇÃO SINAPI",91936,"SINAPI","CAIXA OCTOGONAL 4\" X 4\", PVC, INSTALADA EM LAJE - FORNECIMENTO E INSTALAÇÃO. AF_12/2015","UN",25,{"$f":"VLOOKUP(D1329&E1329,'TABELA SICRO-SINAPI-ORSE'!A:G,7,FALSE)","v":17.86},0.20796173004820551,21.57419649866095,539.35491246652373,false]
[null,"4.6.4","INSUMO SINAPI",4383,"SINAPI","PARAFUSO FRANCES METRICO ZINCADO, DIAMETRO 12 MM, COMPRIMENTO 140MM, COM PORCA SEXTAVADA E ARRUELA DE PRESSAO MEDIA","UN",239,{"$f":"VLOOKUP(D1330&E1330,'TABELA SICRO-SINAPI-ORSE'!A:G,7,FALSE)","v":18.899999999999999},{"$f":"$L$5","v":0.14692012195121973},21.67679030487805,5180.7528828658542,false]
[null,"4.6.5","INSUMO SINAPI",4336,"SINAPI","PARAFUSO ZINCADO, SEXTAVADO, COM ROSCA INTEIRA, DIAMETRO 5/8\", COMPRIMENTO 3\", COM PORCA E ARRUELA DE PRESSAO MEDIA","UN",840,{"$f":"VLOOKUP(D1331&E1331,'TABELA SICRO-SINAPI-ORSE'!A:G,7,FALSE)","v":5.07},0.14692012195121973,5.8148850182926841,4884.5034153658544,false]
[null,"4.6.6","INSUMO SINAPI",4346,"SINAPI","PARAFUSO DE FERRO POLIDO, SEXTAVADO, COM ROSCA PARCIAL, DIAMETRO 5/8\", COMPRIMENTO 6\", COM PORCA E ARRUELA DE PRESSAO MEDIA","UN",35,{"$f":"VLOOKUP(D1332&E1332,'TABELA SICRO-SINAPI-ORSE'!A:G,7,FALSE)","v":9.7899999999999991},0.14692012195121973,11.228347993902441,392.99217978658544,false]
[null,"4.6.7","INSUMO SINAPI",39125,"SINAPI","ABRACADEIRA EM ACO PARA AMARRACAO DE ELETRODUTOS, TIPO D, COM 3/8\" E PARAFUSO DE FIXACAO","UN",10,{"$f":"VLOOKUP(D1333&E1333,'TABELA SICRO-SINAPI-ORSE'!A:G,7,FALSE)","v":2.96},0.14692012195121973,3.3948835609756105,33.948835609756102,false]
[null,"4.6.8","INSUMO SINAPI",4374,"SINAPI","BUCHA DE NYLON SEM ABA S10","UN",35,{"$f":"VLOOKUP(D1334&E1334,'TABELA SICRO-SINAPI-ORSE'!A:G,7,FALSE)","v":0.51},0.14692012195121973,0.58492926219512209,20.472524176829275,false]
[null,"4.6.9","INSUMO SINAPI",4375,"SINAPI","BUCHA DE NYLON SEM ABA S6","UN",10,{"$f":"VLOOKUP(D1335&E1335,'TABELA SICRO-SINAPI-ORSE'!A:G,7,FALSE)","v":0.14000000000000001},0.14692012195121973,0.16056881707317078,1.6056881707317077,false]
[null,"4.6.10","INSUMO SINAPI",4376,"SINAPI","BUCHA DE NYLON SEM ABA S8","UN",115,{"$f":"VLOOKUP(D1336&E1336,'TABELA SICRO-SINAPI-ORSE'!A:G,7,FALSE)","v":0.27},0.14692012195121973,0.30966843292682933,35.611869786585373,false]
[null,"4.6.11","INSUMO SINAPI",40433,"SINAPI","ESPACADOR/SEPARADOR DE CORDOALHA TIPO DISCO 12 FUROS DE 14 MM, PARA TIRANTES","UN",35,{"$f":"VLOOKUP(D1337&E1337,'TABELA SICRO-SINAPI-ORSE'!A:G,7,FALSE)","v":1.53},0.14692012195121973,1.7547877865853663,61.417572530487817,false]
[null,"4.6.12","INSUMO SINAPI",39997,"SINAPI","PORCA ZINCADA, SEXTAVADA, DIAMETRO 1/4\"","UN",1154,{"$f":"VLOOKUP(D1338&E1338,'TABELA SICRO-SINAPI-ORSE'!A:G,7,FALSE)","v":0.28999999999999998},0.14692012195121973,0.33260683536585373,383.82828801219517,false]
[null,"4.6.13","COMPOSIÇÃO SINAPI",91926,"SINAPI","CABO DE COBRE FLEXÍVEL ISOLADO, 2,5 MM², ANTI-CHAMA 450/750 V, PARA CIRCUITOS TERMINAIS - FORNECIMENTO E INSTALAÇÃO. AF_12/2015","M",1142,{"$f":"VLOOKUP(D1339&E1339,'TABELA SICRO-SINAPI-ORSE'!A:G,7,FALSE)","v":4.45},{"$f":"$L$4","v":0.20796173004820551},5.3754296987145151,6138.7407159319764,false]
[null,"4.6.14","COMPOSIÇÃO SINAPI",91953,"SINAPI","INTERRUPTOR SIMPLES (1 MÓDULO), 10A/250V, INCLUINDO SUPORTE E PLACA - FORNECIMENTO E INSTALAÇÃO. AF_12/2015","UN",36,{"$f":"VLOOKUP(D1340&E1340,'TABELA SICRO-SINAPI-ORSE'!A:G,7,FALSE)","v":29.59},0.20796173004820551,35.743587592126403,1286.7691533165505,false]
[null,"4.6.15","COMPOSIÇÃO SINAPI",91967,"SINAPI","INTERRUPTOR SIMPLES (3 MÓDULOS), 10A/250V, INCLUINDO SUPORTE E PLACA - FORNECIMENTO E INSTALAÇÃO. AF_12/2015","UN",1,{"$f":"VLOOKUP(D1341&E1341,'TABELA SICRO-SINAPI-ORSE'!A:G,7,FALSE)","v":60.97},0.20796173004820551,73.649426681039088,73.649426681039088,false]
[null,"4.6.16","COMPOSIÇÃO SINAPI",97595,"SINAPI","SENSOR DE PRESENÇA COM FOTOCÉLULA, FIXAÇÃO EM PAREDE - FORNECIMENTO E INSTALAÇÃO. AF_02/2020","UN",2,{"$f":"VLOOKUP(D1342&E1342,'TABELA SICRO-SINAPI-ORSE'!A:G,7,FALSE)","v":101.39},0.20796173004820551,122.47523980958756,244.95047961917513,false]
[null,"4.6.17","COMPOSIÇÃO SINAPI",101896,"SINAPI","DISJUNTOR TERMOMAGNÉTICO TRIPOLAR , CORRENTE NOMINAL DE 200A - FORNECIMENTO E INSTALAÇÃO. AF_10/2020","UN",5,{"$f":"VLOOKUP(D1343&E1343,'TABELA SICRO-SINAPI-ORSE'!A:G,7,FALSE)","v":703.75},0.20796173004820551,850.10306752142458,4250.515337607123,false]
[null,"4.6.18","COMPOSIÇÃO ORSE",13149,"ORSE","DISPOSITIVO DR TETRAPOLAR 100 A, TIPO AC, 30MA","UN",1,{"$f":"VLOOKUP(D1344&E1344,'TABELA SICRO-SINAPI-ORSE'!A:G,7,FALSE)","v":297.37},0.20796173004820551,359.21157966443485,359.21157966443485,false]
[null,"4.6.19","COMPOSIÇÃO ORSE",9539,"ORSE","TALA PLANA PERFURADA 38MM PARA ELETROCALHA METÁLICA (REF.: MOPA OU SIMILAR) - REV 01","UN",174,{"$f":"VLOOKUP(D1345&E1345,'TABELA SICRO-SINAPI-ORSE'!A:G,7,FALSE)","v":5.19},0.20796173004820551,6.2693213789501874,1090.8619199373327,false]
[null,"4.6.20","COMPOSIÇÃO ORSE",9988,"ORSE","TERMINAL 38 X 38 MM PARA ELETROCALHA METALICA","UN",9,{"$f":"VLOOKUP(D1346&E1346,'TABELA SICRO-SINAPI-ORSE'!A:G,7,FALSE)","v":5.46},0.20796173004820551,6.595471046063202,59.359239414568819,false]
[null,"4.6.21","COMPOSIÇÃO ORSE",9519,"ORSE","TALA PLANA PERFURADA 100MM PARA ELETROCALHA METÁLICA (REF.: MOPA OU SIMILAR) - REV 01","UN",36,{"$f":"VLOOKUP(D1347&E1347,'TABELA SICRO-SINAPI-ORSE'!A:G,7,FALSE)","v":8.74},0.20796173004820551,10.557585520621316,380.07307874236739,false]
[null,"4.6.22","COMPOSIÇÃO ORSE",10850,"ORSE","ACOPLAMENTO PARA ELETROCALHA METÁLICA 38 X 38MM","UN",13,{"$f":"VLOOKUP(D1348&E1348,'TABELA SICRO-SINAPI-ORSE'!A:G,7,FALSE)","v":12.68},0.20796173004820551,15.316954737011246,199.12041158114619,false]
[null,"4.6.23","COMPOSIÇÃO ORSE",12586,"ORSE","TAMPA DE ENCAIXE PARA CRUZETA 200MM, ZINCADA, PARA ELETROCALHA METÁLICA","UN",6,{"$f":"VLOOKUP(D1349&E1349,'TABELA SICRO-SINAPI-ORSE'!A:G,7,FALSE)","v":16.149999999999999},0.20796173004820551,19.508581940278518,117.05149164167111,false]
[null,"4.6.24","COMPOSIÇÃO ORSE",12584,"ORSE","TAMPA DE ENCAIXE PARA REDUÇÃO CONCÊNTRICA 200 X 75MM PARA 100 X 75MM, ZINCADA, PARA ELETROCALHA METÁLICA","UN",43.2,{"$f":"VLOOKUP(D1350&E1350,'TABELA SICRO-SINAPI-ORSE'!A:G,7,FALSE)","v":21.19},0.20796173004820551,25.596709059721476,1105.7778313799679,false]
[null,"4.6.25","COMPOSIÇÃO ORSE",4536,"ORSE","FORNECIMENTO E INSTALAÇÃO DE ELETROCALHA PERFURADA  38 X 38 X 3000 MM (REF. MOPA OU SIMILAR)","M",43.2,{"$f":"VLOOKUP(D1351&E1351,'TABELA SICRO-SINAPI-ORSE'!A:G,7,FALSE)","v":22.23},0.20796173004820551,26.852989258971608,1160.0491359875734,false]
[null,"4.6.26","COMPOSIÇÃO ORSE",9525,"ORSE","SUPORTE HORIZONTAL 300 X 100 MM PARA FIXAÇÃO DE ELETROCALHA METÁLICA (REF.: MOPA OU SIMILAR)","UN",35,{"$f":"VLOOKUP(D1352&E1352,'TABELA SICRO-SINAPI-ORSE'!A:G,7,FALSE)","v":14.66},0.20796173004820551,17.708718962506694,619.80516368773431,false]
[null,"4.6.27","COMPOSIÇÃO SINAPI",91854,"SINAPI","ELETRODUTO FLEXÍVEL CORRUGADO, PVC, DN 25 MM (3/4\"), PARA CIRCUITOS TERMINAIS, INSTALADO EM PAREDE - FORNECIMENTO E INSTALAÇÃO. AF_12/2015","M",36.5,{"$f":"VLOOKUP(D1353&E1353,'TABELA SICRO-SINAPI-ORSE'!A:G,7,FALSE)","v":9.44},0.20796173004820551,11.40315873165506,416.21529370540969,false]
[null,"4.6.28","INSUMO SINAPI",39138,"SINAPI","ABRACADEIRA EM ACO PARA AMARRACAO DE ELETRODUTOS, TIPO U SIMPLES, COM 3/4\"","UN",6,{"$f":"VLOOKUP(D1354&E1354,'TABELA SICRO-SINAPI-ORSE'!A:G,7,FALSE)","v":1.27},{"$f":"$L$5","v":0.14692012195121973},1.4565885548780491,8.7395313292682939,false]
[null,"4.6.29","INSUMO SINAPI",402,"SINAPI","GANCHO OLHAL EM ACO GALVANIZADO, ESPESSURA 16MM, ABERTURA 21MM","UN",239,{"$f":"VLOOKUP(D1355&E1355,'TABELA SICRO-SINAPI-ORSE'!A:G,7,FALSE)","v":11.67},0.14692012195121973,13.384557823170734,3198.9093197378056,false]
[null,"4.6.30","INSUMO SINAPI",3272,"SINAPI","FLANGE SEXTAVADO DE FERRO GALVANIZADO, COM ROSCA BSP, DE 1 1/2\"","UN",23,{"$f":"VLOOKUP(D1356&E1356,'TABELA SICRO-SINAPI-ORSE'!A:G,7,FALSE)","v":59.03},0.14692012195121973,67.702694798780499,1557.1619803719514,false]
[null,"4.6.31","INSUMO SINAPI",2637,"SINAPI","LUVA PARA ELETRODUTO, EM ACO GALVANIZADO ELETROLITICO, DIAMETRO DE 20 MM (3/4\")","UN",1,{"$f":"VLOOKUP(D1357&E1357,'TABELA SICRO-SINAPI-ORSE'!A:G,7,FALSE)","v":1.78},0.14692012195121973,2.0415178170731711,2.0415178170731711,false]
[null,"4.6.32","INSUMO ORSE",13369,"ORSE","CAIXA METÁLICA COM TOMADA 10A 250V PARA PERFILADO E FIXAÇÃO","UN",64,{"$f":"VLOOKUP(D1358&E1358,'TABELA SICRO-SINAPI-ORSE'!A:G,7,FALSE)","v":118.3},0.14692012195121973,135.68065042682929,8683.5616273170745,false]
[null,"4.6.33","INSUMO SINAPI",40552,"SINAPI","PARAFUSO, AUTO ATARRACHANTE, CABECA CHATA, FENDA SIMPLES, 1/4\" (6,35 MM) X 25 MM","CENTO",1,{"$f":"VLOOKUP(D1359&E1359,'TABELA SICRO-SINAPI-ORSE'!A:G,7,FALSE)","v":45.23},0.14692012195121973,51.875197115853666,51.875197115853666,false]
[null,"4.6.34","COMPOSIÇÃO SINAPI",91924,"SINAPI","CABO DE COBRE FLEXÍVEL ISOLADO, 1,5 MM², ANTI-CHAMA 450/750 V, PARA CIRCUITOS TERMINAIS - FORNECIMENTO E INSTALAÇÃO. AF_03/2023","M",746,{"$f":"VLOOKUP(D1360&E1360,'TABELA SICRO-SINAPI-ORSE'!A:G,7,FALSE)","v":3.07},{"$f":"$L$4","v":0.20796173004820551},3.7084425112479908,2766.498113391001,false]
[null,"4.6.35","COMPOSIÇÃO SINAPI",91932,"SINAPI","CABO DE COBRE FLEXÍVEL ISOLADO, 10 MM², ANTI-CHAMA 450/750 V, PARA CIRCUITOS TERMINAIS - FORNECIMENTO E INSTALAÇÃO. AF_03/2023","M",290,{"$f":"VLOOKUP(D1361&E1361,'TABELA SICRO-SINAPI-ORSE'!A:G,7,FALSE)","v":17.309999999999999},0.20796173004820551,20.909817547134434,6063.8470886689856,false]
[null,"4.6.36","COMPOSIÇÃO SINAPI",93653,"SINAPI","DISJUNTOR MONOPOLAR TIPO DIN, CORRENTE NOMINAL DE 10A - FORNECIMENTO E INSTALAÇÃO. AF_10/2020","UN",10,{"$f":"VLOOKUP(D1362&E1362,'TABELA SICRO-SINAPI-ORSE'!A:G,7,FALSE)","v":12.85},0.20796173004820551,15.522308231119441,155.22308231119442,false]
[null,"4.6.37","COMPOSIÇÃO ORSE",453,"ORSE","DISJUNTOR TERMOMAGNETICO TRIPOLAR 100 A, PADRÃO DIN (EUROPEU - LINHA BRANCA), 65KA","UN",1,{"$f":"VLOOKUP(D1363&E1363,'TABELA SICRO-SINAPI-ORSE'!A:G,7,FALSE)","v":529.76},0.20796173004820551,639.92980611033738,639.92980611033738,false]
[null,"4.6.38","COMPOSIÇÃO SINAPI",93657,"SINAPI","DISJUNTOR MONOPOLAR TIPO DIN, CORRENTE NOMINAL DE 32A - FORNECIMENTO E INSTALAÇÃO. AF_10/2020","UN",2,{"$f":"VLOOKUP(D1364&E1364,'TABELA SICRO-SINAPI-ORSE'!A:G,7,FALSE)","v":16.14},0.20796173004820551,19.496502322978039,38.993004645956077,false]
[null,"4.6.39","COMPOSIÇÃO ORSE",5915,"ORSE","ASSENTAMENTO DE ADAPTADOR DE FLANGE DE GRANDE TOLERÂNCIA \"ULTRA QUICK\", EM FERRO FUNDIDO, DN  150MM - TIPO E E TIPO F","UN",1,{"$f":"VLOOKUP(D1365&E1365,'TABELA SICRO-SINAPI-ORSE'!A:G,7,FALSE)","v":11.69},0.20796173004820551,14.121072624263522,14.121072624263522,false]
[null,"4.6.40","COMPOSIÇÃO ORSE",8441,"ORSE","ABRAÇADEIRA METÁLICA TIPO \"D\" DE 3/4\"","UN",86,{"$f":"VLOOKUP(D1366&E1366,'TABELA SICRO-SINAPI-ORSE'!A:G,7,FALSE)","v":5.43},0.20796173004820551,6.5592321941617557,564.09396869791101,false]
[null,"4.6.41","COMPOSIÇÃO SINAPI",91863,"SINAPI","ELETRODUTO RÍGIDO ROSCÁVEL, PVC, DN 25 MM (3/4\"), PARA CIRCUITOS TERMINAIS, INSTALADO EM FORRO - FORNECIMENTO E INSTALAÇÃO. AF_03/2023","M",258,{"$f":"VLOOKUP(D1367&E1367,'TABELA SICRO-SINAPI-ORSE'!A:G,7,FALSE)","v":11.52},0.20796173004820551,13.915719130155328,3590.2555355800746,false]
[null,"4.6.42","COMPOSIÇÃO SINAPI",93012,"SINAPI","ELETRODUTO RÍGIDO ROSCÁVEL, PVC, DN 110 MM (4\"), PARA REDE ENTERRADA DE DISTRIBUIÇÃO DE ENERGIA ELÉTRICA - FORNECIMENTO E INSTALAÇÃO. AF_12/2021","M",35,{"$f":"VLOOKUP(D1368&E1368,'TABELA SICRO-SINAPI-ORSE'!A:G,7,FALSE)","v":78.849999999999994},0.20796173004820551,95.247782414301,3333.6723845005349,false]
[null,"4.6.43","INSUMO SINAPI",39126,"SINAPI","ABRACADEIRA EM ACO PARA AMARRACAO DE ELETRODUTOS, TIPO D, COM 4\" E CUNHA DE FIXACAO","UN",8,{"$f":"VLOOKUP(D1369&E1369,'TABELA SICRO-SINAPI-ORSE'!A:G,7,FALSE)","v":13.35},{"$f":"$L$5","v":0.14692012195121973},15.311383628048784,122.49106902439027,false]
[null,"4.6.44","INSUMO SINAPI",1808,"SINAPI","CURVA 90 GRAUS DE FERRO GALVANIZADO, COM ROSCA BSP MACHO/FEMEA, DE 4\"","UN",8,{"$f":"VLOOKUP(D1370&E1370,'TABELA SICRO-SINAPI-ORSE'!A:G,7,FALSE)","v":670.74},0.14692012195121973,769.28520259756112,6154.281620780489,false]
[null,"4.6.45","COMPOSIÇÃO ORSE",12369,"ORSE","LUMINÁRIA DE SOBREPOR, (TECNOLUX REF.FLP-6478/4X20) TUBLED CORPO/ REFLETOR E ALETAS FABRICADAS EM CHAPA DE AÇO TRATADA E PINTADA EM EPOXI BRANCO, PARA USO DE 4 LAMPADAS TUBLED DE 20W - REV 02","UN",62,{"$f":"VLOOKUP(D1371&E1371,'TABELA SICRO-SINAPI-ORSE'!A:G,7,FALSE)","v":310.83},{"$f":"$L$4","v":0.20796173004820551},375.47074455088369,23279.186162154791,false]
[null,"4.6.46","COMPOSIÇÃO SINAPI",92986,"SINAPI","CABO DE COBRE FLEXÍVEL ISOLADO, 35 MM², ANTI-CHAMA 0,6/1,0 KV, PARA REDE ENTERRADA DE DISTRIBUIÇÃO DE ENERGIA ELÉTRICA - FORNECIMENTO E INSTALAÇÃO. AF_12/2021","M",840,{"$f":"VLOOKUP(D1372&E1372,'TABELA SICRO-SINAPI-ORSE'!A:G,7,FALSE)","v":40.409999999999997},0.20796173004820551,48.813733511247982,41003.536149448308,false]
[null,"4.7","CABEAMENTO ",{"$nulls":4},1,null,null,null,{"$f":"SUBTOTAL(109,L1374:L1418)","v":32799.512575540961}]
[null,"4.7.1","COMPOSIÇÃO ORSE",758,"ORSE","FORNECIMENTO E INSTALAÇÃO DE RACK  DE PISO 19\" X 16U X 570MM (GABINETE)","UN",4,{"$f":"VLOOKUP(D1374&E1374,'TABELA SICRO-SINAPI-ORSE'!A:G,7,FALSE)","v":716.52},{"$f":"$L$4","v":0.20796173004820551},{"$f":"I1374*(1+J1374)","v":865.52873881414018},{"$f":"K1374*H1374","v":3462.1149552565607},{"$f":"ISTEXT(H1374)","v":false}]
[null,"4.7.2","COMPOSIÇÃO ORSE",9539,"ORSE","TALA PLANA PERFURADA 38MM PARA ELETROCALHA METÁLICA (REF.: MOPA OU SIMILAR) - REV 01","UN",24,{"$f":"VLOOKUP(D1375&E1375,'TABELA SICRO-SINAPI-ORSE'!A:G,7,FALSE)","v":5.19},0.20796173004820551,6.2693213789501874,150.46371309480449,false]
[null,"4.7.3","COMPOSIÇÃO ORSE",12582,"ORSE","TAMPA DE ENCAIXE PARA CURVA 90º, HORIZONTAL, 75MM, ZINCADA, PARA ELETROCALHA METÁLICA","UN",6,{"$f":"VLOOKUP(D1376&E1376,'TABELA SICRO-SINAPI-ORSE'!A:G,7,FALSE)","v":11.21},0.20796173004820551,13.541250993840384,81.2475059630423,false]
[null,"4.7.4","INSUMO ORSE",13355,"ORSE","ARRUELA DE PRESSÃO 1/4\"","UN",42,{"$f":"VLOOKUP(D1377&E1377,'TABELA SICRO-SINAPI-ORSE'!A:G,7,FALSE)","v":0.05},{"$f":"$L$5","v":0.14692012195121973},5.7346006097560992E-2,2.4085322560975615,false]
[null,"4.7.5","COMPOSIÇÃO ORSE",12499,"ORSE","ARRUELA DE PRESSÃO BICROMATIZADA 1/4\"","UN",138,{"$f":"VLOOKUP(D1378&E1378,'TABELA SICRO-SINAPI-ORSE'!A:G,7,FALSE)","v":0.46},0.20796173004820551,0.55566239582217458,76.681410623460096,false]
[null,"4.7.6","INSUMO SINAPI",4376,"SINAPI","BUCHA DE NYLON SEM ABA S8","UN",6,{"$f":"VLOOKUP(D1379&E1379,'TABELA SICRO-SINAPI-ORSE'!A:G,7,FALSE)","v":0.27},{"$f":"$L$5","v":0.14692012195121973},0.30966843292682933,1.858010597560976,false]
[null,"4.7.7","INSUMO SINAPI",39443,"SINAPI","PARAFUSO DRY WALL, EM ACO ZINCADO, CABECA LENTILHA E PONTA BROCA (LB), LARGURA 4,2 MM, COMPRIMENTO 13 MM","UN",96,{"$f":"VLOOKUP(D1380&E1380,'TABELA SICRO-SINAPI-ORSE'!A:G,7,FALSE)","v":0.23},0.14692012195121973,0.26379162804878054,25.323996292682931,false]
[null,"4.7.8","INSUMO SINAPI",4377,"SINAPI","PARAFUSO DE ACO ZINCADO COM ROSCA SOBERBA, CABECA CHATA E FENDA SIMPLES, DIAMETRO 4,2 MM, COMPRIMENTO * 32 * MM","UN",42,{"$f":"VLOOKUP(D1381&E1381,'TABELA SICRO-SINAPI-ORSE'!A:G,7,FALSE)","v":0.18},0.14692012195121973,0.20644562195121954,8.6707161219512212,false]
[null,"4.7.9","INSUMO SINAPI",39997,"SINAPI","PORCA ZINCADA, SEXTAVADA, DIAMETRO 1/4\"","UN",138,{"$f":"VLOOKUP(D1382&E1382,'TABELA SICRO-SINAPI-ORSE'!A:G,7,FALSE)","v":0.28999999999999998},0.14692012195121973,0.33260683536585373,45.899743280487812,false]
[null,"4.7.10","INSUMO SINAPI",39996,"SINAPI","VERGALHAO ZINCADO ROSCA TOTAL, 1/4 \" (6,3 MM)","M",14,{"$f":"VLOOKUP(D1383&E1383,'TABELA SICRO-SINAPI-ORSE'!A:G,7,FALSE)","v":4.5999999999999996},0.14692012195121973,5.2758325609756103,73.861655853658547,false]
[null,"4.7.11","INSUMO SINAPI",402,"SINAPI","GANCHO OLHAL EM ACO GALVANIZADO, ESPESSURA 16MM, ABERTURA 21MM","UN",42,{"$f":"VLOOKUP(D1384&E1384,'TABELA SICRO-SINAPI-ORSE'!A:G,7,FALSE)","v":11.67},0.14692012195121973,13.384557823170734,562.15142857317085,false]
[null,"4.7.12","COMPOSIÇÃO ORSE",11418,"ORSE","TOMADA PARA LÓGICA, RJ45, COM PLACA","UN",27,{"$f":"VLOOKUP(D1385&E1385,'TABELA SICRO-SINAPI-ORSE'!A:G,7,FALSE)","v":34.880000000000003},{"$f":"$L$4","v":0.20796173004820551},42.133705144081411,1137.610038890198,false]
[null,"4.7.13","COMPOSIÇÃO ORSE",10726,"ORSE","FORNECIMENTO E INSTALAÇÃO DE SWITCH 24 PORTAS 10/100 MPBS + 2P10-100-1000 BT","UN",2,{"$f":"VLOOKUP(D1386&E1386,'TABELA SICRO-SINAPI-ORSE'!A:G,7,FALSE)","v":1289.76},0.20796173004820551,1557.9807209469736,3115.9614418939473,false]
[null,"4.7.14","COMPOSIÇÃO ORSE",7866,"ORSE","SWITCH 16 PORTAS 10/100 MBPS - FORNECIMENTO","UN",1,{"$f":"VLOOKUP(D1387&E1387,'TABELA SICRO-SINAPI-ORSE'!A:G,7,FALSE)","v":230},0.20796173004820551,277.83119791108726,277.83119791108726,false]
[null,"4.7.15","COMPOSIÇÃO ORSE",7867,"ORSE","SWITCH 24 PORTAS 10/100 MBPS - FORNECIMENTO","UN",1,{"$f":"VLOOKUP(D1388&E1388,'TABELA SICRO-SINAPI-ORSE'!A:G,7,FALSE)","v":520},0.20796173004820551,628.14009962506691,628.14009962506691,false]
[null,"4.7.16","COMPOSIÇÃO ORSE",11417,"ORSE","BANDEJA PARA RACK 19\", DESLIZANTE, PERFURADA, 400MM DE PROFUNDIDADE","UN",1,{"$f":"VLOOKUP(D1389&E1389,'TABELA SICRO-SINAPI-ORSE'!A:G,7,FALSE)","v":344},0.20796173004820551,415.53883513658269,415.53883513658269,false]
[null,"4.7.17","COMPOSIÇÃO ORSE",810,"ORSE","VENTILADOR DE TETO CONJUGADO C/LÂMPADA COMPACTA","UN",2,{"$f":"VLOOKUP(D1390&E1390,'TABELA SICRO-SINAPI-ORSE'!A:G,7,FALSE)","v":529.28},0.20796173004820551,639.34998447991416,1278.6999689598283,false]
[null,"4.7.18","INSUMO SINAPI",39600,"SINAPI","CONECTOR / TOMADA FEMEA RJ 45, CATEGORIA 5 E (CAT 5E) PARA CABOS","UN",3,{"$f":"VLOOKUP(D1391&E1391,'TABELA SICRO-SINAPI-ORSE'!A:G,7,FALSE)","v":11.8},{"$f":"$L$5","v":0.14692012195121973},13.533657439024394,40.600972317073179,false]
[null,"4.7.19","INSUMO SINAPI",2556,"SINAPI","CAIXA DE LUZ \"4 X 2\" EM ACO ESMALTADA","UN",24,{"$f":"VLOOKUP(D1392&E1392,'TABELA SICRO-SINAPI-ORSE'!A:G,7,FALSE)","v":1.67},0.14692012195121973,1.9153566036585368,45.968558487804884,false]
[null,"4.7.20","INSUMO SINAPI",39216,"SINAPI","ARRUELA EM ALUMINIO, COM ROSCA, DE 4\", PARA ELETRODUTO","UN",83,{"$f":"VLOOKUP(D1393&E1393,'TABELA SICRO-SINAPI-ORSE'!A:G,7,FALSE)","v":9.65},0.14692012195121973,11.067779176829271,918.62567167682948,false]
[null,"4.7.21","INSUMO SINAPI",4374,"SINAPI","BUCHA DE NYLON SEM ABA S10","UN",83,{"$f":"VLOOKUP(D1394&E1394,'TABELA SICRO-SINAPI-ORSE'!A:G,7,FALSE)","v":0.51},0.14692012195121973,0.58492926219512209,48.549128762195132,false]
[null,"4.7.22","INSUMO SINAPI",4375,"SINAPI","BUCHA DE NYLON SEM ABA S6","UN",61,{"$f":"VLOOKUP(D1395&E1395,'TABELA SICRO-SINAPI-ORSE'!A:G,7,FALSE)","v":0.14000000000000001},0.14692012195121973,0.16056881707317078,9.7946978414634174,false]
[null,"4.7.23","INSUMO SINAPI",39481,"SINAPI","ESPACADOR OU DISTANCIADOR, EM PLASTICO, TIPO APOIO DE CORDOALHA (CARANGUEJO), PARA ARMADURA NEGATIVA E PROTENSAO, COBRIMENTO 50 MM","UN",83,{"$f":"VLOOKUP(D1396&E1396,'TABELA SICRO-SINAPI-ORSE'!A:G,7,FALSE)","v":1.74},0.14692012195121973,1.9956410121951222,165.63820401219516,false]
[null,"4.7.24","INSUMO SINAPI",4377,"SINAPI","PARAFUSO DE ACO ZINCADO COM ROSCA SOBERBA, CABECA CHATA E FENDA SIMPLES, DIAMETRO 4,2 MM, COMPRIMENTO * 32 * MM","UN",61,{"$f":"VLOOKUP(D1397&E1397,'TABELA SICRO-SINAPI-ORSE'!A:G,7,FALSE)","v":0.18},0.14692012195121973,0.20644562195121954,12.593182939024393,false]
[null,"4.7.25","INSUMO SINAPI",11059,"SINAPI","PARAFUSO ROSCA SOBERBA ZINCADO CABECA CHATA FENDA SIMPLES 5,5 X 50 MM (2 \")","UN",83,{"$f":"VLOOKUP(D1398&E1398,'TABELA SICRO-SINAPI-ORSE'!A:G,7,FALSE)","v":0.39},0.14692012195121973,0.44729884756097571,37.125804347560987,false]
[null,"4.7.26","INSUMO SINAPI",39442,"SINAPI","PARAFUSO DRY WALL, EM ACO ZINCADO, CABECA LENTILHA E PONTA AGULHA (LA), LARGURA 4,2 MM, COMPRIMENTO 13 MM","UN",592,{"$f":"VLOOKUP(D1399&E1399,'TABELA SICRO-SINAPI-ORSE'!A:G,7,FALSE)","v":0.17},0.14692012195121973,0.19497642073170737,115.42604107317077,false]
[null,"4.7.27","COMPOSIÇÃO ORSE",7138,"ORSE","FORNECIMENTO E LANÇAMENTO DE CABO UTP 4 PARES CAT 6","M",550,{"$f":"VLOOKUP(D1400&E1400,'TABELA SICRO-SINAPI-ORSE'!A:G,7,FALSE)","v":12.26},{"$f":"$L$4","v":0.20796173004820551},14.809610810391,8145.2859457150498,false]
[null,"4.7.28","COMPOSIÇÃO ORSE",706,"ORSE","CAIXA DE PASSAGEM PARA TELEFONE, PADRÃO TELEBRÁS, EMBUTIR, 60 X 60 X 12 CM, EM CHAPA AÇO GALVANIZ.","UN",4,{"$f":"VLOOKUP(D1401&E1401,'TABELA SICRO-SINAPI-ORSE'!A:G,7,FALSE)","v":300.63},0.20796173004820551,363.149534904392,1452.598139617568,false]
[null,"4.7.29","COMPOSIÇÃO ORSE",11418,"ORSE","TOMADA PARA LÓGICA, RJ45, COM PLACA","UN",24,{"$f":"VLOOKUP(D1402&E1402,'TABELA SICRO-SINAPI-ORSE'!A:G,7,FALSE)","v":34.880000000000003},0.20796173004820551,42.133705144081411,1011.2089234579539,false]
[null,"4.7.30","COMPOSIÇÃO ORSE",723,"ORSE","FORNECIMENTO E INSTALAÇÃO DE SAÍDA HORIZONTAL PARA ELETRODUTO 3/4\" (REF. VL 33 VALEMAM OU SIMILAR)","UN",11,{"$f":"VLOOKUP(D1403&E1403,'TABELA SICRO-SINAPI-ORSE'!A:G,7,FALSE)","v":6.86},0.20796173004820551,8.2866174681306894,91.152792149437587,false]
[null,"4.7.31","COMPOSIÇÃO ORSE",13183,"ORSE","FORNECIMENTO E INSTALAÇÃO DE COTOVELO INTERNO SISTEMA \"X\" 50 X 20 MM","UN",8,{"$f":"VLOOKUP(D1404&E1404,'TABELA SICRO-SINAPI-ORSE'!A:G,7,FALSE)","v":7.36},0.20796173004820551,8.8905983331547933,71.124786665238346,false]
[null,"4.7.32","INSUMO SINAPI",3270,"SINAPI","FLANGE SEXTAVADO DE FERRO GALVANIZADO, COM ROSCA BSP, DE 6\"","UN",7,{"$f":"VLOOKUP(D1405&E1405,'TABELA SICRO-SINAPI-ORSE'!A:G,7,FALSE)","v":369.85},{"$f":"$L$5","v":0.14692012195121973},424.18840710365862,2969.3188497256106,false]
[null,"4.7.33","INSUMO ORSE",13318,"ORSE","SUPORTE VERTICAL 150 X 150 MM PARA FIXAÇÃO DE ELETROCALHA METÁLICA (REF.: MOPA OU SIMILAR)","UN",83,{"$f":"VLOOKUP(D1406&E1406,'TABELA SICRO-SINAPI-ORSE'!A:G,7,FALSE)","v":16.47},0.14692012195121973,18.889774408536589,1567.8512759085368,false]
[null,"4.7.34","INSUMO ORSE",5666,"ORSE","TÊ 90º PVC, JE, BBB, PBA, D=   75MM","UN",8,{"$f":"VLOOKUP(D1407&E1407,'TABELA SICRO-SINAPI-ORSE'!A:G,7,FALSE)","v":49.43},0.14692012195121973,56.69226162804879,453.53809302439032,false]
[null,"4.7.35","INSUMO ORSE",9704,"ORSE","TALA PLANA PERFURADA 100MM","UN",148,{"$f":"VLOOKUP(D1408&E1408,'TABELA SICRO-SINAPI-ORSE'!A:G,7,FALSE)","v":4.8},0.14692012195121973,5.5052165853658543,814.77205463414646,false]
[null,"4.7.36","INSUMO ORSE",13389,"ORSE","TAMPA DE ENCAIXE 75MM PARA TÊ DE DESCIDA LATERAL, ZINCADA, PARA ELETROCALHA METÁLICA (REF.: MOPA OU SIMILAR)","UN",16,{"$f":"VLOOKUP(D1409&E1409,'TABELA SICRO-SINAPI-ORSE'!A:G,7,FALSE)","v":11.51},0.14692012195121973,13.201050603658539,211.21680965853662,false]
[null,"4.7.37","INSUMO ORSE",13383,"ORSE","TAMPA DE ENCAIXE PARA REDUÇÃO CONCÊNTRICA 200 X 75MM PARA 100 X 75MM, ZINCADA, PARA ELETROCALHA METÁLICA (REF. MOPA OU SIMILAR)","UN",95,{"$f":"VLOOKUP(D1410&E1410,'TABELA SICRO-SINAPI-ORSE'!A:G,7,FALSE)","v":19.23},0.14692012195121973,22.055273945121957,2095.2510247865857,false]
[null,"4.7.38","INSUMO SINAPI",39139,"SINAPI","ABRACADEIRA EM ACO PARA AMARRACAO DE ELETRODUTOS, TIPO U SIMPLES, COM 1\"","UN",8,{"$f":"VLOOKUP(D1411&E1411,'TABELA SICRO-SINAPI-ORSE'!A:G,7,FALSE)","v":1.73},0.14692012195121973,1.9841718109756101,15.873374487804881,false]
[null,"4.7.39","INSUMO SINAPI",39138,"SINAPI","ABRACADEIRA EM ACO PARA AMARRACAO DE ELETRODUTOS, TIPO U SIMPLES, COM 3/4\"","UN",53,{"$f":"VLOOKUP(D1412&E1412,'TABELA SICRO-SINAPI-ORSE'!A:G,7,FALSE)","v":1.27},0.14692012195121973,1.4565885548780491,77.199193408536601,false]
[null,"4.7.40","INSUMO SINAPI",39273,"SINAPI","CURVA 90 GRAUS, CURTA, DE PVC RIGIDO ROSCAVEL, DE 1\", PARA ELETRODUTO","UN",2,{"$f":"VLOOKUP(D1413&E1413,'TABELA SICRO-SINAPI-ORSE'!A:G,7,FALSE)","v":4.26},0.14692012195121973,4.8858797195121957,9.7717594390243914,false]
[null,"4.7.41","INSUMO SINAPI",39272,"SINAPI","CURVA 90 GRAUS, CURTA, DE PVC RIGIDO ROSCAVEL, DE 3/4\", PARA ELETRODUTO","UN",11,{"$f":"VLOOKUP(D1414&E1414,'TABELA SICRO-SINAPI-ORSE'!A:G,7,FALSE)","v":3.08},0.14692012195121973,3.5325139756097568,38.857653731707323,false]
[null,"4.7.42","COMPOSIÇÃO SINAPI",91864,"SINAPI","ELETRODUTO RÍGIDO ROSCÁVEL, PVC, DN 32 MM (1\"), PARA CIRCUITOS TERMINAIS, INSTALADO EM FORRO - FORNECIMENTO E INSTALAÇÃO. AF_03/2023","M",10,{"$f":"VLOOKUP(D1415&E1415,'TABELA SICRO-SINAPI-ORSE'!A:G,7,FALSE)","v":15.81},{"$f":"$L$4","v":0.20796173004820551},19.097874952062131,190.97874952062131,false]
[null,"4.7.43","COMPOSIÇÃO SINAPI",91867,"SINAPI","ELETRODUTO RÍGIDO ROSCÁVEL, PVC, DN 25 MM (3/4\"), PARA CIRCUITOS TERMINAIS, INSTALADO EM LAJE - FORNECIMENTO E INSTALAÇÃO. AF_03/2023","M",45,{"$f":"VLOOKUP(D1416&E1416,'TABELA SICRO-SINAPI-ORSE'!A:G,7,FALSE)","v":10.38},0.20796173004820551,12.538642757900375,564.23892410551684,false]
[null,"4.7.44","COMPOSIÇÃO SINAPI",91844,"SINAPI","ELETRODUTO FLEXÍVEL CORRUGADO, PVC, DN 25 MM (3/4\"), PARA CIRCUITOS TERMINAIS, INSTALADO EM LAJE - FORNECIMENTO E INSTALAÇÃO. AF_03/2023","M",5,6.49,0.20796173004820551,7.8396716280128542,39.198358140064272,false]
[null,"4.7.45","COMPOSIÇÃO ORSE",4278,"ORSE","ELETRODUTO FLEXÍVEL DE PVC (SANFONADO), DIÂM = 32MM (1\")","M",25,{"$f":"VLOOKUP(D1418&E1418,'TABELA SICRO-SINAPI-ORSE'!A:G,7,FALSE)","v":7.99},0.20796173004820551,9.6516142230851614,241.29035557712905,false]
[null,"4.8","SPDA",{"$nulls":4},1,null,null,null,{"$f":"SUBTOTAL(109,L1420:L1430)","v":27532.047361441662}]
[null,"4.8.1","COMPOSIÇÃO ORSE",9392,"ORSE","CABO DE COBRE NÚ 35 MM2 - FORNECIMENTO E ASSENTAMENTO (3,16M/KG)","KG",30,{"$f":"VLOOKUP(D1420&E1420,'TABELA SICRO-SINAPI-ORSE'!A:G,7,FALSE)","v":89.17},{"$f":"$L$4","v":0.20796173004820551},{"$f":"I1420*(1+J1420)","v":107.71394746839849},{"$f":"K1420*H1420","v":3231.4184240519544},{"$f":"ISTEXT(H1420)","v":false}]
[null,"4.8.2","COMPOSIÇÃO ORSE",7928,"ORSE","TERMINAL DE COMPRESSÃO PARA CABO DE  35 MM2 - FORNECIMENTO E INSTALAÇÃO","UN",25,{"$f":"VLOOKUP(D1421&E1421,'TABELA SICRO-SINAPI-ORSE'!A:G,7,FALSE)","v":4.2699999999999996},0.20796173004820551,5.1579965873058367,128.94991468264593,false]
[null,"4.8.3","COMPOSIÇÃO ORSE",12740,"ORSE","FORNECIMENTO E ASSENTAMENTO DE BARRA CHATA DE ALUMÍNIO DE 7/8\" X 1/8\"","M",75,{"$f":"VLOOKUP(D1422&E1422,'TABELA SICRO-SINAPI-ORSE'!A:G,7,FALSE)","v":15.31},0.20796173004820551,18.493894087038026,1387.0420565278519,false]
[null,"4.8.4","COMPOSIÇÃO ORSE",3766,"ORSE","FORNECIMENTO E INSTALAÇÃO DE HASTE DE ATERRAMENTO 5/8\"X3,00M COM CONECTOR","UN",16,{"$f":"VLOOKUP(D1423&E1423,'TABELA SICRO-SINAPI-ORSE'!A:G,7,FALSE)","v":131.16},0.20796173004820551,158.43626051312262,2534.9801682099619,false]
[null,"4.8.5","COMPOSIÇÃO ORSE",8795,"ORSE","TERMINAL AÉREO EM AÇO GALVANIZADO 3/8\" X 50CM, COM FIXAÇÃO HORIZONTAL","UN",4,{"$f":"VLOOKUP(D1424&E1424,'TABELA SICRO-SINAPI-ORSE'!A:G,7,FALSE)","v":27.71},0.20796173004820551,33.472619539635772,133.89047815854309,false]
[null,"4.8.6","COMPOSIÇÃO ORSE",13190,"ORSE","FORNECIMENTO DE KIT PARAFUSO PHILIPS, BUCHA, ARRUELA S6","UN",250,{"$f":"VLOOKUP(D1425&E1425,'TABELA SICRO-SINAPI-ORSE'!A:G,7,FALSE)","v":0.12},0.20796173004820551,0.14495540760578465,36.238851901446161,false]
[null,"4.8.7","COMPOSIÇÃO ORSE",11414,"ORSE","PARAFUSO FENDA EM AÇO INOX 1/4\" X 3/4\" - FORNECIMENTO E COLOCAÇÃO","UN",250,{"$f":"VLOOKUP(D1426&E1426,'TABELA SICRO-SINAPI-ORSE'!A:G,7,FALSE)","v":1.27},0.20796173004820551,1.534111397161221,383.52784929030526,false]
[null,"4.8.8","COMPOSIÇÃO ORSE",11194,"ORSE","CABO COBRE FLEXÍVEL, NÃO HOLOGENADO, 50,0MM2 - 0,6/1KV / 90º","M",200,{"$f":"VLOOKUP(D1427&E1427,'TABELA SICRO-SINAPI-ORSE'!A:G,7,FALSE)","v":48.2},0.20796173004820551,58.223755388323511,11644.751077664701,false]
[null,"4.8.9","COMPOSIÇÃO ORSE",8699,"ORSE","CAIXA DE PASSAGEM EM PVC TIPO AQUATIC, 100X100X50MM","UN",10,{"$f":"VLOOKUP(D1428&E1428,'TABELA SICRO-SINAPI-ORSE'!A:G,7,FALSE)","v":42.53},0.20796173004820551,51.374612378950182,513.74612378950178,false]
[null,"4.8.10","COMPOSIÇÃO ORSE",11730,"ORSE","FORNECIMENTO DE CARTUCHO PARA SOLDA EXOTÉRMICA PARA CABO 70 MM²","UN",20,{"$f":"VLOOKUP(D1429&E1429,'TABELA SICRO-SINAPI-ORSE'!A:G,7,FALSE)","v":26.5},0.20796173004820551,32.010985846277443,640.21971692554882,false]
[null,"4.8.11","COMPOSIÇÃO SINAPI",96526,"SINAPI","ESCAVAÇÃO MANUAL DE VALA PARA VIGA BALDRAME (SEM ESCAVAÇÃO PARA COLOCAÇÃO DE FÔRMAS). AF_06/2017","M3",32.4,{"$f":"VLOOKUP(D1430&E1430,'TABELA SICRO-SINAPI-ORSE'!A:G,7,FALSE)","v":176.23},0.20796173004820551,212.87909568639523,6897.282700239205,false]
[null,"4.9","PINTURA ",{"$nulls":4},1,null,null,null,{"$f":"SUBTOTAL(109,L1432:L1435)","v":58211.831839678547}]
[null,"4.9.1","COMPOSIÇÃO ORSE",2344,"ORSE","PREPARO DE SUPERFÍCIE COM LIXAMENTO DE PAREDES E TETOS","M2",1923.21,{"$f":"VLOOKUP(D1432&E1432,'TABELA SICRO-SINAPI-ORSE'!A:G,7,FALSE)","v":3.33},{"$f":"$L$4","v":0.20796173004820551},{"$f":"I1432*(1+J1432)","v":4.0225125610605241},{"$f":"K1432*H1432","v":7736.1363825572107},{"$f":"ISTEXT(H1432)","v":false}]
[null,"4.9.2","COMPOSIÇÃO SINAPI",88411,"SINAPI","APLICAÇÃO MANUAL DE FUNDO SELADOR ACRÍLICO EM PANOS COM PRESENÇA DE VÃOS DE EDIFÍCIOS DE MÚLTIPLOS PAVIMENTOS. AF_06/2014","M2",1923.21,{"$f":"VLOOKUP(D1433&E1433,'TABELA SICRO-SINAPI-ORSE'!A:G,7,FALSE)","v":3.09},0.20796173004820551,{"$f":"I1433*(1+J1433)","v":3.7326017458489549},{"$f":"K1433*H1433","v":7178.5770036341682},false]
[null,"4.9.3","COMPOSIÇÃO SINAPI",102491,"SINAPI","PINTURA DE PISO COM TINTA ACRÍLICA, APLICAÇÃO MANUAL, 2 DEMÃOS, INCLUSO FUNDO PREPARADOR. AF_05/2021","M2",1923.21,{"$f":"VLOOKUP(D1434&E1434,'TABELA SICRO-SINAPI-ORSE'!A:G,7,FALSE)","v":18.260000000000002},0.20796173004820551,{"$f":"I1434*(1+J1434)","v":22.057381190680236},{"$f":"K1434*H1434","v":42420.976079728134},false]
[null,"4.9.4","COMPOSIÇÃO SINAPI",102218,"SINAPI","PINTURA TINTA DE ACABAMENTO (PIGMENTADA) ESMALTE SINTÉTICO FOSCO EM MADEIRA, 2 DEMÃOS. AF_01/2021","M2",51.66,{"$f":"VLOOKUP(D1435&E1435,'TABELA SICRO-SINAPI-ORSE'!A:G,7,FALSE)","v":14.04},0.20796173004820551,{"$f":"I1435*(1+J1435)","v":16.959782689876803},{"$f":"K1435*H1435","v":876.14237375903565},false]
[null,"4.10","ABERTURAS",{"$nulls":4},1,null,null,null,{"$f":"SUBTOTAL(109,L1437:L1439)","v":36852.898953159107}]
[null,"4.10.1","COMPOSIÇÃO SINAPI",90793,"SINAPI","KIT DE PORTA-PRONTA DE MADEIRA EM ACABAMENTO MELAMÍNICO BRANCO, FOLHA PESADA OU SUPERPESADA, 90X210CM, FIXAÇÃO COM PREENCHIMENTO TOTAL DE ESPUMA EXPANSIVA - FORNECIMENTO E INSTALAÇÃO. AF_12/2019","UN",3,{"$f":"VLOOKUP(D1437&E1437,'TABELA SICRO-SINAPI-ORSE'!A:G,7,FALSE)","v":1142.27},{"$f":"$L$4","v":0.20796173004820551},{"$f":"I1437*(1+J1437)","v":1379.8184453821636},{"$f":"K1437*H1437","v":4139.4553361464914},{"$f":"ISTEXT(H1437)","v":false}]
[null,"4.10.2","COMPOSIÇÃO SINAPI",90791,"SINAPI","KIT DE PORTA-PRONTA DE MADEIRA EM ACABAMENTO MELAMÍNICO BRANCO, FOLHA PESADA OU SUPERPESADA, 80X210CM, FIXAÇÃO COM PREENCHIMENTO PARCIAL DE ESPUMA EXPANSIVA - FORNECIMENTO E INSTALAÇÃO. AF_12/2019","UN",12,{"$f":"VLOOKUP(D1438&E1438,'TABELA SICRO-SINAPI-ORSE'!A:G,7,FALSE)","v":1082.3399999999999},0.20796173004820551,{"$f":"I1438*(1+J1438)","v":1307.4252989003746},{"$f":"K1438*H1438","v":15689.103586804496},false]
[null,"4.10.3","COMPOSIÇÃO SINAPI",91341,"SINAPI","PORTA EM ALUMÍNIO DE ABRIR TIPO VENEZIANA COM GUARNIÇÃO, FIXAÇÃO COM PARAFUSOS - FORNECIMENTO E INSTALAÇÃO. AF_12/2019","M2",21.39,{"$f":"VLOOKUP(D1439&E1439,'TABELA SICRO-SINAPI-ORSE'!A:G,7,FALSE)","v":658.88},0.20796173004820551,{"$f":"I1439*(1+J1439)","v":795.90182469416163},{"$f":"K1439*H1439","v":17024.340030208117},false]
[null,"4.11","COBERTURA",{"$nulls":4},1,null,null,null,{"$f":"SUBTOTAL(109,L1441:L1442)","v":4479.7260758837701}]
[null,"4.11.1","COMPOSIÇÃO SINAPI",94213,"SINAPI","TELHAMENTO COM TELHA DE AÇO/ALUMÍNIO E = 0,5 MM, COM ATÉ 2 ÁGUAS, INCLUSO IÇAMENTO. AF_07/2019","M2",50,{"$f":"VLOOKUP(D1441&E1441,'TABELA SICRO-SINAPI-ORSE'!A:G,7,FALSE)","v":71.08},{"$f":"$L$4","v":0.20796173004820551},{"$f":"I1441*(1+J1441)","v":85.86191977182645},{"$f":"K1441*H1441","v":4293.0959885913226},{"$f":"ISTEXT(H1441)","v":false}]
[null,"4.11.2","COMPOSIÇÃO SINAPI",97647,"SINAPI","REMOÇÃO DE TELHAS, DE FIBROCIMENTO, METÁLICA E CERÂMICA, DE FORMA MANUAL, SEM REAPROVEITAMENTO. AF_12/2017","M2",50,{"$f":"VLOOKUP(D1442&E1442,'TABELA SICRO-SINAPI-ORSE'!A:G,7,FALSE)","v":3.09},0.20796173004820551,{"$f":"I1442*(1+J1442)","v":3.7326017458489549},{"$f":"K1442*H1442","v":186.63008729244774},false]
[null,"4.12","SERVIÇOS FINAIS ",{"$nulls":4},1,null,null,null,{"$f":"SUBTOTAL(109,L1444)","v":2849.987958713532}]
[null,"4.12.1","COMPOSIÇÃO ORSE",2450,"ORSE","LIMPEZA GERAL","M2",987.17,{"$f":"VLOOKUP(D1444&E1444,'TABELA SICRO-SINAPI-ORSE'!A:G,7,FALSE)","v":2.39},{"$f":"$L$4","v":0.20796173004820551},{"$f":"I1444*(1+J1444)","v":2.8870285348152112},{"$f":"K1444*H1444","v":2849.987958713532},{"$f":"ISTEXT(H1444)","v":false}]
[null,5,"PROJETO VIÁRIO",{"$nulls":8},{"$f":"SUBTOTAL(109,L1446:L1497)","v":5576665.4497372331}]
[null,"5.1","MOBILIZAÇÃO E DESMOBILIZAÇÃO",{"$nulls":4},1,null,null,null,{"$f":"SUBTOTAL(109,L1447:L1448)","v":5030.2546343532395}]
[null,"5.1.1","COMPOSIÇÃO PRÓPRIA","1.1","","MOBILIZAÇÃO ","UN",1,{"$f":"'CPU Própria (sem des)'!M28","v":2082.125},{"$f":"$L$4","v":0.20796173004820551},{"$f":"I1447*(1+J1447)","v":2515.1273171766197},{"$f":"K1447*H1447","v":2515.1273171766197},{"$f":"ISTEXT(H1447)","v":false}]
[null,"5.1.2","COMPOSIÇÃO PRÓPRIA","1.1","","DESMOBILIZAÇÃO","UN",1,{"$f":"'CPU Própria (sem des)'!M28","v":2082.125},0.20796173004820551,{"$f":"I1448*(1+J1448)","v":2515.1273171766197},{"$f":"K1448*H1448","v":2515.1273171766197},false]
[null,"5.2","SERVIÇOS PRELIMINARES",{"$nulls":4},1,null,null,null,{"$f":"SUBTOTAL(109,L1450:L1460)","v":125245.82010884908}]
[null,"5.2.1","COMPOSIÇÃO SINAPI",98525,"SINAPI","LIMPEZA MECANIZADA DE CAMADA VEGETAL, VEGETAÇÃO E PEQUENAS ÁRVORES (DIÂMETRO DE TRONCO MENOR QUE 0,20 M), COM TRATOR DE ESTEIRAS.AF_05/2018","M2",2814,{"$f":"VLOOKUP(D1450&E1450,'TABELA SICRO-SINAPI-ORSE'!A:G,7,FALSE)","v":0.62},{"$f":"$L$4","v":0.20796173004820551},{"$f":"I1450*(1+J1450)","v":0.74893627262988738},{"$f":"K1450*H1450","v":2107.506671180503},{"$f":"ISTEXT(H1450)","v":false}]
[null,"5.2.2","COMPOSIÇÃO SINAPI",93590,"SINAPI","TRANSPORTE COM CAMINHÃO BASCULANTE DE 10 M³, EM VIA URBANA PAVIMENTADA, ADICIONAL PARA DMT EXCEDENTE A 30 KM (UNIDADE: M3XKM). AF_07/2020","M3XKM",16884,{"$f":"VLOOKUP(D1451&E1451,'TABELA SICRO-SINAPI-ORSE'!A:G,7,FALSE)","v":0.99},0.20796173004820551,1.1958821127477235,20191.273591632562,false]
[null,"5.2.3","COMPOSIÇÃO SICRO",4915768,"SICRO","CORTE E REMOÇÃO DE ÁRVORES","M3",14,{"$f":"VLOOKUP(D1452&E1452,'TABELA SICRO-SINAPI-ORSE'!A:G,7,FALSE)","v":14.98},0.20796173004820551,18.095266716122119,253.33373402570965,false]
[null,"5.2.4","COMPOSIÇÃO SINAPI",100974,"SINAPI","CARGA, MANOBRA E DESCARGA DE SOLOS E MATERIAIS GRANULARES EM CAMINHÃO BASCULANTE 10 M³ - CARGA COM PÁ CARREGADEIRA (CAÇAMBA DE 1,7 A 2,8 M³ / 128 HP) E DESCARGA LIVRE (UNIDADE: M3). AF_07/2020","M3",2.97,{"$f":"VLOOKUP(D1453&E1453,'TABELA SICRO-SINAPI-ORSE'!A:G,7,FALSE)","v":8.5299999999999994},0.20796173004820551,10.303913557311192,30.602623265214245,false]
[null,"5.2.5","COMPOSIÇÃO SINAPI",93590,"SINAPI","TRANSPORTE COM CAMINHÃO BASCULANTE DE 10 M³, EM VIA URBANA PAVIMENTADA, ADICIONAL PARA DMT EXCEDENTE A 30 KM (UNIDADE: M3XKM). AF_07/2020","M3XKM",7354.99,{"$f":"VLOOKUP(D1454&E1454,'TABELA SICRO-SINAPI-ORSE'!A:G,7,FALSE)","v":0.99},0.20796173004820551,1.1958821127477235,8795.7009804383779,false]
[null,"5.2.6","COMPOSIÇÃO SINAPI",100574,"SINAPI","ESPALHAMENTO DE MATERIAL COM TRATOR DE ESTEIRAS. AF_11/2019","M3",565.77,{"$f":"VLOOKUP(D1455&E1455,'TABELA SICRO-SINAPI-ORSE'!A:G,7,FALSE)","v":1.47},0.20796173004820551,1.775703743170862,1004.6399067737785,false]
[null,"5.2.7","COMPOSIÇÃO SICRO",4915667,"SICRO","REMOÇÃO MECANIZADA DE REVESTIMENTO ASFÁLTICO","M3",656.63,{"$f":"VLOOKUP(D1456&E1456,'TABELA SICRO-SINAPI-ORSE'!A:G,7,FALSE)","v":12.42},0.20796173004820551,15.002884687198712,9851.3441721552899,false]
[null,"5.2.8","COMPOSIÇÃO SICRO",4915669,"SICRO","REMOÇÃO MECANIZADA DE CAMADA GRANULAR DO PAVIMENTO","M3",1751,{"$f":"VLOOKUP(D1457&E1457,'TABELA SICRO-SINAPI-ORSE'!A:G,7,FALSE)","v":7.8},0.20796173004820551,9.4221014943760029,16498.099716652381,false]
[null,"5.2.9","COMPOSIÇÃO SINAPI",100974,"SINAPI","CARGA, MANOBRA E DESCARGA DE SOLOS E MATERIAIS GRANULARES EM CAMINHÃO BASCULANTE 10 M³ - CARGA COM PÁ CARREGADEIRA (CAÇAMBA DE 1,7 A 2,8 M³ / 128 HP) E DESCARGA LIVRE (UNIDADE: M3). AF_07/2020","M3",2407.63,{"$f":"VLOOKUP(D1458&E1458,'TABELA SICRO-SINAPI-ORSE'!A:G,7,FALSE)","v":8.5299999999999994},0.20796173004820551,10.303913557311192,24808.011397989147,false]
[null,"5.2.10","COMPOSIÇÃO SINAPI",93590,"SINAPI","TRANSPORTE COM CAMINHÃO BASCULANTE DE 10 M³, EM VIA URBANA PAVIMENTADA, ADICIONAL PARA DMT EXCEDENTE A 30 KM (UNIDADE: M3XKM). AF_07/2020","M3XKM",31299.13,{"$f":"VLOOKUP(D1459&E1459,'TABELA SICRO-SINAPI-ORSE'!A:G,7,FALSE)","v":0.99},0.20796173004820551,1.1958821127477235,37430.069711565659,false]
[null,"5.2.11","COMPOSIÇÃO SINAPI",100574,"SINAPI","ESPALHAMENTO DE MATERIAL COM TRATOR DE ESTEIRAS. AF_11/2019","M3",2407.63,{"$f":"VLOOKUP(D1460&E1460,'TABELA SICRO-SINAPI-ORSE'!A:G,7,FALSE)","v":1.47},0.20796173004820551,1.775703743170862,4275.2376031704625,false]
[null,"5.3","TERRAPLENAGEM/REPARAÇÃO DE SUPERFÍCIES ",{"$nulls":4},1,null,null,null,{"$f":"SUBTOTAL(109,L1462:L1470)","v":104294.5979822708}]
[null,"5.3.1","COMPOSIÇÃO SINAPI",101144,"SINAPI","ESCAVAÇÃO HORIZONTAL, INCLUINDO CARGA, DESCARGA E TRANSPORTE EM SOLO DE 1A CATEGORIA COM TRATOR DE ESTEIRAS (100HP/LÂMINA: 2,19M3) E CAMINHÃO BASCULANTE DE 14M3, DMT ATÉ 200M. AF_07/2020","M3",2385,{"$f":"VLOOKUP(D1462&E1462,'TABELA SICRO-SINAPI-ORSE'!A:G,7,FALSE)","v":15.71},{"$f":"$L$4","v":0.20796173004820551},{"$f":"I1462*(1+J1462)","v":18.977078779057308},{"$f":"K1462*H1462","v":45260.332888051678},{"$f":"ISTEXT(H1462)","v":false}]
[null,"5.3.2","COMPOSIÇÃO SINAPI",101114,"SINAPI","ESCAVAÇÃO HORIZONTAL EM SOLO DE 1A CATEGORIA COM TRATOR DE ESTEIRAS (100HP/LÂMINA: 2,19M3). AF_07/2020","M3",565.20000000000005,{"$f":"VLOOKUP(D1463&E1463,'TABELA SICRO-SINAPI-ORSE'!A:G,7,FALSE)","v":4.3099999999999996},0.20796173004820551,5.2063150565077656,2942.6092699381893,false]
[null,"5.3.3","COMPOSIÇÃO SINAPI",100974,"SINAPI","CARGA, MANOBRA E DESCARGA DE SOLOS E MATERIAIS GRANULARES EM CAMINHÃO BASCULANTE 10 M³ - CARGA COM PÁ CARREGADEIRA (CAÇAMBA DE 1,7 A 2,8 M³ / 128 HP) E DESCARGA LIVRE (UNIDADE: M3). AF_07/2020","M3",565.20000000000005,{"$f":"VLOOKUP(D1464&E1464,'TABELA SICRO-SINAPI-ORSE'!A:G,7,FALSE)","v":8.5299999999999994},0.20796173004820551,10.303913557311192,5823.771942592286,false]
[null,"5.3.4","COMPOSIÇÃO SINAPI",93590,"SINAPI","TRANSPORTE COM CAMINHÃO BASCULANTE DE 10 M³, EM VIA URBANA PAVIMENTADA, ADICIONAL PARA DMT EXCEDENTE A 30 KM (UNIDADE: M3XKM). AF_07/2020","M3XKM",7347.6,{"$f":"VLOOKUP(D1465&E1465,'TABELA SICRO-SINAPI-ORSE'!A:G,7,FALSE)","v":0.99},0.20796173004820551,1.1958821127477235,8786.8634116251742,false]
[null,"5.3.5","COMPOSIÇÃO SINAPI",100574,"SINAPI","ESPALHAMENTO DE MATERIAL COM TRATOR DE ESTEIRAS. AF_11/2019","M3",565.20000000000005,{"$f":"VLOOKUP(D1466&E1466,'TABELA SICRO-SINAPI-ORSE'!A:G,7,FALSE)","v":1.47},0.20796173004820551,1.775703743170862,1003.6277556401712,false]
[null,"5.3.6","COMPOSIÇÃO SINAPI",101114,"SINAPI","ESCAVAÇÃO HORIZONTAL EM SOLO DE 1A CATEGORIA COM TRATOR DE ESTEIRAS (100HP/LÂMINA: 2,19M3). AF_07/2020","M3",1045.7,{"$f":"VLOOKUP(D1467&E1467,'TABELA SICRO-SINAPI-ORSE'!A:G,7,FALSE)","v":4.3099999999999996},0.20796173004820551,5.2063150565077656,5444.243654590171,false]
[null,"5.3.7","COMPOSIÇÃO SINAPI",100974,"SINAPI","CARGA, MANOBRA E DESCARGA DE SOLOS E MATERIAIS GRANULARES EM CAMINHÃO BASCULANTE 10 M³ - CARGA COM PÁ CARREGADEIRA (CAÇAMBA DE 1,7 A 2,8 M³ / 128 HP) E DESCARGA LIVRE (UNIDADE: M3). AF_07/2020","M3",1045.7,{"$f":"VLOOKUP(D1468&E1468,'TABELA SICRO-SINAPI-ORSE'!A:G,7,FALSE)","v":8.5299999999999994},0.20796173004820551,10.303913557311192,10774.802406880315,false]
[null,"5.3.8","COMPOSIÇÃO SINAPI",93590,"SINAPI","TRANSPORTE COM CAMINHÃO BASCULANTE DE 10 M³, EM VIA URBANA PAVIMENTADA, ADICIONAL PARA DMT EXCEDENTE A 30 KM (UNIDADE: M3XKM). AF_07/2020","M3XKM",13594.1,{"$f":"VLOOKUP(D1469&E1469,'TABELA SICRO-SINAPI-ORSE'!A:G,7,FALSE)","v":0.99},0.20796173004820551,1.1958821127477235,16256.941028903828,false]
[null,"5.3.9","COMPOSIÇÃO SINAPI",100576,"SINAPI","REGULARIZAÇÃO E COMPACTAÇÃO DE SUBLEITO DE SOLO  PREDOMINANTEMENTE ARGILOSO. AF_11/2019","M2",2639,{"$f":"VLOOKUP(D1470&E1470,'TABELA SICRO-SINAPI-ORSE'!A:G,7,FALSE)","v":2.5099999999999998},0.20796173004820551,3.0319839424209958,8001.4056240490081,false]
[null,"5.4","PAVIMENTAÇÃO",{"$nulls":4},1,null,null,null,{"$f":"SUBTOTAL(109,L1472:L1491)","v":5269702.9787360579}]
[null,"5.4.1","COMPOSIÇÃO SINAPI",100576,"SINAPI","REGULARIZAÇÃO E COMPACTAÇÃO DE SUBLEITO DE SOLO  PREDOMINANTEMENTE ARGILOSO. AF_11/2019","M2",24888,{"$f":"VLOOKUP(D1472&E1472,'TABELA SICRO-SINAPI-ORSE'!A:G,7,FALSE)","v":2.5099999999999998},{"$f":"$L$4","v":0.20796173004820551},{"$f":"I1472*(1+J1472)","v":3.0319839424209958},{"$f":"K1472*H1472","v":75460.016358973749},{"$f":"ISTEXT(H1472)","v":false}]
[null,"5.4.2","COMPOSIÇÃO SINAPI",101827,"SINAPI","RECOMPOSIÇÃO DE BASE E OU SUB-BASE PARA REMENDO PROFUNDO DE SOLO BRITA (40/60) - INCLUSO RETIRADA E COLOCAÇÃO DO MATERIAL. AF_12/2020","M3",673,{"$f":"VLOOKUP(D1473&E1473,'TABELA SICRO-SINAPI-ORSE'!A:G,7,FALSE)","v":344.53},0.20796173004820551,416.17905485350821,280088.50391641102,false]
[null,"5.4.3","COMPOSIÇÃO SINAPI",100974,"SINAPI","CARGA, MANOBRA E DESCARGA DE SOLOS E MATERIAIS GRANULARES EM CAMINHÃO BASCULANTE 10 M³ - CARGA COM PÁ CARREGADEIRA (CAÇAMBA DE 1,7 A 2,8 M³ / 128 HP) E DESCARGA LIVRE (UNIDADE: M3). AF_07/2020","M3",673,{"$f":"VLOOKUP(D1474&E1474,'TABELA SICRO-SINAPI-ORSE'!A:G,7,FALSE)","v":8.5299999999999994},0.20796173004820551,10.303913557311192,6934.5338240704323,false]
[null,"5.4.4","COMPOSIÇÃO SINAPI",93590,"SINAPI","TRANSPORTE COM CAMINHÃO BASCULANTE DE 10 M³, EM VIA URBANA PAVIMENTADA, ADICIONAL PARA DMT EXCEDENTE A 30 KM (UNIDADE: M3XKM). AF_07/2020","M3XKM",327750,{"$f":"VLOOKUP(D1475&E1475,'TABELA SICRO-SINAPI-ORSE'!A:G,7,FALSE)","v":0.99},0.20796173004820551,1.1958821127477235,391950.36245306639,false]
[null,"5.4.5","COMPOSIÇÃO SINAPI",100573,"SINAPI","EXECUÇÃO E COMPACTAÇÃO DE BASE E OU SUB-BASE PARA PAVIMENTAÇÃO DE SOLO (PREDOMINANTEMENTE ARGILOSO) BRITA - 50/50 - EXCLUSIVE SOLO, ESCAVAÇÃO, CARGA E TRANSPORTE. AF_11/2019","M3",2185,{"$f":"VLOOKUP(D1476&E1476,'TABELA SICRO-SINAPI-ORSE'!A:G,7,FALSE)","v":219.95},0.20796173004820551,265.69118252410277,580535.23381516454,false]
[null,"5.4.6","COMPOSIÇÃO SICRO",4011227,"SICRO","SUB-BASE DE SOLO ESTABILIZADO GRANULOMETRICAMENTE SEM MISTURA COM MATERIAL DE JAZIDA","M3",2185,{"$f":"VLOOKUP(D1477&E1477,'TABELA SICRO-SINAPI-ORSE'!A:G,7,FALSE)","v":12.05},0.20796173004820551,14.555938847080878,31804.726380871718,false]
[null,"5.4.7","COMPOSIÇÃO SINAPI",100974,"SINAPI","CARGA, MANOBRA E DESCARGA DE SOLOS E MATERIAIS GRANULARES EM CAMINHÃO BASCULANTE 10 M³ - CARGA COM PÁ CARREGADEIRA (CAÇAMBA DE 1,7 A 2,8 M³ / 128 HP) E DESCARGA LIVRE (UNIDADE: M3). AF_07/2020","M3",2185,{"$f":"VLOOKUP(D1478&E1478,'TABELA SICRO-SINAPI-ORSE'!A:G,7,FALSE)","v":8.5299999999999994},0.20796173004820551,10.303913557311192,22514.051122724955,false]
[null,"5.4.8","COMPOSIÇÃO SINAPI",93590,"SINAPI","TRANSPORTE COM CAMINHÃO BASCULANTE DE 10 M³, EM VIA URBANA PAVIMENTADA, ADICIONAL PARA DMT EXCEDENTE A 30 KM (UNIDADE: M3XKM). AF_07/2020","M3XKM",327750,{"$f":"VLOOKUP(D1479&E1479,'TABELA SICRO-SINAPI-ORSE'!A:G,7,FALSE)","v":0.99},0.20796173004820551,1.1958821127477235,391950.36245306639,false]
[null,"5.4.9","COMPOSIÇÃO SICRO",4011219,"SICRO","BASE DE SOLO ESTABILIZADO GRANULOMETRICAMENTE SEM MISTURA COM MATERIAL DE JAZIDA","M3",3532,{"$f":"VLOOKUP(D1480&E1480,'TABELA SICRO-SINAPI-ORSE'!A:G,7,FALSE)","v":12.85},0.20796173004820551,15.522308231119441,54824.792672313866,false]
[null,"5.4.10","COMPOSIÇÃO SINAPI",100974,"SINAPI","CARGA, MANOBRA E DESCARGA DE SOLOS E MATERIAIS GRANULARES EM CAMINHÃO BASCULANTE 10 M³ - CARGA COM PÁ CARREGADEIRA (CAÇAMBA DE 1,7 A 2,8 M³ / 128 HP) E DESCARGA LIVRE (UNIDADE: M3). AF_07/2020","M3",3532,{"$f":"VLOOKUP(D1481&E1481,'TABELA SICRO-SINAPI-ORSE'!A:G,7,FALSE)","v":8.5299999999999994},0.20796173004820551,10.303913557311192,36393.422684423131,false]
[null,"5.4.11","COMPOSIÇÃO SINAPI",93590,"SINAPI","TRANSPORTE COM CAMINHÃO BASCULANTE DE 10 M³, EM VIA URBANA PAVIMENTADA, ADICIONAL PARA DMT EXCEDENTE A 30 KM (UNIDADE: M3XKM). AF_07/2020","M3XKM",529800,{"$f":"VLOOKUP(D1482&E1482,'TABELA SICRO-SINAPI-ORSE'!A:G,7,FALSE)","v":0.99},0.20796173004820551,1.1958821127477235,633578.34333374386,false]
[null,"5.4.12","COMPOSIÇÃO SICRO",4011351,"SICRO","IMPRIMAÇÃO COM ASFALTO DILUÍDO","M2",6525,{"$f":"VLOOKUP(D1483&E1483,'TABELA SICRO-SINAPI-ORSE'!A:G,7,FALSE)","v":0.39},0.20796173004820551,0.47110507471880014,3073.960612540171,false]
[null,"5.4.13","COMPOSIÇÃO SICRO",4011354,"SICRO","PINTURA DE LIGAÇÃO - EMULSÃO COM POLÍMERO","M2",6525,{"$f":"VLOOKUP(D1484&E1484,'TABELA SICRO-SINAPI-ORSE'!A:G,7,FALSE)","v":0.28999999999999998},0.20796173004820551,0.35030890171397955,2285.7655836837166,false]
[null,"5.4.14","COMPOSIÇÃO SICRO",4011462,"SICRO","CONCRETO ASFÁLTICO - FAIXA C - AREIA EXTRAÍDA E BRITA PRODUZIDA","T",780,{"$f":"VLOOKUP(D1485&E1485,'TABELA SICRO-SINAPI-ORSE'!A:G,7,FALSE)","v":161.26},0.20796173004820551,194.79590858757362,151940.80869830743,false]
[null,"5.4.15","ANP",null,"ANP","ASFALTO DILUÍDO DE PETRÓLEO - CM-30","T",{"$f":"H1483*'CPU (sem des)'!E4806","v":7.8299999999999992},{"$f":"6.43762*1000","v":6437.62},{"$f":"$L$5","v":0.14692012195121973},7383.4359154756112,57812.303218174027,false]
[null,"5.4.16","ANP",null,"ANP","EMULSÃO ASFÁLTICA COM POLÍMERO - RR-1C-E","T",{"$f":"H1484*'CPU (sem des)'!E4828","v":2.9362499999999998},{"$f":"2.93635*1000","v":2936.35},0.14692012195121973,3367.7589000914641,9888.5820703935606,false,{"$nulls":6},"https://www.gov.br/anp/pt-br/assuntos/precos-e-defesa-da-concorrencia/precos/precos-de-distribuicao-de-produtos-asfalticos"]
[null,"5.4.17","ANP",null,"ANP","CIMENTO ASFÁLTICO DE PETRÓLEO - CAP 50/70","T",{"$f":"H1485*'CPU (sem des)'!E12014","v":49.319399999999995},{"$f":"3.87191*1000","v":3871.9100000000003},0.14692012195121973,4440.7714893841476,219016.18539353251,false]
[null,"5.4.18","COMPOSIÇÃO SINAPI",100965,"SINAPI","TRANSPORTE COM CAMINHÃO TANQUE DE TRANSPORTE DE MATERIAL ASFÁLTICO DE 30000 L, EM VIA URBANA EM  LEITO NATURAL (UNIDADE: TXKM). AF_07/2020","TXKM",117000,{"$f":"VLOOKUP(D1489&E1489,'TABELA SICRO-SINAPI-ORSE'!A:G,7,FALSE)","v":1.85},{"$f":"$L$4","v":0.20796173004820551},2.2347292005891801,261463.31646893406,false]
[null,"5.4.19","COMPOSIÇÃO SINAPI",92396,"SINAPI","EXECUÇÃO DE PASSEIO EM PISO INTERTRAVADO, COM BLOCO RETANGULAR COR NATURAL DE 20 X 10 CM, ESPESSURA 6 CM. AF_10/2022","M2",13474,{"$f":"VLOOKUP(D1490&E1490,'TABELA SICRO-SINAPI-ORSE'!A:G,7,FALSE)","v":90.21},0.20796173004820551,108.97022766764862,1468264.8475938975,false]
[null,"5.4.20","COMPOSIÇÃO SINAPI",92398,"SINAPI","EXECUÇÃO DE PAVIMENTO EM PISO INTERTRAVADO, COM BLOCO RETANGULAR COR NATURAL DE 20 X 10 CM, ESPESSURA 8 CM. AF_10/2022","M2",4889,{"$f":"VLOOKUP(D1491&E1491,'TABELA SICRO-SINAPI-ORSE'!A:G,7,FALSE)","v":99.89},0.20796173004820551,120.66329721451525,589922.8600817651,false]
[null,"5.5","SINALIZAÇÃO",{"$nulls":4},1,null,null,null,{"$f":"SUBTOTAL(109,L1493:L1497)","v":72391.798275702051}]
[null,"5.5.1","COMPOSIÇÃO SINAPI",102509,"SINAPI","PINTURA DE FAIXA DE PEDESTRE OU ZEBRADA TINTA RETRORREFLETIVA A BASE DE RESINA ACRÍLICA COM MICROESFERAS DE VIDRO, E = 30 CM, APLICAÇÃO MANUAL. AF_05/2021","M2",1187,{"$f":"VLOOKUP(D1493&E1493,'TABELA SICRO-SINAPI-ORSE'!A:G,7,FALSE)","v":25.47},{"$f":"$L$4","v":0.20796173004820551},{"$f":"I1493*(1+J1493)","v":30.766785264327794},{"$f":"K1493*H1493","v":36520.174108757092},{"$f":"ISTEXT(H1493)","v":false}]
[null,"5.5.2","COMPOSIÇÃO SINAPI",102520,"SINAPI","PINTURA DE SINALIZAÇÃO VERTICAL DE SEGURANÇA, FAIXAS AMARELA E PRETA, APLICAÇÃO MANUAL, 2 DEMÃOS. AF_05/2021","M2",42.57,{"$f":"VLOOKUP(D1494&E1494,'TABELA SICRO-SINAPI-ORSE'!A:G,7,FALSE)","v":72.27},0.20796173004820551,{"$f":"I1494*(1+J1494)","v":87.2993942305838},{"$f":"K1494*H1494","v":3716.3352123959526},false]
[null,"5.5.3","COMPOSIÇÃO SICRO",5213472,"SICRO","PLACA DE MARCO QUILOMÉTRICO EM AÇO - 0,60 X 0,865 M - PELÍCULA RETRORREFLETIVA TIPO I + I - FORNECIMENTO E IMPLANTAÇÃO","UN",83,{"$f":"VLOOKUP(D1495&E1495,'TABELA SICRO-SINAPI-ORSE'!A:G,7,FALSE)","v":300.87},0.20796173004820551,{"$f":"I1495*(1+J1495)","v":363.43944571960361},{"$f":"K1495*H1495","v":30165.473994727101},false]
[null,"5.5.4","COMPOSIÇÃO SICRO",5219644,"SICRO","TACHÃO REFLETIVO EM RESINA SINTÉTICA - MONODIRECIONAL - FORNECIMENTO E COLOCAÇÃO","UN",12,{"$f":"VLOOKUP(D1496&E1496,'TABELA SICRO-SINAPI-ORSE'!A:G,7,FALSE)","v":86.13},0.20796173004820551,{"$f":"I1496*(1+J1496)","v":104.04174380905194},{"$f":"K1496*H1496","v":1248.5009257086233},false]
[null,"5.5.5","COMPOSIÇÃO SICRO",5219643,"SICRO","TACHÃO REFLETIVO EM RESINA SINTÉTICA - BIDIRECIONAL - FORNECIMENTO E COLOCAÇÃO","UN",7,{"$f":"VLOOKUP(D1497&E1497,'TABELA SICRO-SINAPI-ORSE'!A:G,7,FALSE)","v":87.67},0.20796173004820551,{"$f":"I1497*(1+J1497)","v":105.90200487332618},{"$f":"K1497*H1497","v":741.31403411328324},false]
[null,6,"PROJETO DE DRENAGEM",{"$nulls":8},{"$f":"SUBTOTAL(109,L1499:L1534)","v":1988510.3622406204}]
[null,"6.1","MOBILIZAÇÃO E DESMOBILIZAÇÃO",{"$nulls":4},1,null,null,null,{"$f":"SUBTOTAL(109,L1500:L1501)","v":5030.2546343532395}]
[null,"6.1.1","COMPOSIÇÃO PRÓPRIA","1.1","","MOBILIZAÇÃO ","UN",1,{"$f":"'CPU Própria (sem des)'!M28","v":2082.125},{"$f":"$L$4","v":0.20796173004820551},{"$f":"I1500*(1+J1500)","v":2515.1273171766197},{"$f":"K1500*H1500","v":2515.1273171766197},{"$f":"ISTEXT(H1500)","v":false}]
[null,"6.1.2","COMPOSIÇÃO PRÓPRIA","1.1","","DESMOBILIZAÇÃO","UN",1,{"$f":"'CPU Própria (sem des)'!M28","v":2082.125},0.20796173004820551,{"$f":"I1501*(1+J1501)","v":2515.1273171766197},{"$f":"K1501*H1501","v":2515.1273171766197},false]
[null,"6.2","DRENAGEM PLUVIAL",{"$nulls":4},1,null,null,null,{"$f":"SUBTOTAL(109,L1503:L1534)","v":1983480.1076062671}]
[null,"6.2.1","COMPOSIÇÃO SINAPI",90087,"SINAPI","ESCAVAÇÃO MECANIZADA DE VALA COM PROF. DE 3,0 M ATÉ 4,5 M(MÉDIA MONTANTE E JUSANTE/UMA COMPOSIÇÃO POR TRECHO), ESCAVADEIRA (1,2 M3), LARG. DE 1,5 M A 2,5 M, EM SOLO DE 1A CATEGORIA, EM LOCAIS COM ALTO NÍVEL DE INTERFERÊNCIA. AF_02/2021","M3",2830.76,{"$f":"VLOOKUP(D1503&E1503,'TABELA SICRO-SINAPI-ORSE'!A:G,7,FALSE)","v":9.1},{"$f":"$L$4","v":0.20796173004820551},{"$f":"I1503*(1+J1503)","v":10.99245174343867},{"$f":"K1503*H1503","v":31116.99269725645},{"$f":"ISTEXT(H1503)","v":false}]
[null,"6.2.2","COMPOSIÇÃO AGESUL",401002018,"AGESUL","SINAPI - 93368 - REATERRO MECANIZADO DE VALA COM ESCAVADEIRA HIDRAULICA (CAPACIDADE DA CACAMBA: 0,8 M3/POTENCIA: 111 HP),LARGURA ATE 1,5 M, PROFUNDIDADE DE 1,5 A 3,0 M, COM SOLO (SEM SUBSTITUICAO) DE 1A CATEGORIA, COM COMPACTADOR DE SOLOS DE PERCUSSA","M3",2091.7600000000002,19.21,0.20796173004820551,23.20494483422603,48539.175406440649,false]
[null,"6.2.3","COMPOSIÇÃO SINAPI",93590,"SINAPI","TRANSPORTE COM CAMINHÃO BASCULANTE DE 10 M³, EM VIA URBANA PAVIMENTADA, ADICIONAL PARA DMT EXCEDENTE A 30 KM (UNIDADE: M3XKM). AF_07/2020","M3XKM",1114.72,{"$f":"VLOOKUP(D1505&E1505,'TABELA SICRO-SINAPI-ORSE'!A:G,7,FALSE)","v":0.99},0.20796173004820551,1.1958821127477235,1333.0737087221423,false]
[null,"6.2.4","COMPOSIÇÃO SINAPI",100574,"SINAPI","ESPALHAMENTO DE MATERIAL COM TRATOR DE ESTEIRAS. AF_11/2019","M3",111.47,{"$f":"VLOOKUP(D1506&E1506,'TABELA SICRO-SINAPI-ORSE'!A:G,7,FALSE)","v":1.47},0.20796173004820551,1.775703743170862,197.93769625125597,false]
[null,"6.2.5","COMPOSIÇÃO SINAPI",101590,"SINAPI","ESCORAMENTO DE VALA, TIPO CONTÍNUO COM PERFIL METÁLICO \"U\", COM PROFUNDIDADE DE 1,5 A 3,0 M, LARGURA MENOR QUE 1,5 M. AF_08/2020","M2",4009.25,{"$f":"VLOOKUP(D1507&E1507,'TABELA SICRO-SINAPI-ORSE'!A:G,7,FALSE)","v":63.94},0.20796173004820551,77.237073019282263,309662.7350025574,false]
[null,"6.2.6","COMPOSIÇÃO SICRO",1600989,"SICRO","DEMOLIÇÃO DE CONCRETO SIMPLES COM MARTELETE","M3",49,{"$f":"VLOOKUP(D1508&E1508,'TABELA SICRO-SINAPI-ORSE'!A:G,7,FALSE)","v":407.54},0.20796173004820551,492.29272346384568,24122.34344972844,false]
[null,"6.2.7","COMPOSIÇÃO SINAPI",100982,"SINAPI","CARGA, MANOBRA E DESCARGA DE ENTULHO EM CAMINHÃO BASCULANTE 10 M³ - CARGA COM ESCAVADEIRA HIDRÁULICA  (CAÇAMBA DE 0,80 M³ / 111 HP) E DESCARGA LIVRE (UNIDADE: M3). AF_07/2020","M3",49,{"$f":"VLOOKUP(D1509&E1509,'TABELA SICRO-SINAPI-ORSE'!A:G,7,FALSE)","v":8.94},0.20796173004820551,10.799177866630957,529.15971546491687,false]
[null,"6.2.8","COMPOSIÇÃO SINAPI",93590,"SINAPI","TRANSPORTE COM CAMINHÃO BASCULANTE DE 10 M³, EM VIA URBANA PAVIMENTADA, ADICIONAL PARA DMT EXCEDENTE A 30 KM (UNIDADE: M3XKM). AF_07/2020","M3XKM",490,{"$f":"VLOOKUP(D1510&E1510,'TABELA SICRO-SINAPI-ORSE'!A:G,7,FALSE)","v":0.99},0.20796173004820551,1.1958821127477235,585.98223524638456,false]
[null,"6.2.9","COMPOSIÇÃO SICRO",1600404,"SICRO","REMOÇÃO DE TUBOS DE CONCRETO COM DIÂMETRO DE 0,40 M A 1,00 M EM VALAS E BUEIROS","M",300,{"$f":"VLOOKUP(D1511&E1511,'TABELA SICRO-SINAPI-ORSE'!A:G,7,FALSE)","v":10.14},0.20796173004820551,12.248731942688805,3674.6195828066416,false]
[null,"6.2.10","COMPOSIÇÃO SINAPI",93590,"SINAPI","TRANSPORTE COM CAMINHÃO BASCULANTE DE 10 M³, EM VIA URBANA PAVIMENTADA, ADICIONAL PARA DMT EXCEDENTE A 30 KM (UNIDADE: M3XKM). AF_07/2020","M3XKM",995.49,{"$f":"VLOOKUP(D1512&E1512,'TABELA SICRO-SINAPI-ORSE'!A:G,7,FALSE)","v":0.99},0.20796173004820551,1.1958821127477235,1190.4886844192313,false]
[null,"6.2.11","COMPOSIÇÃO SINAPI",96624,"SINAPI","LASTRO COM MATERIAL GRANULAR (PEDRA BRITADA N.2), APLICADO EM PISOS OU LAJES SOBRE SOLO, ESPESSURA DE *10 CM*. AF_08/2017","M3",183.01,{"$f":"VLOOKUP(D1513&E1513,'TABELA SICRO-SINAPI-ORSE'!A:G,7,FALSE)","v":383.6},0.20796173004820551,463.37411964649164,84802.097636504433,false]
[null,"6.2.12","COMPOSIÇÃO SINAPI",93590,"SINAPI","TRANSPORTE COM CAMINHÃO BASCULANTE DE 10 M³, EM VIA URBANA PAVIMENTADA, ADICIONAL PARA DMT EXCEDENTE A 30 KM (UNIDADE: M3XKM). AF_07/2020","M3XKM",26536.45,{"$f":"VLOOKUP(D1514&E1514,'TABELA SICRO-SINAPI-ORSE'!A:G,7,FALSE)","v":0.99},0.20796173004820551,1.1958821127477235,31734.465890824329,false]
[null,"6.2.13","COMPOSIÇÃO SINAPI",95570,"SINAPI","TUBO DE CONCRETO (SIMPLES) PARA REDES COLETORAS DE ÁGUAS PLUVIAIS, DIÂMETRO DE 300 MM, JUNTA RÍGIDA, INSTALADO EM LOCAL COM ALTO NÍVEL DE INTERFERÊNCIAS - FORNECIMENTO E ASSENTAMENTO. AF_12/2015","M",31,{"$f":"VLOOKUP(D1515&E1515,'TABELA SICRO-SINAPI-ORSE'!A:G,7,FALSE)","v":87.43},0.20796173004820551,105.61209405811462,3273.9749158015534,false]
[null,"6.2.14","COMPOSIÇÃO SINAPI",95571,"SINAPI","TUBO DE CONCRETO (SIMPLES) PARA REDES COLETORAS DE ÁGUAS PLUVIAIS, DIÂMETRO DE 400 MM, JUNTA RÍGIDA, INSTALADO EM LOCAL COM ALTO NÍVEL DE INTERFERÊNCIAS - FORNECIMENTO E ASSENTAMENTO. AF_12/2015","M",361,{"$f":"VLOOKUP(D1516&E1516,'TABELA SICRO-SINAPI-ORSE'!A:G,7,FALSE)","v":108.49},0.20796173004820551,131.05176809292982,47309.688281547664,false]
[null,"6.2.15","COMPOSIÇÃO ORSE",2675,"ORSE","FORNECIMENTO E ASSENTAMENTO DE TUBO DE CONCRETO ARMADO CA2 D=0,40 M","M",43,{"$f":"VLOOKUP(D1517&E1517,'TABELA SICRO-SINAPI-ORSE'!A:G,7,FALSE)","v":172.75},0.20796173004820551,208.6753888658275,8973.041721230582,false]
[null,"6.2.16","COMPOSIÇÃO ORSE",8570,"ORSE","FORNECIMENTO DE TUBO DE CONCRETO ARMADO CA2 D=0,60 M","M",587,{"$f":"VLOOKUP(D1518&E1518,'TABELA SICRO-SINAPI-ORSE'!A:G,7,FALSE)","v":620.4},0.20796173004820551,749.41945732190663,439909.22144795919,false]
[null,"6.2.17","COMPOSIÇÃO SINAPI",92855,"SINAPI","TUBO DE CONCRETO PARA REDES COLETORAS DE ESGOTO SANITÁRIO, DIÂMETRO DE 600 MM, JUNTA ELÁSTICA, INSTALADO EM LOCAL COM ALTO NÍVEL DE INTERFERÊNCIAS - FORNECIMENTO E ASSENTAMENTO. AF_12/2015","M",587,{"$f":"VLOOKUP(D1519&E1519,'TABELA SICRO-SINAPI-ORSE'!A:G,7,FALSE)","v":525.37},0.20796173004820551,634.62685411542577,372525.96336575493,false]
[null,"6.2.18","COMPOSIÇÃO ORSE",2672,"ORSE","FORNECIMENTO E ASSENTAMENTO DE TUBO DE CONCRETO ARMADO CA1 D=0,80 M","M",114,{"$f":"VLOOKUP(D1520&E1520,'TABELA SICRO-SINAPI-ORSE'!A:G,7,FALSE)","v":44.81},0.20796173004820551,54.128765123460092,6170.6792240744508,false]
[null,"6.2.19","COMPOSIÇÃO ORSE",2678,"ORSE","FORNECIMENTO E ASSENTAMENTO DE TUBO DE CONCRETO ARMADO CA2 D=1,00 M","M",68,{"$f":"VLOOKUP(D1521&E1521,'TABELA SICRO-SINAPI-ORSE'!A:G,7,FALSE)","v":620.4},0.20796173004820551,749.41945732190663,50960.523097889651,false]
[null,"6.2.20","COMPOSIÇÃO ORSE",5352,"ORSE","ASSENTAMENTO DE TUBOS EM FERRO FUNDIDO, JUNTA TRAVADA EXTERNA, DIAM.=  600 MM","M",18,{"$f":"VLOOKUP(D1522&E1522,'TABELA SICRO-SINAPI-ORSE'!A:G,7,FALSE)","v":44.81},0.20796173004820551,54.128765123460092,974.31777222228163,false]
[null,"6.2.21","COMPOSIÇÃO ORSE",5425,"ORSE","FORNECIMENTO DE TUBO DE FERRO FUNDIDO, JUNTA ELÁSTICA, PONTA / BOLSA, CLASSE K 7, DIAM. =  600MM","M",18,{"$f":"VLOOKUP(D1523&E1523,'TABELA SICRO-SINAPI-ORSE'!A:G,7,FALSE)","v":2406.5300000000002},0.20796173004820551,2906.9961422129081,52325.930559832348,false]
[null,"6.2.22","COMPOSIÇÃO ORSE",5333,"ORSE","ASSENTAMENTO DE TUBOS EM FERRO FUNDIDO, JUNTA ELÁSTICA, PONTA / BOLSA, DIAM.=   800 MM","M",50,{"$f":"VLOOKUP(D1524&E1524,'TABELA SICRO-SINAPI-ORSE'!A:G,7,FALSE)","v":23.45},0.20796173004820551,28.326702569630417,1416.3351284815208,false]
[null,"6.2.23","COMPOSIÇÃO SINAPI",97171,"SINAPI","ASSENTAMENTO DE TUBO DE FERRO FUNDIDO PARA REDE DE ÁGUA, DN 1000 MM, JUNTA ELÁSTICA, INSTALADO EM LOCAL COM NÍVEL BAIXO DE INTERFERÊNCIAS (NÃO INCLUI FORNECIMENTO). AF_11/2017","M",86,{"$f":"VLOOKUP(D1525&E1525,'TABELA SICRO-SINAPI-ORSE'!A:G,7,FALSE)","v":30.91},0.20796173004820551,37.338097075790031,3211.0763485179427,false]
[null,"6.2.24","COMPOSIÇÃO SICRO",2003625,"SICRO","BOCA DE LOBO SIMPLES - GRELHA DE CONCRETO - BLSG 01 - AREIA EXTRAÍDA E BRITA PRODUZIDA","UN",46,{"$f":"VLOOKUP(D1526&E1526,'TABELA SICRO-SINAPI-ORSE'!A:G,7,FALSE)","v":901.91},0.20796173004820551,1089.4727639477769,50115.747141597734,false]
[null,"6.2.25","COMPOSIÇÃO SICRO",2003636,"SICRO","BOCA DE LOBO DUPLA - GRELHA DE CONCRETO - BLDG 02 - AREIA E BRITA COMERCIAIS","UN",4,{"$f":"VLOOKUP(D1527&E1527,'TABELA SICRO-SINAPI-ORSE'!A:G,7,FALSE)","v":2298.25},0.20796173004820551,2776.1980460832883,11104.792184333153,false]
[null,"6.2.26","COMPOSIÇÃO SICRO",2003677,"SICRO","POÇO DE VISITA - PVI 01 - AREIA EXTRAÍDA E BRITA PRODUZIDA","UN",13,{"$f":"VLOOKUP(D1528&E1528,'TABELA SICRO-SINAPI-ORSE'!A:G,7,FALSE)","v":2060.86},0.20796173004820551,2489.4400109871449,32362.720142832884,false]
[null,"6.2.27","COMPOSIÇÃO SICRO",2003679,"SICRO","POÇO DE VISITA - PVI 02 - AREIA EXTRAÍDA E BRITA PRODUZIDA","UN",27,{"$f":"VLOOKUP(D1529&E1529,'TABELA SICRO-SINAPI-ORSE'!A:G,7,FALSE)","v":2032.26},0.20796173004820551,2454.8923055077662,66282.092248709683,false]
[null,"6.2.28","COMPOSIÇÃO SICRO",2003681,"SICRO","POÇO DE VISITA - PVI 03 - AREIA EXTRAÍDA E BRITA PRODUZIDA","UN",6,{"$f":"VLOOKUP(D1530&E1530,'TABELA SICRO-SINAPI-ORSE'!A:G,7,FALSE)","v":2323.77},0.20796173004820551,2807.0252294341185,16842.15137660471,false]
[null,"6.2.29","COMPOSIÇÃO SICRO",2003683,"SICRO","POÇO DE VISITA - PVI 04 - AREIA EXTRAÍDA E BRITA PRODUZIDA","UN",6,{"$f":"VLOOKUP(D1531&E1531,'TABELA SICRO-SINAPI-ORSE'!A:G,7,FALSE)","v":2784.76},0.20796173004820551,3363.8835073690411,20183.301044214248,false]
[null,"6.2.30","COMPOSIÇÃO SICRO",2003713,"SICRO","CHAMINÉ DOS POÇOS DE VISITA - CPV 01 - AREIA EXTRAÍDA E BRITA PRODUZIDA","UN",49,{"$f":"VLOOKUP(D1532&E1532,'TABELA SICRO-SINAPI-ORSE'!A:G,7,FALSE)","v":1552.38},0.20796173004820551,1875.2156304922335,91885.565894119442,false]
[null,"6.2.31","COMPOSIÇÃO SICRO",2003715,"SICRO","CHAMINÉ DOS POÇOS DE VISITA - CPV 02 - AREIA EXTRAÍDA E BRITA PRODUZIDA","UN",3,{"$f":"VLOOKUP(D1533&E1533,'TABELA SICRO-SINAPI-ORSE'!A:G,7,FALSE)","v":1832.01},0.20796173004820551,2212.9979690656128,6638.9939071968383,false]
[null,"6.2.32","COMPOSIÇÃO SINAPI",94273,"SINAPI","ASSENTAMENTO DE GUIA (MEIO-FIO) EM TRECHO RETO, CONFECCIONADA EM CONCRETO PRÉ-FABRICADO, DIMENSÕES 100X15X13X30 CM (COMPRIMENTO X BASE INFERIOR X BASE SUPERIOR X ALTURA), PARA VIAS URBANAS (USO VIÁRIO). AF_06/2016","M",2365,{"$f":"VLOOKUP(D1534&E1534,'TABELA SICRO-SINAPI-ORSE'!A:G,7,FALSE)","v":57.24},0.20796173004820551,69.143729427959286,163524.92009712372,false]
[null,7,"PROJETO DE ILUMINAÇÃO E ELETRIFICAÇÃO PÚBLICA",{"$nulls":8},{"$f":"SUBTOTAL(109,L1536:L1583)","v":371528.99196028587}]
[null,"7.1","MOBILIZAÇÃO E DESMOBILIZAÇAO",{"$nulls":4},1,null,null,null,{"$f":"SUBTOTAL(109,L1537:L1538)","v":5030.2546343532395}]
[null,"7.1.1","COMPOSIÇÃO PRÓPRIA","1.1","","MOBILIZAÇÃO ","UN",1,{"$f":"'CPU Própria (sem des)'!M28","v":2082.125},{"$f":"$L$4","v":0.20796173004820551},{"$f":"I1537*(1+J1537)","v":2515.1273171766197},{"$f":"K1537*H1537","v":2515.1273171766197},{"$f":"ISTEXT(H1537)","v":false}]
[null,"7.1.2","COMPOSIÇÃO PRÓPRIA","1.1","","DESMOBILIZAÇÃO","UN",1,{"$f":"'CPU Própria (sem des)'!M28","v":2082.125},0.20796173004820551,{"$f":"I1538*(1+J1538)","v":2515.1273171766197},{"$f":"K1538*H1538","v":2515.1273171766197},false]
[null,"7.2","ELETRIFICAÇÃO PÚBLICA",{"$nulls":4},1,null,null,null,{"$f":"SUBTOTAL(109,L1540:L1558)","v":361169.23237206537}]
[null,"7.2.1","COMPOSIÇÃO SINAPI",92979,"SINAPI","CABO DE COBRE FLEXÍVEL ISOLADO, 10 MM², ANTI-CHAMA 450/750 V, PARA DISTRIBUIÇÃO - FORNECIMENTO E INSTALAÇÃO. AF_12/2015","M",7280,{"$f":"VLOOKUP(D1540&E1540,'TABELA SICRO-SINAPI-ORSE'!A:G,7,FALSE)","v":11.77},{"$f":"$L$4","v":0.20796173004820551},{"$f":"I1540*(1+J1540)","v":14.217709562667379},{"$f":"K1540*H1540","v":103504.92561621852},{"$f":"ISTEXT(H1540)","v":false}]
[null,"7.2.2","COMPOSIÇÃO SINAPI",91928,"SINAPI","CABO DE COBRE FLEXÍVEL ISOLADO, 4 MM², ANTI-CHAMA 450/750 V, PARA CIRCUITOS TERMINAIS - FORNECIMENTO E INSTALAÇÃO. AF_12/2015","M",325,{"$f":"VLOOKUP(D1541&E1541,'TABELA SICRO-SINAPI-ORSE'!A:G,7,FALSE)","v":6.9},0.20796173004820551,8.3349359373326184,2708.854179633101,false]
[null,"7.2.3","COMPOSIÇÃO ORSE",8075,"ORSE","CAIXA DE PASSAGEM EM ALVENARIA DE TIJOLOS MACIÇOS ESP. = 0,12M,  DIM. INT. =  0,30 X 0,30 X 0,30M","UN",94,{"$f":"VLOOKUP(D1542&E1542,'TABELA SICRO-SINAPI-ORSE'!A:G,7,FALSE)","v":132.26},0.20796173004820551,159.76501841617565,15017.911731120512,false]
[null,"7.2.4","COMPOSIÇÃO SINAPI",91856,"SINAPI","ELETRODUTO FLEXÍVEL CORRUGADO, PVC, DN 32 MM (1\"), PARA CIRCUITOS TERMINAIS, INSTALADO EM PAREDE - FORNECIMENTO E INSTALAÇÃO. AF_12/2015","M",2400,{"$f":"VLOOKUP(D1543&E1543,'TABELA SICRO-SINAPI-ORSE'!A:G,7,FALSE)","v":12.35},0.20796173004820551,14.918327366095337,35803.985678628807,false]
[null,"7.2.5","COMPOSIÇÃO ORSE",13148,"ORSE","REFLETOR SLIM  LED 100W DE POTÊNCIA, BRANCO FRIO, 6500K, AUTOVOLT, MARCA G-LIGHT OU SIMILAR","UN",8,{"$f":"VLOOKUP(D1544&E1544,'TABELA SICRO-SINAPI-ORSE'!A:G,7,FALSE)","v":116.97},0.20796173004820551,141.29528356373859,1130.3622685099087,false]
[null,"7.2.6","COMPOSIÇÃO SINAPI",101659,"SINAPI","LUMINÁRIA DE LED PARA ILUMINAÇÃO PÚBLICA, DE 181 W ATÉ 239 W - FORNECIMENTO E INSTALAÇÃO. AF_08/2020","UN",80,{"$f":"VLOOKUP(D1545&E1545,'TABELA SICRO-SINAPI-ORSE'!A:G,7,FALSE)","v":776.86},0.20796173004820551,938.41714960524894,75073.371968419917,false]
[null,"7.2.7","COMPOSIÇÃO ORSE",799,"ORSE","POSTE EM TUBO DE AÇO GALVANIZADO, PESADO, D=2\" (50MM), ALTURA ÚTIL=2,50M, ALTURA TOTAL=3,20M","UN",80,{"$f":"VLOOKUP(D1546&E1546,'TABELA SICRO-SINAPI-ORSE'!A:G,7,FALSE)","v":465.18},0.20796173004820551,561.91963758382428,44953.571006705941,false]
[null,"7.2.8","COMPOSIÇÃO ORSE",8386,"ORSE","LUMINÁRIA C/02 PÉTALAS, C/ ALOJAM. P/ EQUIP., EM CH. DE ALUM., PINTADO C/ EPOXI PRETO, REFLETOR EM CH. ALUMÍNIO DE ALTO BRILHO, DIFUSOR EM VIDRO TEMP., INCL. SUPORTE P/FIXAÇÃO EM POSTE RETO C/02 BRAÇOS, REF. CW-580D/5-AL, TECNOLUX OU SIMILAR,COMPLETA","UN",16,{"$f":"VLOOKUP(D1547&E1547,'TABELA SICRO-SINAPI-ORSE'!A:G,7,FALSE)","v":1944.6},0.20796173004820551,2349.0023802517403,37584.038084027845,false]
[null,"7.2.9","COMPOSIÇÃO SINAPI",101658,"SINAPI","LUMINÁRIA DE LED PARA ILUMINAÇÃO PÚBLICA, DE 138 W ATÉ 180 W - FORNECIMENTO E INSTALAÇÃO. AF_08/2020","UN",34,{"$f":"VLOOKUP(D1548&E1548,'TABELA SICRO-SINAPI-ORSE'!A:G,7,FALSE)","v":679.88},0.20796173004820551,821.26902102517397,27923.146714855917,false]
[null,"7.2.10","COMPOSIÇÃO SINAPI",101636,"SINAPI","BRAÇO PARA ILUMINAÇÃO PÚBLICA, EM TUBO DE AÇO GALVANIZADO, COMPRIMENTO DE 1,50 M, PARA FIXAÇÃO EM POSTE DE CONCRETO - FORNECIMENTO E INSTALAÇÃO. AF_08/2020","UN",34,{"$f":"VLOOKUP(D1549&E1549,'TABELA SICRO-SINAPI-ORSE'!A:G,7,FALSE)","v":154.99},0.20796173004820551,187.2219885401714,6365.5476103658275,false]
[null,"7.2.11","INSUMO SINAPI",4376,"SINAPI","BUCHA DE NYLON SEM ABA S8","UN",20,{"$f":"VLOOKUP(D1550&E1550,'TABELA SICRO-SINAPI-ORSE'!A:G,7,FALSE)","v":0.27},{"$f":"$L$5","v":0.14692012195121973},0.30966843292682933,6.1933686585365866,false]
[null,"7.2.12","INSUMO SINAPI",39129,"SINAPI","ABRACADEIRA EM ACO PARA AMARRACAO DE ELETRODUTOS, TIPO D, COM 1\" E CUNHA DE FIXACAO","UN",20,{"$f":"VLOOKUP(D1551&E1551,'TABELA SICRO-SINAPI-ORSE'!A:G,7,FALSE)","v":3.17},0.14692012195121973,3.6357367865853663,72.714735731707322,false]
[null,"7.2.13","COMPOSIÇÃO ORSE",7920,"ORSE","ELETRODUTO EM FERRO GALVANIZADO PESADO SEM COSTURA 2 1/2\" X 3M","UN",4,{"$f":"VLOOKUP(D1552&E1552,'TABELA SICRO-SINAPI-ORSE'!A:G,7,FALSE)","v":407.54},{"$f":"$L$4","v":0.20796173004820551},492.29272346384568,1969.1708938553827,false]
[null,"7.2.14","COMPOSIÇÃO ORSE",916,"ORSE","FORNECIMENTO E ASSENTAMENTO DE CURVA 90 DE FERRO GALVANIZADO DE     1\"","UN",4,{"$f":"VLOOKUP(D1553&E1553,'TABELA SICRO-SINAPI-ORSE'!A:G,7,FALSE)","v":48.67},0.20796173004820551,58.791497401446165,235.16598960578466,false]
[null,"7.2.15","COMPOSIÇÃO ORSE",848,"ORSE","LUVA REDUÇÃO FERRO GALVANIZADO D = 88 MM (3\") X 33 MM (   1\" )","UN",4,{"$f":"VLOOKUP(D1554&E1554,'TABELA SICRO-SINAPI-ORSE'!A:G,7,FALSE)","v":130.72},0.20796173004820551,157.90475735190142,631.61902940760569,false]
[null,"7.2.16","INSUMO SINAPI",1050,"SINAPI","CABECOTE PARA ENTRADA DE LINHA DE ALIMENTACAO PARA ELETRODUTO, EM LIGA DE ALUMINIO COM ACABAMENTO ANTI CORROSIVO, COM FIXACAO POR ENCAIXE LISO DE 360 GRAUS, DE 1\"","UN",2,{"$f":"VLOOKUP(D1555&E1555,'TABELA SICRO-SINAPI-ORSE'!A:G,7,FALSE)","v":5.23},{"$f":"$L$5","v":0.14692012195121973},5.9983922378048797,11.996784475609759,false]
[null,"7.2.17","COMPOSIÇÃO ORSE",10422,"ORSE","FITA DE ADVERTÊNCIA DE REDE ELÉTRICA ENTERRADA - FORNECIMENTO","M",2000,{"$f":"VLOOKUP(D1556&E1556,'TABELA SICRO-SINAPI-ORSE'!A:G,7,FALSE)","v":1.43},{"$f":"$L$4","v":0.20796173004820551},1.7273852739689337,3454.7705479378674,false]
[null,"7.2.18","COMPOSIÇÃO SINAPI",94962,"SINAPI","CONCRETO MAGRO PARA LASTRO, TRAÇO 1:4,5:4,5 (EM MASSA SECA DE CIMENTO/ AREIA MÉDIA/ BRITA 1) - PREPARO MECÂNICO COM BETONEIRA 400 L. AF_05/2021","M3",3,{"$f":"VLOOKUP(D1557&E1557,'TABELA SICRO-SINAPI-ORSE'!A:G,7,FALSE)","v":585.9},0.20796173004820551,707.74477763524362,2123.2343329057308,false]
[null,"7.2.19","COMPOSIÇÃO SINAPI",90091,"SINAPI","ESCAVAÇÃO MECANIZADA DE VALA COM PROF. ATÉ 1,5 M (MÉDIA MONTANTE E JUSANTE/UMA COMPOSIÇÃO POR TRECHO), ESCAVADEIRA (0,8 M3), LARG. DE 1,5 M A 2,5 M, EM SOLO DE 1A CATEGORIA, LOCAIS COM BAIXO NÍVEL DE INTERFERÊNCIA. AF_02/2021","M3",369,{"$f":"VLOOKUP(D1558&E1558,'TABELA SICRO-SINAPI-ORSE'!A:G,7,FALSE)","v":5.83},0.20796173004820551,7.0424168861810381,2598.6518310008032,false]
[null,"7.3","ENTRADA DE ENERGIA ",{"$nulls":4},1,null,null,null,{"$f":"SUBTOTAL(109,L1560:L1583)","v":5329.5049538673193}]
[null,"7.3.1","INSUMO SINAPI",39127,"SINAPI","ABRACADEIRA EM ACO PARA AMARRACAO DE ELETRODUTOS, TIPO D, COM 1/2\" E CUNHA DE FIXACAO","UN",2,{"$f":"VLOOKUP(D1560&E1560,'TABELA SICRO-SINAPI-ORSE'!A:G,7,FALSE)","v":2.71},{"$f":"$L$5","v":0.14692012195121973},{"$f":"I1560*(1+J1560)","v":3.1081535304878054},{"$f":"K1560*H1560","v":6.2163070609756108},{"$f":"ISTEXT(H1560)","v":false}]
[null,"7.3.2","INSUMO SINAPI",39128,"SINAPI","ABRACADEIRA EM ACO PARA AMARRACAO DE ELETRODUTOS, TIPO D, COM 3/4\" E CUNHA DE FIXACAO","UN",2,{"$f":"VLOOKUP(D1561&E1561,'TABELA SICRO-SINAPI-ORSE'!A:G,7,FALSE)","v":2.96},0.14692012195121973,3.3948835609756105,6.789767121951221,false]
[null,"7.3.3","INSUMO SINAPI",11274,"SINAPI","ALCA PREFORMADA DE SERVICO, EM ACO GALVANIZADO, PARA CONDUTORES DE ALUMINIO AWG 6 (CAA 6/1)","UN",2,{"$f":"VLOOKUP(D1562&E1562,'TABELA SICRO-SINAPI-ORSE'!A:G,7,FALSE)","v":1.7},0.14692012195121973,1.9497642073170736,3.8995284146341471,false]
[null,"7.3.4","INSUMO SINAPI",39208,"SINAPI","ARRUELA EM ALUMINIO, COM ROSCA, DE 1/2\", PARA ELETRODUTO","UN",1,{"$f":"VLOOKUP(D1563&E1563,'TABELA SICRO-SINAPI-ORSE'!A:G,7,FALSE)","v":0.56000000000000005},0.14692012195121973,0.64227526829268311,0.64227526829268311,false]
[null,"7.3.5","INSUMO SINAPI",39209,"SINAPI","ARRUELA EM ALUMINIO, COM ROSCA, DE 3/4\", PARA ELETRODUTO","UN",1,{"$f":"VLOOKUP(D1564&E1564,'TABELA SICRO-SINAPI-ORSE'!A:G,7,FALSE)","v":0.66},0.14692012195121973,0.75696728048780504,0.75696728048780504,false]
[null,"7.3.6","INSUMO SINAPI",39212,"SINAPI","ARRUELA EM ALUMINIO, COM ROSCA, DE 1 1/2\", PARA ELETRODUTO","UN",4,{"$f":"VLOOKUP(D1565&E1565,'TABELA SICRO-SINAPI-ORSE'!A:G,7,FALSE)","v":2.0499999999999998},0.14692012195121973,2.35118625,9.4047450000000001,false]
[null,"7.3.7","INSUMO SINAPI",764,"SINAPI","BUCHA DE REDUCAO DE FERRO GALVANIZADO, COM ROSCA BSP, DE 1\" X 1/2\"","UN",1,{"$f":"VLOOKUP(D1566&E1566,'TABELA SICRO-SINAPI-ORSE'!A:G,7,FALSE)","v":11.17},0.14692012195121973,12.811097762195125,12.811097762195125,false]
[null,"7.3.8","INSUMO SINAPI",765,"SINAPI","BUCHA DE REDUCAO DE FERRO GALVANIZADO, COM ROSCA BSP, DE 1\" X 3/4\"","UN",1,{"$f":"VLOOKUP(D1567&E1567,'TABELA SICRO-SINAPI-ORSE'!A:G,7,FALSE)","v":11.17},0.14692012195121973,12.811097762195125,12.811097762195125,false]
[null,"7.3.9","COMPOSIÇÃO SINAPI",101885,"SINAPI","CABO DE COBRE ISOLADO, 10 MM², ANTI-CHAMA 0,6/1 KV, INSTALADO EM ELETROCALHA OU PERFILADO - FORNECIMENTO E INSTALAÇÃO. AF_10/2020","M",25,{"$f":"VLOOKUP(D1568&E1568,'TABELA SICRO-SINAPI-ORSE'!A:G,7,FALSE)","v":11.01},{"$f":"$L$4","v":0.20796173004820551},13.299658647830743,332.49146619576857,false]
[null,"7.3.10","COMPOSIÇÃO ORSE",10311,"ORSE","CAIXA DE MEDIÇÃO DIRETA ATÉ 200A CONFECCIONADA EM CHAPA GALVANIZADA E PINTADA ELETROSTATICAMENTE  D=100 X 60 X 15CM","UN",1,{"$f":"VLOOKUP(D1569&E1569,'TABELA SICRO-SINAPI-ORSE'!A:G,7,FALSE)","v":2467.5500000000002},0.20796173004820551,2980.7059669804498,2980.7059669804498,false]
[null,"7.3.11","INSUMO SINAPI",4179,"SINAPI","NIPLE DE FERRO GALVANIZADO, COM ROSCA BSP, DE 1\"","UN",2,{"$f":"VLOOKUP(D1570&E1570,'TABELA SICRO-SINAPI-ORSE'!A:G,7,FALSE)","v":12.9},{"$f":"$L$5","v":0.14692012195121973},14.795269573170735,29.59053914634147,false]
[null,"7.3.12","INSUMO SINAPI",12033,"SINAPI","CURVA 180 GRAUS, DE PVC RIGIDO ROSCAVEL, DE 1 1/2\", PARA ELETRODUTO","UN",1,{"$f":"VLOOKUP(D1571&E1571,'TABELA SICRO-SINAPI-ORSE'!A:G,7,FALSE)","v":12.47},0.14692012195121973,14.302093920731711,14.302093920731711,false]
[null,"7.3.13","INSUMO SINAPI",11821,"SINAPI","CONECTOR METALICO TIPO PARAFUSO FENDIDO (SPLIT BOLT), COM SEPARADOR DE CABOS BIMETALICOS, PARA CABOS ATE 25 MM2","UN",2,{"$f":"VLOOKUP(D1572&E1572,'TABELA SICRO-SINAPI-ORSE'!A:G,7,FALSE)","v":11.64},0.14692012195121973,13.350150219512198,26.700300439024396,false]
[null,"7.3.14","INSUMO SINAPI",39272,"SINAPI","CURVA 90 GRAUS, CURTA, DE PVC RIGIDO ROSCAVEL, DE 3/4\", PARA ELETRODUTO","UN",1,{"$f":"VLOOKUP(D1573&E1573,'TABELA SICRO-SINAPI-ORSE'!A:G,7,FALSE)","v":3.08},0.14692012195121973,3.5325139756097568,3.5325139756097568,false]
[null,"7.3.15","COMPOSIÇÃO ORSE",11141,"ORSE","DISJUNTOR TERMOMAGNETICO MONOPOLAR 70 A, PADRÃO DIN (EUROPEU - LINHA BRANCA), CURVA C, CORRENTE 5KA","UN",1,{"$f":"VLOOKUP(D1574&E1574,'TABELA SICRO-SINAPI-ORSE'!A:G,7,FALSE)","v":48.63},{"$f":"$L$4","v":0.20796173004820551},58.743178932244234,58.743178932244234,false]
[null,"7.3.16","COMPOSIÇÃO SINAPI",91862,"SINAPI","ELETRODUTO RÍGIDO ROSCÁVEL, PVC, DN 20 MM (1/2\"), PARA CIRCUITOS TERMINAIS, INSTALADO EM FORRO - FORNECIMENTO E INSTALAÇÃO. AF_12/2015","M",3,{"$f":"VLOOKUP(D1575&E1575,'TABELA SICRO-SINAPI-ORSE'!A:G,7,FALSE)","v":9.6999999999999993},0.20796173004820551,11.717228781467593,35.151686344402776,false]
[null,"7.3.17","INSUMO SINAPI",21128,"SINAPI","ELETRODUTO EM ACO GALVANIZADO ELETROLITICO, LEVE, DIAMETRO 3/4\", PAREDE DE 0,90 MM","M",4,{"$f":"VLOOKUP(D1576&E1576,'TABELA SICRO-SINAPI-ORSE'!A:G,7,FALSE)","v":9.67},{"$f":"$L$5","v":0.14692012195121973},11.090717579268295,44.362870317073181,false]
[null,"7.3.18","COMPOSIÇÃO ORSE",11734,"ORSE","CABO DE COBRE, FLEXIVEL, CLASSE 4 OU 5, ISOLACAO EM PVC/A, ANTICHAMA BWF-B, COBERTURA PVC-ST1, ANTICHAMA BWF-B, 1 CONDUTOR, 0,6/1 KV, SECAO NOMINAL 400 MM2","M",3,{"$f":"VLOOKUP(D1577&E1577,'TABELA SICRO-SINAPI-ORSE'!A:G,7,FALSE)","v":427.78},{"$f":"$L$4","v":0.20796173004820551},516.74186888002134,1550.2256066400641,false]
[null,"7.3.19","INSUMO SINAPI",3380,"SINAPI","HASTE DE ATERRAMENTO EM ACO COM 3,00 M DE COMPRIMENTO E DN = 5/8\", REVESTIDA COM BAIXA CAMADA DE COBRE, COM CONECTOR TIPO GRAMPO","UN",1,{"$f":"VLOOKUP(D1578&E1578,'TABELA SICRO-SINAPI-ORSE'!A:G,7,FALSE)","v":75},{"$f":"$L$5","v":0.14692012195121973},86.019009146341475,86.019009146341475,false]
[null,"7.3.20","INSUMO SINAPI",1891,"SINAPI","LUVA EM PVC RIGIDO ROSCAVEL, DE 3/4\", PARA ELETRODUTO","UN",1,{"$f":"VLOOKUP(D1579&E1579,'TABELA SICRO-SINAPI-ORSE'!A:G,7,FALSE)","v":1.43},0.14692012195121973,1.6400957743902442,1.6400957743902442,false]
[null,"7.3.21","INSUMO SINAPI",11057,"SINAPI","PARAFUSO ROSCA SOBERBA ZINCADO CABECA CHATA FENDA SIMPLES 4,8 X 40 MM (1.1/2 \")","UN",6,{"$f":"VLOOKUP(D1580&E1580,'TABELA SICRO-SINAPI-ORSE'!A:G,7,FALSE)","v":0.2},0.14692012195121973,0.22938402439024397,1.3763041463414638,false]
[null,"7.3.22","INSUMO SINAPI",11058,"SINAPI","PARAFUSO ROSCA SOBERBA ZINCADO CABECA CHATA FENDA SIMPLES 5,5 X 65 MM (2.1/2 \")","UN",3,{"$f":"VLOOKUP(D1581&E1581,'TABELA SICRO-SINAPI-ORSE'!A:G,7,FALSE)","v":0.5},0.14692012195121973,0.57346006097560986,1.7203801829268297,false]
[null,"7.3.23","INSUMO SINAPI",1575,"SINAPI","TERMINAL A COMPRESSAO EM COBRE ESTANHADO PARA CABO 16 MM2, 1 FURO E 1 COMPRESSAO, PARA PARAFUSO DE FIXACAO M6","UN",4,{"$f":"VLOOKUP(D1582&E1582,'TABELA SICRO-SINAPI-ORSE'!A:G,7,FALSE)","v":2.31},0.14692012195121973,2.6493854817073177,10.597541926829271,false]
[null,"7.3.24","INSUMO SINAPI",1603,"SINAPI","CONECTOR DE ALUMINIO TIPO PRENSA CABO, BITOLA 2\", PARA CABOS DE DIAMETRO DE 47,5 A 50 MM","UN",1,{"$f":"VLOOKUP(D1583&E1583,'TABELA SICRO-SINAPI-ORSE'!A:G,7,FALSE)","v":86.33},0.14692012195121973,99.0136141280488,99.0136141280488,false]
[null,8,"PROJETO DE ABASTECIMENTO DE ÁGUA E REDE DE ESGOTO",{"$nulls":8},{"$f":"SUBTOTAL(109,L1585:L1659)","v":404271.00793522492}]
[null,"8.1","MOBILIZAÇÃO E DESMOBILIZAÇÃO ",{"$nulls":4},1,null,null,null,{"$f":"SUBTOTAL(109,L1586:L1587)","v":5030.2546343532395}]
[null,"8.1.1","COMPOSIÇÃO PRÓPRIA","1.1","","MOBILIZAÇÃO ","UN",1,{"$f":"'CPU Própria (sem des)'!M28","v":2082.125},{"$f":"$L$4","v":0.20796173004820551},{"$f":"I1586*(1+J1586)","v":2515.1273171766197},{"$f":"K1586*H1586","v":2515.1273171766197},{"$f":"ISTEXT(H1586)","v":false}]
[null,"8.1.2","COMPOSIÇÃO PRÓPRIA","1.1","","DESMOBILIZAÇÃO","UN",1,{"$f":"'CPU Própria (sem des)'!M28","v":2082.125},0.20796173004820551,{"$f":"I1587*(1+J1587)","v":2515.1273171766197},{"$f":"K1587*H1587","v":2515.1273171766197},false]
[null,"8.2","SERVIÇOS PRELIMINARES",{"$nulls":4},1,null,null,null,{"$f":"SUBTOTAL(109,L1589:L1590)","v":2581.3192106628744}]
[null,"8.2.1","COMPOSIÇÃO SINAPI",98525,"SINAPI","LIMPEZA MECANIZADA DE CAMADA VEGETAL, VEGETAÇÃO E PEQUENAS ÁRVORES (DIÂMETRO DE TRONCO MENOR QUE 0,20 M), COM TRATOR DE ESTEIRAS.AF_05/2018","M2",1,{"$f":"VLOOKUP(D1589&E1589,'TABELA SICRO-SINAPI-ORSE'!A:G,7,FALSE)","v":0.62},{"$f":"$L$4","v":0.20796173004820551},{"$f":"I1589*(1+J1589)","v":0.74893627262988738},{"$f":"K1589*H1589","v":0.74893627262988738},{"$f":"ISTEXT(H1589)","v":false}]
[null,"8.2.2","INSUMO SINAPI",4813,"SINAPI","PLACA DE OBRA (PARA CONSTRUCAO CIVIL) EM CHAPA GALVANIZADA *N. 22*, ADESIVADA, DE *2,4 X 1,2* M (SEM POSTES PARA FIXACAO)","M2",9,{"$f":"VLOOKUP(D1590&E1590,'TABELA SICRO-SINAPI-ORSE'!A:G,7,FALSE)","v":250},{"$f":"$L$5","v":0.14692012195121973},{"$f":"I1590*(1+J1590)","v":286.73003048780492},{"$f":"K1590*H1590","v":2580.5702743902443},false]
[null,"8.3","MOVIMENTOS DE TERRA",{"$nulls":4},1,null,null,null,{"$f":"SUBTOTAL(109,L1592:L1596)","v":54158.774275127325}]
[null,"8.3.1","COMPOSIÇÃO SINAPI",90092,"SINAPI","ESCAVAÇÃO MECANIZADA DE VALA COM PROF. MAIOR QUE 1,5 M E ATÉ 3,0 M(MÉDIA MONTANTE E JUSANTE/UMA COMPOSIÇÃO POR TRECHO), ESCAVADEIRA (0,8 M3), LARG. MENOR QUE 1,5 M, EM SOLO DE 1A CATEGORIA, LOCAIS COM BAIXO NÍVEL DE INTERFERÊNCIA. AF_02/2021","M3",1352,{"$f":"VLOOKUP(D1592&E1592,'TABELA SICRO-SINAPI-ORSE'!A:G,7,FALSE)","v":5.76},{"$f":"$L$4","v":0.20796173004820551},{"$f":"I1592*(1+J1592)","v":6.9578595650776638},{"$f":"K1592*H1592","v":9407.0261319850015},{"$f":"ISTEXT(H1592)","v":false}]
[null,"8.3.2","COMPOSIÇÃO SICRO",2003858,"SICRO","LASTRO DE AREIA EXTRAÍDA - ESPALHAMENTO MECÂNICO","M3",233.16,{"$f":"VLOOKUP(D1593&E1593,'TABELA SICRO-SINAPI-ORSE'!A:G,7,FALSE)","v":12.35},0.20796173004820551,{"$f":"I1593*(1+J1593)","v":14.918327366095337},{"$f":"K1593*H1593","v":3478.3572086787885},false]
[null,"8.3.3","COMPOSIÇÃO SINAPI",93367,"SINAPI","REATERRO MECANIZADO DE VALA COM ESCAVADEIRA HIDRÁULICA (CAPACIDADE DA CAÇAMBA: 0,8 M³ / POTÊNCIA: 111 HP), LARGURA DE 1,5 A 2,5 M, PROFUNDIDADE ATÉ 1,5 M, COM SOLO DE 1ª CATEGORIA EM LOCAIS COM BAIXO NÍVEL DE INTERFERÊNCIA. AF_04/2016","M3",1110.3399999999999,{"$f":"VLOOKUP(D1594&E1594,'TABELA SICRO-SINAPI-ORSE'!A:G,7,FALSE)","v":22.82},0.20796173004820551,{"$f":"I1594*(1+J1594)","v":27.56568667970005},{"$f":"K1594*H1594","v":30607.28454793815},false]
[null,"8.3.4","COMPOSIÇÃO SINAPI",100978,"SINAPI","CARGA, MANOBRA E DESCARGA DE SOLOS E MATERIAIS GRANULARES EM CAMINHÃO BASCULANTE 10 M³ - CARGA COM ESCAVADEIRA HIDRÁULICA (CAÇAMBA DE 1,20 M³ / 155 HP) E DESCARGA LIVRE (UNIDADE: M3). AF_07/2020","M3",224.9,{"$f":"VLOOKUP(D1595&E1595,'TABELA SICRO-SINAPI-ORSE'!A:G,7,FALSE)","v":6.92},0.20796173004820551,{"$f":"I1595*(1+J1595)","v":8.359095171933582},{"$f":"K1595*H1595","v":1879.9605041678626},false]
[null,"8.3.5","COMPOSIÇÃO SINAPI",93590,"SINAPI","TRANSPORTE COM CAMINHÃO BASCULANTE DE 10 M³, EM VIA URBANA PAVIMENTADA, ADICIONAL PARA DMT EXCEDENTE A 30 KM (UNIDADE: M3XKM). AF_07/2020","M3XKM",7347,{"$f":"VLOOKUP(D1596&E1596,'TABELA SICRO-SINAPI-ORSE'!A:G,7,FALSE)","v":0.99},0.20796173004820551,{"$f":"I1596*(1+J1596)","v":1.1958821127477235},{"$f":"K1596*H1596","v":8786.1458823575249},false]
[null,"8.4","ÁGUA ",{"$nulls":4},1,null,null,null,{"$f":"SUBTOTAL(109,L1598:L1630)","v":154332.28067341473}]
[null,"8.4.1","INSUMO ORSE",13435,"ORSE","BLOCO DE CONCRETO, ESTRUTURAL DIM. 14 X 19 X 39 CM, FCK 10 MPA","UN",5,{"$f":"VLOOKUP(D1598&E1598,'TABELA SICRO-SINAPI-ORSE'!A:G,7,FALSE)","v":3.74},{"$f":"$L$5","v":0.14692012195121973},{"$f":"I1598*(1+J1598)","v":4.2894812560975621},{"$f":"K1598*H1598","v":21.447406280487812},{"$f":"ISTEXT(H1598)","v":false}]
[null,"8.4.2","INSUMO ORSE",9221,"ORSE","MOTOBOMBA CENTRÍFUGA, MARCA SCHNEIDER OU SIMILAR, MODELO BC-21 R2, MOTOR 5 CV, TRIFÁSICO 220V, SUCÇÃO 2 1/2\", RECALQUE 2\",  HM = 8 A 20M, Q = 27,6 A 78,9M3/H","UN",2,{"$f":"VLOOKUP(D1599&E1599,'TABELA SICRO-SINAPI-ORSE'!A:G,7,FALSE)","v":4974.04},0.14692012195121973,5704.8265633902447,11409.653126780489,false]
[null,"8.4.3","COMPOSIÇÃO SINAPI",97436,"SINAPI","CURVA 90 GRAUS, EM AÇO, CONEXÃO RANHURADA, DN 65 (2 1/2\"), INSTALADO EM PRUMADAS - FORNECIMENTO E INSTALAÇÃO. AF_10/2020","UN",3,{"$f":"VLOOKUP(D1600&E1600,'TABELA SICRO-SINAPI-ORSE'!A:G,7,FALSE)","v":103.24},{"$f":"$L$4","v":0.20796173004820551},124.70996901017674,374.12990703053021,false]
[null,"8.4.4","INSUMO SINAPI",1808,"SINAPI","CURVA 90 GRAUS DE FERRO GALVANIZADO, COM ROSCA BSP MACHO/FEMEA, DE 4\"","UN",1,{"$f":"VLOOKUP(D1601&E1601,'TABELA SICRO-SINAPI-ORSE'!A:G,7,FALSE)","v":670.74},{"$f":"$L$5","v":0.14692012195121973},769.28520259756112,769.28520259756112,false]
[null,"8.4.5","INSUMO SINAPI",1802,"SINAPI","CURVA 90 GRAUS DE FERRO GALVANIZADO, COM ROSCA BSP MACHO, DE 6\"","UN",6,{"$f":"VLOOKUP(D1602&E1602,'TABELA SICRO-SINAPI-ORSE'!A:G,7,FALSE)","v":1983.88},0.14692012195121973,2275.3518915365858,13652.111349219515,false]
[null,"8.4.6","COMPOSIÇÃO ORSE",5612,"ORSE","FORNECIMENTO DE CURVA 90º, EM FERRO FUNDIDO, COM FLANGES PN 10, DIAM. =  200MM","UN",5,{"$f":"VLOOKUP(D1603&E1603,'TABELA SICRO-SINAPI-ORSE'!A:G,7,FALSE)","v":1134.43},{"$f":"$L$4","v":0.20796173004820551},1370.3480254185858,6851.7401270929295,false]
[null,"8.4.7","INSUMO SINAPI",1858,"SINAPI","CURVA LONGA PVC, PB, JE, 45 GRAUS, DN 100 MM, PARA REDE COLETORA ESGOTO","UN",5,{"$f":"VLOOKUP(D1604&E1604,'TABELA SICRO-SINAPI-ORSE'!A:G,7,FALSE)","v":48.56},{"$f":"$L$5","v":0.14692012195121973},55.694441121951236,278.4722056097562,false]
[null,"8.4.8","INSUMO ORSE",5466,"ORSE","FLANGE CEGO, EM FOFO, PN 10 / 16 / 25, D=   80MM","UN",3,{"$f":"VLOOKUP(D1605&E1605,'TABELA SICRO-SINAPI-ORSE'!A:G,7,FALSE)","v":173.37},0.14692012195121973,198.84154154268296,596.52462462804885,false]
[null,"8.4.9","INSUMO SINAPI",3270,"SINAPI","FLANGE SEXTAVADO DE FERRO GALVANIZADO, COM ROSCA BSP, DE 6\"","UN",2,{"$f":"VLOOKUP(D1606&E1606,'TABELA SICRO-SINAPI-ORSE'!A:G,7,FALSE)","v":369.85},0.14692012195121973,424.18840710365862,848.37681420731724,false]
[null,"8.4.10","INSUMO ORSE",994,"ORSE","FLANGE FERRO GALVANIZADO D=6\"","UN",2,{"$f":"VLOOKUP(D1607&E1607,'TABELA SICRO-SINAPI-ORSE'!A:G,7,FALSE)","v":369.85},0.14692012195121973,424.18840710365862,848.37681420731724,false]
[null,"8.4.11","INSUMO ORSE",4749,"ORSE","JUNTA DE DESMONTAGEM TRAVADA AXIALAMENTE JTDA PN 10, D = 500","UN",3,{"$f":"VLOOKUP(D1608&E1608,'TABELA SICRO-SINAPI-ORSE'!A:G,7,FALSE)","v":6208.93},0.14692012195121973,7121.1467527865871,21363.440258359762,false]
[null,"8.4.12","INSUMO SINAPI",10921,"SINAPI","HIDRANTE DE COLUNA COMPLETO, EM FERRO FUNDIDO, DN = 100 MM, COM REGISTRO, CUNHA DE BORRACHA, CURVA DESSIMETRICA, EXTREMIDADE E TAMPAS (INCLUI KIT FIXACAO)","UN",1,{"$f":"VLOOKUP(D1609&E1609,'TABELA SICRO-SINAPI-ORSE'!A:G,7,FALSE)","v":5890},0.14692012195121973,6755.3595182926838,6755.3595182926838,false]
[null,"8.4.13","COMPOSIÇÃO ORSE",11315,"ORSE","FORNECIMENTO DE REDUÇÃO EXCENTRICA EM FERRO FUNDIDO, COM FLANGES PN 10 / 16, DIAM. =  100 X   50MM","UN",2,{"$f":"VLOOKUP(D1610&E1610,'TABELA SICRO-SINAPI-ORSE'!A:G,7,FALSE)","v":783.22},{"$f":"$L$4","v":0.20796173004820551},946.09978620835557,1892.1995724167111,false]
[null,"8.4.14","COMPOSIÇÃO ORSE",5668,"ORSE","FORNECIMENTO DE REDUÇÃO EXCENTRICA EM FERRO FUNDIDO, COM FLANGES PN 10 / 16, DIAM. =  150 X   80MM","UN",2,{"$f":"VLOOKUP(D1611&E1611,'TABELA SICRO-SINAPI-ORSE'!A:G,7,FALSE)","v":712.59},0.20796173004820551,860.78144921505077,1721.5628984301015,false]
[null,"8.4.15","INSUMO ORSE",6468,"ORSE","REDUÇÃO EXCÊNTRICA EM PVC PARA COLETOR ESGOTOS, DN 150 X 100MM","UN",3,{"$f":"VLOOKUP(D1612&E1612,'TABELA SICRO-SINAPI-ORSE'!A:G,7,FALSE)","v":385.03},{"$f":"$L$5","v":0.14692012195121973},441.59865455487812,1324.7959636646344,false]
[null,"8.4.16","INSUMO ORSE",2495,"ORSE","TALHA MANUAL 5,0 T, ELEV.= 5,0 M (\"KOCH\" OU EQUIVALENTE)","H",1,{"$f":"VLOOKUP(D1613&E1613,'TABELA SICRO-SINAPI-ORSE'!A:G,7,FALSE)","v":31.54},0.14692012195121973,36.173860646341467,36.173860646341467,false]
[null,"8.4.17","COMPOSIÇÃO ORSE",12825,"ORSE","EM ESTUDO - TAMPA EM CONCRETO ARMADO FCK=30,0MPA, PARA POÇO DE INSPEÇÃO/VISITA EM ALVENARIA/CONCRETO, DIM. 1,20X1,20X0,20M, APOIADA SOBRE O PI/PV, COM AÇO 3/8\", EXCLUSIVE TAMPÃO DE FERRO FUNDIDO","UN",3,{"$f":"VLOOKUP(D1614&E1614,'TABELA SICRO-SINAPI-ORSE'!A:G,7,FALSE)","v":1366.79},{"$f":"$L$4","v":0.20796173004820551},1651.0300130125868,4953.0900390377601,false]
[null,"8.4.18","INSUMO ORSE",2069,"ORSE","TAMPA DE FERRO FUNDIDO QUADRADA (600X600MM), CARGA MAX. 2000KG P/CX.INSPEÇÃO","UN",1,{"$f":"VLOOKUP(D1615&E1615,'TABELA SICRO-SINAPI-ORSE'!A:G,7,FALSE)","v":1529.76},{"$f":"$L$5","v":0.14692012195121973},1754.5125257560978,1754.5125257560978,false]
[null,"8.4.19","INSUMO SINAPI",6299,"SINAPI","TE DE FERRO GALVANIZADO, DE 2 1/2\"","UN",3,{"$f":"VLOOKUP(D1616&E1616,'TABELA SICRO-SINAPI-ORSE'!A:G,7,FALSE)","v":140.62},0.14692012195121973,161.27990754878053,483.83972264634156,false]
[null,"8.4.20","INSUMO SINAPI",6300,"SINAPI","TE DE FERRO GALVANIZADO, DE 4\"","UN",1,{"$f":"VLOOKUP(D1617&E1617,'TABELA SICRO-SINAPI-ORSE'!A:G,7,FALSE)","v":347.23},0.14692012195121973,398.24507394512204,398.24507394512204,false]
[null,"8.4.21","INSUMO SINAPI",6301,"SINAPI","TE DE FERRO GALVANIZADO, DE 6\"","UN",1,{"$f":"VLOOKUP(D1618&E1618,'TABELA SICRO-SINAPI-ORSE'!A:G,7,FALSE)","v":1162.55},0.14692012195121973,1333.3519877743904,1333.3519877743904,false]
[null,"8.4.22","INSUMO ORSE",6462,"ORSE","TÊ 90º VINILFORT PARA COLETOR ESGOTOS, JUNTA ELÁSTICA INTEGRADA, DN 150 X 150MM","UN",1,{"$f":"VLOOKUP(D1619&E1619,'TABELA SICRO-SINAPI-ORSE'!A:G,7,FALSE)","v":391.97},0.14692012195121973,449.55828020121965,449.55828020121965,false]
[null,"8.4.23","INSUMO ORSE",5759,"ORSE","TOCO EM FOFO C/ FLANGES PN 10 / 16 / 25, COMP. = 0,25M, D=   80MM","UN",3,{"$f":"VLOOKUP(D1620&E1620,'TABELA SICRO-SINAPI-ORSE'!A:G,7,FALSE)","v":438.63},0.14692012195121973,503.07357309146352,1509.2207192743906,false]
[null,"8.4.24","COMPOSIÇÃO SICRO",4208128,"SICRO","TUBO PEAD PARA ESTAIS - D = 110 MM - FORNECIMENTO E INSTALAÇÃO","M",56.3,{"$f":"VLOOKUP(D1621&E1621,'TABELA SICRO-SINAPI-ORSE'!A:G,7,FALSE)","v":220.27},{"$f":"$L$4","v":0.20796173004820551},266.07773027771822,14980.176214635534,false]
[null,"8.4.25","COMPOSIÇÃO SICRO",4208130,"SICRO","TUBO PEAD PARA ESTAIS - D = 160 MM - FORNECIMENTO E INSTALAÇÃO","M",132,{"$f":"VLOOKUP(D1622&E1622,'TABELA SICRO-SINAPI-ORSE'!A:G,7,FALSE)","v":288.44},0.20796173004820551,348.42448141510437,45992.031546793776,false]
[null,"8.4.26","COMPOSIÇÃO SICRO",4208132,"SICRO","TUBO PEAD PARA ESTAIS - D = 200 MM - FORNECIMENTO E INSTALAÇÃO","M",10.5,{"$f":"VLOOKUP(D1623&E1623,'TABELA SICRO-SINAPI-ORSE'!A:G,7,FALSE)","v":387.3},0.20796173004820551,467.84357804767001,4912.3575695005347,false]
[null,"8.4.27","INSUMO ORSE",4691,"ORSE","TUBO PEAD FLEXIVEL CORRUGADO PERFURADO D=2 1/2\" (KANANET OU SIMILAR)","M",190.45,{"$f":"VLOOKUP(D1624&E1624,'TABELA SICRO-SINAPI-ORSE'!A:G,7,FALSE)","v":7.49},{"$f":"$L$5","v":0.14692012195121973},8.5904317134146364,1636.0477198198173,false]
[null,"8.4.28","INSUMO ORSE",2321,"ORSE","TUBO PEAD FLEXIVEL CORRUGADO PERFURADO D = 4\" (KANADRENO OU SIMILAR)","M",151.55000000000001,{"$f":"VLOOKUP(D1625&E1625,'TABELA SICRO-SINAPI-ORSE'!A:G,7,FALSE)","v":12.02},0.14692012195121973,13.78597986585366,2089.2652486701222,false]
[null,"8.4.29","INSUMO ORSE",11638,"ORSE","VÁLVULA DE BÓIA EM FERRO FUNDIDO, Ø=80MM","UN",1,{"$f":"VLOOKUP(D1626&E1626,'TABELA SICRO-SINAPI-ORSE'!A:G,7,FALSE)","v":1335.17},0.14692012195121973,1531.3333392256102,1531.3333392256102,false]
[null,"8.4.30","COMPOSIÇÃO ORSE",1487,"ORSE","VÁLVULA PÉ C/ CRIVO, D = 75 MM (3\")","UN",1,{"$f":"VLOOKUP(D1627&E1627,'TABELA SICRO-SINAPI-ORSE'!A:G,7,FALSE)","v":537.16},{"$f":"$L$4","v":0.20796173004820551},648.86872291269401,648.86872291269401,false]
[null,"8.4.31","COMPOSIÇÃO ORSE",10673,"ORSE","VÁLVULA RETENÇÃO PORTINHOLA ÚNICA, PN10, Ø=100MM, EM FERRO FUNDIDO","UN",1,{"$f":"VLOOKUP(D1628&E1628,'TABELA SICRO-SINAPI-ORSE'!A:G,7,FALSE)","v":2249.79},0.20796173004820551,2717.6602206451521,2717.6602206451521,false]
[null,"8.4.32","COMPOSIÇÃO ORSE",6015,"ORSE","ASSENTAMENTO DE REGISTRO DE GAVETA EM FERRO FUNDIDO COM FLANGES, DIAM. =   50MM A 150MM","UN",8,{"$f":"VLOOKUP(D1629&E1629,'TABELA SICRO-SINAPI-ORSE'!A:G,7,FALSE)","v":13.72},0.20796173004820551,16.573234936261379,132.58587949009103,false]
[null,"8.4.33","COMPOSIÇÃO ORSE",6012,"ORSE","ASSENTAMENTO DE REGISTRO DE GAVETA EM FERRO FUNDIDO COM BOLSAS, DIAM. =  200MM A 300MM","UN",4,{"$f":"VLOOKUP(D1630&E1630,'TABELA SICRO-SINAPI-ORSE'!A:G,7,FALSE)","v":13.76},0.20796173004820551,16.621553405463306,66.486213621853224,false]
[null,"8.5","ESGOTO",{"$nulls":4},1,null,null,null,{"$f":"SUBTOTAL(109,L1632:L1659)","v":188168.37914166664}]
[null,"8.5.1","INSUMO SINAPI",103,"SINAPI","ADAPTADOR PVC SOLDAVEL CURTO COM BOLSA E ROSCA, 110 MM X 4\", PARA AGUA FRIA","UN",6,{"$f":"VLOOKUP(D1632&E1632,'TABELA SICRO-SINAPI-ORSE'!A:G,7,FALSE)","v":39.89},{"$f":"$L$5","v":0.14692012195121973},{"$f":"I1632*(1+J1632)","v":45.750643664634154},{"$f":"K1632*H1632","v":274.50386198780495},{"$f":"ISTEXT(H1632)","v":false}]
[null,"8.5.2","INSUMO SINAPI",104,"SINAPI","ADAPTADOR PVC SOLDAVEL CURTO COM BOLSA E ROSCA, 75 MM X 2 1/2\", PARA AGUA FRIA","UN",4,{"$f":"VLOOKUP(D1633&E1633,'TABELA SICRO-SINAPI-ORSE'!A:G,7,FALSE)","v":17.93},0.14692012195121973,20.564277786585368,82.257111146341472,false]
[null,"8.5.3","INSUMO ORSE",13435,"ORSE","BLOCO DE CONCRETO, ESTRUTURAL DIM. 14 X 19 X 39 CM, FCK 10 MPA","UN",5,{"$f":"VLOOKUP(D1634&E1634,'TABELA SICRO-SINAPI-ORSE'!A:G,7,FALSE)","v":3.74},0.14692012195121973,4.2894812560975621,21.447406280487812,false]
[null,"8.5.4","INSUMO SINAPI",760,"SINAPI","BOMBA SUBMERSIVEL, ELETRICA, TRIFASICA, POTENCIA 13 HP, DIAMETRO DO ROTOR 170 MM, BOCAL DE SAIDA DIAMETRO DE 3 POLEGADAS, HM/Q = 11 M / 68,40 M3/H A 72 M / 3,6 M3/H","UN",2,{"$f":"VLOOKUP(D1635&E1635,'TABELA SICRO-SINAPI-ORSE'!A:G,7,FALSE)","v":34800},0.14692012195121973,39912.820243902446,79825.640487804892,false]
[null,"8.5.5","INSUMO SINAPI",1779,"SINAPI","CURVA 45 GRAUS DE FERRO GALVANIZADO, COM ROSCA BSP FEMEA, DE 3\"","UN",2,{"$f":"VLOOKUP(D1636&E1636,'TABELA SICRO-SINAPI-ORSE'!A:G,7,FALSE)","v":324.95999999999998},0.14692012195121973,372.70316282926836,745.40632565853673,false]
[null,"8.5.6","INSUMO SINAPI",1808,"SINAPI","CURVA 90 GRAUS DE FERRO GALVANIZADO, COM ROSCA BSP MACHO/FEMEA, DE 4\"","UN",2,{"$f":"VLOOKUP(D1637&E1637,'TABELA SICRO-SINAPI-ORSE'!A:G,7,FALSE)","v":670.74},0.14692012195121973,769.28520259756112,1538.5704051951222,false]
[null,"8.5.7","COMPOSIÇÃO SINAPI",97436,"SINAPI","CURVA 90 GRAUS, EM AÇO, CONEXÃO RANHURADA, DN 65 (2 1/2\"), INSTALADO EM PRUMADAS - FORNECIMENTO E INSTALAÇÃO. AF_10/2020","UN",2,{"$f":"VLOOKUP(D1638&E1638,'TABELA SICRO-SINAPI-ORSE'!A:G,7,FALSE)","v":103.24},{"$f":"$L$4","v":0.20796173004820551},124.70996901017674,249.41993802035347,false]
[null,"8.5.8","INSUMO SINAPI",1802,"SINAPI","CURVA 90 GRAUS DE FERRO GALVANIZADO, COM ROSCA BSP MACHO, DE 6\"","UN",11,{"$f":"VLOOKUP(D1639&E1639,'TABELA SICRO-SINAPI-ORSE'!A:G,7,FALSE)","v":1983.88},{"$f":"$L$5","v":0.14692012195121973},2275.3518915365858,25028.870806902443,false]
[null,"8.5.9","INSUMO SINAPI",1792,"SINAPI","CURVA 90 GRAUS DE FERRO GALVANIZADO, COM ROSCA BSP FEMEA, DE 3\"","UN",10,{"$f":"VLOOKUP(D1640&E1640,'TABELA SICRO-SINAPI-ORSE'!A:G,7,FALSE)","v":345.62},0.14692012195121973,396.39853254878057,3963.9853254878058,false]
[null,"8.5.10","INSUMO SINAPI",3271,"SINAPI","FLANGE SEXTAVADO DE FERRO GALVANIZADO, COM ROSCA BSP, DE 4\"","UN",2,{"$f":"VLOOKUP(D1641&E1641,'TABELA SICRO-SINAPI-ORSE'!A:G,7,FALSE)","v":220.14},0.14692012195121973,252.48299564634149,504.96599129268299,false]
[null,"8.5.11","INSUMO SINAPI",36498,"SINAPI","GERADOR PORTATIL MONOFASICO, POTENCIA 5500 VA, MOTOR A GASOLINA, POTENCIA DO MOTOR 13 CV","UN",1,{"$f":"VLOOKUP(D1642&E1642,'TABELA SICRO-SINAPI-ORSE'!A:G,7,FALSE)","v":8600.61},0.14692012195121973,9864.2126700548797,9864.2126700548797,false]
[null,"8.5.12","INSUMO SINAPI",3658,"SINAPI","JUNCAO SIMPLES, PVC, 45 GRAUS, DN 75 X 75 MM, SERIE NORMAL PARA ESGOTO PREDIAL","UN",2,{"$f":"VLOOKUP(D1643&E1643,'TABELA SICRO-SINAPI-ORSE'!A:G,7,FALSE)","v":16.5},0.14692012195121973,18.924182012195125,37.84836402439025,false]
[null,"8.5.13","INSUMO ORSE",4749,"ORSE","JUNTA DE DESMONTAGEM TRAVADA AXIALAMENTE JTDA PN 10, D = 500","UN",2,{"$f":"VLOOKUP(D1644&E1644,'TABELA SICRO-SINAPI-ORSE'!A:G,7,FALSE)","v":6208.93},0.14692012195121973,7121.1467527865871,14242.293505573174,false]
[null,"8.5.14","INSUMO ORSE",2495,"ORSE","TALHA MANUAL 5,0 T, ELEV.= 5,0 M (\"KOCH\" OU EQUIVALENTE)","H",1,{"$f":"VLOOKUP(D1645&E1645,'TABELA SICRO-SINAPI-ORSE'!A:G,7,FALSE)","v":31.54},0.14692012195121973,36.173860646341467,36.173860646341467,false]
[null,"8.5.15","COMPOSIÇÃO ORSE",12825,"ORSE","EM ESTUDO - TAMPA EM CONCRETO ARMADO FCK=30,0MPA, PARA POÇO DE INSPEÇÃO/VISITA EM ALVENARIA/CONCRETO, DIM. 1,20X1,20X0,20M, APOIADA SOBRE O PI/PV, COM AÇO 3/8\", EXCLUSIVE TAMPÃO DE FERRO FUNDIDO","UN",9,{"$f":"VLOOKUP(D1646&E1646,'TABELA SICRO-SINAPI-ORSE'!A:G,7,FALSE)","v":1366.79},{"$f":"$L$4","v":0.20796173004820551},1651.0300130125868,14859.270117113281,false]
[null,"8.5.16","INSUMO SINAPI",6240,"SINAPI","TAMPAO FOFO SIMPLES COM BASE, CLASSE D400 CARGA MAX 40 T, REDONDO, TAMPA 600 MM, REDE PLUVIAL/ESGOTO (COM INSCRICAO EM RELEVO DO TIPO DE REDE)","UN",2,{"$f":"VLOOKUP(D1647&E1647,'TABELA SICRO-SINAPI-ORSE'!A:G,7,FALSE)","v":774.55},{"$f":"$L$5","v":0.14692012195121973},888.34698045731716,1776.6939609146343,false]
[null,"8.5.17","INSUMO SINAPI",6301,"SINAPI","TE DE FERRO GALVANIZADO, DE 6\"","UN",2,{"$f":"VLOOKUP(D1648&E1648,'TABELA SICRO-SINAPI-ORSE'!A:G,7,FALSE)","v":1162.55},0.14692012195121973,1333.3519877743904,2666.7039755487808,false]
[null,"8.5.18","INSUMO SINAPI",6299,"SINAPI","TE DE FERRO GALVANIZADO, DE 2 1/2\"","UN",1,{"$f":"VLOOKUP(D1649&E1649,'TABELA SICRO-SINAPI-ORSE'!A:G,7,FALSE)","v":140.62},0.14692012195121973,161.27990754878053,161.27990754878053,false]
[null,"8.5.19","INSUMO SINAPI",20181,"SINAPI","TE, PVC, SERIE R, 150 X 150 MM, PARA ESGOTO PREDIAL","UN",1,{"$f":"VLOOKUP(D1650&E1650,'TABELA SICRO-SINAPI-ORSE'!A:G,7,FALSE)","v":102.45},0.14692012195121973,117.50196649390246,117.50196649390246,false]
[null,"8.5.20","INSUMO SINAPI",9836,"SINAPI","TUBO PVC  SERIE NORMAL, DN 100 MM, PARA ESGOTO  PREDIAL (NBR 5688)","M",36,{"$f":"VLOOKUP(D1651&E1651,'TABELA SICRO-SINAPI-ORSE'!A:G,7,FALSE)","v":13.17},0.14692012195121973,15.104938006097564,543.77776821951227,false]
[null,"8.5.21","INSUMO SINAPI",20065,"SINAPI","TUBO PVC  SERIE NORMAL, DN 150 MM, PARA ESGOTO  PREDIAL (NBR 5688)","M",437,{"$f":"VLOOKUP(D1652&E1652,'TABELA SICRO-SINAPI-ORSE'!A:G,7,FALSE)","v":34.42},0.14692012195121973,39.476990597560984,17251.44489113415,false]
[null,"8.5.22","INSUMO SINAPI",36373,"SINAPI","TUBO PVC PBA JEI, CLASSE 12, DN 75 MM, PARA REDE DE AGUA (NBR 5647)","M",145.30000000000001,{"$f":"VLOOKUP(D1653&E1653,'TABELA SICRO-SINAPI-ORSE'!A:G,7,FALSE)","v":31.29},0.14692012195121973,35.887130615853664,5214.400078483538,false]
[null,"8.5.23","INSUMO SINAPI",9837,"SINAPI","TUBO PVC SERIE NORMAL, DN 75 MM, PARA ESGOTO PREDIAL (NBR 5688)","M",44.4,{"$f":"VLOOKUP(D1654&E1654,'TABELA SICRO-SINAPI-ORSE'!A:G,7,FALSE)","v":12.47},0.14692012195121973,14.302093920731711,635.01297008048789,false]
[null,"8.5.24","COMPOSIÇÃO ORSE",6015,"ORSE","ASSENTAMENTO DE REGISTRO DE GAVETA EM FERRO FUNDIDO COM FLANGES, DIAM. =   50MM A 150MM","UN",9,{"$f":"VLOOKUP(D1655&E1655,'TABELA SICRO-SINAPI-ORSE'!A:G,7,FALSE)","v":13.72},{"$f":"$L$4","v":0.20796173004820551},16.573234936261379,149.1591144263524,false]
[null,"8.5.25","COMPOSIÇÃO ORSE",10673,"ORSE","VÁLVULA RETENÇÃO PORTINHOLA ÚNICA, PN10, Ø=100MM, EM FERRO FUNDIDO","UN",1,{"$f":"VLOOKUP(D1656&E1656,'TABELA SICRO-SINAPI-ORSE'!A:G,7,FALSE)","v":2249.79},0.20796173004820551,2717.6602206451521,2717.6602206451521,false]
[null,"8.5.26","COMPOSIÇÃO ORSE",9318,"ORSE","TUBO GUIA 2\" (GALVANIZADO), L=2,50M E CORRENTE GALVANIZADA L=3,00M","UN",2,{"$f":"VLOOKUP(D1657&E1657,'TABELA SICRO-SINAPI-ORSE'!A:G,7,FALSE)","v":296.91000000000003},0.20796173004820551,358.65591726861271,717.31183453722542,false]
[null,"8.5.27","COMPOSIÇÃO ORSE",6979,"ORSE","ESCADA MARINHEIRO EM AÇO CA-50 D=16MM (5/8\"), EXCETO PINTURA - REV 01","M",10.6,{"$f":"VLOOKUP(D1658&E1658,'TABELA SICRO-SINAPI-ORSE'!A:G,7,FALSE)","v":62.93},0.20796173004820551,76.017031671933566,805.78053572249576,false]
[null,"8.5.28","COMPOSIÇÃO ORSE",770,"ORSE","TAMPA DE FERRO FUNDIDO TIPO R2 (545X1104)MM, PADRÃO TELEMAR, INCLUSIVE INSTALAÇÃO","UN",4,{"$f":"VLOOKUP(D1659&E1659,'TABELA SICRO-SINAPI-ORSE'!A:G,7,FALSE)","v":856.15},0.20796173004820551,1034.196435180771,4136.785740723084,false]
[null,9,"ESTRUTURAS DE CONTENÇÃO",{"$nulls":8},{"$f":"SUBTOTAL(109,L1661:L1704)","v":15569840.885724755}]
[null,"9.1","MOBILIZAÇÃO E DESMOBILIZAÇÃO",{"$nulls":4},1,null,null,null,{"$f":"SUBTOTAL(109,L1662:L1663)","v":10365.947707180781}]
[null,"9.1.1","COMPOSIÇÃO PRÓPRIA","1.2","","MOBILIZAÇÃO - ESTRUTURAS DE CONTENÇÃO","UN",1,{"$f":"'CPU Própria (sem des)'!M13","v":4290.6772000000001},{"$f":"$L$4","v":0.20796173004820551},{"$f":"I1662*(1+J1662)","v":5182.9738535903907},{"$f":"K1662*H1662","v":5182.9738535903907},{"$f":"ISTEXT(H1662)","v":false}]
[null,"9.1.2","COMPOSIÇÃO PRÓPRIA","1.2","","DESMOBILIZAÇÃO - ESTRUTURAS DE CONTENÇÃO","UN",1,{"$f":"'CPU Própria (sem des)'!M13","v":4290.6772000000001},0.20796173004820551,{"$f":"I1663*(1+J1663)","v":5182.9738535903907},{"$f":"K1663*H1663","v":5182.9738535903907},false]
[null,"9.2","CANTEIRO DE OBRAS",{"$nulls":4},1,null,null,null,{"$f":"SUBTOTAL(109,L1665:L1677)","v":158313.56381828725}]
[null,"9.2.1","INSUMO SINAPI",4813,"SINAPI","PLACA DE OBRA (PARA CONSTRUCAO CIVIL) EM CHAPA GALVANIZADA *N. 22*, ADESIVADA, DE *2,4 X 1,2* M (SEM POSTES PARA FIXACAO)4,","M2",4.5,{"$f":"VLOOKUP(D1665&E1665,'TABELA SICRO-SINAPI-ORSE'!A:G,7,FALSE)","v":250},{"$f":"$L$5","v":0.14692012195121973},{"$f":"I1665*(1+J1665)","v":286.73003048780492},{"$f":"K1665*H1665","v":1290.2851371951222},{"$f":"ISTEXT(H1665)","v":false}]
[null,"9.2.2","COMPOSIÇÃO SINAPI",98458,"SINAPI","TAPUME COM COMPENSADO DE MADEIRA. AF_05/2018","M2",638,{"$f":"VLOOKUP(D1666&E1666,'TABELA SICRO-SINAPI-ORSE'!A:G,7,FALSE)","v":104.25},{"$f":"$L$4","v":0.20796173004820551},125.93001035752542,80343.346608101216,false]
[null,"9.2.3","COMPOSIÇÃO SINAPI",98525,"SINAPI","LIMPEZA MECANIZADA DE CAMADA VEGETAL, VEGETAÇÃO E PEQUENAS ÁRVORES (DIÂMETRO DE TRONCO MENOR QUE 0,20 M), COM TRATOR DE ESTEIRAS.AF_05/2018","M2",1650,{"$f":"VLOOKUP(D1667&E1667,'TABELA SICRO-SINAPI-ORSE'!A:G,7,FALSE)","v":0.62},0.20796173004820551,0.74893627262988738,1235.7448498393142,false]
[null,"9.2.4","COMPOSIÇÃO SINAPI",93210,"SINAPI","EXECUÇÃO DE REFEITÓRIO EM CANTEIRO DE OBRA EM CHAPA DE MADEIRA COMPENSADA, NÃO INCLUSO MOBILIÁRIO E EQUIPAMENTOS. AF_02/2016","M2",13.8,550.5,0.20796173004820551,664.98293239153713,9176.7644670032132,false]
[null,"9.2.5","COMPOSIÇÃO SINAPI",93212,"SINAPI","EXECUÇÃO DE SANITÁRIO E VESTIÁRIO EM CANTEIRO DE OBRA EM CHAPA DE MADEIRA COMPENSADA, NÃO INCLUSO MOBILIÁRIO. AF_02/2016","M2",27.6,910.26,0.20796173004820551,1099.5592443936796,30347.835145265559,false]
[null,"9.2.6","COMPOSIÇÃO SINAPI",93584,"SINAPI","EXECUÇÃO DE DEPÓSITO EM CANTEIRO DE OBRA EM CHAPA DE MADEIRA COMPENSADA, NÃO INCLUSO MOBILIÁRIO. AF_04/2016","M2",13.8,762.2,0.20796173004820551,920.70843064274231,12705.776342869845,false]
[null,"9.2.7","COMPOSIÇÃO SINAPI",95636,"SINAPI","KIT CAVALETE PARA MEDIÇÃO DE ÁGUA - ENTRADA PRINCIPAL, EM AÇO GALVANIZADO DN 25 (1 )   FORNECIMENTO E INSTALAÇÃO (EXCLUSIVE HIDRÔMETRO). AF_11/2016","UN",1,{"$f":"VLOOKUP(D1671&E1671,'TABELA SICRO-SINAPI-ORSE'!A:G,7,FALSE)","v":383.13},0.20796173004820551,462.80637763336898,462.80637763336898,false]
[null,"9.2.8","COMPOSIÇÃO SINAPI",101506,"SINAPI","ENTRADA DE ENERGIA ELÉTRICA, AÉREA, TRIFÁSICA, COM CAIXA DE SOBREPOR, CABO DE 16 MM2 E DISJUNTOR DIN 50A (NÃO INCLUSO O POSTE DE CONCRETO). AF_07/2020_PS","UN",1,{"$f":"VLOOKUP(D1672&E1672,'TABELA SICRO-SINAPI-ORSE'!A:G,7,FALSE)","v":2035.66},0.20796173004820551,2458.9993753899303,2458.9993753899303,false]
[null,"9.2.9","COMPOSIÇÃO SINAPI",99059,"SINAPI","LOCACAO CONVENCIONAL DE OBRA, UTILIZANDO GABARITO DE TÁBUAS CORRIDAS PONTALETADAS A CADA 2,00M -  2 UTILIZAÇÕES. AF_10/2018","M",188.07,{"$f":"VLOOKUP(D1673&E1673,'TABELA SICRO-SINAPI-ORSE'!A:G,7,FALSE)","v":55},0.20796173004820551,66.437895152651308,12494.974941359131,false]
[null,"9.2.10","COMPOSIÇÃO SINAPI",86931,"SINAPI","VASO SANITÁRIO SIFONADO COM CAIXA ACOPLADA LOUÇA BRANCA, INCLUSO ENGATE FLEXÍVEL EM PLÁSTICO BRANCO, 1/2  X 40CM - FORNECIMENTO E INSTALAÇÃO. AF_01/2020","UN",8,{"$f":"VLOOKUP(D1674&E1674,'TABELA SICRO-SINAPI-ORSE'!A:G,7,FALSE)","v":469.07},0.20796173004820551,566.61860871371175,4532.948869709694,false]
[null,"9.2.11","COMPOSIÇÃO SINAPI",86902,"SINAPI","LAVATÓRIO LOUÇA BRANCA COM COLUNA, *44 X 35,5* CM, PADRÃO POPULAR - FORNECIMENTO E INSTALAÇÃO. AF_01/2020","UN",4,{"$f":"VLOOKUP(D1675&E1675,'TABELA SICRO-SINAPI-ORSE'!A:G,7,FALSE)","v":290.26},0.20796173004820551,350.62297176379212,1402.4918870551685,false]
[null,"9.2.12","COMPOSIÇÃO SINAPI",89712,"SINAPI","TUBO PVC, SERIE NORMAL, ESGOTO PREDIAL, DN 50 MM, FORNECIDO E INSTALADO EM RAMAL DE DESCARGA OU RAMAL DE ESGOTO SANITÁRIO. AF_08/2022","M",45,{"$f":"VLOOKUP(D1676&E1676,'TABELA SICRO-SINAPI-ORSE'!A:G,7,FALSE)","v":23.85},0.20796173004820551,28.809887261649703,1296.4449267742366,false]
[null,"9.2.13","COMPOSIÇÃO SINAPI",89402,"SINAPI","TUBO, PVC, SOLDÁVEL, DN 25MM, INSTALADO EM RAMAL DE DISTRIBUIÇÃO DE ÁGUA - FORNECIMENTO E INSTALAÇÃO. AF_06/2022","M",45,{"$f":"VLOOKUP(D1677&E1677,'TABELA SICRO-SINAPI-ORSE'!A:G,7,FALSE)","v":10.95},{"$f":"$L$5","v":0.14692012195121973},12.558775335365855,565.14489009146348,false]
[null,"9.3","TERRAPLENAGEM",{"$nulls":4},1,null,null,null,{"$f":"SUBTOTAL(109,L1679:L1683)","v":658879.90699689288}]
[null,"9.3.1","COMPOSIÇÃO SINAPI",100974,"SINAPI","CARGA, MANOBRA E DESCARGA DE SOLOS E MATERIAIS GRANULARES EM CAMINHÃO BASCULANTE 10 M³ - CARGA COM PÁ CARREGADEIRA (CAÇAMBA DE 1,7 A 2,8 M³ / 128 HP) E DESCARGA LIVRE (UNIDADE: M3). AF_07/2020","M3",7366,{"$f":"VLOOKUP(D1679&E1679,'TABELA SICRO-SINAPI-ORSE'!A:G,7,FALSE)","v":8.5299999999999994},{"$f":"$L$4","v":0.20796173004820551},{"$f":"I1679*(1+J1679)","v":10.303913557311192},{"$f":"K1679*H1679","v":75898.627263154238},{"$f":"ISTEXT(H1679)","v":false}]
[null,"9.3.2","COMPOSIÇÃO SINAPI",95875,"SINAPI","TRANSPORTE COM CAMINHÃO BASCULANTE DE 10 M³, EM VIA URBANA PAVIMENTADA, DMT ATÉ 30 KM (UNIDADE: M3XKM). AF_07/2020","M3XKM",82175.08,{"$f":"VLOOKUP(D1680&E1680,'TABELA SICRO-SINAPI-ORSE'!A:G,7,FALSE)","v":2.52},0.20796173004820551,{"$f":"I1680*(1+J1680)","v":3.044063559721478},{"$f":"K1680*H1680","v":250146.16654519725},false]
[null,"9.3.3","COMPOSIÇÃO SINAPI",102716,"SINAPI","ENCHIMENTO DE AREIA PARA DRENO, LANÇAMENTO MECANIZADO. AF_07/2021","M3",375.15,{"$f":"VLOOKUP(D1681&E1681,'TABELA SICRO-SINAPI-ORSE'!A:G,7,FALSE)","v":189.38},0.20796173004820551,{"$f":"I1681*(1+J1681)","v":228.76379243652914},{"$f":"K1681*H1681","v":85820.736732563906},false]
[null,"9.3.4","COMPOSIÇÃO SINAPI",100574,"SINAPI","ESPALHAMENTO DE MATERIAL COM TRATOR DE ESTEIRAS. AF_11/2019","M3",19545.259999999998,{"$f":"VLOOKUP(D1682&E1682,'TABELA SICRO-SINAPI-ORSE'!A:G,7,FALSE)","v":1.47},0.20796173004820551,{"$f":"I1682*(1+J1682)","v":1.775703743170862},{"$f":"K1682*H1682","v":34706.591343247717},false]
[null,"9.3.5","COMPOSIÇÃO SINAPI",96385,"SINAPI","EXECUÇÃO E COMPACTAÇÃO DE ATERRO COM SOLO PREDOMINANTEMENTE ARGILOSO - EXCLUSIVE SOLO, ESCAVAÇÃO, CARGA E TRANSPORTE. AF_11/2019","M3",15034.82,{"$f":"VLOOKUP(D1683&E1683,'TABELA SICRO-SINAPI-ORSE'!A:G,7,FALSE)","v":11.69},0.20796173004820551,{"$f":"I1683*(1+J1683)","v":14.121072624263522},{"$f":"K1683*H1683","v":212307.7851127297},false]
[null,"9.4","ENSECADEIRAS ",{"$nulls":4},1,null,null,null,{"$f":"SUBTOTAL(109,L1685:L1691)","v":7126601.85676351}]
[null,"9.4.1","COMPOSIÇÃO SICRO",2306015,"SICRO","ESTACA PRANCHA METÁLICA - FORNECIMENTO E CRAVAÇÃO ATÉ 12 METROS","KG",262604.14,{"$f":"VLOOKUP(D1685&E1685,'TABELA SICRO-SINAPI-ORSE'!A:G,7,FALSE)","v":15.48},{"$f":"$L$4","v":0.20796173004820551},{"$f":"I1685*(1+J1685)","v":18.699247581146221},{"$f":"K1685*H1685","v":4910499.8296939833},{"$f":"ISTEXT(H1685)","v":false}]
[null,"9.4.2","COMPOSIÇÃO SINAPI",7042,"SINAPI","MOTOBOMBA TRASH (PARA ÁGUA SUJA) AUTO ESCORVANTE, MOTOR GASOLINA DE 6,41 HP, DIÂMETROS DE SUCÇÃO X RECALQUE: 3\" X 3\", HM/Q = 10 MCA / 60 M3/H A 23 MCA / 0 M3/H - CHP DIURNO. AF_10/2014","CHP",9978.1443092419195,{"$f":"VLOOKUP(D1686&E1686,'TABELA SICRO-SINAPI-ORSE'!A:G,7,FALSE)","v":23.31},0.20796173004820551,28.15758792742367,280960.47574000148,false]
[null,"9.4.3","COMPOSIÇÃO SICRO",5502768,"SICRO","ESCAVAÇÃO, CARGA E TRANSPORTE DE MATERIAL DE 3A CATEGORIA - DMT DE 50 A 200 M - CAMINHO DE SERVIÇO EM REVESTIMENTO PRIMÁRIO - COM CAMINHÃO BASCULANTE DE 12 M3","M3",456,{"$f":"VLOOKUP(D1687&E1687,'TABELA SICRO-SINAPI-ORSE'!A:G,7,FALSE)","v":42.9},0.20796173004820551,51.821558219068017,23630.630547895016,false]
[null,"9.4.4","COMPOSIÇÃO SINAPI",100978,"SINAPI","CARGA, MANOBRA E DESCARGA DE SOLOS E MATERIAIS GRANULARES EM CAMINHÃO BASCULANTE 10 M³ - CARGA COM ESCAVADEIRA HIDRÁULICA (CAÇAMBA DE 1,20 M³ / 155 HP) E DESCARGA LIVRE (UNIDADE: M3). AF_07/2020","M3",456,{"$f":"VLOOKUP(D1688&E1688,'TABELA SICRO-SINAPI-ORSE'!A:G,7,FALSE)","v":6.92},0.20796173004820551,8.359095171933582,3811.7473984017133,false]
[null,"9.4.5","COMPOSIÇÃO SINAPI",100945,"SINAPI","TRANSPORTE COM CAMINHÃO CARROCERIA 9T, EM VIA URBANA EM LEITO NATURAL (UNIDADE: TXKM). AF_07/2020","TXKM",27360,{"$f":"VLOOKUP(D1689&E1689,'TABELA SICRO-SINAPI-ORSE'!A:G,7,FALSE)","v":2.85},0.20796173004820551,3.4426909306373856,94192.023862238872,false]
[null,"9.4.6","COMPOSIÇÃO SINAPI",89272,"SINAPI","GUINDASTE HIDRÁULICO AUTOPROPELIDO, COM LANÇA TELESCÓPICA 28,80 M, CAPACIDADE MÁXIMA 30 T, POTÊNCIA 97 KW, TRAÇÃO 4 X 4 - CHP DIURNO. AF_11/2014","CHP",1335,{"$f":"VLOOKUP(D1690&E1690,'TABELA SICRO-SINAPI-ORSE'!A:G,7,FALSE)","v":212.75},0.20796173004820551,256.9938580677557,343086.80052045383,false]
[null,"9.4.7","COMPOSIÇÃO SINAPI",100763,"SINAPI","VIGA METÁLICA EM PERFIL LAMINADO OU SOLDADO EM AÇO ESTRUTURAL, COM CONEXÕES PARAFUSADAS, INCLUSOS MÃO DE OBRA, TRANSPORTE E IÇAMENTO UTILIZANDO GUINDASTE - FORNECIMENTO E INSTALAÇÃO. AF_01/2020_P","KG",78432.600000000006,{"$f":"VLOOKUP(D1691&E1691,'TABELA SICRO-SINAPI-ORSE'!A:G,7,FALSE)","v":15.52},0.20796173004820551,18.747566050348148,1470420.3490005361,false]
[null,"9.5","ESTACAS",{"$nulls":4},1,null,null,null,{"$f":"SUBTOTAL(109,L1693:L1695)","v":7177479.0393824438}]
[null,"9.5.1","COMPOSIÇÃO SICRO",2306015,"SICRO","ESTACA PRANCHA METÁLICA - FORNECIMENTO E CRAVAÇÃO ATÉ 12 METROS","KG",250265.07,{"$f":"VLOOKUP(D1693&E1693,'TABELA SICRO-SINAPI-ORSE'!A:G,7,FALSE)","v":15.48},{"$f":"$L$4","v":0.20796173004820551},{"$f":"I1693*(1+J1693)","v":18.699247581146221},{"$f":"K1693*H1693","v":4679768.5048428895},{"$f":"ISTEXT(H1693)","v":false}]
[null,"9.5.2","COMPOSIÇÃO SICRO",5605936,"SICRO","TIRANTE DE BARRA DE AÇO ANCORADO NA ROCHA COM RESINA DE POLIÉSTER, D = 32 MM, TENSÃO DE ESCOAMENTO = 686 MPA, TENSÃO DE RUPTURA = 789 MPA - FORNECIMENTO, PERFURAÇÃO E INSTALAÇÃO","M",6788,{"$f":"VLOOKUP(D1694&E1694,'TABELA SICRO-SINAPI-ORSE'!A:G,7,FALSE)","v":247.87},0.20796173004820551,{"$f":"I1694*(1+J1694)","v":299.41747402704868},{"$f":"K1694*H1694","v":2032445.8136956065},false]
[null,"9.5.3","COMPOSIÇÃO SINAPI",100763,"SINAPI","VIGA METÁLICA EM PERFIL LAMINADO OU SOLDADO EM AÇO ESTRUTURAL, COM CONEXÕES PARAFUSADAS, INCLUSOS MÃO DE OBRA, TRANSPORTE E IÇAMENTO UTILIZANDO GUINDASTE - FORNECIMENTO E INSTALAÇÃO. AF_01/2020_P","KG",24817.34,{"$f":"VLOOKUP(D1695&E1695,'TABELA SICRO-SINAPI-ORSE'!A:G,7,FALSE)","v":15.52},0.20796173004820551,{"$f":"I1695*(1+J1695)","v":18.747566050348148},{"$f":"K1695*H1695","v":465264.72084394709},false]
[null,"9.6","GUARDA CORPO ",{"$nulls":4},1,null,null,null,{"$f":"SUBTOTAL(109,L1697:L1702)","v":437041.94610733469}]
[null,"9.6.1","COMPOSIÇÃO SINAPI",96530,"SINAPI","FABRICAÇÃO, MONTAGEM E DESMONTAGEM DE FÔRMA PARA VIGA BALDRAME, EM MADEIRA SERRADA, E=25 MM, 1 UTILIZAÇÃO. AF_06/2017","M2",263.3,{"$f":"VLOOKUP(D1697&E1697,'TABELA SICRO-SINAPI-ORSE'!A:G,7,FALSE)","v":156.44},{"$f":"$L$4","v":0.20796173004820551},{"$f":"I1697*(1+J1697)","v":188.97353304874127},{"$f":"K1697*H1697","v":49756.731251733581},{"$f":"ISTEXT(H1697)","v":false}]
[null,"9.6.2","COMPOSIÇÃO SINAPI",92762,"SINAPI","ARMAÇÃO DE PILAR OU VIGA DE ESTRUTURA CONVENCIONAL DE CONCRETO ARMADO UTILIZANDO AÇO CA-50 DE 10,0 MM - MONTAGEM. AF_06/2022","KG",7372.34,{"$f":"VLOOKUP(D1698&E1698,'TABELA SICRO-SINAPI-ORSE'!A:G,7,FALSE)","v":12.85},0.20796173004820551,15.522308231119441,114435.7338646111,false]
[null,"9.6.3","COMPOSIÇÃO SINAPI",96557,"SINAPI","CONCRETAGEM DE BLOCOS DE COROAMENTO E VIGAS BALDRAMES, FCK 30 MPA, COM USO DE BOMBA - LANÇAMENTO, ADENSAMENTO E ACABAMENTO. AF_06/2017","M3",92.15,{"$f":"VLOOKUP(D1699&E1699,'TABELA SICRO-SINAPI-ORSE'!A:G,7,FALSE)","v":1175.51},0.20796173004820551,1419.9710932889661,130850.33624657824,false]
[null,"9.6.4","COMPOSIÇÃO SINAPI",103672,"SINAPI","CONCRETAGEM DE PILARES, FCK = 25 MPA, COM USO DE BOMBA - LANÇAMENTO, ADENSAMENTO E ACABAMENTO. AF_02/2022","M3",12.65,{"$f":"VLOOKUP(D1700&E1700,'TABELA SICRO-SINAPI-ORSE'!A:G,7,FALSE)","v":1043.3},0.20796173004820551,1260.2664729592927,15942.370882935054,false]
[null,"9.6.5","COMPOSIÇÃO SINAPI",92761,"SINAPI","ARMAÇÃO DE PILAR OU VIGA DE ESTRUTURA CONVENCIONAL DE CONCRETO ARMADO UTILIZANDO AÇO CA-50 DE 8,0 MM - MONTAGEM. AF_06/2022","KG",720,{"$f":"VLOOKUP(D1701&E1701,'TABELA SICRO-SINAPI-ORSE'!A:G,7,FALSE)","v":14.23},0.20796173004820551,17.189295418585964,12376.292701381893,false]
[null,"9.6.6","COMPOSIÇÃO SINAPI",99837,"SINAPI","GUARDA-CORPO DE AÇO GALVANIZADO DE 1,10M, MONTANTES TUBULARES DE 1.1/4\" ESPAÇADOS DE 1,20M, TRAVESSA SUPERIOR DE 1.1/2\", GRADIL FORMADO POR TUBOS HORIZONTAIS DE 1\" E VERTICAIS DE 3/4\", FIXADO COM CHUMBADOR MECÂNICO. AF_04/2019_PS","M",169,{"$f":"VLOOKUP(D1702&E1702,'TABELA SICRO-SINAPI-ORSE'!A:G,7,FALSE)","v":556.86},0.20796173004820551,672.66556899464376,113680.4811600948,false]
[null,"9.7","SERVIÇOS FINAIS",{"$nulls":4},1,null,null,null,{"$f":"SUBTOTAL(109,L1704)","v":1158.6249491078465}]
[null,"9.7.1","COMPOSIÇÃO ORSE",6191,"ORSE","LIMPEZA DE RUAS (VARRIÇÃO E REMOÇÃO DE ENTULHOS)","M2",1880.7,{"$f":"VLOOKUP(D1704&E1704,'TABELA SICRO-SINAPI-ORSE'!A:G,7,FALSE)","v":0.51},{"$f":"$L$4","v":0.20796173004820551},{"$f":"I1704*(1+J1704)","v":0.61606048232458477},{"$f":"K1704*H1704","v":1158.6249491078465},{"$f":"ISTEXT(H1704)","v":false}]
[null,10,"ESTRUTURAS DE ACESSO E EMBARCAÇÃO",{"$nulls":8},{"$f":"SUBTOTAL(109,L1706:L1730)","v":2901132.2768072225}]
[null,"10.1","CANTEIRO DE OBRAS ",{"$nulls":4},1,null,null,null,{"$f":"SUBTOTAL(109,L1707:L1719)","v":90902.503681621762}]
[null,"10.1.1","COMPOSIÇÃO ORSE",51,"ORSE","PLACA DE OBRA EM CHAPA AÇO GALVANIZADO, INSTALADA - REV 02_01/2022","M2",4.5,{"$f":"VLOOKUP(D1707&E1707,'TABELA SICRO-SINAPI-ORSE'!A:G,7,FALSE)","v":376.75},{"$f":"$L$4","v":0.20796173004820551},{"$f":"I1707*(1+J1707)","v":455.09958179566144},{"$f":"K1707*H1707","v":2047.9481180804764},{"$f":"ISTEXT(H1707)","v":false}]
[null,"10.1.2","COMPOSIÇÃO SINAPI",101489,"SINAPI","ENTRADA DE ENERGIA ELÉTRICA, AÉREA, MONOFÁSICA, COM CAIXA DE SOBREPOR, CABO DE 10 MM2 E DISJUNTOR DIN 50A (NÃO INCLUSO O POSTE DE CONCRETO). AF_07/2020_PS","UN",1,{"$f":"VLOOKUP(D1708&E1708,'TABELA SICRO-SINAPI-ORSE'!A:G,7,FALSE)","v":1455.72},0.20796173004820551,1758.4540496657737,1758.4540496657737,false]
[null,"10.1.3","COMPOSIÇÃO SINAPI",93584,"SINAPI","EXECUÇÃO DE DEPÓSITO EM CANTEIRO DE OBRA EM CHAPA DE MADEIRA COMPENSADA, NÃO INCLUSO MOBILIÁRIO. AF_04/2016","M2",13.8,762.2,0.20796173004820551,920.70843064274231,12705.776342869845,false]
[null,"10.1.4","COMPOSIÇÃO SINAPI",93210,"SINAPI","EXECUÇÃO DE REFEITÓRIO EM CANTEIRO DE OBRA EM CHAPA DE MADEIRA COMPENSADA, NÃO INCLUSO MOBILIÁRIO E EQUIPAMENTOS. AF_02/2016","M2",13.8,550.5,0.20796173004820551,664.98293239153713,9176.7644670032132,false]
[null,"10.1.5","COMPOSIÇÃO SINAPI",93212,"SINAPI","EXECUÇÃO DE SANITÁRIO E VESTIÁRIO EM CANTEIRO DE OBRA EM CHAPA DE MADEIRA COMPENSADA, NÃO INCLUSO MOBILIÁRIO. AF_02/2016","M2",27.6,910.26,0.20796173004820551,1099.5592443936796,30347.835145265559,false]
[null,"10.1.6","COMPOSIÇÃO SINAPI",95469,"SINAPI","VASO SANITARIO SIFONADO CONVENCIONAL COM  LOUÇA BRANCA - FORNECIMENTO E INSTALAÇÃO. AF_01/2020","UN",8,{"$f":"VLOOKUP(D1712&E1712,'TABELA SICRO-SINAPI-ORSE'!A:G,7,FALSE)","v":279.18},0.20796173004820551,337.23875579485804,2697.9100463588643,false]
[null,"10.1.7","COMPOSIÇÃO SINAPI",86902,"SINAPI","LAVATÓRIO LOUÇA BRANCA COM COLUNA, *44 X 35,5* CM, PADRÃO POPULAR - FORNECIMENTO E INSTALAÇÃO. AF_01/2020","UN",4,{"$f":"VLOOKUP(D1713&E1713,'TABELA SICRO-SINAPI-ORSE'!A:G,7,FALSE)","v":290.26},0.20796173004820551,350.62297176379212,1402.4918870551685,false]
[null,"10.1.8","COMPOSIÇÃO SINAPI",89712,"SINAPI","TUBO PVC, SERIE NORMAL, ESGOTO PREDIAL, DN 50 MM, FORNECIDO E INSTALADO EM RAMAL DE DESCARGA OU RAMAL DE ESGOTO SANITÁRIO. AF_08/2022","M",45,{"$f":"VLOOKUP(D1714&E1714,'TABELA SICRO-SINAPI-ORSE'!A:G,7,FALSE)","v":23.85},0.20796173004820551,28.809887261649703,1296.4449267742366,false]
[null,"10.1.9","COMPOSIÇÃO SINAPI",89402,"SINAPI","TUBO, PVC, SOLDÁVEL, DN 25MM, INSTALADO EM RAMAL DE DISTRIBUIÇÃO DE ÁGUA - FORNECIMENTO E INSTALAÇÃO. AF_06/2022","M",45,{"$f":"VLOOKUP(D1715&E1715,'TABELA SICRO-SINAPI-ORSE'!A:G,7,FALSE)","v":10.95},{"$f":"$L$5","v":0.14692012195121973},12.558775335365855,565.14489009146348,false]
[null,"10.1.10","COMPOSIÇÃO SINAPI",98459,"SINAPI","TAPUME COM TELHA METÁLICA. AF_05/2018","M2",212.8,{"$f":"VLOOKUP(D1716&E1716,'TABELA SICRO-SINAPI-ORSE'!A:G,7,FALSE)","v":89.95},{"$f":"$L$4","v":0.20796173004820551},108.65615761783609,23122.030341075519,false]
[null,"10.1.11","COMPOSIÇÃO SINAPI",95636,"SINAPI","KIT CAVALETE PARA MEDIÇÃO DE ÁGUA - ENTRADA PRINCIPAL, EM AÇO GALVANIZADO DN 25 (1 )   FORNECIMENTO E INSTALAÇÃO (EXCLUSIVE HIDRÔMETRO). AF_11/2016","UN",1,{"$f":"VLOOKUP(D1717&E1717,'TABELA SICRO-SINAPI-ORSE'!A:G,7,FALSE)","v":383.13},0.20796173004820551,462.80637763336898,462.80637763336898,false]
[null,"10.1.12","COMPOSIÇÃO SINAPI",98525,"SINAPI","LIMPEZA MECANIZADA DE CAMADA VEGETAL, VEGETAÇÃO E PEQUENAS ÁRVORES (DIÂMETRO DE TRONCO MENOR QUE 0,20 M), COM TRATOR DE ESTEIRAS.AF_05/2018","M2",360,{"$f":"VLOOKUP(D1718&E1718,'TABELA SICRO-SINAPI-ORSE'!A:G,7,FALSE)","v":0.62},0.20796173004820551,0.74893627262988738,269.61705814675946,false]
[null,"10.1.13","COMPOSIÇÃO SINAPI",99059,"SINAPI","LOCACAO CONVENCIONAL DE OBRA, UTILIZANDO GABARITO DE TÁBUAS CORRIDAS PONTALETADAS A CADA 2,00M -  2 UTILIZAÇÕES. AF_10/2018","M",76,{"$f":"VLOOKUP(D1719&E1719,'TABELA SICRO-SINAPI-ORSE'!A:G,7,FALSE)","v":55},0.20796173004820551,66.437895152651308,5049.2800316014991,false]
[null,"10.2","MOBILIZAÇÃO E DESMOBILIZAÇÃO",{"$nulls":4},1,null,null,null,{"$f":"SUBTOTAL(109,L1721:L1722)","v":5030.2546343532395}]
[null,"10.2.1","COMPOSIÇÃO PRÓPRIA","1.1","","MOBILIZAÇÃO ","UN",1,{"$f":"'CPU Própria (sem des)'!M28","v":2082.125},{"$f":"$L$4","v":0.20796173004820551},{"$f":"I1721*(1+J1721)","v":2515.1273171766197},{"$f":"K1721*H1721","v":2515.1273171766197},{"$f":"ISTEXT(H1721)","v":false}]
[null,"10.2.2","COMPOSIÇÃO PRÓPRIA","1.1","","DESMOBILIZAÇÃO","UN",1,{"$f":"'CPU Própria (sem des)'!M28","v":2082.125},0.20796173004820551,{"$f":"I1722*(1+J1722)","v":2515.1273171766197},{"$f":"K1722*H1722","v":2515.1273171766197},false]
[null,"10.3","FUNDAÇÕES ",{"$nulls":4},1,null,null,null,{"$f":"SUBTOTAL(109,L1724)","v":249810.8102769625}]
[null,"10.3.1","COMPOSIÇÃO PRÓPRIA",null,"","ESTACA TRILHO TR 68, FORNECIMENTO E CRAVAÇÃO - CRAVADA COM AUXÍLIO DE BALSA, INCLUSIVE MOBILIZAÇÃO E DESMOBILIZAÇÃO E EQUIPE DE APOIO","UN",1,{"$f":"'CPU - Estaca Trilho TR68'!Q13","v":206803.58000000002},{"$f":"$L$4","v":0.20796173004820551},{"$f":"I1724*(J1724+1)","v":249810.8102769625},{"$f":"K1724*H1724","v":249810.8102769625},{"$f":"ISTEXT(H1724)","v":false}]
[null,"10.4","PLATAFORMA ",{"$nulls":4},1,null,null,null,{"$f":"SUBTOTAL(109,L1726:L1728)","v":2553849.9220052282}]
[null,"10.4.1","COMPOSIÇÃO SICRO",2408149,"SICRO","ESTRUTURA EM CHAPA DE AÇO ASTM A36 CORTE, SOLDA E MONTAGEM - FORNECIMENTO E INSTALAÇÃO","KG",125000,{"$f":"VLOOKUP(D1726&E1726,'TABELA SICRO-SINAPI-ORSE'!A:G,7,FALSE)","v":16.57},{"$f":"$L$4","v":0.20796173004820551},{"$f":"I1726*(1+J1726)","v":20.015925866898765},{"$f":"K1726*H1726","v":2501990.7333623455},{"$f":"ISTEXT(H1726)","v":false}]
[null,"10.4.2","COMPOSIÇÃO SINAPI",99837,"SINAPI","GUARDA-CORPO DE AÇO GALVANIZADO DE 1,10M, MONTANTES TUBULARES DE 1.1/4\" ESPAÇADOS DE 1,20M, TRAVESSA SUPERIOR DE 1.1/2\", GRADIL FORMADO POR TUBOS HORIZONTAIS DE 1\" E VERTICAIS DE 3/4\", FIXADO COM CHUMBADOR MECÂNICO. AF_04/2019_P","M",60,{"$f":"VLOOKUP(D1727&E1727,'TABELA SICRO-SINAPI-ORSE'!A:G,7,FALSE)","v":556.86},0.20796173004820551,{"$f":"I1727*(1+J1727)","v":672.66556899464376},{"$f":"K1727*H1727","v":40359.934139678626},false]
[null,"10.4.3","COMPOSIÇÃO SICRO",2419703,"SICRO","PINTURA COM TINTA ANTICORROSIVA À BASE DE EPÓXI POLIAMIDA DE DOIS COMPONENTES COM PISTOLA A AR COMPRIMIDO, UMA DEMÃO, ESPESSURA DE ATÉ 150 ?M","M2",604.79999999999995,{"$f":"VLOOKUP(D1728&E1728,'TABELA SICRO-SINAPI-ORSE'!A:G,7,FALSE)","v":15.74},0.20796173004820551,{"$f":"I1728*(1+J1728)","v":19.013317630958756},{"$f":"K1728*H1728","v":11499.254503203854},false]
[null,"10.5","SERVIÇOS COMPLEMENTARES",{"$nulls":4},1,null,null,null,{"$f":"SUBTOTAL(109,L1730)","v":1538.7862090565075}]
[null,"10.5.1","COMPOSIÇÃO ORSE",2450,"ORSE","LIMPEZA GERAL","M2",533,{"$f":"VLOOKUP(D1730&E1730,'TABELA SICRO-SINAPI-ORSE'!A:G,7,FALSE)","v":2.39},{"$f":"$L$4","v":0.20796173004820551},{"$f":"I1730*(1+J1730)","v":2.8870285348152112},{"$f":"K1730*H1730","v":1538.7862090565075},{"$f":"ISTEXT(H1730)","v":false}]
[]
[null,null,"TOTAL",{"$nulls":8},{"$f":"SUBTOTAL(109,L9:L1730)","v":47428828.643431157}]

{"sheet":"ABC","index":2,"n_rows":717,"n_cols":15,"rows_kept":717,"cut":false,"hidden":false,"merged":[[4,3,4,6],[6,11,7,11],[1,1,1,13],[6,12,6,13],[2,12,2,13],[2,3,2,6],[3,3,3,6],[6,1,7,1],[6,2,7,3],[6,4,7,4],[6,5,7,5],[6,6,7,6],[6,7,7,7],[6,8,6,10]]}
[]
[null,"QUADRO DEMONSTRATIVO DO ORÇAMENTO"]
[null,"Obra:",null,"Realização das obras de revitalização do setor comercial e portuário do município de Santana, no estado do Amapá",null,null,null,"Base de Preço:",null,null,null,{"$f":"Orçamento!I3","v":"SINAPI: MAR/2024-AP"},"Sem Desoneração"]
[null,"Valor Referência:",null,{"$f":"L717","v":47428828.643431298},{"$nulls":7},{"$f":"Orçamento!I4","v":"SICRO: JAN/2024-AP"},"BDI de Serviços:",{"$f":"Orçamento!L4","v":0.20796173004820551}]
[null,"Data base:",null,{"$f":"Orçamento!D5","v":"ABRIL / 2024"},{"$nulls":7},{"$f":"Orçamento!I5","v":"ORSE: FEV/2024"},"BDI de Fornecimento:",{"$f":"Orçamento!L5","v":0.14692012195121973}]
[]
[null,"ITEM","CÓDIGO",null,"FONTE","DESCRIÇÃO","UND","QUANT","PREÇO  SEM DESONERAÇÃO           ",null,null,"TOTAL SEM\nDESONERAÇÃO    ","PERCENTUAL"]
[{"$nulls":8},"Custo Direto","BDI","Custo com BDI",null,"SIMPLES","ACUMULADO"]
[null,1,"COMPOSIÇÃO SICRO",2306015,"SICRO","ESTACA PRANCHA METÁLICA - FORNECIMENTO E CRAVAÇÃO ATÉ 12 METROS","KG",{"$f":"SUMIF(Orçamento!$F$9:$F$1730,F9,Orçamento!$H$9:$H$1730)","v":512869.21},15.48,0.20796173004820551,{"$f":"I9*(1+J9)","v":18.699247581146221},{"$f":"K9*H9","v":9590268.3345368728},{"$f":"L9/$L$717","v":0.20220335624639313},{"$f":"SUM($M$9:M9)","v":0.20220335624639313},{"$f":"_xlfn.XLOOKUP($F9,F10:F$717,K10:$K$717,,0)=K9","v":{"$error":"#N/A"}}]
[null,2,"COMPOSIÇÃO PRÓPRIA",1,"","ADMINISTRAÇÃO LOCAL","UN",{"$f":"SUMIF(Orçamento!$F$9:$F$1730,F10,Orçamento!$H$9:$H$1730)","v":1},2881433.8685248713,0.20796173004820551,3480661.840842797,3480661.840842797,7.3387050458494821E-2,{"$f":"SUM($M$9:M10)","v":0.27559040670488794},{"$f":"_xlfn.XLOOKUP($F10,F11:F$717,K11:$K$717,,0)=K10","v":{"$error":"#N/A"}}]
[null,3,"COMPOSIÇÃO SICRO",2408149,"SICRO","ESTRUTURA EM CHAPA DE AÇO ASTM A36 CORTE, SOLDA E MONTAGEM - FORNECIMENTO E INSTALAÇÃO","KG",{"$f":"SUMIF(Orçamento!$F$9:$F$1730,F11,Orçamento!$H$9:$H$1730)","v":125000},16.57,0.20796173004820551,20.015925866898765,2501990.7333623455,5.2752530579497268E-2,{"$f":"SUM($M$9:M11)","v":0.32834293728438518},{"$f":"_xlfn.XLOOKUP($F11,F12:F$717,K12:$K$717,,0)=K11","v":{"$error":"#N/A"}}]
[null,4,"COMPOSIÇÃO SICRO",5605936,"SICRO","TIRANTE DE BARRA DE AÇO ANCORADO NA ROCHA COM RESINA DE POLIÉSTER, D = 32 MM, TENSÃO DE ESCOAMENTO = 686 MPA, TENSÃO DE RUPTURA = 789 MPA - FORNECIMENTO, PERFURAÇÃO E INSTALAÇÃO","M",{"$f":"SUMIF(Orçamento!$F$9:$F$1730,F12,Orçamento!$H$9:$H$1730)","v":6788},247.87,0.20796173004820551,299.41747402704868,2032445.8136956065,4.2852540782220901E-2,{"$f":"SUM($M$9:M12)","v":0.37119547806660608},{"$f":"_xlfn.XLOOKUP($F12,F13:F$717,K13:$K$717,,0)=K12","v":{"$error":"#N/A"}}]
[null,5,"COMPOSIÇÃO SINAPI",100763,"SINAPI","VIGA METÁLICA EM PERFIL LAMINADO OU SOLDADO EM AÇO ESTRUTURAL, COM CONEXÕES PARAFUSADAS, INCLUSOS MÃO DE OBRA, TRANSPORTE E IÇAMENTO UTILIZANDO GUINDASTE - FORNECIMENTO E INSTALAÇÃO. AF_01/2020_P","KG",{"$f":"SUMIF(Orçamento!$F$9:$F$1730,F13,Orçamento!$H$9:$H$1730)","v":103249.94},15.52,0.20796173004820551,18.747566050348148,1935685.0698444834,4.0812415680701569E-2,{"$f":"SUM($M$9:M13)","v":0.41200789374730762},{"$f":"_xlfn.XLOOKUP($F13,F14:F$717,K14:$K$717,,0)=K13","v":{"$error":"#N/A"}}]
[null,6,"COMPOSIÇÃO SINAPI",93590,"SINAPI","TRANSPORTE COM CAMINHÃO BASCULANTE DE 10 M³, EM VIA URBANA PAVIMENTADA, ADICIONAL PARA DMT EXCEDENTE A 30 KM (UNIDADE: M3XKM). AF_07/2020","M3XKM",{"$f":"SUMIF(Orçamento!$F$9:$F$1730,F14,Orçamento!$H$9:$H$1730)","v":1298263.48},0.99,0.20796173004820551,1.1958821127477235,1552570.073365612,3.2734733658252316E-2,{"$f":"SUM($M$9:M14)","v":0.44474262740555992},{"$f":"_xlfn.XLOOKUP($F14,F15:F$717,K15:$K$717,,0)=K14","v":{"$error":"#N/A"}}]
[null,7,"COMPOSIÇÃO SINAPI",92396,"SINAPI","EXECUÇÃO DE PASSEIO EM PISO INTERTRAVADO, COM BLOCO RETANGULAR COR NATURAL DE 20 X 10 CM, ESPESSURA 6 CM. AF_10/2022","M2",{"$f":"SUMIF(Orçamento!$F$9:$F$1730,F15,Orçamento!$H$9:$H$1730)","v":13474},90.21,0.20796173004820551,108.97022766764862,1468264.8475938975,3.0957223477566239E-2,{"$f":"SUM($M$9:M15)","v":0.47569985088312616},{"$f":"_xlfn.XLOOKUP($F15,F16:F$717,K16:$K$717,,0)=K15","v":{"$error":"#N/A"}}]
[null,8,"COMPOSIÇÃO SINAPI",96557,"SINAPI","CONCRETAGEM DE BLOCOS DE COROAMENTO E VIGAS BALDRAMES, FCK 30 MPA, COM USO DE BOMBA - LANÇAMENTO, ADENSAMENTO E ACABAMENTO. AF_06/2017","M3",{"$f":"SUMIF(Orçamento!$F$9:$F$1730,F16,Orçamento!$H$9:$H$1730)","v":931.65},1175.51,0.20796173004820551,1419.9710932889661,1322916.0690626653,2.7892657417460463E-2,{"$f":"SUM($M$9:M16)","v":0.50359250830058666},{"$f":"_xlfn.XLOOKUP($F16,F17:F$717,K17:$K$717,,0)=K16","v":{"$error":"#N/A"}}]
[null,9,"COMPOSIÇÃO SINAPI",92397,"SINAPI","EXECUÇÃO DE PÁTIO/ESTACIONAMENTO EM PISO INTERTRAVADO, COM BLOCO RETANGULAR COR NATURAL DE 20 X 10 CM, ESPESSURA 6 CM. AF_12/2015","M2",{"$f":"SUMIF(Orçamento!$F$9:$F$1730,F17,Orçamento!$H$9:$H$1730)","v":12641.2},81.09,0.20796173004820551,97.953616689608992,1238251.2592966852,2.6107565687650141E-2,{"$f":"SUM($M$9:M17)","v":0.52970007398823682},{"$f":"_xlfn.XLOOKUP($F17,F18:F$717,K18:$K$717,,0)=K17","v":{"$error":"#N/A"}}]
[null,10,"INSUMO ORSE",13491,"ORSE","TELHA EM AÇO GALVALUME, DUPLA, TRAPEZOIDAL, COM PREENCHIMENTO PIR 50MM, PRÉ-PINTADA, TP40 - 2 X 0,43MM, KINGSPAN- ISOESTE OU SIMILAR","M2",{"$f":"SUMIF(Orçamento!$F$9:$F$1730,F18,Orçamento!$H$9:$H$1730)","v":1628.2800000000002},401.19,0.14692012195121973,460.13288372560982,749225.17191273603,1.5796830605819753E-2,{"$f":"SUM($M$9:M18)","v":0.54549690459405653},{"$f":"_xlfn.XLOOKUP($F18,F19:F$717,K19:$K$717,,0)=K18","v":{"$error":"#N/A"}}]
[null,11,"COMPOSIÇÃO SINAPI",95876,"SINAPI","TRANSPORTE COM CAMINHÃO BASCULANTE DE 14 M³, EM VIA URBANA PAVIMENTADA, DMT ATÉ 30 KM (UNIDADE: M3XKM). AF_07/2020","M3XKM",{"$f":"SUMIF(Orçamento!$F$9:$F$1730,F19,Orçamento!$H$9:$H$1730)","v":272966.70999999996},2.2000000000000002,0.20796173004820551,2.6575158061060522,725413.34636576683,1.5294776765823283E-2,{"$f":"SUM($M$9:M19)","v":0.56079168135987978},{"$f":"_xlfn.XLOOKUP($F19,F20:F$717,K20:$K$717,,0)=K19","v":{"$error":"#N/A"}}]
[null,12,"COMPOSIÇÃO ORSE",12734,"ORSE","TELHAMENTO COM TELHA EM AÇO GALVALUME, DUPLA, TRAPEZOIDAL, COM PREENCHIMENTO PIR 50MM, PRÉ-PINTADA, TP40 - 2 X 0,43MM, KINGSPAN- ISOESTE OU SIMILAR","M2",{"$f":"SUMIF(Orçamento!$F$9:$F$1730,F20,Orçamento!$H$9:$H$1730)","v":1628.2800000000002},352.63,0.20796173004820551,425.9635448668987,693587.92083587393,1.4623762396711289E-2,{"$f":"SUM($M$9:M20)","v":0.57541544375659104},{"$f":"_xlfn.XLOOKUP($F20,F21:F$717,K21:$K$717,,0)=K20","v":{"$error":"#N/A"}}]
[null,13,"COMPOSIÇÃO SINAPI",92398,"SINAPI","EXECUÇÃO DE PAVIMENTO EM PISO INTERTRAVADO, COM BLOCO RETANGULAR COR NATURAL DE 20 X 10 CM, ESPESSURA 8 CM. AF_10/2022","M2",{"$f":"SUMIF(Orçamento!$F$9:$F$1730,F21,Orçamento!$H$9:$H$1730)","v":4889},99.89,0.20796173004820551,120.66329721451525,589922.8600817651,1.2438065137909895E-2,{"$f":"SUM($M$9:M21)","v":0.58785350889450094},{"$f":"_xlfn.XLOOKUP($F21,F22:F$717,K22:$K$717,,0)=K21","v":{"$error":"#N/A"}}]
[null,14,"COMPOSIÇÃO SINAPI",100573,"SINAPI","EXECUÇÃO E COMPACTAÇÃO DE BASE E OU SUB-BASE PARA PAVIMENTAÇÃO DE SOLO (PREDOMINANTEMENTE ARGILOSO) BRITA - 50/50 - EXCLUSIVE SOLO, ESCAVAÇÃO, CARGA E TRANSPORTE. AF_11/2019","M3",{"$f":"SUMIF(Orçamento!$F$9:$F$1730,F22,Orçamento!$H$9:$H$1730)","v":2185},219.95,0.20796173004820551,265.69118252410277,580535.23381516454,1.2240134332214134E-2,{"$f":"SUM($M$9:M22)","v":0.6000936432267151},{"$f":"_xlfn.XLOOKUP($F22,F23:F$717,K23:$K$717,,0)=K22","v":{"$error":"#N/A"}}]
[null,15,"COMPOSIÇÃO SINAPI",97627,"SINAPI","DEMOLIÇÃO DE PILARES E VIGAS EM CONCRETO ARMADO, DE FORMA MECANIZADA COM MARTELETE, SEM REAPROVEITAMENTO. AF_12/2017","M3",{"$f":"SUMIF(Orçamento!$F$9:$F$1730,F23,Orçamento!$H$9:$H$1730)","v":2813.4700000000007},148.21,0.20796173004820551,179.03200801044454,503701.18357714551,1.0620148082592507E-2,{"$f":"SUM($M$9:M23)","v":0.61071379130930759},{"$f":"_xlfn.XLOOKUP($F23,F24:F$717,K24:$K$717,,0)=K23","v":{"$error":"#N/A"}}]
[null,16,"COMPOSIÇÃO SINAPI",97625,"SINAPI","DEMOLIÇÃO DE ALVENARIA PARA QUALQUER TIPO DE BLOCO, DE FORMA MECANIZADA, SEM REAPROVEITAMENTO. AF_12/2017","M3",{"$f":"SUMIF(Orçamento!$F$9:$F$1730,F24,Orçamento!$H$9:$H$1730)","v":7212.49},51.99,0.20796173004820551,62.801930345206209,452958.29459549632,9.5502736953683807E-3,{"$f":"SUM($M$9:M24)","v":0.62026406500467601},{"$f":"_xlfn.XLOOKUP($F24,F25:F$717,K25:$K$717,,0)=K24","v":{"$error":"#N/A"}}]
[null,17,"COMPOSIÇÃO ORSE",8570,"ORSE","FORNECIMENTO DE TUBO DE CONCRETO ARMADO CA2 D=0,60 M","M",{"$f":"SUMIF(Orçamento!$F$9:$F$1730,F25,Orçamento!$H$9:$H$1730)","v":587},620.4,0.20796173004820551,749.41945732190663,439909.22144795919,9.2751441271127586E-3,{"$f":"SUM($M$9:M25)","v":0.62953920913178874},{"$f":"_xlfn.XLOOKUP($F25,F26:F$717,K26:$K$717,,0)=K25","v":{"$error":"#N/A"}}]
[null,18,"COMPOSIÇÃO ORSE",12734,"ORSE","FECHAMENTO LATERAL COM TELHA EM AÇO GALVALUME, DUPLA, TRAPEZOIDAL, COM PREENCHIMENTO PIR 50MM, PRÉ-PINTADA, TP40 - 2 X 0,43MM, KINGSPAN- ISOESTE OU SIMILAR","M2",{"$f":"SUMIF(Orçamento!$F$9:$F$1730,F26,Orçamento!$H$9:$H$1730)","v":936.51},352.63,0.20796173004820551,425.9635448668987,398919.11940329929,8.4108996745916476E-3,{"$f":"SUM($M$9:M26)","v":0.63795010880638037},{"$f":"_xlfn.XLOOKUP($F26,F27:F$717,K27:$K$717,,0)=K26","v":{"$error":"#N/A"}}]
[null,19,"COMPOSIÇÃO SINAPI",92855,"SINAPI","TUBO DE CONCRETO PARA REDES COLETORAS DE ESGOTO SANITÁRIO, DIÂMETRO DE 600 MM, JUNTA ELÁSTICA, INSTALADO EM LOCAL COM ALTO NÍVEL DE INTERFERÊNCIAS - FORNECIMENTO E ASSENTAMENTO. AF_12/2015","M",{"$f":"SUMIF(Orçamento!$F$9:$F$1730,F27,Orçamento!$H$9:$H$1730)","v":587},525.37,0.20796173004820551,634.62685411542577,372525.96336575493,7.8544204868814162E-3,{"$f":"SUM($M$9:M27)","v":0.64580452929326182},{"$f":"_xlfn.XLOOKUP($F27,F28:F$717,K28:$K$717,,0)=K27","v":{"$error":"#N/A"}}]
[null,20,"COMPOSIÇÃO SINAPI",87623,"SINAPI","CONTRAPISO EM ARGAMASSA PRONTA, PREPARO MECÂNICO COM MISTURADOR 300 KG, APLICADO EM ÁREAS SECAS SOBRE LAJE, ADERIDO, ACABAMENTO NÃO REFORÇADO, ESPESSURA 2CM. AF_07/2021","M2",{"$f":"SUMIF(Orçamento!$F$9:$F$1730,F28,Orçamento!$H$9:$H$1730)","v":3450.7200000000003},87.46,0.20796173004820551,105.64833291001605,364562.81533925061,7.6865236980660934E-3,{"$f":"SUM($M$9:M28)","v":0.65349105299132793},{"$f":"_xlfn.XLOOKUP($F28,F29:F$717,K29:$K$717,,0)=K28","v":{"$error":"#N/A"}}]
[null,21,"COMPOSIÇÃO SINAPI",89272,"SINAPI","GUINDASTE HIDRÁULICO AUTOPROPELIDO, COM LANÇA TELESCÓPICA 28,80 M, CAPACIDADE MÁXIMA 30 T, POTÊNCIA 97 KW, TRAÇÃO 4 X 4 - CHP DIURNO. AF_11/2014","CHP",{"$f":"SUMIF(Orçamento!$F$9:$F$1730,F29,Orçamento!$H$9:$H$1730)","v":1335},212.75,0.20796173004820551,256.9938580677557,343086.80052045383,7.2337186123606701E-3,{"$f":"SUM($M$9:M29)","v":0.66072477160368859},{"$f":"_xlfn.XLOOKUP($F29,F30:F$717,K30:$K$717,,0)=K29","v":{"$error":"#N/A"}}]
[null,22,"COMPOSIÇÃO PRÓPRIA","2.1","","DEMOLIÇÃO DE CONCRETO ARMADO COM RETROESCAVADEIRA HIDRÁULICA","M3",{"$f":"SUMIF(Orçamento!$F$9:$F$1730,F30,Orçamento!$H$9:$H$1730)","v":3240.5547459999998},86.365015999999997,0.20796173004820551,104.32563414300094,338072.92885156133,7.1280050239736015E-3,{"$f":"SUM($M$9:M30)","v":0.66785277662766218},{"$f":"_xlfn.XLOOKUP($F30,F31:F$717,K31:$K$717,,0)=K30","v":{"$error":"#N/A"}}]
[null,23,"COMPOSIÇÃO ORSE",12093,"ORSE","GRADIL EM ALUMÍNIO ANODIZADO BRANCO, COM BARRAS DE APOIO EM ALUMÍNIO ANODIZADO BRANCO DE 1\"X2\" HORIZONTAIS A CADA 5CM COM 1,85M E BARRAS EXTERNAS VERTICAIS EM ALUMÍNIO ANODIZADO BRANCO DE 1.1/2\" X 1.1/2\" COM 3,05M - FIXADO COM REBITE","M2",{"$f":"SUMIF(Orçamento!$F$9:$F$1730,F31,Orçamento!$H$9:$H$1730)","v":556.77},487.29,0.20796173004820551,588.62767143519011,327730.22862497077,6.9099372259188207E-3,{"$f":"SUM($M$9:M31)","v":0.674762713853581},{"$f":"_xlfn.XLOOKUP($F31,F32:F$717,K32:$K$717,,0)=K31","v":{"$error":"#N/A"}}]
[null,24,"COMPOSIÇÃO SINAPI",101094,"SINAPI","PISO PODOTÁTIL, DIRECIONAL OU ALERTA, ASSENTADO SOBRE ARGAMASSA. AF_05/2020","M",{"$f":"SUMIF(Orçamento!$F$9:$F$1730,F32,Orçamento!$H$9:$H$1730)","v":1448.6699999999998},182.54,0.20796173004820551,220.50133420299943,319433.66781985917,6.7350106877265134E-3,{"$f":"SUM($M$9:M32)","v":0.68149772454130753},{"$f":"_xlfn.XLOOKUP($F32,F33:F$717,K33:$K$717,,0)=K32","v":{"$error":"#N/A"}}]
[null,25,"COMPOSIÇÃO SINAPI",101590,"SINAPI","ESCORAMENTO DE VALA, TIPO CONTÍNUO COM PERFIL METÁLICO \"U\", COM PROFUNDIDADE DE 1,5 A 3,0 M, LARGURA MENOR QUE 1,5 M. AF_08/2020","M2",{"$f":"SUMIF(Orçamento!$F$9:$F$1730,F33,Orçamento!$H$9:$H$1730)","v":4009.25},63.94,0.20796173004820551,77.237073019282263,309662.7350025574,6.5289981612363613E-3,{"$f":"SUM($M$9:M33)","v":0.68802672270254384},{"$f":"_xlfn.XLOOKUP($F33,F34:F$717,K34:$K$717,,0)=K33","v":{"$error":"#N/A"}}]
[null,26,"COMPOSIÇÃO SINAPI",103324,"SINAPI","ALVENARIA DE VEDAÇÃO DE BLOCOS CERÂMICOS FURADOS NA VERTICAL DE 14X19X39 CM (ESPESSURA 14 CM) E ARGAMASSA DE ASSENTAMENTO COM PREPARO EM BETONEIRA. AF_12/2021","M2",{"$f":"SUMIF(Orçamento!$F$9:$F$1730,F34,Orçamento!$H$9:$H$1730)","v":3101.33},80.05,0.20796173004820551,96.69733649035885,299890.3505776446,6.3229550287276217E-3,{"$f":"SUM($M$9:M34)","v":0.69434967773127143},{"$f":"_xlfn.XLOOKUP($F34,F35:F$717,K35:$K$717,,0)=K34","v":{"$error":"#N/A"}}]
[null,27,"COMPOSIÇÃO SINAPI",87543,"SINAPI","MASSA ÚNICA, PARA RECEBIMENTO DE PINTURA OU CERÂMICA, ARGAMASSA INDUSTRIALIZADA, PREPARO MECÂNICO, APLICADO COM EQUIPAMENTO DE MISTURA E PROJEÇÃO DE 1,5 M3/H EM FACES INTERNAS DE PAREDES, ESPESSURA DE 5MM, SEM EXECUÇÃO DE TALISCAS. AF_06/2014","M2",{"$f":"SUMIF(Orçamento!$F$9:$F$1730,F35,Orçamento!$H$9:$H$1730)","v":8821.85},27.81,0.20796173004820551,33.593415712640592,296356.0744045584,6.248437561731825E-3,{"$f":"SUM($M$9:M35)","v":0.70059811529300331},{"$f":"_xlfn.XLOOKUP($F35,F36:F$717,K36:$K$717,,0)=K35","v":{"$error":"#N/A"}}]
[null,28,"COMPOSIÇÃO SINAPI",100754,"SINAPI","PINTURA COM TINTA ACRÍLICA DE ACABAMENTO APLICADA A ROLO OU PINCEL (EXCETO PERFIL) EXECUTADO EM OBRA (02 DEMÃOS). AF_01/2020","M2",{"$f":"SUMIF(Orçamento!$F$9:$F$1730,F36,Orçamento!$H$9:$H$1730)","v":9170.9256000000005},25.98,0.20796173004820551,31.382845746652379,287809.74345882545,6.0682448141945828E-3,{"$f":"SUM($M$9:M36)","v":0.70666636010719786},{"$f":"_xlfn.XLOOKUP($F36,F37:F$717,K37:$K$717,,0)=K36","v":{"$error":"#N/A"}}]
[null,29,"COMPOSIÇÃO SINAPI",7042,"SINAPI","MOTOBOMBA TRASH (PARA ÁGUA SUJA) AUTO ESCORVANTE, MOTOR GASOLINA DE 6,41 HP, DIÂMETROS DE SUCÇÃO X RECALQUE: 3\" X 3\", HM/Q = 10 MCA / 60 M3/H A 23 MCA / 0 M3/H - CHP DIURNO. AF_10/2014","CHP",{"$f":"SUMIF(Orçamento!$F$9:$F$1730,F37,Orçamento!$H$9:$H$1730)","v":9978.1443092419195},23.31,0.20796173004820551,28.15758792742367,280960.47574000148,5.9238333261876453E-3,{"$f":"SUM($M$9:M37)","v":0.71259019343338548},{"$f":"_xlfn.XLOOKUP($F37,F38:F$717,K38:$K$717,,0)=K37","v":{"$error":"#N/A"}}]
[null,30,"COMPOSIÇÃO SINAPI",101827,"SINAPI","RECOMPOSIÇÃO DE BASE E OU SUB-BASE PARA REMENDO PROFUNDO DE SOLO BRITA (40/60) - INCLUSO RETIRADA E COLOCAÇÃO DO MATERIAL. AF_12/2020","M3",{"$f":"SUMIF(Orçamento!$F$9:$F$1730,F38,Orçamento!$H$9:$H$1730)","v":673},344.53,0.20796173004820551,416.17905485350821,280088.50391641102,5.905448477804694E-3,{"$f":"SUM($M$9:M38)","v":0.7184956419111902},{"$f":"_xlfn.XLOOKUP($F38,F39:F$717,K39:$K$717,,0)=K38","v":{"$error":"#N/A"}}]
[null,32,"COMPOSIÇÃO SINAPI",87529,"SINAPI","MASSA ÚNICA, PARA RECEBIMENTO DE PINTURA, EM ARGAMASSA TRAÇO 1:2:8, PREPARO MECÂNICO COM BETONEIRA 400L, APLICADA MANUALMENTE EM FACES INTERNAS DE PAREDES, ESPESSURA DE 20MM, COM EXECUÇÃO DE TALISCAS. AF_06/2014","M2",{"$f":"SUMIF(Orçamento!$F$9:$F$1730,F39,Orçamento!$H$9:$H$1730)","v":6289.35},36.11,0.20796173004820551,43.619498072040699,274338.29019938916,5.7842096894666593E-3,{"$f":"SUM($M$9:M39)","v":0.72427985160065689},{"$f":"_xlfn.XLOOKUP($F39,F40:F$717,K40:$K$717,,0)=K39","v":{"$error":"#N/A"}}]
[null,42,"COMPOSIÇÃO SINAPI",98458,"SINAPI","TAPUME COM COMPENSADO DE MADEIRA. AF_05/2018","M2",{"$f":"SUMIF(Orçamento!$F$9:$F$1730,F40,Orçamento!$H$9:$H$1730)","v":2142.67},104.25,0.20796173004820551,125.93001035752542,269826.455292759,5.689081156132007E-3,{"$f":"SUM($M$9:M40)","v":0.72996893275678887},{"$f":"_xlfn.XLOOKUP($F40,F41:F$717,K41:$K$717,,0)=K40","v":{"$error":"#N/A"}}]
[null,31,"COMPOSIÇÃO SINAPI",100965,"SINAPI","TRANSPORTE COM CAMINHÃO TANQUE DE TRANSPORTE DE MATERIAL ASFÁLTICO DE 30000 L, EM VIA URBANA EM  LEITO NATURAL (UNIDADE: TXKM). AF_07/2020","TXKM",{"$f":"SUMIF(Orçamento!$F$9:$F$1730,F41,Orçamento!$H$9:$H$1730)","v":117000},1.85,0.20796173004820551,2.2347292005891801,261463.31646893406,5.512750872145894E-3,{"$f":"SUM($M$9:M41)","v":0.73548168362893473},{"$f":"_xlfn.XLOOKUP($F41,F42:F$717,K42:$K$717,,0)=K41","v":{"$error":"#N/A"}}]
[null,33,"COMPOSIÇÃO SINAPI",93391,"SINAPI","REVESTIMENTO CERÂMICO PARA PISO COM PLACAS TIPO ESMALTADA PADRÃO POPULAR DE DIMENSÕES 35X35 CM APLICADA EM AMBIENTES DE ÁREA MAIOR QUE 10 M2. AF_06/2014","M2",{"$f":"SUMIF(Orçamento!$F$9:$F$1730,F42,Orçamento!$H$9:$H$1730)","v":3522.66},58.87,0.20796173004820551,71.11270704793786,250505.88860948879,5.2817220195924622E-3,{"$f":"SUM($M$9:M42)","v":0.74076340564852716},{"$f":"_xlfn.XLOOKUP($F42,F43:F$717,K43:$K$717,,0)=K42","v":{"$error":"#N/A"}}]
[null,39,"COMPOSIÇÃO SINAPI",95875,"SINAPI","TRANSPORTE COM CAMINHÃO BASCULANTE DE 10 M³, EM VIA URBANA PAVIMENTADA, DMT ATÉ 30 KM (UNIDADE: M3XKM). AF_07/2020","M3XKM",{"$f":"SUMIF(Orçamento!$F$9:$F$1730,F43,Orçamento!$H$9:$H$1730)","v":82175.08},2.52,0.20796173004820551,3.044063559721478,250146.16654519725,5.2741375593689998E-3,{"$f":"SUM($M$9:M43)","v":0.74603754320789617},{"$f":"_xlfn.XLOOKUP($F43,F44:F$717,K44:$K$717,,0)=K43","v":{"$error":"#N/A"}}]
[null,34,"COMPOSIÇÃO PRÓPRIA",null,"","ESTACA TRILHO TR 68, FORNECIMENTO E CRAVAÇÃO - CRAVADA COM AUXÍLIO DE BALSA, INCLUSIVE MOBILIZAÇÃO E DESMOBILIZAÇÃO E EQUIPE DE APOIO","UN",{"$f":"SUMIF(Orçamento!$F$9:$F$1730,F44,Orçamento!$H$9:$H$1730)","v":1},206803.58000000002,0.20796173004820551,249810.8102769625,249810.8102769625,5.2670668330233004E-3,{"$f":"SUM($M$9:M44)","v":0.75130461004091942},{"$f":"_xlfn.XLOOKUP($F44,F45:F$717,K45:$K$717,,0)=K44","v":{"$error":"#N/A"}}]
[null,35,"COMPOSIÇÃO SINAPI",96562,"SINAPI","SUPORTE PARA ELETROCALHA LISA OU PERFURADA EM AÇO GALVANIZADO, LARGURA 200 OU 400 MM E ALTURA 50 MM, ESPAÇADO A CADA 1,5 M, EM PERFILADO DE SEÇÃO 38X76 MM, POR METRO DE ELETRECOLHA FIXADA. AF_07/2017","M",{"$f":"SUMIF(Orçamento!$F$9:$F$1730,F45,Orçamento!$H$9:$H$1730)","v":3773.3},54.46,0.20796173004820551,65.785595818425278,248228.7887016641,5.2337111373304554E-3,{"$f":"SUM($M$9:M45)","v":0.75653832117824993},{"$f":"_xlfn.XLOOKUP($F45,F46:F$717,K46:$K$717,,0)=K45","v":{"$error":"#N/A"}}]
[null,36,"COMPOSIÇÃO SINAPI",100651,"SINAPI","ESTACA HÉLICE CONTÍNUA, DIÂMETRO DE 30 CM, INCLUSO CONCRETO FCK=30MPA E ARMADURA MÍNIMA (EXCLUSIVE MOBILIZAÇÃO, DESMOBILIZAÇÃO E BOMBEAMENTO). AF_12/2019","M",{"$f":"SUMIF(Orçamento!$F$9:$F$1730,F46,Orçamento!$H$9:$H$1730)","v":1090},185.82,0.20796173004820551,224.46344867755755,244665.15905853774,5.158574775226351E-3,{"$f":"SUM($M$9:M46)","v":0.76169689595347623},{"$f":"_xlfn.XLOOKUP($F46,F47:F$717,K47:$K$717,,0)=K46","v":{"$error":"#N/A"}}]
[null,37,"COMPOSIÇÃO ORSE",1857,"ORSE","PORTA EM AÇO, EM CHAPA GALVANIZADA Nº24, RAIADA, DE ENROLAR","M2",{"$f":"SUMIF(Orçamento!$F$9:$F$1730,F47,Orçamento!$H$9:$H$1730)","v":958.42000000000007},210.15,0.20796173004820551,253.85315756963038,243297.94327788518,5.1297480928106575E-3,{"$f":"SUM($M$9:M47)","v":0.76682664404628686},{"$f":"_xlfn.XLOOKUP($F47,F48:F$717,K48:$K$717,,0)=K47","v":{"$error":"#N/A"}}]
[null,38,"COMPOSIÇÃO SINAPI",92480,"SINAPI","MONTAGEM E DESMONTAGEM DE FÔRMA DE VIGA, ESCORAMENTO METÁLICO, PÉ-DIREITO SIMPLES, EM CHAPA DE MADEIRA PLASTIFICADA, 18 UTILIZAÇÕES. AF_09/2020","M2",{"$f":"SUMIF(Orçamento!$F$9:$F$1730,F48,Orçamento!$H$9:$H$1730)","v":2106.8000000000002},93.7,0.20796173004820551,113.18601410551686,238460.29451750295,5.0277500275252686E-3,{"$f":"SUM($M$9:M48)","v":0.77185439407381218},{"$f":"_xlfn.XLOOKUP($F48,F49:F$717,K49:$K$717,,0)=K48","v":{"$error":"#N/A"}}]
[null,43,"COMPOSIÇÃO SINAPI",92762,"SINAPI","ARMAÇÃO DE PILAR OU VIGA DE UMA ESTRUTURA CONVENCIONAL DE CONCRETO ARMADO EM UM EDIFÍCIO DE MÚLTIPLOS PAVIMENTOS UTILIZANDO AÇO CA-50 DE 10,0 MM - MONTAGEM. AF_12/2015","KG",{"$f":"SUMIF(Orçamento!$F$9:$F$1730,F49,Orçamento!$H$9:$H$1730)","v":14552},12.85,0.20796173004820551,15.522308231119441,225880.62937925011,4.7625175624178874E-3,{"$f":"SUM($M$9:M49)","v":0.77661691163623003},{"$f":"_xlfn.XLOOKUP($F49,F50:F$717,K50:$K$717,,0)=K49","v":{"$error":"#N/A"}}]
[null,40,"COMPOSIÇÃO ORSE",3212,"ORSE","COLCHÃO DE AREIA","M3",{"$f":"SUMIF(Orçamento!$F$9:$F$1730,F50,Orçamento!$H$9:$H$1730)","v":1309.28},140.68,0.20796173004820551,169.93605618318156,222493.87963951594,4.6911105756420671E-3,{"$f":"SUM($M$9:M50)","v":0.78130802221187212},{"$f":"_xlfn.XLOOKUP($F50,F51:F$717,K51:$K$717,,0)=K50","v":{"$error":"#N/A"}}]
[null,41,"ANP",null,"ANP","CIMENTO ASFÁLTICO DE PETRÓLEO - CAP 50/70","T",{"$f":"SUMIF(Orçamento!$F$9:$F$1730,F51,Orçamento!$H$9:$H$1730)","v":49.319399999999995},3871.9100000000003,0.14692012195121973,4440.7714893841476,219016.18539353251,4.6177860946153759E-3,{"$f":"SUM($M$9:M51)","v":0.78592580830648751},{"$f":"_xlfn.XLOOKUP($F51,F52:F$717,K52:$K$717,,0)=K51","v":{"$error":"#N/A"}}]
[null,44,"COMPOSIÇÃO SINAPI",99059,"SINAPI","LOCACAO CONVENCIONAL DE OBRA, UTILIZANDO GABARITO DE TÁBUAS CORRIDAS PONTALETADAS A CADA 2,00M -  2 UTILIZAÇÕES. AF_10/2018","M",{"$f":"SUMIF(Orçamento!$F$9:$F$1730,F52,Orçamento!$H$9:$H$1730)","v":3220.5000000000009},55,0.20796173004820551,66.437895152651308,213963.24133911359,4.5112486953385184E-3,{"$f":"SUM($M$9:M52)","v":0.79043705700182598},{"$f":"_xlfn.XLOOKUP($F52,F53:F$717,K53:$K$717,,0)=K52","v":{"$error":"#N/A"}}]
[null,65,"COMPOSIÇÃO SINAPI",96385,"SINAPI","EXECUÇÃO E COMPACTAÇÃO DE ATERRO COM SOLO PREDOMINANTEMENTE ARGILOSO - EXCLUSIVE SOLO, ESCAVAÇÃO, CARGA E TRANSPORTE. AF_11/2019","M3",{"$f":"SUMIF(Orçamento!$F$9:$F$1730,F53,Orçamento!$H$9:$H$1730)","v":15034.82},11.69,0.20796173004820551,14.121072624263522,212307.7851127297,4.4763446870858675E-3,{"$f":"SUM($M$9:M53)","v":0.79491340168891189},{"$f":"_xlfn.XLOOKUP($F53,F54:F$717,K54:$K$717,,0)=K53","v":{"$error":"#N/A"}}]
[null,45,"COMPOSIÇÃO SINAPI",96620,"SINAPI","LASTRO DE CONCRETO MAGRO, APLICADO EM PISOS, LAJES SOBRE SOLO OU RADIERS. AF_08/2017","M3",{"$f":"SUMIF(Orçamento!$F$9:$F$1730,F54,Orçamento!$H$9:$H$1730)","v":168.11},965.45,0.20796173004820551,1166.2266522750401,196054.36251395702,4.1336539004133673E-3,{"$f":"SUM($M$9:M54)","v":0.79904705558932521},{"$f":"_xlfn.XLOOKUP($F54,F55:F$717,K55:$K$717,,0)=K54","v":{"$error":"#N/A"}}]
[null,46,"COMPOSIÇÃO SINAPI",100974,"SINAPI","CARGA, MANOBRA E DESCARGA DE SOLOS E MATERIAIS GRANULARES EM CAMINHÃO BASCULANTE 10 M³ - CARGA COM PÁ CARREGADEIRA (CAÇAMBA DE 1,7 A 2,8 M³ / 128 HP) E DESCARGA LIVRE (UNIDADE: M3). AF_07/2020","M3",{"$f":"SUMIF(Orçamento!$F$9:$F$1730,F55,Orçamento!$H$9:$H$1730)","v":17777.5},8.5299999999999994,0.20796173004820551,10.303913557311192,183177.82326509972,3.862162075353491E-3,{"$f":"SUM($M$9:M55)","v":0.80290921766467871},{"$f":"_xlfn.XLOOKUP($F55,F56:F$717,K56:$K$717,,0)=K55","v":{"$error":"#N/A"}}]
[null,47,"COMPOSIÇÃO SINAPI",92482,"SINAPI","MONTAGEM E DESMONTAGEM DE FÔRMA DE LAJE MACIÇA, PÉ-DIREITO SIMPLES, EM MADEIRA SERRADA, 1 UTILIZAÇÃO. AF_09/2020","M2",{"$f":"SUMIF(Orçamento!$F$9:$F$1730,F56,Orçamento!$H$9:$H$1730)","v":604.69999999999993},249.14,0.20796173004820551,300.9515854242099,181985.4237060197,3.837021257138383E-3,{"$f":"SUM($M$9:M56)","v":0.80674623892181707},{"$f":"_xlfn.XLOOKUP($F56,F57:F$717,K57:$K$717,,0)=K56","v":{"$error":"#N/A"}}]
[null,48,"COMPOSIÇÃO ORSE",11347,"ORSE","FORNECIMENTO E INSTALAÇÃO DE FACHADA EM PELE DE VIDRO, EM VIDRO LAMINADO 3+3 REFLETIVO","M2",{"$f":"SUMIF(Orçamento!$F$9:$F$1730,F57,Orçamento!$H$9:$H$1730)","v":82.05},1749.08,0.20796173004820551,2112.8217027927153,173357.02071414227,3.6550980842777257E-3,{"$f":"SUM($M$9:M57)","v":0.81040133700609485},{"$f":"_xlfn.XLOOKUP($F57,F58:F$717,K58:$K$717,,0)=K57","v":{"$error":"#N/A"}}]
[null,49,"COMPOSIÇÃO SINAPI",88497,"SINAPI","APLICAÇÃO E LIXAMENTO DE MASSA LÁTEX EM PAREDES, DUAS DEMÃOS. AF_06/2014","M2",{"$f":"SUMIF(Orçamento!$F$9:$F$1730,F58,Orçamento!$H$9:$H$1730)","v":9170.9256000000005},15.29,0.20796173004820551,18.46973485243706,169384.56418342728,3.5713419249051256E-3,{"$f":"SUM($M$9:M58)","v":0.813972678931},{"$f":"_xlfn.XLOOKUP($F58,F59:F$717,K59:$K$717,,0)=K58","v":{"$error":"#N/A"}}]
[null,50,"COMPOSIÇÃO SINAPI",98546,"SINAPI","IMPERMEABILIZAÇÃO DE SUPERFÍCIE COM MANTA ASFÁLTICA, UMA CAMADA, INCLUSIVE APLICAÇÃO DE PRIMER ASFÁLTICO, E=3MM. AF_06/2018","M2",{"$f":"SUMIF(Orçamento!$F$9:$F$1730,F59,Orçamento!$H$9:$H$1730)","v":802.16},174.77,0.20796173004820551,211.1154715605249,169348.38666699064,3.5705791500807963E-3,{"$f":"SUM($M$9:M59)","v":0.81754325808108075},{"$f":"_xlfn.XLOOKUP($F59,F60:F$717,K60:$K$717,,0)=K59","v":{"$error":"#N/A"}}]
[null,51,"COTAÇÃO","-","","PLATAFORMA DE ACESSIBILIDADE (ELEVADOR) - FORNECIMENTO E MONTAGEM (INCLUSIVE FRETE E PORTÕES) - 2 PARADAS - CAPACIDADE MÍN 250 KG","UN",{"$f":"SUMIF(Orçamento!$F$9:$F$1730,F60,Orçamento!$H$9:$H$1730)","v":3},48040,0.14692012195121973,55098.042658536593,165294.12797560979,3.4850982557103984E-3,{"$f":"SUM($M$9:M60)","v":0.82102835633679117},{"$f":"_xlfn.XLOOKUP($F60,F61:F$717,K61:$K$717,,0)=K60","v":{"$error":"#N/A"}}]
[null,52,"COMPOSIÇÃO SINAPI",94273,"SINAPI","ASSENTAMENTO DE GUIA (MEIO-FIO) EM TRECHO RETO, CONFECCIONADA EM CONCRETO PRÉ-FABRICADO, DIMENSÕES 100X15X13X30 CM (COMPRIMENTO X BASE INFERIOR X BASE SUPERIOR X ALTURA), PARA VIAS URBANAS (USO VIÁRIO). AF_06/2016","M",{"$f":"SUMIF(Orçamento!$F$9:$F$1730,F61,Orçamento!$H$9:$H$1730)","v":2365},57.24,0.20796173004820551,69.143729427959286,163524.92009712372,3.4477958822575995E-3,{"$f":"SUM($M$9:M61)","v":0.8244761522190488},{"$f":"_xlfn.XLOOKUP($F61,F62:F$717,K62:$K$717,,0)=K61","v":{"$error":"#N/A"}}]
[null,53,"COMPOSIÇÃO SICRO",4011462,"SICRO","CONCRETO ASFÁLTICO - FAIXA C - AREIA EXTRAÍDA E BRITA PRODUZIDA","T",{"$f":"SUMIF(Orçamento!$F$9:$F$1730,F62,Orçamento!$H$9:$H$1730)","v":780},161.26,0.20796173004820551,194.79590858757362,151940.80869830743,3.2035538942062954E-3,{"$f":"SUM($M$9:M62)","v":0.82767970611325514},{"$f":"_xlfn.XLOOKUP($F62,F63:F$717,K63:$K$717,,0)=K62","v":{"$error":"#N/A"}}]
[null,54,"COMPOSIÇÃO SINAPI",92398,"SINAPI","EXECUÇÃO DE PÁTIO/ESTACIONAMENTO EM PISO INTERTRAVADO, COM BLOCO RETANGULAR COR NATURAL DE 20 X 10 CM, ESPESSURA 8 CM. AF_12/2015","M2",{"$f":"SUMIF(Orçamento!$F$9:$F$1730,F63,Orçamento!$H$9:$H$1730)","v":1254.57},99.89,0.20796173004820551,120.66329721451525,151380.5527864144,3.1917413336198844E-3,{"$f":"SUM($M$9:M63)","v":0.83087144744687502},{"$f":"_xlfn.XLOOKUP($F63,F64:F$717,K64:$K$717,,0)=K63","v":{"$error":"#N/A"}}]
[null,55,"COMPOSIÇÃO SINAPI",92443,"SINAPI","MONTAGEM E DESMONTAGEM DE FÔRMA DE PILARES RETANGULARES E ESTRUTURAS SIMILARES, PÉ-DIREITO SIMPLES, EM CHAPA DE MADEIRA COMPENSADA PLASTIFICADA, 18 UTILIZAÇÕES. AF_09/2020","M2",{"$f":"SUMIF(Orçamento!$F$9:$F$1730,F64,Orçamento!$H$9:$H$1730)","v":2438.8000000000002},51.3,0.20796173004820551,61.968436751472936,151128.62354949221,3.1864296014070532E-3,{"$f":"SUM($M$9:M64)","v":0.83405787704828205},{"$f":"_xlfn.XLOOKUP($F64,F65:F$717,K65:$K$717,,0)=K64","v":{"$error":"#N/A"}}]
[null,56,"COMPOSIÇÃO SINAPI",95995,"SINAPI","EXECUÇÃO DE PAVIMENTO COM APLICAÇÃO DE CONCRETO ASFÁLTICO, CAMADA DE ROLAMENTO - EXCLUSIVE CARGA E TRANSPORTE. AF_11/2019","M3",{"$f":"SUMIF(Orçamento!$F$9:$F$1730,F65,Orçamento!$H$9:$H$1730)","v":84.01},1429.29,0.20796173004820551,1726.5276211405996,145045.5854520218,3.0581734696100283E-3,{"$f":"SUM($M$9:M65)","v":0.83711605051789206},{"$f":"_xlfn.XLOOKUP($F65,F66:F$717,K66:$K$717,,0)=K65","v":{"$error":"#N/A"}}]
[null,57,"COMPOSIÇÃO SINAPI",100983,"SINAPI","CARGA, MANOBRA E DESCARGA DE ENTULHO EM CAMINHÃO BASCULANTE 14 M³ - CARGA COM ESCAVADEIRA HIDRÁULICA (CAÇAMBA DE 0,80 M³ /111 HP) E DESCARGA LIVRE (UNIDADE: M3). AF_07/2020","M3",{"$f":"SUMIF(Orçamento!$F$9:$F$1730,F66,Orçamento!$H$9:$H$1730)","v":13266.514746000001},9.02,0.20796173004820551,10.895814805034814,144549.48778067948,3.0477136356750192E-3,{"$f":"SUM($M$9:M66)","v":0.84016376415356708},{"$f":"_xlfn.XLOOKUP($F66,F67:F$717,K67:$K$717,,0)=K66","v":{"$error":"#N/A"}}]
[null,58,"COMPOSIÇÃO SINAPI",92538,"SINAPI","MONTAGEM E DESMONTAGEM DE FÔRMA DE LAJE MACIÇA, PÉ-DIREITO SIMPLES, EM CHAPA DE MADEIRA COMPENSADA PLASTIFICADA, . AF_09/2020","M2",{"$f":"SUMIF(Orçamento!$F$9:$F$1730,F67,Orçamento!$H$9:$H$1730)","v":3362.15},33.69,0.20796173004820551,40.696230685324039,136826.83199866221,2.8848874389735151E-3,{"$f":"SUM($M$9:M67)","v":0.84304865159254061},{"$f":"_xlfn.XLOOKUP($F67,F68:F$717,K68:$K$717,,0)=K67","v":{"$error":"#N/A"}}]
[null,59,"COMPOSIÇÃO SINAPI",99841,"SINAPI","GUARDA-CORPO PANORÂMICO COM PERFIS DE ALUMÍNIO E VIDRO LAMINADO 8 MM, FIXADO COM CHUMBADOR MECÂNICO. AF_04/2019_P","M",{"$f":"SUMIF(Orçamento!$F$9:$F$1730,F68,Orçamento!$H$9:$H$1730)","v":61.44},1788.22,0.20796173004820551,2160.1013249068019,132716.6254022739,2.7982269264972587E-3,{"$f":"SUM($M$9:M68)","v":0.84584687851903784},{"$f":"_xlfn.XLOOKUP($F68,F69:F$717,K69:$K$717,,0)=K68","v":{"$error":"#N/A"}}]
[null,60,"COMPOSIÇÃO SINAPI",92759,"SINAPI","ARMAÇÃO DE PILAR OU VIGA DE UMA ESTRUTURA CONVENCIONAL DE CONCRETO ARMADO EM UM EDIFÍCIO DE MÚLTIPLOS PAVIMENTOS UTILIZANDO AÇO CA-60 DE 5,0 MM - MONTAGEM. AF_12/2015","KG",{"$f":"SUMIF(Orçamento!$F$9:$F$1730,F69,Orçamento!$H$9:$H$1730)","v":7125.7},15.25,0.20796173004820551,18.421416383235133,131265.4867220186,2.767630794951086E-3,{"$f":"SUM($M$9:M69)","v":0.84861450931398896},{"$f":"_xlfn.XLOOKUP($F69,F70:F$717,K70:$K$717,,0)=K69","v":{"$error":"#N/A"}}]
[null,61,"COMPOSIÇÃO SINAPI",92762,"SINAPI","ARMAÇÃO DE PILAR OU VIGA DE ESTRUTURA CONVENCIONAL DE CONCRETO ARMADO UTILIZANDO AÇO CA-50 DE 10,0 MM - MONTAGEM. AF_06/2022","KG",{"$f":"SUMIF(Orçamento!$F$9:$F$1730,F70,Orçamento!$H$9:$H$1730)","v":8429.44},12.85,0.20796173004820551,15.522308231119441,130844.36589572746,2.7587517895373719E-3,{"$f":"SUM($M$9:M70)","v":0.85137326110352629},{"$f":"_xlfn.XLOOKUP($F70,F71:F$717,K71:$K$717,,0)=K70","v":{"$error":"#N/A"}}]
[null,68,"COMPOSIÇÃO SINAPI",96536,"SINAPI","FABRICAÇÃO, MONTAGEM E DESMONTAGEM DE FÔRMA PARA VIGA BALDRAME, EM MADEIRA SERRADA, E=25 MM, 4 UTILIZAÇÕES. AF_06/2017","M2",{"$f":"SUMIF(Orçamento!$F$9:$F$1730,F71,Orçamento!$H$9:$H$1730)","v":1607.8999999999999},67.08,0.20796173004820551,81.030072851633619,130288.25413814168,2.7470266052245437E-3,{"$f":"SUM($M$9:M71)","v":0.85412028770875081},{"$f":"_xlfn.XLOOKUP($F71,F72:F$717,K72:$K$717,,0)=K71","v":{"$error":"#N/A"}}]
[null,62,"COMPOSIÇÃO SINAPI",92760,"SINAPI","ARMAÇÃO DE PILAR OU VIGA DE UMA ESTRUTURA CONVENCIONAL DE CONCRETO ARMADO EM UM EDIFÍCIO DE MÚLTIPLOS PAVIMENTOS UTILIZANDO AÇO CA-50 DE 6,3 MM - MONTAGEM. AF_12/2015","KG",{"$f":"SUMIF(Orçamento!$F$9:$F$1730,F72,Orçamento!$H$9:$H$1730)","v":7245},14.83,0.20796173004820551,17.914072456614889,129787.45494817487,2.7364676434223916E-3,{"$f":"SUM($M$9:M72)","v":0.8568567553521732},{"$f":"_xlfn.XLOOKUP($F72,F73:F$717,K73:$K$717,,0)=K72","v":{"$error":"#N/A"}}]
[null,64,"COMPOSIÇÃO SINAPI",92761,"SINAPI","ARMAÇÃO DE PILAR OU VIGA DE UMA ESTRUTURA CONVENCIONAL DE CONCRETO ARMADO EM UM EDIFÍCIO DE MÚLTIPLOS PAVIMENTOS UTILIZANDO AÇO CA-50 DE 8,0 MM - MONTAGEM. AF_12/2015","KG",{"$f":"SUMIF(Orçamento!$F$9:$F$1730,F73,Orçamento!$H$9:$H$1730)","v":6988.5},14.23,0.20796173004820551,{"$f":"I73*(1+J73)","v":17.189295418585964},{"$f":"K73*H73","v":120127.391032788},{"$f":"L73/$L$717","v":2.5327927015845702E-3},{"$f":"SUM($M$9:M73)","v":0.85938954805375778},{"$f":"_xlfn.XLOOKUP($F73,F74:F$717,K74:$K$717,,0)=K73","v":{"$error":"#N/A"}}]
[null,63,"COMPOSIÇÃO SINAPI",99837,"SINAPI","GUARDA-CORPO DE AÇO GALVANIZADO DE 1,10M, MONTANTES TUBULARES DE 1.1/4\" ESPAÇADOS DE 1,20M, TRAVESSA SUPERIOR DE 1.1/2\", GRADIL FORMADO POR TUBOS HORIZONTAIS DE 1\" E VERTICAIS DE 3/4\", FIXADO COM CHUMBADOR MECÂNICO. AF_04/2019_PS","M",{"$f":"SUMIF(Orçamento!$F$9:$F$1730,F74,Orçamento!$H$9:$H$1730)","v":169},556.86,0.20796173004820551,672.66556899464376,113680.4811600948,2.3968646161334007E-3,{"$f":"SUM($M$9:M74)","v":0.8617864126698912},{"$f":"_xlfn.XLOOKUP($F74,F75:F$717,K75:$K$717,,0)=K74","v":{"$error":"#N/A"}}]
[null,66,"COMPOSIÇÃO SINAPI",92979,"SINAPI","CABO DE COBRE FLEXÍVEL ISOLADO, 10 MM², ANTI-CHAMA 450/750 V, PARA DISTRIBUIÇÃO - FORNECIMENTO E INSTALAÇÃO. AF_12/2015","M",{"$f":"SUMIF(Orçamento!$F$9:$F$1730,F75,Orçamento!$H$9:$H$1730)","v":7280},11.77,0.20796173004820551,14.217709562667379,103504.92561621852,2.1823209338431245E-3,{"$f":"SUM($M$9:M75)","v":0.86396873360373427},{"$f":"_xlfn.XLOOKUP($F75,F76:F$717,K76:$K$717,,0)=K75","v":{"$error":"#N/A"}}]
[null,67,"COMPOSIÇÃO SINAPI",100945,"SINAPI","TRANSPORTE COM CAMINHÃO CARROCERIA 9T, EM VIA URBANA EM LEITO NATURAL (UNIDADE: TXKM). AF_07/2020","TXKM",{"$f":"SUMIF(Orçamento!$F$9:$F$1730,F76,Orçamento!$H$9:$H$1730)","v":27360},2.85,0.20796173004820551,3.4426909306373856,94192.023862238872,1.9859656364354275E-3,{"$f":"SUM($M$9:M76)","v":0.86595469924016966},{"$f":"_xlfn.XLOOKUP($F76,F77:F$717,K77:$K$717,,0)=K76","v":{"$error":"#N/A"}}]
[null,69,"COMPOSIÇÃO SINAPI",103685,"SINAPI","CONCRETAGEM DE MURETAS, FCK=25 MPA, COM USO DE BOMBA - LANÇAMENTO, ADENSAMENTO E ACABAMENTO. AF_02/2022","M3",{"$f":"SUMIF(Orçamento!$F$9:$F$1730,F77,Orçamento!$H$9:$H$1730)","v":72.679999999999993},1048.2,0.20796173004820551,1266.185485436529,92026.36108152692,1.9403043194125395E-3,{"$f":"SUM($M$9:M77)","v":0.86789500355958216},{"$f":"_xlfn.XLOOKUP($F77,F78:F$717,K78:$K$717,,0)=K77","v":{"$error":"#N/A"}}]
[null,70,"COMPOSIÇÃO SICRO",2003713,"SICRO","CHAMINÉ DOS POÇOS DE VISITA - CPV 01 - AREIA EXTRAÍDA E BRITA PRODUZIDA","UN",{"$f":"SUMIF(Orçamento!$F$9:$F$1730,F78,Orçamento!$H$9:$H$1730)","v":49},1552.38,0.20796173004820551,1875.2156304922335,91885.565894119442,1.937335762283162E-3,{"$f":"SUM($M$9:M78)","v":0.86983233932186532},{"$f":"_xlfn.XLOOKUP($F78,F79:F$717,K79:$K$717,,0)=K78","v":{"$error":"#N/A"}}]
[null,71,"COMPOSIÇÃO SINAPI",92580,"SINAPI","TRAMA DE AÇO COMPOSTA POR TERÇAS PARA TELHADOS DE ATÉ 2 ÁGUAS PARA TELHA ONDULADA DE FIBROCIMENTO, METÁLICA, PLÁSTICA OU TERMOACÚSTICA, INCLUSO TRANSPORTE VERTICAL. AF_07/2019","M2",{"$f":"SUMIF(Orçamento!$F$9:$F$1730,F79,Orçamento!$H$9:$H$1730)","v":1628.2800000000002},45.72,0.20796173004820551,55.228010297803955,89926.664607708241,1.8960338507150276E-3,{"$f":"SUM($M$9:M79)","v":0.87172837317258034},{"$f":"_xlfn.XLOOKUP($F79,F80:F$717,K80:$K$717,,0)=K79","v":{"$error":"#N/A"}}]
[null,72,"COMPOSIÇÃO SINAPI",102716,"SINAPI","ENCHIMENTO DE AREIA PARA DRENO, LANÇAMENTO MECANIZADO. AF_07/2021","M3",{"$f":"SUMIF(Orçamento!$F$9:$F$1730,F80,Orçamento!$H$9:$H$1730)","v":375.15},189.38,0.20796173004820551,228.76379243652914,85820.736732563906,1.8094635517516566E-3,{"$f":"SUM($M$9:M80)","v":0.87353783672433205},{"$f":"_xlfn.XLOOKUP($F80,F81:F$717,K81:$K$717,,0)=K80","v":{"$error":"#N/A"}}]
[null,73,"COMPOSIÇÃO SINAPI",96624,"SINAPI","LASTRO COM MATERIAL GRANULAR (PEDRA BRITADA N.2), APLICADO EM PISOS OU LAJES SOBRE SOLO, ESPESSURA DE *10 CM*. AF_08/2017","M3",{"$f":"SUMIF(Orçamento!$F$9:$F$1730,F81,Orçamento!$H$9:$H$1730)","v":183.01},383.6,0.20796173004820551,463.37411964649164,84802.097636504433,1.7879863378883842E-3,{"$f":"SUM($M$9:M81)","v":0.8753258230622204},{"$f":"_xlfn.XLOOKUP($F81,F82:F$717,K82:$K$717,,0)=K81","v":{"$error":"#N/A"}}]
[null,74,"COMPOSIÇÃO SINAPI",100576,"SINAPI","REGULARIZAÇÃO E COMPACTAÇÃO DE SUBLEITO DE SOLO  PREDOMINANTEMENTE ARGILOSO. AF_11/2019","M2",{"$f":"SUMIF(Orçamento!$F$9:$F$1730,F82,Orçamento!$H$9:$H$1730)","v":27527},2.5099999999999998,0.20796173004820551,3.0319839424209958,83461.421983022752,1.7597192334325512E-3,{"$f":"SUM($M$9:M82)","v":0.87708554229565294},{"$f":"_xlfn.XLOOKUP($F82,F83:F$717,K83:$K$717,,0)=K82","v":{"$error":"#N/A"}}]
[null,75,"COMPOSIÇÃO SINAPI",87791,"SINAPI","EMBOÇO OU MASSA ÚNICA EM ARGAMASSA INDUSTRIALIZADA, PREPARO MECÂNICO E APLICAÇÃO COM EQUIPAMENTO DE MISTURA E PROJEÇÃO DE 1,5 M3/H DE ARGAMASSA EM PANOS DE FACHADA COM PRESENÇA DE VÃOS, ESPESSURA MAIOR OU IGUAL A 50 MM. AF_06/2014","M2",{"$f":"SUMIF(Orçamento!$F$9:$F$1730,F83,Orçamento!$H$9:$H$1730)","v":411.96},162.97,0.20796173004820551,196.86152314595606,81099.073075208056,1.7099109422437728E-3,{"$f":"SUM($M$9:M83)","v":0.87879545323789676},{"$f":"_xlfn.XLOOKUP($F83,F84:F$717,K84:$K$717,,0)=K83","v":{"$error":"#N/A"}}]
[null,76,"INSUMO SINAPI",760,"SINAPI","BOMBA SUBMERSIVEL, ELETRICA, TRIFASICA, POTENCIA 13 HP, DIAMETRO DO ROTOR 170 MM, BOCAL DE SAIDA DIAMETRO DE 3 POLEGADAS, HM/Q = 11 M / 68,40 M3/H A 72 M / 3,6 M3/H","UN",{"$f":"SUMIF(Orçamento!$F$9:$F$1730,F84,Orçamento!$H$9:$H$1730)","v":2},34800,0.14692012195121973,39912.820243902446,79825.640487804892,1.6830616055887018E-3,{"$f":"SUM($M$9:M84)","v":0.88047851484348549},{"$f":"_xlfn.XLOOKUP($F84,F85:F$717,K85:$K$717,,0)=K84","v":{"$error":"#N/A"}}]
[null,77,"COMPOSIÇÃO SINAPI",92446,"SINAPI","MONTAGEM E DESMONTAGEM DE FÔRMA DE VIGA, ESCORAMENTO COM PONTALETE DE MADEIRA, PÉ-DIREITO SIMPLES, EM MADEIRA SERRADA, 1 UTILIZAÇÃO. AF_09/2020","M2",{"$f":"SUMIF(Orçamento!$F$9:$F$1730,F85,Orçamento!$H$9:$H$1730)","v":267.2},239.04,0.20796173004820551,288.75117195072306,77154.313145233202,1.6267387441776672E-3,{"$f":"SUM($M$9:M85)","v":0.88210525358766312},{"$f":"_xlfn.XLOOKUP($F85,F86:F$717,K86:$K$717,,0)=K85","v":{"$error":"#N/A"}}]
[null,78,"COMPOSIÇÃO SINAPI",88496,"SINAPI","APLICAÇÃO E LIXAMENTO DE MASSA LÁTEX EM TETO, DUAS DEMÃOS. AF_06/2014","M2",{"$f":"SUMIF(Orçamento!$F$9:$F$1730,F86,Orçamento!$H$9:$H$1730)","v":2264.7772121786898},27.47,0.20796173004820551,33.182708724424202,75151.442557438932,1.5845097740537833E-3,{"$f":"SUM($M$9:M86)","v":0.8836897633617169},{"$f":"_xlfn.XLOOKUP($F86,F87:F$717,K87:$K$717,,0)=K86","v":{"$error":"#N/A"}}]
[null,79,"COMPOSIÇÃO SINAPI",101659,"SINAPI","LUMINÁRIA DE LED PARA ILUMINAÇÃO PÚBLICA, DE 181 W ATÉ 239 W - FORNECIMENTO E INSTALAÇÃO. AF_08/2020","UN",{"$f":"SUMIF(Orçamento!$F$9:$F$1730,F87,Orçamento!$H$9:$H$1730)","v":80},776.86,0.20796173004820551,938.41714960524894,75073.371968419917,1.5828637163447484E-3,{"$f":"SUM($M$9:M87)","v":0.88527262707806165},{"$f":"_xlfn.XLOOKUP($F87,F88:F$717,K88:$K$717,,0)=K87","v":{"$error":"#N/A"}}]
[null,80,"COMPOSIÇÃO SINAPI",100758,"SINAPI","PINTURA COM TINTA ALQUÍDICA DE ACABAMENTO (ESMALTE SINTÉTICO ACETINADO) APLICADA A ROLO OU PINCEL SOBRE SUPERFÍCIES METÁLICAS (EXCETO PERFIL) EXECUTADO EM OBRA (02 DEMÃOS). AF_01/2020","M2",{"$f":"SUMIF(Orçamento!$F$9:$F$1730,F88,Orçamento!$H$9:$H$1730)","v":1414.38},43.44,0.20796173004820551,52.473857553294046,74217.974646228045,1.5648283284454873E-3,{"$f":"SUM($M$9:M88)","v":0.88683745540650716},{"$f":"_xlfn.XLOOKUP($F88,F89:F$717,K89:$K$717,,0)=K88","v":{"$error":"#N/A"}}]
[null,81,"COMPOSIÇÃO SINAPI",92409,"SINAPI","MONTAGEM E DESMONTAGEM DE FÔRMA DE PILARES RETANGULARES E ESTRUTURAS SIMILARES, PÉ-DIREITO SIMPLES, EM MADEIRA SERRADA, 1 UTILIZAÇÃO. AF_09/2020","M2",{"$f":"SUMIF(Orçamento!$F$9:$F$1730,F89,Orçamento!$H$9:$H$1730)","v":250.7},241.28,0.20796173004820551,291.45700622603101,73068.271460865973,1.5405877300953676E-3,{"$f":"SUM($M$9:M89)","v":0.88837804313660251},{"$f":"_xlfn.XLOOKUP($F89,F90:F$717,K90:$K$717,,0)=K89","v":{"$error":"#N/A"}}]
[null,82,"COMPOSIÇÃO SINAPI",101965,"SINAPI","PEITORIL LINEAR EM GRANITO OU MÁRMORE, L = 15CM, COMPRIMENTO DE ATÉ 2M, ASSENTADO COM ARGAMASSA 1:6 COM ADITIVO. AF_11/2020","M",{"$f":"SUMIF(Orçamento!$F$9:$F$1730,F90,Orçamento!$H$9:$H$1730)","v":355.76},166.92,0.20796173004820551,201.63297197964644,71732.946111479017,1.512433432644214E-3,{"$f":"SUM($M$9:M90)","v":0.88989047656924669},{"$f":"_xlfn.XLOOKUP($F90,F91:F$717,K91:$K$717,,0)=K90","v":{"$error":"#N/A"}}]
[null,83,"COMPOSIÇÃO SINAPI",96485,"SINAPI","FORRO EM RÉGUAS DE PVC, LISO, PARA AMBIENTES RESIDENCIAIS, INCLUSIVE ESTRUTURA DE FIXAÇÃO. AF_05/2017_PS","M2",{"$f":"SUMIF(Orçamento!$F$9:$F$1730,F91,Orçamento!$H$9:$H$1730)","v":891},66.540000000000006,0.20796173004820551,80.377773517407604,71616.596204010173,1.5099802852484906E-3,{"$f":"SUM($M$9:M91)","v":0.8914004568544952},{"$f":"_xlfn.XLOOKUP($F91,F92:F$717,K92:$K$717,,0)=K91","v":{"$error":"#N/A"}}]
[null,84,"COMPOSIÇÃO SINAPI",101167,"SINAPI","EXECUÇÃO DE PAVIMENTO EM PARALELEPÍPEDOS, REJUNTAMENTO COM PÓ DE PEDRA. AF_05/2020","M2",{"$f":"SUMIF(Orçamento!$F$9:$F$1730,F92,Orçamento!$H$9:$H$1730)","v":180.39},326.13,0.20796173004820551,393.95255902062127,71065.102121729869,1.4983524610315691E-3,{"$f":"SUM($M$9:M92)","v":0.89289880931552679},{"$f":"_xlfn.XLOOKUP($F92,F93:F$717,K93:$K$717,,0)=K92","v":{"$error":"#N/A"}}]
[null,85,"COMPOSIÇÃO SINAPI",99841,"SINAPI","GUARDA-CORPO PANORÂMICO COM PERFIS DE ALUMÍNIO E VIDRO LAMINADO 8 MM, FIXADO COM CHUMBADOR MECÂNICO. AF_04/2019_PS","M",{"$f":"SUMIF(Orçamento!$F$9:$F$1730,F93,Orçamento!$H$9:$H$1730)","v":32.5},1788.22,0.20796173004820551,2160.1013249068019,70203.293059471063,1.4801818865748846E-3,{"$f":"SUM($M$9:M93)","v":0.89437899120210163},{"$f":"_xlfn.XLOOKUP($F93,F94:F$717,K94:$K$717,,0)=K93","v":{"$error":"#N/A"}}]
[null,86,"COMPOSIÇÃO SINAPI",94991,"SINAPI","EXECUÇÃO DE PASSEIO (CALÇADA) OU PISO DE CONCRETO COM CONCRETO MOLDADO IN LOCO, USINADO, ACABAMENTO CONVENCIONAL, NÃO ARMADO. AF_07/2016","M3",{"$f":"SUMIF(Orçamento!$F$9:$F$1730,F94,Orçamento!$H$9:$H$1730)","v":51.58},1116.3399999999999,0.20796173004820551,1348.4959977220137,69555.42356250147,1.4665220616224225E-3,{"$f":"SUM($M$9:M94)","v":0.89584551326372408},{"$f":"_xlfn.XLOOKUP($F94,F95:F$717,K95:$K$717,,0)=K94","v":{"$error":"#N/A"}}]
[null,87,"COMPOSIÇÃO SINAPI",93582,"SINAPI","EXECUÇÃO DE CENTRAL DE ARMADURA EM CANTEIRO DE OBRA, NÃO INCLUSO MOBILIÁRIO E EQUIPAMENTOS. AF_04/2016","M2",{"$f":"SUMIF(Orçamento!$F$9:$F$1730,F95,Orçamento!$H$9:$H$1730)","v":213.8},262.69,0.20796173004820551,317.31946686636309,67842.902016028427,1.4304148754351409E-3,{"$f":"SUM($M$9:M95)","v":0.89727592813915924},{"$f":"_xlfn.XLOOKUP($F95,F96:F$717,K96:$K$717,,0)=K95","v":{"$error":"#N/A"}}]
[null,88,"COMPOSIÇÃO SINAPI",92763,"SINAPI","ARMAÇÃO DE PILAR OU VIGA DE UMA ESTRUTURA CONVENCIONAL DE CONCRETO ARMADO EM UM EDIFÍCIO DE MÚLTIPLOS PAVIMENTOS UTILIZANDO AÇO CA-50 DE 12,5 MM - MONTAGEM. AF_12/2015","KG",{"$f":"SUMIF(Orçamento!$F$9:$F$1730,F96,Orçamento!$H$9:$H$1730)","v":5119.7},10.88,0.20796173004820551,13.142623622924477,67286.290162286445,1.4186791469834312E-3,{"$f":"SUM($M$9:M96)","v":0.8986946072861427},{"$f":"_xlfn.XLOOKUP($F96,F97:F$717,K97:$K$717,,0)=K96","v":{"$error":"#N/A"}}]
[null,89,"COMPOSIÇÃO SICRO",2003679,"SICRO","POÇO DE VISITA - PVI 02 - AREIA EXTRAÍDA E BRITA PRODUZIDA","UN",{"$f":"SUMIF(Orçamento!$F$9:$F$1730,F97,Orçamento!$H$9:$H$1730)","v":27},2032.26,0.20796173004820551,2454.8923055077662,66282.092248709683,1.397506414232085E-3,{"$f":"SUM($M$9:M97)","v":0.90009211370037479},{"$f":"_xlfn.XLOOKUP($F97,F98:F$717,K98:$K$717,,0)=K97","v":{"$error":"#N/A"}}]
[null,90,"COMPOSIÇÃO SINAPI",88650,"SINAPI","RODAPÉ CERÂMICO DE 7CM DE ALTURA COM PLACAS TIPO ESMALTADA EXTRA DE DIMENSÕES 60X60CM. AF_06/2014","M",{"$f":"SUMIF(Orçamento!$F$9:$F$1730,F98,Orçamento!$H$9:$H$1730)","v":2491.63},21.31,0.20796173004820551,25.741664467327258,64138.703436726617,1.3523147265330907E-3,{"$f":"SUM($M$9:M98)","v":0.90144442842690786},{"$f":"_xlfn.XLOOKUP($F98,F99:F$717,K99:$K$717,,0)=K98","v":{"$error":"#N/A"}}]
[null,91,"COMPOSIÇÃO SINAPI",103314,"SINAPI","INSTALAÇÃO DE PERGOLADO DE MADEIRA, EM MAÇARANDUBA, ANGELIM OU EQUIVALENTE DA REGIÃO, FIXADO COM CONCRETO SOBRE PISO DE CONCRETO EXISTENTE. AF_11/2021","M2",{"$f":"SUMIF(Orçamento!$F$9:$F$1730,F99,Orçamento!$H$9:$H$1730)","v":280.39999999999998},188.06,0.20796173004820551,227.16928295286553,63698.266939983492,1.3430284652160695E-3,{"$f":"SUM($M$9:M99)","v":0.90278745689212392},{"$f":"_xlfn.XLOOKUP($F99,F100:F$717,K100:$K$717,,0)=K99","v":{"$error":"#N/A"}}]
[null,92,"COMPOSIÇÃO SINAPI",92771,"SINAPI","ARMAÇÃO DE LAJE DE ESTRUTURA CONVENCIONAL DE CONCRETO ARMADO UTILIZANDO AÇO CA-50 DE 10,0 MM - MONTAGEM. AF_06/2022","KG",{"$f":"SUMIF(Orçamento!$F$9:$F$1730,F100,Orçamento!$H$9:$H$1730)","v":4173.6000000000004},12.44,0.20796173004820551,15.027043921799676,62716.870512023132,1.3223364840723125E-3,{"$f":"SUM($M$9:M100)","v":0.90410979337619624},{"$f":"_xlfn.XLOOKUP($F100,F101:F$717,K101:$K$717,,0)=K100","v":{"$error":"#N/A"}}]
[null,93,"COMPOSIÇÃO SINAPI",93212,"SINAPI","EXECUÇÃO DE SANITÁRIO E VESTIÁRIO EM CANTEIRO DE OBRA EM CHAPA DE MADEIRA COMPENSADA, NÃO INCLUSO MOBILIÁRIO. AF_02/2016","M2",{"$f":"SUMIF(Orçamento!$F$9:$F$1730,F101,Orçamento!$H$9:$H$1730)","v":55.2},910.26,0.20796173004820551,1099.5592443936796,60695.670290531118,1.2797210478639393E-3,{"$f":"SUM($M$9:M101)","v":0.90538951442406013},{"$f":"_xlfn.XLOOKUP($F101,F102:F$717,K102:$K$717,,0)=K101","v":{"$error":"#N/A"}}]
[null,94,"COMPOSIÇÃO SINAPI",96398,"SINAPI","EXECUÇÃO E COMPACTAÇÃO DE BASE E OU SUB BASE PARA PAVIMENTAÇÃO DE CONCRETO COMPACTADO COM ROLO - EXCLUSIVE CARGA E TRANSPORTE. AF_11/2019","M3",{"$f":"SUMIF(Orçamento!$F$9:$F$1730,F102,Orçamento!$H$9:$H$1730)","v":76.930000000000007},652.92999999999995,0.20796173004820551,788.71445240037474,60675.802823160833,1.279302157751353E-3,{"$f":"SUM($M$9:M102)","v":0.90666881658181153},{"$f":"_xlfn.XLOOKUP($F102,F103:F$717,K103:$K$717,,0)=K102","v":{"$error":"#N/A"}}]
[null,95,"ANP",null,"ANP","ASFALTO DILUÍDO DE PETRÓLEO - CM-30","T",{"$f":"SUMIF(Orçamento!$F$9:$F$1730,F103,Orçamento!$H$9:$H$1730)","v":7.8299999999999992},6437.62,0.14692012195121973,7383.4359154756112,57812.303218174027,1.2189274935041179E-3,{"$f":"SUM($M$9:M103)","v":0.90788774407531569},{"$f":"_xlfn.XLOOKUP($F103,F104:F$717,K104:$K$717,,0)=K103","v":{"$error":"#N/A"}}]
[null,96,"INSUMO SINAPI",980,"SINAPI","CABO DE COBRE, FLEXIVEL, CLASSE 4 OU 5, ISOLACAO EM PVC/A, ANTICHAMA BWF-B, 1 CONDUTOR, 450/750 V, SECAO NOMINAL 10 MM2","M",{"$f":"SUMIF(Orçamento!$F$9:$F$1730,F104,Orçamento!$H$9:$H$1730)","v":4573.5},10.96,0.14692012195121973,12.570244536585369,57490.013388073181,1.2121322628539197E-3,{"$f":"SUM($M$9:M104)","v":0.90909987633816958},{"$f":"_xlfn.XLOOKUP($F104,F105:F$717,K105:$K$717,,0)=K104","v":{"$error":"#N/A"}}]
[null,97,"COMPOSIÇÃO SINAPI",92761,"SINAPI","ARMAÇÃO DE PILAR OU VIGA DE ESTRUTURA CONVENCIONAL DE CONCRETO ARMADO UTILIZANDO AÇO CA-50 DE 8,0 MM - MONTAGEM. AF_06/2022","KG",{"$f":"SUMIF(Orçamento!$F$9:$F$1730,F105,Orçamento!$H$9:$H$1730)","v":3333.4700000000003},14.23,0.20796173004820551,17.189295418585964,57300.000598993756,1.2081259908351032E-3,{"$f":"SUM($M$9:M105)","v":0.91030800232900466},{"$f":"_xlfn.XLOOKUP($F105,F106:F$717,K106:$K$717,,0)=K105","v":{"$error":"#N/A"}}]
[null,214,"INSUMO SINAPI",867,"SINAPI","CABO DE COBRE NU 50 MM2 MEIO-DURO","M",{"$f":"SUMIF(Orçamento!$F$9:$F$1730,F106,Orçamento!$H$9:$H$1730)","v":870},56.7,0.14692012195121973,65.030370914634162,56576.422695731722,1.1928699129609924E-3,{"$f":"SUM($M$9:M106)","v":0.91150087224196563},{"$f":"_xlfn.XLOOKUP($F106,F107:F$717,K107:$K$717,,0)=K106","v":{"$error":"#N/A"}}]
[null,98,"COMPOSIÇÃO SINAPI",98689,"SINAPI","SOLEIRA EM GRANITO, LARGURA 15 CM, ESPESSURA 2,0 CM. AF_09/2020","M",{"$f":"SUMIF(Orçamento!$F$9:$F$1730,F107,Orçamento!$H$9:$H$1730)","v":311.46000000000004},146.1,0.20796173004820551,176.48320876004283,54967.460200402944,1.1589461889022579E-3,{"$f":"SUM($M$9:M107)","v":0.91265981843086785},{"$f":"_xlfn.XLOOKUP($F107,F108:F$717,K108:$K$717,,0)=K107","v":{"$error":"#N/A"}}]
[null,99,"COMPOSIÇÃO SICRO",4011219,"SICRO","BASE DE SOLO ESTABILIZADO GRANULOMETRICAMENTE SEM MISTURA COM MATERIAL DE JAZIDA","M3",{"$f":"SUMIF(Orçamento!$F$9:$F$1730,F108,Orçamento!$H$9:$H$1730)","v":3532},12.85,0.20796173004820551,15.522308231119441,54824.792672313866,1.1559381549244075E-3,{"$f":"SUM($M$9:M108)","v":0.91381575658579228},{"$f":"_xlfn.XLOOKUP($F108,F109:F$717,K109:$K$717,,0)=K108","v":{"$error":"#N/A"}}]
[null,100,"COMPOSIÇÃO ORSE",5425,"ORSE","FORNECIMENTO DE TUBO DE FERRO FUNDIDO, JUNTA ELÁSTICA, PONTA / BOLSA, CLASSE K 7, DIAM. =  600MM","M",{"$f":"SUMIF(Orçamento!$F$9:$F$1730,F109,Orçamento!$H$9:$H$1730)","v":18},2406.5300000000002,0.20796173004820551,2906.9961422129081,52325.930559832348,1.1032515888852608E-3,{"$f":"SUM($M$9:M109)","v":0.91491900817467753},{"$f":"_xlfn.XLOOKUP($F109,F110:F$717,K110:$K$717,,0)=K109","v":{"$error":"#N/A"}}]
[null,101,"COMPOSIÇÃO ORSE",2678,"ORSE","FORNECIMENTO E ASSENTAMENTO DE TUBO DE CONCRETO ARMADO CA2 D=1,00 M","M",{"$f":"SUMIF(Orçamento!$F$9:$F$1730,F110,Orçamento!$H$9:$H$1730)","v":68},620.4,0.20796173004820551,749.41945732190663,50960.523097889651,1.0744630334645104E-3,{"$f":"SUM($M$9:M110)","v":0.91599347120814201},{"$f":"_xlfn.XLOOKUP($F110,F111:F$717,K111:$K$717,,0)=K110","v":{"$error":"#N/A"}}]
[null,102,"COMPOSIÇÃO SICRO",2003625,"SICRO","BOCA DE LOBO SIMPLES - GRELHA DE CONCRETO - BLSG 01 - AREIA EXTRAÍDA E BRITA PRODUZIDA","UN",{"$f":"SUMIF(Orçamento!$F$9:$F$1730,F111,Orçamento!$H$9:$H$1730)","v":46},901.91,0.20796173004820551,1089.4727639477769,50115.747141597734,1.0566515888125051E-3,{"$f":"SUM($M$9:M111)","v":0.91705012279695453},{"$f":"_xlfn.XLOOKUP($F111,F112:F$717,K112:$K$717,,0)=K111","v":{"$error":"#N/A"}}]
[null,103,"COMPOSIÇÃO SINAPI",96530,"SINAPI","FABRICAÇÃO, MONTAGEM E DESMONTAGEM DE FÔRMA PARA VIGA BALDRAME, EM MADEIRA SERRADA, E=25 MM, 1 UTILIZAÇÃO. AF_06/2017","M2",{"$f":"SUMIF(Orçamento!$F$9:$F$1730,F112,Orçamento!$H$9:$H$1730)","v":263.3},156.44,0.20796173004820551,188.97353304874127,49756.731251733581,1.0490820177281499E-3,{"$f":"SUM($M$9:M112)","v":0.91809920481468266},{"$f":"_xlfn.XLOOKUP($F112,F113:F$717,K113:$K$717,,0)=K112","v":{"$error":"#N/A"}}]
[null,151,"COMPOSIÇÃO SINAPI",98557,"SINAPI","IMPERMEABILIZAÇÃO DE SUPERFÍCIE COM EMULSÃO ASFÁLTICA, 2 DEMÃOS AF_06/2018","M2",{"$f":"SUMIF(Orçamento!$F$9:$F$1730,F113,Orçamento!$H$9:$H$1730)","v":689.63},59.07,0.20796173004820551,71.3542993939475,49208.065491048015,1.037513826474463E-3,{"$f":"SUM($M$9:M113)","v":0.91913671864115709},{"$f":"_xlfn.XLOOKUP($F113,F114:F$717,K114:$K$717,,0)=K113","v":{"$error":"#N/A"}}]
[null,104,"COMPOSIÇÃO AGESUL",401002018,"AGESUL","SINAPI - 93368 - REATERRO MECANIZADO DE VALA COM ESCAVADEIRA HIDRAULICA (CAPACIDADE DA CACAMBA: 0,8 M3/POTENCIA: 111 HP),LARGURA ATE 1,5 M, PROFUNDIDADE DE 1,5 A 3,0 M, COM SOLO (SEM SUBSTITUICAO) DE 1A CATEGORIA, COM COMPACTADOR DE SOLOS DE PERCUSSA","M3",{"$f":"SUMIF(Orçamento!$F$9:$F$1730,F114,Orçamento!$H$9:$H$1730)","v":2091.7600000000002},19.21,0.20796173004820551,23.20494483422603,48539.175406440649,1.0234107987645428E-3,{"$f":"SUM($M$9:M114)","v":0.92016012943992165},{"$f":"_xlfn.XLOOKUP($F114,F115:F$717,K115:$K$717,,0)=K114","v":{"$error":"#N/A"}}]
[null,105,"COMPOSIÇÃO SINAPI",95571,"SINAPI","TUBO DE CONCRETO (SIMPLES) PARA REDES COLETORAS DE ÁGUAS PLUVIAIS, DIÂMETRO DE 400 MM, JUNTA RÍGIDA, INSTALADO EM LOCAL COM ALTO NÍVEL DE INTERFERÊNCIAS - FORNECIMENTO E ASSENTAMENTO. AF_12/2015","M",{"$f":"SUMIF(Orçamento!$F$9:$F$1730,F115,Orçamento!$H$9:$H$1730)","v":361},108.49,0.20796173004820551,131.05176809292982,47309.688281547664,9.9748801804110891E-4,{"$f":"SUM($M$9:M115)","v":0.92115761745796276},{"$f":"_xlfn.XLOOKUP($F115,F116:F$717,K116:$K$717,,0)=K115","v":{"$error":"#N/A"}}]
[null,106,"COMPOSIÇÃO SINAPI",96523,"SINAPI","ESCAVAÇÃO MANUAL PARA BLOCO DE COROAMENTO OU SAPATA, COM PREVISÃO DE FÔRMA. AF_06/2017","M3",{"$f":"SUMIF(Orçamento!$F$9:$F$1730,F116,Orçamento!$H$9:$H$1730)","v":480.66},81.31,0.20796173004820551,98.21936827021959,47210.121552763754,9.9538873092751712E-4,{"$f":"SUM($M$9:M116)","v":0.92215300618889029},{"$f":"_xlfn.XLOOKUP($F116,F117:F$717,K117:$K$717,,0)=K116","v":{"$error":"#N/A"}}]
[null,107,"COMPOSIÇÃO SINAPI",102220,"SINAPI","PINTURA TINTA DE ACABAMENTO (PIGMENTADA) ESMALTE SINTÉTICO BRILHANTE EM MADEIRA, 2 DEMÃOS. AF_01/2021","M2",{"$f":"SUMIF(Orçamento!$F$9:$F$1730,F117,Orçamento!$H$9:$H$1730)","v":2800.68},13.84,0.20796173004820551,16.718190343867164,46822.301332261886,9.87211842912477E-4,{"$f":"SUM($M$9:M117)","v":0.9231402180318028},{"$f":"_xlfn.XLOOKUP($F117,F118:F$717,K118:$K$717,,0)=K117","v":{"$error":"#N/A"}}]
[null,108,"COMPOSIÇÃO SINAPI",98459,"SINAPI","TAPUME COM TELHA METÁLICA. AF_05/2018","M2",{"$f":"SUMIF(Orçamento!$F$9:$F$1730,F118,Orçamento!$H$9:$H$1730)","v":425.6},89.95,0.20796173004820551,108.65615761783609,46244.060682151037,9.75020088094789E-4,{"$f":"SUM($M$9:M118)","v":0.9241152381198976},{"$f":"_xlfn.XLOOKUP($F118,F119:F$717,K119:$K$717,,0)=K118","v":{"$error":"#N/A"}}]
[null,109,"COMPOSIÇÃO SICRO",4208130,"SICRO","TUBO PEAD PARA ESTAIS - D = 160 MM - FORNECIMENTO E INSTALAÇÃO","M",{"$f":"SUMIF(Orçamento!$F$9:$F$1730,F119,Orçamento!$H$9:$H$1730)","v":132},288.44,0.20796173004820551,348.42448141510437,45992.031546793776,9.6970624960107438E-4,{"$f":"SUM($M$9:M119)","v":0.92508494436949862},{"$f":"_xlfn.XLOOKUP($F119,F120:F$717,K120:$K$717,,0)=K119","v":{"$error":"#N/A"}}]
[null,110,"COMPOSIÇÃO SINAPI",101144,"SINAPI","ESCAVAÇÃO HORIZONTAL, INCLUINDO CARGA, DESCARGA E TRANSPORTE EM SOLO DE 1A CATEGORIA COM TRATOR DE ESTEIRAS (100HP/LÂMINA: 2,19M3) E CAMINHÃO BASCULANTE DE 14M3, DMT ATÉ 200M. AF_07/2020","M3",{"$f":"SUMIF(Orçamento!$F$9:$F$1730,F120,Orçamento!$H$9:$H$1730)","v":2385},15.71,0.20796173004820551,18.977078779057308,45260.332888051678,9.5427895190745035E-4,{"$f":"SUM($M$9:M120)","v":0.92603922332140609},{"$f":"_xlfn.XLOOKUP($F120,F121:F$717,K121:$K$717,,0)=K120","v":{"$error":"#N/A"}}]
[null,111,"COMPOSIÇÃO ORSE",799,"ORSE","POSTE EM TUBO DE AÇO GALVANIZADO, PESADO, D=2\" (50MM), ALTURA ÚTIL=2,50M, ALTURA TOTAL=3,20M","UN",{"$f":"SUMIF(Orçamento!$F$9:$F$1730,F121,Orçamento!$H$9:$H$1730)","v":80},465.18,0.20796173004820551,561.91963758382428,44953.571006705941,9.4781111599162018E-4,{"$f":"SUM($M$9:M121)","v":0.92698703443739772},{"$f":"_xlfn.XLOOKUP($F121,F122:F$717,K122:$K$717,,0)=K121","v":{"$error":"#N/A"}}]
[null,112,"COMPOSIÇÃO SINAPI",98560,"SINAPI","IMPERMEABILIZAÇÃO DE PISO COM ARGAMASSA DE CIMENTO E AREIA, COM ADITIVO IMPERMEABILIZANTE, E = 2CM. AF_06/2018","M2",{"$f":"SUMIF(Orçamento!$F$9:$F$1730,F122,Orçamento!$H$9:$H$1730)","v":719.99},49.56,0.20796173004820551,59.86658334118907,43103.34133982272,9.0880046108396482E-4,{"$f":"SUM($M$9:M122)","v":0.92789583489848171},{"$f":"_xlfn.XLOOKUP($F122,F123:F$717,K123:$K$717,,0)=K122","v":{"$error":"#N/A"}}]
[null,113,"COMPOSIÇÃO SINAPI",102491,"SINAPI","PINTURA DE PISO COM TINTA ACRÍLICA, APLICAÇÃO MANUAL, 2 DEMÃOS, INCLUSO FUNDO PREPARADOR. AF_05/2021","M2",{"$f":"SUMIF(Orçamento!$F$9:$F$1730,F123,Orçamento!$H$9:$H$1730)","v":1923.21},18.260000000000002,0.20796173004820551,22.057381190680236,42420.976079728134,8.9441331976903606E-4,{"$f":"SUM($M$9:M123)","v":0.92879024821825074},{"$f":"_xlfn.XLOOKUP($F123,F124:F$717,K124:$K$717,,0)=K123","v":{"$error":"#N/A"}}]
[null,114,"COMPOSIÇÃO ORSE",3740,"ORSE","MESA DE CONCRETO COM 02 BANCOS INTEGRADOS","UN",{"$f":"SUMIF(Orçamento!$F$9:$F$1730,F124,Orçamento!$H$9:$H$1730)","v":43},812.76,0.20796173004820551,981.78297571397945,42216.667955701116,8.9010564172024842E-4,{"$f":"SUM($M$9:M124)","v":0.92968035385997094},{"$f":"_xlfn.XLOOKUP($F124,F125:F$717,K125:$K$717,,0)=K124","v":{"$error":"#N/A"}}]
[null,115,"COMPOSIÇÃO SINAPI",102107,"SINAPI","TRANSFORMADOR DE DISTRIBUIÇÃO, 225 KVA, TRIFÁSICO, 60 HZ, CLASSE 15 KV, IMERSO EM ÓLEO MINERAL, INSTALAÇÃO EM POSTE (NÃO INCLUSO SUPORTE) - FORNECIMENTO E INSTALAÇÃO. AF_12/2020","UN",{"$f":"SUMIF(Orçamento!$F$9:$F$1730,F125,Orçamento!$H$9:$H$1730)","v":1},34735.01,0.20796173004820551,41958.562772841724,41958.562772841724,8.8466369448600782E-4,{"$f":"SUM($M$9:M125)","v":0.93056501755445697},{"$f":"_xlfn.XLOOKUP($F125,F126:F$717,K126:$K$717,,0)=K125","v":{"$error":"#N/A"}}]
[null,116,"COMPOSIÇÃO SINAPI",92986,"SINAPI","CABO DE COBRE FLEXÍVEL ISOLADO, 35 MM², ANTI-CHAMA 0,6/1,0 KV, PARA REDE ENTERRADA DE DISTRIBUIÇÃO DE ENERGIA ELÉTRICA - FORNECIMENTO E INSTALAÇÃO. AF_12/2021","M",{"$f":"SUMIF(Orçamento!$F$9:$F$1730,F126,Orçamento!$H$9:$H$1730)","v":849.7},40.409999999999997,0.20796173004820551,48.813733511247982,41477.029364507413,8.7451093672016747E-4,{"$f":"SUM($M$9:M126)","v":0.93143952849117717},{"$f":"_xlfn.XLOOKUP($F126,F127:F$717,K127:$K$717,,0)=K126","v":{"$error":"#N/A"}}]
[null,117,"COMPOSIÇÃO PRÓPRIA",10000,"","PLAYGROUND E ACADEMIA ","UN",{"$f":"SUMIF(Orçamento!$F$9:$F$1730,F127,Orçamento!$H$9:$H$1730)","v":1},36106.666666666672,0.14692012195121973,41411.462536585379,41411.462536585379,8.7312851109850676E-4,{"$f":"SUM($M$9:M127)","v":0.93231265700227572},{"$f":"_xlfn.XLOOKUP($F127,F128:F$717,K128:$K$717,,0)=K127","v":{"$error":"#N/A"}}]
[null,173,"COMPOSIÇÃO SINAPI",100574,"SINAPI","ESPALHAMENTO DE MATERIAL COM TRATOR DE ESTEIRAS. AF_11/2019","M3",{"$f":"SUMIF(Orçamento!$F$9:$F$1730,F128,Orçamento!$H$9:$H$1730)","v":23195.329999999998},1.47,0.20796173004820551,1.775703743170862,41188.034305083384,8.6841770043983072E-4,{"$f":"SUM($M$9:M128)","v":0.93318107470271561},{"$f":"_xlfn.XLOOKUP($F128,F129:F$717,K129:$K$717,,0)=K128","v":{"$error":"#N/A"}}]
[null,118,"COMPOSIÇÃO SINAPI",99837,"SINAPI","GUARDA-CORPO DE AÇO GALVANIZADO DE 1,10M, MONTANTES TUBULARES DE 1.1/4\" ESPAÇADOS DE 1,20M, TRAVESSA SUPERIOR DE 1.1/2\", GRADIL FORMADO POR TUBOS HORIZONTAIS DE 1\" E VERTICAIS DE 3/4\", FIXADO COM CHUMBADOR MECÂNICO. AF_04/2019_P","M",{"$f":"SUMIF(Orçamento!$F$9:$F$1730,F129,Orçamento!$H$9:$H$1730)","v":60},556.86,0.20796173004820551,672.66556899464376,40359.934139678626,8.5095785188168071E-4,{"$f":"SUM($M$9:M129)","v":0.93403203255459732},{"$f":"_xlfn.XLOOKUP($F129,F130:F$717,K130:$K$717,,0)=K129","v":{"$error":"#N/A"}}]
[null,119,"COMPOSIÇÃO SINAPI",93203,"SINAPI","FIXAÇÃO (ENCUNHAMENTO) DE ALVENARIA DE VEDAÇÃO COM ESPUMA DE POLIURETANO EXPANSIVA. AF_03/2016","M",{"$f":"SUMIF(Orçamento!$F$9:$F$1730,F130,Orçamento!$H$9:$H$1730)","v":2153.69},15.06,0.20796173004820551,18.191903654525976,39179.720981716055,8.2607397446536536E-4,{"$f":"SUM($M$9:M130)","v":0.93485810652906265},{"$f":"_xlfn.XLOOKUP($F130,F131:F$717,K131:$K$717,,0)=K130","v":{"$error":"#N/A"}}]
[null,120,"INSUMO SINAPI",1802,"SINAPI","CURVA 90 GRAUS DE FERRO GALVANIZADO, COM ROSCA BSP MACHO, DE 6\"","UN",{"$f":"SUMIF(Orçamento!$F$9:$F$1730,F131,Orçamento!$H$9:$H$1730)","v":17},1983.88,0.14692012195121973,2275.3518915365858,38680.982156121958,8.1555845384511977E-4,{"$f":"SUM($M$9:M131)","v":0.93567366498290772},{"$f":"_xlfn.XLOOKUP($F131,F132:F$717,K132:$K$717,,0)=K131","v":{"$error":"#N/A"}}]
[null,125,"COMPOSIÇÃO SINAPI",87878,"SINAPI","CHAPISCO APLICADO EM ALVENARIAS E ESTRUTURAS DE CONCRETO INTERNAS, COM COLHER DE PEDREIRO.  ARGAMASSA TRAÇO 1:3 COM PREPARO MANUAL. AF_10/2022","M2",{"$f":"SUMIF(Orçamento!$F$9:$F$1730,F132,Orçamento!$H$9:$H$1730)","v":6289.35},5.09,0.20796173004820551,6.1485252059453659,38670.227004012486,8.1533168981958728E-4,{"$f":"SUM($M$9:M132)","v":0.93648899667272734},{"$f":"_xlfn.XLOOKUP($F132,F133:F$717,K133:$K$717,,0)=K132","v":{"$error":"#N/A"}}]
[null,121,"COMPOSIÇÃO SINAPI",93584,"SINAPI","EXECUÇÃO DE DEPÓSITO EM CANTEIRO DE OBRA EM CHAPA DE MADEIRA COMPENSADA, NÃO INCLUSO MOBILIÁRIO. AF_04/2016","M2",{"$f":"SUMIF(Orçamento!$F$9:$F$1730,F133,Orçamento!$H$9:$H$1730)","v":41.400000000000006},762.2,0.20796173004820551,920.70843064274231,38117.329028609536,8.0367426560699244E-4,{"$f":"SUM($M$9:M133)","v":0.93729267093833435},{"$f":"_xlfn.XLOOKUP($F133,F134:F$717,K134:$K$717,,0)=K133","v":{"$error":"#N/A"}}]
[null,122,"COMPOSIÇÃO ORSE",8386,"ORSE","LUMINÁRIA C/02 PÉTALAS, C/ ALOJAM. P/ EQUIP., EM CH. DE ALUM., PINTADO C/ EPOXI PRETO, REFLETOR EM CH. ALUMÍNIO DE ALTO BRILHO, DIFUSOR EM VIDRO TEMP., INCL. SUPORTE P/FIXAÇÃO EM POSTE RETO C/02 BRAÇOS, REF. CW-580D/5-AL, TECNOLUX OU SIMILAR,COMPLETA","UN",{"$f":"SUMIF(Orçamento!$F$9:$F$1730,F134,Orçamento!$H$9:$H$1730)","v":16},1944.6,0.20796173004820551,2349.0023802517403,37584.038084027845,7.9243024040470548E-4,{"$f":"SUM($M$9:M134)","v":0.938085101178739},{"$f":"_xlfn.XLOOKUP($F134,F135:F$717,K135:$K$717,,0)=K134","v":{"$error":"#N/A"}}]
[null,123,"COMPOSIÇÃO SINAPI",88488,"SINAPI","APLICAÇÃO MANUAL DE PINTURA COM TINTA LÁTEX ACRÍLICA EM TETO, DUAS DEMÃOS. AF_06/2014","M2",{"$f":"SUMIF(Orçamento!$F$9:$F$1730,F135,Orçamento!$H$9:$H$1730)","v":2264.7772121786898},13.73,0.20796173004820551,16.585314553561862,37562.042457722484,7.9196647971454116E-4,{"$f":"SUM($M$9:M135)","v":0.93887706765845358},{"$f":"_xlfn.XLOOKUP($F135,F136:F$717,K136:$K$717,,0)=K135","v":{"$error":"#N/A"}}]
[null,124,"COMPOSIÇÃO SINAPI",102509,"SINAPI","PINTURA DE FAIXA DE PEDESTRE OU ZEBRADA TINTA RETRORREFLETIVA A BASE DE RESINA ACRÍLICA COM MICROESFERAS DE VIDRO, E = 30 CM, APLICAÇÃO MANUAL. AF_05/2021","M2",{"$f":"SUMIF(Orçamento!$F$9:$F$1730,F136,Orçamento!$H$9:$H$1730)","v":1187},25.47,0.20796173004820551,30.766785264327794,36520.174108757092,7.6999949510275301E-4,{"$f":"SUM($M$9:M136)","v":0.93964706715355628},{"$f":"_xlfn.XLOOKUP($F136,F137:F$717,K137:$K$717,,0)=K136","v":{"$error":"#N/A"}}]
[null,126,"COMPOSIÇÃO SINAPI",91856,"SINAPI","ELETRODUTO FLEXÍVEL CORRUGADO, PVC, DN 32 MM (1\"), PARA CIRCUITOS TERMINAIS, INSTALADO EM PAREDE - FORNECIMENTO E INSTALAÇÃO. AF_12/2015","M",{"$f":"SUMIF(Orçamento!$F$9:$F$1730,F137,Orçamento!$H$9:$H$1730)","v":2400},12.35,0.20796173004820551,{"$f":"I137*(1+J137)","v":14.918327366095337},{"$f":"K137*H137","v":35803.985678628807},{"$f":"L137/$L$717","v":7.5489921852808642E-4},{"$f":"SUM($M$9:M137)","v":0.9404019663720844},{"$f":"_xlfn.XLOOKUP($F137,F138:F$717,K138:$K$717,,0)=K137","v":{"$error":"#N/A"}}]
[null,127,"INSUMO ORSE",4749,"ORSE","JUNTA DE DESMONTAGEM TRAVADA AXIALAMENTE JTDA PN 10, D = 500","UN",{"$f":"SUMIF(Orçamento!$F$9:$F$1730,F138,Orçamento!$H$9:$H$1730)","v":5},6208.93,0.14692012195121973,7121.1467527865871,35605.733763932934,7.5071923094740362E-4,{"$f":"SUM($M$9:M138)","v":0.94115268560303178},{"$f":"_xlfn.XLOOKUP($F138,F139:F$717,K139:$K$717,,0)=K138","v":{"$error":"#N/A"}}]
[null,128,"COMPOSIÇÃO SINAPI",92984,"SINAPI","CABO DE COBRE FLEXÍVEL ISOLADO, 25 MM², ANTI-CHAMA 0,6/1,0 KV, PARA REDE ENTERRADA DE DISTRIBUIÇÃO DE ENERGIA ELÉTRICA - FORNECIMENTO E INSTALAÇÃO. AF_12/2021","M",{"$f":"SUMIF(Orçamento!$F$9:$F$1730,F139,Orçamento!$H$9:$H$1730)","v":948},29.16,0.20796173004820551,35.224164048205672,33392.507517698978,7.0405507521054296E-4,{"$f":"SUM($M$9:M139)","v":0.94185674067824232},{"$f":"_xlfn.XLOOKUP($F139,F140:F$717,K140:$K$717,,0)=K139","v":{"$error":"#N/A"}}]
[null,129,"COMPOSIÇÃO SINAPI",88485,"SINAPI","APLICAÇÃO DE FUNDO SELADOR ACRÍLICO EM PAREDES, UMA DEMÃO. AF_06/2014","M2",{"$f":"SUMIF(Orçamento!$F$9:$F$1730,F140,Orçamento!$H$9:$H$1730)","v":9170.9256000000005},3,0.20796173004820551,3.6238851901446165,33234.38146175813,7.0072111018413185E-4,{"$f":"SUM($M$9:M140)","v":0.94255746178842648},{"$f":"_xlfn.XLOOKUP($F140,F141:F$717,K141:$K$717,,0)=K140","v":{"$error":"#N/A"}}]
[null,130,"COMPOSIÇÃO PRÓPRIA","1.1","","MOBILIZAÇÃO ","UN",{"$f":"SUMIF(Orçamento!$F$9:$F$1730,F141,Orçamento!$H$9:$H$1730)","v":13},2082.125,0.20796173004820551,2515.1273171766197,32696.655123296056,6.893835681481544E-4,{"$f":"SUM($M$9:M141)","v":0.94324684535657466},{"$f":"_xlfn.XLOOKUP($F141,F142:F$717,K142:$K$717,,0)=K141","v":{"$error":"#N/A"}}]
[null,131,"COMPOSIÇÃO PRÓPRIA","1.1","","DESMOBILIZAÇÃO","UN",{"$f":"SUMIF(Orçamento!$F$9:$F$1730,F142,Orçamento!$H$9:$H$1730)","v":13},2082.125,0.20796173004820551,2515.1273171766197,32696.655123296056,6.893835681481544E-4,{"$f":"SUM($M$9:M142)","v":0.94393622892472284},{"$f":"_xlfn.XLOOKUP($F142,F143:F$717,K143:$K$717,,0)=K142","v":{"$error":"#N/A"}}]
[null,132,"COMPOSIÇÃO ORSE",12474,"ORSE","MÓDULO PARA 36 MEDIDORES EM CHAPA GALVANIZADA 12,5MM, COM BARRAMENTO PARA 200A, PINTADO ELETROSTATICAMENTE NA COR BEGE","UN",{"$f":"SUMIF(Orçamento!$F$9:$F$1730,F143,Orçamento!$H$9:$H$1730)","v":4},6752.56,0.20796173004820551,8156.8340598543109,32627.336239417244,6.879220333419724E-4,{"$f":"SUM($M$9:M143)","v":0.94462415095806485},{"$f":"_xlfn.XLOOKUP($F143,F144:F$717,K144:$K$717,,0)=K143","v":{"$error":"#N/A"}}]
[null,133,"COMPOSIÇÃO SINAPI",92768,"SINAPI","ARMAÇÃO DE LAJE DE ESTRUTURA CONVENCIONAL DE CONCRETO ARMADO UTILIZANDO AÇO CA-60 DE 5,0 MM - MONTAGEM. AF_06/2022","KG",{"$f":"SUMIF(Orçamento!$F$9:$F$1730,F144,Orçamento!$H$9:$H$1730)","v":1811.3},14.81,0.20796173004820551,17.889913222013924,32403.999819033819,6.8321315844939478E-4,{"$f":"SUM($M$9:M144)","v":0.94530736411651428},{"$f":"_xlfn.XLOOKUP($F144,F145:F$717,K145:$K$717,,0)=K144","v":{"$error":"#N/A"}}]
[null,134,"COMPOSIÇÃO SICRO",2003677,"SICRO","POÇO DE VISITA - PVI 01 - AREIA EXTRAÍDA E BRITA PRODUZIDA","UN",{"$f":"SUMIF(Orçamento!$F$9:$F$1730,F145,Orçamento!$H$9:$H$1730)","v":13},2060.86,0.20796173004820551,2489.4400109871449,32362.720142832884,6.8234280855078617E-4,{"$f":"SUM($M$9:M145)","v":0.94598970692506512},{"$f":"_xlfn.XLOOKUP($F145,F146:F$717,K146:$K$717,,0)=K145","v":{"$error":"#N/A"}}]
[null,135,"COMPOSIÇÃO SICRO",4011227,"SICRO","SUB-BASE DE SOLO ESTABILIZADO GRANULOMETRICAMENTE SEM MISTURA COM MATERIAL DE JAZIDA","M3",{"$f":"SUMIF(Orçamento!$F$9:$F$1730,F146,Orçamento!$H$9:$H$1730)","v":2185},12.05,0.20796173004820551,14.555938847080878,31804.726380871718,6.7057794363801018E-4,{"$f":"SUM($M$9:M146)","v":0.94666028486870313},{"$f":"_xlfn.XLOOKUP($F146,F147:F$717,K147:$K$717,,0)=K146","v":{"$error":"#N/A"}}]
[null,136,"COMPOSIÇÃO SINAPI",90087,"SINAPI","ESCAVAÇÃO MECANIZADA DE VALA COM PROF. DE 3,0 M ATÉ 4,5 M(MÉDIA MONTANTE E JUSANTE/UMA COMPOSIÇÃO POR TRECHO), ESCAVADEIRA (1,2 M3), LARG. DE 1,5 M A 2,5 M, EM SOLO DE 1A CATEGORIA, EM LOCAIS COM ALTO NÍVEL DE INTERFERÊNCIA. AF_02/2021","M3",{"$f":"SUMIF(Orçamento!$F$9:$F$1730,F147,Orçamento!$H$9:$H$1730)","v":2830.76},9.1,0.20796173004820551,10.99245174343867,31116.99269725645,6.5607761328438435E-4,{"$f":"SUM($M$9:M147)","v":0.94731636248198747},{"$f":"_xlfn.XLOOKUP($F147,F148:F$717,K148:$K$717,,0)=K147","v":{"$error":"#N/A"}}]
[null,137,"COMPOSIÇÃO SINAPI",93367,"SINAPI","REATERRO MECANIZADO DE VALA COM ESCAVADEIRA HIDRÁULICA (CAPACIDADE DA CAÇAMBA: 0,8 M³ / POTÊNCIA: 111 HP), LARGURA DE 1,5 A 2,5 M, PROFUNDIDADE ATÉ 1,5 M, COM SOLO DE 1ª CATEGORIA EM LOCAIS COM BAIXO NÍVEL DE INTERFERÊNCIA. AF_04/2016","M3",{"$f":"SUMIF(Orçamento!$F$9:$F$1730,F148,Orçamento!$H$9:$H$1730)","v":1110.3399999999999},22.82,0.20796173004820551,27.56568667970005,30607.28454793815,6.4533081299651988E-4,{"$f":"SUM($M$9:M148)","v":0.94796169329498403},{"$f":"_xlfn.XLOOKUP($F148,F149:F$717,K149:$K$717,,0)=K148","v":{"$error":"#N/A"}}]
[null,138,"COMPOSIÇÃO SINAPI",93212,"SINAPI","EXECUÇÃO DE SANITÁRIO E VESTIÁRIO EM CANTEIRO EM CHAPA DE MADEIRA COMPENSADA, NÃO INCLUSO MOBILIÁRIO. AF_02/2016","M2",{"$f":"SUMIF(Orçamento!$F$9:$F$1730,F149,Orçamento!$H$9:$H$1730)","v":27.6},910.26,0.20796173004820551,1099.5592443936796,30347.835145265559,6.3986052393196966E-4,{"$f":"SUM($M$9:M149)","v":0.94860155381891598},{"$f":"_xlfn.XLOOKUP($F149,F150:F$717,K150:$K$717,,0)=K149","v":{"$error":"#N/A"}}]
[null,139,"COMPOSIÇÃO SICRO",5213472,"SICRO","PLACA DE MARCO QUILOMÉTRICO EM AÇO - 0,60 X 0,865 M - PELÍCULA RETRORREFLETIVA TIPO I + I - FORNECIMENTO E IMPLANTAÇÃO","UN",{"$f":"SUMIF(Orçamento!$F$9:$F$1730,F150,Orçamento!$H$9:$H$1730)","v":83},300.87,0.20796173004820551,363.43944571960361,30165.473994727101,6.3601558076650702E-4,{"$f":"SUM($M$9:M150)","v":0.94923756939968251},{"$f":"_xlfn.XLOOKUP($F150,F151:F$717,K151:$K$717,,0)=K150","v":{"$error":"#N/A"}}]
[null,140,"COMPOSIÇÃO SINAPI",96534,"SINAPI","FABRICAÇÃO, MONTAGEM E DESMONTAGEM DE FÔRMA PARA BLOCO DE COROAMENTO, EM MADEIRA SERRADA, E=25 MM, 4 UTILIZAÇÕES. AF_06/2017","M2",{"$f":"SUMIF(Orçamento!$F$9:$F$1730,F151,Orçamento!$H$9:$H$1730)","v":325.10000000000002},76.47,0.20796173004820551,92.372833496786271,30030.408169805218,6.3316782279345426E-4,{"$f":"SUM($M$9:M151)","v":0.94987073722247595},{"$f":"_xlfn.XLOOKUP($F151,F152:F$717,K152:$K$717,,0)=K151","v":{"$error":"#N/A"}}]
[null,141,"COMPOSIÇÃO SINAPI",103946,"SINAPI","PLANTIO DE GRAMA ESMERALDA OU SÃO CARLOS OU CURITIBANA, EM PLACAS. AF_05/2022","M2",{"$f":"SUMIF(Orçamento!$F$9:$F$1730,F152,Orçamento!$H$9:$H$1730)","v":1196.75},20.62,0.20796173004820551,24.908170873593999,29808.85349297362,6.2849651457926156E-4,{"$f":"SUM($M$9:M152)","v":0.95049923373705525},{"$f":"_xlfn.XLOOKUP($F152,F153:F$717,K153:$K$717,,0)=K152","v":{"$error":"#N/A"}}]
[null,142,"COMPOSIÇÃO SINAPI",91990,"SINAPI","TOMADA ALTA DE EMBUTIR (1 MÓDULO), 2P+T 10 A, SEM SUPORTE E SEM PLACA - FORNECIMENTO E INSTALAÇÃO. AF_12/2015","UN",{"$f":"SUMIF(Orçamento!$F$9:$F$1730,F153,Orçamento!$H$9:$H$1730)","v":717},32.9,0.20796173004820551,39.741940918585961,28494.971638626135,6.0079433655953413E-4,{"$f":"SUM($M$9:M153)","v":0.95110002807361482},{"$f":"_xlfn.XLOOKUP($F153,F154:F$717,K154:$K$717,,0)=K153","v":{"$error":"#N/A"}}]
[null,143,"COMPOSIÇÃO SINAPI",94266,"SINAPI","GUIA (MEIO-FIO) CONCRETO, MOLDADA  IN LOCO  EM TRECHO CURVO COM EXTRUSORA, 15 CM BASE X 30 CM ALTURA. AF_06/2016","M",{"$f":"SUMIF(Orçamento!$F$9:$F$1730,F154,Orçamento!$H$9:$H$1730)","v":348.57000000000005},66.819999999999993,0.20796173004820551,80.716002801821077,28135.177096630778,5.9320834820000108E-4,{"$f":"SUM($M$9:M154)","v":0.9516932364218148},{"$f":"_xlfn.XLOOKUP($F154,F155:F$717,K155:$K$717,,0)=K154","v":{"$error":"#N/A"}}]
[null,144,"COMPOSIÇÃO SINAPI",103310,"SINAPI","INSTALAÇÃO DE LIXEIRA METÁLICA DUPLA, CAPACIDADE DE 60 L, EM TUBO DE AÇO CARBONO E CESTOS EM CHAPA DE AÇO COM PINTURA ELETROSTÁTICA, SOBRE SOLO. AF_11/2021","UN",{"$f":"SUMIF(Orçamento!$F$9:$F$1730,F155,Orçamento!$H$9:$H$1730)","v":18},1292.26,0.20796173004820551,1561.0006252720941,28098.011254897694,5.9242473530471971E-4,{"$f":"SUM($M$9:M155)","v":0.95228566115711955},{"$f":"_xlfn.XLOOKUP($F155,F156:F$717,K156:$K$717,,0)=K155","v":{"$error":"#N/A"}}]
[null,145,"COMPOSIÇÃO SINAPI",101658,"SINAPI","LUMINÁRIA DE LED PARA ILUMINAÇÃO PÚBLICA, DE 138 W ATÉ 180 W - FORNECIMENTO E INSTALAÇÃO. AF_08/2020","UN",{"$f":"SUMIF(Orçamento!$F$9:$F$1730,F156,Orçamento!$H$9:$H$1730)","v":34},679.88,0.20796173004820551,821.26902102517397,27923.146714855917,5.8873785234675327E-4,{"$f":"SUM($M$9:M156)","v":0.95287439900946624},{"$f":"_xlfn.XLOOKUP($F156,F157:F$717,K157:$K$717,,0)=K156","v":{"$error":"#N/A"}}]
[null,146,"COMPOSIÇÃO ORSE",7138,"ORSE","FORNECIMENTO E LANÇAMENTO DE CABO UTP 4 PARES CAT 6","M",{"$f":"SUMIF(Orçamento!$F$9:$F$1730,F157,Orçamento!$H$9:$H$1730)","v":1885},12.26,0.20796173004820551,14.809610810391,27916.116377587034,5.8858962314797337E-4,{"$f":"SUM($M$9:M157)","v":0.95346298863261425},{"$f":"_xlfn.XLOOKUP($F157,F158:F$717,K158:$K$717,,0)=K157","v":{"$error":"#N/A"}}]
[null,147,"COMPOSIÇÃO SINAPI",87269,"SINAPI","REVESTIMENTO CERÂMICO PARA PAREDES INTERNAS COM PLACAS TIPO ESMALTADA EXTRA DE DIMENSÕES 25X35 CM APLICADAS NA ALTURA INTEIRA DAS PAREDES. AF_02/2023_PE","M2",{"$f":"SUMIF(Orçamento!$F$9:$F$1730,F158,Orçamento!$H$9:$H$1730)","v":300},76.66,0.20796173004820551,92.602346225495424,27780.703867648626,5.8573455559071967E-4,{"$f":"SUM($M$9:M158)","v":0.95404872318820499},{"$f":"_xlfn.XLOOKUP($F158,F159:F$717,K159:$K$717,,0)=K158","v":{"$error":"#N/A"}}]
[null,148,"COMPOSIÇÃO SINAPI",96545,"SINAPI","ARMAÇÃO DE BLOCO, VIGA BALDRAME OU SAPATA UTILIZANDO AÇO CA-50 DE 8 MM - MONTAGEM. AF_06/2017","KG",{"$f":"SUMIF(Orçamento!$F$9:$F$1730,F159,Orçamento!$H$9:$H$1730)","v":1313.35},17.440000000000001,0.20796173004820551,21.066852572040705,27668.150825489658,5.8336146214991091E-4,{"$f":"SUM($M$9:M159)","v":0.95463208465035487},{"$f":"_xlfn.XLOOKUP($F159,F160:F$717,K160:$K$717,,0)=K159","v":{"$error":"#N/A"}}]
[null,149,"COMPOSIÇÃO SINAPI",93210,"SINAPI","EXECUÇÃO DE REFEITÓRIO EM CANTEIRO DE OBRA EM CHAPA DE MADEIRA COMPENSADA, NÃO INCLUSO MOBILIÁRIO E EQUIPAMENTOS. AF_02/2016","M2",{"$f":"SUMIF(Orçamento!$F$9:$F$1730,F160,Orçamento!$H$9:$H$1730)","v":41.400000000000006},550.5,0.20796173004820551,664.98293239153713,27530.29340100964,5.8045484546923281E-4,{"$f":"SUM($M$9:M160)","v":0.95521253949582408},{"$f":"_xlfn.XLOOKUP($F160,F161:F$717,K161:$K$717,,0)=K160","v":{"$error":"#N/A"}}]
[null,150,"INSUMO SINAPI",11062,"SINAPI","PLACA CIMENTICIA LISA E = 10 MM, DE 1,20 X 3,00 M (SEM AMIANTO)","M2",{"$f":"SUMIF(Orçamento!$F$9:$F$1730,F161,Orçamento!$H$9:$H$1730)","v":492.66},48.47,0.14692012195121973,55.59121831097562,27387.569613085252,5.7744562529646868E-4,{"$f":"SUM($M$9:M161)","v":0.95578998512112057},{"$f":"_xlfn.XLOOKUP($F161,F162:F$717,K162:$K$717,,0)=K161","v":{"$error":"#N/A"}}]
[null,152,"COMPOSIÇÃO ORSE",12312,"ORSE","LUMINÁRIA DE EMERGÊNCIA, TIPO BALIZAMENTO, COM AUTONOMIA DE 3H, MODELO LED - 3000 LUMENS, SEGURIMAX OU SIMILARR","UN",{"$f":"SUMIF(Orçamento!$F$9:$F$1730,F162,Orçamento!$H$9:$H$1730)","v":80},279.51,0.20796173004820551,337.63738316577388,27010.99065326191,5.6950575052843572E-4,{"$f":"SUM($M$9:M162)","v":0.95635949087164895},{"$f":"_xlfn.XLOOKUP($F162,F163:F$717,K163:$K$717,,0)=K162","v":{"$error":"#N/A"}}]
[null,153,"COMPOSIÇÃO ORSE",2450,"ORSE","LIMPEZA GERAL","M2",{"$f":"SUMIF(Orçamento!$F$9:$F$1730,F163,Orçamento!$H$9:$H$1730)","v":9240.17},2.39,0.20796173004820551,2.8870285348152112,26676.63445654347,5.6245610991360797E-4,{"$f":"SUM($M$9:M163)","v":0.95692194698156252},{"$f":"_xlfn.XLOOKUP($F163,F164:F$717,K164:$K$717,,0)=K163","v":{"$error":"#N/A"}}]
[null,154,"INSUMO SINAPI",1014,"SINAPI","CABO DE COBRE, FLEXIVEL, CLASSE 4 OU 5, ISOLACAO EM PVC/A, ANTICHAMA BWF-B, 1 CONDUTOR, 450/750 V, SECAO NOMINAL 2,5 MM2","M",{"$f":"SUMIF(Orçamento!$F$9:$F$1730,F164,Orçamento!$H$9:$H$1730)","v":9616.4},2.41,0.14692012195121973,2.7640774939024397,26580.47481236342,5.6042865853160194E-4,{"$f":"SUM($M$9:M164)","v":0.95748237564009409},{"$f":"_xlfn.XLOOKUP($F164,F165:F$717,K165:$K$717,,0)=K164","v":{"$error":"#N/A"}}]
[null,155,"COMPOSIÇÃO ORSE",9074,"ORSE","BRISE EM PERFIL \"C\" DE ALUMÍNIO DOBRADO ANODIZADO BRANCO","M2",{"$f":"SUMIF(Orçamento!$F$9:$F$1730,F165,Orçamento!$H$9:$H$1730)","v":32.96},659.94,0.20796173004820551,797.18226412801278,26275.127425659302,5.5399064613623553E-4,{"$f":"SUM($M$9:M165)","v":0.95803636628623035},{"$f":"_xlfn.XLOOKUP($F165,F166:F$717,K166:$K$717,,0)=K165","v":{"$error":"#N/A"}}]
[null,156,"COMPOSIÇÃO SINAPI",86931,"SINAPI","VASO SANITÁRIO SIFONADO COM CAIXA ACOPLADA LOUÇA BRANCA, INCLUSO ENGATE FLEXÍVEL EM PLÁSTICO BRANCO, 1/2  X 40CM - FORNECIMENTO E INSTALAÇÃO. AF_01/2020","UN",{"$f":"SUMIF(Orçamento!$F$9:$F$1730,F166,Orçamento!$H$9:$H$1730)","v":46},469.07,0.20796173004820551,566.61860871371175,26064.456000830742,5.4954880283429825E-4,{"$f":"SUM($M$9:M166)","v":0.95858591508906466},{"$f":"_xlfn.XLOOKUP($F166,F167:F$717,K167:$K$717,,0)=K166","v":{"$error":"#N/A"}}]
[null,157,"COMPOSIÇÃO SINAPI",94227,"SINAPI","CALHA EM CHAPA DE AÇO GALVANIZADO NÚMERO 24, DESENVOLVIMENTO DE 33 CM, INCLUSO TRANSPORTE VERTICAL. AF_07/2019","M",{"$f":"SUMIF(Orçamento!$F$9:$F$1730,F167,Orçamento!$H$9:$H$1730)","v":330.42},62.47,0.20796173004820551,75.461369276111398,24933.945636212728,5.2571287019684764E-4,{"$f":"SUM($M$9:M167)","v":0.95911162795926153},{"$f":"_xlfn.XLOOKUP($F167,F168:F$717,K168:$K$717,,0)=K167","v":{"$error":"#N/A"}}]
[null,158,"COMPOSIÇÃO SINAPI",91926,"SINAPI","CABO DE COBRE FLEXÍVEL ISOLADO, 2,5 MM², ANTI-CHAMA 450/750 V, PARA CIRCUITOS TERMINAIS - FORNECIMENTO E INSTALAÇÃO. AF_12/2015","M",{"$f":"SUMIF(Orçamento!$F$9:$F$1730,F168,Orçamento!$H$9:$H$1730)","v":4590.8},4.45,0.20796173004820551,5.3754296987145151,24677.522660858598,5.2030639100078926E-4,{"$f":"SUM($M$9:M168)","v":0.95963193435026228},{"$f":"_xlfn.XLOOKUP($F168,F169:F$717,K169:$K$717,,0)=K168","v":{"$error":"#N/A"}}]
[null,159,"COMPOSIÇÃO SINAPI",103307,"SINAPI","INSTALAÇÃO DE LIXEIRA METÁLICA DUPLA, CAPACIDADE DE 60 L, EM TUBO DE AÇO CARBONO E CESTOS EM CHAPA DE AÇO COM PINTURA ELETROSTÁTICA, SOBRE PISO DE CONCRETO EXISTENTE. AF_11/2021","UN",{"$f":"SUMIF(Orçamento!$F$9:$F$1730,F169,Orçamento!$H$9:$H$1730)","v":15},1336.56,0.20796173004820551,1614.5133299132294,24217.699948698442,5.1061138639468589E-4,{"$f":"SUM($M$9:M169)","v":0.96014254573665692},{"$f":"_xlfn.XLOOKUP($F169,F170:F$717,K170:$K$717,,0)=K169","v":{"$error":"#N/A"}}]
[null,160,"COMPOSIÇÃO SICRO",1600989,"SICRO","DEMOLIÇÃO DE CONCRETO SIMPLES COM MARTELETE","M3",{"$f":"SUMIF(Orçamento!$F$9:$F$1730,F170,Orçamento!$H$9:$H$1730)","v":49},407.54,0.20796173004820551,492.29272346384568,24122.34344972844,5.0860086870539419E-4,{"$f":"SUM($M$9:M170)","v":0.96065114660536233},{"$f":"_xlfn.XLOOKUP($F170,F171:F$717,K171:$K$717,,0)=K170","v":{"$error":"#N/A"}}]
[null,161,"COMPOSIÇÃO SINAPI",100708,"SINAPI","PORTA DE CORRER DE ALUMÍNIO, COM DUAS FOLHAS PARA VIDRO, INCLUSO VIDRO LISO INCOLOR, FECHADURA E PUXADOR, SEM ALIZAR. AF_12/2019","M2",{"$f":"SUMIF(Orçamento!$F$9:$F$1730,F171,Orçamento!$H$9:$H$1730)","v":108.51},180.96,0.20796173004820551,218.59275466952329,23719.499809189972,5.0010722355199946E-4,{"$f":"SUM($M$9:M171)","v":0.96115125382891431},{"$f":"_xlfn.XLOOKUP($F171,F172:F$717,K172:$K$717,,0)=K171","v":{"$error":"#N/A"}}]
[null,162,"COMPOSIÇÃO SINAPI",98671,"SINAPI","PISO EM GRANITO APLICADO EM AMBIENTES INTERNOS. AF_09/2020","M2",{"$f":"SUMIF(Orçamento!$F$9:$F$1730,F172,Orçamento!$H$9:$H$1730)","v":33.74},580.28,0.20796173004820551,700.95603271237269,23650.256543715455,4.9864728310111705E-4,{"$f":"SUM($M$9:M172)","v":0.96164990111201543},{"$f":"_xlfn.XLOOKUP($F172,F173:F$717,K173:$K$717,,0)=K172","v":{"$error":"#N/A"}}]
[null,163,"COMPOSIÇÃO SICRO",5502768,"SICRO","ESCAVAÇÃO, CARGA E TRANSPORTE DE MATERIAL DE 3A CATEGORIA - DMT DE 50 A 200 M - CAMINHO DE SERVIÇO EM REVESTIMENTO PRIMÁRIO - COM CAMINHÃO BASCULANTE DE 12 M3","M3",{"$f":"SUMIF(Orçamento!$F$9:$F$1730,F173,Orçamento!$H$9:$H$1730)","v":456},42.9,0.20796173004820551,51.821558219068017,23630.630547895016,4.9823348422853709E-4,{"$f":"SUM($M$9:M173)","v":0.96214813459624393},{"$f":"_xlfn.XLOOKUP($F173,F174:F$717,K174:$K$717,,0)=K173","v":{"$error":"#N/A"}}]
[null,164,"COMPOSIÇÃO ORSE",12369,"ORSE","LUMINÁRIA DE SOBREPOR, (TECNOLUX REF.FLP-6478/4X20) TUBLED CORPO/ REFLETOR E ALETAS FABRICADAS EM CHAPA DE AÇO TRATADA E PINTADA EM EPOXI BRANCO, PARA USO DE 4 LAMPADAS TUBLED DE 20W - REV 02","UN",{"$f":"SUMIF(Orçamento!$F$9:$F$1730,F174,Orçamento!$H$9:$H$1730)","v":62},310.83,0.20796173004820551,375.47074455088369,23279.186162154791,4.9082355242561668E-4,{"$f":"SUM($M$9:M174)","v":0.96263895814866951},{"$f":"_xlfn.XLOOKUP($F174,F175:F$717,K175:$K$717,,0)=K174","v":{"$error":"#N/A"}}]
[null,165,"COMPOSIÇÃO SINAPI",91934,"SINAPI","CABO DE COBRE FLEXÍVEL ISOLADO, 16 MM², ANTI-CHAMA 450/750 V, PARA CIRCUITOS TERMINAIS - FORNECIMENTO E INSTALAÇÃO. AF_12/2015","M",{"$f":"SUMIF(Orçamento!$F$9:$F$1730,F175,Orçamento!$H$9:$H$1730)","v":766},24.96,0.20796173004820551,30.150724782003209,23095.455183014459,4.8694972748843308E-4,{"$f":"SUM($M$9:M175)","v":0.96312590787615793},{"$f":"_xlfn.XLOOKUP($F175,F176:F$717,K176:$K$717,,0)=K175","v":{"$error":"#N/A"}}]
[null,166,"COMPOSIÇÃO SINAPI",96765,"SINAPI","ABRIGO PARA HIDRANTE, 90X60X17CM, COM REGISTRO GLOBO ANGULAR 45 GRAUS 2 1/2\", ADAPTADOR STORZ 2 1/2\", MANGUEIRA DE INCÊNDIO 20M, REDUÇÃO 2 1/2\" X 1 1/2\" E ESGUICHO EM LATÃO 1 1/2\" - FORNECIMENTO E INSTALAÇÃO. AF_10/2020","UN",{"$f":"SUMIF(Orçamento!$F$9:$F$1730,F176,Orçamento!$H$9:$H$1730)","v":11},1730.44,0.20796173004820551,2090.3052961446169,22993.358257590786,4.8479709314464112E-4,{"$f":"SUM($M$9:M176)","v":0.96361070496930257},{"$f":"_xlfn.XLOOKUP($F176,F177:F$717,K177:$K$717,,0)=K176","v":{"$error":"#N/A"}}]
[null,167,"COMPOSIÇÃO SINAPI",93182,"SINAPI","VERGA PRÉ-MOLDADA PARA JANELAS COM ATÉ 1,5 M DE VÃO. AF_03/2016","M",{"$f":"SUMIF(Orçamento!$F$9:$F$1730,F177,Orçamento!$H$9:$H$1730)","v":381.64},46.18,0.20796173004820551,55.78367269362613,21289.280846795475,4.4886794499707623E-4,{"$f":"SUM($M$9:M177)","v":0.96405957291429967},{"$f":"_xlfn.XLOOKUP($F177,F178:F$717,K178:$K$717,,0)=K177","v":{"$error":"#N/A"}}]
[null,168,"COMPOSIÇÃO SINAPI",92769,"SINAPI","ARMAÇÃO DE LAJE DE ESTRUTURA CONVENCIONAL DE CONCRETO ARMADO UTILIZANDO AÇO CA-50 DE 6,3 MM - MONTAGEM. AF_06/2022","KG",{"$f":"SUMIF(Orçamento!$F$9:$F$1730,F178,Orçamento!$H$9:$H$1730)","v":1219.6000000000001},14.38,0.20796173004820551,17.370489678093197,21185.049211402464,4.4667030195223907E-4,{"$f":"SUM($M$9:M178)","v":0.96450624321625189},{"$f":"_xlfn.XLOOKUP($F178,F179:F$717,K179:$K$717,,0)=K178","v":{"$error":"#N/A"}}]
[null,169,"COMPOSIÇÃO COMPESA","01.08.12U\t","COMPESA","EXECUÇÃO DE ESCRITÓRIO (COM INSTALAÇÕES ELÉTRICAS E HIDROSSANITÁRIAS) EM CANTEIRO DE OBRA EM CHAPA DE MADEIRA COMPENSADA, NÃO INCLUSO MOBILIÁRIO E EQUIPAMENTOS.","M2",{"$f":"SUMIF(Orçamento!$F$9:$F$1730,F179,Orçamento!$H$9:$H$1730)","v":13.8},1266.1300000000001,0.20796173004820551,1529.4365852659346,21106.224876669898,4.4500835210049036E-4,{"$f":"SUM($M$9:M179)","v":0.96495125156835238},{"$f":"_xlfn.XLOOKUP($F179,F180:F$717,K180:$K$717,,0)=K179","v":{"$error":"#N/A"}}]
[null,170,"COMPOSIÇÃO SINAPI",101910,"SINAPI","EXTINTOR DE INCÊNDIO PORTÁTIL COM CARGA DE PQS DE 8 KG, CLASSE BC - FORNECIMENTO E INSTALAÇÃO. AF_10/2020_P","UN",{"$f":"SUMIF(Orçamento!$F$9:$F$1730,F180,Orçamento!$H$9:$H$1730)","v":32},527.79,0.20796173004820551,637.55012150214236,20401.603888068556,4.3015196604257892E-4,{"$f":"SUM($M$9:M180)","v":0.96538140353439494},{"$f":"_xlfn.XLOOKUP($F180,F181:F$717,K181:$K$717,,0)=K180","v":{"$error":"#N/A"}}]
[null,257,"INSUMO ORSE",462,"ORSE","CAIXA D'AGUA FIBRA VIDRO  3.000 LITROS - FORTLEV-TORRES (OU SIMILAR)","UN",{"$f":"SUMIF(Orçamento!$F$9:$F$1730,F181,Orçamento!$H$9:$H$1730)","v":15},1175.9000000000001,0.14692012195121973,1348.6633714024395,20229.950571036592,4.265327892266713E-4,{"$f":"SUM($M$9:M181)","v":0.96580793632362161},{"$f":"_xlfn.XLOOKUP($F181,F182:F$717,K182:$K$717,,0)=K181","v":{"$error":"#N/A"}}]
[null,171,"COMPOSIÇÃO SICRO",2003683,"SICRO","POÇO DE VISITA - PVI 04 - AREIA EXTRAÍDA E BRITA PRODUZIDA","UN",{"$f":"SUMIF(Orçamento!$F$9:$F$1730,F182,Orçamento!$H$9:$H$1730)","v":6},2784.76,0.20796173004820551,3363.8835073690411,20183.301044214248,4.2554922020005556E-4,{"$f":"SUM($M$9:M182)","v":0.96623348554382171},{"$f":"_xlfn.XLOOKUP($F182,F183:F$717,K183:$K$717,,0)=K182","v":{"$error":"#N/A"}}]
[null,172,"COMPOSIÇÃO ORSE",12825,"ORSE","EM ESTUDO - TAMPA EM CONCRETO ARMADO FCK=30,0MPA, PARA POÇO DE INSPEÇÃO/VISITA EM ALVENARIA/CONCRETO, DIM. 1,20X1,20X0,20M, APOIADA SOBRE O PI/PV, COM AÇO 3/8\", EXCLUSIVE TAMPÃO DE FERRO FUNDIDO","UN",{"$f":"SUMIF(Orçamento!$F$9:$F$1730,F183,Orçamento!$H$9:$H$1730)","v":12},1366.79,0.20796173004820551,1651.0300130125868,19812.36015615104,4.1772821979433331E-4,{"$f":"SUM($M$9:M183)","v":0.96665121376361607},{"$f":"_xlfn.XLOOKUP($F183,F184:F$717,K184:$K$717,,0)=K183","v":{"$error":"#N/A"}}]
[null,174,"COMPOSIÇÃO SINAPI",87623,"SINAPI","REVESTIMENTO CERÂMICO PARA PISO COM PLACAS TIPO PORCELANATO DE DIMENSÕES 60X60 CM APLICADA EM AMBIENTES DE ÁREA MAIOR QUE 10 M². AF_06/2014","M2",{"$f":"SUMIF(Orçamento!$F$9:$F$1730,F184,Orçamento!$H$9:$H$1730)","v":185.1},87.46,0.20796173004820551,105.64833291001605,19555.506421643971,4.1231265837623273E-4,{"$f":"SUM($M$9:M184)","v":0.96706352642199234},{"$f":"_xlfn.XLOOKUP($F184,F185:F$717,K185:$K$717,,0)=K184","v":{"$error":"#N/A"}}]
[null,175,"COMPOSIÇÃO SINAPI",92435,"SINAPI","MONTAGEM E DESMONTAGEM DE FÔRMA DE PILARES RETANGULARES E ESTRUTURAS SIMILARES, PÉ-DIREITO SIMPLES, EM CHAPA DE MADEIRA COMPENSADA PLASTIFICADA, 12 UTILIZAÇÕES. AF_09/2020","M2",{"$f":"SUMIF(Orçamento!$F$9:$F$1730,F185,Orçamento!$H$9:$H$1730)","v":259.58999999999997},58.98,0.20796173004820551,71.245582838243152,18494.640848979539,3.8994513206349176E-4,{"$f":"SUM($M$9:M185)","v":0.96745347155405581},{"$f":"_xlfn.XLOOKUP($F185,F186:F$717,K186:$K$717,,0)=K185","v":{"$error":"#N/A"}}]
[null,176,"INSUMO SINAPI",40552,"SINAPI","PARAFUSO, AUTO ATARRACHANTE, CABECA CHATA, FENDA SIMPLES, 1/4\" (6,35 MM) X 25 MM","CENTO",{"$f":"SUMIF(Orçamento!$F$9:$F$1730,F186,Orçamento!$H$9:$H$1730)","v":354},45.23,0.14692012195121973,51.875197115853666,18363.819779012199,3.8718687145050364E-4,{"$f":"SUM($M$9:M186)","v":0.96784065842550626},{"$f":"_xlfn.XLOOKUP($F186,F187:F$717,K187:$K$717,,0)=K186","v":{"$error":"#N/A"}}]
[null,177,"COMPOSIÇÃO SINAPI",88423,"SINAPI","APLICAÇÃO MANUAL DE PINTURA COM TINTA TEXTURIZADA ACRÍLICA EM PAREDES EXTERNAS DE CASAS, UMA COR. AF_06/2014","M2",{"$f":"SUMIF(Orçamento!$F$9:$F$1730,F187,Orçamento!$H$9:$H$1730)","v":767.16999999999985},19.690000000000001,0.20796173004820551,23.784766464649167,18246.959288684899,3.8472295881192986E-4,{"$f":"SUM($M$9:M187)","v":0.96822538138431824},{"$f":"_xlfn.XLOOKUP($F187,F188:F$717,K188:$K$717,,0)=K187","v":{"$error":"#N/A"}}]
[null,178,"COMPOSIÇÃO ORSE",13358,"ORSE","FORNECIMENTO E INSTALAÇÃO DE CHAPAS DE POLICARBONATO ALVEOLAR, BRANCA, 6MM COM EMENDAS E ACABAMENTO EM POLICARBONATO, APLICADO EM TOLDO/COBERTURA/FECHAMENTO/ETC","M2",{"$f":"SUMIF(Orçamento!$F$9:$F$1730,F188,Orçamento!$H$9:$H$1730)","v":100},147.85,0.20796173004820551,178.59714178762718,17859.714178762719,3.7655819655660452E-4,{"$f":"SUM($M$9:M188)","v":0.96860193958087482},{"$f":"_xlfn.XLOOKUP($F188,F189:F$717,K189:$K$717,,0)=K188","v":{"$error":"#N/A"}}]
[null,179,"COMPOSIÇÃO SINAPI",95805,"SINAPI","CONDULETE DE PVC, TIPO B, PARA ELETRODUTO DE PVC SOLDÁVEL DN 25 MM (3/4''), APARENTE - FORNECIMENTO E INSTALAÇÃO. AF_11/2016","UN",{"$f":"SUMIF(Orçamento!$F$9:$F$1730,F189,Orçamento!$H$9:$H$1730)","v":600},23.86,0.20796173004820551,28.821966878950182,17293.180127370109,3.6461326627692598E-4,{"$f":"SUM($M$9:M189)","v":0.96896655284715172},{"$f":"_xlfn.XLOOKUP($F189,F190:F$717,K190:$K$717,,0)=K189","v":{"$error":"#N/A"}}]
[null,180,"INSUMO SINAPI",20065,"SINAPI","TUBO PVC  SERIE NORMAL, DN 150 MM, PARA ESGOTO  PREDIAL (NBR 5688)","M",{"$f":"SUMIF(Orçamento!$F$9:$F$1730,F190,Orçamento!$H$9:$H$1730)","v":437},34.42,0.14692012195121973,39.476990597560984,17251.44489113415,3.6373331124894657E-4,{"$f":"SUM($M$9:M190)","v":0.96933028615840067},{"$f":"_xlfn.XLOOKUP($F190,F191:F$717,K191:$K$717,,0)=K190","v":{"$error":"#N/A"}}]
[null,181,"COMPOSIÇÃO SINAPI",96558,"SINAPI","CONCRETAGEM DE SAPATAS, FCK 30 MPA, COM USO DE BOMBA - LANÇAMENTO, ADENSAMENTO E ACABAMENTO. AF_11/2016","M3",{"$f":"SUMIF(Orçamento!$F$9:$F$1730,F191,Orçamento!$H$9:$H$1730)","v":11.700000000000001},1217.06,0.20796173004820551,1470.161903172469,17200.894267117888,3.6266749061912882E-4,{"$f":"SUM($M$9:M191)","v":0.96969295364901975},{"$f":"_xlfn.XLOOKUP($F191,F192:F$717,K192:$K$717,,0)=K191","v":{"$error":"#N/A"}}]
[null,182,"COMPOSIÇÃO SINAPI",91341,"SINAPI","PORTA EM ALUMÍNIO DE ABRIR TIPO VENEZIANA COM GUARNIÇÃO, FIXAÇÃO COM PARAFUSOS - FORNECIMENTO E INSTALAÇÃO. AF_12/2019","M2",{"$f":"SUMIF(Orçamento!$F$9:$F$1730,F192,Orçamento!$H$9:$H$1730)","v":21.39},658.88,0.20796173004820551,795.90182469416163,17024.340030208117,3.5894498171558619E-4,{"$f":"SUM($M$9:M192)","v":0.97005189863073538},{"$f":"_xlfn.XLOOKUP($F192,F193:F$717,K193:$K$717,,0)=K192","v":{"$error":"#N/A"}}]
[null,183,"COMPOSIÇÃO SINAPI",96529,"SINAPI","FABRICAÇÃO, MONTAGEM E DESMONTAGEM DE FÔRMA PARA SAPATA, EM MADEIRA SERRADA, E=25 MM, 1 UTILIZAÇÃO. AF_06/2017","M2",{"$f":"SUMIF(Orçamento!$F$9:$F$1730,F193,Orçamento!$H$9:$H$1730)","v":51.5},271.60000000000002,0.20796173004820551,328.08240588109265,16896.243902876271,3.5624417440080155E-4,{"$f":"SUM($M$9:M193)","v":0.97040814280513621},{"$f":"_xlfn.XLOOKUP($F193,F194:F$717,K194:$K$717,,0)=K193","v":{"$error":"#N/A"}}]
[null,184,"COMPOSIÇÃO SICRO",2003681,"SICRO","POÇO DE VISITA - PVI 03 - AREIA EXTRAÍDA E BRITA PRODUZIDA","UN",{"$f":"SUMIF(Orçamento!$F$9:$F$1730,F194,Orçamento!$H$9:$H$1730)","v":6},2323.77,0.20796173004820551,2807.0252294341185,16842.15137660471,3.5510367551396991E-4,{"$f":"SUM($M$9:M194)","v":0.97076324648065015},{"$f":"_xlfn.XLOOKUP($F194,F195:F$717,K195:$K$717,,0)=K194","v":{"$error":"#N/A"}}]
[null,185,"COMPOSIÇÃO SINAPI",97586,"SINAPI","LUMINÁRIA TIPO CALHA, DE SOBREPOR, COM 2 LÂMPADAS TUBULARES FLUORESCENTES DE 36 W, COM REATOR DE PARTIDA RÁPIDA - FORNECIMENTO E INSTALAÇÃO. AF_02/2020","UN",{"$f":"SUMIF(Orçamento!$F$9:$F$1730,F195,Orçamento!$H$9:$H$1730)","v":88},156.83000000000001,0.20796173004820551,189.44463812346009,16671.128154864487,3.5149778376770795E-4,{"$f":"SUM($M$9:M195)","v":0.97111474426441791},{"$f":"_xlfn.XLOOKUP($F195,F196:F$717,K196:$K$717,,0)=K195","v":{"$error":"#N/A"}}]
[null,186,"COMPOSIÇÃO SINAPI",94231,"SINAPI","RUFO EM CHAPA DE AÇO GALVANIZADO NÚMERO 24, CORTE DE 25 CM, INCLUSO TRANSPORTE VERTICAL. AF_07/2019","M",{"$f":"SUMIF(Orçamento!$F$9:$F$1730,F196,Orçamento!$H$9:$H$1730)","v":259.55},52.69,0.20796173004820551,63.647503556239947,16519.709548022078,3.4830524009388518E-4,{"$f":"SUM($M$9:M196)","v":0.97146304950451179},{"$f":"_xlfn.XLOOKUP($F196,F197:F$717,K197:$K$717,,0)=K196","v":{"$error":"#N/A"}}]
[null,187,"COMPOSIÇÃO SICRO",4915669,"SICRO","REMOÇÃO MECANIZADA DE CAMADA GRANULAR DO PAVIMENTO","M3",{"$f":"SUMIF(Orçamento!$F$9:$F$1730,F197,Orçamento!$H$9:$H$1730)","v":1751},7.8,0.20796173004820551,9.4221014943760029,16498.099716652381,3.4784961359017878E-4,{"$f":"SUM($M$9:M197)","v":0.97181089911810192},{"$f":"_xlfn.XLOOKUP($F197,F198:F$717,K198:$K$717,,0)=K197","v":{"$error":"#N/A"}}]
[null,188,"COMPOSIÇÃO SINAPI",92764,"SINAPI","ARMAÇÃO DE PILAR OU VIGA DE UMA ESTRUTURA CONVENCIONAL DE CONCRETO ARMADO EM UM EDIFÍCIO DE MÚLTIPLOS PAVIMENTOS UTILIZANDO AÇO CA-50 DE 16,0 MM - MONTAGEM. AF_12/2015","KG",{"$f":"SUMIF(Orçamento!$F$9:$F$1730,F198,Orçamento!$H$9:$H$1730)","v":1245.9000000000001},10.61,0.20796173004820551,12.81647395581146,15968.0449015455,3.3667381966341289E-4,{"$f":"SUM($M$9:M198)","v":0.97214757293776533},{"$f":"_xlfn.XLOOKUP($F198,F199:F$717,K199:$K$717,,0)=K198","v":{"$error":"#N/A"}}]
[null,189,"COMPOSIÇÃO SINAPI",103672,"SINAPI","CONCRETAGEM DE PILARES, FCK = 25 MPA, COM USO DE BOMBA - LANÇAMENTO, ADENSAMENTO E ACABAMENTO. AF_02/2022","M3",{"$f":"SUMIF(Orçamento!$F$9:$F$1730,F199,Orçamento!$H$9:$H$1730)","v":12.65},1043.3,0.20796173004820551,1260.2664729592927,15942.370882935054,3.3613250292958708E-4,{"$f":"SUM($M$9:M199)","v":0.97248370544069496},{"$f":"_xlfn.XLOOKUP($F199,F200:F$717,K200:$K$717,,0)=K199","v":{"$error":"#N/A"}}]
[null,190,"COMPOSIÇÃO SINAPI",90791,"SINAPI","KIT DE PORTA-PRONTA DE MADEIRA EM ACABAMENTO MELAMÍNICO BRANCO, FOLHA PESADA OU SUPERPESADA, 80X210CM, FIXAÇÃO COM PREENCHIMENTO PARCIAL DE ESPUMA EXPANSIVA - FORNECIMENTO E INSTALAÇÃO. AF_12/2019","UN",{"$f":"SUMIF(Orçamento!$F$9:$F$1730,F200,Orçamento!$H$9:$H$1730)","v":12},1082.3399999999999,0.20796173004820551,1307.4252989003746,15689.103586804496,3.3079255877801176E-4,{"$f":"SUM($M$9:M200)","v":0.97281449799947295},{"$f":"_xlfn.XLOOKUP($F200,F201:F$717,K201:$K$717,,0)=K200","v":{"$error":"#N/A"}}]
[null,191,"INSUMO SINAPI",39996,"SINAPI","VERGALHAO ZINCADO ROSCA TOTAL, 1/4 \" (6,3 MM)","M",{"$f":"SUMIF(Orçamento!$F$9:$F$1730,F201,Orçamento!$H$9:$H$1730)","v":2973},4.5999999999999996,0.14692012195121973,{"$f":"I201*(1+J201)","v":5.2758325609756103},{"$f":"K201*H201","v":15685.050203780489},{"$f":"L201/$L$717","v":3.3070709634640754E-4},{"$f":"SUM($M$9:M201)","v":0.97314520509581937},{"$f":"_xlfn.XLOOKUP($F201,F202:F$717,K202:$K$717,,0)=K201","v":{"$error":"#N/A"}}]
[null,192,"COMPOSIÇÃO SINAPI",92759,"SINAPI","ARMAÇÃO DE PILAR OU VIGA DE ESTRUTURA CONVENCIONAL DE CONCRETO ARMADO UTILIZANDO AÇO CA-60 DE 5,0 MM - MONTAGEM. AF_06/2022","KG",{"$f":"SUMIF(Orçamento!$F$9:$F$1730,F202,Orçamento!$H$9:$H$1730)","v":838.95},15.25,0.20796173004820551,18.421416383235133,15454.647274715117,3.2584922960891052E-4,{"$f":"SUM($M$9:M202)","v":0.97347105432542824},{"$f":"_xlfn.XLOOKUP($F202,F203:F$717,K203:$K$717,,0)=K202","v":{"$error":"#N/A"}}]
[null,193,"COMPOSIÇÃO ORSE",12021,"ORSE","LUMINÁRIA DE EMBUTIR ABERTA PARA LÂMPADA FLUORESCENTE OU TUBO LED 2 X 18/20 W (TECNOLUX REF.FLE-8157/232 OU SIMILAR), COMPLETA,  COM LAMPADA TUBO LED","UN",{"$f":"SUMIF(Orçamento!$F$9:$F$1730,F203,Orçamento!$H$9:$H$1730)","v":72},177.29,0.20796173004820551,214.15953512024635,15419.486528657737,3.2510789259800272E-4,{"$f":"SUM($M$9:M203)","v":0.97379616221802623},{"$f":"_xlfn.XLOOKUP($F203,F204:F$717,K204:$K$717,,0)=K203","v":{"$error":"#N/A"}}]
[null,194,"COMPOSIÇÃO SINAPI",91314,"SINAPI","KIT DE PORTA DE MADEIRA PARA PINTURA, SEMI-OCA (LEVE OU MÉDIA), PADRÃO POPULAR, 80X210CM, ESPESSURA DE 3,5CM, ITENS INCLUSOS: DOBRADIÇAS, MONTAGEM E INSTALAÇÃO DO BATENTE, FECHADURA COM EXECUÇÃO DO FURO - FORNECIMENTO E INSTALAÇÃO. AF_12/2019","UN",{"$f":"SUMIF(Orçamento!$F$9:$F$1730,F204,Orçamento!$H$9:$H$1730)","v":16},796.1,0.20796173004820551,961.65833329137638,15386.533332662022,3.2441310006489047E-4,{"$f":"SUM($M$9:M204)","v":0.97412057531809115},{"$f":"_xlfn.XLOOKUP($F204,F205:F$717,K205:$K$717,,0)=K204","v":{"$error":"#N/A"}}]
[null,195,"COMPOSIÇÃO ORSE",8629,"ORSE","EXECUÇÃO DE ESTACA HÉLICE CONTÍNUA MONITORADA Ø 400MM, CONCRETO FCK=30MPA, INCLUSIVE AÇO, BOMBEAMENTO; EXCLUSIVE MOBILIZAÇÃO E DESMOBILIZAÇÃO DE EQUIPAMENTO E BATE-ESTACAS","M",{"$f":"SUMIF(Orçamento!$F$9:$F$1730,F205,Orçamento!$H$9:$H$1730)","v":50},254.65,0.20796173004820551,307.60745455677556,15380.372727838778,3.2428320849894947E-4,{"$f":"SUM($M$9:M205)","v":0.97444485852659013},{"$f":"_xlfn.XLOOKUP($F205,F206:F$717,K206:$K$717,,0)=K205","v":{"$error":"#N/A"}}]
[null,196,"COMPOSIÇÃO ORSE",8075,"ORSE","CAIXA DE PASSAGEM EM ALVENARIA DE TIJOLOS MACIÇOS ESP. = 0,12M,  DIM. INT. =  0,30 X 0,30 X 0,30M","UN",{"$f":"SUMIF(Orçamento!$F$9:$F$1730,F206,Orçamento!$H$9:$H$1730)","v":94},132.26,0.20796173004820551,159.76501841617565,15017.911731120512,3.1664100001340496E-4,{"$f":"SUM($M$9:M206)","v":0.97476149952660351},{"$f":"_xlfn.XLOOKUP($F206,F207:F$717,K207:$K$717,,0)=K206","v":{"$error":"#N/A"}}]
[null,197,"COMPOSIÇÃO SICRO",4208128,"SICRO","TUBO PEAD PARA ESTAIS - D = 110 MM - FORNECIMENTO E INSTALAÇÃO","M",{"$f":"SUMIF(Orçamento!$F$9:$F$1730,F207,Orçamento!$H$9:$H$1730)","v":56.3},220.27,0.20796173004820551,266.07773027771822,14980.176214635534,3.1584537596861413E-4,{"$f":"SUM($M$9:M207)","v":0.97507734490257214},{"$f":"_xlfn.XLOOKUP($F207,F208:F$717,K208:$K$717,,0)=K207","v":{"$error":"#N/A"}}]
[null,198,"COMPOSIÇÃO SINAPI",87622,"SINAPI","CONTRAPISO EM ARGAMASSA TRAÇO 1:4 (CIMENTO E AREIA), PREPARO MANUAL, APLICADO EM ÁREAS SECAS SOBRE LAJE, ADERIDO, ACABAMENTO NÃO REFORÇADO, ESPESSURA 2CM. AF_07/2021","M2",{"$f":"SUMIF(Orçamento!$F$9:$F$1730,F208,Orçamento!$H$9:$H$1730)","v":295.94},40.81,0.20796173004820551,49.296918203267268,14588.929973074915,3.0759625296155029E-4,{"$f":"SUM($M$9:M208)","v":0.97538494115553365},{"$f":"_xlfn.XLOOKUP($F208,F209:F$717,K209:$K$717,,0)=K208","v":{"$error":"#N/A"}}]
[null,199,"COMPOSIÇÃO SINAPI",87267,"SINAPI","REVESTIMENTO CERÂMICO PARA PAREDES INTERNAS COM PLACAS TIPO ESMALTADA EXTRA DE DIMENSÕES 20X20 CM APLICADAS EM AMBIENTES DE ÁREA MAIOR QUE 5 M² A MEIA ALTURA DAS PAREDES. AF_06/2014","M2",{"$f":"SUMIF(Orçamento!$F$9:$F$1730,F209,Orçamento!$H$9:$H$1730)","v":152.71},77.97,0.20796173004820551,94.184776091858581,14382.957156987724,3.032534761741308E-4,{"$f":"SUM($M$9:M209)","v":0.97568819463170775},{"$f":"_xlfn.XLOOKUP($F209,F210:F$717,K210:$K$717,,0)=K209","v":{"$error":"#N/A"}}]
[null,200,"COMPOSIÇÃO SINAPI",98511,"SINAPI","PLANTIO DE ÁRVORE ORNAMENTAL COM ALTURA DE MUDA MAIOR QUE 2,00 M E MENOR OU IGUAL A 4,00 M. AF_05/2018","UN",{"$f":"SUMIF(Orçamento!$F$9:$F$1730,F210,Orçamento!$H$9:$H$1730)","v":94},125.92,0.20796173004820551,152.10654104767005,14298.014858480985,3.0146253380982881E-4,{"$f":"SUM($M$9:M210)","v":0.97598965716551755},{"$f":"_xlfn.XLOOKUP($F210,F211:F$717,K211:$K$717,,0)=K210","v":{"$error":"#N/A"}}]
[null,201,"COMPOSIÇÃO SINAPI",91928,"SINAPI","CABO DE COBRE FLEXÍVEL ISOLADO, 4 MM², ANTI-CHAMA 450/750 V, PARA CIRCUITOS TERMINAIS - FORNECIMENTO E INSTALAÇÃO. AF_12/2015","M",{"$f":"SUMIF(Orçamento!$F$9:$F$1730,F211,Orçamento!$H$9:$H$1730)","v":1698.1},6.9,0.20796173004820551,8.3349359373326184,14153.554715184518,2.9841670393318325E-4,{"$f":"SUM($M$9:M211)","v":0.97628807386945071},{"$f":"_xlfn.XLOOKUP($F211,F212:F$717,K212:$K$717,,0)=K211","v":{"$error":"#N/A"}}]
[null,202,"COMPOSIÇÃO SINAPI",100652,"SINAPI","ESTACA HÉLICE CONTÍNUA , DIÂMETRO DE 50 CM, INCLUSO CONCRETO FCK=30MPA E ARMADURA MÍNIMA (EXCLUSIVE MOBILIZAÇÃO, DESMOBILIZAÇÃO E BOMBEAMENTO). AF_12/2019","M",{"$f":"SUMIF(Orçamento!$F$9:$F$1730,F212,Orçamento!$H$9:$H$1730)","v":30},379.93,0.20796173004820551,458.94090009721475,13768.227002916443,2.9029236851758699E-4,{"$f":"SUM($M$9:M212)","v":0.97657836623796834},{"$f":"_xlfn.XLOOKUP($F212,F213:F$717,K213:$K$717,,0)=K212","v":{"$error":"#N/A"}}]
[null,203,"COMPOSIÇÃO SINAPI",91845,"SINAPI","ELETRODUTO FLEXÍVEL CORRUGADO REFORÇADO, PVC, DN 25 MM (3/4\"), PARA CIRCUITOS TERMINAIS, INSTALADO EM LAJE - FORNECIMENTO E INSTALAÇÃO. AF_12/2015","M",{"$f":"SUMIF(Orçamento!$F$9:$F$1730,F213,Orçamento!$H$9:$H$1730)","v":1318.96},8.51,0.20796173004820551,10.279754322710229,13558.584761481883,2.8587222474784208E-4,{"$f":"SUM($M$9:M213)","v":0.97686423846271619},{"$f":"_xlfn.XLOOKUP($F213,F214:F$717,K214:$K$717,,0)=K213","v":{"$error":"#N/A"}}]
[null,204,"COMPOSIÇÃO ORSE",11613,"ORSE","REVESTIMENTO DE PISO COM PEDRA ITAPÉ 20X40CM ASSENTADA COM ARGAMASSA INDUSTRIALIZADA AC-III","M2",{"$f":"SUMIF(Orçamento!$F$9:$F$1730,F214,Orçamento!$H$9:$H$1730)","v":133.11000000000001},80.25,0.20796173004820551,96.93892883636849,12903.540817409012,2.7206113215271448E-4,{"$f":"SUM($M$9:M214)","v":0.97713629959486892},{"$f":"_xlfn.XLOOKUP($F214,F215:F$717,K215:$K$717,,0)=K214","v":{"$error":"#N/A"}}]
[null,205,"COMPOSIÇÃO SINAPI",97670,"SINAPI","ELETRODUTO FLEXÍVEL CORRUGADO, PEAD, DN 100 (4\"), PARA REDE ENTERRADA DE DISTRIBUIÇÃO DE ENERGIA ELÉTRICA - FORNECIMENTO E INSTALAÇÃO. AF_12/2021","M",{"$f":"SUMIF(Orçamento!$F$9:$F$1730,F215,Orçamento!$H$9:$H$1730)","v":448.36},23.57,0.20796173004820551,28.471657977236205,12765.552570673626,2.6915175718643017E-4,{"$f":"SUM($M$9:M215)","v":0.97740545135205537},{"$f":"_xlfn.XLOOKUP($F215,F216:F$717,K216:$K$717,,0)=K215","v":{"$error":"#N/A"}}]
[null,206,"INSUMO ORSE",3633,"ORSE","ELETROCALHA METÁLICA PERFURADA 100 X 100 X 3000MM, PESO, 2,20KG/M,  (REF.: MOPA OU SIMILAR)","UN",{"$f":"SUMIF(Orçamento!$F$9:$F$1730,F216,Orçamento!$H$9:$H$1730)","v":143.1},77.3,0.14692012195121973,88.656925426829275,12686.806028579269,2.6749144753201364E-4,{"$f":"SUM($M$9:M216)","v":0.97767294279958739},{"$f":"_xlfn.XLOOKUP($F216,F217:F$717,K217:$K$717,,0)=K216","v":{"$error":"#N/A"}}]
[null,207,"INSUMO SINAPI",10891,"SINAPI","EXTINTOR DE INCENDIO PORTATIL COM CARGA DE PO QUIMICO SECO (PQS) DE 4 KG, CLASSE BC","UN",{"$f":"SUMIF(Orçamento!$F$9:$F$1730,F217,Orçamento!$H$9:$H$1730)","v":30},359.61,0.14692012195121973,412.44394505487816,12373.318351646345,2.6088180344213495E-4,{"$f":"SUM($M$9:M217)","v":0.97793382460302947},{"$f":"_xlfn.XLOOKUP($F217,F218:F$717,K218:$K$717,,0)=K217","v":{"$error":"#N/A"}}]
[null,208,"COMPOSIÇÃO SINAPI",94569,"SINAPI","JANELA DE ALUMÍNIO TIPO MAXIM-AR, COM VIDROS, BATENTE E FERRAGENS. EXCLUSIVE ALIZAR, ACABAMENTO E CONTRAMARCO. FORNECIMENTO E INSTALAÇÃO. AF_12/2019","M2",{"$f":"SUMIF(Orçamento!$F$9:$F$1730,F218,Orçamento!$H$9:$H$1730)","v":15.54},639.63,0.20796173004820551,772.64856139073368,12006.958644012,2.5315739366620256E-4,{"$f":"SUM($M$9:M218)","v":0.97818698199669563},{"$f":"_xlfn.XLOOKUP($F218,F219:F$717,K219:$K$717,,0)=K218","v":{"$error":"#N/A"}}]
[null,209,"INSUMO SINAPI",402,"SINAPI","GANCHO OLHAL EM ACO GALVANIZADO, ESPESSURA 16MM, ABERTURA 21MM","UN",{"$f":"SUMIF(Orçamento!$F$9:$F$1730,F219,Orçamento!$H$9:$H$1730)","v":886},11.67,0.14692012195121973,13.384557823170734,11858.718231329271,2.5003185974679676E-4,{"$f":"SUM($M$9:M219)","v":0.97843701385644244},{"$f":"_xlfn.XLOOKUP($F219,F220:F$717,K220:$K$717,,0)=K219","v":{"$error":"#N/A"}}]
[null,210,"COMPOSIÇÃO ORSE",11194,"ORSE","CABO COBRE FLEXÍVEL, NÃO HOLOGENADO, 50,0MM2 - 0,6/1KV / 90º","M",{"$f":"SUMIF(Orçamento!$F$9:$F$1730,F220,Orçamento!$H$9:$H$1730)","v":200},48.2,0.20796173004820551,58.223755388323511,11644.751077664701,2.4552052856311585E-4,{"$f":"SUM($M$9:M220)","v":0.97868253438500552},{"$f":"_xlfn.XLOOKUP($F220,F221:F$717,K221:$K$717,,0)=K220","v":{"$error":"#N/A"}}]
[null,211,"COMPOSIÇÃO SICRO",2419703,"SICRO","PINTURA COM TINTA ANTICORROSIVA À BASE DE EPÓXI POLIAMIDA DE DOIS COMPONENTES COM PISTOLA A AR COMPRIMIDO, UMA DEMÃO, ESPESSURA DE ATÉ 150 ?M","M2",{"$f":"SUMIF(Orçamento!$F$9:$F$1730,F221,Orçamento!$H$9:$H$1730)","v":604.79999999999995},15.74,0.20796173004820551,19.013317630958756,11499.254503203854,2.4245284634067079E-4,{"$f":"SUM($M$9:M221)","v":0.97892498723134624},{"$f":"_xlfn.XLOOKUP($F221,F222:F$717,K222:$K$717,,0)=K221","v":{"$error":"#N/A"}}]
[null,212,"INSUMO ORSE",9221,"ORSE","MOTOBOMBA CENTRÍFUGA, MARCA SCHNEIDER OU SIMILAR, MODELO BC-21 R2, MOTOR 5 CV, TRIFÁSICO 220V, SUCÇÃO 2 1/2\", RECALQUE 2\",  HM = 8 A 20M, Q = 27,6 A 78,9M3/H","UN",{"$f":"SUMIF(Orçamento!$F$9:$F$1730,F222,Orçamento!$H$9:$H$1730)","v":2},4974.04,0.14692012195121973,5704.8265633902447,11409.653126780489,2.4056367093857546E-4,{"$f":"SUM($M$9:M222)","v":0.97916555090228485},{"$f":"_xlfn.XLOOKUP($F222,F223:F$717,K223:$K$717,,0)=K222","v":{"$error":"#N/A"}}]
[null,213,"COMPOSIÇÃO SICRO",2003636,"SICRO","BOCA DE LOBO DUPLA - GRELHA DE CONCRETO - BLDG 02 - AREIA E BRITA COMERCIAIS","UN",{"$f":"SUMIF(Orçamento!$F$9:$F$1730,F223,Orçamento!$H$9:$H$1730)","v":4},2298.25,0.20796173004820551,2776.1980460832883,11104.792184333153,2.3413591484239876E-4,{"$f":"SUM($M$9:M223)","v":0.9793996868171273},{"$f":"_xlfn.XLOOKUP($F223,F224:F$717,K224:$K$717,,0)=K223","v":{"$error":"#N/A"}}]
[null,215,"COMPOSIÇÃO SINAPI",102207,"SINAPI","PINTURA TINTA DE ACABAMENTO (PIGMENTADA) A ÓLEO EM MADEIRA, 1 DEMÃO. AF_01/2021","M2",{"$f":"SUMIF(Orçamento!$F$9:$F$1730,F224,Orçamento!$H$9:$H$1730)","v":1220.48},7.36,0.20796173004820551,8.8905983331547933,10850.797453648762,2.2878063329846864E-4,{"$f":"SUM($M$9:M224)","v":0.97962846745042576},{"$f":"_xlfn.XLOOKUP($F224,F225:F$717,K225:$K$717,,0)=K224","v":{"$error":"#N/A"}}]
[null,216,"COMPOSIÇÃO SINAPI",92992,"SINAPI","CABO UNIPOLAR (COBRE) - 95MM² ISOL. XLPE - 0,6/1KV (REF. PRYSMIAN VOLTALENE ECOLENE)","M",{"$f":"SUMIF(Orçamento!$F$9:$F$1730,F225,Orçamento!$H$9:$H$1730)","v":89.16},105.33,0.14692012195121973,120.80509644512198,10770.982399047074,2.2709779488806354E-4,{"$f":"SUM($M$9:M225)","v":0.97985556524531381},{"$f":"_xlfn.XLOOKUP($F225,F226:F$717,K226:$K$717,,0)=K225","v":{"$error":"#N/A"}}]
[null,221,"COMPOSIÇÃO SINAPI",93382,"SINAPI","REATERRO MANUAL DE VALAS COM COMPACTAÇÃO MECANIZADA. AF_04/2016","M3",{"$f":"SUMIF(Orçamento!$F$9:$F$1730,F226,Orçamento!$H$9:$H$1730)","v":362.15000000000003},24.32,0.20796173004820551,29.377629274772357,10639.108441858811,2.2431733496611E-4,{"$f":"SUM($M$9:M226)","v":0.98007988258027989},{"$f":"_xlfn.XLOOKUP($F226,F227:F$717,K227:$K$717,,0)=K226","v":{"$error":"#N/A"}}]
[null,217,"COMPOSIÇÃO SINAPI",88484,"SINAPI","APLICAÇÃO DE FUNDO SELADOR ACRÍLICO EM TETO, UMA DEMÃO. AF_06/2014","M2",{"$f":"SUMIF(Orçamento!$F$9:$F$1730,F227,Orçamento!$H$9:$H$1730)","v":2264.7772121786898},3.84,0.20796173004820551,4.6385730433851089,10505.334525684948,2.2149681588520308E-4,{"$f":"SUM($M$9:M227)","v":0.98030137939616513},{"$f":"_xlfn.XLOOKUP($F227,F228:F$717,K228:$K$717,,0)=K227","v":{"$error":"#N/A"}}]
[null,218,"COMPOSIÇÃO SINAPI",97096,"SINAPI","CONCRETAGEM DE RADIER, PISO DE CONCRETO OU LAJE SOBRE SOLO, FCK 30 MPA - LANÇAMENTO, ADENSAMENTO E ACABAMENTO. AF_09/2021","M3",{"$f":"SUMIF(Orçamento!$F$9:$F$1730,F228,Orçamento!$H$9:$H$1730)","v":8.56},1015.62,0.20796173004820551,1226.8300922715584,10501.665589844541,2.2141945922375165E-4,{"$f":"SUM($M$9:M228)","v":0.98052279885538884},{"$f":"_xlfn.XLOOKUP($F228,F229:F$717,K229:$K$717,,0)=K228","v":{"$error":"#N/A"}}]
[null,268,"COMPOSIÇÃO SINAPI",92765,"SINAPI","ARMAÇÃO DE PILAR OU VIGA DE UMA ESTRUTURA CONVENCIONAL DE CONCRETO ARMADO EM UM EDIFÍCIO DE MÚLTIPLOS PAVIMENTOS UTILIZANDO AÇO CA-50 DE 20,0 MM - MONTAGEM. AF_12/2015","KG",{"$f":"SUMIF(Orçamento!$F$9:$F$1730,F229,Orçamento!$H$9:$H$1730)","v":712.2},12.18,0.20796173004820551,14.712973871987142,10478.579991629244,2.2093271732276872E-4,{"$f":"SUM($M$9:M229)","v":0.98074373157271166},{"$f":"_xlfn.XLOOKUP($F229,F230:F$717,K230:$K$717,,0)=K229","v":{"$error":"#N/A"}}]
[null,219,"COMPOSIÇÃO SINAPI",96543,"SINAPI","ARMAÇÃO DE BLOCO, VIGA BALDRAME E SAPATA UTILIZANDO AÇO CA-60 DE 5 MM - MONTAGEM. AF_06/2017","KG",{"$f":"SUMIF(Orçamento!$F$9:$F$1730,F230,Orçamento!$H$9:$H$1730)","v":421.25},20.36,0.20796173004820551,24.594100823781464,10360.264972017942,2.1843813706440326E-4,{"$f":"SUM($M$9:M230)","v":0.98096216970977612},{"$f":"_xlfn.XLOOKUP($F230,F231:F$717,K231:$K$717,,0)=K230","v":{"$error":"#N/A"}}]
[null,220,"INSUMO SINAPI",4813,"SINAPI","PLACA DE OBRA (PARA CONSTRUCAO CIVIL) EM CHAPA GALVANIZADA *N. 22*, ADESIVADA, DE *2,4 X 1,2* M (SEM POSTES PARA FIXACAO)","M2",{"$f":"SUMIF(Orçamento!$F$9:$F$1730,F231,Orçamento!$H$9:$H$1730)","v":36},250,0.14692012195121973,286.73003048780492,10322.281097560977,2.1763727658474593E-4,{"$f":"SUM($M$9:M231)","v":0.98117980698636087},{"$f":"_xlfn.XLOOKUP($F231,F232:F$717,K232:$K$717,,0)=K231","v":{"$error":"#N/A"}}]
[null,222,"COMPOSIÇÃO SINAPI",94570,"SINAPI","JANELA DE ALUMÍNIO DE CORRER COM 2 FOLHAS PARA VIDROS, COM VIDROS, BATENTE, ACABAMENTO COM ACETATO OU BRILHANTE E FERRAGENS. EXCLUSIVE ALIZAR E CONTRAMARCO. FORNECIMENTO E INSTALAÇÃO. AF_12/2019","M2",{"$f":"SUMIF(Orçamento!$F$9:$F$1730,F232,Orçamento!$H$9:$H$1730)","v":24.75},331.3,0.20796173004820551,400.19772116497052,9904.8935988330195,2.0883698548192602E-4,{"$f":"SUM($M$9:M232)","v":0.98138864397184278},{"$f":"_xlfn.XLOOKUP($F232,F233:F$717,K233:$K$717,,0)=K232","v":{"$error":"#N/A"}}]
[null,223,"ANP",null,"ANP","EMULSÃO ASFÁLTICA COM POLÍMERO - RR-1C-E","T",{"$f":"SUMIF(Orçamento!$F$9:$F$1730,F233,Orçamento!$H$9:$H$1730)","v":2.9362499999999998},2936.35,0.14692012195121973,3367.7589000914641,9888.5820703935606,2.0849306957875058E-4,{"$f":"SUM($M$9:M233)","v":0.98159713704142149},{"$f":"_xlfn.XLOOKUP($F233,F234:F$717,K234:$K$717,,0)=K233","v":{"$error":"#N/A"}}]
[null,224,"INSUMO SINAPI",36498,"SINAPI","GERADOR PORTATIL MONOFASICO, POTENCIA 5500 VA, MOTOR A GASOLINA, POTENCIA DO MOTOR 13 CV","UN",{"$f":"SUMIF(Orçamento!$F$9:$F$1730,F234,Orçamento!$H$9:$H$1730)","v":1},8600.61,0.14692012195121973,9864.2126700548797,9864.2126700548797,2.079792597075035E-4,{"$f":"SUM($M$9:M234)","v":0.98180511630112899},{"$f":"_xlfn.XLOOKUP($F234,F235:F$717,K235:$K$717,,0)=K234","v":{"$error":"#N/A"}}]
[null,225,"COMPOSIÇÃO SICRO",4915667,"SICRO","REMOÇÃO MECANIZADA DE REVESTIMENTO ASFÁLTICO","M3",{"$f":"SUMIF(Orçamento!$F$9:$F$1730,F235,Orçamento!$H$9:$H$1730)","v":656.63},12.42,0.20796173004820551,15.002884687198712,9851.3441721552899,2.0770793742804487E-4,{"$f":"SUM($M$9:M235)","v":0.98201282423855707},{"$f":"_xlfn.XLOOKUP($F235,F236:F$717,K236:$K$717,,0)=K235","v":{"$error":"#N/A"}}]
[null,226,"COMPOSIÇÃO SINAPI",86889,"SINAPI","BANCADA DE GRANITO CINZA POLIDO, DE 1,50 X 0,60 M, PARA PIA DE COZINHA - FORNECIMENTO E INSTALAÇÃO. AF_01/2020","UN",{"$f":"SUMIF(Orçamento!$F$9:$F$1730,F236,Orçamento!$H$9:$H$1730)","v":8},1014.07,0.20796173004820551,1224.9577515899839,9799.6620127198712,2.0661825925311113E-4,{"$f":"SUM($M$9:M236)","v":0.98221944249781024},{"$f":"_xlfn.XLOOKUP($F236,F237:F$717,K237:$K$717,,0)=K236","v":{"$error":"#N/A"}}]
[null,227,"COMPOSIÇÃO SINAPI",87267,"SINAPI","REVESTIMENTO CERÂMICO PARA PAREDES INTERNAS COM PLACAS TIPO ESMALTADA EXTRA DE DIMENSÕES 20X20 CM APLICADAS A MEIA ALTURA DAS PAREDES. AF_02/2023_PE","M2",{"$f":"SUMIF(Orçamento!$F$9:$F$1730,F237,Orçamento!$H$9:$H$1730)","v":103.8},77.97,0.20796173004820551,94.184776091858581,9776.3797583349206,2.0612737100959185E-4,{"$f":"SUM($M$9:M237)","v":0.98242556986881979},{"$f":"_xlfn.XLOOKUP($F237,F238:F$717,K238:$K$717,,0)=K237","v":{"$error":"#N/A"}}]
[null,228,"COMPOSIÇÃO SINAPI",90092,"SINAPI","ESCAVAÇÃO MECANIZADA DE VALA COM PROF. MAIOR QUE 1,5 M E ATÉ 3,0 M(MÉDIA MONTANTE E JUSANTE/UMA COMPOSIÇÃO POR TRECHO), ESCAVADEIRA (0,8 M3), LARG. MENOR QUE 1,5 M, EM SOLO DE 1A CATEGORIA, LOCAIS COM BAIXO NÍVEL DE INTERFERÊNCIA. AF_02/2021","M3",{"$f":"SUMIF(Orçamento!$F$9:$F$1730,F238,Orçamento!$H$9:$H$1730)","v":1352},5.76,0.20796173004820551,6.9578595650776638,9407.0261319850015,1.9833983678380041E-4,{"$f":"SUM($M$9:M238)","v":0.98262390970560354},{"$f":"_xlfn.XLOOKUP($F238,F239:F$717,K239:$K$717,,0)=K238","v":{"$error":"#N/A"}}]
[null,231,"COMPOSIÇÃO SINAPI",96621,"SINAPI","LASTRO COM MATERIAL GRANULAR, APLICAÇÃO EM BLOCOS DE COROAMENTO, ESPESSURA DE *5 CM*. AF_08/2017","M3",{"$f":"SUMIF(Orçamento!$F$9:$F$1730,F239,Orçamento!$H$9:$H$1730)","v":16.829999999999998},460.69,0.20796173004820551,556.49588941590775,9365.8258188697273,1.9747116019418827E-4,{"$f":"SUM($M$9:M239)","v":0.98282138086579773},{"$f":"_xlfn.XLOOKUP($F239,F240:F$717,K240:$K$717,,0)=K239","v":{"$error":"#N/A"}}]
[null,229,"COMPOSIÇÃO SINAPI",92998,"SINAPI","CABO UNIPOLAR (COBRE) - 185MM² ISOL. XLPE - 0,6/1KV (REF. PRYSMIAN VOLTALENE ECOLENE)","M",{"$f":"SUMIF(Orçamento!$F$9:$F$1730,F240,Orçamento!$H$9:$H$1730)","v":40},203.16,0.14692012195121973,233.00829197560981,9320.3316790243916,1.9651195160425326E-4,{"$f":"SUM($M$9:M240)","v":0.98301789281740204},{"$f":"_xlfn.XLOOKUP($F240,F241:F$717,K241:$K$717,,0)=K240","v":{"$error":"#N/A"}}]
[null,230,"COMPOSIÇÃO SINAPI",101876,"SINAPI","QUADRO DE DISTRIBUIÇÃO DE ENERGIA EM PVC, DE EMBUTIR, SEM BARRAMENTO, PARA 6 DISJUNTORES - FORNECIMENTO E INSTALAÇÃO. AF_10/2020","UN",{"$f":"SUMIF(Orçamento!$F$9:$F$1730,F241,Orçamento!$H$9:$H$1730)","v":102},75.25,0.20796173004820551,90.899120186127462,9271.7102589850019,1.9548680674130663E-4,{"$f":"SUM($M$9:M241)","v":0.98321337962414335},{"$f":"_xlfn.XLOOKUP($F241,F242:F$717,K242:$K$717,,0)=K241","v":{"$error":"#N/A"}}]
[null,232,"COMPOSIÇÃO SINAPI",91835,"SINAPI","ELETRODUTO FLEXÍVEL CORRUGADO REFORÇADO, PVC, DN 25 MM (3/4\"), PARA CIRCUITOS TERMINAIS, INSTALADO EM FORRO - FORNECIMENTO E INSTALAÇÃO. AF_12/2015","M",{"$f":"SUMIF(Orçamento!$F$9:$F$1730,F242,Orçamento!$H$9:$H$1730)","v":376},20.309999999999999,0.20796173004820551,24.533702737279054,9224.6722292169234,1.9449504643194478E-4,{"$f":"SUM($M$9:M242)","v":0.98340787467057533},{"$f":"_xlfn.XLOOKUP($F242,F243:F$717,K243:$K$717,,0)=K242","v":{"$error":"#N/A"}}]
[null,233,"COMPOSIÇÃO SINAPI",91936,"SINAPI","CAIXA OCTOGONAL 4\" X 4\", PVC, INSTALADA EM LAJE - FORNECIMENTO E INSTALAÇÃO. AF_12/2015","UN",{"$f":"SUMIF(Orçamento!$F$9:$F$1730,F243,Orçamento!$H$9:$H$1730)","v":423},17.86,0.20796173004820551,21.57419649866095,9125.8851189335819,1.9241219696867804E-4,{"$f":"SUM($M$9:M243)","v":0.98360028686754397},{"$f":"_xlfn.XLOOKUP($F243,F244:F$717,K244:$K$717,,0)=K243","v":{"$error":"#N/A"}}]
[null,234,"COMPOSIÇÃO ORSE",8464,"ORSE","BANCO DE CONCRETO SEM ENCOSTO, DIMENSÃO: 2,00X0,60M","UN",{"$f":"SUMIF(Orçamento!$F$9:$F$1730,F244,Orçamento!$H$9:$H$1730)","v":12},629.08000000000004,0.20796173004820551,759.90456513872516,9118.8547816647024,1.9226396776989826E-4,{"$f":"SUM($M$9:M244)","v":0.98379255083531392},{"$f":"_xlfn.XLOOKUP($F244,F245:F$717,K245:$K$717,,0)=K244","v":{"$error":"#N/A"}}]
[null,235,"COMPOSIÇÃO ORSE",2675,"ORSE","FORNECIMENTO E ASSENTAMENTO DE TUBO DE CONCRETO ARMADO CA2 D=0,40 M","M",{"$f":"SUMIF(Orçamento!$F$9:$F$1730,F245,Orçamento!$H$9:$H$1730)","v":43},172.75,0.20796173004820551,208.6753888658275,8973.041721230582,1.8918961268661464E-4,{"$f":"SUM($M$9:M245)","v":0.98398174044800057},{"$f":"_xlfn.XLOOKUP($F245,F246:F$717,K246:$K$717,,0)=K245","v":{"$error":"#N/A"}}]
[null,236,"INSUMO ORSE",13369,"ORSE","CAIXA METÁLICA COM TOMADA 10A 250V PARA PERFILADO E FIXAÇÃO","UN",{"$f":"SUMIF(Orçamento!$F$9:$F$1730,F246,Orçamento!$H$9:$H$1730)","v":64},118.3,0.14692012195121973,135.68065042682929,8683.5616273170745,1.8308614983093648E-4,{"$f":"SUM($M$9:M246)","v":0.98416482659783155},{"$f":"_xlfn.XLOOKUP($F246,F247:F$717,K247:$K$717,,0)=K246","v":{"$error":"#N/A"}}]
[null,247,"COMPOSIÇÃO SINAPI",98525,"SINAPI","LIMPEZA MECANIZADA DE CAMADA VEGETAL, VEGETAÇÃO E PEQUENAS ÁRVORES (DIÂMETRO DE TRONCO MENOR QUE 0,20 M), COM TRATOR DE ESTEIRAS.AF_05/2018","M2",{"$f":"SUMIF(Orçamento!$F$9:$F$1730,F247,Orçamento!$H$9:$H$1730)","v":11475.060000000001},0.62,0.20796173004820551,0.74893627262988738,8594.0886646043164,1.8119968193215254E-4,{"$f":"SUM($M$9:M247)","v":0.98434602627976375},{"$f":"_xlfn.XLOOKUP($F247,F248:F$717,K248:$K$717,,0)=K247","v":{"$error":"#N/A"}}]
[null,237,"COMPOSIÇÃO SINAPI",91315,"SINAPI","KIT DE PORTA DE MADEIRA PARA PINTURA, SEMI-OCA (LEVE OU MÉDIA), PADRÃO POPULAR, 90X210CM, ESPESSURA DE 3,5CM, ITENS INCLUSOS: DOBRADIÇAS, MONTAGEM E INSTALAÇÃO DO BATENTE, FECHADURA COM EXECUÇÃO DO FURO - FORNECIMENTO E INSTALAÇÃO. AF_12/2019","UN",{"$f":"SUMIF(Orçamento!$F$9:$F$1730,F248,Orçamento!$H$9:$H$1730)","v":8},883.15,0.20796173004820551,1066.8114018920726,8534.4912151365806,1.799431160170255E-4,{"$f":"SUM($M$9:M248)","v":0.98452596939578074},{"$f":"_xlfn.XLOOKUP($F248,F249:F$717,K249:$K$717,,0)=K248","v":{"$error":"#N/A"}}]
[null,291,"COMPOSIÇÃO ORSE",129,"ORSE","BOMBEAMENTO DE CONCRETO","M3",{"$f":"SUMIF(Orçamento!$F$9:$F$1730,F249,Orçamento!$H$9:$H$1730)","v":150.21},47.01,0.20796173004820551,56.786280929566139,8529.8672584301294,1.7984562348265966E-4,{"$f":"SUM($M$9:M249)","v":0.98470581501926335},{"$f":"_xlfn.XLOOKUP($F249,F250:F$717,K250:$K$717,,0)=K249","v":{"$error":"#N/A"}}]
[null,238,"COMPOSIÇÃO SINAPI",94263,"SINAPI","GUIA (MEIO-FIO) CONCRETO, MOLDADA  IN LOCO  EM TRECHO RETO COM EXTRUSORA, 13 CM BASE X 22 CM ALTURA. AF_06/2016","M",{"$f":"SUMIF(Orçamento!$F$9:$F$1730,F250,Orçamento!$H$9:$H$1730)","v":165},42.75,0.20796173004820551,51.640363959560787,8520.6600533275305,1.7965149671702059E-4,{"$f":"SUM($M$9:M250)","v":0.98488546651598041},{"$f":"_xlfn.XLOOKUP($F250,F251:F$717,K251:$K$717,,0)=K250","v":{"$error":"#N/A"}}]
[null,239,"COMPOSIÇÃO ORSE",11418,"ORSE","TOMADA PARA LÓGICA, RJ45, COM PLACA","UN",{"$f":"SUMIF(Orçamento!$F$9:$F$1730,F251,Orçamento!$H$9:$H$1730)","v":201},34.880000000000003,0.20796173004820551,42.133705144081411,8468.8747339603633,1.7855964349508066E-4,{"$f":"SUM($M$9:M251)","v":0.98506402615947553},{"$f":"_xlfn.XLOOKUP($F251,F252:F$717,K252:$K$717,,0)=K251","v":{"$error":"#N/A"}}]
[null,240,"INSUMO SINAPI",1808,"SINAPI","CURVA 90 GRAUS DE FERRO GALVANIZADO, COM ROSCA BSP MACHO/FEMEA, DE 4\"","UN",{"$f":"SUMIF(Orçamento!$F$9:$F$1730,F252,Orçamento!$H$9:$H$1730)","v":11},670.74,0.14692012195121973,769.28520259756112,8462.1372285731723,1.7841758842899747E-4,{"$f":"SUM($M$9:M252)","v":0.98524244374790448},{"$f":"_xlfn.XLOOKUP($F252,F253:F$717,K253:$K$717,,0)=K252","v":{"$error":"#N/A"}}]
[null,241,"COMPOSIÇÃO ORSE",7164,"ORSE","FORNECIMENTO E INSTALAÇÃO DE CONECTOR RJ 45 FÊMEA CAT 6 (KRONE OU SIMILAR)","UN",{"$f":"SUMIF(Orçamento!$F$9:$F$1730,F253,Orçamento!$H$9:$H$1730)","v":230},30.41,0.20796173004820551,36.734116210765933,8448.8467284761646,1.7813736856109972E-4,{"$f":"SUM($M$9:M253)","v":0.98542058111646558},{"$f":"_xlfn.XLOOKUP($F253,F254:F$717,K254:$K$717,,0)=K253","v":{"$error":"#N/A"}}]
[null,242,"COMPOSIÇÃO SINAPI",101114,"SINAPI","ESCAVAÇÃO HORIZONTAL EM SOLO DE 1A CATEGORIA COM TRATOR DE ESTEIRAS (100HP/LÂMINA: 2,19M3). AF_07/2020","M3",{"$f":"SUMIF(Orçamento!$F$9:$F$1730,F254,Orçamento!$H$9:$H$1730)","v":1610.9},4.3099999999999996,0.20796173004820551,5.2063150565077656,8386.8529245283607,1.7683027737371511E-4,{"$f":"SUM($M$9:M254)","v":0.98559741139383927},{"$f":"_xlfn.XLOOKUP($F254,F255:F$717,K255:$K$717,,0)=K254","v":{"$error":"#N/A"}}]
[null,243,"COMPOSIÇÃO ORSE",11820,"ORSE","CENTRAL DE ALARME ENDEREÇÁVEL DE INCENDIO COM SISTEMA P/ ATÉ 250 DISPOSITIVOS, MARCAL VERIN OU SIMILAR, MODELO VRE-250 C/ BATERIA DE 12V E 7AMPERES","UN",{"$f":"SUMIF(Orçamento!$F$9:$F$1730,F255,Orçamento!$H$9:$H$1730)","v":1},6527.49,0.20796173004820551,7884.9581132723606,7884.9581132723606,1.662482152479723E-4,{"$f":"SUM($M$9:M255)","v":0.98576365960908729},{"$f":"_xlfn.XLOOKUP($F255,F256:F$717,K256:$K$717,,0)=K255","v":{"$error":"#N/A"}}]
[null,244,"COMPOSIÇÃO SINAPI",103310,"SINAPI","INSTALAÇÃO DE LIXEIRA DE MADEIRA DUPLA, CAPACIDADE DE 60 L, CESTOS EM MADEIRA, SOBRE SOLO. AF_11/2021","UN",{"$f":"SUMIF(Orçamento!$F$9:$F$1730,F256,Orçamento!$H$9:$H$1730)","v":5},1292.26,0.20796173004820551,1561.0006252720941,7805.0031263604706,1.6456242647353323E-4,{"$f":"SUM($M$9:M256)","v":0.98592822203556085},{"$f":"_xlfn.XLOOKUP($F256,F257:F$717,K257:$K$717,,0)=K256","v":{"$error":"#N/A"}}]
[null,245,"COMPOSIÇÃO ORSE",2344,"ORSE","PREPARO DE SUPERFÍCIE COM LIXAMENTO DE PAREDES E TETOS","M2",{"$f":"SUMIF(Orçamento!$F$9:$F$1730,F257,Orçamento!$H$9:$H$1730)","v":1923.21},3.33,0.20796173004820551,4.0225125610605241,7736.1363825572107,1.6311042468953392E-4,{"$f":"SUM($M$9:M257)","v":0.98609133246025038},{"$f":"_xlfn.XLOOKUP($F257,F258:F$717,K258:$K$717,,0)=K257","v":{"$error":"#N/A"}}]
[null,246,"COMPOSIÇÃO SINAPI",101896,"SINAPI","DISJUNTOR TERMOMAGNÉTICO TRIPOLAR , CORRENTE NOMINAL DE 200A - FORNECIMENTO E INSTALAÇÃO. AF_10/2020","UN",{"$f":"SUMIF(Orçamento!$F$9:$F$1730,F258,Orçamento!$H$9:$H$1730)","v":9},703.75,0.20796173004820551,850.10306752142458,7650.9276076928209,1.6131386387828163E-4,{"$f":"SUM($M$9:M258)","v":0.98625264632412868},{"$f":"_xlfn.XLOOKUP($F258,F259:F$717,K259:$K$717,,0)=K258","v":{"$error":"#N/A"}}]
[null,248,"COMPOSIÇÃO SINAPI",87246,"SINAPI","REVESTIMENTO CERÂMICO PARA PISO COM PLACAS TIPO ESMALTADA EXTRA DE DIMENSÕES 35X35 CM APLICADA EM AMBIENTES DE ÁREA MENOR QUE 5 M2. AF_02/2023_PE","M2",{"$f":"SUMIF(Orçamento!$F$9:$F$1730,F259,Orçamento!$H$9:$H$1730)","v":73.5},81.38,0.20796173004820551,98.303925591322965,7225.3385309622381,1.5234064887585872E-4,{"$f":"SUM($M$9:M259)","v":0.98640498697300449},{"$f":"_xlfn.XLOOKUP($F259,F260:F$717,K260:$K$717,,0)=K259","v":{"$error":"#N/A"}}]
[null,249,"COMPOSIÇÃO SINAPI",88411,"SINAPI","APLICAÇÃO MANUAL DE FUNDO SELADOR ACRÍLICO EM PANOS COM PRESENÇA DE VÃOS DE EDIFÍCIOS DE MÚLTIPLOS PAVIMENTOS. AF_06/2014","M2",{"$f":"SUMIF(Orçamento!$F$9:$F$1730,F260,Orçamento!$H$9:$H$1730)","v":1923.21},3.09,0.20796173004820551,3.7326017458489549,7178.5770036341682,1.5135471840560356E-4,{"$f":"SUM($M$9:M260)","v":0.98655634169141004},{"$f":"_xlfn.XLOOKUP($F260,F261:F$717,K261:$K$717,,0)=K260","v":{"$error":"#N/A"}}]
[null,250,"COMPOSIÇÃO SINAPI",90793,"SINAPI","KIT DE PORTA-PRONTA DE MADEIRA EM ACABAMENTO MELAMÍNICO BRANCO, FOLHA PESADA OU SUPERPESADA, 90X210CM, FIXAÇÃO COM PREENCHIMENTO TOTAL DE ESPUMA EXPANSIVA - FORNECIMENTO E INSTALAÇÃO. AF_12/2019","UN",{"$f":"SUMIF(Orçamento!$F$9:$F$1730,F261,Orçamento!$H$9:$H$1730)","v":5},1142.27,0.20796173004820551,1379.8184453821636,6899.0922269108178,1.4546199904657173E-4,{"$f":"SUM($M$9:M261)","v":0.98670180369045657},{"$f":"_xlfn.XLOOKUP($F261,F262:F$717,K262:$K$717,,0)=K261","v":{"$error":"#N/A"}}]
[null,251,"COMPOSIÇÃO SINAPI",96526,"SINAPI","ESCAVAÇÃO MANUAL DE VALA PARA VIGA BALDRAME (SEM ESCAVAÇÃO PARA COLOCAÇÃO DE FÔRMAS). AF_06/2017","M3",{"$f":"SUMIF(Orçamento!$F$9:$F$1730,F262,Orçamento!$H$9:$H$1730)","v":32.4},176.23,0.20796173004820551,212.87909568639523,6897.282700239205,1.4542384658269335E-4,{"$f":"SUM($M$9:M262)","v":0.98684722753703924},{"$f":"_xlfn.XLOOKUP($F262,F263:F$717,K263:$K$717,,0)=K262","v":{"$error":"#N/A"}}]
[null,252,"COMPOSIÇÃO ORSE",5612,"ORSE","FORNECIMENTO DE CURVA 90º, EM FERRO FUNDIDO, COM FLANGES PN 10, DIAM. =  200MM","UN",{"$f":"SUMIF(Orçamento!$F$9:$F$1730,F263,Orçamento!$H$9:$H$1730)","v":5},1134.43,0.20796173004820551,1370.3480254185858,6851.7401270929295,1.4446361681424042E-4,{"$f":"SUM($M$9:M263)","v":0.98699169115385343},{"$f":"_xlfn.XLOOKUP($F263,F264:F$717,K264:$K$717,,0)=K263","v":{"$error":"#N/A"}}]
[null,253,"COMPOSIÇÃO SINAPI",100859,"SINAPI","MICTÓRIO SIFONADO LOUÇA BRANCA PARA ENTRADA DE ÁGUA EMBUTIDA - PADRÃO ALTO - FORNECIMENTO E INSTALAÇÃO. AF_01/2020","UN",{"$f":"SUMIF(Orçamento!$F$9:$F$1730,F264,Orçamento!$H$9:$H$1730)","v":6},940.45,0.20796173004820551,1136.0276090238349,6816.1656541430093,1.4371355669326699E-4,{"$f":"SUM($M$9:M264)","v":0.98713540471054673},{"$f":"_xlfn.XLOOKUP($F264,F265:F$717,K265:$K$717,,0)=K264","v":{"$error":"#N/A"}}]
[null,254,"COMPOSIÇÃO SINAPI",91863,"SINAPI","ELETRODUTO RÍGIDO ROSCÁVEL, PVC, DN 25 MM (3/4\"), PARA CIRCUITOS TERMINAIS, INSTALADO EM FORRO - FORNECIMENTO E INSTALAÇÃO. AF_12/2015","M",{"$f":"SUMIF(Orçamento!$F$9:$F$1730,F265,Orçamento!$H$9:$H$1730)","v":487.69999999999993},11.52,0.20796173004820551,{"$f":"I265*(1+J265)","v":13.915719130155328},{"$f":"K265*H265","v":6786.6962197767525},{"$f":"L265/$L$717","v":1.4309221656724771E-4},{"$f":"SUM($M$9:M265)","v":0.987278496927114},{"$f":"_xlfn.XLOOKUP($F265,F266:F$717,K266:$K$717,,0)=K265","v":{"$error":"#N/A"}}]
[null,255,"COMPOSIÇÃO ORSE",6191,"ORSE","LIMPEZA DE RUAS (VARRIÇÃO E REMOÇÃO DE ENTULHOS)","M2",{"$f":"SUMIF(Orçamento!$F$9:$F$1730,F266,Orçamento!$H$9:$H$1730)","v":10982.220000000001},0.51,0.20796173004820551,0.61606048232458477,6765.7117501947023,1.4264977533093106E-4,{"$f":"SUM($M$9:M266)","v":0.98742114670244496},{"$f":"_xlfn.XLOOKUP($F266,F267:F$717,K267:$K$717,,0)=K266","v":{"$error":"#N/A"}}]
[null,256,"INSUMO SINAPI",10921,"SINAPI","HIDRANTE DE COLUNA COMPLETO, EM FERRO FUNDIDO, DN = 100 MM, COM REGISTRO, CUNHA DE BORRACHA, CURVA DESSIMETRICA, EXTREMIDADE E TAMPAS (INCLUI KIT FIXACAO)","UN",{"$f":"SUMIF(Orçamento!$F$9:$F$1730,F267,Orçamento!$H$9:$H$1730)","v":1},5890,0.14692012195121973,6755.3595182926838,6755.3595182926838,1.4243150656490593E-4,{"$f":"SUM($M$9:M267)","v":0.98756357820900986},{"$f":"_xlfn.XLOOKUP($F267,F268:F$717,K268:$K$717,,0)=K267","v":{"$error":"#N/A"}}]
[null,258,"INSUMO SINAPI",13348,"SINAPI","ARRUELA  EM ACO GALVANIZADO, DIAMETRO EXTERNO = 35MM, ESPESSURA = 3MM, DIAMETRO DO FURO= 18MM","UN",{"$f":"SUMIF(Orçamento!$F$9:$F$1730,F268,Orçamento!$H$9:$H$1730)","v":3258},1.79,0.14692012195121973,2.0529870182926833,6688.6317055975624,1.4102460248138367E-4,{"$f":"SUM($M$9:M268)","v":0.98770460281149119},{"$f":"_xlfn.XLOOKUP($F268,F269:F$717,K269:$K$717,,0)=K268","v":{"$error":"#N/A"}}]
[null,259,"COMPOSIÇÃO SICRO",2003715,"SICRO","CHAMINÉ DOS POÇOS DE VISITA - CPV 02 - AREIA EXTRAÍDA E BRITA PRODUZIDA","UN",{"$f":"SUMIF(Orçamento!$F$9:$F$1730,F269,Orçamento!$H$9:$H$1730)","v":3},1832.01,0.20796173004820551,2212.9979690656128,6638.9939071968383,1.3997802807040887E-4,{"$f":"SUM($M$9:M269)","v":0.98784458083956161},{"$f":"_xlfn.XLOOKUP($F269,F270:F$717,K270:$K$717,,0)=K269","v":{"$error":"#N/A"}}]
[null,260,"COMPOSIÇÃO ORSE",12740,"ORSE","FORNECIMENTO E ASSENTAMENTO DE BARRA CHATA DE ALUMÍNIO DE 7/8\" X 1/8\"","M",{"$f":"SUMIF(Orçamento!$F$9:$F$1730,F270,Orçamento!$H$9:$H$1730)","v":357},15.31,0.20796173004820551,18.493894087038026,6602.320189072575,1.3920479121904203E-4,{"$f":"SUM($M$9:M270)","v":0.98798378563078071},{"$f":"_xlfn.XLOOKUP($F270,F271:F$717,K271:$K$717,,0)=K270","v":{"$error":"#N/A"}}]
[null,261,"INSUMO SINAPI",981,"SINAPI","CABO DE COBRE, FLEXIVEL, CLASSE 4 OU 5, ISOLACAO EM PVC/A, ANTICHAMA BWF-B, 1 CONDUTOR, 450/750 V, SECAO NOMINAL 4 MM2","M",{"$f":"SUMIF(Orçamento!$F$9:$F$1730,F271,Orçamento!$H$9:$H$1730)","v":1422.2},3.99,0.14692012195121973,4.5762112865853668,6508.2876917817084,1.372221890764127E-4,{"$f":"SUM($M$9:M271)","v":0.98812100781985712},{"$f":"_xlfn.XLOOKUP($F271,F272:F$717,K272:$K$717,,0)=K271","v":{"$error":"#N/A"}}]
[null,262,"COMPOSIÇÃO SINAPI",101636,"SINAPI","BRAÇO PARA ILUMINAÇÃO PÚBLICA, EM TUBO DE AÇO GALVANIZADO, COMPRIMENTO DE 1,50 M, PARA FIXAÇÃO EM POSTE DE CONCRETO - FORNECIMENTO E INSTALAÇÃO. AF_08/2020","UN",{"$f":"SUMIF(Orçamento!$F$9:$F$1730,F272,Orçamento!$H$9:$H$1730)","v":34},154.99,0.20796173004820551,187.2219885401714,6365.5476103658275,1.3421262536804037E-4,{"$f":"SUM($M$9:M272)","v":0.98825522044522518},{"$f":"_xlfn.XLOOKUP($F272,F273:F$717,K273:$K$717,,0)=K272","v":{"$error":"#N/A"}}]
[null,263,"COMPOSIÇÃO SINAPI",97667,"SINAPI","ELETRODUTO FLEXÍVEL CORRUGADO, PEAD, DN 50 (1 1/2\"), PARA REDE ENTERRADA DE DISTRIBUIÇÃO DE ENERGIA ELÉTRICA - FORNECIMENTO E INSTALAÇÃO. AF_12/2021","M",{"$f":"SUMIF(Orçamento!$F$9:$F$1730,F273,Orçamento!$H$9:$H$1730)","v":595},8.68,0.20796173004820551,10.485107816818424,6238.6391510069625,1.3153685910965437E-4,{"$f":"SUM($M$9:M273)","v":0.98838675730433478},{"$f":"_xlfn.XLOOKUP($F273,F274:F$717,K274:$K$717,,0)=K273","v":{"$error":"#N/A"}}]
[null,264,"COMPOSIÇÃO ORSE",2672,"ORSE","FORNECIMENTO E ASSENTAMENTO DE TUBO DE CONCRETO ARMADO CA1 D=0,80 M","M",{"$f":"SUMIF(Orçamento!$F$9:$F$1730,F274,Orçamento!$H$9:$H$1730)","v":114},44.81,0.20796173004820551,54.128765123460092,6170.6792240744508,1.3010397685478292E-4,{"$f":"SUM($M$9:M274)","v":0.98851686128118954},{"$f":"_xlfn.XLOOKUP($F274,F275:F$717,K275:$K$717,,0)=K274","v":{"$error":"#N/A"}}]
[null,265,"COMPOSIÇÃO ORSE",51,"ORSE","PLACA DE OBRA EM CHAPA AÇO GALVANIZADO, INSTALADA - REV 02_01/2022","M2",{"$f":"SUMIF(Orçamento!$F$9:$F$1730,F275,Orçamento!$H$9:$H$1730)","v":13.5},376.75,0.20796173004820551,455.09958179566144,6143.8443542414298,1.2953818447490432E-4,{"$f":"SUM($M$9:M275)","v":0.98864639946566446},{"$f":"_xlfn.XLOOKUP($F275,F276:F$717,K276:$K$717,,0)=K275","v":{"$error":"#N/A"}}]
[null,266,"COMPOSIÇÃO SINAPI",101900,"SINAPI","DISJUNTOR BAIXA TENSÃO TRIPOLAR A SECO  800A/600V - FORNECIMENTO E INSTALAÇÃO. AF_10/2020","UN",{"$f":"SUMIF(Orçamento!$F$9:$F$1730,F276,Orçamento!$H$9:$H$1730)","v":1},5061.57,0.20796173004820551,6114.1828539600956,6114.1828539600956,1.2891279478829983E-4,{"$f":"SUM($M$9:M276)","v":0.98877531226045279},{"$f":"_xlfn.XLOOKUP($F276,F277:F$717,K277:$K$717,,0)=K276","v":{"$error":"#N/A"}}]
[null,267,"COMPOSIÇÃO SINAPI",91932,"SINAPI","CABO DE COBRE FLEXÍVEL ISOLADO, 10 MM², ANTI-CHAMA 450/750 V, PARA CIRCUITOS TERMINAIS - FORNECIMENTO E INSTALAÇÃO. AF_03/2023","M",{"$f":"SUMIF(Orçamento!$F$9:$F$1730,F277,Orçamento!$H$9:$H$1730)","v":290},17.309999999999999,0.20796173004820551,20.909817547134434,6063.8470886689856,1.2785150428775777E-4,{"$f":"SUM($M$9:M277)","v":0.98890316376474052},{"$f":"_xlfn.XLOOKUP($F277,F278:F$717,K278:$K$717,,0)=K277","v":{"$error":"#N/A"}}]
[null,269,"COMPOSIÇÃO SINAPI",100978,"SINAPI","CARGA, MANOBRA E DESCARGA DE SOLOS E MATERIAIS GRANULARES EM CAMINHÃO BASCULANTE 10 M³ - CARGA COM ESCAVADEIRA HIDRÁULICA (CAÇAMBA DE 1,20 M³ / 155 HP) E DESCARGA LIVRE (UNIDADE: M3). AF_07/2020","M3",{"$f":"SUMIF(Orçamento!$F$9:$F$1730,F278,Orçamento!$H$9:$H$1730)","v":680.9},6.92,0.20796173004820551,8.359095171933582,5691.7079025695757,1.2000523869901338E-4,{"$f":"SUM($M$9:M278)","v":0.98902316900343956},{"$f":"_xlfn.XLOOKUP($F278,F279:F$717,K279:$K$717,,0)=K278","v":{"$error":"#N/A"}}]
[null,270,"COMPOSIÇÃO SINAPI",90790,"SINAPI","KIT DE PORTA-PRONTA DE MADEIRA EM ACABAMENTO MELAMÍNICO BRANCO, FOLHA LEVE OU MÉDIA, 80X210CM, EXCLUSIVE FECHADURA, FIXAÇÃO COM PREENCHIMENTO PARCIAL DE ESPUMA EXPANSIVA - FORNECIMENTO E INSTALAÇÃO. AF_12/2019","UN",{"$f":"SUMIF(Orçamento!$F$9:$F$1730,F279,Orçamento!$H$9:$H$1730)","v":5},923.95,0.20796173004820551,1116.0962404780396,5580.4812023901977,1.1766011014828366E-4,{"$f":"SUM($M$9:M279)","v":0.98914082911358781},{"$f":"_xlfn.XLOOKUP($F279,F280:F$717,K280:$K$717,,0)=K279","v":{"$error":"#N/A"}}]
[null,271,"COMPOSIÇÃO SINAPI",92770,"SINAPI","ARMAÇÃO DE LAJE DE ESTRUTURA CONVENCIONAL DE CONCRETO ARMADO UTILIZANDO AÇO CA-50 DE 8,0 MM - MONTAGEM. AF_06/2022","KG",{"$f":"SUMIF(Orçamento!$F$9:$F$1730,F280,Orçamento!$H$9:$H$1730)","v":333.59999999999997},13.8,0.20796173004820551,16.669871874665237,5561.0692573883225,1.172508243708968E-4,{"$f":"SUM($M$9:M280)","v":0.98925807993795867},{"$f":"_xlfn.XLOOKUP($F280,F281:F$717,K281:$K$717,,0)=K280","v":{"$error":"#N/A"}}]
[null,272,"COMPOSIÇÃO SINAPI",86895,"SINAPI","BANCADA DE GRANITO CINZA POLIDO, DE 0,50 X 0,60 M, PARA LAVATÓRIO - FORNECIMENTO E INSTALAÇÃO. AF_01/2020","UN",{"$f":"SUMIF(Orçamento!$F$9:$F$1730,F281,Orçamento!$H$9:$H$1730)","v":10},456.91,0.20796173004820551,551.92979407632561,5519.2979407632556,1.1637010861594736E-4,{"$f":"SUM($M$9:M281)","v":0.98937445004657465},{"$f":"_xlfn.XLOOKUP($F281,F282:F$717,K282:$K$717,,0)=K281","v":{"$error":"#N/A"}}]
[null,273,"COMPOSIÇÃO ORSE",11855,"ORSE","CABO BLINDADO PARA ALARME E DETECÇÃO DE INCÊNCIO 3 X 1,5MM2","M",{"$f":"SUMIF(Orçamento!$F$9:$F$1730,F282,Orçamento!$H$9:$H$1730)","v":210},21.72,0.20796173004820551,26.236928776647023,5509.7550430958745,1.1616890403341119E-4,{"$f":"SUM($M$9:M282)","v":0.98949061895060808},{"$f":"_xlfn.XLOOKUP($F282,F283:F$717,K283:$K$717,,0)=K282","v":{"$error":"#N/A"}}]
[null,274,"COMPOSIÇÃO ORSE",10673,"ORSE","VÁLVULA RETENÇÃO PORTINHOLA ÚNICA, PN10, Ø=100MM, EM FERRO FUNDIDO","UN",{"$f":"SUMIF(Orçamento!$F$9:$F$1730,F283,Orçamento!$H$9:$H$1730)","v":2},2249.79,0.20796173004820551,2717.6602206451521,5435.3204412903042,1.1459950828962911E-4,{"$f":"SUM($M$9:M283)","v":0.98960521845889771},{"$f":"_xlfn.XLOOKUP($F283,F284:F$717,K284:$K$717,,0)=K283","v":{"$error":"#N/A"}}]
[null,275,"COMPOSIÇÃO SINAPI",100858,"SINAPI","MICTÓRIO SIFONADO LOUÇA BRANCA - PADRÃO MÉDIO - FORNECIMENTO E INSTALAÇÃO. AF_01/2020","UN",{"$f":"SUMIF(Orçamento!$F$9:$F$1730,F284,Orçamento!$H$9:$H$1730)","v":6},744.89,0.20796173004820551,899.79861309560783,5398.791678573647,1.1382932771040209E-4,{"$f":"SUM($M$9:M284)","v":0.98971904778660813},{"$f":"_xlfn.XLOOKUP($F284,F285:F$717,K285:$K$717,,0)=K284","v":{"$error":"#N/A"}}]
[null,276,"COMPOSIÇÃO SINAPI",91834,"SINAPI","ELETRODUTO FLEXÍVEL CORRUGADO, PVC, DN 25 MM (3/4\"), PARA CIRCUITOS TERMINAIS, INSTALADO EM FORRO - FORNECIMENTO E INSTALAÇÃO. AF_12/2015","M",{"$f":"SUMIF(Orçamento!$F$9:$F$1730,F285,Orçamento!$H$9:$H$1730)","v":239.6},18.55,0.20796173004820551,22.407690092394212,5368.8825461376528,1.1319871689222544E-4,{"$f":"SUM($M$9:M285)","v":0.98983224650350032},{"$f":"_xlfn.XLOOKUP($F285,F286:F$717,K286:$K$717,,0)=K285","v":{"$error":"#N/A"}}]
[null,277,"COMPOSIÇÃO SINAPI",91953,"SINAPI","INTERRUPTOR SIMPLES (1 MÓDULO), 10A/250V, INCLUINDO SUPORTE E PLACA - FORNECIMENTO E INSTALAÇÃO. AF_12/2015","UN",{"$f":"SUMIF(Orçamento!$F$9:$F$1730,F286,Orçamento!$H$9:$H$1730)","v":148},29.59,0.20796173004820551,35.743587592126403,5290.0509636347078,1.1153661422686978E-4,{"$f":"SUM($M$9:M286)","v":0.98994378311772724},{"$f":"_xlfn.XLOOKUP($F286,F287:F$717,K287:$K$717,,0)=K286","v":{"$error":"#N/A"}}]
[null,278,"INSUMO SINAPI",36373,"SINAPI","TUBO PVC PBA JEI, CLASSE 12, DN 75 MM, PARA REDE DE AGUA (NBR 5647)","M",{"$f":"SUMIF(Orçamento!$F$9:$F$1730,F287,Orçamento!$H$9:$H$1730)","v":145.30000000000001},31.29,0.14692012195121973,35.887130615853664,5214.400078483538,1.099415740937914E-4,{"$f":"SUM($M$9:M287)","v":0.99005372469182107},{"$f":"_xlfn.XLOOKUP($F287,F288:F$717,K288:$K$717,,0)=K287","v":{"$error":"#N/A"}}]
[null,279,"COMPOSIÇÃO PRÓPRIA","1.2","","MOBILIZAÇÃO - ESTRUTURAS DE CONTENÇÃO","UN",{"$f":"SUMIF(Orçamento!$F$9:$F$1730,F288,Orçamento!$H$9:$H$1730)","v":1},4290.6772000000001,0.20796173004820551,5182.9738535903907,5182.9738535903907,1.0927897655992843E-4,{"$f":"SUM($M$9:M288)","v":0.99016300366838095},{"$f":"_xlfn.XLOOKUP($F288,F289:F$717,K289:$K$717,,0)=K288","v":{"$error":"#N/A"}}]
[null,280,"COMPOSIÇÃO PRÓPRIA","1.2","","DESMOBILIZAÇÃO - ESTRUTURAS DE CONTENÇÃO","UN",{"$f":"SUMIF(Orçamento!$F$9:$F$1730,F289,Orçamento!$H$9:$H$1730)","v":1},4290.6772000000001,0.20796173004820551,5182.9738535903907,5182.9738535903907,1.0927897655992843E-4,{"$f":"SUM($M$9:M289)","v":0.99027228264494083},{"$f":"_xlfn.XLOOKUP($F289,F290:F$717,K290:$K$717,,0)=K289","v":{"$error":"#N/A"}}]
[null,281,"INSUMO SINAPI",4383,"SINAPI","PARAFUSO FRANCES METRICO ZINCADO, DIAMETRO 12 MM, COMPRIMENTO 140MM, COM PORCA SEXTAVADA E ARRUELA DE PRESSAO MEDIA","UN",{"$f":"SUMIF(Orçamento!$F$9:$F$1730,F290,Orçamento!$H$9:$H$1730)","v":239},18.899999999999999,0.14692012195121973,21.67679030487805,5180.7528828658542,1.0923214911788398E-4,{"$f":"SUM($M$9:M290)","v":0.99038151479405867},{"$f":"_xlfn.XLOOKUP($F290,F291:F$717,K291:$K$717,,0)=K290","v":{"$error":"#N/A"}}]
[null,282,"INSUMO SINAPI",4813,"SINAPI","PLACA DE OBRA (PARA CONSTRUCAO CIVIL) EM CHAPA GALVANIZADA *N. 22*, ADESIVADA, DE *2,0 X 1,125* M (SEM POSTES PARA FIXACAO)","M2",{"$f":"SUMIF(Orçamento!$F$9:$F$1730,F291,Orçamento!$H$9:$H$1730)","v":18},250,0.14692012195121973,286.73003048780492,5161.1405487804886,1.0881863829237296E-4,{"$f":"SUM($M$9:M291)","v":0.99049033343235104},{"$f":"_xlfn.XLOOKUP($F291,F292:F$717,K292:$K$717,,0)=K291","v":{"$error":"#N/A"}}]
[null,283,"COMPOSIÇÃO SINAPI",87265,"SINAPI","REVESTIMENTO CERÂMICO PARA PAREDES INTERNAS COM PLACAS TIPO ESMALTADA EXTRA DE DIMENSÕES 20X20 CM APLICADAS EM AMBIENTES DE ÁREA MAIOR QUE 5 M² NA ALTURA INTEIRA DAS PAREDES. AF_06/2014","M2",{"$f":"SUMIF(Orçamento!$F$9:$F$1730,F292,Orçamento!$H$9:$H$1730)","v":57.08},72.89,0.20796173004820551,88.048330503213705,5025.7987051234386,1.0596506067875432E-4,{"$f":"SUM($M$9:M292)","v":0.99059629849302977},{"$f":"_xlfn.XLOOKUP($F292,F293:F$717,K293:$K$717,,0)=K292","v":{"$error":"#N/A"}}]
[null,284,"COMPOSIÇÃO SINAPI",101506,"SINAPI","ENTRADA DE ENERGIA ELÉTRICA, AÉREA, TRIFÁSICA, COM CAIXA DE SOBREPOR, CABO DE 16 MM2 E DISJUNTOR DIN 50A (NÃO INCLUSO O POSTE DE CONCRETO). AF_07/2020_P","UN",{"$f":"SUMIF(Orçamento!$F$9:$F$1730,F293,Orçamento!$H$9:$H$1730)","v":2},2035.66,0.20796173004820551,2458.9993753899303,4917.9987507798605,1.0369218240140923E-4,{"$f":"SUM($M$9:M293)","v":0.99069999067543113},{"$f":"_xlfn.XLOOKUP($F293,F294:F$717,K294:$K$717,,0)=K293","v":{"$error":"#N/A"}}]
[null,285,"COMPOSIÇÃO SICRO",4208132,"SICRO","TUBO PEAD PARA ESTAIS - D = 200 MM - FORNECIMENTO E INSTALAÇÃO","M",{"$f":"SUMIF(Orçamento!$F$9:$F$1730,F294,Orçamento!$H$9:$H$1730)","v":10.5},387.3,0.20796173004820551,467.84357804767001,4912.3575695005347,1.0357324247730239E-4,{"$f":"SUM($M$9:M294)","v":0.99080356391790847},{"$f":"_xlfn.XLOOKUP($F294,F295:F$717,K295:$K$717,,0)=K294","v":{"$error":"#N/A"}}]
[null,286,"INSUMO SINAPI",4336,"SINAPI","PARAFUSO ZINCADO, SEXTAVADO, COM ROSCA INTEIRA, DIAMETRO 5/8\", COMPRIMENTO 3\", COM PORCA E ARRUELA DE PRESSAO MEDIA","UN",{"$f":"SUMIF(Orçamento!$F$9:$F$1730,F295,Orçamento!$H$9:$H$1730)","v":840},5.07,0.14692012195121973,5.8148850182926841,4884.5034153658544,1.0298595927990177E-4,{"$f":"SUM($M$9:M295)","v":0.9909065498771884},{"$f":"_xlfn.XLOOKUP($F295,F296:F$717,K296:$K$717,,0)=K295","v":{"$error":"#N/A"}}]
[null,287,"COMPOSIÇÃO SINAPI",89357,"SINAPI","TUBO, PVC, SOLDÁVEL, DN 32MM, INSTALADO EM RAMAL OU SUB-RAMAL DE ÁGUA - FORNECIMENTO E INSTALAÇÃO. AF_06/2022","M",{"$f":"SUMIF(Orçamento!$F$9:$F$1730,F296,Orçamento!$H$9:$H$1730)","v":141.32},28.5,0.20796173004820551,34.426909306373858,4865.2108231767534,1.0257918996383575E-4,{"$f":"SUM($M$9:M296)","v":0.99100912906715222},{"$f":"_xlfn.XLOOKUP($F296,F297:F$717,K297:$K$717,,0)=K296","v":{"$error":"#N/A"}}]
[null,288,"COMPOSIÇÃO SINAPI",91313,"SINAPI","KIT DE PORTA DE MADEIRA PARA PINTURA, SEMI-OCA (LEVE OU MÉDIA), PADRÃO POPULAR, 70X210CM, ESPESSURA DE 3,5CM, ITENS INCLUSOS: DOBRADIÇAS, MONTAGEM E INSTALAÇÃO DO BATENTE, FECHADURA COM EXECUÇÃO DO FURO - FORNECIMENTO E INSTALAÇÃO. AF_12/2019","UN",{"$f":"SUMIF(Orçamento!$F$9:$F$1730,F297,Orçamento!$H$9:$H$1730)","v":5},753.34,0.20796173004820551,910.00588971451521,4550.0294485725763,9.593383557455275E-5,{"$f":"SUM($M$9:M297)","v":0.99110506290272682},{"$f":"_xlfn.XLOOKUP($F297,F298:F$717,K298:$K$717,,0)=K297","v":{"$error":"#N/A"}}]
[null,289,"COMPOSIÇÃO SINAPI",103325,"SINAPI","ALVENARIA DE VEDAÇÃO DE BLOCOS CERÂMICOS FURADOS NA VERTICAL DE 14X19X39 CM (ESPESSURA 14 CM) E ARGAMASSA DE ASSENTAMENTO COM PREPARO MANUAL. AF_12/2021","M2",{"$f":"SUMIF(Orçamento!$F$9:$F$1730,F298,Orçamento!$H$9:$H$1730)","v":45.8},81.349999999999994,0.20796173004820551,98.267686739421507,4500.6600526655047,9.4892920221609307E-5,{"$f":"SUM($M$9:M298)","v":0.9911999558229484},{"$f":"_xlfn.XLOOKUP($F298,F299:F$717,K299:$K$717,,0)=K298","v":{"$error":"#N/A"}}]
[null,290,"COMPOSIÇÃO ORSE",5027,"ORSE","CAIXA DE PASSAGEM EM ALVENARIA DE TIJOLOS MACIÇOS ESP. = 0,12M,  DIM. INT. =  0.60 X 0.60 X 0.40M","UN",{"$f":"SUMIF(Orçamento!$F$9:$F$1730,F299,Orçamento!$H$9:$H$1730)","v":10},370.46,0.20796173004820551,447.50150251365818,4475.0150251365822,9.4352214742211515E-5,{"$f":"SUM($M$9:M299)","v":0.99129430803769059},{"$f":"_xlfn.XLOOKUP($F299,F300:F$717,K300:$K$717,,0)=K299","v":{"$error":"#N/A"}}]
[null,292,"COMPOSIÇÃO SINAPI",89712,"SINAPI","TUBO PVC, SERIE NORMAL, ESGOTO PREDIAL, DN 50 MM, FORNECIDO E INSTALADO EM RAMAL DE DESCARGA OU RAMAL DE ESGOTO SANITÁRIO. AF_08/2022","M",{"$f":"SUMIF(Orçamento!$F$9:$F$1730,F300,Orçamento!$H$9:$H$1730)","v":150.98000000000002},23.85,0.20796173004820551,28.809887261649703,4349.7167787638728,9.1710398573511707E-5,{"$f":"SUM($M$9:M300)","v":0.99138601843626406},{"$f":"_xlfn.XLOOKUP($F300,F301:F$717,K301:$K$717,,0)=K300","v":{"$error":"#N/A"}}]
[null,293,"COMPOSIÇÃO SINAPI",90789,"SINAPI","KIT DE PORTA-PRONTA DE MADEIRA EM ACABAMENTO MELAMÍNICO BRANCO, FOLHA LEVE OU MÉDIA, 70X210CM, EXCLUSIVE FECHADURA, FIXAÇÃO COM PREENCHIMENTO PARCIAL DE ESPUMA EXPANSIVA - FORNECIMENTO E INSTALAÇÃO. AF_12/2019","UN",{"$f":"SUMIF(Orçamento!$F$9:$F$1730,F301,Orçamento!$H$9:$H$1730)","v":4},896,0.20796173004820551,1082.3337101231921,4329.3348404927683,9.1280661241722734E-5,{"$f":"SUM($M$9:M301)","v":0.99147729909750582},{"$f":"_xlfn.XLOOKUP($F301,F302:F$717,K302:$K$717,,0)=K301","v":{"$error":"#N/A"}}]
[null,294,"COMPOSIÇÃO SINAPI",94213,"SINAPI","TELHAMENTO COM TELHA DE AÇO/ALUMÍNIO E = 0,5 MM, COM ATÉ 2 ÁGUAS, INCLUSO IÇAMENTO. AF_07/2019","M2",{"$f":"SUMIF(Orçamento!$F$9:$F$1730,F302,Orçamento!$H$9:$H$1730)","v":50},71.08,0.20796173004820551,85.86191977182645,4293.0959885913226,9.0516593206775285E-5,{"$f":"SUM($M$9:M302)","v":0.99156781569071262},{"$f":"_xlfn.XLOOKUP($F302,F303:F$717,K303:$K$717,,0)=K302","v":{"$error":"#N/A"}}]
[null,295,"COMPOSIÇÃO SINAPI",96546,"SINAPI","ARMAÇÃO DE BLOCO, VIGA BALDRAME OU SAPATA UTILIZANDO AÇO CA-50 DE 10 MM - MONTAGEM. AF_06/2017","KG",{"$f":"SUMIF(Orçamento!$F$9:$F$1730,F303,Orçamento!$H$9:$H$1730)","v":229.7},15.45,0.20796173004820551,18.663008729244773,4286.8931051075242,9.0385810228126761E-5,{"$f":"SUM($M$9:M303)","v":0.99165820150094075},{"$f":"_xlfn.XLOOKUP($F303,F304:F$717,K304:$K$717,,0)=K303","v":{"$error":"#N/A"}}]
[null,296,"COMPOSIÇÃO SINAPI",103007,"SINAPI","CAIXA COM GRELHA RETANGULAR DE FERRO FUNDIDO, EM ALVENARIA COM TIJOLOS CERÂMICOS MACIÇOS, DIMENSÕES INTERNAS: 0,30 X 1,00 X 0,5 M. AF_08/2021","UN",{"$f":"SUMIF(Orçamento!$F$9:$F$1730,F304,Orçamento!$H$9:$H$1730)","v":3},1170.25,0.20796173004820551,1413.6172145889125,4240.8516437667377,8.9415061789726043E-5,{"$f":"SUM($M$9:M304)","v":0.99174761656273047},{"$f":"_xlfn.XLOOKUP($F304,F305:F$717,K305:$K$717,,0)=K304","v":{"$error":"#N/A"}}]
[null,297,"COMPOSIÇÃO SINAPI",86902,"SINAPI","LAVATÓRIO LOUÇA BRANCA COM COLUNA, *44 X 35,5* CM, PADRÃO POPULAR - FORNECIMENTO E INSTALAÇÃO. AF_01/2020","UN",{"$f":"SUMIF(Orçamento!$F$9:$F$1730,F305,Orçamento!$H$9:$H$1730)","v":12},290.26,0.20796173004820551,350.62297176379212,4207.4756611655057,8.8711355129539435E-5,{"$f":"SUM($M$9:M305)","v":0.99183632791786003},{"$f":"_xlfn.XLOOKUP($F305,F306:F$717,K306:$K$717,,0)=K305","v":{"$error":"#N/A"}}]
[null,298,"COMPOSIÇÃO ORSE",770,"ORSE","TAMPA DE FERRO FUNDIDO TIPO R2 (545X1104)MM, PADRÃO TELEMAR, INCLUSIVE INSTALAÇÃO","UN",{"$f":"SUMIF(Orçamento!$F$9:$F$1730,F306,Orçamento!$H$9:$H$1730)","v":4},856.15,0.20796173004820551,1034.196435180771,4136.785740723084,8.7220913082701904E-5,{"$f":"SUM($M$9:M306)","v":0.99192354883094269},{"$f":"_xlfn.XLOOKUP($F306,F307:F$717,K307:$K$717,,0)=K306","v":{"$error":"#N/A"}}]
[null,299,"COMPOSIÇÃO SINAPI",97907,"SINAPI","CAIXA ENTERRADA HIDRÁULICA RETANGULAR, EM ALVENARIA COM BLOCOS DE CONCRETO, DIMENSÕES INTERNAS: 0,8X0,8X0,6 M PARA REDE DE ESGOTO. AF_12/2020","UN",{"$f":"SUMIF(Orçamento!$F$9:$F$1730,F307,Orçamento!$H$9:$H$1730)","v":5},673.69,0.20796173004820551,813.79173791617563,4068.9586895808779,8.5790832410625269E-5,{"$f":"SUM($M$9:M307)","v":0.99200933966335336},{"$f":"_xlfn.XLOOKUP($F307,F308:F$717,K308:$K$717,,0)=K307","v":{"$error":"#N/A"}}]
[null,300,"INSUMO SINAPI",6301,"SINAPI","TE DE FERRO GALVANIZADO, DE 6\"","UN",{"$f":"SUMIF(Orçamento!$F$9:$F$1730,F308,Orçamento!$H$9:$H$1730)","v":3},1162.55,0.14692012195121973,1333.3519877743904,4000.0559633231715,8.433807196453213E-5,{"$f":"SUM($M$9:M308)","v":0.99209367773531787},{"$f":"_xlfn.XLOOKUP($F308,F309:F$717,K309:$K$717,,0)=K308","v":{"$error":"#N/A"}}]
[null,301,"INSUMO SINAPI",1792,"SINAPI","CURVA 90 GRAUS DE FERRO GALVANIZADO, COM ROSCA BSP FEMEA, DE 3\"","UN",{"$f":"SUMIF(Orçamento!$F$9:$F$1730,F309,Orçamento!$H$9:$H$1730)","v":10},345.62,0.14692012195121973,396.39853254878057,3963.9853254878058,8.3577550592466547E-5,{"$f":"SUM($M$9:M309)","v":0.99217725528591039},{"$f":"_xlfn.XLOOKUP($F309,F310:F$717,K310:$K$717,,0)=K309","v":{"$error":"#N/A"}}]
[null,302,"COMPOSIÇÃO SINAPI",95427,"SINAPI","TRANSPORTE COM CAMINHÃO BASCULANTE DE 18 M³, EM VIA URBANA PAVIMENTADA, ADICIONAL PARA DMT EXCEDENTE A 30 KM (UNIDADE: M3XKM). AF_07/2020","M3XKM",{"$f":"SUMIF(Orçamento!$F$9:$F$1730,F310,Orçamento!$H$9:$H$1730)","v":4245.9000000000005},0.77,0.20796173004820551,0.93013053213711827,3949.2412264009909,8.3266682719307356E-5,{"$f":"SUM($M$9:M310)","v":0.99226052196862968},{"$f":"_xlfn.XLOOKUP($F310,F311:F$717,K311:$K$717,,0)=K310","v":{"$error":"#N/A"}}]
[null,303,"INSUMO SINAPI",3270,"SINAPI","FLANGE SEXTAVADO DE FERRO GALVANIZADO, COM ROSCA BSP, DE 6\"","UN",{"$f":"SUMIF(Orçamento!$F$9:$F$1730,F311,Orçamento!$H$9:$H$1730)","v":9},369.85,0.14692012195121973,424.18840710365862,3817.6956639329273,8.0493146744868281E-5,{"$f":"SUM($M$9:M311)","v":0.99234101511537454},{"$f":"_xlfn.XLOOKUP($F311,F312:F$717,K312:$K$717,,0)=K311","v":{"$error":"#N/A"}}]
[null,304,"COMPOSIÇÃO SINAPI",92990,"SINAPI","CABO DE COBRE FLEXÍVEL ISOLADO, 70 MM², ANTI-CHAMA 0,6/1,0 KV, PARA REDE ENTERRADA DE DISTRIBUIÇÃO DE ENERGIA ELÉTRICA - FORNECIMENTO E INSTALAÇÃO. AF_12/2021","M",{"$f":"SUMIF(Orçamento!$F$9:$F$1730,F312,Orçamento!$H$9:$H$1730)","v":38.799999999999997},81.44,0.20796173004820551,98.376403295125854,3817.004447850883,8.0478572990849576E-5,{"$f":"SUM($M$9:M312)","v":0.99242149368836541},{"$f":"_xlfn.XLOOKUP($F312,F313:F$717,K313:$K$717,,0)=K312","v":{"$error":"#N/A"}}]
[null,305,"COMPOSIÇÃO SINAPI",91940,"SINAPI","CAIXA RETANGULAR 4\" X 2\" MÉDIA (1,30 M DO PISO), PVC, INSTALADA EM PAREDE - FORNECIMENTO E INSTALAÇÃO. AF_12/2015","UN",{"$f":"SUMIF(Orçamento!$F$9:$F$1730,F313,Orçamento!$H$9:$H$1730)","v":179},17.38,0.20796173004820551,20.994374868237809,3757.9931014145677,7.923436460274114E-5,{"$f":"SUM($M$9:M313)","v":0.99250072805296818},{"$f":"_xlfn.XLOOKUP($F313,F314:F$717,K314:$K$717,,0)=K313","v":{"$error":"#N/A"}}]
[null,306,"COMPOSIÇÃO SINAPI",89713,"SINAPI","TUBO PVC, SERIE NORMAL, ESGOTO PREDIAL, DN 75 MM, FORNECIDO E INSTALADO EM RAMAL DE DESCARGA OU RAMAL DE ESGOTO SANITÁRIO. AF_08/2022","M",{"$f":"SUMIF(Orçamento!$F$9:$F$1730,F314,Orçamento!$H$9:$H$1730)","v":104.39},29.72,0.20796173004820551,35.900622617032667,3747.6659949920399,7.9016625587928713E-5,{"$f":"SUM($M$9:M314)","v":0.99257974467855614},{"$f":"_xlfn.XLOOKUP($F314,F315:F$717,K315:$K$717,,0)=K314","v":{"$error":"#N/A"}}]
[null,307,"COMPOSIÇÃO SINAPI",91996,"SINAPI","TOMADA MÉDIA DE EMBUTIR (1 MÓDULO), 2P+T 10 A, INCLUINDO SUPORTE E PLACA - FORNECIMENTO E INSTALAÇÃO. AF_12/2015","UN",{"$f":"SUMIF(Orçamento!$F$9:$F$1730,F315,Orçamento!$H$9:$H$1730)","v":89},34.67,0.20796173004820551,41.880033180771285,3727.3229530886442,7.8587708355830615E-5,{"$f":"SUM($M$9:M315)","v":0.99265833238691192},{"$f":"_xlfn.XLOOKUP($F315,F316:F$717,K316:$K$717,,0)=K315","v":{"$error":"#N/A"}}]
[null,308,"COMPOSIÇÃO SINAPI",102520,"SINAPI","PINTURA DE SINALIZAÇÃO VERTICAL DE SEGURANÇA, FAIXAS AMARELA E PRETA, APLICAÇÃO MANUAL, 2 DEMÃOS. AF_05/2021","M2",{"$f":"SUMIF(Orçamento!$F$9:$F$1730,F316,Orçamento!$H$9:$H$1730)","v":42.57},72.27,0.20796173004820551,87.2993942305838,3716.3352123959526,7.8356040380741089E-5,{"$f":"SUM($M$9:M316)","v":0.99273668842729268},{"$f":"_xlfn.XLOOKUP($F316,F317:F$717,K317:$K$717,,0)=K316","v":{"$error":"#N/A"}}]
[null,309,"COMPOSIÇÃO SINAPI",100878,"SINAPI","VASO SANITÁRIO SIFONADO COM CAIXA ACOPLADA, LOUÇA BRANCA - PADRÃO ALTO - FORNECIMENTO E INSTALAÇÃO. AF_01/2020","UN",{"$f":"SUMIF(Orçamento!$F$9:$F$1730,F317,Orçamento!$H$9:$H$1730)","v":5},612.67999999999995,0.20796173004820551,740.09399276593444,3700.4699638296725,7.8021533941934548E-5,{"$f":"SUM($M$9:M317)","v":0.99281470996123466},{"$f":"_xlfn.XLOOKUP($F317,F318:F$717,K318:$K$717,,0)=K317","v":{"$error":"#N/A"}}]
[null,310,"COMPOSIÇÃO SICRO",1600404,"SICRO","REMOÇÃO DE TUBOS DE CONCRETO COM DIÂMETRO DE 0,40 M A 1,00 M EM VALAS E BUEIROS","M",{"$f":"SUMIF(Orçamento!$F$9:$F$1730,F318,Orçamento!$H$9:$H$1730)","v":300},10.14,0.20796173004820551,12.248731942688805,3674.6195828066416,7.7476498743672041E-5,{"$f":"SUM($M$9:M318)","v":0.99289218645997834},{"$f":"_xlfn.XLOOKUP($F318,F319:F$717,K319:$K$717,,0)=K318","v":{"$error":"#N/A"}}]
[null,311,"COMPOSIÇÃO SINAPI",93654,"SINAPI","DISJUNTOR MONOPOLAR TIPO DIN, CORRENTE NOMINAL DE 16A - FORNECIMENTO E INSTALAÇÃO. AF_10/2020","UN",{"$f":"SUMIF(Orçamento!$F$9:$F$1730,F319,Orçamento!$H$9:$H$1730)","v":222},13.44,0.20796173004820551,16.235005651847882,3604.1712547102297,7.5991150483734182E-5,{"$f":"SUM($M$9:M319)","v":0.99296817761046208},{"$f":"_xlfn.XLOOKUP($F319,F320:F$717,K320:$K$717,,0)=K319","v":{"$error":"#N/A"}}]
[null,312,"COMPOSIÇÃO SINAPI",91863,"SINAPI","ELETRODUTO RÍGIDO ROSCÁVEL, PVC, DN 25 MM (3/4\"), PARA CIRCUITOS TERMINAIS, INSTALADO EM FORRO - FORNECIMENTO E INSTALAÇÃO. AF_03/2023","M",{"$f":"SUMIF(Orçamento!$F$9:$F$1730,F320,Orçamento!$H$9:$H$1730)","v":258},11.52,0.20796173004820551,13.915719130155328,3590.2555355800746,7.5697748358314354E-5,{"$f":"SUM($M$9:M320)","v":0.99304387535882044},{"$f":"_xlfn.XLOOKUP($F320,F321:F$717,K321:$K$717,,0)=K320","v":{"$error":"#N/A"}}]
[null,313,"INSUMO SINAPI",39997,"SINAPI","PORCA ZINCADA, SEXTAVADA, DIAMETRO 1/4\"","UN",{"$f":"SUMIF(Orçamento!$F$9:$F$1730,F321,Orçamento!$H$9:$H$1730)","v":10672},0.28999999999999998,0.14692012195121973,0.33260683536585373,3549.580147024391,7.4840139395177606E-5,{"$f":"SUM($M$9:M321)","v":0.99311871549821562},{"$f":"_xlfn.XLOOKUP($F321,F322:F$717,K322:$K$717,,0)=K321","v":{"$error":"#N/A"}}]
[null,314,"INSUMO SINAPI",4329,"SINAPI","PARAFUSO EM ACO GALVANIZADO, TIPO MAQUINA, SEXTAVADO, SEM PORCA, DIAMETRO 1/2\", COMPRIMENTO 2\"","UN",{"$f":"SUMIF(Orçamento!$F$9:$F$1730,F322,Orçamento!$H$9:$H$1730)","v":1480},2.09,0.14692012195121973,2.3970630548780489,3547.6533212195122,7.4799513770215106E-5,{"$f":"SUM($M$9:M322)","v":0.99319351501198583},{"$f":"_xlfn.XLOOKUP($F322,F323:F$717,K323:$K$717,,0)=K322","v":{"$error":"#N/A"}}]
[null,315,"COMPOSIÇÃO SINAPI",101489,"SINAPI","ENTRADA DE ENERGIA ELÉTRICA, AÉREA, MONOFÁSICA, COM CAIXA DE SOBREPOR, CABO DE 10 MM2 E DISJUNTOR DIN 50A (NÃO INCLUSO O POSTE DE CONCRETO). AF_07/2020_PS","UN",{"$f":"SUMIF(Orçamento!$F$9:$F$1730,F323,Orçamento!$H$9:$H$1730)","v":2},1455.72,0.20796173004820551,1758.4540496657737,3516.9080993315474,7.4151274655580711E-5,{"$f":"SUM($M$9:M323)","v":0.99326766628664143},{"$f":"_xlfn.XLOOKUP($F323,F324:F$717,K324:$K$717,,0)=K323","v":{"$error":"#N/A"}}]
[null,316,"COMPOSIÇÃO ORSE",4264,"ORSE","CORRIMÃO EM AÇO INOX, ESCOVADO, D=1 1/2\"","M",{"$f":"SUMIF(Orçamento!$F$9:$F$1730,F324,Orçamento!$H$9:$H$1730)","v":31.8},90.91,0.20796173004820551,109.81580087868235,3492.1424679420988,7.3629110560497602E-5,{"$f":"SUM($M$9:M324)","v":0.99334129539720195},{"$f":"_xlfn.XLOOKUP($F324,F325:F$717,K325:$K$717,,0)=K324","v":{"$error":"#N/A"}}]
[null,317,"COMPOSIÇÃO SICRO",2003858,"SICRO","LASTRO DE AREIA EXTRAÍDA - ESPALHAMENTO MECÂNICO","M3",{"$f":"SUMIF(Orçamento!$F$9:$F$1730,F325,Orçamento!$H$9:$H$1730)","v":233.16},12.35,0.20796173004820551,14.918327366095337,3478.3572086787885,7.3338459080003594E-5,{"$f":"SUM($M$9:M325)","v":0.99341463385628193},{"$f":"_xlfn.XLOOKUP($F325,F326:F$717,K326:$K$717,,0)=K325","v":{"$error":"#N/A"}}]
[null,318,"COMPOSIÇÃO ORSE",10727,"ORSE","FORNECIMENTO E INSTALAÇÃO DE VOICE PANEL 24 PORTAS CAT 6","UN",{"$f":"SUMIF(Orçamento!$F$9:$F$1730,F326,Orçamento!$H$9:$H$1730)","v":10},287.89999999999998,0.20796173004820551,347.77218208087834,3477.7218208087834,7.3325062420457522E-5,{"$f":"SUM($M$9:M326)","v":0.99348795891870234},{"$f":"_xlfn.XLOOKUP($F326,F327:F$717,K327:$K$717,,0)=K326","v":{"$error":"#N/A"}}]
[null,319,"COMPOSIÇÃO ORSE",758,"ORSE","FORNECIMENTO E INSTALAÇÃO DE RACK  DE PISO 19\" X 16U X 570MM (GABINETE)","UN",{"$f":"SUMIF(Orçamento!$F$9:$F$1730,F327,Orçamento!$H$9:$H$1730)","v":4},716.52,0.20796173004820551,865.52873881414018,3462.1149552565607,7.2996003786740145E-5,{"$f":"SUM($M$9:M327)","v":0.99356095492248908},{"$f":"_xlfn.XLOOKUP($F327,F328:F$717,K328:$K$717,,0)=K327","v":{"$error":"#N/A"}}]
[null,320,"COMPOSIÇÃO ORSE",10422,"ORSE","FITA DE ADVERTÊNCIA DE REDE ELÉTRICA ENTERRADA - FORNECIMENTO","M",{"$f":"SUMIF(Orçamento!$F$9:$F$1730,F328,Orçamento!$H$9:$H$1730)","v":2000},1.43,0.20796173004820551,1.7273852739689337,3454.7705479378674,7.2841152664990786E-5,{"$f":"SUM($M$9:M328)","v":0.99363379607515412},{"$f":"_xlfn.XLOOKUP($F328,F329:F$717,K329:$K$717,,0)=K328","v":{"$error":"#N/A"}}]
[null,321,"COMPOSIÇÃO SINAPI",89511,"SINAPI","TUBO PVC, SÉRIE R, ÁGUA PLUVIAL, DN 75 MM, FORNECIDO E INSTALADO EM RAMAL DE ENCAMINHAMENTO. AF_06/2022","M",{"$f":"SUMIF(Orçamento!$F$9:$F$1730,F329,Orçamento!$H$9:$H$1730)","v":83.91},34.04,0.20796173004820551,{"$f":"I329*(1+J329)","v":41.119017290840915},{"$f":"K329*H329","v":3450.2967408744612},{"$f":"L329/$L$717","v":7.2746825919183086E-5},{"$f":"SUM($M$9:M329)","v":0.9937065429010733},{"$f":"_xlfn.XLOOKUP($F329,F330:F$717,K330:$K$717,,0)=K329","v":{"$error":"#N/A"}}]
[null,322,"COMPOSIÇÃO SINAPI",91170,"SINAPI","FIXAÇÃO DE TUBOS HORIZONTAIS DE PVC, CPVC OU COBRE DIÂMETROS MENORES OU IGUAIS A 40 MM OU ELETROCALHAS ATÉ 150MM DE LARGURA, COM ABRAÇADEIRA METÁLICA RÍGIDA TIPO D 1/2\", FIXADA EM PERFILADO EM LAJE. AF_05/2015","M",{"$f":"SUMIF(Orçamento!$F$9:$F$1730,F330,Orçamento!$H$9:$H$1730)","v":261.39999999999998},10.9,0.20796173004820551,13.16678285752544,3441.7970389571497,7.2567616308479604E-5,{"$f":"SUM($M$9:M330)","v":0.99377911051738177},{"$f":"_xlfn.XLOOKUP($F330,F331:F$717,K331:$K$717,,0)=K330","v":{"$error":"#N/A"}}]
[null,323,"COMPOSIÇÃO SINAPI",91837,"SINAPI","ELETRODUTO FLEXÍVEL CORRUGADO REFORÇADO, PVC, DN 32 MM (1\"), PARA CIRCUITOS TERMINAIS, INSTALADO EM FORRO - FORNECIMENTO E INSTALAÇÃO. AF_12/2015","M",{"$f":"SUMIF(Orçamento!$F$9:$F$1730,F331,Orçamento!$H$9:$H$1730)","v":110.8},25.71,0.20796173004820551,31.056696079539364,3441.0819256129616,7.255253869925665E-5,{"$f":"SUM($M$9:M331)","v":0.99385166305608108},{"$f":"_xlfn.XLOOKUP($F331,F332:F$717,K332:$K$717,,0)=K331","v":{"$error":"#N/A"}}]
[null,324,"COMPOSIÇÃO SINAPI",98510,"SINAPI","PLANTIO DE ÁRVORE ORNAMENTAL COM ALTURA DE MUDA MENOR OU IGUAL A 2,00 M. AF_05/2018","UN",{"$f":"SUMIF(Orçamento!$F$9:$F$1730,F332,Orçamento!$H$9:$H$1730)","v":42},66.42,0.20796173004820551,80.232818109801812,3369.7783606116759,7.1049158433694038E-5,{"$f":"SUM($M$9:M332)","v":0.99392271221451478},{"$f":"_xlfn.XLOOKUP($F332,F333:F$717,K333:$K$717,,0)=K332","v":{"$error":"#N/A"}}]
[null,325,"COMPOSIÇÃO SINAPI",101882,"SINAPI","QUADRO DE DISTRIBUIÇÃO DE ENERGIA EM CHAPA DE AÇO GALVANIZADO, DE EMBUTIR, COM BARRAMENTO TRIFÁSICO, PARA 30 DISJUNTORES DIN 225A - FORNECIMENTO E INSTALAÇÃO. AF_10/2020","UN",{"$f":"SUMIF(Orçamento!$F$9:$F$1730,F333,Orçamento!$H$9:$H$1730)","v":2},1394.35,0.20796173004820551,1684.3214382927151,3368.6428765854303,7.1025217635265676E-5,{"$f":"SUM($M$9:M333)","v":0.99399373743215003},{"$f":"_xlfn.XLOOKUP($F333,F334:F$717,K334:$K$717,,0)=K333","v":{"$error":"#N/A"}}]
[null,326,"COMPOSIÇÃO SINAPI",93012,"SINAPI","ELETRODUTO RÍGIDO ROSCÁVEL, PVC, DN 110 MM (4\"), PARA REDE ENTERRADA DE DISTRIBUIÇÃO DE ENERGIA ELÉTRICA - FORNECIMENTO E INSTALAÇÃO. AF_12/2021","M",{"$f":"SUMIF(Orçamento!$F$9:$F$1730,F334,Orçamento!$H$9:$H$1730)","v":35},78.849999999999994,0.20796173004820551,95.247782414301,3333.6723845005349,7.0287891981541377E-5,{"$f":"SUM($M$9:M334)","v":0.99406402532413152},{"$f":"_xlfn.XLOOKUP($F334,F335:F$717,K335:$K$717,,0)=K334","v":{"$error":"#N/A"}}]
[null,327,"COMPOSIÇÃO SINAPI",95570,"SINAPI","TUBO DE CONCRETO (SIMPLES) PARA REDES COLETORAS DE ÁGUAS PLUVIAIS, DIÂMETRO DE 300 MM, JUNTA RÍGIDA, INSTALADO EM LOCAL COM ALTO NÍVEL DE INTERFERÊNCIAS - FORNECIMENTO E ASSENTAMENTO. AF_12/2015","M",{"$f":"SUMIF(Orçamento!$F$9:$F$1730,F335,Orçamento!$H$9:$H$1730)","v":31},87.43,0.20796173004820551,105.61209405811462,3273.9749158015534,6.902921723863796E-5,{"$f":"SUM($M$9:M335)","v":0.99413305454137013},{"$f":"_xlfn.XLOOKUP($F335,F336:F$717,K336:$K$717,,0)=K335","v":{"$error":"#N/A"}}]
[null,328,"COMPOSIÇÃO ORSE",1527,"ORSE","TUBO PVC RÍGIDO SOLDÁVEL PONTA E BOLSA P/ ESGOTO PREDIAL, D = 100 MM","M",{"$f":"SUMIF(Orçamento!$F$9:$F$1730,F336,Orçamento!$H$9:$H$1730)","v":70.73},37.86,0.20796173004820551,45.733431099625058,3234.7255816764805,6.8201675525133952E-5,{"$f":"SUM($M$9:M336)","v":0.99420125621689526},{"$f":"_xlfn.XLOOKUP($F336,F337:F$717,K337:$K$717,,0)=K336","v":{"$error":"#N/A"}}]
[null,329,"COMPOSIÇÃO ORSE",9392,"ORSE","CABO DE COBRE NÚ 35 MM2 - FORNECIMENTO E ASSENTAMENTO (3,16M/KG)","KG",{"$f":"SUMIF(Orçamento!$F$9:$F$1730,F337,Orçamento!$H$9:$H$1730)","v":30},89.17,0.20796173004820551,107.71394746839849,3231.4184240519544,6.8131946676264644E-5,{"$f":"SUM($M$9:M337)","v":0.99426938816357158},{"$f":"_xlfn.XLOOKUP($F337,F338:F$717,K338:$K$717,,0)=K337","v":{"$error":"#N/A"}}]
[null,330,"COMPOSIÇÃO SINAPI",97171,"SINAPI","ASSENTAMENTO DE TUBO DE FERRO FUNDIDO PARA REDE DE ÁGUA, DN 1000 MM, JUNTA ELÁSTICA, INSTALADO EM LOCAL COM NÍVEL BAIXO DE INTERFERÊNCIAS (NÃO INCLUI FORNECIMENTO). AF_11/2017","M",{"$f":"SUMIF(Orçamento!$F$9:$F$1730,F338,Orçamento!$H$9:$H$1730)","v":86},30.91,0.20796173004820551,37.338097075790031,3211.0763485179427,6.7703049819314146E-5,{"$f":"SUM($M$9:M338)","v":0.99433709121339087},{"$f":"_xlfn.XLOOKUP($F338,F339:F$717,K339:$K$717,,0)=K338","v":{"$error":"#N/A"}}]
[null,331,"COMPOSIÇÃO ORSE",10726,"ORSE","FORNECIMENTO E INSTALAÇÃO DE SWITCH 24 PORTAS 10/100 MPBS + 2P10-100-1000 BT","UN",{"$f":"SUMIF(Orçamento!$F$9:$F$1730,F339,Orçamento!$H$9:$H$1730)","v":2},1289.76,0.20796173004820551,1557.9807209469736,3115.9614418939473,6.5697625916922057E-5,{"$f":"SUM($M$9:M339)","v":0.99440278883930777},{"$f":"_xlfn.XLOOKUP($F339,F340:F$717,K340:$K$717,,0)=K339","v":{"$error":"#N/A"}}]
[null,332,"INSUMO SINAPI",11859,"SINAPI","CONECTOR METALICO TIPO PARAFUSO FENDIDO (SPLIT BOLT), PARA CABOS ATE 185 MM2","UN",{"$f":"SUMIF(Orçamento!$F$9:$F$1730,F340,Orçamento!$H$9:$H$1730)","v":40},67.81,0.14692012195121973,77.772653469512207,3110.9061387804882,6.5591038778718317E-5,{"$f":"SUM($M$9:M340)","v":0.99446837987808645},{"$f":"_xlfn.XLOOKUP($F340,F341:F$717,K341:$K$717,,0)=K340","v":{"$error":"#N/A"}}]
[null,333,"COMPOSIÇÃO SICRO",4011351,"SICRO","IMPRIMAÇÃO COM ASFALTO DILUÍDO","M2",{"$f":"SUMIF(Orçamento!$F$9:$F$1730,F341,Orçamento!$H$9:$H$1730)","v":6525},0.39,0.20796173004820551,0.47110507471880014,3073.960612540171,6.4812071064417956E-5,{"$f":"SUM($M$9:M341)","v":0.99453319194915091},{"$f":"_xlfn.XLOOKUP($F341,F342:F$717,K342:$K$717,,0)=K341","v":{"$error":"#N/A"}}]
[null,334,"INSUMO SINAPI",39508,"SINAPI","TELA DE ACO SOLDADA NERVURADA, CA-60, L-159, (1,69 KG/M2), DIAMETRO DO FIO = 4,5 MM, LARGURA = 2,45 M, ESPACAMENTO DA MALHA = 30 X 10 CM","M2",{"$f":"SUMIF(Orçamento!$F$9:$F$1730,F342,Orçamento!$H$9:$H$1730)","v":295.94},9,0.14692012195121973,10.322281097560978,3054.775868012196,6.4407575632489722E-5,{"$f":"SUM($M$9:M342)","v":0.99459759952478344},{"$f":"_xlfn.XLOOKUP($F342,F343:F$717,K343:$K$717,,0)=K342","v":{"$error":"#N/A"}}]
[null,335,"COMPOSIÇÃO ORSE",10311,"ORSE","CAIXA DE MEDIÇÃO DIRETA ATÉ 200A CONFECCIONADA EM CHAPA GALVANIZADA E PINTADA ELETROSTATICAMENTE  D=100 X 60 X 15CM","UN",{"$f":"SUMIF(Orçamento!$F$9:$F$1730,F343,Orçamento!$H$9:$H$1730)","v":1},2467.5500000000002,0.20796173004820551,2980.7059669804498,2980.7059669804498,6.2845869321153175E-5,{"$f":"SUM($M$9:M343)","v":0.99466044539410459},{"$f":"_xlfn.XLOOKUP($F343,F344:F$717,K344:$K$717,,0)=K343","v":{"$error":"#N/A"}}]
[null,336,"COMPOSIÇÃO SINAPI",94964,"SINAPI","CONCRETO FCK = 20MPA, TRAÇO 1:2,7:3 (EM MASSA SECA DE CIMENTO/ AREIA MÉDIA/ BRITA 1) - PREPARO MECÂNICO COM BETONEIRA 400 L. AF_05/2021","M3",{"$f":"SUMIF(Orçamento!$F$9:$F$1730,F344,Orçamento!$H$9:$H$1730)","v":3.49},703.46,0.20796173004820551,849.75275861971068,2965.6371275827905,6.2528154550861321E-5,{"$f":"SUM($M$9:M344)","v":0.99472297354865546},{"$f":"_xlfn.XLOOKUP($F344,F345:F$717,K345:$K$717,,0)=K344","v":{"$error":"#N/A"}}]
[null,337,"COMPOSIÇÃO SINAPI",88415,"SINAPI","APLICAÇÃO MANUAL DE FUNDO SELADOR ACRÍLICO EM PAREDES EXTERNAS DE CASAS. AF_06/2014","M2",{"$f":"SUMIF(Orçamento!$F$9:$F$1730,F345,Orçamento!$H$9:$H$1730)","v":767.16999999999985},3.2,0.20796173004820551,3.8654775361542577,2965.4784014114612,6.2524807932868231E-5,{"$f":"SUM($M$9:M345)","v":0.99478549835658836},{"$f":"_xlfn.XLOOKUP($F345,F346:F$717,K346:$K$717,,0)=K345","v":{"$error":"#N/A"}}]
[null,338,"COMPOSIÇÃO SINAPI",96523,"SINAPI","ESCAVAÇÃO MANUAL PARA BLOCO DE COROAMENTO OU SAPATA (INCLUINDO ESCAVAÇÃO PARA COLOCAÇÃO DE FÔRMAS). AF_06/2017","M3",{"$f":"SUMIF(Orçamento!$F$9:$F$1730,F346,Orçamento!$H$9:$H$1730)","v":29.74},81.31,0.20796173004820551,98.21936827021959,2921.0440123563303,6.158794336492397E-5,{"$f":"SUM($M$9:M346)","v":0.99484708629995333},{"$f":"_xlfn.XLOOKUP($F346,F347:F$717,K347:$K$717,,0)=K346","v":{"$error":"#N/A"}}]
[null,339,"COMPOSIÇÃO SINAPI",97090,"SINAPI","ARMAÇÃO PARA EXECUÇÃO DE RADIER, PISO DE CONCRETO OU LAJE SOBRE SOLO, COM USO DE TELA Q-138. AF_09/2021","KG",{"$f":"SUMIF(Orçamento!$F$9:$F$1730,F347,Orçamento!$H$9:$H$1730)","v":180},13.36,0.20796173004820551,16.138368713444024,2904.9063684199241,6.1247693681388052E-5,{"$f":"SUM($M$9:M347)","v":0.99490833399363476},{"$f":"_xlfn.XLOOKUP($F347,F348:F$717,K348:$K$717,,0)=K347","v":{"$error":"#N/A"}}]
[null,340,"COMPOSIÇÃO SINAPI",92763,"SINAPI","ARMAÇÃO DE PILAR OU VIGA DE ESTRUTURA CONVENCIONAL DE CONCRETO ARMADO UTILIZANDO AÇO CA-50 DE 12,5 MM - MONTAGEM. AF_06/2022","KG",{"$f":"SUMIF(Orçamento!$F$9:$F$1730,F348,Orçamento!$H$9:$H$1730)","v":217.65},10.88,0.20796173004820551,13.142623622924477,2860.4920315295126,6.0311251897756478E-5,{"$f":"SUM($M$9:M348)","v":0.99496864524553252},{"$f":"_xlfn.XLOOKUP($F348,F349:F$717,K349:$K$717,,0)=K348","v":{"$error":"#N/A"}}]
[null,341,"INSUMO SINAPI",41953,"SINAPI","CABO DE ACO GALVANIZADO, DIAMETRO 12,7 MM (1/2\"), COM ALMA DE FIBRA 6 X 25 F","KG",{"$f":"SUMIF(Orçamento!$F$9:$F$1730,F349,Orçamento!$H$9:$H$1730)","v":30},81.599999999999994,0.14692012195121973,93.588681951219527,2807.6604585365858,5.9197339231050893E-5,{"$f":"SUM($M$9:M349)","v":0.99502784258476362},{"$f":"_xlfn.XLOOKUP($F349,F350:F$717,K350:$K$717,,0)=K349","v":{"$error":"#N/A"}}]
[null,342,"COMPOSIÇÃO SINAPI",91924,"SINAPI","CABO DE COBRE FLEXÍVEL ISOLADO, 1,5 MM², ANTI-CHAMA 450/750 V, PARA CIRCUITOS TERMINAIS - FORNECIMENTO E INSTALAÇÃO. AF_03/2023","M",{"$f":"SUMIF(Orçamento!$F$9:$F$1730,F350,Orçamento!$H$9:$H$1730)","v":746},3.07,0.20796173004820551,3.7084425112479908,2766.498113391001,5.832946316657875E-5,{"$f":"SUM($M$9:M350)","v":0.99508617204793015},{"$f":"_xlfn.XLOOKUP($F350,F351:F$717,K351:$K$717,,0)=K350","v":{"$error":"#N/A"}}]
[null,343,"COMPOSIÇÃO ORSE",11227,"ORSE","FORNECIMENTO E MONTAGEM DE RACK FECHADO TIPO ARMÁRIO 19\" X 36U X 600MM","UN",{"$f":"SUMIF(Orçamento!$F$9:$F$1730,F351,Orçamento!$H$9:$H$1730)","v":1},2240.5100000000002,0.20796173004820551,2706.450335790305,2706.450335790305,5.7063402432670818E-5,{"$f":"SUM($M$9:M351)","v":0.99514323545036287},{"$f":"_xlfn.XLOOKUP($F351,F352:F$717,K352:$K$717,,0)=K351","v":{"$error":"#N/A"}}]
[null,344,"COMPOSIÇÃO ORSE",7352,"ORSE","CUBA DE SOBREPOR OVAL (DECA REF.L65), ACABAMENTO GE-17, COM SIFÃO CROMADO (ASTRA REF SC5), ENGATE CROMADO (DECA), VÁLVULA CROMADA (DECA REF1602)  OU SIMILARES, EXCLUSIVE TORNEIRA","UN",{"$f":"SUMIF(Orçamento!$F$9:$F$1730,F352,Orçamento!$H$9:$H$1730)","v":4},559.9,0.20796173004820551,676.33777265399021,2705.3510906159609,5.7040225702277407E-5,{"$f":"SUM($M$9:M352)","v":0.99520027567606517},{"$f":"_xlfn.XLOOKUP($F352,F353:F$717,K353:$K$717,,0)=K352","v":{"$error":"#N/A"}}]
[null,345,"COMPOSIÇÃO SINAPI",95469,"SINAPI","VASO SANITARIO SIFONADO CONVENCIONAL COM  LOUÇA BRANCA - FORNECIMENTO E INSTALAÇÃO. AF_01/2020","UN",{"$f":"SUMIF(Orçamento!$F$9:$F$1730,F353,Orçamento!$H$9:$H$1730)","v":8},279.18,0.20796173004820551,337.23875579485804,2697.9100463588643,5.6883337065768204E-5,{"$f":"SUM($M$9:M353)","v":0.99525715901313094},{"$f":"_xlfn.XLOOKUP($F353,F354:F$717,K354:$K$717,,0)=K353","v":{"$error":"#N/A"}}]
[null,346,"COMPOSIÇÃO SINAPI",97978,"SINAPI","BASE PARA POÇO DE VISITA CIRCULAR PARA ESGOTO, EM CONCRETO PRÉ-MOLDADO, DIÂMETRO INTERNO = 0,80 M, PROFUNDIDADE = 1,35 M, EXCLUINDO TAMPÃO. AF_12/2020_PA","UN",{"$f":"SUMIF(Orçamento!$F$9:$F$1730,F354,Orçamento!$H$9:$H$1730)","v":2},1093.5999999999999,0.20796173004820551,1321.0269479807175,2642.053895961435,5.570565353456919E-5,{"$f":"SUM($M$9:M354)","v":0.99531286466666546},{"$f":"_xlfn.XLOOKUP($F354,F355:F$717,K355:$K$717,,0)=K354","v":{"$error":"#N/A"}}]
[null,347,"COMPOSIÇÃO SINAPI",90091,"SINAPI","ESCAVAÇÃO MECANIZADA DE VALA COM PROF. ATÉ 1,5 M (MÉDIA MONTANTE E JUSANTE/UMA COMPOSIÇÃO POR TRECHO), ESCAVADEIRA (0,8 M3), LARG. DE 1,5 M A 2,5 M, EM SOLO DE 1A CATEGORIA, LOCAIS COM BAIXO NÍVEL DE INTERFERÊNCIA. AF_02/2021","M3",{"$f":"SUMIF(Orçamento!$F$9:$F$1730,F355,Orçamento!$H$9:$H$1730)","v":369},5.83,0.20796173004820551,7.0424168861810381,2598.6518310008032,5.479055471804712E-5,{"$f":"SUM($M$9:M355)","v":0.99536765522138348},{"$f":"_xlfn.XLOOKUP($F355,F356:F$717,K356:$K$717,,0)=K355","v":{"$error":"#N/A"}}]
[null,348,"COMPOSIÇÃO SINAPI",90694,"SINAPI","TUBO DE PVC PARA REDE COLETORA DE ESGOTO DE PAREDE MACIÇA, DN 100 MM, JUNTA ELÁSTICA - FORNECIMENTO E ASSENTAMENTO. AF_01/2021","M",{"$f":"SUMIF(Orçamento!$F$9:$F$1730,F356,Orçamento!$H$9:$H$1730)","v":53.23},39.950000000000003,0.20796173004820551,48.258071115425814,2568.777125474116,5.4160669764503688E-5,{"$f":"SUM($M$9:M356)","v":0.99542181589114798},{"$f":"_xlfn.XLOOKUP($F356,F357:F$717,K357:$K$717,,0)=K356","v":{"$error":"#N/A"}}]
[null,349,"INSUMO SINAPI",36791,"SINAPI","TORNEIRA CROMADA DE MESA PARA LAVATORIO, BICA ALTA, COM AREJADOR (REF 1195)","UN",{"$f":"SUMIF(Orçamento!$F$9:$F$1730,F357,Orçamento!$H$9:$H$1730)","v":10},223.09,0.14692012195121973,255.86641000609762,2558.6641000609761,5.394744448143441E-5,{"$f":"SUM($M$9:M357)","v":0.99547576333562937},{"$f":"_xlfn.XLOOKUP($F357,F358:F$717,K358:$K$717,,0)=K357","v":{"$error":"#N/A"}}]
[null,350,"COMPOSIÇÃO ORSE",3766,"ORSE","FORNECIMENTO E INSTALAÇÃO DE HASTE DE ATERRAMENTO 5/8\"X3,00M COM CONECTOR","UN",{"$f":"SUMIF(Orçamento!$F$9:$F$1730,F358,Orçamento!$H$9:$H$1730)","v":16},131.16,0.20796173004820551,158.43626051312262,2534.9801682099619,5.3448087180644432E-5,{"$f":"SUM($M$9:M358)","v":0.99552921142281003},{"$f":"_xlfn.XLOOKUP($F358,F359:F$717,K359:$K$717,,0)=K358","v":{"$error":"#N/A"}}]
[null,351,"COMPOSIÇÃO SINAPI",102500,"SINAPI","PINTURA DE DEMARCAÇÃO DE VAGA COM TINTA ACRÍLICA, E = 10 CM, APLICAÇÃO MANUAL. AF_05/2021","M",{"$f":"SUMIF(Orçamento!$F$9:$F$1730,F359,Orçamento!$H$9:$H$1730)","v":528.9},3.91,0.20796173004820551,4.7231303644884841,2498.0636497779592,5.2669731073443469E-5,{"$f":"SUM($M$9:M359)","v":0.99558188115388346},{"$f":"_xlfn.XLOOKUP($F359,F360:F$717,K360:$K$717,,0)=K359","v":{"$error":"#N/A"}}]
[null,352,"COMPOSIÇÃO SINAPI",101506,"SINAPI","ENTRADA DE ENERGIA ELÉTRICA, AÉREA, TRIFÁSICA, COM CAIXA DE SOBREPOR, CABO DE 16 MM2 E DISJUNTOR DIN 50A (NÃO INCLUSO O POSTE DE CONCRETO). AF_07/2020_PS","UN",{"$f":"SUMIF(Orçamento!$F$9:$F$1730,F360,Orçamento!$H$9:$H$1730)","v":1},2035.66,0.20796173004820551,2458.9993753899303,2458.9993753899303,5.1846091200704613E-5,{"$f":"SUM($M$9:M360)","v":0.99563372724508414},{"$f":"_xlfn.XLOOKUP($F360,F361:F$717,K361:$K$717,,0)=K360","v":{"$error":"#N/A"}}]
[null,353,"INSUMO SINAPI",14055,"SINAPI","CAIXA DE PASSAGEM/ LUZ / TELEFONIA, DE EMBUTIR, EM CHAPA DE ACO GALVANIZADO, DIMENSOES 120 X 120 X *12* CM (PADRAO CONCESSIONARIA LOCAL)","UN",{"$f":"SUMIF(Orçamento!$F$9:$F$1730,F361,Orçamento!$H$9:$H$1730)","v":3},713.75,0.14692012195121973,818.61423704268304,2455.8427111280489,5.1779535387454131E-5,{"$f":"SUM($M$9:M361)","v":0.99568550678047163},{"$f":"_xlfn.XLOOKUP($F361,F362:F$717,K362:$K$717,,0)=K361","v":{"$error":"#N/A"}}]
[null,354,"COMPOSIÇÃO SINAPI",95636,"SINAPI","KIT CAVALETE PARA MEDIÇÃO DE ÁGUA - ENTRADA PRINCIPAL, EM AÇO GALVANIZADO DN 25 (1 )   FORNECIMENTO E INSTALAÇÃO (EXCLUSIVE HIDRÔMETRO). AF_11/2016","UN",{"$f":"SUMIF(Orçamento!$F$9:$F$1730,F362,Orçamento!$H$9:$H$1730)","v":5},383.13,0.20796173004820551,462.80637763336898,2314.031888166845,4.8789564371569799E-5,{"$f":"SUM($M$9:M362)","v":0.99573429634484323},{"$f":"_xlfn.XLOOKUP($F362,F363:F$717,K363:$K$717,,0)=K362","v":{"$error":"#N/A"}}]
[null,355,"COMPOSIÇÃO SICRO",4011354,"SICRO","PINTURA DE LIGAÇÃO - EMULSÃO COM POLÍMERO","M2",{"$f":"SUMIF(Orçamento!$F$9:$F$1730,F363,Orçamento!$H$9:$H$1730)","v":6525},0.28999999999999998,0.20796173004820551,0.35030890171397955,2285.7655836837166,4.8193591304310777E-5,{"$f":"SUM($M$9:M363)","v":0.99578248993614749},{"$f":"_xlfn.XLOOKUP($F363,F364:F$717,K364:$K$717,,0)=K363","v":{"$error":"#N/A"}}]
[null,356,"COMPOSIÇÃO SINAPI",87879,"SINAPI","CHAPISCO APLICADO EM ALVENARIAS E ESTRUTURAS DE CONCRETO INTERNAS, COM COLHER DE PEDREIRO.  ARGAMASSA TRAÇO 1:3 COM PREPARO EM BETONEIRA 400L. AF_10/2022","M2",{"$f":"SUMIF(Orçamento!$F$9:$F$1730,F364,Orçamento!$H$9:$H$1730)","v":398.58},4.6500000000000004,0.20796173004820551,5.6170220447241563,2238.8326465861542,4.7204046792250336E-5,{"$f":"SUM($M$9:M364)","v":0.99582969398293975},{"$f":"_xlfn.XLOOKUP($F364,F365:F$717,K365:$K$717,,0)=K364","v":{"$error":"#N/A"}}]
[null,357,"COMPOSIÇÃO SINAPI",91836,"SINAPI","ELETRODUTO FLEXÍVEL CORRUGADO, PVC, DN 32 MM (1\"), PARA CIRCUITOS TERMINAIS, INSTALADO EM FORRO - FORNECIMENTO E INSTALAÇÃO. AF_12/2015","M",{"$f":"SUMIF(Orçamento!$F$9:$F$1730,F365,Orçamento!$H$9:$H$1730)","v":85.6},21.61,0.20796173004820551,26.104052986341721,2234.5069356308513,4.7112842537812107E-5,{"$f":"SUM($M$9:M365)","v":0.99587680682547752},{"$f":"_xlfn.XLOOKUP($F365,F366:F$717,K366:$K$717,,0)=K365","v":{"$error":"#N/A"}}]
[null,358,"INSUMO SINAPI",6076,"SINAPI","SAIBRO PARA ARGAMASSA (COLETADO NO COMERCIO)","M3",{"$f":"SUMIF(Orçamento!$F$9:$F$1730,F366,Orçamento!$H$9:$H$1730)","v":29.72},65,0.14692012195121973,74.549807926829288,2215.6202915853664,4.6714632322934688E-5,{"$f":"SUM($M$9:M366)","v":0.9959235214578005},{"$f":"_xlfn.XLOOKUP($F366,F367:F$717,K367:$K$717,,0)=K366","v":{"$error":"#N/A"}}]
[null,359,"INSUMO SINAPI",37559,"SINAPI","PLACA DE SINALIZACAO DE SEGURANCA CONTRA INCENDIO, FOTOLUMINESCENTE, RETANGULAR, *12 X 40* CM, EM PVC *2* MM ANTI-CHAMAS (SIMBOLOS, CORES E PICTOGRAMAS CONFORME NBR 16820)","UN",{"$f":"SUMIF(Orçamento!$F$9:$F$1730,F367,Orçamento!$H$9:$H$1730)","v":44},42.56,0.14692012195121973,48.812920390243917,2147.7684971707322,4.5284029958184292E-5,{"$f":"SUM($M$9:M367)","v":0.99596880548775868},{"$f":"_xlfn.XLOOKUP($F367,F368:F$717,K368:$K$717,,0)=K367","v":{"$error":"#N/A"}}]
[null,360,"COMPOSIÇÃO SINAPI",94962,"SINAPI","CONCRETO MAGRO PARA LASTRO, TRAÇO 1:4,5:4,5 (EM MASSA SECA DE CIMENTO/ AREIA MÉDIA/ BRITA 1) - PREPARO MECÂNICO COM BETONEIRA 400 L. AF_05/2021","M3",{"$f":"SUMIF(Orçamento!$F$9:$F$1730,F368,Orçamento!$H$9:$H$1730)","v":3},585.9,0.20796173004820551,707.74477763524362,2123.2343329057308,4.476674616757144E-5,{"$f":"SUM($M$9:M368)","v":0.99601357223392628},{"$f":"_xlfn.XLOOKUP($F368,F369:F$717,K369:$K$717,,0)=K368","v":{"$error":"#N/A"}}]
[null,361,"COMPOSIÇÃO ORSE",2409,"ORSE","BANCO DE CONCRETO COM ENCOSTO LARGURA = 30CM","UN",{"$f":"SUMIF(Orçamento!$F$9:$F$1730,F369,Orçamento!$H$9:$H$1730)","v":10},175,0.20796173004820551,211.39330275843596,2113.9330275843595,4.4570635371934924E-5,{"$f":"SUM($M$9:M369)","v":0.99605814286929817},{"$f":"_xlfn.XLOOKUP($F369,F370:F$717,K370:$K$717,,0)=K369","v":{"$error":"#N/A"}}]
[null,362,"INSUMO ORSE",13383,"ORSE","TAMPA DE ENCAIXE PARA REDUÇÃO CONCÊNTRICA 200 X 75MM PARA 100 X 75MM, ZINCADA, PARA ELETROCALHA METÁLICA (REF. MOPA OU SIMILAR)","UN",{"$f":"SUMIF(Orçamento!$F$9:$F$1730,F370,Orçamento!$H$9:$H$1730)","v":95},19.23,0.14692012195121973,22.055273945121957,2095.2510247865857,4.4176739858760342E-5,{"$f":"SUM($M$9:M370)","v":0.99610231960915696},{"$f":"_xlfn.XLOOKUP($F370,F371:F$717,K371:$K$717,,0)=K370","v":{"$error":"#N/A"}}]
[null,363,"INSUMO ORSE",2321,"ORSE","TUBO PEAD FLEXIVEL CORRUGADO PERFURADO D = 4\" (KANADRENO OU SIMILAR)","M",{"$f":"SUMIF(Orçamento!$F$9:$F$1730,F371,Orçamento!$H$9:$H$1730)","v":151.55000000000001},12.02,0.14692012195121973,13.78597986585366,2089.2652486701222,4.4050534420260812E-5,{"$f":"SUM($M$9:M371)","v":0.99614637014357721},{"$f":"_xlfn.XLOOKUP($F371,F372:F$717,K372:$K$717,,0)=K371","v":{"$error":"#N/A"}}]
[null,364,"INSUMO SINAPI",39332,"SINAPI","CONDULETE EM PVC, TIPO \"C\", SEM TAMPA, DE 1\"","UN",{"$f":"SUMIF(Orçamento!$F$9:$F$1730,F372,Orçamento!$H$9:$H$1730)","v":121},14.68,0.14692012195121973,16.836787390243906,2037.2512742195127,4.2953860183550277E-5,{"$f":"SUM($M$9:M372)","v":0.99618932400376081},{"$f":"_xlfn.XLOOKUP($F372,F373:F$717,K373:$K$717,,0)=K372","v":{"$error":"#N/A"}}]
[null,365,"INSUMO SINAPI",39211,"SINAPI","ARRUELA EM ALUMINIO, COM ROSCA, DE  1 1/4\", PARA ELETRODUTO","UN",{"$f":"SUMIF(Orçamento!$F$9:$F$1730,F373,Orçamento!$H$9:$H$1730)","v":965},1.84,0.14692012195121973,2.1103330243902443,2036.4713685365857,4.2937416478208317E-5,{"$f":"SUM($M$9:M373)","v":0.99623226142023902},{"$f":"_xlfn.XLOOKUP($F373,F374:F$717,K374:$K$717,,0)=K373","v":{"$error":"#N/A"}}]
[null,366,"COMPOSIÇÃO SINAPI",91786,"SINAPI","(COMPOSIÇÃO REPRESENTATIVA) DO SERVIÇO DE INSTALAÇÃO TUBOS DE PVC, SOLDÁVEL, ÁGUA FRIA, DN 32 MM (INSTALADO EM RAMAL, SUB-RAMAL, RAMAL DE DISTRIBUIÇÃO OU PRUMADA), INCLUSIVE CONEXÕES, CORTES E FIXAÇÕES, PARA PRÉDIOS. AF_10/2015","M",{"$f":"SUMIF(Orçamento!$F$9:$F$1730,F374,Orçamento!$H$9:$H$1730)","v":57.620000000000005},29.16,0.20796173004820551,35.224164048205672,2029.616332457611,4.2792883368809585E-5,{"$f":"SUM($M$9:M374)","v":0.99627505430360785},{"$f":"_xlfn.XLOOKUP($F374,F375:F$717,K375:$K$717,,0)=K374","v":{"$error":"#N/A"}}]
[null,367,"COMPOSIÇÃO SINAPI",100575,"SINAPI","REGULARIZAÇÃO DE SUPERFÍCIES COM MOTONIVELADORA. AF_11/2019","M2",{"$f":"SUMIF(Orçamento!$F$9:$F$1730,F375,Orçamento!$H$9:$H$1730)","v":12641.2},0.13,0.20796173004820551,0.15703502490626672,1985.111156845099,4.1854526321303715E-5,{"$f":"SUM($M$9:M375)","v":0.99631690882992918},{"$f":"_xlfn.XLOOKUP($F375,F376:F$717,K376:$K$717,,0)=K375","v":{"$error":"#N/A"}}]
[null,368,"COMPOSIÇÃO SINAPI",99814,"SINAPI","LIMPEZA DE SUPERFÍCIE COM JATO DE ALTA PRESSÃO. AF_04/2019","M2",{"$f":"SUMIF(Orçamento!$F$9:$F$1730,F376,Orçamento!$H$9:$H$1730)","v":987.17},1.66,0.20796173004820551,2.0052164718800212,1979.4895445458005,4.1735998993935765E-5,{"$f":"SUM($M$9:M376)","v":0.99635864482892311},{"$f":"_xlfn.XLOOKUP($F376,F377:F$717,K377:$K$717,,0)=K376","v":{"$error":"#N/A"}}]
[null,369,"INSUMO SINAPI",14153,"SINAPI","FITA METALICA PERFURADA, L = *18* MM, ROLO DE 30 M, CARGA RECOMENDADA = *30* KGF","UN",{"$f":"SUMIF(Orçamento!$F$9:$F$1730,F377,Orçamento!$H$9:$H$1730)","v":31},55.49,0.14692012195121973,63.642597567073182,1972.9205245792687,4.1597496312034902E-5,{"$f":"SUM($M$9:M377)","v":0.99640024232523516},{"$f":"_xlfn.XLOOKUP($F377,F378:F$717,K378:$K$717,,0)=K377","v":{"$error":"#N/A"}}]
[null,370,"COMPOSIÇÃO ORSE",7920,"ORSE","ELETRODUTO EM FERRO GALVANIZADO PESADO SEM COSTURA 2 1/2\" X 3M","UN",{"$f":"SUMIF(Orçamento!$F$9:$F$1730,F378,Orçamento!$H$9:$H$1730)","v":4},407.54,0.20796173004820551,492.29272346384568,1969.1708938553827,4.1518438261664825E-5,{"$f":"SUM($M$9:M378)","v":0.99644176076349678},{"$f":"_xlfn.XLOOKUP($F378,F379:F$717,K379:$K$717,,0)=K378","v":{"$error":"#N/A"}}]
[null,371,"COMPOSIÇÃO SINAPI",86909,"SINAPI","TORNEIRA CROMADA TUBO MÓVEL, DE MESA, 1/2\" OU 3/4\", PARA PIA DE COZINHA, PADRÃO ALTO - FORNECIMENTO E INSTALAÇÃO. AF_01/2020","UN",{"$f":"SUMIF(Orçamento!$F$9:$F$1730,F379,Orçamento!$H$9:$H$1730)","v":8},203.25,0.20796173004820551,245.51822163229778,1964.1457730583822,4.1412487494152118E-5,{"$f":"SUM($M$9:M379)","v":0.99648317325099089},{"$f":"_xlfn.XLOOKUP($F379,F380:F$717,K380:$K$717,,0)=K379","v":{"$error":"#N/A"}}]
[null,372,"COMPOSIÇÃO ORSE",2078,"ORSE","ESPELHO CRISTAL REDONDO, DIAM=40CM, COM MOLDURA","UN",{"$f":"SUMIF(Orçamento!$F$9:$F$1730,F380,Orçamento!$H$9:$H$1730)","v":8},197.9,0.20796173004820551,239.05562637653986,1912.4450110123189,4.0322417097627071E-5,{"$f":"SUM($M$9:M380)","v":0.99652349566808851},{"$f":"_xlfn.XLOOKUP($F380,F381:F$717,K381:$K$717,,0)=K380","v":{"$error":"#N/A"}}]
[null,373,"INSUMO SINAPI",38083,"SINAPI","TOMADA RJ45, 8 FIOS, CAT 5E, CONJUNTO MONTADO PARA EMBUTIR 4\" X 2\" (PLACA + SUPORTE + MODULO)","UN",{"$f":"SUMIF(Orçamento!$F$9:$F$1730,F381,Orçamento!$H$9:$H$1730)","v":42},39.67,0.14692012195121973,45.498321237804888,1910.9294919878052,4.0290463556545399E-5,{"$f":"SUM($M$9:M381)","v":0.99656378613164509},{"$f":"_xlfn.XLOOKUP($F381,F382:F$717,K382:$K$717,,0)=K381","v":{"$error":"#N/A"}}]
[null,374,"COMPOSIÇÃO SINAPI",98526,"SINAPI","REMOÇÃO DE RAÍZES REMANESCENTES DE TRONCO DE ÁRVORE COM DIÂMETRO MAIOR OU IGUAL A 0,20 M E MENOR QUE 0,40 M.AF_05/2018","UN",{"$f":"SUMIF(Orçamento!$F$9:$F$1730,F382,Orçamento!$H$9:$H$1730)","v":14},112.78,0.20796173004820551,136.23392391483662,1907.2749348077127,4.0213410057974571E-5,{"$f":"SUM($M$9:M382)","v":0.99660399954170309},{"$f":"_xlfn.XLOOKUP($F382,F383:F$717,K383:$K$717,,0)=K382","v":{"$error":"#N/A"}}]
[null,375,"COMPOSIÇÃO ORSE",7162,"ORSE","PONTO DE SENSOR DE PRESENÇA EMBUTIDO NO TETO ","UN",{"$f":"SUMIF(Orçamento!$F$9:$F$1730,F383,Orçamento!$H$9:$H$1730)","v":6},262.99,0.20796173004820551,317.68185538537756,1906.0911323122655,4.0188450502166288E-5,{"$f":"SUM($M$9:M383)","v":0.99664418799220522},{"$f":"_xlfn.XLOOKUP($F383,F384:F$717,K384:$K$717,,0)=K383","v":{"$error":"#N/A"}}]
[null,376,"COMPOSIÇÃO ORSE",11315,"ORSE","FORNECIMENTO DE REDUÇÃO EXCENTRICA EM FERRO FUNDIDO, COM FLANGES PN 10 / 16, DIAM. =  100 X   50MM","UN",{"$f":"SUMIF(Orçamento!$F$9:$F$1730,F384,Orçamento!$H$9:$H$1730)","v":2},783.22,0.20796173004820551,946.09978620835557,1892.1995724167111,3.9895557755436431E-5,{"$f":"SUM($M$9:M384)","v":0.99668408354996063},{"$f":"_xlfn.XLOOKUP($F384,F385:F$717,K385:$K$717,,0)=K384","v":{"$error":"#N/A"}}]
[null,377,"COMPOSIÇÃO ORSE",11242,"ORSE","FORNECIMENTO E INSTALAÇÃO DE CONECTOR RJ 45 MACHO CAT 6","UN",{"$f":"SUMIF(Orçamento!$F$9:$F$1730,F385,Orçamento!$H$9:$H$1730)","v":230},6.76,0.20796173004820551,8.1658212951258697,1878.13889787895,3.9599099357876816E-5,{"$f":"SUM($M$9:M385)","v":0.99672368264931854},{"$f":"_xlfn.XLOOKUP($F385,F386:F$717,K386:$K$717,,0)=K385","v":{"$error":"#N/A"}}]
[null,378,"INSUMO SINAPI",6240,"SINAPI","TAMPAO FOFO SIMPLES COM BASE, CLASSE D400 CARGA MAX 40 T, REDONDO, TAMPA 600 MM, REDE PLUVIAL/ESGOTO (COM INSCRICAO EM RELEVO DO TIPO DE REDE)","UN",{"$f":"SUMIF(Orçamento!$F$9:$F$1730,F386,Orçamento!$H$9:$H$1730)","v":2},774.55,0.14692012195121973,888.34698045731716,1776.6939609146343,3.7460211684158873E-5,{"$f":"SUM($M$9:M386)","v":0.9967611428610027},{"$f":"_xlfn.XLOOKUP($F386,F387:F$717,K387:$K$717,,0)=K386","v":{"$error":"#N/A"}}]
[null,379,"COMPOSIÇÃO SINAPI",91785,"SINAPI","(COMPOSIÇÃO REPRESENTATIVA) DO SERVIÇO DE INSTALAÇÃO DE TUBOS DE PVC, SOLDÁVEL, ÁGUA FRIA, DN 25 MM (INSTALADO EM RAMAL, SUB-RAMAL, RAMAL DE DISTRIBUIÇÃO OU PRUMADA), INCLUSIVE CONEXÕES, CORTES E FIXAÇÕES, PARA PRÉDIOS. AF_10/2015","M",{"$f":"SUMIF(Orçamento!$F$9:$F$1730,F387,Orçamento!$H$9:$H$1730)","v":36.58},40.020000000000003,0.20796173004820551,48.342628436529189,1768.3733482082378,3.7284778030316176E-5,{"$f":"SUM($M$9:M387)","v":0.99679842763903304},{"$f":"_xlfn.XLOOKUP($F387,F388:F$717,K388:$K$717,,0)=K387","v":{"$error":"#N/A"}}]
[null,380,"COMPOSIÇÃO ORSE",9969,"ORSE","DISJUNTOR TETRAPOLAR DR 125 A, TIPO AC, CORRENTE NOMINAL RESIDUAL 30MA, REF.: SIEMENS 5SM3-3450 OU SIMILAR","UN",{"$f":"SUMIF(Orçamento!$F$9:$F$1730,F388,Orçamento!$H$9:$H$1730)","v":1},1461.83,0.20796173004820551,1765.8346958363682,1765.8346958363682,3.723125251757465E-5,{"$f":"SUM($M$9:M388)","v":0.99683565889155057},{"$f":"_xlfn.XLOOKUP($F388,F389:F$717,K389:$K$717,,0)=K388","v":{"$error":"#N/A"}}]
[null,381,"INSUMO ORSE",2069,"ORSE","TAMPA DE FERRO FUNDIDO QUADRADA (600X600MM), CARGA MAX. 2000KG P/CX.INSPEÇÃO","UN",{"$f":"SUMIF(Orçamento!$F$9:$F$1730,F389,Orçamento!$H$9:$H$1730)","v":1},1529.76,0.14692012195121973,1754.5125257560978,1754.5125257560978,3.6992533358697879E-5,{"$f":"SUM($M$9:M389)","v":0.99687265142490922},{"$f":"_xlfn.XLOOKUP($F389,F390:F$717,K390:$K$717,,0)=K389","v":{"$error":"#N/A"}}]
[null,382,"INSUMO ORSE",3705,"ORSE","DISJUNTOR TRIPOLAR 175 A, PADRÃO DIN (  LINHA BRANCA ), CORRENTE DE INTERRUPÇÃO 22KA, REF.: SIEMENS QLH3 OU SIMILAR.","UN",{"$f":"SUMIF(Orçamento!$F$9:$F$1730,F390,Orçamento!$H$9:$H$1730)","v":4},380,0.14692012195121973,435.8296463414635,1743.318585365854,3.6756517823201532E-5,{"$f":"SUM($M$9:M390)","v":0.99690940794273242},{"$f":"_xlfn.XLOOKUP($F390,F391:F$717,K391:$K$717,,0)=K390","v":{"$error":"#N/A"}}]
[null,383,"COMPOSIÇÃO ORSE",4143,"ORSE","CONECTOR SPLIT BOLT PARA CABO DE COBRE NU #35 MM2 - FORNECIMENTO","UN",{"$f":"SUMIF(Orçamento!$F$9:$F$1730,F391,Orçamento!$H$9:$H$1730)","v":120},12,0.20796173004820551,14.495540760578466,1739.4648912694158,3.6675265677477885E-5,{"$f":"SUM($M$9:M391)","v":0.99694608320840994},{"$f":"_xlfn.XLOOKUP($F391,F392:F$717,K392:$K$717,,0)=K391","v":{"$error":"#N/A"}}]
[null,384,"COMPOSIÇÃO ORSE",5668,"ORSE","FORNECIMENTO DE REDUÇÃO EXCENTRICA EM FERRO FUNDIDO, COM FLANGES PN 10 / 16, DIAM. =  150 X   80MM","UN",{"$f":"SUMIF(Orçamento!$F$9:$F$1730,F392,Orçamento!$H$9:$H$1730)","v":2},712.59,0.20796173004820551,860.78144921505077,1721.5628984301015,3.6297816068213841E-5,{"$f":"SUM($M$9:M392)","v":0.99698238102447811},{"$f":"_xlfn.XLOOKUP($F392,F393:F$717,K393:$K$717,,0)=K392","v":{"$error":"#N/A"}}]
[null,385,"INSUMO SINAPI",39352,"SINAPI","TAMPA PARA CONDULETE, EM PVC, PARA TOMADA HEXAGONAL","UN",{"$f":"SUMIF(Orçamento!$F$9:$F$1730,F393,Orçamento!$H$9:$H$1730)","v":378},3.95,0.14692012195121973,{"$f":"I393*(1+J393)","v":4.5303344817073183},{"$f":"K393*H393","v":1712.4664340853662},{"$f":"L393/$L$717","v":3.6106024185409354E-5},{"$f":"SUM($M$9:M393)","v":0.99701848704866347},{"$f":"_xlfn.XLOOKUP($F393,F394:F$717,K394:$K$717,,0)=K393","v":{"$error":"#N/A"}}]
[null,386,"COMPOSIÇÃO SINAPI",89402,"SINAPI","TUBO, PVC, SOLDÁVEL, DN 25MM, INSTALADO EM RAMAL DE DISTRIBUIÇÃO DE ÁGUA - FORNECIMENTO E INSTALAÇÃO. AF_06/2022","M",{"$f":"SUMIF(Orçamento!$F$9:$F$1730,F394,Orçamento!$H$9:$H$1730)","v":135},10.95,0.14692012195121973,12.558775335365855,1695.4346702743903,3.5746922679044516E-5,{"$f":"SUM($M$9:M394)","v":0.99705423397134252},{"$f":"_xlfn.XLOOKUP($F394,F395:F$717,K395:$K$717,,0)=K394","v":{"$error":"#N/A"}}]
[null,387,"COMPOSIÇÃO SINAPI",91980,"SINAPI","INTERRUPTOR BIPOLAR DR (FASE/NEUTRO - IN 30MA) - DIN 40 A","UN",{"$f":"SUMIF(Orçamento!$F$9:$F$1730,F395,Orçamento!$H$9:$H$1730)","v":38},38.81,0.14692012195121973,44.511969932926839,1691.4548574512198,3.566301141796129E-5,{"$f":"SUM($M$9:M395)","v":0.99708989698276052},{"$f":"_xlfn.XLOOKUP($F395,F396:F$717,K396:$K$717,,0)=K395","v":{"$error":"#N/A"}}]
[null,388,"COMPOSIÇÃO SINAPI",93657,"SINAPI","DISJUNTOR MONOPOLAR TIPO DIN, CORRENTE NOMINAL DE 32A - FORNECIMENTO E INSTALAÇÃO. AF_10/2020","UN",{"$f":"SUMIF(Orçamento!$F$9:$F$1730,F396,Orçamento!$H$9:$H$1730)","v":86},16.14,0.20796173004820551,19.496502322978039,1676.6991997761113,3.5351899840948893E-5,{"$f":"SUM($M$9:M396)","v":0.99712524888260146},{"$f":"_xlfn.XLOOKUP($F396,F397:F$717,K397:$K$717,,0)=K396","v":{"$error":"#N/A"}}]
[null,389,"COMPOSIÇÃO SINAPI",95546,"SINAPI","KIT DE ACESSORIOS PARA BANHEIRO EM METAL CROMADO, 5 PECAS, INCLUSO FIXAÇÃO. AF_01/2020","UN",{"$f":"SUMIF(Orçamento!$F$9:$F$1730,F397,Orçamento!$H$9:$H$1730)","v":8},171.72,0.20796173004820551,207.43118828387784,1659.4495062710228,3.4988203456313901E-5,{"$f":"SUM($M$9:M397)","v":0.99716023708605772},{"$f":"_xlfn.XLOOKUP($F397,F398:F$717,K398:$K$717,,0)=K397","v":{"$error":"#N/A"}}]
[null,390,"COMPOSIÇÃO SINAPI",86911,"SINAPI","TORNEIRA CROMADA LONGA, DE PAREDE, 1/2\" OU 3/4\", PARA PIA DE COZINHA, PADRÃO POPULAR - FORNECIMENTO E INSTALAÇÃO. AF_01/2020","UN",{"$f":"SUMIF(Orçamento!$F$9:$F$1730,F398,Orçamento!$H$9:$H$1730)","v":10},136.86000000000001,0.20796173004820551,165.32164237439741,1653.2164237439742,3.4856783754302946E-5,{"$f":"SUM($M$9:M398)","v":0.99719509386981198},{"$f":"_xlfn.XLOOKUP($F398,F399:F$717,K399:$K$717,,0)=K398","v":{"$error":"#N/A"}}]
[null,391,"INSUMO ORSE",4691,"ORSE","TUBO PEAD FLEXIVEL CORRUGADO PERFURADO D=2 1/2\" (KANANET OU SIMILAR)","M",{"$f":"SUMIF(Orçamento!$F$9:$F$1730,F399,Orçamento!$H$9:$H$1730)","v":190.45},7.49,0.14692012195121973,8.5904317134146364,1636.0477198198173,3.4494794972053422E-5,{"$f":"SUM($M$9:M399)","v":0.99722958866478406},{"$f":"_xlfn.XLOOKUP($F399,F400:F$717,K400:$K$717,,0)=K399","v":{"$error":"#N/A"}}]
[null,392,"INSUMO ORSE",13318,"ORSE","SUPORTE VERTICAL 150 X 150 MM PARA FIXAÇÃO DE ELETROCALHA METÁLICA (REF.: MOPA OU SIMILAR)","UN",{"$f":"SUMIF(Orçamento!$F$9:$F$1730,F400,Orçamento!$H$9:$H$1730)","v":83},16.47,0.14692012195121973,18.889774408536589,1567.8512759085368,3.3056925940457056E-5,{"$f":"SUM($M$9:M400)","v":0.99726264559072453},{"$f":"_xlfn.XLOOKUP($F400,F401:F$717,K401:$K$717,,0)=K400","v":{"$error":"#N/A"}}]
[null,393,"INSUMO SINAPI",3272,"SINAPI","FLANGE SEXTAVADO DE FERRO GALVANIZADO, COM ROSCA BSP, DE 1 1/2\"","UN",{"$f":"SUMIF(Orçamento!$F$9:$F$1730,F401,Orçamento!$H$9:$H$1730)","v":23},59.03,0.14692012195121973,67.702694798780499,1557.1619803719514,3.2831550449593741E-5,{"$f":"SUM($M$9:M401)","v":0.99729547714117417},{"$f":"_xlfn.XLOOKUP($F401,F402:F$717,K402:$K$717,,0)=K401","v":{"$error":"#N/A"}}]
[null,394,"COMPOSIÇÃO ORSE",11734,"ORSE","CABO DE COBRE, FLEXIVEL, CLASSE 4 OU 5, ISOLACAO EM PVC/A, ANTICHAMA BWF-B, COBERTURA PVC-ST1, ANTICHAMA BWF-B, 1 CONDUTOR, 0,6/1 KV, SECAO NOMINAL 400 MM2","M",{"$f":"SUMIF(Orçamento!$F$9:$F$1730,F402,Orçamento!$H$9:$H$1730)","v":3},427.78,0.20796173004820551,516.74186888002134,1550.2256066400641,3.2685302398982275E-5,{"$f":"SUM($M$9:M402)","v":0.99732816244357314},{"$f":"_xlfn.XLOOKUP($F402,F403:F$717,K403:$K$717,,0)=K402","v":{"$error":"#N/A"}}]
[null,395,"INSUMO ORSE",11638,"ORSE","VÁLVULA DE BÓIA EM FERRO FUNDIDO, Ø=80MM","UN",{"$f":"SUMIF(Orçamento!$F$9:$F$1730,F403,Orçamento!$H$9:$H$1730)","v":1},1335.17,0.14692012195121973,1531.3333392256102,1531.3333392256102,3.2286973619739473E-5,{"$f":"SUM($M$9:M403)","v":0.99736044941719293},{"$f":"_xlfn.XLOOKUP($F403,F404:F$717,K404:$K$717,,0)=K403","v":{"$error":"#N/A"}}]
[null,396,"INSUMO ORSE",5759,"ORSE","TOCO EM FOFO C/ FLANGES PN 10 / 16 / 25, COMP. = 0,25M, D=   80MM","UN",{"$f":"SUMIF(Orçamento!$F$9:$F$1730,F404,Orçamento!$H$9:$H$1730)","v":3},438.63,0.14692012195121973,503.07357309146352,1509.2207192743906,3.1820746209455701E-5,{"$f":"SUM($M$9:M404)","v":0.99739227016340237},{"$f":"_xlfn.XLOOKUP($F404,F405:F$717,K405:$K$717,,0)=K404","v":{"$error":"#N/A"}}]
[null,397,"COMPOSIÇÃO SINAPI",98409,"SINAPI","ACRÉSCIMO PARA POÇO DE VISITA CIRCULAR PARA ESGOTO, EM CONCRETO PRÉ-MOLDADO, DIÂMETRO INTERNO = 0,8 M. AF_12/2020","M",{"$f":"SUMIF(Orçamento!$F$9:$F$1730,F405,Orçamento!$H$9:$H$1730)","v":3},413.99,0.20796173004820551,500.0840766226566,1500.2522298679698,3.1631652578789728E-5,{"$f":"SUM($M$9:M405)","v":0.99742390181598117},{"$f":"_xlfn.XLOOKUP($F405,F406:F$717,K406:$K$717,,0)=K405","v":{"$error":"#N/A"}}]
[null,398,"COMPOSIÇÃO SINAPI",89711,"SINAPI","TUBO PVC, SERIE NORMAL, ESGOTO PREDIAL, DN 40 MM, FORNECIDO E INSTALADO EM RAMAL DE DESCARGA OU RAMAL DE ESGOTO SANITÁRIO. AF_12/2014","M",{"$f":"SUMIF(Orçamento!$F$9:$F$1730,F406,Orçamento!$H$9:$H$1730)","v":65.88},18.8,0.20796173004820551,22.709680524906265,1496.1137529808245,3.1544396009198728E-5,{"$f":"SUM($M$9:M406)","v":0.99745544621199034},{"$f":"_xlfn.XLOOKUP($F406,F407:F$717,K407:$K$717,,0)=K406","v":{"$error":"#N/A"}}]
[null,399,"COMPOSIÇÃO SINAPI",100865,"SINAPI","BARRA DE APOIO LATERAL ARTICULADA, COM TRAVA, EM ACO INOX POLIDO, FIXADA NA PAREDE - FORNECIMENTO E INSTALAÇÃO. AF_01/2020","UN",{"$f":"SUMIF(Orçamento!$F$9:$F$1730,F407,Orçamento!$H$9:$H$1730)","v":2},601.35,0.20796173004820551,726.4077863644884,1452.8155727289768,3.0631487521043513E-5,{"$f":"SUM($M$9:M407)","v":0.99748607769951136},{"$f":"_xlfn.XLOOKUP($F407,F408:F$717,K408:$K$717,,0)=K407","v":{"$error":"#N/A"}}]
[null,400,"COMPOSIÇÃO ORSE",706,"ORSE","CAIXA DE PASSAGEM PARA TELEFONE, PADRÃO TELEBRÁS, EMBUTIR, 60 X 60 X 12 CM, EM CHAPA AÇO GALVANIZ.","UN",{"$f":"SUMIF(Orçamento!$F$9:$F$1730,F408,Orçamento!$H$9:$H$1730)","v":4},300.63,0.20796173004820551,363.149534904392,1452.598139617568,3.0626903112833819E-5,{"$f":"SUM($M$9:M408)","v":0.9975167046026242},{"$f":"_xlfn.XLOOKUP($F408,F409:F$717,K409:$K$717,,0)=K408","v":{"$error":"#N/A"}}]
[null,401,"COMPOSIÇÃO ORSE",9367,"ORSE","CONJUNTO COM 03 LIXEIRAS EM FIBRA DE VIDRO, COM CAPACIDADE 20L CADA, COM TAMPA VAI E VEM","UN",{"$f":"SUMIF(Orçamento!$F$9:$F$1730,F409,Orçamento!$H$9:$H$1730)","v":3},398.76,0.20796173004820551,481.6868194740224,1445.0604584220673,3.0467976961564753E-5,{"$f":"SUM($M$9:M409)","v":0.99754717257958581},{"$f":"_xlfn.XLOOKUP($F409,F410:F$717,K410:$K$717,,0)=K409","v":{"$error":"#N/A"}}]
[null,402,"COMPOSIÇÃO ORSE",5333,"ORSE","ASSENTAMENTO DE TUBOS EM FERRO FUNDIDO, JUNTA ELÁSTICA, PONTA / BOLSA, DIAM.=   800 MM","M",{"$f":"SUMIF(Orçamento!$F$9:$F$1730,F410,Orçamento!$H$9:$H$1730)","v":50},23.45,0.20796173004820551,28.326702569630417,1416.3351284815208,2.98623256991964E-5,{"$f":"SUM($M$9:M410)","v":0.99757703490528504},{"$f":"_xlfn.XLOOKUP($F410,F411:F$717,K411:$K$717,,0)=K410","v":{"$error":"#N/A"}}]
[null,403,"COMPOSIÇÃO SINAPI",89356,"SINAPI","TUBO, PVC, SOLDÁVEL, DN 25MM, INSTALADO EM RAMAL OU SUB-RAMAL DE ÁGUA - FORNECIMENTO E INSTALAÇÃO. AF_06/2022","M",{"$f":"SUMIF(Orçamento!$F$9:$F$1730,F411,Orçamento!$H$9:$H$1730)","v":56.63},20.65,0.20796173004820551,24.944409725495444,1412.601922754807,2.9783613957129568E-5,{"$f":"SUM($M$9:M411)","v":0.99760681851924216},{"$f":"_xlfn.XLOOKUP($F411,F412:F$717,K412:$K$717,,0)=K411","v":{"$error":"#N/A"}}]
[null,404,"COMPOSIÇÃO SINAPI",86901,"SINAPI","CUBA DE EMBUTIR OVAL EM LOUÇA BRANCA, 35 X 50CM OU EQUIVALENTE - FORNECIMENTO E INSTALAÇÃO. AF_01/2020","UN",{"$f":"SUMIF(Orçamento!$F$9:$F$1730,F412,Orçamento!$H$9:$H$1730)","v":8},140.57,0.20796173004820551,169.80318039287624,1358.4254431430099,2.864134497935037E-5,{"$f":"SUM($M$9:M412)","v":0.99763545986422153},{"$f":"_xlfn.XLOOKUP($F412,F413:F$717,K413:$K$717,,0)=K412","v":{"$error":"#N/A"}}]
[null,405,"COMPOSIÇÃO SINAPI",86882,"SINAPI","SIFÃO DO TIPO GARRAFA/COPO EM PVC 1.1/4  X 1.1/2\" - FORNECIMENTO E INSTALAÇÃO. AF_01/2020","UN",{"$f":"SUMIF(Orçamento!$F$9:$F$1730,F413,Orçamento!$H$9:$H$1730)","v":48},23.16,0.20796173004820551,27.97639366791644,1342.8668960599891,2.8313305103012927E-5,{"$f":"SUM($M$9:M413)","v":0.99766377316932453},{"$f":"_xlfn.XLOOKUP($F413,F414:F$717,K414:$K$717,,0)=K413","v":{"$error":"#N/A"}}]
[null,406,"INSUMO ORSE",6468,"ORSE","REDUÇÃO EXCÊNTRICA EM PVC PARA COLETOR ESGOTOS, DN 150 X 100MM","UN",{"$f":"SUMIF(Orçamento!$F$9:$F$1730,F414,Orçamento!$H$9:$H$1730)","v":3},385.03,0.14692012195121973,441.59865455487812,1324.7959636646344,2.7932293534474907E-5,{"$f":"SUM($M$9:M414)","v":0.99769170546285901},{"$f":"_xlfn.XLOOKUP($F414,F415:F$717,K415:$K$717,,0)=K414","v":{"$error":"#N/A"}}]
[null,407,"INSUMO SINAPI",4813,"SINAPI","PLACA DE OBRA (PARA CONSTRUCAO CIVIL) EM CHAPA GALVANIZADA *N. 22*, ADESIVADA, DE *2,4 X 1,2* M (SEM POSTES PARA FIXACAO)4,","M2",{"$f":"SUMIF(Orçamento!$F$9:$F$1730,F415,Orçamento!$H$9:$H$1730)","v":4.5},250,0.14692012195121973,286.73003048780492,1290.2851371951222,2.7204659573093241E-5,{"$f":"SUM($M$9:M415)","v":0.99771891012243208},{"$f":"_xlfn.XLOOKUP($F415,F416:F$717,K416:$K$717,,0)=K415","v":{"$error":"#N/A"}}]
[null,408,"COMPOSIÇÃO ORSE",12332,"ORSE","JANELA EM ALUMÍNIO, COR N/P/B, TIPO VENEZIANA, TIPO CAMARÃO, DUAS FOLHAS MÓVEIS","M2",{"$f":"SUMIF(Orçamento!$F$9:$F$1730,F416,Orçamento!$H$9:$H$1730)","v":2.7},392.85,0.20796173004820551,474.54776564943757,1281.2789672534816,2.7014771477619732E-5,{"$f":"SUM($M$9:M416)","v":0.99774592489390967},{"$f":"_xlfn.XLOOKUP($F416,F417:F$717,K417:$K$717,,0)=K416","v":{"$error":"#N/A"}}]
[null,409,"COMPOSIÇÃO ORSE",810,"ORSE","VENTILADOR DE TETO CONJUGADO C/LÂMPADA COMPACTA","UN",{"$f":"SUMIF(Orçamento!$F$9:$F$1730,F417,Orçamento!$H$9:$H$1730)","v":2},529.28,0.20796173004820551,639.34998447991416,1278.6999689598283,2.6960395302465965E-5,{"$f":"SUM($M$9:M417)","v":0.99777288528921215},{"$f":"_xlfn.XLOOKUP($F417,F418:F$717,K418:$K$717,,0)=K417","v":{"$error":"#N/A"}}]
[null,410,"COMPOSIÇÃO SINAPI",100555,"SINAPI","RACK ABERTO EM COLUNA 44U PARA SERVIDOR - FORNECIMENTO E INSTALAÇÃO. AF_11/2019","UN",{"$f":"SUMIF(Orçamento!$F$9:$F$1730,F418,Orçamento!$H$9:$H$1730)","v":1},1050.67,0.20796173004820551,1269.1691509097482,1269.1691509097482,2.6759445409274787E-5,{"$f":"SUM($M$9:M418)","v":0.99779964473462146},{"$f":"_xlfn.XLOOKUP($F418,F419:F$717,K419:$K$717,,0)=K418","v":{"$error":"#N/A"}}]
[null,411,"COMPOSIÇÃO SICRO",5219644,"SICRO","TACHÃO REFLETIVO EM RESINA SINTÉTICA - MONODIRECIONAL - FORNECIMENTO E COLOCAÇÃO","UN",{"$f":"SUMIF(Orçamento!$F$9:$F$1730,F419,Orçamento!$H$9:$H$1730)","v":12},86.13,0.20796173004820551,104.04174380905194,1248.5009257086233,2.6323671940009752E-5,{"$f":"SUM($M$9:M419)","v":0.99782596840656146},{"$f":"_xlfn.XLOOKUP($F419,F420:F$717,K420:$K$717,,0)=K419","v":{"$error":"#N/A"}}]
[null,412,"COMPOSIÇÃO ORSE",9539,"ORSE","TALA PLANA PERFURADA 38MM PARA ELETROCALHA METÁLICA (REF.: MOPA OU SIMILAR) - REV 01","UN",{"$f":"SUMIF(Orçamento!$F$9:$F$1730,F420,Orçamento!$H$9:$H$1730)","v":198},5.19,0.20796173004820551,6.2693213789501874,1241.3256330321371,2.6172386469090162E-5,{"$f":"SUM($M$9:M420)","v":0.99785214079303053},{"$f":"_xlfn.XLOOKUP($F420,F421:F$717,K421:$K$717,,0)=K420","v":{"$error":"#N/A"}}]
[null,413,"COMPOSIÇÃO SINAPI",96616,"SINAPI","LASTRO DE CONCRETO MAGRO, APLICADO EM BLOCOS DE COROAMENTO OU SAPATAS. AF_08/2017","M3",{"$f":"SUMIF(Orçamento!$F$9:$F$1730,F421,Orçamento!$H$9:$H$1730)","v":1},1018.11,0.20796173004820551,1229.8379169793786,1229.8379169793786,2.5930176902011815E-5,{"$f":"SUM($M$9:M421)","v":0.99787807096993253},{"$f":"_xlfn.XLOOKUP($F421,F422:F$717,K422:$K$717,,0)=K421","v":{"$error":"#N/A"}}]
[null,414,"COMPOSIÇÃO SINAPI",101894,"SINAPI","DISJUNTOR TRIPOLAR TIPO NEMA, CORRENTE NOMINAL DE 60 ATÉ 100A - FORNECIMENTO E INSTALAÇÃO. AF_10/2020","UN",{"$f":"SUMIF(Orçamento!$F$9:$F$1730,F422,Orçamento!$H$9:$H$1730)","v":6},169.67,0.20796173004820551,204.95486673727902,1229.7292004236742,2.5927884697906972E-5,{"$f":"SUM($M$9:M422)","v":0.99790399885463044},{"$f":"_xlfn.XLOOKUP($F422,F423:F$717,K423:$K$717,,0)=K422","v":{"$error":"#N/A"}}]
[null,415,"COMPOSIÇÃO SINAPI",89714,"SINAPI","TUBO PVC, SERIE NORMAL, ESGOTO PREDIAL, DN 100 MM, FORNECIDO E INSTALADO EM RAMAL DE DESCARGA OU RAMAL DE ESGOTO SANITÁRIO. AF_08/2022","M",{"$f":"SUMIF(Orçamento!$F$9:$F$1730,F423,Orçamento!$H$9:$H$1730)","v":30.599999999999998},33.200000000000003,0.20796173004820551,40.104329437600427,1227.192480790573,2.5874399935460651E-5,{"$f":"SUM($M$9:M423)","v":0.99792987325456595},{"$f":"_xlfn.XLOOKUP($F423,F424:F$717,K424:$K$717,,0)=K423","v":{"$error":"#N/A"}}]
[null,416,"INSUMO SINAPI",39465,"SINAPI","DISPOSITIVO DPS CLASSE II, 1 POLO, TENSAO MAXIMA DE 175 V, CORRENTE MAXIMA DE *20* KA (TIPO AC)","UN",{"$f":"SUMIF(Orçamento!$F$9:$F$1730,F424,Orçamento!$H$9:$H$1730)","v":14},75.11,0.14692012195121973,86.145170359756108,1206.0323850365855,2.5428255757769304E-5,{"$f":"SUM($M$9:M424)","v":0.99795530151032374},{"$f":"_xlfn.XLOOKUP($F424,F425:F$717,K425:$K$717,,0)=K424","v":{"$error":"#N/A"}}]
[null,417,"INSUMO SINAPI",3264,"SINAPI","FLANGE SEXTAVADO DE FERRO GALVANIZADO, COM ROSCA BSP, DE 1\"","UN",{"$f":"SUMIF(Orçamento!$F$9:$F$1730,F425,Orçamento!$H$9:$H$1730)","v":31},33.72,0.14692012195121973,38.674146512195129,1198.8985418780489,2.5277844217729623E-5,{"$f":"SUM($M$9:M425)","v":0.99798057935454143},{"$f":"_xlfn.XLOOKUP($F425,F426:F$717,K426:$K$717,,0)=K425","v":{"$error":"#N/A"}}]
[null,418,"COMPOSIÇÃO SINAPI",101881,"SINAPI","QUADRO DE DISTRIBUIÇÃO DE ENERGIA EM CHAPA DE AÇO GALVANIZADO, DE EMBUTIR, COM BARRAMENTO TRIFÁSICO, PARA 40 DISJUNTORES DIN 100A - FORNECIMENTO E INSTALAÇÃO. AF_10/2020","UN",{"$f":"SUMIF(Orçamento!$F$9:$F$1730,F426,Orçamento!$H$9:$H$1730)","v":1},982.73,0.20796173004820551,1187.1002309702731,1187.1002309702731,2.502908599946378E-5,{"$f":"SUM($M$9:M426)","v":0.99800560844054087},{"$f":"_xlfn.XLOOKUP($F426,F427:F$717,K427:$K$717,,0)=K426","v":{"$error":"#N/A"}}]
[null,419,"INSUMO SINAPI",13415,"SINAPI","TORNEIRA DE MESA/BANCADA, PARA LAVATORIO, FIXA, METALICA CROMADA, PADRAO POPULAR, 1/2 \" OU 3/4 \" (REF 1193)","UN",{"$f":"SUMIF(Orçamento!$F$9:$F$1730,F427,Orçamento!$H$9:$H$1730)","v":9},114.13,0.14692012195121973,130.89799351829271,1178.0819416646343,2.4838942376617051E-5,{"$f":"SUM($M$9:M427)","v":0.99803044738291746},{"$f":"_xlfn.XLOOKUP($F427,F428:F$717,K428:$K$717,,0)=K427","v":{"$error":"#N/A"}}]
[null,420,"INSUMO ORSE",857,"ORSE","ELETROCALHA METÁLICA PERFURADA  50 X 50 X 3000 MM (REF. VALEMAM OU SIMILAR)","UN",{"$f":"SUMIF(Orçamento!$F$9:$F$1730,F428,Orçamento!$H$9:$H$1730)","v":35.4},29,0.14692012195121973,33.260683536585375,1177.4281971951223,2.4825158682433354E-5,{"$f":"SUM($M$9:M428)","v":0.99805527254159987},{"$f":"_xlfn.XLOOKUP($F428,F429:F$717,K429:$K$717,,0)=K428","v":{"$error":"#N/A"}}]
[null,421,"COMPOSIÇÃO ORSE",4536,"ORSE","FORNECIMENTO E INSTALAÇÃO DE ELETROCALHA PERFURADA  38 X 38 X 3000 MM (REF. MOPA OU SIMILAR)","M",{"$f":"SUMIF(Orçamento!$F$9:$F$1730,F429,Orçamento!$H$9:$H$1730)","v":43.2},22.23,0.20796173004820551,26.852989258971608,1160.0491359875734,2.4458734680310002E-5,{"$f":"SUM($M$9:M429)","v":0.99807973127628014},{"$f":"_xlfn.XLOOKUP($F429,F430:F$717,K430:$K$717,,0)=K429","v":{"$error":"#N/A"}}]
[null,422,"INSUMO SINAPI",6323,"SINAPI","TE DE FERRO GALVANIZADO, DE 1\"","UN",{"$f":"SUMIF(Orçamento!$F$9:$F$1730,F430,Orçamento!$H$9:$H$1730)","v":41},24.11,0.14692012195121973,27.652244140243909,1133.7420097500003,2.3904069364087469E-5,{"$f":"SUM($M$9:M430)","v":0.99810363534564417},{"$f":"_xlfn.XLOOKUP($F430,F431:F$717,K431:$K$717,,0)=K430","v":{"$error":"#N/A"}}]
[null,423,"COMPOSIÇÃO SINAPI",86906,"SINAPI","TORNEIRA CROMADA DE MESA, 1/2\" OU 3/4\", PARA LAVATÓRIO, PADRÃO POPULAR - FORNECIMENTO E INSTALAÇÃO. AF_01/2020","UN",{"$f":"SUMIF(Orçamento!$F$9:$F$1730,F431,Orçamento!$H$9:$H$1730)","v":8},117.03,0.20796173004820551,141.36776126754148,1130.9420901403319,2.3845035234640204E-5,{"$f":"SUM($M$9:M431)","v":0.99812748038087884},{"$f":"_xlfn.XLOOKUP($F431,F432:F$717,K432:$K$717,,0)=K431","v":{"$error":"#N/A"}}]
[null,424,"COMPOSIÇÃO ORSE",13148,"ORSE","REFLETOR SLIM  LED 100W DE POTÊNCIA, BRANCO FRIO, 6500K, AUTOVOLT, MARCA G-LIGHT OU SIMILAR","UN",{"$f":"SUMIF(Orçamento!$F$9:$F$1730,F432,Orçamento!$H$9:$H$1730)","v":8},116.97,0.20796173004820551,141.29528356373859,1130.3622685099087,2.3832810146081044E-5,{"$f":"SUM($M$9:M432)","v":0.9981513131910249},{"$f":"_xlfn.XLOOKUP($F432,F433:F$717,K433:$K$717,,0)=K432","v":{"$error":"#N/A"}}]
[null,425,"INSUMO SINAPI",12432,"SINAPI","UNIAO COM ASSENTO CONICO DE FERRO LONGO (MACHO-FEMEA), DIAMETRO 1 1/2\"","UN",{"$f":"SUMIF(Orçamento!$F$9:$F$1730,F433,Orçamento!$H$9:$H$1730)","v":6},163.63,0.14692012195121973,187.67053955487808,1126.0232373292683,2.3741325045041313E-5,{"$f":"SUM($M$9:M433)","v":0.99817505451606992},{"$f":"_xlfn.XLOOKUP($F433,F434:F$717,K434:$K$717,,0)=K433","v":{"$error":"#N/A"}}]
[null,426,"COMPOSIÇÃO SINAPI",100866,"SINAPI","BARRA DE APOIO RETA, EM ACO INOX POLIDO, COMPRIMENTO 60CM, FIXADA NA PAREDE - FORNECIMENTO E INSTALAÇÃO. AF_01/2020","UN",{"$f":"SUMIF(Orçamento!$F$9:$F$1730,F434,Orçamento!$H$9:$H$1730)","v":3},308.25,0.20796173004820551,372.35420328735933,1117.062609862078,2.3552397177255329E-5,{"$f":"SUM($M$9:M434)","v":0.99819860691324713},{"$f":"_xlfn.XLOOKUP($F434,F435:F$717,K435:$K$717,,0)=K434","v":{"$error":"#N/A"}}]
[null,427,"COMPOSIÇÃO ORSE",12584,"ORSE","TAMPA DE ENCAIXE PARA REDUÇÃO CONCÊNTRICA 200 X 75MM PARA 100 X 75MM, ZINCADA, PARA ELETROCALHA METÁLICA","UN",{"$f":"SUMIF(Orçamento!$F$9:$F$1730,F435,Orçamento!$H$9:$H$1730)","v":43.2},21.19,0.20796173004820551,25.596709059721476,1105.7778313799679,2.3314466391172695E-5,{"$f":"SUM($M$9:M435)","v":0.99822192137963828},{"$f":"_xlfn.XLOOKUP($F435,F436:F$717,K436:$K$717,,0)=K435","v":{"$error":"#N/A"}}]
[null,428,"INSUMO SINAPI",982,"SINAPI","CABO DE COBRE, FLEXIVEL, CLASSE 4 OU 5, ISOLACAO EM PVC/A, ANTICHAMA BWF-B, 1 CONDUTOR, 450/750 V, SECAO NOMINAL 6 MM2","M",{"$f":"SUMIF(Orçamento!$F$9:$F$1730,F436,Orçamento!$H$9:$H$1730)","v":164.4},5.73,0.14692012195121973,6.5718522987804899,1080.4125179195125,2.2779658465572191E-5,{"$f":"SUM($M$9:M436)","v":0.99824470103810381},{"$f":"_xlfn.XLOOKUP($F436,F437:F$717,K437:$K$717,,0)=K436","v":{"$error":"#N/A"}}]
[null,429,"COMPOSIÇÃO SINAPI",98529,"SINAPI","CORTE RASO E RECORTE DE ÁRVORE COM DIÂMETRO DE TRONCO MAIOR OU IGUAL A 0,20 M E MENOR QUE 0,40 M.AF_05/2018","UN",{"$f":"SUMIF(Orçamento!$F$9:$F$1730,F437,Orçamento!$H$9:$H$1730)","v":14},61.92,0.20796173004820551,74.796990324584883,1047.1578645441884,2.2078509937841689E-5,{"$f":"SUM($M$9:M437)","v":0.99826677954804166},{"$f":"_xlfn.XLOOKUP($F437,F438:F$717,K438:$K$717,,0)=K437","v":{"$error":"#N/A"}}]
[null,430,"COMPOSIÇÃO SINAPI",91784,"SINAPI","(COMPOSIÇÃO REPRESENTATIVA) DO SERVIÇO DE INSTALAÇÃO DE TUBOS DE PVC, SOLDÁVEL, ÁGUA FRIA, DN 20 MM (INSTALADO EM RAMAL, SUB-RAMAL OU RAMAL DE DISTRIBUIÇÃO), INCLUSIVE CONEXÕES, CORTES E FIXAÇÕES, PARA PRÉDIOS. AF_10/2015","M",{"$f":"SUMIF(Orçamento!$F$9:$F$1730,F438,Orçamento!$H$9:$H$1730)","v":20.09},41,0.20796173004820551,49.526430931976428,994.98599742340639,2.0978506656862333E-5,{"$f":"SUM($M$9:M438)","v":0.99828775805469849},{"$f":"_xlfn.XLOOKUP($F438,F439:F$717,K439:$K$717,,0)=K438","v":{"$error":"#N/A"}}]
[null,431,"COMPOSIÇÃO ORSE",8646,"ORSE","POSTE GALVANIZADO COM 5M PARA INSTALAÇÃO DE CÂMERA DE SEGURANÇA P/PENITENCIÁRIA","UN",{"$f":"SUMIF(Orçamento!$F$9:$F$1730,F439,Orçamento!$H$9:$H$1730)","v":2},411.59,0.20796173004820551,497.18496847054087,994.36993694108173,2.0965517500268224E-5,{"$f":"SUM($M$9:M439)","v":0.9983087235721988},{"$f":"_xlfn.XLOOKUP($F439,F440:F$717,K440:$K$717,,0)=K439","v":{"$error":"#N/A"}}]
[null,432,"COMPOSIÇÃO SINAPI",97595,"SINAPI","SENSOR DE PRESENÇA COM FOTOCÉLULA, FIXAÇÃO EM PAREDE - FORNECIMENTO E INSTALAÇÃO. AF_02/2020","UN",{"$f":"SUMIF(Orçamento!$F$9:$F$1730,F440,Orçamento!$H$9:$H$1730)","v":8},101.39,0.20796173004820551,122.47523980958756,979.80191847670051,2.065836215021935E-5,{"$f":"SUM($M$9:M440)","v":0.99832938193434906},{"$f":"_xlfn.XLOOKUP($F440,F441:F$717,K441:$K$717,,0)=K440","v":{"$error":"#N/A"}}]
[null,433,"INSUMO SINAPI",39253,"SINAPI","ELETRODUTO/CONDULETE DE PVC RIGIDO, LISO, COR CINZA, DE 3/4\", PARA INSTALACOES APARENTES (NBR 5410)","M",{"$f":"SUMIF(Orçamento!$F$9:$F$1730,F441,Orçamento!$H$9:$H$1730)","v":50},17.059999999999999,0.14692012195121973,19.566457280487807,978.32286402439036,2.0627177436309807E-5,{"$f":"SUM($M$9:M441)","v":0.9983500091117854},{"$f":"_xlfn.XLOOKUP($F441,F442:F$717,K442:$K$717,,0)=K441","v":{"$error":"#N/A"}}]
[null,434,"COMPOSIÇÃO ORSE",5352,"ORSE","ASSENTAMENTO DE TUBOS EM FERRO FUNDIDO, JUNTA TRAVADA EXTERNA, DIAM.=  600 MM","M",{"$f":"SUMIF(Orçamento!$F$9:$F$1730,F442,Orçamento!$H$9:$H$1730)","v":18},44.81,0.20796173004820551,54.128765123460092,974.31777222228163,2.0542733187597302E-5,{"$f":"SUM($M$9:M442)","v":0.99837055184497303},{"$f":"_xlfn.XLOOKUP($F442,F443:F$717,K443:$K$717,,0)=K442","v":{"$error":"#N/A"}}]
[null,435,"COMPOSIÇÃO SINAPI",92772,"SINAPI","ARMAÇÃO DE LAJE DE ESTRUTURA CONVENCIONAL DE CONCRETO ARMADO UTILIZANDO AÇO CA-50 DE 12,5 MM - MONTAGEM. AF_06/2022","KG",{"$f":"SUMIF(Orçamento!$F$9:$F$1730,F443,Orçamento!$H$9:$H$1730)","v":75.3},10.52,0.20796173004820551,12.707757400107122,956.89413222806627,2.0175369276394564E-5,{"$f":"SUM($M$9:M443)","v":0.99839072721424937},{"$f":"_xlfn.XLOOKUP($F443,F444:F$717,K444:$K$717,,0)=K443","v":{"$error":"#N/A"}}]
[null,436,"INSUMO SINAPI",39128,"SINAPI","ABRACADEIRA EM ACO PARA AMARRACAO DE ELETRODUTOS, TIPO D, COM 3/4\" E CUNHA DE FIXACAO","UN",{"$f":"SUMIF(Orçamento!$F$9:$F$1730,F444,Orçamento!$H$9:$H$1730)","v":281},2.96,0.14692012195121973,3.3948835609756105,953.96228063414651,2.0113553463569807E-5,{"$f":"SUM($M$9:M444)","v":0.99841084076771291},{"$f":"_xlfn.XLOOKUP($F444,F445:F$717,K445:$K$717,,0)=K444","v":{"$error":"#N/A"}}]
[null,437,"COMPOSIÇÃO SINAPI",86878,"SINAPI","VÁLVULA EM METAL CROMADO TIPO AMERICANA 1\" PARA PIA - FORNECIMENTO E INSTALAÇÃO. AF_01/2020","UN",{"$f":"SUMIF(Orçamento!$F$9:$F$1730,F445,Orçamento!$H$9:$H$1730)","v":10},78.709999999999994,0.20796173004820551,95.078667772094249,950.78667772094252,2.0046598343571417E-5,{"$f":"SUM($M$9:M445)","v":0.99843088736605645},{"$f":"_xlfn.XLOOKUP($F445,F446:F$717,K446:$K$717,,0)=K445","v":{"$error":"#N/A"}}]
[null,438,"INSUMO SINAPI",39805,"SINAPI","QUADRO DE DISTRIBUICAO, EM PVC, DE EMBUTIR, COM BARRAMENTO TERRA / NEUTRO, PARA 12 DISJUNTORES NEMA OU 16 DISJUNTORES DIN","UN",{"$f":"SUMIF(Orçamento!$F$9:$F$1730,F446,Orçamento!$H$9:$H$1730)","v":6},138.05000000000001,0.14692012195121973,158.33232283536589,949.99393701219537,2.0029884021682785E-5,{"$f":"SUM($M$9:M446)","v":0.99845091725007817},{"$f":"_xlfn.XLOOKUP($F446,F447:F$717,K447:$K$717,,0)=K446","v":{"$error":"#N/A"}}]
[null,439,"INSUMO SINAPI",38115,"SINAPI","INTERRUPTOR INTERMEDIARIO 10 A, 250 V (APENAS MODULO)","UN",{"$f":"SUMIF(Orçamento!$F$9:$F$1730,F447,Orçamento!$H$9:$H$1730)","v":39},21.1,0.14692012195121973,24.200014573170737,943.80056835365872,1.9899301655731936E-5,{"$f":"SUM($M$9:M447)","v":0.99847081655173386},{"$f":"_xlfn.XLOOKUP($F447,F448:F$717,K448:$K$717,,0)=K447","v":{"$error":"#N/A"}}]
[null,440,"INSUMO SINAPI",37557,"SINAPI","PLACA DE SINALIZACAO DE SEGURANCA CONTRA INCENDIO, FOTOLUMINESCENTE, QUADRADA, *14 X 14* CM, EM PVC *2* MM ANTI-CHAMAS (SIMBOLOS, CORES E PICTOGRAMAS CONFORME NBR 16820)","UN",{"$f":"SUMIF(Orçamento!$F$9:$F$1730,F448,Orçamento!$H$9:$H$1730)","v":45},17.93,0.14692012195121973,20.564277786585368,925.39250039634157,1.9511181845822471E-5,{"$f":"SUM($M$9:M448)","v":0.99849032773357971},{"$f":"_xlfn.XLOOKUP($F448,F449:F$717,K449:$K$717,,0)=K448","v":{"$error":"#N/A"}}]
[null,441,"INSUMO SINAPI",39216,"SINAPI","ARRUELA EM ALUMINIO, COM ROSCA, DE 4\", PARA ELETRODUTO","UN",{"$f":"SUMIF(Orçamento!$F$9:$F$1730,F449,Orçamento!$H$9:$H$1730)","v":83},9.65,0.14692012195121973,11.067779176829271,918.62567167682948,1.9368508520061361E-5,{"$f":"SUM($M$9:M449)","v":0.99850969624209973},{"$f":"_xlfn.XLOOKUP($F449,F450:F$717,K450:$K$717,,0)=K449","v":{"$error":"#N/A"}}]
[null,442,"COMPOSIÇÃO ORSE",12937,"ORSE","TOMADA DUPLA PARA LÓGICA NO PISO, METAL, RJ45","UN",{"$f":"SUMIF(Orçamento!$F$9:$F$1730,F450,Orçamento!$H$9:$H$1730)","v":12},63.32,0.20796173004820551,76.488136746652373,917.85764095982847,1.9352315189149164E-5,{"$f":"SUM($M$9:M450)","v":0.99852904855728886},{"$f":"_xlfn.XLOOKUP($F450,F451:F$717,K451:$K$717,,0)=K450","v":{"$error":"#N/A"}}]
[null,443,"COMPOSIÇÃO SINAPI",89712,"SINAPI","TUBO PVC, SERIE NORMAL, ESGOTO PREDIAL, DN 50 MM, FORNECIDO E INSTALADO EM RAMAL DE DESCARGA OU RAMAL DE ESGOTO SANITÁRIO. AF_12/2014","M",{"$f":"SUMIF(Orçamento!$F$9:$F$1730,F451,Orçamento!$H$9:$H$1730)","v":30.69},23.85,0.20796173004820551,28.809887261649703,884.17544006002936,1.8642152154067251E-5,{"$f":"SUM($M$9:M451)","v":0.99854769070944294},{"$f":"_xlfn.XLOOKUP($F451,F452:F$717,K452:$K$717,,0)=K451","v":{"$error":"#N/A"}}]
[null,444,"INSUMO SINAPI",39468,"SINAPI","DISPOSITIVO DPS CLASSE II, 1 POLO, TENSAO MAXIMA DE 175 V, CORRENTE MAXIMA DE *90* KA (TIPO AC)","UN",{"$f":"SUMIF(Orçamento!$F$9:$F$1730,F452,Orçamento!$H$9:$H$1730)","v":4},192.11,0.14692012195121973,220.33482462804884,881.33929851219534,1.8582354313198019E-5,{"$f":"SUM($M$9:M452)","v":0.99856627306375612},{"$f":"_xlfn.XLOOKUP($F452,F453:F$717,K453:$K$717,,0)=K452","v":{"$error":"#N/A"}}]
[null,445,"COMPOSIÇÃO SINAPI",86877,"SINAPI","VÁLVULA EM METAL CROMADO 1.1/2\" X 1.1/2\" PARA TANQUE OU LAVATÓRIO, COM OU SEM LADRÃO - FORNECIMENTO E INSTALAÇÃO. AF_01/2020","UN",{"$f":"SUMIF(Orçamento!$F$9:$F$1730,F453,Orçamento!$H$9:$H$1730)","v":10},72.92,0.20796173004820551,88.08456935511515,880.8456935511515,1.8571947036122831E-5,{"$f":"SUM($M$9:M453)","v":0.99858484501079225},{"$f":"_xlfn.XLOOKUP($F453,F454:F$717,K454:$K$717,,0)=K453","v":{"$error":"#N/A"}}]
[null,446,"COMPOSIÇÃO SINAPI",102218,"SINAPI","PINTURA TINTA DE ACABAMENTO (PIGMENTADA) ESMALTE SINTÉTICO FOSCO EM MADEIRA, 2 DEMÃOS. AF_01/2021","M2",{"$f":"SUMIF(Orçamento!$F$9:$F$1730,F454,Orçamento!$H$9:$H$1730)","v":51.66},14.04,0.20796173004820551,16.959782689876803,876.14237375903565,1.8472781192760445E-5,{"$f":"SUM($M$9:M454)","v":0.99860331779198497},{"$f":"_xlfn.XLOOKUP($F454,F455:F$717,K455:$K$717,,0)=K454","v":{"$error":"#N/A"}}]
[null,447,"COMPOSIÇÃO SINAPI",95471,"SINAPI","VASO SANITARIO SIFONADO CONVENCIONAL PARA PCD SEM FURO FRONTAL COM  LOUÇA BRANCA SEM ASSENTO -  FORNECIMENTO E INSTALAÇÃO. AF_01/2020","UN",{"$f":"SUMIF(Orçamento!$F$9:$F$1730,F455,Orçamento!$H$9:$H$1730)","v":1},716.96,0.20796173004820551,866.06024197536146,866.06024197536146,1.8260207277864267E-5,{"$f":"SUM($M$9:M455)","v":0.99862157799926288},{"$f":"_xlfn.XLOOKUP($F455,F456:F$717,K456:$K$717,,0)=K455","v":{"$error":"#N/A"}}]
[null,448,"INSUMO SINAPI",38153,"SINAPI","FECHADURA ESPELHO PARA PORTA DE BANHEIRO, EM ACO INOX (MAQUINA, TESTA E CONTRA-TESTA) E EM ZAMAC (MACANETA, LINGUETA E TRINCOS) COM ACABAMENTO CROMADO, MAQUINA DE 40 MM, INCLUINDO CHAVE TIPO TRANQUETA","CJ",{"$f":"SUMIF(Orçamento!$F$9:$F$1730,F456,Orçamento!$H$9:$H$1730)","v":11},67.63,0.14692012195121973,77.566207847560989,853.22828632317089,1.7989655463298892E-5,{"$f":"SUM($M$9:M456)","v":0.99863956765472617},{"$f":"_xlfn.XLOOKUP($F456,F457:F$717,K457:$K$717,,0)=K456","v":{"$error":"#N/A"}}]
[null,449,"INSUMO ORSE",994,"ORSE","FLANGE FERRO GALVANIZADO D=6\"","UN",{"$f":"SUMIF(Orçamento!$F$9:$F$1730,F457,Orçamento!$H$9:$H$1730)","v":2},369.85,0.14692012195121973,{"$f":"I457*(1+J457)","v":424.18840710365862},{"$f":"K457*H457","v":848.37681420731724},{"$f":"L457/$L$717","v":1.7887365943304064E-5},{"$f":"SUM($M$9:M457)","v":0.99865745502066949},{"$f":"_xlfn.XLOOKUP($F457,F458:F$717,K458:$K$717,,0)=K457","v":{"$error":"#N/A"}}]
[null,450,"INSUMO SINAPI",38774,"SINAPI","LUMINARIA DE EMERGENCIA 30 LEDS, POTENCIA 2 W, BATERIA DE LITIO, AUTONOMIA DE 6 HORAS","UN",{"$f":"SUMIF(Orçamento!$F$9:$F$1730,F458,Orçamento!$H$9:$H$1730)","v":42},17.579999999999998,0.14692012195121973,20.162855743902441,846.83994124390256,1.7854962171012554E-5,{"$f":"SUM($M$9:M458)","v":0.99867530998284049},{"$f":"_xlfn.XLOOKUP($F458,F459:F$717,K459:$K$717,,0)=K458","v":{"$error":"#N/A"}}]
[null,451,"COMPOSIÇÃO ORSE",12876,"ORSE","FORNECIMENTO E INSTALAÇÃO DE PARA RAIOS TIPO POLIMÉRICO 15KV - 12KA","UN",{"$f":"SUMIF(Orçamento!$F$9:$F$1730,F459,Orçamento!$H$9:$H$1730)","v":3},232.64,0.20796173004820551,281.02021687841449,843.06065063524352,1.7775278765017612E-5,{"$f":"SUM($M$9:M459)","v":0.9986930852616055},{"$f":"_xlfn.XLOOKUP($F459,F460:F$717,K460:$K$717,,0)=K459","v":{"$error":"#N/A"}}]
[null,452,"COMPOSIÇÃO SINAPI",98307,"SINAPI","TOMADA DE REDE RJ45 - FORNECIMENTO E INSTALAÇÃO. AF_11/2019","UN",{"$f":"SUMIF(Orçamento!$F$9:$F$1730,F460,Orçamento!$H$9:$H$1730)","v":14},49.44,0.20796173004820551,59.721627933583278,836.10279107016595,1.7628577702307705E-5,{"$f":"SUM($M$9:M460)","v":0.99871071383930776},{"$f":"_xlfn.XLOOKUP($F460,F461:F$717,K461:$K$717,,0)=K460","v":{"$error":"#N/A"}}]
[null,453,"COMPOSIÇÃO SINAPI",101880,"SINAPI","QUADRO DE DISTRIBUIÇÃO DE ENERGIA EM CHAPA DE AÇO GALVANIZADO, DE EMBUTIR, COM BARRAMENTO TRIFÁSICO, PARA 30 DISJUNTORES DIN 150A - FORNECIMENTO E INSTALAÇÃO. AF_10/2020","UN",{"$f":"SUMIF(Orçamento!$F$9:$F$1730,F461,Orçamento!$H$9:$H$1730)","v":1},684.18,0.20796173004820551,826.46325646438117,826.46325646438117,1.742533560501168E-5,{"$f":"SUM($M$9:M461)","v":0.99872813917491277},{"$f":"_xlfn.XLOOKUP($F461,F462:F$717,K462:$K$717,,0)=K461","v":{"$error":"#N/A"}}]
[null,454,"INSUMO ORSE",9704,"ORSE","TALA PLANA PERFURADA 100MM","UN",{"$f":"SUMIF(Orçamento!$F$9:$F$1730,F462,Orçamento!$H$9:$H$1730)","v":148},4.8,0.14692012195121973,5.5052165853658543,814.77205463414646,1.717883569842261E-5,{"$f":"SUM($M$9:M462)","v":0.99874531801061117},{"$f":"_xlfn.XLOOKUP($F462,F463:F$717,K463:$K$717,,0)=K462","v":{"$error":"#N/A"}}]
[null,455,"COMPOSIÇÃO ORSE",6979,"ORSE","ESCADA MARINHEIRO EM AÇO CA-50 D=16MM (5/8\"), EXCETO PINTURA - REV 01","M",{"$f":"SUMIF(Orçamento!$F$9:$F$1730,F463,Orçamento!$H$9:$H$1730)","v":10.6},62.93,0.20796173004820551,76.017031671933566,805.78053572249576,1.6989256508532665E-5,{"$f":"SUM($M$9:M463)","v":0.99876230726711968},{"$f":"_xlfn.XLOOKUP($F463,F464:F$717,K464:$K$717,,0)=K463","v":{"$error":"#N/A"}}]
[null,456,"COMPOSIÇÃO SINAPI",98111,"SINAPI","CAIXA DE INSPEÇÃO PARA ATERRAMENTO, CIRCULAR, EM POLIETILENO, DIÂMETRO INTERNO = 0,3 M. AF_12/2020","UN",{"$f":"SUMIF(Orçamento!$F$9:$F$1730,F464,Orçamento!$H$9:$H$1730)","v":12},53.96,0.20796173004820551,65.181614953401166,782.17937944081405,1.6491644466305888E-5,{"$f":"SUM($M$9:M464)","v":0.99877879891158594},{"$f":"_xlfn.XLOOKUP($F464,F465:F$717,K465:$K$717,,0)=K464","v":{"$error":"#N/A"}}]
[null,457,"INSUMO SINAPI",9837,"SINAPI","TUBO PVC SERIE NORMAL, DN 75 MM, PARA ESGOTO PREDIAL (NBR 5688)","M",{"$f":"SUMIF(Orçamento!$F$9:$F$1730,F465,Orçamento!$H$9:$H$1730)","v":54.269999999999996},12.47,0.14692012195121973,14.302093920731711,776.17463707810987,1.6365039139241043E-5,{"$f":"SUM($M$9:M465)","v":0.99879516395072521},{"$f":"_xlfn.XLOOKUP($F465,F466:F$717,K466:$K$717,,0)=K465","v":{"$error":"#N/A"}}]
[null,458,"INSUMO SINAPI",2516,"SINAPI","CONECTOR CURVO 90 GRAUS DE ALUMINIO, BITOLA 1\", PARA ADAPTAR ENTRADA DE ELETRODUTO METALICO FLEXIVEL EM QUADROS","UN",{"$f":"SUMIF(Orçamento!$F$9:$F$1730,F466,Orçamento!$H$9:$H$1730)","v":49},13.68,0.14692012195121973,15.689867268292685,768.80349614634156,1.6209624360031876E-5,{"$f":"SUM($M$9:M466)","v":0.9988113735750852},{"$f":"_xlfn.XLOOKUP($F466,F467:F$717,K467:$K$717,,0)=K466","v":{"$error":"#N/A"}}]
[null,459,"COMPOSIÇÃO SINAPI",86878,"SINAPI","VÁLVULA EM METAL CROMADO TIPO AMERICANA 3.1/2\" X 1.1/2\" PARA PIA - FORNECIMENTO E INSTALAÇÃO. AF_01/2020","UN",{"$f":"SUMIF(Orçamento!$F$9:$F$1730,F467,Orçamento!$H$9:$H$1730)","v":8},78.709999999999994,0.20796173004820551,95.078667772094249,760.62934217675399,1.6037278674857136E-5,{"$f":"SUM($M$9:M467)","v":0.99882741085376003},{"$f":"_xlfn.XLOOKUP($F467,F468:F$717,K468:$K$717,,0)=K467","v":{"$error":"#N/A"}}]
[null,460,"COMPOSIÇÃO SINAPI",97597,"SINAPI","SENSOR DE PRESENÇA COM FOTOCÉLULA, FIXAÇÃO EM TETO - FORNECIMENTO E INSTALAÇÃO. AF_02/2020","UN",{"$f":"SUMIF(Orçamento!$F$9:$F$1730,F468,Orçamento!$H$9:$H$1730)","v":9},69.959999999999994,0.20796173004820551,84.509002634172447,760.58102370755205,1.6036259917477203E-5,{"$f":"SUM($M$9:M468)","v":0.99884344711367756},{"$f":"_xlfn.XLOOKUP($F468,F469:F$717,K469:$K$717,,0)=K468","v":{"$error":"#N/A"}}]
[null,461,"COMPOSIÇÃO SINAPI",104329,"SINAPI","CAIXA SIFONADA, COM GRELHA REDONDA, PVC, DN 150 X 150 X 50 MM, JUNTA SOLDÁVEL, FORNECIDA E INSTALADA EM RAMAL DE DESCARGA OU EM RAMAL DE ESGOTO SANITÁRIO. AF_08/2022","UN",{"$f":"SUMIF(Orçamento!$F$9:$F$1730,F469,Orçamento!$H$9:$H$1730)","v":8},78.45,0.20796173004820551,94.764597722281721,758.11678177825377,1.5984303291100779E-5,{"$f":"SUM($M$9:M469)","v":0.99885943141696865},{"$f":"_xlfn.XLOOKUP($F469,F470:F$717,K470:$K$717,,0)=K469","v":{"$error":"#N/A"}}]
[null,462,"INSUMO SINAPI",1779,"SINAPI","CURVA 45 GRAUS DE FERRO GALVANIZADO, COM ROSCA BSP FEMEA, DE 3\"","UN",{"$f":"SUMIF(Orçamento!$F$9:$F$1730,F470,Orçamento!$H$9:$H$1730)","v":2},324.95999999999998,0.14692012195121973,372.70316282926836,745.40632565853673,1.571631319977312E-5,{"$f":"SUM($M$9:M470)","v":0.99887514773016839},{"$f":"_xlfn.XLOOKUP($F470,F471:F$717,K471:$K$717,,0)=K470","v":{"$error":"#N/A"}}]
[null,463,"COMPOSIÇÃO SICRO",5219643,"SICRO","TACHÃO REFLETIVO EM RESINA SINTÉTICA - BIDIRECIONAL - FORNECIMENTO E COLOCAÇÃO","UN",{"$f":"SUMIF(Orçamento!$F$9:$F$1730,F471,Orçamento!$H$9:$H$1730)","v":7},87.67,0.20796173004820551,105.90200487332618,741.31403411328324,1.5630030412230142E-5,{"$f":"SUM($M$9:M471)","v":0.99889077776058066},{"$f":"_xlfn.XLOOKUP($F471,F472:F$717,K472:$K$717,,0)=K471","v":{"$error":"#N/A"}}]
[null,464,"INSUMO ORSE",295,"ORSE","ABRAÇADEIRA TIPO U, D=26MM (3/4\") C/ FIXAÇÕES,  P/ TUBO GALVANIZADO","UN",{"$f":"SUMIF(Orçamento!$F$9:$F$1730,F472,Orçamento!$H$9:$H$1730)","v":1162},0.55000000000000004,0.14692012195121973,0.63080606707317088,732.99664993902456,1.5454664829479014E-5,{"$f":"SUM($M$9:M472)","v":0.9989062324254101},{"$f":"_xlfn.XLOOKUP($F472,F473:F$717,K473:$K$717,,0)=K472","v":{"$error":"#N/A"}}]
[null,465,"COMPOSIÇÃO ORSE",9318,"ORSE","TUBO GUIA 2\" (GALVANIZADO), L=2,50M E CORRENTE GALVANIZADA L=3,00M","UN",{"$f":"SUMIF(Orçamento!$F$9:$F$1730,F473,Orçamento!$H$9:$H$1730)","v":2},296.91000000000003,0.20796173004820551,358.65591726861271,717.31183453722542,1.5123962683749944E-5,{"$f":"SUM($M$9:M473)","v":0.99892135638809387},{"$f":"_xlfn.XLOOKUP($F473,F474:F$717,K474:$K$717,,0)=K473","v":{"$error":"#N/A"}}]
[null,466,"COMPOSIÇÃO ORSE",6314,"ORSE","BOMBEAMENTO COM BOMBA SUBMERSA","H",{"$f":"SUMIF(Orçamento!$F$9:$F$1730,F474,Orçamento!$H$9:$H$1730)","v":1},577.28,0.20796173004820551,697.33214752222807,697.33214752222807,1.4702706507148912E-5,{"$f":"SUM($M$9:M474)","v":0.99893605909460104},{"$f":"_xlfn.XLOOKUP($F474,F475:F$717,K475:$K$717,,0)=K474","v":{"$error":"#N/A"}}]
[null,467,"INSUMO SINAPI",9836,"SINAPI","TUBO PVC  SERIE NORMAL, DN 100 MM, PARA ESGOTO  PREDIAL (NBR 5688)","M",{"$f":"SUMIF(Orçamento!$F$9:$F$1730,F475,Orçamento!$H$9:$H$1730)","v":45.53},13.17,0.14692012195121973,15.104938006097564,687.72782741762205,1.4500206880248762E-5,{"$f":"SUM($M$9:M475)","v":0.99895055930148124},{"$f":"_xlfn.XLOOKUP($F475,F476:F$717,K476:$K$717,,0)=K475","v":{"$error":"#N/A"}}]
[null,468,"COMPOSIÇÃO SINAPI",95634,"SINAPI","KIT CAVALETE PARA MEDIÇÃO DE ÁGUA - ENTRADA PRINCIPAL, EM PVC SOLDÁVEL DN 20 (1/2\")   FORNECIMENTO E INSTALAÇÃO (EXCLUSIVE HIDRÔMETRO). AF_11/2016","UN",{"$f":"SUMIF(Orçamento!$F$9:$F$1730,F476,Orçamento!$H$9:$H$1730)","v":3},185.1,0.20796173004820551,223.59371623192283,670.78114869576848,1.4142899326877409E-5,{"$f":"SUM($M$9:M476)","v":0.99896470220080813},{"$f":"_xlfn.XLOOKUP($F476,F477:F$717,K477:$K$717,,0)=K476","v":{"$error":"#N/A"}}]
[null,469,"COMPOSIÇÃO SINAPI",89711,"SINAPI","TUBO PVC, SERIE NORMAL, ESGOTO PREDIAL, DN 40 MM, FORNECIDO E INSTALADO EM RAMAL DE DESCARGA OU RAMAL DE ESGOTO SANITÁRIO. AF_08/2022","M",{"$f":"SUMIF(Orçamento!$F$9:$F$1730,F477,Orçamento!$H$9:$H$1730)","v":29.5},18.8,0.20796173004820551,22.709680524906265,669.93557548473484,1.4125071072728638E-5,{"$f":"SUM($M$9:M477)","v":0.99897882727188081},{"$f":"_xlfn.XLOOKUP($F477,F478:F$717,K478:$K$717,,0)=K477","v":{"$error":"#N/A"}}]
[null,470,"INSUMO SINAPI",4723,"SINAPI","PEDRA BRITADA N. 4 (50 A 76 MM) POSTO PEDREIRA/FORNECEDOR, SEM FRETE","M3",{"$f":"SUMIF(Orçamento!$F$9:$F$1730,F478,Orçamento!$H$9:$H$1730)","v":2.23},260.83,0.14692012195121973,299.15117540853663,667.10712116103673,1.4065435311007378E-5,{"$f":"SUM($M$9:M478)","v":0.99899289270719183},{"$f":"_xlfn.XLOOKUP($F478,F479:F$717,K479:$K$717,,0)=K478","v":{"$error":"#N/A"}}]
[null,471,"INSUMO SINAPI",34602,"SINAPI","CABO FLEXIVEL PVC 750 V, 2 CONDUTORES DE 1,5 MM2","M",{"$f":"SUMIF(Orçamento!$F$9:$F$1730,F479,Orçamento!$H$9:$H$1730)","v":130},4.4400000000000004,0.14692012195121973,5.0923253414634164,662.00229439024417,1.3957804004968375E-5,{"$f":"SUM($M$9:M479)","v":0.99900685051119675},{"$f":"_xlfn.XLOOKUP($F479,F480:F$717,K480:$K$717,,0)=K479","v":{"$error":"#N/A"}}]
[null,472,"INSUMO SINAPI",4374,"SINAPI","BUCHA DE NYLON SEM ABA S10","UN",{"$f":"SUMIF(Orçamento!$F$9:$F$1730,F480,Orçamento!$H$9:$H$1730)","v":1129},0.51,0.14692012195121973,0.58492926219512209,660.38513701829288,1.3923707498303431E-5,{"$f":"SUM($M$9:M480)","v":0.99902077421869506},{"$f":"_xlfn.XLOOKUP($F480,F481:F$717,K481:$K$717,,0)=K480","v":{"$error":"#N/A"}}]
[null,473,"COMPOSIÇÃO ORSE",1487,"ORSE","VÁLVULA PÉ C/ CRIVO, D = 75 MM (3\")","UN",{"$f":"SUMIF(Orçamento!$F$9:$F$1730,F481,Orçamento!$H$9:$H$1730)","v":1},537.16,0.20796173004820551,648.86872291269401,648.86872291269401,1.368089285507918E-5,{"$f":"SUM($M$9:M481)","v":0.99903445511155009},{"$f":"_xlfn.XLOOKUP($F481,F482:F$717,K482:$K$717,,0)=K481","v":{"$error":"#N/A"}}]
[null,474,"INSUMO SINAPI",6299,"SINAPI","TE DE FERRO GALVANIZADO, DE 2 1/2\"","UN",{"$f":"SUMIF(Orçamento!$F$9:$F$1730,F482,Orçamento!$H$9:$H$1730)","v":4},140.62,0.14692012195121973,161.27990754878053,645.11963019512211,1.3601846148154211E-5,{"$f":"SUM($M$9:M482)","v":0.99904805695769827},{"$f":"_xlfn.XLOOKUP($F482,F483:F$717,K483:$K$717,,0)=K482","v":{"$error":"#N/A"}}]
[null,475,"COMPOSIÇÃO ORSE",11730,"ORSE","FORNECIMENTO DE CARTUCHO PARA SOLDA EXOTÉRMICA PARA CABO 70 MM²","UN",{"$f":"SUMIF(Orçamento!$F$9:$F$1730,F483,Orçamento!$H$9:$H$1730)","v":20},26.5,0.20796173004820551,32.010985846277443,640.21971692554882,1.349853528407172E-5,{"$f":"SUM($M$9:M483)","v":0.99906155549298237},{"$f":"_xlfn.XLOOKUP($F483,F484:F$717,K484:$K$717,,0)=K483","v":{"$error":"#N/A"}}]
[null,476,"COMPOSIÇÃO ORSE",453,"ORSE","DISJUNTOR TERMOMAGNETICO TRIPOLAR 100 A, PADRÃO DIN (EUROPEU - LINHA BRANCA), 65KA","UN",{"$f":"SUMIF(Orçamento!$F$9:$F$1730,F484,Orçamento!$H$9:$H$1730)","v":1},529.76,0.20796173004820551,639.92980611033738,639.92980611033738,1.3492422739792142E-5,{"$f":"SUM($M$9:M484)","v":0.99907504791572221},{"$f":"_xlfn.XLOOKUP($F484,F485:F$717,K485:$K$717,,0)=K484","v":{"$error":"#N/A"}}]
[null,477,"COMPOSIÇÃO SINAPI",96803,"SINAPI","KIT CHASSI PEX, PRÉ-FABRICADO, PARA COZINHA COM CUBA SIMPLES E CONEXÕES POR CRIMPAGEM - FORNECIMENTO E INSTALAÇÃO. AF_06/2015","UN",{"$f":"SUMIF(Orçamento!$F$9:$F$1730,F485,Orçamento!$H$9:$H$1730)","v":8},66.16,0.20796173004820551,79.918748059989269,639.34998447991416,1.3480197651232983E-5,{"$f":"SUM($M$9:M485)","v":0.99908852811337345},{"$f":"_xlfn.XLOOKUP($F485,F486:F$717,K486:$K$717,,0)=K485","v":{"$error":"#N/A"}}]
[null,478,"COMPOSIÇÃO ORSE",848,"ORSE","LUVA REDUÇÃO FERRO GALVANIZADO D = 88 MM (3\") X 33 MM (   1\" )","UN",{"$f":"SUMIF(Orçamento!$F$9:$F$1730,F486,Orçamento!$H$9:$H$1730)","v":4},130.72,0.20796173004820551,157.90475735190142,631.61902940760569,1.3317196470444192E-5,{"$f":"SUM($M$9:M486)","v":0.99910184530984392},{"$f":"_xlfn.XLOOKUP($F486,F487:F$717,K487:$K$717,,0)=K486","v":{"$error":"#N/A"}}]
[null,479,"COMPOSIÇÃO ORSE",7867,"ORSE","SWITCH 24 PORTAS 10/100 MBPS - FORNECIMENTO","UN",{"$f":"SUMIF(Orçamento!$F$9:$F$1730,F487,Orçamento!$H$9:$H$1730)","v":1},520,0.20796173004820551,628.14009962506691,628.14009962506691,1.3243845939089237E-5,{"$f":"SUM($M$9:M487)","v":0.99911508915578295},{"$f":"_xlfn.XLOOKUP($F487,F488:F$717,K488:$K$717,,0)=K487","v":{"$error":"#N/A"}}]
[null,480,"COMPOSIÇÃO SINAPI",97436,"SINAPI","CURVA 90 GRAUS, EM AÇO, CONEXÃO RANHURADA, DN 65 (2 1/2\"), INSTALADO EM PRUMADAS - FORNECIMENTO E INSTALAÇÃO. AF_10/2020","UN",{"$f":"SUMIF(Orçamento!$F$9:$F$1730,F488,Orçamento!$H$9:$H$1730)","v":5},103.24,0.20796173004820551,124.70996901017674,623.54984505088373,1.3147063987995893E-5,{"$f":"SUM($M$9:M488)","v":0.99912823621977098},{"$f":"_xlfn.XLOOKUP($F488,F489:F$717,K489:$K$717,,0)=K488","v":{"$error":"#N/A"}}]
[null,481,"COMPOSIÇÃO ORSE",9525,"ORSE","SUPORTE HORIZONTAL 300 X 100 MM PARA FIXAÇÃO DE ELETROCALHA METÁLICA (REF.: MOPA OU SIMILAR)","UN",{"$f":"SUMIF(Orçamento!$F$9:$F$1730,F489,Orçamento!$H$9:$H$1730)","v":35},14.66,0.20796173004820551,17.708718962506694,619.80516368773431,1.3068110291051322E-5,{"$f":"SUM($M$9:M489)","v":0.99914130433006199},{"$f":"_xlfn.XLOOKUP($F489,F490:F$717,K490:$K$717,,0)=K489","v":{"$error":"#N/A"}}]
[null,482,"INSUMO SINAPI",10510,"SINAPI","CRUZETA DE MADEIRA TRATADA, *90 X 115 X 2400* MM, EM EUCALIPTO OU EQUIVALENTE DA REGIAO","UN",{"$f":"SUMIF(Orçamento!$F$9:$F$1730,F490,Orçamento!$H$9:$H$1730)","v":4},133.87,0.14692012195121973,153.53819672560979,614.15278690243917,1.2948934318399973E-5,{"$f":"SUM($M$9:M490)","v":0.99915425326438034},{"$f":"_xlfn.XLOOKUP($F490,F491:F$717,K491:$K$717,,0)=K490","v":{"$error":"#N/A"}}]
[null,483,"INSUMO ORSE",5466,"ORSE","FLANGE CEGO, EM FOFO, PN 10 / 16 / 25, D=   80MM","UN",{"$f":"SUMIF(Orçamento!$F$9:$F$1730,F491,Orçamento!$H$9:$H$1730)","v":3},173.37,0.14692012195121973,198.84154154268296,596.52462462804885,1.2577258213832467E-5,{"$f":"SUM($M$9:M491)","v":0.99916683052259414},{"$f":"_xlfn.XLOOKUP($F491,F492:F$717,K492:$K$717,,0)=K491","v":{"$error":"#N/A"}}]
[null,484,"COMPOSIÇÃO SINAPI",89545,"SINAPI","LUVA SIMPLES, PVC, SERIE R, ÁGUA PLUVIAL, DN 50 MM, JUNTA ELÁSTICA, FORNECIDO E INSTALADO EM RAMAL DE ENCAMINHAMENTO. AF_06/2022","UN",{"$f":"SUMIF(Orçamento!$F$9:$F$1730,F492,Orçamento!$H$9:$H$1730)","v":32},15.18,0.20796173004820551,18.336859062131758,586.77948998821626,1.2371789621869205E-5,{"$f":"SUM($M$9:M492)","v":0.99917920231221602},{"$f":"_xlfn.XLOOKUP($F492,F493:F$717,K493:$K$717,,0)=K492","v":{"$error":"#N/A"}}]
[null,485,"COMPOSIÇÃO ORSE",1695,"ORSE","CAIXA SIFONADA QUADRADA, COM SETE ENTRADAS E UMA SAÍDA, D = 150 X 150 X 50MM, REF. Nº25, ACABAMENTO BRANCO, MARCA AKROS OU SIMILAR","UN",{"$f":"SUMIF(Orçamento!$F$9:$F$1730,F493,Orçamento!$H$9:$H$1730)","v":9},53.69,0.20796173004820551,64.855465286288151,583.69918757659332,1.2306843838898671E-5,{"$f":"SUM($M$9:M493)","v":0.99919150915605492},{"$f":"_xlfn.XLOOKUP($F493,F494:F$717,K494:$K$717,,0)=K493","v":{"$error":"#N/A"}}]
[null,486,"COMPOSIÇÃO SINAPI",102205,"SINAPI","PINTURA VERNIZ (INCOLOR) POLIURETÂNICO (RESINA ALQUÍDICA MODIFICADA) EM MADEIRA, 1 DEMÃO. AF_01/2021","M2",{"$f":"SUMIF(Orçamento!$F$9:$F$1730,F494,Orçamento!$H$9:$H$1730)","v":56.1},8.58,0.20796173004820551,10.364311643813604,581.43788321794318,1.2259165993517953E-5,{"$f":"SUM($M$9:M494)","v":0.99920376832204849},{"$f":"_xlfn.XLOOKUP($F494,F495:F$717,K495:$K$717,,0)=K494","v":{"$error":"#N/A"}}]
[null,487,"COMPOSIÇÃO ORSE",9953,"ORSE","FORNECIMENTO DE CARTUCHO PARA SOLDA EXOTÉRMICA","UN",{"$f":"SUMIF(Orçamento!$F$9:$F$1730,F495,Orçamento!$H$9:$H$1730)","v":24},20,0.20796173004820551,24.159234600964112,579.82163042313869,1.2225088559159296E-5,{"$f":"SUM($M$9:M495)","v":0.99921599341060763},{"$f":"_xlfn.XLOOKUP($F495,F496:F$717,K496:$K$717,,0)=K495","v":{"$error":"#N/A"}}]
[null,488,"COMPOSIÇÃO SINAPI",97599,"SINAPI","LUMINÁRIA DE EMERGÊNCIA, COM 30 LÂMPADAS LED DE 2 W, SEM REATOR - FORNECIMENTO E INSTALAÇÃO. AF_02/2020","UN",{"$f":"SUMIF(Orçamento!$F$9:$F$1730,F496,Orçamento!$H$9:$H$1730)","v":20},23.9,0.20796173004820551,28.870285348152109,577.40570696304212,1.2174150690162795E-5,{"$f":"SUM($M$9:M496)","v":0.99922816756129784},{"$f":"_xlfn.XLOOKUP($F496,F497:F$717,K497:$K$717,,0)=K496","v":{"$error":"#N/A"}}]
[null,489,"COMPOSIÇÃO SINAPI",89731,"SINAPI","JOELHO 90 GRAUS, PVC, SERIE NORMAL, ESGOTO PREDIAL, DN 50 MM, JUNTA ELÁSTICA, FORNECIDO E INSTALADO EM RAMAL DE DESCARGA OU RAMAL DE ESGOTO SANITÁRIO. AF_08/2022","UN",{"$f":"SUMIF(Orçamento!$F$9:$F$1730,F497,Orçamento!$H$9:$H$1730)","v":34},13.97,0.20796173004820551,16.875225368773432,573.7576625382967,1.2097234507978089E-5,{"$f":"SUM($M$9:M497)","v":0.99924026479580585},{"$f":"_xlfn.XLOOKUP($F497,F498:F$717,K498:$K$717,,0)=K497","v":{"$error":"#N/A"}}]
[null,490,"COMPOSIÇÃO SINAPI",91867,"SINAPI","ELETRODUTO RÍGIDO ROSCÁVEL, PVC, DN 25 MM (3/4\"), PARA CIRCUITOS TERMINAIS, INSTALADO EM LAJE - FORNECIMENTO E INSTALAÇÃO. AF_03/2023","M",{"$f":"SUMIF(Orçamento!$F$9:$F$1730,F498,Orçamento!$H$9:$H$1730)","v":45},10.38,0.20796173004820551,12.538642757900375,564.23892410551684,1.189653930413189E-5,{"$f":"SUM($M$9:M498)","v":0.99925216133510997},{"$f":"_xlfn.XLOOKUP($F498,F499:F$717,K499:$K$717,,0)=K498","v":{"$error":"#N/A"}}]
[null,491,"COMPOSIÇÃO ORSE",8441,"ORSE","ABRAÇADEIRA METÁLICA TIPO \"D\" DE 3/4\"","UN",{"$f":"SUMIF(Orçamento!$F$9:$F$1730,F499,Orçamento!$H$9:$H$1730)","v":86},5.43,0.20796173004820551,6.5592321941617557,564.09396869791101,1.18934830319921E-5,{"$f":"SUM($M$9:M499)","v":0.99926405481814196},{"$f":"_xlfn.XLOOKUP($F499,F500:F$717,K500:$K$717,,0)=K499","v":{"$error":"#N/A"}}]
[null,492,"COMPOSIÇÃO SINAPI",89353,"SINAPI","REGISTRO DE GAVETA BRUTO, LATÃO, ROSCÁVEL, 3/4\" - FORNECIMENTO E INSTALAÇÃO. AF_08/2021","UN",{"$f":"SUMIF(Orçamento!$F$9:$F$1730,F500,Orçamento!$H$9:$H$1730)","v":11},41.4,0.20796173004820551,50.009615623995707,550.10577186395278,1.1598552770502382E-5,{"$f":"SUM($M$9:M500)","v":0.99927565337091251},{"$f":"_xlfn.XLOOKUP($F500,F501:F$717,K501:$K$717,,0)=K500","v":{"$error":"#N/A"}}]
[null,493,"COMPOSIÇÃO SINAPI",89440,"SINAPI","TE, PVC, SOLDÁVEL, DN 25MM, INSTALADO EM RAMAL DE DISTRIBUIÇÃO DE ÁGUA - FORNECIMENTO E INSTALAÇÃO. AF_06/2022","UN",{"$f":"SUMIF(Orçamento!$F$9:$F$1730,F501,Orçamento!$H$9:$H$1730)","v":42},10.45,0.20796173004820551,12.623200079003746,530.17440331815737,1.1178315351281281E-5,{"$f":"SUM($M$9:M501)","v":0.99928683168626375},{"$f":"_xlfn.XLOOKUP($F501,F502:F$717,K502:$K$717,,0)=K501","v":{"$error":"#N/A"}}]
[null,494,"COMPOSIÇÃO SINAPI",100982,"SINAPI","CARGA, MANOBRA E DESCARGA DE ENTULHO EM CAMINHÃO BASCULANTE 10 M³ - CARGA COM ESCAVADEIRA HIDRÁULICA  (CAÇAMBA DE 0,80 M³ / 111 HP) E DESCARGA LIVRE (UNIDADE: M3). AF_07/2020","M3",{"$f":"SUMIF(Orçamento!$F$9:$F$1730,F502,Orçamento!$H$9:$H$1730)","v":49},8.94,0.20796173004820551,10.799177866630957,529.15971546491687,1.1156921446302752E-5,{"$f":"SUM($M$9:M502)","v":0.99929798860771002},{"$f":"_xlfn.XLOOKUP($F502,F503:F$717,K503:$K$717,,0)=K502","v":{"$error":"#N/A"}}]
[null,495,"COMPOSIÇÃO ORSE",8699,"ORSE","CAIXA DE PASSAGEM EM PVC TIPO AQUATIC, 100X100X50MM","UN",{"$f":"SUMIF(Orçamento!$F$9:$F$1730,F503,Orçamento!$H$9:$H$1730)","v":10},42.53,0.20796173004820551,51.374612378950182,513.74612378950178,1.0831937842105099E-5,{"$f":"SUM($M$9:M503)","v":0.99930882054555215},{"$f":"_xlfn.XLOOKUP($F503,F504:F$717,K504:$K$717,,0)=K503","v":{"$error":"#N/A"}}]
[null,496,"INSUMO SINAPI",3271,"SINAPI","FLANGE SEXTAVADO DE FERRO GALVANIZADO, COM ROSCA BSP, DE 4\"","UN",{"$f":"SUMIF(Orçamento!$F$9:$F$1730,F504,Orçamento!$H$9:$H$1730)","v":2},220.14,0.14692012195121973,252.48299564634149,504.96599129268299,1.0646815570525771E-5,{"$f":"SUM($M$9:M504)","v":0.99931946736112265},{"$f":"_xlfn.XLOOKUP($F504,F505:F$717,K505:$K$717,,0)=K504","v":{"$error":"#N/A"}}]
[null,497,"INSUMO SINAPI",6016,"SINAPI","REGISTRO GAVETA BRUTO EM LATAO FORJADO, BITOLA 3/4 \" (REF 1509)","UN",{"$f":"SUMIF(Orçamento!$F$9:$F$1730,F505,Orçamento!$H$9:$H$1730)","v":12},36.479999999999997,0.14692012195121973,41.839646048780494,502.07575258536593,1.0585877133082042E-5,{"$f":"SUM($M$9:M505)","v":0.99933005323825574},{"$f":"_xlfn.XLOOKUP($F505,F506:F$717,K506:$K$717,,0)=K505","v":{"$error":"#N/A"}}]
[null,498,"COMPOSIÇÃO SINAPI",96547,"SINAPI","ARMAÇÃO DE BLOCO, VIGA BALDRAME OU SAPATA UTILIZANDO AÇO CA-50 DE 12,5 MM - MONTAGEM. AF_06/2017","KG",{"$f":"SUMIF(Orçamento!$F$9:$F$1730,F506,Orçamento!$H$9:$H$1730)","v":32.85},12.65,0.20796173004820551,15.2807158851098,501.97151682585695,1.0583679403083424E-5,{"$f":"SUM($M$9:M506)","v":0.99934063691765884},{"$f":"_xlfn.XLOOKUP($F506,F507:F$717,K507:$K$717,,0)=K506","v":{"$error":"#N/A"}}]
[null,499,"INSUMO SINAPI",38889,"SINAPI","LUMINÁRIA SOQUETE BASE E 27","UN",{"$f":"SUMIF(Orçamento!$F$9:$F$1730,F507,Orçamento!$H$9:$H$1730)","v":8},52.05,0.14692012195121973,59.697192347560986,477.57753878048788,1.0069351329987578E-5,{"$f":"SUM($M$9:M507)","v":0.99935070626898881},{"$f":"_xlfn.XLOOKUP($F507,F508:F$717,K508:$K$717,,0)=K507","v":{"$error":"#N/A"}}]
[null,500,"INSUMO SINAPI",1970,"SINAPI","CURVA PVC LONGA 90 GRAUS, DN 100 MM, PARA ESGOTO PREDIAL","UN",{"$f":"SUMIF(Orçamento!$F$9:$F$1730,F508,Orçamento!$H$9:$H$1730)","v":8},51.51,0.14692012195121973,59.077855481707324,472.62284385365859,9.9648854372269003E-6,{"$f":"SUM($M$9:M508)","v":0.99936067115442606},{"$f":"_xlfn.XLOOKUP($F508,F509:F$717,K509:$K$717,,0)=K508","v":{"$error":"#N/A"}}]
[null,501,"COMPOSIÇÃO ORSE",3836,"ORSE","CAIXA EM CHAPA METÁLICA GALVANIZADA 60 X 50 X 20CM, PARA QUADRO DE COMANDO","UN",{"$f":"SUMIF(Orçamento!$F$9:$F$1730,F509,Orçamento!$H$9:$H$1730)","v":1},381.8,0.20796173004820551,461.19978853240485,461.19978853240485,9.7240391914312897E-6,{"$f":"SUM($M$9:M509)","v":0.99937039519361748},{"$f":"_xlfn.XLOOKUP($F509,F510:F$717,K510:$K$717,,0)=K509","v":{"$error":"#N/A"}}]
[null,502,"INSUMO SINAPI",34688,"SINAPI","DISJUNTOR TIPO DIN/IEC, MONOPOLAR DE 63 A","UN",{"$f":"SUMIF(Orçamento!$F$9:$F$1730,F510,Orçamento!$H$9:$H$1730)","v":22},18.190000000000001,0.14692012195121973,20.862477018292687,458.97449440243912,9.6771205937426257E-6,{"$f":"SUM($M$9:M510)","v":0.99938007231421122},{"$f":"_xlfn.XLOOKUP($F510,F511:F$717,K511:$K$717,,0)=K510","v":{"$error":"#N/A"}}]
[null,503,"INSUMO ORSE",5666,"ORSE","TÊ 90º PVC, JE, BBB, PBA, D=   75MM","UN",{"$f":"SUMIF(Orçamento!$F$9:$F$1730,F511,Orçamento!$H$9:$H$1730)","v":8},49.43,0.14692012195121973,56.69226162804879,453.53809302439032,9.5624982947413261E-6,{"$f":"SUM($M$9:M511)","v":0.99938963481250598},{"$f":"_xlfn.XLOOKUP($F511,F512:F$717,K512:$K$717,,0)=K511","v":{"$error":"#N/A"}}]
[null,504,"INSUMO ORSE",6462,"ORSE","TÊ 90º VINILFORT PARA COLETOR ESGOTOS, JUNTA ELÁSTICA INTEGRADA, DN 150 X 150MM","UN",{"$f":"SUMIF(Orçamento!$F$9:$F$1730,F512,Orçamento!$H$9:$H$1730)","v":1},391.97,0.14692012195121973,449.55828020121965,449.55828020121965,9.4785870336580964E-6,{"$f":"SUM($M$9:M512)","v":0.99939911339953968},{"$f":"_xlfn.XLOOKUP($F512,F513:F$717,K513:$K$717,,0)=K512","v":{"$error":"#N/A"}}]
[null,505,"INSUMO SINAPI",3876,"SINAPI","LUVA PVC, ROSCAVEL, 1\", AGUA FRIA PREDIAL","UN",{"$f":"SUMIF(Orçamento!$F$9:$F$1730,F513,Orçamento!$H$9:$H$1730)","v":89},4.3899999999999997,0.14692012195121973,5.0349793353658541,448.11316084756101,9.4481178149362296E-6,{"$f":"SUM($M$9:M513)","v":0.99940856151735458},{"$f":"_xlfn.XLOOKUP($F513,F514:F$717,K514:$K$717,,0)=K513","v":{"$error":"#N/A"}}]
[null,506,"COMPOSIÇÃO SINAPI",91847,"SINAPI","ELETRODUTO FLEXÍVEL CORRUGADO REFORÇADO, PVC, DN 32 MM (1\"), PARA CIRCUITOS TERMINAIS, INSTALADO EM LAJE - FORNECIMENTO E INSTALAÇÃO. AF_12/2015","M",{"$f":"SUMIF(Orçamento!$F$9:$F$1730,F514,Orçamento!$H$9:$H$1730)","v":26.3},13.96,0.20796173004820551,16.863145751472949,443.5007332637386,9.3508683631629533E-6,{"$f":"SUM($M$9:M514)","v":0.99941791238571775},{"$f":"_xlfn.XLOOKUP($F514,F515:F$717,K515:$K$717,,0)=K514","v":{"$error":"#N/A"}}]
[null,507,"INSUMO SINAPI",11962,"SINAPI","PARAFUSO ZINCADO, SEXTAVADO, COM ROSCA INTEIRA, DIAMETRO 1/4\", COMPRIMENTO 1/2\"","UN",{"$f":"SUMIF(Orçamento!$F$9:$F$1730,F515,Orçamento!$H$9:$H$1730)","v":1825},0.21,0.14692012195121973,0.24085322560975614,439.55713673780497,9.2677206945670971E-6,{"$f":"SUM($M$9:M515)","v":0.99942718010641229},{"$f":"_xlfn.XLOOKUP($F515,F516:F$717,K516:$K$717,,0)=K515","v":{"$error":"#N/A"}}]
[null,508,"COMPOSIÇÃO SINAPI",91854,"SINAPI","ELETRODUTO FLEXÍVEL CORRUGADO, PVC, DN 25 MM (3/4\"), PARA CIRCUITOS TERMINAIS, INSTALADO EM PAREDE - FORNECIMENTO E INSTALAÇÃO. AF_12/2015","M",{"$f":"SUMIF(Orçamento!$F$9:$F$1730,F516,Orçamento!$H$9:$H$1730)","v":36.5},9.44,0.20796173004820551,11.40315873165506,416.21529370540969,8.7755760707165146E-6,{"$f":"SUM($M$9:M516)","v":0.999435955682483},{"$f":"_xlfn.XLOOKUP($F516,F517:F$717,K517:$K$717,,0)=K516","v":{"$error":"#N/A"}}]
[null,509,"COMPOSIÇÃO ORSE",11417,"ORSE","BANDEJA PARA RACK 19\", DESLIZANTE, PERFURADA, 400MM DE PROFUNDIDADE","UN",{"$f":"SUMIF(Orçamento!$F$9:$F$1730,F517,Orçamento!$H$9:$H$1730)","v":1},344,0.20796173004820551,415.53883513658269,415.53883513658269,8.7613134673974941E-6,{"$f":"SUM($M$9:M517)","v":0.99944471699595039},{"$f":"_xlfn.XLOOKUP($F517,F518:F$717,K518:$K$717,,0)=K517","v":{"$error":"#N/A"}}]
[null,510,"INSUMO SINAPI",39442,"SINAPI","PARAFUSO DRY WALL, EM ACO ZINCADO, CABECA LENTILHA E PONTA AGULHA (LA), LARGURA 4,2 MM, COMPRIMENTO 13 MM","UN",{"$f":"SUMIF(Orçamento!$F$9:$F$1730,F518,Orçamento!$H$9:$H$1730)","v":2056},0.17,0.14692012195121973,0.19497642073170737,400.87152102439035,8.4520645457667109E-6,{"$f":"SUM($M$9:M518)","v":0.99945316906049619},{"$f":"_xlfn.XLOOKUP($F518,F519:F$717,K519:$K$717,,0)=K518","v":{"$error":"#N/A"}}]
[null,511,"COMPOSIÇÃO SINAPI",89401,"SINAPI","TUBO, PVC, SOLDÁVEL, DN 20MM, INSTALADO EM RAMAL DE DISTRIBUIÇÃO DE ÁGUA - FORNECIMENTO E INSTALAÇÃO. AF_06/2022","M",{"$f":"SUMIF(Orçamento!$F$9:$F$1730,F519,Orçamento!$H$9:$H$1730)","v":34.69},9.5299999999999994,0.20796173004820551,11.511875287359398,399.3469537184975,8.4199202287026212E-6,{"$f":"SUM($M$9:M519)","v":0.9994615889807249},{"$f":"_xlfn.XLOOKUP($F519,F520:F$717,K520:$K$717,,0)=K519","v":{"$error":"#N/A"}}]
[null,512,"INSUMO SINAPI",6300,"SINAPI","TE DE FERRO GALVANIZADO, DE 4\"","UN",{"$f":"SUMIF(Orçamento!$F$9:$F$1730,F520,Orçamento!$H$9:$H$1730)","v":1},347.23,0.14692012195121973,398.24507394512204,398.24507394512204,8.3966879498357028E-6,{"$f":"SUM($M$9:M520)","v":0.99946998566867473},{"$f":"_xlfn.XLOOKUP($F520,F521:F$717,K521:$K$717,,0)=K520","v":{"$error":"#N/A"}}]
[null,513,"COMPOSIÇÃO SINAPI",100560,"SINAPI","QUADRO DE DISTRIBUIÇÃO PARA TELEFONE N.2, 20X20X12CM EM CHAPA METALICA, DE EMBUTIR, SEM ACESSORIOS, PADRÃO TELEBRAS, FORNECIMENTO E INSTALAÇÃO. AF_11/2019","UN",{"$f":"SUMIF(Orçamento!$F$9:$F$1730,F521,Orçamento!$H$9:$H$1730)","v":3},109.8,0.20796173004820551,{"$f":"I521*(1+J521)","v":132.63419795929295},{"$f":"K521*H521","v":397.90259387787887},{"$f":"L521/$L$717","v":8.3894670237230665E-6},{"$f":"SUM($M$9:M521)","v":0.99947837513569848},{"$f":"_xlfn.XLOOKUP($F521,F522:F$717,K522:$K$717,,0)=K521","v":{"$error":"#N/A"}}]
[null,514,"COMPOSIÇÃO SINAPI",93008,"SINAPI","ELETRODUTO RÍGIDO ROSCÁVEL, PVC, DN 50 MM (1 1/2\"), PARA REDE ENTERRADA DE DISTRIBUIÇÃO DE ENERGIA ELÉTRICA - FORNECIMENTO E INSTALAÇÃO. AF_12/2021","M",{"$f":"SUMIF(Orçamento!$F$9:$F$1730,F522,Orçamento!$H$9:$H$1730)","v":16.399999999999999},19.899999999999999,0.20796173004820551,24.038438427959289,394.23039021853231,8.3120414628483891E-6,{"$f":"SUM($M$9:M522)","v":0.99948668717716138},{"$f":"_xlfn.XLOOKUP($F522,F523:F$717,K523:$K$717,,0)=K522","v":{"$error":"#N/A"}}]
[null,515,"INSUMO SINAPI",4346,"SINAPI","PARAFUSO DE FERRO POLIDO, SEXTAVADO, COM ROSCA PARCIAL, DIAMETRO 5/8\", COMPRIMENTO 6\", COM PORCA E ARRUELA DE PRESSAO MEDIA","UN",{"$f":"SUMIF(Orçamento!$F$9:$F$1730,F523,Orçamento!$H$9:$H$1730)","v":35},9.7899999999999991,0.14692012195121973,11.228347993902441,392.99217978658544,8.2859347579736884E-6,{"$f":"SUM($M$9:M523)","v":0.99949497311191937},{"$f":"_xlfn.XLOOKUP($F523,F524:F$717,K524:$K$717,,0)=K523","v":{"$error":"#N/A"}}]
[null,516,"COMPOSIÇÃO SINAPI",91991,"SINAPI","TOMADA ALTA DE EMBUTIR (1 MÓDULO), 2P+T 20 A, SEM SUPORTE E SEM PLACA - FORNECIMENTO E INSTALAÇÃO. AF_12/2015","UN",{"$f":"SUMIF(Orçamento!$F$9:$F$1730,F524,Orçamento!$H$9:$H$1730)","v":9},35.32,0.20796173004820551,42.66520830530262,383.98687474772356,8.0960648983032435E-6,{"$f":"SUM($M$9:M524)","v":0.99950306917681764},{"$f":"_xlfn.XLOOKUP($F524,F525:F$717,K525:$K$717,,0)=K524","v":{"$error":"#N/A"}}]
[null,517,"COMPOSIÇÃO ORSE",11414,"ORSE","PARAFUSO FENDA EM AÇO INOX 1/4\" X 3/4\" - FORNECIMENTO E COLOCAÇÃO","UN",{"$f":"SUMIF(Orçamento!$F$9:$F$1730,F525,Orçamento!$H$9:$H$1730)","v":250},1.27,0.20796173004820551,1.534111397161221,383.52784929030526,8.0863867031939095E-6,{"$f":"SUM($M$9:M525)","v":0.99951115556352088},{"$f":"_xlfn.XLOOKUP($F525,F526:F$717,K526:$K$717,,0)=K525","v":{"$error":"#N/A"}}]
[null,518,"INSUMO ORSE",8347,"ORSE","ARRUELA LISA ZINCADA Ø 1/4\"","UN",{"$f":"SUMIF(Orçamento!$F$9:$F$1730,F526,Orçamento!$H$9:$H$1730)","v":6647},0.05,0.14692012195121973,5.7346006097560992E-2,381.1789025304879,8.0368609858822571E-6,{"$f":"SUM($M$9:M526)","v":0.99951919242450671},{"$f":"_xlfn.XLOOKUP($F526,F527:F$717,K527:$K$717,,0)=K526","v":{"$error":"#N/A"}}]
[null,519,"COMPOSIÇÃO ORSE",9519,"ORSE","TALA PLANA PERFURADA 100MM PARA ELETROCALHA METÁLICA (REF.: MOPA OU SIMILAR) - REV 01","UN",{"$f":"SUMIF(Orçamento!$F$9:$F$1730,F527,Orçamento!$H$9:$H$1730)","v":36},8.74,0.20796173004820551,10.557585520621316,380.07307874236739,8.0135455505289186E-6,{"$f":"SUM($M$9:M527)","v":0.99952720597005729},{"$f":"_xlfn.XLOOKUP($F527,F528:F$717,K528:$K$717,,0)=K527","v":{"$error":"#N/A"}}]
[null,520,"COMPOSIÇÃO SINAPI",89778,"SINAPI","LUVA SIMPLES, PVC, SERIE NORMAL, ESGOTO PREDIAL, DN 100 MM, JUNTA ELÁSTICA, FORNECIDO E INSTALADO EM RAMAL DE DESCARGA OU RAMAL DE ESGOTO SANITÁRIO. AF_08/2022","UN",{"$f":"SUMIF(Orçamento!$F$9:$F$1730,F528,Orçamento!$H$9:$H$1730)","v":20},15.44,0.20796173004820551,18.650929111944293,373.01858223888587,7.8648069730591469E-6,{"$f":"SUM($M$9:M528)","v":0.9995350707770303},{"$f":"_xlfn.XLOOKUP($F528,F529:F$717,K529:$K$717,,0)=K528","v":{"$error":"#N/A"}}]
[null,521,"INSUMO SINAPI",1648,"SINAPI","CRUZETA DE FERRO GALVANIZADO, COM ROSCA BSP, DE 1\"","UN",{"$f":"SUMIF(Orçamento!$F$9:$F$1730,F529,Orçamento!$H$9:$H$1730)","v":7},46.11,0.14692012195121973,52.884486823170739,370.19140776219518,7.8051981959176049E-6,{"$f":"SUM($M$9:M529)","v":0.99954287597522617},{"$f":"_xlfn.XLOOKUP($F529,F530:F$717,K530:$K$717,,0)=K529","v":{"$error":"#N/A"}}]
[null,522,"COMPOSIÇÃO SINAPI",91981,"SINAPI","INTERRUPTOR BIPOLAR (1 MÓDULO), 10A/250V, INCLUINDO SUPORTE E PLACA - FORNECIMENTO E INSTALAÇÃO. AF_09/2017","UN",{"$f":"SUMIF(Orçamento!$F$9:$F$1730,F530,Orçamento!$H$9:$H$1730)","v":6},49.78,0.20796173004820551,60.132334921799675,360.79400953079806,7.6070613559368727E-6,{"$f":"SUM($M$9:M530)","v":0.99955048303658212},{"$f":"_xlfn.XLOOKUP($F530,F531:F$717,K531:$K$717,,0)=K530","v":{"$error":"#N/A"}}]
[null,523,"COMPOSIÇÃO ORSE",13149,"ORSE","DISPOSITIVO DR TETRAPOLAR 100 A, TIPO AC, 30MA","UN",{"$f":"SUMIF(Orçamento!$F$9:$F$1730,F531,Orçamento!$H$9:$H$1730)","v":1},297.37,0.20796173004820551,359.21157966443485,359.21157966443485,7.5736970517441655E-6,{"$f":"SUM($M$9:M531)","v":0.99955805673363385},{"$f":"_xlfn.XLOOKUP($F531,F532:F$717,K532:$K$717,,0)=K531","v":{"$error":"#N/A"}}]
[null,524,"COMPOSIÇÃO SINAPI",86942,"SINAPI","LAVATÓRIO LOUÇA BRANCA SUSPENSO, 29,5 X 39CM OU EQUIVALENTE, PADRÃO POPULAR, INCLUSO SIFÃO TIPO GARRAFA EM PVC, VÁLVULA E ENGATE FLEXÍVEL 30CM EM PLÁSTICO E TORNEIRA CROMADA DE MESA, PADRÃO POPULAR - FORNECIMENTO E INSTALAÇÃO. AF_01/2020","UN",{"$f":"SUMIF(Orçamento!$F$9:$F$1730,F532,Orçamento!$H$9:$H$1730)","v":1},297.08,0.20796173004820551,358.86127076272089,358.86127076272089,7.5663110607396738E-6,{"$f":"SUM($M$9:M532)","v":0.99956562304469454},{"$f":"_xlfn.XLOOKUP($F532,F533:F$717,K533:$K$717,,0)=K532","v":{"$error":"#N/A"}}]
[null,525,"COMPOSIÇÃO ORSE",766,"ORSE","PONTO DE DADO E VOZ, INCLUSIVE CAIXA 3\" X 3\" SISTEMA \"X\"","UN",{"$f":"SUMIF(Orçamento!$F$9:$F$1730,F533,Orçamento!$H$9:$H$1730)","v":6},49.1,0.20796173004820551,59.310920945366895,355.86552567220139,7.5031481031840187E-6,{"$f":"SUM($M$9:M533)","v":0.9995731261927977},{"$f":"_xlfn.XLOOKUP($F533,F534:F$717,K534:$K$717,,0)=K533","v":{"$error":"#N/A"}}]
[null,526,"COMPOSIÇÃO SINAPI",91843,"SINAPI","ELETRODUTO FLEXÍVEL CORRUGADO REFORÇADO, PVC, DN 20 MM (1/2\"), PARA CIRCUITOS TERMINAIS, INSTALADO EM LAJE - FORNECIMENTO E INSTALAÇÃO. AF_12/2015","M",{"$f":"SUMIF(Orçamento!$F$9:$F$1730,F534,Orçamento!$H$9:$H$1730)","v":43.4},6.7,0.20796173004820551,8.0933435913229772,351.25111186341718,7.4058567734007079E-6,{"$f":"SUM($M$9:M534)","v":0.99958053204957109},{"$f":"_xlfn.XLOOKUP($F534,F535:F$717,K535:$K$717,,0)=K534","v":{"$error":"#N/A"}}]
[null,527,"INSUMO SINAPI",39350,"SINAPI","TAMPA PARA CONDULETE, EM PVC, PARA 1 MODULO RJ","UN",{"$f":"SUMIF(Orçamento!$F$9:$F$1730,F535,Orçamento!$H$9:$H$1730)","v":70},4.25,0.14692012195121973,4.8744105182926836,341.20873628048787,7.1941210871068797E-6,{"$f":"SUM($M$9:M535)","v":0.99958772617065816},{"$f":"_xlfn.XLOOKUP($F535,F536:F$717,K536:$K$717,,0)=K535","v":{"$error":"#N/A"}}]
[null,528,"COMPOSIÇÃO SINAPI",91952,"SINAPI","INTERRUPTOR SIMPLES (1 MÓDULO), 10A/250V, SEM SUPORTE E SEM PLACA - FORNECIMENTO E INSTALAÇÃO. AF_12/2015","UN",{"$f":"SUMIF(Orçamento!$F$9:$F$1730,F536,Orçamento!$H$9:$H$1730)","v":15},18.62,0.20796173004820551,22.492247413497587,337.38371120246381,7.1134734053608154E-6,{"$f":"SUM($M$9:M536)","v":0.99959483964406348},{"$f":"_xlfn.XLOOKUP($F536,F537:F$717,K537:$K$717,,0)=K536","v":{"$error":"#N/A"}}]
[null,529,"COMPOSIÇÃO SINAPI",101885,"SINAPI","CABO DE COBRE ISOLADO, 10 MM², ANTI-CHAMA 0,6/1 KV, INSTALADO EM ELETROCALHA OU PERFILADO - FORNECIMENTO E INSTALAÇÃO. AF_10/2020","M",{"$f":"SUMIF(Orçamento!$F$9:$F$1730,F537,Orçamento!$H$9:$H$1730)","v":25},11.01,0.20796173004820551,13.299658647830743,332.49146619576857,7.010324220642908E-6,{"$f":"SUM($M$9:M537)","v":0.99960184996828416},{"$f":"_xlfn.XLOOKUP($F537,F538:F$717,K538:$K$717,,0)=K537","v":{"$error":"#N/A"}}]
[null,530,"COMPOSIÇÃO ORSE",1672,"ORSE","JOELHO DE 90°COM BOLSA PARA ANEL, EM PVC RÍGIDO C/ ANÉIS, PARA ESGOTO SECUNDÁRIO, DIÂM = 40MM","UN",{"$f":"SUMIF(Orçamento!$F$9:$F$1730,F538,Orçamento!$H$9:$H$1730)","v":18},15.1,0.20796173004820551,18.240222123727904,328.32399822710227,6.9224563966239507E-6,{"$f":"SUM($M$9:M538)","v":0.99960877242468082},{"$f":"_xlfn.XLOOKUP($F538,F539:F$717,K539:$K$717,,0)=K538","v":{"$error":"#N/A"}}]
[null,531,"INSUMO ORSE",11348,"ORSE","ABRAÇADEIRA TIPO U, D=1\",  P/ ELETRODUTOS","UN",{"$f":"SUMIF(Orçamento!$F$9:$F$1730,F539,Orçamento!$H$9:$H$1730)","v":436},0.65,0.14692012195121973,0.74549807926829281,325.03716256097567,6.8531560204574444E-6,{"$f":"SUM($M$9:M539)","v":0.99961562558070127},{"$f":"_xlfn.XLOOKUP($F539,F540:F$717,K540:$K$717,,0)=K539","v":{"$error":"#N/A"}}]
[null,532,"COMPOSIÇÃO SINAPI",93655,"SINAPI","DISJUNTOR MONOPOLAR TIPO DIN, CORRENTE NOMINAL DE 20A - FORNECIMENTO E INSTALAÇÃO. AF_10/2020","UN",{"$f":"SUMIF(Orçamento!$F$9:$F$1730,F540,Orçamento!$H$9:$H$1730)","v":18},14.68,0.20796173004820551,17.732878197107656,319.1918075479378,6.7299112518171911E-6,{"$f":"SUM($M$9:M540)","v":0.99962235549195311},{"$f":"_xlfn.XLOOKUP($F540,F541:F$717,K541:$K$717,,0)=K540","v":{"$error":"#N/A"}}]
[null,533,"COMPOSIÇÃO ORSE",12458,"ORSE","TERMINAL DE COMPRESSÃO 2 FUROS PARA CABO DE 50 MM2 - FORNECIMENTO E INSTALAÇÃO","UN",{"$f":"SUMIF(Orçamento!$F$9:$F$1730,F541,Orçamento!$H$9:$H$1730)","v":25},10.54,0.20796173004820551,12.731916634708085,318.29791586770216,6.7110642402884883E-6,{"$f":"SUM($M$9:M541)","v":0.99962906655619344},{"$f":"_xlfn.XLOOKUP($F541,F542:F$717,K542:$K$717,,0)=K541","v":{"$error":"#N/A"}}]
[null,534,"COMPOSIÇÃO SINAPI",91980,"SINAPI","INTERRUPTOR BIPOLAR DR (FASE/NEUTRO - IN 30MA) - DIN 63 A","UN",{"$f":"SUMIF(Orçamento!$F$9:$F$1730,F542,Orçamento!$H$9:$H$1730)","v":7},38.81,0.14692012195121973,44.511969932926839,311.58378953048788,6.5695021033086589E-6,{"$f":"SUM($M$9:M542)","v":0.99963563605829675},{"$f":"_xlfn.XLOOKUP($F542,F543:F$717,K543:$K$717,,0)=K542","v":{"$error":"#N/A"}}]
[null,535,"COMPOSIÇÃO SINAPI",93653,"SINAPI","DISJUNTOR MONOPOLAR TIPO DIN, CORRENTE NOMINAL DE 10A - FORNECIMENTO E INSTALAÇÃO. AF_10/2020","UN",{"$f":"SUMIF(Orçamento!$F$9:$F$1730,F543,Orçamento!$H$9:$H$1730)","v":20},12.85,0.20796173004820551,15.522308231119441,310.44616462238884,6.5455161660498731E-6,{"$f":"SUM($M$9:M543)","v":0.99964218157446283},{"$f":"_xlfn.XLOOKUP($F543,F544:F$717,K544:$K$717,,0)=K543","v":{"$error":"#N/A"}}]
[null,536,"COMPOSIÇÃO SINAPI",97663,"SINAPI","REMOÇÃO DE LOUÇAS, DE FORMA MANUAL, SEM REAPROVEITAMENTO. AF_12/2017","UN",{"$f":"SUMIF(Orçamento!$F$9:$F$1730,F544,Orçamento!$H$9:$H$1730)","v":23},10.98,0.20796173004820551,13.263419795929297,305.05865530637379,6.4319247181876833E-6,{"$f":"SUM($M$9:M544)","v":0.99964861349918099},{"$f":"_xlfn.XLOOKUP($F544,F545:F$717,K545:$K$717,,0)=K544","v":{"$error":"#N/A"}}]
[null,537,"INSUMO SINAPI",20111,"SINAPI","FITA ISOLANTE ADESIVA ANTICHAMA, USO ATE 750 V, EM ROLO DE 19 MM X 20 M","UN",{"$f":"SUMIF(Orçamento!$F$9:$F$1730,F545,Orçamento!$H$9:$H$1730)","v":9},29.5,0.14692012195121973,33.834143597560981,304.50729237804882,6.4202996592500042E-6,{"$f":"SUM($M$9:M545)","v":0.99965503379884024},{"$f":"_xlfn.XLOOKUP($F545,F546:F$717,K546:$K$717,,0)=K545","v":{"$error":"#N/A"}}]
[null,538,"COMPOSIÇÃO SINAPI",97536,"SINAPI","TUBO DE AÇO GALVANIZADO COM COSTURA, CLASSE MÉDIA, CONEXÃO ROSQUEADA, DN 25 (1\"), INSTALADO EM RAMAIS  E SUB-RAMAIS DE GÁS - FORNECIMENTO E INSTALAÇÃO. AF_10/2020","M",{"$f":"SUMIF(Orçamento!$F$9:$F$1730,F546,Orçamento!$H$9:$H$1730)","v":4.3499999999999996},57.93,0.20796173004820551,69.977223021692538,304.40092014436249,6.4180568833533864E-6,{"$f":"SUM($M$9:M546)","v":0.99966145185572364},{"$f":"_xlfn.XLOOKUP($F546,F547:F$717,K547:$K$717,,0)=K546","v":{"$error":"#N/A"}}]
[null,539,"COMPOSIÇÃO SINAPI",101538,"SINAPI","ARMAÇÃO SECUNDÁRIA, COM 1 ESTRIBO E 1 ISOLADOR - FORNECIMENTO E INSTALAÇÃO. AF_07/2020","UN",{"$f":"SUMIF(Orçamento!$F$9:$F$1730,F547,Orçamento!$H$9:$H$1730)","v":6},40.35,0.20796173004820551,48.741255807445093,292.44753484467054,6.1660290420259692E-6,{"$f":"SUM($M$9:M547)","v":0.99966761788476566},{"$f":"_xlfn.XLOOKUP($F547,F548:F$717,K548:$K$717,,0)=K547","v":{"$error":"#N/A"}}]
[null,540,"INSUMO SINAPI",11855,"SINAPI","CONECTOR METALICO TIPO PARAFUSO FENDIDO (SPLIT BOLT), PARA CABOS ATE 70 MM2","UN",{"$f":"SUMIF(Orçamento!$F$9:$F$1730,F548,Orçamento!$H$9:$H$1730)","v":10},24.75,0.14692012195121973,28.386273018292687,283.8627301829269,5.9850251060805135E-6,{"$f":"SUM($M$9:M548)","v":0.99967360290987173},{"$f":"_xlfn.XLOOKUP($F548,F549:F$717,K549:$K$717,,0)=K548","v":{"$error":"#N/A"}}]
[null,541,"INSUMO SINAPI",11683,"SINAPI","ENGATE / RABICHO FLEXIVEL INOX 1/2 \" X 30 CM","UN",{"$f":"SUMIF(Orçamento!$F$9:$F$1730,F549,Orçamento!$H$9:$H$1730)","v":5},49.3,0.14692012195121973,56.543162012195133,282.71581006097568,5.9608431864599858E-6,{"$f":"SUM($M$9:M549)","v":0.99967956375305822},{"$f":"_xlfn.XLOOKUP($F549,F550:F$717,K550:$K$717,,0)=K549","v":{"$error":"#N/A"}}]
[null,542,"COMPOSIÇÃO ORSE",6015,"ORSE","ASSENTAMENTO DE REGISTRO DE GAVETA EM FERRO FUNDIDO COM FLANGES, DIAM. =   50MM A 150MM","UN",{"$f":"SUMIF(Orçamento!$F$9:$F$1730,F550,Orçamento!$H$9:$H$1730)","v":17},13.72,0.20796173004820551,16.573234936261379,281.74499391644343,5.9403742823714871E-6,{"$f":"SUM($M$9:M550)","v":0.99968550412734059},{"$f":"_xlfn.XLOOKUP($F550,F551:F$717,K551:$K$717,,0)=K550","v":{"$error":"#N/A"}}]
[null,543,"INSUMO SINAPI",1858,"SINAPI","CURVA LONGA PVC, PB, JE, 45 GRAUS, DN 100 MM, PARA REDE COLETORA ESGOTO","UN",{"$f":"SUMIF(Orçamento!$F$9:$F$1730,F551,Orçamento!$H$9:$H$1730)","v":5},48.56,0.14692012195121973,55.694441121951236,278.4722056097562,5.8713700838640357E-6,{"$f":"SUM($M$9:M551)","v":0.99969137549742448},{"$f":"_xlfn.XLOOKUP($F551,F552:F$717,K552:$K$717,,0)=K551","v":{"$error":"#N/A"}}]
[null,544,"COMPOSIÇÃO ORSE",7866,"ORSE","SWITCH 16 PORTAS 10/100 MBPS - FORNECIMENTO","UN",{"$f":"SUMIF(Orçamento!$F$9:$F$1730,F552,Orçamento!$H$9:$H$1730)","v":1},230,0.20796173004820551,277.83119791108726,277.83119791108726,5.8578549345971621E-6,{"$f":"SUM($M$9:M552)","v":0.99969723335235905},{"$f":"_xlfn.XLOOKUP($F552,F553:F$717,K553:$K$717,,0)=K552","v":{"$error":"#N/A"}}]
[null,545,"COMPOSIÇÃO SINAPI",86885,"SINAPI","ENGATE FLEXÍVEL EM COBRE, 1/2\" X 30CM - FORNECIMENTO E INSTALAÇÃO. AF_01/2020","UN",{"$f":"SUMIF(Orçamento!$F$9:$F$1730,F553,Orçamento!$H$9:$H$1730)","v":19},12.1,0.20796173004820551,14.616336933583286,277.71040173808245,5.8553080411473375E-6,{"$f":"SUM($M$9:M553)","v":0.99970308866040025},{"$f":"_xlfn.XLOOKUP($F553,F554:F$717,K554:$K$717,,0)=K553","v":{"$error":"#N/A"}}]
[null,546,"INSUMO SINAPI",103,"SINAPI","ADAPTADOR PVC SOLDAVEL CURTO COM BOLSA E ROSCA, 110 MM X 4\", PARA AGUA FRIA","UN",{"$f":"SUMIF(Orçamento!$F$9:$F$1730,F554,Orçamento!$H$9:$H$1730)","v":6},39.89,0.14692012195121973,45.750643664634154,274.50386198780495,5.7877006419770108E-6,{"$f":"SUM($M$9:M554)","v":0.99970887636104222},{"$f":"_xlfn.XLOOKUP($F554,F555:F$717,K555:$K$717,,0)=K554","v":{"$error":"#N/A"}}]
[null,547,"INSUMO SINAPI",6149,"SINAPI","SIFAO PLASTICO TIPO COPO PARA PIA OU LAVATORIO, 1 X 1.1/2 \"","UN",{"$f":"SUMIF(Orçamento!$F$9:$F$1730,F555,Orçamento!$H$9:$H$1730)","v":18},13.24,0.14692012195121973,15.185222414634149,273.33400346341466,5.7630350839640717E-6,{"$f":"SUM($M$9:M555)","v":0.99971463939612615},{"$f":"_xlfn.XLOOKUP($F555,F556:F$717,K556:$K$717,,0)=K555","v":{"$error":"#N/A"}}]
[null,548,"COMPOSIÇÃO ORSE",11979,"ORSE","ACIONADOR MANUAL CONVENCIONAL - MODELO AM-2 DA VERIN OU SIMILAR, TIPO \"APERTE AQUI\"","UN",{"$f":"SUMIF(Orçamento!$F$9:$F$1730,F556,Orçamento!$H$9:$H$1730)","v":3},74.89,0.20796173004820551,90.464253963310114,271.39276188993034,5.7221055137214982E-6,{"$f":"SUM($M$9:M556)","v":0.9997203615016399},{"$f":"_xlfn.XLOOKUP($F556,F557:F$717,K557:$K$717,,0)=K556","v":{"$error":"#N/A"}}]
[null,549,"COMPOSIÇÃO ORSE",8795,"ORSE","TERMINAL AÉREO EM AÇO GALVANIZADO 3/8\" X 50CM, COM FIXAÇÃO HORIZONTAL","UN",{"$f":"SUMIF(Orçamento!$F$9:$F$1730,F557,Orçamento!$H$9:$H$1730)","v":8},27.71,0.20796173004820551,33.472619539635772,267.78095631708618,5.6459533995717344E-6,{"$f":"SUM($M$9:M557)","v":0.99972600745503948},{"$f":"_xlfn.XLOOKUP($F557,F558:F$717,K558:$K$717,,0)=K557","v":{"$error":"#N/A"}}]
[null,550,"INSUMO SINAPI",9868,"SINAPI","TUBO PVC, SOLDAVEL, DE 25 MM, AGUA FRIA (NBR-5648)","M",{"$f":"SUMIF(Orçamento!$F$9:$F$1730,F558,Orçamento!$H$9:$H$1730)","v":58.61},3.83,0.14692012195121973,4.3927040670731721,257.4563853711586,5.4282678433133782E-6,{"$f":"SUM($M$9:M558)","v":0.99973143572288281},{"$f":"_xlfn.XLOOKUP($F558,F559:F$717,K559:$K$717,,0)=K558","v":{"$error":"#N/A"}}]
[null,551,"COMPOSIÇÃO SICRO",4915768,"SICRO","CORTE E REMOÇÃO DE ÁRVORES","M3",{"$f":"SUMIF(Orçamento!$F$9:$F$1730,F559,Orçamento!$H$9:$H$1730)","v":14},14.98,0.20796173004820551,18.095266716122119,253.33373402570965,5.3413449429726816E-6,{"$f":"SUM($M$9:M559)","v":0.99973677706782582},{"$f":"_xlfn.XLOOKUP($F559,F560:F$717,K560:$K$717,,0)=K559","v":{"$error":"#N/A"}}]
[null,552,"INSUMO SINAPI",4376,"SINAPI","BUCHA DE NYLON SEM ABA S8","UN",{"$f":"SUMIF(Orçamento!$F$9:$F$1730,F560,Orçamento!$H$9:$H$1730)","v":793},0.27,0.14692012195121973,0.30966843292682933,245.56706731097566,5.1775908099511056E-6,{"$f":"SUM($M$9:M560)","v":0.9997419546586358},{"$f":"_xlfn.XLOOKUP($F560,F561:F$717,K561:$K$717,,0)=K560","v":{"$error":"#N/A"}}]
[null,553,"COMPOSIÇÃO ORSE",4278,"ORSE","ELETRODUTO FLEXÍVEL DE PVC (SANFONADO), DIÂM = 32MM (1\")","M",{"$f":"SUMIF(Orçamento!$F$9:$F$1730,F561,Orçamento!$H$9:$H$1730)","v":25},7.99,0.20796173004820551,9.6516142230851614,241.29035557712905,5.0874196660251439E-6,{"$f":"SUM($M$9:M561)","v":0.99974704207830178},{"$f":"_xlfn.XLOOKUP($F561,F562:F$717,K562:$K$717,,0)=K561","v":{"$error":"#N/A"}}]
[null,554,"COMPOSIÇÃO ORSE",916,"ORSE","FORNECIMENTO E ASSENTAMENTO DE CURVA 90 DE FERRO GALVANIZADO DE     1\"","UN",{"$f":"SUMIF(Orçamento!$F$9:$F$1730,F562,Orçamento!$H$9:$H$1730)","v":4},48.67,0.20796173004820551,58.791497401446165,235.16598960578466,4.9582921681190242E-6,{"$f":"SUM($M$9:M562)","v":0.99975200037046985},{"$f":"_xlfn.XLOOKUP($F562,F563:F$717,K563:$K$717,,0)=K562","v":{"$error":"#N/A"}}]
[null,555,"INSUMO ORSE",13389,"ORSE","TAMPA DE ENCAIXE 75MM PARA TÊ DE DESCIDA LATERAL, ZINCADA, PARA ELETROCALHA METÁLICA (REF.: MOPA OU SIMILAR)","UN",{"$f":"SUMIF(Orçamento!$F$9:$F$1730,F563,Orçamento!$H$9:$H$1730)","v":16},11.51,0.14692012195121973,13.201050603658539,211.21680965853662,4.453342317316312E-6,{"$f":"SUM($M$9:M563)","v":0.99975645371278721},{"$f":"_xlfn.XLOOKUP($F563,F564:F$717,K564:$K$717,,0)=K563","v":{"$error":"#N/A"}}]
[null,556,"COMPOSIÇÃO SINAPI",89737,"SINAPI","JOELHO 90 GRAUS, PVC, SERIE NORMAL, ESGOTO PREDIAL, DN 75 MM, JUNTA ELÁSTICA, FORNECIDO E INSTALADO EM RAMAL DE DESCARGA OU RAMAL DE ESGOTO SANITÁRIO. AF_08/2022","UN",{"$f":"SUMIF(Orçamento!$F$9:$F$1730,F564,Orçamento!$H$9:$H$1730)","v":8},21.15,0.20796173004820551,25.548390590519546,204.38712472415637,4.3093437171036511E-6,{"$f":"SUM($M$9:M564)","v":0.9997607630565043},{"$f":"_xlfn.XLOOKUP($F564,F565:F$717,K565:$K$717,,0)=K564","v":{"$error":"#N/A"}}]
[null,557,"INSUMO SINAPI",11945,"SINAPI","BUCHA DE NYLON SEM ABA S4","UN",{"$f":"SUMIF(Orçamento!$F$9:$F$1730,F565,Orçamento!$H$9:$H$1730)","v":2178},0.08,0.14692012195121973,9.1753609756097573E-2,199.83936204878052,4.2134576746806807E-6,{"$f":"SUM($M$9:M565)","v":0.99976497651417895},{"$f":"_xlfn.XLOOKUP($F565,F566:F$717,K566:$K$717,,0)=K565","v":{"$error":"#N/A"}}]
[null,558,"COMPOSIÇÃO ORSE",10850,"ORSE","ACOPLAMENTO PARA ELETROCALHA METÁLICA 38 X 38MM","UN",{"$f":"SUMIF(Orçamento!$F$9:$F$1730,F566,Orçamento!$H$9:$H$1730)","v":13},12.68,0.20796173004820551,15.316954737011246,199.12041158114619,4.1982991626912875E-6,{"$f":"SUM($M$9:M566)","v":0.9997691748133416},{"$f":"_xlfn.XLOOKUP($F566,F567:F$717,K567:$K$717,,0)=K566","v":{"$error":"#N/A"}}]
[null,559,"COMPOSIÇÃO SINAPI",89383,"SINAPI","ADAPTADOR CURTO COM BOLSA E ROSCA PARA REGISTRO, PVC, SOLDÁVEL, DN 25MM X 3/4 , INSTALADO EM RAMAL OU SUB-RAMAL DE ÁGUA - FORNECIMENTO E INSTALAÇÃO. AF_06/2022","UN",{"$f":"SUMIF(Orçamento!$F$9:$F$1730,F567,Orçamento!$H$9:$H$1730)","v":28},5.77,0.20796173004820551,6.9699391823781456,195.15829710658807,4.1147610575370321E-6,{"$f":"SUM($M$9:M567)","v":0.99977328957439915},{"$f":"_xlfn.XLOOKUP($F567,F568:F$717,K568:$K$717,,0)=K567","v":{"$error":"#N/A"}}]
[null,560,"INSUMO SINAPI",4300,"SINAPI","PARAFUSO ZINCADO ROSCA SOBERBA, CABECA SEXTAVADA, 5/16 \" X 50 MM, PARA FIXACAO DE TELHA EM MADEIRA","UN",{"$f":"SUMIF(Orçamento!$F$9:$F$1730,F568,Orçamento!$H$9:$H$1730)","v":154},1.0900000000000001,0.14692012195121973,1.2501429329268297,192.52201167073176,4.0591770275017169E-6,{"$f":"SUM($M$9:M568)","v":0.99977734875142665},{"$f":"_xlfn.XLOOKUP($F568,F569:F$717,K569:$K$717,,0)=K568","v":{"$error":"#N/A"}}]
[null,561,"INSUMO SINAPI",37558,"SINAPI","PLACA DE SINALIZACAO DE SEGURANCA CONTRA INCENDIO, FOTOLUMINESCENTE, RETANGULAR, *20 X 40* CM, EM PVC *2* MM ANTI-CHAMAS (SIMBOLOS, CORES E PICTOGRAMAS CONFORME NBR 16820)","UN",{"$f":"SUMIF(Orçamento!$F$9:$F$1730,F569,Orçamento!$H$9:$H$1730)","v":3},55.93,0.14692012195121973,64.147242420731715,192.44172726219514,4.05748429312828E-6,{"$f":"SUM($M$9:M569)","v":0.99978140623571976},{"$f":"_xlfn.XLOOKUP($F569,F570:F$717,K570:$K$717,,0)=K569","v":{"$error":"#N/A"}}]
[null,562,"COMPOSIÇÃO SINAPI",91864,"SINAPI","ELETRODUTO RÍGIDO ROSCÁVEL, PVC, DN 32 MM (1\"), PARA CIRCUITOS TERMINAIS, INSTALADO EM FORRO - FORNECIMENTO E INSTALAÇÃO. AF_03/2023","M",{"$f":"SUMIF(Orçamento!$F$9:$F$1730,F570,Orçamento!$H$9:$H$1730)","v":10},15.81,0.20796173004820551,19.097874952062131,190.97874952062131,4.0266385441730935E-6,{"$f":"SUM($M$9:M570)","v":0.99978543287426391},{"$f":"_xlfn.XLOOKUP($F570,F571:F$717,K571:$K$717,,0)=K570","v":{"$error":"#N/A"}}]
[null,563,"COMPOSIÇÃO SINAPI",97647,"SINAPI","REMOÇÃO DE TELHAS, DE FIBROCIMENTO, METÁLICA E CERÂMICA, DE FORMA MANUAL, SEM REAPROVEITAMENTO. AF_12/2017","M2",{"$f":"SUMIF(Orçamento!$F$9:$F$1730,F571,Orçamento!$H$9:$H$1730)","v":50},3.09,0.20796173004820551,3.7326017458489549,186.63008729244774,3.9349503799793981E-6,{"$f":"SUM($M$9:M571)","v":0.99978936782464389},{"$f":"_xlfn.XLOOKUP($F571,F572:F$717,K572:$K$717,,0)=K571","v":{"$error":"#N/A"}}]
[null,564,"INSUMO SINAPI",38091,"SINAPI","ESPELHO / PLACA CEGA 4\" X 2\", PARA INSTALACAO DE TOMADAS E INTERRUPTORES","UN",{"$f":"SUMIF(Orçamento!$F$9:$F$1730,F572,Orçamento!$H$9:$H$1730)","v":60},2.69,0.14692012195121973,3.0852151280487812,185.11290768292687,3.9029618267531105E-6,{"$f":"SUM($M$9:M572)","v":0.99979327078647062},{"$f":"_xlfn.XLOOKUP($F572,F573:F$717,K573:$K$717,,0)=K572","v":{"$error":"#N/A"}}]
[null,565,"COMPOSIÇÃO ORSE",9383,"ORSE","CAIXA SIFONADA QUADRADA, COM TRÊS ENTRADAS E UMA SAIDA, D = 100X150X50MM, BRANCO, COM GRELHA, AKROS OU SIMILAR","UN",{"$f":"SUMIF(Orçamento!$F$9:$F$1730,F573,Orçamento!$H$9:$H$1730)","v":4},37.880000000000003,0.20796173004820551,45.75759033422603,183.03036133690412,3.8590529551746181E-6,{"$f":"SUM($M$9:M573)","v":0.99979712983942581},{"$f":"_xlfn.XLOOKUP($F573,F574:F$717,K574:$K$717,,0)=K573","v":{"$error":"#N/A"}}]
[null,566,"INSUMO SINAPI",6017,"SINAPI","REGISTRO GAVETA BRUTO EM LATAO FORJADO, BITOLA 1 1/4 \" (REF 1509)","UN",{"$f":"SUMIF(Orçamento!$F$9:$F$1730,F574,Orçamento!$H$9:$H$1730)","v":2},78.48,0.14692012195121973,90.010291170731733,180.02058234146347,3.7955941036379696E-6,{"$f":"SUM($M$9:M574)","v":0.9998009254335295},{"$f":"_xlfn.XLOOKUP($F574,F575:F$717,K575:$K$717,,0)=K574","v":{"$error":"#N/A"}}]
[null,567,"COMPOSIÇÃO SINAPI",102498,"SINAPI","PINTURA DE MEIO-FIO COM TINTA BRANCA A BASE DE CAL (CAIAÇÃO). AF_05/2021","M",{"$f":"SUMIF(Orçamento!$F$9:$F$1730,F575,Orçamento!$H$9:$H$1730)","v":103.17},1.44,0.20796173004820551,1.7394648912694159,179.46059283226563,3.7837871599453932E-6,{"$f":"SUM($M$9:M575)","v":0.99980470922068942},{"$f":"_xlfn.XLOOKUP($F575,F576:F$717,K576:$K$717,,0)=K575","v":{"$error":"#N/A"}}]
[null,568,"COMPOSIÇÃO SINAPI",86884,"SINAPI","ENGATE FLEXÍVEL EM PLÁSTICO BRANCO, 1/2\" X 30CM - FORNECIMENTO E INSTALAÇÃO. AF_01/2020","UN",{"$f":"SUMIF(Orçamento!$F$9:$F$1730,F576,Orçamento!$H$9:$H$1730)","v":14},10.54,0.20796173004820551,12.731916634708085,178.24683288591319,3.7581959745615531E-6,{"$f":"SUM($M$9:M576)","v":0.99980846741666396},{"$f":"_xlfn.XLOOKUP($F576,F577:F$717,K577:$K$717,,0)=K576","v":{"$error":"#N/A"}}]
[null,569,"INSUMO SINAPI",9869,"SINAPI","TUBO PVC, SOLDAVEL, DE 32 MM, AGUA FRIA (NBR-5648)","M",{"$f":"SUMIF(Orçamento!$F$9:$F$1730,F577,Orçamento!$H$9:$H$1730)","v":18.739999999999998},8.26,0.14692012195121973,9.4735602073170746,177.53451828512198,3.7431773746685139E-6,{"$f":"SUM($M$9:M577)","v":0.99981221059403858},{"$f":"_xlfn.XLOOKUP($F577,F578:F$717,K578:$K$717,,0)=K577","v":{"$error":"#N/A"}}]
[null,570,"INSUMO SINAPI",39346,"SINAPI","TAMPA PARA CONDULETE, EM PVC, PARA 1 INTERRUPTOR","UN",{"$f":"SUMIF(Orçamento!$F$9:$F$1730,F578,Orçamento!$H$9:$H$1730)","v":39},3.95,0.14692012195121973,4.5303344817073183,176.68304478658541,3.7252247175422346E-6,{"$f":"SUM($M$9:M578)","v":0.99981593581875616},{"$f":"_xlfn.XLOOKUP($F578,F579:F$717,K579:$K$717,,0)=K578","v":{"$error":"#N/A"}}]
[null,571,"INSUMO ORSE",4105,"ORSE","FLANGE 100 X 100MM PARA ELETROCALHA METÁLICA (REF. MOPA OU SIMILAR)","UN",{"$f":"SUMIF(Orçamento!$F$9:$F$1730,F579,Orçamento!$H$9:$H$1730)","v":12},12.5,0.14692012195121973,14.336501524390247,172.03801829268298,3.6272879430790993E-6,{"$f":"SUM($M$9:M579)","v":0.99981956310669928},{"$f":"_xlfn.XLOOKUP($F579,F580:F$717,K580:$K$717,,0)=K579","v":{"$error":"#N/A"}}]
[null,572,"INSUMO SINAPI",11864,"SINAPI","CONECTOR METALICO TIPO PARAFUSO FENDIDO (SPLIT BOLT), PARA CABOS ATE 95 MM2","UN",{"$f":"SUMIF(Orçamento!$F$9:$F$1730,F580,Orçamento!$H$9:$H$1730)","v":4},37.42,0.14692012195121973,42.917750963414647,171.67100385365859,3.6195497288005306E-6,{"$f":"SUM($M$9:M580)","v":0.99982318265642811},{"$f":"_xlfn.XLOOKUP($F580,F581:F$717,K581:$K$717,,0)=K580","v":{"$error":"#N/A"}}]
[null,573,"INSUMO SINAPI",7602,"SINAPI","TORNEIRA DE METAL AMARELO, PARA TANQUE / JARDIM, DE PAREDE, COM BICO PLASTICO, CANO CURTO, AREA EXTERNA, PADRAO POPULAR / USO GERAL, 1/2 \" OU 3/4 \" (REF 1128)","UN",{"$f":"SUMIF(Orçamento!$F$9:$F$1730,F581,Orçamento!$H$9:$H$1730)","v":2},72.83,0.14692012195121973,83.530192481707331,167.06038496341466,3.5223384119260101E-6,{"$f":"SUM($M$9:M581)","v":0.99982670499484005},{"$f":"_xlfn.XLOOKUP($F581,F582:F$717,K582:$K$717,,0)=K581","v":{"$error":"#N/A"}}]
[null,574,"INSUMO SINAPI",39481,"SINAPI","ESPACADOR OU DISTANCIADOR, EM PLASTICO, TIPO APOIO DE CORDOALHA (CARANGUEJO), PARA ARMADURA NEGATIVA E PROTENSAO, COBRIMENTO 50 MM","UN",{"$f":"SUMIF(Orçamento!$F$9:$F$1730,F582,Orçamento!$H$9:$H$1730)","v":83},1.74,0.14692012195121973,1.9956410121951222,165.63820401219516,3.4923528315965563E-6,{"$f":"SUM($M$9:M582)","v":0.99983019734767165},{"$f":"_xlfn.XLOOKUP($F582,F583:F$717,K583:$K$717,,0)=K582","v":{"$error":"#N/A"}}]
[null,575,"INSUMO SINAPI",9867,"SINAPI","TUBO PVC, SOLDAVEL, DE 20 MM, AGUA FRIA (NBR-5648)","M",{"$f":"SUMIF(Orçamento!$F$9:$F$1730,F583,Orçamento!$H$9:$H$1730)","v":41.92},3.39,0.14692012195121973,3.888059213414635,162.9874422263415,3.4364635789695938E-6,{"$f":"SUM($M$9:M583)","v":0.99983363381125057},{"$f":"_xlfn.XLOOKUP($F583,F584:F$717,K584:$K$717,,0)=K583","v":{"$error":"#N/A"}}]
[null,576,"COMPOSIÇÃO SINAPI",89774,"SINAPI","LUVA SIMPLES, PVC, SERIE NORMAL, ESGOTO PREDIAL, DN 75 MM, JUNTA ELÁSTICA, FORNECIDO E INSTALADO EM RAMAL DE DESCARGA OU RAMAL DE ESGOTO SANITÁRIO. AF_08/2022","UN",{"$f":"SUMIF(Orçamento!$F$9:$F$1730,F584,Orçamento!$H$9:$H$1730)","v":10},13.48,0.20796173004820551,16.283324121049812,162.83324121049813,3.4332123703639025E-6,{"$f":"SUM($M$9:M584)","v":0.99983706702362096},{"$f":"_xlfn.XLOOKUP($F584,F585:F$717,K585:$K$717,,0)=K584","v":{"$error":"#N/A"}}]
[null,577,"INSUMO SINAPI",3884,"SINAPI","LUVA PVC, ROSCAVEL, 3/4\", AGUA FRIA PREDIAL","UN",{"$f":"SUMIF(Orçamento!$F$9:$F$1730,F585,Orçamento!$H$9:$H$1730)","v":63},2.23,0.14692012195121973,{"$f":"I585*(1+J585)","v":2.5576318719512199},{"$f":"K585*H585","v":161.13080793292684},{"$f":"L585/$L$717","v":3.3973178874878836E-6},{"$f":"SUM($M$9:M585)","v":0.99984046434150842},{"$f":"_xlfn.XLOOKUP($F585,F586:F$717,K586:$K$717,,0)=K585","v":{"$error":"#N/A"}}]
[null,578,"INSUMO SINAPI",9835,"SINAPI","TUBO PVC  SERIE NORMAL, DN 40 MM, PARA ESGOTO  PREDIAL (NBR 5688)","M",{"$f":"SUMIF(Orçamento!$F$9:$F$1730,F586,Orçamento!$H$9:$H$1730)","v":23.36},5.75,0.14692012195121973,6.5947907012195133,154.05431078048784,3.2481154434292306E-6,{"$f":"SUM($M$9:M586)","v":0.99984371245695181},{"$f":"_xlfn.XLOOKUP($F586,F587:F$717,K587:$K$717,,0)=K586","v":{"$error":"#N/A"}}]
[null,579,"COMPOSIÇÃO SINAPI",91864,"SINAPI","ELETRODUTO RÍGIDO ROSCÁVEL, PVC, DN 32 MM (1\"), PARA CIRCUITOS TERMINAIS, INSTALADO EM FORRO - FORNECIMENTO E INSTALAÇÃO. AF_12/2015","M",{"$f":"SUMIF(Orçamento!$F$9:$F$1730,F587,Orçamento!$H$9:$H$1730)","v":7.8},15.81,0.20796173004820551,19.097874952062131,148.96342462608462,3.1407780644550127E-6,{"$f":"SUM($M$9:M587)","v":0.99984685323501621},{"$f":"_xlfn.XLOOKUP($F587,F588:F$717,K588:$K$717,,0)=K587","v":{"$error":"#N/A"}}]
[null,580,"INSUMO SINAPI",13343,"SINAPI","KIT DE MATERIAIS PARA BRACADEIRA PARA FIXACAO EM POSTE CIRCULAR, CONTEM TRES FIXADORES E UM ROLO DE FITA DE 3 M EM ACO CARBONO","UN",{"$f":"SUMIF(Orçamento!$F$9:$F$1730,F588,Orçamento!$H$9:$H$1730)","v":3},43.07,0.14692012195121973,49.397849652439035,148.19354895731709,3.1245458341683354E-6,{"$f":"SUM($M$9:M588)","v":0.99984997778085039},{"$f":"_xlfn.XLOOKUP($F588,F589:F$717,K589:$K$717,,0)=K588","v":{"$error":"#N/A"}}]
[null,581,"COMPOSIÇÃO SINAPI",93656,"SINAPI","DISJUNTOR MONOPOLAR TIPO DIN, CORRENTE NOMINAL DE 25A - FORNECIMENTO E INSTALAÇÃO. AF_10/2020","UN",{"$f":"SUMIF(Orçamento!$F$9:$F$1730,F589,Orçamento!$H$9:$H$1730)","v":8},14.68,0.20796173004820551,17.732878197107656,141.86302557686125,2.9910716674743074E-6,{"$f":"SUM($M$9:M589)","v":0.99985296885251784},{"$f":"_xlfn.XLOOKUP($F589,F590:F$717,K590:$K$717,,0)=K589","v":{"$error":"#N/A"}}]
[null,582,"COMPOSIÇÃO SINAPI",89482,"SINAPI","CAIXA SIFONADA, PVC, DN 100 X 100 X 50 MM, FORNECIDA E INSTALADA EM RAMAIS DE ENCAMINHAMENTO DE ÁGUA PLUVIAL. AF_06/2022","UN",{"$f":"SUMIF(Orçamento!$F$9:$F$1730,F590,Orçamento!$H$9:$H$1730)","v":3},38.65,0.20796173004820551,46.687720866363144,140.06316259908942,2.953122955071917E-6,{"$f":"SUM($M$9:M590)","v":0.99985592197547291},{"$f":"_xlfn.XLOOKUP($F590,F591:F$717,K591:$K$717,,0)=K590","v":{"$error":"#N/A"}}]
[null,583,"COMPOSIÇÃO SINAPI",104056,"SINAPI","REGISTRO ESFERA, PVC, COM ROSCA, 1/2\", PARA LIGAÇÃO PREDIAL DE ÁGUA. AF_06/2022","UN",{"$f":"SUMIF(Orçamento!$F$9:$F$1730,F591,Orçamento!$H$9:$H$1730)","v":5},23.14,0.20796173004820551,27.952234433315475,139.76117216657738,2.946755721447355E-6,{"$f":"SUM($M$9:M591)","v":0.99985886873119434},{"$f":"_xlfn.XLOOKUP($F591,F592:F$717,K592:$K$717,,0)=K591","v":{"$error":"#N/A"}}]
[null,584,"INSUMO SINAPI",400,"SINAPI","ABRACADEIRA EM ACO PARA AMARRACAO DE ELETRODUTOS, TIPO D, COM 3/4\" E PARAFUSO DE FIXACAO","UN",{"$f":"SUMIF(Orçamento!$F$9:$F$1730,F592,Orçamento!$H$9:$H$1730)","v":42},2.89,0.14692012195121973,3.3145991524390253,139.21316440243905,2.9352014035396066E-6,{"$f":"SUM($M$9:M592)","v":0.99986180393259783},{"$f":"_xlfn.XLOOKUP($F592,F593:F$717,K593:$K$717,,0)=K592","v":{"$error":"#N/A"}}]
[null,585,"COMPOSIÇÃO SINAPI",101632,"SINAPI","RELÉ FOTOELÉTRICO PARA COMANDO DE ILUMINAÇÃO EXTERNA 1000 W - FORNECIMENTO E INSTALAÇÃO. AF_08/2020","UN",{"$f":"SUMIF(Orçamento!$F$9:$F$1730,F593,Orçamento!$H$9:$H$1730)","v":3},37.92,0.20796173004820551,45.805908803427954,137.41772641028388,2.8973459885207535E-6,{"$f":"SUM($M$9:M593)","v":0.9998647012785864},{"$f":"_xlfn.XLOOKUP($F593,F594:F$717,K594:$K$717,,0)=K593","v":{"$error":"#N/A"}}]
[null,586,"INSUMO SINAPI",39145,"SINAPI","ABRACADEIRA EM ACO PARA AMARRACAO DE ELETRODUTOS, TIPO U SIMPLES, COM 4\"","UN",{"$f":"SUMIF(Orçamento!$F$9:$F$1730,F594,Orçamento!$H$9:$H$1730)","v":13},9.07,0.14692012195121973,10.402565506097563,135.23335157926832,2.8512901424563768E-6,{"$f":"SUM($M$9:M594)","v":0.99986755256872883},{"$f":"_xlfn.XLOOKUP($F594,F595:F$717,K595:$K$717,,0)=K594","v":{"$error":"#N/A"}}]
[null,587,"COMPOSIÇÃO ORSE",7928,"ORSE","TERMINAL DE COMPRESSÃO PARA CABO DE  35 MM2 - FORNECIMENTO E INSTALAÇÃO","UN",{"$f":"SUMIF(Orçamento!$F$9:$F$1730,F595,Orçamento!$H$9:$H$1730)","v":25},4.2699999999999996,0.20796173004820551,5.1579965873058367,128.94991468264593,2.7188087576880305E-6,{"$f":"SUM($M$9:M595)","v":0.99987027137748652},{"$f":"_xlfn.XLOOKUP($F595,F596:F$717,K596:$K$717,,0)=K595","v":{"$error":"#N/A"}}]
[null,588,"COMPOSIÇÃO SINAPI",89753,"SINAPI","LUVA SIMPLES, PVC, SERIE NORMAL, ESGOTO PREDIAL, DN 50 MM, JUNTA ELÁSTICA, FORNECIDO E INSTALADO EM RAMAL DE DESCARGA OU RAMAL DE ESGOTO SANITÁRIO. AF_08/2022","UN",{"$f":"SUMIF(Orçamento!$F$9:$F$1730,F596,Orçamento!$H$9:$H$1730)","v":13},8.1199999999999992,0.20796173004820551,9.8086492479914273,127.51244022388856,2.6885007256351148E-6,{"$f":"SUM($M$9:M596)","v":0.99987295987821212},{"$f":"_xlfn.XLOOKUP($F596,F597:F$717,K597:$K$717,,0)=K596","v":{"$error":"#N/A"}}]
[null,589,"INSUMO SINAPI",1958,"SINAPI","CURVA DE PVC 90 GRAUS, SOLDAVEL, 40 MM, PARA AGUA FRIA PREDIAL (NBR 5648)","UN",{"$f":"SUMIF(Orçamento!$F$9:$F$1730,F597,Orçamento!$H$9:$H$1730)","v":10},11.09,0.14692012195121973,12.719344152439026,127.19344152439027,2.6817748859164805E-6,{"$f":"SUM($M$9:M597)","v":0.99987564165309806},{"$f":"_xlfn.XLOOKUP($F597,F598:F$717,K598:$K$717,,0)=K597","v":{"$error":"#N/A"}}]
[null,590,"COMPOSIÇÃO SINAPI",93659,"SINAPI","DISJUNTOR MONOPOLAR TIPO DIN, CORRENTE NOMINAL DE 50A - FORNECIMENTO E INSTALAÇÃO. AF_10/2020","UN",{"$f":"SUMIF(Orçamento!$F$9:$F$1730,F598,Orçamento!$H$9:$H$1730)","v":4},26.15,0.20796173004820551,31.588199240760574,126.35279696304229,2.6640505485167962E-6,{"$f":"SUM($M$9:M598)","v":0.99987830570364655},{"$f":"_xlfn.XLOOKUP($F598,F599:F$717,K599:$K$717,,0)=K598","v":{"$error":"#N/A"}}]
[null,591,"INSUMO SINAPI",10836,"SINAPI","JOELHO PVC COM VISITA, 90 GRAUS, DN 100 X 50 MM, SERIE NORMAL, PARA ESGOTO PREDIAL","UN",{"$f":"SUMIF(Orçamento!$F$9:$F$1730,F599,Orçamento!$H$9:$H$1730)","v":6},17.940000000000001,0.14692012195121973,20.575746987804884,123.4544819268293,2.6029418279535616E-6,{"$f":"SUM($M$9:M599)","v":0.99988090864547452},{"$f":"_xlfn.XLOOKUP($F599,F600:F$717,K600:$K$717,,0)=K599","v":{"$error":"#N/A"}}]
[null,592,"INSUMO SINAPI",39126,"SINAPI","ABRACADEIRA EM ACO PARA AMARRACAO DE ELETRODUTOS, TIPO D, COM 4\" E CUNHA DE FIXACAO","UN",{"$f":"SUMIF(Orçamento!$F$9:$F$1730,F600,Orçamento!$H$9:$H$1730)","v":8},13.35,0.14692012195121973,15.311383628048784,122.49106902439027,2.5826290154723182E-6,{"$f":"SUM($M$9:M600)","v":0.99988349127448994},{"$f":"_xlfn.XLOOKUP($F600,F601:F$717,K601:$K$717,,0)=K600","v":{"$error":"#N/A"}}]
[null,593,"COMPOSIÇÃO SINAPI",91966,"SINAPI","INTERRUPTOR SIMPLES (3 MÓDULOS), 10A/250V, SEM SUPORTE E SEM PLACA - FORNECIMENTO E INSTALAÇÃO. AF_12/2015","UN",{"$f":"SUMIF(Orçamento!$F$9:$F$1730,F601,Orçamento!$H$9:$H$1730)","v":2},50,0.20796173004820551,60.398086502410273,120.79617300482055,2.5468934498248529E-6,{"$f":"SUM($M$9:M601)","v":0.99988603816793975},{"$f":"_xlfn.XLOOKUP($F601,F602:F$717,K602:$K$717,,0)=K601","v":{"$error":"#N/A"}}]
[null,594,"INSUMO SINAPI",3462,"SINAPI","COTOVELO DE REDUCAO 90 GRAUS DE FERRO GALVANIZADO, COM ROSCA BSP, DE 3/4\" X 1/2\"","UN",{"$f":"SUMIF(Orçamento!$F$9:$F$1730,F602,Orçamento!$H$9:$H$1730)","v":8},13.01,0.14692012195121973,14.921430786585368,119.37144629268295,2.5168541941044841E-6,{"$f":"SUM($M$9:M602)","v":0.99988855502213381},{"$f":"_xlfn.XLOOKUP($F602,F603:F$717,K603:$K$717,,0)=K602","v":{"$error":"#N/A"}}]
[null,595,"INSUMO SINAPI",4379,"SINAPI","PARAFUSO DE ACO ZINCADO COM ROSCA SOBERBA, CABECA CHATA E FENDA SIMPLES, DIAMETRO 2,5 MM, COMPRIMENTO * 9,5 * MM","UN",{"$f":"SUMIF(Orçamento!$F$9:$F$1730,F603,Orçamento!$H$9:$H$1730)","v":2066},0.05,0.14692012195121973,5.7346006097560992E-2,118.47684859756102,2.4979922968004733E-6,{"$f":"SUM($M$9:M603)","v":0.9998910530144306},{"$f":"_xlfn.XLOOKUP($F603,F604:F$717,K604:$K$717,,0)=K603","v":{"$error":"#N/A"}}]
[null,596,"INSUMO ORSE",13355,"ORSE","ARRUELA DE PRESSÃO 1/4\"","UN",{"$f":"SUMIF(Orçamento!$F$9:$F$1730,F604,Orçamento!$H$9:$H$1730)","v":2055},0.05,0.14692012195121973,5.7346006097560992E-2,117.84604253048784,2.4846922410091829E-6,{"$f":"SUM($M$9:M604)","v":0.99989353770667155},{"$f":"_xlfn.XLOOKUP($F604,F605:F$717,K605:$K$717,,0)=K604","v":{"$error":"#N/A"}}]
[null,597,"INSUMO SINAPI",20181,"SINAPI","TE, PVC, SERIE R, 150 X 150 MM, PARA ESGOTO PREDIAL","UN",{"$f":"SUMIF(Orçamento!$F$9:$F$1730,F605,Orçamento!$H$9:$H$1730)","v":1},102.45,0.14692012195121973,117.50196649390246,117.50196649390246,2.4774376651230243E-6,{"$f":"SUM($M$9:M605)","v":0.99989601514433668},{"$f":"_xlfn.XLOOKUP($F605,F606:F$717,K606:$K$717,,0)=K605","v":{"$error":"#N/A"}}]
[null,598,"INSUMO SINAPI",3939,"SINAPI","LUVA DE FERRO GALVANIZADO, COM ROSCA BSP, DE 1 1/2\"","UN",{"$f":"SUMIF(Orçamento!$F$9:$F$1730,F606,Orçamento!$H$9:$H$1730)","v":4},25.6,0.14692012195121973,29.361155121951228,117.44462048780491,2.4762285691419982E-6,{"$f":"SUM($M$9:M606)","v":0.99989849137290587},{"$f":"_xlfn.XLOOKUP($F606,F607:F$717,K607:$K$717,,0)=K606","v":{"$error":"#N/A"}}]
[null,599,"COMPOSIÇÃO ORSE",9892,"ORSE","PEÇA DE MADERIA 115X135X 600MM","UN",{"$f":"SUMIF(Orçamento!$F$9:$F$1730,F607,Orçamento!$H$9:$H$1730)","v":4},24.26,0.20796173004820551,29.305151570969468,117.22060628387787,2.4715054037100378E-6,{"$f":"SUM($M$9:M607)","v":0.99990096287830954},{"$f":"_xlfn.XLOOKUP($F607,F608:F$717,K608:$K$717,,0)=K607","v":{"$error":"#N/A"}}]
[null,600,"COMPOSIÇÃO ORSE",12586,"ORSE","TAMPA DE ENCAIXE PARA CRUZETA 200MM, ZINCADA, PARA ELETROCALHA METÁLICA","UN",{"$f":"SUMIF(Orçamento!$F$9:$F$1730,F608,Orçamento!$H$9:$H$1730)","v":6},16.149999999999999,0.20796173004820551,19.508581940278518,117.05149164167111,2.4679397528802827E-6,{"$f":"SUM($M$9:M608)","v":0.99990343081806243},{"$f":"_xlfn.XLOOKUP($F608,F609:F$717,K609:$K$717,,0)=K608","v":{"$error":"#N/A"}}]
[null,601,"COMPOSIÇÃO SINAPI",86879,"SINAPI","VÁLVULA EM PLÁSTICO 1\" PARA PIA, TANQUE OU LAVATÓRIO, COM OU SEM LADRÃO - FORNECIMENTO E INSTALAÇÃO. AF_01/2020","UN",{"$f":"SUMIF(Orçamento!$F$9:$F$1730,F609,Orçamento!$H$9:$H$1730)","v":10},9.56,0.20796173004820551,11.548114139260845,115.48114139260845,2.4348301380325598E-6,{"$f":"SUM($M$9:M609)","v":0.9999058656482005},{"$f":"_xlfn.XLOOKUP($F609,F610:F$717,K610:$K$717,,0)=K609","v":{"$error":"#N/A"}}]
[null,602,"INSUMO SINAPI",4375,"SINAPI","BUCHA DE NYLON SEM ABA S6","UN",{"$f":"SUMIF(Orçamento!$F$9:$F$1730,F610,Orçamento!$H$9:$H$1730)","v":695},0.14000000000000001,0.14692012195121973,0.16056881707317078,111.59532786585369,2.352900779077309E-6,{"$f":"SUM($M$9:M610)","v":0.9999082185489796},{"$f":"_xlfn.XLOOKUP($F610,F611:F$717,K611:$K$717,,0)=K610","v":{"$error":"#N/A"}}]
[null,603,"INSUMO SINAPI",4377,"SINAPI","PARAFUSO DE ACO ZINCADO COM ROSCA SOBERBA, CABECA CHATA E FENDA SIMPLES, DIAMETRO 4,2 MM, COMPRIMENTO * 32 * MM","UN",{"$f":"SUMIF(Orçamento!$F$9:$F$1730,F611,Orçamento!$H$9:$H$1730)","v":539},0.18,0.14692012195121973,0.20644562195121954,111.27419023170734,2.3461298415835612E-6,{"$f":"SUM($M$9:M611)","v":0.99991056467882122},{"$f":"_xlfn.XLOOKUP($F611,F612:F$717,K612:$K$717,,0)=K611","v":{"$error":"#N/A"}}]
[null,604,"COMPOSIÇÃO ORSE",9534,"ORSE","FORNECIMENTO E INSTALAÇÃO DE PATCH CORDS CAT.5E, CONECTOR RJ-45 MACHO, C/1,50M - REV 01","UN",{"$f":"SUMIF(Orçamento!$F$9:$F$1730,F612,Orçamento!$H$9:$H$1730)","v":5},18.420000000000002,0.20796173004820551,22.250655067487948,111.25327533743973,2.3456888672886898E-6,{"$f":"SUM($M$9:M612)","v":0.99991291036768848},{"$f":"_xlfn.XLOOKUP($F612,F613:F$717,K613:$K$717,,0)=K612","v":{"$error":"#N/A"}}]
[null,605,"INSUMO SINAPI",20144,"SINAPI","JUNCAO SIMPLES, PVC SERIE R, DN 100 X 100 MM, PARA ESGOTO OU AGUAS PLUVIAIS PREDIAIS","UN",{"$f":"SUMIF(Orçamento!$F$9:$F$1730,F613,Orçamento!$H$9:$H$1730)","v":2},47.87,0.14692012195121973,54.903066237804886,109.80613247560977,2.3151769844692861E-6,{"$f":"SUM($M$9:M613)","v":0.99991522554467294},{"$f":"_xlfn.XLOOKUP($F613,F614:F$717,K614:$K$717,,0)=K613","v":{"$error":"#N/A"}}]
[null,606,"COMPOSIÇÃO SINAPI",101553,"SINAPI","ALÇA PREFORMADA DE DISTRIBUIÇÃO, EM  AÇO GALVANIZADO, AWG 1 - FORNECIMENTO E INSTALAÇÃO. AF_07/2020","UN",{"$f":"SUMIF(Orçamento!$F$9:$F$1730,F614,Orçamento!$H$9:$H$1730)","v":6},13.74,0.20796173004820551,16.597394170862344,99.584365025174066,2.099658960035609E-6,{"$f":"SUM($M$9:M614)","v":0.99991732520363297},{"$f":"_xlfn.XLOOKUP($F614,F615:F$717,K615:$K$717,,0)=K614","v":{"$error":"#N/A"}}]
[null,607,"INSUMO SINAPI",1603,"SINAPI","CONECTOR DE ALUMINIO TIPO PRENSA CABO, BITOLA 2\", PARA CABOS DE DIAMETRO DE 47,5 A 50 MM","UN",{"$f":"SUMIF(Orçamento!$F$9:$F$1730,F615,Orçamento!$H$9:$H$1730)","v":1},86.33,0.14692012195121973,99.0136141280488,99.0136141280488,2.0876251208401239E-6,{"$f":"SUM($M$9:M615)","v":0.99991941282875385},{"$f":"_xlfn.XLOOKUP($F615,F616:F$717,K616:$K$717,,0)=K615","v":{"$error":"#N/A"}}]
[null,608,"INSUMO ORSE",12668,"ORSE","CRUZETA 100 X 100 MM PARA ELETROCALHA PERFURADA METÁLICA (REF.: MOPA OU SIMILAR)","UN",{"$f":"SUMIF(Orçamento!$F$9:$F$1730,F616,Orçamento!$H$9:$H$1730)","v":1},83.95,0.14692012195121973,96.283944237804903,96.283944237804903,2.0300721521432693E-6,{"$f":"SUM($M$9:M616)","v":0.99992144290090601},{"$f":"_xlfn.XLOOKUP($F616,F617:F$717,K617:$K$717,,0)=K616","v":{"$error":"#N/A"}}]
[null,609,"COMPOSIÇÃO ORSE",723,"ORSE","FORNECIMENTO E INSTALAÇÃO DE SAÍDA HORIZONTAL PARA ELETRODUTO 3/4\" (REF. VL 33 VALEMAM OU SIMILAR)","UN",{"$f":"SUMIF(Orçamento!$F$9:$F$1730,F617,Orçamento!$H$9:$H$1730)","v":11},6.86,0.20796173004820551,8.2866174681306894,91.152792149437587,1.9218857972378344E-6,{"$f":"SUM($M$9:M617)","v":0.99992336478670329},{"$f":"_xlfn.XLOOKUP($F617,F618:F$717,K618:$K$717,,0)=K617","v":{"$error":"#N/A"}}]
[null,610,"COMPOSIÇÃO SINAPI",89355,"SINAPI","TUBO, PVC, SOLDÁVEL, DN 20MM, INSTALADO EM RAMAL OU SUB-RAMAL DE ÁGUA - FORNECIMENTO E INSTALAÇÃO. AF_06/2022","M",{"$f":"SUMIF(Orçamento!$F$9:$F$1730,F618,Orçamento!$H$9:$H$1730)","v":4.1399999999999997},17.91,0.20796173004820551,21.634594585163359,89.567221582576295,1.8884552738154328E-6,{"$f":"SUM($M$9:M618)","v":0.99992525324197712},{"$f":"_xlfn.XLOOKUP($F618,F619:F$717,K619:$K$717,,0)=K618","v":{"$error":"#N/A"}}]
[null,611,"INSUMO SINAPI",9838,"SINAPI","TUBO PVC SERIE NORMAL, DN 50 MM, PARA ESGOTO PREDIAL (NBR 5688)","M",{"$f":"SUMIF(Orçamento!$F$9:$F$1730,F619,Orçamento!$H$9:$H$1730)","v":8.09},9.5,0.14692012195121973,10.895741158536588,88.146545972560986,1.8585014324356275E-6,{"$f":"SUM($M$9:M619)","v":0.99992711174340954},{"$f":"_xlfn.XLOOKUP($F619,F620:F$717,K620:$K$717,,0)=K619","v":{"$error":"#N/A"}}]
[null,612,"COMPOSIÇÃO SINAPI",89549,"SINAPI","REDUÇÃO EXCÊNTRICA, PVC, SERIE R, ÁGUA PLUVIAL, DN 75 X 50 MM, JUNTA ELÁSTICA, FORNECIDO E INSTALADO EM RAMAL DE ENCAMINHAMENTO. AF_06/2022","UN",{"$f":"SUMIF(Orçamento!$F$9:$F$1730,F620,Orçamento!$H$9:$H$1730)","v":4},17.96,0.20796173004820551,21.694992671665773,86.779970686663091,1.8296882543541747E-6,{"$f":"SUM($M$9:M620)","v":0.99992894143166389},{"$f":"_xlfn.XLOOKUP($F620,F621:F$717,K621:$K$717,,0)=K620","v":{"$error":"#N/A"}}]
[null,613,"INSUMO SINAPI",3380,"SINAPI","HASTE DE ATERRAMENTO EM ACO COM 3,00 M DE COMPRIMENTO E DN = 5/8\", REVESTIDA COM BAIXA CAMADA DE COBRE, COM CONECTOR TIPO GRAMPO","UN",{"$f":"SUMIF(Orçamento!$F$9:$F$1730,F621,Orçamento!$H$9:$H$1730)","v":1},75,0.14692012195121973,86.019009146341475,86.019009146341475,1.8136439715395492E-6,{"$f":"SUM($M$9:M621)","v":0.99993075507563545},{"$f":"_xlfn.XLOOKUP($F621,F622:F$717,K622:$K$717,,0)=K621","v":{"$error":"#N/A"}}]
[null,614,"INSUMO SINAPI",39138,"SINAPI","ABRACADEIRA EM ACO PARA AMARRACAO DE ELETRODUTOS, TIPO U SIMPLES, COM 3/4\"","UN",{"$f":"SUMIF(Orçamento!$F$9:$F$1730,F622,Orçamento!$H$9:$H$1730)","v":59},1.27,0.14692012195121973,1.4565885548780491,85.93872473780489,1.8119512371661125E-6,{"$f":"SUM($M$9:M622)","v":0.99993256702687261},{"$f":"_xlfn.XLOOKUP($F622,F623:F$717,K623:$K$717,,0)=K622","v":{"$error":"#N/A"}}]
[null,615,"INSUMO SINAPI",39129,"SINAPI","ABRACADEIRA EM ACO PARA AMARRACAO DE ELETRODUTOS, TIPO D, COM 1\" E CUNHA DE FIXACAO","UN",{"$f":"SUMIF(Orçamento!$F$9:$F$1730,F623,Orçamento!$H$9:$H$1730)","v":23},3.17,0.14692012195121973,3.6357367865853663,83.621946091463428,1.7631037595326472E-6,{"$f":"SUM($M$9:M623)","v":0.99993433013063215},{"$f":"_xlfn.XLOOKUP($F623,F624:F$717,K624:$K$717,,0)=K623","v":{"$error":"#N/A"}}]
[null,616,"INSUMO SINAPI",104,"SINAPI","ADAPTADOR PVC SOLDAVEL CURTO COM BOLSA E ROSCA, 75 MM X 2 1/2\", PARA AGUA FRIA","UN",{"$f":"SUMIF(Orçamento!$F$9:$F$1730,F624,Orçamento!$H$9:$H$1730)","v":4},17.93,0.14692012195121973,20.564277786585368,82.257111146341472,1.7343272751842197E-6,{"$f":"SUM($M$9:M624)","v":0.99993606445790739},{"$f":"_xlfn.XLOOKUP($F624,F625:F$717,K625:$K$717,,0)=K624","v":{"$error":"#N/A"}}]
[null,617,"COMPOSIÇÃO ORSE",12582,"ORSE","TAMPA DE ENCAIXE PARA CURVA 90º, HORIZONTAL, 75MM, ZINCADA, PARA ELETROCALHA METÁLICA","UN",{"$f":"SUMIF(Orçamento!$F$9:$F$1730,F625,Orçamento!$H$9:$H$1730)","v":6},11.21,0.20796173004820551,13.541250993840384,81.2475059630423,1.7130405343521961E-6,{"$f":"SUM($M$9:M625)","v":0.9999377774984417},{"$f":"_xlfn.XLOOKUP($F625,F626:F$717,K626:$K$717,,0)=K625","v":{"$error":"#N/A"}}]
[null,618,"INSUMO SINAPI",3899,"SINAPI","LUVA SIMPLES, PVC, SOLDAVEL, DN 100 MM, SERIE NORMAL, PARA ESGOTO PREDIAL","UN",{"$f":"SUMIF(Orçamento!$F$9:$F$1730,F626,Orçamento!$H$9:$H$1730)","v":12},5.79,0.14692012195121973,6.6406675060975626,79.688010073170744,1.6801597752342386E-6,{"$f":"SUM($M$9:M626)","v":0.9999394576582169},{"$f":"_xlfn.XLOOKUP($F626,F627:F$717,K627:$K$717,,0)=K626","v":{"$error":"#N/A"}}]
[null,619,"COMPOSIÇÃO ORSE",12499,"ORSE","ARRUELA DE PRESSÃO BICROMATIZADA 1/4\"","UN",{"$f":"SUMIF(Orçamento!$F$9:$F$1730,F627,Orçamento!$H$9:$H$1730)","v":138},0.46,0.20796173004820551,0.55566239582217458,76.681410623460096,1.6167679619488169E-6,{"$f":"SUM($M$9:M627)","v":0.99994107442617886},{"$f":"_xlfn.XLOOKUP($F627,F628:F$717,K628:$K$717,,0)=K627","v":{"$error":"#N/A"}}]
[null,620,"INSUMO SINAPI",11862,"SINAPI","CONECTOR METALICO TIPO PARAFUSO FENDIDO (SPLIT BOLT), PARA CABOS ATE 50 MM2","UN",{"$f":"SUMIF(Orçamento!$F$9:$F$1730,F628,Orçamento!$H$9:$H$1730)","v":4},16.579999999999998,0.14692012195121973,19.015935621951222,76.063742487804888,1.6037449092333721E-6,{"$f":"SUM($M$9:M628)","v":0.99994267817108806},{"$f":"_xlfn.XLOOKUP($F628,F629:F$717,K629:$K$717,,0)=K628","v":{"$error":"#N/A"}}]
[null,621,"COMPOSIÇÃO SINAPI",91937,"SINAPI","CAIXA OCTOGONAL 3\" X 3\", PVC, INSTALADA EM LAJE - FORNECIMENTO E INSTALAÇÃO. AF_12/2015","UN",{"$f":"SUMIF(Orçamento!$F$9:$F$1730,F629,Orçamento!$H$9:$H$1730)","v":4},15.6,0.20796173004820551,18.844202988752006,75.376811955008023,1.5892615126907083E-6,{"$f":"SUM($M$9:M629)","v":0.99994426743260079},{"$f":"_xlfn.XLOOKUP($F629,F630:F$717,K630:$K$717,,0)=K629","v":{"$error":"#N/A"}}]
[null,622,"COMPOSIÇÃO SINAPI",91967,"SINAPI","INTERRUPTOR SIMPLES (3 MÓDULOS), 10A/250V, INCLUINDO SUPORTE E PLACA - FORNECIMENTO E INSTALAÇÃO. AF_12/2015","UN",{"$f":"SUMIF(Orçamento!$F$9:$F$1730,F630,Orçamento!$H$9:$H$1730)","v":1},60.97,0.20796173004820551,73.649426681039088,73.649426681039088,1.552840936358213E-6,{"$f":"SUM($M$9:M630)","v":0.99994582027353718},{"$f":"_xlfn.XLOOKUP($F630,F631:F$717,K631:$K$717,,0)=K630","v":{"$error":"#N/A"}}]
[null,623,"INSUMO ORSE",2495,"ORSE","TALHA MANUAL 5,0 T, ELEV.= 5,0 M (\"KOCH\" OU EQUIVALENTE)","H",{"$f":"SUMIF(Orçamento!$F$9:$F$1730,F631,Orçamento!$H$9:$H$1730)","v":2},31.54,0.14692012195121973,36.173860646341467,72.347721292682934,1.5253954896628635E-6,{"$f":"SUM($M$9:M631)","v":0.99994734566902688},{"$f":"_xlfn.XLOOKUP($F631,F632:F$717,K632:$K$717,,0)=K631","v":{"$error":"#N/A"}}]
[null,624,"COMPOSIÇÃO ORSE",13183,"ORSE","FORNECIMENTO E INSTALAÇÃO DE COTOVELO INTERNO SISTEMA \"X\" 50 X 20 MM","UN",{"$f":"SUMIF(Orçamento!$F$9:$F$1730,F632,Orçamento!$H$9:$H$1730)","v":8},7.36,0.20796173004820551,8.8905983331547933,71.124786665238346,1.4996108632568737E-6,{"$f":"SUM($M$9:M632)","v":0.99994884527989014},{"$f":"_xlfn.XLOOKUP($F632,F633:F$717,K633:$K$717,,0)=K632","v":{"$error":"#N/A"}}]
[null,625,"COMPOSIÇÃO SINAPI",89481,"SINAPI","JOELHO 90 GRAUS, PVC, SOLDÁVEL, DN 25MM, INSTALADO EM PRUMADA DE ÁGUA - FORNECIMENTO E INSTALAÇÃO. AF_06/2022","UN",{"$f":"SUMIF(Orçamento!$F$9:$F$1730,F633,Orçamento!$H$9:$H$1730)","v":12},4.6900000000000004,0.20796173004820551,5.6653405139260844,67.98408616711302,1.4333916335614276E-6,{"$f":"SUM($M$9:M633)","v":0.99995027867152375},{"$f":"_xlfn.XLOOKUP($F633,F634:F$717,K634:$K$717,,0)=K633","v":{"$error":"#N/A"}}]
[null,626,"COMPOSIÇÃO ORSE",6012,"ORSE","ASSENTAMENTO DE REGISTRO DE GAVETA EM FERRO FUNDIDO COM BOLSAS, DIAM. =  200MM A 300MM","UN",{"$f":"SUMIF(Orçamento!$F$9:$F$1730,F634,Orçamento!$H$9:$H$1730)","v":4},13.76,0.20796173004820551,16.621553405463306,66.486213621853224,1.4018101547835991E-6,{"$f":"SUM($M$9:M634)","v":0.99995168048167848},{"$f":"_xlfn.XLOOKUP($F634,F635:F$717,K635:$K$717,,0)=K634","v":{"$error":"#N/A"}}]
[null,627,"INSUMO SINAPI",6019,"SINAPI","REGISTRO GAVETA BRUTO EM LATAO FORJADO, BITOLA 1 \" (REF 1509)","UN",{"$f":"SUMIF(Orçamento!$F$9:$F$1730,F635,Orçamento!$H$9:$H$1730)","v":1},57.58,0.14692012195121973,66.039660621951228,66.039660621951228,1.3923949317499633E-6,{"$f":"SUM($M$9:M635)","v":0.99995307287661028},{"$f":"_xlfn.XLOOKUP($F635,F636:F$717,K636:$K$717,,0)=K635","v":{"$error":"#N/A"}}]
[null,628,"INSUMO SINAPI",1539,"SINAPI","CONECTOR METALICO TIPO PARAFUSO FENDIDO (SPLIT BOLT), PARA CABOS ATE 16 MM2","UN",{"$f":"SUMIF(Orçamento!$F$9:$F$1730,F636,Orçamento!$H$9:$H$1730)","v":6},8.9600000000000009,0.14692012195121973,10.27640429268293,61.658425756097579,1.3000199987995491E-6,{"$f":"SUM($M$9:M636)","v":0.99995437289660905},{"$f":"_xlfn.XLOOKUP($F636,F637:F$717,K637:$K$717,,0)=K636","v":{"$error":"#N/A"}}]
[null,629,"INSUMO SINAPI",40433,"SINAPI","ESPACADOR/SEPARADOR DE CORDOALHA TIPO DISCO 12 FUROS DE 14 MM, PARA TIRANTES","UN",{"$f":"SUMIF(Orçamento!$F$9:$F$1730,F637,Orçamento!$H$9:$H$1730)","v":35},1.53,0.14692012195121973,1.7547877865853663,61.417572530487817,1.2949417956792382E-6,{"$f":"SUM($M$9:M637)","v":0.99995566783840473},{"$f":"_xlfn.XLOOKUP($F637,F638:F$717,K638:$K$717,,0)=K637","v":{"$error":"#N/A"}}]
[null,630,"COMPOSIÇÃO SINAPI",86883,"SINAPI","SIFÃO DO TIPO FLEXÍVEL EM PVC 1  X 1.1/4 - 2  - FORNECIMENTO E INSTALAÇÃO. AF_01/2020","UN",{"$f":"SUMIF(Orçamento!$F$9:$F$1730,F638,Orçamento!$H$9:$H$1730)","v":4},12.5,0.20796173004820551,15.099521625602568,60.398086502410273,1.2734467249124265E-6,{"$f":"SUM($M$9:M638)","v":0.99995694128512969},{"$f":"_xlfn.XLOOKUP($F638,F639:F$717,K639:$K$717,,0)=K638","v":{"$error":"#N/A"}}]
[null,631,"COMPOSIÇÃO SINAPI",89376,"SINAPI","ADAPTADOR CURTO COM BOLSA E ROSCA PARA REGISTRO, PVC, SOLDÁVEL, DN 20MM X 1/2\", INSTALADO EM RAMAL OU SUB-RAMAL DE ÁGUA - FORNECIMENTO E INSTALAÇÃO. AF_12/2014","UN",{"$f":"SUMIF(Orçamento!$F$9:$F$1730,F639,Orçamento!$H$9:$H$1730)","v":10},4.9400000000000004,0.20796173004820551,5.9673309464381354,59.673309464381354,1.2581653642134775E-6,{"$f":"SUM($M$9:M639)","v":0.99995819945049391},{"$f":"_xlfn.XLOOKUP($F639,F640:F$717,K640:$K$717,,0)=K639","v":{"$error":"#N/A"}}]
[null,632,"COMPOSIÇÃO ORSE",9988,"ORSE","TERMINAL 38 X 38 MM PARA ELETROCALHA METALICA","UN",{"$f":"SUMIF(Orçamento!$F$9:$F$1730,F640,Orçamento!$H$9:$H$1730)","v":9},5.46,0.20796173004820551,6.595471046063202,59.359239414568819,1.2515434412439329E-6,{"$f":"SUM($M$9:M640)","v":0.99995945099393513},{"$f":"_xlfn.XLOOKUP($F640,F641:F$717,K641:$K$717,,0)=K640","v":{"$error":"#N/A"}}]
[null,633,"COMPOSIÇÃO ORSE",11141,"ORSE","DISJUNTOR TERMOMAGNETICO MONOPOLAR 70 A, PADRÃO DIN (EUROPEU - LINHA BRANCA), CURVA C, CORRENTE 5KA","UN",{"$f":"SUMIF(Orçamento!$F$9:$F$1730,F641,Orçamento!$H$9:$H$1730)","v":1},48.63,0.20796173004820551,58.743178932244234,58.743178932244234,1.2385542846498262E-6,{"$f":"SUM($M$9:M641)","v":0.99996068954821982},{"$f":"_xlfn.XLOOKUP($F641,F642:F$717,K642:$K$717,,0)=K641","v":{"$error":"#N/A"}}]
[null,634,"INSUMO SINAPI",20147,"SINAPI","JOELHO PVC, SOLDAVEL, COM BUCHA DE LATAO, 90 GRAUS, 25 MM X 1/2\", PARA AGUA FRIA PREDIAL","UN",{"$f":"SUMIF(Orçamento!$F$9:$F$1730,F642,Orçamento!$H$9:$H$1730)","v":10},4.9400000000000004,0.14692012195121973,5.6657854024390257,56.657854024390261,1.1945868292540501E-6,{"$f":"SUM($M$9:M642)","v":0.99996188413504905},{"$f":"_xlfn.XLOOKUP($F642,F643:F$717,K643:$K$717,,0)=K642","v":{"$error":"#N/A"}}]
[null,635,"COMPOSIÇÃO SINAPI",93658,"SINAPI","DISJUNTOR MONOPOLAR TIPO DIN, CORRENTE NOMINAL DE 40A - FORNECIMENTO E INSTALAÇÃO. AF_10/2020","UN",{"$f":"SUMIF(Orçamento!$F$9:$F$1730,F643,Orçamento!$H$9:$H$1730)","v":2},23.23,0.20796173004820551,28.060950989019815,56.121901978039631,1.1832866967886268E-6,{"$f":"SUM($M$9:M643)","v":0.99996306742174579},{"$f":"_xlfn.XLOOKUP($F643,F644:F$717,K644:$K$717,,0)=K643","v":{"$error":"#N/A"}}]
[null,636,"INSUMO SINAPI",38193,"SINAPI","LÂMPADAS LED CLASSIC A 7W","UN",{"$f":"SUMIF(Orçamento!$F$9:$F$1730,F644,Orçamento!$H$9:$H$1730)","v":8},6.08,0.14692012195121973,6.9732743414634157,55.786194731707326,1.1762085703424491E-6,{"$f":"SUM($M$9:M644)","v":0.99996424363031611},{"$f":"_xlfn.XLOOKUP($F644,F645:F$717,K645:$K$717,,0)=K644","v":{"$error":"#N/A"}}]
[null,637,"INSUMO SINAPI",38092,"SINAPI","ESPELHO / PLACA DE 1 POSTO 4\" X 2\", PARA INSTALACAO DE TOMADAS E INTERRUPTORES","UN",{"$f":"SUMIF(Orçamento!$F$9:$F$1730,F645,Orçamento!$H$9:$H$1730)","v":19},2.5499999999999998,0.14692012195121973,2.9246463109756102,55.568279908536596,1.1716140056145489E-6,{"$f":"SUM($M$9:M645)","v":0.9999654152443217},{"$f":"_xlfn.XLOOKUP($F645,F646:F$717,K646:$K$717,,0)=K645","v":{"$error":"#N/A"}}]
[null,638,"INSUMO SINAPI",6141,"SINAPI","ENGATE/RABICHO FLEXIVEL PLASTICO (PVC OU ABS) BRANCO 1/2 \" X 30 CM","UN",{"$f":"SUMIF(Orçamento!$F$9:$F$1730,F646,Orçamento!$H$9:$H$1730)","v":8},5.99,0.14692012195121973,6.8700515304878067,54.960412243902454,1.1587975882156696E-6,{"$f":"SUM($M$9:M646)","v":0.99996657404190992},{"$f":"_xlfn.XLOOKUP($F646,F647:F$717,K647:$K$717,,0)=K646","v":{"$error":"#N/A"}}]
[null,639,"INSUMO SINAPI",4356,"SINAPI","PARAFUSO DE ACO ZINCADO COM ROSCA SOBERBA, CABECA CHATA E FENDA SIMPLES, DIAMETRO 4,8 MM, COMPRIMENTO 45 MM","UN",{"$f":"SUMIF(Orçamento!$F$9:$F$1730,F647,Orçamento!$H$9:$H$1730)","v":188},0.25,0.14692012195121973,0.28673003048780493,53.905245731707325,1.1365502221647842E-6,{"$f":"SUM($M$9:M647)","v":0.99996771059213208},{"$f":"_xlfn.XLOOKUP($F647,F648:F$717,K648:$K$717,,0)=K647","v":{"$error":"#N/A"}}]
[null,640,"INSUMO SINAPI",2556,"SINAPI","CAIXA DE LUZ \"4 X 2\" EM ACO ESMALTADA","UN",{"$f":"SUMIF(Orçamento!$F$9:$F$1730,F648,Orçamento!$H$9:$H$1730)","v":28},1.67,0.14692012195121973,1.9153566036585368,53.629984902439027,1.1307465614558575E-6,{"$f":"SUM($M$9:M648)","v":0.99996884133869357},{"$f":"_xlfn.XLOOKUP($F648,F649:F$717,K649:$K$717,,0)=K648","v":{"$error":"#N/A"}}]
[null,641,"INSUMO SINAPI",6153,"SINAPI","VALVULA EM PLASTICO BRANCO PARA TANQUE OU LAVATORIO 1 \", SEM UNHO E SEM LADRAO","UN",{"$f":"SUMIF(Orçamento!$F$9:$F$1730,F649,Orçamento!$H$9:$H$1730)","v":8},5.82,0.14692012195121973,{"$f":"I649*(1+J649)","v":6.675075109756099},{"$f":"K649*H649","v":53.400600878048792},{"$f":"L649/$L$717","v":1.1259101775317523E-6},{"$f":"SUM($M$9:M649)","v":0.99996996724887111},{"$f":"_xlfn.XLOOKUP($F649,F650:F$717,K650:$K$717,,0)=K649","v":{"$error":"#N/A"}}]
[null,642,"COMPOSIÇÃO SINAPI",92694,"SINAPI","NIPLE, EM FERRO GALVANIZADO, CONEXÃO ROSQUEADA, DN 20 (3/4\"), INSTALADO EM RAMAIS E SUB-RAMAIS DE GÁS - FORNECIMENTO E INSTALAÇÃO. AF_10/2020","UN",{"$f":"SUMIF(Orçamento!$F$9:$F$1730,F650,Orçamento!$H$9:$H$1730)","v":2},21.87,0.20796173004820551,26.418123036154256,52.836246072308512,1.1140111949533908E-6,{"$f":"SUM($M$9:M650)","v":0.99997108126006606},{"$f":"_xlfn.XLOOKUP($F650,F651:F$717,K651:$K$717,,0)=K650","v":{"$error":"#N/A"}}]
[null,643,"INSUMO SINAPI",1933,"SINAPI","CURVA PVC CURTA 90 GRAUS, DN 40 MM, PARA ESGOTO PREDIAL","UN",{"$f":"SUMIF(Orçamento!$F$9:$F$1730,F651,Orçamento!$H$9:$H$1730)","v":10},4.4400000000000004,0.14692012195121973,5.0923253414634164,50.923253414634161,1.0736772311514134E-6,{"$f":"SUM($M$9:M651)","v":0.99997215493729719},{"$f":"_xlfn.XLOOKUP($F651,F652:F$717,K652:$K$717,,0)=K651","v":{"$error":"#N/A"}}]
[null,644,"COMPOSIÇÃO SINAPI",94706,"SINAPI","ADAPTADOR COM FLANGE E ANEL DE VEDAÇÃO, PVC, SOLDÁVEL, DN 50 MM X 1 1/2 , INSTALADO EM RESERVAÇÃO DE ÁGUA DE EDIFICAÇÃO QUE POSSUA RESERVATÓRIO DE FIBRA/FIBROCIMENTO   FORNECIMENTO E INSTALAÇÃO. AF_06/2016","UN",{"$f":"SUMIF(Orçamento!$F$9:$F$1730,F652,Orçamento!$H$9:$H$1730)","v":1},39.22,0.20796173004820551,47.376259052490617,47.376259052490617,9.9889161102130737E-7,{"$f":"SUM($M$9:M652)","v":0.99997315382890817},{"$f":"_xlfn.XLOOKUP($F652,F653:F$717,K653:$K$717,,0)=K652","v":{"$error":"#N/A"}}]
[null,645,"INSUMO SINAPI",7139,"SINAPI","TE SOLDAVEL, PVC, 90 GRAUS, 25 MM, PARA AGUA FRIA PREDIAL (NBR 5648)","UN",{"$f":"SUMIF(Orçamento!$F$9:$F$1730,F653,Orçamento!$H$9:$H$1730)","v":37},1.1100000000000001,0.14692012195121973,1.2730813353658541,47.104009408536605,9.9315143881505756E-7,{"$f":"SUM($M$9:M653)","v":0.99997414698034703},{"$f":"_xlfn.XLOOKUP($F653,F654:F$717,K654:$K$717,,0)=K653","v":{"$error":"#N/A"}}]
[null,646,"INSUMO SINAPI",21128,"SINAPI","ELETRODUTO EM ACO GALVANIZADO ELETROLITICO, LEVE, DIAMETRO 3/4\", PAREDE DE 0,90 MM","M",{"$f":"SUMIF(Orçamento!$F$9:$F$1730,F654,Orçamento!$H$9:$H$1730)","v":4},9.67,0.14692012195121973,11.090717579268295,44.362870317073181,9.3535665092199701E-7,{"$f":"SUM($M$9:M654)","v":0.99997508233699794},{"$f":"_xlfn.XLOOKUP($F654,F655:F$717,K655:$K$717,,0)=K654","v":{"$error":"#N/A"}}]
[null,647,"COMPOSIÇÃO SINAPI",92688,"SINAPI","TUBO DE AÇO GALVANIZADO COM COSTURA, CLASSE MÉDIA, CONEXÃO ROSQUEADA, DN 20 (3/4\"), INSTALADO EM RAMAIS E SUB-RAMAIS DE GÁS - FORNECIMENTO E INSTALAÇÃO. AF_10/2020","M",{"$f":"SUMIF(Orçamento!$F$9:$F$1730,F655,Orçamento!$H$9:$H$1730)","v":0.97},37.799999999999997,0.20796173004820551,45.660953395822162,44.291124793947496,9.3384395231278051E-7,{"$f":"SUM($M$9:M655)","v":0.99997601618095022},{"$f":"_xlfn.XLOOKUP($F655,F656:F$717,K656:$K$717,,0)=K655","v":{"$error":"#N/A"}}]
[null,648,"INSUMO ORSE",13435,"ORSE","BLOCO DE CONCRETO, ESTRUTURAL DIM. 14 X 19 X 39 CM, FCK 10 MPA","UN",{"$f":"SUMIF(Orçamento!$F$9:$F$1730,F656,Orçamento!$H$9:$H$1730)","v":10},3.74,0.14692012195121973,4.2894812560975621,42.894812560975623,9.0440379380772212E-7,{"$f":"SUM($M$9:M656)","v":0.99997692058474408},{"$f":"_xlfn.XLOOKUP($F656,F657:F$717,K657:$K$717,,0)=K656","v":{"$error":"#N/A"}}]
[null,649,"INSUMO SINAPI",39272,"SINAPI","CURVA 90 GRAUS, CURTA, DE PVC RIGIDO ROSCAVEL, DE 3/4\", PARA ELETRODUTO","UN",{"$f":"SUMIF(Orçamento!$F$9:$F$1730,F657,Orçamento!$H$9:$H$1730)","v":12},3.08,0.14692012195121973,3.5325139756097568,42.390167707317083,8.9376374917468998E-7,{"$f":"SUM($M$9:M657)","v":0.9999778143484932},{"$f":"_xlfn.XLOOKUP($F657,F658:F$717,K658:$K$717,,0)=K657","v":{"$error":"#N/A"}}]
[null,650,"INSUMO SINAPI",39600,"SINAPI","CONECTOR / TOMADA FEMEA RJ 45, CATEGORIA 5 E (CAT 5E) PARA CABOS","UN",{"$f":"SUMIF(Orçamento!$F$9:$F$1730,F658,Orçamento!$H$9:$H$1730)","v":3},11.8,0.14692012195121973,13.533657439024394,40.600972317073179,8.5603995456666729E-7,{"$f":"SUM($M$9:M658)","v":0.99997867038844779},{"$f":"_xlfn.XLOOKUP($F658,F659:F$717,K659:$K$717,,0)=K658","v":{"$error":"#N/A"}}]
[null,651,"INSUMO SINAPI",6140,"SINAPI","BOLSA DE LIGACAO EM PVC FLEXIVEL PARA VASO SANITARIO 1.1/2 \" (40 MM)","UN",{"$f":"SUMIF(Orçamento!$F$9:$F$1730,F659,Orçamento!$H$9:$H$1730)","v":9},3.91,0.14692012195121973,4.484457676829269,40.360119091463417,8.5096175144635644E-7,{"$f":"SUM($M$9:M659)","v":0.99997952135019919},{"$f":"_xlfn.XLOOKUP($F659,F660:F$717,K660:$K$717,,0)=K659","v":{"$error":"#N/A"}}]
[null,652,"COMPOSIÇÃO SINAPI",91844,"SINAPI","ELETRODUTO FLEXÍVEL CORRUGADO, PVC, DN 25 MM (3/4\"), PARA CIRCUITOS TERMINAIS, INSTALADO EM LAJE - FORNECIMENTO E INSTALAÇÃO. AF_03/2023","M",{"$f":"SUMIF(Orçamento!$F$9:$F$1730,F660,Orçamento!$H$9:$H$1730)","v":5},6.49,0.20796173004820551,7.8396716280128542,39.198358140064272,8.2646692446816488E-7,{"$f":"SUM($M$9:M660)","v":0.99998034781712364},{"$f":"_xlfn.XLOOKUP($F660,F661:F$717,K661:$K$717,,0)=K660","v":{"$error":"#N/A"}}]
[null,653,"INSUMO SINAPI",3658,"SINAPI","JUNCAO SIMPLES, PVC, 45 GRAUS, DN 75 X 75 MM, SERIE NORMAL PARA ESGOTO PREDIAL","UN",{"$f":"SUMIF(Orçamento!$F$9:$F$1730,F661,Orçamento!$H$9:$H$1730)","v":2},16.5,0.14692012195121973,18.924182012195125,37.84836402439025,7.9800334747740174E-7,{"$f":"SUM($M$9:M661)","v":0.99998114582047115},{"$f":"_xlfn.XLOOKUP($F661,F662:F$717,K662:$K$717,,0)=K661","v":{"$error":"#N/A"}}]
[null,654,"INSUMO SINAPI",11059,"SINAPI","PARAFUSO ROSCA SOBERBA ZINCADO CABECA CHATA FENDA SIMPLES 5,5 X 50 MM (2 \")","UN",{"$f":"SUMIF(Orçamento!$F$9:$F$1730,F662,Orçamento!$H$9:$H$1730)","v":83},0.39,0.14692012195121973,0.44729884756097571,37.125804347560987,7.8276873811646961E-7,{"$f":"SUM($M$9:M662)","v":0.99998192858920931},{"$f":"_xlfn.XLOOKUP($F662,F663:F$717,K663:$K$717,,0)=K662","v":{"$error":"#N/A"}}]
[null,655,"COMPOSIÇÃO ORSE",13190,"ORSE","FORNECIMENTO DE KIT PARAFUSO PHILIPS, BUCHA, ARRUELA S6","UN",{"$f":"SUMIF(Orçamento!$F$9:$F$1730,F663,Orçamento!$H$9:$H$1730)","v":250},0.12,0.20796173004820551,0.14495540760578465,36.238851901446161,7.640680349474559E-7,{"$f":"SUM($M$9:M663)","v":0.99998269265724427},{"$f":"_xlfn.XLOOKUP($F663,F664:F$717,K664:$K$717,,0)=K663","v":{"$error":"#N/A"}}]
[null,656,"INSUMO SINAPI",3522,"SINAPI","JOELHO PVC,  SOLDAVEL COM ROSCA, 90 GRAUS, 25 MM X 3/4\", PARA AGUA FRIA PREDIAL","UN",{"$f":"SUMIF(Orçamento!$F$9:$F$1730,F664,Orçamento!$H$9:$H$1730)","v":14},2.2400000000000002,0.14692012195121973,2.5691010731707324,35.967415024390256,7.5834499929973709E-7,{"$f":"SUM($M$9:M664)","v":0.99998345100224362},{"$f":"_xlfn.XLOOKUP($F664,F665:F$717,K665:$K$717,,0)=K664","v":{"$error":"#N/A"}}]
[null,657,"COMPOSIÇÃO SINAPI",91862,"SINAPI","ELETRODUTO RÍGIDO ROSCÁVEL, PVC, DN 20 MM (1/2\"), PARA CIRCUITOS TERMINAIS, INSTALADO EM FORRO - FORNECIMENTO E INSTALAÇÃO. AF_12/2015","M",{"$f":"SUMIF(Orçamento!$F$9:$F$1730,F665,Orçamento!$H$9:$H$1730)","v":3},9.6999999999999993,0.20796173004820551,11.717228781467593,35.151686344402776,7.4114599389903215E-7,{"$f":"SUM($M$9:M665)","v":0.99998419214823753},{"$f":"_xlfn.XLOOKUP($F665,F666:F$717,K666:$K$717,,0)=K665","v":{"$error":"#N/A"}}]
[null,658,"INSUMO SINAPI",3524,"SINAPI","JOELHO PVC, SOLDAVEL, COM BUCHA DE LATAO, 90 GRAUS, 25 MM X 3/4\", PARA AGUA FRIA PREDIAL","UN",{"$f":"SUMIF(Orçamento!$F$9:$F$1730,F666,Orçamento!$H$9:$H$1730)","v":4},7.43,0.14692012195121973,8.5216165060975619,34.086466024390248,7.1868665112207202E-7,{"$f":"SUM($M$9:M666)","v":0.99998491083488861},{"$f":"_xlfn.XLOOKUP($F666,F667:F$717,K667:$K$717,,0)=K666","v":{"$error":"#N/A"}}]
[null,659,"INSUMO SINAPI",44945,"SINAPI","SIFAO / TUBO SINFONADO EXTENSIVEL/SANFONADO, UNIVERSAL/ SIMPLES, ENTRE *50 A 70* CM, DE PLASTICO BRANCO","UN",{"$f":"SUMIF(Orçamento!$F$9:$F$1730,F667,Orçamento!$H$9:$H$1730)","v":3},9.9,0.14692012195121973,11.354509207317076,34.063527621951224,7.1820301272966148E-7,{"$f":"SUM($M$9:M667)","v":0.99998562903790134},{"$f":"_xlfn.XLOOKUP($F667,F668:F$717,K668:$K$717,,0)=K667","v":{"$error":"#N/A"}}]
[null,660,"INSUMO SINAPI",39125,"SINAPI","ABRACADEIRA EM ACO PARA AMARRACAO DE ELETRODUTOS, TIPO D, COM 3/8\" E PARAFUSO DE FIXACAO","UN",{"$f":"SUMIF(Orçamento!$F$9:$F$1730,F668,Orçamento!$H$9:$H$1730)","v":10},2.96,0.14692012195121973,3.3948835609756105,33.948835609756102,7.1578482076760877E-7,{"$f":"SUM($M$9:M668)","v":0.99998634482272208},{"$f":"_xlfn.XLOOKUP($F668,F669:F$717,K669:$K$717,,0)=K668","v":{"$error":"#N/A"}}]
[null,661,"INSUMO SINAPI",3875,"SINAPI","LUVA SIMPLES, PVC, SOLDAVEL, DN 50 MM, SERIE NORMAL, PARA ESGOTO PREDIAL","UN",{"$f":"SUMIF(Orçamento!$F$9:$F$1730,F669,Orçamento!$H$9:$H$1730)","v":10},2.92,0.14692012195121973,3.3490067560975616,33.490067560975618,7.0611205291939793E-7,{"$f":"SUM($M$9:M669)","v":0.99998705093477502},{"$f":"_xlfn.XLOOKUP($F669,F670:F$717,K670:$K$717,,0)=K669","v":{"$error":"#N/A"}}]
[null,662,"INSUMO SINAPI",394,"SINAPI","ABRACADEIRA EM ACO PARA AMARRACAO DE ELETRODUTOS, TIPO D, COM 1 1/2\" E PARAFUSO DE FIXACAO","UN",{"$f":"SUMIF(Orçamento!$F$9:$F$1730,F670,Orçamento!$H$9:$H$1730)","v":5},5.72,0.14692012195121973,6.5603830975609769,32.801915487804884,6.9160290114708146E-7,{"$f":"SUM($M$9:M670)","v":0.99998774253767619},{"$f":"_xlfn.XLOOKUP($F670,F671:F$717,K671:$K$717,,0)=K670","v":{"$error":"#N/A"}}]
[null,663,"INSUMO SINAPI",39131,"SINAPI","ABRACADEIRA EM ACO PARA AMARRACAO DE ELETRODUTOS, TIPO D, COM 1 1/2\" E CUNHA DE FIXACAO","UN",{"$f":"SUMIF(Orçamento!$F$9:$F$1730,F671,Orçamento!$H$9:$H$1730)","v":5},5.65,0.14692012195121973,6.4800986890243921,32.40049344512196,6.8313922927989703E-7,{"$f":"SUM($M$9:M671)","v":0.99998842567690549},{"$f":"_xlfn.XLOOKUP($F671,F672:F$717,K672:$K$717,,0)=K671","v":{"$error":"#N/A"}}]
[null,664,"INSUMO SINAPI",1891,"SINAPI","LUVA EM PVC RIGIDO ROSCAVEL, DE 3/4\", PARA ELETRODUTO","UN",{"$f":"SUMIF(Orçamento!$F$9:$F$1730,F672,Orçamento!$H$9:$H$1730)","v":19},1.43,0.14692012195121973,1.6400957743902442,31.161819713414641,6.5702275608972745E-7,{"$f":"SUM($M$9:M672)","v":0.99998908269966158},{"$f":"_xlfn.XLOOKUP($F672,F673:F$717,K673:$K$717,,0)=K672","v":{"$error":"#N/A"}}]
[null,665,"INSUMO SINAPI",4179,"SINAPI","NIPLE DE FERRO GALVANIZADO, COM ROSCA BSP, DE 1\"","UN",{"$f":"SUMIF(Orçamento!$F$9:$F$1730,F673,Orçamento!$H$9:$H$1730)","v":2},12.9,0.14692012195121973,14.795269573170735,29.59053914634147,6.2389352620960507E-7,{"$f":"SUM($M$9:M673)","v":0.99998970659318775},{"$f":"_xlfn.XLOOKUP($F673,F674:F$717,K674:$K$717,,0)=K673","v":{"$error":"#N/A"}}]
[null,666,"INSUMO ORSE",124,"ORSE","ADAPTADOR PVC RIGIDO SOLDAVEL C/ FLANGES LIVRES P/ CAIXA AGUA D=  50MM X 1 1/2\"","UN",{"$f":"SUMIF(Orçamento!$F$9:$F$1730,F674,Orçamento!$H$9:$H$1730)","v":1},24.75,0.14692012195121973,28.386273018292687,28.386273018292687,5.9850251060805125E-7,{"$f":"SUM($M$9:M674)","v":0.99999030509569842},{"$f":"_xlfn.XLOOKUP($F674,F675:F$717,K675:$K$717,,0)=K674","v":{"$error":"#N/A"}}]
[null,667,"INSUMO SINAPI",11821,"SINAPI","CONECTOR METALICO TIPO PARAFUSO FENDIDO (SPLIT BOLT), COM SEPARADOR DE CABOS BIMETALICOS, PARA CABOS ATE 25 MM2","UN",{"$f":"SUMIF(Orçamento!$F$9:$F$1730,F675,Orçamento!$H$9:$H$1730)","v":2},11.64,0.14692012195121973,13.350150219512198,26.700300439024396,5.6295508876587616E-7,{"$f":"SUM($M$9:M675)","v":0.99999086805078718},{"$f":"_xlfn.XLOOKUP($F675,F676:F$717,K676:$K$717,,0)=K675","v":{"$error":"#N/A"}}]
[null,668,"INSUMO SINAPI",767,"SINAPI","BUCHA DE REDUCAO DE FERRO GALVANIZADO, COM ROSCA BSP, DE 1 1/2\" X 3/4\"","UN",{"$f":"SUMIF(Orçamento!$F$9:$F$1730,F676,Orçamento!$H$9:$H$1730)","v":1},23.11,0.14692012195121973,26.505324018292686,26.505324018292686,5.588441624303865E-7,{"$f":"SUM($M$9:M676)","v":0.99999142689494958},{"$f":"_xlfn.XLOOKUP($F676,F677:F$717,K677:$K$717,,0)=K676","v":{"$error":"#N/A"}}]
[null,669,"INSUMO SINAPI",39443,"SINAPI","PARAFUSO DRY WALL, EM ACO ZINCADO, CABECA LENTILHA E PONTA BROCA (LB), LARGURA 4,2 MM, COMPRIMENTO 13 MM","UN",{"$f":"SUMIF(Orçamento!$F$9:$F$1730,F677,Orçamento!$H$9:$H$1730)","v":96},0.23,0.14692012195121973,0.26379162804878054,25.323996292682931,5.3393678522124332E-7,{"$f":"SUM($M$9:M677)","v":0.99999196083173481},{"$f":"_xlfn.XLOOKUP($F677,F678:F$717,K678:$K$717,,0)=K677","v":{"$error":"#N/A"}}]
[null,670,"COMPOSIÇÃO SINAPI",91943,"SINAPI","CAIXA RETANGULAR 4\" X 4\" MÉDIA (1,30 M DO PISO), PVC, INSTALADA EM PAREDE - FORNECIMENTO E INSTALAÇÃO. AF_12/2015","UN",{"$f":"SUMIF(Orçamento!$F$9:$F$1730,F678,Orçamento!$H$9:$H$1730)","v":1},20.92,0.20796173004820551,25.270559392608462,25.270559392608462,5.3281010970335937E-7,{"$f":"SUM($M$9:M678)","v":0.9999924936418445},{"$f":"_xlfn.XLOOKUP($F678,F679:F$717,K679:$K$717,,0)=K678","v":{"$error":"#N/A"}}]
[null,671,"INSUMO SINAPI",3526,"SINAPI","JOELHO PVC, SOLDAVEL, PB, 90 GRAUS, DN 50 MM, PARA ESGOTO PREDIAL","UN",{"$f":"SUMIF(Orçamento!$F$9:$F$1730,F679,Orçamento!$H$9:$H$1730)","v":8},2.7,0.14692012195121973,3.0966843292682933,24.773474634146346,5.2232946380339021E-7,{"$f":"SUM($M$9:M679)","v":0.9999930159713083},{"$f":"_xlfn.XLOOKUP($F679,F680:F$717,K680:$K$717,,0)=K679","v":{"$error":"#N/A"}}]
[null,672,"INSUMO SINAPI",3463,"SINAPI","COTOVELO DE REDUCAO 90 GRAUS DE FERRO GALVANIZADO, COM ROSCA BSP, DE 1\" X 1/2\"","UN",{"$f":"SUMIF(Orçamento!$F$9:$F$1730,F680,Orçamento!$H$9:$H$1730)","v":1},19.73,0.14692012195121973,22.628734006097567,22.628734006097567,4.7710927411300418E-7,{"$f":"SUM($M$9:M680)","v":0.99999349308058239},{"$f":"_xlfn.XLOOKUP($F680,F681:F$717,K681:$K$717,,0)=K680","v":{"$error":"#N/A"}}]
[null,673,"INSUMO SINAPI",1402,"SINAPI","COLAR TOMADA PVC, COM TRAVAS, SAIDA COM ROSCA, DE 32 MM X 1/2\" OU 32 MM X 3/4\", PARA LIGACAO PREDIAL DE AGUA","UN",{"$f":"SUMIF(Orçamento!$F$9:$F$1730,F681,Orçamento!$H$9:$H$1730)","v":3},5.99,0.14692012195121973,6.8700515304878067,20.61015459146342,4.3454909558087607E-7,{"$f":"SUM($M$9:M681)","v":0.99999392762967798},{"$f":"_xlfn.XLOOKUP($F681,F682:F$717,K682:$K$717,,0)=K681","v":{"$error":"#N/A"}}]
[null,674,"INSUMO SINAPI",6036,"SINAPI","REGISTRO DE ESFERA PVC, COM BORBOLETA, COM ROSCA EXTERNA, DE 1/2\"","UN",{"$f":"SUMIF(Orçamento!$F$9:$F$1730,F682,Orçamento!$H$9:$H$1730)","v":1},17.02,0.14692012195121973,19.520580475609759,19.520580475609759,4.1157627194137506E-7,{"$f":"SUM($M$9:M682)","v":0.99999433920594993},{"$f":"_xlfn.XLOOKUP($F682,F683:F$717,K683:$K$717,,0)=K682","v":{"$error":"#N/A"}}]
[null,675,"INSUMO SINAPI",3496,"SINAPI","JOELHO DE REDUCAO, PVC, ROSCAVEL, 90 GRAUS, 3/4\" X 1/2\", COR BRANCA, PARA AGUA FRIA PREDIAL","UN",{"$f":"SUMIF(Orçamento!$F$9:$F$1730,F683,Orçamento!$H$9:$H$1730)","v":5},3.1,0.14692012195121973,3.5554523780487814,17.777261890243906,3.7481975411817356E-7,{"$f":"SUM($M$9:M683)","v":0.99999471402570406},{"$f":"_xlfn.XLOOKUP($F683,F684:F$717,K684:$K$717,,0)=K683","v":{"$error":"#N/A"}}]
[null,676,"INSUMO ORSE",4419,"ORSE","ARRUELA LISA DE 5/16\"","UN",{"$f":"SUMIF(Orçamento!$F$9:$F$1730,F684,Orçamento!$H$9:$H$1730)","v":145},0.1,0.14692012195121973,0.11469201219512198,16.630341768292688,3.5063783449764626E-7,{"$f":"SUM($M$9:M684)","v":0.9999950646635386},{"$f":"_xlfn.XLOOKUP($F684,F685:F$717,K685:$K$717,,0)=K684","v":{"$error":"#N/A"}}]
[null,677,"INSUMO SINAPI",39139,"SINAPI","ABRACADEIRA EM ACO PARA AMARRACAO DE ELETRODUTOS, TIPO U SIMPLES, COM 1\"","UN",{"$f":"SUMIF(Orçamento!$F$9:$F$1730,F685,Orçamento!$H$9:$H$1730)","v":8},1.73,0.14692012195121973,1.9841718109756101,15.873374487804881,3.3467776754809816E-7,{"$f":"SUM($M$9:M685)","v":0.9999953993413061},{"$f":"_xlfn.XLOOKUP($F685,F686:F$717,K686:$K$717,,0)=K685","v":{"$error":"#N/A"}}]
[null,678,"INSUMO SINAPI",12033,"SINAPI","CURVA 180 GRAUS, DE PVC RIGIDO ROSCAVEL, DE 1 1/2\", PARA ELETRODUTO","UN",{"$f":"SUMIF(Orçamento!$F$9:$F$1730,F686,Orçamento!$H$9:$H$1730)","v":1},12.47,0.14692012195121973,14.302093920731711,14.302093920731711,3.0154853766797578E-7,{"$f":"SUM($M$9:M686)","v":0.9999957008898438},{"$f":"_xlfn.XLOOKUP($F686,F687:F$717,K687:$K$717,,0)=K686","v":{"$error":"#N/A"}}]
[null,679,"COMPOSIÇÃO ORSE",5915,"ORSE","ASSENTAMENTO DE ADAPTADOR DE FLANGE DE GRANDE TOLERÂNCIA \"ULTRA QUICK\", EM FERRO FUNDIDO, DN  150MM - TIPO E E TIPO F","UN",{"$f":"SUMIF(Orçamento!$F$9:$F$1730,F687,Orçamento!$H$9:$H$1730)","v":1},11.69,0.20796173004820551,14.121072624263522,14.121072624263522,2.9773184428452533E-7,{"$f":"SUM($M$9:M687)","v":0.99999599862168809},{"$f":"_xlfn.XLOOKUP($F687,F688:F$717,K688:$K$717,,0)=K687","v":{"$error":"#N/A"}}]
[null,680,"INSUMO SINAPI",1574,"SINAPI","TERMINAL A COMPRESSAO EM COBRE ESTANHADO PARA CABO 10 MM2, 1 FURO E 1 COMPRESSAO, PARA PARAFUSO DE FIXACAO M6","UN",{"$f":"SUMIF(Orçamento!$F$9:$F$1730,F688,Orçamento!$H$9:$H$1730)","v":6},1.95,0.14692012195121973,2.2364942378048784,13.418965426829271,2.829284595601697E-7,{"$f":"SUM($M$9:M688)","v":0.99999628155014764},{"$f":"_xlfn.XLOOKUP($F688,F689:F$717,K689:$K$717,,0)=K688","v":{"$error":"#N/A"}}]
[null,681,"INSUMO SINAPI",764,"SINAPI","BUCHA DE REDUCAO DE FERRO GALVANIZADO, COM ROSCA BSP, DE 1\" X 1/2\"","UN",{"$f":"SUMIF(Orçamento!$F$9:$F$1730,F689,Orçamento!$H$9:$H$1730)","v":1},11.17,0.14692012195121973,12.811097762195125,12.811097762195125,2.7011204216129024E-7,{"$f":"SUM($M$9:M689)","v":0.99999655166218981},{"$f":"_xlfn.XLOOKUP($F689,F690:F$717,K690:$K$717,,0)=K689","v":{"$error":"#N/A"}}]
[null,682,"INSUMO SINAPI",765,"SINAPI","BUCHA DE REDUCAO DE FERRO GALVANIZADO, COM ROSCA BSP, DE 1\" X 3/4\"","UN",{"$f":"SUMIF(Orçamento!$F$9:$F$1730,F690,Orçamento!$H$9:$H$1730)","v":1},11.17,0.14692012195121973,12.811097762195125,12.811097762195125,2.7011204216129024E-7,{"$f":"SUM($M$9:M690)","v":0.99999682177423199},{"$f":"_xlfn.XLOOKUP($F690,F691:F$717,K691:$K$717,,0)=K690","v":{"$error":"#N/A"}}]
[null,683,"INSUMO SINAPI",1050,"SINAPI","CABECOTE PARA ENTRADA DE LINHA DE ALIMENTACAO PARA ELETRODUTO, EM LIGA DE ALUMINIO COM ACABAMENTO ANTI CORROSIVO, COM FIXACAO POR ENCAIXE LISO DE 360 GRAUS, DE 1\"","UN",{"$f":"SUMIF(Orçamento!$F$9:$F$1730,F691,Orçamento!$H$9:$H$1730)","v":2},5.23,0.14692012195121973,5.9983922378048797,11.996784475609759,2.5294287923071584E-7,{"$f":"SUM($M$9:M691)","v":0.99999707471711119},{"$f":"_xlfn.XLOOKUP($F691,F692:F$717,K692:$K$717,,0)=K691","v":{"$error":"#N/A"}}]
[null,684,"COMPOSIÇÃO ORSE",12984,"ORSE","PLACA CEGA PARA CAIXA DE PVC 4\" X 2\", PARA TOMADAS E INTERRUPTORES","UN",{"$f":"SUMIF(Orçamento!$F$9:$F$1730,F692,Orçamento!$H$9:$H$1730)","v":3},3.24,0.20796173004820551,3.9137960053561862,11.741388016068559,2.4755804332297575E-7,{"$f":"SUM($M$9:M692)","v":0.99999732227515448},{"$f":"_xlfn.XLOOKUP($F692,F693:F$717,K693:$K$717,,0)=K692","v":{"$error":"#N/A"}}]
[null,685,"INSUMO SINAPI",1575,"SINAPI","TERMINAL A COMPRESSAO EM COBRE ESTANHADO PARA CABO 16 MM2, 1 FURO E 1 COMPRESSAO, PARA PARAFUSO DE FIXACAO M6","UN",{"$f":"SUMIF(Orçamento!$F$9:$F$1730,F693,Orçamento!$H$9:$H$1730)","v":4},2.31,0.14692012195121973,2.6493854817073177,10.597541926829271,2.234409372936725E-7,{"$f":"SUM($M$9:M693)","v":0.99999754571609178},{"$f":"_xlfn.XLOOKUP($F693,F694:F$717,K694:$K$717,,0)=K693","v":{"$error":"#N/A"}}]
[null,686,"INSUMO SINAPI",3536,"SINAPI","JOELHO PVC, SOLDAVEL, 90 GRAUS, 32 MM, COR MARROM, PARA AGUA FRIA PREDIAL","UN",{"$f":"SUMIF(Orçamento!$F$9:$F$1730,F694,Orçamento!$H$9:$H$1730)","v":4},2.23,0.14692012195121973,2.5576318719512199,10.23052748780488,2.1570272301510375E-7,{"$f":"SUM($M$9:M694)","v":0.9999977614188148},{"$f":"_xlfn.XLOOKUP($F694,F695:F$717,K695:$K$717,,0)=K694","v":{"$error":"#N/A"}}]
[null,687,"INSUMO SINAPI",39273,"SINAPI","CURVA 90 GRAUS, CURTA, DE PVC RIGIDO ROSCAVEL, DE 1\", PARA ELETRODUTO","UN",{"$f":"SUMIF(Orçamento!$F$9:$F$1730,F695,Orçamento!$H$9:$H$1730)","v":2},4.26,0.14692012195121973,4.8858797195121957,9.7717594390243914,2.060299551668928E-7,{"$f":"SUM($M$9:M695)","v":0.99999796744877001},{"$f":"_xlfn.XLOOKUP($F695,F696:F$717,K696:$K$717,,0)=K695","v":{"$error":"#N/A"}}]
[null,688,"INSUMO SINAPI",39212,"SINAPI","ARRUELA EM ALUMINIO, COM ROSCA, DE 1 1/2\", PARA ELETRODUTO","UN",{"$f":"SUMIF(Orçamento!$F$9:$F$1730,F696,Orçamento!$H$9:$H$1730)","v":4},2.0499999999999998,0.14692012195121973,2.35118625,9.4047450000000001,1.9829174088832403E-7,{"$f":"SUM($M$9:M696)","v":0.99999816574051092},{"$f":"_xlfn.XLOOKUP($F696,F697:F$717,K697:$K$717,,0)=K696","v":{"$error":"#N/A"}}]
[null,689,"INSUMO SINAPI",111,"SINAPI","ADAPTADOR PVC SOLDAVEL CURTO COM BOLSA E ROSCA, 50 MM X 1 1/4\", PARA AGUA FRIA","UN",{"$f":"SUMIF(Orçamento!$F$9:$F$1730,F697,Orçamento!$H$9:$H$1730)","v":1},7.76,0.14692012195121973,8.9001001463414653,8.9001001463414653,1.8765169625529205E-7,{"$f":"SUM($M$9:M697)","v":0.99999835339220722},{"$f":"_xlfn.XLOOKUP($F697,F698:F$717,K698:$K$717,,0)=K697","v":{"$error":"#N/A"}}]
[null,690,"INSUMO SINAPI",3505,"SINAPI","JOELHO PVC, ROSCAVEL, 90 GRAUS, 3/4\", COR BRANCA, PARA AGUA FRIA PREDIAL","UN",{"$f":"SUMIF(Orçamento!$F$9:$F$1730,F698,Orçamento!$H$9:$H$1730)","v":3},2.42,0.14692012195121973,2.7755466951219518,8.326640085365856,1.755607364450284E-7,{"$f":"SUM($M$9:M698)","v":0.99999852895294361},{"$f":"_xlfn.XLOOKUP($F698,F699:F$717,K699:$K$717,,0)=K698","v":{"$error":"#N/A"}}]
[null,691,"INSUMO SINAPI",829,"SINAPI","BUCHA DE REDUCAO DE PVC, SOLDAVEL, CURTA, COM 32 X 25 MM, PARA AGUA FRIA PREDIAL","UN",{"$f":"SUMIF(Orçamento!$F$9:$F$1730,F699,Orçamento!$H$9:$H$1730)","v":8},0.88,0.14692012195121973,1.0092897073170735,8.0743176585365877,1.7024071412851239E-7,{"$f":"SUM($M$9:M699)","v":0.99999869919365769},{"$f":"_xlfn.XLOOKUP($F699,F700:F$717,K700:$K$717,,0)=K699","v":{"$error":"#N/A"}}]
[null,692,"INSUMO SINAPI",3908,"SINAPI","LUVA DE FERRO GALVANIZADO, COM ROSCA BSP, DE 1/2\"","UN",{"$f":"SUMIF(Orçamento!$F$9:$F$1730,F700,Orçamento!$H$9:$H$1730)","v":1},6.76,0.14692012195121973,7.7531800243902449,7.7531800243902449,1.6346977663476472E-7,{"$f":"SUM($M$9:M700)","v":0.9999988626634343},{"$f":"_xlfn.XLOOKUP($F700,F701:F$717,K701:$K$717,,0)=K700","v":{"$error":"#N/A"}}]
[null,693,"INSUMO SINAPI",108,"SINAPI","ADAPTADOR PVC SOLDAVEL CURTO COM BOLSA E ROSCA, 32 MM X 1\", PARA AGUA FRIA","UN",{"$f":"SUMIF(Orçamento!$F$9:$F$1730,F701,Orçamento!$H$9:$H$1730)","v":4},1.65,0.14692012195121973,1.8924182012195125,7.5696728048780502,1.5960066949548036E-7,{"$f":"SUM($M$9:M701)","v":0.99999902226410375},{"$f":"_xlfn.XLOOKUP($F701,F702:F$717,K702:$K$717,,0)=K701","v":{"$error":"#N/A"}}]
[null,694,"INSUMO SINAPI",3521,"SINAPI","JOELHO PVC, SOLDAVEL COM ROSCA, 90 GRAUS, 20 MM X 1/2\", COR MARROM, PARA AGUA FRIA PREDIAL","UN",{"$f":"SUMIF(Orçamento!$F$9:$F$1730,F702,Orçamento!$H$9:$H$1730)","v":3},1.82,0.14692012195121973,2.0873946219512201,6.2621838658536602,1.3203328112807921E-7,{"$f":"SUM($M$9:M702)","v":0.99999915429738484},{"$f":"_xlfn.XLOOKUP($F702,F703:F$717,K703:$K$717,,0)=K702","v":{"$error":"#N/A"}}]
[null,695,"INSUMO SINAPI",20086,"SINAPI","BUCHA DE REDUCAO DE PVC, SOLDAVEL, LONGA, 50 X 40 MM, PARA ESGOTO PREDIAL","UN",{"$f":"SUMIF(Orçamento!$F$9:$F$1730,F703,Orçamento!$H$9:$H$1730)","v":2},2.73,0.14692012195121973,3.1310919329268296,6.2621838658536593,1.3203328112807918E-7,{"$f":"SUM($M$9:M703)","v":0.99999928633066593},{"$f":"_xlfn.XLOOKUP($F703,F704:F$717,K704:$K$717,,0)=K703","v":{"$error":"#N/A"}}]
[null,696,"INSUMO SINAPI",39127,"SINAPI","ABRACADEIRA EM ACO PARA AMARRACAO DE ELETRODUTOS, TIPO D, COM 1/2\" E CUNHA DE FIXACAO","UN",{"$f":"SUMIF(Orçamento!$F$9:$F$1730,F704,Orçamento!$H$9:$H$1730)","v":2},2.71,0.14692012195121973,3.1081535304878054,6.2163070609756108,1.310660043432581E-7,{"$f":"SUM($M$9:M704)","v":0.99999941739667031},{"$f":"_xlfn.XLOOKUP($F704,F705:F$717,K705:$K$717,,0)=K704","v":{"$error":"#N/A"}}]
[null,697,"COMPOSIÇÃO SINAPI",89376,"SINAPI","ADAPTADOR CURTO COM BOLSA E ROSCA PARA REGISTRO, PVC, SOLDÁVEL, DN 20MM X 1/2 , INSTALADO EM RAMAL OU SUB-RAMAL DE ÁGUA - FORNECIMENTO E INSTALAÇÃO. AF_06/2022","UN",{"$f":"SUMIF(Orçamento!$F$9:$F$1730,F705,Orçamento!$H$9:$H$1730)","v":1},4.9400000000000004,0.20796173004820551,5.9673309464381354,5.9673309464381354,1.2581653642134776E-7,{"$f":"SUM($M$9:M705)","v":0.99999954321320672},{"$f":"_xlfn.XLOOKUP($F705,F706:F$717,K706:$K$717,,0)=K705","v":{"$error":"#N/A"}}]
[null,698,"INSUMO SINAPI",37949,"SINAPI","JOELHO PVC, SOLDAVEL, PB, 90 GRAUS, DN 40 MM, PARA ESGOTO PREDIAL","UN",{"$f":"SUMIF(Orçamento!$F$9:$F$1730,F706,Orçamento!$H$9:$H$1730)","v":2},1.96,0.14692012195121973,2.2479634390243906,4.4959268780487811,9.479312491246711E-8,{"$f":"SUM($M$9:M706)","v":0.99999963800633163},{"$f":"_xlfn.XLOOKUP($F706,F707:F$717,K707:$K$717,,0)=K706","v":{"$error":"#N/A"}}]
[null,699,"INSUMO SINAPI",11274,"SINAPI","ALCA PREFORMADA DE SERVICO, EM ACO GALVANIZADO, PARA CONDUTORES DE ALUMINIO AWG 6 (CAA 6/1)","UN",{"$f":"SUMIF(Orçamento!$F$9:$F$1730,F707,Orçamento!$H$9:$H$1730)","v":2},1.7,0.14692012195121973,1.9497642073170736,3.8995284146341471,8.2218526709792902E-8,{"$f":"SUM($M$9:M707)","v":0.99999972022485839},{"$f":"_xlfn.XLOOKUP($F707,F708:F$717,K708:$K$717,,0)=K707","v":{"$error":"#N/A"}}]
[null,700,"INSUMO SINAPI",65,"SINAPI","ADAPTADOR PVC SOLDAVEL CURTO COM BOLSA E ROSCA, 25 MM X 3/4\", PARA AGUA FRIA","UN",{"$f":"SUMIF(Orçamento!$F$9:$F$1730,F708,Orçamento!$H$9:$H$1730)","v":4},0.82,0.14692012195121973,0.9404745000000001,3.7618980000000004,7.9316696355329624E-8,{"$f":"SUM($M$9:M708)","v":0.99999979954155471},{"$f":"_xlfn.XLOOKUP($F708,F709:F$717,K709:$K$717,,0)=K708","v":{"$error":"#N/A"}}]
[null,701,"INSUMO SINAPI",9856,"SINAPI","TUBO PVC, ROSCAVEL, 1/2\", AGUA FRIA PREDIAL","M",{"$f":"SUMIF(Orçamento!$F$9:$F$1730,F709,Orçamento!$H$9:$H$1730)","v":0.28000000000000003},7.32,0.14692012195121973,8.3954552926829287,2.3507274819512203,4.9563262454232816E-8,{"$f":"SUM($M$9:M709)","v":0.99999984910481721},{"$f":"_xlfn.XLOOKUP($F709,F710:F$717,K710:$K$717,,0)=K709","v":{"$error":"#N/A"}}]
[null,702,"INSUMO SINAPI",2637,"SINAPI","LUVA PARA ELETRODUTO, EM ACO GALVANIZADO ELETROLITICO, DIAMETRO DE 20 MM (3/4\")","UN",{"$f":"SUMIF(Orçamento!$F$9:$F$1730,F710,Orçamento!$H$9:$H$1730)","v":1},1.78,0.14692012195121973,2.0415178170731711,2.0415178170731711,4.3043816924538638E-8,{"$f":"SUM($M$9:M710)","v":0.99999989214863416},{"$f":"_xlfn.XLOOKUP($F710,F711:F$717,K711:$K$717,,0)=K710","v":{"$error":"#N/A"}}]
[null,703,"INSUMO SINAPI",11058,"SINAPI","PARAFUSO ROSCA SOBERBA ZINCADO CABECA CHATA FENDA SIMPLES 5,5 X 65 MM (2.1/2 \")","UN",{"$f":"SUMIF(Orçamento!$F$9:$F$1730,F711,Orçamento!$H$9:$H$1730)","v":3},0.5,0.14692012195121973,0.57346006097560986,1.7203801829268297,3.6272879430790992E-8,{"$f":"SUM($M$9:M711)","v":0.99999992842151364},{"$f":"_xlfn.XLOOKUP($F711,F712:F$717,K712:$K$717,,0)=K711","v":{"$error":"#N/A"}}]
[null,704,"INSUMO SINAPI",11057,"SINAPI","PARAFUSO ROSCA SOBERBA ZINCADO CABECA CHATA FENDA SIMPLES 4,8 X 40 MM (1.1/2 \")","UN",{"$f":"SUMIF(Orçamento!$F$9:$F$1730,F712,Orçamento!$H$9:$H$1730)","v":6},0.2,0.14692012195121973,0.22938402439024397,1.3763041463414638,2.9018303544632794E-8,{"$f":"SUM($M$9:M712)","v":0.99999995743981718},{"$f":"_xlfn.XLOOKUP($F712,F713:F$717,K713:$K$717,,0)=K712","v":{"$error":"#N/A"}}]
[null,705,"INSUMO SINAPI",39209,"SINAPI","ARRUELA EM ALUMINIO, COM ROSCA, DE 3/4\", PARA ELETRODUTO","UN",{"$f":"SUMIF(Orçamento!$F$9:$F$1730,F713,Orçamento!$H$9:$H$1730)","v":1},0.66,0.14692012195121973,{"$f":"I713*(1+J713)","v":0.75696728048780504},{"$f":"K713*H713","v":0.75696728048780504},{"$f":"L713/$L$717","v":1.5960066949548034E-8},{"$f":"SUM($M$9:M713)","v":0.99999997339988411},{"$f":"_xlfn.XLOOKUP($F713,F714:F$717,K714:$K$717,,0)=K713","v":{"$error":"#N/A"}}]
[null,706,"INSUMO SINAPI",39208,"SINAPI","ARRUELA EM ALUMINIO, COM ROSCA, DE 1/2\", PARA ELETRODUTO","UN",{"$f":"SUMIF(Orçamento!$F$9:$F$1730,F714,Orçamento!$H$9:$H$1730)","v":1},0.56000000000000005,0.14692012195121973,0.64227526829268311,0.64227526829268311,1.3541874987495304E-8,{"$f":"SUM($M$9:M714)","v":0.99999998694175907},{"$f":"_xlfn.XLOOKUP($F714,F715:F$717,K715:$K$717,,0)=K714","v":{"$error":"#N/A"}}]
[null,707,"INSUMO SINAPI",3542,"SINAPI","JOELHO PVC, SOLDAVEL, 90 GRAUS, 20 MM, COR MARROM, PARA AGUA FRIA PREDIAL","UN",{"$f":"SUMIF(Orçamento!$F$9:$F$1730,F715,Orçamento!$H$9:$H$1730)","v":1},0.54,0.14692012195121973,0.61933686585365866,0.61933686585365866,1.3058236595084757E-8,{"$f":"SUM($M$9:M715)","v":0.99999999999999567},{"$f":"_xlfn.XLOOKUP($F715,F716:F$717,K716:$K$717,,0)=K715","v":{"$error":"#N/A"}}]
[]
[null,null,"TOTAL",{"$nulls":8},{"$f":"SUBTOTAL(109,L9:L715)","v":47428828.643431298},null,{"$f":"N715","v":0.99999999999999567}]

{"sheet":"Cronograma","index":3,"n_rows":33,"n_cols":51,"rows_kept":33,"cut":false,"hidden":false,"merged":[[18,2,19,2],[8,2,9,2],[10,2,11,2],[12,2,13,2],[14,2,15,2],[16,2,17,2],[29,1,30,2],[31,1,32,2],[8,1,9,1],[10,1,11,1],[12,1,13,1],[14,1,15,1],[16,1,17,1],[18,1,19,1],[20,1,21,1],[22,1,23,1],[24,1,25,1],[26,1,27,1],[20,2,21,2],[22,2,23,2],[24,2,25,2],[26,2,27,2],[2,13,2,14],[2,3,2,9],[3,3,3,9],[4,3,4,9],[1,1,1,2],[2,15,2,21],[2,25,2,26],[3,15,3,21],[4,15,4,21],[2,27,2,33],[2,37,2,38],[3,27,3,33],[4,27,4,33],[2,39,2,45],[2,49,2,50],[3,39,3,45],[4,39,4,45]]}
[]
[null,"CRONOGRAMA FÍSICO-FINANCEIRO"]
[null,"Obra:",null,"Realização das obras de revitalização do setor comercial e portuário do município de Santana, no estado do Amapá",{"$nulls":6},"Base de Preço:",{"$f":"Orçamento!I3","v":"SINAPI: MAR/2024-AP"},null,"Sem Desoneração",null,{"$f":"D3","v":"Realização das obras de revitalização do setor comercial e portuário do município de Santana, no estado do Amapá"},{"$nulls":6},"Base de Preço:",{"$f":"L3","v":"SINAPI: MAR/2024-AP"},null,"Sem Desoneração",null,{"$f":"P3","v":"Realização das obras de revitalização do setor comercial e portuário do município de Santana, no estado do Amapá"},{"$nulls":6},"Base de Preço:",{"$f":"X3","v":"SINAPI: MAR/2024-AP"},null,"Sem Desoneração",null,{"$f":"AB3","v":"Realização das obras de revitalização do setor comercial e portuário do município de Santana, no estado do Amapá"},{"$nulls":6},"Base de Preço:",{"$f":"AJ3","v":"SINAPI: MAR/2024-AP"},null,"Sem Desoneração"]
[null,"Valor Referência:",null,{"$f":"Orçamento!D4","v":47428828.643431157},{"$nulls":7},{"$f":"Orçamento!I4","v":"SICRO: JAN/2024-AP"},null,"BDI de Serviços:",{"$f":"Orçamento!L4","v":0.20796173004820551},{"$f":"D4","v":47428828.643431157},{"$nulls":7},{"$f":"L4","v":"SICRO: JAN/2024-AP"},null,"BDI de Serviços:",{"$f":"O4","v":0.20796173004820551},{"$f":"P4","v":47428828.643431157},{"$nulls":7},{"$f":"X4","v":"SICRO: JAN/2024-AP"},null,"BDI de Serviços:",{"$f":"AA4","v":0.20796173004820551},{"$f":"AB4","v":47428828.643431157},{"$nulls":7},{"$f":"AJ4","v":"SICRO: JAN/2024-AP"},null,"BDI de Serviços:",{"$f":"AM4","v":0.20796173004820551}]
[null,"Data base:",null,{"$f":"Orçamento!D5","v":"ABRIL / 2024"},{"$nulls":7},{"$f":"Orçamento!I5","v":"ORSE: FEV/2024"},null,"BDI de Fornecimento:",{"$f":"Orçamento!L5","v":0.14692012195121973},{"$f":"D5","v":"ABRIL / 2024"},{"$nulls":7},"ORSE: FEV/2024",null,"BDI de Fornecimento:",0.14692012195121973,{"$f":"P5","v":"ABRIL / 2024"},{"$nulls":7},"ORSE: FEV/2024",null,"BDI de Fornecimento:",0.14692012195121973,{"$f":"AB5","v":"ABRIL / 2024"},{"$nulls":7},"ORSE: FEV/2024",null,"BDI de Fornecimento:",0.14692012195121973]
[]
[]
[null,null,null,"Mês 1","Mês 2","Mês 3","Mês 4","Mês 5","Mês 6","Mês 7","Mês 8","Mês 9","Mês 10","Mês 11","Mês 12","Mês 13","Mês 14","Mês 15","Mês 16","Mês 17","Mês 18","Mês 19","Mês 20","Mês 21","Mês 22","Mês 23","Mês 24","Mês 25","Mês 26","Mês 27","Mês 28","Mês 29","Mês 30","Mês 31","Mês 32","Mês 33","Mês 34","Mês 35","Mês 36","Mês 37","Mês 38","Mês 39","Mês 40","Total"]
[null,"Administração de Obras",{"$f":"Resumo!E9","v":3480661.840842797},{"$f":"D10*$C$9","v":8079.8156040013864},18732.820890805764,16924.246965181199,22014.54787711256,47582.625135963761,53649.626519419966,59716.627902876193,83637.94764336072,109032.68200554173,91178.363648513448,17767.646908693212,14647.474768630009,60422.004034373043,91723.260748070898,83689.399140818699,49610.707192863272,43233.807569915873,163898.25774633168,215600.36271300583,229012.70920051515,252582.5234999161,232598.49533254787,151858.26030943368,90271.493770807821,37303.739221899734,39969.102890155489,37269.193548278934,76246.291551667717,78661.169876690677,97930.976509200787,102390.11986472485,170422.64632606029,141693.42984698617,91524.639172497802,74841.45146283794,96997.149326555023,119069.52496314357,74224.37325600929,28979.23669295169,5673.0892044372449,{"$f":"SUM(D9:AQ9)","v":3480661.840842797}]
[null,null,null,2.3213446101517763E-3,5.3819709432818257E-3,4.8623646131286374E-3,6.3248166250422146E-3,1.3670568217118801E-2,1.5413627916933582E-2,1.7156687616748368E-2,2.4029323004589518E-2,3.1325272890957108E-2,2.6195697202930749E-2,5.1046748351718666E-3,4.208244132409977E-3,1.7359343365497017E-2,2.6352247055939599E-2,2.4044105106330697E-2,1.4253239602514987E-2,1.2421145617365509E-2,4.7088245063946189E-2,6.194234676379852E-2,6.5795736464034874E-2,7.2567383747556627E-2,6.6825938849672098E-2,4.3629133553710342E-2,2.5935151962061833E-2,1.071742700890102E-2,1.1483190472900836E-2,1.0707501978777314E-2,2.1905687779541855E-2,2.2599486383211506E-2,2.8135734233087142E-2,2.9416853617682211E-2,4.896271287439824E-2,4.0708760668539103E-2,2.6295182743272843E-2,2.150207485962384E-2,2.7867444113177174E-2,3.4208874750760745E-2,2.1324787253115294E-2,8.3257834337433778E-3,{"$f":"1-SUM(D10:AP10)","v":1.6298880683748296E-3},1]
[null,"Projeto Urbanístico",{"$f":"Resumo!E10","v":4945324.9848566577},{"$f":"D12*$C$11","v":0},0,83477.085744380383,0,0,0,0,0,0,0,0,0,190395.01191698131,785812.14009372296,622121.88309496746,192373.14191092397,88521.317228934029,0,0,0,0,0,0,0,0,0,0,0,0,0,0,0,0,0,17803.169945483965,736358.89024515636,1094894.9516472642,721028.38279210078,345183.68394299468,67355.326293747508,4945324.9848566586]
[null,null,null,0,0,1.6879999999999999E-2,0,0,0,0,0,0,0,0,0,3.85E-2,0.15890000000000001,0.1258,3.8899999999999997E-2,{"$f":"0.38-SUM(P12:S12)","v":1.7899999999999971E-2},0,0,0,0,0,0,0,0,0,0,0,0,0,0,0,0,0,3.5999999999999999E-3,0.1489,0.22140000000000001,0.14580000000000001,6.9800000000000001E-2,{"$f":"1-SUM(D12:AP12)","v":1.3619999999999965E-2},1]
[null,"Edificações Novas",{"$f":"Resumo!E11","v":11742103.203810353},{"$f":"D14*$C$13","v":0},0,0,298249.42137678294,644641.46588918834,726836.18831586081,809030.91074253339,1133112.9591676991,1477156.5830393424,1235269.2570408492,240713.11567811226,198441.54414439495,476729.39007470029,144427.86940686734,146776.29004762942,135034.18684381904,221925.75055201567,228971.01247430188,144427.86940686734,130337.34556229493,149124.71068839147,130337.34556229493,144427.86940686734,138556.81780496216,139731.0281253432,130337.34556229493,415670.45341488649,315862.57618249848,299423.63169716398,138556.81780496216,130337.34556229493,149124.71068839147,130337.34556229493,144427.86940686734,138556.81780496216,247758.37760039844,221925.75055201567,185525.23062020401,0,0,11742103.203810353]
[null,null,null,0,0,0,2.5399999999999999E-2,5.4899999999999997E-2,6.1899999999999997E-2,6.8900000000000003E-2,9.6500000000000002E-2,0.1258,0.1052,2.0500000000000001E-2,1.6899999999999998E-2,4.0599999999999997E-2,1.23E-2,1.2500000000000001E-2,1.15E-2,1.89E-2,1.95E-2,1.23E-2,1.11E-2,1.2699999999999999E-2,1.11E-2,1.23E-2,1.18E-2,1.1900000000000001E-2,1.11E-2,3.5400000000000001E-2,2.69E-2,2.5499999999999998E-2,1.18E-2,1.11E-2,1.2699999999999999E-2,1.11E-2,1.23E-2,1.18E-2,2.1100000000000001E-2,1.89E-2,{"$f":"1-SUM(D14:AN14)","v":1.5800000000000036E-2},0,0,1]
[null,"Edificações a serem Reformadas",{"$f":"Resumo!E12","v":448789.63951594575},{"$f":"D16*$C$15","v":98643.962765604869},228703.20029732597,121442.4764530149,0,0,0,0,0,0,0,0,0,0,0,0,0,0,0,0,0,0,0,0,0,0,0,0,0,0,0,0,0,0,0,0,0,0,0,0,0,448789.63951594569]
[null,null,null,0.2198,0.50960000000000005,{"$f":"1-E16-D16","v":0.27059999999999995},0,0,0,0,0,0,0,0,0,0,0,0,0,0,0,0,0,0,0,0,0,0,0,0,0,0,0,0,0,0,0,0,0,0,0,0,0,1]
[null,"Projeto Viário",{"$f":"Resumo!E13","v":5576665.4497372331},{"$f":"D18*$C$17","v":0},0,0,0,0,0,0,0,0,0,0,0,0,0,0,0,0,0,0,0,0,0,0,0,0,0,0,0,0,315081.59791015368,571608.20859806635,1499565.3394343418,1586561.3204502426,924611.13156643324,571608.20859806635,107629.64317992913,0,0,0,0,5576665.4497372322]
[null,null,null,0,0,0,0,0,0,0,0,0,0,0,0,0,0,0,0,0,0,0,0,0,0,0,0,0,0,0,0,0,5.6500000000000002E-2,0.10249999999999999,0.26889999999999997,0.28449999999999998,0.1658,0.10249999999999999,{"$f":"1-SUM(D18:AL18)","v":1.9300000000000095E-2},0,0,0,0,1]
[null,"Projeto de Drenagem",{"$f":"Resumo!E14","v":1988510.3622406204},{"$f":"D20*$C$19","v":0},0,0,0,0,0,0,0,0,0,0,0,91073.774590620422,150331.38338539092,203822.31212966359,230269.49994746383,190101.59063020331,196265.97275314922,176380.86913074303,164052.1048848512,159279.68001547371,156893.46758078496,139593.42742929157,130446.27976298446,0,0,0,0,0,0,0,0,0,0,0,0,0,0,0,0,1988510.3622406204]
[null,null,null,0,0,0,0,0,0,0,0,0,0,0,0,4.58E-2,7.5600000000000001E-2,0.10249999999999999,0.1158,9.5600000000000004E-2,9.8699999999999996E-2,8.8700000000000001E-2,8.2500000000000004E-2,8.0100000000000005E-2,7.8899999999999998E-2,7.0199999999999999E-2,{"$f":"1-SUM(B20:Z20)","v":6.5599999999999881E-2},0,0,0,0,0,0,0,0,0,0,0,0,0,0,0,0,1]
[null,"Projeto de Iluminação e Eletrificação Pública",{"$f":"Resumo!E15","v":371528.99196028587},{"$f":"D22*$C$21","v":0},0,0,0,0,0,0,0,0,0,0,0,0,0,0,0,0,0,0,0,0,0,0,0,0,0,0,0,0,0,0,0,0,38081.721675929301,151918.2048125609,77612.406420503714,103916.65905129198,0,0,0,371528.99196028593]
[null,null,null,0,0,0,0,0,0,0,0,0,0,0,0,0,0,0,0,0,0,0,0,0,0,0,0,0,0,0,0,0,0,0,0,0,0.10249999999999999,0.40889999999999999,0.2089,{"$f":"1-SUM(E22:AM22)","v":0.27970000000000006},0,0,0,1]
[null,"Projeto de Abastecimento de Água e Rede de Esgoto",{"$f":"Resumo!E16","v":404271.00793522492},{"$f":"D24*$C$23","v":0},0,0,0,0,0,0,0,0,0,0,0,18515.612163433303,30562.888199903005,41437.778313360548,46814.582718899044,38648.308358607501,39901.548483206694,35858.838403854454,33352.35815465606,32382.107735611517,31896.982526089247,28379.824757052789,26520.178120550707,0,0,0,0,0,0,0,0,0,0,0,0,0,0,0,0,404271.0079352248]
[null,null,null,0,0,0,0,0,0,0,0,0,0,0,0,4.58E-2,7.5600000000000001E-2,0.10249999999999999,0.1158,9.5600000000000004E-2,9.8699999999999996E-2,8.8700000000000001E-2,8.2500000000000004E-2,8.0100000000000005E-2,7.8899999999999998E-2,7.0199999999999999E-2,{"$f":"1-SUM(B24:Z24)","v":6.5599999999999881E-2},0,0,0,0,0,0,0,0,0,0,0,0,0,0,0,0,1]
[null,"Estruturas de Contenção",{"$f":"Resumo!E17","v":15569840.885724755},{"$f":"D26*$C$25","v":0},0,0,0,0,0,0,0,0,0,0,0,0,0,0,0,0,1647289.1657096792,2425781.2099959166,2629746.1255989112,2924016.1183391088,2685797.55278752,1647289.1657096792,865683.15324629634,350321.41992880695,393916.97440883785,0,0,0,0,0,0,0,0,0,0,0,0,0,0,15569840.885724757]
[null,null,null,0,0,0,0,0,0,0,0,0,0,0,0,0,0,0,0,0,0.10580000000000001,0.15579999999999999,0.16889999999999999,0.18779999999999999,0.17249999999999999,0.10580000000000001,5.5599999999999997E-2,2.2499999999999999E-2,{"$f":"1-SUM(D26:AB26)","v":2.53000000000001E-2},0,0,0,0,0,0,0,0,0,0,0,0,0,0,1]
[null,"Estruturas de Acesso e Embarcação",{"$f":"Resumo!E18","v":2901132.2768072225},{"$f":"D28*$C$27","v":0},0,0,0,0,0,0,0,0,0,0,0,0,0,0,0,0,0,0,0,0,0,0,0,0,0,74268.986286264902,596762.90933924564,637668.87444222753,693080.50092924549,509438.82780734828,389912.1780028909,0,0,0,0,0,0,0,0,2901132.2768072225]
[null,null,null,0,0,0,0,0,0,0,0,0,0,0,0,0,0,0,0,0,0,0,0,0,0,0,0,0,0,2.5600000000000001E-2,0.20569999999999999,0.2198,0.2389,0.17560000000000001,{"$f":"1-SUM(AD28:AH28)","v":0.13440000000000007},0,0,0,0,0,0,0,0,1]
[]
[null,"NO MÊS",null,{"$f":"D9+D11+D13+D15+D17+D19+D21+D23+D25+D27","v":106723.77836960625},247436.02118813174,221843.80916257648,320263.96925389551,692224.09102515213,780485.81483528076,868747.53864540963,1216750.9068110599,1586189.2650448841,1326447.6206893628,258480.76258680547,213089.01891302495,837135.7927801084,1202857.5418339551,1097847.6627264398,654102.11861396919,582430.77433967625,2276325.957166669,2998049.149650387,3186500.6434012284,3517385.1402785014,3237523.8437892371,2111548.5476123244,1251477.9227056014,527356.18727604987,564223.4228612883,527208.63324943034,988871.77707341185,1015753.6760160822,1244649.8931535622,1313774.5018324344,2209024.8744516848,1858592.0958595236,1198645.3618217278,954727.85262391134,1266356.4667725426,1539806.8862137152,980777.98666831409,374162.92063594639,73028.415498184753,{"$f":"SUM(D30:AQ30)","v":47428828.643431082}]
[null,null,null,{"$f":"D30/SUM($C$9:$C$28)","v":2.2501879431169026E-3},{"$f":"E30/SUM($C$9:$C$28)","v":5.2169962502837753E-3},4.6774043447371091E-3,6.7525169483234147E-3,1.4595007104840766E-2,1.6455936972488951E-2,1.8316866840137142E-2,2.5654247461149984E-2,3.3443568192877388E-2,2.7967117439512731E-2,5.4498660409696862E-3,4.4928163947506178E-3,1.7650357740725101E-2,2.5361316655678173E-2,2.3147264946811876E-2,1.3791234937120095E-2,1.2280100331348643E-2,4.799456411373846E-2,6.3211536852188679E-2,6.7184890172120232E-2,7.416133269328927E-2,6.8260674707546987E-2,4.4520360464452971E-2,2.6386439608580368E-2,1.1118895455772316E-2,1.1896212472441766E-2,1.1115784393769734E-2,2.0849593071499369E-2,2.1416377023613556E-2,2.6242475910818144E-2,2.7699914575360116E-2,4.6575573077275126E-2,3.9186970225058237E-2,2.5272506112961751E-2,2.0129694954128734E-2,2.6700142149682485E-2,3.2465631774083015E-2,2.0678941789639835E-2,7.8889344590163737E-3,1.5397473980901107E-3,{"$f":"SUM(D31:AQ31)","v":1}]
[null,"ACUMULADO",null,{"$f":"D30","v":106723.77836960625},{"$f":"D32+E30","v":354159.79955773801},576003.60872031446,896267.57797421003,1588491.6689993623,2368977.4838346429,3237725.0224800524,{"$f":"J32+K30","v":4454475.9292911123},6040665.1943359962,7367112.8150253594,7625593.5776121644,7838682.5965251895,8675818.3893052973,9878675.9311392531,10976523.593865693,11630625.712479662,12213056.486819338,14489382.443986006,17487431.593636394,20673932.237037621,24191317.377316125,27428841.221105363,29540389.768717688,30791867.691423289,31319223.87869934,31883447.301560629,32410655.934810061,33399527.711883474,34415281.387899555,35659931.281053118,36973705.782885551,39182730.657337233,41041322.753196754,42239968.11501848,43194695.967642389,44461052.434414931,46000859.320628643,46981637.307296954,47355800.2279329,47428828.643431082]
[null,null,null,{"$f":"D31","v":2.2501879431169026E-3},{"$f":"D33+E31","v":7.4671841934006774E-3},1.2144588538137786E-2,1.8897105486461202E-2,3.349211259130197E-2,4.9948049563790925E-2,6.8264916403928066E-2,{"$f":"J33+K31","v":9.3919163865078051E-2},0.12736273205795545,0.1553298494974682,0.1607797155384379,0.16527253193318853,0.18292288967391362,0.2082842063295918,0.23143147127640368,0.24522270621352377,0.2575028065448724,0.30549737065861088,0.36870890751079954,0.4358937976829198,0.51005513037620909,0.57831580508375602,0.62283616554820898,0.64922260515678931,0.66034150061256158,0.67223771308500335,0.68335349747877305,0.70420309055027241,0.72561946757388596,0.75186194348470414,0.77956185806006428,0.8261374311373394,0.86532440136239763,0.89059690747535936,0.91072660242948811,0.93742674457917063,0.96989237635325365,0.99057131814289345,0.99846025260190985,1]

{"sheet":"Curva ABC","index":4,"n_rows":1467,"n_cols":13,"rows_kept":1467,"cut":false,"hidden":true,"merged":[[7,11,8,11],[7,12,8,12],[7,7,7,9],[2,1,6,4]]}
[]
[null,"QUADRO DEMONSTRATIVO DO ORÇAMENTO"]
[null,"Obra: Realização das obras de revitalização do setor \ncomercial e portuário do município de Santana, no estado do Amapá",{"$nulls":5},"BDIs adotados:",null,null,"Com Desoneração"]
[{"$nulls":6},"Base de Preço:","Serviços",null,null,{"$f":"BDI!C77","v":0.30260494954802231}]
[{"$nulls":7},"Fornecimento",null,null,{"$f":"BDI!C103","v":0.20311109145345707}]
[]
[]
[null,"Item","Código",null,"DESCRIÇÃO","UND","QUANT","PREÇO",null,null,"TOTAL COM DESONERAÇÃO    ","%","ACUMULADO"]
[{"$nulls":7},"Custo Direto","BDI","Custo com BDI"]
[{"$nulls":8},{"$f":"$K$4","v":0.30260494954802231},{"$f":"H10*(1+I10)","v":0},{"$f":"J10*G10","v":0},{"$f":"K10/$K$1467","v":{"$error":"#DIV/0!"}},{"$f":"L10","v":{"$error":"#DIV/0!"}}]
[{"$nulls":8},0.30260494954802231,0,0,{"$error":"#DIV/0!"},{"$f":"L11+M10","v":{"$error":"#DIV/0!"}}]
[{"$nulls":8},0.30260494954802231,0,0,{"$error":"#DIV/0!"},{"$error":"#DIV/0!"}]
[{"$nulls":9},0,0,{"$error":"#DIV/0!"},{"$error":"#DIV/0!"}]
[{"$nulls":9},0,0,{"$error":"#DIV/0!"},{"$error":"#DIV/0!"}]
[{"$nulls":9},0,0,{"$error":"#DIV/0!"},{"$error":"#DIV/0!"}]
[{"$nulls":9},0,0,{"$error":"#DIV/0!"},{"$error":"#DIV/0!"}]
[{"$nulls":9},0,0,{"$error":"#DIV/0!"},{"$error":"#DIV/0!"}]
[{"$nulls":9},0,0,{"$error":"#DIV/0!"},{"$error":"#DIV/0!"}]
[{"$nulls":9},0,0,{"$error":"#DIV/0!"},{"$error":"#DIV/0!"}]
[{"$nulls":9},{"$f":"H20*(I20+1)","v":0},0,{"$error":"#DIV/0!"},{"$error":"#DIV/0!"}]
[{"$nulls":9},{"$f":"H21*(1+I21)","v":0},0,{"$error":"#DIV/0!"},{"$error":"#DIV/0!"}]
[{"$nulls":9},0,0,{"$error":"#DIV/0!"},{"$error":"#DIV/0!"}]
[{"$nulls":9},0,0,{"$error":"#DIV/0!"},{"$error":"#DIV/0!"}]
[{"$nulls":9},0,0,{"$error":"#DIV/0!"},{"$error":"#DIV/0!"}]
[{"$nulls":9},0,0,{"$error":"#DIV/0!"},{"$error":"#DIV/0!"}]
[{"$nulls":9},0,0,{"$error":"#DIV/0!"},{"$error":"#DIV/0!"}]
[{"$nulls":9},0,0,{"$error":"#DIV/0!"},{"$error":"#DIV/0!"}]
[{"$nulls":9},0,0,{"$error":"#DIV/0!"},{"$error":"#DIV/0!"}]
[{"$nulls":9},0,0,{"$error":"#DIV/0!"},{"$error":"#DIV/0!"}]
[{"$nulls":9},0,0,{"$error":"#DIV/0!"},{"$error":"#DIV/0!"}]
[{"$nulls":9},0,0,{"$error":"#DIV/0!"},{"$error":"#DIV/0!"}]
[{"$nulls":9},0,0,{"$error":"#DIV/0!"},{"$error":"#DIV/0!"}]
[{"$nulls":9},0,0,{"$error":"#DIV/0!"},{"$error":"#DIV/0!"}]
[{"$nulls":9},0,0,{"$error":"#DIV/0!"},{"$error":"#DIV/0!"}]
[{"$nulls":9},0,0,{"$error":"#DIV/0!"},{"$error":"#DIV/0!"}]
[{"$nulls":9},0,0,{"$error":"#DIV/0!"},{"$error":"#DIV/0!"}]
[{"$nulls":9},0,0,{"$error":"#DIV/0!"},{"$error":"#DIV/0!"}]
[{"$nulls":9},0,0,{"$error":"#DIV/0!"},{"$error":"#DIV/0!"}]
[{"$nulls":9},0,0,{"$error":"#DIV/0!"},{"$error":"#DIV/0!"}]
[{"$nulls":9},0,0,{"$error":"#DIV/0!"},{"$error":"#DIV/0!"}]
[{"$nulls":9},0,0,{"$error":"#DIV/0!"},{"$error":"#DIV/0!"}]
[{"$nulls":9},0,0,{"$error":"#DIV/0!"},{"$error":"#DIV/0!"}]
[{"$nulls":9},0,0,{"$error":"#DIV/0!"},{"$error":"#DIV/0!"}]
[{"$nulls":9},0,0,{"$error":"#DIV/0!"},{"$error":"#DIV/0!"}]
[{"$nulls":9},0,0,{"$error":"#DIV/0!"},{"$error":"#DIV/0!"}]
[{"$nulls":9},0,0,{"$error":"#DIV/0!"},{"$error":"#DIV/0!"}]
[{"$nulls":9},0,0,{"$error":"#DIV/0!"},{"$error":"#DIV/0!"}]
[{"$nulls":9},0,0,{"$error":"#DIV/0!"},{"$error":"#DIV/0!"}]
[{"$nulls":9},0,0,{"$error":"#DIV/0!"},{"$error":"#DIV/0!"}]
[{"$nulls":9},0,0,{"$error":"#DIV/0!"},{"$error":"#DIV/0!"}]
[{"$nulls":9},0,0,{"$error":"#DIV/0!"},{"$error":"#DIV/0!"}]
[{"$nulls":9},0,0,{"$error":"#DIV/0!"},{"$error":"#DIV/0!"}]
[{"$nulls":9},0,0,{"$error":"#DIV/0!"},{"$error":"#DIV/0!"}]
[{"$nulls":9},0,0,{"$error":"#DIV/0!"},{"$error":"#DIV/0!"}]
[{"$nulls":9},0,0,{"$error":"#DIV/0!"},{"$error":"#DIV/0!"}]
[{"$nulls":9},0,0,{"$error":"#DIV/0!"},{"$error":"#DIV/0!"}]
[{"$nulls":9},0,0,{"$error":"#DIV/0!"},{"$error":"#DIV/0!"}]
[{"$nulls":9},0,0,{"$error":"#DIV/0!"},{"$error":"#DIV/0!"}]
[{"$nulls":9},0,0,{"$error":"#DIV/0!"},{"$error":"#DIV/0!"}]
[{"$nulls":9},0,0,{"$error":"#DIV/0!"},{"$error":"#DIV/0!"}]
[{"$nulls":9},0,0,{"$error":"#DIV/0!"},{"$error":"#DIV/0!"}]
[{"$nulls":9},0,0,{"$error":"#DIV/0!"},{"$error":"#DIV/0!"}]
[{"$nulls":9},0,0,{"$error":"#DIV/0!"},{"$error":"#DIV/0!"}]
[{"$nulls":9},0,0,{"$error":"#DIV/0!"},{"$error":"#DIV/0!"}]
[{"$nulls":9},0,0,{"$error":"#DIV/0!"},{"$error":"#DIV/0!"}]
[{"$nulls":9},0,0,{"$error":"#DIV/0!"},{"$error":"#DIV/0!"}]
[{"$nulls":9},0,0,{"$error":"#DIV/0!"},{"$error":"#DIV/0!"}]
[{"$nulls":9},0,0,{"$error":"#DIV/0!"},{"$error":"#DIV/0!"}]
[{"$nulls":9},0,0,{"$error":"#DIV/0!"},{"$error":"#DIV/0!"}]
[{"$nulls":9},0,0,{"$error":"#DIV/0!"},{"$error":"#DIV/0!"}]
[{"$nulls":9},0,0,{"$error":"#DIV/0!"},{"$error":"#DIV/0!"}]
[{"$nulls":9},0,0,{"$error":"#DIV/0!"},{"$error":"#DIV/0!"}]
[{"$nulls":9},0,0,{"$error":"#DIV/0!"},{"$error":"#DIV/0!"}]
[{"$nulls":9},0,{"$f":"J74*G74","v":0},{"$f":"K74/$K$1467","v":{"$error":"#DIV/0!"}},{"$error":"#DIV/0!"}]
[{"$nulls":9},0,0,{"$error":"#DIV/0!"},{"$f":"L75+M74","v":{"$error":"#DIV/0!"}}]
[{"$nulls":9},0,0,{"$error":"#DIV/0!"},{"$error":"#DIV/0!"}]
[{"$nulls":9},0,0,{"$error":"#DIV/0!"},{"$error":"#DIV/0!"}]
[{"$nulls":9},0,0,{"$error":"#DIV/0!"},{"$error":"#DIV/0!"}]
[{"$nulls":9},0,0,{"$error":"#DIV/0!"},{"$error":"#DIV/0!"}]
[{"$nulls":9},0,0,{"$error":"#DIV/0!"},{"$error":"#DIV/0!"}]
[{"$nulls":9},0,0,{"$error":"#DIV/0!"},{"$error":"#DIV/0!"}]
[{"$nulls":9},0,0,{"$error":"#DIV/0!"},{"$error":"#DIV/0!"}]
[{"$nulls":9},0,0,{"$error":"#DIV/0!"},{"$error":"#DIV/0!"}]
[{"$nulls":9},0,0,{"$error":"#DIV/0!"},{"$error":"#DIV/0!"}]
[{"$nulls":9},{"$f":"H85*(1+I85)","v":0},0,{"$error":"#DIV/0!"},{"$error":"#DIV/0!"}]
[{"$nulls":9},0,0,{"$error":"#DIV/0!"},{"$error":"#DIV/0!"}]
[{"$nulls":9},0,0,{"$error":"#DIV/0!"},{"$error":"#DIV/0!"}]
[{"$nulls":9},0,0,{"$error":"#DIV/0!"},{"$error":"#DIV/0!"}]
[{"$nulls":9},0,0,{"$error":"#DIV/0!"},{"$error":"#DIV/0!"}]
[{"$nulls":9},0,0,{"$error":"#DIV/0!"},{"$error":"#DIV/0!"}]
[{"$nulls":9},0,0,{"$error":"#DIV/0!"},{"$error":"#DIV/0!"}]
[{"$nulls":9},0,0,{"$error":"#DIV/0!"},{"$error":"#DIV/0!"}]
[{"$nulls":9},0,0,{"$error":"#DIV/0!"},{"$error":"#DIV/0!"}]
[{"$nulls":9},0,0,{"$error":"#DIV/0!"},{"$error":"#DIV/0!"}]
[{"$nulls":9},0,0,{"$error":"#DIV/0!"},{"$error":"#DIV/0!"}]
[{"$nulls":9},0,0,{"$error":"#DIV/0!"},{"$error":"#DIV/0!"}]
[{"$nulls":9},0,0,{"$error":"#DIV/0!"},{"$error":"#DIV/0!"}]
[{"$nulls":9},0,0,{"$error":"#DIV/0!"},{"$error":"#DIV/0!"}]
[{"$nulls":9},0,0,{"$error":"#DIV/0!"},{"$error":"#DIV/0!"}]
[{"$nulls":9},0,0,{"$error":"#DIV/0!"},{"$error":"#DIV/0!"}]
[{"$nulls":9},0,0,{"$error":"#DIV/0!"},{"$error":"#DIV/0!"}]
[{"$nulls":9},0,0,{"$error":"#DIV/0!"},{"$error":"#DIV/0!"}]
[{"$nulls":9},0,0,{"$error":"#DIV/0!"},{"$error":"#DIV/0!"}]
[{"$nulls":9},0,0,{"$error":"#DIV/0!"},{"$error":"#DIV/0!"}]
[{"$nulls":9},0,0,{"$error":"#DIV/0!"},{"$error":"#DIV/0!"}]
[{"$nulls":9},0,0,{"$error":"#DIV/0!"},{"$error":"#DIV/0!"}]
[{"$nulls":9},0,0,{"$error":"#DIV/0!"},{"$error":"#DIV/0!"}]
[{"$nulls":9},0,0,{"$error":"#DIV/0!"},{"$error":"#DIV/0!"}]
[{"$nulls":9},0,0,{"$error":"#DIV/0!"},{"$error":"#DIV/0!"}]
[{"$nulls":9},0,0,{"$error":"#DIV/0!"},{"$error":"#DIV/0!"}]
[{"$nulls":9},0,0,{"$error":"#DIV/0!"},{"$error":"#DIV/0!"}]
[{"$nulls":9},0,0,{"$error":"#DIV/0!"},{"$error":"#DIV/0!"}]
[{"$nulls":9},0,0,{"$error":"#DIV/0!"},{"$error":"#DIV/0!"}]
[{"$nulls":9},0,0,{"$error":"#DIV/0!"},{"$error":"#DIV/0!"}]
[{"$nulls":9},0,0,{"$error":"#DIV/0!"},{"$error":"#DIV/0!"}]
[{"$nulls":9},0,0,{"$error":"#DIV/0!"},{"$error":"#DIV/0!"}]
[{"$nulls":9},0,0,{"$error":"#DIV/0!"},{"$error":"#DIV/0!"}]
[{"$nulls":9},0,0,{"$error":"#DIV/0!"},{"$error":"#DIV/0!"}]
[{"$nulls":9},0,0,{"$error":"#DIV/0!"},{"$error":"#DIV/0!"}]
[{"$nulls":9},0,0,{"$error":"#DIV/0!"},{"$error":"#DIV/0!"}]
[{"$nulls":9},0,0,{"$error":"#DIV/0!"},{"$error":"#DIV/0!"}]
[{"$nulls":9},0,0,{"$error":"#DIV/0!"},{"$error":"#DIV/0!"}]
[{"$nulls":9},0,0,{"$error":"#DIV/0!"},{"$error":"#DIV/0!"}]
[{"$nulls":9},0,0,{"$error":"#DIV/0!"},{"$error":"#DIV/0!"}]
[{"$nulls":9},0,0,{"$error":"#DIV/0!"},{"$error":"#DIV/0!"}]
[{"$nulls":9},0,0,{"$error":"#DIV/0!"},{"$error":"#DIV/0!"}]
[{"$nulls":9},0,0,{"$error":"#DIV/0!"},{"$error":"#DIV/0!"}]
[{"$nulls":9},0,0,{"$error":"#DIV/0!"},{"$error":"#DIV/0!"}]
[{"$nulls":9},0,0,{"$error":"#DIV/0!"},{"$error":"#DIV/0!"}]
[{"$nulls":9},0,0,{"$error":"#DIV/0!"},{"$error":"#DIV/0!"}]
[{"$nulls":9},0,0,{"$error":"#DIV/0!"},{"$error":"#DIV/0!"}]
[{"$nulls":9},0,0,{"$error":"#DIV/0!"},{"$error":"#DIV/0!"}]
[{"$nulls":9},0,0,{"$error":"#DIV/0!"},{"$error":"#DIV/0!"}]
[{"$nulls":9},0,0,{"$error":"#DIV/0!"},{"$error":"#DIV/0!"}]
[{"$nulls":9},0,0,{"$error":"#DIV/0!"},{"$error":"#DIV/0!"}]
[{"$nulls":9},0,0,{"$error":"#DIV/0!"},{"$error":"#DIV/0!"}]
[{"$nulls":9},0,0,{"$error":"#DIV/0!"},{"$error":"#DIV/0!"}]
[{"$nulls":9},0,{"$f":"J138*G138","v":0},{"$f":"K138/$K$1467","v":{"$error":"#DIV/0!"}},{"$error":"#DIV/0!"}]
[{"$nulls":9},0,0,{"$error":"#DIV/0!"},{"$f":"L139+M138","v":{"$error":"#DIV/0!"}}]
[{"$nulls":9},0,0,{"$error":"#DIV/0!"},{"$error":"#DIV/0!"}]
[{"$nulls":9},0,0,{"$error":"#DIV/0!"},{"$error":"#DIV/0!"}]
[{"$nulls":9},0,0,{"$error":"#DIV/0!"},{"$error":"#DIV/0!"}]
[{"$nulls":9},0,0,{"$error":"#DIV/0!"},{"$error":"#DIV/0!"}]
[{"$nulls":9},0,0,{"$error":"#DIV/0!"},{"$error":"#DIV/0!"}]
[{"$nulls":9},0,0,{"$error":"#DIV/0!"},{"$error":"#DIV/0!"}]
[{"$nulls":9},0,0,{"$error":"#DIV/0!"},{"$error":"#DIV/0!"}]
[{"$nulls":9},0,0,{"$error":"#DIV/0!"},{"$error":"#DIV/0!"}]
[{"$nulls":9},0,0,{"$error":"#DIV/0!"},{"$error":"#DIV/0!"}]
[{"$nulls":9},{"$f":"H149*(1+I149)","v":0},0,{"$error":"#DIV/0!"},{"$error":"#DIV/0!"}]
[{"$nulls":9},0,0,{"$error":"#DIV/0!"},{"$error":"#DIV/0!"}]
[{"$nulls":9},0,0,{"$error":"#DIV/0!"},{"$error":"#DIV/0!"}]
[{"$nulls":9},0,0,{"$error":"#DIV/0!"},{"$error":"#DIV/0!"}]
[{"$nulls":9},0,0,{"$error":"#DIV/0!"},{"$error":"#DIV/0!"}]
[{"$nulls":9},0,0,{"$error":"#DIV/0!"},{"$error":"#DIV/0!"}]
[{"$nulls":9},0,0,{"$error":"#DIV/0!"},{"$error":"#DIV/0!"}]
[{"$nulls":9},0,0,{"$error":"#DIV/0!"},{"$error":"#DIV/0!"}]
[{"$nulls":9},0,0,{"$error":"#DIV/0!"},{"$error":"#DIV/0!"}]
[{"$nulls":9},0,0,{"$error":"#DIV/0!"},{"$error":"#DIV/0!"}]
[{"$nulls":9},0,0,{"$error":"#DIV/0!"},{"$error":"#DIV/0!"}]
[{"$nulls":9},0,0,{"$error":"#DIV/0!"},{"$error":"#DIV/0!"}]
[{"$nulls":9},0,0,{"$error":"#DIV/0!"},{"$error":"#DIV/0!"}]
[{"$nulls":9},0,0,{"$error":"#DIV/0!"},{"$error":"#DIV/0!"}]
[{"$nulls":9},0,0,{"$error":"#DIV/0!"},{"$error":"#DIV/0!"}]
[{"$nulls":9},0,0,{"$error":"#DIV/0!"},{"$error":"#DIV/0!"}]
[{"$nulls":9},0,0,{"$error":"#DIV/0!"},{"$error":"#DIV/0!"}]
[{"$nulls":9},0,0,{"$error":"#DIV/0!"},{"$error":"#DIV/0!"}]
[{"$nulls":9},0,0,{"$error":"#DIV/0!"},{"$error":"#DIV/0!"}]
[{"$nulls":9},0,0,{"$error":"#DIV/0!"},{"$error":"#DIV/0!"}]
[{"$nulls":9},0,0,{"$error":"#DIV/0!"},{"$error":"#DIV/0!"}]
[{"$nulls":9},0,0,{"$error":"#DIV/0!"},{"$error":"#DIV/0!"}]
[{"$nulls":9},0,0,{"$error":"#DIV/0!"},{"$error":"#DIV/0!"}]
[{"$nulls":9},0,0,{"$error":"#DIV/0!"},{"$error":"#DIV/0!"}]
[{"$nulls":9},0,0,{"$error":"#DIV/0!"},{"$error":"#DIV/0!"}]
[{"$nulls":9},0,0,{"$error":"#DIV/0!"},{"$error":"#DIV/0!"}]
[{"$nulls":9},0,0,{"$error":"#DIV/0!"},{"$error":"#DIV/0!"}]
[{"$nulls":9},0,0,{"$error":"#DIV/0!"},{"$error":"#DIV/0!"}]
[{"$nulls":9},0,0,{"$error":"#DIV/0!"},{"$error":"#DIV/0!"}]
[{"$nulls":9},0,0,{"$error":"#DIV/0!"},{"$error":"#DIV/0!"}]
[{"$nulls":9},0,0,{"$error":"#DIV/0!"},{"$error":"#DIV/0!"}]
[{"$nulls":9},0,0,{"$error":"#DIV/0!"},{"$error":"#DIV/0!"}]
[{"$nulls":9},0,0,{"$error":"#DIV/0!"},{"$error":"#DIV/0!"}]
[{"$nulls":9},0,0,{"$error":"#DIV/0!"},{"$error":"#DIV/0!"}]
[{"$nulls":9},0,0,{"$error":"#DIV/0!"},{"$error":"#DIV/0!"}]
[{"$nulls":9},0,0,{"$error":"#DIV/0!"},{"$error":"#DIV/0!"}]
[{"$nulls":9},0,0,{"$error":"#DIV/0!"},{"$error":"#DIV/0!"}]
[{"$nulls":9},0,0,{"$error":"#DIV/0!"},{"$error":"#DIV/0!"}]
[{"$nulls":9},0,0,{"$error":"#DIV/0!"},{"$error":"#DIV/0!"}]
[{"$nulls":9},0,0,{"$error":"#DIV/0!"},{"$error":"#DIV/0!"}]
[{"$nulls":9},0,0,{"$error":"#DIV/0!"},{"$error":"#DIV/0!"}]
[{"$nulls":9},0,0,{"$error":"#DIV/0!"},{"$error":"#DIV/0!"}]
[{"$nulls":9},0,0,{"$error":"#DIV/0!"},{"$error":"#DIV/0!"}]
[{"$nulls":9},0,0,{"$error":"#DIV/0!"},{"$error":"#DIV/0!"}]
[{"$nulls":9},0,0,{"$error":"#DIV/0!"},{"$error":"#DIV/0!"}]
[{"$nulls":9},0,0,{"$error":"#DIV/0!"},{"$error":"#DIV/0!"}]
[{"$nulls":9},0,0,{"$error":"#DIV/0!"},{"$error":"#DIV/0!"}]
[{"$nulls":9},0,0,{"$error":"#DIV/0!"},{"$error":"#DIV/0!"}]
[{"$nulls":9},0,0,{"$error":"#DIV/0!"},{"$error":"#DIV/0!"}]
[{"$nulls":9},0,0,{"$error":"#DIV/0!"},{"$error":"#DIV/0!"}]
[{"$nulls":9},0,0,{"$error":"#DIV/0!"},{"$error":"#DIV/0!"}]
[{"$nulls":9},0,0,{"$error":"#DIV/0!"},{"$error":"#DIV/0!"}]
[{"$nulls":9},0,0,{"$error":"#DIV/0!"},{"$error":"#DIV/0!"}]
[{"$nulls":9},0,{"$f":"J202*G202","v":0},{"$f":"K202/$K$1467","v":{"$error":"#DIV/0!"}},{"$error":"#DIV/0!"}]
[{"$nulls":9},0,0,{"$error":"#DIV/0!"},{"$f":"L203+M202","v":{"$error":"#DIV/0!"}}]
[{"$nulls":9},0,0,{"$error":"#DIV/0!"},{"$error":"#DIV/0!"}]
[{"$nulls":9},0,0,{"$error":"#DIV/0!"},{"$error":"#DIV/0!"}]
[{"$nulls":9},0,0,{"$error":"#DIV/0!"},{"$error":"#DIV/0!"}]
[{"$nulls":9},0,0,{"$error":"#DIV/0!"},{"$error":"#DIV/0!"}]
[{"$nulls":9},0,0,{"$error":"#DIV/0!"},{"$error":"#DIV/0!"}]
[{"$nulls":9},0,0,{"$error":"#DIV/0!"},{"$error":"#DIV/0!"}]
[{"$nulls":9},0,0,{"$error":"#DIV/0!"},{"$error":"#DIV/0!"}]
[{"$nulls":9},0,0,{"$error":"#DIV/0!"},{"$error":"#DIV/0!"}]
[{"$nulls":9},0,0,{"$error":"#DIV/0!"},{"$error":"#DIV/0!"}]
[{"$nulls":9},{"$f":"H213*(1+I213)","v":0},0,{"$error":"#DIV/0!"},{"$error":"#DIV/0!"}]
[{"$nulls":9},0,0,{"$error":"#DIV/0!"},{"$error":"#DIV/0!"}]
[{"$nulls":9},0,0,{"$error":"#DIV/0!"},{"$error":"#DIV/0!"}]
[{"$nulls":9},0,0,{"$error":"#DIV/0!"},{"$error":"#DIV/0!"}]
[{"$nulls":9},0,0,{"$error":"#DIV/0!"},{"$error":"#DIV/0!"}]
[{"$nulls":9},0,0,{"$error":"#DIV/0!"},{"$error":"#DIV/0!"}]
[{"$nulls":9},0,0,{"$error":"#DIV/0!"},{"$error":"#DIV/0!"}]
[{"$nulls":9},0,0,{"$error":"#DIV/0!"},{"$error":"#DIV/0!"}]
[{"$nulls":9},0,0,{"$error":"#DIV/0!"},{"$error":"#DIV/0!"}]
[{"$nulls":9},0,0,{"$error":"#DIV/0!"},{"$error":"#DIV/0!"}]
[{"$nulls":9},0,0,{"$error":"#DIV/0!"},{"$error":"#DIV/0!"}]
[{"$nulls":9},0,0,{"$error":"#DIV/0!"},{"$error":"#DIV/0!"}]
[{"$nulls":9},0,0,{"$error":"#DIV/0!"},{"$error":"#DIV/0!"}]
[{"$nulls":9},0,0,{"$error":"#DIV/0!"},{"$error":"#DIV/0!"}]
[{"$nulls":9},0,0,{"$error":"#DIV/0!"},{"$error":"#DIV/0!"}]
[{"$nulls":9},0,0,{"$error":"#DIV/0!"},{"$error":"#DIV/0!"}]
[{"$nulls":9},0,0,{"$error":"#DIV/0!"},{"$error":"#DIV/0!"}]
[{"$nulls":9},0,0,{"$error":"#DIV/0!"},{"$error":"#DIV/0!"}]
[{"$nulls":9},0,0,{"$error":"#DIV/0!"},{"$error":"#DIV/0!"}]
[{"$nulls":9},0,0,{"$error":"#DIV/0!"},{"$error":"#DIV/0!"}]
[{"$nulls":9},0,0,{"$error":"#DIV/0!"},{"$error":"#DIV/0!"}]
[{"$nulls":9},0,0,{"$error":"#DIV/0!"},{"$error":"#DIV/0!"}]
[{"$nulls":9},0,0,{"$error":"#DIV/0!"},{"$error":"#DIV/0!"}]
[{"$nulls":9},0,0,{"$error":"#DIV/0!"},{"$error":"#DIV/0!"}]
[{"$nulls":9},0,0,{"$error":"#DIV/0!"},{"$error":"#DIV/0!"}]
[{"$nulls":9},0,0,{"$error":"#DIV/0!"},{"$error":"#DIV/0!"}]
[{"$nulls":9},0,0,{"$error":"#DIV/0!"},{"$error":"#DIV/0!"}]
[{"$nulls":9},0,0,{"$error":"#DIV/0!"},{"$error":"#DIV/0!"}]
[{"$nulls":9},0,0,{"$error":"#DIV/0!"},{"$error":"#DIV/0!"}]
[{"$nulls":9},0,0,{"$error":"#DIV/0!"},{"$error":"#DIV/0!"}]
[{"$nulls":9},0,0,{"$error":"#DIV/0!"},{"$error":"#DIV/0!"}]
[{"$nulls":9},0,0,{"$error":"#DIV/0!"},{"$error":"#DIV/0!"}]
[{"$nulls":9},0,0,{"$error":"#DIV/0!"},{"$error":"#DIV/0!"}]
[{"$nulls":9},0,0,{"$error":"#DIV/0!"},{"$error":"#DIV/0!"}]
[{"$nulls":9},0,0,{"$error":"#DIV/0!"},{"$error":"#DIV/0!"}]
[{"$nulls":9},0,0,{"$error":"#DIV/0!"},{"$error":"#DIV/0!"}]
[{"$nulls":9},0,0,{"$error":"#DIV/0!"},{"$error":"#DIV/0!"}]
[{"$nulls":9},0,0,{"$error":"#DIV/0!"},{"$error":"#DIV/0!"}]
[{"$nulls":9},0,0,{"$error":"#DIV/0!"},{"$error":"#DIV/0!"}]
[{"$nulls":9},0,0,{"$error":"#DIV/0!"},{"$error":"#DIV/0!"}]
[{"$nulls":9},0,0,{"$error":"#DIV/0!"},{"$error":"#DIV/0!"}]
[{"$nulls":9},0,0,{"$error":"#DIV/0!"},{"$error":"#DIV/0!"}]
[{"$nulls":9},0,0,{"$error":"#DIV/0!"},{"$error":"#DIV/0!"}]
[{"$nulls":9},0,0,{"$error":"#DIV/0!"},{"$error":"#DIV/0!"}]
[{"$nulls":9},0,0,{"$error":"#DIV/0!"},{"$error":"#DIV/0!"}]
[{"$nulls":9},0,0,{"$error":"#DIV/0!"},{"$error":"#DIV/0!"}]
[{"$nulls":9},0,0,{"$error":"#DIV/0!"},{"$error":"#DIV/0!"}]
[{"$nulls":9},0,0,{"$error":"#DIV/0!"},{"$error":"#DIV/0!"}]
[{"$nulls":9},0,0,{"$error":"#DIV/0!"},{"$error":"#DIV/0!"}]
[{"$nulls":9},0,0,{"$error":"#DIV/0!"},{"$error":"#DIV/0!"}]
[{"$nulls":9},0,0,{"$error":"#DIV/0!"},{"$error":"#DIV/0!"}]
[{"$nulls":9},0,0,{"$error":"#DIV/0!"},{"$error":"#DIV/0!"}]
[{"$nulls":9},0,0,{"$error":"#DIV/0!"},{"$error":"#DIV/0!"}]
[{"$nulls":9},0,{"$f":"J266*G266","v":0},{"$f":"K266/$K$1467","v":{"$error":"#DIV/0!"}},{"$error":"#DIV/0!"}]
[{"$nulls":9},0,0,{"$error":"#DIV/0!"},{"$f":"L267+M266","v":{"$error":"#DIV/0!"}}]
[{"$nulls":9},0,0,{"$error":"#DIV/0!"},{"$error":"#DIV/0!"}]
[{"$nulls":9},0,0,{"$error":"#DIV/0!"},{"$error":"#DIV/0!"}]
[{"$nulls":9},0,0,{"$error":"#DIV/0!"},{"$error":"#DIV/0!"}]
[{"$nulls":9},0,0,{"$error":"#DIV/0!"},{"$error":"#DIV/0!"}]
[{"$nulls":9},0,0,{"$error":"#DIV/0!"},{"$error":"#DIV/0!"}]
[{"$nulls":9},0,0,{"$error":"#DIV/0!"},{"$error":"#DIV/0!"}]
[{"$nulls":9},0,0,{"$error":"#DIV/0!"},{"$error":"#DIV/0!"}]
[{"$nulls":9},0,0,{"$error":"#DIV/0!"},{"$error":"#DIV/0!"}]
[{"$nulls":9},0,0,{"$error":"#DIV/0!"},{"$error":"#DIV/0!"}]
[{"$nulls":9},{"$f":"H277*(1+I277)","v":0},0,{"$error":"#DIV/0!"},{"$error":"#DIV/0!"}]
[{"$nulls":9},0,0,{"$error":"#DIV/0!"},{"$error":"#DIV/0!"}]
[{"$nulls":9},0,0,{"$error":"#DIV/0!"},{"$error":"#DIV/0!"}]
[{"$nulls":9},0,0,{"$error":"#DIV/0!"},{"$error":"#DIV/0!"}]
[{"$nulls":9},0,0,{"$error":"#DIV/0!"},{"$error":"#DIV/0!"}]
[{"$nulls":9},0,0,{"$error":"#DIV/0!"},{"$error":"#DIV/0!"}]
[{"$nulls":9},0,0,{"$error":"#DIV/0!"},{"$error":"#DIV/0!"}]
[{"$nulls":9},0,0,{"$error":"#DIV/0!"},{"$error":"#DIV/0!"}]
[{"$nulls":9},0,0,{"$error":"#DIV/0!"},{"$error":"#DIV/0!"}]
[{"$nulls":9},0,0,{"$error":"#DIV/0!"},{"$error":"#DIV/0!"}]
[{"$nulls":9},0,0,{"$error":"#DIV/0!"},{"$error":"#DIV/0!"}]
[{"$nulls":9},0,0,{"$error":"#DIV/0!"},{"$error":"#DIV/0!"}]
[{"$nulls":9},0,0,{"$error":"#DIV/0!"},{"$error":"#DIV/0!"}]
[{"$nulls":9},0,0,{"$error":"#DIV/0!"},{"$error":"#DIV/0!"}]
[{"$nulls":9},0,0,{"$error":"#DIV/0!"},{"$error":"#DIV/0!"}]
[{"$nulls":9},0,0,{"$error":"#DIV/0!"},{"$error":"#DIV/0!"}]
[{"$nulls":9},0,0,{"$error":"#DIV/0!"},{"$error":"#DIV/0!"}]
[{"$nulls":9},0,0,{"$error":"#DIV/0!"},{"$error":"#DIV/0!"}]
[{"$nulls":9},0,0,{"$error":"#DIV/0!"},{"$error":"#DIV/0!"}]
[{"$nulls":9},0,0,{"$error":"#DIV/0!"},{"$error":"#DIV/0!"}]
[{"$nulls":9},0,0,{"$error":"#DIV/0!"},{"$error":"#DIV/0!"}]
[{"$nulls":9},0,0,{"$error":"#DIV/0!"},{"$error":"#DIV/0!"}]
[{"$nulls":9},0,0,{"$error":"#DIV/0!"},{"$error":"#DIV/0!"}]
[{"$nulls":9},0,0,{"$error":"#DIV/0!"},{"$error":"#DIV/0!"}]
[{"$nulls":9},0,0,{"$error":"#DIV/0!"},{"$error":"#DIV/0!"}]
[{"$nulls":9},0,0,{"$error":"#DIV/0!"},{"$error":"#DIV/0!"}]
[{"$nulls":9},0,0,{"$error":"#DIV/0!"},{"$error":"#DIV/0!"}]
[{"$nulls":9},0,0,{"$error":"#DIV/0!"},{"$error":"#DIV/0!"}]
[{"$nulls":9},0,0,{"$error":"#DIV/0!"},{"$error":"#DIV/0!"}]
[{"$nulls":9},0,0,{"$error":"#DIV/0!"},{"$error":"#DIV/0!"}]
[{"$nulls":9},0,0,{"$error":"#DIV/0!"},{"$error":"#DIV/0!"}]
[{"$nulls":9},0,0,{"$error":"#DIV/0!"},{"$error":"#DIV/0!"}]
[{"$nulls":9},0,0,{"$error":"#DIV/0!"},{"$error":"#DIV/0!"}]
[{"$nulls":9},0,0,{"$error":"#DIV/0!"},{"$error":"#DIV/0!"}]
[{"$nulls":9},0,0,{"$error":"#DIV/0!"},{"$error":"#DIV/0!"}]
[{"$nulls":9},0,0,{"$error":"#DIV/0!"},{"$error":"#DIV/0!"}]
[{"$nulls":9},0,0,{"$error":"#DIV/0!"},{"$error":"#DIV/0!"}]
[{"$nulls":9},0,0,{"$error":"#DIV/0!"},{"$error":"#DIV/0!"}]
[{"$nulls":9},0,0,{"$error":"#DIV/0!"},{"$error":"#DIV/0!"}]
[{"$nulls":9},0,0,{"$error":"#DIV/0!"},{"$error":"#DIV/0!"}]
[{"$nulls":9},0,0,{"$error":"#DIV/0!"},{"$error":"#DIV/0!"}]
[{"$nulls":9},0,0,{"$error":"#DIV/0!"},{"$error":"#DIV/0!"}]
[{"$nulls":9},0,0,{"$error":"#DIV/0!"},{"$error":"#DIV/0!"}]
[{"$nulls":9},0,0,{"$error":"#DIV/0!"},{"$error":"#DIV/0!"}]
[{"$nulls":9},0,0,{"$error":"#DIV/0!"},{"$error":"#DIV/0!"}]
[{"$nulls":9},0,0,{"$error":"#DIV/0!"},{"$error":"#DIV/0!"}]
[{"$nulls":9},0,0,{"$error":"#DIV/0!"},{"$error":"#DIV/0!"}]
[{"$nulls":9},0,0,{"$error":"#DIV/0!"},{"$error":"#DIV/0!"}]
[{"$nulls":9},0,0,{"$error":"#DIV/0!"},{"$error":"#DIV/0!"}]
[{"$nulls":9},0,0,{"$error":"#DIV/0!"},{"$error":"#DIV/0!"}]
[{"$nulls":9},0,0,{"$error":"#DIV/0!"},{"$error":"#DIV/0!"}]
[{"$nulls":9},0,0,{"$error":"#DIV/0!"},{"$error":"#DIV/0!"}]
[{"$nulls":9},0,0,{"$error":"#DIV/0!"},{"$error":"#DIV/0!"}]
[{"$nulls":9},0,{"$f":"J330*G330","v":0},{"$f":"K330/$K$1467","v":{"$error":"#DIV/0!"}},{"$error":"#DIV/0!"}]
[{"$nulls":9},0,0,{"$error":"#DIV/0!"},{"$f":"L331+M330","v":{"$error":"#DIV/0!"}}]
[{"$nulls":9},0,0,{"$error":"#DIV/0!"},{"$error":"#DIV/0!"}]
[{"$nulls":9},0,0,{"$error":"#DIV/0!"},{"$error":"#DIV/0!"}]
[{"$nulls":9},0,0,{"$error":"#DIV/0!"},{"$error":"#DIV/0!"}]
[{"$nulls":9},0,0,{"$error":"#DIV/0!"},{"$error":"#DIV/0!"}]
[{"$nulls":9},0,0,{"$error":"#DIV/0!"},{"$error":"#DIV/0!"}]
[{"$nulls":9},0,0,{"$error":"#DIV/0!"},{"$error":"#DIV/0!"}]
[{"$nulls":9},0,0,{"$error":"#DIV/0!"},{"$error":"#DIV/0!"}]
[{"$nulls":9},0,0,{"$error":"#DIV/0!"},{"$error":"#DIV/0!"}]
[{"$nulls":9},0,0,{"$error":"#DIV/0!"},{"$error":"#DIV/0!"}]
[{"$nulls":9},{"$f":"H341*(1+I341)","v":0},0,{"$error":"#DIV/0!"},{"$error":"#DIV/0!"}]
[{"$nulls":9},0,0,{"$error":"#DIV/0!"},{"$error":"#DIV/0!"}]
[{"$nulls":9},0,0,{"$error":"#DIV/0!"},{"$error":"#DIV/0!"}]
[{"$nulls":9},0,0,{"$error":"#DIV/0!"},{"$error":"#DIV/0!"}]
[{"$nulls":9},0,0,{"$error":"#DIV/0!"},{"$error":"#DIV/0!"}]
[{"$nulls":9},0,0,{"$error":"#DIV/0!"},{"$error":"#DIV/0!"}]
[{"$nulls":9},0,0,{"$error":"#DIV/0!"},{"$error":"#DIV/0!"}]
[{"$nulls":9},0,0,{"$error":"#DIV/0!"},{"$error":"#DIV/0!"}]
[{"$nulls":9},0,0,{"$error":"#DIV/0!"},{"$error":"#DIV/0!"}]
[{"$nulls":9},0,0,{"$error":"#DIV/0!"},{"$error":"#DIV/0!"}]
[{"$nulls":9},0,0,{"$error":"#DIV/0!"},{"$error":"#DIV/0!"}]
[{"$nulls":9},0,0,{"$error":"#DIV/0!"},{"$error":"#DIV/0!"}]
[{"$nulls":9},0,0,{"$error":"#DIV/0!"},{"$error":"#DIV/0!"}]
[{"$nulls":9},0,0,{"$error":"#DIV/0!"},{"$error":"#DIV/0!"}]
[{"$nulls":9},0,0,{"$error":"#DIV/0!"},{"$error":"#DIV/0!"}]
[{"$nulls":9},0,0,{"$error":"#DIV/0!"},{"$error":"#DIV/0!"}]
[{"$nulls":9},0,0,{"$error":"#DIV/0!"},{"$error":"#DIV/0!"}]
[{"$nulls":9},0,0,{"$error":"#DIV/0!"},{"$error":"#DIV/0!"}]
[{"$nulls":9},0,0,{"$error":"#DIV/0!"},{"$error":"#DIV/0!"}]
[{"$nulls":9},0,0,{"$error":"#DIV/0!"},{"$error":"#DIV/0!"}]
[{"$nulls":9},0,0,{"$error":"#DIV/0!"},{"$error":"#DIV/0!"}]
[{"$nulls":9},0,0,{"$error":"#DIV/0!"},{"$error":"#DIV/0!"}]
[{"$nulls":9},0,0,{"$error":"#DIV/0!"},{"$error":"#DIV/0!"}]
[{"$nulls":9},0,0,{"$error":"#DIV/0!"},{"$error":"#DIV/0!"}]
[{"$nulls":9},0,0,{"$error":"#DIV/0!"},{"$error":"#DIV/0!"}]
[{"$nulls":9},0,0,{"$error":"#DIV/0!"},{"$error":"#DIV/0!"}]
[{"$nulls":9},0,0,{"$error":"#DIV/0!"},{"$error":"#DIV/0!"}]
[{"$nulls":9},0,0,{"$error":"#DIV/0!"},{"$error":"#DIV/0!"}]
[{"$nulls":9},0,0,{"$error":"#DIV/0!"},{"$error":"#DIV/0!"}]
[{"$nulls":9},0,0,{"$error":"#DIV/0!"},{"$error":"#DIV/0!"}]
[{"$nulls":9},0,0,{"$error":"#DIV/0!"},{"$error":"#DIV/0!"}]
[{"$nulls":9},0,0,{"$error":"#DIV/0!"},{"$error":"#DIV/0!"}]
[{"$nulls":9},0,0,{"$error":"#DIV/0!"},{"$error":"#DIV/0!"}]
[{"$nulls":9},0,0,{"$error":"#DIV/0!"},{"$error":"#DIV/0!"}]
[{"$nulls":9},0,0,{"$error":"#DIV/0!"},{"$error":"#DIV/0!"}]
[{"$nulls":9},0,0,{"$error":"#DIV/0!"},{"$error":"#DIV/0!"}]
[{"$nulls":9},0,0,{"$error":"#DIV/0!"},{"$error":"#DIV/0!"}]
[{"$nulls":9},0,0,{"$error":"#DIV/0!"},{"$error":"#DIV/0!"}]
[{"$nulls":9},0,0,{"$error":"#DIV/0!"},{"$error":"#DIV/0!"}]
[{"$nulls":9},0,0,{"$error":"#DIV/0!"},{"$error":"#DIV/0!"}]
[{"$nulls":9},0,0,{"$error":"#DIV/0!"},{"$error":"#DIV/0!"}]
[{"$nulls":9},0,0,{"$error":"#DIV/0!"},{"$error":"#DIV/0!"}]
[{"$nulls":9},0,0,{"$error":"#DIV/0!"},{"$error":"#DIV/0!"}]
[{"$nulls":9},0,0,{"$error":"#DIV/0!"},{"$error":"#DIV/0!"}]
[{"$nulls":9},0,0,{"$error":"#DIV/0!"},{"$error":"#DIV/0!"}]
[{"$nulls":9},0,0,{"$error":"#DIV/0!"},{"$error":"#DIV/0!"}]
[{"$nulls":9},0,0,{"$error":"#DIV/0!"},{"$error":"#DIV/0!"}]
[{"$nulls":9},0,0,{"$error":"#DIV/0!"},{"$error":"#DIV/0!"}]
[{"$nulls":9},0,0,{"$error":"#DIV/0!"},{"$error":"#DIV/0!"}]
[{"$nulls":9},0,0,{"$error":"#DIV/0!"},{"$error":"#DIV/0!"}]
[{"$nulls":9},0,0,{"$error":"#DIV/0!"},{"$error":"#DIV/0!"}]
[{"$nulls":9},0,0,{"$error":"#DIV/0!"},{"$error":"#DIV/0!"}]
[{"$nulls":9},0,0,{"$error":"#DIV/0!"},{"$error":"#DIV/0!"}]
[{"$nulls":9},0,{"$f":"J394*G394","v":0},{"$f":"K394/$K$1467","v":{"$error":"#DIV/0!"}},{"$error":"#DIV/0!"}]
[{"$nulls":9},0,0,{"$error":"#DIV/0!"},{"$f":"L395+M394","v":{"$error":"#DIV/0!"}}]
[{"$nulls":9},0,0,{"$error":"#DIV/0!"},{"$error":"#DIV/0!"}]
[{"$nulls":9},0,0,{"$error":"#DIV/0!"},{"$error":"#DIV/0!"}]
[{"$nulls":9},0,0,{"$error":"#DIV/0!"},{"$error":"#DIV/0!"}]
[{"$nulls":9},0,0,{"$error":"#DIV/0!"},{"$error":"#DIV/0!"}]
[{"$nulls":9},0,0,{"$error":"#DIV/0!"},{"$error":"#DIV/0!"}]
[{"$nulls":9},0,0,{"$error":"#DIV/0!"},{"$error":"#DIV/0!"}]
[{"$nulls":9},0,0,{"$error":"#DIV/0!"},{"$error":"#DIV/0!"}]
[{"$nulls":9},0,0,{"$error":"#DIV/0!"},{"$error":"#DIV/0!"}]
[{"$nulls":9},0,0,{"$error":"#DIV/0!"},{"$error":"#DIV/0!"}]
[{"$nulls":9},{"$f":"H405*(1+I405)","v":0},0,{"$error":"#DIV/0!"},{"$error":"#DIV/0!"}]
[{"$nulls":9},0,0,{"$error":"#DIV/0!"},{"$error":"#DIV/0!"}]
[{"$nulls":9},0,0,{"$error":"#DIV/0!"},{"$error":"#DIV/0!"}]
[{"$nulls":9},0,0,{"$error":"#DIV/0!"},{"$error":"#DIV/0!"}]
[{"$nulls":9},0,0,{"$error":"#DIV/0!"},{"$error":"#DIV/0!"}]
[{"$nulls":9},0,0,{"$error":"#DIV/0!"},{"$error":"#DIV/0!"}]
[{"$nulls":9},0,0,{"$error":"#DIV/0!"},{"$error":"#DIV/0!"}]
[{"$nulls":9},0,0,{"$error":"#DIV/0!"},{"$error":"#DIV/0!"}]
[{"$nulls":9},0,0,{"$error":"#DIV/0!"},{"$error":"#DIV/0!"}]
[{"$nulls":9},0,0,{"$error":"#DIV/0!"},{"$error":"#DIV/0!"}]
[{"$nulls":9},0,0,{"$error":"#DIV/0!"},{"$error":"#DIV/0!"}]
[{"$nulls":9},0,0,{"$error":"#DIV/0!"},{"$error":"#DIV/0!"}]
[{"$nulls":9},0,0,{"$error":"#DIV/0!"},{"$error":"#DIV/0!"}]
[{"$nulls":9},0,0,{"$error":"#DIV/0!"},{"$error":"#DIV/0!"}]
[{"$nulls":9},0,0,{"$error":"#DIV/0!"},{"$error":"#DIV/0!"}]
[{"$nulls":9},0,0,{"$error":"#DIV/0!"},{"$error":"#DIV/0!"}]
[{"$nulls":9},0,0,{"$error":"#DIV/0!"},{"$error":"#DIV/0!"}]
[{"$nulls":9},0,0,{"$error":"#DIV/0!"},{"$error":"#DIV/0!"}]
[{"$nulls":9},0,0,{"$error":"#DIV/0!"},{"$error":"#DIV/0!"}]
[{"$nulls":9},0,0,{"$error":"#DIV/0!"},{"$error":"#DIV/0!"}]
[{"$nulls":9},0,0,{"$error":"#DIV/0!"},{"$error":"#DIV/0!"}]
[{"$nulls":9},0,0,{"$error":"#DIV/0!"},{"$error":"#DIV/0!"}]
[{"$nulls":9},0,0,{"$error":"#DIV/0!"},{"$error":"#DIV/0!"}]
[{"$nulls":9},0,0,{"$error":"#DIV/0!"},{"$error":"#DIV/0!"}]
[{"$nulls":9},0,0,{"$error":"#DIV/0!"},{"$error":"#DIV/0!"}]
[{"$nulls":9},0,0,{"$error":"#DIV/0!"},{"$error":"#DIV/0!"}]
[{"$nulls":9},0,0,{"$error":"#DIV/0!"},{"$error":"#DIV/0!"}]
[{"$nulls":9},0,0,{"$error":"#DIV/0!"},{"$error":"#DIV/0!"}]
[{"$nulls":9},0,0,{"$error":"#DIV/0!"},{"$error":"#DIV/0!"}]
[{"$nulls":9},0,0,{"$error":"#DIV/0!"},{"$error":"#DIV/0!"}]
[{"$nulls":9},0,0,{"$error":"#DIV/0!"},{"$error":"#DIV/0!"}]
[{"$nulls":9},0,0,{"$error":"#DIV/0!"},{"$error":"#DIV/0!"}]
[{"$nulls":9},0,0,{"$error":"#DIV/0!"},{"$error":"#DIV/0!"}]
[{"$nulls":9},0,0,{"$error":"#DIV/0!"},{"$error":"#DIV/0!"}]
[{"$nulls":9},0,0,{"$error":"#DIV/0!"},{"$error":"#DIV/0!"}]
[{"$nulls":9},0,0,{"$error":"#DIV/0!"},{"$error":"#DIV/0!"}]
[{"$nulls":9},0,0,{"$error":"#DIV/0!"},{"$error":"#DIV/0!"}]
[{"$nulls":9},0,0,{"$error":"#DIV/0!"},{"$error":"#DIV/0!"}]
[{"$nulls":9},0,0,{"$error":"#DIV/0!"},{"$error":"#DIV/0!"}]
[{"$nulls":9},0,0,{"$error":"#DIV/0!"},{"$error":"#DIV/0!"}]
[{"$nulls":9},0,0,{"$error":"#DIV/0!"},{"$error":"#DIV/0!"}]
[{"$nulls":9},0,0,{"$error":"#DIV/0!"},{"$error":"#DIV/0!"}]
[{"$nulls":9},0,0,{"$error":"#DIV/0!"},{"$error":"#DIV/0!"}]
[{"$nulls":9},0,0,{"$error":"#DIV/0!"},{"$error":"#DIV/0!"}]
[{"$nulls":9},0,0,{"$error":"#DIV/0!"},{"$error":"#DIV/0!"}]
[{"$nulls":9},0,0,{"$error":"#DIV/0!"},{"$error":"#DIV/0!"}]
[{"$nulls":9},0,0,{"$error":"#DIV/0!"},{"$error":"#DIV/0!"}]
[{"$nulls":9},0,0,{"$error":"#DIV/0!"},{"$error":"#DIV/0!"}]
[{"$nulls":9},0,0,{"$error":"#DIV/0!"},{"$error":"#DIV/0!"}]
[{"$nulls":9},0,0,{"$error":"#DIV/0!"},{"$error":"#DIV/0!"}]
[{"$nulls":9},0,0,{"$error":"#DIV/0!"},{"$error":"#DIV/0!"}]
[{"$nulls":9},0,0,{"$error":"#DIV/0!"},{"$error":"#DIV/0!"}]
[{"$nulls":9},0,0,{"$error":"#DIV/0!"},{"$error":"#DIV/0!"}]
[{"$nulls":9},0,{"$f":"J458*G458","v":0},{"$f":"K458/$K$1467","v":{"$error":"#DIV/0!"}},{"$error":"#DIV/0!"}]
[{"$nulls":9},0,0,{"$error":"#DIV/0!"},{"$f":"L459+M458","v":{"$error":"#DIV/0!"}}]
[{"$nulls":9},0,0,{"$error":"#DIV/0!"},{"$error":"#DIV/0!"}]
[{"$nulls":9},0,0,{"$error":"#DIV/0!"},{"$error":"#DIV/0!"}]
[{"$nulls":9},0,0,{"$error":"#DIV/0!"},{"$error":"#DIV/0!"}]
[{"$nulls":9},0,0,{"$error":"#DIV/0!"},{"$error":"#DIV/0!"}]
[{"$nulls":9},0,0,{"$error":"#DIV/0!"},{"$error":"#DIV/0!"}]
[{"$nulls":9},0,0,{"$error":"#DIV/0!"},{"$error":"#DIV/0!"}]
[{"$nulls":9},0,0,{"$error":"#DIV/0!"},{"$error":"#DIV/0!"}]
[{"$nulls":9},0,0,{"$error":"#DIV/0!"},{"$error":"#DIV/0!"}]
[{"$nulls":9},0,0,{"$error":"#DIV/0!"},{"$error":"#DIV/0!"}]
[{"$nulls":9},{"$f":"H469*(1+I469)","v":0},0,{"$error":"#DIV/0!"},{"$error":"#DIV/0!"}]
[{"$nulls":9},0,0,{"$error":"#DIV/0!"},{"$error":"#DIV/0!"}]
[{"$nulls":9},0,0,{"$error":"#DIV/0!"},{"$error":"#DIV/0!"}]
[{"$nulls":9},0,0,{"$error":"#DIV/0!"},{"$error":"#DIV/0!"}]
[{"$nulls":9},0,0,{"$error":"#DIV/0!"},{"$error":"#DIV/0!"}]
[{"$nulls":9},0,0,{"$error":"#DIV/0!"},{"$error":"#DIV/0!"}]
[{"$nulls":9},0,0,{"$error":"#DIV/0!"},{"$error":"#DIV/0!"}]
[{"$nulls":9},0,0,{"$error":"#DIV/0!"},{"$error":"#DIV/0!"}]
[{"$nulls":9},0,0,{"$error":"#DIV/0!"},{"$error":"#DIV/0!"}]
[{"$nulls":9},0,0,{"$error":"#DIV/0!"},{"$error":"#DIV/0!"}]
[{"$nulls":9},0,0,{"$error":"#DIV/0!"},{"$error":"#DIV/0!"}]
[{"$nulls":9},0,0,{"$error":"#DIV/0!"},{"$error":"#DIV/0!"}]
[{"$nulls":9},0,0,{"$error":"#DIV/0!"},{"$error":"#DIV/0!"}]
[{"$nulls":9},0,0,{"$error":"#DIV/0!"},{"$error":"#DIV/0!"}]
[{"$nulls":9},0,0,{"$error":"#DIV/0!"},{"$error":"#DIV/0!"}]
[{"$nulls":9},0,0,{"$error":"#DIV/0!"},{"$error":"#DIV/0!"}]
[{"$nulls":9},0,0,{"$error":"#DIV/0!"},{"$error":"#DIV/0!"}]
[{"$nulls":9},0,0,{"$error":"#DIV/0!"},{"$error":"#DIV/0!"}]
[{"$nulls":9},0,0,{"$error":"#DIV/0!"},{"$error":"#DIV/0!"}]
[{"$nulls":9},0,0,{"$error":"#DIV/0!"},{"$error":"#DIV/0!"}]
[{"$nulls":9},0,0,{"$error":"#DIV/0!"},{"$error":"#DIV/0!"}]
[{"$nulls":9},0,0,{"$error":"#DIV/0!"},{"$error":"#DIV/0!"}]
[{"$nulls":9},0,0,{"$error":"#DIV/0!"},{"$error":"#DIV/0!"}]
[{"$nulls":9},0,0,{"$error":"#DIV/0!"},{"$error":"#DIV/0!"}]
[{"$nulls":9},0,0,{"$error":"#DIV/0!"},{"$error":"#DIV/0!"}]
[{"$nulls":9},0,0,{"$error":"#DIV/0!"},{"$error":"#DIV/0!"}]
[{"$nulls":9},0,0,{"$error":"#DIV/0!"},{"$error":"#DIV/0!"}]
[{"$nulls":9},0,0,{"$error":"#DIV/0!"},{"$error":"#DIV/0!"}]
[{"$nulls":9},0,0,{"$error":"#DIV/0!"},{"$error":"#DIV/0!"}]
[{"$nulls":9},0,0,{"$error":"#DIV/0!"},{"$error":"#DIV/0!"}]
[{"$nulls":9},0,0,{"$error":"#DIV/0!"},{"$error":"#DIV/0!"}]
[{"$nulls":9},0,0,{"$error":"#DIV/0!"},{"$error":"#DIV/0!"}]
[{"$nulls":9},0,0,{"$error":"#DIV/0!"},{"$error":"#DIV/0!"}]
[{"$nulls":9},0,0,{"$error":"#DIV/0!"},{"$error":"#DIV/0!"}]
[{"$nulls":9},0,0,{"$error":"#DIV/0!"},{"$error":"#DIV/0!"}]
[{"$nulls":9},0,0,{"$error":"#DIV/0!"},{"$error":"#DIV/0!"}]
[{"$nulls":9},0,0,{"$error":"#DIV/0!"},{"$error":"#DIV/0!"}]
[{"$nulls":9},0,0,{"$error":"#DIV/0!"},{"$error":"#DIV/0!"}]
[{"$nulls":9},0,0,{"$error":"#DIV/0!"},{"$error":"#DIV/0!"}]
[{"$nulls":9},0,0,{"$error":"#DIV/0!"},{"$error":"#DIV/0!"}]
[{"$nulls":9},0,0,{"$error":"#DIV/0!"},{"$error":"#DIV/0!"}]
[{"$nulls":9},0,0,{"$error":"#DIV/0!"},{"$error":"#DIV/0!"}]
[{"$nulls":9},0,0,{"$error":"#DIV/0!"},{"$error":"#DIV/0!"}]
[{"$nulls":9},0,0,{"$error":"#DIV/0!"},{"$error":"#DIV/0!"}]
[{"$nulls":9},0,0,{"$error":"#DIV/0!"},{"$error":"#DIV/0!"}]
[{"$nulls":9},0,0,{"$error":"#DIV/0!"},{"$error":"#DIV/0!"}]
[{"$nulls":9},0,0,{"$error":"#DIV/0!"},{"$error":"#DIV/0!"}]
[{"$nulls":9},0,0,{"$error":"#DIV/0!"},{"$error":"#DIV/0!"}]
[{"$nulls":9},0,0,{"$error":"#DIV/0!"},{"$error":"#DIV/0!"}]
[{"$nulls":9},0,0,{"$error":"#DIV/0!"},{"$error":"#DIV/0!"}]
[{"$nulls":9},0,0,{"$error":"#DIV/0!"},{"$error":"#DIV/0!"}]
[{"$nulls":9},0,0,{"$error":"#DIV/0!"},{"$error":"#DIV/0!"}]
[{"$nulls":9},0,0,{"$error":"#DIV/0!"},{"$error":"#DIV/0!"}]
[{"$nulls":9},0,{"$f":"J522*G522","v":0},{"$f":"K522/$K$1467","v":{"$error":"#DIV/0!"}},{"$error":"#DIV/0!"}]
[{"$nulls":9},0,0,{"$error":"#DIV/0!"},{"$f":"L523+M522","v":{"$error":"#DIV/0!"}}]
[{"$nulls":9},0,0,{"$error":"#DIV/0!"},{"$error":"#DIV/0!"}]
[{"$nulls":9},0,0,{"$error":"#DIV/0!"},{"$error":"#DIV/0!"}]
[{"$nulls":9},0,0,{"$error":"#DIV/0!"},{"$error":"#DIV/0!"}]
[{"$nulls":9},0,0,{"$error":"#DIV/0!"},{"$error":"#DIV/0!"}]
[{"$nulls":9},0,0,{"$error":"#DIV/0!"},{"$error":"#DIV/0!"}]
[{"$nulls":9},0,0,{"$error":"#DIV/0!"},{"$error":"#DIV/0!"}]
[{"$nulls":9},0,0,{"$error":"#DIV/0!"},{"$error":"#DIV/0!"}]
[{"$nulls":9},0,0,{"$error":"#DIV/0!"},{"$error":"#DIV/0!"}]
[{"$nulls":9},0,0,{"$error":"#DIV/0!"},{"$error":"#DIV/0!"}]
[{"$nulls":9},{"$f":"H533*(1+I533)","v":0},0,{"$error":"#DIV/0!"},{"$error":"#DIV/0!"}]
[{"$nulls":9},0,0,{"$error":"#DIV/0!"},{"$error":"#DIV/0!"}]
[{"$nulls":9},0,0,{"$error":"#DIV/0!"},{"$error":"#DIV/0!"}]
[{"$nulls":9},0,0,{"$error":"#DIV/0!"},{"$error":"#DIV/0!"}]
[{"$nulls":9},0,0,{"$error":"#DIV/0!"},{"$error":"#DIV/0!"}]
[{"$nulls":9},0,0,{"$error":"#DIV/0!"},{"$error":"#DIV/0!"}]
[{"$nulls":9},0,0,{"$error":"#DIV/0!"},{"$error":"#DIV/0!"}]
[{"$nulls":9},0,0,{"$error":"#DIV/0!"},{"$error":"#DIV/0!"}]
[{"$nulls":9},0,0,{"$error":"#DIV/0!"},{"$error":"#DIV/0!"}]
[{"$nulls":9},0,0,{"$error":"#DIV/0!"},{"$error":"#DIV/0!"}]
[{"$nulls":9},0,0,{"$error":"#DIV/0!"},{"$error":"#DIV/0!"}]
[{"$nulls":9},0,0,{"$error":"#DIV/0!"},{"$error":"#DIV/0!"}]
[{"$nulls":9},0,0,{"$error":"#DIV/0!"},{"$error":"#DIV/0!"}]
[{"$nulls":9},0,0,{"$error":"#DIV/0!"},{"$error":"#DIV/0!"}]
[{"$nulls":9},0,0,{"$error":"#DIV/0!"},{"$error":"#DIV/0!"}]
[{"$nulls":9},0,0,{"$error":"#DIV/0!"},{"$error":"#DIV/0!"}]
[{"$nulls":9},0,0,{"$error":"#DIV/0!"},{"$error":"#DIV/0!"}]
[{"$nulls":9},0,0,{"$error":"#DIV/0!"},{"$error":"#DIV/0!"}]
[{"$nulls":9},0,0,{"$error":"#DIV/0!"},{"$error":"#DIV/0!"}]
[{"$nulls":9},0,0,{"$error":"#DIV/0!"},{"$error":"#DIV/0!"}]
[{"$nulls":9},0,0,{"$error":"#DIV/0!"},{"$error":"#DIV/0!"}]
[{"$nulls":9},0,0,{"$error":"#DIV/0!"},{"$error":"#DIV/0!"}]
[{"$nulls":9},0,0,{"$error":"#DIV/0!"},{"$error":"#DIV/0!"}]
[{"$nulls":9},0,0,{"$error":"#DIV/0!"},{"$error":"#DIV/0!"}]
[{"$nulls":9},0,0,{"$error":"#DIV/0!"},{"$error":"#DIV/0!"}]
[{"$nulls":9},0,0,{"$error":"#DIV/0!"},{"$error":"#DIV/0!"}]
[{"$nulls":9},0,0,{"$error":"#DIV/0!"},{"$error":"#DIV/0!"}]
[{"$nulls":9},0,0,{"$error":"#DIV/0!"},{"$error":"#DIV/0!"}]
[{"$nulls":9},0,0,{"$error":"#DIV/0!"},{"$error":"#DIV/0!"}]
[{"$nulls":9},0,0,{"$error":"#DIV/0!"},{"$error":"#DIV/0!"}]
[{"$nulls":9},0,0,{"$error":"#DIV/0!"},{"$error":"#DIV/0!"}]
[{"$nulls":9},0,0,{"$error":"#DIV/0!"},{"$error":"#DIV/0!"}]
[{"$nulls":9},0,0,{"$error":"#DIV/0!"},{"$error":"#DIV/0!"}]
[{"$nulls":9},0,0,{"$error":"#DIV/0!"},{"$error":"#DIV/0!"}]
[{"$nulls":9},0,0,{"$error":"#DIV/0!"},{"$error":"#DIV/0!"}]
[{"$nulls":9},0,0,{"$error":"#DIV/0!"},{"$error":"#DIV/0!"}]
[{"$nulls":9},0,0,{"$error":"#DIV/0!"},{"$error":"#DIV/0!"}]
[{"$nulls":9},0,0,{"$error":"#DIV/0!"},{"$error":"#DIV/0!"}]
[{"$nulls":9},0,0,{"$error":"#DIV/0!"},{"$error":"#DIV/0!"}]
[{"$nulls":9},0,0,{"$error":"#DIV/0!"},{"$error":"#DIV/0!"}]
[{"$nulls":9},0,0,{"$error":"#DIV/0!"},{"$error":"#DIV/0!"}]
[{"$nulls":9},0,0,{"$error":"#DIV/0!"},{"$error":"#DIV/0!"}]
[{"$nulls":9},0,0,{"$error":"#DIV/0!"},{"$error":"#DIV/0!"}]
[{"$nulls":9},0,0,{"$error":"#DIV/0!"},{"$error":"#DIV/0!"}]
[{"$nulls":9},0,0,{"$error":"#DIV/0!"},{"$error":"#DIV/0!"}]
[{"$nulls":9},0,0,{"$error":"#DIV/0!"},{"$error":"#DIV/0!"}]
[{"$nulls":9},0,0,{"$error":"#DIV/0!"},{"$error":"#DIV/0!"}]
[{"$nulls":9},0,0,{"$error":"#DIV/0!"},{"$error":"#DIV/0!"}]
[{"$nulls":9},0,0,{"$error":"#DIV/0!"},{"$error":"#DIV/0!"}]
[{"$nulls":9},0,0,{"$error":"#DIV/0!"},{"$error":"#DIV/0!"}]
[{"$nulls":9},0,0,{"$error":"#DIV/0!"},{"$error":"#DIV/0!"}]
[{"$nulls":9},0,0,{"$error":"#DIV/0!"},{"$error":"#DIV/0!"}]
[{"$nulls":9},0,0,{"$error":"#DIV/0!"},{"$error":"#DIV/0!"}]
[{"$nulls":9},0,{"$f":"J586*G586","v":0},{"$f":"K586/$K$1467","v":{"$error":"#DIV/0!"}},{"$error":"#DIV/0!"}]
[{"$nulls":9},0,0,{"$error":"#DIV/0!"},{"$f":"L587+M586","v":{"$error":"#DIV/0!"}}]
[{"$nulls":9},0,0,{"$error":"#DIV/0!"},{"$error":"#DIV/0!"}]
[{"$nulls":9},0,0,{"$error":"#DIV/0!"},{"$error":"#DIV/0!"}]
[{"$nulls":9},0,0,{"$error":"#DIV/0!"},{"$error":"#DIV/0!"}]
[{"$nulls":9},0,0,{"$error":"#DIV/0!"},{"$error":"#DIV/0!"}]
[{"$nulls":9},0,0,{"$error":"#DIV/0!"},{"$error":"#DIV/0!"}]
[{"$nulls":9},0,0,{"$error":"#DIV/0!"},{"$error":"#DIV/0!"}]
[{"$nulls":9},0,0,{"$error":"#DIV/0!"},{"$error":"#DIV/0!"}]
[{"$nulls":9},0,0,{"$error":"#DIV/0!"},{"$error":"#DIV/0!"}]
[{"$nulls":9},0,0,{"$error":"#DIV/0!"},{"$error":"#DIV/0!"}]
[{"$nulls":9},{"$f":"H597*(1+I597)","v":0},0,{"$error":"#DIV/0!"},{"$error":"#DIV/0!"}]
[{"$nulls":9},0,0,{"$error":"#DIV/0!"},{"$error":"#DIV/0!"}]
[{"$nulls":9},0,0,{"$error":"#DIV/0!"},{"$error":"#DIV/0!"}]
[{"$nulls":9},0,0,{"$error":"#DIV/0!"},{"$error":"#DIV/0!"}]
[{"$nulls":9},0,0,{"$error":"#DIV/0!"},{"$error":"#DIV/0!"}]
[{"$nulls":9},0,0,{"$error":"#DIV/0!"},{"$error":"#DIV/0!"}]
[{"$nulls":9},0,0,{"$error":"#DIV/0!"},{"$error":"#DIV/0!"}]
[{"$nulls":9},0,0,{"$error":"#DIV/0!"},{"$error":"#DIV/0!"}]
[{"$nulls":9},0,0,{"$error":"#DIV/0!"},{"$error":"#DIV/0!"}]
[{"$nulls":9},0,0,{"$error":"#DIV/0!"},{"$error":"#DIV/0!"}]
[{"$nulls":9},0,0,{"$error":"#DIV/0!"},{"$error":"#DIV/0!"}]
[{"$nulls":9},0,0,{"$error":"#DIV/0!"},{"$error":"#DIV/0!"}]
[{"$nulls":9},0,0,{"$error":"#DIV/0!"},{"$error":"#DIV/0!"}]
[{"$nulls":9},0,0,{"$error":"#DIV/0!"},{"$error":"#DIV/0!"}]
[{"$nulls":9},0,0,{"$error":"#DIV/0!"},{"$error":"#DIV/0!"}]
[{"$nulls":9},0,0,{"$error":"#DIV/0!"},{"$error":"#DIV/0!"}]
[{"$nulls":9},0,0,{"$error":"#DIV/0!"},{"$error":"#DIV/0!"}]
[{"$nulls":9},0,0,{"$error":"#DIV/0!"},{"$error":"#DIV/0!"}]
[{"$nulls":9},0,0,{"$error":"#DIV/0!"},{"$error":"#DIV/0!"}]
[{"$nulls":9},0,0,{"$error":"#DIV/0!"},{"$error":"#DIV/0!"}]
[{"$nulls":9},0,0,{"$error":"#DIV/0!"},{"$error":"#DIV/0!"}]
[{"$nulls":9},0,0,{"$error":"#DIV/0!"},{"$error":"#DIV/0!"}]
[{"$nulls":9},0,0,{"$error":"#DIV/0!"},{"$error":"#DIV/0!"}]
[{"$nulls":9},0,0,{"$error":"#DIV/0!"},{"$error":"#DIV/0!"}]
[{"$nulls":9},0,0,{"$error":"#DIV/0!"},{"$error":"#DIV/0!"}]
[{"$nulls":9},0,0,{"$error":"#DIV/0!"},{"$error":"#DIV/0!"}]
[{"$nulls":9},0,0,{"$error":"#DIV/0!"},{"$error":"#DIV/0!"}]
[{"$nulls":9},0,0,{"$error":"#DIV/0!"},{"$error":"#DIV/0!"}]
[{"$nulls":9},0,0,{"$error":"#DIV/0!"},{"$error":"#DIV/0!"}]
[{"$nulls":9},0,0,{"$error":"#DIV/0!"},{"$error":"#DIV/0!"}]
[{"$nulls":9},0,0,{"$error":"#DIV/0!"},{"$error":"#DIV/0!"}]
[{"$nulls":9},0,0,{"$error":"#DIV/0!"},{"$error":"#DIV/0!"}]
[{"$nulls":9},0,0,{"$error":"#DIV/0!"},{"$error":"#DIV/0!"}]
[{"$nulls":9},0,0,{"$error":"#DIV/0!"},{"$error":"#DIV/0!"}]
[{"$nulls":9},0,0,{"$error":"#DIV/0!"},{"$error":"#DIV/0!"}]
[{"$nulls":9},0,0,{"$error":"#DIV/0!"},{"$error":"#DIV/0!"}]
[{"$nulls":9},0,0,{"$error":"#DIV/0!"},{"$error":"#DIV/0!"}]
[{"$nulls":9},0,0,{"$error":"#DIV/0!"},{"$error":"#DIV/0!"}]
[{"$nulls":9},0,0,{"$error":"#DIV/0!"},{"$error":"#DIV/0!"}]
[{"$nulls":9},0,0,{"$error":"#DIV/0!"},{"$error":"#DIV/0!"}]
[{"$nulls":9},0,0,{"$error":"#DIV/0!"},{"$error":"#DIV/0!"}]
[{"$nulls":9},0,0,{"$error":"#DIV/0!"},{"$error":"#DIV/0!"}]
[{"$nulls":9},0,0,{"$error":"#DIV/0!"},{"$error":"#DIV/0!"}]
[{"$nulls":9},0,0,{"$error":"#DIV/0!"},{"$error":"#DIV/0!"}]
[{"$nulls":9},0,0,{"$error":"#DIV/0!"},{"$error":"#DIV/0!"}]
[{"$nulls":9},0,0,{"$error":"#DIV/0!"},{"$error":"#DIV/0!"}]
[{"$nulls":9},0,0,{"$error":"#DIV/0!"},{"$error":"#DIV/0!"}]
[{"$nulls":9},0,0,{"$error":"#DIV/0!"},{"$error":"#DIV/0!"}]
[{"$nulls":9},0,0,{"$error":"#DIV/0!"},{"$error":"#DIV/0!"}]
[{"$nulls":9},0,0,{"$error":"#DIV/0!"},{"$error":"#DIV/0!"}]
[{"$nulls":9},0,0,{"$error":"#DIV/0!"},{"$error":"#DIV/0!"}]
[{"$nulls":9},0,0,{"$error":"#DIV/0!"},{"$error":"#DIV/0!"}]
[{"$nulls":9},0,0,{"$error":"#DIV/0!"},{"$error":"#DIV/0!"}]
[{"$nulls":9},0,{"$f":"J650*G650","v":0},{"$f":"K650/$K$1467","v":{"$error":"#DIV/0!"}},{"$error":"#DIV/0!"}]
[{"$nulls":9},0,0,{"$error":"#DIV/0!"},{"$f":"L651+M650","v":{"$error":"#DIV/0!"}}]
[{"$nulls":9},0,0,{"$error":"#DIV/0!"},{"$error":"#DIV/0!"}]
[{"$nulls":9},0,0,{"$error":"#DIV/0!"},{"$error":"#DIV/0!"}]
[{"$nulls":9},0,0,{"$error":"#DIV/0!"},{"$error":"#DIV/0!"}]
[{"$nulls":9},0,0,{"$error":"#DIV/0!"},{"$error":"#DIV/0!"}]
[{"$nulls":9},0,0,{"$error":"#DIV/0!"},{"$error":"#DIV/0!"}]
[{"$nulls":9},0,0,{"$error":"#DIV/0!"},{"$error":"#DIV/0!"}]
[{"$nulls":9},0,0,{"$error":"#DIV/0!"},{"$error":"#DIV/0!"}]
[{"$nulls":9},0,0,{"$error":"#DIV/0!"},{"$error":"#DIV/0!"}]
[{"$nulls":9},0,0,{"$error":"#DIV/0!"},{"$error":"#DIV/0!"}]
[{"$nulls":9},{"$f":"H661*(1+I661)","v":0},0,{"$error":"#DIV/0!"},{"$error":"#DIV/0!"}]
[{"$nulls":9},0,0,{"$error":"#DIV/0!"},{"$error":"#DIV/0!"}]
[{"$nulls":9},0,0,{"$error":"#DIV/0!"},{"$error":"#DIV/0!"}]
[{"$nulls":9},0,0,{"$error":"#DIV/0!"},{"$error":"#DIV/0!"}]
[{"$nulls":9},0,0,{"$error":"#DIV/0!"},{"$error":"#DIV/0!"}]
[{"$nulls":9},0,0,{"$error":"#DIV/0!"},{"$error":"#DIV/0!"}]
[{"$nulls":9},0,0,{"$error":"#DIV/0!"},{"$error":"#DIV/0!"}]
[{"$nulls":9},0,0,{"$error":"#DIV/0!"},{"$error":"#DIV/0!"}]
[{"$nulls":9},0,0,{"$error":"#DIV/0!"},{"$error":"#DIV/0!"}]
[{"$nulls":9},0,0,{"$error":"#DIV/0!"},{"$error":"#DIV/0!"}]
[{"$nulls":9},0,0,{"$error":"#DIV/0!"},{"$error":"#DIV/0!"}]
[{"$nulls":9},0,0,{"$error":"#DIV/0!"},{"$error":"#DIV/0!"}]
[{"$nulls":9},0,0,{"$error":"#DIV/0!"},{"$error":"#DIV/0!"}]
[{"$nulls":9},0,0,{"$error":"#DIV/0!"},{"$error":"#DIV/0!"}]
[{"$nulls":9},0,0,{"$error":"#DIV/0!"},{"$error":"#DIV/0!"}]
[{"$nulls":9},0,0,{"$error":"#DIV/0!"},{"$error":"#DIV/0!"}]
[{"$nulls":9},0,0,{"$error":"#DIV/0!"},{"$error":"#DIV/0!"}]
[{"$nulls":9},0,0,{"$error":"#DIV/0!"},{"$error":"#DIV/0!"}]
[{"$nulls":9},0,0,{"$error":"#DIV/0!"},{"$error":"#DIV/0!"}]
[{"$nulls":9},0,0,{"$error":"#DIV/0!"},{"$error":"#DIV/0!"}]
[{"$nulls":9},0,0,{"$error":"#DIV/0!"},{"$error":"#DIV/0!"}]
[{"$nulls":9},0,0,{"$error":"#DIV/0!"},{"$error":"#DIV/0!"}]
[{"$nulls":9},0,0,{"$error":"#DIV/0!"},{"$error":"#DIV/0!"}]
[{"$nulls":9},0,0,{"$error":"#DIV/0!"},{"$error":"#DIV/0!"}]
[{"$nulls":9},0,0,{"$error":"#DIV/0!"},{"$error":"#DIV/0!"}]
[{"$nulls":9},0,0,{"$error":"#DIV/0!"},{"$error":"#DIV/0!"}]
[{"$nulls":9},0,0,{"$error":"#DIV/0!"},{"$error":"#DIV/0!"}]
[{"$nulls":9},0,0,{"$error":"#DIV/0!"},{"$error":"#DIV/0!"}]
[{"$nulls":9},0,0,{"$error":"#DIV/0!"},{"$error":"#DIV/0!"}]
[{"$nulls":9},0,0,{"$error":"#DIV/0!"},{"$error":"#DIV/0!"}]
[{"$nulls":9},0,0,{"$error":"#DIV/0!"},{"$error":"#DIV/0!"}]
[{"$nulls":9},0,0,{"$error":"#DIV/0!"},{"$error":"#DIV/0!"}]
[{"$nulls":9},0,0,{"$error":"#DIV/0!"},{"$error":"#DIV/0!"}]
[{"$nulls":9},0,0,{"$error":"#DIV/0!"},{"$error":"#DIV/0!"}]
[{"$nulls":9},0,0,{"$error":"#DIV/0!"},{"$error":"#DIV/0!"}]
[{"$nulls":9},0,0,{"$error":"#DIV/0!"},{"$error":"#DIV/0!"}]
[{"$nulls":9},0,0,{"$error":"#DIV/0!"},{"$error":"#DIV/0!"}]
[{"$nulls":9},0,0,{"$error":"#DIV/0!"},{"$error":"#DIV/0!"}]
[{"$nulls":9},0,0,{"$error":"#DIV/0!"},{"$error":"#DIV/0!"}]
[{"$nulls":9},0,0,{"$error":"#DIV/0!"},{"$error":"#DIV/0!"}]
[{"$nulls":9},0,0,{"$error":"#DIV/0!"},{"$error":"#DIV/0!"}]
[{"$nulls":9},0,0,{"$error":"#DIV/0!"},{"$error":"#DIV/0!"}]
[{"$nulls":9},0,0,{"$error":"#DIV/0!"},{"$error":"#DIV/0!"}]
[{"$nulls":9},0,0,{"$error":"#DIV/0!"},{"$error":"#DIV/0!"}]
[{"$nulls":9},0,0,{"$error":"#DIV/0!"},{"$error":"#DIV/0!"}]
[{"$nulls":9},0,0,{"$error":"#DIV/0!"},{"$error":"#DIV/0!"}]
[{"$nulls":9},0,0,{"$error":"#DIV/0!"},{"$error":"#DIV/0!"}]
[{"$nulls":9},0,0,{"$error":"#DIV/0!"},{"$error":"#DIV/0!"}]
[{"$nulls":9},0,0,{"$error":"#DIV/0!"},{"$error":"#DIV/0!"}]
[{"$nulls":9},0,0,{"$error":"#DIV/0!"},{"$error":"#DIV/0!"}]
[{"$nulls":9},0,0,{"$error":"#DIV/0!"},{"$error":"#DIV/0!"}]
[{"$nulls":9},0,0,{"$error":"#DIV/0!"},{"$error":"#DIV/0!"}]
[{"$nulls":9},0,0,{"$error":"#DIV/0!"},{"$error":"#DIV/0!"}]
[{"$nulls":9},0,{"$f":"J714*G714","v":0},{"$f":"K714/$K$1467","v":{"$error":"#DIV/0!"}},{"$error":"#DIV/0!"}]
[{"$nulls":9},0,0,{"$error":"#DIV/0!"},{"$f":"L715+M714","v":{"$error":"#DIV/0!"}}]
[{"$nulls":9},0,0,{"$error":"#DIV/0!"},{"$error":"#DIV/0!"}]
[{"$nulls":9},0,0,{"$error":"#DIV/0!"},{"$error":"#DIV/0!"}]
[{"$nulls":9},0,0,{"$error":"#DIV/0!"},{"$error":"#DIV/0!"}]
[{"$nulls":9},0,0,{"$error":"#DIV/0!"},{"$error":"#DIV/0!"}]
[{"$nulls":9},0,0,{"$error":"#DIV/0!"},{"$error":"#DIV/0!"}]
[{"$nulls":9},0,0,{"$error":"#DIV/0!"},{"$error":"#DIV/0!"}]
[{"$nulls":9},0,0,{"$error":"#DIV/0!"},{"$error":"#DIV/0!"}]
[{"$nulls":9},0,0,{"$error":"#DIV/0!"},{"$error":"#DIV/0!"}]
[{"$nulls":9},0,0,{"$error":"#DIV/0!"},{"$error":"#DIV/0!"}]
[{"$nulls":9},{"$f":"H725*(1+I725)","v":0},0,{"$error":"#DIV/0!"},{"$error":"#DIV/0!"}]
[{"$nulls":9},0,0,{"$error":"#DIV/0!"},{"$error":"#DIV/0!"}]
[{"$nulls":9},0,0,{"$error":"#DIV/0!"},{"$error":"#DIV/0!"}]
[{"$nulls":9},0,0,{"$error":"#DIV/0!"},{"$error":"#DIV/0!"}]
[{"$nulls":9},0,0,{"$error":"#DIV/0!"},{"$error":"#DIV/0!"}]
[{"$nulls":9},0,0,{"$error":"#DIV/0!"},{"$error":"#DIV/0!"}]
[{"$nulls":9},0,0,{"$error":"#DIV/0!"},{"$error":"#DIV/0!"}]
[{"$nulls":9},0,0,{"$error":"#DIV/0!"},{"$error":"#DIV/0!"}]
[{"$nulls":9},0,0,{"$error":"#DIV/0!"},{"$error":"#DIV/0!"}]
[{"$nulls":9},0,0,{"$error":"#DIV/0!"},{"$error":"#DIV/0!"}]
[{"$nulls":9},0,0,{"$error":"#DIV/0!"},{"$error":"#DIV/0!"}]
[{"$nulls":9},0,0,{"$error":"#DIV/0!"},{"$error":"#DIV/0!"}]
[{"$nulls":9},0,0,{"$error":"#DIV/0!"},{"$error":"#DIV/0!"}]
[{"$nulls":9},0,0,{"$error":"#DIV/0!"},{"$error":"#DIV/0!"}]
[{"$nulls":9},0,0,{"$error":"#DIV/0!"},{"$error":"#DIV/0!"}]
[{"$nulls":9},0,0,{"$error":"#DIV/0!"},{"$error":"#DIV/0!"}]
[{"$nulls":9},0,0,{"$error":"#DIV/0!"},{"$error":"#DIV/0!"}]
[{"$nulls":9},0,0,{"$error":"#DIV/0!"},{"$error":"#DIV/0!"}]
[{"$nulls":9},0,0,{"$error":"#DIV/0!"},{"$error":"#DIV/0!"}]
[{"$nulls":9},0,0,{"$error":"#DIV/0!"},{"$error":"#DIV/0!"}]
[{"$nulls":9},0,0,{"$error":"#DIV/0!"},{"$error":"#DIV/0!"}]
[{"$nulls":9},0,0,{"$error":"#DIV/0!"},{"$error":"#DIV/0!"}]
[{"$nulls":9},0,0,{"$error":"#DIV/0!"},{"$error":"#DIV/0!"}]
[{"$nulls":9},0,0,{"$error":"#DIV/0!"},{"$error":"#DIV/0!"}]
[{"$nulls":9},0,0,{"$error":"#DIV/0!"},{"$error":"#DIV/0!"}]
[{"$nulls":9},0,0,{"$error":"#DIV/0!"},{"$error":"#DIV/0!"}]
[{"$nulls":9},0,0,{"$error":"#DIV/0!"},{"$error":"#DIV/0!"}]
[{"$nulls":9},0,0,{"$error":"#DIV/0!"},{"$error":"#DIV/0!"}]
[{"$nulls":9},0,0,{"$error":"#DIV/0!"},{"$error":"#DIV/0!"}]
[{"$nulls":9},0,0,{"$error":"#DIV/0!"},{"$error":"#DIV/0!"}]
[{"$nulls":9},0,0,{"$error":"#DIV/0!"},{"$error":"#DIV/0!"}]
[{"$nulls":9},0,0,{"$error":"#DIV/0!"},{"$error":"#DIV/0!"}]
[{"$nulls":9},0,0,{"$error":"#DIV/0!"},{"$error":"#DIV/0!"}]
[{"$nulls":9},0,0,{"$error":"#DIV/0!"},{"$error":"#DIV/0!"}]
[{"$nulls":9},0,0,{"$error":"#DIV/0!"},{"$error":"#DIV/0!"}]
[{"$nulls":9},0,0,{"$error":"#DIV/0!"},{"$error":"#DIV/0!"}]
[{"$nulls":9},0,0,{"$error":"#DIV/0!"},{"$error":"#DIV/0!"}]
[{"$nulls":9},0,0,{"$error":"#DIV/0!"},{"$error":"#DIV/0!"}]
[{"$nulls":9},0,0,{"$error":"#DIV/0!"},{"$error":"#DIV/0!"}]
[{"$nulls":9},0,0,{"$error":"#DIV/0!"},{"$error":"#DIV/0!"}]
[{"$nulls":9},0,0,{"$error":"#DIV/0!"},{"$error":"#DIV/0!"}]
[{"$nulls":9},0,0,{"$error":"#DIV/0!"},{"$error":"#DIV/0!"}]
[{"$nulls":9},0,0,{"$error":"#DIV/0!"},{"$error":"#DIV/0!"}]
[{"$nulls":9},0,0,{"$error":"#DIV/0!"},{"$error":"#DIV/0!"}]
[{"$nulls":9},0,0,{"$error":"#DIV/0!"},{"$error":"#DIV/0!"}]
[{"$nulls":9},0,0,{"$error":"#DIV/0!"},{"$error":"#DIV/0!"}]
[{"$nulls":9},0,0,{"$error":"#DIV/0!"},{"$error":"#DIV/0!"}]
[{"$nulls":9},0,0,{"$error":"#DIV/0!"},{"$error":"#DIV/0!"}]
[{"$nulls":9},0,0,{"$error":"#DIV/0!"},{"$error":"#DIV/0!"}]
[{"$nulls":9},0,0,{"$error":"#DIV/0!"},{"$error":"#DIV/0!"}]
[{"$nulls":9},0,0,{"$error":"#DIV/0!"},{"$error":"#DIV/0!"}]
[{"$nulls":9},0,0,{"$error":"#DIV/0!"},{"$error":"#DIV/0!"}]
[{"$nulls":9},0,0,{"$error":"#DIV/0!"},{"$error":"#DIV/0!"}]
[{"$nulls":9},0,{"$f":"J778*G778","v":0},{"$f":"K778/$K$1467","v":{"$error":"#DIV/0!"}},{"$error":"#DIV/0!"}]
[{"$nulls":9},0,0,{"$error":"#DIV/0!"},{"$f":"L779+M778","v":{"$error":"#DIV/0!"}}]
[{"$nulls":9},0,0,{"$error":"#DIV/0!"},{"$error":"#DIV/0!"}]
[{"$nulls":9},0,0,{"$error":"#DIV/0!"},{"$error":"#DIV/0!"}]
[{"$nulls":9},0,0,{"$error":"#DIV/0!"},{"$error":"#DIV/0!"}]
[{"$nulls":9},0,0,{"$error":"#DIV/0!"},{"$error":"#DIV/0!"}]
[{"$nulls":9},0,0,{"$error":"#DIV/0!"},{"$error":"#DIV/0!"}]
[{"$nulls":9},0,0,{"$error":"#DIV/0!"},{"$error":"#DIV/0!"}]
[{"$nulls":9},0,0,{"$error":"#DIV/0!"},{"$error":"#DIV/0!"}]
[{"$nulls":9},0,0,{"$error":"#DIV/0!"},{"$error":"#DIV/0!"}]
[{"$nulls":9},0,0,{"$error":"#DIV/0!"},{"$error":"#DIV/0!"}]
[{"$nulls":9},{"$f":"H789*(1+I789)","v":0},0,{"$error":"#DIV/0!"},{"$error":"#DIV/0!"}]
[{"$nulls":9},0,0,{"$error":"#DIV/0!"},{"$error":"#DIV/0!"}]
[{"$nulls":9},0,0,{"$error":"#DIV/0!"},{"$error":"#DIV/0!"}]
[{"$nulls":9},0,0,{"$error":"#DIV/0!"},{"$error":"#DIV/0!"}]
[{"$nulls":9},0,0,{"$error":"#DIV/0!"},{"$error":"#DIV/0!"}]
[{"$nulls":9},0,0,{"$error":"#DIV/0!"},{"$error":"#DIV/0!"}]
[{"$nulls":9},0,0,{"$error":"#DIV/0!"},{"$error":"#DIV/0!"}]
[{"$nulls":9},0,0,{"$error":"#DIV/0!"},{"$error":"#DIV/0!"}]
[{"$nulls":9},0,0,{"$error":"#DIV/0!"},{"$error":"#DIV/0!"}]
[{"$nulls":9},0,0,{"$error":"#DIV/0!"},{"$error":"#DIV/0!"}]
[{"$nulls":9},0,0,{"$error":"#DIV/0!"},{"$error":"#DIV/0!"}]
[{"$nulls":9},0,0,{"$error":"#DIV/0!"},{"$error":"#DIV/0!"}]
[{"$nulls":9},0,0,{"$error":"#DIV/0!"},{"$error":"#DIV/0!"}]
[{"$nulls":9},0,0,{"$error":"#DIV/0!"},{"$error":"#DIV/0!"}]
[{"$nulls":9},0,0,{"$error":"#DIV/0!"},{"$error":"#DIV/0!"}]
[{"$nulls":9},0,0,{"$error":"#DIV/0!"},{"$error":"#DIV/0!"}]
[{"$nulls":9},0,0,{"$error":"#DIV/0!"},{"$error":"#DIV/0!"}]
[{"$nulls":9},0,0,{"$error":"#DIV/0!"},{"$error":"#DIV/0!"}]
[{"$nulls":9},0,0,{"$error":"#DIV/0!"},{"$error":"#DIV/0!"}]
[{"$nulls":9},0,0,{"$error":"#DIV/0!"},{"$error":"#DIV/0!"}]
[{"$nulls":9},0,0,{"$error":"#DIV/0!"},{"$error":"#DIV/0!"}]
[{"$nulls":9},0,0,{"$error":"#DIV/0!"},{"$error":"#DIV/0!"}]
[{"$nulls":9},0,0,{"$error":"#DIV/0!"},{"$error":"#DIV/0!"}]
[{"$nulls":9},0,0,{"$error":"#DIV/0!"},{"$error":"#DIV/0!"}]
[{"$nulls":9},0,0,{"$error":"#DIV/0!"},{"$error":"#DIV/0!"}]
[{"$nulls":9},0,0,{"$error":"#DIV/0!"},{"$error":"#DIV/0!"}]
[{"$nulls":9},0,0,{"$error":"#DIV/0!"},{"$error":"#DIV/0!"}]
[{"$nulls":9},0,0,{"$error":"#DIV/0!"},{"$error":"#DIV/0!"}]
[{"$nulls":9},0,0,{"$error":"#DIV/0!"},{"$error":"#DIV/0!"}]
[{"$nulls":9},0,0,{"$error":"#DIV/0!"},{"$error":"#DIV/0!"}]
[{"$nulls":9},0,0,{"$error":"#DIV/0!"},{"$error":"#DIV/0!"}]
[{"$nulls":9},0,0,{"$error":"#DIV/0!"},{"$error":"#DIV/0!"}]
[{"$nulls":9},0,0,{"$error":"#DIV/0!"},{"$error":"#DIV/0!"}]
[{"$nulls":9},0,0,{"$error":"#DIV/0!"},{"$error":"#DIV/0!"}]
[{"$nulls":9},0,0,{"$error":"#DIV/0!"},{"$error":"#DIV/0!"}]
[{"$nulls":9},0,0,{"$error":"#DIV/0!"},{"$error":"#DIV/0!"}]
[{"$nulls":9},0,0,{"$error":"#DIV/0!"},{"$error":"#DIV/0!"}]
[{"$nulls":9},0,0,{"$error":"#DIV/0!"},{"$error":"#DIV/0!"}]
[{"$nulls":9},0,0,{"$error":"#DIV/0!"},{"$error":"#DIV/0!"}]
[{"$nulls":9},0,0,{"$error":"#DIV/0!"},{"$error":"#DIV/0!"}]
[{"$nulls":9},0,0,{"$error":"#DIV/0!"},{"$error":"#DIV/0!"}]
[{"$nulls":9},0,0,{"$error":"#DIV/0!"},{"$error":"#DIV/0!"}]
[{"$nulls":9},0,0,{"$error":"#DIV/0!"},{"$error":"#DIV/0!"}]
[{"$nulls":9},0,0,{"$error":"#DIV/0!"},{"$error":"#DIV/0!"}]
[{"$nulls":9},0,0,{"$error":"#DIV/0!"},{"$error":"#DIV/0!"}]
[{"$nulls":9},0,0,{"$error":"#DIV/0!"},{"$error":"#DIV/0!"}]
[{"$nulls":9},0,0,{"$error":"#DIV/0!"},{"$error":"#DIV/0!"}]
[{"$nulls":9},0,0,{"$error":"#DIV/0!"},{"$error":"#DIV/0!"}]
[{"$nulls":9},0,0,{"$error":"#DIV/0!"},{"$error":"#DIV/0!"}]
[{"$nulls":9},0,0,{"$error":"#DIV/0!"},{"$error":"#DIV/0!"}]
[{"$nulls":9},0,0,{"$error":"#DIV/0!"},{"$error":"#DIV/0!"}]
[{"$nulls":9},0,0,{"$error":"#DIV/0!"},{"$error":"#DIV/0!"}]
[{"$nulls":9},0,0,{"$error":"#DIV/0!"},{"$error":"#DIV/0!"}]
[{"$nulls":9},0,{"$f":"J842*G842","v":0},{"$f":"K842/$K$1467","v":{"$error":"#DIV/0!"}},{"$error":"#DIV/0!"}]
[{"$nulls":9},0,0,{"$error":"#DIV/0!"},{"$f":"L843+M842","v":{"$error":"#DIV/0!"}}]
[{"$nulls":9},0,0,{"$error":"#DIV/0!"},{"$error":"#DIV/0!"}]
[{"$nulls":9},0,0,{"$error":"#DIV/0!"},{"$error":"#DIV/0!"}]
[{"$nulls":9},0,0,{"$error":"#DIV/0!"},{"$error":"#DIV/0!"}]
[{"$nulls":9},0,0,{"$error":"#DIV/0!"},{"$error":"#DIV/0!"}]
[{"$nulls":9},0,0,{"$error":"#DIV/0!"},{"$error":"#DIV/0!"}]
[{"$nulls":9},0,0,{"$error":"#DIV/0!"},{"$error":"#DIV/0!"}]
[{"$nulls":9},0,0,{"$error":"#DIV/0!"},{"$error":"#DIV/0!"}]
[{"$nulls":9},0,0,{"$error":"#DIV/0!"},{"$error":"#DIV/0!"}]
[{"$nulls":9},0,0,{"$error":"#DIV/0!"},{"$error":"#DIV/0!"}]
[{"$nulls":9},{"$f":"H853*(1+I853)","v":0},0,{"$error":"#DIV/0!"},{"$error":"#DIV/0!"}]
[{"$nulls":9},0,0,{"$error":"#DIV/0!"},{"$error":"#DIV/0!"}]
[{"$nulls":9},0,0,{"$error":"#DIV/0!"},{"$error":"#DIV/0!"}]
[{"$nulls":9},0,0,{"$error":"#DIV/0!"},{"$error":"#DIV/0!"}]
[{"$nulls":9},0,0,{"$error":"#DIV/0!"},{"$error":"#DIV/0!"}]
[{"$nulls":9},0,0,{"$error":"#DIV/0!"},{"$error":"#DIV/0!"}]
[{"$nulls":9},0,0,{"$error":"#DIV/0!"},{"$error":"#DIV/0!"}]
[{"$nulls":9},0,0,{"$error":"#DIV/0!"},{"$error":"#DIV/0!"}]
[{"$nulls":9},0,0,{"$error":"#DIV/0!"},{"$error":"#DIV/0!"}]
[{"$nulls":9},0,0,{"$error":"#DIV/0!"},{"$error":"#DIV/0!"}]
[{"$nulls":9},0,0,{"$error":"#DIV/0!"},{"$error":"#DIV/0!"}]
[{"$nulls":9},0,0,{"$error":"#DIV/0!"},{"$error":"#DIV/0!"}]
[{"$nulls":9},0,0,{"$error":"#DIV/0!"},{"$error":"#DIV/0!"}]
[{"$nulls":9},0,0,{"$error":"#DIV/0!"},{"$error":"#DIV/0!"}]
[{"$nulls":9},0,0,{"$error":"#DIV/0!"},{"$error":"#DIV/0!"}]
[{"$nulls":9},0,0,{"$error":"#DIV/0!"},{"$error":"#DIV/0!"}]
[{"$nulls":9},0,0,{"$error":"#DIV/0!"},{"$error":"#DIV/0!"}]
[{"$nulls":9},0,0,{"$error":"#DIV/0!"},{"$error":"#DIV/0!"}]
[{"$nulls":9},0,0,{"$error":"#DIV/0!"},{"$error":"#DIV/0!"}]
[{"$nulls":9},0,0,{"$error":"#DIV/0!"},{"$error":"#DIV/0!"}]
[{"$nulls":9},0,0,{"$error":"#DIV/0!"},{"$error":"#DIV/0!"}]
[{"$nulls":9},0,0,{"$error":"#DIV/0!"},{"$error":"#DIV/0!"}]
[{"$nulls":9},0,0,{"$error":"#DIV/0!"},{"$error":"#DIV/0!"}]
[{"$nulls":9},0,0,{"$error":"#DIV/0!"},{"$error":"#DIV/0!"}]
[{"$nulls":9},0,0,{"$error":"#DIV/0!"},{"$error":"#DIV/0!"}]
[{"$nulls":9},0,0,{"$error":"#DIV/0!"},{"$error":"#DIV/0!"}]
[{"$nulls":9},0,0,{"$error":"#DIV/0!"},{"$error":"#DIV/0!"}]
[{"$nulls":9},0,0,{"$error":"#DIV/0!"},{"$error":"#DIV/0!"}]
[{"$nulls":9},0,0,{"$error":"#DIV/0!"},{"$error":"#DIV/0!"}]
[{"$nulls":9},0,0,{"$error":"#DIV/0!"},{"$error":"#DIV/0!"}]
[{"$nulls":9},0,0,{"$error":"#DIV/0!"},{"$error":"#DIV/0!"}]
[{"$nulls":9},0,0,{"$error":"#DIV/0!"},{"$error":"#DIV/0!"}]
[{"$nulls":9},0,0,{"$error":"#DIV/0!"},{"$error":"#DIV/0!"}]
[{"$nulls":9},0,0,{"$error":"#DIV/0!"},{"$error":"#DIV/0!"}]
[{"$nulls":9},0,0,{"$error":"#DIV/0!"},{"$error":"#DIV/0!"}]
[{"$nulls":9},0,0,{"$error":"#DIV/0!"},{"$error":"#DIV/0!"}]
[{"$nulls":9},0,0,{"$error":"#DIV/0!"},{"$error":"#DIV/0!"}]
[{"$nulls":9},0,0,{"$error":"#DIV/0!"},{"$error":"#DIV/0!"}]
[{"$nulls":9},0,0,{"$error":"#DIV/0!"},{"$error":"#DIV/0!"}]
[{"$nulls":9},0,0,{"$error":"#DIV/0!"},{"$error":"#DIV/0!"}]
[{"$nulls":9},0,0,{"$error":"#DIV/0!"},{"$error":"#DIV/0!"}]
[{"$nulls":9},0,0,{"$error":"#DIV/0!"},{"$error":"#DIV/0!"}]
[{"$nulls":9},0,0,{"$error":"#DIV/0!"},{"$error":"#DIV/0!"}]
[{"$nulls":9},0,0,{"$error":"#DIV/0!"},{"$error":"#DIV/0!"}]
[{"$nulls":9},0,0,{"$error":"#DIV/0!"},{"$error":"#DIV/0!"}]
[{"$nulls":9},0,0,{"$error":"#DIV/0!"},{"$error":"#DIV/0!"}]
[{"$nulls":9},0,0,{"$error":"#DIV/0!"},{"$error":"#DIV/0!"}]
[{"$nulls":9},0,0,{"$error":"#DIV/0!"},{"$error":"#DIV/0!"}]
[{"$nulls":9},0,0,{"$error":"#DIV/0!"},{"$error":"#DIV/0!"}]
[{"$nulls":9},0,0,{"$error":"#DIV/0!"},{"$error":"#DIV/0!"}]
[{"$nulls":9},0,0,{"$error":"#DIV/0!"},{"$error":"#DIV/0!"}]
[{"$nulls":9},0,0,{"$error":"#DIV/0!"},{"$error":"#DIV/0!"}]
[{"$nulls":9},0,0,{"$error":"#DIV/0!"},{"$error":"#DIV/0!"}]
[{"$nulls":9},0,{"$f":"J906*G906","v":0},{"$f":"K906/$K$1467","v":{"$error":"#DIV/0!"}},{"$error":"#DIV/0!"}]
[{"$nulls":9},0,0,{"$error":"#DIV/0!"},{"$f":"L907+M906","v":{"$error":"#DIV/0!"}}]
[{"$nulls":9},0,0,{"$error":"#DIV/0!"},{"$error":"#DIV/0!"}]
[{"$nulls":9},0,0,{"$error":"#DIV/0!"},{"$error":"#DIV/0!"}]
[{"$nulls":9},0,0,{"$error":"#DIV/0!"},{"$error":"#DIV/0!"}]
[{"$nulls":9},0,0,{"$error":"#DIV/0!"},{"$error":"#DIV/0!"}]
[{"$nulls":9},0,0,{"$error":"#DIV/0!"},{"$error":"#DIV/0!"}]
[{"$nulls":9},0,0,{"$error":"#DIV/0!"},{"$error":"#DIV/0!"}]
[{"$nulls":9},0,0,{"$error":"#DIV/0!"},{"$error":"#DIV/0!"}]
[{"$nulls":9},0,0,{"$error":"#DIV/0!"},{"$error":"#DIV/0!"}]
[{"$nulls":9},0,0,{"$error":"#DIV/0!"},{"$error":"#DIV/0!"}]
[{"$nulls":9},{"$f":"H917*(1+I917)","v":0},0,{"$error":"#DIV/0!"},{"$error":"#DIV/0!"}]
[{"$nulls":9},0,0,{"$error":"#DIV/0!"},{"$error":"#DIV/0!"}]
[{"$nulls":9},0,0,{"$error":"#DIV/0!"},{"$error":"#DIV/0!"}]
[{"$nulls":9},0,0,{"$error":"#DIV/0!"},{"$error":"#DIV/0!"}]
[{"$nulls":9},0,0,{"$error":"#DIV/0!"},{"$error":"#DIV/0!"}]
[{"$nulls":9},0,0,{"$error":"#DIV/0!"},{"$error":"#DIV/0!"}]
[{"$nulls":9},0,0,{"$error":"#DIV/0!"},{"$error":"#DIV/0!"}]
[{"$nulls":9},0,0,{"$error":"#DIV/0!"},{"$error":"#DIV/0!"}]
[{"$nulls":9},0,0,{"$error":"#DIV/0!"},{"$error":"#DIV/0!"}]
[{"$nulls":9},0,0,{"$error":"#DIV/0!"},{"$error":"#DIV/0!"}]
[{"$nulls":9},0,0,{"$error":"#DIV/0!"},{"$error":"#DIV/0!"}]
[{"$nulls":9},0,0,{"$error":"#DIV/0!"},{"$error":"#DIV/0!"}]
[{"$nulls":9},0,0,{"$error":"#DIV/0!"},{"$error":"#DIV/0!"}]
[{"$nulls":9},0,0,{"$error":"#DIV/0!"},{"$error":"#DIV/0!"}]
[{"$nulls":9},0,0,{"$error":"#DIV/0!"},{"$error":"#DIV/0!"}]
[{"$nulls":9},0,0,{"$error":"#DIV/0!"},{"$error":"#DIV/0!"}]
[{"$nulls":9},0,0,{"$error":"#DIV/0!"},{"$error":"#DIV/0!"}]
[{"$nulls":9},0,0,{"$error":"#DIV/0!"},{"$error":"#DIV/0!"}]
[{"$nulls":9},0,0,{"$error":"#DIV/0!"},{"$error":"#DIV/0!"}]
[{"$nulls":9},0,0,{"$error":"#DIV/0!"},{"$error":"#DIV/0!"}]
[{"$nulls":9},0,0,{"$error":"#DIV/0!"},{"$error":"#DIV/0!"}]
[{"$nulls":9},0,0,{"$error":"#DIV/0!"},{"$error":"#DIV/0!"}]
[{"$nulls":9},0,0,{"$error":"#DIV/0!"},{"$error":"#DIV/0!"}]
[{"$nulls":9},0,0,{"$error":"#DIV/0!"},{"$error":"#DIV/0!"}]
[{"$nulls":9},0,0,{"$error":"#DIV/0!"},{"$error":"#DIV/0!"}]
[{"$nulls":9},0,0,{"$error":"#DIV/0!"},{"$error":"#DIV/0!"}]
[{"$nulls":9},0,0,{"$error":"#DIV/0!"},{"$error":"#DIV/0!"}]
[{"$nulls":9},0,0,{"$error":"#DIV/0!"},{"$error":"#DIV/0!"}]
[{"$nulls":9},0,0,{"$error":"#DIV/0!"},{"$error":"#DIV/0!"}]
[{"$nulls":9},0,0,{"$error":"#DIV/0!"},{"$error":"#DIV/0!"}]
[{"$nulls":9},0,0,{"$error":"#DIV/0!"},{"$error":"#DIV/0!"}]
[{"$nulls":9},0,0,{"$error":"#DIV/0!"},{"$error":"#DIV/0!"}]
[{"$nulls":9},0,0,{"$error":"#DIV/0!"},{"$error":"#DIV/0!"}]
[{"$nulls":9},0,0,{"$error":"#DIV/0!"},{"$error":"#DIV/0!"}]
[{"$nulls":9},0,0,{"$error":"#DIV/0!"},{"$error":"#DIV/0!"}]
[{"$nulls":9},0,0,{"$error":"#DIV/0!"},{"$error":"#DIV/0!"}]
[{"$nulls":9},0,0,{"$error":"#DIV/0!"},{"$error":"#DIV/0!"}]
[{"$nulls":9},0,0,{"$error":"#DIV/0!"},{"$error":"#DIV/0!"}]
[{"$nulls":9},0,0,{"$error":"#DIV/0!"},{"$error":"#DIV/0!"}]
[{"$nulls":9},0,0,{"$error":"#DIV/0!"},{"$error":"#DIV/0!"}]
[{"$nulls":9},0,0,{"$error":"#DIV/0!"},{"$error":"#DIV/0!"}]
[{"$nulls":9},0,0,{"$error":"#DIV/0!"},{"$error":"#DIV/0!"}]
[{"$nulls":9},0,0,{"$error":"#DIV/0!"},{"$error":"#DIV/0!"}]
[{"$nulls":9},0,0,{"$error":"#DIV/0!"},{"$error":"#DIV/0!"}]
[{"$nulls":9},0,0,{"$error":"#DIV/0!"},{"$error":"#DIV/0!"}]
[{"$nulls":9},0,0,{"$error":"#DIV/0!"},{"$error":"#DIV/0!"}]
[{"$nulls":9},0,0,{"$error":"#DIV/0!"},{"$error":"#DIV/0!"}]
[{"$nulls":9},0,0,{"$error":"#DIV/0!"},{"$error":"#DIV/0!"}]
[{"$nulls":9},0,0,{"$error":"#DIV/0!"},{"$error":"#DIV/0!"}]
[{"$nulls":9},0,0,{"$error":"#DIV/0!"},{"$error":"#DIV/0!"}]
[{"$nulls":9},0,0,{"$error":"#DIV/0!"},{"$error":"#DIV/0!"}]
[{"$nulls":9},0,0,{"$error":"#DIV/0!"},{"$error":"#DIV/0!"}]
[{"$nulls":9},0,0,{"$error":"#DIV/0!"},{"$error":"#DIV/0!"}]
[{"$nulls":9},0,{"$f":"J970*G970","v":0},{"$f":"K970/$K$1467","v":{"$error":"#DIV/0!"}},{"$error":"#DIV/0!"}]
[{"$nulls":9},0,0,{"$error":"#DIV/0!"},{"$f":"L971+M970","v":{"$error":"#DIV/0!"}}]
[{"$nulls":9},0,0,{"$error":"#DIV/0!"},{"$error":"#DIV/0!"}]
[{"$nulls":9},0,0,{"$error":"#DIV/0!"},{"$error":"#DIV/0!"}]
[{"$nulls":9},0,0,{"$error":"#DIV/0!"},{"$error":"#DIV/0!"}]
[{"$nulls":9},0,0,{"$error":"#DIV/0!"},{"$error":"#DIV/0!"}]
[{"$nulls":9},0,0,{"$error":"#DIV/0!"},{"$error":"#DIV/0!"}]
[{"$nulls":9},0,0,{"$error":"#DIV/0!"},{"$error":"#DIV/0!"}]
[{"$nulls":9},0,0,{"$error":"#DIV/0!"},{"$error":"#DIV/0!"}]
[{"$nulls":9},0,0,{"$error":"#DIV/0!"},{"$error":"#DIV/0!"}]
[{"$nulls":9},0,0,{"$error":"#DIV/0!"},{"$error":"#DIV/0!"}]
[{"$nulls":9},{"$f":"H981*(1+I981)","v":0},0,{"$error":"#DIV/0!"},{"$error":"#DIV/0!"}]
[{"$nulls":9},0,0,{"$error":"#DIV/0!"},{"$error":"#DIV/0!"}]
[{"$nulls":9},0,0,{"$error":"#DIV/0!"},{"$error":"#DIV/0!"}]
[{"$nulls":9},0,0,{"$error":"#DIV/0!"},{"$error":"#DIV/0!"}]
[{"$nulls":9},0,0,{"$error":"#DIV/0!"},{"$error":"#DIV/0!"}]
[{"$nulls":9},0,0,{"$error":"#DIV/0!"},{"$error":"#DIV/0!"}]
[{"$nulls":9},0,0,{"$error":"#DIV/0!"},{"$error":"#DIV/0!"}]
[{"$nulls":9},0,0,{"$error":"#DIV/0!"},{"$error":"#DIV/0!"}]
[{"$nulls":9},0,0,{"$error":"#DIV/0!"},{"$error":"#DIV/0!"}]
[{"$nulls":9},0,0,{"$error":"#DIV/0!"},{"$error":"#DIV/0!"}]
[{"$nulls":9},0,0,{"$error":"#DIV/0!"},{"$error":"#DIV/0!"}]
[{"$nulls":9},0,0,{"$error":"#DIV/0!"},{"$error":"#DIV/0!"}]
[{"$nulls":9},0,0,{"$error":"#DIV/0!"},{"$error":"#DIV/0!"}]
[{"$nulls":9},0,0,{"$error":"#DIV/0!"},{"$error":"#DIV/0!"}]
[{"$nulls":9},0,0,{"$error":"#DIV/0!"},{"$error":"#DIV/0!"}]
[{"$nulls":9},0,0,{"$error":"#DIV/0!"},{"$error":"#DIV/0!"}]
[{"$nulls":9},0,0,{"$error":"#DIV/0!"},{"$error":"#DIV/0!"}]
[{"$nulls":9},0,0,{"$error":"#DIV/0!"},{"$error":"#DIV/0!"}]
[{"$nulls":9},0,0,{"$error":"#DIV/0!"},{"$error":"#DIV/0!"}]
[{"$nulls":9},0,0,{"$error":"#DIV/0!"},{"$error":"#DIV/0!"}]
[{"$nulls":9},0,0,{"$error":"#DIV/0!"},{"$error":"#DIV/0!"}]
[{"$nulls":9},0,0,{"$error":"#DIV/0!"},{"$error":"#DIV/0!"}]
[{"$nulls":9},0,0,{"$error":"#DIV/0!"},{"$error":"#DIV/0!"}]
[{"$nulls":9},0,0,{"$error":"#DIV/0!"},{"$error":"#DIV/0!"}]
[{"$nulls":9},0,0,{"$error":"#DIV/0!"},{"$error":"#DIV/0!"}]
[{"$nulls":9},0,0,{"$error":"#DIV/0!"},{"$error":"#DIV/0!"}]
[{"$nulls":9},0,0,{"$error":"#DIV/0!"},{"$error":"#DIV/0!"}]
[{"$nulls":9},0,0,{"$error":"#DIV/0!"},{"$error":"#DIV/0!"}]
[{"$nulls":9},0,0,{"$error":"#DIV/0!"},{"$error":"#DIV/0!"}]
[{"$nulls":9},0,0,{"$error":"#DIV/0!"},{"$error":"#DIV/0!"}]
[{"$nulls":9},0,0,{"$error":"#DIV/0!"},{"$error":"#DIV/0!"}]
[{"$nulls":9},0,0,{"$error":"#DIV/0!"},{"$error":"#DIV/0!"}]
[{"$nulls":9},0,0,{"$error":"#DIV/0!"},{"$error":"#DIV/0!"}]
[{"$nulls":9},0,0,{"$error":"#DIV/0!"},{"$error":"#DIV/0!"}]
[{"$nulls":9},0,0,{"$error":"#DIV/0!"},{"$error":"#DIV/0!"}]
[{"$nulls":9},0,0,{"$error":"#DIV/0!"},{"$error":"#DIV/0!"}]
[{"$nulls":9},0,0,{"$error":"#DIV/0!"},{"$error":"#DIV/0!"}]
[{"$nulls":9},0,0,{"$error":"#DIV/0!"},{"$error":"#DIV/0!"}]
[{"$nulls":9},0,0,{"$error":"#DIV/0!"},{"$error":"#DIV/0!"}]
[{"$nulls":9},0,0,{"$error":"#DIV/0!"},{"$error":"#DIV/0!"}]
[{"$nulls":9},0,0,{"$error":"#DIV/0!"},{"$error":"#DIV/0!"}]
[{"$nulls":9},0,0,{"$error":"#DIV/0!"},{"$error":"#DIV/0!"}]
[{"$nulls":9},0,0,{"$error":"#DIV/0!"},{"$error":"#DIV/0!"}]
[{"$nulls":9},0,0,{"$error":"#DIV/0!"},{"$error":"#DIV/0!"}]
[{"$nulls":9},0,0,{"$error":"#DIV/0!"},{"$error":"#DIV/0!"}]
[{"$nulls":9},0,0,{"$error":"#DIV/0!"},{"$error":"#DIV/0!"}]
[{"$nulls":9},0,0,{"$error":"#DIV/0!"},{"$error":"#DIV/0!"}]
[{"$nulls":9},0,0,{"$error":"#DIV/0!"},{"$error":"#DIV/0!"}]
[{"$nulls":9},0,0,{"$error":"#DIV/0!"},{"$error":"#DIV/0!"}]
[{"$nulls":9},0,0,{"$error":"#DIV/0!"},{"$error":"#DIV/0!"}]
[{"$nulls":9},0,0,{"$error":"#DIV/0!"},{"$error":"#DIV/0!"}]
[{"$nulls":9},0,0,{"$error":"#DIV/0!"},{"$error":"#DIV/0!"}]
[{"$nulls":9},0,0,{"$error":"#DIV/0!"},{"$error":"#DIV/0!"}]
[{"$nulls":9},0,{"$f":"J1034*G1034","v":0},{"$f":"K1034/$K$1467","v":{"$error":"#DIV/0!"}},{"$error":"#DIV/0!"}]
[{"$nulls":9},0,0,{"$error":"#DIV/0!"},{"$f":"L1035+M1034","v":{"$error":"#DIV/0!"}}]
[{"$nulls":9},0,0,{"$error":"#DIV/0!"},{"$error":"#DIV/0!"}]
[{"$nulls":9},0,0,{"$error":"#DIV/0!"},{"$error":"#DIV/0!"}]
[{"$nulls":9},0,0,{"$error":"#DIV/0!"},{"$error":"#DIV/0!"}]
[{"$nulls":9},0,0,{"$error":"#DIV/0!"},{"$error":"#DIV/0!"}]
[{"$nulls":9},0,0,{"$error":"#DIV/0!"},{"$error":"#DIV/0!"}]
[{"$nulls":9},0,0,{"$error":"#DIV/0!"},{"$error":"#DIV/0!"}]
[{"$nulls":9},0,0,{"$error":"#DIV/0!"},{"$error":"#DIV/0!"}]
[{"$nulls":9},0,0,{"$error":"#DIV/0!"},{"$error":"#DIV/0!"}]
[{"$nulls":9},0,0,{"$error":"#DIV/0!"},{"$error":"#DIV/0!"}]
[{"$nulls":9},{"$f":"H1045*(1+I1045)","v":0},0,{"$error":"#DIV/0!"},{"$error":"#DIV/0!"}]
[{"$nulls":9},0,0,{"$error":"#DIV/0!"},{"$error":"#DIV/0!"}]
[{"$nulls":9},0,0,{"$error":"#DIV/0!"},{"$error":"#DIV/0!"}]
[{"$nulls":9},0,0,{"$error":"#DIV/0!"},{"$error":"#DIV/0!"}]
[{"$nulls":9},0,0,{"$error":"#DIV/0!"},{"$error":"#DIV/0!"}]
[{"$nulls":9},0,0,{"$error":"#DIV/0!"},{"$error":"#DIV/0!"}]
[{"$nulls":9},0,0,{"$error":"#DIV/0!"},{"$error":"#DIV/0!"}]
[{"$nulls":9},0,0,{"$error":"#DIV/0!"},{"$error":"#DIV/0!"}]
[{"$nulls":9},0,0,{"$error":"#DIV/0!"},{"$error":"#DIV/0!"}]
[{"$nulls":9},0,0,{"$error":"#DIV/0!"},{"$error":"#DIV/0!"}]
[{"$nulls":9},0,0,{"$error":"#DIV/0!"},{"$error":"#DIV/0!"}]
[{"$nulls":9},0,0,{"$error":"#DIV/0!"},{"$error":"#DIV/0!"}]
[{"$nulls":9},0,0,{"$error":"#DIV/0!"},{"$error":"#DIV/0!"}]
[{"$nulls":9},0,0,{"$error":"#DIV/0!"},{"$error":"#DIV/0!"}]
[{"$nulls":9},0,0,{"$error":"#DIV/0!"},{"$error":"#DIV/0!"}]
[{"$nulls":9},0,0,{"$error":"#DIV/0!"},{"$error":"#DIV/0!"}]
[{"$nulls":9},0,0,{"$error":"#DIV/0!"},{"$error":"#DIV/0!"}]
[{"$nulls":9},0,0,{"$error":"#DIV/0!"},{"$error":"#DIV/0!"}]
[{"$nulls":9},0,0,{"$error":"#DIV/0!"},{"$error":"#DIV/0!"}]
[{"$nulls":9},0,0,{"$error":"#DIV/0!"},{"$error":"#DIV/0!"}]
[{"$nulls":9},0,0,{"$error":"#DIV/0!"},{"$error":"#DIV/0!"}]
[{"$nulls":9},0,0,{"$error":"#DIV/0!"},{"$error":"#DIV/0!"}]
[{"$nulls":9},0,0,{"$error":"#DIV/0!"},{"$error":"#DIV/0!"}]
[{"$nulls":9},0,0,{"$error":"#DIV/0!"},{"$error":"#DIV/0!"}]
[{"$nulls":9},0,0,{"$error":"#DIV/0!"},{"$error":"#DIV/0!"}]
[{"$nulls":9},0,0,{"$error":"#DIV/0!"},{"$error":"#DIV/0!"}]
[{"$nulls":9},0,0,{"$error":"#DIV/0!"},{"$error":"#DIV/0!"}]
[{"$nulls":9},0,0,{"$error":"#DIV/0!"},{"$error":"#DIV/0!"}]
[{"$nulls":9},0,0,{"$error":"#DIV/0!"},{"$error":"#DIV/0!"}]
[{"$nulls":9},0,0,{"$error":"#DIV/0!"},{"$error":"#DIV/0!"}]
[{"$nulls":9},0,0,{"$error":"#DIV/0!"},{"$error":"#DIV/0!"}]
[{"$nulls":9},0,0,{"$error":"#DIV/0!"},{"$error":"#DIV/0!"}]
[{"$nulls":9},0,0,{"$error":"#DIV/0!"},{"$error":"#DIV/0!"}]
[{"$nulls":9},0,0,{"$error":"#DIV/0!"},{"$error":"#DIV/0!"}]
[{"$nulls":9},0,0,{"$error":"#DIV/0!"},{"$error":"#DIV/0!"}]
[{"$nulls":9},0,0,{"$error":"#DIV/0!"},{"$error":"#DIV/0!"}]
[{"$nulls":9},0,0,{"$error":"#DIV/0!"},{"$error":"#DIV/0!"}]
[{"$nulls":9},0,0,{"$error":"#DIV/0!"},{"$error":"#DIV/0!"}]
[{"$nulls":9},0,0,{"$error":"#DIV/0!"},{"$error":"#DIV/0!"}]
[{"$nulls":9},0,0,{"$error":"#DIV/0!"},{"$error":"#DIV/0!"}]
[{"$nulls":9},0,0,{"$error":"#DIV/0!"},{"$error":"#DIV/0!"}]
[{"$nulls":9},0,0,{"$error":"#DIV/0!"},{"$error":"#DIV/0!"}]
[{"$nulls":9},0,0,{"$error":"#DIV/0!"},{"$error":"#DIV/0!"}]
[{"$nulls":9},0,0,{"$error":"#DIV/0!"},{"$error":"#DIV/0!"}]
[{"$nulls":9},0,0,{"$error":"#DIV/0!"},{"$error":"#DIV/0!"}]
[{"$nulls":9},0,0,{"$error":"#DIV/0!"},{"$error":"#DIV/0!"}]
[{"$nulls":9},0,0,{"$error":"#DIV/0!"},{"$error":"#DIV/0!"}]
[{"$nulls":9},0,0,{"$error":"#DIV/0!"},{"$error":"#DIV/0!"}]
[{"$nulls":9},0,0,{"$error":"#DIV/0!"},{"$error":"#DIV/0!"}]
[{"$nulls":9},0,0,{"$error":"#DIV/0!"},{"$error":"#DIV/0!"}]
[{"$nulls":9},0,0,{"$error":"#DIV/0!"},{"$error":"#DIV/0!"}]
[{"$nulls":9},0,0,{"$error":"#DIV/0!"},{"$error":"#DIV/0!"}]
[{"$nulls":9},0,0,{"$error":"#DIV/0!"},{"$error":"#DIV/0!"}]
[{"$nulls":9},0,{"$f":"J1098*G1098","v":0},{"$f":"K1098/$K$1467","v":{"$error":"#DIV/0!"}},{"$error":"#DIV/0!"}]
[{"$nulls":9},0,0,{"$error":"#DIV/0!"},{"$f":"L1099+M1098","v":{"$error":"#DIV/0!"}}]
[{"$nulls":9},0,0,{"$error":"#DIV/0!"},{"$error":"#DIV/0!"}]
[{"$nulls":9},0,0,{"$error":"#DIV/0!"},{"$error":"#DIV/0!"}]
[{"$nulls":9},0,0,{"$error":"#DIV/0!"},{"$error":"#DIV/0!"}]
[{"$nulls":9},0,0,{"$error":"#DIV/0!"},{"$error":"#DIV/0!"}]
[{"$nulls":9},0,0,{"$error":"#DIV/0!"},{"$error":"#DIV/0!"}]
[{"$nulls":9},0,0,{"$error":"#DIV/0!"},{"$error":"#DIV/0!"}]
[{"$nulls":9},0,0,{"$error":"#DIV/0!"},{"$error":"#DIV/0!"}]
[{"$nulls":9},0,0,{"$error":"#DIV/0!"},{"$error":"#DIV/0!"}]
[{"$nulls":9},0,0,{"$error":"#DIV/0!"},{"$error":"#DIV/0!"}]
[{"$nulls":9},{"$f":"H1109*(1+I1109)","v":0},0,{"$error":"#DIV/0!"},{"$error":"#DIV/0!"}]
[{"$nulls":9},0,0,{"$error":"#DIV/0!"},{"$error":"#DIV/0!"}]
[{"$nulls":9},0,0,{"$error":"#DIV/0!"},{"$error":"#DIV/0!"}]
[{"$nulls":9},0,0,{"$error":"#DIV/0!"},{"$error":"#DIV/0!"}]
[{"$nulls":9},0,0,{"$error":"#DIV/0!"},{"$error":"#DIV/0!"}]
[{"$nulls":9},0,0,{"$error":"#DIV/0!"},{"$error":"#DIV/0!"}]
[{"$nulls":9},0,0,{"$error":"#DIV/0!"},{"$error":"#DIV/0!"}]
[{"$nulls":9},0,0,{"$error":"#DIV/0!"},{"$error":"#DIV/0!"}]
[{"$nulls":9},0,0,{"$error":"#DIV/0!"},{"$error":"#DIV/0!"}]
[{"$nulls":9},0,0,{"$error":"#DIV/0!"},{"$error":"#DIV/0!"}]
[{"$nulls":9},0,0,{"$error":"#DIV/0!"},{"$error":"#DIV/0!"}]
[{"$nulls":9},0,0,{"$error":"#DIV/0!"},{"$error":"#DIV/0!"}]
[{"$nulls":9},0,0,{"$error":"#DIV/0!"},{"$error":"#DIV/0!"}]
[{"$nulls":9},0,0,{"$error":"#DIV/0!"},{"$error":"#DIV/0!"}]
[{"$nulls":9},0,0,{"$error":"#DIV/0!"},{"$error":"#DIV/0!"}]
[{"$nulls":9},0,0,{"$error":"#DIV/0!"},{"$error":"#DIV/0!"}]
[{"$nulls":9},0,0,{"$error":"#DIV/0!"},{"$error":"#DIV/0!"}]
[{"$nulls":9},0,0,{"$error":"#DIV/0!"},{"$error":"#DIV/0!"}]
[{"$nulls":9},0,0,{"$error":"#DIV/0!"},{"$error":"#DIV/0!"}]
[{"$nulls":9},0,0,{"$error":"#DIV/0!"},{"$error":"#DIV/0!"}]
[{"$nulls":9},0,0,{"$error":"#DIV/0!"},{"$error":"#DIV/0!"}]
[{"$nulls":9},0,0,{"$error":"#DIV/0!"},{"$error":"#DIV/0!"}]
[{"$nulls":9},0,0,{"$error":"#DIV/0!"},{"$error":"#DIV/0!"}]
[{"$nulls":9},0,0,{"$error":"#DIV/0!"},{"$error":"#DIV/0!"}]
[{"$nulls":9},0,0,{"$error":"#DIV/0!"},{"$error":"#DIV/0!"}]
[{"$nulls":9},0,0,{"$error":"#DIV/0!"},{"$error":"#DIV/0!"}]
[{"$nulls":9},0,0,{"$error":"#DIV/0!"},{"$error":"#DIV/0!"}]
[{"$nulls":9},0,0,{"$error":"#DIV/0!"},{"$error":"#DIV/0!"}]
[{"$nulls":9},0,0,{"$error":"#DIV/0!"},{"$error":"#DIV/0!"}]
[{"$nulls":9},0,0,{"$error":"#DIV/0!"},{"$error":"#DIV/0!"}]
[{"$nulls":9},0,0,{"$error":"#DIV/0!"},{"$error":"#DIV/0!"}]
[{"$nulls":9},0,0,{"$error":"#DIV/0!"},{"$error":"#DIV/0!"}]
[{"$nulls":9},0,0,{"$error":"#DIV/0!"},{"$error":"#DIV/0!"}]
[{"$nulls":9},0,0,{"$error":"#DIV/0!"},{"$error":"#DIV/0!"}]
[{"$nulls":9},0,0,{"$error":"#DIV/0!"},{"$error":"#DIV/0!"}]
[{"$nulls":9},0,0,{"$error":"#DIV/0!"},{"$error":"#DIV/0!"}]
[{"$nulls":9},0,0,{"$error":"#DIV/0!"},{"$error":"#DIV/0!"}]
[{"$nulls":9},0,0,{"$error":"#DIV/0!"},{"$error":"#DIV/0!"}]
[{"$nulls":9},0,0,{"$error":"#DIV/0!"},{"$error":"#DIV/0!"}]
[{"$nulls":9},0,0,{"$error":"#DIV/0!"},{"$error":"#DIV/0!"}]
[{"$nulls":9},0,0,{"$error":"#DIV/0!"},{"$error":"#DIV/0!"}]
[{"$nulls":9},0,0,{"$error":"#DIV/0!"},{"$error":"#DIV/0!"}]
[{"$nulls":9},0,0,{"$error":"#DIV/0!"},{"$error":"#DIV/0!"}]
[{"$nulls":9},0,0,{"$error":"#DIV/0!"},{"$error":"#DIV/0!"}]
[{"$nulls":9},0,0,{"$error":"#DIV/0!"},{"$error":"#DIV/0!"}]
[{"$nulls":9},0,0,{"$error":"#DIV/0!"},{"$error":"#DIV/0!"}]
[{"$nulls":9},0,0,{"$error":"#DIV/0!"},{"$error":"#DIV/0!"}]
[{"$nulls":9},0,0,{"$error":"#DIV/0!"},{"$error":"#DIV/0!"}]
[{"$nulls":9},0,0,{"$error":"#DIV/0!"},{"$error":"#DIV/0!"}]
[{"$nulls":9},0,0,{"$error":"#DIV/0!"},{"$error":"#DIV/0!"}]
[{"$nulls":9},0,0,{"$error":"#DIV/0!"},{"$error":"#DIV/0!"}]
[{"$nulls":9},0,0,{"$error":"#DIV/0!"},{"$error":"#DIV/0!"}]
[{"$nulls":9},0,0,{"$error":"#DIV/0!"},{"$error":"#DIV/0!"}]
[{"$nulls":9},0,{"$f":"J1162*G1162","v":0},{"$f":"K1162/$K$1467","v":{"$error":"#DIV/0!"}},{"$error":"#DIV/0!"}]
[{"$nulls":9},0,0,{"$error":"#DIV/0!"},{"$f":"L1163+M1162","v":{"$error":"#DIV/0!"}}]
[{"$nulls":9},0,0,{"$error":"#DIV/0!"},{"$error":"#DIV/0!"}]
[{"$nulls":9},0,0,{"$error":"#DIV/0!"},{"$error":"#DIV/0!"}]
[{"$nulls":9},0,0,{"$error":"#DIV/0!"},{"$error":"#DIV/0!"}]
[{"$nulls":9},0,0,{"$error":"#DIV/0!"},{"$error":"#DIV/0!"}]
[{"$nulls":9},0,0,{"$error":"#DIV/0!"},{"$error":"#DIV/0!"}]
[{"$nulls":9},0,0,{"$error":"#DIV/0!"},{"$error":"#DIV/0!"}]
[{"$nulls":9},0,0,{"$error":"#DIV/0!"},{"$error":"#DIV/0!"}]
[{"$nulls":9},0,0,{"$error":"#DIV/0!"},{"$error":"#DIV/0!"}]
[{"$nulls":9},0,0,{"$error":"#DIV/0!"},{"$error":"#DIV/0!"}]
[{"$nulls":9},{"$f":"H1173*(1+I1173)","v":0},0,{"$error":"#DIV/0!"},{"$error":"#DIV/0!"}]
[{"$nulls":9},0,0,{"$error":"#DIV/0!"},{"$error":"#DIV/0!"}]
[{"$nulls":9},0,0,{"$error":"#DIV/0!"},{"$error":"#DIV/0!"}]
[{"$nulls":9},0,0,{"$error":"#DIV/0!"},{"$error":"#DIV/0!"}]
[{"$nulls":9},0,0,{"$error":"#DIV/0!"},{"$error":"#DIV/0!"}]
[{"$nulls":9},0,0,{"$error":"#DIV/0!"},{"$error":"#DIV/0!"}]
[{"$nulls":9},0,0,{"$error":"#DIV/0!"},{"$error":"#DIV/0!"}]
[{"$nulls":9},0,0,{"$error":"#DIV/0!"},{"$error":"#DIV/0!"}]
[{"$nulls":9},0,0,{"$error":"#DIV/0!"},{"$error":"#DIV/0!"}]
[{"$nulls":9},0,0,{"$error":"#DIV/0!"},{"$error":"#DIV/0!"}]
[{"$nulls":9},0,0,{"$error":"#DIV/0!"},{"$error":"#DIV/0!"}]
[{"$nulls":9},0,0,{"$error":"#DIV/0!"},{"$error":"#DIV/0!"}]
[{"$nulls":9},0,0,{"$error":"#DIV/0!"},{"$error":"#DIV/0!"}]
[{"$nulls":9},0,0,{"$error":"#DIV/0!"},{"$error":"#DIV/0!"}]
[{"$nulls":9},0,0,{"$error":"#DIV/0!"},{"$error":"#DIV/0!"}]
[{"$nulls":9},0,0,{"$error":"#DIV/0!"},{"$error":"#DIV/0!"}]
[{"$nulls":9},0,0,{"$error":"#DIV/0!"},{"$error":"#DIV/0!"}]
[{"$nulls":9},0,0,{"$error":"#DIV/0!"},{"$error":"#DIV/0!"}]
[{"$nulls":9},0,0,{"$error":"#DIV/0!"},{"$error":"#DIV/0!"}]
[{"$nulls":9},0,0,{"$error":"#DIV/0!"},{"$error":"#DIV/0!"}]
[{"$nulls":9},0,0,{"$error":"#DIV/0!"},{"$error":"#DIV/0!"}]
[{"$nulls":9},0,0,{"$error":"#DIV/0!"},{"$error":"#DIV/0!"}]
[{"$nulls":9},0,0,{"$error":"#DIV/0!"},{"$error":"#DIV/0!"}]
[{"$nulls":9},0,0,{"$error":"#DIV/0!"},{"$error":"#DIV/0!"}]
[{"$nulls":9},0,0,{"$error":"#DIV/0!"},{"$error":"#DIV/0!"}]
[{"$nulls":9},0,0,{"$error":"#DIV/0!"},{"$error":"#DIV/0!"}]
[{"$nulls":9},0,0,{"$error":"#DIV/0!"},{"$error":"#DIV/0!"}]
[{"$nulls":9},0,0,{"$error":"#DIV/0!"},{"$error":"#DIV/0!"}]
[{"$nulls":9},0,0,{"$error":"#DIV/0!"},{"$error":"#DIV/0!"}]
[{"$nulls":9},0,0,{"$error":"#DIV/0!"},{"$error":"#DIV/0!"}]
[{"$nulls":9},0,0,{"$error":"#DIV/0!"},{"$error":"#DIV/0!"}]
[{"$nulls":9},0,0,{"$error":"#DIV/0!"},{"$error":"#DIV/0!"}]
[{"$nulls":9},0,0,{"$error":"#DIV/0!"},{"$error":"#DIV/0!"}]
[{"$nulls":9},0,0,{"$error":"#DIV/0!"},{"$error":"#DIV/0!"}]
[{"$nulls":9},0,0,{"$error":"#DIV/0!"},{"$error":"#DIV/0!"}]
[{"$nulls":9},0,0,{"$error":"#DIV/0!"},{"$error":"#DIV/0!"}]
[{"$nulls":9},0,0,{"$error":"#DIV/0!"},{"$error":"#DIV/0!"}]
[{"$nulls":9},0,0,{"$error":"#DIV/0!"},{"$error":"#DIV/0!"}]
[{"$nulls":9},0,0,{"$error":"#DIV/0!"},{"$error":"#DIV/0!"}]
[{"$nulls":9},0,0,{"$error":"#DIV/0!"},{"$error":"#DIV/0!"}]
[{"$nulls":9},0,0,{"$error":"#DIV/0!"},{"$error":"#DIV/0!"}]
[{"$nulls":9},0,0,{"$error":"#DIV/0!"},{"$error":"#DIV/0!"}]
[{"$nulls":9},0,0,{"$error":"#DIV/0!"},{"$error":"#DIV/0!"}]
[{"$nulls":9},0,0,{"$error":"#DIV/0!"},{"$error":"#DIV/0!"}]
[{"$nulls":9},0,0,{"$error":"#DIV/0!"},{"$error":"#DIV/0!"}]
[{"$nulls":9},0,0,{"$error":"#DIV/0!"},{"$error":"#DIV/0!"}]
[{"$nulls":9},0,0,{"$error":"#DIV/0!"},{"$error":"#DIV/0!"}]
[{"$nulls":9},0,0,{"$error":"#DIV/0!"},{"$error":"#DIV/0!"}]
[{"$nulls":9},0,0,{"$error":"#DIV/0!"},{"$error":"#DIV/0!"}]
[{"$nulls":9},0,0,{"$error":"#DIV/0!"},{"$error":"#DIV/0!"}]
[{"$nulls":9},0,0,{"$error":"#DIV/0!"},{"$error":"#DIV/0!"}]
[{"$nulls":9},0,0,{"$error":"#DIV/0!"},{"$error":"#DIV/0!"}]
[{"$nulls":9},0,0,{"$error":"#DIV/0!"},{"$error":"#DIV/0!"}]
[{"$nulls":9},0,{"$f":"J1226*G1226","v":0},{"$f":"K1226/$K$1467","v":{"$error":"#DIV/0!"}},{"$error":"#DIV/0!"}]
[{"$nulls":9},0,0,{"$error":"#DIV/0!"},{"$f":"L1227+M1226","v":{"$error":"#DIV/0!"}}]
[{"$nulls":9},0,0,{"$error":"#DIV/0!"},{"$error":"#DIV/0!"}]
[{"$nulls":9},0,0,{"$error":"#DIV/0!"},{"$error":"#DIV/0!"}]
[{"$nulls":9},0,0,{"$error":"#DIV/0!"},{"$error":"#DIV/0!"}]
[{"$nulls":9},0,0,{"$error":"#DIV/0!"},{"$error":"#DIV/0!"}]
[{"$nulls":9},0,0,{"$error":"#DIV/0!"},{"$error":"#DIV/0!"}]
[{"$nulls":9},0,0,{"$error":"#DIV/0!"},{"$error":"#DIV/0!"}]
[{"$nulls":9},0,0,{"$error":"#DIV/0!"},{"$error":"#DIV/0!"}]
[{"$nulls":9},0,0,{"$error":"#DIV/0!"},{"$error":"#DIV/0!"}]
[{"$nulls":9},0,0,{"$error":"#DIV/0!"},{"$error":"#DIV/0!"}]
[{"$nulls":9},{"$f":"H1237*(1+I1237)","v":0},0,{"$error":"#DIV/0!"},{"$error":"#DIV/0!"}]
[{"$nulls":9},0,0,{"$error":"#DIV/0!"},{"$error":"#DIV/0!"}]
[{"$nulls":9},0,0,{"$error":"#DIV/0!"},{"$error":"#DIV/0!"}]
[{"$nulls":9},0,0,{"$error":"#DIV/0!"},{"$error":"#DIV/0!"}]
[{"$nulls":9},0,0,{"$error":"#DIV/0!"},{"$error":"#DIV/0!"}]
[{"$nulls":9},0,0,{"$error":"#DIV/0!"},{"$error":"#DIV/0!"}]
[{"$nulls":9},0,0,{"$error":"#DIV/0!"},{"$error":"#DIV/0!"}]
[{"$nulls":9},0,0,{"$error":"#DIV/0!"},{"$error":"#DIV/0!"}]
[{"$nulls":9},0,0,{"$error":"#DIV/0!"},{"$error":"#DIV/0!"}]
[{"$nulls":9},0,0,{"$error":"#DIV/0!"},{"$error":"#DIV/0!"}]
[{"$nulls":9},0,0,{"$error":"#DIV/0!"},{"$error":"#DIV/0!"}]
[{"$nulls":9},0,0,{"$error":"#DIV/0!"},{"$error":"#DIV/0!"}]
[{"$nulls":9},0,0,{"$error":"#DIV/0!"},{"$error":"#DIV/0!"}]
[{"$nulls":9},0,0,{"$error":"#DIV/0!"},{"$error":"#DIV/0!"}]
[{"$nulls":9},0,0,{"$error":"#DIV/0!"},{"$error":"#DIV/0!"}]
[{"$nulls":9},0,0,{"$error":"#DIV/0!"},{"$error":"#DIV/0!"}]
[{"$nulls":9},0,0,{"$error":"#DIV/0!"},{"$error":"#DIV/0!"}]
[{"$nulls":9},0,0,{"$error":"#DIV/0!"},{"$error":"#DIV/0!"}]
[{"$nulls":9},0,0,{"$error":"#DIV/0!"},{"$error":"#DIV/0!"}]
[{"$nulls":9},0,0,{"$error":"#DIV/0!"},{"$error":"#DIV/0!"}]
[{"$nulls":9},0,0,{"$error":"#DIV/0!"},{"$error":"#DIV/0!"}]
[{"$nulls":9},0,0,{"$error":"#DIV/0!"},{"$error":"#DIV/0!"}]
[{"$nulls":9},0,0,{"$error":"#DIV/0!"},{"$error":"#DIV/0!"}]
[{"$nulls":9},0,0,{"$error":"#DIV/0!"},{"$error":"#DIV/0!"}]
[{"$nulls":9},0,0,{"$error":"#DIV/0!"},{"$error":"#DIV/0!"}]
[{"$nulls":9},0,0,{"$error":"#DIV/0!"},{"$error":"#DIV/0!"}]
[{"$nulls":9},0,0,{"$error":"#DIV/0!"},{"$error":"#DIV/0!"}]
[{"$nulls":9},0,0,{"$error":"#DIV/0!"},{"$error":"#DIV/0!"}]
[{"$nulls":9},0,0,{"$error":"#DIV/0!"},{"$error":"#DIV/0!"}]
[{"$nulls":9},0,0,{"$error":"#DIV/0!"},{"$error":"#DIV/0!"}]
[{"$nulls":9},0,0,{"$error":"#DIV/0!"},{"$error":"#DIV/0!"}]
[{"$nulls":9},0,0,{"$error":"#DIV/0!"},{"$error":"#DIV/0!"}]
[{"$nulls":9},0,0,{"$error":"#DIV/0!"},{"$error":"#DIV/0!"}]
[{"$nulls":9},0,0,{"$error":"#DIV/0!"},{"$error":"#DIV/0!"}]
[{"$nulls":9},0,0,{"$error":"#DIV/0!"},{"$error":"#DIV/0!"}]
[{"$nulls":9},0,0,{"$error":"#DIV/0!"},{"$error":"#DIV/0!"}]
[{"$nulls":9},0,0,{"$error":"#DIV/0!"},{"$error":"#DIV/0!"}]
[{"$nulls":9},0,0,{"$error":"#DIV/0!"},{"$error":"#DIV/0!"}]
[{"$nulls":9},0,0,{"$error":"#DIV/0!"},{"$error":"#DIV/0!"}]
[{"$nulls":9},0,0,{"$error":"#DIV/0!"},{"$error":"#DIV/0!"}]
[{"$nulls":9},0,0,{"$error":"#DIV/0!"},{"$error":"#DIV/0!"}]
[{"$nulls":9},0,0,{"$error":"#DIV/0!"},{"$error":"#DIV/0!"}]
[{"$nulls":9},0,0,{"$error":"#DIV/0!"},{"$error":"#DIV/0!"}]
[{"$nulls":9},0,0,{"$error":"#DIV/0!"},{"$error":"#DIV/0!"}]
[{"$nulls":9},0,0,{"$error":"#DIV/0!"},{"$error":"#DIV/0!"}]
[{"$nulls":9},0,0,{"$error":"#DIV/0!"},{"$error":"#DIV/0!"}]
[{"$nulls":9},0,0,{"$error":"#DIV/0!"},{"$error":"#DIV/0!"}]
[{"$nulls":9},0,0,{"$error":"#DIV/0!"},{"$error":"#DIV/0!"}]
[{"$nulls":9},0,0,{"$error":"#DIV/0!"},{"$error":"#DIV/0!"}]
[{"$nulls":9},0,0,{"$error":"#DIV/0!"},{"$error":"#DIV/0!"}]
[{"$nulls":9},0,0,{"$error":"#DIV/0!"},{"$error":"#DIV/0!"}]
[{"$nulls":9},0,0,{"$error":"#DIV/0!"},{"$error":"#DIV/0!"}]
[{"$nulls":9},0,0,{"$error":"#DIV/0!"},{"$error":"#DIV/0!"}]
[{"$nulls":9},0,{"$f":"J1290*G1290","v":0},{"$f":"K1290/$K$1467","v":{"$error":"#DIV/0!"}},{"$error":"#DIV/0!"}]
[{"$nulls":9},0,0,{"$error":"#DIV/0!"},{"$f":"L1291+M1290","v":{"$error":"#DIV/0!"}}]
[{"$nulls":9},0,0,{"$error":"#DIV/0!"},{"$error":"#DIV/0!"}]
[{"$nulls":9},0,0,{"$error":"#DIV/0!"},{"$error":"#DIV/0!"}]
[{"$nulls":9},0,0,{"$error":"#DIV/0!"},{"$error":"#DIV/0!"}]
[{"$nulls":9},0,0,{"$error":"#DIV/0!"},{"$error":"#DIV/0!"}]
[{"$nulls":9},0,0,{"$error":"#DIV/0!"},{"$error":"#DIV/0!"}]
[{"$nulls":9},0,0,{"$error":"#DIV/0!"},{"$error":"#DIV/0!"}]
[{"$nulls":9},0,0,{"$error":"#DIV/0!"},{"$error":"#DIV/0!"}]
[{"$nulls":9},0,0,{"$error":"#DIV/0!"},{"$error":"#DIV/0!"}]
[{"$nulls":9},0,0,{"$error":"#DIV/0!"},{"$error":"#DIV/0!"}]
[{"$nulls":9},{"$f":"H1301*(1+I1301)","v":0},0,{"$error":"#DIV/0!"},{"$error":"#DIV/0!"}]
[{"$nulls":9},0,0,{"$error":"#DIV/0!"},{"$error":"#DIV/0!"}]
[{"$nulls":9},0,0,{"$error":"#DIV/0!"},{"$error":"#DIV/0!"}]
[{"$nulls":9},0,0,{"$error":"#DIV/0!"},{"$error":"#DIV/0!"}]
[{"$nulls":9},0,0,{"$error":"#DIV/0!"},{"$error":"#DIV/0!"}]
[{"$nulls":9},0,0,{"$error":"#DIV/0!"},{"$error":"#DIV/0!"}]
[{"$nulls":9},0,0,{"$error":"#DIV/0!"},{"$error":"#DIV/0!"}]
[{"$nulls":9},0,0,{"$error":"#DIV/0!"},{"$error":"#DIV/0!"}]
[{"$nulls":9},0,0,{"$error":"#DIV/0!"},{"$error":"#DIV/0!"}]
[{"$nulls":9},0,0,{"$error":"#DIV/0!"},{"$error":"#DIV/0!"}]
[{"$nulls":9},0,0,{"$error":"#DIV/0!"},{"$error":"#DIV/0!"}]
[{"$nulls":9},0,0,{"$error":"#DIV/0!"},{"$error":"#DIV/0!"}]
[{"$nulls":9},0,0,{"$error":"#DIV/0!"},{"$error":"#DIV/0!"}]
[{"$nulls":9},0,0,{"$error":"#DIV/0!"},{"$error":"#DIV/0!"}]
[{"$nulls":9},0,0,{"$error":"#DIV/0!"},{"$error":"#DIV/0!"}]
[{"$nulls":9},0,0,{"$error":"#DIV/0!"},{"$error":"#DIV/0!"}]
[{"$nulls":9},0,0,{"$error":"#DIV/0!"},{"$error":"#DIV/0!"}]
[{"$nulls":9},0,0,{"$error":"#DIV/0!"},{"$error":"#DIV/0!"}]
[{"$nulls":9},0,0,{"$error":"#DIV/0!"},{"$error":"#DIV/0!"}]
[{"$nulls":9},0,0,{"$error":"#DIV/0!"},{"$error":"#DIV/0!"}]
[{"$nulls":9},0,0,{"$error":"#DIV/0!"},{"$error":"#DIV/0!"}]
[{"$nulls":9},0,0,{"$error":"#DIV/0!"},{"$error":"#DIV/0!"}]
[{"$nulls":9},0,0,{"$error":"#DIV/0!"},{"$error":"#DIV/0!"}]
[{"$nulls":9},0,0,{"$error":"#DIV/0!"},{"$error":"#DIV/0!"}]
[{"$nulls":9},0,0,{"$error":"#DIV/0!"},{"$error":"#DIV/0!"}]
[{"$nulls":9},0,0,{"$error":"#DIV/0!"},{"$error":"#DIV/0!"}]
[{"$nulls":9},0,0,{"$error":"#DIV/0!"},{"$error":"#DIV/0!"}]
[{"$nulls":9},0,0,{"$error":"#DIV/0!"},{"$error":"#DIV/0!"}]
[{"$nulls":9},0,0,{"$error":"#DIV/0!"},{"$error":"#DIV/0!"}]
[{"$nulls":9},0,0,{"$error":"#DIV/0!"},{"$error":"#DIV/0!"}]
[{"$nulls":9},0,0,{"$error":"#DIV/0!"},{"$error":"#DIV/0!"}]
[{"$nulls":9},0,0,{"$error":"#DIV/0!"},{"$error":"#DIV/0!"}]
[{"$nulls":9},0,0,{"$error":"#DIV/0!"},{"$error":"#DIV/0!"}]
[{"$nulls":9},0,0,{"$error":"#DIV/0!"},{"$error":"#DIV/0!"}]
[{"$nulls":9},0,0,{"$error":"#DIV/0!"},{"$error":"#DIV/0!"}]
[{"$nulls":9},0,0,{"$error":"#DIV/0!"},{"$error":"#DIV/0!"}]
[{"$nulls":9},0,0,{"$error":"#DIV/0!"},{"$error":"#DIV/0!"}]
[{"$nulls":9},0,0,{"$error":"#DIV/0!"},{"$error":"#DIV/0!"}]
[{"$nulls":9},0,0,{"$error":"#DIV/0!"},{"$error":"#DIV/0!"}]
[{"$nulls":9},0,0,{"$error":"#DIV/0!"},{"$error":"#DIV/0!"}]
[{"$nulls":9},0,0,{"$error":"#DIV/0!"},{"$error":"#DIV/0!"}]
[{"$nulls":9},0,0,{"$error":"#DIV/0!"},{"$error":"#DIV/0!"}]
[{"$nulls":9},0,0,{"$error":"#DIV/0!"},{"$error":"#DIV/0!"}]
[{"$nulls":9},0,0,{"$error":"#DIV/0!"},{"$error":"#DIV/0!"}]
[{"$nulls":9},0,0,{"$error":"#DIV/0!"},{"$error":"#DIV/0!"}]
[{"$nulls":9},0,0,{"$error":"#DIV/0!"},{"$error":"#DIV/0!"}]
[{"$nulls":9},0,0,{"$error":"#DIV/0!"},{"$error":"#DIV/0!"}]
[{"$nulls":9},0,0,{"$error":"#DIV/0!"},{"$error":"#DIV/0!"}]
[{"$nulls":9},0,0,{"$error":"#DIV/0!"},{"$error":"#DIV/0!"}]
[{"$nulls":9},0,0,{"$error":"#DIV/0!"},{"$error":"#DIV/0!"}]
[{"$nulls":9},0,0,{"$error":"#DIV/0!"},{"$error":"#DIV/0!"}]
[{"$nulls":9},0,0,{"$error":"#DIV/0!"},{"$error":"#DIV/0!"}]
[{"$nulls":9},0,0,{"$error":"#DIV/0!"},{"$error":"#DIV/0!"}]
[{"$nulls":9},0,{"$f":"J1354*G1354","v":0},{"$f":"K1354/$K$1467","v":{"$error":"#DIV/0!"}},{"$error":"#DIV/0!"}]
[{"$nulls":9},0,0,{"$error":"#DIV/0!"},{"$f":"L1355+M1354","v":{"$error":"#DIV/0!"}}]
[{"$nulls":9},0,0,{"$error":"#DIV/0!"},{"$error":"#DIV/0!"}]
[{"$nulls":9},0,0,{"$error":"#DIV/0!"},{"$error":"#DIV/0!"}]
[{"$nulls":9},0,0,{"$error":"#DIV/0!"},{"$error":"#DIV/0!"}]
[{"$nulls":9},0,0,{"$error":"#DIV/0!"},{"$error":"#DIV/0!"}]
[{"$nulls":9},0,0,{"$error":"#DIV/0!"},{"$error":"#DIV/0!"}]
[{"$nulls":9},0,0,{"$error":"#DIV/0!"},{"$error":"#DIV/0!"}]
[{"$nulls":9},0,0,{"$error":"#DIV/0!"},{"$error":"#DIV/0!"}]
[{"$nulls":9},0,0,{"$error":"#DIV/0!"},{"$error":"#DIV/0!"}]
[{"$nulls":9},0,0,{"$error":"#DIV/0!"},{"$error":"#DIV/0!"}]
[{"$nulls":9},{"$f":"H1365*(1+I1365)","v":0},0,{"$error":"#DIV/0!"},{"$error":"#DIV/0!"}]
[{"$nulls":9},0,0,{"$error":"#DIV/0!"},{"$error":"#DIV/0!"}]
[{"$nulls":9},0,0,{"$error":"#DIV/0!"},{"$error":"#DIV/0!"}]
[{"$nulls":9},0,0,{"$error":"#DIV/0!"},{"$error":"#DIV/0!"}]
[{"$nulls":9},0,0,{"$error":"#DIV/0!"},{"$error":"#DIV/0!"}]
[{"$nulls":9},0,0,{"$error":"#DIV/0!"},{"$error":"#DIV/0!"}]
[{"$nulls":9},0,0,{"$error":"#DIV/0!"},{"$error":"#DIV/0!"}]
[{"$nulls":9},0,0,{"$error":"#DIV/0!"},{"$error":"#DIV/0!"}]
[{"$nulls":9},0,0,{"$error":"#DIV/0!"},{"$error":"#DIV/0!"}]
[{"$nulls":9},0,0,{"$error":"#DIV/0!"},{"$error":"#DIV/0!"}]
[{"$nulls":9},0,0,{"$error":"#DIV/0!"},{"$error":"#DIV/0!"}]
[{"$nulls":9},0,0,{"$error":"#DIV/0!"},{"$error":"#DIV/0!"}]
[{"$nulls":9},0,0,{"$error":"#DIV/0!"},{"$error":"#DIV/0!"}]
[{"$nulls":9},0,0,{"$error":"#DIV/0!"},{"$error":"#DIV/0!"}]
[{"$nulls":9},0,0,{"$error":"#DIV/0!"},{"$error":"#DIV/0!"}]
[{"$nulls":9},0,0,{"$error":"#DIV/0!"},{"$error":"#DIV/0!"}]
[{"$nulls":9},0,0,{"$error":"#DIV/0!"},{"$error":"#DIV/0!"}]
[{"$nulls":9},0,0,{"$error":"#DIV/0!"},{"$error":"#DIV/0!"}]
[{"$nulls":9},0,0,{"$error":"#DIV/0!"},{"$error":"#DIV/0!"}]
[{"$nulls":9},0,0,{"$error":"#DIV/0!"},{"$error":"#DIV/0!"}]
[{"$nulls":9},0,0,{"$error":"#DIV/0!"},{"$error":"#DIV/0!"}]
[{"$nulls":9},0,0,{"$error":"#DIV/0!"},{"$error":"#DIV/0!"}]
[{"$nulls":9},0,0,{"$error":"#DIV/0!"},{"$error":"#DIV/0!"}]
[{"$nulls":9},0,0,{"$error":"#DIV/0!"},{"$error":"#DIV/0!"}]
[{"$nulls":9},0,0,{"$error":"#DIV/0!"},{"$error":"#DIV/0!"}]
[{"$nulls":9},0,0,{"$error":"#DIV/0!"},{"$error":"#DIV/0!"}]
[{"$nulls":9},0,0,{"$error":"#DIV/0!"},{"$error":"#DIV/0!"}]
[{"$nulls":9},0,0,{"$error":"#DIV/0!"},{"$error":"#DIV/0!"}]
[{"$nulls":9},0,0,{"$error":"#DIV/0!"},{"$error":"#DIV/0!"}]
[{"$nulls":9},0,0,{"$error":"#DIV/0!"},{"$error":"#DIV/0!"}]
[{"$nulls":9},0,0,{"$error":"#DIV/0!"},{"$error":"#DIV/0!"}]
[{"$nulls":9},0,0,{"$error":"#DIV/0!"},{"$error":"#DIV/0!"}]
[{"$nulls":9},0,0,{"$error":"#DIV/0!"},{"$error":"#DIV/0!"}]
[{"$nulls":9},0,0,{"$error":"#DIV/0!"},{"$error":"#DIV/0!"}]
[{"$nulls":9},0,0,{"$error":"#DIV/0!"},{"$error":"#DIV/0!"}]
[{"$nulls":9},0,0,{"$error":"#DIV/0!"},{"$error":"#DIV/0!"}]
[{"$nulls":9},0,0,{"$error":"#DIV/0!"},{"$error":"#DIV/0!"}]
[{"$nulls":9},0,0,{"$error":"#DIV/0!"},{"$error":"#DIV/0!"}]
[{"$nulls":9},0,0,{"$error":"#DIV/0!"},{"$error":"#DIV/0!"}]
[{"$nulls":9},0,0,{"$error":"#DIV/0!"},{"$error":"#DIV/0!"}]
[{"$nulls":9},0,0,{"$error":"#DIV/0!"},{"$error":"#DIV/0!"}]
[{"$nulls":9},0,0,{"$error":"#DIV/0!"},{"$error":"#DIV/0!"}]
[{"$nulls":9},0,0,{"$error":"#DIV/0!"},{"$error":"#DIV/0!"}]
[{"$nulls":9},0,0,{"$error":"#DIV/0!"},{"$error":"#DIV/0!"}]
[{"$nulls":9},0,0,{"$error":"#DIV/0!"},{"$error":"#DIV/0!"}]
[{"$nulls":9},0,0,{"$error":"#DIV/0!"},{"$error":"#DIV/0!"}]
[{"$nulls":9},0,0,{"$error":"#DIV/0!"},{"$error":"#DIV/0!"}]
[{"$nulls":9},0,0,{"$error":"#DIV/0!"},{"$error":"#DIV/0!"}]
[{"$nulls":9},0,0,{"$error":"#DIV/0!"},{"$error":"#DIV/0!"}]
[{"$nulls":9},0,0,{"$error":"#DIV/0!"},{"$error":"#DIV/0!"}]
[{"$nulls":9},0,0,{"$error":"#DIV/0!"},{"$error":"#DIV/0!"}]
[{"$nulls":9},0,0,{"$error":"#DIV/0!"},{"$error":"#DIV/0!"}]
[{"$nulls":9},0,0,{"$error":"#DIV/0!"},{"$error":"#DIV/0!"}]
[{"$nulls":9},0,{"$f":"J1418*G1418","v":0},{"$f":"K1418/$K$1467","v":{"$error":"#DIV/0!"}},{"$error":"#DIV/0!"}]
[{"$nulls":9},0,0,{"$error":"#DIV/0!"},{"$f":"L1419+M1418","v":{"$error":"#DIV/0!"}}]
[{"$nulls":9},0,0,{"$error":"#DIV/0!"},{"$error":"#DIV/0!"}]
[{"$nulls":9},0,0,{"$error":"#DIV/0!"},{"$error":"#DIV/0!"}]
[{"$nulls":9},0,0,{"$error":"#DIV/0!"},{"$error":"#DIV/0!"}]
[{"$nulls":9},0,0,{"$error":"#DIV/0!"},{"$error":"#DIV/0!"}]
[{"$nulls":9},0,0,{"$error":"#DIV/0!"},{"$error":"#DIV/0!"}]
[{"$nulls":9},0,0,{"$error":"#DIV/0!"},{"$error":"#DIV/0!"}]
[{"$nulls":9},0,0,{"$error":"#DIV/0!"},{"$error":"#DIV/0!"}]
[{"$nulls":9},0,0,{"$error":"#DIV/0!"},{"$error":"#DIV/0!"}]
[{"$nulls":9},0,0,{"$error":"#DIV/0!"},{"$error":"#DIV/0!"}]
[{"$nulls":9},{"$f":"H1429*(1+I1429)","v":0},0,{"$error":"#DIV/0!"},{"$error":"#DIV/0!"}]
[{"$nulls":9},0,0,{"$error":"#DIV/0!"},{"$error":"#DIV/0!"}]
[{"$nulls":9},0,0,{"$error":"#DIV/0!"},{"$error":"#DIV/0!"}]
[{"$nulls":9},0,0,{"$error":"#DIV/0!"},{"$error":"#DIV/0!"}]
[{"$nulls":9},0,0,{"$error":"#DIV/0!"},{"$error":"#DIV/0!"}]
[{"$nulls":9},0,0,{"$error":"#DIV/0!"},{"$error":"#DIV/0!"}]
[{"$nulls":9},0,0,{"$error":"#DIV/0!"},{"$error":"#DIV/0!"}]
[{"$nulls":9},0,0,{"$error":"#DIV/0!"},{"$error":"#DIV/0!"}]
[{"$nulls":9},0,0,{"$error":"#DIV/0!"},{"$error":"#DIV/0!"}]
[{"$nulls":9},0,0,{"$error":"#DIV/0!"},{"$error":"#DIV/0!"}]
[{"$nulls":9},0,0,{"$error":"#DIV/0!"},{"$error":"#DIV/0!"}]
[{"$nulls":9},0,0,{"$error":"#DIV/0!"},{"$error":"#DIV/0!"}]
[{"$nulls":9},0,0,{"$error":"#DIV/0!"},{"$error":"#DIV/0!"}]
[{"$nulls":9},0,0,{"$error":"#DIV/0!"},{"$error":"#DIV/0!"}]
[{"$nulls":9},0,0,{"$error":"#DIV/0!"},{"$error":"#DIV/0!"}]
[{"$nulls":9},0,0,{"$error":"#DIV/0!"},{"$error":"#DIV/0!"}]
[{"$nulls":9},0,0,{"$error":"#DIV/0!"},{"$error":"#DIV/0!"}]
[{"$nulls":9},0,0,{"$error":"#DIV/0!"},{"$error":"#DIV/0!"}]
[{"$nulls":9},0,0,{"$error":"#DIV/0!"},{"$error":"#DIV/0!"}]
[{"$nulls":9},0,0,{"$error":"#DIV/0!"},{"$error":"#DIV/0!"}]
[{"$nulls":9},0,0,{"$error":"#DIV/0!"},{"$error":"#DIV/0!"}]
[{"$nulls":9},0,0,{"$error":"#DIV/0!"},{"$error":"#DIV/0!"}]
[{"$nulls":9},0,0,{"$error":"#DIV/0!"},{"$error":"#DIV/0!"}]
[{"$nulls":9},0,0,{"$error":"#DIV/0!"},{"$error":"#DIV/0!"}]
[{"$nulls":9},0,0,{"$error":"#DIV/0!"},{"$error":"#DIV/0!"}]
[{"$nulls":9},0,0,{"$error":"#DIV/0!"},{"$error":"#DIV/0!"}]
[{"$nulls":9},0,0,{"$error":"#DIV/0!"},{"$error":"#DIV/0!"}]
[{"$nulls":9},0,0,{"$error":"#DIV/0!"},{"$error":"#DIV/0!"}]
[{"$nulls":9},0,0,{"$error":"#DIV/0!"},{"$error":"#DIV/0!"}]
[{"$nulls":9},0,0,{"$error":"#DIV/0!"},{"$error":"#DIV/0!"}]
[{"$nulls":9},0,0,{"$error":"#DIV/0!"},{"$error":"#DIV/0!"}]
[{"$nulls":9},0,0,{"$error":"#DIV/0!"},{"$error":"#DIV/0!"}]
[{"$nulls":9},0,0,{"$error":"#DIV/0!"},{"$error":"#DIV/0!"}]
[{"$nulls":9},0,0,{"$error":"#DIV/0!"},{"$error":"#DIV/0!"}]
[{"$nulls":9},0,0,{"$error":"#DIV/0!"},{"$error":"#DIV/0!"}]
[{"$nulls":9},0,0,{"$error":"#DIV/0!"},{"$error":"#DIV/0!"}]
[{"$nulls":9},0,0,{"$error":"#DIV/0!"},{"$error":"#DIV/0!"}]
[{"$nulls":7},"."]
[{"$nulls":10},{"$f":"SUM(K10:K1465)","v":0},".","."]

{"sheet":"Adm Local","index":5,"n_rows":17,"n_cols":9,"rows_kept":17,"cut":false,"hidden":false,"merged":[[3,1,4,1],[3,2,4,2],[3,3,4,3],[24,5,24,7],[3,8,4,8],[3,4,4,4],[3,5,4,5],[3,6,4,6]]}
[]
[]
[]
[null,"Referência","Código","Banco","DESCRIÇÃO","UND","QUANT","PREÇO  SEM DESONERAÇÃO           ","TOTAL SEM DESONERAÇÃO    "]
[{"$nulls":7},"Custo Direto"]
[null,"Composição Sinapi",93567,"Sinapi","ENGENHEIRO CIVIL DE OBRA PLENO COM ENCARGOS COMPLEMENTARES","MES",20,{"$f":"VLOOKUP(C6&D6,'TABELA SICRO-SINAPI-ORSE'!A:G,7,FALSE)","v":22062.55},{"$f":"H6*G6","v":441251}]
[null,"Composição Sinapi",93565,"Sinapi","ENGENHEIRO CIVIL DE OBRA JUNIOR COM ENCARGOS COMPLEMENTARES","MES",40,{"$f":"VLOOKUP(C7&D7,'TABELA SICRO-SINAPI-ORSE'!A:G,7,FALSE)","v":21036.16},841446.40000000002]
[null,"Composição Sinapi",93569,"Sinapi","ARQUITETO JUNIOR COM ENCARGOS COMPLEMENTARES","MES",15,{"$f":"VLOOKUP(C8&D8,'TABELA SICRO-SINAPI-ORSE'!A:G,7,FALSE)","v":20543.62},308154.3]
[null,"Composição Sinapi",88326,"Sinapi","VIGIA NOTURNO COM ENCARGOS COMPLEMENTARES","H",17520,22.25,389820]
[null,"Composição Sinapi",93572,"Sinapi","ENCARREGADO GERAL DE OBRAS COM ENCARGOS COMPLEMENTARES","MES",60,{"$f":"VLOOKUP(C10&D10,'TABELA SICRO-SINAPI-ORSE'!A:G,7,FALSE)","v":4475.28},268516.8]
[null,"Composição Sinapi",93563,"Sinapi","TÉCNICO DE SEGURANÇA DO TRABALHO","MES",24,{"$f":"VLOOKUP(C11&D11,'TABELA SICRO-SINAPI-ORSE'!A:G,7,FALSE)","v":3784.82},90835.680000000008]
[null,"Composição Sinapi",93566,"Sinapi","AUXILIAR DE ESCRITORIO COM ENCARGOS COMPLEMENTARES","MES",60,{"$f":"VLOOKUP(C12&D12,'TABELA SICRO-SINAPI-ORSE'!A:G,7,FALSE)","v":2800.22},168013.19999999998]
[null,"Composição Sinapi",94296,"Sinapi","TOPOGRAFO COM ENCARGOS COMPLEMENTARES","MES",40,{"$f":"VLOOKUP(C13&D13,'TABELA SICRO-SINAPI-ORSE'!A:G,7,FALSE)","v":4322.84},172913.6]
[null,"Composição Sinapi",93564,"Sinapi","APONTADOR OU APROPRIADOR COM ENCARGOS COMPLEMENTARES","MES",20,{"$f":"VLOOKUP(C14&D14,'TABELA SICRO-SINAPI-ORSE'!A:G,7,FALSE)","v":3306.53},66130.600000000006]
[null,"Composição Própria","1.3","CODE","VEÍCULO LEVE ","MES",40,{"$f":"'CPU-VEICULO_Leve'!D7","v":3358.807213121765},134352.28852487059]
[]
[{"$nulls":4},"Total",null,null,null,{"$f":"SUM(I6:I15)","v":2881433.8685248713}]

{"sheet":"BDI","index":6,"n_rows":103,"n_cols":3,"rows_kept":103,"cut":false,"hidden":false,"merged":[[49,0,50,1],[49,2,50,2],[46,0,46,2],[47,0,48,2],[41,1,41,2],[19,0,19,1],[29,2,30,2],[31,0,31,2],[32,1,32,2],[45,0,45,1],[26,0,26,16383],[27,0,28,2],[29,0,30,0],[29,1,30,1],[0,0,1,2],[4,0,5,0],[4,1,5,1],[4,2,5,2],[6,1,6,2],[2,0,3,2],[56,0,57,0],[56,1,57,1],[56,2,57,2],[54,0,55,2],[11,0,11,1],[12,1,12,2],[14,0,14,1],[15,1,15,2],[52,0,53,2],[20,0,20,2],[21,0,22,2],[23,0,24,1],[23,2,24,2],[37,0,37,1],[38,1,38,2],[40,0,40,1],[58,1,58,2],[63,0,63,1],[64,1,64,2],[66,0,66,1],[67,1,67,2],[81,0,82,0],[81,1,82,1],[81,2,82,2],[79,0,80,2],[72,0,72,1],[73,0,73,2],[74,0,75,2],[76,0,77,1],[76,2,77,2],[83,0,83,2],[84,1,84,2],[89,0,89,1],[90,1,90,2],[92,0,92,1],[93,1,93,2],[98,0,98,1],[99,0,99,2],[100,0,101,2],[102,0,102,1]]}
["SEM DESONERAÇÃO"]
[]
["MEMÓRIA DE CALCULO DO BDI DE SERVIÇOS"]
[]
["ITEM","DISCRIMINAÇÃO","PERC.    (%)"]
[]
["1.00","Despesas Indiretas"]
["A1","Seguro e Garantia",8.0000000000000002E-3]
["A2","Riscos e Imprevistos",0.01]
["A3","Despesas Financeiras",6.4999999999999997E-3]
["A4","Administração Central",3.2000000000000001E-2]
["Total do Grupo A =",null,{"$f":"SUM(C8:C11)","v":5.6500000000000002E-2}]
["2.00","Benefício"]
["B-1","LUCRO",6.7000000000000004E-2]
["Total do Grupo B =",null,{"$f":"C14","v":6.7000000000000004E-2}]
["3.00","Impostos"]
["C-1","PIS / PASEP",6.4999999999999997E-3]
["C-2","COFINS",0.03]
["C-3","ISS",0.03]
["Total do Grupo C =",null,{"$f":"SUM(C17:C19)","v":6.6500000000000004E-2}]
["Fórmula Para Cálculo do B.D.I"]
["BDI =(((1+A4+A1+A2)*(1+A3)*(1+B))/(1-C))-1"]
[]
["Bonificação Sobre Despesas indiretas (B.D.I) =",null,{"$f":"(((1+C11+C8+C9)*(1+C10)*(1+C15))/(1-C20))-1","v":0.20796173004820551}]
[]
[]
[]
["MEMÓRIA DE CALCULO DO BDI DE FORNECIMENTO"]
[]
["ITEM","DISCRIMINAÇÃO","PERC.    (%)"]
[]
[]
["1.00","Despesas Indiretas"]
["A1","Seguro e Garantia",8.0000000000000002E-3]
["A2","Riscos e Imprevistos",1.15E-2]
["A3","Despesas Financeiras",1.0500000000000001E-2]
["A4","Administração Central",2.1999999999999999E-2]
["Total do Grupo A =",null,{"$f":"SUM(C34:C37)","v":5.1999999999999998E-2}]
["2.00","Benefício"]
["B1","LUCRO",0.05]
["Total do Grupo B =",null,{"$f":"C40","v":0.05}]
["3.00","Impostos"]
["C1","PIS / PASEP",6.4999999999999997E-3]
["C2","COFINS",0.03]
["C3","ISS",0]
["Total do Grupo C =",null,{"$f":"SUM(C43:C45)","v":3.6499999999999998E-2}]
["Fórmula Para Cálculo do B.D.I"]
["BDI =(((1+A4+A1+A2)*(1+A3)*(1+B))/(1-C))-1"]
[]
["Bonificação Sobre Despesas indiretas (B.D.I) =",null,{"$f":"(((1+C37+C34+C35)*(1+C36)*(1+C41))/(1-C46))-1","v":0.14692012195121973}]
[]
[]
["COM DESONERAÇÃO"]
[]
["MEMÓRIA DE CALCULO DO BDI DE SERVIÇOS"]
[]
["ITEM","DISCRIMINAÇÃO","PERC.    (%)"]
[]
["1.00","Despesas Indiretas"]
["A1","Seguro e Garantia",8.0000000000000002E-3]
["A2","Riscos e Imprevistos",1.4E-2]
["A3","Despesas Financeiras",1.0500000000000001E-2]
["A4","Administração Central",3.5299999999999998E-2]
["Total do Grupo A =",null,{"$f":"SUM(C60:C63)","v":6.7799999999999999E-2}]
["2.00","Benefício"]
["B-1","LUCRO",7.9000000000000001E-2]
["Total do Grupo B =",null,{"$f":"SUM(C66)","v":7.9000000000000001E-2}]
["3.00","Impostos"]
["C-1","PIS / PASEP",6.4999999999999997E-3]
["C-2","COFINS",1.35E-2]
["C-3","ISS",0.05]
["C-4","CONTRIBUIÇÂO INSS (DESONERAÇÂO)",4.4999999999999998E-2]
["Total do Grupo C =",null,{"$f":"SUM(C69:C72)","v":0.115}]
["Fórmula Para Cálculo do B.D.I"]
["BDI =(((1+A4+A1+A2)*(1+A3)*(1+B))/(1-C))-1"]
[]
["Bonificação Sobre Despesas indiretas (B.D.I) =",null,{"$f":"(((1+C63+C60+C61)*(1+C62)*(1+C67))/(1-C73))-1","v":0.30260494954802231}]
[]
[]
["MEMÓRIA DE CALCULO DO BDI DE FORNECIMENTO"]
[]
["ITEM","DISCRIMINAÇÃO","PERC.    (%)"]
[]
[]
["1.00","Despesas Indiretas"]
["A1","Seguro e Garantia",8.0000000000000002E-3]
["A2","Riscos e Imprevistos",1.15E-2]
["A3","Despesas Financeiras",1.0500000000000001E-2]
["A4","Administração Central",2.1999999999999999E-2]
["Total do Grupo A =",null,{"$f":"SUM(C86:C89)","v":5.1999999999999998E-2}]
["2.00","Benefício"]
["B1","LUCRO",0.05]
["Total do Grupo B =",null,{"$f":"SUM(C92)","v":0.05}]
["3.00","Impostos"]
["C1","PIS / PASEP",6.4999999999999997E-3]
["C2","COFINS",0.03]
["C3","ISS",0]
["C-4","CONTRIBUIÇÂO INSS (DESONERAÇÂO)",4.4999999999999998E-2]
["Total do Grupo C =",null,{"$f":"SUM(C95:C98)","v":8.1499999999999989E-2}]
["Fórmula Para Cálculo do B.D.I"]
["BDI =(((1+A4+A1+A2)*(1+A3)*(1+B))/(1-C))-1"]
[]
["Bonificação Sobre Despesas indiretas (B.D.I) =",null,{"$f":"(((1+C89+C86+C87)*(1+C88)*(1+C93))/(1-C99))-1","v":0.20311109145345707}]

{"sheet":"TABELA SICRO-SINAPI-ORSE","index":7,"n_rows":21303,"n_cols":7,"rows_kept":4500,"cut":true,"hidden":false,"merged":[[4900,1,4900,14],[4901,1,4901,14],[4902,1,4902,14],[12461,1,12461,2]],"bounds":{"rows_first":2000,"rows_last":500,"rows_between":2000,"halvings":0}}
[null,"MES DE COLETA: 03/2024"]
[null,"LOCALIDADE: 0320 - MACAPA"]
[null,"ENCARGOS SOCIAIS (%) HORISTA 115,81  MENSALISTA  69,84"]
[null,""]
["AUXILIAR","CODIGO  ","Banco","DESCRICAO DO INSUMO/SERVIÇO","UNIDADE ","ORIGEM DO PRECO","Custo Unitário (R$)"]
[{"$f":"B6&C6","v":"38605SINAPI"},38605,"SINAPI","ABERTURA PARA ENCAIXE DE CUBA OU LAVATORIO EM BANCADA DE MARMORE/ GRANITO OU OUTRO TIPO DE PEDRA NATURAL                                                                                                                                                                                                                                                                                                                                                                                                  ","UN    ","CR",195.46]
[{"$f":"B7&C7","v":"11270SINAPI"},11270,"SINAPI","ABRACADEIRA DE LATAO PARA FIXACAO DE CABO PARA-RAIO, DIMENSOES 32 X 24 X 24 MM                                                                                                                                                                                                                                                                                                                                                                                                                            ","UN    ","CR",2.5]
["412SINAPI",412,"SINAPI","ABRACADEIRA DE NYLON PARA AMARRACAO DE CABOS, COMPRIMENTO DE *230* X *7,6* MM                                                                                                                                                                                                                                                                                                                                                                                                                             ","UN    ","CR",1.08]
["414SINAPI",414,"SINAPI","ABRACADEIRA DE NYLON PARA AMARRACAO DE CABOS, COMPRIMENTO DE 100 X 2,5 MM                                                                                                                                                                                                                                                                                                                                                                                                                                 ","UN    ","CR",0.06]
["410SINAPI",410,"SINAPI","ABRACADEIRA DE NYLON PARA AMARRACAO DE CABOS, COMPRIMENTO DE 150 X *3,6* MM                                                                                                                                                                                                                                                                                                                                                                                                                               ","UN    ","CR",0.16]
["411SINAPI",411,"SINAPI","ABRACADEIRA DE NYLON PARA AMARRACAO DE CABOS, COMPRIMENTO DE 200 X *4,6* MM                                                                                                                                                                                                                                                                                                                                                                                                                               ","UN    ","C ",0.21]
["408SINAPI",408,"SINAPI","ABRACADEIRA DE NYLON PARA AMARRACAO DE CABOS, COMPRIMENTO DE 390 X *4,6* MM                                                                                                                                                                                                                                                                                                                                                                                                                               ","UN    ","CR",1.04]
["39131SINAPI",39131,"SINAPI","ABRACADEIRA EM ACO PARA AMARRACAO DE ELETRODUTOS, TIPO D, COM 1 1/2\" E CUNHA DE FIXACAO                                                                                                                                                                                                                                                                                                                                                                                                                   ","UN    ","CR",5.65]
["394SINAPI",394,"SINAPI","ABRACADEIRA EM ACO PARA AMARRACAO DE ELETRODUTOS, TIPO D, COM 1 1/2\" E PARAFUSO DE FIXACAO                                                                                                                                                                                                                                                                                                                                                                                                                ","UN    ","CR",5.72]
["39130SINAPI",39130,"SINAPI","ABRACADEIRA EM ACO PARA AMARRACAO DE ELETRODUTOS, TIPO D, COM 1 1/4\" E CUNHA DE FIXACAO                                                                                                                                                                                                                                                                                                                                                                                                                   ","UN    ","CR",5.15]
["395SINAPI",395,"SINAPI","ABRACADEIRA EM ACO PARA AMARRACAO DE ELETRODUTOS, TIPO D, COM 1 1/4\" E PARAFUSO DE FIXACAO                                                                                                                                                                                                                                                                                                                                                                                                                ","UN    ","CR",5.5]
["39127SINAPI",39127,"SINAPI","ABRACADEIRA EM ACO PARA AMARRACAO DE ELETRODUTOS, TIPO D, COM 1/2\" E CUNHA DE FIXACAO                                                                                                                                                                                                                                                                                                                                                                                                                     ","UN    ","CR",2.71]
["392SINAPI",392,"SINAPI","ABRACADEIRA EM ACO PARA AMARRACAO DE ELETRODUTOS, TIPO D, COM 1/2\" E PARAFUSO DE FIXACAO                                                                                                                                                                                                                                                                                                                                                                                                                  ","UN    ","CR",2.79]
["39129SINAPI",39129,"SINAPI","ABRACADEIRA EM ACO PARA AMARRACAO DE ELETRODUTOS, TIPO D, COM 1\" E CUNHA DE FIXACAO                                                                                                                                                                                                                                                                                                                                                                                                                       ","UN    ","CR",3.17]
["393SINAPI",393,"SINAPI","ABRACADEIRA EM ACO PARA AMARRACAO DE ELETRODUTOS, TIPO D, COM 1\" E PARAFUSO DE FIXACAO                                                                                                                                                                                                                                                                                                                                                                                                                    ","UN    ","C ",3.32]
["39133SINAPI",39133,"SINAPI","ABRACADEIRA EM ACO PARA AMARRACAO DE ELETRODUTOS, TIPO D, COM 2 1/2\" E CUNHA DE FIXACAO                                                                                                                                                                                                                                                                                                                                                                                                                   ","UN    ","CR",7.41]
["397SINAPI",397,"SINAPI","ABRACADEIRA EM ACO PARA AMARRACAO DE ELETRODUTOS, TIPO D, COM 2 1/2\" E PARAFUSO DE FIXACAO                                                                                                                                                                                                                                                                                                                                                                                                                ","UN    ","CR",8.19]
["39132SINAPI",39132,"SINAPI","ABRACADEIRA EM ACO PARA AMARRACAO DE ELETRODUTOS, TIPO D, COM 2\" E CUNHA DE FIXACAO                                                                                                                                                                                                                                                                                                                                                                                                                       ","UN    ","CR",5.93]
["396SINAPI",396,"SINAPI","ABRACADEIRA EM ACO PARA AMARRACAO DE ELETRODUTOS, TIPO D, COM 2\" E PARAFUSO DE FIXACAO                                                                                                                                                                                                                                                                                                                                                                                                                    ","UN    ","CR",6.35]
["39135SINAPI",39135,"SINAPI","ABRACADEIRA EM ACO PARA AMARRACAO DE ELETRODUTOS, TIPO D, COM 3 1/2\" E CUNHA DE FIXACAO                                                                                                                                                                                                                                                                                                                                                                                                                   ","UN    ","CR",11.86]
["39128SINAPI",39128,"SINAPI","ABRACADEIRA EM ACO PARA AMARRACAO DE ELETRODUTOS, TIPO D, COM 3/4\" E CUNHA DE FIXACAO                                                                                                                                                                                                                                                                                                                                                                                                                     ","UN    ","CR",2.96]
["400SINAPI",400,"SINAPI","ABRACADEIRA EM ACO PARA AMARRACAO DE ELETRODUTOS, TIPO D, COM 3/4\" E PARAFUSO DE FIXACAO                                                                                                                                                                                                                                                                                                                                                                                                                  ","UN    ","CR",2.89]
["39125SINAPI",39125,"SINAPI","ABRACADEIRA EM ACO PARA AMARRACAO DE ELETRODUTOS, TIPO D, COM 3/8\" E PARAFUSO DE FIXACAO                                                                                                                                                                                                                                                                                                                                                                                                                  ","UN    ","CR",2.96]
["39134SINAPI",39134,"SINAPI","ABRACADEIRA EM ACO PARA AMARRACAO DE ELETRODUTOS, TIPO D, COM 3\" E CUNHA DE FIXACAO                                                                                                                                                                                                                                                                                                                                                                                                                       ","UN    ","CR",9.8800000000000008]
["398SINAPI",398,"SINAPI","ABRACADEIRA EM ACO PARA AMARRACAO DE ELETRODUTOS, TIPO D, COM 3\" E PARAFUSO DE FIXACAO                                                                                                                                                                                                                                                                                                                                                                                                                    ","UN    ","CR",9.11]
["39126SINAPI",39126,"SINAPI","ABRACADEIRA EM ACO PARA AMARRACAO DE ELETRODUTOS, TIPO D, COM 4\" E CUNHA DE FIXACAO                                                                                                                                                                                                                                                                                                                                                                                                                       ","UN    ","CR",13.35]
["399SINAPI",399,"SINAPI","ABRACADEIRA EM ACO PARA AMARRACAO DE ELETRODUTOS, TIPO D, COM 4\" E PARAFUSO DE FIXACAO                                                                                                                                                                                                                                                                                                                                                                                                                    ","UN    ","CR",11.76]
["39158SINAPI",39158,"SINAPI","ABRACADEIRA EM ACO PARA AMARRACAO DE ELETRODUTOS, TIPO ECONOMICA (GOTA), COM 8\"                                                                                                                                                                                                                                                                                                                                                                                                                           ","UN    ","CR",31.57]
["39141SINAPI",39141,"SINAPI","ABRACADEIRA EM ACO PARA AMARRACAO DE ELETRODUTOS, TIPO U SIMPLES, COM 1 1/2\"                                                                                                                                                                                                                                                                                                                                                                                                                              ","UN    ","CR",2.29]
["39140SINAPI",39140,"SINAPI","ABRACADEIRA EM ACO PARA AMARRACAO DE ELETRODUTOS, TIPO U SIMPLES, COM 1 1/4\"                                                                                                                                                                                                                                                                                                                                                                                                                              ","UN    ","CR",2.08]
["39137SINAPI",39137,"SINAPI","ABRACADEIRA EM ACO PARA AMARRACAO DE ELETRODUTOS, TIPO U SIMPLES, COM 1/2\"                                                                                                                                                                                                                                                                                                                                                                                                                                ","UN    ","CR",1.2]
["39139SINAPI",39139,"SINAPI","ABRACADEIRA EM ACO PARA AMARRACAO DE ELETRODUTOS, TIPO U SIMPLES, COM 1\"                                                                                                                                                                                                                                                                                                                                                                                                                                  ","UN    ","CR",1.73]
["39143SINAPI",39143,"SINAPI","ABRACADEIRA EM ACO PARA AMARRACAO DE ELETRODUTOS, TIPO U SIMPLES, COM 2 1/2\"                                                                                                                                                                                                                                                                                                                                                                                                                              ","UN    ","CR",4.7300000000000004]
["39142SINAPI",39142,"SINAPI","ABRACADEIRA EM ACO PARA AMARRACAO DE ELETRODUTOS, TIPO U SIMPLES, COM 2\"                                                                                                                                                                                                                                                                                                                                                                                                                                  ","UN    ","CR",3.39]
["39138SINAPI",39138,"SINAPI","ABRACADEIRA EM ACO PARA AMARRACAO DE ELETRODUTOS, TIPO U SIMPLES, COM 3/4\"                                                                                                                                                                                                                                                                                                                                                                                                                                ","UN    ","CR",1.27]
["39136SINAPI",39136,"SINAPI","ABRACADEIRA EM ACO PARA AMARRACAO DE ELETRODUTOS, TIPO U SIMPLES, COM 3/8\"                                                                                                                                                                                                                                                                                                                                                                                                                                ","UN    ","CR",0.84]
["39144SINAPI",39144,"SINAPI","ABRACADEIRA EM ACO PARA AMARRACAO DE ELETRODUTOS, TIPO U SIMPLES, COM 3\"                                                                                                                                                                                                                                                                                                                                                                                                                                  ","UN    ","CR",5.5]
["39145SINAPI",39145,"SINAPI","ABRACADEIRA EM ACO PARA AMARRACAO DE ELETRODUTOS, TIPO U SIMPLES, COM 4\"                                                                                                                                                                                                                                                                                                                                                                                                                                  ","UN    ","CR",9.07]
["12615SINAPI",12615,"SINAPI","ABRACADEIRA PVC, PARA CALHA PLUVIAL, DIAMETRO ENTRE *80 E 100* MM, PARA DRENAGEM PLUVIAL PREDIAL                                                                                                                                                                                                                                                                                                                                                                                                          ","UN    ","CR",11.06]
["11927SINAPI",11927,"SINAPI","ABRACADEIRA, GALVANIZADA/ZINCADA, ROSCA SEM FIM, PARAFUSO INOX, LARGURA  FITA *12,6 A *14 MM, D = 2\" A 2 1/2\"                                                                                                                                                                                                                                                                                                                                                                                             ","UN    ","CR",7.48]
["11928SINAPI",11928,"SINAPI","ABRACADEIRA, GALVANIZADA/ZINCADA, ROSCA SEM FIM, PARAFUSO INOX, LARGURA  FITA *12,6 A *14 MM, D = 3\" A 3 3/4\"                                                                                                                                                                                                                                                                                                                                                                                             ","UN    ","CR",8.57]
["11929SINAPI",11929,"SINAPI","ABRACADEIRA, GALVANIZADA/ZINCADA, ROSCA SEM FIM, PARAFUSO INOX, LARGURA  FITA *12,6 A *14 MM, D = 4\" A 4 3/4\"                                                                                                                                                                                                                                                                                                                                                                                             ","UN    ","CR",13.26]
["36801SINAPI",36801,"SINAPI","ACABAMENTO DE METAL CROMADO PARA REGISTRO PEQUENO, DE PAREDE, 1/2 \" OU 3/4 \"                                                                                                                                                                                                                                                                                                                                                                                                                              ","UN    ","CR",55.53]
["36246SINAPI",36246,"SINAPI","ACABAMENTO SIMPLES/CONVENCIONAL PARA FORRO PVC, TIPO \"U\" OU \"C\", COR BRANCA, COMPRIMENTO 6 M                                                                                                                                                                                                                                                                                                                                                                                                              ","M     ","CR",2.99]
["37600SINAPI",37600,"SINAPI","ACESSORIO DE LIGACAO NAO ELETRICO PARA CARGAS EXPLOSIVAS, TUBO DE 6 M                                                                                                                                                                                                                                                                                                                                                                                                                                     ","UN    ","AS",115.69]
["37599SINAPI",37599,"SINAPI","ACESSORIO INICIADOR NAO ELETRICO, TUBO DE 6 M, TEMPO DE RETARDO DE *160* MS                                                                                                                                                                                                                                                                                                                                                                                                                               ","UN    ","AS",107.68]
["1SINAPI",1,"SINAPI","ACETILENO (RECARGA DE GAS ACETILENO PARA CILINDRO DE CONJUNTO OXICORTE GRANDE) NAO INCLUI TROCA/MANUTENCAO DO CILINDRO                                                                                                                                                                                                                                                                                                                                                                                    ","KG    ","AS",87]
["3SINAPI",3,"SINAPI","ACIDO CLORIDRICO / ACIDO MURIATICO, DILUICAO 10% A 12% PARA USO EM LIMPEZA                                                                                                                                                                                                                                                                                                                                                                                                                                ","L     ","CR",18.649999999999999]
["43054SINAPI",43054,"SINAPI","ACO CA-25, 10,0 MM, OU 12,5 MM, OU 16,0 MM, OU 20,0 MM, OU 25,0 MM, VERGALHAO                                                                                                                                                                                                                                                                                                                                                                                                                             ","KG    ","CR",10.47]
["42402SINAPI",42402,"SINAPI","ACO CA-25, 16,0 MM, BARRA DE TRANSFERENCIA                                                                                                                                                                                                                                                                                                                                                                                                                                                                ","KG    ","CR",10]
["42403SINAPI",42403,"SINAPI","ACO CA-25, 20,0 MM, BARRA DE TRANSFERENCIA                                                                                                                                                                                                                                                                                                                                                                                                                                                                ","KG    ","CR",12.83]
["42404SINAPI",42404,"SINAPI","ACO CA-25, 25,0 MM, BARRA DE TRANSFERENCIA                                                                                                                                                                                                                                                                                                                                                                                                                                                                ","KG    ","CR",12.76]
["42405SINAPI",42405,"SINAPI","ACO CA-25, 32,0 MM, BARRA DE TRANSFERENCIA                                                                                                                                                                                                                                                                                                                                                                                                                                                                ","KG    ","CR",13.59]
["34341SINAPI",34341,"SINAPI","ACO CA-25, 32,0 MM, VERGALHAO                                                                                                                                                                                                                                                                                                                                                                                                                                                                             ","KG    ","CR",11.8]
["43053SINAPI",43053,"SINAPI","ACO CA-25, 6,3 MM OU 8,0 MM, VERGALHAO                                                                                                                                                                                                                                                                                                                                                                                                                                                                    ","KG    ","CR",9.35]
["43058SINAPI",43058,"SINAPI","ACO CA-50, 10,0 MM, OU 12,5 MM, OU 16,0 MM, OU 20,0 MM, DOBRADO E CORTADO                                                                                                                                                                                                                                                                                                                                                                                                                                 ","KG    ","CR",9.6999999999999993]
["34SINAPI",34,"SINAPI","ACO CA-50, 10,0 MM, VERGALHAO                                                                                                                                                                                                                                                                                                                                                                                                                                                                             ","KG    ","CR",9.74]
["43055SINAPI",43055,"SINAPI","ACO CA-50, 12,5 MM OU 16,0 MM, VERGALHAO                                                                                                                                                                                                                                                                                                                                                                                                                                                                  ","KG    ","C ",8.44]
["43056SINAPI",43056,"SINAPI","ACO CA-50, 20,0 MM OU 25,0 MM, VERGALHAO                                                                                                                                                                                                                                                                                                                                                                                                                                                                  ","KG    ","CR",9.73]
["43057SINAPI",43057,"SINAPI","ACO CA-50, 32,0 MM, VERGALHAO                                                                                                                                                                                                                                                                                                                                                                                                                                                                             ","KG    ","CR",10.69]
["34449SINAPI",34449,"SINAPI","ACO CA-50, 6,3 MM, DOBRADO E CORTADO                                                                                                                                                                                                                                                                                                                                                                                                                                                                      ","KG    ","CR",11.43]
["32SINAPI",32,"SINAPI","ACO CA-50, 6,3 MM, VERGALHAO                                                                                                                                                                                                                                                                                                                                                                                                                                                                              ","KG    ","CR",10.28]
["33SINAPI",33,"SINAPI","ACO CA-50, 8,0 MM, VERGALHAO                                                                                                                                                                                                                                                                                                                                                                                                                                                                              ","KG    ","CR",10.34]
["43061SINAPI",43061,"SINAPI","ACO CA-60, 4,2 MM OU 5,0 MM, DOBRADO E CORTADO                                                                                                                                                                                                                                                                                                                                                                                                                                                            ","KG    ","CR",9.66]
["43059SINAPI",43059,"SINAPI","ACO CA-60, 4,2 MM, OU 5,0 MM, OU 6,0 MM, OU 7,0 MM, VERGALHAO                                                                                                                                                                                                                                                                                                                                                                                                                                             ","KG    ","CR",9.2200000000000006]
[{"$f":"B71&C71","v":"43062SINAPI"},43062,"SINAPI","ACO CA-60, 6,0 MM OU 7,0 MM, DOBRADO E CORTADO                                                                                                                                                                                                                                                                                                                                                                                                                                                            ","KG    ","CR",10.220000000000001]
["43060SINAPI",43060,"SINAPI","ACO CA-60, 8,0 MM OU 9,5 MM, VERGALHAO                                                                                                                                                                                                                                                                                                                                                                                                                                                                    ","KG    ","CR",8.0299999999999994]
["40410SINAPI",40410,"SINAPI","ACOPLAMENTO RIGIDO EM FERRO FUNDIDO PARA SISTEMA DE TUBULACAO RANHURADA, DN 50 MM (2\")                                                                                                                                                                                                                                                                                                                                                                                                                    ","UN    ","AS",21.55]
["40411SINAPI",40411,"SINAPI","ACOPLAMENTO RIGIDO EM FERRO FUNDIDO PARA SISTEMA DE TUBULACAO RANHURADA, DN 65 MM (2 1/2\")                                                                                                                                                                                                                                                                                                                                                                                                                ","UN    ","AS",23.38]
["40412SINAPI",40412,"SINAPI","ACOPLAMENTO RIGIDO EM FERRO FUNDIDO PARA SISTEMA DE TUBULACAO RANHURADA, DN 80 MM (3\")                                                                                                                                                                                                                                                                                                                                                                                                                    ","UN    ","AS",26.25]
["44254SINAPI",44254,"SINAPI","ADAPTADOR CPVC, ROSCAVEL, COM FLANGES E ANEL DE VEDACAO, 15 MM, CAIXA D'AGUA PARA AGUA QUENTE                                                                                                                                                                                                                                                                                                                                                                                                             ","UN    ","AS",23.27]
["44255SINAPI",44255,"SINAPI","ADAPTADOR CPVC, ROSCAVEL, COM FLANGES E ANEL DE VEDACAO, 22 MM, CAIXA D'AGUA PARA AGUA QUENTE                                                                                                                                                                                                                                                                                                                                                                                                             ","UN    ","AS",25.79]
["44256SINAPI",44256,"SINAPI","ADAPTADOR CPVC, ROSCAVEL, COM FLANGES E ANEL DE VEDACAO, 28 MM, CAIXA D'AGUA PARA AGUA QUENTE                                                                                                                                                                                                                                                                                                                                                                                                             ","UN    ","AS",29.13]
["44257SINAPI",44257,"SINAPI","ADAPTADOR CPVC, ROSCAVEL, COM FLANGES E ANEL DE VEDACAO, 35 MM, CAIXA D'AGUA PARA AGUA QUENTE                                                                                                                                                                                                                                                                                                                                                                                                             ","UN    ","AS",46.09]
["44258SINAPI",44258,"SINAPI","ADAPTADOR CPVC, ROSCAVEL, COM FLANGES E ANEL DE VEDACAO, 42 MM, CAIXA D'AGUA PARA AGUA QUENTE                                                                                                                                                                                                                                                                                                                                                                                                             ","UN    ","AS",52.67]
["44259SINAPI",44259,"SINAPI","ADAPTADOR CPVC, ROSCAVEL, COM FLANGES E ANEL DE VEDACAO, 54 MM, CAIXA D'AGUA PARA AGUA QUENTE                                                                                                                                                                                                                                                                                                                                                                                                             ","UN    ","AS",72.3]
["37997SINAPI",37997,"SINAPI","ADAPTADOR CPVC, SOLDAVEL, 15 MM, PARA AGUA QUENTE                                                                                                                                                                                                                                                                                                                                                                                                                                                         ","UN    ","AS",13.87]
["37998SINAPI",37998,"SINAPI","ADAPTADOR CPVC, SOLDAVEL, 22 MM, PARA AGUA QUENTE                                                                                                                                                                                                                                                                                                                                                                                                                                                         ","UN    ","AS",18.559999999999999]
["55SINAPI",55,"SINAPI","ADAPTADOR DE COMPRESSAO EM POLIPROPILENO (PP), PARA TUBO EM PEAD, 20 MM X 1/2\", PARA LIGACAO PREDIAL DE AGUA (NTS 179)                                                                                                                                                                                                                                                                                                                                                                                    ","UN    ","AS",4.2]
["61SINAPI",61,"SINAPI","ADAPTADOR DE COMPRESSAO EM POLIPROPILENO (PP), PARA TUBO EM PEAD, 20 MM X 3/4\", PARA LIGACAO PREDIAL DE AGUA (NTS 179)                                                                                                                                                                                                                                                                                                                                                                                    ","UN    ","AS",3.97]
["62SINAPI",62,"SINAPI","ADAPTADOR DE COMPRESSAO EM POLIPROPILENO (PP), PARA TUBO EM PEAD, 32 MM X 1\", PARA LIGACAO PREDIAL DE AGUA (NTS 179)                                                                                                                                                                                                                                                                                                                                                                                      ","UN    ","AS",8.23]
["10899SINAPI",10899,"SINAPI","ADAPTADOR EM LATAO, ENGATE RAPIDO 2 1/2\" X ROSCA INTERNA 5 FIOS 2 1/2\", PARA INSTALACAO PREDIAL DE COMBATE A INCENDIO                                                                                                                                                                                                                                                                                                                                                                                     ","UN    ","AS",133.61000000000001]
["10900SINAPI",10900,"SINAPI","ADAPTADOR EM LATAO, ENGATE RAPIDO1 1/2\" X ROSCA INTERNA 5 FIOS 2 1/2\", PARA INSTALACAO PREDIAL DE COMBATE A INCENDIO                                                                                                                                                                                                                                                                                                                                                                                      ","UN    ","AS",104.57]
["46SINAPI",46,"SINAPI","ADAPTADOR PVC PBA,  BOLSA/ROSCA, JE, DN 75 / DE  85 MM                                                                                                                                                                                                                                                                                                                                                                                                                                                    ","UN    ","AS",42.05]
["47SINAPI",47,"SINAPI","ADAPTADOR PVC PBA, BOLSA/ROSCA, JE, DN 100 / DE 110 MM                                                                                                                                                                                                                                                                                                                                                                                                                                                    ","UN    ","AS",71.900000000000006]
["48SINAPI",48,"SINAPI","ADAPTADOR PVC PBA, BOLSA/ROSCA, JE, DN 50 / DE 60 MM                                                                                                                                                                                                                                                                                                                                                                                                                                                      ","UN    ","AS",18.75]
["52SINAPI",52,"SINAPI","ADAPTADOR PVC PBA, PONTA/ROSCA, JE, DN 50 / DE  60 MM                                                                                                                                                                                                                                                                                                                                                                                                                                                     ","UN    ","AS",14.25]
["43SINAPI",43,"SINAPI","ADAPTADOR PVC PBA, PONTA/ROSCA, JE, DN 75 / DE  85 MM                                                                                                                                                                                                                                                                                                                                                                                                                                                     ","UN    ","AS",48.09]
["103SINAPI",103,"SINAPI","ADAPTADOR PVC SOLDAVEL CURTO COM BOLSA E ROSCA, 110 MM X 4\", PARA AGUA FRIA                                                                                                                                                                                                                                                                                                                                                                                                                               ","UN    ","CR",39.89]
["107SINAPI",107,"SINAPI","ADAPTADOR PVC SOLDAVEL CURTO COM BOLSA E ROSCA, 20 MM X 1/2\", PARA AGUA FRIA                                                                                                                                                                                                                                                                                                                                                                                                                              ","UN    ","CR",0.75]
["65SINAPI",65,"SINAPI","ADAPTADOR PVC SOLDAVEL CURTO COM BOLSA E ROSCA, 25 MM X 3/4\", PARA AGUA FRIA                                                                                                                                                                                                                                                                                                                                                                                                                              ","UN    ","CR",0.82]
["108SINAPI",108,"SINAPI","ADAPTADOR PVC SOLDAVEL CURTO COM BOLSA E ROSCA, 32 MM X 1\", PARA AGUA FRIA                                                                                                                                                                                                                                                                                                                                                                                                                                ","UN    ","CR",1.65]
["110SINAPI",110,"SINAPI","ADAPTADOR PVC SOLDAVEL CURTO COM BOLSA E ROSCA, 40 MM X 1 1/2\", PARA AGUA FRIA                                                                                                                                                                                                                                                                                                                                                                                                                            ","UN    ","CR",5.74]
["109SINAPI",109,"SINAPI","ADAPTADOR PVC SOLDAVEL CURTO COM BOLSA E ROSCA, 40 MM X 1 1/4\", PARA AGUA FRIA                                                                                                                                                                                                                                                                                                                                                                                                                            ","UN    ","CR",3.42]
["111SINAPI",111,"SINAPI","ADAPTADOR PVC SOLDAVEL CURTO COM BOLSA E ROSCA, 50 MM X 1 1/4\", PARA AGUA FRIA                                                                                                                                                                                                                                                                                                                                                                                                                            ","UN    ","CR",7.76]
["112SINAPI",112,"SINAPI","ADAPTADOR PVC SOLDAVEL CURTO COM BOLSA E ROSCA, 50 MM X1 1/2\", PARA AGUA FRIA                                                                                                                                                                                                                                                                                                                                                                                                                             ","UN    ","CR",4.1100000000000003]
["113SINAPI",113,"SINAPI","ADAPTADOR PVC SOLDAVEL CURTO COM BOLSA E ROSCA, 60 MM X 2\", PARA AGUA FRIA                                                                                                                                                                                                                                                                                                                                                                                                                                ","UN    ","CR",10.3]
["104SINAPI",104,"SINAPI","ADAPTADOR PVC SOLDAVEL CURTO COM BOLSA E ROSCA, 75 MM X 2 1/2\", PARA AGUA FRIA                                                                                                                                                                                                                                                                                                                                                                                                                            ","UN    ","CR",17.93]
["102SINAPI",102,"SINAPI","ADAPTADOR PVC SOLDAVEL CURTO COM BOLSA E ROSCA, 85 MM X 3\", PARA AGUA FRIA                                                                                                                                                                                                                                                                                                                                                                                                                                ","UN    ","CR",24.72]
["95SINAPI",95,"SINAPI","ADAPTADOR PVC SOLDAVEL, COM FLANGE E ANEL DE VEDACAO, 20 MM X 1/2\", PARA CAIXA D'AGUA                                                                                                                                                                                                                                                                                                                                                                                                                     ","UN    ","CR",10.44]
["96SINAPI",96,"SINAPI","ADAPTADOR PVC SOLDAVEL, COM FLANGE E ANEL DE VEDACAO, 25 MM X 3/4\", PARA CAIXA D'AGUA                                                                                                                                                                                                                                                                                                                                                                                                                     ","UN    ","CR",11.36]
["97SINAPI",97,"SINAPI","ADAPTADOR PVC SOLDAVEL, COM FLANGE E ANEL DE VEDACAO, 32 MM X 1\", PARA CAIXA D'AGUA                                                                                                                                                                                                                                                                                                                                                                                                                       ","UN    ","CR",17.09]
["98SINAPI",98,"SINAPI","ADAPTADOR PVC SOLDAVEL, COM FLANGE E ANEL DE VEDACAO, 40 MM X 1 1/4\", PARA CAIXA D'AGUA                                                                                                                                                                                                                                                                                                                                                                                                                   ","UN    ","CR",25.59]
["99SINAPI",99,"SINAPI","ADAPTADOR PVC SOLDAVEL, COM FLANGE E ANEL DE VEDACAO, 50 MM X 1 1/2\", PARA CAIXA D'AGUA                                                                                                                                                                                                                                                                                                                                                                                                                   ","UN    ","CR",24.18]
["100SINAPI",100,"SINAPI","ADAPTADOR PVC SOLDAVEL, COM FLANGES E ANEL DE VEDACAO, 60 MM X 2\", PARA CAIXA D' AGUA                                                                                                                                                                                                                                                                                                                                                                                                                     ","UN    ","CR",42.25]
["75SINAPI",75,"SINAPI","ADAPTADOR PVC SOLDAVEL, COM FLANGES LIVRES, 110 MM X 4\", PARA CAIXA D' AGUA                                                                                                                                                                                                                                                                                                                                                                                                                               ","UN    ","CR",246.35]
["83SINAPI",83,"SINAPI","ADAPTADOR PVC SOLDAVEL, COM FLANGES LIVRES, 75 MM X 2  1/2\", PARA CAIXA D' AGUA                                                                                                                                                                                                                                                                                                                                                                                                                           ","UN    ","CR",196.95]
["74SINAPI",74,"SINAPI","ADAPTADOR PVC SOLDAVEL, COM FLANGES LIVRES, 85 MM X 3\", PARA CAIXA D' AGUA                                                                                                                                                                                                                                                                                                                                                                                                                                ","UN    ","CR",281.58]
["106SINAPI",106,"SINAPI","ADAPTADOR PVC SOLDAVEL, LONGO, COM FLANGE LIVRE,  110 MM X 4\", PARA CAIXA D' AGUA                                                                                                                                                                                                                                                                                                                                                                                                                         ","UN    ","CR",356.07]
["88SINAPI",88,"SINAPI","ADAPTADOR PVC SOLDAVEL, LONGO, COM FLANGE LIVRE,  32 MM X 1\", PARA CAIXA D' AGUA                                                                                                                                                                                                                                                                                                                                                                                                                          ","UN    ","CR",10.01]
["82SINAPI",82,"SINAPI","ADAPTADOR PVC SOLDAVEL, LONGO, COM FLANGE LIVRE,  75 MM X 2 1/2\", PARA CAIXA D' AGUA                                                                                                                                                                                                                                                                                                                                                                                                                      ","UN    ","CR",187.38]
["105SINAPI",105,"SINAPI","ADAPTADOR PVC SOLDAVEL, LONGO, COM FLANGE LIVRE,  85 MM X 3\", PARA CAIXA D' AGUA                                                                                                                                                                                                                                                                                                                                                                                                                          ","UN    ","CR",265.51]
["60SINAPI",60,"SINAPI","ADAPTADOR PVC, COM REGISTRO, PARA PEAD, 20 MM X 3/4\", PARA LIGACAO PREDIAL DE AGUA                                                                                                                                                                                                                                                                                                                                                                                                                        ","UN    ","AS",5.45]
["72SINAPI",72,"SINAPI","ADAPTADOR PVC, ROSCAVEL, COM FLANGES E ANEL DE VEDACAO, 1 1/2\", PARA CAIXA D'AGUA                                                                                                                                                                                                                                                                                                                                                                                                                         ","UN    ","CR",46.38]
["67SINAPI",67,"SINAPI","ADAPTADOR PVC, ROSCAVEL, COM FLANGES E ANEL DE VEDACAO, 1/2\", PARA CAIXA D' AGUA                                                                                                                                                                                                                                                                                                                                                                                                                          ","UN    ","CR",14.99]
["71SINAPI",71,"SINAPI","ADAPTADOR PVC, ROSCAVEL, COM FLANGES E ANEL DE VEDACAO, 1\", PARA CAIXA D' AGUA                                                                                                                                                                                                                                                                                                                                                                                                                            ","UN    ","CR",28.64]
["73SINAPI",73,"SINAPI","ADAPTADOR PVC, ROSCAVEL, COM FLANGES E ANEL DE VEDACAO, 3/4\", PARA CAIXA D' AGUA                                                                                                                                                                                                                                                                                                                                                                                                                          ","UN    ","CR",14.35]
["39719SINAPI",39719,"SINAPI","ADESIVO / COLA DE CONTATO LIQUIDO, A BASE DE RESINAS, PARA COLAGEM DE ESPUMA PARA ISOLAMENTO TERMICO FLEXIVEL                                                                                                                                                                                                                                                                                                                                                                                             ","L     ","CR",152.52000000000001]
["3410SINAPI",3410,"SINAPI","ADESIVO / COLA PARA EPS (ISOPOR) E OUTROS MATERIAIS                                                                                                                                                                                                                                                                                                                                                                                                                                                       ","KG    ","CR",34.31]
["4791SINAPI",4791,"SINAPI","ADESIVO ACRILICO DE BASE AQUOSA / COLA DE CONTATO                                                                                                                                                                                                                                                                                                                                                                                                                                                         ","KG    ","CR",22.96]
["157SINAPI",157,"SINAPI","ADESIVO ESTRUTURAL A BASE DE RESINA EPOXI PARA INJECAO EM TRINCAS, BICOMPONENTE, BAIXA VISCOSIDADE                                                                                                                                                                                                                                                                                                                                                                                                        ","KG    ","CR",205.03]
["156SINAPI",156,"SINAPI","ADESIVO ESTRUTURAL A BASE DE RESINA EPOXI, BICOMPONENTE, FLUIDO                                                                                                                                                                                                                                                                                                                                                                                                                                           ","KG    ","CR",73]
["131SINAPI",131,"SINAPI","ADESIVO ESTRUTURAL A BASE DE RESINA EPOXI, BICOMPONENTE, PASTOSO (TIXOTROPICO)                                                                                                                                                                                                                                                                                                                                                                                                                            ","KG    ","CR",62.43]
["21114SINAPI",21114,"SINAPI","ADESIVO PARA TUBOS CPVC, *75* G                                                                                                                                                                                                                                                                                                                                                                                                                                                                           ","UN    ","CR",30.06]
["119SINAPI",119,"SINAPI","ADESIVO PLASTICO PARA PVC, BISNAGA COM 75 GR                                                                                                                                                                                                                                                                                                                                                                                                                                                              ","UN    ","C ",7.62]
["122SINAPI",122,"SINAPI","ADESIVO PLASTICO PARA PVC, FRASCO COM *850* GR                                                                                                                                                                                                                                                                                                                                                                                                                                                            ","UN    ","CR",58.63]
["20080SINAPI",20080,"SINAPI","ADESIVO PLASTICO PARA PVC, FRASCO COM 175 GR                                                                                                                                                                                                                                                                                                                                                                                                                                                              ","UN    ","CR",19.13]
["124SINAPI",124,"SINAPI","ADITIVO ACELERADOR DE PEGA E ENDURECIMENTO PARA ARGAMASSAS E CONCRETOS, LIQUIDO E ISENTO DE CLORETOS                                                                                                                                                                                                                                                                                                                                                                                                      ","L     ","CR",24.08]
["7334SINAPI",7334,"SINAPI","ADITIVO ADESIVO LIQUIDO PARA ARGAMASSAS DE REVESTIMENTOS CIMENTICIOS                                                                                                                                                                                                                                                                                                                                                                                                                                      ","L     ","CR",25.2]
[{"$f":"B135&C135","v":"45146SINAPI"},45146,"SINAPI","ADITIVO IMPERMEABILIZANTE CRISTALIZANTE PARA CONCRETO                                                                                                                                                                                                                                                                                                                                                                                                                                                     ","KG    ","CR",46.16]
["123SINAPI",123,"SINAPI","ADITIVO IMPERMEABILIZANTE DE PEGA NORMAL PARA ARGAMASSAS E CONCRETOS SEM ARMACAO, LIQUIDO E ISENTO DE CLORETOS                                                                                                                                                                                                                                                                                                                                                                                            ","L     ","C ",9.85]
["127SINAPI",127,"SINAPI","ADITIVO IMPERMEABILIZANTE DE PEGA ULTRARRAPIDA, LIQUIDO E ISENTO DE CLORETOS                                                                                                                                                                                                                                                                                                                                                                                                                              ","L     ","CR",23.51]
["133SINAPI",133,"SINAPI","ADITIVO LIQUIDO INCORPORADOR DE AR PARA CONCRETO E ARGAMASSA, LIQUIDO E ISENTO DE CLORETOS                                                                                                                                                                                                                                                                                                                                                                                                                ","L     ","CR",9.77]
["43617SINAPI",43617,"SINAPI","ADITIVO PLASTIFICANTE E ESTABILIZADOR PARA ARGAMASSAS DE ASSENTAMENTO E REBOCO, LIQUIDO E ISENTO DE CLORETOS                                                                                                                                                                                                                                                                                                                                                                                              ","L     ","CR",10.91]
["132SINAPI",132,"SINAPI","ADITIVO PLASTIFICANTE RETARDADOR DE PEGA E REDUTOR DE AGUA PARA CONCRETO, LIQUIDO E ISENTO DE CLORETOS                                                                                                                                                                                                                                                                                                                                                                                                    ","L     ","CR",10.119999999999999]
["43618SINAPI",43618,"SINAPI","ADITIVO SUPERPLASTIFICANTE DE PEGA NORMAL PARA CONCRETO, LIQUIDO E ISENTO DE CLORETOS                                                                                                                                                                                                                                                                                                                                                                                                                     ","KG    ","CR",25.49]
["37476SINAPI",37476,"SINAPI","ADUELA/ GALERIA PRE-MOLDADA DE CONCRETO ARMADO, SECAO QUADRADA INTERNA DE 1,50 X 1,50 M (L X A), MISULA DE 20 X 20 CM, C = 1,00 M, ESPESSURA MIN = 15 CM, TB-45 E FCK DO CONCRETO = 30 MPA                                                                                                                                                                                                                                                                                                                ","UN    ","AS",4070.97]
["37478SINAPI",37478,"SINAPI","ADUELA/ GALERIA PRE-MOLDADA DE CONCRETO ARMADO, SECAO RETANGULAR INTERNA DE 2,00 X 2,00 M (L X A), MISULA DE 20 X 20 CM, C = 1,00 M, ESPESSURA MIN = 15 CM, TB-45 E FCK DO CONCRETO = 30 MPA                                                                                                                                                                                                                                                                                                              ","UN    ","AS",5099]
["37477SINAPI",37477,"SINAPI","ADUELA/ GALERIA PRE-MOLDADA DE CONCRETO ARMADO, SECAO RETANGULAR INTERNA DE 2,50 X 2,50 M (L X A), MISULA DE 20 X 20 CM, C = 1,00 M, ESPESSURA MIN = 15 CM, TB-45 E FCK DO CONCRETO = 30 MPA                                                                                                                                                                                                                                                                                                              ","UN    ","AS",6908.32]
["37479SINAPI",37479,"SINAPI","ADUELA/ GALERIA PRE-MOLDADA DE CONCRETO ARMADO, SECAO RETANGULAR INTERNA DE 3,00 X 3,00 M (L X A), MISULA DE 20 X 20 CM, C = 1.00 M, ESPESSURA MIN = 20 CM, TB-45 E FCK DO CONCRETO = 30 MPA                                                                                                                                                                                                                                                                                                              ","UN    ","AS",8193.36]
["4319SINAPI",4319,"SINAPI","AFASTADOR PARA TELHA DE FIBROCIMENTO CANALETE 90 OU KALHETAO                                                                                                                                                                                                                                                                                                                                                                                                                                              ","UN    ","AS",2.0499999999999998]
["42409SINAPI",42409,"SINAPI","AGENTE DE CURA, PROTETOR DA EVAPORACAO DA AGUA DE HIDRATACAO DO CONCRETO                                                                                                                                                                                                                                                                                                                                                                                                                                  ","KG    ","CR",16.05]
["40553SINAPI",40553,"SINAPI","AGREGADO RECICLADO, TIPO RACHAO RECICLADO CINZA, CLASSE A                                                                                                                                                                                                                                                                                                                                                                                                                                                 ","M3    ","AS",54]
["6114SINAPI",6114,"SINAPI","AJUDANTE DE ARMADOR (HORISTA)                                                                                                                                                                                                                                                                                                                                                                                                                                                                             ","H     ","CR",15.77]
["40912SINAPI",40912,"SINAPI","AJUDANTE DE ARMADOR (MENSALISTA)                                                                                                                                                                                                                                                                                                                                                                                                                                                                          ","MES   ","CR",2732.25]
["247SINAPI",247,"SINAPI","AJUDANTE DE ELETRICISTA (HORISTA)                                                                                                                                                                                                                                                                                                                                                                                                                                                                         ","H     ","CR",15.77]
["40919SINAPI",40919,"SINAPI","AJUDANTE DE ELETRICISTA (MENSALISTA)                                                                                                                                                                                                                                                                                                                                                                                                                                                                      ","MES   ","CR",2732.25]
["44499SINAPI",44499,"SINAPI","AJUDANTE DE ESTRUTURAS METALICAS (HORISTA)                                                                                                                                                                                                                                                                                                                                                                                                                                                                ","H     ","CR",15.77]
["40984SINAPI",40984,"SINAPI","AJUDANTE DE ESTRUTURAS METALICAS (MENSALISTA)                                                                                                                                                                                                                                                                                                                                                                                                                                                             ","MES   ","CR",2732.25]
["248SINAPI",248,"SINAPI","AJUDANTE DE OPERACAO EM GERAL (HORISTA)                                                                                                                                                                                                                                                                                                                                                                                                                                                                   ","H     ","CR",14.82]
["41086SINAPI",41086,"SINAPI","AJUDANTE DE OPERACAO EM GERAL (MENSALISTA)                                                                                                                                                                                                                                                                                                                                                                                                                                                                ","MES   ","CR",2568.4]
["34466SINAPI",34466,"SINAPI","AJUDANTE DE PINTOR (HORISTA)                                                                                                                                                                                                                                                                                                                                                                                                                                                                              ","H     ","CR",15.77]
["41083SINAPI",41083,"SINAPI","AJUDANTE DE PINTOR (MENSALISTA)                                                                                                                                                                                                                                                                                                                                                                                                                                                                           ","MES   ","CR",2732.25]
["252SINAPI",252,"SINAPI","AJUDANTE DE SERRALHEIRO (HORISTA)                                                                                                                                                                                                                                                                                                                                                                                                                                                                         ","H     ","CR",15.77]
["40909SINAPI",40909,"SINAPI","AJUDANTE DE SERRALHEIRO (MENSALISTA)                                                                                                                                                                                                                                                                                                                                                                                                                                                                      ","MES   ","CR",2732.25]
["242SINAPI",242,"SINAPI","AJUDANTE ESPECIALIZADO (HORISTA)                                                                                                                                                                                                                                                                                                                                                                                                                                                                          ","H     ","CR",14.82]
["41085SINAPI",41085,"SINAPI","AJUDANTE ESPECIALIZADO (MENSALISTA)                                                                                                                                                                                                                                                                                                                                                                                                                                                                       ","MES   ","CR",2568.4]
["427SINAPI",427,"SINAPI","ALCA PREFORMADA DE CONTRA POSTE, EM ACO GALVANIZADO, PARA CABO 3/16\", COMPRIMENTO *860* MM                                                                                                                                                                                                                                                                                                                                                                                                                ","UN    ","AS",6.31]
["417SINAPI",417,"SINAPI","ALCA PREFORMADA DE DISTRIBUICAO, EM ACO GALVANIZADO, PARA CABO DE ALUMINIO DIAMETRO 16 A 25 MM                                                                                                                                                                                                                                                                                                                                                                                                            ","UN    ","AS",2.97]
["11273SINAPI",11273,"SINAPI","ALCA PREFORMADA DE DISTRIBUICAO, EM ACO GALVANIZADO, PARA CONDUTORES DE ALUMINIO AWG 1/0 (CAA 6/1 OU CA 7 FIOS)                                                                                                                                                                                                                                                                                                                                                                                           ","UN    ","AS",9.2200000000000006]
["11272SINAPI",11272,"SINAPI","ALCA PREFORMADA DE DISTRIBUICAO, EM ACO GALVANIZADO, PARA CONDUTORES DE ALUMINIO AWG 2 (CAA 6/1 OU CA 7 FIOS)                                                                                                                                                                                                                                                                                                                                                                                             ","UN    ","AS",5.57]
["11275SINAPI",11275,"SINAPI","ALCA PREFORMADA DE SERVICO, EM ACO GALVANIZADO, PARA CONDUTORES DE ALUMINIO AWG 4 (CAA 6/1)                                                                                                                                                                                                                                                                                                                                                                                                               ","UN    ","AS",2.23]
["11274SINAPI",11274,"SINAPI","ALCA PREFORMADA DE SERVICO, EM ACO GALVANIZADO, PARA CONDUTORES DE ALUMINIO AWG 6 (CAA 6/1)                                                                                                                                                                                                                                                                                                                                                                                                               ","UN    ","AS",1.7]
["38470SINAPI",38470,"SINAPI","ALICATE DE CORTE DIAGONAL 6 \" COM ISOLAMENTO                                                                                                                                                                                                                                                                                                                                                                                                                                                              ","UN    ","C ",36.25]
["38547SINAPI",38547,"SINAPI","ALICATE DE CRIMPAR RJ11, RJ12 E RJ45                                                                                                                                                                                                                                                                                                                                                                                                                                                                      ","UN    ","CR",98.92]
["38469SINAPI",38469,"SINAPI","ALICATE DE PRESSAO PARA SOLDA DE CHAPA 18 \"                                                                                                                                                                                                                                                                                                                                                                                                                                                               ","UN    ","CR",106.36]
["38467SINAPI",38467,"SINAPI","ALICATE DE PRESSAO 11 \" PARA SOLDA, TIPO C                                                                                                                                                                                                                                                                                                                                                                                                                                                                ","UN    ","CR",59.85]
["38468SINAPI",38468,"SINAPI","ALICATE DE PRESSAO 11 \" PARA SOLDA, TIPO U                                                                                                                                                                                                                                                                                                                                                                                                                                                                ","UN    ","CR",65.86]
["38471SINAPI",38471,"SINAPI","ALICATE PARA ANEIS DE PISTAO, CAPACIDADE 50 A 100 MM                                                                                                                                                                                                                                                                                                                                                                                                                                                      ","UN    ","CR",85.52]
["37370SINAPI",37370,"SINAPI","ALIMENTACAO - HORISTA (COLETADO CAIXA - ENCARGOS COMPLEMENTARES)                                                                                                                                                                                                                                                                                                                                                                                                                                          ","H     ","C ",0.53]
["40862SINAPI",40862,"SINAPI","ALIMENTACAO - MENSALISTA (COLETADO CAIXA - ENCARGOS COMPLEMENTARES)                                                                                                                                                                                                                                                                                                                                                                                                                                       ","MES   ","C ",100]
["10658SINAPI",10658,"SINAPI","ALISADORA DE CONCRETO COM MOTOR A GASOLINA DE 5,5 HP, PESO COM MOTOR DE 78 KG, 4 PAS                                                                                                                                                                                                                                                                                                                                                                                                                      ","UN    ","AS",7359]
["253SINAPI",253,"SINAPI","ALMOXARIFE (HORISTA)                                                                                                                                                                                                                                                                                                                                                                                                                                                                                      ","H     ","C ",19.399999999999999]
["40809SINAPI",40809,"SINAPI","ALMOXARIFE (MENSALISTA)                                                                                                                                                                                                                                                                                                                                                                                                                                                                                   ","MES   ","CR",3359.09]
["42428SINAPI",42428,"SINAPI","ALONGADOR COM TRES ALTURAS, EM TUBO DE ACO CARBONO, PINTURA NO PROCESSO ELETROSTATICO - EQUIPAMENTO DE GINASTICA PARA ACADEMIA AO AR LIVRE / ACADEMIA DA TERCEIRA IDADE - ATI                                                                                                                                                                                                                                                                                                                             ","UN    ","AS",2271]
["301SINAPI",301,"SINAPI","ANEL BORRACHA PARA TUBO ESGOTO PREDIAL, DN 100 MM (NBR 5688)                                                                                                                                                                                                                                                                                                                                                                                                                                              ","UN    ","C ",3.64]
["296SINAPI",296,"SINAPI","ANEL BORRACHA PARA TUBO ESGOTO PREDIAL, DN 50 MM (NBR 5688)                                                                                                                                                                                                                                                                                                                                                                                                                                               ","UN    ","CR",2.0499999999999998]
["297SINAPI",297,"SINAPI","ANEL BORRACHA PARA TUBO ESGOTO PREDIAL, DN 75 MM (NBR 5688)                                                                                                                                                                                                                                                                                                                                                                                                                                               ","UN    ","CR",3.02]
["299SINAPI",299,"SINAPI","ANEL BORRACHA, DN 100 MM, PARA TUBO SERIE REFORCADA ESGOTO PREDIAL                                                                                                                                                                                                                                                                                                                                                                                                                                        ","UN    ","CR",4.2699999999999996]
["300SINAPI",300,"SINAPI","ANEL BORRACHA, DN 150 MM, PARA TUBO SERIE REFORCADA ESGOTO PREDIAL                                                                                                                                                                                                                                                                                                                                                                                                                                        ","UN    ","CR",14.77]
["20085SINAPI",20085,"SINAPI","ANEL BORRACHA, DN 50 MM, PARA TUBO SERIE REFORCADA ESGOTO PREDIAL                                                                                                                                                                                                                                                                                                                                                                                                                                         ","UN    ","CR",2.7]
["298SINAPI",298,"SINAPI","ANEL BORRACHA, DN 75 MM, PARA TUBO SERIE REFORCADA ESGOTO PREDIAL                                                                                                                                                                                                                                                                                                                                                                                                                                         ","UN    ","CR",3.28]
["311SINAPI",311,"SINAPI","ANEL BORRACHA, PARA TUBO PVC DEFOFO, DN 100 MM (NBR 7665)                                                                                                                                                                                                                                                                                                                                                                                                                                                 ","UN    ","CR",12.18]
["318SINAPI",318,"SINAPI","ANEL BORRACHA, PARA TUBO PVC DEFOFO, DN 150 MM (NBR 7665)                                                                                                                                                                                                                                                                                                                                                                                                                                                 ","UN    ","CR",24.54]
["319SINAPI",319,"SINAPI","ANEL BORRACHA, PARA TUBO PVC DEFOFO, DN 200 MM (NBR 7665)                                                                                                                                                                                                                                                                                                                                                                                                                                                 ","UN    ","CR",38.479999999999997]
["303SINAPI",303,"SINAPI","ANEL BORRACHA, PARA TUBO PVC, REDE COLETOR ESGOTO, DN 100 MM (NBR 7362)                                                                                                                                                                                                                                                                                                                                                                                                                                   ","UN    ","CR",4.03]
["305SINAPI",305,"SINAPI","ANEL BORRACHA, PARA TUBO PVC, REDE COLETOR ESGOTO, DN 150 MM (NBR 7362)                                                                                                                                                                                                                                                                                                                                                                                                                                   ","UN    ","CR",12.68]
["306SINAPI",306,"SINAPI","ANEL BORRACHA, PARA TUBO PVC, REDE COLETOR ESGOTO, DN 200 MM (NBR 7362)                                                                                                                                                                                                                                                                                                                                                                                                                                   ","UN    ","CR",19.239999999999998]
["307SINAPI",307,"SINAPI","ANEL BORRACHA, PARA TUBO PVC, REDE COLETOR ESGOTO, DN 250 MM (NBR 7362)                                                                                                                                                                                                                                                                                                                                                                                                                                   ","UN    ","CR",48.6]
["309SINAPI",309,"SINAPI","ANEL BORRACHA, PARA TUBO PVC, REDE COLETOR ESGOTO, DN 350 MM (NBR 7362)                                                                                                                                                                                                                                                                                                                                                                                                                                   ","UN    ","CR",79.62]
["310SINAPI",310,"SINAPI","ANEL BORRACHA, PARA TUBO PVC, REDE COLETOR ESGOTO, DN 400 MM (NBR 7362)                                                                                                                                                                                                                                                                                                                                                                                                                                   ","UN    ","CR",110.35]
["328SINAPI",328,"SINAPI","ANEL BORRACHA, PARA TUBO/CONEXAO PVC PBA, DN 100 MM, PARA REDE AGUA                                                                                                                                                                                                                                                                                                                                                                                                                                       ","UN    ","CR",9.65]
["325SINAPI",325,"SINAPI","ANEL BORRACHA, PARA TUBO/CONEXAO PVC PBA, DN 50 MM, PARA REDE AGUA                                                                                                                                                                                                                                                                                                                                                                                                                                        ","UN    ","CR",2.84]
[{"$f":"B199&C199","v":"20326SINAPI"},20326,"SINAPI","ANEL BORRACHA, PARA TUBO/CONEXAO PVC PBA, DN 60 MM, PARA REDE AGUA                                                                                                                                                                                                                                                                                                                                                                                                                                        ","UN    ","CR",5.21]
["329SINAPI",329,"SINAPI","ANEL BORRACHA, PARA TUBO/CONEXAO PVC PBA, DN 75 MM, PARA REDE AGUA                                                                                                                                                                                                                                                                                                                                                                                                                                        ","UN    ","CR",8.07]
["308SINAPI",308,"SINAPI","ANEL BORRACHA, PARA TUBO, PVC REDE COLETOR ESGOTO, DN 300 MM (NBR 7362)                                                                                                                                                                                                                                                                                                                                                                                                                                   ","UN    ","CR",108.48]
["39642SINAPI",39642,"SINAPI","ANEL DE BORRACHA PARA VEDACAO DE DUTO PEAD CORRUGADO PARA ELETRICA, DN 1 1/2\" (NBR 15715)                                                                                                                                                                                                                                                                                                                                                                                                                 ","UN    ","CR",3.57]
["39641SINAPI",39641,"SINAPI","ANEL DE BORRACHA PARA VEDACAO DE DUTO PEAD CORRUGADO PARA ELETRICA, DN 1 1/4\" (NBR 15715)                                                                                                                                                                                                                                                                                                                                                                                                                 ","UN    ","CR",3.14]
["39643SINAPI",39643,"SINAPI","ANEL DE BORRACHA PARA VEDACAO DE DUTO PEAD CORRUGADO PARA ELETRICA, DN 2\" (NBR 15715)                                                                                                                                                                                                                                                                                                                                                                                                                     ","UN    ","CR",4.2]
["39644SINAPI",39644,"SINAPI","ANEL DE BORRACHA PARA VEDACAO DE DUTO PEAD CORRUGADO PARA ELETRICA, DN 3\" (NBR 15715)                                                                                                                                                                                                                                                                                                                                                                                                                     ","UN    ","CR",6.51]
["39645SINAPI",39645,"SINAPI","ANEL DE BORRACHA PARA VEDACAO DE DUTO PEAD CORRUGADO PARA ELETRICA, DN 4\" (NBR 15715)                                                                                                                                                                                                                                                                                                                                                                                                                     ","UN    ","CR",7.13]
["41610SINAPI",41610,"SINAPI","ANEL DE CONCRETO ARMADO COM FUNDO, PARA FOSSA E POCO 1,50 X *0,50* M                                                                                                                                                                                                                                                                                                                                                                                                                                      ","UN    ","AS",755.26]
["41611SINAPI",41611,"SINAPI","ANEL DE CONCRETO ARMADO COM FUNDO, PARA FOSSA E POCO 2,00 X *0,50* M                                                                                                                                                                                                                                                                                                                                                                                                                                      ","UN    ","AS",1190.45]
["41612SINAPI",41612,"SINAPI","ANEL DE CONCRETO ARMADO COM FUNDO, PARA FOSSA E POCO 2,50 X *0,50* M                                                                                                                                                                                                                                                                                                                                                                                                                                      ","UN    ","AS",1671.56]
["41637SINAPI",41637,"SINAPI","ANEL DE CONCRETO ARMADO, COM FUROS/DRENO PARA SUMIDOURO, D = 0,80 M, H = 0,50 M                                                                                                                                                                                                                                                                                                                                                                                                                           ","UN    ","AS",156.25]
["41638SINAPI",41638,"SINAPI","ANEL DE CONCRETO ARMADO, COM FUROS/DRENO PARA SUMIDOURO, D = 1,00 M, H = 0,50M                                                                                                                                                                                                                                                                                                                                                                                                                            ","UN    ","AS",203.54]
["41639SINAPI",41639,"SINAPI","ANEL DE CONCRETO ARMADO, COM FUROS/DRENO PARA SUMIDOURO, D = 1,50 M, H = 0,50 M                                                                                                                                                                                                                                                                                                                                                                                                                           ","UN    ","AS",492.42]
["11789SINAPI",11789,"SINAPI","ANEL DE DISTRIBUICAO EM ACO GALVANIZADO PARA FIO FE-160                                                                                                                                                                                                                                                                                                                                                                                                                                                   ","UN    ","AS",0.84]
["20975SINAPI",20975,"SINAPI","ANEL DE EXPANSAO EM COBRE, ENGATE RAPIDO 1 1/2\", PARA EMPATACAO MANGUEIRA DE COMBATE A INCENDIO PREDIAL                                                                                                                                                                                                                                                                                                                                                                                                   ","UN    ","AS",20.95]
["20976SINAPI",20976,"SINAPI","ANEL DE EXPANSAO EM COBRE, ENGATE RAPIDO 2 1/2\", PARA EMPATACAO MANGUEIRA DE COMBATE A INCENDIO PREDIAL                                                                                                                                                                                                                                                                                                                                                                                                   ","UN    ","AS",31.66]
["40340SINAPI",40340,"SINAPI","ANEL DE VEDACAO/JUNTA ELASTICA, H = *16* MM, PARA TUBO DE CONCRETO, DN 300 MM                                                                                                                                                                                                                                                                                                                                                                                                                             ","UN    ","CR",26.78]
["40341SINAPI",40341,"SINAPI","ANEL DE VEDACAO/JUNTA ELASTICA, H = *16* MM, PARA TUBO DE CONCRETO, DN 400 MM                                                                                                                                                                                                                                                                                                                                                                                                                             ","UN    ","CR",31.95]
["40342SINAPI",40342,"SINAPI","ANEL DE VEDACAO/JUNTA ELASTICA, H = *16* MM, PARA TUBO DE CONCRETO, DN 500 MM                                                                                                                                                                                                                                                                                                                                                                                                                             ","UN    ","CR",38.11]
["40343SINAPI",40343,"SINAPI","ANEL DE VEDACAO/JUNTA ELASTICA, H = *16* MM, PARA TUBO DE CONCRETO, DN 600 MM                                                                                                                                                                                                                                                                                                                                                                                                                             ","UN    ","CR",45.2]
["40344SINAPI",40344,"SINAPI","ANEL DE VEDACAO/JUNTA ELASTICA, H = *18* MM, PARA TUBO DE CONCRETO, DN 700 MM                                                                                                                                                                                                                                                                                                                                                                                                                             ","UN    ","CR",61.63]
["40345SINAPI",40345,"SINAPI","ANEL DE VEDACAO/JUNTA ELASTICA, H = *19* MM, PARA TUBO DE CONCRETO, DN 800 MM                                                                                                                                                                                                                                                                                                                                                                                                                             ","UN    ","CR",75.94]
["40346SINAPI",40346,"SINAPI","ANEL DE VEDACAO/JUNTA ELASTICA, H = *19* MM, PARA TUBO DE CONCRETO, DN 900 MM                                                                                                                                                                                                                                                                                                                                                                                                                             ","UN    ","CR",88.08]
["40347SINAPI",40347,"SINAPI","ANEL DE VEDACAO/JUNTA ELASTICA, H = *21* MM, PARA TUBO DE CONCRETO, DN 1000 MM                                                                                                                                                                                                                                                                                                                                                                                                                            ","UN    ","CR",110.67]
["6138SINAPI",6138,"SINAPI","ANEL DE VEDACAO, PVC FLEXIVEL, 100 MM, PARA SAIDA DE BACIA / VASO SANITARIO                                                                                                                                                                                                                                                                                                                                                                                                                               ","UN    ","AS",11.83]
["43424SINAPI",43424,"SINAPI","ANEL EM CONCRETO ARMADO, LISO,  PARA FOSSAS SEPTICAS E SUMIDOUROS, COM FUNDO, DIAMETRO INTERNO DE 1,20 M E ALTURA DE 0,50 M                                                                                                                                                                                                                                                                                                                                                                               ","UN    ","AS",632.79]
["43426SINAPI",43426,"SINAPI","ANEL EM CONCRETO ARMADO, LISO, PARA FOSSAS SEPTICAS E SUMIDOUROS, COM FUNDO, DIAMETRO INTERNO DE 3,00 M E ALTURA DE 0,50 M                                                                                                                                                                                                                                                                                                                                                                                ","UN    ","AS",2182.4899999999998]
["12565SINAPI",12565,"SINAPI","ANEL EM CONCRETO ARMADO, LISO, PARA FOSSAS SEPTICAS E SUMIDOUROS, SEM FUNDO, DIAMETRO INTERNO DE 2,00 M E ALTURA DE 0,50 M                                                                                                                                                                                                                                                                                                                                                                                ","UN    ","AS",765.37]
["12567SINAPI",12567,"SINAPI","ANEL EM CONCRETO ARMADO, LISO, PARA FOSSAS SEPTICAS E SUMIDOUROS, SEM FUNDO, DIAMETRO INTERNO DE 2,50 M E ALTURA DE 0,50 M                                                                                                                                                                                                                                                                                                                                                                                ","UN    ","AS",1028.02]
["12568SINAPI",12568,"SINAPI","ANEL EM CONCRETO ARMADO, LISO, PARA FOSSAS SEPTICAS E SUMIDOUROS, SEM FUNDO, DIAMETRO INTERNO DE 3,00 M E ALTURA DE 0,50 M                                                                                                                                                                                                                                                                                                                                                                                ","UN    ","AS",1439.23]
["43441SINAPI",43441,"SINAPI","ANEL EM CONCRETO ARMADO, LISO, PARA POCOS DE INSPECAO, COM FUNDO, DIAMETRO INTERNO DE 0,60 M E ALTURA DE 0,50 M                                                                                                                                                                                                                                                                                                                                                                                           ","UN    ","AS",185.04]
["43423SINAPI",43423,"SINAPI","ANEL EM CONCRETO ARMADO, LISO, PARA POCOS DE INSPECAO, SEM FUNDO, DIAMETRO INTERNO DE 0,60 M E ALTURA DE 0,20 M                                                                                                                                                                                                                                                                                                                                                                                           ","UN    ","AS",86.35]
["12532SINAPI",12532,"SINAPI","ANEL EM CONCRETO ARMADO, LISO, PARA POCOS DE INSPECAO, SEM FUNDO, DIAMETRO INTERNO DE 0,60 M E ALTURA DE 0,50 M                                                                                                                                                                                                                                                                                                                                                                                           ","UN    ","AS",133.18]
["43444SINAPI",43444,"SINAPI","ANEL EM CONCRETO ARMADO, LISO, PARA POCOS DE VISITA, POCOS DE INSPECAO, FOSSAS SEPTICAS E SUMIDOUROS, COM FUNDO, DIAMETRO INTERNO DE 1,20 M E ALTURA DE 0,75 M                                                                                                                                                                                                                                                                                                                                            ","UN    ","AS",447.19]
["12551SINAPI",12551,"SINAPI","ANEL EM CONCRETO ARMADO, LISO, PARA POCOS DE VISITA, POCOS DE INSPECAO, FOSSAS SEPTICAS E SUMIDOUROS, SEM FUNDO, DIAMETRO INTERNO DE 1,20 M E ALTURA DE 0,50 M                                                                                                                                                                                                                                                                                                                                            ","UN    ","AS",319.05]
["43442SINAPI",43442,"SINAPI","ANEL EM CONCRETO ARMADO, LISO, PARA POCOS DE VISITAS, POCOS DE INSPECAO, FOSSAS SEPTICAS E SUMIDOUROS, COM FUNDO, DIAMETRO INTERNO DE 0,80 M E ALTURA DE 0,50 M                                                                                                                                                                                                                                                                                                                                           ","UN    ","AS",246.72]
["43443SINAPI",43443,"SINAPI","ANEL EM CONCRETO ARMADO, LISO, PARA POCOS DE VISITAS, POCOS DE INSPECAO, FOSSAS SEPTICAS E SUMIDOUROS, COM FUNDO, DIAMETRO INTERNO DE 1,00 M E ALTURA DE 0,50 M                                                                                                                                                                                                                                                                                                                                           ","UN    ","AS",323.82]
["12544SINAPI",12544,"SINAPI","ANEL EM CONCRETO ARMADO, LISO, PARA POCOS DE VISITAS, POCOS DE INSPECAO, FOSSAS SEPTICAS E SUMIDOUROS, SEM FUNDO, DIAMETRO INTERNO DE 0,80 M E ALTURA DE 0,50 M                                                                                                                                                                                                                                                                                                                                           ","UN    ","AS",174.76]
["12547SINAPI",12547,"SINAPI","ANEL EM CONCRETO ARMADO, LISO, PARA POCOS DE VISITAS, POCOS DE INSPECAO, FOSSAS SEPTICAS E SUMIDOUROS, SEM FUNDO, DIAMETRO INTERNO DE 1,00 M E ALTURA DE 0,50 M                                                                                                                                                                                                                                                                                                                                           ","UN    ","AS",235.04]
["43445SINAPI",43445,"SINAPI","ANEL EM CONCRETO ARMADO, LISO, PARA, POCOS DE VISITA, POCOS DE INSPECAO, FOSSAS SEPTICAS E SUMIDOUROS, COM FUNDO, DIAMETRO INTERNO DE 1,50 M E ALTURA DE 1,00 M                                                                                                                                                                                                                                                                                                                                           ","UN    ","AS",616.80999999999995]
["12563SINAPI",12563,"SINAPI","ANEL EM CONCRETO ARMADO, LISO, PARA, POCOS DE VISITA, POCOS DE INSPECAO, FOSSAS SEPTICAS E SUMIDOUROS, SEM FUNDO, DIAMETRO INTERNO DE 1,50 M E ALTURA DE 0,50 M                                                                                                                                                                                                                                                                                                                                           ","UN    ","AS",441.31]
["43425SINAPI",43425,"SINAPI","ANEL EM CONCRETO ARMADO, PERFURADO,  PARA FOSSAS SEPTICAS E SUMIDOUROS, SEM FUNDO, DIAMETRO INTERNO DE 1,20 M E ALTURA DE 0,50 M                                                                                                                                                                                                                                                                                                                                                                          ","UN    ","AS",277.56]
["43446SINAPI",43446,"SINAPI","ANEL EM CONCRETO ARMADO, PERFURADO, PARA FOSSAS SEPTICAS E SUMIDOUROS, SEM FUNDO, DIAMETRO INTERNO DE 2,00 M E ALTURA DE 0,50 M                                                                                                                                                                                                                                                                                                                                                                           ","UN    ","AS",585.97]
["43447SINAPI",43447,"SINAPI","ANEL EM CONCRETO ARMADO, PERFURADO, PARA FOSSAS SEPTICAS E SUMIDOUROS, SEM FUNDO, DIAMETRO INTERNO DE 2,50 M E ALTURA DE 0,50 M                                                                                                                                                                                                                                                                                                                                                                           ","UN    ","AS",719.61]
["43448SINAPI",43448,"SINAPI","ANEL EM CONCRETO ARMADO, PERFURADO, PARA FOSSAS SEPTICAS E SUMIDOUROS, SEM FUNDO, DIAMETRO INTERNO DE 3,00 M E ALTURA DE 0,50 M                                                                                                                                                                                                                                                                                                                                                                           ","UN    ","AS",1007.46]
["13761SINAPI",13761,"SINAPI","APARELHO CORTE OXI-ACETILENO PARA SOLDA E CORTE CONTENDO MACARICO SOLDA, BICO DE CORTE, CILINDROS, REGULADORES, MANGUEIRAS E CARRINHO                                                                                                                                                                                                                                                                                                                                                                     ","UN    ","CR",3608.8]
["4814SINAPI",4814,"SINAPI","APARELHO SINALIZADOR LUMINOSO COM LED, PARA SAIDA GARAGEM, COM 2 LENTES EM POLICARBONATO, BIVOLT (INCLUI SUPORTE DE FIXACAO)                                                                                                                                                                                                                                                                                                                                                                              ","UN    ","CR",77.38]
["44473SINAPI",44473,"SINAPI","APOIO DO PORTA DENTE PARA FRESADORA DE  ASFALTO                                                                                                                                                                                                                                                                                                                                                                                                                                                           ","UN    ","AS",2173.0100000000002]
["6122SINAPI",6122,"SINAPI","APONTADOR OU APROPRIADOR DE MAO DE OBRA (HORISTA)                                                                                                                                                                                                                                                                                                                                                                                                                                                         ","H     ","CR",16.420000000000002]
["40810SINAPI",40810,"SINAPI","APONTADOR OU APROPRIADOR DE MAO DE OBRA (MENSALISTA)                                                                                                                                                                                                                                                                                                                                                                                                                                                      ","MES   ","CR",2843.59]
["21100SINAPI",21100,"SINAPI","AQUECEDOR DE AGUA A GAS GLP/GN COM CAPACIDADE DE ARMAZENAMENTO DE 50 A 80 L                                                                                                                                                                                                                                                                                                                                                                                                                               ","UN    ","AS",3845.1]
["11816SINAPI",11816,"SINAPI","AQUECEDOR DE AGUA ELETRICO  RESERVATORIO DE 100 L CILINDRICO EM COBRE, REFORCADO COM ACO CARBONO, MONOFASICO, TENSAO NOMINAL 220 V                                                                                                                                                                                                                                                                                                                                                                        ","UN    ","AS",4100]
["11814SINAPI",11814,"SINAPI","AQUECEDOR DE AGUA ELETRICO  RESERVATORIO DE 500 L CILINDRICO EM COBRE, REFORCADO COM ACO CARBONO, MONOFASICO, TENSAO NOMINAL 220 V                                                                                                                                                                                                                                                                                                                                                                        ","UN    ","AS",8924.67]
["14186SINAPI",14186,"SINAPI","AQUECEDOR DE AGUA ELETRICO  RESERVATORIO DE 500 L CILINDRICO EM COBRE, REFORCADO COM ACO CARBONO, TRIFASICO, TENSAO NOMINAL 220/380/400 V, POTENCIA 24 KW                                                                                                                                                                                                                                                                                                                                                 ","UN    ","AS",11206.13]
["14185SINAPI",14185,"SINAPI","AQUECEDOR DE AGUA ELETRICO  RESERVATORIO DE 700 L CILINDRICO EM COBRE, REFORCADO COM ACO CARBONO, MONOFASICO, TENSAO NOMINAL 220 V                                                                                                                                                                                                                                                                                                                                                                        ","UN    ","AS",14516.3]
["11811SINAPI",11811,"SINAPI","AQUECEDOR DE AGUA ELETRICO HORIZONTAL, RESERVATORIO DE 200 L CILINDRICO EM COBRE, REFORCADO COM ACO CARBONO, MONOFASICO, TENSAO NOMINAL 220 V                                                                                                                                                                                                                                                                                                                                                             ","UN    ","AS",5550.48]
["44498SINAPI",44498,"SINAPI","AQUECEDOR DE OLEO BPF (FLUIDO) TERMICO, CAPACIDADE DE 300.000  KCAL/H                                                                                                                                                                                                                                                                                                                                                                                                                                     ","UN    ","AS",318204.48]
["34469SINAPI",34469,"SINAPI","AQUECEDOR SOLAR COM RESERVATORIO TERMICO DE 1000 L E *5* PLACAS COLETORAS DE *2,0* M2 (NAO INCLUI ACESSORIOS) (SEM INSTALACAO)                                                                                                                                                                                                                                                                                                                                                                            ","UN    ","AS",11310.87]
["34476SINAPI",34476,"SINAPI","AQUECEDOR SOLAR COM RESERVATORIO TERMICO DE 400 L E *2* PLACAS COLETORAS DE *2,0* M2 (NAO INCLUI ACESSORIOS) (SEM INSTALACAO)                                                                                                                                                                                                                                                                                                                                                                             ","UN    ","AS",5899.09]
["34477SINAPI",34477,"SINAPI","AQUECEDOR SOLAR COM RESERVATORIO TERMICO DE 600 L E *3* PLACAS COLETORAS DE *2,0* M2 (NAO INCLUI ACESSORIOS) (SEM INSTALACAO)                                                                                                                                                                                                                                                                                                                                                                             ","UN    ","AS",7829.24]
["34482SINAPI",34482,"SINAPI","AQUECEDOR SOLAR COM RESERVATORIO TERMICO DE 800 L E *4* PLACAS COLETORAS DE *2,0* M2 (NAO INCLUI ACESSORIOS) (SEM INSTALACAO)                                                                                                                                                                                                                                                                                                                                                                             ","UN    ","AS",7312.08]
["34472SINAPI",34472,"SINAPI","AQUECEDOR SOLAR DE INSTALACAO EXTERNA, KIT COMPACTO, CONJUNTO COM RESERVATORIO TERMICO DE 200 L, PLACA COLETORA DE *2,0* M2 E INCLUSO ACESSORIOS (RESIDENCIAS ATE 120,00 M2 E DE 4 A 5 BANHOS POR DIA) (SEM INSTALACAO)                                                                                                                                                                                                                                                                                   ","UN    ","AS",3480]
["42425SINAPI",42425,"SINAPI","AR CONDICIONADO SPLIT INVERTER, HI-WALL (PAREDE), 12000 BTU/H, CICLO FRIO, 60HZ, CLASSIFICACAO A (SELO PROCEL), GAS HFC, CONTROLE S/FIO                                                                                                                                                                                                                                                                                                                                                                   ","UN    ","CR",2540.23]
[{"$f":"B263&C263","v":"42422SINAPI"},42422,"SINAPI","AR CONDICIONADO SPLIT INVERTER, HI-WALL (PAREDE), 18000 BTU/H, CICLO FRIO, 60HZ, CLASSIFICACAO A (SELO PROCEL), GAS HFC, CONTROLE S/FIO                                                                                                                                                                                                                                                                                                                                                                   ","UN    ","C ",3771.05]
["43184SINAPI",43184,"SINAPI","AR CONDICIONADO SPLIT INVERTER, HI-WALL (PAREDE), 24000 BTU/H, CICLO FRIO, 60HZ, CLASSIFICACAO A (SELO PROCEL), GAS HFC, CONTROLE S/FIO                                                                                                                                                                                                                                                                                                                                                                   ","UN    ","CR",5211.95]
["42424SINAPI",42424,"SINAPI","AR CONDICIONADO SPLIT INVERTER, HI-WALL (PAREDE), 9000 BTU/H, CICLO FRIO, 60HZ, CLASSIFICACAO A (SELO PROCEL), GAS HFC, CONTROLE S/FIO                                                                                                                                                                                                                                                                                                                                                                    ","UN    ","CR",2268.64]
["42421SINAPI",42421,"SINAPI","AR CONDICIONADO SPLIT INVERTER, PISO TETO, APRESENTANDO ENTRE 54000 E 58000 BTU/H, CICLO FRIO, 60HZ, CLASSIFICACAO ENERGETICA A OU B (SELO PROCEL), GAS HFC, CONTROLE S/FIO                                                                                                                                                                                                                                                                                                                               ","UN    ","CR",20655.740000000002]
["42416SINAPI",42416,"SINAPI","AR CONDICIONADO SPLIT INVERTER, PISO TETO, 18000 BTU/H, CICLO FRIO, 60HZ, CLASSIFICACAO ENERGETICA A OU B (SELO PROCEL), GAS HFC, CONTROLE S/FIO                                                                                                                                                                                                                                                                                                                                                          ","UN    ","CR",9779.86]
["42417SINAPI",42417,"SINAPI","AR CONDICIONADO SPLIT INVERTER, PISO TETO, 24000 BTU/H, CICLO FRIO, 60HZ, CLASSIFICACAO ENERGETICA A OU B (SELO PROCEL), GAS HFC, CONTROLE S/FIO                                                                                                                                                                                                                                                                                                                                                          ","UN    ","CR",10964.02]
["42419SINAPI",42419,"SINAPI","AR CONDICIONADO SPLIT INVERTER, PISO TETO, 36000 BTU/H, CICLO FRIO, 60HZ, CLASSIFICACAO ENERGETICA A OU B (SELO PROCEL), GAS HFC, CONTROLE S/FIO                                                                                                                                                                                                                                                                                                                                                          ","UN    ","CR",12387.02]
["42420SINAPI",42420,"SINAPI","AR CONDICIONADO SPLIT INVERTER, PISO TETO, 48000 BTU/H, CICLO FRIO, 60HZ, CLASSIFICACAO ENERGETICA A OU B (SELO PROCEL), GAS HFC, CONTROLE S/FIO                                                                                                                                                                                                                                                                                                                                                          ","UN    ","CR",17025.04]
["43195SINAPI",43195,"SINAPI","AR CONDICIONADO SPLIT ON/OFF, CASSETE (TETO), FRIO 4 VIAS 18000 BTUS/H, CLASSIFICACAO ENERGETICA C - SELO PROCEL, GAS HFC, CONTROLE S/ FIO                                                                                                                                                                                                                                                                                                                                                                ","UN    ","CR",5994.76]
["43196SINAPI",43196,"SINAPI","AR CONDICIONADO SPLIT ON/OFF, CASSETE (TETO), FRIO 4 VIAS 24000 BTUS/H, CLASSIFICACAO ENERGETICA C - SELO PROCEL, GAS HFC, CONTROLE S/ FIO                                                                                                                                                                                                                                                                                                                                                                ","UN    ","CR",7429.64]
["43198SINAPI",43198,"SINAPI","AR CONDICIONADO SPLIT ON/OFF, CASSETE (TETO), FRIO 4 VIAS 36000 BTUS/H, CLASSIFICACAO ENERGETICA C - SELO PROCEL, GAS HFC, CONTROLE S/ FIO                                                                                                                                                                                                                                                                                                                                                                ","UN    ","CR",11040.27]
["43199SINAPI",43199,"SINAPI","AR CONDICIONADO SPLIT ON/OFF, CASSETE (TETO), FRIO 4 VIAS 48000 BTUS/H, CLASSIFICACAO ENERGETICA C - SELO PROCEL, GAS HFC, CONTROLE S/ FIO                                                                                                                                                                                                                                                                                                                                                                ","UN    ","CR",11444.82]
["43200SINAPI",43200,"SINAPI","AR CONDICIONADO SPLIT ON/OFF, CASSETE (TETO), FRIO 4 VIAS 60000 BTUS/H, CLASSIFICACAO ENERGETICA C - SELO PROCEL, GAS HFC, CONTROLE S/ FIO                                                                                                                                                                                                                                                                                                                                                                ","UN    ","CR",13133.77]
["39556SINAPI",39556,"SINAPI","AR CONDICIONADO SPLIT ON/OFF, CASSETE (TETO), 18000 BTUS/H, CICLO QUENTE/FRIO, 60 HZ, CLASSIFICACAO ENERGETICA C - SELO PROCEL, GAS HFC, CONTROLE S/ FIO                                                                                                                                                                                                                                                                                                                                                  ","UN    ","CR",7173.28]
["39557SINAPI",39557,"SINAPI","AR CONDICIONADO SPLIT ON/OFF, CASSETE (TETO), 24000 BTUS/H, CICLO QUENTE/FRIO, 60 HZ, CLASSIFICACAO ENERGETICA C - SELO PROCEL, GAS HFC, CONTROLE S/ FIO                                                                                                                                                                                                                                                                                                                                                  ","UN    ","CR",7724.05]
["39559SINAPI",39559,"SINAPI","AR CONDICIONADO SPLIT ON/OFF, CASSETE (TETO), 36000 BTUS/H, CICLO QUENTE/FRIO, 60 HZ, CLASSIFICACAO ENERGETICA A - SELO PROCEL, GAS HFC, CONTROLE S/ FIO                                                                                                                                                                                                                                                                                                                                                  ","UN    ","CR",11414.66]
["39560SINAPI",39560,"SINAPI","AR CONDICIONADO SPLIT ON/OFF, CASSETE (TETO), 48000 BTUS/H, CICLO QUENTE/FRIO, 60 HZ, CLASSIFICACAO ENERGETICA A - SELO PROCEL, GAS HFC, CONTROLE S/ FIO                                                                                                                                                                                                                                                                                                                                                  ","UN    ","CR",13205.65]
["39561SINAPI",39561,"SINAPI","AR CONDICIONADO SPLIT ON/OFF, CASSETE (TETO), 60000 BTUS/H, CICLO QUENTE/FRIO, 60 HZ, CLASSIFICACAO ENERGETICA A - SELO PROCEL, GAS HFC, CONTROLE S/ FIO                                                                                                                                                                                                                                                                                                                                                  ","UN    ","CR",13814.8]
["43190SINAPI",43190,"SINAPI","AR CONDICIONADO SPLIT ON/OFF, HI-WALL (PAREDE), 12000 BTUS/H, CICLO FRIO, 60 HZ, CLASSIFICACAO ENERGETICA A - SELO PROCEL, GAS HFC, CONTROLE S/ FIO                                                                                                                                                                                                                                                                                                                                                       ","UN    ","CR",2038.7]
["39555SINAPI",39555,"SINAPI","AR CONDICIONADO SPLIT ON/OFF, HI-WALL (PAREDE), 12000 BTUS/H, CICLO QUENTE/FRIO, 60 HZ, CLASSIFICACAO ENERGETICA A - SELO PROCEL, GAS HFC, CONTROLE S/ FIO                                                                                                                                                                                                                                                                                                                                                ","UN    ","CR",2205.35]
["43191SINAPI",43191,"SINAPI","AR CONDICIONADO SPLIT ON/OFF, HI-WALL (PAREDE), 18000 BTUS/H, CICLO FRIO, 60 HZ, CLASSIFICACAO ENERGETICA A - SELO PROCEL, GAS HFC, CONTROLE S/ FIO                                                                                                                                                                                                                                                                                                                                                       ","UN    ","CR",2933.41]
["39548SINAPI",39548,"SINAPI","AR CONDICIONADO SPLIT ON/OFF, HI-WALL (PAREDE), 18000 BTUS/H, CICLO QUENTE/FRIO, 60 HZ, CLASSIFICACAO ENERGETICA A - SELO PROCEL, GAS HFC, CONTROLE S/ FIO                                                                                                                                                                                                                                                                                                                                                ","UN    ","CR",3271.21]
["43192SINAPI",43192,"SINAPI","AR CONDICIONADO SPLIT ON/OFF, HI-WALL (PAREDE), 24000 BTUS/H, CICLO FRIO, 60 HZ, CLASSIFICACAO ENERGETICA A - SELO PROCEL, GAS HFC, CONTROLE S/ FIO                                                                                                                                                                                                                                                                                                                                                       ","UN    ","CR",3842.51]
["39554SINAPI",39554,"SINAPI","AR CONDICIONADO SPLIT ON/OFF, HI-WALL (PAREDE), 24000 BTUS/H, CICLO QUENTE/FRIO, 60 HZ, CLASSIFICACAO ENERGETICA A - SELO PROCEL, GAS HFC, CONTROLE S/ FIO                                                                                                                                                                                                                                                                                                                                                ","UN    ","CR",4325.68]
["43194SINAPI",43194,"SINAPI","AR CONDICIONADO SPLIT ON/OFF, HI-WALL (PAREDE), 9000 BTUS/H, CICLO FRIO, 60 HZ, CLASSIFICACAO ENERGETICA A - SELO PROCEL, GAS HFC, CONTROLE S/ FIO                                                                                                                                                                                                                                                                                                                                                        ","UN    ","CR",1746.49]
["39551SINAPI",39551,"SINAPI","AR CONDICIONADO SPLIT ON/OFF, HI-WALL (PAREDE), 9000 BTUS/H, CICLO QUENTE/FRIO, 60 HZ, CLASSIFICACAO ENERGETICA A - SELO PROCEL, GAS HFC, CONTROLE S/ FIO                                                                                                                                                                                                                                                                                                                                                 ","UN    ","CR",1923.07]
["43185SINAPI",43185,"SINAPI","AR CONDICIONADO SPLIT ON/OFF, PISO TETO, 18.000 BTU/H, CICLO FRIO, 60HZ, CLASSIFICACAO ENERGETICA C - SELO PROCEL, GAS HFC, CONTROLE S/FIO                                                                                                                                                                                                                                                                                                                                                                ","UN    ","CR",5465.03]
["43186SINAPI",43186,"SINAPI","AR CONDICIONADO SPLIT ON/OFF, PISO TETO, 24.000 BTU/H, CICLO FRIO, 60HZ, CLASSIFICACAO ENERGETICA C - SELO PROCEL, GAS HFC, CONTROLE S/FIO                                                                                                                                                                                                                                                                                                                                                                ","UN    ","CR",5764.51]
["43187SINAPI",43187,"SINAPI","AR CONDICIONADO SPLIT ON/OFF, PISO TETO, 36.000 BTU/H, CICLO FRIO, 60HZ, CLASSIFICACAO ENERGETICA C - SELO PROCEL, GAS HFC, CONTROLE S/FIO                                                                                                                                                                                                                                                                                                                                                                ","UN    ","CR",7649.56]
["43188SINAPI",43188,"SINAPI","AR CONDICIONADO SPLIT ON/OFF, PISO TETO, 48.000 BTU/H, CICLO FRIO, 60HZ, CLASSIFICACAO ENERGETICA C - SELO PROCEL, GAS HFC, CONTROLE S/FIO                                                                                                                                                                                                                                                                                                                                                                ","UN    ","CR",9268.4500000000007]
["43189SINAPI",43189,"SINAPI","AR CONDICIONADO SPLIT ON/OFF, PISO TETO, 60.000 BTU/H, CICLO FRIO, 60HZ, CLASSIFICACAO ENERGETICA C - SELO PROCEL, GAS HFC, CONTROLE S/FIO                                                                                                                                                                                                                                                                                                                                                                ","UN    ","CR",10425.459999999999]
["39580SINAPI",39580,"SINAPI","AR-CONDICIONADO FRIO SPLITAO INVERTER 30 TR                                                                                                                                                                                                                                                                                                                                                                                                                                                               ","UN    ","CR",82156.92]
["39577SINAPI",39577,"SINAPI","AR-CONDICIONADO FRIO SPLITAO MODULAR 10 TR                                                                                                                                                                                                                                                                                                                                                                                                                                                                ","UN    ","CR",25714.94]
["39578SINAPI",39578,"SINAPI","AR-CONDICIONADO FRIO SPLITAO MODULAR 15 TR                                                                                                                                                                                                                                                                                                                                                                                                                                                                ","UN    ","CR",33185.64]
["39579SINAPI",39579,"SINAPI","AR-CONDICIONADO FRIO SPLITAO MODULAR 20 TR                                                                                                                                                                                                                                                                                                                                                                                                                                                                ","UN    ","CR",48282.51]
["39826SINAPI",39826,"SINAPI","AR-CONDICIONADO SPLIT INVERTER, PISO TETO, 24000 BTU/H, QUENTE/FRIO, 60HZ, CLASSIFICACAO ENERGETICA A - SELO PROCEL, GAS HFC, CONTROLE S/FIO                                                                                                                                                                                                                                                                                                                                                              ","UN    ","CR",5929.97]
["10700SINAPI",10700,"SINAPI","ARADO REVERSIVEL COM 3 DISCOS DE 26\" X 6MM REBOCAVEL                                                                                                                                                                                                                                                                                                                                                                                                                                                      ","UN    ","AS",22684.99]
["346SINAPI",346,"SINAPI","ARAME DE ACO OVALADO 15 X 17 ( 45,7 KG, 700 KGF), ROLO 1000 M                                                                                                                                                                                                                                                                                                                                                                                                                                             ","KG    ","CR",30.26]
["3312SINAPI",3312,"SINAPI","ARAME DE AMARRACAO PARA GABIAO GALVANIZADO, DIAMETRO 2,2 MM                                                                                                                                                                                                                                                                                                                                                                                                                                               ","KG    ","CR",26.8]
["339SINAPI",339,"SINAPI","ARAME FARPADO GALVANIZADO, 14 BWG (2,11 MM), CLASSE 250                                                                                                                                                                                                                                                                                                                                                                                                                                                   ","M     ","CR",1.56]
["340SINAPI",340,"SINAPI","ARAME FARPADO GALVANIZADO, 16 BWG (1,65 MM), CLASSE 250                                                                                                                                                                                                                                                                                                                                                                                                                                                   ","M     ","CR",1.41]
["43130SINAPI",43130,"SINAPI","ARAME GALVANIZADO 12 BWG, D = 2,76 MM (0,048 KG/M) OU 14 BWG, D = 2,11 MM (0,026 KG/M)                                                                                                                                                                                                                                                                                                                                                                                                                    ","KG    ","C ",25.55]
["344SINAPI",344,"SINAPI","ARAME GALVANIZADO 16 BWG, D = 1,65MM (0,0166 KG/M)                                                                                                                                                                                                                                                                                                                                                                                                                                                        ","KG    ","CR",33.590000000000003]
["345SINAPI",345,"SINAPI","ARAME GALVANIZADO 18 BWG, D = 1,24MM (0,009 KG/M)                                                                                                                                                                                                                                                                                                                                                                                                                                                         ","KG    ","CR",36.44]
["43131SINAPI",43131,"SINAPI","ARAME GALVANIZADO 6 BWG, D = 5,16 MM (0,157 KG/M), OU 8 BWG, D = 4,19 MM (0,101 KG/M), OU 10 BWG, D = 3,40 MM (0,0713 KG/M)                                                                                                                                                                                                                                                                                                                                                                               ","KG    ","CR",29.68]
["3313SINAPI",3313,"SINAPI","ARAME PROTEGIDO COM POLIMERO PARA GABIAO, DIAMETRO 2,2 MM                                                                                                                                                                                                                                                                                                                                                                                                                                                 ","KG    ","CR",34.49]
["43132SINAPI",43132,"SINAPI","ARAME RECOZIDO 16 BWG, D = 1,65 MM (0,016 KG/M) OU 18 BWG, D = 1,25 MM (0,01 KG/M)                                                                                                                                                                                                                                                                                                                                                                                                                        ","KG    ","CR",25.55]
["366SINAPI",366,"SINAPI","AREIA FINA - POSTO JAZIDA/FORNECEDOR (RETIRADO NA JAZIDA, SEM TRANSPORTE)                                                                                                                                                                                                                                                                                                                                                                                                                                 ","M3    ","C ",150]
["367SINAPI",367,"SINAPI","AREIA GROSSA - POSTO JAZIDA/FORNECEDOR (RETIRADO NA JAZIDA, SEM TRANSPORTE)                                                                                                                                                                                                                                                                                                                                                                                                                               ","M3    ","CR",151.96]
["370SINAPI",370,"SINAPI","AREIA MEDIA - POSTO JAZIDA/FORNECEDOR (RETIRADO NA JAZIDA, SEM TRANSPORTE)                                                                                                                                                                                                                                                                                                                                                                                                                                ","M3    ","CR",150]
["368SINAPI",368,"SINAPI","AREIA PARA ATERRO - POSTO JAZIDA/FORNECEDOR (RETIRADO NA JAZIDA, SEM TRANSPORTE)                                                                                                                                                                                                                                                                                                                                                                                                                          ","M3    ","CR",75]
["11075SINAPI",11075,"SINAPI","AREIA PARA LEITO FILTRANTE (0,42 A 1,68 MM) - POSTO JAZIDA/FORNECEDOR (RETIRADO NA JAZIDA, SEM TRANSPORTE)                                                                                                                                                                                                                                                                                                                                                                                                ","M3    ","CR",1721.53]
["1381SINAPI",1381,"SINAPI","ARGAMASSA COLANTE AC I PARA CERAMICAS                                                                                                                                                                                                                                                                                                                                                                                                                                                                     ","KG    ","C ",0.99]
["34353SINAPI",34353,"SINAPI","ARGAMASSA COLANTE AC II                                                                                                                                                                                                                                                                                                                                                                                                                                                                                   ","KG    ","CR",1.84]
["37595SINAPI",37595,"SINAPI","ARGAMASSA COLANTE TIPO AC III                                                                                                                                                                                                                                                                                                                                                                                                                                                                             ","KG    ","CR",3.04]
["37596SINAPI",37596,"SINAPI","ARGAMASSA COLANTE TIPO AC III E                                                                                                                                                                                                                                                                                                                                                                                                                                                                           ","KG    ","CR",3.49]
["371SINAPI",371,"SINAPI","ARGAMASSA INDUSTRIALIZADA MULTIUSO, PARA REVESTIMENTO INTERNO E EXTERNO E ASSENTAMENTO DE BLOCOS DIVERSOS                                                                                                                                                                                                                                                                                                                                                                                                 ","KG    ","CR",1.08]
["37553SINAPI",37553,"SINAPI","ARGAMASSA INDUSTRIALIZADA PARA CHAPISCO COLANTE                                                                                                                                                                                                                                                                                                                                                                                                                                                           ","KG    ","CR",2.02]
["37552SINAPI",37552,"SINAPI","ARGAMASSA INDUSTRIALIZADA PARA CHAPISCO ROLADO                                                                                                                                                                                                                                                                                                                                                                                                                                                            ","KG    ","CR",3.25]
["36880SINAPI",36880,"SINAPI","ARGAMASSA PARA REVESTIMENTO DECORATIVO MONOCAMADA                                                                                                                                                                                                                                                                                                                                                                                                                                                         ","KG    ","CR",3.3]
["34355SINAPI",34355,"SINAPI","ARGAMASSA PISO SOBRE PISO                                                                                                                                                                                                                                                                                                                                                                                                                                                                                 ","KG    ","CR",2.84]
["130SINAPI",130,"SINAPI","ARGAMASSA POLIMERICA DE REPARO ESTRUTURAL, BICOMPONENTE                                                                                                                                                                                                                                                                                                                                                                                                                                                   ","KG    ","CR",5.61]
["135SINAPI",135,"SINAPI","ARGAMASSA POLIMERICA IMPERMEABILIZANTE SEMIFLEXIVEL, BICOMPONENTE, A BASE DE CIMENTO E ADITIVOS                                                                                                                                                                                                                                                                                                                                                                                                           ","KG    ","CR",4.5199999999999996]
["36886SINAPI",36886,"SINAPI","ARGAMASSA PRONTA PARA CONTRAPISO                                                                                                                                                                                                                                                                                                                                                                                                                                                                          ","KG    ","CR",1.02]
[{"$f":"B327&C327","v":"38546SINAPI"},38546,"SINAPI","ARGAMASSA USINADA AUTOADENSAVEL E AUTONIVELANTE PARA CONTRAPISO, COM BOMBEAMENTO (DISPONIBILIZACAO DE BOMBA), SEM O LANCAMENTO                                                                                                                                                                                                                                                                                                                                                                            ","M3    ","CR",894.74]
["34549SINAPI",34549,"SINAPI","ARGILA EXPANDIDA, GRANULOMETRIA 2215                                                                                                                                                                                                                                                                                                                                                                                                                                                                      ","M3    ","AS",730.33]
["6081SINAPI",6081,"SINAPI","ARGILA OU BARRO PARA ATERRO/REATERRO (COM TRANSPORTE ATE 10 KM)                                                                                                                                                                                                                                                                                                                                                                                                                                           ","M3    ","AS",51.12]
["6077SINAPI",6077,"SINAPI","ARGILA OU BARRO PARA ATERRO/REATERRO (RETIRADO NA JAZIDA, SEM TRANSPORTE)                                                                                                                                                                                                                                                                                                                                                                                                                                 ","M3    ","AS",36.51]
["6079SINAPI",6079,"SINAPI","ARGILA, ARGILA VERMELHA OU ARGILA ARENOSA (RETIRADA NA JAZIDA, SEM TRANSPORTE)                                                                                                                                                                                                                                                                                                                                                                                                                            ","M3    ","AS",36.51]
["1091SINAPI",1091,"SINAPI","ARMACAO VERTICAL COM HASTE E CONTRA-PINO, EM CHAPA DE ACO GALVANIZADO 3/16\", COM 1 ESTRIBO E 1 ISOLADOR                                                                                                                                                                                                                                                                                                                                                                                                   ","UN    ","AS",25.12]
["1094SINAPI",1094,"SINAPI","ARMACAO VERTICAL COM HASTE E CONTRA-PINO, EM CHAPA DE ACO GALVANIZADO 3/16\", COM 1 ESTRIBO, SEM ISOLADOR                                                                                                                                                                                                                                                                                                                                                                                                  ","UN    ","AS",17.57]
["1095SINAPI",1095,"SINAPI","ARMACAO VERTICAL COM HASTE E CONTRA-PINO, EM CHAPA DE ACO GALVANIZADO 3/16\", COM 2 ESTRIBOS, E 2 ISOLADORES                                                                                                                                                                                                                                                                                                                                                                                               ","UN    ","AS",37.35]
["1092SINAPI",1092,"SINAPI","ARMACAO VERTICAL COM HASTE E CONTRA-PINO, EM CHAPA DE ACO GALVANIZADO 3/16\", COM 2 ESTRIBOS, SEM ISOLADOR                                                                                                                                                                                                                                                                                                                                                                                                 ","UN    ","AS",28.9]
["1093SINAPI",1093,"SINAPI","ARMACAO VERTICAL COM HASTE E CONTRA-PINO, EM CHAPA DE ACO GALVANIZADO 3/16\", COM 3 ESTRIBOS E 3 ISOLADORES                                                                                                                                                                                                                                                                                                                                                                                                ","UN    ","AS",67.489999999999995]
["1090SINAPI",1090,"SINAPI","ARMACAO VERTICAL COM HASTE E CONTRA-PINO, EM CHAPA DE ACO GALVANIZADO 3/16\", COM 3 ESTRIBOS, SEM ISOLADOR                                                                                                                                                                                                                                                                                                                                                                                                 ","UN    ","AS",48.32]
["1096SINAPI",1096,"SINAPI","ARMACAO VERTICAL COM HASTE E CONTRA-PINO, EM CHAPA DE ACO GALVANIZADO 3/16\", COM 4 ESTRIBOS E 4 ISOLADORES                                                                                                                                                                                                                                                                                                                                                                                                ","UN    ","AS",86.96]
["1097SINAPI",1097,"SINAPI","ARMACAO VERTICAL COM HASTE E CONTRA-PINO, EM CHAPA DE ACO GALVANIZADO 3/16\", COM 4 ESTRIBOS, SEM ISOLADOR                                                                                                                                                                                                                                                                                                                                                                                                 ","UN    ","AS",73.819999999999993]
["378SINAPI",378,"SINAPI","ARMADOR (HORISTA)                                                                                                                                                                                                                                                                                                                                                                                                                                                                                         ","H     ","CR",19.399999999999999]
["40911SINAPI",40911,"SINAPI","ARMADOR (MENSALISTA)                                                                                                                                                                                                                                                                                                                                                                                                                                                                                      ","MES   ","CR",3359.09]
["33939SINAPI",33939,"SINAPI","ARQUITETO JUNIOR (HORISTA)                                                                                                                                                                                                                                                                                                                                                                                                                                                                                ","H     ","CR",115.54]
["40815SINAPI",40815,"SINAPI","ARQUITETO JUNIOR (MENSALISTA)                                                                                                                                                                                                                                                                                                                                                                                                                                                                             ","MES   ","CR",20005.77]
["33952SINAPI",33952,"SINAPI","ARQUITETO PLENO (HORISTA)                                                                                                                                                                                                                                                                                                                                                                                                                                                                                 ","H     ","CR",122.4]
["40816SINAPI",40816,"SINAPI","ARQUITETO PLENO (MENSALISTA)                                                                                                                                                                                                                                                                                                                                                                                                                                                                              ","MES   ","CR",21194.19]
["33953SINAPI",33953,"SINAPI","ARQUITETO SENIOR (HORISTA)                                                                                                                                                                                                                                                                                                                                                                                                                                                                                ","H     ","CR",128.27000000000001]
["40817SINAPI",40817,"SINAPI","ARQUITETO SENIOR (MENSALISTA)                                                                                                                                                                                                                                                                                                                                                                                                                                                                             ","MES   ","CR",22212.2]
["13348SINAPI",13348,"SINAPI","ARRUELA  EM ACO GALVANIZADO, DIAMETRO EXTERNO = 35MM, ESPESSURA = 3MM, DIAMETRO DO FURO= 18MM                                                                                                                                                                                                                                                                                                                                                                                                             ","UN    ","AS",1.79]
["39211SINAPI",39211,"SINAPI","ARRUELA EM ALUMINIO, COM ROSCA, DE  1 1/4\", PARA ELETRODUTO                                                                                                                                                                                                                                                                                                                                                                                                                                               ","UN    ","AS",1.84]
["39212SINAPI",39212,"SINAPI","ARRUELA EM ALUMINIO, COM ROSCA, DE 1 1/2\", PARA ELETRODUTO                                                                                                                                                                                                                                                                                                                                                                                                                                                ","UN    ","AS",2.0499999999999998]
["39208SINAPI",39208,"SINAPI","ARRUELA EM ALUMINIO, COM ROSCA, DE 1/2\", PARA ELETRODUTO                                                                                                                                                                                                                                                                                                                                                                                                                                                  ","UN    ","AS",0.56000000000000005]
["39210SINAPI",39210,"SINAPI","ARRUELA EM ALUMINIO, COM ROSCA, DE 1\", PARA ELETRODUTO                                                                                                                                                                                                                                                                                                                                                                                                                                                    ","UN    ","AS",1.03]
["39214SINAPI",39214,"SINAPI","ARRUELA EM ALUMINIO, COM ROSCA, DE 2 1/2\", PARA ELETRODUTO                                                                                                                                                                                                                                                                                                                                                                                                                                                ","UN    ","AS",3.8]
["39213SINAPI",39213,"SINAPI","ARRUELA EM ALUMINIO, COM ROSCA, DE 2\", PARA ELETRODUTO                                                                                                                                                                                                                                                                                                                                                                                                                                                    ","UN    ","AS",2.68]
["39209SINAPI",39209,"SINAPI","ARRUELA EM ALUMINIO, COM ROSCA, DE 3/4\", PARA ELETRODUTO                                                                                                                                                                                                                                                                                                                                                                                                                                                  ","UN    ","AS",0.66]
["39207SINAPI",39207,"SINAPI","ARRUELA EM ALUMINIO, COM ROSCA, DE 3/8\", PARA ELETRODUTO                                                                                                                                                                                                                                                                                                                                                                                                                                                  ","UN    ","AS",1.03]
["39215SINAPI",39215,"SINAPI","ARRUELA EM ALUMINIO, COM ROSCA, DE 3\", PARA ELETRODUTO                                                                                                                                                                                                                                                                                                                                                                                                                                                    ","UN    ","AS",6.92]
["39216SINAPI",39216,"SINAPI","ARRUELA EM ALUMINIO, COM ROSCA, DE 4\", PARA ELETRODUTO                                                                                                                                                                                                                                                                                                                                                                                                                                                    ","UN    ","AS",9.65]
["11267SINAPI",11267,"SINAPI","ARRUELA LISA, REDONDA, DE LATAO POLIDO, DIAMETRO NOMINAL 5/8\", DIAMETRO EXTERNO = 34 MM, DIAMETRO DO FURO = 17 MM, ESPESSURA = *2,5* MM                                                                                                                                                                                                                                                                                                                                                                   ","UN    ","AS",1.56]
["379SINAPI",379,"SINAPI","ARRUELA QUADRADA EM ACO GALVANIZADO, DIMENSAO = 38 MM, ESPESSURA = 3MM, DIAMETRO DO FURO= 18 MM                                                                                                                                                                                                                                                                                                                                                                                                           ","UN    ","AS",1.57]
["510SINAPI",510,"SINAPI","ASFALTO MODIFICADO TIPO I - NBR 9910 (ASFALTO OXIDADO PARA IMPERMEABILIZACAO, COEFICIENTE DE PENETRACAO 25-40)                                                                                                                                                                                                                                                                                                                                                                                            ","KG    ","AS",15.54]
["516SINAPI",516,"SINAPI","ASFALTO MODIFICADO TIPO II - NBR 9910 (ASFALTO OXIDADO PARA IMPERMEABILIZACAO, COEFICIENTE DE PENETRACAO 20-35)                                                                                                                                                                                                                                                                                                                                                                                           ","KG    ","AS",18.41]
["509SINAPI",509,"SINAPI","ASFALTO MODIFICADO TIPO III - NBR 9910 (ASFALTO OXIDADO PARA IMPERMEABILIZACAO, COEFICIENTE DE PENETRACAO 15-25)                                                                                                                                                                                                                                                                                                                                                                                          ","KG    ","AS",20.66]
["40331SINAPI",40331,"SINAPI","ASSENTADOR DE MANILHAS (HORISTA)                                                                                                                                                                                                                                                                                                                                                                                                                                                                          ","H     ","CR",10.85]
["40930SINAPI",40930,"SINAPI","ASSENTADOR DE MANILHAS (MENSALISTA)                                                                                                                                                                                                                                                                                                                                                                                                                                                                       ","MES   ","CR",1879.44]
["11761SINAPI",11761,"SINAPI","ASSENTO  VASO SANITARIO INFANTIL EM PLASTICO BRANCO                                                                                                                                                                                                                                                                                                                                                                                                                                                       ","UN    ","CR",82.99]
["377SINAPI",377,"SINAPI","ASSENTO SANITARIO DE PLASTICO, TIPO CONVENCIONAL                                                                                                                                                                                                                                                                                                                                                                                                                                                          ","UN    ","C ",39]
["7588SINAPI",7588,"SINAPI","AUTOMATICO DE BOIA SUPERIOR / INFERIOR, *15* A / 250 V                                                                                                                                                                                                                                                                                                                                                                                                                                                    ","UN    ","C ",48.2]
["34551SINAPI",34551,"SINAPI","AUXILIAR DE AZULEJISTA (HORISTA)                                                                                                                                                                                                                                                                                                                                                                                                                                                                          ","H     ","CR",13.5]
["41078SINAPI",41078,"SINAPI","AUXILIAR DE AZULEJISTA (MENSALISTA)                                                                                                                                                                                                                                                                                                                                                                                                                                                                       ","MES   ","CR",2341.4899999999998]
["246SINAPI",246,"SINAPI","AUXILIAR DE ENCANADOR OU BOMBEIRO HIDRAULICO (HORISTA)                                                                                                                                                                                                                                                                                                                                                                                                                                                    ","H     ","CR",15.77]
["40927SINAPI",40927,"SINAPI","AUXILIAR DE ENCANADOR OU BOMBEIRO HIDRAULICO (MENSALISTA)                                                                                                                                                                                                                                                                                                                                                                                                                                                 ","MES   ","CR",2732.25]
["2350SINAPI",2350,"SINAPI","AUXILIAR DE ESCRITORIO (HORISTA)                                                                                                                                                                                                                                                                                                                                                                                                                                                                          ","H     ","CR",13.72]
["40812SINAPI",40812,"SINAPI","AUXILIAR DE ESCRITORIO (MENSALISTA)                                                                                                                                                                                                                                                                                                                                                                                                                                                                       ","MES   ","CR",2378.79]
["245SINAPI",245,"SINAPI","AUXILIAR DE LABORATORISTA DE SOLOS E DE CONCRETO (HORISTA)                                                                                                                                                                                                                                                                                                                                                                                                                                                ","H     ","CR",24.58]
["41090SINAPI",41090,"SINAPI","AUXILIAR DE LABORATORISTA DE SOLOS E DE CONCRETO (MENSALISTA)                                                                                                                                                                                                                                                                                                                                                                                                                                             ","MES   ","CR",4259.07]
["251SINAPI",251,"SINAPI","AUXILIAR DE MECANICO (HORISTA)                                                                                                                                                                                                                                                                                                                                                                                                                                                                            ","H     ","CR",15.77]
["40975SINAPI",40975,"SINAPI","AUXILIAR DE MECANICO (MENSALISTA)                                                                                                                                                                                                                                                                                                                                                                                                                                                                         ","MES   ","CR",2732.25]
["6127SINAPI",6127,"SINAPI","AUXILIAR DE PEDREIRO (HORISTA)                                                                                                                                                                                                                                                                                                                                                                                                                                                                            ","H     ","CR",15.77]
["41072SINAPI",41072,"SINAPI","AUXILIAR DE PEDREIRO (MENSALISTA)                                                                                                                                                                                                                                                                                                                                                                                                                                                                         ","MES   ","CR",2732.25]
["6121SINAPI",6121,"SINAPI","AUXILIAR DE SERVICOS GERAIS (HORISTA)                                                                                                                                                                                                                                                                                                                                                                                                                                                                     ","H     ","CR",13.85]
["41071SINAPI",41071,"SINAPI","AUXILIAR DE SERVICOS GERAIS (MENSALISTA)                                                                                                                                                                                                                                                                                                                                                                                                                                                                  ","MES   ","CR",2398.8200000000002]
["244SINAPI",244,"SINAPI","AUXILIAR DE TOPOGRAFO (HORISTA)                                                                                                                                                                                                                                                                                                                                                                                                                                                                           ","H     ","CR",10.119999999999999]
["41093SINAPI",41093,"SINAPI","AUXILIAR DE TOPOGRAFO (MENSALISTA)                                                                                                                                                                                                                                                                                                                                                                                                                                                                        ","MES   ","CR",1753.81]
["532SINAPI",532,"SINAPI","AUXILIAR TECNICO / ASSISTENTE DE ENGENHARIA (HORISTA)                                                                                                                                                                                                                                                                                                                                                                                                                                                     ","H     ","CR",25.16]
["40931SINAPI",40931,"SINAPI","AUXILIAR TECNICO / ASSISTENTE DE ENGENHARIA (MENSALISTA)                                                                                                                                                                                                                                                                                                                                                                                                                                                  ","MES   ","CR",4359.45]
["36150SINAPI",36150,"SINAPI","AVENTAL DE SEGURANCA DE RASPA DE COURO 1,00 X 0,60 M                                                                                                                                                                                                                                                                                                                                                                                                                                                      ","UN    ","CR",59.4]
["4760SINAPI",4760,"SINAPI","AZULEJISTA OU LADRILHEIRO (HORISTA)                                                                                                                                                                                                                                                                                                                                                                                                                                                                       ","H     ","CR",23.04]
["41069SINAPI",41069,"SINAPI","AZULEJISTA OU LADRILHEIRO (MENSALISTA)                                                                                                                                                                                                                                                                                                                                                                                                                                                                    ","MES   ","CR",3990.73]
["10422SINAPI",10422,"SINAPI","BACIA SANITARIA (VASO) COM CAIXA ACOPLADA, SIFAO APARENTE, DE LOUCA BRANCA (SEM ASSENTO)                                                                                                                                                                                                                                                                                                                                                                                                                  ","UN    ","CR",364.49]
[{"$f":"B391&C391","v":"44019SINAPI"},44019,"SINAPI","BACIA SANITARIA (VASO) COM CAIXA ACOPLADA, SIFAO OCULTO / CARENADO, DE LOUCA BRANCA (SEM ASSENTO ) - PADRAO ALTO                                                                                                                                                                                                                                                                                                                                                                                          ","UN    ","CR",504.55]
["36520SINAPI",36520,"SINAPI","BACIA SANITARIA (VASO) CONVENCIONAL PARA PCD, SEM FURO FRONTAL, DE LOUCA BRANCA (SEM ASSENTO)                                                                                                                                                                                                                                                                                                                                                                                                             ","UN    ","CR",613.47]
["42319SINAPI",42319,"SINAPI","BACIA SANITARIA (VASO) CONVENCIONAL PARA USO ESPECIFICO (HOSPITAIS, CLINICAS), COM FURO FRONTAL, DE LOUCA BRANCA, SEM ASSENTO                                                                                                                                                                                                                                                                                                                                                                             ","UN    ","CR",549.71]
["10420SINAPI",10420,"SINAPI","BACIA SANITARIA (VASO) CONVENCIONAL, DE LOUCA BRANCA, SIFAO APARENTE, SAIDA VERTICAL (SEM ASSENTO)                                                                                                                                                                                                                                                                                                                                                                                                        ","UN    ","C ",195]
["10421SINAPI",10421,"SINAPI","BACIA SANITARIA (VASO) CONVENCIONAL, DE LOUCA COLORIDA, SIFAO APARENTE, SAIDA VERTICAL (SEM ASSENTO)                                                                                                                                                                                                                                                                                                                                                                                                      ","UN    ","CR",214.28]
["11786SINAPI",11786,"SINAPI","BACIA SANITARIA (VASO) INFANTIL, SIFONADO, DE LOUCA BRANCA, (SEM ASSENTO)                                                                                                                                                                                                                                                                                                                                                                                                                                 ","UN    ","CR",432.07]
["4815SINAPI",4815,"SINAPI","BALDE VERMELHO PARA SINALIZACAO DE VIAS                                                                                                                                                                                                                                                                                                                                                                                                                                                                   ","UN    ","CR",8.4]
["541SINAPI",541,"SINAPI","BANCADA DE MARMORE SINTETICO COM UMA CUBA, 120 X *60* CM                                                                                                                                                                                                                                                                                                                                                                                                                                                  ","UN    ","C ",224.45]
["542SINAPI",542,"SINAPI","BANCADA DE MARMORE SINTETICO COM UMA CUBA, 150 X *60* CM                                                                                                                                                                                                                                                                                                                                                                                                                                                  ","UN    ","CR",281.35000000000002]
["540SINAPI",540,"SINAPI","BANCADA DE MARMORE SINTETICO COM UMA CUBA, 200 X *60* CM                                                                                                                                                                                                                                                                                                                                                                                                                                                  ","UN    ","CR",634.02]
["38364SINAPI",38364,"SINAPI","BANCADA/ BANCA EM GRANITO, POLIDO, TIPO ANDORINHA/ QUARTZ/ CASTELO/ CORUMBA OU OUTROS EQUIVALENTES DA REGIAO, COM CUBA INOX, FORMATO *120 X 60* CM, E=  *2* CM                                                                                                                                                                                                                                                                                                                                            ","UN    ","CR",1226.4100000000001]
["11692SINAPI",11692,"SINAPI","BANCADA/ BANCA/ BALCAO/ TAMPO EM MARMORE BRANCO COMUM, POLIDO, LISO, ACABAMENTO RETO, E= *3* CM (SEM FUROS)                                                                                                                                                                                                                                                                                                                                                                                               ","M2    ","CR",661.56]
["1746SINAPI",1746,"SINAPI","BANCADA/BANCA/PIA DE ACO INOXIDAVEL (AISI 430) COM 1 CUBA CENTRAL, COM VALVULA, ESCORREDOR DUPLO, DE *0,55 X 1,20* M                                                                                                                                                                                                                                                                                                                                                                                      ","UN    ","C ",269.99]
["1748SINAPI",1748,"SINAPI","BANCADA/BANCA/PIA DE ACO INOXIDAVEL (AISI 430) COM 1 CUBA CENTRAL, COM VALVULA, ESCORREDOR DUPLO, DE *0,55 X 1,40* M                                                                                                                                                                                                                                                                                                                                                                                      ","UN    ","CR",359.02]
["1749SINAPI",1749,"SINAPI","BANCADA/BANCA/PIA DE ACO INOXIDAVEL (AISI 430) COM 1 CUBA CENTRAL, COM VALVULA, ESCORREDOR DUPLO, DE *0,55 X 1,80* M                                                                                                                                                                                                                                                                                                                                                                                      ","UN    ","CR",520.16]
["37412SINAPI",37412,"SINAPI","BANCADA/BANCA/PIA DE ACO INOXIDAVEL (AISI 430) COM 1 CUBA CENTRAL, COM VALVULA, LISA (SEM ESCORREDOR), DE *0,55 X 1,20* M                                                                                                                                                                                                                                                                                                                                                                                 ","UN    ","CR",263.91000000000003]
["1745SINAPI",1745,"SINAPI","BANCADA/BANCA/PIA DE ACO INOXIDAVEL (AISI 430) COM 1 CUBA CENTRAL, SEM VALVULA, ESCORREDOR DUPLO, DE *0,55 X 1,60* M                                                                                                                                                                                                                                                                                                                                                                                      ","UN    ","CR",313.83]
["1750SINAPI",1750,"SINAPI","BANCADA/BANCA/PIA DE ACO INOXIDAVEL (AISI 430) COM 2 CUBAS, COM VALVULAS, ESCORREDOR DUPLO, DE *0,55 X 2,00* M                                                                                                                                                                                                                                                                                                                                                                                            ","UN    ","CR",733.37]
["11687SINAPI",11687,"SINAPI","BANCADA/TAMPO ACO INOX (AISI 304), LARGURA 60 CM, COM RODABANCA (NAO INCLUI PES DE APOIO)                                                                                                                                                                                                                                                                                                                                                                                                                 ","M     ","CR",1168.49]
["11689SINAPI",11689,"SINAPI","BANCADA/TAMPO ACO INOX (AISI 304), LARGURA 70 CM, COM RODABANCA (NAO INCLUI PES DE APOIO)                                                                                                                                                                                                                                                                                                                                                                                                                 ","M     ","CR",1464.04]
["11693SINAPI",11693,"SINAPI","BANCADA/TAMPO LISO (SEM CUBA) EM MARMORE SINTETICO                                                                                                                                                                                                                                                                                                                                                                                                                                                        ","M2    ","CR",248.87]
["36215SINAPI",36215,"SINAPI","BANCO ARTICULADO PARA BANHO, EM ACO INOX POLIDO, 70* CM X 45* CM                                                                                                                                                                                                                                                                                                                                                                                                                                          ","UN    ","CR",942.52]
["42439SINAPI",42439,"SINAPI","BANCO COM ENCOSTO, 1,60M* DE COMPRIMENTO, EM TUBO DE ACO CARBONO E PINTURA NO PROCESSO ELETROSTATICO - PARA ACADEMIA AO AR LIVRE / ACADEMIA DA TERCEIRA IDADE - ATI                                                                                                                                                                                                                                                                                                                                       ","UN    ","AS",1207.8399999999999]
["38381SINAPI",38381,"SINAPI","BANDEJA DE PINTURA PARA ROLO 23 CM                                                                                                                                                                                                                                                                                                                                                                                                                                                                        ","UN    ","CR",8.9600000000000009]
["39621SINAPI",39621,"SINAPI","BARRA ANTIPANICO DUPLA, CEGA EM LADO OPOSTO, COR CINZA                                                                                                                                                                                                                                                                                                                                                                                                                                                    ","PAR   ","CR",1493.95]
["39624SINAPI",39624,"SINAPI","BARRA ANTIPANICO DUPLA, PARA PORTA DE VIDRO, COR CINZA                                                                                                                                                                                                                                                                                                                                                                                                                                                    ","PAR   ","CR",1647.99]
["39615SINAPI",39615,"SINAPI","BARRA ANTIPANICO SIMPLES, CEGA EM LADO OPOSTO, COR CINZA                                                                                                                                                                                                                                                                                                                                                                                                                                                  ","UN    ","CR",665.94]
["39620SINAPI",39620,"SINAPI","BARRA ANTIPANICO SIMPLES, COM FECHADURA LADO OPOSTO, COR CINZA                                                                                                                                                                                                                                                                                                                                                                                                                                            ","UN    ","CR",1017.07]
["39623SINAPI",39623,"SINAPI","BARRA ANTIPANICO SIMPLES, PARA PORTA DE VIDRO, COR CINZA                                                                                                                                                                                                                                                                                                                                                                                                                                                  ","UN    ","CR",1089.3699999999999]
["546SINAPI",546,"SINAPI","BARRA DE ACO CHATA, RETANGULAR (QUALQUER BITOLA)                                                                                                                                                                                                                                                                                                                                                                                                                                                          ","KG    ","C ",9.89]
["566SINAPI",566,"SINAPI","BARRA DE ACO CHATO, RETANGULAR, 19,05 MM X 3,17 MM (L X E), 0,47 KG/M                                                                                                                                                                                                                                                                                                                                                                                                                                     ","M     ","CR",4.6900000000000004]
["565SINAPI",565,"SINAPI","BARRA DE ACO CHATO, RETANGULAR, 25,4 MM X 4,76 MM (L X E), 0,94 KG/M                                                                                                                                                                                                                                                                                                                                                                                                                                      ","M     ","CR",17.100000000000001]
["555SINAPI",555,"SINAPI","BARRA DE ACO CHATO, RETANGULAR, 25,4 MM X 6,35 MM (L X E), 1,2265 KG/M                                                                                                                                                                                                                                                                                                                                                                                                                                    ","M     ","CR",12.13]
["557SINAPI",557,"SINAPI","BARRA DE ACO CHATO, RETANGULAR, 38,1 MM X 12,7 MM (L X E), 3,79 KG/M                                                                                                                                                                                                                                                                                                                                                                                                                                      ","M     ","CR",38.049999999999997]
["552SINAPI",552,"SINAPI","BARRA DE ACO CHATO, RETANGULAR, 38,1 MM X 6,35 MM (L X E), 1,89 KG/M                                                                                                                                                                                                                                                                                                                                                                                                                                      ","M     ","CR",18.88]
["563SINAPI",563,"SINAPI","BARRA DE ACO CHATO, RETANGULAR, 38,1 MM X 9,53 MM (L X E), 2,84 KG/M                                                                                                                                                                                                                                                                                                                                                                                                                                      ","M     ","CR",28.37]
["549SINAPI",549,"SINAPI","BARRA DE ACO CHATO, RETANGULAR, 50,8 MM X 12,7 MM (L X E), 5,06 KG/M                                                                                                                                                                                                                                                                                                                                                                                                                                      ","M     ","CR",51.06]
["551SINAPI",551,"SINAPI","BARRA DE ACO CHATO, RETANGULAR, 50,8 MM X 25,4 MM (L X E), 10,12 KG/M                                                                                                                                                                                                                                                                                                                                                                                                                                     ","M     ","CR",101.1]
["559SINAPI",559,"SINAPI","BARRA DE ACO CHATO, RETANGULAR, 50,8 MM X 6,35 MM (L X E), 2,53 KG/M                                                                                                                                                                                                                                                                                                                                                                                                                                      ","M     ","CR",25.27]
["560SINAPI",560,"SINAPI","BARRA DE ACO CHATO, RETANGULAR, 50,8 MM X 7,94 MM (L X E), 3,162 KG/M                                                                                                                                                                                                                                                                                                                                                                                                                                     ","M     ","CR",31.62]
["547SINAPI",547,"SINAPI","BARRA DE ACO CHATO, RETANGULAR, 50,8 MM X 9,53 MM (L X E), 3,79KG/M                                                                                                                                                                                                                                                                                                                                                                                                                                       ","M     ","CR",37.86]
["36207SINAPI",36207,"SINAPI","BARRA DE APOIO EM \"L\", EM ACO INOX POLIDO 70 X 70 CM, DIAMETRO MINIMO 3 CM                                                                                                                                                                                                                                                                                                                                                                                                                                ","UN    ","CR",417.47]
["36209SINAPI",36209,"SINAPI","BARRA DE APOIO EM \"L\", EM ACO INOX POLIDO 80 X 80 CM, DIAMETRO MINIMO 3 CM                                                                                                                                                                                                                                                                                                                                                                                                                                ","UN    ","CR",479.11]
["36210SINAPI",36210,"SINAPI","BARRA DE APOIO LATERAL ARTICULADA, COM TRAVA, EM ACO INOX POLIDO, 70 CM, DIAMETRO MINIMO 3 CM                                                                                                                                                                                                                                                                                                                                                                                                             ","UN    ","CR",518.38]
["36204SINAPI",36204,"SINAPI","BARRA DE APOIO RETA, EM ACO INOX POLIDO, COMPRIMENTO 60CM, DIAMETRO MINIMO 3 CM                                                                                                                                                                                                                                                                                                                                                                                                                           ","UN    ","CR",183.8]
["36205SINAPI",36205,"SINAPI","BARRA DE APOIO RETA, EM ACO INOX POLIDO, COMPRIMENTO 70CM, DIAMETRO MINIMO 3 CM                                                                                                                                                                                                                                                                                                                                                                                                                           ","UN    ","CR",204.12]
["36081SINAPI",36081,"SINAPI","BARRA DE APOIO RETA, EM ACO INOX POLIDO, COMPRIMENTO 80CM, DIAMETRO MINIMO 3 CM                                                                                                                                                                                                                                                                                                                                                                                                                           ","UN    ","C ",217.65]
["36206SINAPI",36206,"SINAPI","BARRA DE APOIO RETA, EM ACO INOX POLIDO, COMPRIMENTO 90 CM, DIAMETRO MINIMO 3 CM                                                                                                                                                                                                                                                                                                                                                                                                                          ","UN    ","CR",228.02]
["36218SINAPI",36218,"SINAPI","BARRA DE APOIO RETA, EM ALUMINIO, COMPRIMENTO 60CM, DIAMETRO MINIMO 3 CM                                                                                                                                                                                                                                                                                                                                                                                                                                  ","UN    ","AS",156]
["36220SINAPI",36220,"SINAPI","BARRA DE APOIO RETA, EM ALUMINIO, COMPRIMENTO 70CM, DIAMETRO MINIMO 3 CM                                                                                                                                                                                                                                                                                                                                                                                                                                  ","UN    ","AS",178.88]
["36080SINAPI",36080,"SINAPI","BARRA DE APOIO RETA, EM ALUMINIO, COMPRIMENTO 80 CM, DIAMETRO MINIMO 3 CM                                                                                                                                                                                                                                                                                                                                                                                                                                 ","UN    ","AS",193.49]
["36223SINAPI",36223,"SINAPI","BARRA DE APOIO RETA, EM ALUMINIO, COMPRIMENTO 90 CM, DIAMETRO MINIMO 3 CM                                                                                                                                                                                                                                                                                                                                                                                                                                 ","UN    ","AS",202.61]
["38127SINAPI",38127,"SINAPI","BASE DE MISTURADOR MONOCOMANDO PARA CHUVEIRO, DE PAREDE (NAO INCLUI ACABAMENTOS)                                                                                                                                                                                                                                                                                                                                                                                                                          ","UN    ","CR",707.01]
["38060SINAPI",38060,"SINAPI","BASE PARA MASTRO DE PARA-RAIOS DIAMETRO NOMINAL 1 1/2\"                                                                                                                                                                                                                                                                                                                                                                                                                                                    ","UN    ","AS",57.92]
["10956SINAPI",10956,"SINAPI","BASE PARA MASTRO DE PARA-RAIOS DIAMETRO NOMINAL 2\"                                                                                                                                                                                                                                                                                                                                                                                                                                                        ","UN    ","AS",63.51]
["39380SINAPI",39380,"SINAPI","BASE PARA RELE COM SUPORTE METALICO                                                                                                                                                                                                                                                                                                                                                                                                                                                                       ","UN    ","AS",21.11]
["44172SINAPI",44172,"SINAPI","BASTIDOR PARA BLOCO M10                                                                                                                                                                                                                                                                                                                                                                                                                                                                                   ","UN    ","AS",5.75]
["37597SINAPI",37597,"SINAPI","BATE-ESTACAS POR GRAVIDADE, POTENCIA160 HP, PESO DO MARTELO ATE 3 TONELADAS                                                                                                                                                                                                                                                                                                                                                                                                                               ","UN    ","AS",632675.78]
["183SINAPI",183,"SINAPI","BATENTE / PORTAL / ADUELA / MARCO EM MADEIRA MACICA COM REBAIXO, E = *3* CM, L = *14* CM, PARA PORTAS DE  GIRO DE *60 CM A 120* CM  X *210* CM, CEDRINHO / ANGELIM COMERCIAL / TAURI / CURUPIXA / PEROBA / CUMARU OU EQUIVALENTE DA REGIAO (NAO INCLUI ALIZARES)                                                                                                                                                                                                                                          ","JG    ","C ",140]
["184SINAPI",184,"SINAPI","BATENTE / PORTAL / ADUELA / MARCO EM MADEIRA MACICA COM REBAIXO, E = *3* CM, L = *14* CM, PARA PORTAS DE  GIRO DE *60 CM A 120* CM  X *210* CM, PINUS / EUCALIPTO / VIROLA OU EQUIVALENTE DA REGIAO (NAO INCLUI ALIZARES)                                                                                                                                                                                                                                                                                 ","JG    ","CR",86.7]
["181SINAPI",181,"SINAPI","BATENTE / PORTAL / ADUELA / MARCO EM MADEIRA MACICA COM REBAIXO, E = *3* CM, L = *16* CM, PARA PORTAS DE  GIRO DE *60 CM A 120* CM  X *210* CM, CEDRINHO / ANGELIM COMERCIAL / TAURI / CURUPIXA / PEROBA / CUMARU OU EQUIVALENTE DA REGIAO (NAO INCLUI ALIZARES)                                                                                                                                                                                                                                          ","JG    ","CR",186.96]
["20001SINAPI",20001,"SINAPI","BATENTE / PORTAL / ADUELA / MARCO EM MADEIRA MACICA COM REBAIXO, E = *3* CM, L = *16* CM, PARA PORTAS DE  GIRO DE *60 CM A 120* CM  X *210* CM, PINUS / EUCALIPTO / VIROLA OU EQUIVALENTE DA REGIAO (NAO INCLUI ALIZARES)                                                                                                                                                                                                                                                                                 ","JG    ","CR",108.38]
["39837SINAPI",39837,"SINAPI","BATENTE/PORTAL/ADUELA/MARCO, EM MDF/PVC WOOD/POLIESTIRENO OU MADEIRA LAMINADA, L = *9,0* CM COM GUARNICAO REGULAVEL 2 FACES = *35* MM, PRIMER                                                                                                                                                                                                                                                                                                                                                             ","JG    ","AS",375.71]
["43366SINAPI",43366,"SINAPI","BENTONITA, ARGILA CONSTITUIDA POR  MONTMORILONITA                                                                                                                                                                                                                                                                                                                                                                                                                                                         ","KG    ","AS",1.54]
[{"$f":"B455&C455","v":"10535SINAPI"},10535,"SINAPI","BETONEIRA CAPACIDADE NOMINAL 400 L, CAPACIDADE DE MISTURA  280 L, MOTOR ELETRICO TRIFASICO 220/380 V POTENCIA 2 CV, SEM CARREGADOR                                                                                                                                                                                                                                                                                                                                                                        ","UN    ","C ",5650]
["10537SINAPI",10537,"SINAPI","BETONEIRA CAPACIDADE NOMINAL 400 L, CAPACIDADE DE MISTURA 310 L, MOTOR A DIESEL POTENCIA 5 CV, SEM CARREGADOR                                                                                                                                                                                                                                                                                                                                                                                             ","UN    ","CR",7705.06]
["13891SINAPI",13891,"SINAPI","BETONEIRA CAPACIDADE NOMINAL 400 L, CAPACIDADE DE MISTURA 310 L, MOTOR A GASOLINA POTENCIA 5,5 CV, SEM CARREGADOR                                                                                                                                                                                                                                                                                                                                                                                         ","UN    ","CR",7067.28]
["44492SINAPI",44492,"SINAPI","BETONEIRA CAPACIDADE NOMINAL 600 L, CAPACIDADE DE MISTURA 440 L, MOTOR A GASOLINA POTENCIA 10 HP, COM  CARREGADOR                                                                                                                                                                                                                                                                                                                                                                                         ","UN    ","CR",30739.83]
["36396SINAPI",36396,"SINAPI","BETONEIRA, CAPACIDADE NOMINAL 400 L, CAPACIDADE DE MISTURA 310L, MOTOR ELETRICO TRIFASICO 220/380V POTENCIA 2 CV, SEM CARREGADOR                                                                                                                                                                                                                                                                                                                                                                          ","UN    ","CR",6463.98]
["36397SINAPI",36397,"SINAPI","BETONEIRA, CAPACIDADE NOMINAL 600 L, CAPACIDADE DE MISTURA  360L, MOTOR ELETRICO TRIFASICO 220/380V, POTENCIA 4CV, EXCLUSO CARREGADOR                                                                                                                                                                                                                                                                                                                                                                     ","UN    ","CR",22983.05]
["36398SINAPI",36398,"SINAPI","BETONEIRA, CAPACIDADE NOMINAL 600 L, CAPACIDADE DE MISTURA 440 L, MOTOR A DIESEL POTENCIA 10 CV, COM CARREGADOR                                                                                                                                                                                                                                                                                                                                                                                           ","UN    ","CR",27933.98]
["647SINAPI",647,"SINAPI","BLASTER, DINAMITADOR OU CABO DE FOGO (HORISTA)                                                                                                                                                                                                                                                                                                                                                                                                                                                            ","H     ","CR",15.25]
["40920SINAPI",40920,"SINAPI","BLASTER, DINAMITADOR OU CABO DE FOGO (MENSALISTA)                                                                                                                                                                                                                                                                                                                                                                                                                                                         ","MES   ","CR",2643.05]
["715SINAPI",715,"SINAPI","BLOCO / TIJOLO DE VIDRO INCOLOR, CANELADO / ONDULADO, *19 X 19 X 8* CM (A X L X E)                                                                                                                                                                                                                                                                                                                                                                                                                        ","UN    ","AS",16.55]
["716SINAPI",716,"SINAPI","BLOCO / TIJOLO DE VIDRO INCOLOR, XADREZ, *20 X 20 X 10* CM (A X L X E)                                                                                                                                                                                                                                                                                                                                                                                                                                    ","UN    ","AS",18.71]
["38783SINAPI",38783,"SINAPI","BLOCO CERAMICO / TIJOLO VAZADO PARA ALVENARIA DE VEDACAO, FUROS NA HORIZONTAL DE 11,5 X 19 X 19 CM (L X A X C)                                                                                                                                                                                                                                                                                                                                                                                            ","UN    ","CR",1.24]
["37593SINAPI",37593,"SINAPI","BLOCO CERAMICO / TIJOLO VAZADO PARA ALVENARIA DE VEDACAO, FUROS NA VERTICAL DE 14 X 19 X 39 CM (L X A X C)                                                                                                                                                                                                                                                                                                                                                                                                ","UN    ","CR",3.05]
["37594SINAPI",37594,"SINAPI","BLOCO CERAMICO / TIJOLO VAZADO PARA ALVENARIA DE VEDACAO, FUROS NA VERTICAL DE 19 X 19 X 39 CM (L X A X C)                                                                                                                                                                                                                                                                                                                                                                                                ","UN    ","CR",3.8]
["37592SINAPI",37592,"SINAPI","BLOCO CERAMICO / TIJOLO VAZADO PARA ALVENARIA DE VEDACAO, FUROS NA VERTICAL DE 9 X 19 X 39 CM (L X A X C)                                                                                                                                                                                                                                                                                                                                                                                                 ","UN    ","CR",2.4]
["7270SINAPI",7270,"SINAPI","BLOCO CERAMICO / TIJOLO VAZADO PARA ALVENARIA DE VEDACAO, 4 FUROS NA HORIZONTAL DE 9 X 9 X 19 CM (L X A X C)                                                                                                                                                                                                                                                                                                                                                                                              ","UN    ","CR",1.07]
["7267SINAPI",7267,"SINAPI","BLOCO CERAMICO / TIJOLO VAZADO PARA ALVENARIA DE VEDACAO, 6 FUROS NA HORIZONTAL DE 9 X 14 X 19 CM (L X A X C)                                                                                                                                                                                                                                                                                                                                                                                             ","UN    ","CR",0.84]
["7271SINAPI",7271,"SINAPI","BLOCO CERAMICO / TIJOLO VAZADO PARA ALVENARIA DE VEDACAO, 8 FUROS NA HORIZONTAL DE 9 X 19 X 19 CM (L X A X C)                                                                                                                                                                                                                                                                                                                                                                                             ","UN    ","C ",0.93]
["7268SINAPI",7268,"SINAPI","BLOCO CERAMICO / TIJOLO VAZADO PARA ALVENARIA DE VEDACAO, 8 FUROS NA HORIZONTAL DE 9 X 19 X 29 CM (L X A X C)                                                                                                                                                                                                                                                                                                                                                                                             ","UN    ","CR",1.29]
["41372SINAPI",41372,"SINAPI","BLOCO CONCRETO CELULAR AUTOCLAVADO 12,5 X 30 X 60 CM (E X A X C)                                                                                                                                                                                                                                                                                                                                                                                                                                          ","M2    ","AS",122.4]
["41371SINAPI",41371,"SINAPI","BLOCO CONCRETO CELULAR AUTOCLAVADO 7,5 X 30 X 60 CM (E X A X C)                                                                                                                                                                                                                                                                                                                                                                                                                                           ","M2    ","AS",72.34]
["34556SINAPI",34556,"SINAPI","BLOCO DE CONCRETO ESTRUTURAL 14 X 19 X 29 CM, FBK 10 MPA (NBR 6136)                                                                                                                                                                                                                                                                                                                                                                                                                                       ","UN    ","CR",5.42]
["37873SINAPI",37873,"SINAPI","BLOCO DE CONCRETO ESTRUTURAL 14 X 19 X 29 CM, FBK 12 MPA (NBR 6136)                                                                                                                                                                                                                                                                                                                                                                                                                                       ","UN    ","CR",5.52]
["34564SINAPI",34564,"SINAPI","BLOCO DE CONCRETO ESTRUTURAL 14 X 19 X 29 CM, FBK 14 MPA (NBR 6136)                                                                                                                                                                                                                                                                                                                                                                                                                                       ","UN    ","CR",5.78]
["34565SINAPI",34565,"SINAPI","BLOCO DE CONCRETO ESTRUTURAL 14 X 19 X 29 CM, FBK 16 MPA (NBR 6136)                                                                                                                                                                                                                                                                                                                                                                                                                                       ","UN    ","CR",6.11]
["38590SINAPI",38590,"SINAPI","BLOCO DE CONCRETO ESTRUTURAL 14 X 19 X 29 CM, FBK 4,5 MPA (NBR 6136)                                                                                                                                                                                                                                                                                                                                                                                                                                      ","UN    ","CR",4.5199999999999996]
["34566SINAPI",34566,"SINAPI","BLOCO DE CONCRETO ESTRUTURAL 14 X 19 X 29 CM, FBK 6 MPA (NBR 6136)                                                                                                                                                                                                                                                                                                                                                                                                                                        ","UN    ","CR",4.75]
["34567SINAPI",34567,"SINAPI","BLOCO DE CONCRETO ESTRUTURAL 14 X 19 X 29 CM, FBK 8 MPA (NBR 6136)                                                                                                                                                                                                                                                                                                                                                                                                                                        ","UN    ","CR",5.03]
["38591SINAPI",38591,"SINAPI","BLOCO DE CONCRETO ESTRUTURAL 14 X 19 X 34 CM, FBK 4,5 MPA (NBR 6136)                                                                                                                                                                                                                                                                                                                                                                                                                                      ","UN    ","CR",4.57]
["34568SINAPI",34568,"SINAPI","BLOCO DE CONCRETO ESTRUTURAL 14 X 19 X 39 CM, FBK 10 MPA (NBR 6136)                                                                                                                                                                                                                                                                                                                                                                                                                                       ","UN    ","CR",5.95]
["34569SINAPI",34569,"SINAPI","BLOCO DE CONCRETO ESTRUTURAL 14 X 19 X 39 CM, FBK 12 MPA (NBR 6136)                                                                                                                                                                                                                                                                                                                                                                                                                                       ","UN    ","CR",6.11]
["34570SINAPI",34570,"SINAPI","BLOCO DE CONCRETO ESTRUTURAL 14 X 19 X 39 CM, FBK 14 MPA (NBR 6136)                                                                                                                                                                                                                                                                                                                                                                                                                                       ","UN    ","CR",6.64]
["25070SINAPI",25070,"SINAPI","BLOCO DE CONCRETO ESTRUTURAL 14 X 19 X 39 CM, FBK 4,5 MPA (NBR 6136)                                                                                                                                                                                                                                                                                                                                                                                                                                      ","UN    ","CR",4.99]
["34571SINAPI",34571,"SINAPI","BLOCO DE CONCRETO ESTRUTURAL 14 X 19 X 39 CM, FBK 6 MPA (NBR 6136)                                                                                                                                                                                                                                                                                                                                                                                                                                        ","UN    ","CR",5.04]
["34573SINAPI",34573,"SINAPI","BLOCO DE CONCRETO ESTRUTURAL 14 X 19 X 39 CM, FBK 8 MPA (NBR 6136)                                                                                                                                                                                                                                                                                                                                                                                                                                        ","UN    ","CR",5.3]
["37107SINAPI",37107,"SINAPI","BLOCO DE CONCRETO ESTRUTURAL 14 X 19 X 39, FCK 16 MPA (NBR 6136)                                                                                                                                                                                                                                                                                                                                                                                                                                          ","UN    ","CR",7.01]
["34576SINAPI",34576,"SINAPI","BLOCO DE CONCRETO ESTRUTURAL 19 X 19 X 39 CM, FBK 10 MPA (NBR 6136)                                                                                                                                                                                                                                                                                                                                                                                                                                       ","UN    ","CR",7.73]
["34577SINAPI",34577,"SINAPI","BLOCO DE CONCRETO ESTRUTURAL 19 X 19 X 39 CM, FBK 12 MPA (NBR 6136)                                                                                                                                                                                                                                                                                                                                                                                                                                       ","UN    ","CR",8.07]
["34578SINAPI",34578,"SINAPI","BLOCO DE CONCRETO ESTRUTURAL 19 X 19 X 39 CM, FBK 14 MPA (NBR 6136)                                                                                                                                                                                                                                                                                                                                                                                                                                       ","UN    ","CR",8.75]
["34579SINAPI",34579,"SINAPI","BLOCO DE CONCRETO ESTRUTURAL 19 X 19 X 39 CM, FBK 16 MPA (NBR 6136)                                                                                                                                                                                                                                                                                                                                                                                                                                       ","UN    ","CR",9.33]
["25067SINAPI",25067,"SINAPI","BLOCO DE CONCRETO ESTRUTURAL 19 X 19 X 39 CM, FBK 4,5 MPA (NBR 6136)                                                                                                                                                                                                                                                                                                                                                                                                                                      ","UN    ","CR",6.25]
["34580SINAPI",34580,"SINAPI","BLOCO DE CONCRETO ESTRUTURAL 19 X 19 X 39 CM, FBK 8 MPA (NBR 6136)                                                                                                                                                                                                                                                                                                                                                                                                                                        ","UN    ","CR",6.97]
["25071SINAPI",25071,"SINAPI","BLOCO DE CONCRETO ESTRUTURAL 9 X 19 X 39 CM, FBK 4,5 MPA (NBR 6136)                                                                                                                                                                                                                                                                                                                                                                                                                                       ","UN    ","CR",3.47]
["44171SINAPI",44171,"SINAPI","BLOCO DE ENGATE RAPIDO PARA BASTIDOR TIPO M10                                                                                                                                                                                                                                                                                                                                                                                                                                                             ","UN    ","AS",16.420000000000002]
["38395SINAPI",38395,"SINAPI","BLOCO DE ESPUMA MULTIUSO *23 X 13 X 8* CM                                                                                                                                                                                                                                                                                                                                                                                                                                                                 ","UN    ","CR",7.48]
["34583SINAPI",34583,"SINAPI","BLOCO DE GESSO COMPACTO / MACICO, BRANCO, E = 10 CM, DIMENSOES *67 X 50* CM                                                                                                                                                                                                                                                                                                                                                                                                                               ","M2    ","CR",61.48]
["34584SINAPI",34584,"SINAPI","BLOCO DE GESSO VAZADO, BRANCO, E = *7* CM, DIMENSOES *67 X 50* CM                                                                                                                                                                                                                                                                                                                                                                                                                                         ","M2    ","CR",45.08]
["709SINAPI",709,"SINAPI","BLOCO DE POLIETILENO ALTA DENSIDADE, *27* X *30* X *100* CM, ACOMPANHADOS PLACAS  TERMINAIS  E LONGARINAS, PARA FUNDO DE FILTRO                                                                                                                                                                                                                                                                                                                                                                           ","M2    ","AS",733.61]
["34599SINAPI",34599,"SINAPI","BLOCO DE VEDACAO CONCRETO APARENTE 9 X 19 X 39 CM (CLASSE C - NBR 6136)                                                                                                                                                                                                                                                                                                                                                                                                                                   ","UN    ","CR",3.57]
["34592SINAPI",34592,"SINAPI","BLOCO DE VEDACAO CONCRETO 14 X 19 X 29 CM (CLASSE C - NBR 6136)                                                                                                                                                                                                                                                                                                                                                                                                                                           ","UN    ","CR",3.97]
["37103SINAPI",37103,"SINAPI","BLOCO DE VEDACAO DE CONCRETO APARENTE 14 X 19 X 39 CM (CLASSE C - NBR 6136)                                                                                                                                                                                                                                                                                                                                                                                                                               ","UN    ","CR",4.54]
["34555SINAPI",34555,"SINAPI","BLOCO DE VEDACAO DE CONCRETO APARENTE 19 X 19 X 39 CM  (CLASSE C - NBR 6136)                                                                                                                                                                                                                                                                                                                                                                                                                              ","UN    ","CR",5.77]
["674SINAPI",674,"SINAPI","BLOCO DE VEDACAO DE CONCRETO CELULAR AUTOCLAVADO 10 X 30 X 60 CM (E X A X C)                                                                                                                                                                                                                                                                                                                                                                                                                              ","M2    ","AS",87.21]
["34600SINAPI",34600,"SINAPI","BLOCO DE VEDACAO DE CONCRETO CELULAR AUTOCLAVADO 15 X 30 X 60 CM (E X A X C)                                                                                                                                                                                                                                                                                                                                                                                                                              ","M2    ","AS",128.1]
["652SINAPI",652,"SINAPI","BLOCO DE VEDACAO DE CONCRETO CELULAR AUTOCLAVADO 20 X 30 X 60 CM (E X A X C)                                                                                                                                                                                                                                                                                                                                                                                                                              ","M2    ","AS",196.23]
["651SINAPI",651,"SINAPI","BLOCO DE VEDACAO DE CONCRETO 14 X 19 X 39 CM (CLASSE C - NBR 6136)                                                                                                                                                                                                                                                                                                                                                                                                                                        ","UN    ","CR",4.38]
["654SINAPI",654,"SINAPI","BLOCO DE VEDACAO DE CONCRETO 19 X 19 X 39 CM (CLASSE C - NBR 6136)                                                                                                                                                                                                                                                                                                                                                                                                                                        ","UN    ","CR",5.42]
["650SINAPI",650,"SINAPI","BLOCO DE VEDACAO DE CONCRETO, 9 X 19 X 39 CM (CLASSE C - NBR 6136)                                                                                                                                                                                                                                                                                                                                                                                                                                        ","UN    ","C ",3.5]
["718SINAPI",718,"SINAPI","BLOCO DE VIDRO / ELEMENTO VAZADO, INCOLOR, VENEZIANA, *20 X 20 X 6* CM (A X L X E)                                                                                                                                                                                                                                                                                                                                                                                                                        ","UN    ","AS",16.350000000000001]
["11981SINAPI",11981,"SINAPI","BLOCO DE VIDRO / ELEMENTO VAZADO, INCOLOR, VENEZIANA, DE *20 X 10 X 8* CM (A X L X E)                                                                                                                                                                                                                                                                                                                                                                                                                     ","UN    ","AS",15.88]
["34590SINAPI",34590,"SINAPI","BLOCO ESTRUTURAL CERAMICO DE  19 X 19 X 29 CM (L X A X C) E 6,0 MPA                                                                                                                                                                                                                                                                                                                                                                                                                                       ","UN    ","CR",3.11]
["34586SINAPI",34586,"SINAPI","BLOCO ESTRUTURAL CERAMICO DE 14 X 19 X 29 CM (L X A X C) E 6,0 MPA                                                                                                                                                                                                                                                                                                                                                                                                                                        ","UN    ","CR",2.61]
["38603SINAPI",38603,"SINAPI","BLOCO ESTRUTURAL CERAMICO DE 14 X 19 X 34 CM (L X A X C) E 6,0 MPA                                                                                                                                                                                                                                                                                                                                                                                                                                        ","UN    ","CR",3.16]
["34588SINAPI",34588,"SINAPI","BLOCO ESTRUTURAL CERAMICO DE 14 X 19 X 39 CM (L X A X C) E 6,0 MPA                                                                                                                                                                                                                                                                                                                                                                                                                                        ","UN    ","CR",3.41]
[{"$f":"B519&C519","v":"34591SINAPI"},34591,"SINAPI","BLOCO ESTRUTURAL CERAMICO DE 19 X 19 X 39 CM (L X A X C) E 6,0 MPA                                                                                                                                                                                                                                                                                                                                                                                                                                        ","UN    ","CR",4.22]
["40517SINAPI",40517,"SINAPI","BLOQUETE/PISO DE CONCRETO - MODELO PISOGRAMA/CONCREGRAMA 2 FUROS, DIMENSOES APROX. DE *35 X 15* CM E ESPESSURA DE 7 CM (+/- 1 CM), COR NATURAL                                                                                                                                                                                                                                                                                                                                                            ","M2    ","CR",64.98]
["40515SINAPI",40515,"SINAPI","BLOQUETE/PISO DE CONCRETO - MODELO PISOGRAMA/CONCREGRAMA/PAVI-GRADE/GRAMEIRO, DIMENSOES APROXIMADAS DE *60 X 45* CM E ESPESSURA DE 8 CM (+/- 1 CM), COR NATURAL                                                                                                                                                                                                                                                                                                                                           ","M2    ","CR",146.19999999999999]
["40524SINAPI",40524,"SINAPI","BLOQUETE/PISO INTERTRAVADO DE CONCRETO - MODELO ONDA/16 FACES/RETANGULAR/TIJOLINHO/PAVER/HOLANDES/PARALELEPIPEDO, *20 X 10* CM, E = 10 CM, RESISTENCIA DE 35 MPA, COR NATURAL                                                                                                                                                                                                                                                                                                                             ","M2    ","CR",91.37]
["40529SINAPI",40529,"SINAPI","BLOQUETE/PISO INTERTRAVADO DE CONCRETO - MODELO ONDA/16 FACES/RETANGULAR/TIJOLINHO/PAVER/HOLANDES/PARALELEPIPEDO, *20 X 10* CM, E = 10 CM, RESISTENCIA DE 50 MPA, COR NATURAL                                                                                                                                                                                                                                                                                                                             ","M2    ","CR",93.41]
["36156SINAPI",36156,"SINAPI","BLOQUETE/PISO INTERTRAVADO DE CONCRETO - MODELO ONDA/16 FACES/RETANGULAR/TIJOLINHO/PAVER/HOLANDES/PARALELEPIPEDO, *20 X 10* CM, E = 6 CM, RESISTENCIA DE 35 MPA, COLORIDO                                                                                                                                                                                                                                                                                                                                 ","M2    ","CR",71.069999999999993]
["36155SINAPI",36155,"SINAPI","BLOQUETE/PISO INTERTRAVADO DE CONCRETO - MODELO ONDA/16 FACES/RETANGULAR/TIJOLINHO/PAVER/HOLANDES/PARALELEPIPEDO, *20 X 10* CM, E = 6 CM, RESISTENCIA DE 35 MPA, COR NATURAL                                                                                                                                                                                                                                                                                                                              ","M2    ","CR",61.35]
["36154SINAPI",36154,"SINAPI","BLOQUETE/PISO INTERTRAVADO DE CONCRETO - MODELO ONDA/16 FACES/RETANGULAR/TIJOLINHO/PAVER/HOLANDES/PARALELEPIPEDO, *20 X 10* CM, E = 8 CM, RESISTENCIA DE 35 MPA, COLORIDO                                                                                                                                                                                                                                                                                                                                 ","M2    ","CR",85.28]
["36170SINAPI",36170,"SINAPI","BLOQUETE/PISO INTERTRAVADO DE CONCRETO - MODELO ONDA/16 FACES/RETANGULAR/TIJOLINHO/PAVER/HOLANDES/PARALELEPIPEDO, *20 X 10* CM, E = 8 CM, RESISTENCIA DE 35 MPA, COR NATURAL                                                                                                                                                                                                                                                                                                                              ","M2    ","C ",77.5]
["695SINAPI",695,"SINAPI","BLOQUETE/PISO INTERTRAVADO DE CONCRETO - MODELO RAQUETE, *22 X 13,5* CM, E = 6 CM, RESISTENCIA DE 35 MPA, COR NATURAL                                                                                                                                                                                                                                                                                                                                                                                     ","M2    ","CR",62.64]
["679SINAPI",679,"SINAPI","BLOQUETE/PISO INTERTRAVADO DE CONCRETO - MODELO SEXTAVADO / HEXAGONAL, *25 X 25* CM, E = 10 CM, RESISTENCIA DE 35 MPA, COR NATURAL                                                                                                                                                                                                                                                                                                                                                                        ","M2    ","CR",93.41]
["711SINAPI",711,"SINAPI","BLOQUETE/PISO INTERTRAVADO DE CONCRETO - MODELO SEXTAVADO / HEXAGONAL, *25 X 25* CM, E = 6 CM, RESISTENCIA DE 35 MPA, COR NATURAL                                                                                                                                                                                                                                                                                                                                                                         ","M2    ","CR",61.79]
["712SINAPI",712,"SINAPI","BLOQUETE/PISO INTERTRAVADO DE CONCRETO - MODELO SEXTAVADO / HEXAGONAL, *25 X 25* CM, E = 8 CM, RESISTENCIA DE 35 MPA, COR NATURAL                                                                                                                                                                                                                                                                                                                                                                         ","M2    ","CR",77.83]
["12614SINAPI",12614,"SINAPI","BOCAL PVC, PARA CALHA PLUVIAL, DIAMETRO DA SAIDA ENTRE *75 E 120* MM, PARA DRENAGEM PLUVIAL PREDIAL                                                                                                                                                                                                                                                                                                                                                                                                       ","UN    ","CR",47.68]
["6140SINAPI",6140,"SINAPI","BOLSA DE LIGACAO EM PVC FLEXIVEL PARA VASO SANITARIO 40 MM (1 1/2\")                                                                                                                                                                                                                                                                                                                                                                                                                                       ","UN    ","CR",3.91]
["38399SINAPI",38399,"SINAPI","BOLSA DE LONA PARA FERRAMENTAS *50 X 35 X 25* CM                                                                                                                                                                                                                                                                                                                                                                                                                                                          ","UN    ","CR",265.68]
["735SINAPI",735,"SINAPI","BOMBA CENTRIFUGA  MOTOR ELETRICO TRIFASICO 1,48HP  DIAMETRO DE SUCCAO X ELEVACAO 1\" X 1\", 4 ESTAGIOS, DIAMETRO DOS ROTORES 3 X 107 MM + 1 X 100 MM, HM/Q: 10 M / 5,3 M3/H A 70 M / 1,8 M3/H                                                                                                                                                                                                                                                                                                               ","UN    ","CR",2769.82]
["736SINAPI",736,"SINAPI","BOMBA CENTRIFUGA  MOTOR ELETRICO TRIFASICO 2,96HP, DIAMETRO DE SUCCAO X ELEVACAO 1 1/2\" X 1 1/4\", DIAMETRO DO ROTOR 148 MM, HM/Q: 34 M / 14,80 M3/H A 40 M / 8,60 M3/H                                                                                                                                                                                                                                                                                                                                    ","UN    ","CR",2328.92]
["729SINAPI",729,"SINAPI","BOMBA CENTRIFUGA COM MOTOR ELETRICO MONOFASICO, POTENCIA 0,33 HP,  BOCAIS 1\" X 3/4\", DIAMETRO DO ROTOR 99 MM, HM/Q = 4 MCA / 8,5 M3/H A 18 MCA / 0,90 M3/H                                                                                                                                                                                                                                                                                                                                                ","UN    ","C ",949.06]
["39925SINAPI",39925,"SINAPI","BOMBA CENTRIFUGA MONOESTAGIO COM MOTOR ELETRICO MONOFASICO, POTENCIA 15 HP,  DIAMETRO DO ROTOR *173* MM, HM/Q = *30* MCA / *90* M3/H A *45* MCA / *55* M3/H                                                                                                                                                                                                                                                                                                                                               ","UN    ","CR",13713.83]
["731SINAPI",731,"SINAPI","BOMBA CENTRIFUGA MOTOR ELETRICO MONOFASICO 0,49 HP  BOCAIS 1\" X 3/4\", DIAMETRO DO ROTOR 110 MM, HM/Q: 6 M / 8,3 M3/H A 20 M / 1,2 M3/H                                                                                                                                                                                                                                                                                                                                                                    ","UN    ","CR",923.67]
["10575SINAPI",10575,"SINAPI","BOMBA CENTRIFUGA MOTOR ELETRICO MONOFASICO 0,50 CV DIAMETRO DE SUCCAO X ELEVACAO 3/4\" X 3/4\", MONOESTAGIO, DIAMETRO DOS ROTORES 114 MM, HM/Q: 2 M / 2,99 M3/H A 24 M / 0,71 M3/H                                                                                                                                                                                                                                                                                                                          ","UN    ","CR",1441.45]
["733SINAPI",733,"SINAPI","BOMBA CENTRIFUGA MOTOR ELETRICO MONOFASICO 0,74HP  DIAMETRO DE SUCCAO X ELEVACAO 1 1/4\" X 1\", DIAMETRO DO ROTOR 120 MM, HM/Q: 8 M / 7,70 M3/H A 24 M / 2,80 M3/H                                                                                                                                                                                                                                                                                                                                          ","UN    ","CR",1578.22]
["732SINAPI",732,"SINAPI","BOMBA CENTRIFUGA MOTOR ELETRICO TRIFASICO 0,99HP  DIAMETRO DE SUCCAO X ELEVACAO 1\" X 1\", DIAMETRO DO ROTOR 145 MM, HM/Q: 14 M / 8,4 M3/H A 40 M / 0,60 M3/H                                                                                                                                                                                                                                                                                                                                               ","UN    ","CR",1557]
["737SINAPI",737,"SINAPI","BOMBA CENTRIFUGA MOTOR ELETRICO TRIFASICO 14,8 HP, DIAMETRO DE SUCCAO X ELEVACAO 2 1/2\" X 2\", DIAMETRO DO ROTOR 195 MM, HM/Q: 62 M / 55,5 M3/H A 80 M / 31,50 M3/H                                                                                                                                                                                                                                                                                                                                        ","UN    ","CR",8731.2000000000007]
["738SINAPI",738,"SINAPI","BOMBA CENTRIFUGA MOTOR ELETRICO TRIFASICO 5HP, DIAMETRO DE SUCCAO X ELEVACAO 2\" X 1 1/2\", DIAMETRO DO ROTOR 155 MM, HM/Q: 40 M / 20,40 M3/H A 46 M / 9,20 M3/H                                                                                                                                                                                                                                                                                                                                            ","UN    ","CR",4048.59]
["740SINAPI",740,"SINAPI","BOMBA CENTRIFUGA MOTOR ELETRICO TRIFASICO 9,86 DIAMETRO DE SUCCAO X ELEVACAO 1\" X 1\", 4 ESTAGIOS, DIAMETRO DOS ROTORES 4 X 146 MM, HM/Q: 85 M / 14,9 M3/H A 140 M / 4,2 M3/H                                                                                                                                                                                                                                                                                                                              ","UN    ","CR",8213.76]
["734SINAPI",734,"SINAPI","BOMBA CENTRIFUGA,  MOTOR ELETRICO TRIFASICO 1,48HP  DIAMETRO DE SUCCAO X ELEVACAO 1 1/2\" X 1\", DIAMETRO DO ROTOR 117 MM, HM/Q: 10 M / 21,9 M3/H A 24 M / 6,1 M3/H                                                                                                                                                                                                                                                                                                                                         ","UN    ","CR",1669.1]
["39008SINAPI",39008,"SINAPI","BOMBA DE PROJECAO DE CONCRETO SECO, POTENCIA 10 CV, VAZAO 3 M3/H                                                                                                                                                                                                                                                                                                                                                                                                                                          ","UN    ","CR",68875.22]
["39009SINAPI",39009,"SINAPI","BOMBA DE PROJECAO DE CONCRETO SECO, POTENCIA 10 CV, VAZAO 6 M3/H                                                                                                                                                                                                                                                                                                                                                                                                                                          ","UN    ","CR",73791.27]
["10587SINAPI",10587,"SINAPI","BOMBA SUBMERSA PARA POCOS TUBULARES PROFUNDOS DIAMETRO DE 4 POLEGADAS, ELETRICA, MONOFASICA, POTENCIA 0,49 HP, 13 ESTAGIOS, BOCAL DE DESCARGA DIAMETRO DE UMA POLEGADA E MEIA, HM/Q = 18 M / 1,90 M3/H A 85 M / 0,60 M3/H                                                                                                                                                                                                                                                                                 ","UN    ","CR",3700.4]
["759SINAPI",759,"SINAPI","BOMBA SUBMERSA PARA POCOS TUBULARES PROFUNDOS DIAMETRO DE 4 POLEGADAS, ELETRICA, TRIFASICA, POTENCIA 1,97 HP, 20 ESTAGIOS, BOCAL DE DESCARGA DIAMETRO DE UMA POLEGADA E MEIA, HM/Q = 18 M / 5,40 M3/H A 164 M / 0,80 M3/H                                                                                                                                                                                                                                                                                 ","UN    ","CR",5320.44]
["761SINAPI",761,"SINAPI","BOMBA SUBMERSA PARA POCOS TUBULARES PROFUNDOS DIAMETRO DE 4 POLEGADAS, ELETRICA, TRIFASICA, POTENCIA 5,42 HP, 15 ESTAGIOS, BOCAL DE DESCARGA DIAMETRO DE 2 POLEGADAS, HM/Q = 18 M / 18,10 M3/H A 121 M / 2,90 M3/H                                                                                                                                                                                                                                                                                        ","UN    ","CR",9018.59]
["750SINAPI",750,"SINAPI","BOMBA SUBMERSA PARA POCOS TUBULARES PROFUNDOS DIAMETRO DE 4 POLEGADAS, ELETRICA, TRIFASICA, POTENCIA 5,42 HP, 29 ESTAGIOS, BOCAL DE DESCARGA DE UMA POLEGADA E MEIA, HM/Q = 18 M / 8,10 M3/H A 201 M / 3,2 M3/H                                                                                                                                                                                                                                                                                           ","UN    ","CR",8562.43]
["755SINAPI",755,"SINAPI","BOMBA SUBMERSA PARA POCOS TUBULARES PROFUNDOS DIAMETRO DE 6 POLEGADAS, ELETRICA, TRIFASICA, POTENCIA 27,12 HP, 7 ESTAGIOS, BOCAL DE DESCARGA DIAMETRO DE 4 POLEGADAS, HM/Q = 13,9 M / 90 M3/H A 44,0 M / 25,0 M3/H                                                                                                                                                                                                                                                                                        ","UN    ","CR",35136.080000000002]
["749SINAPI",749,"SINAPI","BOMBA SUBMERSA PARA POCOS TUBULARES PROFUNDOS DIAMETRO DE 6 POLEGADAS, ELETRICA, TRIFASICA, POTENCIA 3,45 HP, 5 ESTAGIOS, BOCAL DE DESCARGA DIAMETRO DE 2 POLEGADAS, HM/Q = 68,5 M / 6,12 M3/H A 39,5 M / 14,04 M3/H                                                                                                                                                                                                                                                                                      ","UN    ","CR",12922.4]
["756SINAPI",756,"SINAPI","BOMBA SUBMERSA PARA POCOS TUBULARES PROFUNDOS DIAMETRO DE 6 POLEGADAS, ELETRICA, TRIFASICA, POTENCIA 32 HP, 9 ESTAGIOS, BOCAL DE DESCARGA DIAMETRO DE 4 POLEGADAS, HM/Q = 114,0 M / 13,9 M3/H A 57,0 M / 25,0 M3/H                                                                                                                                                                                                                                                                                        ","UN    ","CR",38320.6]
["757SINAPI",757,"SINAPI","BOMBA SUBMERSIVEL,  ELETRICA, TRIFASICA, POTENCIA 6 HP, DIAMETRO DO ROTOR 127 MM, BOCAL DE SAIDA DIAMETRO DE 3 POLEGADAS, HM/Q = 7 M / 66,90 M3/H A 26 M / 2,88 M3/H                                                                                                                                                                                                                                                                                                                                      ","UN    ","CR",17400]
["10588SINAPI",10588,"SINAPI","BOMBA SUBMERSIVEL, ELETRICA, TRIFASICA, POTENCIA 0,98 HP, DIAMETRO DO ROTOR 142 MM SEMIABERTO, BOCAL DE SAIDA DIAMETRO DE 2 POLEGADAS, HM/Q = 2 M / 32 M3/H A 8 M / 16 M3/H                                                                                                                                                                                                                                                                                                                               ","UN    ","CR",3841.48]
["10592SINAPI",10592,"SINAPI","BOMBA SUBMERSIVEL, ELETRICA, TRIFASICA, POTENCIA 0,99 HP, DIAMETRO ROTOR 98 MM SEMIABERTO, BOCAL DE SAIDA DIAMETRO 2 POLEGADAS, HM/Q = 2 M / 28,90 M3/H A 14 M / 7 M3/H                                                                                                                                                                                                                                                                                                                                   ","UN    ","C ",4640]
["10589SINAPI",10589,"SINAPI","BOMBA SUBMERSIVEL, ELETRICA, TRIFASICA, POTENCIA 1,97 HP, DIAMETRO DO ROTOR 144 MM SEMIABERTO, BOCAL DE SAIDA DIAMETRO DE 2 POLEGADAS, HM/Q = 2 M / 26,8 M3/H A 28 M / 4,6 M3/H                                                                                                                                                                                                                                                                                                                           ","UN    ","CR",6233.55]
["760SINAPI",760,"SINAPI","BOMBA SUBMERSIVEL, ELETRICA, TRIFASICA, POTENCIA 13 HP, DIAMETRO DO ROTOR 170 MM, BOCAL DE SAIDA DIAMETRO DE 3 POLEGADAS, HM/Q = 11 M / 68,40 M3/H A 72 M / 3,6 M3/H                                                                                                                                                                                                                                                                                                                                      ","UN    ","CR",34800]
["751SINAPI",751,"SINAPI","BOMBA SUBMERSIVEL, ELETRICA, TRIFASICA, POTENCIA 2,96 HP, DIAMETRO DO ROTOR 144 MM SEMIABERTO, BOCAL DE SAIDA DIAMETRO DE DUAS POLEGADAS, HM/Q = 2 M / 38,8 M3/H A 28 M / 5 M3/H                                                                                                                                                                                                                                                                                                                          ","UN    ","CR",5481]
["754SINAPI",754,"SINAPI","BOMBA SUBMERSIVEL, ELETRICA, TRIFASICA, POTENCIA 3,75 HP, DIAMETRO DO ROTOR 90 MM SEMIABERTO, BOCAL DE SAIDA DIAMETRO DE 2 POLEGADAS, HM/Q = 5 M / 61,2 M3/H A 25,5 M / 3,6 M3/H                                                                                                                                                                                                                                                                                                                          ","UN    ","CR",8700]
["44489SINAPI",44489,"SINAPI","BOMBA TRIPLEX COM MOTOR A DIESEL, NACIONAL, DIAMETRO DE SUCCAO DE 2  1/2''                                                                                                                                                                                                                                                                                                                                                                                                                                ","UN    ","CR",235935.89]
["39917SINAPI",39917,"SINAPI","BOMBA TRIPLEX, PARA INJECAO DE CALDA DE CIMENTO, VAZAO MAXIMA DE *100* LITROS/MINUTO, PRESSAO MAXIMA DE *70* BAR, POTENCIA DE 15 CV                                                                                                                                                                                                                                                                                                                                                                       ","UN    ","CR",105797.31]
["38167SINAPI",38167,"SINAPI","BORBOLETA PARA JANELA TIPO GUILHOTINA, EM ZAMAC CROMADO                                                                                                                                                                                                                                                                                                                                                                                                                                                   ","PAR   ","CR",28.21]
["36145SINAPI",36145,"SINAPI","BOTA DE PVC PRETA, CANO MEDIO, SEM FORRO                                                                                                                                                                                                                                                                                                                                                                                                                                                                  ","PAR   ","CR",57.6]
["12893SINAPI",12893,"SINAPI","BOTA DE SEGURANCA COM BIQUEIRA DE ACO E COLARINHO ACOLCHOADO                                                                                                                                                                                                                                                                                                                                                                                                                                              ","PAR   ","CR",96]
["11685SINAPI",11685,"SINAPI","BRACO / CANO PARA CHUVEIRO ELETRICO, EM ALUMINIO, 30 CM X 1/2 \"                                                                                                                                                                                                                                                                                                                                                                                                                                           ","UN    ","CR",34.76]
["11680SINAPI",11680,"SINAPI","BRACO OU HASTE COM CANOPLA PLASTICA, 1/2 \", PARA CHUVEIRO SIMPLES                                                                                                                                                                                                                                                                                                                                                                                                                                         ","UN    ","AS",18.100000000000001]
["11679SINAPI",11679,"SINAPI","BRACO OU HASTE RETA COM CANOPLA PLASTICA, 1/2 \", PARA CHUVEIRO ELETRICO                                                                                                                                                                                                                                                                                                                                                                                                                                   ","UN    ","AS",24.55]
["2512SINAPI",2512,"SINAPI","BRACO P/ LUMINARIA PUBLICA 1 X 1,50M ROMAGNOLE OU EQUIV                                                                                                                                                                                                                                                                                                                                                                                                                                                   ","UN    ","AS",40.58]
["4374SINAPI",4374,"SINAPI","BUCHA DE NYLON SEM ABA S10                                                                                                                                                                                                                                                                                                                                                                                                                                                                                ","UN    ","CR",0.51]
["7568SINAPI",7568,"SINAPI","BUCHA DE NYLON SEM ABA S10, COM PARAFUSO DE 6,10 X 65 MM EM ACO ZINCADO COM ROSCA SOBERBA, CABECA CHATA E FENDA PHILLIPS                                                                                                                                                                                                                                                                                                                                                                                  ","UN    ","CR",0.86]
["7584SINAPI",7584,"SINAPI","BUCHA DE NYLON SEM ABA S12, COM PARAFUSO DE 5/16\" X 80 MM EM ACO ZINCADO COM ROSCA SOBERBA E CABECA SEXTAVADA                                                                                                                                                                                                                                                                                                                                                                                             ","UN    ","CR",1.31]
["11945SINAPI",11945,"SINAPI","BUCHA DE NYLON SEM ABA S4                                                                                                                                                                                                                                                                                                                                                                                                                                                                                 ","UN    ","CR",0.08]
["11946SINAPI",11946,"SINAPI","BUCHA DE NYLON SEM ABA S5                                                                                                                                                                                                                                                                                                                                                                                                                                                                                 ","UN    ","CR",0.09]
["4375SINAPI",4375,"SINAPI","BUCHA DE NYLON SEM ABA S6                                                                                                                                                                                                                                                                                                                                                                                                                                                                                 ","UN    ","C ",0.14000000000000001]
["11950SINAPI",11950,"SINAPI","BUCHA DE NYLON SEM ABA S6, COM PARAFUSO DE 4,20 X 40 MM EM ACO ZINCADO COM ROSCA SOBERBA, CABECA CHATA E FENDA PHILLIPS                                                                                                                                                                                                                                                                                                                                                                                   ","UN    ","CR",0.28000000000000003]
["4376SINAPI",4376,"SINAPI","BUCHA DE NYLON SEM ABA S8                                                                                                                                                                                                                                                                                                                                                                                                                                                                                 ","UN    ","CR",0.27]
["7583SINAPI",7583,"SINAPI","BUCHA DE NYLON SEM ABA S8, COM PARAFUSO DE 4,80 X 50 MM EM ACO ZINCADO COM ROSCA SOBERBA, CABECA CHATA E FENDA PHILLIPS                                                                                                                                                                                                                                                                                                                                                                                   ","UN    ","CR",0.57999999999999996]
["4350SINAPI",4350,"SINAPI","BUCHA DE NYLON, DIAMETRO DO FURO 8 MM, COMPRIMENTO 40 MM, COM PARAFUSO DE ROSCA SOBERBA, CABECA CHATA, FENDA SIMPLES, 4,8 X 50 MM                                                                                                                                                                                                                                                                                                                                                                         ","UN    ","CR",0.61]
["44400SINAPI",44400,"SINAPI","BUCHA DE REDUCAO CPVC, SOLDAVEL, 54 X 28 MM, PARA AGUA QUENTE                                                                                                                                                                                                                                                                                                                                                                                                                                             ","UN    ","AS",25.7]
[{"$f":"B583&C583","v":"39886SINAPI"},39886,"SINAPI","BUCHA DE REDUCAO DE COBRE (REF 600-2) SEM ANEL DE SOLDA, PONTA X BOLSA, 22 X 15 MM                                                                                                                                                                                                                                                                                                                                                                                                                        ","UN    ","AS",5.64]
["39887SINAPI",39887,"SINAPI","BUCHA DE REDUCAO DE COBRE (REF 600-2) SEM ANEL DE SOLDA, PONTA X BOLSA, 28 X 22 MM                                                                                                                                                                                                                                                                                                                                                                                                                        ","UN    ","AS",8.4600000000000009]
["39888SINAPI",39888,"SINAPI","BUCHA DE REDUCAO DE COBRE (REF 600-2) SEM ANEL DE SOLDA, PONTA X BOLSA, 35 X 28 MM                                                                                                                                                                                                                                                                                                                                                                                                                        ","UN    ","AS",19.36]
["39890SINAPI",39890,"SINAPI","BUCHA DE REDUCAO DE COBRE (REF 600-2) SEM ANEL DE SOLDA, PONTA X BOLSA, 42 X 35 MM                                                                                                                                                                                                                                                                                                                                                                                                                        ","UN    ","AS",33.04]
["39891SINAPI",39891,"SINAPI","BUCHA DE REDUCAO DE COBRE (REF 600-2) SEM ANEL DE SOLDA, PONTA X BOLSA, 54 X 42 MM                                                                                                                                                                                                                                                                                                                                                                                                                        ","UN    ","AS",46.59]
["39892SINAPI",39892,"SINAPI","BUCHA DE REDUCAO DE COBRE (REF 600-2) SEM ANEL DE SOLDA, PONTA X BOLSA, 66 X 54 MM                                                                                                                                                                                                                                                                                                                                                                                                                        ","UN    ","AS",145.22999999999999]
["790SINAPI",790,"SINAPI","BUCHA DE REDUCAO DE FERRO GALVANIZADO, COM ROSCA BSP, DE 1 1/2\" X 1 1/4\"                                                                                                                                                                                                                                                                                                                                                                                                                                  ","UN    ","AS",23.11]
["766SINAPI",766,"SINAPI","BUCHA DE REDUCAO DE FERRO GALVANIZADO, COM ROSCA BSP, DE 1 1/2\" X 1/2\"                                                                                                                                                                                                                                                                                                                                                                                                                                    ","UN    ","AS",23.11]
["791SINAPI",791,"SINAPI","BUCHA DE REDUCAO DE FERRO GALVANIZADO, COM ROSCA BSP, DE 1 1/2\" X 1\"                                                                                                                                                                                                                                                                                                                                                                                                                                      ","UN    ","AS",23.11]
["767SINAPI",767,"SINAPI","BUCHA DE REDUCAO DE FERRO GALVANIZADO, COM ROSCA BSP, DE 1 1/2\" X 3/4\"                                                                                                                                                                                                                                                                                                                                                                                                                                    ","UN    ","AS",23.11]
["768SINAPI",768,"SINAPI","BUCHA DE REDUCAO DE FERRO GALVANIZADO, COM ROSCA BSP, DE 1 1/4\" X 1/2\"                                                                                                                                                                                                                                                                                                                                                                                                                                    ","UN    ","AS",18.149999999999999]
["789SINAPI",789,"SINAPI","BUCHA DE REDUCAO DE FERRO GALVANIZADO, COM ROSCA BSP, DE 1 1/4\" X 1\"                                                                                                                                                                                                                                                                                                                                                                                                                                      ","UN    ","AS",17.760000000000002]
["769SINAPI",769,"SINAPI","BUCHA DE REDUCAO DE FERRO GALVANIZADO, COM ROSCA BSP, DE 1 1/4\" X 3/4\"                                                                                                                                                                                                                                                                                                                                                                                                                                    ","UN    ","AS",18.149999999999999]
["770SINAPI",770,"SINAPI","BUCHA DE REDUCAO DE FERRO GALVANIZADO, COM ROSCA BSP, DE 1/2\" X 1/4\"                                                                                                                                                                                                                                                                                                                                                                                                                                      ","UN    ","AS",6.4]
["12394SINAPI",12394,"SINAPI","BUCHA DE REDUCAO DE FERRO GALVANIZADO, COM ROSCA BSP, DE 1/2\" X 3/8\"                                                                                                                                                                                                                                                                                                                                                                                                                                      ","UN    ","AS",6.4]
["764SINAPI",764,"SINAPI","BUCHA DE REDUCAO DE FERRO GALVANIZADO, COM ROSCA BSP, DE 1\" X 1/2\"                                                                                                                                                                                                                                                                                                                                                                                                                                        ","UN    ","AS",11.17]
["765SINAPI",765,"SINAPI","BUCHA DE REDUCAO DE FERRO GALVANIZADO, COM ROSCA BSP, DE 1\" X 3/4\"                                                                                                                                                                                                                                                                                                                                                                                                                                        ","UN    ","AS",11.17]
["787SINAPI",787,"SINAPI","BUCHA DE REDUCAO DE FERRO GALVANIZADO, COM ROSCA BSP, DE 2 1/2\" X 1 1/2\"                                                                                                                                                                                                                                                                                                                                                                                                                                  ","UN    ","AS",49.89]
["774SINAPI",774,"SINAPI","BUCHA DE REDUCAO DE FERRO GALVANIZADO, COM ROSCA BSP, DE 2 1/2\" X 1 1/4\"                                                                                                                                                                                                                                                                                                                                                                                                                                  ","UN    ","AS",49.89]
["773SINAPI",773,"SINAPI","BUCHA DE REDUCAO DE FERRO GALVANIZADO, COM ROSCA BSP, DE 2 1/2\" X 1\"                                                                                                                                                                                                                                                                                                                                                                                                                                      ","UN    ","AS",49.89]
["775SINAPI",775,"SINAPI","BUCHA DE REDUCAO DE FERRO GALVANIZADO, COM ROSCA BSP, DE 2 1/2\" X 2\"                                                                                                                                                                                                                                                                                                                                                                                                                                      ","UN    ","AS",49.89]
["788SINAPI",788,"SINAPI","BUCHA DE REDUCAO DE FERRO GALVANIZADO, COM ROSCA BSP, DE 2\" X 1 1/2\"                                                                                                                                                                                                                                                                                                                                                                                                                                      ","UN    ","AS",31.01]
["772SINAPI",772,"SINAPI","BUCHA DE REDUCAO DE FERRO GALVANIZADO, COM ROSCA BSP, DE 2\" X 1 1/4\"                                                                                                                                                                                                                                                                                                                                                                                                                                      ","UN    ","AS",31.01]
["771SINAPI",771,"SINAPI","BUCHA DE REDUCAO DE FERRO GALVANIZADO, COM ROSCA BSP, DE 2\" X 1\"                                                                                                                                                                                                                                                                                                                                                                                                                                          ","UN    ","AS",31.01]
["779SINAPI",779,"SINAPI","BUCHA DE REDUCAO DE FERRO GALVANIZADO, COM ROSCA BSP, DE 3/4\" X 1/2\"                                                                                                                                                                                                                                                                                                                                                                                                                                      ","UN    ","AS",7.71]
["776SINAPI",776,"SINAPI","BUCHA DE REDUCAO DE FERRO GALVANIZADO, COM ROSCA BSP, DE 3\" X 1 1/2\"                                                                                                                                                                                                                                                                                                                                                                                                                                      ","UN    ","AS",73.55]
["777SINAPI",777,"SINAPI","BUCHA DE REDUCAO DE FERRO GALVANIZADO, COM ROSCA BSP, DE 3\" X 1 1/4\"                                                                                                                                                                                                                                                                                                                                                                                                                                      ","UN    ","AS",71.5]
["780SINAPI",780,"SINAPI","BUCHA DE REDUCAO DE FERRO GALVANIZADO, COM ROSCA BSP, DE 3\" X 2 1/2\"                                                                                                                                                                                                                                                                                                                                                                                                                                      ","UN    ","AS",71.86]
["778SINAPI",778,"SINAPI","BUCHA DE REDUCAO DE FERRO GALVANIZADO, COM ROSCA BSP, DE 3\" X 2\"                                                                                                                                                                                                                                                                                                                                                                                                                                          ","UN    ","AS",73.55]
["781SINAPI",781,"SINAPI","BUCHA DE REDUCAO DE FERRO GALVANIZADO, COM ROSCA BSP, DE 4\" X 2 1/2\"                                                                                                                                                                                                                                                                                                                                                                                                                                      ","UN    ","AS",135.9]
["786SINAPI",786,"SINAPI","BUCHA DE REDUCAO DE FERRO GALVANIZADO, COM ROSCA BSP, DE 4\" X 2\"                                                                                                                                                                                                                                                                                                                                                                                                                                          ","UN    ","AS",135.9]
["782SINAPI",782,"SINAPI","BUCHA DE REDUCAO DE FERRO GALVANIZADO, COM ROSCA BSP, DE 4\" X 3\"                                                                                                                                                                                                                                                                                                                                                                                                                                          ","UN    ","AS",135.9]
["783SINAPI",783,"SINAPI","BUCHA DE REDUCAO DE FERRO GALVANIZADO, COM ROSCA BSP, DE 5\" X 4\"                                                                                                                                                                                                                                                                                                                                                                                                                                          ","UN    ","AS",371.95]
["785SINAPI",785,"SINAPI","BUCHA DE REDUCAO DE FERRO GALVANIZADO, COM ROSCA BSP, DE 6\" X 4\"                                                                                                                                                                                                                                                                                                                                                                                                                                          ","UN    ","AS",393]
["784SINAPI",784,"SINAPI","BUCHA DE REDUCAO DE FERRO GALVANIZADO, COM ROSCA BSP, DE 6\" X 5\"                                                                                                                                                                                                                                                                                                                                                                                                                                          ","UN    ","AS",421.59]
["828SINAPI",828,"SINAPI","BUCHA DE REDUCAO DE PVC, SOLDAVEL, CURTA, COM 25 X 20 MM, PARA AGUA FRIA PREDIAL                                                                                                                                                                                                                                                                                                                                                                                                                          ","UN    ","CR",0.54]
["829SINAPI",829,"SINAPI","BUCHA DE REDUCAO DE PVC, SOLDAVEL, CURTA, COM 32 X 25 MM, PARA AGUA FRIA PREDIAL                                                                                                                                                                                                                                                                                                                                                                                                                          ","UN    ","CR",0.88]
["812SINAPI",812,"SINAPI","BUCHA DE REDUCAO DE PVC, SOLDAVEL, CURTA, COM 40 X 32 MM, PARA AGUA FRIA PREDIAL                                                                                                                                                                                                                                                                                                                                                                                                                          ","UN    ","CR",1.94]
["819SINAPI",819,"SINAPI","BUCHA DE REDUCAO DE PVC, SOLDAVEL, CURTA, COM 50 X 40 MM, PARA AGUA FRIA PREDIAL                                                                                                                                                                                                                                                                                                                                                                                                                          ","UN    ","CR",3.37]
["818SINAPI",818,"SINAPI","BUCHA DE REDUCAO DE PVC, SOLDAVEL, CURTA, COM 60 X 50 MM, PARA AGUA FRIA PREDIAL                                                                                                                                                                                                                                                                                                                                                                                                                          ","UN    ","CR",6.29]
["832SINAPI",832,"SINAPI","BUCHA DE REDUCAO DE PVC, SOLDAVEL, LONGA, COM 32 X 20 MM, PARA AGUA FRIA PREDIAL                                                                                                                                                                                                                                                                                                                                                                                                                          ","UN    ","CR",2.59]
["834SINAPI",834,"SINAPI","BUCHA DE REDUCAO DE PVC, SOLDAVEL, LONGA, COM 40 X 25 MM, PARA AGUA FRIA PREDIAL                                                                                                                                                                                                                                                                                                                                                                                                                          ","UN    ","CR",3.36]
["813SINAPI",813,"SINAPI","BUCHA DE REDUCAO DE PVC, SOLDAVEL, LONGA, COM 50 X 25 MM, PARA AGUA FRIA PREDIAL                                                                                                                                                                                                                                                                                                                                                                                                                          ","UN    ","CR",3.91]
["820SINAPI",820,"SINAPI","BUCHA DE REDUCAO DE PVC, SOLDAVEL, LONGA, COM 50 X 32 MM, PARA AGUA FRIA PREDIAL                                                                                                                                                                                                                                                                                                                                                                                                                          ","UN    ","CR",5.27]
["816SINAPI",816,"SINAPI","BUCHA DE REDUCAO DE PVC, SOLDAVEL, LONGA, COM 60 X 25 MM, PARA AGUA FRIA PREDIAL                                                                                                                                                                                                                                                                                                                                                                                                                          ","UN    ","CR",9.3800000000000008]
["814SINAPI",814,"SINAPI","BUCHA DE REDUCAO DE PVC, SOLDAVEL, LONGA, COM 60 X 32 MM, PARA AGUA FRIA PREDIAL                                                                                                                                                                                                                                                                                                                                                                                                                          ","UN    ","CR",11.66]
["822SINAPI",822,"SINAPI","BUCHA DE REDUCAO DE PVC, SOLDAVEL, LONGA, COM 60 X 50 MM, PARA AGUA FRIA PREDIAL                                                                                                                                                                                                                                                                                                                                                                                                                          ","UN    ","CR",15.22]
["821SINAPI",821,"SINAPI","BUCHA DE REDUCAO DE PVC, SOLDAVEL, LONGA, COM 75 X 50 MM, PARA AGUA FRIA PREDIAL                                                                                                                                                                                                                                                                                                                                                                                                                          ","UN    ","CR",17.399999999999999]
["20086SINAPI",20086,"SINAPI","BUCHA DE REDUCAO DE PVC, SOLDAVEL, LONGA, 50 X 40 MM, PARA ESGOTO PREDIAL                                                                                                                                                                                                                                                                                                                                                                                                                                 ","UN    ","CR",2.73]
["39191SINAPI",39191,"SINAPI","BUCHA DE REDUCAO EM ALUMINIO, COM ROSCA, DE 1 1/2\" X 1 1/4\", PARA ELETRODUTO                                                                                                                                                                                                                                                                                                                                                                                                                              ","UN    ","AS",21.55]
["39190SINAPI",39190,"SINAPI","BUCHA DE REDUCAO EM ALUMINIO, COM ROSCA, DE 1 1/2\" X 1\", PARA ELETRODUTO                                                                                                                                                                                                                                                                                                                                                                                                                                  ","UN    ","AS",22.52]
["39189SINAPI",39189,"SINAPI","BUCHA DE REDUCAO EM ALUMINIO, COM ROSCA, DE 1 1/2\" X 3/4\", PARA ELETRODUTO                                                                                                                                                                                                                                                                                                                                                                                                                                ","UN    ","AS",23.83]
["39186SINAPI",39186,"SINAPI","BUCHA DE REDUCAO EM ALUMINIO, COM ROSCA, DE 1 1/4\" X 1/2\", PARA ELETRODUTO                                                                                                                                                                                                                                                                                                                                                                                                                                ","UN    ","AS",21.32]
["39188SINAPI",39188,"SINAPI","BUCHA DE REDUCAO EM ALUMINIO, COM ROSCA, DE 1 1/4\" X 1\", PARA ELETRODUTO                                                                                                                                                                                                                                                                                                                                                                                                                                  ","UN    ","AS",17.54]
["39187SINAPI",39187,"SINAPI","BUCHA DE REDUCAO EM ALUMINIO, COM ROSCA, DE 1 1/4\" X 3/4\", PARA ELETRODUTO                                                                                                                                                                                                                                                                                                                                                                                                                                ","UN    ","AS",18.39]
["39184SINAPI",39184,"SINAPI","BUCHA DE REDUCAO EM ALUMINIO, COM ROSCA, DE 1\" X 1/2\", PARA ELETRODUTO                                                                                                                                                                                                                                                                                                                                                                                                                                    ","UN    ","AS",6.92]
["39185SINAPI",39185,"SINAPI","BUCHA DE REDUCAO EM ALUMINIO, COM ROSCA, DE 1\" X 3/4\", PARA ELETRODUTO                                                                                                                                                                                                                                                                                                                                                                                                                                    ","UN    ","AS",6.31]
["39198SINAPI",39198,"SINAPI","BUCHA DE REDUCAO EM ALUMINIO, COM ROSCA, DE 2 1/2\" X 1 1/2\", PARA ELETRODUTO                                                                                                                                                                                                                                                                                                                                                                                                                              ","UN    ","AS",70.709999999999994]
["39197SINAPI",39197,"SINAPI","BUCHA DE REDUCAO EM ALUMINIO, COM ROSCA, DE 2 1/2\" X 1 1/4\", PARA ELETRODUTO                                                                                                                                                                                                                                                                                                                                                                                                                              ","UN    ","AS",73.87]
["39196SINAPI",39196,"SINAPI","BUCHA DE REDUCAO EM ALUMINIO, COM ROSCA, DE 2 1/2\" X 1\", PARA ELETRODUTO                                                                                                                                                                                                                                                                                                                                                                                                                                  ","UN    ","AS",76.180000000000007]
["39199SINAPI",39199,"SINAPI","BUCHA DE REDUCAO EM ALUMINIO, COM ROSCA, DE 2 1/2\" X 2\", PARA ELETRODUTO                                                                                                                                                                                                                                                                                                                                                                                                                                  ","UN    ","AS",68.05]
["39195SINAPI",39195,"SINAPI","BUCHA DE REDUCAO EM ALUMINIO, COM ROSCA, DE 2\" X 1 1/2\", PARA ELETRODUTO                                                                                                                                                                                                                                                                                                                                                                                                                                  ","UN    ","AS",39.28]
["39194SINAPI",39194,"SINAPI","BUCHA DE REDUCAO EM ALUMINIO, COM ROSCA, DE 2\" X 1 1/4\", PARA ELETRODUTO                                                                                                                                                                                                                                                                                                                                                                                                                                  ","UN    ","AS",42.03]
["39193SINAPI",39193,"SINAPI","BUCHA DE REDUCAO EM ALUMINIO, COM ROSCA, DE 2\" X 1\", PARA ELETRODUTO                                                                                                                                                                                                                                                                                                                                                                                                                                      ","UN    ","AS",46.07]
[{"$f":"B647&C647","v":"39192SINAPI"},39192,"SINAPI","BUCHA DE REDUCAO EM ALUMINIO, COM ROSCA, DE 2\" X 3/4\", PARA ELETRODUTO                                                                                                                                                                                                                                                                                                                                                                                                                                    ","UN    ","AS",47.92]
["39920SINAPI",39920,"SINAPI","BUCHA DE REDUCAO EM ALUMINIO, COM ROSCA, DE 3/4\" X 1/2\",  PARA ELETRODUTO                                                                                                                                                                                                                                                                                                                                                                                                                                 ","UN    ","AS",5.8]
["39201SINAPI",39201,"SINAPI","BUCHA DE REDUCAO EM ALUMINIO, COM ROSCA, DE 3\" X 1 1/2\", PARA ELETRODUTO                                                                                                                                                                                                                                                                                                                                                                                                                                  ","UN    ","AS",84.54]
["39200SINAPI",39200,"SINAPI","BUCHA DE REDUCAO EM ALUMINIO, COM ROSCA, DE 3\" X 1 1/4\", PARA ELETRODUTO                                                                                                                                                                                                                                                                                                                                                                                                                                  ","UN    ","AS",85.22]
["39203SINAPI",39203,"SINAPI","BUCHA DE REDUCAO EM ALUMINIO, COM ROSCA, DE 3\" X 2 1/2\", PARA ELETRODUTO                                                                                                                                                                                                                                                                                                                                                                                                                                  ","UN    ","AS",68.81]
["39202SINAPI",39202,"SINAPI","BUCHA DE REDUCAO EM ALUMINIO, COM ROSCA, DE 3\" X 2\", PARA ELETRODUTO                                                                                                                                                                                                                                                                                                                                                                                                                                      ","UN    ","AS",80.84]
["39205SINAPI",39205,"SINAPI","BUCHA DE REDUCAO EM ALUMINIO, COM ROSCA, DE 4\" X 2 1/2\", PARA ELETRODUTO                                                                                                                                                                                                                                                                                                                                                                                                                                  ","UN    ","AS",134.86000000000001]
["39204SINAPI",39204,"SINAPI","BUCHA DE REDUCAO EM ALUMINIO, COM ROSCA, DE 4\" X 2\", PARA ELETRODUTO                                                                                                                                                                                                                                                                                                                                                                                                                                      ","UN    ","AS",138.13]
["39206SINAPI",39206,"SINAPI","BUCHA DE REDUCAO EM ALUMINIO, COM ROSCA, DE 4\" X 3\", PARA ELETRODUTO                                                                                                                                                                                                                                                                                                                                                                                                                                      ","UN    ","AS",131.04]
["798SINAPI",798,"SINAPI","BUCHA DE REDUCAO PVC ROSCAVEL 3/4\" X 1/2\"                                                                                                                                                                                                                                                                                                                                                                                                                                                                 ","UN    ","CR",1.08]
["797SINAPI",797,"SINAPI","BUCHA DE REDUCAO PVC, ROSCAVEL 1 1/2\" X 1\"                                                                                                                                                                                                                                                                                                                                                                                                                                                                ","UN    ","CR",7.88]
["796SINAPI",796,"SINAPI","BUCHA DE REDUCAO PVC, ROSCAVEL, 1 1/2\" X 3/4\"                                                                                                                                                                                                                                                                                                                                                                                                                                                             ","UN    ","CR",6.69]
["799SINAPI",799,"SINAPI","BUCHA DE REDUCAO PVC, ROSCAVEL, 1\" X 1/2\"                                                                                                                                                                                                                                                                                                                                                                                                                                                                 ","UN    ","CR",3.24]
["792SINAPI",792,"SINAPI","BUCHA DE REDUCAO PVC, ROSCAVEL, 1\" X 3/4\"                                                                                                                                                                                                                                                                                                                                                                                                                                                                 ","UN    ","CR",3.13]
["38001SINAPI",38001,"SINAPI","BUCHA DE REDUCAO, CPVC, SOLDAVEL, 22 X 15 MM, PARA AGUA QUENTE                                                                                                                                                                                                                                                                                                                                                                                                                                            ","UN    ","AS",0.95]
["38002SINAPI",38002,"SINAPI","BUCHA DE REDUCAO, CPVC, SOLDAVEL, 28 X 22 MM, PARA AGUA QUENTE                                                                                                                                                                                                                                                                                                                                                                                                                                            ","UN    ","AS",3.32]
["38003SINAPI",38003,"SINAPI","BUCHA DE REDUCAO, CPVC, SOLDAVEL, 35 X 28 MM, PARA AGUA QUENTE                                                                                                                                                                                                                                                                                                                                                                                                                                            ","UN    ","AS",22.66]
["38004SINAPI",38004,"SINAPI","BUCHA DE REDUCAO, CPVC, SOLDAVEL, 42 X 22 MM, PARA AGUA QUENTE                                                                                                                                                                                                                                                                                                                                                                                                                                            ","UN    ","AS",26.06]
["44263SINAPI",44263,"SINAPI","BUCHA DE REDUCAO, CPVC, SOLDAVEL, 54 X 35 MM, PARA AGUA QUENTE                                                                                                                                                                                                                                                                                                                                                                                                                                            ","UN    ","AS",46.78]
["36327SINAPI",36327,"SINAPI","BUCHA DE REDUCAO, PPR, DN 25 X 20 MM, PARA AGUA QUENTE PREDIAL                                                                                                                                                                                                                                                                                                                                                                                                                                            ","UN    ","AS",3.75]
["38992SINAPI",38992,"SINAPI","BUCHA DE REDUCAO, PPR, DN 32 X 25 MM, PARA AGUA QUENTE E FRIA PREDIAL                                                                                                                                                                                                                                                                                                                                                                                                                                     ","UN    ","AS",4.5599999999999996]
["38993SINAPI",38993,"SINAPI","BUCHA DE REDUCAO, PPR, DN 40 X 25 MM, PARA AGUA QUENTE E FRIA PREDIAL                                                                                                                                                                                                                                                                                                                                                                                                                                     ","UN    ","AS",11.85]
["44175SINAPI",44175,"SINAPI","BUCHA DE REDUCAO, PPR, DN 50 X 25 MM, PARA AGUA QUENTE E FRIA PREDIAL                                                                                                                                                                                                                                                                                                                                                                                                                                     ","UN    ","AS",20.68]
["44177SINAPI",44177,"SINAPI","BUCHA DE REDUCAO, PPR, DN 50 X 32 MM, PARA AGUA QUENTE E FRIA PREDIAL                                                                                                                                                                                                                                                                                                                                                                                                                                     ","UN    ","AS",15.45]
["38418SINAPI",38418,"SINAPI","BUCHA DE REDUCAO, PVC, LONGA, SERIE R, DN 50 X 40 MM, PARA ESGOTO PREDIAL                                                                                                                                                                                                                                                                                                                                                                                                                                 ","UN    ","CR",4.6900000000000004]
["39178SINAPI",39178,"SINAPI","BUCHA EM ALUMINIO, COM ROSCA, DE  1 1/2\", PARA ELETRODUTO                                                                                                                                                                                                                                                                                                                                                                                                                                                 ","UN    ","AS",2.33]
["39177SINAPI",39177,"SINAPI","BUCHA EM ALUMINIO, COM ROSCA, DE 1 1/4\", PARA ELETRODUTO                                                                                                                                                                                                                                                                                                                                                                                                                                                  ","UN    ","AS",2.11]
["39174SINAPI",39174,"SINAPI","BUCHA EM ALUMINIO, COM ROSCA, DE 1/2\", PARA ELETRODUTO                                                                                                                                                                                                                                                                                                                                                                                                                                                    ","UN    ","AS",1.05]
["39176SINAPI",39176,"SINAPI","BUCHA EM ALUMINIO, COM ROSCA, DE 1\", PARA ELETRODUTO                                                                                                                                                                                                                                                                                                                                                                                                                                                      ","UN    ","AS",1.38]
["39180SINAPI",39180,"SINAPI","BUCHA EM ALUMINIO, COM ROSCA, DE 2 1/2\", PARA ELETRODUTO                                                                                                                                                                                                                                                                                                                                                                                                                                                  ","UN    ","AS",6.33]
["39179SINAPI",39179,"SINAPI","BUCHA EM ALUMINIO, COM ROSCA, DE 2\", PARA ELETRODUTO                                                                                                                                                                                                                                                                                                                                                                                                                                                      ","UN    ","AS",5.6]
["39175SINAPI",39175,"SINAPI","BUCHA EM ALUMINIO, COM ROSCA, DE 3/4\", PARA ELETRODUTO                                                                                                                                                                                                                                                                                                                                                                                                                                                    ","UN    ","AS",1.29]
["39217SINAPI",39217,"SINAPI","BUCHA EM ALUMINIO, COM ROSCA, DE 3/8\", PARA ELETRODUTO                                                                                                                                                                                                                                                                                                                                                                                                                                                    ","UN    ","AS",0.99]
["39181SINAPI",39181,"SINAPI","BUCHA EM ALUMINIO, COM ROSCA, DE 3\", PARA ELETRODUTO                                                                                                                                                                                                                                                                                                                                                                                                                                                      ","UN    ","AS",8.49]
["39182SINAPI",39182,"SINAPI","BUCHA EM ALUMINIO, COM ROSCA, DE 4\", PARA ELETRODUTO                                                                                                                                                                                                                                                                                                                                                                                                                                                      ","UN    ","AS",11.94]
["12616SINAPI",12616,"SINAPI","CABECEIRA DIREITA OU ESQUERDA, PVC, PARA CALHA PLUVIAL, DIAMETRO ENTRE *119 E 170* MM, PARA DRENAGEM PLUVIAL PREDIAL                                                                                                                                                                                                                                                                                                                                                                                      ","UN    ","CR",14.46]
["1049SINAPI",1049,"SINAPI","CABECOTE PARA ENTRADA DE LINHA DE ALIMENTACAO PARA ELETRODUTO, EM LIGA DE ALUMINIO COM ACABAMENTO ANTI CORROSIVO, COM FIXACAO POR ENCAIXE LISO DE 360 GRAUS, DE 1 1/2\"                                                                                                                                                                                                                                                                                                                                    ","UN    ","AS",9.99]
["1099SINAPI",1099,"SINAPI","CABECOTE PARA ENTRADA DE LINHA DE ALIMENTACAO PARA ELETRODUTO, EM LIGA DE ALUMINIO COM ACABAMENTO ANTI CORROSIVO, COM FIXACAO POR ENCAIXE LISO DE 360 GRAUS, DE 1 1/4\"                                                                                                                                                                                                                                                                                                                                    ","UN    ","AS",7.64]
["39678SINAPI",39678,"SINAPI","CABECOTE PARA ENTRADA DE LINHA DE ALIMENTACAO PARA ELETRODUTO, EM LIGA DE ALUMINIO COM ACABAMENTO ANTI CORROSIVO, COM FIXACAO POR ENCAIXE LISO DE 360 GRAUS, DE 1/2\"                                                                                                                                                                                                                                                                                                                                      ","UN    ","AS",3.08]
["1050SINAPI",1050,"SINAPI","CABECOTE PARA ENTRADA DE LINHA DE ALIMENTACAO PARA ELETRODUTO, EM LIGA DE ALUMINIO COM ACABAMENTO ANTI CORROSIVO, COM FIXACAO POR ENCAIXE LISO DE 360 GRAUS, DE 1\"                                                                                                                                                                                                                                                                                                                                        ","UN    ","AS",5.23]
["1101SINAPI",1101,"SINAPI","CABECOTE PARA ENTRADA DE LINHA DE ALIMENTACAO PARA ELETRODUTO, EM LIGA DE ALUMINIO COM ACABAMENTO ANTI CORROSIVO, COM FIXACAO POR ENCAIXE LISO DE 360 GRAUS, DE 2 1/2\"                                                                                                                                                                                                                                                                                                                                    ","UN    ","AS",32.96]
["1100SINAPI",1100,"SINAPI","CABECOTE PARA ENTRADA DE LINHA DE ALIMENTACAO PARA ELETRODUTO, EM LIGA DE ALUMINIO COM ACABAMENTO ANTI CORROSIVO, COM FIXACAO POR ENCAIXE LISO DE 360 GRAUS, DE 2\"                                                                                                                                                                                                                                                                                                                                        ","UN    ","AS",17]
["39679SINAPI",39679,"SINAPI","CABECOTE PARA ENTRADA DE LINHA DE ALIMENTACAO PARA ELETRODUTO, EM LIGA DE ALUMINIO COM ACABAMENTO ANTI CORROSIVO, COM FIXACAO POR ENCAIXE LISO DE 360 GRAUS, DE 3 1/2\"                                                                                                                                                                                                                                                                                                                                    ","UN    ","AS",65.680000000000007]
["1098SINAPI",1098,"SINAPI","CABECOTE PARA ENTRADA DE LINHA DE ALIMENTACAO PARA ELETRODUTO, EM LIGA DE ALUMINIO COM ACABAMENTO ANTI CORROSIVO, COM FIXACAO POR ENCAIXE LISO DE 360 GRAUS, DE 3/4\"                                                                                                                                                                                                                                                                                                                                      ","UN    ","AS",4.08]
["1102SINAPI",1102,"SINAPI","CABECOTE PARA ENTRADA DE LINHA DE ALIMENTACAO PARA ELETRODUTO, EM LIGA DE ALUMINIO COM ACABAMENTO ANTI CORROSIVO, COM FIXACAO POR ENCAIXE LISO DE 360 GRAUS, DE 3\"                                                                                                                                                                                                                                                                                                                                        ","UN    ","AS",49.14]
["1051SINAPI",1051,"SINAPI","CABECOTE PARA ENTRADA DE LINHA DE ALIMENTACAO PARA ELETRODUTO, EM LIGA DE ALUMINIO COM ACABAMENTO ANTI CORROSIVO, COM FIXACAO POR ENCAIXE LISO DE 360 GRAUS, DE 4\"                                                                                                                                                                                                                                                                                                                                        ","UN    ","AS",71.430000000000007]
["37399SINAPI",37399,"SINAPI","CABIDE/GANCHO DE BANHEIRO SIMPLES EM METAL CROMADO                                                                                                                                                                                                                                                                                                                                                                                                                                                        ","UN    ","CR",29.89]
["43834SINAPI",43834,"SINAPI","CABO COAXIAL RG11 95% DE MALHA                                                                                                                                                                                                                                                                                                                                                                                                                                                                            ","M     ","CR",15.43]
["43835SINAPI",43835,"SINAPI","CABO COAXIAL RG59 95% DE MALHA                                                                                                                                                                                                                                                                                                                                                                                                                                                                            ","M     ","CR",1.38]
["43833SINAPI",43833,"SINAPI","CABO COAXIAL RG6 95% DE MALHA                                                                                                                                                                                                                                                                                                                                                                                                                                                                             ","M     ","CR",1.43]
["41955SINAPI",41955,"SINAPI","CABO DE ACO GALVANIZADO, DIAMETRO 12,7 MM (1/2\"), COM ALMA DE ACO CABO INDEPENDENTE 6 X 25 F                                                                                                                                                                                                                                                                                                                                                                                                              ","KG    ","CR",85.51]
["41953SINAPI",41953,"SINAPI","CABO DE ACO GALVANIZADO, DIAMETRO 12,7 MM (1/2\"), COM ALMA DE FIBRA 6 X 25 F                                                                                                                                                                                                                                                                                                                                                                                                                              ","KG    ","CR",81.599999999999994]
["41954SINAPI",41954,"SINAPI","CABO DE ACO GALVANIZADO, DIAMETRO 9,53 MM (3/8\"), COM ALMA DE FIBRA 6 X 25 F                                                                                                                                                                                                                                                                                                                                                                                                                              ","KG    ","CR",80.83]
["25004SINAPI",25004,"SINAPI","CABO DE ALUMINIO NU COM ALMA DE ACO, BITOLA 1/0 AWG                                                                                                                                                                                                                                                                                                                                                                                                                                                       ","KG    ","CR",52.39]
["25002SINAPI",25002,"SINAPI","CABO DE ALUMINIO NU COM ALMA DE ACO, BITOLA 2 AWG                                                                                                                                                                                                                                                                                                                                                                                                                                                         ","KG    ","CR",52.39]
["37409SINAPI",37409,"SINAPI","CABO DE ALUMINIO NU COM ALMA DE ACO, BITOLA 2/0 AWG                                                                                                                                                                                                                                                                                                                                                                                                                                                       ","KG    ","CR",52.39]
["841SINAPI",841,"SINAPI","CABO DE ALUMINIO NU COM ALMA DE ACO, BITOLA 4 AWG                                                                                                                                                                                                                                                                                                                                                                                                                                                         ","KG    ","CR",53.03]
["25005SINAPI",25005,"SINAPI","CABO DE ALUMINIO NU SEM ALMA DE ACO, BITOLA 1/0 AWG                                                                                                                                                                                                                                                                                                                                                                                                                                                       ","KG    ","CR",57.49]
["25003SINAPI",25003,"SINAPI","CABO DE ALUMINIO NU SEM ALMA DE ACO, BITOLA 2 AWG                                                                                                                                                                                                                                                                                                                                                                                                                                                         ","KG    ","CR",58.35]
["37410SINAPI",37410,"SINAPI","CABO DE ALUMINIO NU SEM ALMA DE ACO, BITOLA 2/0 AWG                                                                                                                                                                                                                                                                                                                                                                                                                                                       ","KG    ","CR",57.49]
["842SINAPI",842,"SINAPI","CABO DE ALUMINIO NU SEM ALMA DE ACO, BITOLA 4 AWG                                                                                                                                                                                                                                                                                                                                                                                                                                                         ","KG    ","CR",58.3]
["44391SINAPI",44391,"SINAPI","CABO DE COBRE FLEXIVEL NAO HALOGENADO, SEM EMISSAO DE FUMACA, 750V, SECAO NOMINAL 120 MM                                                                                                                                                                                                                                                                                                                                                                                                                  ","M     ","CR",124.24]
["44388SINAPI",44388,"SINAPI","CABO DE COBRE FLEXIVEL NAO HALOGENADO, SEM EMISSAO DE FUMACA, 750V, SECAO NOMINAL 2,5 MM                                                                                                                                                                                                                                                                                                                                                                                                                  ","M     ","CR",2.69]
["44392SINAPI",44392,"SINAPI","CABO DE COBRE FLEXIVEL NAO HALOGENADO, SEM EMISSAO DE FUMACA, 750V, SECAO NOMINAL 240 MM                                                                                                                                                                                                                                                                                                                                                                                                                  ","M     ","CR",247.37]
[{"$f":"B711&C711","v":"44390SINAPI"},44390,"SINAPI","CABO DE COBRE FLEXIVEL NAO HALOGENADO, SEM EMISSAO DE FUMACA, 750V, SECAO NOMINAL 50 MM                                                                                                                                                                                                                                                                                                                                                                                                                   ","M     ","CR",52.41]
["44389SINAPI",44389,"SINAPI","CABO DE COBRE FLEXIVEL NAO HALOGENADO, SEM EMISSAO DE FUMACA, 750V, SECAO NOMINAL 6,0 MM                                                                                                                                                                                                                                                                                                                                                                                                                  ","M     ","CR",6.19]
["862SINAPI",862,"SINAPI","CABO DE COBRE NU 10 MM2 MEIO-DURO                                                                                                                                                                                                                                                                                                                                                                                                                                                                         ","M     ","CR",11.33]
["866SINAPI",866,"SINAPI","CABO DE COBRE NU 120 MM2 MEIO-DURO                                                                                                                                                                                                                                                                                                                                                                                                                                                                        ","M     ","CR",144.04]
["892SINAPI",892,"SINAPI","CABO DE COBRE NU 150 MM2 MEIO-DURO                                                                                                                                                                                                                                                                                                                                                                                                                                                                        ","M     ","CR",174.36]
["857SINAPI",857,"SINAPI","CABO DE COBRE NU 16 MM2 MEIO-DURO                                                                                                                                                                                                                                                                                                                                                                                                                                                                         ","M     ","CR",18.96]
["37404SINAPI",37404,"SINAPI","CABO DE COBRE NU 185 MM2 MEIO-DURO                                                                                                                                                                                                                                                                                                                                                                                                                                                                        ","M     ","CR",201.74]
["868SINAPI",868,"SINAPI","CABO DE COBRE NU 25 MM2 MEIO-DURO                                                                                                                                                                                                                                                                                                                                                                                                                                                                         ","M     ","CR",27.03]
["863SINAPI",863,"SINAPI","CABO DE COBRE NU 35 MM2 MEIO-DURO                                                                                                                                                                                                                                                                                                                                                                                                                                                                         ","M     ","CR",39.799999999999997]
["867SINAPI",867,"SINAPI","CABO DE COBRE NU 50 MM2 MEIO-DURO                                                                                                                                                                                                                                                                                                                                                                                                                                                                         ","M     ","CR",56.7]
["864SINAPI",864,"SINAPI","CABO DE COBRE NU 70 MM2 MEIO-DURO                                                                                                                                                                                                                                                                                                                                                                                                                                                                         ","M     ","CR",74.900000000000006]
["865SINAPI",865,"SINAPI","CABO DE COBRE NU 95 MM2 MEIO-DURO                                                                                                                                                                                                                                                                                                                                                                                                                                                                         ","M     ","CR",107.73]
["993SINAPI",993,"SINAPI","CABO DE COBRE, FLEXIVEL, CLASSE 4 OU 5, ISOLACAO EM PVC/A, ANTICHAMA BWF-B, COBERTURA PVC-ST1, ANTICHAMA BWF-B, 1 CONDUTOR, 0,6/1 KV, SECAO NOMINAL 1,5 MM2                                                                                                                                                                                                                                                                                                                                               ","M     ","CR",2.0499999999999998]
["1020SINAPI",1020,"SINAPI","CABO DE COBRE, FLEXIVEL, CLASSE 4 OU 5, ISOLACAO EM PVC/A, ANTICHAMA BWF-B, COBERTURA PVC-ST1, ANTICHAMA BWF-B, 1 CONDUTOR, 0,6/1 KV, SECAO NOMINAL 10 MM2                                                                                                                                                                                                                                                                                                                                                ","M     ","CR",10.45]
["1017SINAPI",1017,"SINAPI","CABO DE COBRE, FLEXIVEL, CLASSE 4 OU 5, ISOLACAO EM PVC/A, ANTICHAMA BWF-B, COBERTURA PVC-ST1, ANTICHAMA BWF-B, 1 CONDUTOR, 0,6/1 KV, SECAO NOMINAL 120 MM2                                                                                                                                                                                                                                                                                                                                               ","M     ","CR",128.09]
["999SINAPI",999,"SINAPI","CABO DE COBRE, FLEXIVEL, CLASSE 4 OU 5, ISOLACAO EM PVC/A, ANTICHAMA BWF-B, COBERTURA PVC-ST1, ANTICHAMA BWF-B, 1 CONDUTOR, 0,6/1 KV, SECAO NOMINAL 150 MM2                                                                                                                                                                                                                                                                                                                                               ","M     ","CR",155.19]
["995SINAPI",995,"SINAPI","CABO DE COBRE, FLEXIVEL, CLASSE 4 OU 5, ISOLACAO EM PVC/A, ANTICHAMA BWF-B, COBERTURA PVC-ST1, ANTICHAMA BWF-B, 1 CONDUTOR, 0,6/1 KV, SECAO NOMINAL 16 MM2                                                                                                                                                                                                                                                                                                                                                ","M     ","CR",16.64]
["1000SINAPI",1000,"SINAPI","CABO DE COBRE, FLEXIVEL, CLASSE 4 OU 5, ISOLACAO EM PVC/A, ANTICHAMA BWF-B, COBERTURA PVC-ST1, ANTICHAMA BWF-B, 1 CONDUTOR, 0,6/1 KV, SECAO NOMINAL 185 MM2                                                                                                                                                                                                                                                                                                                                               ","M     ","CR",190.62]
["1022SINAPI",1022,"SINAPI","CABO DE COBRE, FLEXIVEL, CLASSE 4 OU 5, ISOLACAO EM PVC/A, ANTICHAMA BWF-B, COBERTURA PVC-ST1, ANTICHAMA BWF-B, 1 CONDUTOR, 0,6/1 KV, SECAO NOMINAL 2,5 MM2                                                                                                                                                                                                                                                                                                                                               ","M     ","CR",2.86]
["1015SINAPI",1015,"SINAPI","CABO DE COBRE, FLEXIVEL, CLASSE 4 OU 5, ISOLACAO EM PVC/A, ANTICHAMA BWF-B, COBERTURA PVC-ST1, ANTICHAMA BWF-B, 1 CONDUTOR, 0,6/1 KV, SECAO NOMINAL 240 MM2                                                                                                                                                                                                                                                                                                                                               ","M     ","CR",253.3]
["996SINAPI",996,"SINAPI","CABO DE COBRE, FLEXIVEL, CLASSE 4 OU 5, ISOLACAO EM PVC/A, ANTICHAMA BWF-B, COBERTURA PVC-ST1, ANTICHAMA BWF-B, 1 CONDUTOR, 0,6/1 KV, SECAO NOMINAL 25 MM2                                                                                                                                                                                                                                                                                                                                                ","M     ","CR",25.81]
["1001SINAPI",1001,"SINAPI","CABO DE COBRE, FLEXIVEL, CLASSE 4 OU 5, ISOLACAO EM PVC/A, ANTICHAMA BWF-B, COBERTURA PVC-ST1, ANTICHAMA BWF-B, 1 CONDUTOR, 0,6/1 KV, SECAO NOMINAL 300 MM2                                                                                                                                                                                                                                                                                                                                               ","M     ","CR",328.65]
["1019SINAPI",1019,"SINAPI","CABO DE COBRE, FLEXIVEL, CLASSE 4 OU 5, ISOLACAO EM PVC/A, ANTICHAMA BWF-B, COBERTURA PVC-ST1, ANTICHAMA BWF-B, 1 CONDUTOR, 0,6/1 KV, SECAO NOMINAL 35 MM2                                                                                                                                                                                                                                                                                                                                                ","M     ","CR",36.47]
["1021SINAPI",1021,"SINAPI","CABO DE COBRE, FLEXIVEL, CLASSE 4 OU 5, ISOLACAO EM PVC/A, ANTICHAMA BWF-B, COBERTURA PVC-ST1, ANTICHAMA BWF-B, 1 CONDUTOR, 0,6/1 KV, SECAO NOMINAL 4 MM2                                                                                                                                                                                                                                                                                                                                                 ","M     ","CR",4.38]
["39249SINAPI",39249,"SINAPI","CABO DE COBRE, FLEXIVEL, CLASSE 4 OU 5, ISOLACAO EM PVC/A, ANTICHAMA BWF-B, COBERTURA PVC-ST1, ANTICHAMA BWF-B, 1 CONDUTOR, 0,6/1 KV, SECAO NOMINAL 400 MM2                                                                                                                                                                                                                                                                                                                                               ","M     ","CR",441.9]
["1018SINAPI",1018,"SINAPI","CABO DE COBRE, FLEXIVEL, CLASSE 4 OU 5, ISOLACAO EM PVC/A, ANTICHAMA BWF-B, COBERTURA PVC-ST1, ANTICHAMA BWF-B, 1 CONDUTOR, 0,6/1 KV, SECAO NOMINAL 50 MM2                                                                                                                                                                                                                                                                                                                                                ","M     ","CR",53.93]
["39250SINAPI",39250,"SINAPI","CABO DE COBRE, FLEXIVEL, CLASSE 4 OU 5, ISOLACAO EM PVC/A, ANTICHAMA BWF-B, COBERTURA PVC-ST1, ANTICHAMA BWF-B, 1 CONDUTOR, 0,6/1 KV, SECAO NOMINAL 500 MM2                                                                                                                                                                                                                                                                                                                                               ","M     ","CR",528.61]
["994SINAPI",994,"SINAPI","CABO DE COBRE, FLEXIVEL, CLASSE 4 OU 5, ISOLACAO EM PVC/A, ANTICHAMA BWF-B, COBERTURA PVC-ST1, ANTICHAMA BWF-B, 1 CONDUTOR, 0,6/1 KV, SECAO NOMINAL 6 MM2                                                                                                                                                                                                                                                                                                                                                 ","M     ","CR",6.38]
["977SINAPI",977,"SINAPI","CABO DE COBRE, FLEXIVEL, CLASSE 4 OU 5, ISOLACAO EM PVC/A, ANTICHAMA BWF-B, COBERTURA PVC-ST1, ANTICHAMA BWF-B, 1 CONDUTOR, 0,6/1 KV, SECAO NOMINAL 70 MM2                                                                                                                                                                                                                                                                                                                                                ","M     ","CR",75.44]
["998SINAPI",998,"SINAPI","CABO DE COBRE, FLEXIVEL, CLASSE 4 OU 5, ISOLACAO EM PVC/A, ANTICHAMA BWF-B, COBERTURA PVC-ST1, ANTICHAMA BWF-B, 1 CONDUTOR, 0,6/1 KV, SECAO NOMINAL 95 MM2                                                                                                                                                                                                                                                                                                                                                ","M     ","CR",97.95]
["39251SINAPI",39251,"SINAPI","CABO DE COBRE, FLEXIVEL, CLASSE 4 OU 5, ISOLACAO EM PVC/A, ANTICHAMA BWF-B, 1 CONDUTOR, 450/750 V, SECAO NOMINAL 0,5 MM2                                                                                                                                                                                                                                                                                                                                                                                  ","M     ","CR",0.71]
["1011SINAPI",1011,"SINAPI","CABO DE COBRE, FLEXIVEL, CLASSE 4 OU 5, ISOLACAO EM PVC/A, ANTICHAMA BWF-B, 1 CONDUTOR, 450/750 V, SECAO NOMINAL 0,75 MM2                                                                                                                                                                                                                                                                                                                                                                                 ","M     ","CR",0.96]
["39252SINAPI",39252,"SINAPI","CABO DE COBRE, FLEXIVEL, CLASSE 4 OU 5, ISOLACAO EM PVC/A, ANTICHAMA BWF-B, 1 CONDUTOR, 450/750 V, SECAO NOMINAL 1,0 MM2                                                                                                                                                                                                                                                                                                                                                                                  ","M     ","CR",1.26]
["1013SINAPI",1013,"SINAPI","CABO DE COBRE, FLEXIVEL, CLASSE 4 OU 5, ISOLACAO EM PVC/A, ANTICHAMA BWF-B, 1 CONDUTOR, 450/750 V, SECAO NOMINAL 1,5 MM2                                                                                                                                                                                                                                                                                                                                                                                  ","M     ","CR",1.52]
["980SINAPI",980,"SINAPI","CABO DE COBRE, FLEXIVEL, CLASSE 4 OU 5, ISOLACAO EM PVC/A, ANTICHAMA BWF-B, 1 CONDUTOR, 450/750 V, SECAO NOMINAL 10 MM2                                                                                                                                                                                                                                                                                                                                                                                   ","M     ","CR",10.96]
["39237SINAPI",39237,"SINAPI","CABO DE COBRE, FLEXIVEL, CLASSE 4 OU 5, ISOLACAO EM PVC/A, ANTICHAMA BWF-B, 1 CONDUTOR, 450/750 V, SECAO NOMINAL 120 MM2                                                                                                                                                                                                                                                                                                                                                                                  ","M     ","CR",116.61]
["39238SINAPI",39238,"SINAPI","CABO DE COBRE, FLEXIVEL, CLASSE 4 OU 5, ISOLACAO EM PVC/A, ANTICHAMA BWF-B, 1 CONDUTOR, 450/750 V, SECAO NOMINAL 150 MM2                                                                                                                                                                                                                                                                                                                                                                                  ","M     ","CR",147.07]
["979SINAPI",979,"SINAPI","CABO DE COBRE, FLEXIVEL, CLASSE 4 OU 5, ISOLACAO EM PVC/A, ANTICHAMA BWF-B, 1 CONDUTOR, 450/750 V, SECAO NOMINAL 16 MM2                                                                                                                                                                                                                                                                                                                                                                                   ","M     ","CR",15.66]
["39239SINAPI",39239,"SINAPI","CABO DE COBRE, FLEXIVEL, CLASSE 4 OU 5, ISOLACAO EM PVC/A, ANTICHAMA BWF-B, 1 CONDUTOR, 450/750 V, SECAO NOMINAL 185 MM2                                                                                                                                                                                                                                                                                                                                                                                  ","M     ","CR",177.68]
["1014SINAPI",1014,"SINAPI","CABO DE COBRE, FLEXIVEL, CLASSE 4 OU 5, ISOLACAO EM PVC/A, ANTICHAMA BWF-B, 1 CONDUTOR, 450/750 V, SECAO NOMINAL 2,5 MM2                                                                                                                                                                                                                                                                                                                                                                                  ","M     ","CR",2.41]
["39240SINAPI",39240,"SINAPI","CABO DE COBRE, FLEXIVEL, CLASSE 4 OU 5, ISOLACAO EM PVC/A, ANTICHAMA BWF-B, 1 CONDUTOR, 450/750 V, SECAO NOMINAL 240 MM2                                                                                                                                                                                                                                                                                                                                                                                  ","M     ","CR",233.7]
["39232SINAPI",39232,"SINAPI","CABO DE COBRE, FLEXIVEL, CLASSE 4 OU 5, ISOLACAO EM PVC/A, ANTICHAMA BWF-B, 1 CONDUTOR, 450/750 V, SECAO NOMINAL 25 MM2                                                                                                                                                                                                                                                                                                                                                                                   ","M     ","CR",24.52]
["39233SINAPI",39233,"SINAPI","CABO DE COBRE, FLEXIVEL, CLASSE 4 OU 5, ISOLACAO EM PVC/A, ANTICHAMA BWF-B, 1 CONDUTOR, 450/750 V, SECAO NOMINAL 35 MM2                                                                                                                                                                                                                                                                                                                                                                                   ","M     ","CR",35.75]
["981SINAPI",981,"SINAPI","CABO DE COBRE, FLEXIVEL, CLASSE 4 OU 5, ISOLACAO EM PVC/A, ANTICHAMA BWF-B, 1 CONDUTOR, 450/750 V, SECAO NOMINAL 4 MM2                                                                                                                                                                                                                                                                                                                                                                                    ","M     ","C ",3.99]
["39234SINAPI",39234,"SINAPI","CABO DE COBRE, FLEXIVEL, CLASSE 4 OU 5, ISOLACAO EM PVC/A, ANTICHAMA BWF-B, 1 CONDUTOR, 450/750 V, SECAO NOMINAL 50 MM2                                                                                                                                                                                                                                                                                                                                                                                   ","M     ","CR",49.76]
["982SINAPI",982,"SINAPI","CABO DE COBRE, FLEXIVEL, CLASSE 4 OU 5, ISOLACAO EM PVC/A, ANTICHAMA BWF-B, 1 CONDUTOR, 450/750 V, SECAO NOMINAL 6 MM2                                                                                                                                                                                                                                                                                                                                                                                    ","M     ","CR",5.73]
["39235SINAPI",39235,"SINAPI","CABO DE COBRE, FLEXIVEL, CLASSE 4 OU 5, ISOLACAO EM PVC/A, ANTICHAMA BWF-B, 1 CONDUTOR, 450/750 V, SECAO NOMINAL 70 MM2                                                                                                                                                                                                                                                                                                                                                                                   ","M     ","CR",73.39]
["39236SINAPI",39236,"SINAPI","CABO DE COBRE, FLEXIVEL, CLASSE 4 OU 5, ISOLACAO EM PVC/A, ANTICHAMA BWF-B, 1 CONDUTOR, 450/750 V, SECAO NOMINAL 95 MM2                                                                                                                                                                                                                                                                                                                                                                                   ","M     ","CR",97.26]
["990SINAPI",990,"SINAPI","CABO DE COBRE, RIGIDO, CLASSE 2, ISOLACAO EM PVC/A, ANTICHAMA BWF-B, 1 CONDUTOR, 450/750 V, SECAO NOMINAL 150 MM2                                                                                                                                                                                                                                                                                                                                                                                         ","M     ","CR",172.58]
["39241SINAPI",39241,"SINAPI","CABO DE COBRE, RIGIDO, CLASSE 2, ISOLACAO EM PVC/A, ANTICHAMA BWF-B, 1 CONDUTOR, 450/750 V, SECAO NOMINAL 16 MM2                                                                                                                                                                                                                                                                                                                                                                                          ","M     ","CR",16.989999999999998]
["1005SINAPI",1005,"SINAPI","CABO DE COBRE, RIGIDO, CLASSE 2, ISOLACAO EM PVC/A, ANTICHAMA BWF-B, 1 CONDUTOR, 450/750 V, SECAO NOMINAL 185 MM2                                                                                                                                                                                                                                                                                                                                                                                         ","M     ","CR",214.87]
["991SINAPI",991,"SINAPI","CABO DE COBRE, RIGIDO, CLASSE 2, ISOLACAO EM PVC/A, ANTICHAMA BWF-B, 1 CONDUTOR, 450/750 V, SECAO NOMINAL 240 MM2                                                                                                                                                                                                                                                                                                                                                                                         ","M     ","CR",281.44]
["986SINAPI",986,"SINAPI","CABO DE COBRE, RIGIDO, CLASSE 2, ISOLACAO EM PVC/A, ANTICHAMA BWF-B, 1 CONDUTOR, 450/750 V, SECAO NOMINAL 25 MM2                                                                                                                                                                                                                                                                                                                                                                                          ","M     ","CR",26.84]
["987SINAPI",987,"SINAPI","CABO DE COBRE, RIGIDO, CLASSE 2, ISOLACAO EM PVC/A, ANTICHAMA BWF-B, 1 CONDUTOR, 450/750 V, SECAO NOMINAL 35 MM2                                                                                                                                                                                                                                                                                                                                                                                          ","M     ","CR",36.75]
["1007SINAPI",1007,"SINAPI","CABO DE COBRE, RIGIDO, CLASSE 2, ISOLACAO EM PVC/A, ANTICHAMA BWF-B, 1 CONDUTOR, 450/750 V, SECAO NOMINAL 50 MM2                                                                                                                                                                                                                                                                                                                                                                                          ","M     ","CR",50.86]
["1008SINAPI",1008,"SINAPI","CABO DE COBRE, RIGIDO, CLASSE 2, ISOLACAO EM PVC/A, ANTICHAMA BWF-B, 1 CONDUTOR, 450/750 V, SECAO NOMINAL 6 MM2                                                                                                                                                                                                                                                                                                                                                                                           ","M     ","CR",6.46]
["988SINAPI",988,"SINAPI","CABO DE COBRE, RIGIDO, CLASSE 2, ISOLACAO EM PVC/A, ANTICHAMA BWF-B, 1 CONDUTOR, 450/750 V, SECAO NOMINAL 70 MM2                                                                                                                                                                                                                                                                                                                                                                                          ","M     ","CR",70.14]
["989SINAPI",989,"SINAPI","CABO DE COBRE, RIGIDO, CLASSE 2, ISOLACAO EM PVC/A, ANTICHAMA BWF-B, 1 CONDUTOR, 450/750 V, SECAO NOMINAL 95 MM2                                                                                                                                                                                                                                                                                                                                                                                          ","M     ","CR",96.81]
["1006SINAPI",1006,"SINAPI","CABO DE COBRE, RIGIDO, CLASSE 2, ISOLACAO EM PVC, ANTI-CHAMA BWF-B, 1 CONDUTOR, 450/750 V, DIAMETRO 120 MM2                                                                                                                                                                                                                                                                                                                                                                                               ","M     ","CR",129.79]
["43972SINAPI",43972,"SINAPI","CABO DE REDE, PAR TRANCADO U/UTP, 4 PARES, CATEGORIA 5E (CAT 5E), ISOLAMENTO PVC (CM)                                                                                                                                                                                                                                                                                                                                                                                                                     ","M     ","CR",2.94]
["43971SINAPI",43971,"SINAPI","CABO DE REDE, PAR TRANCADO U/UTP, 4 PARES, CATEGORIA 5E (CAT 5E), ISOLAMENTO PVC (CMX)                                                                                                                                                                                                                                                                                                                                                                                                                    ","M     ","C ",2.25]
["39598SINAPI",39598,"SINAPI","CABO DE REDE, PAR TRANCADO U/UTP, 4 PARES, CATEGORIA 5E (CAT 5E), ISOLAMENTO PVC (LSZH)                                                                                                                                                                                                                                                                                                                                                                                                                   ","M     ","CR",4.17]
["43973SINAPI",43973,"SINAPI","CABO DE REDE, PAR TRANCADO U/UTP, 4 PARES, CATEGORIA 6 (CAT 6), ISOLAMENTO PVC (CM)                                                                                                                                                                                                                                                                                                                                                                                                                       ","M     ","CR",3.08]
["39599SINAPI",39599,"SINAPI","CABO DE REDE, PAR TRANCADO UTP, 4 PARES, CATEGORIA 6 (CAT 6), ISOLAMENTO PVC (LSZH)                                                                                                                                                                                                                                                                                                                                                                                                                       ","M     ","CR",6]
[{"$f":"B775&C775","v":"43832SINAPI"},43832,"SINAPI","CABO ELETRONICO CATEGORIA 6A U/UTP 23AWG X 4P                                                                                                                                                                                                                                                                                                                                                                                                                                                             ","M     ","CR",15.81]
["34602SINAPI",34602,"SINAPI","CABO FLEXIVEL PVC 750 V, 2 CONDUTORES DE 1,5 MM2                                                                                                                                                                                                                                                                                                                                                                                                                                                          ","M     ","CR",4.4400000000000004]
["34607SINAPI",34607,"SINAPI","CABO FLEXIVEL PVC 750 V, 2 CONDUTORES DE 4,0 MM2                                                                                                                                                                                                                                                                                                                                                                                                                                                          ","M     ","CR",10.88]
["34609SINAPI",34609,"SINAPI","CABO FLEXIVEL PVC 750 V, 2 CONDUTORES DE 6,0 MM2                                                                                                                                                                                                                                                                                                                                                                                                                                                          ","M     ","CR",15.83]
["34618SINAPI",34618,"SINAPI","CABO FLEXIVEL PVC 750 V, 3 CONDUTORES DE 1,5 MM2                                                                                                                                                                                                                                                                                                                                                                                                                                                          ","M     ","CR",6.05]
["34621SINAPI",34621,"SINAPI","CABO FLEXIVEL PVC 750 V, 3 CONDUTORES DE 4,0 MM2                                                                                                                                                                                                                                                                                                                                                                                                                                                          ","M     ","CR",15]
["34622SINAPI",34622,"SINAPI","CABO FLEXIVEL PVC 750 V, 3 CONDUTORES DE 6,0 MM2                                                                                                                                                                                                                                                                                                                                                                                                                                                          ","M     ","CR",22.29]
["34624SINAPI",34624,"SINAPI","CABO FLEXIVEL PVC 750 V, 4 CONDUTORES DE 1,5 MM2                                                                                                                                                                                                                                                                                                                                                                                                                                                          ","M     ","CR",8.08]
["34627SINAPI",34627,"SINAPI","CABO FLEXIVEL PVC 750 V, 4 CONDUTORES DE 4,0 MM2                                                                                                                                                                                                                                                                                                                                                                                                                                                          ","M     ","CR",19.489999999999998]
["34629SINAPI",34629,"SINAPI","CABO FLEXIVEL PVC 750 V, 4 CONDUTORES DE 6,0 MM2                                                                                                                                                                                                                                                                                                                                                                                                                                                          ","M     ","CR",29.78]
["39257SINAPI",39257,"SINAPI","CABO MULTIPOLAR DE COBRE, FLEXIVEL, CLASSE 4 OU 5, ISOLACAO EM HEPR, COBERTURA EM PVC-ST2, ANTICHAMA BWF-B, 0,6/1 KV, 3 CONDUTORES DE 1,5 MM2                                                                                                                                                                                                                                                                                                                                                             ","M     ","CR",6.06]
["39261SINAPI",39261,"SINAPI","CABO MULTIPOLAR DE COBRE, FLEXIVEL, CLASSE 4 OU 5, ISOLACAO EM HEPR, COBERTURA EM PVC-ST2, ANTICHAMA BWF-B, 0,6/1 KV, 3 CONDUTORES DE 10 MM2                                                                                                                                                                                                                                                                                                                                                              ","M     ","CR",34.700000000000003]
["39268SINAPI",39268,"SINAPI","CABO MULTIPOLAR DE COBRE, FLEXIVEL, CLASSE 4 OU 5, ISOLACAO EM HEPR, COBERTURA EM PVC-ST2, ANTICHAMA BWF-B, 0,6/1 KV, 3 CONDUTORES DE 120 MM2                                                                                                                                                                                                                                                                                                                                                             ","M     ","CR",542.32000000000005]
["39262SINAPI",39262,"SINAPI","CABO MULTIPOLAR DE COBRE, FLEXIVEL, CLASSE 4 OU 5, ISOLACAO EM HEPR, COBERTURA EM PVC-ST2, ANTICHAMA BWF-B, 0,6/1 KV, 3 CONDUTORES DE 16 MM2                                                                                                                                                                                                                                                                                                                                                              ","M     ","CR",55.25]
["39258SINAPI",39258,"SINAPI","CABO MULTIPOLAR DE COBRE, FLEXIVEL, CLASSE 4 OU 5, ISOLACAO EM HEPR, COBERTURA EM PVC-ST2, ANTICHAMA BWF-B, 0,6/1 KV, 3 CONDUTORES DE 2,5 MM2                                                                                                                                                                                                                                                                                                                                                             ","M     ","CR",9.1300000000000008]
["39263SINAPI",39263,"SINAPI","CABO MULTIPOLAR DE COBRE, FLEXIVEL, CLASSE 4 OU 5, ISOLACAO EM HEPR, COBERTURA EM PVC-ST2, ANTICHAMA BWF-B, 0,6/1 KV, 3 CONDUTORES DE 25 MM2                                                                                                                                                                                                                                                                                                                                                              ","M     ","CR",95.54]
["39264SINAPI",39264,"SINAPI","CABO MULTIPOLAR DE COBRE, FLEXIVEL, CLASSE 4 OU 5, ISOLACAO EM HEPR, COBERTURA EM PVC-ST2, ANTICHAMA BWF-B, 0,6/1 KV, 3 CONDUTORES DE 35 MM2                                                                                                                                                                                                                                                                                                                                                              ","M     ","CR",132.35]
["39259SINAPI",39259,"SINAPI","CABO MULTIPOLAR DE COBRE, FLEXIVEL, CLASSE 4 OU 5, ISOLACAO EM HEPR, COBERTURA EM PVC-ST2, ANTICHAMA BWF-B, 0,6/1 KV, 3 CONDUTORES DE 4 MM2                                                                                                                                                                                                                                                                                                                                                               ","M     ","CR",14.06]
["39265SINAPI",39265,"SINAPI","CABO MULTIPOLAR DE COBRE, FLEXIVEL, CLASSE 4 OU 5, ISOLACAO EM HEPR, COBERTURA EM PVC-ST2, ANTICHAMA BWF-B, 0,6/1 KV, 3 CONDUTORES DE 50 MM2                                                                                                                                                                                                                                                                                                                                                              ","M     ","CR",179.68]
["39260SINAPI",39260,"SINAPI","CABO MULTIPOLAR DE COBRE, FLEXIVEL, CLASSE 4 OU 5, ISOLACAO EM HEPR, COBERTURA EM PVC-ST2, ANTICHAMA BWF-B, 0,6/1 KV, 3 CONDUTORES DE 6 MM2                                                                                                                                                                                                                                                                                                                                                               ","M     ","CR",21.54]
["39266SINAPI",39266,"SINAPI","CABO MULTIPOLAR DE COBRE, FLEXIVEL, CLASSE 4 OU 5, ISOLACAO EM HEPR, COBERTURA EM PVC-ST2, ANTICHAMA BWF-B, 0,6/1 KV, 3 CONDUTORES DE 70 MM2                                                                                                                                                                                                                                                                                                                                                              ","M     ","CR",271.14]
["39267SINAPI",39267,"SINAPI","CABO MULTIPOLAR DE COBRE, FLEXIVEL, CLASSE 4 OU 5, ISOLACAO EM HEPR, COBERTURA EM PVC-ST2, ANTICHAMA BWF-B, 0,6/1 KV, 3 CONDUTORES DE 95 MM2                                                                                                                                                                                                                                                                                                                                                              ","M     ","CR",338.99]
["11901SINAPI",11901,"SINAPI","CABO TELEFONICO CCI 50, 1 PAR, USO INTERNO, SEM BLINDAGEM                                                                                                                                                                                                                                                                                                                                                                                                                                                 ","M     ","CR",0.54]
["11902SINAPI",11902,"SINAPI","CABO TELEFONICO CCI 50, 2 PARES, USO INTERNO, SEM BLINDAGEM                                                                                                                                                                                                                                                                                                                                                                                                                                               ","M     ","CR",1.03]
["11903SINAPI",11903,"SINAPI","CABO TELEFONICO CCI 50, 3 PARES, USO INTERNO, SEM BLINDAGEM                                                                                                                                                                                                                                                                                                                                                                                                                                               ","M     ","CR",1.0900000000000001]
["11904SINAPI",11904,"SINAPI","CABO TELEFONICO CCI 50, 4 PARES, USO INTERNO, SEM BLINDAGEM                                                                                                                                                                                                                                                                                                                                                                                                                                               ","M     ","CR",1.66]
["11905SINAPI",11905,"SINAPI","CABO TELEFONICO CCI 50, 5 PARES, USO INTERNO, SEM BLINDAGEM                                                                                                                                                                                                                                                                                                                                                                                                                                               ","M     ","CR",2.02]
["11906SINAPI",11906,"SINAPI","CABO TELEFONICO CCI 50, 6 PARES, USO INTERNO, SEM BLINDAGEM                                                                                                                                                                                                                                                                                                                                                                                                                                               ","M     ","CR",2.57]
["11919SINAPI",11919,"SINAPI","CABO TELEFONICO CI 50, 10 PARES, USO INTERNO                                                                                                                                                                                                                                                                                                                                                                                                                                                              ","M     ","CR",4.72]
["11920SINAPI",11920,"SINAPI","CABO TELEFONICO CI 50, 20 PARES, USO INTERNO                                                                                                                                                                                                                                                                                                                                                                                                                                                              ","M     ","CR",8.9600000000000009]
["11924SINAPI",11924,"SINAPI","CABO TELEFONICO CI 50, 200 PARES, USO INTERNO                                                                                                                                                                                                                                                                                                                                                                                                                                                             ","M     ","CR",75.27]
["11921SINAPI",11921,"SINAPI","CABO TELEFONICO CI 50, 30 PARES, USO INTERNO                                                                                                                                                                                                                                                                                                                                                                                                                                                              ","M     ","CR",13.12]
["11922SINAPI",11922,"SINAPI","CABO TELEFONICO CI 50, 50 PARES, USO INTERNO                                                                                                                                                                                                                                                                                                                                                                                                                                                              ","M     ","CR",21.21]
["11923SINAPI",11923,"SINAPI","CABO TELEFONICO CI 50, 75 PARES, USO INTERNO                                                                                                                                                                                                                                                                                                                                                                                                                                                              ","M     ","CR",31.06]
["11916SINAPI",11916,"SINAPI","CABO TELEFONICO CTP - APL - 50, 10 PARES, USO EXTERNO                                                                                                                                                                                                                                                                                                                                                                                                                                                     ","M     ","CR",6.46]
["11914SINAPI",11914,"SINAPI","CABO TELEFONICO CTP - APL - 50, 100 PARES, USO EXTERNO                                                                                                                                                                                                                                                                                                                                                                                                                                                    ","M     ","CR",46.53]
["11917SINAPI",11917,"SINAPI","CABO TELEFONICO CTP - APL - 50, 20 PARES, USO EXTERNO                                                                                                                                                                                                                                                                                                                                                                                                                                                     ","M     ","CR",11.37]
["11918SINAPI",11918,"SINAPI","CABO TELEFONICO CTP - APL - 50, 30 PARES, USO EXTERNO                                                                                                                                                                                                                                                                                                                                                                                                                                                     ","M     ","CR",13.49]
["37734SINAPI",37734,"SINAPI","CACAMBA METALICA BASCULANTE COM CAPACIDADE DE 10 M3 (INCLUI MONTAGEM, NAO INCLUI CAMINHAO)                                                                                                                                                                                                                                                                                                                                                                                                                ","UN    ","AS",73298.23]
["42251SINAPI",42251,"SINAPI","CACAMBA METALICA BASCULANTE COM CAPACIDADE DE 12 M3 (INCLUI MONTAGEM, NAO INCLUI CAMINHAO)                                                                                                                                                                                                                                                                                                                                                                                                                ","UN    ","AS",83234.61]
["37733SINAPI",37733,"SINAPI","CACAMBA METALICA BASCULANTE COM CAPACIDADE DE 6 M3 (INCLUI MONTAGEM, NAO INCLUI CAMINHAO)                                                                                                                                                                                                                                                                                                                                                                                                                 ","UN    ","AS",54958.74]
["37735SINAPI",37735,"SINAPI","CACAMBA METALICA BASCULANTE COM CAPACIDADE DE 8 M3 (INCLUI MONTAGEM, NAO INCLUI CAMINHAO)                                                                                                                                                                                                                                                                                                                                                                                                                 ","UN    ","AS",66225.279999999999]
["5090SINAPI",5090,"SINAPI","CADEADO SIMPLES, CORPO EM LATAO MACICO, COM LARGURA DE 25 MM E ALTURA DE APROX 25 MM, HASTE CEMENTADA (NAO LONGA), EM ACO TEMPERADO COM DIAMETRO DE APROX 5,0 MM, INCLUINDO 2 CHAVES                                                                                                                                                                                                                                                                                                                      ","UN    ","C ",20.71]
["5085SINAPI",5085,"SINAPI","CADEADO SIMPLES, CORPO EM LATAO MACICO, COM LARGURA DE 35 MM E ALTURA DE APROX 30 MM, HASTE CEMENTADA (NAO LONGA), EM ACO TEMPERADO COM DIAMETRO DE APROX 6,0 MM, INCLUINDO 2 CHAVES                                                                                                                                                                                                                                                                                                                      ","UN    ","CR",30.83]
["43603SINAPI",43603,"SINAPI","CADEADO SIMPLES, CORPO EM LATAO MACICO, COM LARGURA DE 50 MM E ALTURA DE APROX 40 MM, HASTE CEMENTADA EM ACO TEMPERADO COM DIAMETRO DE APROX 8,0 MM, INCLUINDO 2 CHAVES                                                                                                                                                                                                                                                                                                                                   ","UN    ","CR",44.04]
["38374SINAPI",38374,"SINAPI","CADEIRA SUSPENSA MANUAL / BALANCIM INDIVIDUAL (NBR 14751)                                                                                                                                                                                                                                                                                                                                                                                                                                                 ","UN    ","CR",1443.9]
["20212SINAPI",20212,"SINAPI","CAIBRO APARELHADO *6 X 8* CM, EM MACARANDUBA/MASSARANDUBA, ANGELIM OU EQUIVALENTE DA REGIAO                                                                                                                                                                                                                                                                                                                                                                                                               ","M     ","CR",14.25]
["20209SINAPI",20209,"SINAPI","CAIBRO APARELHADO *7,5 X 7,5* CM, EM MACARANDUBA/MASSARANDUBA, ANGELIM OU EQUIVALENTE DA REGIAO                                                                                                                                                                                                                                                                                                                                                                                                           ","M     ","CR",17.02]
["4430SINAPI",4430,"SINAPI","CAIBRO NAO APARELHADO *5 X 6* CM, EM MACARANDUBA/MASSARANDUBA, ANGELIM OU EQUIVALENTE DA REGIAO - BRUTA                                                                                                                                                                                                                                                                                                                                                                                                   ","M     ","C ",8.34]
["4433SINAPI",4433,"SINAPI","CAIBRO NAO APARELHADO *6 X 6* CM, EM MACARANDUBA/MASSARANDUBA, ANGELIM OU EQUIVALENTE DA REGIAO - BRUTA                                                                                                                                                                                                                                                                                                                                                                                                   ","M     ","CR",16.309999999999999]
["4400SINAPI",4400,"SINAPI","CAIBRO NAO APARELHADO, *6 X 8* CM, EM MACARANDUBA/MASSARANDUBA, ANGELIM OU EQUIVALENTE DA REGIAO - BRUTA                                                                                                                                                                                                                                                                                                                                                                                                  ","M     ","CR",13.27]
["2729SINAPI",2729,"SINAPI","CAIBRO ROLICO DE MADEIRA TRATADA, D = 4 A 7 CM, H = 3,00 M, EM EUCALIPTO OU EQUIVALENTE DA REGIAO                                                                                                                                                                                                                                                                                                                                                                                                         ","UN    ","CR",25.85]
["4513SINAPI",4513,"SINAPI","CAIBRO 5 X 5 CM EM PINUS, MISTA OU EQUIVALENTE DA REGIAO - BRUTA                                                                                                                                                                                                                                                                                                                                                                                                                                          ","M     ","CR",7.19]
["37106SINAPI",37106,"SINAPI","CAIXA D'AGUA / RESERVATORIO EM POLIESTER REFORCADO COM FIBRA DE VIDRO, 10000 LITROS, COM TAMPA                                                                                                                                                                                                                                                                                                                                                                                                            ","UN    ","CR",3796.72]
["11869SINAPI",11869,"SINAPI","CAIXA D'AGUA / RESERVATORIO EM POLIESTER REFORCADO COM FIBRA DE VIDRO, 1500 LITROS, COM TAMPA                                                                                                                                                                                                                                                                                                                                                                                                             ","UN    ","CR",759.34]
["43981SINAPI",43981,"SINAPI","CAIXA D'AGUA / RESERVATORIO EM POLIESTER REFORCADO COM FIBRA DE VIDRO, 15000 LITROS, COM TAMPA                                                                                                                                                                                                                                                                                                                                                                                                            ","UN    ","CR",5721.62]
["37104SINAPI",37104,"SINAPI","CAIXA D'AGUA / RESERVATORIO EM POLIESTER REFORCADO COM FIBRA DE VIDRO, 2000 LITROS, COM TAMPA                                                                                                                                                                                                                                                                                                                                                                                                             ","UN    ","CR",952.99]
["43982SINAPI",43982,"SINAPI","CAIXA D'AGUA / RESERVATORIO EM POLIESTER REFORCADO COM FIBRA DE VIDRO, 20000 LITROS, COM TAMPA                                                                                                                                                                                                                                                                                                                                                                                                            ","UN    ","CR",9038.7199999999993]
["43978SINAPI",43978,"SINAPI","CAIXA D'AGUA / RESERVATORIO EM POLIESTER REFORCADO COM FIBRA DE VIDRO, 3000 LITROS, COM TAMPA                                                                                                                                                                                                                                                                                                                                                                                                             ","UN    ","CR",1412.31]
["11871SINAPI",11871,"SINAPI","CAIXA D'AGUA / RESERVATORIO EM POLIESTER REFORCADO COM FIBRA DE VIDRO, 500 LITROS, COM TAMPA                                                                                                                                                                                                                                                                                                                                                                                                              ","UN    ","CR",353.97]
["37105SINAPI",37105,"SINAPI","CAIXA D'AGUA / RESERVATORIO EM POLIESTER REFORCADO COM FIBRA DE VIDRO, 5000 LITROS, COM TAMPA                                                                                                                                                                                                                                                                                                                                                                                                             ","UN    ","CR",2177.9499999999998]
["43980SINAPI",43980,"SINAPI","CAIXA D'AGUA / RESERVATORIO EM POLIESTER REFORCADO COM FIBRA DE VIDRO, 7000 LITROS, COM TAMPA                                                                                                                                                                                                                                                                                                                                                                                                             ","UN    ","CR",2712.4]
["43979SINAPI",43979,"SINAPI","CAIXA D'AGUA / RESERVATORIO EM POLIESTER REFORCADO COM FIBRA DE VIDRO, 750 LITROS, COM TAMPA                                                                                                                                                                                                                                                                                                                                                                                                              ","UN    ","CR",509.63]
["11868SINAPI",11868,"SINAPI","CAIXA D'AGUA / RESERVATORIO EM POLIESTER REFORCADO COM FIBRA DE VIDRO,1000 LITROS, COM TAMPA                                                                                                                                                                                                                                                                                                                                                                                                              ","UN    ","CR",492.86]
[{"$f":"B839&C839","v":"34636SINAPI"},34636,"SINAPI","CAIXA D'AGUA / RESERVATORIO EM POLIETILENO, 1000 LITROS, COM TAMPA                                                                                                                                                                                                                                                                                                                                                                                                                                        ","UN    ","C ",350]
["34639SINAPI",34639,"SINAPI","CAIXA D'AGUA / RESERVATORIO EM POLIETILENO, 1500 LITROS, COM TAMPA                                                                                                                                                                                                                                                                                                                                                                                                                                        ","UN    ","CR",807.86]
["34640SINAPI",34640,"SINAPI","CAIXA D'AGUA / RESERVATORIO EM POLIETILENO, 2000 LITROS, COM TAMPA                                                                                                                                                                                                                                                                                                                                                                                                                                        ","UN    ","CR",916.39]
["43977SINAPI",43977,"SINAPI","CAIXA D'AGUA / RESERVATORIO EM POLIETILENO, 3000 LITROS, COM TAMPA                                                                                                                                                                                                                                                                                                                                                                                                                                        ","UN    ","CR",1579.8]
["34637SINAPI",34637,"SINAPI","CAIXA D'AGUA / RESERVATORIO EM POLIETILENO, 500 LITROS, COM TAMPA                                                                                                                                                                                                                                                                                                                                                                                                                                         ","UN    ","CR",211.66]
["34638SINAPI",34638,"SINAPI","CAIXA D'AGUA / RESERVATORIO EM POLIETILENO, 750 LITROS, COM TAMPA                                                                                                                                                                                                                                                                                                                                                                                                                                         ","UN    ","CR",327.39999999999998]
["34641SINAPI",34641,"SINAPI","CAIXA DE ATERRAMENTO EM CONCRETO PRE-MOLDADO, DIAMETRO DE 0,30 M E ALTURA DE 0,35 M, SEM FUNDO E COM TAMPA                                                                                                                                                                                                                                                                                                                                                                                                ","UN    ","AS",114.1]
["43434SINAPI",43434,"SINAPI","CAIXA DE CONCRETO ARMADO PRE-MOLDADO, COM FUNDO E SEM TAMPA, DIMENSOES DE 0,30 X 0,30 X 0,30 M                                                                                                                                                                                                                                                                                                                                                                                                            ","UN    ","AS",123.36]
["43435SINAPI",43435,"SINAPI","CAIXA DE CONCRETO ARMADO PRE-MOLDADO, COM FUNDO E SEM TAMPA, DIMENSOES DE 0,40 X 0,40 X 0,40 M                                                                                                                                                                                                                                                                                                                                                                                                            ","UN    ","AS",226.16]
["43436SINAPI",43436,"SINAPI","CAIXA DE CONCRETO ARMADO PRE-MOLDADO, COM FUNDO E SEM TAMPA, DIMENSOES DE 0,60 X 0,60 X 0,50 M                                                                                                                                                                                                                                                                                                                                                                                                            ","UN    ","AS",395.78]
["43437SINAPI",43437,"SINAPI","CAIXA DE CONCRETO ARMADO PRE-MOLDADO, COM FUNDO E SEM TAMPA, DIMENSOES DE 0,80 X 0,80 X 0,50 M                                                                                                                                                                                                                                                                                                                                                                                                            ","UN    ","AS",717.56]
["43438SINAPI",43438,"SINAPI","CAIXA DE CONCRETO ARMADO PRE-MOLDADO, COM FUNDO E SEM TAMPA, DIMENSOES DE 1,00 X 1,00 X 0,50 M                                                                                                                                                                                                                                                                                                                                                                                                            ","UN    ","AS",1285.03]
["41627SINAPI",41627,"SINAPI","CAIXA DE CONCRETO ARMADO PRE-MOLDADO, COM FUNDO E TAMPA, DIMENSOES DE 0,30 X 0,30 X 0,30 M                                                                                                                                                                                                                                                                                                                                                                                                                ","UN    ","AS",190.18]
["41628SINAPI",41628,"SINAPI","CAIXA DE CONCRETO ARMADO PRE-MOLDADO, COM FUNDO E TAMPA, DIMENSOES DE 0,40 X 0,40 X 0,40 M                                                                                                                                                                                                                                                                                                                                                                                                                ","UN    ","AS",349.52]
["41629SINAPI",41629,"SINAPI","CAIXA DE CONCRETO ARMADO PRE-MOLDADO, COM FUNDO E TAMPA, DIMENSOES DE 0,60 X 0,60 X 0,50 M                                                                                                                                                                                                                                                                                                                                                                                                                ","UN    ","AS",444.1]
["43429SINAPI",43429,"SINAPI","CAIXA DE CONCRETO ARMADO PRE-MOLDADO, SEM FUNDO, QUADRADA, DIMENSOES DE 0,30 X 0,30 X 0,30 M                                                                                                                                                                                                                                                                                                                                                                                                              ","UN    ","AS",98.4]
["43430SINAPI",43430,"SINAPI","CAIXA DE CONCRETO ARMADO PRE-MOLDADO, SEM FUNDO, QUADRADA, DIMENSOES DE 0,40 X 0,40 X 0,40 M                                                                                                                                                                                                                                                                                                                                                                                                              ","UN    ","AS",163.44999999999999]
["43431SINAPI",43431,"SINAPI","CAIXA DE CONCRETO ARMADO PRE-MOLDADO, SEM FUNDO, QUADRADA, DIMENSOES DE 0,60 X 0,60 X 0,50 M                                                                                                                                                                                                                                                                                                                                                                                                              ","UN    ","AS",316.63]
["43432SINAPI",43432,"SINAPI","CAIXA DE CONCRETO ARMADO PRE-MOLDADO, SEM FUNDO, QUADRADA, DIMENSOES DE 0,80 X 0,80 X 0,50 M                                                                                                                                                                                                                                                                                                                                                                                                              ","UN    ","AS",657.93]
["43433SINAPI",43433,"SINAPI","CAIXA DE CONCRETO ARMADO PRE-MOLDADO, SEM FUNDO, QUADRADA, DIMENSOES DE 1,00 X 1,00 X 0,50 M                                                                                                                                                                                                                                                                                                                                                                                                              ","UN    ","AS",1037.27]
["43094SINAPI",43094,"SINAPI","CAIXA DE DERIVACAO PARA MEDIDOR DE ENERGIA, COM BARRAMENTO MONOFASICO, EM POLICARBONATO / TERMOPLASTICO - MODULO (PADRAO CONCESSIONARIA LOCAL)                                                                                                                                                                                                                                                                                                                                                            ","UN    ","CR",245.06]
["43093SINAPI",43093,"SINAPI","CAIXA DE DERIVACAO PARA MEDIDOR DE ENERGIA, COM BARRAMENTO POLIFASICO, EM POLICARBONATO / TERMOPLASTICO - MODULO (PADRAO CONCESSIONARIA LOCAL)                                                                                                                                                                                                                                                                                                                                                            ","UN    ","CR",260.42]
["11694SINAPI",11694,"SINAPI","CAIXA DE DESCARGA PLASTICA PARA BACIA / VASO SANITARIO DE EMBUTIR, COM ESPELHO ACIONADOR EM PLASTICO, CAPACIDADE 6 A 10 LITROS, (COMPLETA - ACESSORIOS INCLUSOS)                                                                                                                                                                                                                                                                                                                                          ","UN    ","CR",994.73]
["1030SINAPI",1030,"SINAPI","CAIXA DE DESCARGA PLASTICA PARA BACIA / VASO SANITARIO, EXTERNA, CAPACIDADE 9 LITROS, PUXADOR FIO DE NYLON, NAO INCLUSO CANO, BOLSA, ENGATE                                                                                                                                                                                                                                                                                                                                                               ","UN    ","C ",45]
["11881SINAPI",11881,"SINAPI","CAIXA DE GORDURA CILINDRICA EM CONCRETO SIMPLES,  PRE-MOLDADA, COM DIAMETRO DE 40 CM E ALTURA DE 45 CM, COM TAMPA                                                                                                                                                                                                                                                                                                                                                                                         ","UN    ","AS",174.76]
["35277SINAPI",35277,"SINAPI","CAIXA DE GORDURA EM PVC, DIAMETRO MINIMO 300 MM, DIAMETRO DE SAIDA 100 MM, CAPACIDADE  APROXIMADA 18 LITROS, COM TAMPA E CESTO                                                                                                                                                                                                                                                                                                                                                                            ","UN    ","AS",388.26]
["10521SINAPI",10521,"SINAPI","CAIXA DE INCENDIO/ABRIGO PARA MANGUEIRA, DE EMBUTIR/INTERNA, COM 75 X 45 X 17 CM, EM CHAPA DE ACO, PORTA COM VENTILACAO, VISOR COM A INSCRICAO \"INCENDIO\", SUPORTE/CESTA INTERNA PARA A MANGUEIRA, PINTURA ELETROSTATICA VERMELHA                                                                                                                                                                                                                                                                         ","UN    ","AS",297.19]
["10885SINAPI",10885,"SINAPI","CAIXA DE INCENDIO/ABRIGO PARA MANGUEIRA, DE EMBUTIR/INTERNA, COM 90 X 60 X 17 CM, EM CHAPA DE ACO, PORTA COM VENTILACAO, VISOR COM A INSCRICAO \"INCENDIO\", SUPORTE/CESTA INTERNA PARA A MANGUEIRA, PINTURA ELETROSTATICA VERMELHA                                                                                                                                                                                                                                                                         ","UN    ","AS",375.91]
["20962SINAPI",20962,"SINAPI","CAIXA DE INCENDIO/ABRIGO PARA MANGUEIRA, DE SOBREPOR/EXTERNA, COM 75 X 45 X 17 CM, EM CHAPA DE ACO, PORTA COM VENTILACAO, VISOR COM A INSCRICAO \"INCENDIO\", SUPORTE/CESTA INTERNA PARA A MANGUEIRA, PINTURA ELETROSTATICA VERMELHA                                                                                                                                                                                                                                                                        ","UN    ","AS",311.35000000000002]
["20963SINAPI",20963,"SINAPI","CAIXA DE INCENDIO/ABRIGO PARA MANGUEIRA, DE SOBREPOR/EXTERNA, COM 90 X 60 X 17 CM, EM CHAPA DE ACO, PORTA COM VENTILACAO, VISOR COM A INSCRICAO \"INCENDIO\", SUPORTE/CESTA INTERNA PARA A MANGUEIRA, PINTURA ELETROSTATICA VERMELHA                                                                                                                                                                                                                                                                        ","UN    ","AS",380.34]
["34643SINAPI",34643,"SINAPI","CAIXA DE INSPECAO PARA ATERRAMENTO E PARA RAIOS, EM POLIPROPILENO,  DIAMETRO = 300 MM X ALTURA = 400 MM                                                                                                                                                                                                                                                                                                                                                                                                   ","UN    ","AS",44.71]
["41480SINAPI",41480,"SINAPI","CAIXA DE INSPECAO PARA ATERRAMENTO OU OUTRO USO, EM PVC, DN = 250 X 250 MM                                                                                                                                                                                                                                                                                                                                                                                                                                ","UN    ","AS",51.84]
["41474SINAPI",41474,"SINAPI","CAIXA DE INSPECAO PARA ATERRAMENTO OU OUTRO USO, EM PVC, DN = 300 X *300* MM                                                                                                                                                                                                                                                                                                                                                                                                                              ","UN    ","AS",82.82]
["41475SINAPI",41475,"SINAPI","CAIXA DE INSPECAO PARA ATERRAMENTO OU OUTRO USO, EM PVC, DN = 300 X 250 MM                                                                                                                                                                                                                                                                                                                                                                                                                                ","UN    ","AS",70.66]
["41476SINAPI",41476,"SINAPI","CAIXA DE INSPECAO PARA ATERRAMENTO OU OUTRO USO, EM PVC, DN = 300 X 600 MM                                                                                                                                                                                                                                                                                                                                                                                                                                ","UN    ","AS",154.72]
["2555SINAPI",2555,"SINAPI","CAIXA DE LUZ \"3 X 3\" EM ACO ESMALTADA                                                                                                                                                                                                                                                                                                                                                                                                                                                                     ","UN    ","CR",1.61]
["2556SINAPI",2556,"SINAPI","CAIXA DE LUZ \"4 X 2\" EM ACO ESMALTADA                                                                                                                                                                                                                                                                                                                                                                                                                                                                     ","UN    ","CR",1.67]
["2557SINAPI",2557,"SINAPI","CAIXA DE LUZ \"4 X 4\" EM ACO ESMALTADA                                                                                                                                                                                                                                                                                                                                                                                                                                                                     ","UN    ","CR",3.53]
["10569SINAPI",10569,"SINAPI","CAIXA DE PASSAGEM / DERIVACAO / LUZ, OCTOGONAL 4 X4, EM ACO ESMALTADA, COM FUNDO MOVEL SIMPLES (FMS)                                                                                                                                                                                                                                                                                                                                                                                                      ","UN    ","CR",3.53]
["39810SINAPI",39810,"SINAPI","CAIXA DE PASSAGEM ELETRICA DE PAREDE, DE EMBUTIR, EM PVC, COM TAMPA APARAFUSADA, DIMENSOES 120 X 120 X *75* MM                                                                                                                                                                                                                                                                                                                                                                                            ","UN    ","CR",33.07]
["39811SINAPI",39811,"SINAPI","CAIXA DE PASSAGEM ELETRICA DE PAREDE, DE EMBUTIR, EM PVC, COM TAMPA APARAFUSADA, DIMENSOES 150 X 150 X *75* MM                                                                                                                                                                                                                                                                                                                                                                                            ","UN    ","CR",40.450000000000003]
["39812SINAPI",39812,"SINAPI","CAIXA DE PASSAGEM ELETRICA DE PAREDE, DE EMBUTIR, EM PVC, COM TAMPA APARAFUSADA, DIMENSOES 200 X 200 X *90* MM                                                                                                                                                                                                                                                                                                                                                                                            ","UN    ","CR",66.510000000000005]
["43096SINAPI",43096,"SINAPI","CAIXA DE PASSAGEM ELETRICA DE PAREDE, DE EMBUTIR, EM TERMOPLASTICO / PVC, COM TAMPA APARAFUSADA, DIMENSOES 400 X 400 X *120* MM                                                                                                                                                                                                                                                                                                                                                                           ","UN    ","CR",220.48]
["43102SINAPI",43102,"SINAPI","CAIXA DE PASSAGEM ELETRICA DE PAREDE, DE SOBREPOR, EM PVC, COM TAMPA APARAFUSADA, DIMENSOES 300 X 300 X *100* MM                                                                                                                                                                                                                                                                                                                                                                                          ","UN    ","CR",134.06]
["43103SINAPI",43103,"SINAPI","CAIXA DE PASSAGEM ELETRICA DE PAREDE, DE SOBREPOR, EM PVC, COM TAMPA APARAFUSADA, DIMENSOES, 400 X 400 X *120* MM                                                                                                                                                                                                                                                                                                                                                                                         ","UN    ","CR",197.41]
["43098SINAPI",43098,"SINAPI","CAIXA DE PASSAGEM ELETRICA DE PAREDE, DE SOBREPOR, EM TERMOPLASTICO / PVC, COM TAMPA APARAFUSA, DIMENSOES 200 X 200 X *100* MM                                                                                                                                                                                                                                                                                                                                                                            ","UN    ","CR",74.680000000000007]
["43097SINAPI",43097,"SINAPI","CAIXA DE PASSAGEM ELETRICA DE PAREDE, DE SOBREPOR, EM TERMOPLASTICO / PVC, COM TAMPA APARAFUSADA, DIMENSOES, 150 X 150 X *100* MM                                                                                                                                                                                                                                                                                                                                                                         ","UN    ","CR",44.24]
["43104SINAPI",43104,"SINAPI","CAIXA DE PASSAGEM ELETRICA, PARA PISO, EM PVC, DIMENSOES DE 3/4\" A 4\"                                                                                                                                                                                                                                                                                                                                                                                                                                     ","UN    ","CR",523.38]
["39771SINAPI",39771,"SINAPI","CAIXA DE PASSAGEM METALICA DE SOBREPOR COM TAMPA PARAFUSADA, DIMENSOES 20 X 20 X 10 CM                                                                                                                                                                                                                                                                                                                                                                                                                    ","UN    ","CR",33.92]
["39772SINAPI",39772,"SINAPI","CAIXA DE PASSAGEM METALICA DE SOBREPOR COM TAMPA PARAFUSADA, DIMENSOES 30 X 30 X 10 CM                                                                                                                                                                                                                                                                                                                                                                                                                    ","UN    ","CR",66.680000000000007]
["39773SINAPI",39773,"SINAPI","CAIXA DE PASSAGEM METALICA DE SOBREPOR COM TAMPA PARAFUSADA, DIMENSOES 40 X 40 X 15 CM                                                                                                                                                                                                                                                                                                                                                                                                                    ","UN    ","CR",107.17]
["39774SINAPI",39774,"SINAPI","CAIXA DE PASSAGEM METALICA DE SOBREPOR COM TAMPA PARAFUSADA, DIMENSOES 50 X 50 X 15 CM                                                                                                                                                                                                                                                                                                                                                                                                                    ","UN    ","CR",160.30000000000001]
["39775SINAPI",39775,"SINAPI","CAIXA DE PASSAGEM METALICA DE SOBREPOR COM TAMPA PARAFUSADA, DIMENSOES 60 X 60 X 20 CM                                                                                                                                                                                                                                                                                                                                                                                                                    ","UN    ","CR",213.94]
["39776SINAPI",39776,"SINAPI","CAIXA DE PASSAGEM METALICA DE SOBREPOR COM TAMPA PARAFUSADA, DIMENSOES 70 X 70 X 20 CM                                                                                                                                                                                                                                                                                                                                                                                                                    ","UN    ","CR",258.55]
["39777SINAPI",39777,"SINAPI","CAIXA DE PASSAGEM METALICA DE SOBREPOR COM TAMPA PARAFUSADA, DIMENSOES 80 X 80 X 20 CM                                                                                                                                                                                                                                                                                                                                                                                                                    ","UN    ","CR",327.71]
["20254SINAPI",20254,"SINAPI","CAIXA DE PASSAGEM METALICA, DE SOBREPOR, COM TAMPA APARAFUSADA, DIMENSOES 15 X 15 X *10* CM                                                                                                                                                                                                                                                                                                                                                                                                               ","UN    ","CR",23.78]
["20253SINAPI",20253,"SINAPI","CAIXA DE PASSAGEM METALICA, DE SOBREPOR, COM TAMPA APARAFUSADA, DIMENSOES 35 X 35 X *12* CM                                                                                                                                                                                                                                                                                                                                                                                                               ","UN    ","CR",78.11]
["11247SINAPI",11247,"SINAPI","CAIXA DE PASSAGEM/ LUZ / TELEFONIA, DE EMBUTIR,  EM CHAPA DE ACO GALVANIZADO, DIMENSOES 150 X 150 X 15 CM (PADRAO CONCESSIONARIA LOCAL)                                                                                                                                                                                                                                                                                                                                                                   ","UN    ","CR",1501.89]
["11250SINAPI",11250,"SINAPI","CAIXA DE PASSAGEM/ LUZ / TELEFONIA, DE EMBUTIR,  EM CHAPA DE ACO GALVANIZADO, DIMENSOES 20 X 20 X *12* CM (PADRAO CONCESSIONARIA LOCAL)                                                                                                                                                                                                                                                                                                                                                                   ","UN    ","CR",64.66]
["11249SINAPI",11249,"SINAPI","CAIXA DE PASSAGEM/ LUZ / TELEFONIA, DE EMBUTIR,  EM CHAPA DE ACO GALVANIZADO, DIMENSOES 200 X 200 X 20 CM (PADRAO CONCESSIONARIA LOCAL)                                                                                                                                                                                                                                                                                                                                                                   ","UN    ","CR",2933.72]
["11251SINAPI",11251,"SINAPI","CAIXA DE PASSAGEM/ LUZ / TELEFONIA, DE EMBUTIR,  EM CHAPA DE ACO GALVANIZADO, DIMENSOES 40 X 40 X *12* CM (PADRAO CONCESSIONARIA LOCAL)                                                                                                                                                                                                                                                                                                                                                                   ","UN    ","CR",143.22]
["11253SINAPI",11253,"SINAPI","CAIXA DE PASSAGEM/ LUZ / TELEFONIA, DE EMBUTIR,  EM CHAPA DE ACO GALVANIZADO, DIMENSOES 60 X 60 X *12* CM (PADRAO CONCESSIONARIA LOCAL)                                                                                                                                                                                                                                                                                                                                                                   ","UN    ","CR",237.33]
["11255SINAPI",11255,"SINAPI","CAIXA DE PASSAGEM/ LUZ / TELEFONIA, DE EMBUTIR,  EM CHAPA DE ACO GALVANIZADO, DIMENSOES 80 X 80 X *12* CM (PADRAO CONCESSIONARIA LOCAL)                                                                                                                                                                                                                                                                                                                                                                   ","UN    ","CR",354.81]
["14055SINAPI",14055,"SINAPI","CAIXA DE PASSAGEM/ LUZ / TELEFONIA, DE EMBUTIR, EM CHAPA DE ACO GALVANIZADO, DIMENSOES 120 X 120 X *12* CM (PADRAO CONCESSIONARIA LOCAL)                                                                                                                                                                                                                                                                                                                                                                  ","UN    ","CR",713.75]
[{"$f":"B903&C903","v":"11256SINAPI"},11256,"SINAPI","CAIXA DE PASSAGEM/ LUZ / TELEFONIA, DE SOBREPOR,  EM CHAPA DE ACO GALVANIZADO, DIMENSOES 80 X 80 X *12* CM (PADRAO CONCESSIONARIA LOCAL)                                                                                                                                                                                                                                                                                                                                                                  ","UN    ","CR",444.43]
["1872SINAPI",1872,"SINAPI","CAIXA DE PASSAGEM, EM PVC, DE 4\" X 2\", PARA ELETRODUTO FLEXIVEL CORRUGADO                                                                                                                                                                                                                                                                                                                                                                                                                                 ","UN    ","CR",2.84]
["1873SINAPI",1873,"SINAPI","CAIXA DE PASSAGEM, EM PVC, DE 4\" X 4\", PARA ELETRODUTO FLEXIVEL CORRUGADO                                                                                                                                                                                                                                                                                                                                                                                                                                 ","UN    ","CR",5.65]
["39693SINAPI",39693,"SINAPI","CAIXA DE PROTECAO EXTERNA PARA MEDIDOR HOROSAZONAL, DE BAIXA TENSAO, COM MODULO, EM CHAPA DE ACO (PADRAO DA CONCESSIONARIA LOCAL)                                                                                                                                                                                                                                                                                                                                                                         ","UN    ","CR",2791.26]
["39692SINAPI",39692,"SINAPI","CAIXA DE PROTECAO PARA TRANSFORMADOR CORRENTE, EM CHAPA DE ACO 18 USG (PADRAO DA CONCESSIONARIA LOCAL)                                                                                                                                                                                                                                                                                                                                                                                                    ","UN    ","CR",893.14]
["1062SINAPI",1062,"SINAPI","CAIXA INTERNA/EXTERNA DE MEDICAO PARA 1 MEDIDOR TRIFASICO, COM VISOR, EM CHAPA DE ACO 18 USG (PADRAO DA CONCESSIONARIA LOCAL)                                                                                                                                                                                                                                                                                                                                                                             ","UN    ","CR",283.05]
["39686SINAPI",39686,"SINAPI","CAIXA INTERNA/EXTERNA DE MEDICAO PARA 4 MEDIDORES MONOFASICOS, COM VISOR, EM CHAPA DE ACO 18 USG (PADRAO DA CONCESSIONARIA LOCAL)                                                                                                                                                                                                                                                                                                                                                                         ","UN    ","CR",458.32]
["43095SINAPI",43095,"SINAPI","CAIXA MODULAR PARA MEDIDOR DE ENERGIA AGRUPADA, EM POLICARBONATO /  TERMOPLASTICO, COM SUPORTE PARA DISJUNTOR (PADRAO DA CONCESSIONARIA LOCAL)                                                                                                                                                                                                                                                                                                                                                            ","UN    ","CR",145.28]
["1871SINAPI",1871,"SINAPI","CAIXA OCTOGONAL DE FUNDO MOVEL, EM PVC, DE 3\" X 3\", PARA ELETRODUTO FLEXIVEL CORRUGADO                                                                                                                                                                                                                                                                                                                                                                                                                    ","UN    ","CR",5.08]
["12001SINAPI",12001,"SINAPI","CAIXA OCTOGONAL DE FUNDO MOVEL, EM PVC, DE 4\" X 4\", PARA ELETRODUTO FLEXIVEL CORRUGADO                                                                                                                                                                                                                                                                                                                                                                                                                    ","UN    ","CR",7.34]
["11882SINAPI",11882,"SINAPI","CAIXA PARA HIDROMETRO CONCRETO PRE MOLDADO, *0,24 M X 0,45 M X 0,30* M (L X C X A)                                                                                                                                                                                                                                                                                                                                                                                                                        ","UN    ","AS",125.41]
["1068SINAPI",1068,"SINAPI","CAIXA PARA MEDICAO COLETIVA TIPO L, PADRAO BIFASICO OU TRIFASICO, PARA ATE 4 MEDIDORES, SEM BARRAMENTO E COM PORTAS INFERIOR E SUPERIOR                                                                                                                                                                                                                                                                                                                                                                   ","UN    ","CR",1867.02]
["39690SINAPI",39690,"SINAPI","CAIXA PARA MEDICAO COLETIVA TIPO M, PADRAO BIFASICO OU TRIFASICO, PARA ATE 8 MEDIDORES, SEM BARRAMENTO E COM PORTAS INFERIOR E SUPERIOR                                                                                                                                                                                                                                                                                                                                                                   ","UN    ","CR",3132.24]
["39691SINAPI",39691,"SINAPI","CAIXA PARA MEDICAO COLETIVA TIPO N, PADRAO BIFASICO OU TRIFASICO, PARA ATE 12 MEDIDORES, SEM BARRAMENTO E COM PORTAS INFERIOR E SUPERIOR                                                                                                                                                                                                                                                                                                                                                                  ","UN    ","CR",3939.48]
["39808SINAPI",39808,"SINAPI","CAIXA PARA MEDIDOR MONOFASICO, EM POLICARBONATO / TERMOPLASTICO, PARA ALOJAR 1 DISJUNTOR (PADRAO DA CONCESSIONARIA LOCAL)                                                                                                                                                                                                                                                                                                                                                                                 ","UN    ","CR",75.849999999999994]
["39809SINAPI",39809,"SINAPI","CAIXA PARA MEDIDOR POLIFASICO, EM POLICARBONATO / TERMOPLASTICO, PARA ALOJAR 1 DISJUNTOR (PADRAO DA CONCESSIONARIA LOCAL)                                                                                                                                                                                                                                                                                                                                                                                 ","UN    ","CR",179.9]
["43439SINAPI",43439,"SINAPI","CAIXA PRE-MOLDADA PARA BOCA DE LOBO, EM CONCRETO ARMADO, COM FCK DE 25 MPA, COM DIMENSOES 1,10 X 0,65 X 1,00 M (COMPRIMENTO X LARGURA X ALTURA)                                                                                                                                                                                                                                                                                                                                                           ","UN    ","AS",575.69000000000005]
["5103SINAPI",5103,"SINAPI","CAIXA SIFONADA PVC, 100 X 100 X 50 MM, COM GRELHA REDONDA, BRANCA                                                                                                                                                                                                                                                                                                                                                                                                                                         ","UN    ","AS",24.58]
["11880SINAPI",11880,"SINAPI","CAIXA SIFONADA PVC, 250 X 230 X 75 MM, COM TAMPA CEGA QUADRADA, BRANCA                                                                                                                                                                                                                                                                                                                                                                                                                                    ","UN    ","AS",103.38]
["11714SINAPI",11714,"SINAPI","CAIXA SIFONADA, PVC, 150 X *185* X 75 MM, COM GRELHA QUADRADA, BRANCA                                                                                                                                                                                                                                                                                                                                                                                                                                     ","UN    ","AS",70.430000000000007]
["11712SINAPI",11712,"SINAPI","CAIXA SIFONADA, PVC, 150 X 150 X 50 MM, COM GRELHA QUADRADA, BRANCA (NBR 5688)                                                                                                                                                                                                                                                                                                                                                                                                                            ","UN    ","AS",45.99]
["11717SINAPI",11717,"SINAPI","CAIXA SIFONADA, PVC, 150 X 150 X 50 MM, COM GRELHA REDONDA, BRANCA                                                                                                                                                                                                                                                                                                                                                                                                                                        ","UN    ","AS",55.44]
["1106SINAPI",1106,"SINAPI","CAL HIDRATADA CH-I PARA ARGAMASSAS                                                                                                                                                                                                                                                                                                                                                                                                                                                                        ","KG    ","C ",1.1299999999999999]
["11161SINAPI",11161,"SINAPI","CAL HIDRATADA PARA PINTURA                                                                                                                                                                                                                                                                                                                                                                                                                                                                                ","KG    ","CR",1.89]
["1107SINAPI",1107,"SINAPI","CAL VIRGEM COMUM PARA ARGAMASSAS (NBR 6453)                                                                                                                                                                                                                                                                                                                                                                                                                                                               ","KG    ","CR",0.96]
["44479SINAPI",44479,"SINAPI","CALCARIO DOLOMITICO A (POSTO PEDREIRA/FORNECEDOR,  SEM FRETE)                                                                                                                                                                                                                                                                                                                                                                                                                                             ","KG    ","CR",0.43]
["4759SINAPI",4759,"SINAPI","CALCETEIRO / RASTELEIRO (HORISTA)                                                                                                                                                                                                                                                                                                                                                                                                                                                                         ","H     ","CR",17.559999999999999]
["41068SINAPI",41068,"SINAPI","CALCETEIRO / RASTELEIRO (MENSALISTA)                                                                                                                                                                                                                                                                                                                                                                                                                                                                      ","MES   ","CR",3042.46]
["12618SINAPI",12618,"SINAPI","CALHA / PERFIL PLUVIAL DE PVC, DIAMETRO ENTRE *119 E 170* MM, COMPRIMENTO DE 3 M, PARA DRENAGEM PLUVIAL PREDIAL                                                                                                                                                                                                                                                                                                                                                                                           ","UN    ","CR",147.55000000000001]
["1108SINAPI",1108,"SINAPI","CALHA MOLDURA AMERICANA DE CHAPA DE ACO GALVANIZADA NUM 26, CORTE 33 CM                                                                                                                                                                                                                                                                                                                                                                                                                                   ","M     ","CR",30.44]
["1117SINAPI",1117,"SINAPI","CALHA PARA AGUA FURTADA DE CHAPA DE ACO GALVANIZADA NUM 26, CORTE 40 CM                                                                                                                                                                                                                                                                                                                                                                                                                                   ","M     ","CR",30.69]
["1118SINAPI",1118,"SINAPI","CALHA PARA AGUA FURTADA DE CHAPA DE ACO GALVANIZADA NUM 26, CORTE 50 CM                                                                                                                                                                                                                                                                                                                                                                                                                                   ","M     ","CR",36.270000000000003]
["1110SINAPI",1110,"SINAPI","CALHA PLATIBANDA DE CHAPA DE ACO GALVANIZADA NUM 26, CORTE 45 CM                                                                                                                                                                                                                                                                                                                                                                                                                                          ","M     ","CR",36.270000000000003]
["40784SINAPI",40784,"SINAPI","CALHA QUADRADA DE CHAPA DE ACO GALVANIZADA NUM 24, CORTE 100 CM                                                                                                                                                                                                                                                                                                                                                                                                                                           ","M     ","CR",100.03]
["40782SINAPI",40782,"SINAPI","CALHA QUADRADA DE CHAPA DE ACO GALVANIZADA NUM 24, CORTE 33 CM                                                                                                                                                                                                                                                                                                                                                                                                                                            ","M     ","CR",39.25]
["40783SINAPI",40783,"SINAPI","CALHA QUADRADA DE CHAPA DE ACO GALVANIZADA NUM 24, CORTE 50 CM                                                                                                                                                                                                                                                                                                                                                                                                                                            ","M     ","CR",51.14]
["1109SINAPI",1109,"SINAPI","CALHA QUADRADA DE CHAPA DE ACO GALVANIZADA NUM 26, CORTE 33 CM                                                                                                                                                                                                                                                                                                                                                                                                                                            ","M     ","CR",30.44]
["1119SINAPI",1119,"SINAPI","CALHA QUADRADA DE CHAPA DE ACO GALVANIZADA NUM 28, CORTE 25 CM                                                                                                                                                                                                                                                                                                                                                                                                                                            ","M     ","CR",19.62]
["13115SINAPI",13115,"SINAPI","CALHA/CANALETA DE CONCRETO SIMPLES, TIPO MEIA CANA, DIAMETRO DE 20 CM, PARA AGUA PLUVIAL                                                                                                                                                                                                                                                                                                                                                                                                                  ","M     ","AS",25.13]
["10541SINAPI",10541,"SINAPI","CALHA/CANALETA DE CONCRETO SIMPLES, TIPO MEIA CANA, DIAMETRO DE 30 CM, PARA AGUA PLUVIAL                                                                                                                                                                                                                                                                                                                                                                                                                  ","M     ","AS",30.71]
["10542SINAPI",10542,"SINAPI","CALHA/CANALETA DE CONCRETO SIMPLES, TIPO MEIA CANA, DIAMETRO DE 40 CM, PARA AGUA PLUVIAL                                                                                                                                                                                                                                                                                                                                                                                                                  ","M     ","AS",40.159999999999997]
["10543SINAPI",10543,"SINAPI","CALHA/CANALETA DE CONCRETO SIMPLES, TIPO MEIA CANA, DIAMETRO DE 50 CM, PARA AGUA PLUVIAL                                                                                                                                                                                                                                                                                                                                                                                                                  ","M     ","AS",65.16]
["10544SINAPI",10544,"SINAPI","CALHA/CANALETA DE CONCRETO SIMPLES, TIPO MEIA CANA, DIAMETRO DE 60 CM, PARA AGUA PLUVIAL                                                                                                                                                                                                                                                                                                                                                                                                                  ","M     ","AS",84.28]
["10545SINAPI",10545,"SINAPI","CALHA/CANALETA DE CONCRETO SIMPLES, TIPO MEIA CANA, DIAMETRO DE 80 CM, PARA AGUA PLUVIAL                                                                                                                                                                                                                                                                                                                                                                                                                  ","M     ","AS",157.51]
["38365SINAPI",38365,"SINAPI","CAMADA SEPARADORA DE FILME DE POLIETILENO 20 A 25 MICRA                                                                                                                                                                                                                                                                                                                                                                                                                                                   ","M2    ","CR",3.68]
["44056SINAPI",44056,"SINAPI","CAMINHAO TOCO, PESO BRUTO TOTAL 10700 KG, CARGA UTIL MAXIMA 7400 KG, DISTANCIA ENTRE EIXOS 4,00 M, POTENCIA 175 CV (INCLUI CABINE E CHASSI, NAO INCLUI CARROCERIA)                                                                                                                                                                                                                                                                                                                                        ","UN    ","AS",460973.89]
["44057SINAPI",44057,"SINAPI","CAMINHAO TOCO, PESO BRUTO TOTAL 13200 KG, CARGA UTIL MAXIMA 9200 KG, DISTANCIA ENTRE EIXOS 3,31 M, POTENCIA 175 CV (INCLUI CABINE E CHASSI, NAO INCLUI CARROCERIA)                                                                                                                                                                                                                                                                                                                                        ","UN    ","AS",492001]
["37754SINAPI",37754,"SINAPI","CAMINHAO TOCO, PESO BRUTO TOTAL 14300 KG, CARGA UTIL MAXIMA 9480 KG, DISTANCIA ENTRE EIXOS 4,80 M, POTENCIA 185 CV (INCLUI CABINE E CHASSI, NAO INCLUI CARROCERIA)                                                                                                                                                                                                                                                                                                                                        ","UN    ","AS",508666.99]
["37757SINAPI",37757,"SINAPI","CAMINHAO TOCO, PESO BRUTO TOTAL 16000 KG, CARGA UTIL MAXIMA 10600 KG, DISTANCIA ENTRE EIXOS 4,80 M, POTENCIA 277 CV (INCLUI CABINE E CHASSI, NAO INCLUI CARROCERIA)                                                                                                                                                                                                                                                                                                                                       ","UN    ","AS",567352.52]
["44058SINAPI",44058,"SINAPI","CAMINHAO TOCO, PESO BRUTO TOTAL 16000 KG, CARGA UTIL MAXIMA 10830 KG, DISTANCIA ENTRE EIXOS 3,56 M, POTENCIA 226 CV (INCLUI CABINE E CHASSI, NAO INCLUI CARROCERIA)                                                                                                                                                                                                                                                                                                                                       ","UN    ","AS",536325.41]
["37752SINAPI",37752,"SINAPI","CAMINHAO TOCO, PESO BRUTO TOTAL 16000 KG, CARGA UTIL MAXIMA 11030 KG, DISTANCIA ENTRE EIXOS 5,41 M, POTENCIA 185 CV (INCLUI CABINE E CHASSI, NAO INCLUI CARROCERIA)                                                                                                                                                                                                                                                                                                                                       ","UN    ","AS",558487.6]
["44059SINAPI",44059,"SINAPI","CAMINHAO TOCO, PESO BRUTO TOTAL 8500 KG, CARGA UTIL MAXIMA 5600 KG, DISTANCIA ENTRE EIXOS 3,40 M, POTENCIA 167 CV (INCLUI CABINE E CHASSI, NAO INCLUI CARROCERIA)                                                                                                                                                                                                                                                                                                                                         ","UN    ","AS",441471.16]
["37750SINAPI",37750,"SINAPI","CAMINHAO TOCO, PESO BRUTO TOTAL 9600 KG, CARGA UTIL MAXIMA 6190 KG, DISTANCIA ENTRE EIXOS 3,70 M, POTENCIA 156 CV (INCLUI CABINE E CHASSI, NAO INCLUI CARROCERIA)                                                                                                                                                                                                                                                                                                                                         ","UN    ","AS",442357.65]
["37758SINAPI",37758,"SINAPI","CAMINHAO TRUCADO, PESO BRUTO TOTAL 23000 KG, CARGA UTIL MAXIMA 15285 KG, DISTANCIA ENTRE EIXOS 4,80 M, POTENCIA 326 CV (INCLUI CABINE E CHASSI, NAO INCLUI CARROCERIA)                                                                                                                                                                                                                                                                                                                                    ","UN    ","AS",703871.68]
["44060SINAPI",44060,"SINAPI","CAMINHAO TRUCADO, PESO BRUTO TOTAL 23000 KG, CARGA UTIL MAXIMA 15460 KG, DISTANCIA ENTRE EIXOS 4,80 M, POTENCIA 286 CV (INCLUI CABINE E CHASSI, NAO INCLUI CARROCERIA)                                                                                                                                                                                                                                                                                                                                    ","UN    ","AS",680823.01]
["37749SINAPI",37749,"SINAPI","CAMINHAO TRUCADO, PESO BRUTO TOTAL 23000 KG, CARGA UTIL MAXIMA 16360 KG, CABINE ESTENDIDA, DISTANCIA ENTRE EIXOS 3,56 M, POTENCIA 277 CV (INCLUI CABINE E CHASSI, NAO INCLUI CARROCERIA)                                                                                                                                                                                                                                                                                                                  ","UN    ","AS",726920.4]
["44061SINAPI",44061,"SINAPI","CAMINHAO TRUCADO, PESO BRUTO TOTAL 23000 KG, CARGA UTIL MAXIMA 16540 KG, DISTANCIA ENTRE EIXOS 4,80 M, POTENCIA 256 CV (INCLUI CABINE E CHASSI, NAO INCLUI CARROCERIA)                                                                                                                                                                                                                                                                                                                                    ","UN    ","AS",667525.69999999995]
["1159SINAPI",1159,"SINAPI","CAMINHONETE COM MOTOR A DIESEL, POTENCIA *160* CV, CABINE DUPLA, 4X4                                                                                                                                                                                                                                                                                                                                                                                                                                      ","UN    ","C ",269465.5]
["12114SINAPI",12114,"SINAPI","CAMPAINHA ALTA POTENCIA 110V / 220V, DIAMETRO 150 MM                                                                                                                                                                                                                                                                                                                                                                                                                                                      ","UN    ","CR",150.41]
["38106SINAPI",38106,"SINAPI","CAMPAINHA CIGARRA 127 V / 220 V (APENAS MODULO)                                                                                                                                                                                                                                                                                                                                                                                                                                                           ","UN    ","CR",20.440000000000001]
["38085SINAPI",38085,"SINAPI","CAMPAINHA CIGARRA 127 V / 220 V, CONJUNTO MONTADO PARA EMBUTIR 4\" X 2\" (PLACA + SUPORTE + MODULO)                                                                                                                                                                                                                                                                                                                                                                                                         ","UN    ","CR",24.14]
["38599SINAPI",38599,"SINAPI","CANALETA DE CONCRETO ESTRUTURAL 14 X 19 X 29 CM, FBK 14 MPA (NBR 6136)                                                                                                                                                                                                                                                                                                                                                                                                                                    ","UN    ","CR",6.73]
["38596SINAPI",38596,"SINAPI","CANALETA DE CONCRETO ESTRUTURAL 14 X 19 X 29 CM, FBK 4,5 MPA (NBR 6136)                                                                                                                                                                                                                                                                                                                                                                                                                                   ","UN    ","CR",5.59]
["38600SINAPI",38600,"SINAPI","CANALETA DE CONCRETO ESTRUTURAL 14 X 19 X 39 CM, FBK 14 MPA (NBR 6136)                                                                                                                                                                                                                                                                                                                                                                                                                                    ","UN    ","CR",7.14]
[{"$f":"B967&C967","v":"38597SINAPI"},38597,"SINAPI","CANALETA DE CONCRETO ESTRUTURAL 14 X 19 X 39 CM, FBK 4,5 MPA (NBR 6136)                                                                                                                                                                                                                                                                                                                                                                                                                                   ","UN    ","CR",5.63]
["659SINAPI",659,"SINAPI","CANALETA DE CONCRETO 14 X 19 X 19 CM (CLASSE C - NBR 6136)                                                                                                                                                                                                                                                                                                                                                                                                                                                ","UN    ","CR",3.23]
["660SINAPI",660,"SINAPI","CANALETA DE CONCRETO 19 X 19 X 19 CM (CLASSE C - NBR 6136)                                                                                                                                                                                                                                                                                                                                                                                                                                                ","UN    ","CR",3.88]
["658SINAPI",658,"SINAPI","CANALETA DE CONCRETO 9 X 19 X 19 CM (CLASSE C - NBR 6136)                                                                                                                                                                                                                                                                                                                                                                                                                                                 ","UN    ","CR",2.19]
["38548SINAPI",38548,"SINAPI","CANALETA ESTRUTURAL CERAMICA DE 14 X 19 X 19 CM (L X A X C) E 6,0 MPA                                                                                                                                                                                                                                                                                                                                                                                                                                     ","UN    ","CR",2.2599999999999998]
["34649SINAPI",34649,"SINAPI","CANALETA ESTRUTURAL CERAMICA DE 14 X 19 X 29 CM (L X A X C) E 6,0 MPA                                                                                                                                                                                                                                                                                                                                                                                                                                     ","UN    ","CR",3.06]
["34655SINAPI",34655,"SINAPI","CANALETA ESTRUTURAL CERAMICA DE 14 X 19 X 39 CM (L X A X C) E 6,0 MPA                                                                                                                                                                                                                                                                                                                                                                                                                                     ","UN    ","CR",4.07]
["40607SINAPI",40607,"SINAPI","CANOPLA ACABAMENTO CROMADO PARA INSTALACAO DE SPRINKLER, SOB FORRO, 15 MM                                                                                                                                                                                                                                                                                                                                                                                                                                 ","UN    ","AS",4]
["567SINAPI",567,"SINAPI","CANTONEIRA (ABAS IGUAIS) EM ACO CARBONO, 25,4 MM X 3,17 MM (L X E), 1,27KG/M                                                                                                                                                                                                                                                                                                                                                                                                                              ","M     ","CR",12.54]
["574SINAPI",574,"SINAPI","CANTONEIRA (ABAS IGUAIS) EM ACO CARBONO, 38,1 MM X 3,17 MM (L X E), 3,48 KG/M                                                                                                                                                                                                                                                                                                                                                                                                                             ","M     ","CR",32.97]
["568SINAPI",568,"SINAPI","CANTONEIRA (ABAS IGUAIS) EM ACO CARBONO, 50,8 MM X 9,53 MM (L X E), 6,99 KG/M                                                                                                                                                                                                                                                                                                                                                                                                                             ","M     ","CR",69.48]
["4777SINAPI",4777,"SINAPI","CANTONEIRA ACO ABAS IGUAIS (QUALQUER BITOLA), ESPESSURA ENTRE 1/8\" E 1/4\"                                                                                                                                                                                                                                                                                                                                                                                                                                 ","KG    ","AS",8.02]
["592SINAPI",592,"SINAPI","CANTONEIRA EM ALUMINIO, ABAS IGUAIS, LARGURA DE 25,40 MM (1\"), ESPESSURA DE 3,17 MM (1/8\") E PESO LINEAR DE APROXIMADAMENTE 0,408 KG/M                                                                                                                                                                                                                                                                                                                                                                    ","KG    ","AS",31.83]
["586SINAPI",586,"SINAPI","CANTONEIRA EM ALUMINIO, ABAS IGUAIS, LARGURA DE 25,40 MM (1\"), ESPESSURA DE 4,76 MM (3/16\") E PESO LINEAR DE APROXIMADAMENTEO 0,593 KG/M                                                                                                                                                                                                                                                                                                                                                                  ","M     ","AS",18.71]
["588SINAPI",588,"SINAPI","CANTONEIRA EM ALUMINIO, ABAS IGUAIS, LARGURA DE 31,75 MM (1 1/4\"), ESPESSURA DE 4,76 MM (3/16\") E PESO LINEAR DE APROXIMADAMENTE 0,755 KG/M                                                                                                                                                                                                                                                                                                                                                               ","M     ","AS",29.6]
["591SINAPI",591,"SINAPI","CANTONEIRA EM ALUMINIO, ABAS IGUAIS, LARGURA DE 38,10 MM (1 1/2\"), ESPESSURA DE 4,76 MM (3/16\") E PESO LINEAR DE APROXIMADAMENTE 0,915 KG/M                                                                                                                                                                                                                                                                                                                                                               ","KG    ","AS",29.7]
["584SINAPI",584,"SINAPI","CANTONEIRA EM ALUMINIO, ABAS IGUAIS, LARGURA DE 50,80 MM (2\") , ESPESSURA DE 3,17 MM (1/8\") E PESO LINEAR DE APROXIMADAMENTE 0,842 KG/M                                                                                                                                                                                                                                                                                                                                                                   ","M     ","AS",31.61]
["589SINAPI",589,"SINAPI","CANTONEIRA EM ALUMINIO, ABAS IGUAIS, LARGURA DE 50,80 MM (2\"), ESPESSURA DE 6,35 MM (1/4\") E PESO LINEAR DE APROXIMADAMENTE 1,630 KG/M                                                                                                                                                                                                                                                                                                                                                                    ","M     ","AS",50.03]
["1165SINAPI",1165,"SINAPI","CAP OU TAMPAO DE FERRO GALVANIZADO, COM ROSCA BSP, DE 1 1/2\"                                                                                                                                                                                                                                                                                                                                                                                                                                              ","UN    ","AS",21.42]
["1164SINAPI",1164,"SINAPI","CAP OU TAMPAO DE FERRO GALVANIZADO, COM ROSCA BSP, DE 1 1/4\"                                                                                                                                                                                                                                                                                                                                                                                                                                              ","UN    ","AS",17.350000000000001]
["1162SINAPI",1162,"SINAPI","CAP OU TAMPAO DE FERRO GALVANIZADO, COM ROSCA BSP, DE 1/2\"                                                                                                                                                                                                                                                                                                                                                                                                                                                ","UN    ","AS",6.03]
["12395SINAPI",12395,"SINAPI","CAP OU TAMPAO DE FERRO GALVANIZADO, COM ROSCA BSP, DE 1/4\"                                                                                                                                                                                                                                                                                                                                                                                                                                                ","UN    ","AS",5.86]
["1170SINAPI",1170,"SINAPI","CAP OU TAMPAO DE FERRO GALVANIZADO, COM ROSCA BSP, DE 1\"                                                                                                                                                                                                                                                                                                                                                                                                                                                  ","UN    ","AS",11.37]
["1169SINAPI",1169,"SINAPI","CAP OU TAMPAO DE FERRO GALVANIZADO, COM ROSCA BSP, DE 2 1/2\"                                                                                                                                                                                                                                                                                                                                                                                                                                              ","UN    ","AS",55.8]
["1166SINAPI",1166,"SINAPI","CAP OU TAMPAO DE FERRO GALVANIZADO, COM ROSCA BSP, DE 2\"                                                                                                                                                                                                                                                                                                                                                                                                                                                  ","UN    ","AS",30.94]
["1163SINAPI",1163,"SINAPI","CAP OU TAMPAO DE FERRO GALVANIZADO, COM ROSCA BSP, DE 3/4\"                                                                                                                                                                                                                                                                                                                                                                                                                                                ","UN    ","AS",7.8]
["12396SINAPI",12396,"SINAPI","CAP OU TAMPAO DE FERRO GALVANIZADO, COM ROSCA BSP, DE 3/8\"                                                                                                                                                                                                                                                                                                                                                                                                                                                ","UN    ","AS",5.86]
["1168SINAPI",1168,"SINAPI","CAP OU TAMPAO DE FERRO GALVANIZADO, COM ROSCA BSP, DE 3\"                                                                                                                                                                                                                                                                                                                                                                                                                                                  ","UN    ","AS",79.55]
["1167SINAPI",1167,"SINAPI","CAP OU TAMPAO DE FERRO GALVANIZADO, COM ROSCA BSP, DE 4\"                                                                                                                                                                                                                                                                                                                                                                                                                                                  ","UN    ","AS",133.06]
["36331SINAPI",36331,"SINAPI","CAP PPR DN 20 MM, PARA AGUA QUENTE PREDIAL                                                                                                                                                                                                                                                                                                                                                                                                                                                                ","UN    ","AS",2.21]
["36346SINAPI",36346,"SINAPI","CAP PPR DN 25 MM, PARA AGUA QUENTE PREDIAL                                                                                                                                                                                                                                                                                                                                                                                                                                                                ","UN    ","AS",3.32]
["1197SINAPI",1197,"SINAPI","CAP PVC, ROSCAVEL, 1/2\", PARA AGUA FRIA PREDIAL                                                                                                                                                                                                                                                                                                                                                                                                                                                           ","UN    ","CR",1.62]
["1202SINAPI",1202,"SINAPI","CAP PVC, ROSCAVEL, 1\",  PARA AGUA FRIA PREDIAL                                                                                                                                                                                                                                                                                                                                                                                                                                                            ","UN    ","CR",4.58]
["1198SINAPI",1198,"SINAPI","CAP PVC, ROSCAVEL, 3/4\",  PARA AGUA FRIA PREDIAL                                                                                                                                                                                                                                                                                                                                                                                                                                                          ","UN    ","CR",2.12]
["20088SINAPI",20088,"SINAPI","CAP PVC, SERIE R, DN 100 MM, PARA ESGOTO PREDIAL                                                                                                                                                                                                                                                                                                                                                                                                                                                          ","UN    ","CR",11.35]
["20089SINAPI",20089,"SINAPI","CAP PVC, SERIE R, DN 150 MM, PARA ESGOTO PREDIAL                                                                                                                                                                                                                                                                                                                                                                                                                                                          ","UN    ","CR",55.65]
["20087SINAPI",20087,"SINAPI","CAP PVC, SERIE R, DN 75 MM, PARA ESGOTO PREDIAL                                                                                                                                                                                                                                                                                                                                                                                                                                                           ","UN    ","CR",9.39]
["1200SINAPI",1200,"SINAPI","CAP PVC, SOLDAVEL, DN 100 MM, SERIE NORMAL, PARA ESGOTO PREDIAL                                                                                                                                                                                                                                                                                                                                                                                                                                           ","UN    ","CR",8.5299999999999994]
["12909SINAPI",12909,"SINAPI","CAP PVC, SOLDAVEL, DN 50 MM, SERIE NORMAL, PARA ESGOTO PREDIAL                                                                                                                                                                                                                                                                                                                                                                                                                                            ","UN    ","CR",3.96]
["12910SINAPI",12910,"SINAPI","CAP PVC, SOLDAVEL, DN 75 MM, SERIE NORMAL, PARA ESGOTO PREDIAL                                                                                                                                                                                                                                                                                                                                                                                                                                            ","UN    ","CR",7.11]
["1191SINAPI",1191,"SINAPI","CAP PVC, SOLDAVEL, 20 MM, PARA AGUA FRIA PREDIAL                                                                                                                                                                                                                                                                                                                                                                                                                                                          ","UN    ","CR",1.1499999999999999]
["1185SINAPI",1185,"SINAPI","CAP PVC, SOLDAVEL, 25 MM, PARA AGUA FRIA PREDIAL                                                                                                                                                                                                                                                                                                                                                                                                                                                          ","UN    ","CR",1.1499999999999999]
["1189SINAPI",1189,"SINAPI","CAP PVC, SOLDAVEL, 32 MM, PARA AGUA FRIA PREDIAL                                                                                                                                                                                                                                                                                                                                                                                                                                                          ","UN    ","CR",1.88]
["1193SINAPI",1193,"SINAPI","CAP PVC, SOLDAVEL, 40 MM, PARA AGUA FRIA PREDIAL                                                                                                                                                                                                                                                                                                                                                                                                                                                          ","UN    ","CR",3.62]
["1194SINAPI",1194,"SINAPI","CAP PVC, SOLDAVEL, 50 MM, PARA AGUA FRIA PREDIAL                                                                                                                                                                                                                                                                                                                                                                                                                                                          ","UN    ","CR",6.54]
["1195SINAPI",1195,"SINAPI","CAP PVC, SOLDAVEL, 60 MM, PARA AGUA FRIA PREDIAL                                                                                                                                                                                                                                                                                                                                                                                                                                                          ","UN    ","CR",11.01]
["1204SINAPI",1204,"SINAPI","CAP PVC, SOLDAVEL, 75 MM, PARA AGUA FRIA PREDIAL                                                                                                                                                                                                                                                                                                                                                                                                                                                          ","UN    ","CR",19.260000000000002]
["1207SINAPI",1207,"SINAPI","CAP, PVC PBA, JE, DN 100 / DE 110 MM,  PARA REDE DE AGUA (NBR 10351)                                                                                                                                                                                                                                                                                                                                                                                                                                      ","UN    ","AS",29.45]
["1206SINAPI",1206,"SINAPI","CAP, PVC PBA, JE, DN 50 / DE 60 MM,  PARA REDE DE AGUA (NBR 10351)                                                                                                                                                                                                                                                                                                                                                                                                                                        ","UN    ","AS",7.38]
["1183SINAPI",1183,"SINAPI","CAP, PVC PBA, JE, DN 75 / DE 85 MM,  PARA REDE DE AGUA (NBR 10351)                                                                                                                                                                                                                                                                                                                                                                                                                                        ","UN    ","AS",19.23]
["42685SINAPI",42685,"SINAPI","CAP, PVC, JE, OCRE, DN 150 MM (CONEXAO PARA TUBO COLETOR DE ESGOTO)                                                                                                                                                                                                                                                                                                                                                                                                                                       ","UN    ","CR",57.67]
["42686SINAPI",42686,"SINAPI","CAP, PVC, JE, OCRE, DN 200 MM (CONEXAO PARA TUBO COLETOR DE ESGOTO)                                                                                                                                                                                                                                                                                                                                                                                                                                       ","UN    ","CR",63.52]
["12894SINAPI",12894,"SINAPI","CAPA PARA CHUVA EM PVC COM FORRO DE POLIESTER, COM CAPUZ (AMARELA OU AZUL)                                                                                                                                                                                                                                                                                                                                                                                                                                ","UN    ","CR",26]
["12895SINAPI",12895,"SINAPI","CAPACETE DE SEGURANCA ABA FRONTAL COM SUSPENSAO DE POLIETILENO, SEM JUGULAR (CLASSE B)                                                                                                                                                                                                                                                                                                                                                                                                                    ","UN    ","C ",20]
["1631SINAPI",1631,"SINAPI","CAPACITOR TRIFASICO, POTENCIA 2,5 KVAR, TENSAO 220 V, FORNECIDO COM CAPA PROTETORA, RESISTOR INTERNO A UNIDADE CAPACITIVA                                                                                                                                                                                                                                                                                                                                                                                 ","UN    ","AS",188.55]
["1633SINAPI",1633,"SINAPI","CAPACITOR TRIFASICO, POTENCIA 5 KVAR, TENSAO 220 V, FORNECIDO COM CAPA PROTETORA, RESISTOR INTERNO A UNIDADE CAPACITIVA                                                                                                                                                                                                                                                                                                                                                                                   ","UN    ","AS",320.37]
["10818SINAPI",10818,"SINAPI","CAPIM BRAQUIARIA DECUMBENS/ BRAQUIARINHA, VC *70*% MINIMO                                                                                                                                                                                                                                                                                                                                                                                                                                                 ","KG    ","AS",55.85]
["41410SINAPI",41410,"SINAPI","CAPTOR FRANKLIN (4 PONTAS), EM LATAO CROMADO, H = 300 MM, DUAS DESCIDAS                                                                                                                                                                                                                                                                                                                                                                                                                                   ","UN    ","AS",81.849999999999994]
["41411SINAPI",41411,"SINAPI","CAPTOR FRANKLIN (4 PONTAS), EM LATAO CROMADO, H = 300 MM, UMA DESCIDA                                                                                                                                                                                                                                                                                                                                                                                                                                     ","UN    ","AS",74.209999999999994]
["41412SINAPI",41412,"SINAPI","CAPTOR FRANKLIN (4 PONTAS), EM LATAO CROMADO, H = 350 MM, DUAS DESCIDAS                                                                                                                                                                                                                                                                                                                                                                                                                                   ","UN    ","AS",143.53]
["41413SINAPI",41413,"SINAPI","CAPTOR FRANKLIN (4 PONTAS), EM LATAO CROMADO, H=350 MM, UMA DESCIDA                                                                                                                                                                                                                                                                                                                                                                                                                                       ","UN    ","AS",129.15]
["39359SINAPI",39359,"SINAPI","CARENAGEM /TAMPA, EM PLASTICO, COR BRANCA, UTILIZADO EM KIT CHASSI METALICO PARA INSTAL. HIDRAULICA DE CUBA SIMPLES SEM MAQUINA DE LAVAR ROUPA, *355* X *670* MM (L X H) (COM FUROS E DEMAIS ENCAIXES)                                                                                                                                                                                                                                                                                                    ","UN    ","AS",33.65]
["39360SINAPI",39360,"SINAPI","CARENAGEM /TAMPA, EM PLASTICO, COR BRANCA, UTILIZADO EM KIT CHASSI METALICO PARA INSTAL. HIDRAULICA DE TANQUE COM MAQUINA DE LAVAR ROUPA, *360* X *470* MM (L X H) (COM FUROS E DEMAIS ENCAIXES)                                                                                                                                                                                                                                                                                                          ","UN    ","AS",33.65]
["10710SINAPI",10710,"SINAPI","CARPETE DE NYLON EM MANTA PARA TRAFEGO COMERCIAL PESADO, E = 6 A 7 MM (INSTALADO)                                                                                                                                                                                                                                                                                                                                                                                                                         ","M2    ","AS",165.02]
[{"$f":"B1031&C1031","v":"10709SINAPI"},10709,"SINAPI","CARPETE DE NYLON EM MANTA PARA TRAFEGO COMERCIAL PESADO, E = 9 A 10 MM (INSTALADO)                                                                                                                                                                                                                                                                                                                                                                                                                        ","M2    ","AS",202.73]
["39636SINAPI",39636,"SINAPI","CARPETE DE NYLON EM PLACAS 50 X 50 CM PARA TRAFEGO COMERCIAL PESADO, E = 6,5 MM (INSTALADO)                                                                                                                                                                                                                                                                                                                                                                                                               ","M2    ","AS",207.02]
["10708SINAPI",10708,"SINAPI","CARPETE DE POLIESTER EM MANTA PARA TRAFEGO COMERCIAL PESADO, E = 4 A 5 MM (INSTALADO)                                                                                                                                                                                                                                                                                                                                                                                                                     ","M2    ","AS",63.88]
["39635SINAPI",39635,"SINAPI","CARPETE DE POLIPROPILENO EM MANTA PARA TRAFEGO COMERCIAL MEDIO, E = 5 A 6 MM (INSTALADO)                                                                                                                                                                                                                                                                                                                                                                                                                  ","M2    ","AS",108.76]
["6117SINAPI",6117,"SINAPI","CARPINTEIRO AUXILIAR (HORISTA)                                                                                                                                                                                                                                                                                                                                                                                                                                                                            ","H     ","CR",15.77]
["40913SINAPI",40913,"SINAPI","CARPINTEIRO AUXILIAR (MENSALISTA)                                                                                                                                                                                                                                                                                                                                                                                                                                                                         ","MES   ","CR",2732.25]
["1214SINAPI",1214,"SINAPI","CARPINTEIRO DE ESQUADRIAS (HORISTA)                                                                                                                                                                                                                                                                                                                                                                                                                                                                       ","H     ","CR",18.25]
["40915SINAPI",40915,"SINAPI","CARPINTEIRO DE ESQUADRIAS (MENSALISTA)                                                                                                                                                                                                                                                                                                                                                                                                                                                                    ","MES   ","CR",3163.08]
["1213SINAPI",1213,"SINAPI","CARPINTEIRO DE FORMAS (HORISTA)                                                                                                                                                                                                                                                                                                                                                                                                                                                                           ","H     ","C ",19.399999999999999]
["40914SINAPI",40914,"SINAPI","CARPINTEIRO DE FORMAS (MENSALISTA)                                                                                                                                                                                                                                                                                                                                                                                                                                                                        ","MES   ","CR",3359.09]
["5091SINAPI",5091,"SINAPI","CARRANCA PARA JANELA VENEZIANA DE ABRIR, EM LATAO CROMADO, SIMPLES, PARA APARAFUSAR NA PAREDE                                                                                                                                                                                                                                                                                                                                                                                                             ","UN    ","CR",20.22]
["14615SINAPI",14615,"SINAPI","CARRINHO COM 2 PNEUS PARA TRANSPORTAR TUBO CONCRETO, ALTURA ATE 1,0 M E DIAMETRO ATE 1000MM, COM ESTRUTURA EM PERFIL OU TUBO METALICO                                                                                                                                                                                                                                                                                                                                                                     ","UN    ","AS",3467.1]
["2711SINAPI",2711,"SINAPI","CARRINHO DE MAO DE ACO CAPACIDADE 50 A 60 L, PNEU COM CAMARA                                                                                                                                                                                                                                                                                                                                                                                                                                              ","UN    ","C ",215]
["37727SINAPI",37727,"SINAPI","CARROCERIA FIXA ABERTA DE MADEIRA PARA TRANSPORTE GERAL DE CARGA SECA DIMENSOES APROXIMADAS 2,25 X 4,10 X 0,50 M (INCLUI MONTAGEM, NAO INCLUI CAMINHAO)                                                                                                                                                                                                                                                                                                                                                   ","UN    ","AS",17085]
["37728SINAPI",37728,"SINAPI","CARROCERIA FIXA ABERTA DE MADEIRA PARA TRANSPORTE GERAL DE CARGA SECA DIMENSOES APROXIMADAS 2,5 X 5,5 X 0,50 M (INCLUI MONTAGEM, NAO INCLUI CAMINHAO)                                                                                                                                                                                                                                                                                                                                                     ","UN    ","AS",23178.25]
["37729SINAPI",37729,"SINAPI","CARROCERIA FIXA ABERTA DE MADEIRA PARA TRANSPORTE GERAL DE CARGA SECA DIMENSOES APROXIMADAS 2,5 X 6,00 X 0,50 M (INCLUI MONTAGEM, NAO INCLUI CAMINHAO)                                                                                                                                                                                                                                                                                                                                                    ","UN    ","AS",25089.86]
["37730SINAPI",37730,"SINAPI","CARROCERIA FIXA ABERTA DE MADEIRA PARA TRANSPORTE GERAL DE CARGA SECA DIMENSOES APROXIMADAS 2,5 X 6,5 X 0,50 M (INCLUI MONTAGEM, NAO INCLUI CAMINHAO)                                                                                                                                                                                                                                                                                                                                                     ","UN    ","AS",27001.46]
["37731SINAPI",37731,"SINAPI","CARROCERIA FIXA ABERTA DE MADEIRA PARA TRANSPORTE GERAL DE CARGA SECA DIMENSOES APROXIMADAS 2,5 X 7,00 X 0,50 M (INCLUI MONTAGEM, NAO INCLUI CAMINHAO)                                                                                                                                                                                                                                                                                                                                                    ","UN    ","AS",28913.07]
["37732SINAPI",37732,"SINAPI","CARROCERIA FIXA ABERTA DE MADEIRA PARA TRANSPORTE GERAL DE CARGA SECA DIMENSOES APROXIMADAS 2,5 X 7,5 X 0,50 M (INCLUI MONTAGEM, NAO INCLUI CAMINHAO)                                                                                                                                                                                                                                                                                                                                                     ","UN    ","AS",32975.24]
["42256SINAPI",42256,"SINAPI","CARVAO ANTRACITO PARA FILTRO, GRAO VARIANDO DE 0,8 ATE 1,1 MM, COEFICIENTE DE UNIFORMIDADE MENOR QUE 1,7 MM (DISTRIBUIDOR)                                                                                                                                                                                                                                                                                                                                                                                ","KG    ","CR",21.08]
["42250SINAPI",42250,"SINAPI","CARVAO ANTRACITO PARA FILTRO, GRAO VARIANDO DE 0,8 ATE 1,1 MM, COEFICIENTE DE UNIFORMIDADE MENOR QUE 1,7 MM (POSTO JAZIDA/PRODUTOR)                                                                                                                                                                                                                                                                                                                                                                       ","T     ","CR",9483.09]
["4743SINAPI",4743,"SINAPI","CASCALHO DE CAVA                                                                                                                                                                                                                                                                                                                                                                                                                                                                                          ","M3    ","CR",162.41]
["4744SINAPI",4744,"SINAPI","CASCALHO DE RIO                                                                                                                                                                                                                                                                                                                                                                                                                                                                                           ","M3    ","CR",259.86]
["4745SINAPI",4745,"SINAPI","CASCALHO LAVADO                                                                                                                                                                                                                                                                                                                                                                                                                                                                                           ","M3    ","CR",311.67]
["36496SINAPI",36496,"SINAPI","CAVALETE PARA TALHA COM ESTRUTURA EM TUBO METALICO ALTURA MINIMA 3,2 M EQUIPADO COM RODAS DE BORRACHA PARA MOVIMENTACAO DE TUBOS DE CONCRETO NA CENTRAL DE PREMOLDADOS COM CAPACIDADE DE CARGA DE 3 TONELADAS                                                                                                                                                                                                                                                                                             ","UN    ","AS",8802.89]
["10630SINAPI",10630,"SINAPI","CAVALO MECANICO TRACAO 4X2, PESO BRUTO TOTAL COMBINADO 49000 KG, CAPACIDADE MAXIMA DE TRACAO *66000* KG, POTENCIA *360* CV (INCLUI CABINE E CHASSI, NAO INCLUI SEMIRREBOQUE)                                                                                                                                                                                                                                                                                                                              ","UN    ","AS",852320.76]
["37762SINAPI",37762,"SINAPI","CAVALO MECANICO TRACAO 4X2, PESO BRUTO TOTAL 16000 KG, CAPACIDADE MAXIMA DE TRACAO *36000* KG, DISTANCIA ENTRE EIXOS *3,56* M, POTENCIA *286* CV (INCLUI CABINE E CHASSI, NAO INCLUI SEMIRREBOQUE)                                                                                                                                                                                                                                                                                                        ","UN    ","AS",730983.58]
["37763SINAPI",37763,"SINAPI","CAVALO MECANICO TRACAO 4X2, PESO BRUTO TOTAL 16000 KG, CAPACIDADE MAXIMA DE TRACAO *45000* KG, DISTANCIA ENTRE EIXOS *3,56* M, POTENCIA *330* CV (INCLUI CABINE E CHASSI, NAO INCLUI SEMIRREBOQUE)                                                                                                                                                                                                                                                                                                        ","UN    ","AS",739861.8]
["41992SINAPI",41992,"SINAPI","CAVALO MECANICO TRACAO 4X2, PESO BRUTO TOTAL 16000 KG, CAPACIDADE MAXIMA DE TRACAO *80000* KG, POTENCIA *380* CV (INCLUI CABINE E CHASSI, NAO INCLUI SEMIRREBOQUE)                                                                                                                                                                                                                                                                                                                                        ","UN    ","AS",841075]
["13215SINAPI",13215,"SINAPI","CAVALO MECANICO TRACAO 6X2, PESO BRUTO TOTAL COMBINADO 56000 KG, CAPACIDADE MAXIMA DE TRACAO *66000* KG, POTENCIA *360* CV (INCLUI CABINE E CHASSI, NAO INCLUI SEMIRREBOQUE)                                                                                                                                                                                                                                                                                                                              ","UN    ","AS",1031367.37]
["4235SINAPI",4235,"SINAPI","CAVOUQUEIRO OU OPERADOR DE PERFURATRIZ / ROMPEDOR (HORISTA)                                                                                                                                                                                                                                                                                                                                                                                                                                               ","H     ","CR",21.66]
["40976SINAPI",40976,"SINAPI","CAVOUQUEIRO OU OPERADOR DE PERFURATRIZ / ROMPEDOR (MENSALISTA)                                                                                                                                                                                                                                                                                                                                                                                                                                            ","MES   ","CR",3752.92]
["43091SINAPI",43091,"SINAPI","CENTRO DE MEDICAO AGRUPADA, EM POLICARBONATO / PVC, COM 12 MEDIDORES E PROTECAO GERAL (INCLUI BARRAMENTO, DISJUNTORES E ACESSORIOS DE FIXACAO) (PADRAO CONCESSIONARIA LOCAL)                                                                                                                                                                                                                                                                                                                              ","UN    ","CR",6068.26]
["43092SINAPI",43092,"SINAPI","CENTRO DE MEDICAO AGRUPADA, EM POLICARBONATO / PVC, COM 16 MEDIDORES E PROTECAO GERAL (INCLUI BARRAMENTO, DISJUNTORES E ACESSORIOS DE FIXACAO) (PADRAO CONCESSIONARIA LOCAL)                                                                                                                                                                                                                                                                                                                              ","UN    ","CR",8091.02]
["43089SINAPI",43089,"SINAPI","CENTRO DE MEDICAO AGRUPADA, EM POLICARBONATO / PVC, COM 4 MEDIDORES E PROTECAO GERAL (INCLUI BARRAMENTO, DISJUNTORES E ACESSORIOS DE FIXACAO) (PADRAO CONCESSIONARIA LOCAL)                                                                                                                                                                                                                                                                                                                               ","UN    ","CR",1410.09]
["43090SINAPI",43090,"SINAPI","CENTRO DE MEDICAO AGRUPADA, EM POLICARBONATO / PVC, COM 8 MEDIDORES E PROTECAO GERAL (INCLUI BARRAMENTO, DISJUNTORES E ACESSORIOS DE FIXACAO) (PADRAO CONCESSIONARIA LOCAL)                                                                                                                                                                                                                                                                                                                               ","UN    ","CR",3111.93]
["41967SINAPI",41967,"SINAPI","CERA LIQUIDA INCOLOR MULTIPISO                                                                                                                                                                                                                                                                                                                                                                                                                                                                            ","L     ","CR",25.63]
["12760SINAPI",12760,"SINAPI","CHAPA ACO INOX AISI 304 NUMERO 4 (E = 6 MM), ACABAMENTO NUMERO 1 (LAMINADO A QUENTE, FOSCO)                                                                                                                                                                                                                                                                                                                                                                                                               ","M2    ","CR",1569.99]
["12759SINAPI",12759,"SINAPI","CHAPA ACO INOX AISI 304 NUMERO 9 (E = 4 MM), ACABAMENTO NUMERO 1 (LAMINADO A QUENTE, FOSCO)                                                                                                                                                                                                                                                                                                                                                                                                               ","M2    ","CR",1046.6400000000001]
["43105SINAPI",43105,"SINAPI","CHAPA DE ACO CARBONO GALVANIZADA, PERFURADA (GRADE FUROS) E = 1,5 MM, DIAMETRO DO FURO = 9,52 MM (FUROS ALTERNADOS HORIZ.)                                                                                                                                                                                                                                                                                                                                                                                ","KG    ","CR",39.590000000000003]
["40424SINAPI",40424,"SINAPI","CHAPA DE ACO CARBONO LAMINADO A QUENTE, QUALIDADE ESTRUTURAL, BITOLA 3/16\", E =4,75 MM (37,29 KG/M2)                                                                                                                                                                                                                                                                                                                                                                                                      ","KG    ","CR",10.06]
["1325SINAPI",1325,"SINAPI","CHAPA DE ACO FINA A FRIO BITOLA MSG 20, E = 0,90 MM (7,20 KG/M2)                                                                                                                                                                                                                                                                                                                                                                                                                                          ","KG    ","CR",11.02]
["1327SINAPI",1327,"SINAPI","CHAPA DE ACO FINA A FRIO BITOLA MSG 24, E = 0,60 MM (4,80 KG/M2)                                                                                                                                                                                                                                                                                                                                                                                                                                          ","KG    ","CR",11.73]
["1328SINAPI",1328,"SINAPI","CHAPA DE ACO FINA A FRIO BITOLA MSG 26, E = 0,45 MM (3,60 KG/M2)                                                                                                                                                                                                                                                                                                                                                                                                                                          ","KG    ","CR",11.04]
["1321SINAPI",1321,"SINAPI","CHAPA DE ACO FINA A QUENTE BITOLA MSG 13, E = 2,25 MM (18,00 KG/M2)                                                                                                                                                                                                                                                                                                                                                                                                                                       ","KG    ","CR",10.23]
["1318SINAPI",1318,"SINAPI","CHAPA DE ACO FINA A QUENTE BITOLA MSG 14, E = 2,00 MM (16,0 KG/M2)                                                                                                                                                                                                                                                                                                                                                                                                                                        ","KG    ","CR",10.23]
["1322SINAPI",1322,"SINAPI","CHAPA DE ACO FINA A QUENTE BITOLA MSG 16, E = 1,50 MM (12,00 KG/M2)                                                                                                                                                                                                                                                                                                                                                                                                                                       ","KG    ","CR",10.81]
["1323SINAPI",1323,"SINAPI","CHAPA DE ACO FINA A QUENTE BITOLA MSG 18, E = 1,20 MM (9,60 KG/M2)                                                                                                                                                                                                                                                                                                                                                                                                                                        ","KG    ","CR",10.81]
["1319SINAPI",1319,"SINAPI","CHAPA DE ACO FINA A QUENTE BITOLA MSG 3/16 \", E = 4,75 MM (38,00 KG/M2)                                                                                                                                                                                                                                                                                                                                                                                                                                   ","KG    ","CR",9.11]
["11026SINAPI",11026,"SINAPI","CHAPA DE ACO GALVANIZADA BITOLA GSG 14, E = 1,95 MM (15,60 KG/M2)                                                                                                                                                                                                                                                                                                                                                                                                                                         ","KG    ","CR",12.53]
["11027SINAPI",11027,"SINAPI","CHAPA DE ACO GALVANIZADA BITOLA GSG 16, E = 1,55 MM (12,40 KG/M2)                                                                                                                                                                                                                                                                                                                                                                                                                                         ","KG    ","CR",13.04]
["11046SINAPI",11046,"SINAPI","CHAPA DE ACO GALVANIZADA BITOLA GSG 18, E = 1,25 MM (10,00 KG/M2)                                                                                                                                                                                                                                                                                                                                                                                                                                         ","KG    ","CR",12.49]
["11047SINAPI",11047,"SINAPI","CHAPA DE ACO GALVANIZADA BITOLA GSG 19, E = 1,11 MM (8,88 KG/M2)                                                                                                                                                                                                                                                                                                                                                                                                                                          ","KG    ","CR",13.62]
["43668SINAPI",43668,"SINAPI","CHAPA DE ACO GALVANIZADA BITOLA GSG 20, E = 0,95 MM (7,60 KG/M2)                                                                                                                                                                                                                                                                                                                                                                                                                                          ","KG    ","CR",12.02]
["11049SINAPI",11049,"SINAPI","CHAPA DE ACO GALVANIZADA BITOLA GSG 22, E = 0,80 MM (6,40 KG/M2)                                                                                                                                                                                                                                                                                                                                                                                                                                          ","KG    ","C ",13.02]
["43106SINAPI",43106,"SINAPI","CHAPA DE ACO GALVANIZADA BITOLA GSG 24, E = 0,64 (5,12 KG/M2)                                                                                                                                                                                                                                                                                                                                                                                                                                             ","KG    ","CR",13.1]
["11051SINAPI",11051,"SINAPI","CHAPA DE ACO GALVANIZADA BITOLA GSG 26, E = 0,50 MM (4,00 KG/M2)                                                                                                                                                                                                                                                                                                                                                                                                                                          ","KG    ","CR",13.67]
["11061SINAPI",11061,"SINAPI","CHAPA DE ACO GALVANIZADA BITOLA GSG 30, E = 0,35 MM (2,80 KG/M2)                                                                                                                                                                                                                                                                                                                                                                                                                                          ","KG    ","CR",16.399999999999999]
["43667SINAPI",43667,"SINAPI","CHAPA DE ACO GROSSA, ASTM A36, E = 1 \" (25,40 MM) 199,18 KG/M2                                                                                                                                                                                                                                                                                                                                                                                                                                            ","KG    ","CR",11.92]
["1333SINAPI",1333,"SINAPI","CHAPA DE ACO GROSSA, ASTM A36, E = 1/2 \" (12,70 MM) 99,59 KG/M2                                                                                                                                                                                                                                                                                                                                                                                                                                           ","KG    ","CR",9.93]
["1330SINAPI",1330,"SINAPI","CHAPA DE ACO GROSSA, ASTM A36, E = 1/4 \" (6,35 MM) 49,79 KG/M2                                                                                                                                                                                                                                                                                                                                                                                                                                            ","KG    ","CR",9.83]
["10957SINAPI",10957,"SINAPI","CHAPA DE ACO GROSSA, ASTM A36, E = 3/4 \" (19,05 MM) 149,39 KG/M2                                                                                                                                                                                                                                                                                                                                                                                                                                          ","KG    ","CR",11.34]
["1332SINAPI",1332,"SINAPI","CHAPA DE ACO GROSSA, ASTM A36, E = 3/8 \" (9,53 MM) 74,69 KG/M2                                                                                                                                                                                                                                                                                                                                                                                                                                            ","KG    ","CR",10.09]
["1334SINAPI",1334,"SINAPI","CHAPA DE ACO GROSSA, ASTM A36, E = 5/8 \" (15,88 MM) 124,49 KG/M2                                                                                                                                                                                                                                                                                                                                                                                                                                          ","KG    ","CR",11.18]
[{"$f":"B1095&C1095","v":"1335SINAPI"},1335,"SINAPI","CHAPA DE ACO GROSSA, ASTM A36, E = 7/8 \" (22,23 MM) 174,28 KG/M2                                                                                                                                                                                                                                                                                                                                                                                                                                          ","KG    ","CR",11.55]
["40425SINAPI",40425,"SINAPI","CHAPA DE ACO GROSSA, SAE 1020, BITOLA 1/4\", E = 6,35 MM (49,85 KG/M2)                                                                                                                                                                                                                                                                                                                                                                                                                                     ","KG    ","CR",9.89]
["1337SINAPI",1337,"SINAPI","CHAPA DE ACO XADREZ PARA PISOS, E = 1/4 \" (6,30 MM) 54,53 KG/M2                                                                                                                                                                                                                                                                                                                                                                                                                                           ","KG    ","CR",11.34]
["1338SINAPI",1338,"SINAPI","CHAPA DE LAMINADO MELAMINICO, LISO BRILHANTE, DE 1,25 X 3,08 METROS, ESPESSURA = 0,8 MILIMETROS                                                                                                                                                                                                                                                                                                                                                                                                           ","M2    ","AS",77.7]
["1340SINAPI",1340,"SINAPI","CHAPA DE LAMINADO MELAMINICO, LISO FOSCO, DE 1,25 X 3,08 METROS, ESPESSURA = 0,8 MILIMETROS                                                                                                                                                                                                                                                                                                                                                                                                               ","M2    ","AS",89.83]
["1341SINAPI",1341,"SINAPI","CHAPA DE LAMINADO MELAMINICO, TEXTURIZADO, DE 1,25 X 3,08 METROS, ESPESSURA = 0,8 MILIMETROS                                                                                                                                                                                                                                                                                                                                                                                                              ","M2    ","AS",86.52]
["34659SINAPI",34659,"SINAPI","CHAPA DE MDF BRANCO LISO 1 FACE, E = 12 MM, DE *2,75 X 1,85* M                                                                                                                                                                                                                                                                                                                                                                                                                                            ","M2    ","CR",41.78]
["34514SINAPI",34514,"SINAPI","CHAPA DE MDF BRANCO LISO 1 FACE, E = 15 MM, DE *2,75 X 1,85* M                                                                                                                                                                                                                                                                                                                                                                                                                                            ","M2    ","C ",46.28]
["34660SINAPI",34660,"SINAPI","CHAPA DE MDF BRANCO LISO 1 FACE, E = 18 MM, DE *2,75 X 1,85* M                                                                                                                                                                                                                                                                                                                                                                                                                                            ","M2    ","CR",58.73]
["34661SINAPI",34661,"SINAPI","CHAPA DE MDF BRANCO LISO 1 FACE, E = 25 MM, DE *2,75 X 1,85* M                                                                                                                                                                                                                                                                                                                                                                                                                                            ","M2    ","CR",84.36]
["34667SINAPI",34667,"SINAPI","CHAPA DE MDF BRANCO LISO 1 FACE, E = 6 MM, DE *2,75 X 1,85* M                                                                                                                                                                                                                                                                                                                                                                                                                                             ","M2    ","CR",30.55]
["34668SINAPI",34668,"SINAPI","CHAPA DE MDF BRANCO LISO 1 FACE, E = 9 MM, DE *2,75 X 1,85* M                                                                                                                                                                                                                                                                                                                                                                                                                                             ","M2    ","CR",39.92]
["34741SINAPI",34741,"SINAPI","CHAPA DE MDF BRANCO LISO 2 FACES, E = 12 MM, DE *2,75 X 1,85* M                                                                                                                                                                                                                                                                                                                                                                                                                                           ","M2    ","CR",43.92]
["34664SINAPI",34664,"SINAPI","CHAPA DE MDF BRANCO LISO 2 FACES, E = 15 MM, DE *2,75 X 1,85* M                                                                                                                                                                                                                                                                                                                                                                                                                                           ","M2    ","CR",47.93]
["34665SINAPI",34665,"SINAPI","CHAPA DE MDF BRANCO LISO 2 FACES, E = 18 MM, DE *2,75 X 1,85* M                                                                                                                                                                                                                                                                                                                                                                                                                                           ","M2    ","CR",59.5]
["34666SINAPI",34666,"SINAPI","CHAPA DE MDF BRANCO LISO 2 FACES, E = 25 MM, DE *2,75 X 1,85* M                                                                                                                                                                                                                                                                                                                                                                                                                                           ","M2    ","CR",89.87]
["34669SINAPI",34669,"SINAPI","CHAPA DE MDF BRANCO LISO 2 FACES, E = 6 MM, DE *2,75 X 1,85* M                                                                                                                                                                                                                                                                                                                                                                                                                                            ","M2    ","CR",32.950000000000003]
["34670SINAPI",34670,"SINAPI","CHAPA DE MDF BRANCO LISO 2 FACES, E = 9 MM, DE *2,75 X 1,85* M                                                                                                                                                                                                                                                                                                                                                                                                                                            ","M2    ","CR",40.299999999999997]
["34671SINAPI",34671,"SINAPI","CHAPA DE MDF CRU, E = 12 MM, DE *2,75 X 1,85* M                                                                                                                                                                                                                                                                                                                                                                                                                                                           ","M2    ","CR",33.64]
["34672SINAPI",34672,"SINAPI","CHAPA DE MDF CRU, E = 15 MM, DE *2,75 X 1,85* M                                                                                                                                                                                                                                                                                                                                                                                                                                                           ","M2    ","CR",35.47]
["34673SINAPI",34673,"SINAPI","CHAPA DE MDF CRU, E = 18 MM, DE *2,75 X 1,85* M                                                                                                                                                                                                                                                                                                                                                                                                                                                           ","M2    ","CR",43.29]
["34674SINAPI",34674,"SINAPI","CHAPA DE MDF CRU, E = 20 MM, DE *2,75 X 1,85* M                                                                                                                                                                                                                                                                                                                                                                                                                                                           ","M2    ","CR",57.55]
["34675SINAPI",34675,"SINAPI","CHAPA DE MDF CRU, E = 25 MM, DE *2,75 X 1,85* M                                                                                                                                                                                                                                                                                                                                                                                                                                                           ","M2    ","CR",70.16]
["34676SINAPI",34676,"SINAPI","CHAPA DE MDF CRU, E = 6 MM, DE *2,75 X 1,85* M                                                                                                                                                                                                                                                                                                                                                                                                                                                            ","M2    ","CR",20.2]
["34677SINAPI",34677,"SINAPI","CHAPA DE MDF CRU, E = 9 MM, DE *2,75 X 1,85* M                                                                                                                                                                                                                                                                                                                                                                                                                                                            ","M2    ","CR",27.16]
["43126SINAPI",43126,"SINAPI","CHAPA EM ACO GALVANIZADO PARA STEEL DECK, COM NERVURAS TRAPEZOIDAIS, LARGURA UTIL DE 915 MM E ESPESSURA DE 0,80 MM                                                                                                                                                                                                                                                                                                                                                                                        ","M2    ","CR",104.68]
["43124SINAPI",43124,"SINAPI","CHAPA EM ACO GALVANIZADO PARA STEEL DECK, COM NERVURAS TRAPEZOIDAIS, LARGURA UTIL DE 915 MM E ESPESSURA DE 0,95 MM                                                                                                                                                                                                                                                                                                                                                                                        ","M2    ","CR",122.23]
["43125SINAPI",43125,"SINAPI","CHAPA EM ACO GALVANIZADO PARA STEEL DECK, COM NERVURAS TRAPEZOIDAIS, LARGURA UTIL DE 915 MM E ESPESSURA DE 1,25 MM                                                                                                                                                                                                                                                                                                                                                                                        ","M2    ","CR",158.52000000000001]
["40623SINAPI",40623,"SINAPI","CHAPA PARA EMENDA DE VIGA, EM ACO GROSSO, QUALIDADE ESTRUTURAL, BITOLA 3/16 \", E= 4,75 MM, 4 FUROS, LARGURA 45 MM, COMPRIMENTO 500 MM                                                                                                                                                                                                                                                                                                                                                                     ","PAR   ","CR",110.43]
["43701SINAPI",43701,"SINAPI","CHAPA/BOBINA LISA EM ALUMINIO, LIGA 1.200 - H14, QUALQUER ESPESSURA, QUALQUER LARGURA                                                                                                                                                                                                                                                                                                                                                                                                                     ","KG    ","AS",32.5]
["1345SINAPI",1345,"SINAPI","CHAPA/PAINEL DE MADEIRA COMPENSADA PLASTIFICADA (MADEIRITE PLASTIFICADO) PARA FORMA DE CONCRETO, DE 2200 x 1100 MM, E = *17* MM                                                                                                                                                                                                                                                                                                                                                                           ","M2    ","CR",105.5]
["1346SINAPI",1346,"SINAPI","CHAPA/PAINEL DE MADEIRA COMPENSADA PLASTIFICADA (MADEIRITE PLASTIFICADO) PARA FORMA DE CONCRETO, DE 2200 x 1100 MM, E = 10 MM                                                                                                                                                                                                                                                                                                                                                                             ","M2    ","CR",61.36]
["1347SINAPI",1347,"SINAPI","CHAPA/PAINEL DE MADEIRA COMPENSADA PLASTIFICADA (MADEIRITE PLASTIFICADO) PARA FORMA DE CONCRETO, DE 2200 x 1100 MM, E = 12 MM                                                                                                                                                                                                                                                                                                                                                                             ","M2    ","CR",76.040000000000006]
["43678SINAPI",43678,"SINAPI","CHAPA/PAINEL DE MADEIRA COMPENSADA PLASTIFICADA (MADEIRITE PLASTIFICADO) PARA FORMA DE CONCRETO, DE 2200 X 1100 MM, E = 14 MM                                                                                                                                                                                                                                                                                                                                                                             ","M2    ","CR",88.2]
["43680SINAPI",43680,"SINAPI","CHAPA/PAINEL DE MADEIRA COMPENSADA PLASTIFICADA (MADEIRITE PLASTIFICADO) PARA FORMA DE CONCRETO, DE 2200 X 1100 MM, E = 20 MM                                                                                                                                                                                                                                                                                                                                                                             ","M2    ","CR",127.06]
["43679SINAPI",43679,"SINAPI","CHAPA/PAINEL DE MADEIRA COMPENSADA PLASTIFICADA (MADEIRITE PLASTIFICADO) PARA FORMA DE CONCRETO, DE 2200 X 1100 MM, E = 6 MM                                                                                                                                                                                                                                                                                                                                                                              ","M2    ","CR",44.59]
["1355SINAPI",1355,"SINAPI","CHAPA/PAINEL DE MADEIRA COMPENSADA RESINADA (MADEIRITE RESINADO ROSA) PARA FORMA DE CONCRETO, DE 2200 x 1100 MM, E = 14 MM                                                                                                                                                                                                                                                                                                                                                                                ","M2    ","CR",50.74]
["1358SINAPI",1358,"SINAPI","CHAPA/PAINEL DE MADEIRA COMPENSADA RESINADA (MADEIRITE RESINADO ROSA) PARA FORMA DE CONCRETO, DE 2200 x 1100 MM, E = 17 MM                                                                                                                                                                                                                                                                                                                                                                                ","M2    ","CR",62.3]
["43681SINAPI",43681,"SINAPI","CHAPA/PAINEL DE MADEIRA COMPENSADA RESINADA (MADEIRITE RESINADO ROSA) PARA FORMA DE CONCRETO, DE 2200 x 1100 MM, E = 8 A 12 MM                                                                                                                                                                                                                                                                                                                                                                            ","M2    ","C ",39.25]
["43677SINAPI",43677,"SINAPI","CHAPA/PAINEL DE MADEIRA COMPENSADA RESINADA (MADEIRITE RESINADO ROSA) PARA FORMA DE CONCRETO, DE 2200 X 1100 MM, E = 20 MM                                                                                                                                                                                                                                                                                                                                                                                ","M2    ","CR",77.290000000000006]
["43682SINAPI",43682,"SINAPI","CHAPA/PAINEL DE MADEIRA COMPENSADA RESINADA (MADEIRITE RESINADO ROSA) PARA FORMA DE CONCRETO, DE 2200 X 1100 MM, E = 6 MM                                                                                                                                                                                                                                                                                                                                                                                 ","M2    ","CR",23.69]
["20971SINAPI",20971,"SINAPI","CHAVE DUPLA PARA CONEXOES TIPO STORZ, ENGATE RAPIDO 1 1/2\" X 2 1/2\", EM LATAO, PARA INSTALACAO PREDIAL COMBATE A INCENDIO                                                                                                                                                                                                                                                                                                                                                                                 ","UN    ","AS",29.04]
["39746SINAPI",39746,"SINAPI","CHUMBADOR DE ACO GALVANIZADO, 1\" X 600 MM, PARA POSTES DE ACO COM BASE, INCLUSO PORCA E ARRUELA                                                                                                                                                                                                                                                                                                                                                                                                           ","UN    ","CR",78.95]
["13279SINAPI",13279,"SINAPI","CHUMBADOR DE ACO TIPO PARABOLT, * 5/8\" X 200* MM,  COM PORCA E ARRUELA                                                                                                                                                                                                                                                                                                                                                                                                                                    ","KG    ","CR",19.989999999999998]
["11977SINAPI",11977,"SINAPI","CHUMBADOR DE ACO ZINCADO, DIAMETRO 1/2\", COMPRIMENTO 75 MM                                                                                                                                                                                                                                                                                                                                                                                                                                                ","UN    ","CR",10.35]
["11976SINAPI",11976,"SINAPI","CHUMBADOR DE ACO ZINCADO, DIAMETRO 1/4\" COM PARAFUSO 1/4\" X 40 MM                                                                                                                                                                                                                                                                                                                                                                                                                                         ","UN    ","CR",1.1599999999999999]
["11975SINAPI",11975,"SINAPI","CHUMBADOR DE ACO ZINCADO, DIAMETRO 5/8\", COMPRIMENTO 6\", COM PORCA                                                                                                                                                                                                                                                                                                                                                                                                                                        ","UN    ","CR",22.69]
["1368SINAPI",1368,"SINAPI","CHUVEIRO COMUM EM PLASTICO BRANCO, COM CANO, 3 TEMPERATURAS, 5500 W (110/220 V)                                                                                                                                                                                                                                                                                                                                                                                                                           ","UN    ","C ",85]
["1367SINAPI",1367,"SINAPI","CHUVEIRO COMUM EM PLASTICO CROMADO, COM CANO, 4 TEMPERATURAS (110/220 V)                                                                                                                                                                                                                                                                                                                                                                                                                                  ","UN    ","CR",274.95]
["1380SINAPI",1380,"SINAPI","CIMENTO BRANCO NAO ESTRUTURAL (CPB - NAO ESTRUTURAL)                                                                                                                                                                                                                                                                                                                                                                                                                                                      ","KG    ","CR",7.23]
["1375SINAPI",1375,"SINAPI","CIMENTO IMPERMEABILIZANTE DE PEGA ULTRARRAPIDA PARA TAMPONAMENTOS                                                                                                                                                                                                                                                                                                                                                                                                                                         ","KG    ","CR",23.2]
["1379SINAPI",1379,"SINAPI","CIMENTO PORTLAND COMPOSTO CP II-32                                                                                                                                                                                                                                                                                                                                                                                                                                                                        ","KG    ","C ",1.08]
["13284SINAPI",13284,"SINAPI","CIMENTO PORTLAND DE ALTO FORNO (AF) CP III-40                                                                                                                                                                                                                                                                                                                                                                                                                                                             ","KG    ","CR",0.97]
["44528SINAPI",44528,"SINAPI","CIMENTO PORTLAND ESTRUTURAL BRANCO CPB - 32 ou CPB - 40                                                                                                                                                                                                                                                                                                                                                                                                                                                   ","KG    ","CR",5.75]
["34753SINAPI",34753,"SINAPI","CIMENTO PORTLAND POZOLANICO CP IV-32                                                                                                                                                                                                                                                                                                                                                                                                                                                                      ","KG    ","CR",1.05]
["420SINAPI",420,"SINAPI","CINTA CIRCULAR EM ACO GALVANIZADO DE 150 MM DE DIAMETRO PARA FIXACAO DE CAIXA MEDICAO, INCLUI PARAFUSOS E PORCAS                                                                                                                                                                                                                                                                                                                                                                                          ","UN    ","AS",26.2]
["12327SINAPI",12327,"SINAPI","CINTA CIRCULAR EM ACO GALVANIZADO DE 210 MM DE DIAMETRO PARA INSTALACAO DE TRANSFORMADOR EM POSTE DE CONCRETO                                                                                                                                                                                                                                                                                                                                                                                             ","UN    ","AS",31.22]
["36148SINAPI",36148,"SINAPI","CINTURAO DE SEGURANCA TIPO PARAQUEDISTA, FIVELA EM ACO, AJUSTE NO SUSPENSARIO, CINTURA E PERNAS                                                                                                                                                                                                                                                                                                                                                                                                           ","UN    ","CR",96]
["12329SINAPI",12329,"SINAPI","COBRE ELETROLITICO EM BARRA OU CHAPA                                                                                                                                                                                                                                                                                                                                                                                                                                                                      ","KG    ","CR",137.07]
["1339SINAPI",1339,"SINAPI","COLA A BASE DE RESINA SINTETICA PARA CHAPA DE LAMINADO MELAMINICO E OUTROS                                                                                                                                                                                                                                                                                                                                                                                                                                ","KG    ","AS",77.900000000000006]
["44396SINAPI",44396,"SINAPI","COLA BRANCA BASE PVA                                                                                                                                                                                                                                                                                                                                                                                                                                                                                      ","KG    ","CR",20.75]
["44327SINAPI",44327,"SINAPI","COLA PARA TUBOS E MANTAS ELASTOMERICAS, A BASE DE SOLVENTE                                                                                                                                                                                                                                                                                                                                                                                                                                                ","L     ","CR",70.58]
["37418SINAPI",37418,"SINAPI","COLAR DE TOMADA EM POLIPROPILENO, PP, COM PARAFUSOS, PARA PEAD, 63 X 1/2\" - LIGACAO PREDIAL DE AGUA                                                                                                                                                                                                                                                                                                                                                                                                       ","UN    ","AS",16.71]
["37419SINAPI",37419,"SINAPI","COLAR DE TOMADA EM POLIPROPILENO, PP, COM PARAFUSOS, PARA PEAD, 63 X 3/4\" - LIGACAO PREDIAL DE AGUA                                                                                                                                                                                                                                                                                                                                                                                                       ","UN    ","AS",17.16]
[{"$f":"B1159&C1159","v":"1427SINAPI"},1427,"SINAPI","COLAR TOMADA PVC, COM TRAVAS, SAIDA COM ROSCA, DE 110 MM X 1/2\" OU 110 MM X 3/4\", PARA LIGACAO PREDIAL DE AGUA                                                                                                                                                                                                                                                                                                                                                                                            ","UN    ","AS",17.32]
["1402SINAPI",1402,"SINAPI","COLAR TOMADA PVC, COM TRAVAS, SAIDA COM ROSCA, DE 32 MM X 1/2\" OU 32 MM X 3/4\", PARA LIGACAO PREDIAL DE AGUA                                                                                                                                                                                                                                                                                                                                                                                              ","UN    ","AS",5.99]
["1420SINAPI",1420,"SINAPI","COLAR TOMADA PVC, COM TRAVAS, SAIDA COM ROSCA, DE 40 MM X 1/2\" OU 40 MM X 3/4\", PARA LIGACAO PREDIAL DE AGUA                                                                                                                                                                                                                                                                                                                                                                                              ","UN    ","AS",7.71]
["1419SINAPI",1419,"SINAPI","COLAR TOMADA PVC, COM TRAVAS, SAIDA COM ROSCA, DE 50 MM X 1/2\" OU 50 MM X 3/4\", PARA LIGACAO PREDIAL DE AGUA                                                                                                                                                                                                                                                                                                                                                                                              ","UN    ","AS",9.31]
["1414SINAPI",1414,"SINAPI","COLAR TOMADA PVC, COM TRAVAS, SAIDA COM ROSCA, DE 60 MM X 1/2\" OU 60 MM X 3/4\", PARA LIGACAO PREDIAL DE AGUA                                                                                                                                                                                                                                                                                                                                                                                              ","UN    ","AS",9.11]
["1413SINAPI",1413,"SINAPI","COLAR TOMADA PVC, COM TRAVAS, SAIDA COM ROSCA, DE 75 MM X 1/2\" OU 75 MM X 3/4\", PARA LIGACAO PREDIAL DE AGUA                                                                                                                                                                                                                                                                                                                                                                                              ","UN    ","AS",13.45]
["1412SINAPI",1412,"SINAPI","COLAR TOMADA PVC, COM TRAVAS, SAIDA COM ROSCA, DE 85 MM X 1/2\" OU 85 MM X 3/4\", PARA LIGACAO PREDIAL DE AGUA                                                                                                                                                                                                                                                                                                                                                                                              ","UN    ","AS",11.4]
["1406SINAPI",1406,"SINAPI","COLAR TOMADA PVC, COM TRAVAS, SAIDA ROSCAVEL COM BUCHA DE LATAO, DE 60 MM X 1/2\" OU 60 MM X 3/4\", PARA LIGACAO PREDIAL DE AGUA                                                                                                                                                                                                                                                                                                                                                                            ","UN    ","AS",13.75]
["11281SINAPI",11281,"SINAPI","COMPACTADOR DE SOLO A PERCUSSAO (SOQUETE), A GASOLINA 4 TEMPOS, PESO 55 A 65 KG, FORCA DE IMPACTO 1.000 A 1.500 KGF, FREQ. 600 A 700 GOLPES P/ MINUTO, VELOCIDADE TRABALHO DE 10 A 15 M/MIN, POT. DE 2,00 A 3,00 HP                                                                                                                                                                                                                                                                                       ","UN    ","AS",11459.5]
["1442SINAPI",1442,"SINAPI","COMPACTADOR DE SOLO TIPO PLACA VIBRATORIA REVERSIVEL, A GASOLINA 4 TEMPOS, PESO 125 A 150 KG, FORCA CENTRIF. 2500 A 2800 KGF, LARG. TRABALHO 400 A 450 MM, FREQ. VIBRACAO 4300 A 4500 RPM, VELOC. TRABALHO 15 A 20 M/MIN, POT. 5,5 A 6,0 HP                                                                                                                                                                                                                                                               ","UN    ","AS",9620.16]
["13457SINAPI",13457,"SINAPI","COMPACTADOR DE SOLO TIPO PLACA VIBRATORIA REVERSIVEL, A GASOLINA 4 TEMPOS, PESO 150 A 175 KG, FORCA CENTRIF. 2800 A 3100 KGF, LARG. TRABALHO DE 450 A 520 MM, FREQ. VIBRACAO 4000 A 4300 RPM, VELOC. TRABALHO DE 15 A 20 M/MIN, POT. DE 6,0 A 7,0 HP                                                                                                                                                                                                                                                      ","UN    ","AS",8303.98]
["40699SINAPI",40699,"SINAPI","COMPACTADOR DE SOLO, TIPO PLACA VIBRATORIA NAO REVERSIVEL, A GASOLINA 4 TEMPOS, PESO 80 A 120 KG, FORCA CENTRIF. DE 1300 A 2000 KGF, LARG. TRABALHO DE 400 A 500 MM, FREQ. VIBRACAO DE 4800 A 6000 RPM, VELOCIDADE TRABALHO DE 20 A 30 M/MIN, POT. DE 5,0 A 6,0 HP                                                                                                                                                                                                                                        ","UN    ","AS",6419.29]
["40701SINAPI",40701,"SINAPI","COMPACTADOR DE SOLO, TIPO PLACA VIBRATORIA REVERSIVEL, A DIESEL, PESO 700 A 820 KG, FORCA CENTRIF. DE 6.200 A 10.000 KGF, LARG. TRABALHO DE 650 A 720 MM, FREQ. VIBRACAO DE 3.000 A 3.500 RPM, VELOCIDADE TRABALHO DE 25 A 30 M/MIN, POT. DE 13,0 A 15,0 HP                                                                                                                                                                                                                                               ","UN    ","AS",113501.94]
["40700SINAPI",40700,"SINAPI","COMPACTADOR DE SOLO, TIPO PLACA VIBRATORIA REVERSIVEL, A GASOLINA 4 TEMPOS, PESO 160 A 265 KG, FORCA CENTRIF. DE 2750 A 4000 KGF, LARG. TRABALHO DE 430 A 550 MM, FREQ. VIBRACAO DE 4000 A 5500 RPM, VELOCIDADE TRABALHO DE 20 A 25 M/MIN, POT. DE 7,5 A 9,0 HP                                                                                                                                                                                                                                           ","UN    ","AS",14943.28]
["13458SINAPI",13458,"SINAPI","COMPACTADOR DE SOLOS DE PERCURSAO (SOQUETE) COM MOTOR A GASOLINA 4 TEMPOS DE 4 HP (4 CV)                                                                                                                                                                                                                                                                                                                                                                                                                  ","UN    ","AS",14199.81]
["11134SINAPI",11134,"SINAPI","COMPENSADO NAVAL - CHAPA/PAINEL EM MADEIRA COMPENSADA PRENSADA, DE 2200 X 1600 MM, E = 10 MM                                                                                                                                                                                                                                                                                                                                                                                                              ","M2    ","CR",87.42]
["11135SINAPI",11135,"SINAPI","COMPENSADO NAVAL - CHAPA/PAINEL EM MADEIRA COMPENSADA PRENSADA, DE 2200 X 1600 MM, E = 12 MM                                                                                                                                                                                                                                                                                                                                                                                                              ","M2    ","CR",94.39]
["11136SINAPI",11136,"SINAPI","COMPENSADO NAVAL - CHAPA/PAINEL EM MADEIRA COMPENSADA PRENSADA, DE 2200 X 1600 MM, E = 15 MM                                                                                                                                                                                                                                                                                                                                                                                                              ","M2    ","CR",108.08]
["34743SINAPI",34743,"SINAPI","COMPENSADO NAVAL - CHAPA/PAINEL EM MADEIRA COMPENSADA PRENSADA, DE 2200 X 1600 MM, E = 18 MM                                                                                                                                                                                                                                                                                                                                                                                                              ","M2    ","CR",130.4]
["11137SINAPI",11137,"SINAPI","COMPENSADO NAVAL - CHAPA/PAINEL EM MADEIRA COMPENSADA PRENSADA, DE 2200 X 1600 MM, E = 20 MM                                                                                                                                                                                                                                                                                                                                                                                                              ","M2    ","CR",148.11000000000001]
["34745SINAPI",34745,"SINAPI","COMPENSADO NAVAL - CHAPA/PAINEL EM MADEIRA COMPENSADA PRENSADA, DE 2200 X 1600 MM, E = 25 MM                                                                                                                                                                                                                                                                                                                                                                                                              ","M2    ","CR",176.13]
["34746SINAPI",34746,"SINAPI","COMPENSADO NAVAL - CHAPA/PAINEL EM MADEIRA COMPENSADA PRENSADA, DE 2200 X 1600 MM, E = 4 MM                                                                                                                                                                                                                                                                                                                                                                                                               ","M2    ","CR",48.03]
["1360SINAPI",1360,"SINAPI","COMPENSADO NAVAL - CHAPA/PAINEL EM MADEIRA COMPENSADA PRENSADA, DE 2200 X 1600 MM, E = 6 MM                                                                                                                                                                                                                                                                                                                                                                                                               ","M2    ","CR",56.04]
["36524SINAPI",36524,"SINAPI","COMPRESSOR DE AR ESTACIONARIO, VAZAO 620 PCM, PRESSAO EFETIVA DE TRABALHO 109 PSI, MOTOR ELETRICO, POTENCIA 127 CV                                                                                                                                                                                                                                                                                                                                                                                        ","UN    ","AS",189897.57]
["36526SINAPI",36526,"SINAPI","COMPRESSOR DE AR REBOCAVEL VAZAO 400 PCM, PRESSAO EFETIVA DE TRABALHO 102 PSI, MOTOR DIESEL, POTENCIA 110 CV                                                                                                                                                                                                                                                                                                                                                                                              ","UN    ","AS",153027.20000000001]
["36523SINAPI",36523,"SINAPI","COMPRESSOR DE AR REBOCAVEL VAZAO 748 PCM, PRESSAO EFETIVA DE TRABALHO 102 PSI, MOTOR DIESEL, POTENCIA 210 CV                                                                                                                                                                                                                                                                                                                                                                                              ","UN    ","AS",327610.58]
["36527SINAPI",36527,"SINAPI","COMPRESSOR DE AR REBOCAVEL VAZAO 860 PCM, PRESSAO EFETIVA DE TRABALHO 102 PSI, MOTOR DIESEL, POTENCIA 250 CV                                                                                                                                                                                                                                                                                                                                                                                              ","UN    ","AS",355852.57]
["38642SINAPI",38642,"SINAPI","COMPRESSOR DE AR REBOCAVEL, VAZAO 152 PCM, PRESSAO EFETIVA DE TRABALHO 102 PSI, MOTOR DIESEL, POTENCIA 31,5 KW                                                                                                                                                                                                                                                                                                                                                                                            ","UN    ","AS",82851.61]
["36522SINAPI",36522,"SINAPI","COMPRESSOR DE AR REBOCAVEL, VAZAO 189 PCM, PRESSAO EFETIVA DE TRABALHO 102 PSI, MOTOR DIESEL, POTENCIA 63 CV                                                                                                                                                                                                                                                                                                                                                                                              ","UN    ","AS",96355.43]
["36525SINAPI",36525,"SINAPI","COMPRESSOR DE AR REBOCAVEL, VAZAO 250 PCM, PRESSAO EFETIVA DE TRABALHO 102 PSI, MOTOR DIESEL, POTENCIA 81 CV                                                                                                                                                                                                                                                                                                                                                                                              ","UN    ","AS",129042.43]
["13803SINAPI",13803,"SINAPI","COMPRESSOR DE AR REBOCAVEL, VAZAO 89 PCM, PRESSAO EFETIVA DE TRABALHO *102* PSI, MOTOR DIESEL, POTENCIA *20* CV                                                                                                                                                                                                                                                                                                                                                                                           ","UN    ","AS",128673.19]
["34348SINAPI",34348,"SINAPI","CONCERTINA CLIPADA (DUPLA) EM ACO GALVANIZADO DE ALTA RESISTENCIA, COM ESPIRAL DE 300 MM, D = 2,76 MM                                                                                                                                                                                                                                                                                                                                                                                                     ","M     ","CR",26.76]
["34347SINAPI",34347,"SINAPI","CONCERTINA SIMPLES EM ACO GALVANIZADO DE ALTA RESISTENCIA, COM ESPIRAL DE 300 MM, D = 2,76 MM                                                                                                                                                                                                                                                                                                                                                                                                             ","M     ","CR",19.13]
["11146SINAPI",11146,"SINAPI","CONCRETO AUTOADENSAVEL (CAA) CLASSE DE RESISTENCIA C15, ESPALHAMENTO SF2, COM BOMBEAMENTO (DISPONIBILIZACAO DE BOMBA), SEM O LANCAMENTO (NBR 15823)                                                                                                                                                                                                                                                                                                                                                       ","M3    ","CR",922.7]
["11147SINAPI",11147,"SINAPI","CONCRETO AUTOADENSAVEL (CAA) CLASSE DE RESISTENCIA C20, ESPALHAMENTO SF2, COM BOMBEAMENTO (DISPONIBILIZACAO DE BOMBA), SEM O LANCAMENTO (NBR 15823)                                                                                                                                                                                                                                                                                                                                                       ","M3    ","CR",958.81]
["34872SINAPI",34872,"SINAPI","CONCRETO AUTOADENSAVEL (CAA) CLASSE DE RESISTENCIA C25, ESPALHAMENTO SF2, COM BOMBEAMENTO (DISPONIBILIZACAO DE BOMBA), SEM O LANCAMENTO (NBR 15823)                                                                                                                                                                                                                                                                                                                                                       ","M3    ","CR",969.58]
["34491SINAPI",34491,"SINAPI","CONCRETO AUTOADENSAVEL (CAA) CLASSE DE RESISTENCIA C30, ESPALHAMENTO SF2, COM BOMBEAMENTO (DISPONIBILIZACAO DE BOMBA), SEM O LANCAMENTO (NBR 15823)                                                                                                                                                                                                                                                                                                                                                       ","M3    ","CR",997.68]
["34770SINAPI",34770,"SINAPI","CONCRETO BETUMINOSO USINADO A QUENTE (CBUQ) PARA PAVIMENTACAO ASFALTICA, PADRAO DNIT, FAIXA C, COM CAP 30/45 - AQUISICAO POSTO USINA                                                                                                                                                                                                                                                                                                                                                                      ","T     ","AS",502.7]
["1518SINAPI",1518,"SINAPI","CONCRETO BETUMINOSO USINADO A QUENTE (CBUQ) PARA PAVIMENTACAO ASFALTICA, PADRAO DNIT, FAIXA C, COM CAP 50/70 - AQUISICAO POSTO USINA                                                                                                                                                                                                                                                                                                                                                                      ","T     ","AS",512.5]
["41965SINAPI",41965,"SINAPI","CONCRETO BETUMINOSO USINADO A QUENTE (CBUQ) PARA PAVIMENTACAO ASFALTICA, PADRAO DNIT, PARA BINDER, COM CAP 50/70 - AQUISICAO POSTO USINA                                                                                                                                                                                                                                                                                                                                                                  ","T     ","AS",449.38]
["1524SINAPI",1524,"SINAPI","CONCRETO USINADO BOMBEAVEL, CLASSE DE RESISTENCIA C20, BRITA 0 E 1, SLUMP = 100 +/- 20 MM, COM BOMBEAMENTO (DISPONIBILIZACAO DE BOMBA), SEM O LANCAMENTO (NBR 8953)                                                                                                                                                                                                                                                                                                                                       ","M3    ","CR",885.27]
["34492SINAPI",34492,"SINAPI","CONCRETO USINADO BOMBEAVEL, CLASSE DE RESISTENCIA C20, COM BRITA 0 E 1, SLUMP = 100 +/- 20 MM, EXCLUI SERVICO DE BOMBEAMENTO (NBR 8953)                                                                                                                                                                                                                                                                                                                                                                   ","M3    ","C ",820]
["38404SINAPI",38404,"SINAPI","CONCRETO USINADO BOMBEAVEL, CLASSE DE RESISTENCIA C20, COM BRITA 0 E 1, SLUMP = 130 +/- 20 MM, EXCLUI SERVICO DE BOMBEAMENTO (NBR 8953)                                                                                                                                                                                                                                                                                                                                                                   ","M3    ","CR",849.36]
["39849SINAPI",39849,"SINAPI","CONCRETO USINADO BOMBEAVEL, CLASSE DE RESISTENCIA C20, COM BRITA 0 E 1, SLUMP = 190 +/- 20 MM, COM BOMBEAMENTO (DISPONIBILIZACAO DE BOMBA), SEM O LANCAMENTO (NBR 8953)                                                                                                                                                                                                                                                                                                                                   ","M3    ","CR",973.37]
["38464SINAPI",38464,"SINAPI","CONCRETO USINADO BOMBEAVEL, CLASSE DE RESISTENCIA C20, COM BRITA 0, SLUMP = 220 +/- 20 MM, COM BOMBEAMENTO (DISPONIBILIZACAO DE BOMBA), SEM O LANCAMENTO (NBR 8953)                                                                                                                                                                                                                                                                                                                                       ","M3    ","CR",987.5]
["1527SINAPI",1527,"SINAPI","CONCRETO USINADO BOMBEAVEL, CLASSE DE RESISTENCIA C25, BRITA 0 E 1, SLUMP = 100 +/- 20 MM, COM BOMBEAMENTO (DISPONIBILIZACAO DE BOMBA), SEM O LANCAMENTO (NBR 8953)                                                                                                                                                                                                                                                                                                                                       ","M3    ","CR",913.37]
["34493SINAPI",34493,"SINAPI","CONCRETO USINADO BOMBEAVEL, CLASSE DE RESISTENCIA C25, COM BRITA 0 E 1, SLUMP = 100 +/- 20 MM, EXCLUI SERVICO DE BOMBEAMENTO (NBR 8953)                                                                                                                                                                                                                                                                                                                                                                   ","M3    ","CR",843.11]
["38405SINAPI",38405,"SINAPI","CONCRETO USINADO BOMBEAVEL, CLASSE DE RESISTENCIA C25, COM BRITA 0 E 1, SLUMP = 130 +/- 20 MM, EXCLUI SERVICO DE BOMBEAMENTO (NBR 8953)                                                                                                                                                                                                                                                                                                                                                                   ","M3    ","CR",875.55]
["38408SINAPI",38408,"SINAPI","CONCRETO USINADO BOMBEAVEL, CLASSE DE RESISTENCIA C25, COM BRITA 0 E 1, SLUMP = 190 +/- 20 MM, EXCLUI SERVICO DE BOMBEAMENTO (NBR 8953)                                                                                                                                                                                                                                                                                                                                                                   ","M3    ","CR",969.15]
["1525SINAPI",1525,"SINAPI","CONCRETO USINADO BOMBEAVEL, CLASSE DE RESISTENCIA C30, BRITA 0 E 1, SLUMP = 100 +/- 20 MM, COM BOMBEAMENTO (DISPONIBILIZACAO DE BOMBA), SEM O LANCAMENTO (NBR 8953)                                                                                                                                                                                                                                                                                                                                       ","M3    ","CR",941.47]
["34494SINAPI",34494,"SINAPI","CONCRETO USINADO BOMBEAVEL, CLASSE DE RESISTENCIA C30, COM BRITA 0 E 1, SLUMP = 100 +/- 20 MM, EXCLUI SERVICO DE BOMBEAMENTO (NBR 8953)                                                                                                                                                                                                                                                                                                                                                                   ","M3    ","CR",871.22]
["38406SINAPI",38406,"SINAPI","CONCRETO USINADO BOMBEAVEL, CLASSE DE RESISTENCIA C30, COM BRITA 0 E 1, SLUMP = 130 +/- 20 MM, EXCLUI SERVICO DE BOMBEAMENTO (NBR 8953)                                                                                                                                                                                                                                                                                                                                                                   ","M3    ","CR",924.53]
["38409SINAPI",38409,"SINAPI","CONCRETO USINADO BOMBEAVEL, CLASSE DE RESISTENCIA C30, COM BRITA 0 E 1, SLUMP = 190 +/- 20 MM, EXCLUI SERVICO DE BOMBEAMENTO (NBR 8953)                                                                                                                                                                                                                                                                                                                                                                   ","M3    ","CR",975.76]
["43360SINAPI",43360,"SINAPI","CONCRETO USINADO BOMBEAVEL, CLASSE DE RESISTENCIA C30, COM BRITA 0 E 1, SLUMP = 220 +/- 30 MM, EXCLUI SERVICO DE BOMBEAMENTO (NBR 8953)                                                                                                                                                                                                                                                                                                                                                                   ","M3    ","CR",1017.44]
["11145SINAPI",11145,"SINAPI","CONCRETO USINADO BOMBEAVEL, CLASSE DE RESISTENCIA C35, BRITA 0 E 1, SLUMP = 100 +/- 20 MM, COM BOMBEAMENTO (DISPONIBILIZACAO DE BOMBA), SEM O LANCAMENTO (NBR 8953)                                                                                                                                                                                                                                                                                                                                       ","M3    ","CR",969.58]
["34495SINAPI",34495,"SINAPI","CONCRETO USINADO BOMBEAVEL, CLASSE DE RESISTENCIA C35, COM BRITA 0 E 1, SLUMP = 100 +/- 20 MM, EXCLUI SERVICO DE BOMBEAMENTO (NBR 8953)                                                                                                                                                                                                                                                                                                                                                                   ","M3    ","CR",899.32]
["34479SINAPI",34479,"SINAPI","CONCRETO USINADO BOMBEAVEL, CLASSE DE RESISTENCIA C40, BRITA 0 E 1, SLUMP = 100 +/- 20 MM, COM BOMBEAMENTO (DISPONIBILIZACAO DE BOMBA), SEM O LANCAMENTO (NBR 8953)                                                                                                                                                                                                                                                                                                                                       ","M3    ","CR",997.68]
["34496SINAPI",34496,"SINAPI","CONCRETO USINADO BOMBEAVEL, CLASSE DE RESISTENCIA C40, COM BRITA 0 E 1, SLUMP = 100 +/- 20 MM, EXCLUI SERVICO DE BOMBEAMENTO (NBR 8953)                                                                                                                                                                                                                                                                                                                                                                   ","M3    ","CR",938.14]
["34481SINAPI",34481,"SINAPI","CONCRETO USINADO BOMBEAVEL, CLASSE DE RESISTENCIA C45, BRITA 0 E 1, SLUMP = 100 +/- 20 MM, COM BOMBEAMENTO (DISPONIBILIZACAO DE BOMBA), SEM O LANCAMENTO (NBR 8953)                                                                                                                                                                                                                                                                                                                                       ","M3    ","CR",1042.45]
["34483SINAPI",34483,"SINAPI","CONCRETO USINADO BOMBEAVEL, CLASSE DE RESISTENCIA C50, BRITA 0 E 1, SLUMP = 100 +/- 20 MM, COM BOMBEAMENTO (DISPONIBILIZACAO DE BOMBA), SEM O LANCAMENTO (NBR 8953)                                                                                                                                                                                                                                                                                                                                       ","M3    ","CR",1113.79]
["34485SINAPI",34485,"SINAPI","CONCRETO USINADO BOMBEAVEL, CLASSE DE RESISTENCIA C60, COM BRITA 0 E 1, SLUMP = 100 +/- 20 MM, COM BOMBEAMENTO (DISPONIBILIZACAO DE BOMBA), SEM O LANCAMENTO (NBR 8953)                                                                                                                                                                                                                                                                                                                                   ","M3    ","CR",1191.07]
["14041SINAPI",14041,"SINAPI","CONCRETO USINADO CONVENCIONAL (NAO BOMBEAVEL) CLASSE DE RESISTENCIA C10, COM BRITA 1 E 2, SLUMP = 80 MM +/- 10 MM (NBR 8953)                                                                                                                                                                                                                                                                                                                                                                              ","M3    ","CR",774.25]
["1523SINAPI",1523,"SINAPI","CONCRETO USINADO CONVENCIONAL (NAO BOMBEAVEL) CLASSE DE RESISTENCIA C15, COM BRITA 1 E 2, SLUMP = 80 MM +/- 10 MM (NBR 8953)                                                                                                                                                                                                                                                                                                                                                                              ","M3    ","CR",786.9]
["14052SINAPI",14052,"SINAPI","CONDULETE DE ALUMINIO TIPO B, PARA ELETRODUTO ROSCAVEL DE 1/2\", COM TAMPA CEGA                                                                                                                                                                                                                                                                                                                                                                                                                            ","UN    ","AS",13.8]
[{"$f":"B1223&C1223","v":"14054SINAPI"},14054,"SINAPI","CONDULETE DE ALUMINIO TIPO B, PARA ELETRODUTO ROSCAVEL DE 1\", COM TAMPA CEGA                                                                                                                                                                                                                                                                                                                                                                                                                              ","UN    ","AS",17.940000000000001]
["14053SINAPI",14053,"SINAPI","CONDULETE DE ALUMINIO TIPO B, PARA ELETRODUTO ROSCAVEL DE 3/4\", COM TAMPA CEGA                                                                                                                                                                                                                                                                                                                                                                                                                            ","UN    ","AS",14.01]
["2558SINAPI",2558,"SINAPI","CONDULETE DE ALUMINIO TIPO C, PARA ELETRODUTO ROSCAVEL DE 1/2\", COM TAMPA CEGA                                                                                                                                                                                                                                                                                                                                                                                                                            ","UN    ","AS",10.55]
["2560SINAPI",2560,"SINAPI","CONDULETE DE ALUMINIO TIPO C, PARA ELETRODUTO ROSCAVEL DE 1\", COM TAMPA CEGA                                                                                                                                                                                                                                                                                                                                                                                                                              ","UN    ","AS",18.57]
["2559SINAPI",2559,"SINAPI","CONDULETE DE ALUMINIO TIPO C, PARA ELETRODUTO ROSCAVEL DE 3/4\", COM TAMPA CEGA                                                                                                                                                                                                                                                                                                                                                                                                                            ","UN    ","AS",14.85]
["2592SINAPI",2592,"SINAPI","CONDULETE DE ALUMINIO TIPO C, PARA ELETRODUTO ROSCAVEL DE 4\", COM TAMPA CEGA                                                                                                                                                                                                                                                                                                                                                                                                                              ","UN    ","AS",246.18]
["2566SINAPI",2566,"SINAPI","CONDULETE DE ALUMINIO TIPO E, PARA ELETRODUTO ROSCAVEL DE 1  1/4\", COM TAMPA CEGA                                                                                                                                                                                                                                                                                                                                                                                                                         ","UN    ","AS",24.77]
["2589SINAPI",2589,"SINAPI","CONDULETE DE ALUMINIO TIPO E, PARA ELETRODUTO ROSCAVEL DE 1 1/2\", COM TAMPA CEGA                                                                                                                                                                                                                                                                                                                                                                                                                          ","UN    ","AS",32.93]
["2591SINAPI",2591,"SINAPI","CONDULETE DE ALUMINIO TIPO E, PARA ELETRODUTO ROSCAVEL DE 1/2\", COM TAMPA CEGA                                                                                                                                                                                                                                                                                                                                                                                                                            ","UN    ","AS",12.01]
["2590SINAPI",2590,"SINAPI","CONDULETE DE ALUMINIO TIPO E, PARA ELETRODUTO ROSCAVEL DE 1\", COM TAMPA CEGA                                                                                                                                                                                                                                                                                                                                                                                                                              ","UN    ","AS",20.21]
["2567SINAPI",2567,"SINAPI","CONDULETE DE ALUMINIO TIPO E, PARA ELETRODUTO ROSCAVEL DE 2\", COM TAMPA CEGA                                                                                                                                                                                                                                                                                                                                                                                                                              ","UN    ","AS",48.3]
["2565SINAPI",2565,"SINAPI","CONDULETE DE ALUMINIO TIPO E, PARA ELETRODUTO ROSCAVEL DE 3/4\", COM TAMPA CEGA                                                                                                                                                                                                                                                                                                                                                                                                                            ","UN    ","AS",12.03]
["2568SINAPI",2568,"SINAPI","CONDULETE DE ALUMINIO TIPO E, PARA ELETRODUTO ROSCAVEL DE 3\", COM TAMPA CEGA                                                                                                                                                                                                                                                                                                                                                                                                                              ","UN    ","AS",134.12]
["2594SINAPI",2594,"SINAPI","CONDULETE DE ALUMINIO TIPO E, PARA ELETRODUTO ROSCAVEL DE 4\", COM TAMPA CEGA                                                                                                                                                                                                                                                                                                                                                                                                                              ","UN    ","AS",223.44]
["2587SINAPI",2587,"SINAPI","CONDULETE DE ALUMINIO TIPO LR, PARA ELETRODUTO ROSCAVEL DE 1 1/2\", COM TAMPA CEGA                                                                                                                                                                                                                                                                                                                                                                                                                         ","UN    ","AS",38.08]
["2588SINAPI",2588,"SINAPI","CONDULETE DE ALUMINIO TIPO LR, PARA ELETRODUTO ROSCAVEL DE 1 1/4\", COM TAMPA CEGA                                                                                                                                                                                                                                                                                                                                                                                                                         ","UN    ","AS",30.25]
["2569SINAPI",2569,"SINAPI","CONDULETE DE ALUMINIO TIPO LR, PARA ELETRODUTO ROSCAVEL DE 1/2\", COM TAMPA CEGA                                                                                                                                                                                                                                                                                                                                                                                                                           ","UN    ","AS",11.65]
["2570SINAPI",2570,"SINAPI","CONDULETE DE ALUMINIO TIPO LR, PARA ELETRODUTO ROSCAVEL DE 1\", COM TAMPA CEGA                                                                                                                                                                                                                                                                                                                                                                                                                             ","UN    ","AS",19.54]
["2571SINAPI",2571,"SINAPI","CONDULETE DE ALUMINIO TIPO LR, PARA ELETRODUTO ROSCAVEL DE 2\", COM TAMPA CEGA                                                                                                                                                                                                                                                                                                                                                                                                                             ","UN    ","AS",58]
["2593SINAPI",2593,"SINAPI","CONDULETE DE ALUMINIO TIPO LR, PARA ELETRODUTO ROSCAVEL DE 3/4\", COM TAMPA CEGA                                                                                                                                                                                                                                                                                                                                                                                                                           ","UN    ","AS",12.43]
["2572SINAPI",2572,"SINAPI","CONDULETE DE ALUMINIO TIPO LR, PARA ELETRODUTO ROSCAVEL DE 3\", COM TAMPA CEGA                                                                                                                                                                                                                                                                                                                                                                                                                             ","UN    ","AS",171.52]
["2595SINAPI",2595,"SINAPI","CONDULETE DE ALUMINIO TIPO LR, PARA ELETRODUTO ROSCAVEL DE 4\", COM TAMPA CEGA                                                                                                                                                                                                                                                                                                                                                                                                                             ","UN    ","AS",267.61]
["2576SINAPI",2576,"SINAPI","CONDULETE DE ALUMINIO TIPO T, PARA ELETRODUTO ROSCAVEL DE 1 1/2\", COM TAMPA CEGA                                                                                                                                                                                                                                                                                                                                                                                                                          ","UN    ","AS",45.62]
["2575SINAPI",2575,"SINAPI","CONDULETE DE ALUMINIO TIPO T, PARA ELETRODUTO ROSCAVEL DE 1 1/4\", COM TAMPA CEGA                                                                                                                                                                                                                                                                                                                                                                                                                          ","UN    ","AS",34.29]
["2573SINAPI",2573,"SINAPI","CONDULETE DE ALUMINIO TIPO T, PARA ELETRODUTO ROSCAVEL DE 1/2\", COM TAMPA CEGA                                                                                                                                                                                                                                                                                                                                                                                                                            ","UN    ","AS",14.24]
["2586SINAPI",2586,"SINAPI","CONDULETE DE ALUMINIO TIPO T, PARA ELETRODUTO ROSCAVEL DE 1\", COM TAMPA CEGA                                                                                                                                                                                                                                                                                                                                                                                                                              ","UN    ","AS",23.08]
["2577SINAPI",2577,"SINAPI","CONDULETE DE ALUMINIO TIPO T, PARA ELETRODUTO ROSCAVEL DE 2\", COM TAMPA CEGA                                                                                                                                                                                                                                                                                                                                                                                                                              ","UN    ","AS",61.81]
["2574SINAPI",2574,"SINAPI","CONDULETE DE ALUMINIO TIPO T, PARA ELETRODUTO ROSCAVEL DE 3/4\", COM TAMPA CEGA                                                                                                                                                                                                                                                                                                                                                                                                                            ","UN    ","AS",14.33]
["2578SINAPI",2578,"SINAPI","CONDULETE DE ALUMINIO TIPO T, PARA ELETRODUTO ROSCAVEL DE 3\", COM TAMPA CEGA                                                                                                                                                                                                                                                                                                                                                                                                                              ","UN    ","AS",192.99]
["2585SINAPI",2585,"SINAPI","CONDULETE DE ALUMINIO TIPO T, PARA ELETRODUTO ROSCAVEL DE 4\", COM TAMPA CEGA                                                                                                                                                                                                                                                                                                                                                                                                                              ","UN    ","AS",264.83]
["12008SINAPI",12008,"SINAPI","CONDULETE DE ALUMINIO TIPO TB, PARA ELETRODUTO ROSCAVEL DE 3\", COM TAMPA CEGA                                                                                                                                                                                                                                                                                                                                                                                                                             ","UN    ","AS",142.09]
["2582SINAPI",2582,"SINAPI","CONDULETE DE ALUMINIO TIPO X, PARA ELETRODUTO ROSCAVEL DE 1 1/2\", COM TAMPA CEGA                                                                                                                                                                                                                                                                                                                                                                                                                          ","UN    ","AS",42.31]
["2597SINAPI",2597,"SINAPI","CONDULETE DE ALUMINIO TIPO X, PARA ELETRODUTO ROSCAVEL DE 1 1/4\", COM TAMPA CEGA                                                                                                                                                                                                                                                                                                                                                                                                                          ","UN    ","AS",36.26]
["2579SINAPI",2579,"SINAPI","CONDULETE DE ALUMINIO TIPO X, PARA ELETRODUTO ROSCAVEL DE 1/2\", COM TAMPA CEGA                                                                                                                                                                                                                                                                                                                                                                                                                            ","UN    ","AS",17.260000000000002]
["2581SINAPI",2581,"SINAPI","CONDULETE DE ALUMINIO TIPO X, PARA ELETRODUTO ROSCAVEL DE 1\", COM TAMPA CEGA                                                                                                                                                                                                                                                                                                                                                                                                                              ","UN    ","AS",22.09]
["2596SINAPI",2596,"SINAPI","CONDULETE DE ALUMINIO TIPO X, PARA ELETRODUTO ROSCAVEL DE 2\", COM TAMPA CEGA                                                                                                                                                                                                                                                                                                                                                                                                                              ","UN    ","AS",65.34]
["2580SINAPI",2580,"SINAPI","CONDULETE DE ALUMINIO TIPO X, PARA ELETRODUTO ROSCAVEL DE 3/4\", COM TAMPA CEGA                                                                                                                                                                                                                                                                                                                                                                                                                            ","UN    ","AS",18.920000000000002]
["2583SINAPI",2583,"SINAPI","CONDULETE DE ALUMINIO TIPO X, PARA ELETRODUTO ROSCAVEL DE 3\", COM TAMPA CEGA                                                                                                                                                                                                                                                                                                                                                                                                                              ","UN    ","AS",158.91999999999999]
["2584SINAPI",2584,"SINAPI","CONDULETE DE ALUMINIO TIPO X, PARA ELETRODUTO ROSCAVEL DE 4\", COM TAMPA CEGA                                                                                                                                                                                                                                                                                                                                                                                                                              ","UN    ","AS",264.56]
["12010SINAPI",12010,"SINAPI","CONDULETE EM PVC, TIPO \"B\", SEM TAMPA, DE 1/2\" OU 3/4\"                                                                                                                                                                                                                                                                                                                                                                                                                                                    ","UN    ","CR",11.94]
["39329SINAPI",39329,"SINAPI","CONDULETE EM PVC, TIPO \"B\", SEM TAMPA, DE 1\"                                                                                                                                                                                                                                                                                                                                                                                                                                                              ","UN    ","CR",12.49]
["39330SINAPI",39330,"SINAPI","CONDULETE EM PVC, TIPO \"C\", SEM TAMPA, DE 1/2\"                                                                                                                                                                                                                                                                                                                                                                                                                                                            ","UN    ","CR",13.14]
["39332SINAPI",39332,"SINAPI","CONDULETE EM PVC, TIPO \"C\", SEM TAMPA, DE 1\"                                                                                                                                                                                                                                                                                                                                                                                                                                                              ","UN    ","CR",14.68]
["39331SINAPI",39331,"SINAPI","CONDULETE EM PVC, TIPO \"C\", SEM TAMPA, DE 3/4\"                                                                                                                                                                                                                                                                                                                                                                                                                                                            ","UN    ","CR",11.69]
["39333SINAPI",39333,"SINAPI","CONDULETE EM PVC, TIPO \"E\", SEM TAMPA, DE 1/2\"                                                                                                                                                                                                                                                                                                                                                                                                                                                            ","UN    ","CR",11.39]
["39335SINAPI",39335,"SINAPI","CONDULETE EM PVC, TIPO \"E\", SEM TAMPA, DE 1\"                                                                                                                                                                                                                                                                                                                                                                                                                                                              ","UN    ","CR",13.18]
["39334SINAPI",39334,"SINAPI","CONDULETE EM PVC, TIPO \"E\", SEM TAMPA, DE 3/4\"                                                                                                                                                                                                                                                                                                                                                                                                                                                            ","UN    ","CR",10.48]
["12016SINAPI",12016,"SINAPI","CONDULETE EM PVC, TIPO \"LB\", SEM TAMPA, DE 1/2\" OU 3/4\"                                                                                                                                                                                                                                                                                                                                                                                                                                                   ","UN    ","CR",13.16]
["12015SINAPI",12015,"SINAPI","CONDULETE EM PVC, TIPO \"LB\", SEM TAMPA, DE 1\"                                                                                                                                                                                                                                                                                                                                                                                                                                                             ","UN    ","CR",15.31]
["12020SINAPI",12020,"SINAPI","CONDULETE EM PVC, TIPO \"LL\", SEM TAMPA, DE 1/2\" OU 3/4\"                                                                                                                                                                                                                                                                                                                                                                                                                                                   ","UN    ","CR",13.16]
["12019SINAPI",12019,"SINAPI","CONDULETE EM PVC, TIPO \"LL\", SEM TAMPA, DE 1\"                                                                                                                                                                                                                                                                                                                                                                                                                                                             ","UN    ","CR",15.31]
["39336SINAPI",39336,"SINAPI","CONDULETE EM PVC, TIPO \"LR\", SEM TAMPA, DE 1/2\"                                                                                                                                                                                                                                                                                                                                                                                                                                                           ","UN    ","CR",13.14]
["39338SINAPI",39338,"SINAPI","CONDULETE EM PVC, TIPO \"LR\", SEM TAMPA, DE 1\"                                                                                                                                                                                                                                                                                                                                                                                                                                                             ","UN    ","CR",14.68]
["39337SINAPI",39337,"SINAPI","CONDULETE EM PVC, TIPO \"LR\", SEM TAMPA, DE 3/4\"                                                                                                                                                                                                                                                                                                                                                                                                                                                           ","UN    ","CR",11.69]
["39341SINAPI",39341,"SINAPI","CONDULETE EM PVC, TIPO \"T\", SEM TAMPA, DE 1\"                                                                                                                                                                                                                                                                                                                                                                                                                                                              ","UN    ","CR",19.14]
["39340SINAPI",39340,"SINAPI","CONDULETE EM PVC, TIPO \"T\", SEM TAMPA, DE 3/4\"                                                                                                                                                                                                                                                                                                                                                                                                                                                            ","UN    ","CR",14.05]
["12025SINAPI",12025,"SINAPI","CONDULETE EM PVC, TIPO \"TB\", SEM TAMPA, DE 1/2\" OU 3/4\"                                                                                                                                                                                                                                                                                                                                                                                                                                                   ","UN    ","CR",14.51]
["39342SINAPI",39342,"SINAPI","CONDULETE EM PVC, TIPO \"TB\", SEM TAMPA, DE 1\"                                                                                                                                                                                                                                                                                                                                                                                                                                                             ","UN    ","CR",19.14]
["39343SINAPI",39343,"SINAPI","CONDULETE EM PVC, TIPO \"X\", SEM TAMPA, DE 1/2\"                                                                                                                                                                                                                                                                                                                                                                                                                                                            ","UN    ","CR",16.16]
["39345SINAPI",39345,"SINAPI","CONDULETE EM PVC, TIPO \"X\", SEM TAMPA, DE 1\"                                                                                                                                                                                                                                                                                                                                                                                                                                                              ","UN    ","CR",21.87]
["39344SINAPI",39344,"SINAPI","CONDULETE EM PVC, TIPO \"X\", SEM TAMPA, DE 3/4\"                                                                                                                                                                                                                                                                                                                                                                                                                                                            ","UN    ","CR",15.62]
["12623SINAPI",12623,"SINAPI","CONDUTOR PLUVIAL, PVC, CIRCULAR, DIAMETRO ENTRE 80 E 100 MM, PARA DRENAGEM PLUVIAL PREDIAL                                                                                                                                                                                                                                                                                                                                                                                                                ","M     ","CR",38.9]
["34498SINAPI",34498,"SINAPI","CONE DE SINALIZACAO EM PVC FLEXIVEL, H = 70 / 76 CM (NBR 15071)                                                                                                                                                                                                                                                                                                                                                                                                                                           ","UN    ","CR",133.63]
["13244SINAPI",13244,"SINAPI","CONE DE SINALIZACAO EM PVC RIGIDO COM FAIXA REFLETIVA, H = 70 / 76 CM                                                                                                                                                                                                                                                                                                                                                                                                                                     ","UN    ","C ",56.25]
[{"$f":"B1287&C1287","v":"38998SINAPI"},38998,"SINAPI","CONECTOR / ADAPTADOR F/F, COM INSERTO METALICO, PPR, DN 25 MM X 1/2\", PARA AGUA QUENTE E FRIA PREDIAL                                                                                                                                                                                                                                                                                                                                                                                                     ","UN    ","AS",9.9700000000000006]
["38999SINAPI",38999,"SINAPI","CONECTOR / ADAPTADOR F/F, COM INSERTO METALICO, PPR, DN 32 MM X 3/4\", PARA AGUA QUENTE E FRIA PREDIAL                                                                                                                                                                                                                                                                                                                                                                                                     ","UN    ","AS",25.2]
["38996SINAPI",38996,"SINAPI","CONECTOR / ADAPTADOR F/M, COM INSERTO METALICO, PPR, DN 25 MM X 1/2\", PARA AGUA QUENTE E FRIA PREDIAL                                                                                                                                                                                                                                                                                                                                                                                                     ","UN    ","AS",17.809999999999999]
["44173SINAPI",44173,"SINAPI","CONECTOR / ADAPTADOR F/M, COM INSERTO METALICO, PPR, DN 25 MM X 3/4\", PARA AGUA QUENTE E FRIA PREDIAL                                                                                                                                                                                                                                                                                                                                                                                                     ","UN    ","AS",17.32]
["44174SINAPI",44174,"SINAPI","CONECTOR / ADAPTADOR F/M, COM INSERTO METALICO, PPR, DN 32 MM X 1\", PARA AGUA QUENTE E FRIA PREDIAL                                                                                                                                                                                                                                                                                                                                                                                                       ","UN    ","AS",28.36]
["38997SINAPI",38997,"SINAPI","CONECTOR / ADAPTADOR F/M, COM INSERTO METALICO, PPR, DN 32 MM X 3/4\", PARA AGUA QUENTE E FRIA PREDIAL                                                                                                                                                                                                                                                                                                                                                                                                     ","UN    ","AS",25.48]
["39600SINAPI",39600,"SINAPI","CONECTOR / TOMADA FEMEA RJ 45, CATEGORIA 5 E (CAT 5E) PARA CABOS                                                                                                                                                                                                                                                                                                                                                                                                                                          ","UN    ","CR",11.8]
["39601SINAPI",39601,"SINAPI","CONECTOR / TOMADA FEMEA RJ 45, CATEGORIA 6 (CAT 6) PARA CABOS                                                                                                                                                                                                                                                                                                                                                                                                                                             ","UN    ","CR",25.02]
["39862SINAPI",39862,"SINAPI","CONECTOR BRONZE/LATAO (REF 603) SEM ANEL DE SOLDA, BOLSA X ROSCA F, 15 MM X 1/2\"                                                                                                                                                                                                                                                                                                                                                                                                                          ","UN    ","AS",13.19]
["39863SINAPI",39863,"SINAPI","CONECTOR BRONZE/LATAO (REF 603) SEM ANEL DE SOLDA, BOLSA X ROSCA F, 22 MM X 1/2\"                                                                                                                                                                                                                                                                                                                                                                                                                          ","UN    ","AS",13.37]
["39864SINAPI",39864,"SINAPI","CONECTOR BRONZE/LATAO (REF 603) SEM ANEL DE SOLDA, BOLSA X ROSCA F, 22 MM X 3/4\"                                                                                                                                                                                                                                                                                                                                                                                                                          ","UN    ","AS",16.600000000000001]
["39865SINAPI",39865,"SINAPI","CONECTOR BRONZE/LATAO (REF 603) SEM ANEL DE SOLDA, BOLSA X ROSCA F, 28 MM X 1/2\"                                                                                                                                                                                                                                                                                                                                                                                                                          ","UN    ","AS",23.39]
["2517SINAPI",2517,"SINAPI","CONECTOR CURVO 90 GRAUS DE ALUMINIO, BITOLA 1 1/2\", PARA ADAPTAR ENTRADA DE ELETRODUTO METALICO FLEXIVEL EM QUADROS                                                                                                                                                                                                                                                                                                                                                                                       ","UN    ","AS",26.36]
["2522SINAPI",2522,"SINAPI","CONECTOR CURVO 90 GRAUS DE ALUMINIO, BITOLA 1 1/4\", PARA ADAPTAR ENTRADA DE ELETRODUTO METALICO FLEXIVEL EM QUADROS                                                                                                                                                                                                                                                                                                                                                                                       ","UN    ","AS",17.03]
["2548SINAPI",2548,"SINAPI","CONECTOR CURVO 90 GRAUS DE ALUMINIO, BITOLA 1/2\", PARA ADAPTAR ENTRADA DE ELETRODUTO METALICO FLEXIVEL EM QUADROS                                                                                                                                                                                                                                                                                                                                                                                         ","UN    ","AS",10.48]
["2516SINAPI",2516,"SINAPI","CONECTOR CURVO 90 GRAUS DE ALUMINIO, BITOLA 1\", PARA ADAPTAR ENTRADA DE ELETRODUTO METALICO FLEXIVEL EM QUADROS                                                                                                                                                                                                                                                                                                                                                                                           ","UN    ","AS",13.68]
["2518SINAPI",2518,"SINAPI","CONECTOR CURVO 90 GRAUS DE ALUMINIO, BITOLA 2 1/2\", PARA ADAPTAR ENTRADA DE ELETRODUTO METALICO FLEXIVEL EM QUADROS                                                                                                                                                                                                                                                                                                                                                                                       ","UN    ","AS",125.47]
["2521SINAPI",2521,"SINAPI","CONECTOR CURVO 90 GRAUS DE ALUMINIO, BITOLA 2\", PARA ADAPTAR ENTRADA DE ELETRODUTO METALICO FLEXIVEL EM QUADROS                                                                                                                                                                                                                                                                                                                                                                                           ","UN    ","AS",53.41]
["2515SINAPI",2515,"SINAPI","CONECTOR CURVO 90 GRAUS DE ALUMINIO, BITOLA 3/4\", PARA ADAPTAR ENTRADA DE ELETRODUTO METALICO FLEXIVEL EM QUADROS                                                                                                                                                                                                                                                                                                                                                                                         ","UN    ","AS",11.38]
["2519SINAPI",2519,"SINAPI","CONECTOR CURVO 90 GRAUS DE ALUMINIO, BITOLA 3\", PARA ADAPTAR ENTRADA DE ELETRODUTO METALICO FLEXIVEL EM QUADROS                                                                                                                                                                                                                                                                                                                                                                                           ","UN    ","AS",151.29]
["2520SINAPI",2520,"SINAPI","CONECTOR CURVO 90 GRAUS DE ALUMINIO, BITOLA 4\", PARA ADAPTAR ENTRADA DE ELETRODUTO METALICO FLEXIVEL EM QUADROS                                                                                                                                                                                                                                                                                                                                                                                           ","UN    ","AS",278.45]
["1602SINAPI",1602,"SINAPI","CONECTOR DE ALUMINIO TIPO PRENSA CABO, BITOLA 1 1/2\", PARA CABOS DE DIAMETRO DE 37 A 40 MM                                                                                                                                                                                                                                                                                                                                                                                                                ","UN    ","CR",57.18]
["1601SINAPI",1601,"SINAPI","CONECTOR DE ALUMINIO TIPO PRENSA CABO, BITOLA 1 1/4\", PARA CABOS DE DIAMETRO DE 31 A 34 MM                                                                                                                                                                                                                                                                                                                                                                                                                ","UN    ","CR",50.96]
["1598SINAPI",1598,"SINAPI","CONECTOR DE ALUMINIO TIPO PRENSA CABO, BITOLA 1/2\", PARA CABOS DE DIAMETRO DE 12,5 A 15 MM                                                                                                                                                                                                                                                                                                                                                                                                                ","UN    ","CR",15.08]
["1600SINAPI",1600,"SINAPI","CONECTOR DE ALUMINIO TIPO PRENSA CABO, BITOLA 1\", PARA CABOS DE DIAMETRO DE 22,5 A 25 MM                                                                                                                                                                                                                                                                                                                                                                                                                  ","UN    ","CR",22.26]
["1603SINAPI",1603,"SINAPI","CONECTOR DE ALUMINIO TIPO PRENSA CABO, BITOLA 2\", PARA CABOS DE DIAMETRO DE 47,5 A 50 MM                                                                                                                                                                                                                                                                                                                                                                                                                  ","UN    ","CR",86.33]
["1599SINAPI",1599,"SINAPI","CONECTOR DE ALUMINIO TIPO PRENSA CABO, BITOLA 3/4\", PARA CABOS DE DIAMETRO DE 17,5 A 20 MM                                                                                                                                                                                                                                                                                                                                                                                                                ","UN    ","CR",17.5]
["1597SINAPI",1597,"SINAPI","CONECTOR DE ALUMINIO TIPO PRENSA CABO, BITOLA 3/8\", PARA CABOS DE DIAMETRO DE 9 A 10 MM                                                                                                                                                                                                                                                                                                                                                                                                                   ","UN    ","CR",14.18]
["39602SINAPI",39602,"SINAPI","CONECTOR MACHO RJ 45, CATEGORIA 5 E (CAT 5E) PARA CABOS                                                                                                                                                                                                                                                                                                                                                                                                                                                   ","UN    ","CR",1.25]
["39603SINAPI",39603,"SINAPI","CONECTOR MACHO RJ 45, CATEGORIA 6 (CAT 6) PARA CABOS                                                                                                                                                                                                                                                                                                                                                                                                                                                      ","UN    ","CR",2.66]
["11821SINAPI",11821,"SINAPI","CONECTOR METALICO TIPO PARAFUSO FENDIDO (SPLIT BOLT), COM SEPARADOR DE CABOS BIMETALICOS, PARA CABOS ATE 25 MM2                                                                                                                                                                                                                                                                                                                                                                                           ","UN    ","CR",11.64]
["1562SINAPI",1562,"SINAPI","CONECTOR METALICO TIPO PARAFUSO FENDIDO (SPLIT BOLT), COM SEPARADOR DE CABOS BIMETALICOS, PARA CABOS ATE 50 MM2                                                                                                                                                                                                                                                                                                                                                                                           ","UN    ","CR",19.07]
["1563SINAPI",1563,"SINAPI","CONECTOR METALICO TIPO PARAFUSO FENDIDO (SPLIT BOLT), COM SEPARADOR DE CABOS BIMETALICOS, PARA CABOS ATE 70 MM2                                                                                                                                                                                                                                                                                                                                                                                           ","UN    ","CR",25.59]
["11856SINAPI",11856,"SINAPI","CONECTOR METALICO TIPO PARAFUSO FENDIDO (SPLIT BOLT), PARA CABOS ATE 10 MM2                                                                                                                                                                                                                                                                                                                                                                                                                               ","UN    ","C ",7.63]
["11857SINAPI",11857,"SINAPI","CONECTOR METALICO TIPO PARAFUSO FENDIDO (SPLIT BOLT), PARA CABOS ATE 120 MM2                                                                                                                                                                                                                                                                                                                                                                                                                              ","UN    ","CR",40.15]
["11858SINAPI",11858,"SINAPI","CONECTOR METALICO TIPO PARAFUSO FENDIDO (SPLIT BOLT), PARA CABOS ATE 150 MM2                                                                                                                                                                                                                                                                                                                                                                                                                              ","UN    ","CR",49.84]
["1539SINAPI",1539,"SINAPI","CONECTOR METALICO TIPO PARAFUSO FENDIDO (SPLIT BOLT), PARA CABOS ATE 16 MM2                                                                                                                                                                                                                                                                                                                                                                                                                               ","UN    ","CR",8.9600000000000009]
["11859SINAPI",11859,"SINAPI","CONECTOR METALICO TIPO PARAFUSO FENDIDO (SPLIT BOLT), PARA CABOS ATE 185 MM2                                                                                                                                                                                                                                                                                                                                                                                                                              ","UN    ","CR",67.81]
["1550SINAPI",1550,"SINAPI","CONECTOR METALICO TIPO PARAFUSO FENDIDO (SPLIT BOLT), PARA CABOS ATE 25 MM2                                                                                                                                                                                                                                                                                                                                                                                                                               ","UN    ","CR",9.4600000000000009]
["11854SINAPI",11854,"SINAPI","CONECTOR METALICO TIPO PARAFUSO FENDIDO (SPLIT BOLT), PARA CABOS ATE 35 MM2                                                                                                                                                                                                                                                                                                                                                                                                                               ","UN    ","CR",11.82]
["11862SINAPI",11862,"SINAPI","CONECTOR METALICO TIPO PARAFUSO FENDIDO (SPLIT BOLT), PARA CABOS ATE 50 MM2                                                                                                                                                                                                                                                                                                                                                                                                                               ","UN    ","CR",16.579999999999998]
["11863SINAPI",11863,"SINAPI","CONECTOR METALICO TIPO PARAFUSO FENDIDO (SPLIT BOLT), PARA CABOS ATE 6 MM2                                                                                                                                                                                                                                                                                                                                                                                                                                ","UN    ","CR",6.69]
["11855SINAPI",11855,"SINAPI","CONECTOR METALICO TIPO PARAFUSO FENDIDO (SPLIT BOLT), PARA CABOS ATE 70 MM2                                                                                                                                                                                                                                                                                                                                                                                                                               ","UN    ","CR",24.75]
["11864SINAPI",11864,"SINAPI","CONECTOR METALICO TIPO PARAFUSO FENDIDO (SPLIT BOLT), PARA CABOS ATE 95 MM2                                                                                                                                                                                                                                                                                                                                                                                                                               ","UN    ","CR",37.42]
["2527SINAPI",2527,"SINAPI","CONECTOR RETO DE ALUMINIO PARA ELETRODUTO DE 1 1/2\", PARA ADAPTAR ENTRADA DE ELETRODUTO METALICO FLEXIVEL EM QUADROS                                                                                                                                                                                                                                                                                                                                                                                      ","UN    ","AS",9.43]
["2526SINAPI",2526,"SINAPI","CONECTOR RETO DE ALUMINIO PARA ELETRODUTO DE 1 1/4\", PARA ADAPTAR ENTRADA DE ELETRODUTO METALICO FLEXIVEL EM QUADROS                                                                                                                                                                                                                                                                                                                                                                                      ","UN    ","AS",6.04]
["2487SINAPI",2487,"SINAPI","CONECTOR RETO DE ALUMINIO PARA ELETRODUTO DE 1/2\", PARA ADAPTAR ENTRADA DE ELETRODUTO METALICO FLEXIVEL EM QUADROS                                                                                                                                                                                                                                                                                                                                                                                        ","UN    ","AS",2.06]
["2483SINAPI",2483,"SINAPI","CONECTOR RETO DE ALUMINIO PARA ELETRODUTO DE 1\", PARA ADAPTAR ENTRADA DE ELETRODUTO METALICO FLEXIVEL EM QUADROS                                                                                                                                                                                                                                                                                                                                                                                          ","UN    ","AS",4.3]
["2528SINAPI",2528,"SINAPI","CONECTOR RETO DE ALUMINIO PARA ELETRODUTO DE 2 1/2\", PARA ADAPTAR ENTRADA DE ELETRODUTO METALICO FLEXIVEL EM QUADROS                                                                                                                                                                                                                                                                                                                                                                                      ","UN    ","AS",23.74]
["2489SINAPI",2489,"SINAPI","CONECTOR RETO DE ALUMINIO PARA ELETRODUTO DE 2\", PARA ADAPTAR ENTRADA DE ELETRODUTO METALICO FLEXIVEL EM QUADROS                                                                                                                                                                                                                                                                                                                                                                                          ","UN    ","AS",10.45]
["2488SINAPI",2488,"SINAPI","CONECTOR RETO DE ALUMINIO PARA ELETRODUTO DE 3/4\", PARA ADAPTAR ENTRADA DE ELETRODUTO METALICO FLEXIVEL EM QUADROS                                                                                                                                                                                                                                                                                                                                                                                        ","UN    ","AS",2.41]
["2484SINAPI",2484,"SINAPI","CONECTOR RETO DE ALUMINIO PARA ELETRODUTO DE 3\", PARA ADAPTAR ENTRADA DE ELETRODUTO METALICO FLEXIVEL EM QUADROS                                                                                                                                                                                                                                                                                                                                                                                          ","UN    ","AS",34.479999999999997]
["2485SINAPI",2485,"SINAPI","CONECTOR RETO DE ALUMINIO PARA ELETRODUTO DE 4\", PARA ADAPTAR ENTRADA DE ELETRODUTO METALICO FLEXIVEL EM QUADROS                                                                                                                                                                                                                                                                                                                                                                                          ","UN    ","AS",54.05]
["39279SINAPI",39279,"SINAPI","CONECTOR/ADAPTADOR FIXO, ROSCA FEMEA, EM PLASTICO, DN 16 MM X 1/2\", PARA CONEXAO COM CRIMPAGEM, EM TUBO PEX PARA INST. AGUA QUENTE/FRIA                                                                                                                                                                                                                                                                                                                                                                   ","UN    ","AS",8.35]
["39280SINAPI",39280,"SINAPI","CONECTOR/ADAPTADOR FIXO, ROSCA FEMEA, EM PLASTICO, DN 20 MM X 1/2\", PARA CONEXAO COM CRIMPAGEM, EM TUBO PEX PARA INST. AGUA QUENTE/FRIA                                                                                                                                                                                                                                                                                                                                                                   ","UN    ","AS",9.36]
["39281SINAPI",39281,"SINAPI","CONECTOR/ADAPTADOR FIXO, ROSCA FEMEA, EM PLASTICO, DN 20 MM X 3/4\", PARA CONEXAO COM CRIMPAGEM, EM TUBO PEX PARA INST. AGUA QUENTE/FRIA                                                                                                                                                                                                                                                                                                                                                                   ","UN    ","AS",12.37]
["39282SINAPI",39282,"SINAPI","CONECTOR/ADAPTADOR FIXO, ROSCA FEMEA, EM PLASTICO, DN 25 MM X 3/4\", PARA CONEXAO COM CRIMPAGEM, EM TUBO PEX PARA INST. AGUA QUENTE/FRIA                                                                                                                                                                                                                                                                                                                                                                   ","UN    ","AS",17.260000000000002]
["38844SINAPI",38844,"SINAPI","CONECTOR/ADAPTADOR FIXO, ROSCA FEMEA, METALICA, COM ANEL DESLIZANTE, DN 16 MM X 1/2\", PARA TUBO PEX PARA INST. AGUA QUENTE/FRIA                                                                                                                                                                                                                                                                                                                                                                           ","UN    ","AS",8.4700000000000006]
["38846SINAPI",38846,"SINAPI","CONECTOR/ADAPTADOR FIXO, ROSCA FEMEA, METALICA, COM ANEL DESLIZANTE, DN 20 MM X 1/2\", PARA TUBO PEX PARA INST. AGUA QUENTE/FRIA                                                                                                                                                                                                                                                                                                                                                                           ","UN    ","AS",8.6199999999999992]
["38847SINAPI",38847,"SINAPI","CONECTOR/ADAPTADOR FIXO, ROSCA FEMEA, METALICA, COM ANEL DESLIZANTE, DN 20 MM X 3/4\", PARA TUBO PEX PARA INST. AGUA QUENTE/FRIA                                                                                                                                                                                                                                                                                                                                                                           ","UN    ","AS",10.09]
["38850SINAPI",38850,"SINAPI","CONECTOR/ADAPTADOR FIXO, ROSCA FEMEA, METALICA, COM ANEL DESLIZANTE, DN 25 MM X 1\", PARA TUBO PEX PARA INST. AGUA QUENTE/FRIA                                                                                                                                                                                                                                                                                                                                                                             ","UN    ","AS",18.23]
["38848SINAPI",38848,"SINAPI","CONECTOR/ADAPTADOR FIXO, ROSCA FEMEA, METALICA, COM ANEL DESLIZANTE, DN 25 MM X 3/4\", PARA TUBO PEX PARA INST. AGUA QUENTE/FRIA                                                                                                                                                                                                                                                                                                                                                                           ","UN    ","AS",11.95]
["38851SINAPI",38851,"SINAPI","CONECTOR/ADAPTADOR FIXO, ROSCA FEMEA, METALICA, COM ANEL DESLIZANTE, DN 32 MM X 1\", PARA TUBO PEX PARA INST. AGUA QUENTE/FRIA                                                                                                                                                                                                                                                                                                                                                                             ","UN    ","AS",20.61]
["38854SINAPI",38854,"SINAPI","CONECTOR/ADAPTADOR MOVEL, ROSCA FEMEA, METALICA, COM ANEL DESLIZANTE, DN 16 MM X 3/4\", PARA TUBO PEX PARA INST. AGUA QUENTE/FRIA                                                                                                                                                                                                                                                                                                                                                                          ","UN    ","AS",8.9499999999999993]
[{"$f":"B1351&C1351","v":"44247SINAPI"},44247,"SINAPI","CONECTOR, CPVC, SOLDAVEL, 114 MM X 4\", PARA AGUA QUENTE                                                                                                                                                                                                                                                                                                                                                                                                                                                   ","UN    ","AS",1278.1500000000001]
["38005SINAPI",38005,"SINAPI","CONECTOR, CPVC, SOLDAVEL, 15 MM X 1/2\", PARA AGUA QUENTE                                                                                                                                                                                                                                                                                                                                                                                                                                                  ","UN    ","AS",15.2]
["38006SINAPI",38006,"SINAPI","CONECTOR, CPVC, SOLDAVEL, 22 MM X 1/2\", PARA AGUA QUENTE                                                                                                                                                                                                                                                                                                                                                                                                                                                  ","UN    ","AS",20.190000000000001]
["38428SINAPI",38428,"SINAPI","CONECTOR, CPVC, SOLDAVEL, 22 MM X 3/4\", PARA AGUA QUENTE                                                                                                                                                                                                                                                                                                                                                                                                                                                  ","UN    ","AS",18.079999999999998]
["38007SINAPI",38007,"SINAPI","CONECTOR, CPVC, SOLDAVEL, 28 MM X 1\", PARA AGUA QUENTE                                                                                                                                                                                                                                                                                                                                                                                                                                                    ","UN    ","AS",23.3]
["38008SINAPI",38008,"SINAPI","CONECTOR, CPVC, SOLDAVEL, 35 MM X 1 1/4\", PARA AGUA QUENTE                                                                                                                                                                                                                                                                                                                                                                                                                                                ","UN    ","AS",37.28]
["38009SINAPI",38009,"SINAPI","CONECTOR, CPVC, SOLDAVEL, 42 MM X 1 1/2\", PARA AGUA QUENTE                                                                                                                                                                                                                                                                                                                                                                                                                                                ","UN    ","AS",45.64]
["44248SINAPI",44248,"SINAPI","CONECTOR, CPVC, SOLDAVEL, 54 MM X 2\", PARA AGUA QUENTE                                                                                                                                                                                                                                                                                                                                                                                                                                                    ","UN    ","AS",74.400000000000006]
["44249SINAPI",44249,"SINAPI","CONECTOR, CPVC, SOLDAVEL, 73 MM X 2 1/2\", PARA AGUA QUENTE                                                                                                                                                                                                                                                                                                                                                                                                                                                ","UN    ","AS",287.05]
["44250SINAPI",44250,"SINAPI","CONECTOR, CPVC, SOLDAVEL, 89 MM X 3\", PARA AGUA QUENTE                                                                                                                                                                                                                                                                                                                                                                                                                                                    ","UN    ","AS",416.87]
["3104SINAPI",3104,"SINAPI","CONJ. DE FERRAGENS PARA PORTA DE VIDRO TEMPERADO, EM ZAMAC CROMADO, CONTEMPLANDO DOBRADICA INF., DOBRADICA SUP., PIVO PARA DOBRADICA INF., PIVO PARA DOBRADICA SUP., FECHADURA CENTRAL EM ZAMC. CROMADO, CONTRA FECHADURA DE PRESSAO                                                                                                                                                                                                                                                                      ","CJ    ","CR",198.22]
["1607SINAPI",1607,"SINAPI","CONJUNTO ARRUELAS DE VEDACAO 5/16\" PARA TELHA FIBROCIMENTO (UMA ARRUELA METALICA E UMA ARRUELA PVC - CONICAS)                                                                                                                                                                                                                                                                                                                                                                                             ","CJ    ","AS",0.3]
["38169SINAPI",38169,"SINAPI","CONJUNTO DE FERRAGENS PIVO, PARA PORTA PIVOTANTE DE ATE 100 KG, REGULAVEL COM ESFERA , CROMADO - SUPERIOR E INFERIOR - COMPLETO                                                                                                                                                                                                                                                                                                                                                                           ","CJ    ","CR",81.849999999999994]
["6142SINAPI",6142,"SINAPI","CONJUNTO DE LIGACAO AJUSTAVEL, PARA VASO / BACIA SANITARIA , EM PLASTICO BRANCO, COM TUBO, CANOPLA E ESPUDE                                                                                                                                                                                                                                                                                                                                                                                               ","UN    ","CR",8.51]
["11686SINAPI",11686,"SINAPI","CONJUNTO DE LIGACAO PARA VASO / BACIA SANITARIA, EM PLASTICO BRANCO, COM TUBO, CANOPLA E ANEL DE EXPANSAO (TUBO 1.1/2\" X 20 CM)                                                                                                                                                                                                                                                                                                                                                                           ","UN    ","CR",11.81]
["37598SINAPI",37598,"SINAPI","CONJUNTO MONTADO ESTOPIM COM ESPOLETA COMUM NUMERO 8, COM CABECA ACENDEDORA, 1,5 M                                                                                                                                                                                                                                                                                                                                                                                                                        ","UN    ","AS",42.05]
["25398SINAPI",25398,"SINAPI","CONJUNTO PARA FUTSAL COM PAR DE TRAVES OFICIAIS DE 3,00 X 2,00 M EM TUBO DE ACO GALVANIZADO 3\" COM REQUADROS EM TUBO DE 1\", PINTURA EM PRIMER COM TINTA ESMALTE SINTETICO E REDES DE POLIETILENO FIO 4 MM                                                                                                                                                                                                                                                                                                 ","UN    ","AS",4539.57]
["25399SINAPI",25399,"SINAPI","CONJUNTO PARA QUADRA DE  VOLEI COM POSTES EM TUBO DE ACO GALVANIZADO 3\", H = *255* CM, PINTURA EM TINTA ESMALTE SINTETICO, REDE DE NYLON COM 2 MM, MALHA 10 X 10 CM E ANTENAS OFICIAIS EM FIBRA DE VIDRO                                                                                                                                                                                                                                                                                                  ","UN    ","AS",2755.92]
["43440SINAPI",43440,"SINAPI","CONJUNTO PRE-MOLDADO COMPOSTO POR GRELHA (0,99 X 0,45 M), QUADRO (1,10 X 0,52 M) E CANTONEIRA (1,10 X 0,35 M), EM CONCRETO ARMADO, COM FCK DE 21 MPA                                                                                                                                                                                                                                                                                                                                                      ","UN    ","AS",496.53]
["10667SINAPI",10667,"SINAPI","CONTAINER ALMOXARIFADO, DE *2,40* X *6,00* M, PADRAO SIMPLES, SEM REVESTIMENTO E SEM DIVISORIAS INTERNOS E SEM SANITARIO, PARA USO EM CANTEIRO DE OBRAS                                                                                                                                                                                                                                                                                                                                                   ","UN    ","AS",19404]
["1613SINAPI",1613,"SINAPI","CONTATOR TRIPOLAR, CORRENTE DE *110* A, TENSAO NOMINAL DE *500* V, CATEGORIA AC-2 E AC-3                                                                                                                                                                                                                                                                                                                                                                                                                  ","UN    ","AS",1892.45]
["1626SINAPI",1626,"SINAPI","CONTATOR TRIPOLAR, CORRENTE DE *185* A, TENSAO NOMINAL DE *500* V, CATEGORIA AC-2 E AC-3                                                                                                                                                                                                                                                                                                                                                                                                                  ","UN    ","AS",2830.39]
["1625SINAPI",1625,"SINAPI","CONTATOR TRIPOLAR, CORRENTE DE *22* A, TENSAO NOMINAL DE *500* V, CATEGORIA AC-2 E AC-3                                                                                                                                                                                                                                                                                                                                                                                                                   ","UN    ","AS",197.69]
["1622SINAPI",1622,"SINAPI","CONTATOR TRIPOLAR, CORRENTE DE *265* A, TENSAO NOMINAL DE *500* V, CATEGORIA AC-2 E AC-3                                                                                                                                                                                                                                                                                                                                                                                                                  ","UN    ","AS",6387.02]
["1620SINAPI",1620,"SINAPI","CONTATOR TRIPOLAR, CORRENTE DE *38* A, TENSAO NOMINAL DE *500* V, CATEGORIA AC-2 E AC-3                                                                                                                                                                                                                                                                                                                                                                                                                   ","UN    ","AS",416.44]
["1629SINAPI",1629,"SINAPI","CONTATOR TRIPOLAR, CORRENTE DE *500* A, TENSAO NOMINAL DE *500* V, CATEGORIA AC-2 E AC-3                                                                                                                                                                                                                                                                                                                                                                                                                  ","UN    ","AS",15544.49]
["1627SINAPI",1627,"SINAPI","CONTATOR TRIPOLAR, CORRENTE DE *65* A, TENSAO NOMINAL DE *500* V, CATEGORIA AC-2 E AC-3                                                                                                                                                                                                                                                                                                                                                                                                                   ","UN    ","AS",796.02]
["1623SINAPI",1623,"SINAPI","CONTATOR TRIPOLAR, CORRENTE DE 12 A, TENSAO NOMINAL DE *500* V, CATEGORIA AC-2 E AC-3                                                                                                                                                                                                                                                                                                                                                                                                                     ","UN    ","AS",161.22]
["1619SINAPI",1619,"SINAPI","CONTATOR TRIPOLAR, CORRENTE DE 25 A, TENSAO NOMINAL DE *500* V, CATEGORIA AC-2 E AC-3                                                                                                                                                                                                                                                                                                                                                                                                                     ","UN    ","AS",221.78]
["1630SINAPI",1630,"SINAPI","CONTATOR TRIPOLAR, CORRENTE DE 250 A, TENSAO NOMINAL DE *500* V, PARA ACIONAMENTO DE CAPACITORES                                                                                                                                                                                                                                                                                                                                                                                                          ","UN    ","AS",4883.01]
["1616SINAPI",1616,"SINAPI","CONTATOR TRIPOLAR, CORRENTE DE 300 A, TENSAO NOMINAL DE *500* V, CATEGORIA AC-2 E AC-3                                                                                                                                                                                                                                                                                                                                                                                                                    ","UN    ","AS",7510.16]
["1614SINAPI",1614,"SINAPI","CONTATOR TRIPOLAR, CORRENTE DE 32 A, TENSAO NOMINAL DE *500* V, CATEGORIA AC-2 E AC-3                                                                                                                                                                                                                                                                                                                                                                                                                     ","UN    ","AS",343.24]
["1617SINAPI",1617,"SINAPI","CONTATOR TRIPOLAR, CORRENTE DE 400 A, TENSAO NOMINAL DE *500* V, CATEGORIA AC-2 E AC-3                                                                                                                                                                                                                                                                                                                                                                                                                    ","UN    ","AS",8965.5]
["1621SINAPI",1621,"SINAPI","CONTATOR TRIPOLAR, CORRENTE DE 45 A, TENSAO NOMINAL DE *500* V, CATEGORIA AC-2 E AC-3                                                                                                                                                                                                                                                                                                                                                                                                                     ","UN    ","AS",613.88]
["1624SINAPI",1624,"SINAPI","CONTATOR TRIPOLAR, CORRENTE DE 630 A, TENSAO NOMINAL DE *500* V, CATEGORIA AC-2 E AC-3                                                                                                                                                                                                                                                                                                                                                                                                                    ","UN    ","AS",22037.64]
["1615SINAPI",1615,"SINAPI","CONTATOR TRIPOLAR, CORRENTE DE 75 A, TENSAO NOMINAL DE *500* V, CATEGORIA AC-2 E AC-3                                                                                                                                                                                                                                                                                                                                                                                                                     ","UN    ","AS",1152.76]
["1612SINAPI",1612,"SINAPI","CONTATOR TRIPOLAR, CORRENTE DE 9 A, TENSAO NOMINAL DE *500* V, CATEGORIA AC-2 E AC-3                                                                                                                                                                                                                                                                                                                                                                                                                      ","UN    ","AS",151.83000000000001]
["1618SINAPI",1618,"SINAPI","CONTATOR TRIPOLAR, CORRENTE DE 95 A, TENSAO NOMINAL DE *500* V, CATEGORIA AC-2 E AC-3                                                                                                                                                                                                                                                                                                                                                                                                                     ","UN    ","AS",1584.07]
["14211SINAPI",14211,"SINAPI","CONTRA-PORCA SEXTAVADA, DIAMETRO NOMINAL 1 3/8\", ALTURA 35 MM                                                                                                                                                                                                                                                                                                                                                                                                                                             ","UN    ","CR",43.25]
["43657SINAPI",43657,"SINAPI","CONTRAMARCO DE ALUMINIO (PERFIL 25) PARA ESQUADRIAS, TIPO CONVENCIONAL / CADEIRINHA, 60 MM (CM-060), INCLUSO CONEXOES, GRAPAS E TRAVAMENTOS                                                                                                                                                                                                                                                                                                                                                               ","M     ","AS",6.76]
["38200SINAPI",38200,"SINAPI","CORDA DE POLIAMIDA 12 MM TIPO BOMBEIRO, PARA TRABALHO EM ALTURA                                                                                                                                                                                                                                                                                                                                                                                                                                           ","100M  ","CR",853.65]
["39269SINAPI",39269,"SINAPI","CORDAO DE COBRE, FLEXIVEL, TORCIDO, CLASSE 4 OU 5, ISOLACAO EM PVC/D, 300 V, 2 CONDUTORES DE 0,5 MM2                                                                                                                                                                                                                                                                                                                                                                                                      ","M     ","CR",1.44]
["11889SINAPI",11889,"SINAPI","CORDAO DE COBRE, FLEXIVEL, TORCIDO, CLASSE 4 OU 5, ISOLACAO EM PVC/D, 300 V, 2 CONDUTORES DE 0,75 MM2                                                                                                                                                                                                                                                                                                                                                                                                     ","M     ","CR",1.98]
["39270SINAPI",39270,"SINAPI","CORDAO DE COBRE, FLEXIVEL, TORCIDO, CLASSE 4 OU 5, ISOLACAO EM PVC/D, 300 V, 2 CONDUTORES DE 1,0 MM2                                                                                                                                                                                                                                                                                                                                                                                                      ","M     ","CR",2.58]
["11890SINAPI",11890,"SINAPI","CORDAO DE COBRE, FLEXIVEL, TORCIDO, CLASSE 4 OU 5, ISOLACAO EM PVC/D, 300 V, 2 CONDUTORES DE 1,5 MM2                                                                                                                                                                                                                                                                                                                                                                                                      ","M     ","CR",3.51]
["11891SINAPI",11891,"SINAPI","CORDAO DE COBRE, FLEXIVEL, TORCIDO, CLASSE 4 OU 5, ISOLACAO EM PVC/D, 300 V, 2 CONDUTORES DE 2,5 MM2                                                                                                                                                                                                                                                                                                                                                                                                      ","M     ","CR",5.69]
["11892SINAPI",11892,"SINAPI","CORDAO DE COBRE, FLEXIVEL, TORCIDO, CLASSE 4 OU 5, ISOLACAO EM PVC/D, 300 V, 2 CONDUTORES DE 4 MM2                                                                                                                                                                                                                                                                                                                                                                                                        ","M     ","CR",9.3000000000000007]
["37601SINAPI",37601,"SINAPI","CORDEL DETONANTE, NP 05 G/M                                                                                                                                                                                                                                                                                                                                                                                                                                                                               ","M     ","AS",9.34]
["1634SINAPI",1634,"SINAPI","CORDEL DETONANTE, NP 10 G/M                                                                                                                                                                                                                                                                                                                                                                                                                                                                               ","M     ","AS",9.65]
["5086SINAPI",5086,"SINAPI","CORRENTE DE ELO CURTO COMUM, SOLDADA, GALVANIZADA, ESPESSURA DO ELO = 1/2\" (12,5 MM)                                                                                                                                                                                                                                                                                                                                                                                                                      ","KG    ","CR",33.880000000000003]
["11280SINAPI",11280,"SINAPI","CORTADEIRA DE PISO DE CONCRETO E ASFALTO, PARA DISCO PADRAO DE DIAMETRO 350 MM (14\") OU 450 MM (18\") , MOTOR A GASOLINA, POTENCIA 13 HP, SEM DISCO                                                                                                                                                                                                                                                                                                                                                        ","UN    ","CR",11887.87]
["40519SINAPI",40519,"SINAPI","CORTADEIRA HIDRAULICA DE VERGALHAO, PARA ACO DE DIAMETRO ATE 50 MM, MOTOR ELETRICO TRIFASICO, POTENCIA DE 5,5 HP A 7,5 HP                                                                                                                                                                                                                                                                                                                                                                                 ","UN    ","CR",97999.57]
["39869SINAPI",39869,"SINAPI","COTOVELO BRONZE/LATAO (REF 707-3) SEM ANEL DE SOLDA, BOLSA X ROSCA F, 15MM X 1/2\"                                                                                                                                                                                                                                                                                                                                                                                                                         ","UN    ","AS",13.1]
["39870SINAPI",39870,"SINAPI","COTOVELO BRONZE/LATAO (REF 707-3) SEM ANEL DE SOLDA, BOLSA X ROSCA F, 22MM X 1/2\"                                                                                                                                                                                                                                                                                                                                                                                                                         ","UN    ","AS",20.03]
["39871SINAPI",39871,"SINAPI","COTOVELO BRONZE/LATAO (REF 707-3) SEM ANEL DE SOLDA, BOLSA X ROSCA F, 22MM X 3/4\"                                                                                                                                                                                                                                                                                                                                                                                                                         ","UN    ","AS",22.46]
["12722SINAPI",12722,"SINAPI","COTOVELO DE COBRE 90 GRAUS (REF 607) SEM ANEL DE SOLDA, BOLSA X BOLSA, 104 MM                                                                                                                                                                                                                                                                                                                                                                                                                             ","UN    ","AS",751.53]
["12714SINAPI",12714,"SINAPI","COTOVELO DE COBRE 90 GRAUS (REF 607) SEM ANEL DE SOLDA, BOLSA X BOLSA, 15 MM                                                                                                                                                                                                                                                                                                                                                                                                                              ","UN    ","AS",4.9000000000000004]
["12715SINAPI",12715,"SINAPI","COTOVELO DE COBRE 90 GRAUS (REF 607) SEM ANEL DE SOLDA, BOLSA X BOLSA, 22 MM                                                                                                                                                                                                                                                                                                                                                                                                                              ","UN    ","AS",11.07]
["12716SINAPI",12716,"SINAPI","COTOVELO DE COBRE 90 GRAUS (REF 607) SEM ANEL DE SOLDA, BOLSA X BOLSA, 28 MM                                                                                                                                                                                                                                                                                                                                                                                                                              ","UN    ","AS",19.02]
["12717SINAPI",12717,"SINAPI","COTOVELO DE COBRE 90 GRAUS (REF 607) SEM ANEL DE SOLDA, BOLSA X BOLSA, 35 MM                                                                                                                                                                                                                                                                                                                                                                                                                              ","UN    ","AS",37.39]
["12718SINAPI",12718,"SINAPI","COTOVELO DE COBRE 90 GRAUS (REF 607) SEM ANEL DE SOLDA, BOLSA X BOLSA, 42 MM                                                                                                                                                                                                                                                                                                                                                                                                                              ","UN    ","AS",57.38]
["12719SINAPI",12719,"SINAPI","COTOVELO DE COBRE 90 GRAUS (REF 607) SEM ANEL DE SOLDA, BOLSA X BOLSA, 54 MM                                                                                                                                                                                                                                                                                                                                                                                                                              ","UN    ","AS",91.09]
["12720SINAPI",12720,"SINAPI","COTOVELO DE COBRE 90 GRAUS (REF 607) SEM ANEL DE SOLDA, BOLSA X BOLSA, 66 MM                                                                                                                                                                                                                                                                                                                                                                                                                              ","UN    ","AS",317.17]
["12721SINAPI",12721,"SINAPI","COTOVELO DE COBRE 90 GRAUS (REF 607) SEM ANEL DE SOLDA, BOLSA X BOLSA, 79 MM                                                                                                                                                                                                                                                                                                                                                                                                                              ","UN    ","AS",304.14]
[{"$f":"B1415&C1415","v":"3468SINAPI"},3468,"SINAPI","COTOVELO DE REDUCAO 90 GRAUS DE FERRO GALVANIZADO, COM ROSCA BSP, DE 1 1/2\" X 1\"                                                                                                                                                                                                                                                                                                                                                                                                                          ","UN    ","AS",47.39]
["3465SINAPI",3465,"SINAPI","COTOVELO DE REDUCAO 90 GRAUS DE FERRO GALVANIZADO, COM ROSCA BSP, DE 1 1/2\" X 3/4\"                                                                                                                                                                                                                                                                                                                                                                                                                        ","UN    ","AS",47.37]
["12403SINAPI",12403,"SINAPI","COTOVELO DE REDUCAO 90 GRAUS DE FERRO GALVANIZADO, COM ROSCA BSP, DE 1 1/4\" X 1\"                                                                                                                                                                                                                                                                                                                                                                                                                          ","UN    ","AS",33.76]
["3463SINAPI",3463,"SINAPI","COTOVELO DE REDUCAO 90 GRAUS DE FERRO GALVANIZADO, COM ROSCA BSP, DE 1\" X 1/2\"                                                                                                                                                                                                                                                                                                                                                                                                                            ","UN    ","AS",19.73]
["3464SINAPI",3464,"SINAPI","COTOVELO DE REDUCAO 90 GRAUS DE FERRO GALVANIZADO, COM ROSCA BSP, DE 1\" X 3/4\"                                                                                                                                                                                                                                                                                                                                                                                                                            ","UN    ","AS",19.73]
["3466SINAPI",3466,"SINAPI","COTOVELO DE REDUCAO 90 GRAUS DE FERRO GALVANIZADO, COM ROSCA BSP, DE 2 1/2\" X 2\"                                                                                                                                                                                                                                                                                                                                                                                                                          ","UN    ","AS",120.31]
["3467SINAPI",3467,"SINAPI","COTOVELO DE REDUCAO 90 GRAUS DE FERRO GALVANIZADO, COM ROSCA BSP, DE 2\" X 1 1/2\"                                                                                                                                                                                                                                                                                                                                                                                                                          ","UN    ","AS",67.95]
["3462SINAPI",3462,"SINAPI","COTOVELO DE REDUCAO 90 GRAUS DE FERRO GALVANIZADO, COM ROSCA BSP, DE 3/4\" X 1/2\"                                                                                                                                                                                                                                                                                                                                                                                                                          ","UN    ","AS",13.01]
["3446SINAPI",3446,"SINAPI","COTOVELO 45 GRAUS DE FERRO GALVANIZADO, COM ROSCA BSP, DE 1 1/2\"                                                                                                                                                                                                                                                                                                                                                                                                                                          ","UN    ","AS",40.06]
["3445SINAPI",3445,"SINAPI","COTOVELO 45 GRAUS DE FERRO GALVANIZADO, COM ROSCA BSP, DE 1 1/4\"                                                                                                                                                                                                                                                                                                                                                                                                                                          ","UN    ","AS",32.700000000000003]
["3441SINAPI",3441,"SINAPI","COTOVELO 45 GRAUS DE FERRO GALVANIZADO, COM ROSCA BSP, DE 1/2\"                                                                                                                                                                                                                                                                                                                                                                                                                                            ","UN    ","AS",9.23]
["3444SINAPI",3444,"SINAPI","COTOVELO 45 GRAUS DE FERRO GALVANIZADO, COM ROSCA BSP, DE 1\"                                                                                                                                                                                                                                                                                                                                                                                                                                              ","UN    ","AS",20.13]
["12402SINAPI",12402,"SINAPI","COTOVELO 45 GRAUS DE FERRO GALVANIZADO, COM ROSCA BSP, DE 2 1/2\"                                                                                                                                                                                                                                                                                                                                                                                                                                          ","UN    ","AS",112.6]
["3447SINAPI",3447,"SINAPI","COTOVELO 45 GRAUS DE FERRO GALVANIZADO, COM ROSCA BSP, DE 2\"                                                                                                                                                                                                                                                                                                                                                                                                                                              ","UN    ","AS",58.25]
["3442SINAPI",3442,"SINAPI","COTOVELO 45 GRAUS DE FERRO GALVANIZADO, COM ROSCA BSP, DE 3/4\"                                                                                                                                                                                                                                                                                                                                                                                                                                            ","UN    ","AS",13.8]
["3448SINAPI",3448,"SINAPI","COTOVELO 45 GRAUS DE FERRO GALVANIZADO, COM ROSCA BSP, DE 3\"                                                                                                                                                                                                                                                                                                                                                                                                                                              ","UN    ","AS",164.62]
["3449SINAPI",3449,"SINAPI","COTOVELO 45 GRAUS DE FERRO GALVANIZADO, COM ROSCA BSP, DE 4\"                                                                                                                                                                                                                                                                                                                                                                                                                                              ","UN    ","AS",288.45]
["37438SINAPI",37438,"SINAPI","COTOVELO 45 GRAUS, PEAD PE 100, DE 125 MM, PARA ELETROFUSAO                                                                                                                                                                                                                                                                                                                                                                                                                                               ","UN    ","AS",230]
["37439SINAPI",37439,"SINAPI","COTOVELO 45 GRAUS, PEAD PE 100, DE 200 MM, PARA ELETROFUSAO                                                                                                                                                                                                                                                                                                                                                                                                                                               ","UN    ","AS",1503.73]
["37435SINAPI",37435,"SINAPI","COTOVELO 45 GRAUS, PEAD PE 100, DE 32 MM, PARA ELETROFUSAO                                                                                                                                                                                                                                                                                                                                                                                                                                                ","UN    ","AS",27.03]
["37436SINAPI",37436,"SINAPI","COTOVELO 45 GRAUS, PEAD PE 100, DE 40 MM, PARA ELETROFUSAO                                                                                                                                                                                                                                                                                                                                                                                                                                                ","UN    ","AS",31.9]
["37437SINAPI",37437,"SINAPI","COTOVELO 45 GRAUS, PEAD PE 100, DE 63 MM, PARA ELETROFUSAO                                                                                                                                                                                                                                                                                                                                                                                                                                                ","UN    ","AS",46.14]
["3473SINAPI",3473,"SINAPI","COTOVELO 90 GRAUS DE FERRO GALVANIZADO, COM ROSCA BSP MACHO/FEMEA, DE 1 1/2\"                                                                                                                                                                                                                                                                                                                                                                                                                              ","UN    ","AS",45.29]
["3474SINAPI",3474,"SINAPI","COTOVELO 90 GRAUS DE FERRO GALVANIZADO, COM ROSCA BSP MACHO/FEMEA, DE 1 1/4\"                                                                                                                                                                                                                                                                                                                                                                                                                              ","UN    ","AS",37.33]
["3450SINAPI",3450,"SINAPI","COTOVELO 90 GRAUS DE FERRO GALVANIZADO, COM ROSCA BSP MACHO/FEMEA, DE 1/2\"                                                                                                                                                                                                                                                                                                                                                                                                                                ","UN    ","AS",10.82]
["3443SINAPI",3443,"SINAPI","COTOVELO 90 GRAUS DE FERRO GALVANIZADO, COM ROSCA BSP MACHO/FEMEA, DE 1\"                                                                                                                                                                                                                                                                                                                                                                                                                                  ","UN    ","AS",23.22]
["3453SINAPI",3453,"SINAPI","COTOVELO 90 GRAUS DE FERRO GALVANIZADO, COM ROSCA BSP MACHO/FEMEA, DE 2 1/2\"                                                                                                                                                                                                                                                                                                                                                                                                                              ","UN    ","AS",132.19999999999999]
["3452SINAPI",3452,"SINAPI","COTOVELO 90 GRAUS DE FERRO GALVANIZADO, COM ROSCA BSP MACHO/FEMEA, DE 2\"                                                                                                                                                                                                                                                                                                                                                                                                                                  ","UN    ","AS",65.25]
["3451SINAPI",3451,"SINAPI","COTOVELO 90 GRAUS DE FERRO GALVANIZADO, COM ROSCA BSP MACHO/FEMEA, DE 3/4\"                                                                                                                                                                                                                                                                                                                                                                                                                                ","UN    ","AS",12.94]
["3454SINAPI",3454,"SINAPI","COTOVELO 90 GRAUS DE FERRO GALVANIZADO, COM ROSCA BSP MACHO/FEMEA, DE 3\"                                                                                                                                                                                                                                                                                                                                                                                                                                  ","UN    ","AS",201.07]
["3458SINAPI",3458,"SINAPI","COTOVELO 90 GRAUS DE FERRO GALVANIZADO, COM ROSCA BSP, DE 1 1/2\"                                                                                                                                                                                                                                                                                                                                                                                                                                          ","UN    ","AS",36.299999999999997]
["3457SINAPI",3457,"SINAPI","COTOVELO 90 GRAUS DE FERRO GALVANIZADO, COM ROSCA BSP, DE 1 1/4\"                                                                                                                                                                                                                                                                                                                                                                                                                                          ","UN    ","AS",27.25]
["3455SINAPI",3455,"SINAPI","COTOVELO 90 GRAUS DE FERRO GALVANIZADO, COM ROSCA BSP, DE 1/2\"                                                                                                                                                                                                                                                                                                                                                                                                                                            ","UN    ","AS",7.74]
["3472SINAPI",3472,"SINAPI","COTOVELO 90 GRAUS DE FERRO GALVANIZADO, COM ROSCA BSP, DE 1\"                                                                                                                                                                                                                                                                                                                                                                                                                                              ","UN    ","AS",17.39]
["3470SINAPI",3470,"SINAPI","COTOVELO 90 GRAUS DE FERRO GALVANIZADO, COM ROSCA BSP, DE 2 1/2\"                                                                                                                                                                                                                                                                                                                                                                                                                                          ","UN    ","AS",101.37]
["3471SINAPI",3471,"SINAPI","COTOVELO 90 GRAUS DE FERRO GALVANIZADO, COM ROSCA BSP, DE 2\"                                                                                                                                                                                                                                                                                                                                                                                                                                              ","UN    ","AS",55.7]
["3456SINAPI",3456,"SINAPI","COTOVELO 90 GRAUS DE FERRO GALVANIZADO, COM ROSCA BSP, DE 3/4\"                                                                                                                                                                                                                                                                                                                                                                                                                                            ","UN    ","AS",11.58]
["3459SINAPI",3459,"SINAPI","COTOVELO 90 GRAUS DE FERRO GALVANIZADO, COM ROSCA BSP, DE 3\"                                                                                                                                                                                                                                                                                                                                                                                                                                              ","UN    ","AS",142.97999999999999]
["3469SINAPI",3469,"SINAPI","COTOVELO 90 GRAUS DE FERRO GALVANIZADO, COM ROSCA BSP, DE 4\"                                                                                                                                                                                                                                                                                                                                                                                                                                              ","UN    ","AS",271.92]
["3460SINAPI",3460,"SINAPI","COTOVELO 90 GRAUS DE FERRO GALVANIZADO, COM ROSCA BSP, DE 5\"                                                                                                                                                                                                                                                                                                                                                                                                                                              ","UN    ","AS",396.77]
["3461SINAPI",3461,"SINAPI","COTOVELO 90 GRAUS DE FERRO GALVANIZADO, COM ROSCA BSP, DE 6\"                                                                                                                                                                                                                                                                                                                                                                                                                                              ","UN    ","AS",1014.11]
["37433SINAPI",37433,"SINAPI","COTOVELO 90 GRAUS, PEAD PE 100, DE 125 MM, PARA ELETROFUSAO                                                                                                                                                                                                                                                                                                                                                                                                                                               ","UN    ","AS",230]
["37430SINAPI",37430,"SINAPI","COTOVELO 90 GRAUS, PEAD PE 100, DE 20 MM, PARA ELETROFUSAO                                                                                                                                                                                                                                                                                                                                                                                                                                                ","UN    ","AS",28.82]
["37434SINAPI",37434,"SINAPI","COTOVELO 90 GRAUS, PEAD PE 100, DE 200 MM, PARA ELETROFUSAO                                                                                                                                                                                                                                                                                                                                                                                                                                               ","UN    ","AS",2144.52]
["37431SINAPI",37431,"SINAPI","COTOVELO 90 GRAUS, PEAD PE 100, DE 32 MM, PARA ELETROFUSAO                                                                                                                                                                                                                                                                                                                                                                                                                                                ","UN    ","AS",39.1]
["37432SINAPI",37432,"SINAPI","COTOVELO 90 GRAUS, PEAD PE 100, DE 63 MM, PARA ELETROFUSAO                                                                                                                                                                                                                                                                                                                                                                                                                                                ","UN    ","AS",72.12]
["37413SINAPI",37413,"SINAPI","COTOVELO/JOELHO COM ADAPTADOR, 90 GRAUS, EM POLIPROPILENO, PN 16, PARA TUBOS PEAD, 20 MM X 1/2\" - LIGACAO PREDIAL DE AGUA                                                                                                                                                                                                                                                                                                                                                                                 ","UN    ","AS",3.83]
["37414SINAPI",37414,"SINAPI","COTOVELO/JOELHO COM ADAPTADOR, 90 GRAUS, EM POLIPROPILENO, PN 16, PARA TUBOS PEAD, 20 MM X 3/4\" - LIGACAO PREDIAL DE AGUA                                                                                                                                                                                                                                                                                                                                                                                 ","UN    ","AS",4.34]
["37415SINAPI",37415,"SINAPI","COTOVELO/JOELHO COM ADAPTADOR, 90 GRAUS, EM POLIPROPILENO, PN 16, PARA TUBOS PEAD, 32 MM X 1\" - LIGACAO PREDIAL DE AGUA                                                                                                                                                                                                                                                                                                                                                                                   ","UN    ","AS",7.9]
["37416SINAPI",37416,"SINAPI","COTOVELO/JOELHO 90 GRAUS, EM POLIPROPILENO, PN 16, PARA TUBOS PEAD, 20 X 20 MM - LIGACAO PREDIAL DE AGUA                                                                                                                                                                                                                                                                                                                                                                                                  ","UN    ","AS",3.58]
["37417SINAPI",37417,"SINAPI","COTOVELO/JOELHO 90 GRAUS, EM POLIPROPILENO, PN 16, PARA TUBOS PEAD, 32 X 32 MM - LIGACAO PREDIAL DE AGUA                                                                                                                                                                                                                                                                                                                                                                                                  ","UN    ","AS",5.15]
["43590SINAPI",43590,"SINAPI","CREMONA RETANGULAR INJETADA LISA COM CHAVE, COM CASTANHA / ALCA, EM LATAO, COM ACABAMENTO CROMADO, DE SOBREPOR / EMBUTIR                                                                                                                                                                                                                                                                                                                                                                                  ","UN    ","CR",157.53]
["43589SINAPI",43589,"SINAPI","CREMONA RETANGULAR INJETADA LISA, COM CASTANHA / ALCA, EM LATAO, COM ACABAMENTO CROMADO, DE SOBREPOR / EMBUTIR                                                                                                                                                                                                                                                                                                                                                                                            ","UN    ","CR",28.5]
["34519SINAPI",34519,"SINAPI","CRUZETA DE CONCRETO LEVE, COMP. 2000 MM SECAO, 90 X 90 MM                                                                                                                                                                                                                                                                                                                                                                                                                                                 ","UN    ","AS",80.41]
["1649SINAPI",1649,"SINAPI","CRUZETA DE FERRO GALVANIZADO, COM ROSCA BSP, DE 1 1/2\"                                                                                                                                                                                                                                                                                                                                                                                                                                                    ","UN    ","AS",85.61]
["1653SINAPI",1653,"SINAPI","CRUZETA DE FERRO GALVANIZADO, COM ROSCA BSP, DE 1 1/4\"                                                                                                                                                                                                                                                                                                                                                                                                                                                    ","UN    ","AS",67.06]
["1647SINAPI",1647,"SINAPI","CRUZETA DE FERRO GALVANIZADO, COM ROSCA BSP, DE 1/2\"                                                                                                                                                                                                                                                                                                                                                                                                                                                      ","UN    ","AS",24.01]
["1648SINAPI",1648,"SINAPI","CRUZETA DE FERRO GALVANIZADO, COM ROSCA BSP, DE 1\"                                                                                                                                                                                                                                                                                                                                                                                                                                                        ","UN    ","AS",46.11]
["1651SINAPI",1651,"SINAPI","CRUZETA DE FERRO GALVANIZADO, COM ROSCA BSP, DE 2 1/2\"                                                                                                                                                                                                                                                                                                                                                                                                                                                    ","UN    ","AS",213.9]
["1650SINAPI",1650,"SINAPI","CRUZETA DE FERRO GALVANIZADO, COM ROSCA BSP, DE 2\"                                                                                                                                                                                                                                                                                                                                                                                                                                                        ","UN    ","AS",118.23]
["1654SINAPI",1654,"SINAPI","CRUZETA DE FERRO GALVANIZADO, COM ROSCA BSP, DE 3/4\"                                                                                                                                                                                                                                                                                                                                                                                                                                                      ","UN    ","AS",32.96]
["1652SINAPI",1652,"SINAPI","CRUZETA DE FERRO GALVANIZADO, COM ROSCA BSP, DE 3\"                                                                                                                                                                                                                                                                                                                                                                                                                                                        ","UN    ","AS",307.01]
["10510SINAPI",10510,"SINAPI","CRUZETA DE MADEIRA TRATADA, *90 X 115 X 2400* MM, EM EUCALIPTO OU EQUIVALENTE DA REGIAO                                                                                                                                                                                                                                                                                                                                                                                                                   ","UN    ","CR",133.87]
["1747SINAPI",1747,"SINAPI","CUBA ACO INOX (AISI 304) DE EMBUTIR COM VALVULA DE 3 1/2 \", DE *56 X 33 X 12* CM                                                                                                                                                                                                                                                                                                                                                                                                                          ","UN    ","CR",215.36]
[{"$f":"B1479&C1479","v":"1744SINAPI"},1744,"SINAPI","CUBA ACO INOX (AISI 304) DE EMBUTIR COM VALVULA 3 1/2 \", DE *40 X 34 X 12* CM                                                                                                                                                                                                                                                                                                                                                                                                                             ","UN    ","CR",149.16999999999999]
["1743SINAPI",1743,"SINAPI","CUBA ACO INOX (AISI 304) DE EMBUTIR COM VALVULA 3 1/2 \", DE *46 X 30 X 12* CM                                                                                                                                                                                                                                                                                                                                                                                                                             ","UN    ","CR",195.89]
["39640SINAPI",39640,"SINAPI","CUMEEIRA ARTICULADA (ABA INFERIOR) PARA TELHA ONDULADA DE FIBROCIMENTO E = 4 MM, ABA *330* MM, COMPRIMENTO 500 MM (SEM AMIANTO)                                                                                                                                                                                                                                                                                                                                                                           ","UN    ","CR",12.15]
["7216SINAPI",7216,"SINAPI","CUMEEIRA NORMAL PARA TELHA ESTRUTURAL DE FIBROCIMENTO 2 ABAS, E = 6 MM, DE 1050 X 935 MM (SEM AMIANTO)                                                                                                                                                                                                                                                                                                                                                                                                    ","UN    ","CR",65.25]
["20235SINAPI",20235,"SINAPI","CUMEEIRA NORMAL PARA TELHA ONDULADA DE FIBROCIMENTO, E = 6 MM, ABA 300 MM, COMPRIMENTO 1100 MM (SEM AMIANTO)                                                                                                                                                                                                                                                                                                                                                                                              ","UN    ","CR",52.46]
["7181SINAPI",7181,"SINAPI","CUMEEIRA PARA TELHA CERAMICA, COMPRIMENTO DE *41* CM, RENDIMENTO DE *3* TELHAS/M                                                                                                                                                                                                                                                                                                                                                                                                                          ","UN    ","CR",4.4000000000000004]
["40742SINAPI",40742,"SINAPI","CUMEEIRA PARA TELHA DE CONCRETO, PARA 2 AGUAS DE TELHADO, COR CINZA, RENDIMENTO DE *3* TELHAS/M                                                                                                                                                                                                                                                                                                                                                                                                           ","UN    ","CR",13.09]
["7214SINAPI",7214,"SINAPI","CUMEEIRA SHED PARA TELHA ONDULADA DE FIBROCIMENTO, E = 6 MM, ABA 280 MM, COMPRIMENTO 1100 MM (SEM AMIANTO)                                                                                                                                                                                                                                                                                                                                                                                                ","UN    ","CR",63.72]
["7219SINAPI",7219,"SINAPI","CUMEEIRA UNIVERSAL PARA TELHA ONDULADA DE FIBROCIMENTO, E = 6 MM, ABA 210 MM, COMPRIMENTO 1100 MM (SEM AMIANTO)                                                                                                                                                                                                                                                                                                                                                                                           ","UN    ","CR",56.52]
["37971SINAPI",37971,"SINAPI","CURVA CPVC, 90 GRAUS, SOLDAVEL, 15 MM, PARA AGUA QUENTE                                                                                                                                                                                                                                                                                                                                                                                                                                                   ","UN    ","AS",4.13]
["37972SINAPI",37972,"SINAPI","CURVA CPVC, 90 GRAUS, SOLDAVEL, 22 MM, PARA AGUA QUENTE                                                                                                                                                                                                                                                                                                                                                                                                                                                   ","UN    ","AS",5.86]
["37973SINAPI",37973,"SINAPI","CURVA CPVC, 90 GRAUS, SOLDAVEL, 28 MM, PARA AGUA QUENTE                                                                                                                                                                                                                                                                                                                                                                                                                                                   ","UN    ","AS",11.01]
["1926SINAPI",1926,"SINAPI","CURVA DE PVC 45 GRAUS, SOLDAVEL, 20 MM, COR MARROM, PARA AGUA FRIA PREDIAL                                                                                                                                                                                                                                                                                                                                                                                                                                ","UN    ","CR",2.0099999999999998]
["1927SINAPI",1927,"SINAPI","CURVA DE PVC 45 GRAUS, SOLDAVEL, 25 MM, COR MARROM, PARA AGUA FRIA PREDIAL                                                                                                                                                                                                                                                                                                                                                                                                                                ","UN    ","CR",2.2599999999999998]
["1923SINAPI",1923,"SINAPI","CURVA DE PVC 45 GRAUS, SOLDAVEL, 32 MM, COR MARROM, PARA AGUA FRIA PREDIAL                                                                                                                                                                                                                                                                                                                                                                                                                                ","UN    ","CR",4.12]
["1929SINAPI",1929,"SINAPI","CURVA DE PVC 45 GRAUS, SOLDAVEL, 40 MM, COR MARROM, PARA AGUA FRIA PREDIAL                                                                                                                                                                                                                                                                                                                                                                                                                                ","UN    ","CR",5]
["1930SINAPI",1930,"SINAPI","CURVA DE PVC 45 GRAUS, SOLDAVEL, 50 MM, COR MARROM, PARA AGUA FRIA PREDIAL                                                                                                                                                                                                                                                                                                                                                                                                                                ","UN    ","CR",8.5500000000000007]
["1924SINAPI",1924,"SINAPI","CURVA DE PVC 45 GRAUS, SOLDAVEL, 60 MM, COR MARROM, PARA AGUA FRIA PREDIAL                                                                                                                                                                                                                                                                                                                                                                                                                                ","UN    ","CR",13.8]
["1922SINAPI",1922,"SINAPI","CURVA DE PVC 45 GRAUS, SOLDAVEL, 75 MM, COR MARROM, PARA AGUA FRIA PREDIAL                                                                                                                                                                                                                                                                                                                                                                                                                                ","UN    ","CR",28.55]
["1953SINAPI",1953,"SINAPI","CURVA DE PVC 45 GRAUS, SOLDAVEL, 85 MM, COR MARROM, PARA AGUA FRIA PREDIAL                                                                                                                                                                                                                                                                                                                                                                                                                                ","UN    ","CR",34.85]
["1962SINAPI",1962,"SINAPI","CURVA DE PVC 90 GRAUS, SOLDAVEL, 110 MM, COR MARROM, PARA AGUA FRIA PREDIAL                                                                                                                                                                                                                                                                                                                                                                                                                               ","UN    ","CR",169.31]
["1955SINAPI",1955,"SINAPI","CURVA DE PVC 90 GRAUS, SOLDAVEL, 20 MM, COR MARROM, PARA AGUA FRIA PREDIAL                                                                                                                                                                                                                                                                                                                                                                                                                                ","UN    ","CR",1.95]
["1956SINAPI",1956,"SINAPI","CURVA DE PVC 90 GRAUS, SOLDAVEL, 25 MM, COR MARROM, PARA AGUA FRIA PREDIAL                                                                                                                                                                                                                                                                                                                                                                                                                                ","UN    ","CR",2.75]
["1957SINAPI",1957,"SINAPI","CURVA DE PVC 90 GRAUS, SOLDAVEL, 32 MM, COR MARROM, PARA AGUA FRIA PREDIAL                                                                                                                                                                                                                                                                                                                                                                                                                                ","UN    ","CR",5.95]
["1958SINAPI",1958,"SINAPI","CURVA DE PVC 90 GRAUS, SOLDAVEL, 40 MM, COR MARROM, PARA AGUA FRIA PREDIAL                                                                                                                                                                                                                                                                                                                                                                                                                                ","UN    ","CR",11.09]
["1959SINAPI",1959,"SINAPI","CURVA DE PVC 90 GRAUS, SOLDAVEL, 50 MM, COR MARROM, PARA AGUA FRIA PREDIAL                                                                                                                                                                                                                                                                                                                                                                                                                                ","UN    ","CR",12.03]
["1925SINAPI",1925,"SINAPI","CURVA DE PVC 90 GRAUS, SOLDAVEL, 60 MM, COR MARROM, PARA AGUA FRIA PREDIAL                                                                                                                                                                                                                                                                                                                                                                                                                                ","UN    ","CR",31.44]
["1960SINAPI",1960,"SINAPI","CURVA DE PVC 90 GRAUS, SOLDAVEL, 75 MM, COR MARROM, PARA AGUA FRIA PREDIAL                                                                                                                                                                                                                                                                                                                                                                                                                                ","UN    ","CR",48.28]
["1961SINAPI",1961,"SINAPI","CURVA DE PVC 90 GRAUS, SOLDAVEL, 85 MM, COR MARROM, PARA AGUA FRIA PREDIAL                                                                                                                                                                                                                                                                                                                                                                                                                                ","UN    ","CR",61.85]
["38423SINAPI",38423,"SINAPI","CURVA DE PVC, 90 GRAUS, SERIE R, DN 100 MM, PARA ESGOTO PREDIAL                                                                                                                                                                                                                                                                                                                                                                                                                                           ","UN    ","CR",31.34]
["39866SINAPI",39866,"SINAPI","CURVA DE TRANSPOSICAO BRONZE/LATAO (REF 736) SEM ANEL DE SOLDA, BOLSA X BOLSA, 15 MM                                                                                                                                                                                                                                                                                                                                                                                                                      ","UN    ","AS",17.350000000000001]
["39867SINAPI",39867,"SINAPI","CURVA DE TRANSPOSICAO BRONZE/LATAO (REF 736) SEM ANEL DE SOLDA, BOLSA X BOLSA, 22 MM                                                                                                                                                                                                                                                                                                                                                                                                                      ","UN    ","AS",38.57]
["39868SINAPI",39868,"SINAPI","CURVA DE TRANSPOSICAO BRONZE/LATAO (REF 736) SEM ANEL DE SOLDA, BOLSA X BOLSA, 28 MM                                                                                                                                                                                                                                                                                                                                                                                                                      ","UN    ","AS",69.48]
["37999SINAPI",37999,"SINAPI","CURVA DE TRANSPOSICAO, CPVC, SOLDAVEL, 15 MM                                                                                                                                                                                                                                                                                                                                                                                                                                                              ","UN    ","AS",6.96]
["38000SINAPI",38000,"SINAPI","CURVA DE TRANSPOSICAO, CPVC, SOLDAVEL, 22 MM                                                                                                                                                                                                                                                                                                                                                                                                                                                              ","UN    ","AS",8.1300000000000008]
["38129SINAPI",38129,"SINAPI","CURVA DE TRANSPOSICAO, PVC SOLDAVEL, 20 MM, COR MARROM, PARA AGUA FRIA PREDIAL                                                                                                                                                                                                                                                                                                                                                                                                                            ","UN    ","CR",4.54]
["38025SINAPI",38025,"SINAPI","CURVA DE TRANSPOSICAO, PVC, SOLDAVEL, 25 MM, COR MARROM, PARA AGUA FRIA PREDIAL                                                                                                                                                                                                                                                                                                                                                                                                                           ","UN    ","CR",6.16]
["38026SINAPI",38026,"SINAPI","CURVA DE TRANSPOSICAO, PVC, SOLDAVEL, 32 MM, COR MARROM, PARA AGUA FRIA PREDIAL                                                                                                                                                                                                                                                                                                                                                                                                                           ","UN    ","CR",15.21]
["1858SINAPI",1858,"SINAPI","CURVA LONGA PVC, PB, JE, 45 GRAUS, DN 100 MM, PARA REDE COLETORA ESGOTO                                                                                                                                                                                                                                                                                                                                                                                                                                   ","UN    ","CR",48.56]
["1844SINAPI",1844,"SINAPI","CURVA LONGA PVC, PB, JE, 45 GRAUS, DN 150 MM, PARA REDE COLETORA ESGOTO                                                                                                                                                                                                                                                                                                                                                                                                                                   ","UN    ","CR",111.2]
["1863SINAPI",1863,"SINAPI","CURVA LONGA PVC, PB, JE, 90 GRAUS, DN 100 MM, PARA REDE COLETORA ESGOTO                                                                                                                                                                                                                                                                                                                                                                                                                                   ","UN    ","CR",51.67]
["1865SINAPI",1865,"SINAPI","CURVA LONGA PVC, PB, JE, 90 GRAUS, DN 150 MM, PARA REDE COLETORA ESGOTO                                                                                                                                                                                                                                                                                                                                                                                                                                   ","UN    ","CR",134.63]
["36355SINAPI",36355,"SINAPI","CURVA PPR 90 GRAUS, F/F, DN 20 MM, PARA AGUA QUENTE PREDIAL                                                                                                                                                                                                                                                                                                                                                                                                                                               ","UN    ","AS",9.4600000000000009]
["36356SINAPI",36356,"SINAPI","CURVA PPR 90 GRAUS, F/F, DN 25 MM, PARA AGUA QUENTE PREDIAL                                                                                                                                                                                                                                                                                                                                                                                                                                               ","UN    ","AS",15.22]
["1966SINAPI",1966,"SINAPI","CURVA PVC CURTA 90 GRAUS, DN 100 MM, PARA ESGOTO PREDIAL                                                                                                                                                                                                                                                                                                                                                                                                                                                  ","UN    ","CR",20.6]
["1933SINAPI",1933,"SINAPI","CURVA PVC CURTA 90 GRAUS, DN 40 MM, PARA ESGOTO PREDIAL                                                                                                                                                                                                                                                                                                                                                                                                                                                   ","UN    ","CR",4.4400000000000004]
["1932SINAPI",1932,"SINAPI","CURVA PVC CURTA 90 GRAUS, DN 50 MM, PARA ESGOTO PREDIAL                                                                                                                                                                                                                                                                                                                                                                                                                                                   ","UN    ","CR",10.16]
["1951SINAPI",1951,"SINAPI","CURVA PVC CURTA 90 GRAUS, DN 75 MM, PARA ESGOTO PREDIAL                                                                                                                                                                                                                                                                                                                                                                                                                                                   ","UN    ","CR",21.2]
["1970SINAPI",1970,"SINAPI","CURVA PVC LONGA 90 GRAUS, DN 100 MM, PARA ESGOTO PREDIAL                                                                                                                                                                                                                                                                                                                                                                                                                                                  ","UN    ","CR",51.51]
["1967SINAPI",1967,"SINAPI","CURVA PVC LONGA 90 GRAUS, DN 40 MM, PARA ESGOTO PREDIAL                                                                                                                                                                                                                                                                                                                                                                                                                                                   ","UN    ","CR",6.11]
["1968SINAPI",1968,"SINAPI","CURVA PVC LONGA 90 GRAUS, DN 50 MM, PARA ESGOTO PREDIAL                                                                                                                                                                                                                                                                                                                                                                                                                                                   ","UN    ","CR",12.09]
["1969SINAPI",1969,"SINAPI","CURVA PVC LONGA 90 GRAUS, DN 75 MM, PARA ESGOTO PREDIAL                                                                                                                                                                                                                                                                                                                                                                                                                                                   ","UN    ","CR",39.35]
["1827SINAPI",1827,"SINAPI","CURVA PVC PBA, JE, PB, 45 GRAUS, DN 100 / DE 110 MM, PARA REDE DE AGUA                                                                                                                                                                                                                                                                                                                                                                                                                                    ","UN    ","AS",122.91]
["1831SINAPI",1831,"SINAPI","CURVA PVC PBA, JE, PB, 45 GRAUS, DN 50 / DE 60 MM, PARA REDE DE AGUA                                                                                                                                                                                                                                                                                                                                                                                                                                      ","UN    ","AS",26.83]
["1825SINAPI",1825,"SINAPI","CURVA PVC PBA, JE, PB, 45 GRAUS, DN 75 / DE 85 MM, PARA REDE DE AGUA                                                                                                                                                                                                                                                                                                                                                                                                                                      ","UN    ","AS",66.22]
["1828SINAPI",1828,"SINAPI","CURVA PVC PBA, JE, PB, 90 GRAUS, DN 100 / DE 110 MM, PARA REDE DE AGUA                                                                                                                                                                                                                                                                                                                                                                                                                                    ","UN    ","AS",149.99]
["1845SINAPI",1845,"SINAPI","CURVA PVC PBA, JE, PB, 90 GRAUS, DN 50 / DE 60 MM, PARA REDE DE AGUA                                                                                                                                                                                                                                                                                                                                                                                                                                      ","UN    ","AS",33.619999999999997]
["1824SINAPI",1824,"SINAPI","CURVA PVC PBA, JE, PB, 90 GRAUS, DN 75 / DE 85 MM, PARA REDE DE AGUA                                                                                                                                                                                                                                                                                                                                                                                                                                      ","UN    ","AS",79.38]
["1940SINAPI",1940,"SINAPI","CURVA PVC 90 GRAUS, ROSCAVEL, 1 1/4\", COR BRANCA, AGUA FRIA PREDIAL                                                                                                                                                                                                                                                                                                                                                                                                                                       ","UN    ","CR",30.72]
["1937SINAPI",1937,"SINAPI","CURVA PVC 90 GRAUS, ROSCAVEL, 1/2\", COR BRANCA, AGUA FRIA PREDIAL                                                                                                                                                                                                                                                                                                                                                                                                                                         ","UN    ","CR",5.18]
["1939SINAPI",1939,"SINAPI","CURVA PVC 90 GRAUS, ROSCAVEL, 1\", COR BRANCA, AGUA FRIA PREDIAL                                                                                                                                                                                                                                                                                                                                                                                                                                           ","UN    ","CR",8.42]
["1938SINAPI",1938,"SINAPI","CURVA PVC 90 GRAUS, ROSCAVEL, 3/4\", COR BRANCA, AGUA FRIA PREDIAL                                                                                                                                                                                                                                                                                                                                                                                                                                         ","UN    ","CR",5.89]
["42693SINAPI",42693,"SINAPI","CURVA PVC, BB, JE, 45 GRAUS, DN 250 MM, PARA TUBO CORRUGADO E/OU LISO, REDE COLETORA ESGOTO                                                                                                                                                                                                                                                                                                                                                                                                               ","UN    ","CR",378.22]
["42695SINAPI",42695,"SINAPI","CURVA PVC, BB, JE, 90 GRAUS, DN 200 MM, PARA TUBO CORRUGADO E/OU LISO, REDE COLETORA ESGOTO                                                                                                                                                                                                                                                                                                                                                                                                               ","UN    ","CR",264.24]
[{"$f":"B1543&C1543","v":"42694SINAPI"},42694,"SINAPI","CURVA PVC, BB, JE, 90 GRAUS, DN 250 MM, PARA TUBO CORRUGADO E/OU LISO, REDE COLETORA ESGOTO                                                                                                                                                                                                                                                                                                                                                                                                               ","UN    ","CR",506.13]
["20097SINAPI",20097,"SINAPI","CURVA PVC, SERIE R, 87.30 GRAUS, CURTA, PARA PE-DE-COLUNA, DN 100 MM, PARA ESGOTO PREDIAL                                                                                                                                                                                                                                                                                                                                                                                                                 ","UN    ","CR",21.94]
["20098SINAPI",20098,"SINAPI","CURVA PVC, SERIE R, 87.30 GRAUS, CURTA, PARA PE-DE-COLUNA, DN 150 MM, PARA ESGOTO PREDIAL                                                                                                                                                                                                                                                                                                                                                                                                                 ","UN    ","CR",89.69]
["20096SINAPI",20096,"SINAPI","CURVA PVC, SERIE R, 87.30 GRAUS, CURTA, PARA PE-DE-COLUNA, DN 75 MM, PARA ESGOTO PREDIAL                                                                                                                                                                                                                                                                                                                                                                                                                  ","UN    ","CR",22.71]
["2628SINAPI",2628,"SINAPI","CURVA 135 GRAUS PARA ELETRODUTO, EM ACO GALVANIZADO ELETROLITICO, COM ROSCA, DIAMETRO DE 100 MM (4\")                                                                                                                                                                                                                                                                                                                                                                                                      ","UN    ","AS",208.91]
["2622SINAPI",2622,"SINAPI","CURVA 135 GRAUS PARA ELETRODUTO, EM ACO GALVANIZADO ELETROLITICO, COM ROSCA, DIAMETRO DE 15 MM (1/2\"), ESPESSURA DE 1,50 MM                                                                                                                                                                                                                                                                                                                                                                               ","UN    ","AS",4.96]
["2623SINAPI",2623,"SINAPI","CURVA 135 GRAUS PARA ELETRODUTO, EM ACO GALVANIZADO ELETROLITICO, COM ROSCA, DIAMETRO DE 20 MM (3/4\"), ESPESSURA DE 1,50 MM                                                                                                                                                                                                                                                                                                                                                                               ","UN    ","AS",5.97]
["2624SINAPI",2624,"SINAPI","CURVA 135 GRAUS PARA ELETRODUTO, EM ACO GALVANIZADO ELETROLITICO, COM ROSCA, DIAMETRO DE 25 MM (1\"), ESPESSURA DE 1,50 MM                                                                                                                                                                                                                                                                                                                                                                                 ","UN    ","AS",9.49]
["2625SINAPI",2625,"SINAPI","CURVA 135 GRAUS PARA ELETRODUTO, EM ACO GALVANIZADO ELETROLITICO, COM ROSCA, DIAMETRO DE 32 MM (1 1/4\"), ESPESSURA DE 1,50 MM                                                                                                                                                                                                                                                                                                                                                                             ","UN    ","AS",20.04]
["2626SINAPI",2626,"SINAPI","CURVA 135 GRAUS PARA ELETRODUTO, EM ACO GALVANIZADO ELETROLITICO, COM ROSCA, DIAMETRO DE 40 MM (1 1/2\"), ESPESSURA DE 1,50 MM                                                                                                                                                                                                                                                                                                                                                                             ","UN    ","AS",29.37]
["2630SINAPI",2630,"SINAPI","CURVA 135 GRAUS PARA ELETRODUTO, EM ACO GALVANIZADO ELETROLITICO, COM ROSCA, DIAMETRO DE 50 MM (2\")                                                                                                                                                                                                                                                                                                                                                                                                       ","UN    ","AS",44.67]
["2627SINAPI",2627,"SINAPI","CURVA 135 GRAUS PARA ELETRODUTO, EM ACO GALVANIZADO ELETROLITICO, COM ROSCA, DIAMETRO DE 65 MM (2 1/2\")                                                                                                                                                                                                                                                                                                                                                                                                   ","UN    ","AS",78.69]
["2629SINAPI",2629,"SINAPI","CURVA 135 GRAUS PARA ELETRODUTO, EM ACO GALVANIZADO ELETROLITICO, COM ROSCA, DIAMETRO DE 80 MM (3\")                                                                                                                                                                                                                                                                                                                                                                                                       ","UN    ","AS",106.43]
["1880SINAPI",1880,"SINAPI","CURVA 135 GRAUS, DE PVC RIGIDO ROSCAVEL, DE 1\", PARA ELETRODUTO                                                                                                                                                                                                                                                                                                                                                                                                                                           ","UN    ","CR",3.9]
["39274SINAPI",39274,"SINAPI","CURVA 135 GRAUS, DE PVC RIGIDO ROSCAVEL, DE 3/4\", PARA ELETRODUTO                                                                                                                                                                                                                                                                                                                                                                                                                                         ","UN    ","CR",3.03]
["12033SINAPI",12033,"SINAPI","CURVA 180 GRAUS, DE PVC RIGIDO ROSCAVEL, DE 1 1/2\", PARA ELETRODUTO                                                                                                                                                                                                                                                                                                                                                                                                                                       ","UN    ","CR",12.47]
["40408SINAPI",40408,"SINAPI","CURVA 180 GRAUS, DE PVC RIGIDO ROSCAVEL, DE 1 1/4\", PARA ELETRODUTO                                                                                                                                                                                                                                                                                                                                                                                                                                       ","UN    ","CR",8.19]
["40409SINAPI",40409,"SINAPI","CURVA 180 GRAUS, DE PVC RIGIDO ROSCAVEL, DE 1/2\", PARA ELETRODUTO                                                                                                                                                                                                                                                                                                                                                                                                                                         ","UN    ","CR",2.9]
["39276SINAPI",39276,"SINAPI","CURVA 180 GRAUS, DE PVC RIGIDO ROSCAVEL, DE 1\", PARA ELETRODUTO                                                                                                                                                                                                                                                                                                                                                                                                                                           ","UN    ","CR",7.38]
["39277SINAPI",39277,"SINAPI","CURVA 180 GRAUS, DE PVC RIGIDO ROSCAVEL, DE 2\", PARA ELETRODUTO                                                                                                                                                                                                                                                                                                                                                                                                                                           ","UN    ","CR",19.93]
["12034SINAPI",12034,"SINAPI","CURVA 180 GRAUS, DE PVC RIGIDO ROSCAVEL, DE 3/4\", PARA ELETRODUTO                                                                                                                                                                                                                                                                                                                                                                                                                                         ","UN    ","CR",5.65]
["39879SINAPI",39879,"SINAPI","CURVA 45 GRAUS DE COBRE (REF 606) SEM ANEL DE SOLDA, BOLSA X BOLSA, 15 MM                                                                                                                                                                                                                                                                                                                                                                                                                                 ","UN    ","AS",4.87]
["39880SINAPI",39880,"SINAPI","CURVA 45 GRAUS DE COBRE (REF 606) SEM ANEL DE SOLDA, BOLSA X BOLSA, 22 MM                                                                                                                                                                                                                                                                                                                                                                                                                                 ","UN    ","AS",10.8]
["39881SINAPI",39881,"SINAPI","CURVA 45 GRAUS DE COBRE (REF 606) SEM ANEL DE SOLDA, BOLSA X BOLSA, 28 MM                                                                                                                                                                                                                                                                                                                                                                                                                                 ","UN    ","AS",17.329999999999998]
["39882SINAPI",39882,"SINAPI","CURVA 45 GRAUS DE COBRE (REF 606) SEM ANEL DE SOLDA, BOLSA X BOLSA, 35 MM                                                                                                                                                                                                                                                                                                                                                                                                                                 ","UN    ","AS",45.66]
["39883SINAPI",39883,"SINAPI","CURVA 45 GRAUS DE COBRE (REF 606) SEM ANEL DE SOLDA, BOLSA X BOLSA, 42 MM                                                                                                                                                                                                                                                                                                                                                                                                                                 ","UN    ","AS",72.900000000000006]
["39884SINAPI",39884,"SINAPI","CURVA 45 GRAUS DE COBRE (REF 606) SEM ANEL DE SOLDA, BOLSA X BOLSA, 54 MM                                                                                                                                                                                                                                                                                                                                                                                                                                 ","UN    ","AS",108.29]
["39885SINAPI",39885,"SINAPI","CURVA 45 GRAUS DE COBRE (REF 606) SEM ANEL DE SOLDA, BOLSA X BOLSA, 66 MM                                                                                                                                                                                                                                                                                                                                                                                                                                 ","UN    ","AS",257.36]
["1777SINAPI",1777,"SINAPI","CURVA 45 GRAUS DE FERRO GALVANIZADO, COM ROSCA BSP FEMEA, DE 1 1/2\"                                                                                                                                                                                                                                                                                                                                                                                                                                       ","UN    ","AS",92.31]
["1819SINAPI",1819,"SINAPI","CURVA 45 GRAUS DE FERRO GALVANIZADO, COM ROSCA BSP FEMEA, DE 1 1/4\"                                                                                                                                                                                                                                                                                                                                                                                                                                       ","UN    ","AS",67.16]
["1775SINAPI",1775,"SINAPI","CURVA 45 GRAUS DE FERRO GALVANIZADO, COM ROSCA BSP FEMEA, DE 1/2\"                                                                                                                                                                                                                                                                                                                                                                                                                                         ","UN    ","AS",20.079999999999998]
["1776SINAPI",1776,"SINAPI","CURVA 45 GRAUS DE FERRO GALVANIZADO, COM ROSCA BSP FEMEA, DE 1\"                                                                                                                                                                                                                                                                                                                                                                                                                                           ","UN    ","AS",54.64]
["1778SINAPI",1778,"SINAPI","CURVA 45 GRAUS DE FERRO GALVANIZADO, COM ROSCA BSP FEMEA, DE 2 1/2\"                                                                                                                                                                                                                                                                                                                                                                                                                                       ","UN    ","AS",223.44]
["1818SINAPI",1818,"SINAPI","CURVA 45 GRAUS DE FERRO GALVANIZADO, COM ROSCA BSP FEMEA, DE 2\"                                                                                                                                                                                                                                                                                                                                                                                                                                           ","UN    ","AS",148.32]
["1820SINAPI",1820,"SINAPI","CURVA 45 GRAUS DE FERRO GALVANIZADO, COM ROSCA BSP FEMEA, DE 3/4\"                                                                                                                                                                                                                                                                                                                                                                                                                                         ","UN    ","AS",29]
["1779SINAPI",1779,"SINAPI","CURVA 45 GRAUS DE FERRO GALVANIZADO, COM ROSCA BSP FEMEA, DE 3\"                                                                                                                                                                                                                                                                                                                                                                                                                                           ","UN    ","AS",324.95999999999998]
["1780SINAPI",1780,"SINAPI","CURVA 45 GRAUS DE FERRO GALVANIZADO, COM ROSCA BSP FEMEA, DE 4\"                                                                                                                                                                                                                                                                                                                                                                                                                                           ","UN    ","AS",669.91]
["1783SINAPI",1783,"SINAPI","CURVA 45 GRAUS DE FERRO GALVANIZADO, COM ROSCA BSP MACHO/FEMEA, DE 1 1/2\"                                                                                                                                                                                                                                                                                                                                                                                                                                 ","UN    ","AS",70.83]
["1782SINAPI",1782,"SINAPI","CURVA 45 GRAUS DE FERRO GALVANIZADO, COM ROSCA BSP MACHO/FEMEA, DE 1 1/4\"                                                                                                                                                                                                                                                                                                                                                                                                                                 ","UN    ","AS",56]
["1817SINAPI",1817,"SINAPI","CURVA 45 GRAUS DE FERRO GALVANIZADO, COM ROSCA BSP MACHO/FEMEA, DE 1/2\"                                                                                                                                                                                                                                                                                                                                                                                                                                   ","UN    ","AS",16.690000000000001]
["1781SINAPI",1781,"SINAPI","CURVA 45 GRAUS DE FERRO GALVANIZADO, COM ROSCA BSP MACHO/FEMEA, DE 1\"                                                                                                                                                                                                                                                                                                                                                                                                                                     ","UN    ","AS",36.49]
["1784SINAPI",1784,"SINAPI","CURVA 45 GRAUS DE FERRO GALVANIZADO, COM ROSCA BSP MACHO/FEMEA, DE 2 1/2\"                                                                                                                                                                                                                                                                                                                                                                                                                                 ","UN    ","AS",200.01]
["1810SINAPI",1810,"SINAPI","CURVA 45 GRAUS DE FERRO GALVANIZADO, COM ROSCA BSP MACHO/FEMEA, DE 2\"                                                                                                                                                                                                                                                                                                                                                                                                                                     ","UN    ","AS",110.94]
["1811SINAPI",1811,"SINAPI","CURVA 45 GRAUS DE FERRO GALVANIZADO, COM ROSCA BSP MACHO/FEMEA, DE 3/4\"                                                                                                                                                                                                                                                                                                                                                                                                                                   ","UN    ","AS",24]
["1812SINAPI",1812,"SINAPI","CURVA 45 GRAUS DE FERRO GALVANIZADO, COM ROSCA BSP MACHO/FEMEA, DE 3\"                                                                                                                                                                                                                                                                                                                                                                                                                                     ","UN    ","AS",280.05]
["40386SINAPI",40386,"SINAPI","CURVA 45 GRAUS EM ACO CARBONO, SOLDAVEL, PRESSAO 3.000 LBS, DN 1 1/2\"                                                                                                                                                                                                                                                                                                                                                                                                                                     ","UN    ","AS",88.26]
["40384SINAPI",40384,"SINAPI","CURVA 45 GRAUS EM ACO CARBONO, SOLDAVEL, PRESSAO 3.000 LBS, DN 1 1/4\"                                                                                                                                                                                                                                                                                                                                                                                                                                     ","UN    ","AS",60.42]
["40379SINAPI",40379,"SINAPI","CURVA 45 GRAUS EM ACO CARBONO, SOLDAVEL, PRESSAO 3.000 LBS, DN 1/2\"                                                                                                                                                                                                                                                                                                                                                                                                                                       ","UN    ","AS",20.89]
["40423SINAPI",40423,"SINAPI","CURVA 45 GRAUS EM ACO CARBONO, SOLDAVEL, PRESSAO 3.000 LBS, DN 1\"                                                                                                                                                                                                                                                                                                                                                                                                                                         ","UN    ","AS",39.53]
["40389SINAPI",40389,"SINAPI","CURVA 45 GRAUS EM ACO CARBONO, SOLDAVEL, PRESSAO 3.000 LBS, DN 2 1/2\"                                                                                                                                                                                                                                                                                                                                                                                                                                     ","UN    ","AS",250.69]
["40388SINAPI",40388,"SINAPI","CURVA 45 GRAUS EM ACO CARBONO, SOLDAVEL, PRESSAO 3.000 LBS, DN 2\"                                                                                                                                                                                                                                                                                                                                                                                                                                         ","UN    ","AS",125.48]
["40381SINAPI",40381,"SINAPI","CURVA 45 GRAUS EM ACO CARBONO, SOLDAVEL, PRESSAO 3.000 LBS, DN 3/4\"                                                                                                                                                                                                                                                                                                                                                                                                                                       ","UN    ","AS",27.85]
["40391SINAPI",40391,"SINAPI","CURVA 45 GRAUS EM ACO CARBONO, SOLDAVEL, PRESSAO 3.000 LBS, DN 3\"                                                                                                                                                                                                                                                                                                                                                                                                                                         ","UN    ","AS",650.66999999999996]
["2609SINAPI",2609,"SINAPI","CURVA 45 GRAUS PARA ELETRODUTO, EM ACO GALVANIZADO ELETROLITICO, COM ROSCA, DIAMETRO DE 20 MM (3/4\"), ESPESSURA DE 1,50 MM                                                                                                                                                                                                                                                                                                                                                                                ","UN    ","AS",4.66]
["2634SINAPI",2634,"SINAPI","CURVA 45 GRAUS PARA ELETRODUTO, EM ACO GALVANIZADO ELETROLITICO, COM ROSCA, DIAMETRO DE 25 MM (1\"), ESPESSURA DE 1,50 MM                                                                                                                                                                                                                                                                                                                                                                                  ","UN    ","AS",6.12]
["2611SINAPI",2611,"SINAPI","CURVA 45 GRAUS PARA ELETRODUTO, EM ACO GALVANIZADO ELETROLITICO, COM ROSCA, DIAMETRO DE 40 MM (1 1/2\"), ESPESSURA DE 1,50 MM                                                                                                                                                                                                                                                                                                                                                                              ","UN    ","AS",17.25]
["40414SINAPI",40414,"SINAPI","CURVA 45 GRAUS RANHURADA EM FERRO FUNDIDO, DN 50 MM (2\")                                                                                                                                                                                                                                                                                                                                                                                                                                                  ","UN    ","AS",18.86]
["40416SINAPI",40416,"SINAPI","CURVA 45 GRAUS RANHURADA EM FERRO FUNDIDO, DN 65 MM (2 1/2\")                                                                                                                                                                                                                                                                                                                                                                                                                                              ","UN    ","AS",26.08]
["40418SINAPI",40418,"SINAPI","CURVA 45 GRAUS RANHURADA EM FERRO FUNDIDO, DN 80 MM (3\")                                                                                                                                                                                                                                                                                                                                                                                                                                                  ","UN    ","AS",31.1]
["34359SINAPI",34359,"SINAPI","CURVA 90 GRAUS DE BARRA CHATA EM ALUMINIO 3/4\" X 1/4\" X 300 MM                                                                                                                                                                                                                                                                                                                                                                                                                                            ","UN    ","AS",9.44]
["1789SINAPI",1789,"SINAPI","CURVA 90 GRAUS DE FERRO GALVANIZADO, COM ROSCA BSP FEMEA, DE 1 1/2\"                                                                                                                                                                                                                                                                                                                                                                                                                                       ","UN    ","AS",88.6]
["1788SINAPI",1788,"SINAPI","CURVA 90 GRAUS DE FERRO GALVANIZADO, COM ROSCA BSP FEMEA, DE 1 1/4\"                                                                                                                                                                                                                                                                                                                                                                                                                                       ","UN    ","AS",71.02]
["1786SINAPI",1786,"SINAPI","CURVA 90 GRAUS DE FERRO GALVANIZADO, COM ROSCA BSP FEMEA, DE 1/2\"                                                                                                                                                                                                                                                                                                                                                                                                                                         ","UN    ","AS",17.63]
["1787SINAPI",1787,"SINAPI","CURVA 90 GRAUS DE FERRO GALVANIZADO, COM ROSCA BSP FEMEA, DE 1\"                                                                                                                                                                                                                                                                                                                                                                                                                                           ","UN    ","AS",42.22]
[{"$f":"B1607&C1607","v":"1791SINAPI"},1791,"SINAPI","CURVA 90 GRAUS DE FERRO GALVANIZADO, COM ROSCA BSP FEMEA, DE 2 1/2\"                                                                                                                                                                                                                                                                                                                                                                                                                                       ","UN    ","AS",256.04000000000002]
["1790SINAPI",1790,"SINAPI","CURVA 90 GRAUS DE FERRO GALVANIZADO, COM ROSCA BSP FEMEA, DE 2\"                                                                                                                                                                                                                                                                                                                                                                                                                                           ","UN    ","AS",147.54]
["1813SINAPI",1813,"SINAPI","CURVA 90 GRAUS DE FERRO GALVANIZADO, COM ROSCA BSP FEMEA, DE 3/4\"                                                                                                                                                                                                                                                                                                                                                                                                                                         ","UN    ","AS",27.98]
["1792SINAPI",1792,"SINAPI","CURVA 90 GRAUS DE FERRO GALVANIZADO, COM ROSCA BSP FEMEA, DE 3\"                                                                                                                                                                                                                                                                                                                                                                                                                                           ","UN    ","AS",345.62]
["1793SINAPI",1793,"SINAPI","CURVA 90 GRAUS DE FERRO GALVANIZADO, COM ROSCA BSP FEMEA, DE 4\"                                                                                                                                                                                                                                                                                                                                                                                                                                           ","UN    ","AS",698.39]
["1809SINAPI",1809,"SINAPI","CURVA 90 GRAUS DE FERRO GALVANIZADO, COM ROSCA BSP MACHO/FEMEA, DE 1 1/2\"                                                                                                                                                                                                                                                                                                                                                                                                                                 ","UN    ","AS",83.06]
["1814SINAPI",1814,"SINAPI","CURVA 90 GRAUS DE FERRO GALVANIZADO, COM ROSCA BSP MACHO/FEMEA, DE 1 1/4\"                                                                                                                                                                                                                                                                                                                                                                                                                                 ","UN    ","AS",68.23]
["1803SINAPI",1803,"SINAPI","CURVA 90 GRAUS DE FERRO GALVANIZADO, COM ROSCA BSP MACHO/FEMEA, DE 1/2\"                                                                                                                                                                                                                                                                                                                                                                                                                                   ","UN    ","AS",17.239999999999998]
["1805SINAPI",1805,"SINAPI","CURVA 90 GRAUS DE FERRO GALVANIZADO, COM ROSCA BSP MACHO/FEMEA, DE 1\"                                                                                                                                                                                                                                                                                                                                                                                                                                     ","UN    ","AS",39.6]
["1821SINAPI",1821,"SINAPI","CURVA 90 GRAUS DE FERRO GALVANIZADO, COM ROSCA BSP MACHO/FEMEA, DE 2 1/2\"                                                                                                                                                                                                                                                                                                                                                                                                                                 ","UN    ","AS",233.93]
["1806SINAPI",1806,"SINAPI","CURVA 90 GRAUS DE FERRO GALVANIZADO, COM ROSCA BSP MACHO/FEMEA, DE 2\"                                                                                                                                                                                                                                                                                                                                                                                                                                     ","UN    ","AS",139.24]
["1804SINAPI",1804,"SINAPI","CURVA 90 GRAUS DE FERRO GALVANIZADO, COM ROSCA BSP MACHO/FEMEA, DE 3/4\"                                                                                                                                                                                                                                                                                                                                                                                                                                   ","UN    ","AS",24.54]
["1807SINAPI",1807,"SINAPI","CURVA 90 GRAUS DE FERRO GALVANIZADO, COM ROSCA BSP MACHO/FEMEA, DE 3\"                                                                                                                                                                                                                                                                                                                                                                                                                                     ","UN    ","AS",334.56]
["1808SINAPI",1808,"SINAPI","CURVA 90 GRAUS DE FERRO GALVANIZADO, COM ROSCA BSP MACHO/FEMEA, DE 4\"                                                                                                                                                                                                                                                                                                                                                                                                                                     ","UN    ","AS",670.74]
["1797SINAPI",1797,"SINAPI","CURVA 90 GRAUS DE FERRO GALVANIZADO, COM ROSCA BSP MACHO, DE 1 1/2\"                                                                                                                                                                                                                                                                                                                                                                                                                                       ","UN    ","AS",100.6]
["1796SINAPI",1796,"SINAPI","CURVA 90 GRAUS DE FERRO GALVANIZADO, COM ROSCA BSP MACHO, DE 1 1/4\"                                                                                                                                                                                                                                                                                                                                                                                                                                       ","UN    ","AS",77.17]
["1794SINAPI",1794,"SINAPI","CURVA 90 GRAUS DE FERRO GALVANIZADO, COM ROSCA BSP MACHO, DE 1/2\"                                                                                                                                                                                                                                                                                                                                                                                                                                         ","UN    ","AS",18.420000000000002]
["1816SINAPI",1816,"SINAPI","CURVA 90 GRAUS DE FERRO GALVANIZADO, COM ROSCA BSP MACHO, DE 1\"                                                                                                                                                                                                                                                                                                                                                                                                                                           ","UN    ","AS",41.53]
["1815SINAPI",1815,"SINAPI","CURVA 90 GRAUS DE FERRO GALVANIZADO, COM ROSCA BSP MACHO, DE 2 1/2\"                                                                                                                                                                                                                                                                                                                                                                                                                                       ","UN    ","AS",318.95999999999998]
["1798SINAPI",1798,"SINAPI","CURVA 90 GRAUS DE FERRO GALVANIZADO, COM ROSCA BSP MACHO, DE 2\"                                                                                                                                                                                                                                                                                                                                                                                                                                           ","UN    ","AS",142.72]
["1795SINAPI",1795,"SINAPI","CURVA 90 GRAUS DE FERRO GALVANIZADO, COM ROSCA BSP MACHO, DE 3/4\"                                                                                                                                                                                                                                                                                                                                                                                                                                         ","UN    ","AS",25.52]
["1799SINAPI",1799,"SINAPI","CURVA 90 GRAUS DE FERRO GALVANIZADO, COM ROSCA BSP MACHO, DE 3\"                                                                                                                                                                                                                                                                                                                                                                                                                                           ","UN    ","AS",415.42]
["1800SINAPI",1800,"SINAPI","CURVA 90 GRAUS DE FERRO GALVANIZADO, COM ROSCA BSP MACHO, DE 4\"                                                                                                                                                                                                                                                                                                                                                                                                                                           ","UN    ","AS",793.11]
["1802SINAPI",1802,"SINAPI","CURVA 90 GRAUS DE FERRO GALVANIZADO, COM ROSCA BSP MACHO, DE 6\"                                                                                                                                                                                                                                                                                                                                                                                                                                           ","UN    ","AS",1983.88]
["40385SINAPI",40385,"SINAPI","CURVA 90 GRAUS EM ACO CARBONO, RAIO CURTO, SOLDAVEL, PRESSAO 3.000 LBS, DN 1 1/2\"                                                                                                                                                                                                                                                                                                                                                                                                                         ","UN    ","AS",88.26]
["40383SINAPI",40383,"SINAPI","CURVA 90 GRAUS EM ACO CARBONO, RAIO CURTO, SOLDAVEL, PRESSAO 3.000 LBS, DN 1 1/4\"                                                                                                                                                                                                                                                                                                                                                                                                                         ","UN    ","AS",60.42]
["40378SINAPI",40378,"SINAPI","CURVA 90 GRAUS EM ACO CARBONO, RAIO CURTO, SOLDAVEL, PRESSAO 3.000 LBS, DN 1/2\"                                                                                                                                                                                                                                                                                                                                                                                                                           ","UN    ","AS",20.89]
["40382SINAPI",40382,"SINAPI","CURVA 90 GRAUS EM ACO CARBONO, RAIO CURTO, SOLDAVEL, PRESSAO 3.000 LBS, DN 1\"                                                                                                                                                                                                                                                                                                                                                                                                                             ","UN    ","AS",39.53]
["40422SINAPI",40422,"SINAPI","CURVA 90 GRAUS EM ACO CARBONO, RAIO CURTO, SOLDAVEL, PRESSAO 3.000 LBS, DN 2 1/2\"                                                                                                                                                                                                                                                                                                                                                                                                                         ","UN    ","AS",269.3]
["40387SINAPI",40387,"SINAPI","CURVA 90 GRAUS EM ACO CARBONO, RAIO CURTO, SOLDAVEL, PRESSAO 3.000 LBS, DN 2\"                                                                                                                                                                                                                                                                                                                                                                                                                             ","UN    ","AS",137.12]
["40380SINAPI",40380,"SINAPI","CURVA 90 GRAUS EM ACO CARBONO, RAIO CURTO, SOLDAVEL, PRESSAO 3.000 LBS, DN 3/4\"                                                                                                                                                                                                                                                                                                                                                                                                                           ","UN    ","AS",27.85]
["40390SINAPI",40390,"SINAPI","CURVA 90 GRAUS EM ACO CARBONO, RAIO CURTO, SOLDAVEL, PRESSAO 3.000 LBS, DN 3\"                                                                                                                                                                                                                                                                                                                                                                                                                             ","UN    ","AS",567.17999999999995]
["2621SINAPI",2621,"SINAPI","CURVA 90 GRAUS PARA ELETRODUTO, EM ACO GALVANIZADO ELETROLITICO, COM ROSCA, DIAMETRO DE 100 MM (4\")                                                                                                                                                                                                                                                                                                                                                                                                       ","UN    ","AS",147.6]
["2616SINAPI",2616,"SINAPI","CURVA 90 GRAUS PARA ELETRODUTO, EM ACO GALVANIZADO ELETROLITICO, COM ROSCA, DIAMETRO DE 15 MM (1/2\"), ESPESSURA DE 1,50 MM                                                                                                                                                                                                                                                                                                                                                                                ","UN    ","AS",4.17]
["2633SINAPI",2633,"SINAPI","CURVA 90 GRAUS PARA ELETRODUTO, EM ACO GALVANIZADO ELETROLITICO, COM ROSCA, DIAMETRO DE 20 MM (3/4\"), ESPESSURA DE 1,50 MM                                                                                                                                                                                                                                                                                                                                                                                ","UN    ","AS",4.72]
["2617SINAPI",2617,"SINAPI","CURVA 90 GRAUS PARA ELETRODUTO, EM ACO GALVANIZADO ELETROLITICO, COM ROSCA, DIAMETRO DE 25 MM (1\"), ESPESSURA DE 1,50 MM                                                                                                                                                                                                                                                                                                                                                                                  ","UN    ","AS",6.42]
["2618SINAPI",2618,"SINAPI","CURVA 90 GRAUS PARA ELETRODUTO, EM ACO GALVANIZADO ELETROLITICO, COM ROSCA, DIAMETRO DE 32 MM (1 1/4\"), ESPESSURA DE 1,50 MM                                                                                                                                                                                                                                                                                                                                                                              ","UN    ","AS",14.62]
["2632SINAPI",2632,"SINAPI","CURVA 90 GRAUS PARA ELETRODUTO, EM ACO GALVANIZADO ELETROLITICO, COM ROSCA, DIAMETRO DE 40 MM (1 1/2\"), ESPESSURA DE 1,50 MM                                                                                                                                                                                                                                                                                                                                                                              ","UN    ","AS",17.829999999999998]
["2631SINAPI",2631,"SINAPI","CURVA 90 GRAUS PARA ELETRODUTO, EM ACO GALVANIZADO ELETROLITICO, COM ROSCA, DIAMETRO DE 50 MM (2\")                                                                                                                                                                                                                                                                                                                                                                                                        ","UN    ","AS",26.18]
["2619SINAPI",2619,"SINAPI","CURVA 90 GRAUS PARA ELETRODUTO, EM ACO GALVANIZADO ELETROLITICO, COM ROSCA, DIAMETRO DE 65 MM (2 1/2\")                                                                                                                                                                                                                                                                                                                                                                                                    ","UN    ","AS",66.290000000000006]
["2620SINAPI",2620,"SINAPI","CURVA 90 GRAUS PARA ELETRODUTO, EM ACO GALVANIZADO ELETROLITICO, COM ROSCA, DIAMETRO DE 80 MM (3\")                                                                                                                                                                                                                                                                                                                                                                                                        ","UN    ","AS",87.03]
["40413SINAPI",40413,"SINAPI","CURVA 90 GRAUS RANHURADA EM FERRO FUNDIDO, DN 50 MM (2\")                                                                                                                                                                                                                                                                                                                                                                                                                                                  ","UN    ","AS",20.49]
["40415SINAPI",40415,"SINAPI","CURVA 90 GRAUS RANHURADA EM FERRO FUNDIDO, DN 65 MM (2 1/2\")                                                                                                                                                                                                                                                                                                                                                                                                                                              ","UN    ","AS",29.2]
["40417SINAPI",40417,"SINAPI","CURVA 90 GRAUS RANHURADA EM FERRO FUNDIDO, DN 80 MM (3\")                                                                                                                                                                                                                                                                                                                                                                                                                                                  ","UN    ","AS",34.450000000000003]
["39271SINAPI",39271,"SINAPI","CURVA 90 GRAUS, CURTA, DE PVC RIGIDO ROSCAVEL, DE 1/2\", PARA ELETRODUTO                                                                                                                                                                                                                                                                                                                                                                                                                                   ","UN    ","CR",2.5099999999999998]
["39273SINAPI",39273,"SINAPI","CURVA 90 GRAUS, CURTA, DE PVC RIGIDO ROSCAVEL, DE 1\", PARA ELETRODUTO                                                                                                                                                                                                                                                                                                                                                                                                                                     ","UN    ","CR",4.26]
["39272SINAPI",39272,"SINAPI","CURVA 90 GRAUS, CURTA, DE PVC RIGIDO ROSCAVEL, DE 3/4\", PARA ELETRODUTO                                                                                                                                                                                                                                                                                                                                                                                                                                   ","UN    ","CR",3.08]
["1875SINAPI",1875,"SINAPI","CURVA 90 GRAUS, LONGA, DE PVC RIGIDO ROSCAVEL, DE 1 1/2\", PARA ELETRODUTO                                                                                                                                                                                                                                                                                                                                                                                                                                 ","UN    ","CR",6.82]
["1874SINAPI",1874,"SINAPI","CURVA 90 GRAUS, LONGA, DE PVC RIGIDO ROSCAVEL, DE 1 1/4\", PARA ELETRODUTO                                                                                                                                                                                                                                                                                                                                                                                                                                 ","UN    ","CR",5.63]
["1870SINAPI",1870,"SINAPI","CURVA 90 GRAUS, LONGA, DE PVC RIGIDO ROSCAVEL, DE 1/2\", PARA ELETRODUTO                                                                                                                                                                                                                                                                                                                                                                                                                                   ","UN    ","C ",3.25]
["1884SINAPI",1884,"SINAPI","CURVA 90 GRAUS, LONGA, DE PVC RIGIDO ROSCAVEL, DE 1\", PARA ELETRODUTO                                                                                                                                                                                                                                                                                                                                                                                                                                     ","UN    ","CR",4.99]
["1887SINAPI",1887,"SINAPI","CURVA 90 GRAUS, LONGA, DE PVC RIGIDO ROSCAVEL, DE 2 1/2\", PARA ELETRODUTO                                                                                                                                                                                                                                                                                                                                                                                                                                 ","UN    ","CR",28.26]
["1876SINAPI",1876,"SINAPI","CURVA 90 GRAUS, LONGA, DE PVC RIGIDO ROSCAVEL, DE 2\", PARA ELETRODUTO                                                                                                                                                                                                                                                                                                                                                                                                                                     ","UN    ","CR",11.07]
["1879SINAPI",1879,"SINAPI","CURVA 90 GRAUS, LONGA, DE PVC RIGIDO ROSCAVEL, DE 3/4\", PARA ELETRODUTO                                                                                                                                                                                                                                                                                                                                                                                                                                   ","UN    ","CR",3.29]
["1877SINAPI",1877,"SINAPI","CURVA 90 GRAUS, LONGA, DE PVC RIGIDO ROSCAVEL, DE 3\", PARA ELETRODUTO                                                                                                                                                                                                                                                                                                                                                                                                                                     ","UN    ","CR",28.29]
["1878SINAPI",1878,"SINAPI","CURVA 90 GRAUS, LONGA, DE PVC RIGIDO ROSCAVEL, DE 4\", PARA ELETRODUTO                                                                                                                                                                                                                                                                                                                                                                                                                                     ","UN    ","CR",56.85]
["44472SINAPI",44472,"SINAPI","DENTE PARA  FRESADORA                                                                                                                                                                                                                                                                                                                                                                                                                                                                                     ","UN    ","AS",49.12]
["38369SINAPI",38369,"SINAPI","DESEMPENADEIRA DE ACO DENTADA 12 X *25* CM, DENTES 8 X 8 MM, CABO FECHADO DE MADEIRA                                                                                                                                                                                                                                                                                                                                                                                                                      ","UN    ","CR",21.52]
["38370SINAPI",38370,"SINAPI","DESEMPENADEIRA DE ACO LISA 12 X *25* CM COM CABO FECHADO DE MADEIRA                                                                                                                                                                                                                                                                                                                                                                                                                                       ","UN    ","CR",21.52]
["38372SINAPI",38372,"SINAPI","DESEMPENADEIRA PLASTICA LISA *14 X 27* CM                                                                                                                                                                                                                                                                                                                                                                                                                                                                 ","UN    ","CR",18.149999999999999]
["2358SINAPI",2358,"SINAPI","DESENHISTA PROJETISTA (HORISTA)                                                                                                                                                                                                                                                                                                                                                                                                                                                                           ","H     ","CR",15.38]
["40807SINAPI",40807,"SINAPI","DESENHISTA PROJETISTA (MENSALISTA)                                                                                                                                                                                                                                                                                                                                                                                                                                                                        ","MES   ","CR",2666.4]
["44330SINAPI",44330,"SINAPI","DESINFETANTE PRONTO USO                                                                                                                                                                                                                                                                                                                                                                                                                                                                                   ","L     ","CR",11.59]
["43144SINAPI",43144,"SINAPI","DESMOLDANTE PARA CONCRETO ESTAMPADO                                                                                                                                                                                                                                                                                                                                                                                                                                                                       ","KG    ","CR",51.47]
[{"$f":"B1671&C1671","v":"39397SINAPI"},39397,"SINAPI","DESMOLDANTE PARA FORMAS METALICAS A BASE DE OLEO VEGETAL                                                                                                                                                                                                                                                                                                                                                                                                                                                  ","L     ","CR",23.46]
["2692SINAPI",2692,"SINAPI","DESMOLDANTE PROTETOR PARA FORMAS DE MADEIRA, DE BASE OLEOSA EMULSIONADA EM AGUA                                                                                                                                                                                                                                                                                                                                                                                                                           ","L     ","CR",9.4600000000000009]
["44329SINAPI",44329,"SINAPI","DETERGENTE NEUTRO USO GERAL, CONCENTRADO                                                                                                                                                                                                                                                                                                                                                                                                                                                                  ","L     ","CR",15.19]
["5318SINAPI",5318,"SINAPI","DILUENTE AGUARRAS                                                                                                                                                                                                                                                                                                                                                                                                                                                                                         ","L     ","C ",24.56]
["5330SINAPI",5330,"SINAPI","DILUENTE EPOXI                                                                                                                                                                                                                                                                                                                                                                                                                                                                                            ","L     ","CR",55.98]
["44532SINAPI",44532,"SINAPI","DISCO DE BORRACHA PARA LIXADEIRA RIGIDO 7 \" COM ARRUELA  CENTRAL                                                                                                                                                                                                                                                                                                                                                                                                                                          ","UN    ","CR",23.35]
["44531SINAPI",44531,"SINAPI","DISCO DE CORTE DIAMANTADO SEGMENTADO DIAMETRO DE 180 MM PARA ESMERILHADEIRA  7 \"                                                                                                                                                                                                                                                                                                                                                                                                                          ","UN    ","CR",74.22]
["38140SINAPI",38140,"SINAPI","DISCO DE CORTE DIAMANTADO SEGMENTADO PARA CONCRETO, DIAMETRO DE 110 MM, FURO DE 20 MM                                                                                                                                                                                                                                                                                                                                                                                                                     ","UN    ","C ",18]
["13887SINAPI",13887,"SINAPI","DISCO DE CORTE DIAMANTADO SEGMENTADO PARA CONCRETO, DIAMETRO DE 350 MM, FURO DE 1 \" (14 X 1 \")                                                                                                                                                                                                                                                                                                                                                                                                            ","UN    ","CR",426.16]
["44495SINAPI",44495,"SINAPI","DISCO DE CORTE PARA METAL COM DUAS TELAS 12 X 1/8 X 3/4 \"  (300 X 3,2 X 19,05 MM)                                                                                                                                                                                                                                                                                                                                                                                                                         ","UN    ","CR",18.97]
["44533SINAPI",44533,"SINAPI","DISCO DE DESBASTE PARA METAL FERROSO EM GERAL, COM TRES TELAS,  9 X 1/4 X 7/8 \" ( 228,6 X 6,4 X 22,2 MM)                                                                                                                                                                                                                                                                                                                                                                                                  ","UN    ","CR",17.91]
["44534SINAPI",44534,"SINAPI","DISCO DE LIXA PARA METAL, DIAMETRO = 180 MM, GRAO  120                                                                                                                                                                                                                                                                                                                                                                                                                                                    ","UN    ","CR",4.67]
["34544SINAPI",34544,"SINAPI","DISJUNTOR  TERMOMAGNETICO TRIPOLAR 3 X 400 A / ICC - 25 KA                                                                                                                                                                                                                                                                                                                                                                                                                                                ","UN    ","CR",1661.36]
["34729SINAPI",34729,"SINAPI","DISJUNTOR TERMOMAGNETICO AJUSTAVEL, TRIPOLAR DE 100 ATE 250A, CAPACIDADE DE INTERRUPCAO DE 35KA                                                                                                                                                                                                                                                                                                                                                                                                           ","UN    ","CR",1306.92]
["34734SINAPI",34734,"SINAPI","DISJUNTOR TERMOMAGNETICO AJUSTAVEL, TRIPOLAR DE 300 ATE 400A, CAPACIDADE DE INTERRUPCAO DE 35KA                                                                                                                                                                                                                                                                                                                                                                                                           ","UN    ","CR",2023.53]
["34738SINAPI",34738,"SINAPI","DISJUNTOR TERMOMAGNETICO AJUSTAVEL, TRIPOLAR DE 450 ATE 600A, CAPACIDADE DE INTERRUPCAO DE 35KA                                                                                                                                                                                                                                                                                                                                                                                                           ","UN    ","CR",4727.6000000000004]
["34623SINAPI",34623,"SINAPI","DISJUNTOR TERMOMAGNETICO PARA TRILHO DIN (IEC), BIPOLAR, 40 - 50 A                                                                                                                                                                                                                                                                                                                                                                                                                                        ","UN    ","CR",56.65]
["34616SINAPI",34616,"SINAPI","DISJUNTOR TERMOMAGNETICO PARA TRILHO DIN (IEC), BIPOLAR, 6 - 32 A                                                                                                                                                                                                                                                                                                                                                                                                                                         ","UN    ","CR",57.53]
["34628SINAPI",34628,"SINAPI","DISJUNTOR TERMOMAGNETICO PARA TRILHO DIN (IEC), BIPOLAR, 63 A                                                                                                                                                                                                                                                                                                                                                                                                                                             ","UN    ","CR",81.150000000000006]
["34686SINAPI",34686,"SINAPI","DISJUNTOR TERMOMAGNETICO PARA TRILHO DIN (IEC), MONOPOLAR, 40 - 50 A, ICC - 5KA / 250 VCA                                                                                                                                                                                                                                                                                                                                                                                                                 ","UN    ","CR",14.88]
["34653SINAPI",34653,"SINAPI","DISJUNTOR TERMOMAGNETICO PARA TRILHO DIN (IEC), MONOPOLAR, 6 - 32 A                                                                                                                                                                                                                                                                                                                                                                                                                                       ","UN    ","CR",10.029999999999999]
["34688SINAPI",34688,"SINAPI","DISJUNTOR TERMOMAGNETICO PARA TRILHO DIN (IEC), MONOPOLAR, 63 A                                                                                                                                                                                                                                                                                                                                                                                                                                           ","UN    ","CR",18.190000000000001]
["34709SINAPI",34709,"SINAPI","DISJUNTOR TERMOMAGNETICO PARA TRILHO DIN (IEC), TRIPOLAR, 10 - 50 A                                                                                                                                                                                                                                                                                                                                                                                                                                       ","UN    ","CR",70.489999999999995]
["34714SINAPI",34714,"SINAPI","DISJUNTOR TERMOMAGNETICO PARA TRILHO DIN (IEC), TRIPOLAR, 63 A                                                                                                                                                                                                                                                                                                                                                                                                                                            ","UN    ","CR",84.19]
["2391SINAPI",2391,"SINAPI","DISJUNTOR TERMOMAGNETICO TRIPOLAR 125 A / 425 V / ICC - 25 KA                                                                                                                                                                                                                                                                                                                                                                                                                                             ","UN    ","CR",384.51]
["2374SINAPI",2374,"SINAPI","DISJUNTOR TERMOMAGNETICO TRIPOLAR 150 A / 600 V, TIPO FXD / ICC - 35 KA                                                                                                                                                                                                                                                                                                                                                                                                                                   ","UN    ","CR",436.21]
["2377SINAPI",2377,"SINAPI","DISJUNTOR TERMOMAGNETICO TRIPOLAR 200 A / 600 V, TIPO FXD / ICC - 35 KA                                                                                                                                                                                                                                                                                                                                                                                                                                   ","UN    ","CR",612.17999999999995]
["2393SINAPI",2393,"SINAPI","DISJUNTOR TERMOMAGNETICO TRIPOLAR 250 A / 600 V, TIPO FXD                                                                                                                                                                                                                                                                                                                                                                                                                                                 ","UN    ","CR",1025.18]
["34705SINAPI",34705,"SINAPI","DISJUNTOR TERMOMAGNETICO TRIPOLAR 3  X 250 A/ICC - 25 KA                                                                                                                                                                                                                                                                                                                                                                                                                                                  ","UN    ","CR",896.67]
["34707SINAPI",34707,"SINAPI","DISJUNTOR TERMOMAGNETICO TRIPOLAR 3 X 350 A/ICC - 25 KA                                                                                                                                                                                                                                                                                                                                                                                                                                                   ","UN    ","CR",1661.54]
["2378SINAPI",2378,"SINAPI","DISJUNTOR TERMOMAGNETICO TRIPOLAR 300 A / 600 V, TIPO JXD / ICC - 40 KA                                                                                                                                                                                                                                                                                                                                                                                                                                   ","UN    ","CR",1408.22]
["2379SINAPI",2379,"SINAPI","DISJUNTOR TERMOMAGNETICO TRIPOLAR 400 A / 600 V, TIPO JXD / ICC - 40 KA                                                                                                                                                                                                                                                                                                                                                                                                                                   ","UN    ","CR",1408.22]
["2376SINAPI",2376,"SINAPI","DISJUNTOR TERMOMAGNETICO TRIPOLAR 600 A / 600 V, TIPO LXD / ICC - 40 KA                                                                                                                                                                                                                                                                                                                                                                                                                                   ","UN    ","CR",2319.33]
["2394SINAPI",2394,"SINAPI","DISJUNTOR TERMOMAGNETICO TRIPOLAR 800 A / 600 V, TIPO LMXD                                                                                                                                                                                                                                                                                                                                                                                                                                                ","UN    ","CR",4958.3]
["2388SINAPI",2388,"SINAPI","DISJUNTOR TIPO NEMA, BIPOLAR 10  ATE  50 A, TENSAO MAXIMA 415 V                                                                                                                                                                                                                                                                                                                                                                                                                                           ","UN    ","CR",69.959999999999994]
["34606SINAPI",34606,"SINAPI","DISJUNTOR TIPO NEMA, BIPOLAR 60 ATE 100A, TENSAO MAXIMA 415 V                                                                                                                                                                                                                                                                                                                                                                                                                                             ","UN    ","CR",107.32]
["34689SINAPI",34689,"SINAPI","DISJUNTOR TIPO NEMA, MONOPOLAR DE 60 ATE 70A, TENSAO MAXIMA DE 240 V                                                                                                                                                                                                                                                                                                                                                                                                                                      ","UN    ","CR",34.17]
["2370SINAPI",2370,"SINAPI","DISJUNTOR TIPO NEMA, MONOPOLAR 10 ATE 30A, TENSAO MAXIMA DE 240 V                                                                                                                                                                                                                                                                                                                                                                                                                                         ","UN    ","C ",13]
["2386SINAPI",2386,"SINAPI","DISJUNTOR TIPO NEMA, MONOPOLAR 35  ATE  50 A, TENSAO MAXIMA DE 240 V                                                                                                                                                                                                                                                                                                                                                                                                                                      ","UN    ","CR",21.81]
["2392SINAPI",2392,"SINAPI","DISJUNTOR TIPO NEMA, TRIPOLAR 10  ATE  50A, TENSAO MAXIMA DE 415 V                                                                                                                                                                                                                                                                                                                                                                                                                                        ","UN    ","CR",87.26]
["2373SINAPI",2373,"SINAPI","DISJUNTOR TIPO NEMA, TRIPOLAR 60 ATE 100 A, TENSAO MAXIMA DE 415 V                                                                                                                                                                                                                                                                                                                                                                                                                                        ","UN    ","CR",122.95]
["39465SINAPI",39465,"SINAPI","DISPOSITIVO DPS CLASSE II, 1 POLO, TENSAO MAXIMA DE 175 V, CORRENTE MAXIMA DE *20* KA (TIPO AC)                                                                                                                                                                                                                                                                                                                                                                                                           ","UN    ","CR",75.11]
["39466SINAPI",39466,"SINAPI","DISPOSITIVO DPS CLASSE II, 1 POLO, TENSAO MAXIMA DE 175 V, CORRENTE MAXIMA DE *30* KA (TIPO AC)                                                                                                                                                                                                                                                                                                                                                                                                           ","UN    ","CR",84.5]
["39467SINAPI",39467,"SINAPI","DISPOSITIVO DPS CLASSE II, 1 POLO, TENSAO MAXIMA DE 175 V, CORRENTE MAXIMA DE *45* KA (TIPO AC)                                                                                                                                                                                                                                                                                                                                                                                                           ","UN    ","CR",108.08]
["39468SINAPI",39468,"SINAPI","DISPOSITIVO DPS CLASSE II, 1 POLO, TENSAO MAXIMA DE 175 V, CORRENTE MAXIMA DE *90* KA (TIPO AC)                                                                                                                                                                                                                                                                                                                                                                                                           ","UN    ","CR",192.11]
["39469SINAPI",39469,"SINAPI","DISPOSITIVO DPS CLASSE II, 1 POLO, TENSAO MAXIMA DE 275 V, CORRENTE MAXIMA DE *20* KA (TIPO AC)                                                                                                                                                                                                                                                                                                                                                                                                           ","UN    ","CR",78.260000000000005]
["39470SINAPI",39470,"SINAPI","DISPOSITIVO DPS CLASSE II, 1 POLO, TENSAO MAXIMA DE 275 V, CORRENTE MAXIMA DE *30* KA (TIPO AC)                                                                                                                                                                                                                                                                                                                                                                                                           ","UN    ","CR",96.15]
["39471SINAPI",39471,"SINAPI","DISPOSITIVO DPS CLASSE II, 1 POLO, TENSAO MAXIMA DE 275 V, CORRENTE MAXIMA DE *45* KA (TIPO AC)                                                                                                                                                                                                                                                                                                                                                                                                           ","UN    ","CR",115.55]
["39472SINAPI",39472,"SINAPI","DISPOSITIVO DPS CLASSE II, 1 POLO, TENSAO MAXIMA DE 275 V, CORRENTE MAXIMA DE *90* KA (TIPO AC)                                                                                                                                                                                                                                                                                                                                                                                                           ","UN    ","CR",200.77]
["39473SINAPI",39473,"SINAPI","DISPOSITIVO DPS CLASSE II, 1 POLO, TENSAO MAXIMA DE 385 V, CORRENTE MAXIMA DE *20* KA (TIPO AC)                                                                                                                                                                                                                                                                                                                                                                                                           ","UN    ","CR",129.69999999999999]
["39474SINAPI",39474,"SINAPI","DISPOSITIVO DPS CLASSE II, 1 POLO, TENSAO MAXIMA DE 385 V, CORRENTE MAXIMA DE *30* KA (TIPO AC)                                                                                                                                                                                                                                                                                                                                                                                                           ","UN    ","CR",138.26]
["39475SINAPI",39475,"SINAPI","DISPOSITIVO DPS CLASSE II, 1 POLO, TENSAO MAXIMA DE 385 V, CORRENTE MAXIMA DE *45* KA (TIPO AC)                                                                                                                                                                                                                                                                                                                                                                                                           ","UN    ","CR",156.88]
["39476SINAPI",39476,"SINAPI","DISPOSITIVO DPS CLASSE II, 1 POLO, TENSAO MAXIMA DE 385 V, CORRENTE MAXIMA DE *90* KA (TIPO AC)                                                                                                                                                                                                                                                                                                                                                                                                           ","UN    ","CR",295.31]
["39477SINAPI",39477,"SINAPI","DISPOSITIVO DPS CLASSE II, 1 POLO, TENSAO MAXIMA DE 460 V, CORRENTE MAXIMA DE *20* KA (TIPO AC)                                                                                                                                                                                                                                                                                                                                                                                                           ","UN    ","CR",144.69]
["39478SINAPI",39478,"SINAPI","DISPOSITIVO DPS CLASSE II, 1 POLO, TENSAO MAXIMA DE 460 V, CORRENTE MAXIMA DE *30* KA (TIPO AC)                                                                                                                                                                                                                                                                                                                                                                                                           ","UN    ","CR",149.16999999999999]
["39479SINAPI",39479,"SINAPI","DISPOSITIVO DPS CLASSE II, 1 POLO, TENSAO MAXIMA DE 460 V, CORRENTE MAXIMA DE *45* KA (TIPO AC)                                                                                                                                                                                                                                                                                                                                                                                                           ","UN    ","CR",175.76]
["39480SINAPI",39480,"SINAPI","DISPOSITIVO DPS CLASSE II, 1 POLO, TENSAO MAXIMA DE 460 V, CORRENTE MAXIMA DE *90* KA (TIPO AC)                                                                                                                                                                                                                                                                                                                                                                                                           ","UN    ","CR",362.67]
["39459SINAPI",39459,"SINAPI","DISPOSITIVO DR, 2 POLOS, SENSIBILIDADE DE 30 MA, CORRENTE DE 100 A, TIPO AC                                                                                                                                                                                                                                                                                                                                                                                                                               ","UN    ","CR",307.81]
["39445SINAPI",39445,"SINAPI","DISPOSITIVO DR, 2 POLOS, SENSIBILIDADE DE 30 MA, CORRENTE DE 25 A, TIPO AC                                                                                                                                                                                                                                                                                                                                                                                                                                ","UN    ","CR",154.55000000000001]
["39446SINAPI",39446,"SINAPI","DISPOSITIVO DR, 2 POLOS, SENSIBILIDADE DE 30 MA, CORRENTE DE 40 A, TIPO AC                                                                                                                                                                                                                                                                                                                                                                                                                                ","UN    ","CR",157.30000000000001]
["39447SINAPI",39447,"SINAPI","DISPOSITIVO DR, 2 POLOS, SENSIBILIDADE DE 30 MA, CORRENTE DE 63 A, TIPO AC                                                                                                                                                                                                                                                                                                                                                                                                                                ","UN    ","CR",168.22]
["39448SINAPI",39448,"SINAPI","DISPOSITIVO DR, 2 POLOS, SENSIBILIDADE DE 30 MA, CORRENTE DE 80 A, TIPO AC                                                                                                                                                                                                                                                                                                                                                                                                                                ","UN    ","CR",286.83999999999997]
["39450SINAPI",39450,"SINAPI","DISPOSITIVO DR, 2 POLOS, SENSIBILIDADE DE 300 MA, CORRENTE DE 25 A, TIPO AC                                                                                                                                                                                                                                                                                                                                                                                                                               ","UN    ","CR",175]
["39451SINAPI",39451,"SINAPI","DISPOSITIVO DR, 2 POLOS, SENSIBILIDADE DE 300 MA, CORRENTE DE 40 A, TIPO AC                                                                                                                                                                                                                                                                                                                                                                                                                               ","UN    ","CR",190.88]
[{"$f":"B1735&C1735","v":"39452SINAPI"},39452,"SINAPI","DISPOSITIVO DR, 2 POLOS, SENSIBILIDADE DE 300 MA, CORRENTE DE 63 A, TIPO AC                                                                                                                                                                                                                                                                                                                                                                                                                               ","UN    ","CR",192.02]
["39523SINAPI",39523,"SINAPI","DISPOSITIVO DR, 2 POLOS, SENSIBILIDADE DE 300 MA, CORRENTE DE 80 A, TIPO  AC                                                                                                                                                                                                                                                                                                                                                                                                                              ","UN    ","CR",321.33999999999997]
["39449SINAPI",39449,"SINAPI","DISPOSITIVO DR, 4 POLOS, SENSIBILIDADE DE 30 MA, CORRENTE DE 100 A, TIPO AC                                                                                                                                                                                                                                                                                                                                                                                                                               ","UN    ","CR",355.86]
["39455SINAPI",39455,"SINAPI","DISPOSITIVO DR, 4 POLOS, SENSIBILIDADE DE 30 MA, CORRENTE DE 25 A, TIPO AC                                                                                                                                                                                                                                                                                                                                                                                                                                ","UN    ","CR",176.09]
["39456SINAPI",39456,"SINAPI","DISPOSITIVO DR, 4 POLOS, SENSIBILIDADE DE 30 MA, CORRENTE DE 40 A, TIPO AC                                                                                                                                                                                                                                                                                                                                                                                                                                ","UN    ","CR",176.22]
["39457SINAPI",39457,"SINAPI","DISPOSITIVO DR, 4 POLOS, SENSIBILIDADE DE 30 MA, CORRENTE DE 63 A, TIPO AC                                                                                                                                                                                                                                                                                                                                                                                                                                ","UN    ","CR",192.11]
["39458SINAPI",39458,"SINAPI","DISPOSITIVO DR, 4 POLOS, SENSIBILIDADE DE 30 MA, CORRENTE DE 80 A, TIPO AC                                                                                                                                                                                                                                                                                                                                                                                                                                ","UN    ","CR",358.48]
["39464SINAPI",39464,"SINAPI","DISPOSITIVO DR, 4 POLOS, SENSIBILIDADE DE 300 MA, CORRENTE DE 100 A, TIPO AC                                                                                                                                                                                                                                                                                                                                                                                                                              ","UN    ","CR",576.47]
["39460SINAPI",39460,"SINAPI","DISPOSITIVO DR, 4 POLOS, SENSIBILIDADE DE 300 MA, CORRENTE DE 25 A, TIPO AC                                                                                                                                                                                                                                                                                                                                                                                                                               ","UN    ","CR",218.64]
["39461SINAPI",39461,"SINAPI","DISPOSITIVO DR, 4 POLOS, SENSIBILIDADE DE 300 MA, CORRENTE DE 40 A, TIPO AC                                                                                                                                                                                                                                                                                                                                                                                                                               ","UN    ","CR",256.2]
["39462SINAPI",39462,"SINAPI","DISPOSITIVO DR, 4 POLOS, SENSIBILIDADE DE 300 MA, CORRENTE DE 63 A, TIPO AC                                                                                                                                                                                                                                                                                                                                                                                                                               ","UN    ","CR",246.91]
["39463SINAPI",39463,"SINAPI","DISPOSITIVO DR, 4 POLOS, SENSIBILIDADE DE 300 MA, CORRENTE DE 80 A, TIPO AC                                                                                                                                                                                                                                                                                                                                                                                                                               ","UN    ","CR",572]
["26039SINAPI",26039,"SINAPI","DISTRIBUIDOR DE AGREGADOS AUTOPROPELIDO, CAP 3 M3, A DIESEL, 6 CC, 176 CV                                                                                                                                                                                                                                                                                                                                                                                                                                 ","UN    ","AS",391246.87]
["2401SINAPI",2401,"SINAPI","DISTRIBUIDOR DE AGREGADOS REBOCAVEL, CAPACIDADE 1,9 M3, LARGURA DE TRABALHO 3,66 M                                                                                                                                                                                                                                                                                                                                                                                                                        ","UN    ","AS",89991.11]
["38870SINAPI",38870,"SINAPI","DISTRIBUIDOR METALICO, COM ROSCA, 2 SAIDAS, DN 1\" X 1/2\", PARA CONEXAO COM ANEL DESLIZANTE EM TUBO PEX PARA INST. AGUA QUENTE/FRIA                                                                                                                                                                                                                                                                                                                                                                        ","UN    ","AS",29.51]
["38869SINAPI",38869,"SINAPI","DISTRIBUIDOR METALICO, COM ROSCA, 2 SAIDAS, DN 3/4\" X 1/2\", PARA CONEXAO COM ANEL DESLIZANTE EM TUBO PEX PARA INST. AGUA QUENTE/FRIA                                                                                                                                                                                                                                                                                                                                                                      ","UN    ","AS",19.91]
["38872SINAPI",38872,"SINAPI","DISTRIBUIDOR METALICO, COM ROSCA, 3 SAIDAS, DN 1\" X 1/2\", PARA CONEXAO COM ANEL DESLIZANTE EM TUBO PEX PARA INST. AGUA QUENTE/FRIA                                                                                                                                                                                                                                                                                                                                                                        ","UN    ","AS",37.590000000000003]
["38871SINAPI",38871,"SINAPI","DISTRIBUIDOR METALICO, COM ROSCA, 3 SAIDAS, DN 3/4\" X 1/2\", PARA CONEXAO COM ANEL DESLIZANTE EM TUBO PEX PARA INST. AGUA QUENTE/FRIA                                                                                                                                                                                                                                                                                                                                                                      ","UN    ","AS",25.99]
["39283SINAPI",39283,"SINAPI","DISTRIBUIDOR, PLASTICO, 2 SAIDAS, DN 32 X 16 MM, PARA CONEXAO COM CRIMPAGEM, EM TUBO PEX PARA INST. AGUA QUENTE/FRIA                                                                                                                                                                                                                                                                                                                                                                                      ","UN    ","AS",121.76]
["39285SINAPI",39285,"SINAPI","DISTRIBUIDOR, PLASTICO, 2 SAIDAS, DN 32 X 25 MM, PARA CONEXAO COM CRIMPAGEM, EM TUBO PEX PARA INST. AGUA QUENTE/FRIA                                                                                                                                                                                                                                                                                                                                                                                      ","UN    ","AS",139.16]
["39286SINAPI",39286,"SINAPI","DISTRIBUIDOR, PLASTICO, 3 SAIDAS, DN 32 X 16 MM, PARA CONEXAO COM CRIMPAGEM, EM TUBO PEX PARA INST. AGUA QUENTE/FRIA                                                                                                                                                                                                                                                                                                                                                                                      ","UN    ","AS",133.37]
["39288SINAPI",39288,"SINAPI","DISTRIBUIDOR, PLASTICO, 3 SAIDAS, DN 32 X 25 MM, PARA CONEXAO COM CRIMPAGEM, EM TUBO PEX PARA INST. AGUA QUENTE/FRIA                                                                                                                                                                                                                                                                                                                                                                                      ","UN    ","AS",162.34]
["44476SINAPI",44476,"SINAPI","DIVISORIA EM GRANITO, COM DUAS FACES POLIDAS, TIPO ANDORINHA/ QUARTZ/ CASTELO/ CORUMBA OU OUTROS EQUIVALENTES DA REGIAO, E=  *3,0*  CM                                                                                                                                                                                                                                                                                                                                                                    ","M2    ","CR",978.67]
["10629SINAPI",10629,"SINAPI","DIVISORIA EM MARMORE, COM DUAS FACES POLIDAS, BRANCO COMUM, E=  *3,0* CM                                                                                                                                                                                                                                                                                                                                                                                                                                  ","M2    ","CR",838.36]
["10698SINAPI",10698,"SINAPI","DIVISORIA, PLACA  PRE-MOLDADA EM GRANILITE, MARMORITE OU GRANITINA,  E = *3 CM                                                                                                                                                                                                                                                                                                                                                                                                                            ","M2    ","AS",245.82]
["40521SINAPI",40521,"SINAPI","DOBRADEIRA ELETROMECANICA DE VERGALHAO, PARA ACO DE DIAMETRO ATE 1 1/2\", MOTOR ELETRICO TRIFASICO, POTENCIA DE 3 HP ATE 5 HP                                                                                                                                                                                                                                                                                                                                                                              ","UN    ","CR",103863.79]
["2432SINAPI",2432,"SINAPI","DOBRADICA EM ACO/FERRO, 3 1/2\" X  3\", E= 1,9  A 2 MM, COM ANEL,  CROMADO OU ZINCADO, TAMPA BOLA, COM PARAFUSOS                                                                                                                                                                                                                                                                                                                                                                                            ","UN    ","CR",18.690000000000001]
["2433SINAPI",2433,"SINAPI","DOBRADICA EM ACO/FERRO, 3\" X 2 1/2\", E= 1,2 A 1,8 MM, SEM ANEL,  CROMADO OU ZINCADO, TAMPA CHATA, COM PARAFUSOS                                                                                                                                                                                                                                                                                                                                                                                           ","UN    ","CR",6.33]
["2418SINAPI",2418,"SINAPI","DOBRADICA EM ACO/FERRO, 3\" X 2 1/2\", E= 1,2 A 1,8 MM, SEM ANEL, CROMADO OU ZINCADO, TAMPA BOLA, COM PARAFUSOS                                                                                                                                                                                                                                                                                                                                                                                             ","UN    ","C ",8.67]
["2420SINAPI",2420,"SINAPI","DOBRADICA EM ACO/FERRO, 3\" X 2 1/2\", E= 1,9 A 2 MM, SEM ANEL,  CROMADO OU ZINCADO, TAMPA BOLA, COM PARAFUSOS                                                                                                                                                                                                                                                                                                                                                                                              ","UN    ","CR",10.87]
["11447SINAPI",11447,"SINAPI","DOBRADICA EM LATAO, 3 \" X 2 1/2 \", E= 1,9 A 2 MM, COM ANEL, CROMADO, TAMPA BOLA, COM PARAFUSOS                                                                                                                                                                                                                                                                                                                                                                                                            ","UN    ","CR",21.49]
["11451SINAPI",11451,"SINAPI","DOBRADICA TIPO VAI-E-VEM EM ACO/FERRO, TAMANHO 3'', GALVANIZADO, COM PARAFUSOS                                                                                                                                                                                                                                                                                                                                                                                                                            ","UN    ","CR",57.61]
["11116SINAPI",11116,"SINAPI","DOMOS INDIVIDUAL EM ACRILICO BRANCO *95 X 95* CM, SEM INSTALACAO                                                                                                                                                                                                                                                                                                                                                                                                                                          ","UN    ","AS",838.13]
["38411SINAPI",38411,"SINAPI","DOSADOR DE AREIA, CAPACIDADE DE *26* LITROS                                                                                                                                                                                                                                                                                                                                                                                                                                                               ","UN    ","CR",1871.89]
["38189SINAPI",38189,"SINAPI","DUCHA / CHUVEIRO METALICO, DE PAREDE, ARTICULAVEL, COM BRACO/CANO, SEM DESVIADOR                                                                                                                                                                                                                                                                                                                                                                                                                          ","UN    ","CR",275.60000000000002]
["38190SINAPI",38190,"SINAPI","DUCHA / CHUVEIRO METALICO, DE PAREDE, ARTICULAVEL, COM DESVIADOR E DUCHA MANUAL                                                                                                                                                                                                                                                                                                                                                                                                                           ","UN    ","CR",580.62]
["7608SINAPI",7608,"SINAPI","DUCHA / CHUVEIRO PLASTICO SIMPLES, 5 '', BRANCO, PARA ACOPLAR EM HASTE 1/2 \", AGUA FRIA                                                                                                                                                                                                                                                                                                                                                                                                                   ","UN    ","AS",12.58]
["1370SINAPI",1370,"SINAPI","DUCHA HIGIENICA PLASTICA COM REGISTRO METALICO 1/2 \"                                                                                                                                                                                                                                                                                                                                                                                                                                                      ","UN    ","CR",115.75]
["36516SINAPI",36516,"SINAPI","DUMPER COM CAPACIDADE DE CARGA DE 1700 KG, PARTIDA ELETRICA, MOTOR DIESEL COM POTENCIA DE 16 CV                                                                                                                                                                                                                                                                                                                                                                                                           ","UN    ","AS",131056.21]
["34777SINAPI",34777,"SINAPI","ELEMENTO VAZADO CERAMICO DIAGONAL (TIPO FLOR/QUADRADO/XIS) DE *7 X 18 X 25* CM (L X A X C)                                                                                                                                                                                                                                                                                                                                                                                                                ","UN    ","CR",3.46]
["7272SINAPI",7272,"SINAPI","ELEMENTO VAZADO CERAMICO QUADRADO (TIPO RETO OU REDONDO) DE *7 A 9 X 20 X 20* CM (L X A X C)                                                                                                                                                                                                                                                                                                                                                                                                              ","UN    ","CR",2.92]
["10605SINAPI",10605,"SINAPI","ELEMENTO VAZADO DE CONCRETO, QUADRICULADO, 1 FURO *10 X 10 X 10* CM                                                                                                                                                                                                                                                                                                                                                                                                                                       ","UN    ","CR",6.13]
["10604SINAPI",10604,"SINAPI","ELEMENTO VAZADO DE CONCRETO, QUADRICULADO, 1 FURO *20 X 10 X 7* CM                                                                                                                                                                                                                                                                                                                                                                                                                                        ","UN    ","CR",14.28]
["672SINAPI",672,"SINAPI","ELEMENTO VAZADO DE CONCRETO, QUADRICULADO, 1 FURO *20 X 20 X 6,5* CM                                                                                                                                                                                                                                                                                                                                                                                                                                      ","UN    ","CR",19.64]
["668SINAPI",668,"SINAPI","ELEMENTO VAZADO DE CONCRETO, QUADRICULADO, 16 FUROS *29 X 29 X 6* CM                                                                                                                                                                                                                                                                                                                                                                                                                                      ","UN    ","CR",23.71]
["10578SINAPI",10578,"SINAPI","ELEMENTO VAZADO DE CONCRETO, QUADRICULADO, 16 FUROS *33 X 33 X 10* CM                                                                                                                                                                                                                                                                                                                                                                                                                                     ","UN    ","CR",27.61]
["666SINAPI",666,"SINAPI","ELEMENTO VAZADO DE CONCRETO, QUADRICULADO, 16 FUROS *40 X 40 X 7* CM                                                                                                                                                                                                                                                                                                                                                                                                                                      ","UN    ","CR",30.71]
["665SINAPI",665,"SINAPI","ELEMENTO VAZADO DE CONCRETO, QUADRICULADO, 16 FUROS *50 X 50 X 7* CM                                                                                                                                                                                                                                                                                                                                                                                                                                      ","UN    ","CR",41.07]
["10577SINAPI",10577,"SINAPI","ELEMENTO VAZADO DE CONCRETO, QUADRICULADO, 25 FUROS *50 X 50 X 5* CM                                                                                                                                                                                                                                                                                                                                                                                                                                      ","UN    ","CR",36.42]
["10583SINAPI",10583,"SINAPI","ELEMENTO VAZADO DE CONCRETO, VENEZIANA *39 X 22 X 15* CM                                                                                                                                                                                                                                                                                                                                                                                                                                                  ","UN    ","CR",18.920000000000002]
["10579SINAPI",10579,"SINAPI","ELEMENTO VAZADO DE CONCRETO, VENEZIANA *39 X 29 X 10* CM                                                                                                                                                                                                                                                                                                                                                                                                                                                  ","UN    ","CR",32.979999999999997]
["10582SINAPI",10582,"SINAPI","ELEMENTO VAZADO DE CONCRETO, VENEZIANA *40 X 10 X 10* CM                                                                                                                                                                                                                                                                                                                                                                                                                                                  ","UN    ","CR",16.66]
["2436SINAPI",2436,"SINAPI","ELETRICISTA (HORISTA)                                                                                                                                                                                                                                                                                                                                                                                                                                                                                     ","H     ","C ",21.21]
["40918SINAPI",40918,"SINAPI","ELETRICISTA (MENSALISTA)                                                                                                                                                                                                                                                                                                                                                                                                                                                                                  ","MES   ","CR",3672.95]
["2439SINAPI",2439,"SINAPI","ELETRICISTA DE MANUTENCAO INDUSTRIAL (HORISTA)                                                                                                                                                                                                                                                                                                                                                                                                                                                            ","H     ","CR",19.420000000000002]
["40923SINAPI",40923,"SINAPI","ELETRICISTA DE MANUTENCAO INDUSTRIAL (MENSALISTA)                                                                                                                                                                                                                                                                                                                                                                                                                                                         ","MES   ","CR",3364.25]
["10998SINAPI",10998,"SINAPI","ELETRODO REVESTIDO AWS - E-6010, DIAMETRO IGUAL A 4,00 MM                                                                                                                                                                                                                                                                                                                                                                                                                                                 ","KG    ","CR",30.09]
["11002SINAPI",11002,"SINAPI","ELETRODO REVESTIDO AWS - E6013, DIAMETRO IGUAL A 2,50 MM                                                                                                                                                                                                                                                                                                                                                                                                                                                  ","KG    ","CR",27.57]
["10999SINAPI",10999,"SINAPI","ELETRODO REVESTIDO AWS - E6013, DIAMETRO IGUAL A 4,00 MM                                                                                                                                                                                                                                                                                                                                                                                                                                                  ","KG    ","CR",26.49]
["10997SINAPI",10997,"SINAPI","ELETRODO REVESTIDO AWS - E7018, DIAMETRO IGUAL A 4,00 MM                                                                                                                                                                                                                                                                                                                                                                                                                                                  ","KG    ","C ",28.71]
["2685SINAPI",2685,"SINAPI","ELETRODUTO DE PVC RIGIDO ROSCAVEL DE 1 \", SEM LUVA                                                                                                                                                                                                                                                                                                                                                                                                                                                        ","M     ","CR",9.07]
["2680SINAPI",2680,"SINAPI","ELETRODUTO DE PVC RIGIDO ROSCAVEL DE 1 1/2 \", SEM LUVA                                                                                                                                                                                                                                                                                                                                                                                                                                                    ","M     ","CR",13.27]
["2684SINAPI",2684,"SINAPI","ELETRODUTO DE PVC RIGIDO ROSCAVEL DE 1 1/4 \", SEM LUVA                                                                                                                                                                                                                                                                                                                                                                                                                                                    ","M     ","CR",12.07]
["2673SINAPI",2673,"SINAPI","ELETRODUTO DE PVC RIGIDO ROSCAVEL DE 1/2 \", SEM LUVA                                                                                                                                                                                                                                                                                                                                                                                                                                                      ","M     ","C ",4.66]
[{"$f":"B1799&C1799","v":"2681SINAPI"},2681,"SINAPI","ELETRODUTO DE PVC RIGIDO ROSCAVEL DE 2 \", SEM LUVA                                                                                                                                                                                                                                                                                                                                                                                                                                                        ","M     ","CR",21.68]
["2682SINAPI",2682,"SINAPI","ELETRODUTO DE PVC RIGIDO ROSCAVEL DE 2 1/2 \", SEM LUVA                                                                                                                                                                                                                                                                                                                                                                                                                                                    ","M     ","CR",31.64]
["2686SINAPI",2686,"SINAPI","ELETRODUTO DE PVC RIGIDO ROSCAVEL DE 3 \", SEM LUVA                                                                                                                                                                                                                                                                                                                                                                                                                                                        ","M     ","CR",39.67]
["2674SINAPI",2674,"SINAPI","ELETRODUTO DE PVC RIGIDO ROSCAVEL DE 3/4 \", SEM LUVA                                                                                                                                                                                                                                                                                                                                                                                                                                                      ","M     ","CR",5.8]
["2683SINAPI",2683,"SINAPI","ELETRODUTO DE PVC RIGIDO ROSCAVEL DE 4 \", SEM LUVA                                                                                                                                                                                                                                                                                                                                                                                                                                                        ","M     ","CR",62.51]
["2676SINAPI",2676,"SINAPI","ELETRODUTO DE PVC RIGIDO SOLDAVEL, CLASSE B, DE 20 MM                                                                                                                                                                                                                                                                                                                                                                                                                                                     ","M     ","CR",2.71]
["2678SINAPI",2678,"SINAPI","ELETRODUTO DE PVC RIGIDO SOLDAVEL, CLASSE B, DE 25 MM                                                                                                                                                                                                                                                                                                                                                                                                                                                     ","M     ","CR",3.39]
["2679SINAPI",2679,"SINAPI","ELETRODUTO DE PVC RIGIDO SOLDAVEL, CLASSE B, DE 32 MM                                                                                                                                                                                                                                                                                                                                                                                                                                                     ","M     ","CR",5.23]
["12070SINAPI",12070,"SINAPI","ELETRODUTO DE PVC RIGIDO SOLDAVEL, CLASSE B, DE 40 MM                                                                                                                                                                                                                                                                                                                                                                                                                                                     ","M     ","CR",7.28]
["2675SINAPI",2675,"SINAPI","ELETRODUTO DE PVC RIGIDO SOLDAVEL, CLASSE B, DE 50 MM                                                                                                                                                                                                                                                                                                                                                                                                                                                     ","M     ","CR",9.4700000000000006]
["12067SINAPI",12067,"SINAPI","ELETRODUTO DE PVC RIGIDO SOLDAVEL, CLASSE B, DE 60 MM                                                                                                                                                                                                                                                                                                                                                                                                                                                     ","M     ","CR",12.84]
["21136SINAPI",21136,"SINAPI","ELETRODUTO EM ACO GALVANIZADO ELETROLITICO, LEVE, DIAMETRO 1\", PAREDE DE 0,90 MM                                                                                                                                                                                                                                                                                                                                                                                                                          ","M     ","AS",12.49]
["21128SINAPI",21128,"SINAPI","ELETRODUTO EM ACO GALVANIZADO ELETROLITICO, LEVE, DIAMETRO 3/4\", PAREDE DE 0,90 MM                                                                                                                                                                                                                                                                                                                                                                                                                        ","M     ","AS",9.67]
["21130SINAPI",21130,"SINAPI","ELETRODUTO EM ACO GALVANIZADO ELETROLITICO, SEMI-PESADO, DIAMETRO 1 1/2\", PAREDE DE 1,20 MM                                                                                                                                                                                                                                                                                                                                                                                                               ","M     ","AS",24.42]
["21135SINAPI",21135,"SINAPI","ELETRODUTO EM ACO GALVANIZADO ELETROLITICO, SEMI-PESADO, DIAMETRO 1 1/4\", PAREDE DE 1,20 MM                                                                                                                                                                                                                                                                                                                                                                                                               ","M     ","AS",24.04]
["40401SINAPI",40401,"SINAPI","ELETRODUTO FLEXIVEL PLANO EM PEAD, COR PRETA E LARANJA,  DIAMETRO 32 MM                                                                                                                                                                                                                                                                                                                                                                                                                                   ","M     ","AS",2.88]
["40402SINAPI",40402,"SINAPI","ELETRODUTO FLEXIVEL PLANO EM PEAD, COR PRETA E LARANJA,  DIAMETRO 40 MM                                                                                                                                                                                                                                                                                                                                                                                                                                   ","M     ","AS",3.69]
["40400SINAPI",40400,"SINAPI","ELETRODUTO FLEXIVEL PLANO EM PEAD, COR PRETA E LARANJA, DIAMETRO 25 MM                                                                                                                                                                                                                                                                                                                                                                                                                                    ","M     ","AS",1.95]
["21137SINAPI",21137,"SINAPI","ELETRODUTO FLEXIVEL, EM FITA DE ACO GALVANIZADO, REVESTIDO COM PVC PRETO, DIAMETRO EXTERNO DE 15 MM, DN = 3/8\", TIPO SEALTUBO                                                                                                                                                                                                                                                                                                                                                                             ","M     ","AS",9.9]
["2504SINAPI",2504,"SINAPI","ELETRODUTO FLEXIVEL, EM FITA DE ACO GALVANIZADO, REVESTIDO COM PVC PRETO, DIAMETRO EXTERNO DE 25 MM, DN = 3/4\", TIPO SEALTUBO                                                                                                                                                                                                                                                                                                                                                                             ","M     ","AS",10.73]
["2501SINAPI",2501,"SINAPI","ELETRODUTO FLEXIVEL, EM FITA DE ACO GALVANIZADO, REVESTIDO COM PVC PRETO, DIAMETRO EXTERNO DE 32 MM, DN = 1\", TIPO SEALTUBO                                                                                                                                                                                                                                                                                                                                                                               ","M     ","AS",14.07]
["2502SINAPI",2502,"SINAPI","ELETRODUTO FLEXIVEL, EM FITA DE ACO GALVANIZADO, REVESTIDO COM PVC PRETO, DIAMETRO EXTERNO DE 40 MM, DN = 1 1/4\", TIPO SEALTUBO                                                                                                                                                                                                                                                                                                                                                                           ","M     ","AS",21.23]
["2503SINAPI",2503,"SINAPI","ELETRODUTO FLEXIVEL, EM FITA DE ACO GALVANIZADO, REVESTIDO COM PVC PRETO, DIAMETRO EXTERNO DE 50 MM, DN = 1 1/2\", TIPO SEALTUBO                                                                                                                                                                                                                                                                                                                                                                           ","M     ","AS",27.32]
["2500SINAPI",2500,"SINAPI","ELETRODUTO FLEXIVEL, EM FITA DE ACO GALVANIZADO, REVESTIDO COM PVC PRETO, DIAMETRO EXTERNO DE 60 MM, DN = 2\", TIPO SEALTUBO                                                                                                                                                                                                                                                                                                                                                                               ","M     ","AS",36.39]
["2505SINAPI",2505,"SINAPI","ELETRODUTO FLEXIVEL, EM FITA DE ACO GALVANIZADO, REVESTIDO COM PVC PRETO, DIAMETRO EXTERNO DE 75 MM, DN = 2 1/2\", TIPO SEALTUBO                                                                                                                                                                                                                                                                                                                                                                           ","M     ","AS",56.72]
["12058SINAPI",12058,"SINAPI","ELETRODUTO FLEXIVEL, EM FITA DE ACO GALVANIZADO, SEM REVESTIMENTO, DIAMETRO NOMINAL  1\"                                                                                                                                                                                                                                                                                                                                                                                                                   ","M     ","AS",12.13]
["12056SINAPI",12056,"SINAPI","ELETRODUTO FLEXIVEL, EM FITA DE ACO GALVANIZADO, SEM REVESTIMENTO, DIAMETRO NOMINAL 1 1/2\"                                                                                                                                                                                                                                                                                                                                                                                                                ","M     ","AS",22.92]
["12057SINAPI",12057,"SINAPI","ELETRODUTO FLEXIVEL, EM FITA DE ACO GALVANIZADO, SEM REVESTIMENTO, DIAMETRO NOMINAL 1 1/4\"                                                                                                                                                                                                                                                                                                                                                                                                                ","M     ","AS",19.47]
["12059SINAPI",12059,"SINAPI","ELETRODUTO FLEXIVEL, EM FITA DE ACO GALVANIZADO, SEM REVESTIMENTO, DIAMETRO NOMINAL 1/2\"                                                                                                                                                                                                                                                                                                                                                                                                                  ","M     ","AS",6.83]
["12060SINAPI",12060,"SINAPI","ELETRODUTO FLEXIVEL, EM FITA DE ACO GALVANIZADO, SEM REVESTIMENTO, DIAMETRO NOMINAL 2 1/2\"                                                                                                                                                                                                                                                                                                                                                                                                                ","M     ","AS",50.58]
["12061SINAPI",12061,"SINAPI","ELETRODUTO FLEXIVEL, EM FITA DE ACO GALVANIZADO, SEM REVESTIMENTO, DIAMETRO NOMINAL 2\"                                                                                                                                                                                                                                                                                                                                                                                                                    ","M     ","AS",30.88]
["12062SINAPI",12062,"SINAPI","ELETRODUTO FLEXIVEL, EM FITA DE ACO GALVANIZADO, SEM REVESTIMENTO, DIAMETRO NOMINAL 3\"                                                                                                                                                                                                                                                                                                                                                                                                                    ","M     ","AS",56.95]
["2687SINAPI",2687,"SINAPI","ELETRODUTO PVC FLEXIVEL CORRUGADO, COR AMARELA, DE 16 MM                                                                                                                                                                                                                                                                                                                                                                                                                                                  ","M     ","CR",2.36]
["2689SINAPI",2689,"SINAPI","ELETRODUTO PVC FLEXIVEL CORRUGADO, COR AMARELA, DE 20 MM                                                                                                                                                                                                                                                                                                                                                                                                                                                  ","M     ","CR",2.81]
["2688SINAPI",2688,"SINAPI","ELETRODUTO PVC FLEXIVEL CORRUGADO, COR AMARELA, DE 25 MM                                                                                                                                                                                                                                                                                                                                                                                                                                                  ","M     ","CR",3.05]
["2690SINAPI",2690,"SINAPI","ELETRODUTO PVC FLEXIVEL CORRUGADO, COR AMARELA, DE 32 MM                                                                                                                                                                                                                                                                                                                                                                                                                                                  ","M     ","CR",5.22]
["39243SINAPI",39243,"SINAPI","ELETRODUTO PVC FLEXIVEL CORRUGADO, REFORCADO, COR LARANJA, DE 20 MM, PARA LAJES E PISOS                                                                                                                                                                                                                                                                                                                                                                                                                   ","M     ","CR",3.44]
["39244SINAPI",39244,"SINAPI","ELETRODUTO PVC FLEXIVEL CORRUGADO, REFORCADO, COR LARANJA, DE 25 MM, PARA LAJES E PISOS                                                                                                                                                                                                                                                                                                                                                                                                                   ","M     ","CR",4.6500000000000004]
["39245SINAPI",39245,"SINAPI","ELETRODUTO PVC FLEXIVEL CORRUGADO, REFORCADO, COR LARANJA, DE 32 MM, PARA LAJES E PISOS                                                                                                                                                                                                                                                                                                                                                                                                                   ","M     ","CR",8.9499999999999993]
["39254SINAPI",39254,"SINAPI","ELETRODUTO/CONDULETE DE PVC RIGIDO, LISO, COR CINZA, DE 1/2\", PARA INSTALACOES APARENTES (NBR 5410)                                                                                                                                                                                                                                                                                                                                                                                                       ","M     ","CR",13.38]
["39255SINAPI",39255,"SINAPI","ELETRODUTO/CONDULETE DE PVC RIGIDO, LISO, COR CINZA, DE 1\", PARA INSTALACOES APARENTES (NBR 5410)                                                                                                                                                                                                                                                                                                                                                                                                         ","M     ","CR",24.76]
["39253SINAPI",39253,"SINAPI","ELETRODUTO/CONDULETE DE PVC RIGIDO, LISO, COR CINZA, DE 3/4\", PARA INSTALACOES APARENTES (NBR 5410)                                                                                                                                                                                                                                                                                                                                                                                                       ","M     ","CR",17.059999999999999]
["39246SINAPI",39246,"SINAPI","ELETRODUTO/DUTO PEAD FLEXIVEL PAREDE SIMPLES, CORRUGACAO HELICOIDAL, COR PRETA, SEM ROSCA, DE 1 1/2\", CRC 680 N, PARA CABEAMENTO SUBTERRANEO (NBR 15715)                                                                                                                                                                                                                                                                                                                                                  ","M     ","AS",5]
["39247SINAPI",39247,"SINAPI","ELETRODUTO/DUTO PEAD FLEXIVEL PAREDE SIMPLES, CORRUGACAO HELICOIDAL, COR PRETA, SEM ROSCA, DE 1 1/4\", CRC 680 N, PARA CABEAMENTO SUBTERRANEO (NBR 15715)                                                                                                                                                                                                                                                                                                                                                  ","M     ","AS",4.3600000000000003]
["2446SINAPI",2446,"SINAPI","ELETRODUTO/DUTO PEAD FLEXIVEL PAREDE SIMPLES, CORRUGACAO HELICOIDAL, COR PRETA, SEM ROSCA, DE 2\", CRC 680 N, PARA CABEAMENTO SUBTERRANEO (NBR 15715)                                                                                                                                                                                                                                                                                                                                                      ","M     ","AS",7.18]
["2442SINAPI",2442,"SINAPI","ELETRODUTO/DUTO PEAD FLEXIVEL PAREDE SIMPLES, CORRUGACAO HELICOIDAL, COR PRETA, SEM ROSCA, DE 3\", CRC 680 N, PARA CABEAMENTO SUBTERRANEO (NBR 15715)                                                                                                                                                                                                                                                                                                                                                      ","M     ","AS",10.06]
["39248SINAPI",39248,"SINAPI","ELETRODUTO/DUTO PEAD FLEXIVEL PAREDE SIMPLES, CORRUGACAO HELICOIDAL, COR PRETA, SEM ROSCA, DE 4\", CRC 680 N, PARA CABEAMENTO SUBTERRANEO (NBR 15715)                                                                                                                                                                                                                                                                                                                                                      ","M     ","AS",14.02]
["2438SINAPI",2438,"SINAPI","ELETROTECNICO (HORISTA)                                                                                                                                                                                                                                                                                                                                                                                                                                                                                   ","H     ","CR",24.36]
["40922SINAPI",40922,"SINAPI","ELETROTECNICO (MENSALISTA)                                                                                                                                                                                                                                                                                                                                                                                                                                                                                ","MES   ","CR",4220.3]
["36486SINAPI",36486,"SINAPI","ELEVADOR DE CARGA A CABO, CABINE SEMI FECHADA 2,0 X 1,5 X 2,0 M, CAPACIDADE DE CARGA 1000 KG, TORRE  2,38 X 2,21 X 15 M, GUINCHO DE EMBREAGEM, FREIO DE SEGURANCA, LIMITADOR DE VELOCIDADE E CANCELA                                                                                                                                                                                                                                                                                                      ","UN    ","AS",70127.199999999997]
["37777SINAPI",37777,"SINAPI","ELEVADOR DE CREMALHEIRA CABINE FECHADA 1,5 X 2,5 X 2,35 M (UMA POR TORRE), CAPACIDADE DE CARGA 1200 KG (15 PESSOAS), TORRE  24 M (16 MODULOS), FREIO DE SEGURANCA, LIMITADOR DE CARGA                                                                                                                                                                                                                                                                                                                     ","UN    ","AS",330157.49]
["12624SINAPI",12624,"SINAPI","EMENDA PARA CALHA PLUVIAL, PVC, DIAMETRO ENTRE 119 E 170 MM, PARA DRENAGEM PLUVIAL PREDIAL                                                                                                                                                                                                                                                                                                                                                                                                                ","UN    ","CR",28.33]
["517SINAPI",517,"SINAPI","EMULSAO ASFALTICA ANIONICA                                                                                                                                                                                                                                                                                                                                                                                                                                                                                ","L     ","AS",10.73]
["37534SINAPI",37534,"SINAPI","EMULSAO EXPLOSIVA EM CARTUCHOS DE 1\" X 12\", DENSIDADE 1.15 G/CM3, INICIACAO ESPOLETA N. 8 / CORDEL                                                                                                                                                                                                                                                                                                                                                                                                        ","KG    ","AS",17.350000000000001]
["37535SINAPI",37535,"SINAPI","EMULSAO EXPLOSIVA EM CARTUCHOS DE 1\" X 24\", DENSIDADE 1.15 G/CM3, INICIACAO ESPOLETA N. 8 / CORDEL                                                                                                                                                                                                                                                                                                                                                                                                        ","KG    ","AS",17.350000000000001]
["37533SINAPI",37533,"SINAPI","EMULSAO EXPLOSIVA EM CARTUCHOS DE 1\" X 8\", DENSIDADE 1.15 G/CM3, INICIACAO ESPOLETA N. 8 / CORDEL                                                                                                                                                                                                                                                                                                                                                                                                         ","KG    ","AS",17.350000000000001]
["37537SINAPI",37537,"SINAPI","EMULSAO EXPLOSIVA EM CARTUCHOS DE 2 1/2\" X 24\", DENSIDADE 1.15 G/CM3, INICIACAO ESPOLETA N. 8 / CORDEL                                                                                                                                                                                                                                                                                                                                                                                                    ","KG    ","AS",13.13]
["37536SINAPI",37536,"SINAPI","EMULSAO EXPLOSIVA EM CARTUCHOS DE 2 1/4\" X 24\", DENSIDADE 1.15 G/CM3, INICIACAO ESPOLETA N. 8 / CORDEL                                                                                                                                                                                                                                                                                                                                                                                                    ","KG    ","AS",13.13]
["37532SINAPI",37532,"SINAPI","EMULSAO EXPLOSIVA EM CARTUCHOS DE 2\" X 24\", DENSIDADE 1.15 G/CM3, INICIACAO ESPOLETA N. 8 / CORDEL                                                                                                                                                                                                                                                                                                                                                                                                        ","KG    ","AS",13.13]
["2696SINAPI",2696,"SINAPI","ENCANADOR OU BOMBEIRO HIDRAULICO (HORISTA)                                                                                                                                                                                                                                                                                                                                                                                                                                                                ","H     ","C ",19.399999999999999]
["40928SINAPI",40928,"SINAPI","ENCANADOR OU BOMBEIRO HIDRAULICO (MENSALISTA)                                                                                                                                                                                                                                                                                                                                                                                                                                                             ","MES   ","CR",3359.09]
["4083SINAPI",4083,"SINAPI","ENCARREGADO GERAL DE OBRAS (HORISTA)                                                                                                                                                                                                                                                                                                                                                                                                                                                                      ","H     ","C ",22.5]
["40818SINAPI",40818,"SINAPI","ENCARREGADO GERAL DE OBRAS (MENSALISTA)                                                                                                                                                                                                                                                                                                                                                                                                                                                                   ","MES   ","CR",3897.14]
["43146SINAPI",43146,"SINAPI","ENDURECEDOR MINERAL DE BASE CIMENTICIA PARA PISO DE CONCRETO                                                                                                                                                                                                                                                                                                                                                                                                                                              ","KG    ","CR",12.12]
[{"$f":"B1863&C1863","v":"2705SINAPI"},2705,"SINAPI","ENERGIA ELETRICA ATE 2000 KWH INDUSTRIAL, SEM DEMANDA                                                                                                                                                                                                                                                                                                                                                                                                                                                     ","KWH   ","CR",0.91]
["14250SINAPI",14250,"SINAPI","ENERGIA ELETRICA COMERCIAL, BAIXA TENSAO, RELATIVA AO CONSUMO DE ATE 100 KWH, INCLUINDO ICMS, PIS/PASEP E COFINS                                                                                                                                                                                                                                                                                                                                                                                          ","KWH   ","C ",0.93]
["11683SINAPI",11683,"SINAPI","ENGATE / RABICHO FLEXIVEL INOX 1/2 \" X 30 CM                                                                                                                                                                                                                                                                                                                                                                                                                                                              ","UN    ","CR",49.3]
["11684SINAPI",11684,"SINAPI","ENGATE / RABICHO FLEXIVEL INOX 1/2 \" X 40 CM                                                                                                                                                                                                                                                                                                                                                                                                                                                              ","UN    ","CR",53.97]
["6141SINAPI",6141,"SINAPI","ENGATE/RABICHO FLEXIVEL PLASTICO (PVC OU ABS) BRANCO 1/2 \" X 30 CM                                                                                                                                                                                                                                                                                                                                                                                                                                        ","UN    ","CR",5.99]
["11681SINAPI",11681,"SINAPI","ENGATE/RABICHO FLEXIVEL PLASTICO (PVC OU ABS) BRANCO 1/2 \" X 40 CM                                                                                                                                                                                                                                                                                                                                                                                                                                        ","UN    ","CR",7.55]
["2706SINAPI",2706,"SINAPI","ENGENHEIRO CIVIL DE OBRA JUNIOR (HORISTA)                                                                                                                                                                                                                                                                                                                                                                                                                                                                 ","H     ","C ",117.72]
["40811SINAPI",40811,"SINAPI","ENGENHEIRO CIVIL DE OBRA JUNIOR (MENSALISTA)                                                                                                                                                                                                                                                                                                                                                                                                                                                              ","MES   ","CR",20382.490000000002]
["2707SINAPI",2707,"SINAPI","ENGENHEIRO CIVIL DE OBRA PLENO (HORISTA)                                                                                                                                                                                                                                                                                                                                                                                                                                                                  ","H     ","CR",123.57]
["40813SINAPI",40813,"SINAPI","ENGENHEIRO CIVIL DE OBRA PLENO (MENSALISTA)                                                                                                                                                                                                                                                                                                                                                                                                                                                               ","MES   ","CR",21396]
["2708SINAPI",2708,"SINAPI","ENGENHEIRO CIVIL DE OBRA SENIOR (HORISTA)                                                                                                                                                                                                                                                                                                                                                                                                                                                                 ","H     ","CR",147.52000000000001]
["40814SINAPI",40814,"SINAPI","ENGENHEIRO CIVIL DE OBRA SENIOR (MENSALISTA)                                                                                                                                                                                                                                                                                                                                                                                                                                                              ","MES   ","CR",25544.25]
["38403SINAPI",38403,"SINAPI","ENXADA ESTREITA *25 X 23* CM COM CABO                                                                                                                                                                                                                                                                                                                                                                                                                                                                     ","UN    ","CR",53.26]
["43482SINAPI",43482,"SINAPI","EPI - FAMILIA ALMOXARIFE - HORISTA (ENCARGOS COMPLEMENTARES - COLETADO CAIXA)                                                                                                                                                                                                                                                                                                                                                                                                                             ","H     ","C ",0.79]
["43494SINAPI",43494,"SINAPI","EPI - FAMILIA ALMOXARIFE - MENSALISTA (ENCARGOS COMPLEMENTARES - COLETADO CAIXA)                                                                                                                                                                                                                                                                                                                                                                                                                          ","MES   ","C ",148.04]
["43483SINAPI",43483,"SINAPI","EPI - FAMILIA CARPINTEIRO DE FORMAS - HORISTA (ENCARGOS COMPLEMENTARES - COLETADO CAIXA)                                                                                                                                                                                                                                                                                                                                                                                                                  ","H     ","C ",1.43]
["43495SINAPI",43495,"SINAPI","EPI - FAMILIA CARPINTEIRO DE FORMAS - MENSALISTA (ENCARGOS COMPLEMENTARES - COLETADO CAIXA)                                                                                                                                                                                                                                                                                                                                                                                                               ","MES   ","C ",269.97000000000003]
["43484SINAPI",43484,"SINAPI","EPI - FAMILIA ELETRICISTA - HORISTA (ENCARGOS COMPLEMENTARES - COLETADO CAIXA)                                                                                                                                                                                                                                                                                                                                                                                                                            ","H     ","C ",1.2]
["43496SINAPI",43496,"SINAPI","EPI - FAMILIA ELETRICISTA - MENSALISTA (ENCARGOS COMPLEMENTARES - COLETADO CAIXA)                                                                                                                                                                                                                                                                                                                                                                                                                         ","MES   ","C ",226.41]
["43485SINAPI",43485,"SINAPI","EPI - FAMILIA ENCANADOR - HORISTA (ENCARGOS COMPLEMENTARES - COLETADO CAIXA)                                                                                                                                                                                                                                                                                                                                                                                                                              ","H     ","C ",1.06]
["43497SINAPI",43497,"SINAPI","EPI - FAMILIA ENCANADOR - MENSALISTA (ENCARGOS COMPLEMENTARES - COLETADO CAIXA)                                                                                                                                                                                                                                                                                                                                                                                                                           ","MES   ","C ",199.2]
["43487SINAPI",43487,"SINAPI","EPI - FAMILIA ENCARREGADO GERAL - HORISTA (ENCARGOS COMPLEMENTARES - COLETADO CAIXA)                                                                                                                                                                                                                                                                                                                                                                                                                      ","H     ","C ",1.25]
["43499SINAPI",43499,"SINAPI","EPI - FAMILIA ENCARREGADO GERAL - MENSALISTA (ENCARGOS COMPLEMENTARES - COLETADO CAIXA)                                                                                                                                                                                                                                                                                                                                                                                                                   ","MES   ","C ",236.16]
["43486SINAPI",43486,"SINAPI","EPI - FAMILIA ENGENHEIRO CIVIL - HORISTA (ENCARGOS COMPLEMENTARES - COLETADO CAIXA)                                                                                                                                                                                                                                                                                                                                                                                                                       ","H     ","C ",0.74]
["43498SINAPI",43498,"SINAPI","EPI - FAMILIA ENGENHEIRO CIVIL - MENSALISTA (ENCARGOS COMPLEMENTARES - COLETADO CAIXA)                                                                                                                                                                                                                                                                                                                                                                                                                    ","MES   ","C ",140.22999999999999]
["43488SINAPI",43488,"SINAPI","EPI - FAMILIA OPERADOR ESCAVADEIRA - HORISTA (ENCARGOS COMPLEMENTARES - COLETADO CAIXA)                                                                                                                                                                                                                                                                                                                                                                                                                   ","H     ","C ",0.86]
["43500SINAPI",43500,"SINAPI","EPI - FAMILIA OPERADOR ESCAVADEIRA - MENSALISTA (ENCARGOS COMPLEMENTARES - COLETADO CAIXA)                                                                                                                                                                                                                                                                                                                                                                                                                ","MES   ","C ",162.97]
["43489SINAPI",43489,"SINAPI","EPI - FAMILIA PEDREIRO - HORISTA (ENCARGOS COMPLEMENTARES - COLETADO CAIXA)                                                                                                                                                                                                                                                                                                                                                                                                                               ","H     ","C ",1.24]
["43501SINAPI",43501,"SINAPI","EPI - FAMILIA PEDREIRO - MENSALISTA (ENCARGOS COMPLEMENTARES - COLETADO CAIXA)                                                                                                                                                                                                                                                                                                                                                                                                                            ","MES   ","C ",233.35]
["43490SINAPI",43490,"SINAPI","EPI - FAMILIA PINTOR - HORISTA (ENCARGOS COMPLEMENTARES - COLETADO CAIXA)                                                                                                                                                                                                                                                                                                                                                                                                                                 ","H     ","C ",1.73]
["43502SINAPI",43502,"SINAPI","EPI - FAMILIA PINTOR - MENSALISTA (ENCARGOS COMPLEMENTARES - COLETADO CAIXA)                                                                                                                                                                                                                                                                                                                                                                                                                              ","MES   ","C ",325.51]
["43491SINAPI",43491,"SINAPI","EPI - FAMILIA SERVENTE - HORISTA (ENCARGOS COMPLEMENTARES - COLETADO CAIXA)                                                                                                                                                                                                                                                                                                                                                                                                                               ","H     ","C ",1.33]
["43503SINAPI",43503,"SINAPI","EPI - FAMILIA SERVENTE - MENSALISTA (ENCARGOS COMPLEMENTARES - COLETADO CAIXA)                                                                                                                                                                                                                                                                                                                                                                                                                            ","MES   ","C ",250.24]
["43492SINAPI",43492,"SINAPI","EPI - FAMILIA SOLDADOR - HORISTA (ENCARGOS COMPLEMENTARES - COLETADO CAIXA)                                                                                                                                                                                                                                                                                                                                                                                                                               ","H     ","C ",1.79]
["43504SINAPI",43504,"SINAPI","EPI - FAMILIA SOLDADOR - MENSALISTA (ENCARGOS COMPLEMENTARES - COLETADO CAIXA)                                                                                                                                                                                                                                                                                                                                                                                                                            ","MES   ","C ",337.87]
["43493SINAPI",43493,"SINAPI","EPI - FAMILIA TOPOGRAFO - HORISTA (ENCARGOS COMPLEMENTARES - COLETADO CAIXA)                                                                                                                                                                                                                                                                                                                                                                                                                              ","H     ","C ",0.71]
["43505SINAPI",43505,"SINAPI","EPI - FAMILIA TOPOGRAFO - MENSALISTA (ENCARGOS COMPLEMENTARES - COLETADO CAIXA)                                                                                                                                                                                                                                                                                                                                                                                                                           ","MES   ","C ",132.94]
["37774SINAPI",37774,"SINAPI","EQUIPAMENTO DE LIMPEZA COMBINADO (VACUO/ALTA PRESSAO) 95% VACUO, TANQUE 7000 L, BOMBA 140 KGF/CM2 66 L/MIN COM MOTOR INDEPENDENTE A DIESEL DE 60 CV (INCLUI MONTAGEM, NAO INCLUI CAMINHAO)                                                                                                                                                                                                                                                                                                                ","UN    ","AS",565124.71]
["38629SINAPI",38629,"SINAPI","EQUIPAMENTO P/ DEMARCACAO DE FAIXAS DE TRAFEGO A QUENTE, A SER MONTADO SOBRE CAMINHAO DE PBT MIN. DE 17 T, DIST. MIN. ENTRE EIXOS 5,2 M, CAPACIDADE PARA 1.000 KG DE MATERIAL TERMOPLASTICO (INCLUI MONTAGEM, NAO INCLUI CAMINHAO, NEM COMPRESSOR DE AR)                                                                                                                                                                                                                                                  ","UN    ","AS",2602792.96]
["38630SINAPI",38630,"SINAPI","EQUIPAMENTO PARA DEMARCACAO DE FAIXAS DE TRAFEGO A FRIO, A SER MONTADO SOBRE CAMINHAO DE PBT MINIMO DE 9 T E DISTANCIA MINIMA ENTRE EIXOS DE 4,3 M, CAPACIDADE PARA 800 L DE TINTA (INCLUI MONTAGEM, NAO INCLUI CAMINHAO)                                                                                                                                                                                                                                                                                 ","UN    ","AS",1748542.96]
["38476SINAPI",38476,"SINAPI","ESCADA DUPLA DE ABRIR EM ALUMINIO, MODELO PINTOR, 8 DEGRAUS                                                                                                                                                                                                                                                                                                                                                                                                                                               ","UN    ","CR",400.3]
["38477SINAPI",38477,"SINAPI","ESCADA EXTENSIVEL EM ALUMINIO COM 6,00 M ESTENDIDA                                                                                                                                                                                                                                                                                                                                                                                                                                                        ","UN    ","CR",1133.6400000000001]
["40635SINAPI",40635,"SINAPI","ESCAVADEIRA HIDRAULICA SOBRE ESTEIRA, COM GARRA GIRATORIA DE MANDIBULAS, PESO OPERACIONAL ENTRE 22,00 E 25,50 TON, POTENCIA LIQUIDA ENTRE 150 E 160 HP                                                                                                                                                                                                                                                                                                                                                    ","UN    ","AS",938024]
["36483SINAPI",36483,"SINAPI","ESCAVADEIRA HIDRAULICA SOBRE ESTEIRAS CACAMBA 0,40 A 1,20 M3, PESO OPERACIONAL 21,19 T, POTENCIA LIQUIDA 173 HP                                                                                                                                                                                                                                                                                                                                                                                           ","UN    ","AS",850000]
["14525SINAPI",14525,"SINAPI","ESCAVADEIRA HIDRAULICA SOBRE ESTEIRAS COM CACAMBA DE 1,20 M3, PESO OPERACIONAL 21 T, POTENCIA BRUTA 155 HP                                                                                                                                                                                                                                                                                                                                                                                                ","UN    ","AS",890000]
["36482SINAPI",36482,"SINAPI","ESCAVADEIRA HIDRAULICA SOBRE ESTEIRAS, CACAMBA  0,80 M3, PESO OPERACIONAL 17,8 T, POTENCIA LIQUIDA 110 HP                                                                                                                                                                                                                                                                                                                                                                                                 ","UN    ","AS",763298.96]
["36408SINAPI",36408,"SINAPI","ESCAVADEIRA HIDRAULICA SOBRE ESTEIRAS, CACAMBA 0,4 A 1,70 M3, PESO OPERACIONAL 23,2 T, POTENCIA BRUTA 183 HP                                                                                                                                                                                                                                                                                                                                                                                              ","UN    ","AS",912000]
["2723SINAPI",2723,"SINAPI","ESCAVADEIRA HIDRAULICA SOBRE ESTEIRAS, CACAMBA 0,62M3, PESO OPERACIONAL 12,61T, POTENCIA LIQUIDA 95HP                                                                                                                                                                                                                                                                                                                                                                                                     ","UN    ","AS",700000]
["36481SINAPI",36481,"SINAPI","ESCAVADEIRA HIDRAULICA SOBRE ESTEIRAS, CACAMBA 0,80 A 1,30 M3, PESO OPERACIONAL 22,18 T, POTENCIA LIQUIDA 170 HP                                                                                                                                                                                                                                                                                                                                                                                          ","UN    ","AS",835000]
["10685SINAPI",10685,"SINAPI","ESCAVADEIRA HIDRAULICA SOBRE ESTEIRAS, CACAMBA 0,80M3, PESO OPERACIONAL 17T, POTENCIA BRUTA 111HP                                                                                                                                                                                                                                                                                                                                                                                                         ","UN    ","AS",800000]
["40636SINAPI",40636,"SINAPI","ESCAVADEIRA HIDRAULICA SOBRE ESTEIRAS, CAPACIDADE DA CACAMBA ENTRE 1,20 E 1,50 M3, PESO OPERACIONAL ENTRE 20,00 E 22,00 TON, POTENCIA LIQUIDA ENTRE 150 E 155 HP, EQUIPADA COM CLAMSHELL                                                                                                                                                                                                                                                                                                                  ","UN    ","AS",903024]
["4111SINAPI",4111,"SINAPI","ESCORA PRE-MOLDADA EM CONCRETO, *10 X 10* CM, H = 2,30M                                                                                                                                                                                                                                                                                                                                                                                                                                                   ","UN    ","CR",72.180000000000007]
["44538SINAPI",44538,"SINAPI","ESCOVA CIRCULAR EM ACO LATONADO, 6 X 1 \" (DIAMETRO X ESPESSURA), FURO DE 1 1/4 \", FIO ONDULADO *0,30*  MM                             